{"text_format":"2","workbook":"xlsx","n_sheets":13,"sheets":["PLANILHA SEM DESONERAÇÃO","CURVA ABC ","SINAPI NÃO DESONERADO","MEMORIA DE CÁLCULO","Planilha de BDI S. DESON","CRONOGRAMA (2)","Relatório de composições","COTAÇÃO ISOLANTE TÉRMICO","COTAÇÃO MAT DE JAZIDA P. ATERRO","COTAÇÃO ELETROCALHA 100x50","COTAÇÃO ELETROCALHA 50x50","COTAÇÃO PORTA 80x210","ORÇAMENTO AÇO LAMINADO"],"not_rendered":{"charts":0,"images":3,"macros":0,"external_links":74,"defined_names":11765,"comments":1,"pivot_tables":0},"unopened":[],"bounds":{"document_bytes":16777216,"sheet_cells":100000,"run_cost":"one","rows_first":2000,"rows_last":500,"rows_between":2000,"halvings":0,"cell_chars":16384,"cell_head_chars":4096},"cells_cut":0,"cells_raw":0,"read":"whole","date_system":"1900"}

{"sheet":"PLANILHA SEM DESONERAÇÃO","index":0,"n_rows":389,"n_cols":31,"rows_kept":389,"cut":false,"hidden":false,"merged":[[18,21,18,23],[384,13,384,14],[385,13,385,14],[21,0,23,0],[21,1,23,1],[21,2,23,2],[21,9,23,9],[21,3,23,8],[21,10,23,12],[11,13,19,20],[360,0,360,17],[360,18,360,20],[361,0,361,20],[362,0,362,17],[362,18,362,20],[363,0,363,20],[364,0,364,20],[369,2,369,6],[369,11,369,15],[370,2,370,6],[370,11,370,15],[371,2,371,6],[371,11,371,15],[350,1,350,2],[350,3,350,20],[351,3,351,8],[351,10,351,12],[351,14,351,15],[351,16,351,17],[351,18,351,20],[352,0,352,17],[352,18,352,20],[371,23,371,25],[381,17,381,19],[383,13,383,14],[356,3,356,8],[356,10,356,12],[356,14,356,15],[356,16,356,17],[356,18,356,20],[357,3,357,8],[357,10,357,12],[357,14,357,15],[357,16,357,17],[357,18,357,20],[358,3,358,8],[358,10,358,12],[358,14,358,15],[358,16,358,17],[358,18,358,20],[359,3,359,8],[359,10,359,12],[359,14,359,15],[359,16,359,17],[359,18,359,20],[355,14,355,15],[355,16,355,17],[355,18,355,20],[346,3,346,8],[346,10,346,12],[346,14,346,15],[346,16,346,17],[346,18,346,20],[347,3,347,8],[347,10,347,12],[347,14,347,15],[347,16,347,17],[347,18,347,20],[348,3,348,8],[348,10,348,12],[348,14,348,15],[348,16,348,17],[348,18,348,20],[349,0,349,17],[349,18,349,20],[353,1,353,2],[353,3,353,20],[354,3,354,8],[354,10,354,12],[354,14,354,15],[354,16,354,17],[354,18,354,20],[355,3,355,8],[355,10,355,12],[341,3,341,8],[341,10,341,12],[341,14,341,15],[341,16,341,17],[341,18,341,20],[342,1,342,17],[342,18,342,20],[343,1,343,2],[343,3,343,20],[344,3,344,8],[344,10,344,12],[344,14,344,15],[344,16,344,17],[344,18,344,20],[345,3,345,8],[345,10,345,12],[345,14,345,15],[345,16,345,17],[345,18,345,20],[337,3,337,8],[337,10,337,12],[337,14,337,15],[337,16,337,17],[337,18,337,20],[338,3,338,8],[338,10,338,12],[338,14,338,15],[338,16,338,17],[338,18,338,20],[339,3,339,8],[339,10,339,12],[339,14,339,15],[339,16,339,17],[339,18,339,20],[340,3,340,8],[340,10,340,12],[340,14,340,15],[340,16,340,17],[340,18,340,20],[333,3,333,8],[333,10,333,12],[333,14,333,15],[333,16,333,17],[333,18,333,20],[334,3,334,8],[334,10,334,12],[334,14,334,15],[334,16,334,17],[334,18,334,20],[335,3,335,8],[335,10,335,12],[335,14,335,15],[335,16,335,17],[335,18,335,20],[336,3,336,8],[336,10,336,12],[336,14,336,15],[336,16,336,17],[336,18,336,20],[329,3,329,8],[329,10,329,12],[329,14,329,15],[329,16,329,17],[329,18,329,20],[330,3,330,8],[330,10,330,12],[330,14,330,15],[330,16,330,17],[330,18,330,20],[331,3,331,8],[331,10,331,12],[331,14,331,15],[331,16,331,17],[331,18,331,20],[332,3,332,8],[332,10,332,12],[332,14,332,15],[332,16,332,17],[332,18,332,20],[325,1,325,2],[325,3,325,20],[326,3,326,8],[326,10,326,12],[326,14,326,15],[326,16,326,17],[326,18,326,20],[327,3,327,8],[327,10,327,12],[327,14,327,15],[327,16,327,17],[327,18,327,20],[328,3,328,8],[328,10,328,12],[328,14,328,15],[328,16,328,17],[328,18,328,20],[321,3,321,8],[321,10,321,12],[321,14,321,15],[321,16,321,17],[321,18,321,20],[322,3,322,8],[322,10,322,12],[322,14,322,15],[322,16,322,17],[322,18,322,20],[323,3,323,8],[323,10,323,12],[323,14,323,15],[323,16,323,17],[323,18,323,20],[324,1,324,17],[324,18,324,20],[317,3,317,8],[317,10,317,12],[317,14,317,15],[317,16,317,17],[317,18,317,20],[318,3,318,8],[318,10,318,12],[318,14,318,15],[318,16,318,17],[318,18,318,20],[319,3,319,8],[319,10,319,12],[319,14,319,15],[319,16,319,17],[319,18,319,20],[320,3,320,8],[320,10,320,12],[320,14,320,15],[320,16,320,17],[320,18,320,20],[313,3,313,8],[313,10,313,12],[313,14,313,15],[313,16,313,17],[313,18,313,20],[314,3,314,8],[314,10,314,12],[314,14,314,15],[314,16,314,17],[314,18,314,20],[315,3,315,8],[315,10,315,12],[315,14,315,15],[315,16,315,17],[315,18,315,20],[316,3,316,8],[316,10,316,12],[316,14,316,15],[316,16,316,17],[316,18,316,20],[309,3,309,8],[309,10,309,12],[309,14,309,15],[309,16,309,17],[309,18,309,20],[310,3,310,8],[310,10,310,12],[310,14,310,15],[310,16,310,17],[310,18,310,20],[311,3,311,8],[311,10,311,12],[311,14,311,15],[311,16,311,17],[311,18,311,20],[312,3,312,8],[312,10,312,12],[312,14,312,15],[312,16,312,17],[312,18,312,20],[305,3,305,8],[305,10,305,12],[305,14,305,15],[305,16,305,17],[305,18,305,20],[306,3,306,8],[306,10,306,12],[306,14,306,15],[306,16,306,17],[306,18,306,20],[307,3,307,8],[307,10,307,12],[307,14,307,15],[307,16,307,17],[307,18,307,20],[308,3,308,8],[308,10,308,12],[308,14,308,15],[308,16,308,17],[308,18,308,20],[300,3,300,8],[300,10,300,12],[300,14,300,15],[300,16,300,17],[300,18,300,20],[301,1,301,17],[301,18,301,20],[302,1,302,2],[302,3,302,20],[303,3,303,8],[303,10,303,12],[303,14,303,15],[303,16,303,17],[303,18,303,20],[304,3,304,8],[304,10,304,12],[304,14,304,15],[304,16,304,17],[304,18,304,20],[296,3,296,8],[296,10,296,12],[296,14,296,15],[296,16,296,17],[296,18,296,20],[297,3,297,8],[297,10,297,12],[297,14,297,15],[297,16,297,17],[297,18,297,20],[298,3,298,8],[298,10,298,12],[298,14,298,15],[298,16,298,17],[298,18,298,20],[299,3,299,8],[299,10,299,12],[299,14,299,15],[299,16,299,17],[299,18,299,20],[292,3,292,8],[292,10,292,12],[292,14,292,15],[292,16,292,17],[292,18,292,20],[293,3,293,8],[293,10,293,12],[293,14,293,15],[293,16,293,17],[293,18,293,20],[294,3,294,8],[294,10,294,12],[294,14,294,15],[294,16,294,17],[294,18,294,20],[295,3,295,8],[295,10,295,12],[295,14,295,15],[295,16,295,17],[295,18,295,20],[287,1,287,17],[287,18,287,20],[288,1,288,2],[288,3,288,20],[289,3,289,8],[289,10,289,12],[289,14,289,15],[289,16,289,17],[289,18,289,20],[290,3,290,8],[290,10,290,12],[290,14,290,15],[290,16,290,17],[290,18,290,20],[291,3,291,8],[291,10,291,12],[291,14,291,15],[291,16,291,17],[291,18,291,20],[283,3,283,8],[283,10,283,12],[283,14,283,15],[283,16,283,17],[283,18,283,20],[284,3,284,8],[284,10,284,12],[284,14,284,15],[284,16,284,17],[284,18,284,20],[285,3,285,8],[285,10,285,12],[285,14,285,15],[285,16,285,17],[285,18,285,20],[286,3,286,8],[286,10,286,12],[286,14,286,15],[286,16,286,17],[286,18,286,20],[278,3,278,8],[279,3,279,8],[279,10,279,12],[279,14,279,15],[279,16,279,17],[279,18,279,20],[280,3,280,8],[280,10,280,12],[280,14,280,15],[280,16,280,17],[280,18,280,20],[281,3,281,8],[281,10,281,12],[281,14,281,15],[281,16,281,17],[281,18,281,20],[282,3,282,8],[282,10,282,12],[282,14,282,15],[282,16,282,17],[282,18,282,20],[274,3,274,8],[274,10,274,12],[274,14,274,15],[274,16,274,17],[274,18,274,20],[275,3,275,8],[275,10,275,12],[275,14,275,15],[275,16,275,17],[275,18,275,20],[276,3,276,8],[276,10,276,12],[276,14,276,15],[276,16,276,17],[276,18,276,20],[277,3,277,8],[277,10,277,12],[277,14,277,15],[277,16,277,17],[277,18,277,20],[270,3,270,8],[270,10,270,12],[270,14,270,15],[270,16,270,17],[270,18,270,20],[271,3,271,8],[271,10,271,12],[271,14,271,15],[271,16,271,17],[271,18,271,20],[272,3,272,8],[272,10,272,12],[272,14,272,15],[272,16,272,17],[272,18,272,20],[273,3,273,8],[273,10,273,12],[273,14,273,15],[273,16,273,17],[273,18,273,20],[266,3,266,8],[266,10,266,12],[266,14,266,15],[266,16,266,17],[266,18,266,20],[267,3,267,8],[267,10,267,12],[267,14,267,15],[267,16,267,17],[267,18,267,20],[268,3,268,8],[268,10,268,12],[268,14,268,15],[268,16,268,17],[268,18,268,20],[269,3,269,8],[269,10,269,12],[269,14,269,15],[269,16,269,17],[269,18,269,20],[262,3,262,8],[262,10,262,12],[262,14,262,15],[262,16,262,17],[262,18,262,20],[263,3,263,8],[263,10,263,12],[263,14,263,15],[263,16,263,17],[263,18,263,20],[264,3,264,8],[264,10,264,12],[264,14,264,15],[264,16,264,17],[264,18,264,20],[265,3,265,8],[265,10,265,12],[265,14,265,15],[265,16,265,17],[265,18,265,20],[258,3,258,8],[258,10,258,12],[258,14,258,15],[258,16,258,17],[258,18,258,20],[259,3,259,8],[259,10,259,12],[259,14,259,15],[259,16,259,17],[259,18,259,20],[260,3,260,8],[260,10,260,12],[260,14,260,15],[260,16,260,17],[260,18,260,20],[261,3,261,8],[261,10,261,12],[261,14,261,15],[261,16,261,17],[261,18,261,20],[254,3,254,8],[254,10,254,12],[254,14,254,15],[254,16,254,17],[254,18,254,20],[255,3,255,8],[255,10,255,12],[255,14,255,15],[255,16,255,17],[255,18,255,20],[256,3,256,8],[256,10,256,12],[256,14,256,15],[256,16,256,17],[256,18,256,20],[257,3,257,8],[257,10,257,12],[257,14,257,15],[257,16,257,17],[257,18,257,20],[250,3,250,8],[250,10,250,12],[250,14,250,15],[250,16,250,17],[250,18,250,20],[251,3,251,8],[251,10,251,12],[251,14,251,15],[251,16,251,17],[251,18,251,20],[252,3,252,8],[252,10,252,12],[252,14,252,15],[252,16,252,17],[252,18,252,20],[253,3,253,8],[253,10,253,12],[253,14,253,15],[253,16,253,17],[253,18,253,20],[246,3,246,8],[246,10,246,12],[246,14,246,15],[246,16,246,17],[246,18,246,20],[247,3,247,8],[247,10,247,12],[247,14,247,15],[247,16,247,17],[247,18,247,20],[248,3,248,8],[248,10,248,12],[248,14,248,15],[248,16,248,17],[248,18,248,20],[249,3,249,8],[249,10,249,12],[249,14,249,15],[249,16,249,17],[249,18,249,20],[242,3,242,8],[242,10,242,12],[242,14,242,15],[242,16,242,17],[242,18,242,20],[243,3,243,8],[243,10,243,12],[243,14,243,15],[243,16,243,17],[243,18,243,20],[244,3,244,8],[244,10,244,12],[244,14,244,15],[244,16,244,17],[244,18,244,20],[245,3,245,8],[245,10,245,12],[245,14,245,15],[245,16,245,17],[245,18,245,20],[236,1,236,17],[236,18,236,20],[237,1,237,2],[237,3,237,20],[238,3,238,8],[239,3,239,8],[239,10,239,12],[239,14,239,15],[239,16,239,17],[239,18,239,20],[240,3,240,8],[240,10,240,12],[240,14,240,15],[240,16,240,17],[240,18,240,20],[241,3,241,8],[241,10,241,12],[241,14,241,15],[241,16,241,17],[241,18,241,20],[232,3,232,8],[232,10,232,12],[232,14,232,15],[232,16,232,17],[232,18,232,20],[233,3,233,8],[233,10,233,12],[233,14,233,15],[233,16,233,17],[233,18,233,20],[234,3,234,8],[234,10,234,12],[234,14,234,15],[234,16,234,17],[234,18,234,20],[235,3,235,8],[235,10,235,12],[235,14,235,15],[235,16,235,17],[235,18,235,20],[228,3,228,8],[228,10,228,12],[228,14,228,15],[228,16,228,17],[228,18,228,20],[229,3,229,8],[229,10,229,12],[229,14,229,15],[229,16,229,17],[229,18,229,20],[230,3,230,8],[230,10,230,12],[230,14,230,15],[230,16,230,17],[230,18,230,20],[231,3,231,8],[231,10,231,12],[231,14,231,15],[231,16,231,17],[231,18,231,20],[224,3,224,8],[224,10,224,12],[224,14,224,15],[224,16,224,17],[224,18,224,20],[225,3,225,8],[225,10,225,12],[225,14,225,15],[225,16,225,17],[225,18,225,20],[226,3,226,8],[226,10,226,12],[226,14,226,15],[226,16,226,17],[226,18,226,20],[227,3,227,8],[227,10,227,12],[227,14,227,15],[227,16,227,17],[227,18,227,20],[220,3,220,8],[220,10,220,12],[220,14,220,15],[220,16,220,17],[220,18,220,20],[221,3,221,8],[221,10,221,12],[221,14,221,15],[221,16,221,17],[221,18,221,20],[222,3,222,8],[222,10,222,12],[222,14,222,15],[222,16,222,17],[222,18,222,20],[223,3,223,8],[223,10,223,12],[223,14,223,15],[223,16,223,17],[223,18,223,20],[216,3,216,8],[216,10,216,12],[216,14,216,15],[216,16,216,17],[216,18,216,20],[217,3,217,8],[217,10,217,12],[217,14,217,15],[217,16,217,17],[217,18,217,20],[218,3,218,8],[218,10,218,12],[218,14,218,15],[218,16,218,17],[218,18,218,20],[219,3,219,8],[219,10,219,12],[219,14,219,15],[219,16,219,17],[219,18,219,20],[212,3,212,8],[212,10,212,12],[212,14,212,15],[212,16,212,17],[212,18,212,20],[213,3,213,8],[213,10,213,12],[213,14,213,15],[213,16,213,17],[213,18,213,20],[214,3,214,8],[214,10,214,12],[214,14,214,15],[214,16,214,17],[214,18,214,20],[215,3,215,8],[215,10,215,12],[215,14,215,15],[215,16,215,17],[215,18,215,20],[207,3,207,8],[208,3,208,8],[208,10,208,12],[208,14,208,15],[208,16,208,17],[208,18,208,20],[209,3,209,8],[209,10,209,12],[209,14,209,15],[209,16,209,17],[209,18,209,20],[210,3,210,8],[210,10,210,12],[210,14,210,15],[210,16,210,17],[210,18,210,20],[211,3,211,8],[211,10,211,12],[211,14,211,15],[211,16,211,17],[211,18,211,20],[203,3,203,8],[203,10,203,12],[203,14,203,15],[203,16,203,17],[203,18,203,20],[204,3,204,8],[204,10,204,12],[204,14,204,15],[204,16,204,17],[204,18,204,20],[205,3,205,8],[205,10,205,12],[205,14,205,15],[205,16,205,17],[205,18,205,20],[206,3,206,8],[206,10,206,12],[206,14,206,15],[206,16,206,17],[206,18,206,20],[199,3,199,8],[199,10,199,12],[199,14,199,15],[199,16,199,17],[199,18,199,20],[200,3,200,8],[200,10,200,12],[200,14,200,15],[200,16,200,17],[200,18,200,20],[201,3,201,8],[201,10,201,12],[201,14,201,15],[201,16,201,17],[201,18,201,20],[202,3,202,8],[202,10,202,12],[202,14,202,15],[202,16,202,17],[202,18,202,20],[195,3,195,8],[195,10,195,12],[195,14,195,15],[195,16,195,17],[195,18,195,20],[196,3,196,8],[196,10,196,12],[196,14,196,15],[196,16,196,17],[196,18,196,20],[197,3,197,8],[197,10,197,12],[197,14,197,15],[197,16,197,17],[197,18,197,20],[198,3,198,8],[198,10,198,12],[198,14,198,15],[198,16,198,17],[198,18,198,20],[191,3,191,8],[191,10,191,12],[191,14,191,15],[191,16,191,17],[191,18,191,20],[192,3,192,8],[192,10,192,12],[192,14,192,15],[192,16,192,17],[192,18,192,20],[193,3,193,8],[193,10,193,12],[193,14,193,15],[193,16,193,17],[193,18,193,20],[194,3,194,8],[194,10,194,12],[194,14,194,15],[194,16,194,17],[194,18,194,20],[187,3,187,8],[187,10,187,12],[187,14,187,15],[187,16,187,17],[187,18,187,20],[188,3,188,8],[188,10,188,12],[188,14,188,15],[188,16,188,17],[188,18,188,20],[189,3,189,8],[189,10,189,12],[189,14,189,15],[189,16,189,17],[189,18,189,20],[190,3,190,8],[190,10,190,12],[190,14,190,15],[190,16,190,17],[190,18,190,20],[183,3,183,8],[183,10,183,12],[183,14,183,15],[183,16,183,17],[183,18,183,20],[184,3,184,8],[184,10,184,12],[184,14,184,15],[184,16,184,17],[184,18,184,20],[185,3,185,8],[185,10,185,12],[185,14,185,15],[185,16,185,17],[185,18,185,20],[186,3,186,8],[186,10,186,12],[186,14,186,15],[186,16,186,17],[186,18,186,20],[179,3,179,8],[179,10,179,12],[179,14,179,15],[179,16,179,17],[179,18,179,20],[180,3,180,8],[180,10,180,12],[180,14,180,15],[180,16,180,17],[180,18,180,20],[181,3,181,8],[181,10,181,12],[181,14,181,15],[181,16,181,17],[181,18,181,20],[182,3,182,8],[182,10,182,12],[182,14,182,15],[182,16,182,17],[182,18,182,20],[174,3,174,8],[174,10,174,12],[174,14,174,15],[174,16,174,17],[174,18,174,20],[175,3,175,8],[175,10,175,12],[175,14,175,15],[175,16,175,17],[175,18,175,20],[176,3,176,8],[176,10,176,12],[176,14,176,15],[176,16,176,17],[176,18,176,20],[177,3,177,8],[178,3,178,8],[178,10,178,12],[178,14,178,15],[178,16,178,17],[178,18,178,20],[170,3,170,8],[170,10,170,12],[170,14,170,15],[170,16,170,17],[170,18,170,20],[171,3,171,8],[171,10,171,12],[171,14,171,15],[171,16,171,17],[171,18,171,20],[172,3,172,8],[172,10,172,12],[172,14,172,15],[172,16,172,17],[172,18,172,20],[173,3,173,8],[173,10,173,12],[173,14,173,15],[173,16,173,17],[173,18,173,20],[166,3,166,8],[166,10,166,12],[166,14,166,15],[166,16,166,17],[166,18,166,20],[167,3,167,8],[167,10,167,12],[167,14,167,15],[167,16,167,17],[167,18,167,20],[168,3,168,8],[168,10,168,12],[168,14,168,15],[168,16,168,17],[168,18,168,20],[169,3,169,8],[169,10,169,12],[169,14,169,15],[169,16,169,17],[169,18,169,20],[162,3,162,8],[162,10,162,12],[162,14,162,15],[162,16,162,17],[162,18,162,20],[163,3,163,8],[163,10,163,12],[163,14,163,15],[163,16,163,17],[163,18,163,20],[164,3,164,8],[164,10,164,12],[164,14,164,15],[164,16,164,17],[164,18,164,20],[165,3,165,8],[165,10,165,12],[165,14,165,15],[165,16,165,17],[165,18,165,20],[158,3,158,8],[158,10,158,12],[158,14,158,15],[158,16,158,17],[158,18,158,20],[159,3,159,8],[159,10,159,12],[159,14,159,15],[159,16,159,17],[159,18,159,20],[160,3,160,8],[160,10,160,12],[160,14,160,15],[160,16,160,17],[160,18,160,20],[161,3,161,8],[161,10,161,12],[161,14,161,15],[161,16,161,17],[161,18,161,20],[154,3,154,8],[154,10,154,12],[154,14,154,15],[154,16,154,17],[154,18,154,20],[155,3,155,8],[155,10,155,12],[155,14,155,15],[155,16,155,17],[155,18,155,20],[156,3,156,8],[156,10,156,12],[156,14,156,15],[156,16,156,17],[156,18,156,20],[157,3,157,8],[157,10,157,12],[157,14,157,15],[157,16,157,17],[157,18,157,20],[150,3,150,8],[150,10,150,12]],"merged_total":1631,"flags":["merged_cut"]}
[null,null,null,"MINISTÉRIO DO DESENVOLVIMENTO REGIONAL\nCOMPANHIA DE DESENVOLVIMENTO DOS VALES DO SÃO FRANCISCO E PARNAÍBA"]
["ORÇAMENTO DISCRIMINATIVO"]
["Setor Público - REPASSE"]
["Proponente:",{"$nulls":14},"Data – base"]
["COMPANHIA DE DESENVOLVIMENTO DOS VALES DO SÃO FRANCISCO E PARNAÍBA",{"$nulls":14},"SINAPI – AP – DEZEMBRO/2022 (S/ DESON.)"]
["Empreendimento:",{"$nulls":11},"Município",{"$nulls":7},"UF"]
["CONSTRUÇÃO DA SEDE DA 11ª SUPERINTENDÊNCIA REGIONAL DA CODEVASF NO MUNICÍPIO DE MACAPÁ/AP",{"$nulls":11},"MACAPÁ",{"$nulls":7},"AP"]
["Endereço",{"$nulls":7},"FORMA DE EXECUÇÃO",null,null,null,"DATA"]
["RODOVIA JOSMAR CHAVES PINTO, KM 05, S/N, UNIVERSIDADE, MACAPA/AP.",{"$nulls":7},"INDIRETA",null,null,null,"2023-01-01"]
["PRAZO DE EXECUÇÃO: 12 MESES",null,null,null,"FORMA DE EXECUÇÃO: (     ) DIRETA (  X   ) INDIRETA",{"$nulls":7},"REGIME DE PREÇOS: ( X ) NÃO DESONERADO (   ) DESONERADO"]
["Composição do BDI sugerida",null,null,null,"Intervalos admissíveis\nsem justificativa",null,null,null,"Composição de BDI Adotada",{"$nulls":4},"BDI Proposto:",{"$nulls":5},{"$f":"ROUND(((1+L15+L12+L13)*(1+L14)*(1+L16))/(1-L17-L18-L19-L20)-1,4)","v":0.23080000000000001}]
["Seguro + Garantia ",null,null,null,"De",8.0000000000000002E-3,"até",0.01,"Seguro + Garantia:",null,null,{"$f":"'Planilha de BDI S. DESON'!E15","v":8.5000000000000006E-3},{"$nulls":9},"Observação:                                                "]
["Risco (R)",null,null,null,"De",9.7000000000000003E-3,"até",1.2699999999999999E-2,"Risco:",null,null,1.2E-2,{"$nulls":9}," Composição do BDI, intervalos admissíveis e Fórmula de Cálculo nos termos do Acórdão 2622/2013 do TCU."]
["Despesas financeiras (DF)",null,null,null,"De",5.8999999999999999E-3,"até",1.3899999999999999E-2,"Despesas financeiras:",null,null,1.23E-2]
["Administração Central (AC)",null,null,null,"De",0.03,"até",5.5E-2,"Administração central:",null,null,0.04]
["Lucro (L)",null,null,null,"De",6.1600000000000002E-2,"até",8.9599999999999999E-2,"Lucro:",null,null,7.5999999999999998E-2]
[{"$f":"I17","v":"Tributos: PIS"},null,null,null,"De",3.6499999999999998E-2,"até",6.1499999999999999E-2,"Tributos: PIS",null,null,6.4999999999999997E-3]
[{"$f":"I18","v":"Tributos: COFINS"},null,null,null,"De",3.6499999999999998E-2,"até",6.1499999999999999E-2,"Tributos: COFINS",null,null,0.03]
[{"$f":"I19","v":"Tributos: ISSQN"},null,null,null,"De",3.6499999999999998E-2,"até",6.1499999999999999E-2,"Tributos: ISSQN",null,null,2.5000000000000001E-2,{"$nulls":9},"Coloca-se  50% do valor do ISS do munícipio. Verificar primeiro a legislação municipal."]
[{"$f":"I20","v":"Tributos: CPRB"},null,null,null,"De",3.6499999999999998E-2,"até",6.1499999999999999E-2,"Tributos: CPRB"]
[]
["ITEM","CÓDIGO","FONTE","DESCRIÇÃO DOS SERVIÇOS",{"$nulls":5},"UN","QUANT",null,null,"VALORES (R$)"]
[{"$nulls":13},"CUSTO",null,null,"PREÇO"]
[{"$nulls":13},"UNITÁRIO","TOTAL ITEM",null,"UNITÁRIO ",null,"TOTAL ITEM"]
["CONSTRUÇÃO DA SEDE DA 11ª SUPERINTENDÊNCIA REGIONAL DA CODEVASF NO MUNICÍPIO DE MACAPÁ/AP"]
["1.0",null,null,{"$f":"'[4]Planilha Orcamentaria'!$D$14","v":"INSTALAÇÕES INICIAIS DA OBRA"}]
["1.1",{"$f":"'Relatório de composições'!B18","v":"COMP. 01"},{"$f":"'Relatório de composições'!C18","v":"COMP. PRÓPRIA 11° SR"},{"$f":"'Relatório de composições'!D18","v":"FORNECIMENTO E COLOCAÇÃO DE PLACA DE OBRA (4,80 X 2,4 0 M) -  EM CHAPA GALVANIZADA *N. 22*, ADESIVADA E FIXADA COM SUPORTE EM EUCALIPTO AUTOCLAVADO."},{"$nulls":5},"UN",{"$f":"'MEMORIA DE CÁLCULO'!O12","v":1},null,null,{"$f":"'Relatório de composições'!I23","v":1483.08},{"$f":"IF(J27=\"\",\"\",ROUND(K27*N27,2))","v":1483.08},null,{"$f":"IF(J27=\"\",\"\",ROUND(N27*(1+$T$11),2))","v":1825.37},null,{"$f":"IF(J27=\"\",\"\",ROUND(K27*Q27,2))","v":1825.37},{"$nulls":5},{"$f":"ROUND(K27*Q27,2)","v":1825.37},{"$f":"K27-#REF!","v":{"$error":"#REF!"}},{"$f":"Y27/$S$363","v":2.3410799999999999E-4},{"$f":"AA27","v":2.341E-4}]
["1.2",93206,"SINAPI","EXECUÇÃO DE ESCRITÓRIO EM CANTEIRO DE OBRA EM ALVENARIA, NÃO INCLUSO MOBILIÁRIO E EQUIPAMENTOS. AF_02/2016",{"$nulls":5},"M²",{"$f":"'MEMORIA DE CÁLCULO'!O19","v":54.09},null,null,{"$f":"VLOOKUP(B28,'SINAPI NÃO DESONERADO'!$G$6:$L$7519,5,0)","v":1149.8499999999999},{"$f":"IF(J28=\"\",\"\",ROUND(K28*N28,2))","v":62195.39},null,{"$f":"IF(J28=\"\",\"\",ROUND(N28*(1+$T$11),2))","v":1415.24},null,{"$f":"IF(J28=\"\",\"\",ROUND(K28*Q28,2))","v":76550.33},{"$nulls":5},{"$f":"ROUND(K28*Q28,2)","v":76550.33},{"$f":"K28-#REF!","v":{"$error":"#REF!"}},{"$f":"Y28/$S$363","v":9.8177409999999996E-3},{"$f":"AA28+AB27","v":1.00518E-2}]
["1.3",93209,"SINAPI","EXECUÇÃO DE ALMOXARIFADO EM CANTEIRO DE OBRA EM ALVENARIA, INCLUSO PRATELEIRAS. AF_02/2016",{"$nulls":5},"M²",{"$f":"'MEMORIA DE CÁLCULO'!O26","v":57.91},null,null,{"$f":"VLOOKUP(B29,'SINAPI NÃO DESONERADO'!$G$6:$L$7519,5,0)","v":882.49},{"$f":"IF(J29=\"\",\"\",ROUND(K29*N29,2))","v":51105},null,{"$f":"IF(J29=\"\",\"\",ROUND(N29*(1+$T$11),2))","v":1086.17},null,{"$f":"IF(J29=\"\",\"\",ROUND(K29*Q29,2))","v":62900.1},{"$nulls":5},62900.1,{"$f":"K29-#REF!","v":{"$error":"#REF!"}},8.0670700000000008E-3,{"$f":"AA29+AB28","v":1.81189E-2}]
["1.4",93211,"SINAPI","EXECUÇÃO DE REFEITÓRIO EM CANTEIRO DE OBRA EM ALVENARIA, NÃO INCLUSO MOBILIÁRIO E EQUIPAMENTOS. AF_02/2016",{"$nulls":5},"M²",{"$f":"'MEMORIA DE CÁLCULO'!O33","v":49.39},null,null,{"$f":"VLOOKUP(B30,'SINAPI NÃO DESONERADO'!$G$6:$L$7519,5,0)","v":568.04},{"$f":"IF(J30=\"\",\"\",ROUND(K30*N30,2))","v":28055.5},null,{"$f":"IF(J30=\"\",\"\",ROUND(N30*(1+$T$11),2))","v":699.14},null,{"$f":"IF(J30=\"\",\"\",ROUND(K30*Q30,2))","v":34530.519999999997},{"$nulls":5},34530.519999999997,{"$f":"K30-#REF!","v":{"$error":"#REF!"}},4.4286120000000002E-3,2.2547500000000002E-2]
["1.5",93213,"SINAPI","EXECUÇÃO DE SANITÁRIO E VESTIÁRIO EM CANTEIRO DE OBRA EM ALVENARIA, NÃO INCLUSO MOBILIÁRIO. AF_02/2016",{"$nulls":5},"M²",{"$f":"'MEMORIA DE CÁLCULO'!O40","v":49.2},null,null,{"$f":"VLOOKUP(B31,'SINAPI NÃO DESONERADO'!$G$6:$L$7519,5,0)","v":1016.87},50030,null,1251.56,null,61576.75,{"$nulls":5},61576.75,{"$f":"K31-#REF!","v":{"$error":"#REF!"}},7.8973480000000002E-3,3.0444800000000001E-2]
[null,"SUB TOTAL:",{"$nulls":16},{"$f":"SUM(S27:U31)","v":237383.07},null,null,232667.66,null,null,0,{"$f":"K32-#REF!","v":{"$error":"#REF!"}},0,3.0444800000000001E-2]
["2.0",null,null,"DEMOLIÇÕES",{"$nulls":20},0,{"$f":"K33-#REF!","v":{"$error":"#REF!"}},0,3.0444800000000001E-2]
["2.1",97622,"SINAPI","DEMOLIÇÃO DE ALVENARIA DE BLOCO FURADO, DE FORMA MANUAL, SEM REAPROVEITAMENTO. AF_12/2017",{"$nulls":5},"M³",{"$f":"'MEMORIA DE CÁLCULO'!O47","v":3.42},null,null,{"$f":"VLOOKUP(B34,'SINAPI NÃO DESONERADO'!$G$6:$L$7519,5,0)","v":45.44},155.4,null,55.93,null,191.28,{"$nulls":5},191.28,{"$f":"K34-#REF!","v":{"$error":"#REF!"}},2.4532000000000002E-5,3.0469300000000001E-2]
["2.2",97627,"SINAPI","DEMOLIÇÃO DE PILARES E VIGAS EM CONCRETO ARMADO, DE FORMA MECANIZADA COM MARTELETE, SEM REAPROVEITAMENTO. AF_12/2017",{"$nulls":5},"M³",{"$f":"'MEMORIA DE CÁLCULO'!O54","v":0.3},null,null,{"$f":"VLOOKUP(B35,'SINAPI NÃO DESONERADO'!$G$6:$L$7519,5,0)","v":233.31},69.989999999999995,null,287.16000000000003,null,86.15,{"$nulls":5},86.15,{"$f":"K35-#REF!","v":{"$error":"#REF!"}},1.1049E-5,3.0480299999999998E-2]
["2.3",100983,"SINAPI","CARGA, MANOBRA E DESCARGA DE ENTULHO EM CAMINHÃO BASCULANTE 14 M³ - CARGA COM ESCAVADEIRA HIDRÁULICA (CAÇAMBA DE 0,80 M³ / 111 HP) E DESCARGA LIVRE (UNIDADE: M3). AF_07/2020",{"$nulls":5},"M³",{"$f":"'MEMORIA DE CÁLCULO'!O61","v":3.72},null,null,{"$f":"VLOOKUP(B36,'SINAPI NÃO DESONERADO'!$G$6:$L$7519,5,0)","v":8.35},31.06,null,10.28,null,38.24,{"$nulls":5},38.24,{"$f":"K36-#REF!","v":{"$error":"#REF!"}},4.904E-6,3.04852E-2]
["2.4",95876,"SINAPI","TRANSPORTE COM CAMINHÃO BASCULANTE DE 14 M³, EM VIA URBANA PAVIMENTADA, DMT ATÉ 30 KM (UNIDADE: M3XKM). AF_07/2020",{"$nulls":5},"M³xKM",{"$f":"'MEMORIA DE CÁLCULO'!O68","v":135.41},null,null,{"$f":"VLOOKUP(B37,'SINAPI NÃO DESONERADO'!$G$6:$L$7519,5,0)","v":2.0099999999999998},272.17,null,2.4700000000000002,null,334.46,{"$nulls":5},334.46,{"$f":"K37-#REF!","v":{"$error":"#REF!"}},4.2895000000000002E-5,3.0528099999999999E-2]
[null,"SUB TOTAL:",{"$nulls":16},{"$f":"SUM(S34:U37)","v":650.13},null,null,639.75,null,null,0,{"$f":"K38-#REF!","v":{"$error":"#REF!"}},0,3.0528099999999999E-2]
["3.0",null,null,"PREPARO DO TERRENO - MOVIMENTO DE TERRA E LIMPEZA ",{"$nulls":20},0,{"$f":"K39-#REF!","v":{"$error":"#REF!"}},0,3.0528099999999999E-2]
["3.1",98529,"SINAPI","CORTE RASO E RECORTE DE ÁRVORE COM DIÂMETRO DE TRONCO MAIOR OU IGUAL A 0,20 M E MENOR QUE 0,40 M.AF_05/2018",{"$nulls":5},"UN",{"$f":"'MEMORIA DE CÁLCULO'!O75","v":166},null,null,{"$f":"VLOOKUP(B40,'SINAPI NÃO DESONERADO'!$G$6:$L$7519,5,0)","v":53.15},{"$f":"IF(J40=\"\",\"\",ROUND(K40*N40,2))","v":8822.9},null,{"$f":"IF(J40=\"\",\"\",ROUND(N40*(1+$T$11),2))","v":65.42},null,{"$f":"IF(J40=\"\",\"\",ROUND(K40*Q40,2))","v":10859.72},{"$nulls":5},10859.72,{"$f":"K40-#REF!","v":{"$error":"#REF!"}},1.392782E-3,3.1920900000000002E-2]
["3.2",98527,"SINAPI","REMOÇÃO DE RAÍZES REMANESCENTES DE TRONCO DE ÁRVORE COM DIÂMETRO MAIOR OU IGUAL A 0,40 M E MENOR QUE 0,60 M.AF_05/2018",{"$nulls":5},"UN",{"$f":"'MEMORIA DE CÁLCULO'!O82","v":166},null,null,{"$f":"VLOOKUP(B41,'SINAPI NÃO DESONERADO'!$G$6:$L$7519,5,0)","v":146.9},24385.4,null,180.8,null,30012.799999999999,{"$nulls":5},30012.799999999999,{"$f":"K41-#REF!","v":{"$error":"#REF!"}},3.8492050000000001E-3,3.5770099999999999E-2]
["3.3",98525,"SINAPI","LIMPEZA MECANIZADA DE CAMADA VEGETAL, VEGETAÇÃO E PEQUENAS ÁRVORES (DIÂMETRO DE TRONCO MENOR QUE 0,20 M), COM TRATOR DE ESTEIRAS.AF_05/2018",{"$nulls":5},"M²",{"$f":"'MEMORIA DE CÁLCULO'!O89","v":6600},null,null,{"$f":"VLOOKUP(B42,'SINAPI NÃO DESONERADO'!$G$6:$L$7519,5,0)","v":0.34},2244,null,0.42,null,2772,{"$nulls":5},2772,{"$f":"K42-#REF!","v":{"$error":"#REF!"}},3.5551499999999999E-4,3.6125600000000001E-2]
["3.4",100575,"SINAPI","REGULARIZAÇÃO DE SUPERFÍCIES COM MOTONIVELADORA. AF_11/2019",{"$nulls":5},"M²",{"$f":"'MEMORIA DE CÁLCULO'!O96","v":5000},null,null,{"$f":"VLOOKUP(B43,'SINAPI NÃO DESONERADO'!$G$6:$L$7519,5,0)","v":0.12},600,null,0.15,null,750,{"$nulls":5},750,{"$f":"K43-#REF!","v":{"$error":"#REF!"}},9.6188999999999997E-5,3.6221799999999998E-2]
["3.5",100983,"SINAPI","CARGA, MANOBRA E DESCARGA DE ENTULHO EM CAMINHÃO BASCULANTE 14 M³ - CARGA COM ESCAVADEIRA HIDRÁULICA (CAÇAMBA DE 0,80 M³ / 111 HP) E DESCARGA LIVRE (UNIDADE: M3). AF_07/2020",{"$nulls":5},"M³",{"$f":"'MEMORIA DE CÁLCULO'!O103","v":100},null,null,{"$f":"VLOOKUP(B44,'SINAPI NÃO DESONERADO'!$G$6:$L$7519,5,0)","v":8.35},835,null,10.28,null,1028,{"$nulls":5},1028,{"$f":"K44-#REF!","v":{"$error":"#REF!"}},1.31843E-4,3.63536E-2]
["3.6",96386,"SINAPI","EXECUÇÃO E COMPACTAÇÃO DE ATERRO COM SOLO PREDOMINANTEMENTE ARENOSO - EXCLUSIVE SOLO, ESCAVAÇÃO, CARGA E TRANSPORTE. AF_11/2019",{"$nulls":5},"M³",{"$f":"'MEMORIA DE CÁLCULO'!O115","v":3117.95},null,null,{"$f":"VLOOKUP(B45,'SINAPI NÃO DESONERADO'!$G$6:$L$7519,5,0)","v":8.23},25660.73,null,10.130000000000001,null,31584.83,{"$nulls":5},31584.83,{"$f":"K45-#REF!","v":{"$error":"#REF!"}},4.0508209999999996E-3,4.04044E-2]
["3.7","PREÇO DE MERCADO","COTAÇÃO","AREIA PARA ATERRO - POSTO JAZIDA/FORNECEDOR (RETIRADO NA JAZIDA, SEM TRANSPORTE E SEM CARGA DO MATERIAL EM CAMINHÃO)",{"$nulls":5},"M³",{"$f":"'MEMORIA DE CÁLCULO'!O122","v":4330.49},null,null,{"$f":"'COTAÇÃO MAT DE JAZIDA P. ATERRO'!H15","v":10.97},47505.48,null,13.5,null,58461.62,{"$nulls":5},58461.62,{"$f":"K46-#REF!","v":{"$error":"#REF!"}},7.497826E-3,4.7902199999999999E-2]
["3.8",100979,"SINAPI","CARGA, MANOBRA E DESCARGA DE SOLOS E MATERIAIS GRANULARES EM CAMINHÃO BASCULANTE 14 M³ - CARGA COM ESCAVADEIRA HIDRÁULICA (CAÇAMBA DE 1,20 M³ / 155 HP) E DESCARGA LIVRE (UNIDADE: M3). AF_07/2020",{"$nulls":5},"M³",{"$f":"'MEMORIA DE CÁLCULO'!O129","v":4330.49},null,null,{"$f":"VLOOKUP(B47,'SINAPI NÃO DESONERADO'!$G$6:$L$7519,5,0)","v":6.17},26719.119999999999,null,7.59,null,32868.42,{"$nulls":5},32868.42,{"$f":"K47-#REF!","v":{"$error":"#REF!"}},4.2154439999999996E-3,5.21176E-2]
["3.9",101136,"SINAPI","ESCAVAÇÃO HORIZONTAL, INCLUINDO CARGA, DESCARGA E TRANSPORTE EM SOLO DE 1A CATEGORIA COM TRATOR DE ESTEIRAS (170HP/LÂMINA: 5,20M3) E CAMINHÃO BASCULANTE DE 10M3, DMT ATÉ 200M. AF_07/2020",{"$nulls":5},"M³",{"$f":"'MEMORIA DE CÁLCULO'!O136","v":1000},null,null,{"$f":"VLOOKUP(B48,'SINAPI NÃO DESONERADO'!$G$6:$L$7519,5,0)","v":12.59},12590,null,15.5,null,15500,{"$nulls":5},15500,{"$f":"K48-#REF!","v":{"$error":"#REF!"}},1.987908E-3,5.4105500000000001E-2]
["3.10",95876,"SINAPI","TRANSPORTE COM CAMINHÃO BASCULANTE DE 14 M³, EM VIA URBANA PAVIMENTADA, DMT ATÉ 30 KM (UNIDADE: M3XKM). AF_07/2020",{"$nulls":5},"M³xKM",{"$f":"'MEMORIA DE CÁLCULO'!O145","v":126649.8},null,null,{"$f":"VLOOKUP(B49,'SINAPI NÃO DESONERADO'!$G$6:$L$7519,5,0)","v":2.0099999999999998},254566.1,null,2.4700000000000002,null,312825.01,{"$nulls":5},312825.01,{"$f":"K49-#REF!","v":{"$error":"#REF!"}},4.0120465000000001E-2,9.4226000000000004E-2]
[null,"SUB TOTAL:",{"$nulls":16},{"$f":"SUM(S40:U49)","v":496662.4},null,null,499480.74,null,null,0,{"$f":"K50-#REF!","v":{"$error":"#REF!"}},0,9.4226000000000004E-2]
["4.0",null,null,"LOCAÇÃO DE OBRA",{"$nulls":20},0,{"$f":"K51-#REF!","v":{"$error":"#REF!"}},0,9.4226000000000004E-2]
["4.1",99058,"SINAPI","LOCAÇÃO DE PONTO PARA REFERÊNCIA TOPOGRÁFICA. AF_10/2018",{"$nulls":5},"UN",{"$f":"'MEMORIA DE CÁLCULO'!O152","v":250},null,null,{"$f":"VLOOKUP(B52,'SINAPI NÃO DESONERADO'!$G$6:$L$7519,5,0)","v":8.3699999999999992},{"$f":"IF(J52=\"\",\"\",ROUND(K52*N52,2))","v":2092.5},null,{"$f":"IF(J52=\"\",\"\",ROUND(N52*(1+$T$11),2))","v":10.3},null,{"$f":"IF(J52=\"\",\"\",ROUND(K52*Q52,2))","v":2575},{"$nulls":5},2575,{"$f":"K52-#REF!","v":{"$error":"#REF!"}},3.3024900000000002E-4,9.4556200000000007E-2]
["4.2",99059,"SINAPI","LOCACAO CONVENCIONAL DE OBRA, UTILIZANDO GABARITO DE TÁBUAS CORRIDAS PONTALETADAS A CADA 2,00M - 2 UTILIZAÇÕES. AF_10/2018",{"$nulls":5},"M",{"$f":"'MEMORIA DE CÁLCULO'!O159","v":156},null,null,{"$f":"VLOOKUP(B53,'SINAPI NÃO DESONERADO'!$G$6:$L$7519,5,0)","v":47.35},{"$f":"IF(J53=\"\",\"\",ROUND(K53*N53,2))","v":7386.6},null,{"$f":"IF(J53=\"\",\"\",ROUND(N53*(1+$T$11),2))","v":58.28},null,{"$f":"IF(J53=\"\",\"\",ROUND(K53*Q53,2))","v":9091.68},{"$nulls":5},9091.68,{"$f":"K53-#REF!","v":{"$error":"#REF!"}},1.166027E-3,9.5722199999999993E-2]
[null,"SUB TOTAL:",{"$nulls":16},{"$f":"SUM(S52:U53)","v":11666.68},null,null,11164.44,null,null,0,{"$f":"K54-#REF!","v":{"$error":"#REF!"}},0,9.5722199999999993E-2]
["5.0",null,null,"INFRAESTRUTURA",{"$nulls":20},0,{"$f":"K55-#REF!","v":{"$error":"#REF!"}},0,9.5722199999999993E-2]
["5.1",96523,"SINAPI","ESCAVAÇÃO MANUAL PARA BLOCO DE COROAMENTO OU SAPATA (INCLUINDO ESCAVAÇÃO PARA COLOCAÇÃO DE FÔRMAS). AF_06/2017",{"$nulls":5},"M³",{"$f":"'MEMORIA DE CÁLCULO'!O168","v":159.25},null,null,{"$f":"VLOOKUP(B56,'SINAPI NÃO DESONERADO'!$G$6:$L$7519,5,0)","v":80.62},{"$f":"IF(J56=\"\",\"\",ROUND(K56*N56,2))","v":12838.74},null,{"$f":"IF(J56=\"\",\"\",ROUND(N56*(1+$T$11),2))","v":99.23},null,{"$f":"IF(J56=\"\",\"\",ROUND(K56*Q56,2))","v":15802.38},{"$nulls":5},15802.38,{"$f":"K56-#REF!","v":{"$error":"#REF!"}},2.026688E-3,9.77489E-2]
["5.2",96527,"SINAPI","ESCAVAÇÃO MANUAL DE VALA PARA VIGA BALDRAME (INCLUINDO ESCAVAÇÃO PARA COLOCAÇÃO DE FÔRMAS). AF_06/2017",{"$nulls":5},"M³",{"$f":"'MEMORIA DE CÁLCULO'!O175","v":21.48},null,null,{"$f":"VLOOKUP(B57,'SINAPI NÃO DESONERADO'!$G$6:$L$7519,5,0)","v":105.69},2270.2199999999998,null,130.08000000000001,null,2794.12,{"$nulls":5},2794.12,{"$f":"K57-#REF!","v":{"$error":"#REF!"}},3.5835199999999999E-4,9.8107299999999995E-2]
["5.3",96619,"SINAPI","LASTRO DE CONCRETO MAGRO, APLICADO EM BLOCOS DE COROAMENTO OU SAPATAS, ESPESSURA DE 5 CM. AF_08/2017",{"$nulls":5},"M²",{"$f":"'MEMORIA DE CÁLCULO'!O182","v":42},null,null,{"$f":"VLOOKUP(B58,'SINAPI NÃO DESONERADO'!$G$6:$L$7519,5,0)","v":38.130000000000003},1601.46,null,46.93,null,1971.06,{"$nulls":5},1971.06,{"$f":"K58-#REF!","v":{"$error":"#REF!"}},2.5279300000000002E-4,9.8360100000000006E-2]
["5.4",96541,"SINAPI","FABRICAÇÃO, MONTAGEM E DESMONTAGEM DE FÔRMA PARA SAPATA, EM CHAPA DE MADEIRA COMPENSADA RESINADA, E=17 MM, 4 UTILIZAÇÕES. AF_06/2017",{"$nulls":5},"M²",{"$f":"'MEMORIA DE CÁLCULO'!O189","v":43.41},null,null,{"$f":"VLOOKUP(B59,'SINAPI NÃO DESONERADO'!$G$6:$L$7519,5,0)","v":181.25},7868.06,null,223.08,null,9683.9,{"$nulls":5},9683.9,{"$f":"K59-#REF!","v":{"$error":"#REF!"}},1.2419810000000001E-3,9.9602099999999999E-2]
["5.5",96542,"SINAPI","FABRICAÇÃO, MONTAGEM E DESMONTAGEM DE FÔRMA PARA VIGA BALDRAME, EM CHAPA DE MADEIRA COMPENSADA RESINADA, E=17 MM, 4 UTILIZAÇÕES. AF_06/2017",{"$nulls":5},"M²",{"$f":"'MEMORIA DE CÁLCULO'!O196","v":545.97},null,null,{"$f":"VLOOKUP(B60,'SINAPI NÃO DESONERADO'!$G$6:$L$7519,5,0)","v":89},48591.33,null,109.54,null,59805.55,{"$nulls":5},59805.55,{"$f":"K60-#REF!","v":{"$error":"#REF!"}},7.6701879999999997E-3,0.1072723]
["5.6",92419,"SINAPI","MONTAGEM E DESMONTAGEM DE FÔRMA DE PILARES RETANGULARES E ESTRUTURAS SIMILARES, PÉ-DIREITO SIMPLES, EM CHAPA DE MADEIRA COMPENSADA RESINADA, 4 UTILIZAÇÕES. AF_09/2020",{"$nulls":5},"M²",{"$f":"'MEMORIA DE CÁLCULO'!O203","v":142.57},null,null,{"$f":"VLOOKUP(B61,'SINAPI NÃO DESONERADO'!$G$6:$L$7519,5,0)","v":88.3},{"$f":"IF(J61=\"\",\"\",ROUND(K61*N61,2))","v":12588.93},null,{"$f":"IF(J61=\"\",\"\",ROUND(N61*(1+$T$11),2))","v":108.68},null,{"$f":"IF(J61=\"\",\"\",ROUND(K61*Q61,2))","v":15494.51},{"$nulls":5},15494.51,{"$f":"K61-#REF!","v":{"$error":"#REF!"}},1.9872029999999999E-3,0.1092595]
["5.7",96543,"SINAPI","ARMAÇÃO DE BLOCO, VIGA BALDRAME E SAPATA UTILIZANDO AÇO CA-60 DE 5 MM - MONTAGEM. AF_06/2017",{"$nulls":5},"KG",{"$f":"'MEMORIA DE CÁLCULO'!O212","v":1554.55},null,null,{"$f":"VLOOKUP(B62,'SINAPI NÃO DESONERADO'!$G$6:$L$7519,5,0)","v":19.05},29614.18,null,23.45,null,36454.199999999997,{"$nulls":5},36454.199999999997,{"$f":"K62-#REF!","v":{"$error":"#REF!"}},4.6753280000000003E-3,0.1139348]
["5.8",96544,"SINAPI","ARMAÇÃO DE BLOCO, VIGA BALDRAME OU SAPATA UTILIZANDO AÇO CA-50 DE 6,3 MM - MONTAGEM. AF_06/2017",{"$nulls":5},"KG",{"$f":"'MEMORIA DE CÁLCULO'!O221","v":1.82},null,null,{"$f":"VLOOKUP(B63,'SINAPI NÃO DESONERADO'!$G$6:$L$7519,5,0)","v":18.16},33.049999999999997,null,22.35,null,40.68,{"$nulls":5},40.68,{"$f":"K63-#REF!","v":{"$error":"#REF!"}},5.2170000000000002E-6,0.11394]
["5.9",96545,"SINAPI","ARMAÇÃO DE BLOCO, VIGA BALDRAME OU SAPATA UTILIZANDO AÇO CA-50 DE 8 MM - MONTAGEM. AF_06/2017",{"$nulls":5},"KG",{"$f":"'MEMORIA DE CÁLCULO'!O230","v":134.55000000000001},null,null,{"$f":"VLOOKUP(B64,'SINAPI NÃO DESONERADO'!$G$6:$L$7519,5,0)","v":17.149999999999999},2307.5300000000002,null,21.11,null,2840.35,{"$nulls":5},2840.35,{"$f":"K64-#REF!","v":{"$error":"#REF!"}},3.6428099999999999E-4,0.1143043]
["5.10",96546,"SINAPI","ARMAÇÃO DE BLOCO, VIGA BALDRAME OU SAPATA UTILIZANDO AÇO CA-50 DE 10 MM - MONTAGEM. AF_06/2017",{"$nulls":5},"KG",{"$f":"'MEMORIA DE CÁLCULO'!O239","v":695.55},null,null,{"$f":"VLOOKUP(B65,'SINAPI NÃO DESONERADO'!$G$6:$L$7519,5,0)","v":15.43},10732.34,null,18.989999999999998,null,13208.49,{"$nulls":5},13208.49,{"$f":"K65-#REF!","v":{"$error":"#REF!"}},1.6940169999999999E-3,0.1159983]
["5.11",96547,"SINAPI","ARMAÇÃO DE BLOCO, VIGA BALDRAME OU SAPATA UTILIZANDO AÇO CA-50 DE 12,5 MM - MONTAGEM. AF_06/2017",{"$nulls":5},"KG",{"$f":"'MEMORIA DE CÁLCULO'!O248","v":1349.91},null,null,{"$f":"VLOOKUP(B66,'SINAPI NÃO DESONERADO'!$G$6:$L$7519,5,0)","v":13.09},17670.32,null,16.11,null,21747.05,{"$nulls":5},21747.05,{"$f":"K66-#REF!","v":{"$error":"#REF!"}},2.7891050000000001E-3,0.1187874]
["5.12",96548,"SINAPI","ARMAÇÃO DE BLOCO, VIGA BALDRAME OU SAPATA UTILIZANDO AÇO CA-50 DE 16 MM - MONTAGEM. AF_06/2017",{"$nulls":5},"KG",{"$f":"'MEMORIA DE CÁLCULO'!O257","v":740.91},null,null,{"$f":"VLOOKUP(B67,'SINAPI NÃO DESONERADO'!$G$6:$L$7519,5,0)","v":12.46},9231.74,null,15.34,null,11365.56,{"$nulls":5},11365.56,{"$f":"K67-#REF!","v":{"$error":"#REF!"}},1.457657E-3,0.12024509999999999]
["5.13",96558,"SINAPI","CONCRETAGEM DE SAPATAS, FCK 30 MPA, COM USO DE BOMBA LANÇAMENTO, ADENSAMENTO E ACABAMENTO. AF_11/2016",{"$nulls":5},"M³",{"$f":"'MEMORIA DE CÁLCULO'!O265","v":30.61},null,null,{"$f":"VLOOKUP(B68,'SINAPI NÃO DESONERADO'!$G$6:$L$7519,5,0)","v":902.57},27627.67,null,1110.8800000000001,null,34004.04,{"$nulls":5},34004.04,{"$f":"K68-#REF!","v":{"$error":"#REF!"}},4.3610899999999998E-3,0.1246062]
["5.14",96555,"SINAPI","CONCRETAGEM DE BLOCOS DE COROAMENTO E VIGAS BALDRAME, FCK 30 MPA, COM USO DE JERICA LANÇAMENTO, ADENSAMENTO E ACABAMENTO. AF_06/2017",{"$nulls":5},"M³",{"$f":"'MEMORIA DE CÁLCULO'!O272","v":52.86},null,null,{"$f":"VLOOKUP(B69,'SINAPI NÃO DESONERADO'!$G$6:$L$7519,5,0)","v":885.58},46811.76,null,1089.97,null,57615.81,{"$nulls":5},57615.81,{"$f":"K69-#REF!","v":{"$error":"#REF!"}},7.3893489999999999E-3,0.13199549999999999]
["5.15",98557,"SINAPI","IMPERMEABILIZAÇÃO DE SUPERFÍCIE COM EMULSÃO ASFÁLTICA, 2 DEMÃOS AF_06/2018",{"$nulls":5},"M²",{"$f":"'MEMORIA DE CÁLCULO'!O279","v":545.97},null,null,{"$f":"VLOOKUP(B70,'SINAPI NÃO DESONERADO'!$G$6:$L$7519,5,0)","v":72.7},39692.019999999997,null,89.48,null,48853.4,{"$nulls":5},48853.4,{"$f":"K70-#REF!","v":{"$error":"#REF!"}},6.2655510000000003E-3,0.1382611]
["5.16",{"$f":"'Relatório de composições'!B30","v":"COMP. 02"},{"$f":"'Relatório de composições'!C30","v":"COMP. PRÓPRIA 11° SR"},{"$f":"'Relatório de composições'!D30","v":"ATERRO MANUAL DE VALAS COM SOLO ARGILO-ARENOSO E COMPACTAÇÃO MECANIZADA. "},{"$nulls":5},"M³",{"$f":"'MEMORIA DE CÁLCULO'!O286","v":1130},null,null,{"$f":"'Relatório de composições'!I37","v":39.92},45109.599999999999,null,49.13,null,55516.9,{"$nulls":5},55516.9,{"$f":"K71-#REF!","v":{"$error":"#REF!"}},7.120159E-3,0.14538129999999999]
["5.17",{"$f":"'Relatório de composições'!B44","v":"COMP. 03"},{"$f":"'Relatório de composições'!C44","v":"COMP. PRÓPRIA 11° SR"},{"$f":"'Relatório de composições'!D44","v":"ALVENARIA DE BLOCO DE CONCRETO CHEIO COM ARMAÇÃO, EM CONCRETO COM FCK 15MPA , ESP. 14CM, PARA REVESTIMENTO, INCLUSIVE ARGAMASSA PARA ASSENTAMENTO"},{"$nulls":5},"M²",{"$f":"'MEMORIA DE CÁLCULO'!O293","v":80.5},null,null,{"$f":"'Relatório de composições'!I48","v":280.02999999999997},22542.42,null,344.66,null,27745.13,{"$nulls":5},27745.13,{"$f":"K72-#REF!","v":{"$error":"#REF!"}},3.5583709999999998E-3,0.14893970000000001]
["5.18",97087,"SINAPI","CAMADA SEPARADORA PARA EXECUÇÃO DE RADIER, PISO DE CONCRETO OU LAJE SOBRE SOLO, EM LONA PLÁSTICA. AF_09/2021",{"$nulls":5},"M²",{"$f":"'MEMORIA DE CÁLCULO'!O300","v":1000},null,null,{"$f":"VLOOKUP(B73,'SINAPI NÃO DESONERADO'!$G$6:$L$7519,5,0)","v":3.64},3640,null,4.4800000000000004,null,4480,{"$nulls":5},4480,{"$f":"K73-#REF!","v":{"$error":"#REF!"}},5.7456900000000003E-4,0.14951429999999999]
["5.19",92768,"SINAPI","ARMAÇÃO DE LAJE DE ESTRUTURA CONVENCIONAL DE CONCRETO ARMADO UTILIZANDO AÇO CA-60 DE 5,0 MM - MONTAGEM. AF_06/2022",{"$nulls":5},"KG",{"$f":"'MEMORIA DE CÁLCULO'!O307","v":1751.98},null,null,{"$f":"VLOOKUP(B74,'SINAPI NÃO DESONERADO'!$G$6:$L$7519,5,0)","v":15.64},27400.97,null,19.25,null,33725.620000000003,{"$nulls":5},33725.620000000003,{"$f":"K74-#REF!","v":{"$error":"#REF!"}},4.325382E-3,0.1538397]
["5.20",97096,"SINAPI","CONCRETAGEM DE RADIER, PISO DE CONCRETO OU LAJE SOBRE SOLO, FCK 30 MPA - LANÇAMENTO, ADENSAMENTO E ACABAMENTO. AF_09/2021",{"$nulls":5},"M³",{"$f":"'MEMORIA DE CÁLCULO'!O314","v":111.16},null,null,{"$f":"VLOOKUP(B75,'SINAPI NÃO DESONERADO'!$G$6:$L$7519,5,0)","v":826.13},91832.61,null,1016.8,null,113027.49,{"$nulls":5},113027.49,{"$f":"K75-#REF!","v":{"$error":"#REF!"}},1.4496013E-2,0.1683357]
[null,"SUB TOTAL:",{"$nulls":16},{"$f":"SUM(S56:U75)","v":566176.24},null,null,545095.80000000005,null,null,0,{"$f":"K76-#REF!","v":{"$error":"#REF!"}},0,0.1683357]
["6.0",null,null,"SUPRAESTRUTURA",{"$nulls":20},0,{"$f":"K77-#REF!","v":{"$error":"#REF!"}},0,0.1683357]
["6.1",{"$f":"'Relatório de composições'!B55","v":"COMP. 04"},{"$f":"'Relatório de composições'!C55","v":"COMP. PRÓPRIA 11° SR"},{"$f":"'Relatório de composições'!D55","v":"VIGA METÁLICA EM PERFIL W 610 x 113, LAMINADO OU SOLDADO, EM AÇO ESTRUTURAL, COM CONEXÕES SOLDADAS, INCLUSOS MÃO DE OBRA, TRANSPORTE E IÇAMENTO UTILIZANDO GUINDASTE - FORNECIMENTO E INSTALAÇÃO. AF_01/2020_P"},{"$nulls":5},"KG",{"$f":"'MEMORIA DE CÁLCULO'!O321","v":18976},null,null,{"$f":"'Relatório de composições'!I66","v":14.85},{"$f":"IF(J78=\"\",\"\",ROUND(K78*N78,2))","v":281793.59999999998},null,{"$f":"IF(J78=\"\",\"\",ROUND(N78*(1+$T$11),2))","v":18.28},null,{"$f":"IF(J78=\"\",\"\",ROUND(K78*Q78,2))","v":346881.28000000003},{"$nulls":5},346881.28000000003,{"$f":"K78-#REF!","v":{"$error":"#REF!"}},4.4488253999999998E-2,0.21282400000000001,1823896.87,null,{"$f":"SUM(S78:U93)","v":1684994.69}]
["6.2",{"$f":"'Relatório de composições'!B73","v":"COMP. 05"},"COMP. PRÓPRIA 11° SR",{"$f":"'Relatório de composições'!D73","v":"VIGA METÁLICA EM PERFIL W 530 x 101, LAMINADO OU SOLDADO, EM AÇO ESTRUTURAL, COM CONEXÕES SOLDADAS, INCLUSOS MÃO DE OBRA, TRANSPORTE E IÇAMENTO UTILIZANDO GUINDASTE - FORNECIMENTO E INSTALAÇÃO. AF_01/2020_P"},{"$nulls":5},"KG",{"$f":"'MEMORIA DE CÁLCULO'!O328","v":8019},null,null,{"$f":"'Relatório de composições'!I84","v":14.85},119082.15,null,18.28,null,146587.32,{"$nulls":5},146587.32,{"$f":"K79-#REF!","v":{"$error":"#REF!"}},1.8800132000000001E-2,0.2316241,275437.58,null,{"$f":"AC78+AC79-AE78","v":414339.76}]
["6.3",{"$f":"'Relatório de composições'!B91","v":"COMP. 06"},"COMP. PRÓPRIA 11° SR",{"$f":"'Relatório de composições'!D91","v":"VIGA METÁLICA EM PERFIL W 530 x 74, LAMINADO OU SOLDADO, EM AÇO ESTRUTURAL, COM CONEXÕES SOLDADAS, INCLUSOS MÃO DE OBRA, TRANSPORTE E IÇAMENTO UTILIZANDO GUINDASTE - FORNECIMENTO E INSTALAÇÃO. AF_01/2020_P"},{"$nulls":5},"KG",{"$f":"'MEMORIA DE CÁLCULO'!O335","v":5892.7},null,null,{"$f":"'Relatório de composições'!I102","v":15.06},88744.06,null,18.54,null,109250.66,{"$nulls":5},109250.66,{"$f":"K80-#REF!","v":{"$error":"#REF!"}},1.4011627E-2,0.24563570000000001,1823896.87]
["6.4",{"$f":"'Relatório de composições'!B109","v":"COMP. 07"},"COMP. PRÓPRIA 11° SR",{"$f":"'Relatório de composições'!D109","v":"VIGA METÁLICA EM PERFIL W 530 x 72, LAMINADO OU SOLDADO, EM AÇO ESTRUTURAL, COM CONEXÕES SOLDADAS, INCLUSOS MÃO DE OBRA, TRANSPORTE E IÇAMENTO UTILIZANDO GUINDASTE - FORNECIMENTO E INSTALAÇÃO. AF_01/2020_P"},{"$nulls":5},"KG",{"$f":"'MEMORIA DE CÁLCULO'!O342","v":1994.9},null,null,{"$f":"'Relatório de composições'!I120","v":15.06},30043.19,null,18.54,null,36985.449999999997,{"$nulls":5},36985.449999999997,{"$f":"K81-#REF!","v":{"$error":"#REF!"}},4.7434620000000004E-3,0.25037920000000002,275437.58]
["6.5",{"$f":"'Relatório de composições'!B127","v":"COMP. 08"},"COMP. PRÓPRIA 11° SR",{"$f":"'Relatório de composições'!D127","v":"VIGA METÁLICA EM PERFIL W 460 x 60, LAMINADO OU SOLDADO, EM AÇO ESTRUTURAL, COM CONEXÕES SOLDADAS, INCLUSOS MÃO DE OBRA, TRANSPORTE E IÇAMENTO UTILIZANDO GUINDASTE - FORNECIMENTO E INSTALAÇÃO. AF_01/2020_P"},{"$nulls":5},"KG",{"$f":"'MEMORIA DE CÁLCULO'!O349","v":522.6},null,null,{"$f":"'Relatório de composições'!I138","v":15.06},7870.36,null,18.54,null,9689,{"$nulls":5},9689,{"$f":"K82-#REF!","v":{"$error":"#REF!"}},1.242635E-3,0.25162180000000001,1823896.87]
["6.6",{"$f":"'Relatório de composições'!B145","v":"COMP. 09"},"COMP. PRÓPRIA 11° SR",{"$f":"'Relatório de composições'!D145","v":"VIGA METÁLICA EM PERFIL W 410 x 53, LAMINADO OU SOLDADO, EM AÇO ESTRUTURAL, COM CONEXÕES SOLDADAS, INCLUSOS MÃO DE OBRA, TRANSPORTE E IÇAMENTO UTILIZANDO GUINDASTE - FORNECIMENTO E INSTALAÇÃO. AF_01/2020_P"},{"$nulls":5},"KG",{"$f":"'MEMORIA DE CÁLCULO'!O356","v":15735.9},null,null,{"$f":"'Relatório de composições'!I156","v":15.06},236982.65,null,18.54,null,291743.59000000003,{"$nulls":5},291743.59000000003,{"$f":"K83-#REF!","v":{"$error":"#REF!"}},3.7416729000000003E-2,0.28903849999999998,275437.58]
["6.7",{"$f":"'Relatório de composições'!B163","v":"COMP. 10"},"COMP. PRÓPRIA 11° SR",{"$f":"'Relatório de composições'!D163","v":"VIGA METÁLICA EM PERFIL W 410 x 46.1, LAMINADO OU SOLDADO, EM AÇO ESTRUTURAL, COM CONEXÕES SOLDADAS, INCLUSOS MÃO DE OBRA, TRANSPORTE E IÇAMENTO UTILIZANDO GUINDASTE - FORNECIMENTO E INSTALAÇÃO. AF_01/2020_P"},{"$nulls":5},"KG",{"$f":"'MEMORIA DE CÁLCULO'!O363","v":6878.5},null,null,{"$f":"'Relatório de composições'!I174","v":15.06},103590.21,null,18.54,null,127527.39,{"$nulls":5},127527.39,{"$f":"K84-#REF!","v":{"$error":"#REF!"}},1.6355656E-2,0.3053942,1823896.87]
["6.8",{"$f":"'Relatório de composições'!B181","v":"COMP. 11"},"COMP. PRÓPRIA 11° SR",{"$f":"'Relatório de composições'!D181","v":"VIGA METÁLICA EM PERFIL W 360 x 39, LAMINADO OU SOLDADO, EM AÇO ESTRUTURAL, COM CONEXÕES SOLDADAS, INCLUSOS MÃO DE OBRA, TRANSPORTE E IÇAMENTO UTILIZANDO GUINDASTE - FORNECIMENTO E INSTALAÇÃO. AF_01/2020_P"},{"$nulls":5},"KG",{"$f":"'MEMORIA DE CÁLCULO'!O370","v":10058.799999999999},null,null,{"$f":"'Relatório de composições'!I192","v":15.06},151485.53,null,18.54,null,186490.15,{"$nulls":5},186490.15,{"$f":"K85-#REF!","v":{"$error":"#REF!"}},2.3917753999999999E-2,0.32931199999999999,275437.58]
["6.9",{"$f":"'Relatório de composições'!B199","v":"COMP. 12"},"COMP. PRÓPRIA 11° SR",{"$f":"'Relatório de composições'!D199","v":"VIGA METÁLICA EM PERFIL W 310 x 32,7, LAMINADO OU SOLDADO, EM AÇO ESTRUTURAL, COM CONEXÕES SOLDADAS, INCLUSOS MÃO DE OBRA, TRANSPORTE E IÇAMENTO UTILIZANDO GUINDASTE - FORNECIMENTO E INSTALAÇÃO. AF_01/2020_P"},{"$nulls":5},"KG",{"$f":"'MEMORIA DE CÁLCULO'!O377","v":4383},null,null,{"$f":"'Relatório de composições'!I210","v":15.9},69689.7,null,19.57,null,85775.31,{"$nulls":5},85775.31,{"$f":"K86-#REF!","v":{"$error":"#REF!"}},1.1000864000000001E-2,0.34031289999999997,1823896.87]
["6.10",{"$f":"'Relatório de composições'!B217","v":"COMP. 13"},"COMP. PRÓPRIA 11° SR",{"$f":"'Relatório de composições'!D217","v":"PILAR METÁLICO PERFIL LAMINADO/SOLDADO, W 310 x 23.8, EM AÇO ESTRUTURAL, COM CONEXÕES PARAFUSADAS, INCLUSOS MÃO DE OBRA, TRANSPORTE E IÇAMENTO UTILIZANDO GUINDASTE - FORNECIMENTO E INSTALAÇÃO. AF_01/2020_P"},{"$nulls":5},"KG",{"$f":"'MEMORIA DE CÁLCULO'!O384","v":87.9},null,null,{"$f":"'Relatório de composições'!I227","v":18.48},1624.39,null,22.75,null,1999.73,{"$nulls":5},1999.73,{"$f":"K87-#REF!","v":{"$error":"#REF!"}},2.5647000000000002E-4,0.34056940000000002,275437.58]
["6.11",{"$f":"'Relatório de composições'!B234","v":"COMP. 14"},"COMP. PRÓPRIA 11° SR",{"$f":"'Relatório de composições'!D234","v":"VIGA METÁLICA EM PERFIL W 250 x80, LAMINADO OU SOLDADO, EM AÇO ESTRUTURAL, COM CONEXÕES SOLDADAS, INCLUSOS MÃO DE OBRA, TRANSPORTE E IÇAMENTO UTILIZANDO GUINDASTE - FORNECIMENTO E INSTALAÇÃO. AF_01/2020_P"},{"$nulls":5},"KG",{"$f":"'MEMORIA DE CÁLCULO'!O391","v":5184},null,null,{"$f":"'Relatório de composições'!I245","v":15.06},78071.039999999994,null,18.54,null,96111.360000000001,{"$nulls":5},96111.360000000001,{"$f":"K88-#REF!","v":{"$error":"#REF!"}},1.2326484E-2,0.35289589999999998,1823896.87]
["6.12",{"$f":"'Relatório de composições'!B252","v":"COMP. 15"},"COMP. PRÓPRIA 11° SR",{"$f":"'Relatório de composições'!D252","v":"VIGA METÁLICA EM PERFIL W 250 x22.3, LAMINADO OU SOLDADO, EM AÇO ESTRUTURAL, COM CONEXÕES SOLDADAS, INCLUSOS MÃO DE OBRA, TRANSPORTE E IÇAMENTO UTILIZANDO GUINDASTE - FORNECIMENTO E INSTALAÇÃO. AF_01/2020_P"},{"$nulls":5},"KG",{"$f":"'MEMORIA DE CÁLCULO'!O398","v":1564},null,null,{"$f":"'Relatório de composições'!I263","v":16.07},25133.48,null,19.78,null,30935.919999999998,{"$nulls":5},30935.919999999998,{"$f":"K89-#REF!","v":{"$error":"#REF!"}},3.9675969999999998E-3,0.3568635,275437.58]
["6.13",{"$f":"'Relatório de composições'!B270","v":"COMP. 16"},"COMP. PRÓPRIA 11° SR",{"$f":"'Relatório de composições'!D270","v":"PILAR METÁLICO PERFIL LAMINADO/SOLDADO, W 200 x 19.3 EM AÇO ESTRUTURAL, COM CONEXÕES PARAFUSADAS, INCLUSOS MÃO DE OBRA, TRANSPORTE E IÇAMENTO UTILIZANDO GUINDASTE - FORNECIMENTO E INSTALAÇÃO. AF_01/2020_P"},{"$nulls":5},"KG",{"$f":"'MEMORIA DE CÁLCULO'!O405","v":96.5},null,null,{"$f":"'Relatório de composições'!I280","v":19.239999999999998},1856.66,null,23.68,null,2285.12,{"$nulls":5},2285.12,{"$f":"K90-#REF!","v":{"$error":"#REF!"}},2.93071E-4,0.35715659999999999,1823896.87]
["6.14",{"$f":"'Relatório de composições'!B287","v":"COMP. 17"},"COMP. PRÓPRIA 11° SR",{"$f":"'Relatório de composições'!D287","v":"VIGA METÁLICA EM PERFIL W 150 x24, LAMINADO OU SOLDADO, EM AÇO ESTRUTURAL, COM CONEXÕES SOLDADAS, INCLUSOS MÃO DE OBRA, TRANSPORTE E IÇAMENTO UTILIZANDO GUINDASTE - FORNECIMENTO E INSTALAÇÃO. AF_01/2020_P"},{"$nulls":5},"KG",{"$f":"'MEMORIA DE CÁLCULO'!O412","v":466.7},null,null,{"$f":"'Relatório de composições'!I298","v":15.9},7420.53,null,19.57,null,9133.32,{"$nulls":5},9133.32,{"$f":"K91-#REF!","v":{"$error":"#REF!"}},1.171367E-3,0.35832799999999998,275437.58]
["6.15",{"$f":"'Relatório de composições'!B305","v":"COMP. 18"},"COMP. PRÓPRIA 11° SR",{"$f":"'Relatório de composições'!D305","v":"PILAR METÁLICO PERFIL LAMINADO/SOLDADO, W 250 x 85 EM AÇO ESTRUTURAL, COM CONEXÕES PARAFUSADAS, INCLUSOS MÃO DE OBRA, TRANSPORTE E IÇAMENTO UTILIZANDO GUINDASTE - FORNECIMENTO E INSTALAÇÃO. AF_01/2020_P"},{"$nulls":5},"KG",{"$f":"'MEMORIA DE CÁLCULO'!O419","v":725.1},null,null,{"$f":"'Relatório de composições'!I315","v":17.809999999999999},12914.03,null,21.92,null,15894.19,{"$nulls":5},{"$f":"ROUND(K92*Q92,2)","v":15894.19},{"$f":"K92-#REF!","v":{"$error":"#REF!"}},{"$f":"Y92/$S$363","v":2.0384629999999999E-3},0.36036649999999998,1823896.87]
["6.16",{"$f":"'Relatório de composições'!B322","v":"COMP. 19"},"COMP. PRÓPRIA 11° SR",{"$f":"'Relatório de composições'!D322","v":"PILAR METÁLICO PERFIL LAMINADO/SOLDADO, W 250 x 62 EM AÇO ESTRUTURAL, COM CONEXÕES PARAFUSADAS, INCLUSOS MÃO DE OBRA, TRANSPORTE E IÇAMENTO UTILIZANDO GUINDASTE - FORNECIMENTO E INSTALAÇÃO. AF_01/2020_P"},{"$nulls":5},"KG",{"$f":"'MEMORIA DE CÁLCULO'!O426","v":8462.7999999999993},null,null,{"$f":"'Relatório de composições'!I332","v":18.02},152499.66,null,22.18,null,187704.9,{"$nulls":5},187704.9,{"$f":"K93-#REF!","v":{"$error":"#REF!"}},2.4073548E-2,{"$f":"AA93+AB92","v":0.38444},275437.58]
["6.17",{"$f":"'Relatório de composições'!B339","v":"COMP. 20"},{"$f":"'Relatório de composições'!C339","v":"COMP. PRÓPRIA 11° SR"},{"$f":"'Relatório de composições'!D339","v":"LAJE STEEL DECK PARA PISO COM CAPA DE CONCRETO FCK 25 MPA, ESPESSURA DA LAJE 15CM, ESPESSURA DA CHAPA 0,95 MM, INCLUSIVE IÇAMENTO COM GUINDASTE. AF_01/2020"},{"$nulls":5},"M²",{"$f":"'MEMORIA DE CÁLCULO'!O434","v":2036.1},null,null,{"$f":"'Relatório de composições'!I351","v":270.14999999999998},550052.42000000004,null,332.5,null,677003.25,{"$nulls":5},677003.25,{"$f":"K94-#REF!","v":{"$error":"#REF!"}},8.6827089999999996E-2,0.47126709999999999]
["6.18",102074,"SINAPI","ESCADA EM CONCRETO ARMADO MOLDADO IN LOCO, FCK 20 MPA, COM 2 LANCES EM \"U\" E LAJE PLANA, FÔRMA EM CHAPA DE MADEIRA COMPENSADA RESINADA. AF_11/2020",{"$nulls":5},"M³",{"$f":"'MEMORIA DE CÁLCULO'!O441","v":1.4},null,null,{"$f":"VLOOKUP(B95,'SINAPI NÃO DESONERADO'!$G$6:$L$7519,5,0)","v":4870.1099999999997},6818.15,null,5994.13,null,8391.7800000000007,{"$nulls":5},8391.7800000000007,{"$f":"K95-#REF!","v":{"$error":"#REF!"}},1.076263E-3,0.47234340000000002]
[null,"SUB TOTAL:",{"$nulls":16},{"$f":"SUM(S78:U95)","v":2370389.7200000002},null,null,2665457.83,null,null,0,{"$f":"K96-#REF!","v":{"$error":"#REF!"}},0,0.47234340000000002]
["7.0",null,null,"ALVENARIAS E DIVISÕES E ACESSÓRIOS",{"$nulls":20},0,{"$f":"K97-#REF!","v":{"$error":"#REF!"}},0,0.47234340000000002]
["7.1",96358,"SINAPI","PAREDE COM PLACAS DE GESSO ACARTONADO (DRYWALL), PARA USO INTERNO, COM DUAS FACES SIMPLES E ESTRUTURA METÁLICA COM GUIAS SIMPLES, SEM VÃOS. AF_06/2017_PS",{"$nulls":5},"M²",{"$f":"'MEMORIA DE CÁLCULO'!O558","v":454.85},null,null,{"$f":"VLOOKUP(B98,'SINAPI NÃO DESONERADO'!$G$6:$L$7519,5,0)","v":97.2},{"$f":"IF(J98=\"\",\"\",ROUND(K98*N98,2))","v":44211.42},null,{"$f":"IF(J98=\"\",\"\",ROUND(N98*(1+$T$11),2))","v":119.63},null,{"$f":"IF(J98=\"\",\"\",ROUND(K98*Q98,2))","v":54413.71},{"$nulls":5},54413.71,{"$f":"K98-#REF!","v":{"$error":"#REF!"}},6.9786730000000003E-3,0.47932209999999997]
["7.2",96359,"SINAPI","PAREDE COM PLACAS DE GESSO ACARTONADO (DRYWALL), PARA USO INTERNO, COM DUAS FACES SIMPLES E ESTRUTURA METÁLICA COM GUIAS SIMPLES, COM VÃOS AF_06/2017_PS",{"$nulls":5},"M²",{"$f":"'MEMORIA DE CÁLCULO'!O675","v":986.86},null,null,{"$f":"VLOOKUP(B99,'SINAPI NÃO DESONERADO'!$G$6:$L$7519,5,0)","v":110.89},109432.91,null,136.47999999999999,null,134686.65,{"$nulls":5},134686.65,{"$f":"K99-#REF!","v":{"$error":"#REF!"}},1.7273845999999999E-2,0.49659589999999998]
["7.3",{"$f":"'Relatório de composições'!B358","v":"COMP. 21"},{"$f":"'Relatório de composições'!C358","v":"COMP. PRÓPRIA 11° SR"},{"$f":"'Relatório de composições'!D358","v":"PAREDE COM PLACAS DE GESSO ACARTONADO (DRYWALL), PARA USO EXTERNO (PLACAS RU), COM DUAS FACES SIMPLES E ESTRUTURA METÁLICA COM GUIAS SIMPLES, INCLUINDO ISOLAMENTO TÉRMICO/ACÚSTICO COM LÃ DE VIDRO"},{"$nulls":5},"M",{"$f":"'MEMORIA DE CÁLCULO'!O792","v":1303.1099999999999},null,null,{"$f":"'Relatório de composições'!I371","v":149.47999999999999},194788.88,null,183.98,null,239746.18,{"$nulls":5},239746.18,{"$f":"K100-#REF!","v":{"$error":"#REF!"}},3.0747951999999999E-2,0.52734389999999998]
["7.4",96373,"SINAPI","INSTALAÇÃO DE REFORÇO METÁLICO EM PAREDE DRYWALL. AF_06/2017",{"$nulls":5},"M",{"$f":"'MEMORIA DE CÁLCULO'!O799","v":250},null,null,{"$f":"VLOOKUP(B101,'SINAPI NÃO DESONERADO'!$G$6:$L$7519,5,0)","v":13.35},3337.5,null,16.43,null,4107.5,{"$nulls":5},4107.5,{"$f":"K101-#REF!","v":{"$error":"#REF!"}},5.2679599999999995E-4,0.52787070000000003]
["7.5",102253,"SINAPI","DIVISORIA SANITÁRIA, TIPO CABINE, EM GRANITO CINZA POLIDO, ESP = 3CM, ASSENTADO COM ARGAMASSA COLANTE AC III-E, EXCLUSIVE FERRAGENS. AF_01/2021",{"$nulls":5},"M²",{"$f":"'MEMORIA DE CÁLCULO'!O809","v":35.28},null,null,{"$f":"VLOOKUP(B102,'SINAPI NÃO DESONERADO'!$G$6:$L$7519,5,0)","v":1001.24},35323.75,null,1232.33,null,43476.6,{"$nulls":5},43476.6,{"$f":"K102-#REF!","v":{"$error":"#REF!"}},5.5759649999999996E-3,0.53344670000000005]
["7.6",102255,"SINAPI","TAPA VISTA DE MICTÓRIO EM GRANITO CINZA POLIDO, ESP = 3CM, ASSENTADO COM ARGAMASSA COLANTE AC III-E . AF_01/2021",{"$nulls":5},"M²",{"$f":"'MEMORIA DE CÁLCULO'!O819","v":2.08},null,null,{"$f":"VLOOKUP(B103,'SINAPI NÃO DESONERADO'!$G$6:$L$7519,5,0)","v":983.98},2046.68,null,1211.08,null,2519.0500000000002,{"$nulls":5},2519.0500000000002,{"$f":"K103-#REF!","v":{"$error":"#REF!"}},3.23073E-4,0.53376979999999996]
["7.7",99857,"SINAPI","CORRIMÃO SIMPLES, DIÂMETRO EXTERNO = 1 1/2\", EM ALUMÍNIO. AF_04/2019",{"$nulls":5},"M",{"$f":"'MEMORIA DE CÁLCULO'!O826","v":13.3},null,null,{"$f":"VLOOKUP(B104,'SINAPI NÃO DESONERADO'!$G$6:$L$7519,5,0)","v":80.39},1069.19,null,98.94,null,1315.9,{"$nulls":5},1315.9,{"$f":"K104-#REF!","v":{"$error":"#REF!"}},1.6876700000000001E-4,0.53393860000000004]
[null,"SUB TOTAL:",{"$nulls":16},{"$f":"SUM(S98:U104)","v":480265.59},null,null,506437.35,null,null,0,{"$f":"K105-#REF!","v":{"$error":"#REF!"}},0,0.53393860000000004]
["8.0",null,null,"IMPERMEABILIZAÇÕES",{"$nulls":20},{"$f":"ROUND(K106*Q106,2)","v":0},{"$f":"K106-#REF!","v":{"$error":"#REF!"}},0,0.53393860000000004]
["8.1",98555,"SINAPI","IMPERMEABILIZAÇÃO DE SUPERFÍCIE COM ARGAMASSA POLIMÉRICA / MEMBRANA ACRÍLICA, 3 DEMÃOS. AF_06/2018",{"$nulls":5},"M²",{"$f":"'MEMORIA DE CÁLCULO'!O835","v":24.88},null,null,{"$f":"VLOOKUP(B107,'SINAPI NÃO DESONERADO'!$G$6:$L$7519,5,0)","v":34.11},{"$f":"IF(J107=\"\",\"\",ROUND(K107*N107,2))","v":848.66},null,{"$f":"IF(J107=\"\",\"\",ROUND(N107*(1+$T$11),2))","v":41.98},null,{"$f":"IF(J107=\"\",\"\",ROUND(K107*Q107,2))","v":1044.46},{"$nulls":5},1044.46,{"$f":"K107-#REF!","v":{"$error":"#REF!"}},1.3395400000000001E-4,0.53407260000000001]
["8.2",98558,"SINAPI","TRATAMENTO DE RALO OU PONTO EMERGENTE COM ARGAMASSA POLIMÉRICA / MEMBRANA ACRÍLICA REFORÇADO COM VÉU DE POLIÉSTER (MAV). AF_06/2018",{"$nulls":5},"UN",{"$f":"'MEMORIA DE CÁLCULO'!O842","v":4},null,null,{"$f":"VLOOKUP(B108,'SINAPI NÃO DESONERADO'!$G$6:$L$7519,5,0)","v":11.55},46.2,null,14.22,null,56.88,{"$nulls":5},56.88,{"$f":"K108-#REF!","v":{"$error":"#REF!"}},7.2949999999999996E-6,0.53407990000000005]
["8.3",98559,"SINAPI","TRATAMENTO DE RODAPÉ COM VÉU DE POLIÉSTER. AF_06/2018",{"$nulls":5},"M",{"$f":"'MEMORIA DE CÁLCULO'!O849","v":1663.5},null,null,{"$f":"VLOOKUP(B109,'SINAPI NÃO DESONERADO'!$G$6:$L$7519,5,0)","v":7.97},13258.1,null,9.81,null,16318.94,{"$nulls":5},16318.94,{"$f":"K109-#REF!","v":{"$error":"#REF!"}},2.0929379999999999E-3,0.5361728]
["8.4",98546,"SINAPI","IMPERMEABILIZAÇÃO DE SUPERFÍCIE COM MANTA ASFÁLTICA, UMA CAMADA, INCLUSIVE APLICAÇÃO DE PRIMER ASFÁLTICO, E=3MM. AF_06/2018",{"$nulls":5},"M²",{"$f":"'MEMORIA DE CÁLCULO'!O857","v":1046},null,null,{"$f":"VLOOKUP(B110,'SINAPI NÃO DESONERADO'!$G$6:$L$7519,5,0)","v":175.94},184033.24,null,216.55,null,226511.3,{"$nulls":5},226511.3,{"$f":"K110-#REF!","v":{"$error":"#REF!"}},2.9050551000000001E-2,0.56522340000000004]
["8.5",98565,"SINAPI","PROTEÇÃO MECÂNICA DE SUPERFICIE HORIZONTAL COM ARGAMASSA DE CIMENTO E AREIA, TRAÇO 1:3, E=3CM. AF_06/2018",{"$nulls":5},"M²",{"$f":"'MEMORIA DE CÁLCULO'!O865","v":1046},null,null,{"$f":"VLOOKUP(B111,'SINAPI NÃO DESONERADO'!$G$6:$L$7519,5,0)","v":53.96},56442.16,null,66.41,null,69464.86,{"$nulls":5},69464.86,{"$f":"K111-#REF!","v":{"$error":"#REF!"}},8.9090139999999998E-3,0.57413239999999999]
[null,"SUB TOTAL:",{"$nulls":16},{"$f":"SUM(S107:U111)","v":313396.44},null,null,244900.74,null,null,0,{"$f":"K112-#REF!","v":{"$error":"#REF!"}},0,0.57413239999999999]
["9.0",null,null,"PEITORIS E CHAPINS",{"$nulls":20},0,{"$f":"K113-#REF!","v":{"$error":"#REF!"}},0,0.57413239999999999]
["9.1",101965,"SINAPI","PEITORIL LINEAR EM GRANITO OU MÁRMORE, L = 15CM, COMPRIMENTO DE ATÉ 2M, ASSENTADO COM ARGAMASSA 1:6 COM ADITIVO. AF_11/2020",{"$nulls":5},"M",{"$f":"'MEMORIA DE CÁLCULO'!O879","v":115.25},null,null,{"$f":"VLOOKUP(B114,'SINAPI NÃO DESONERADO'!$G$6:$L$7519,5,0)","v":143.06},{"$f":"IF(J114=\"\",\"\",ROUND(K114*N114,2))","v":16487.669999999998},null,{"$f":"IF(J114=\"\",\"\",ROUND(N114*(1+$T$11),2))","v":176.08},null,{"$f":"IF(J114=\"\",\"\",ROUND(K114*Q114,2))","v":20293.22},{"$nulls":5},20293.22,{"$f":"K114-#REF!","v":{"$error":"#REF!"}},2.6026479999999999E-3,0.576735]
["9.2",101979,"SINAPI","CHAPIM (RUFO CAPA) EM AÇO GALVANIZADO, CORTE 33. AF_11/2020",{"$nulls":5},"M",{"$f":"'MEMORIA DE CÁLCULO'!O886","v":140},null,null,{"$f":"VLOOKUP(B115,'SINAPI NÃO DESONERADO'!$G$6:$L$7519,5,0)","v":47.6},{"$f":"IF(J115=\"\",\"\",ROUND(K115*N115,2))","v":6664},null,{"$f":"IF(J115=\"\",\"\",ROUND(N115*(1+$T$11),2))","v":58.59},null,{"$f":"IF(J115=\"\",\"\",ROUND(K115*Q115,2))","v":8202.6},{"$nulls":5},8202.6,{"$f":"K115-#REF!","v":{"$error":"#REF!"}},1.0520010000000001E-3,0.57778700000000005]
[null,"SUB TOTAL:",{"$nulls":16},{"$f":"SUM(S114:U115)","v":28495.82},null,null,30731.93,null,null,0,{"$f":"K116-#REF!","v":{"$error":"#REF!"}},0,0.57778700000000005]
["10.0",null,null,"REVESTIMENTOS - PAREDES",{"$nulls":20},0,{"$f":"K117-#REF!","v":{"$error":"#REF!"}},0,0.57778700000000005]
["10.1",87894,"SINAPI","CHAPISCO APLICADO EM ALVENARIA (SEM PRESENÇA DE VÃOS) E ESTRUTURAS DE CONCRETO DE FACHADA, COM COLHER DE PEDREIRO. ARGAMASSA TRAÇO 1:3 COM PREPARO EM BETONEIRA 400L. AF_06/2014",{"$nulls":5},"M²",{"$f":"'MEMORIA DE CÁLCULO'!O893","v":12},null,null,{"$f":"VLOOKUP(B118,'SINAPI NÃO DESONERADO'!$G$6:$L$7519,5,0)","v":6.28},{"$f":"IF(J118=\"\",\"\",ROUND(K118*N118,2))","v":75.36},null,{"$f":"IF(J118=\"\",\"\",ROUND(N118*(1+$T$11),2))","v":7.73},null,{"$f":"IF(J118=\"\",\"\",ROUND(K118*Q118,2))","v":92.76},{"$nulls":5},92.76,{"$f":"K118-#REF!","v":{"$error":"#REF!"}},1.1897E-5,0.5777989]
["10.2",87792,"SINAPI","EMBOÇO OU MASSA ÚNICA EM ARGAMASSA TRAÇO 1:2:8, PREPARO MECÂNICO COM BETONEIRA 400 L, APLICADA MANUALMENTE EM PANOS CEGOS DE FACHADA (SEM PRESENÇA DE VÃOS), ESPESSURA DE 25 MM. AF_08/2022",{"$nulls":5},"M²",{"$f":"'MEMORIA DE CÁLCULO'!O900","v":12},null,null,{"$f":"VLOOKUP(B119,'SINAPI NÃO DESONERADO'!$G$6:$L$7519,5,0)","v":36.1},433.2,null,44.43,null,533.16,{"$nulls":5},533.16,{"$f":"K119-#REF!","v":{"$error":"#REF!"}},6.8379000000000004E-5,0.57786729999999997]
["10.3",87265,"SINAPI","REVESTIMENTO CERÂMICO PARA PAREDES INTERNAS COM PLACAS TIPO ESMALTADA EXTRA DE DIMENSÕES 20X20 CM APLICADAS EM AMBIENTES DE ÁREA MAIOR QUE 5M² NA ALTURA INTEIRA DAS PAREDES. AF_06/2014",{"$nulls":5},"M²",{"$f":"'MEMORIA DE CÁLCULO'!O916","v":337.42},null,null,{"$f":"VLOOKUP(B120,'SINAPI NÃO DESONERADO'!$G$6:$L$7519,5,0)","v":78.14},26366,null,96.17,null,32449.68,{"$nulls":5},32449.68,{"$f":"K120-#REF!","v":{"$error":"#REF!"}},4.1617399999999997E-3,0.58202900000000002]
["10.4",88650,"SINAPI","RODAPÉ CERÂMICO DE 7CM DE ALTURA COM PLACAS TIPO ESMALTADA EXTRA DE DIMENSÕES 60X60CM. AF_06/2014",{"$nulls":5},"M",{"$f":"'MEMORIA DE CÁLCULO'!O923","v":1300.1500000000001},null,null,{"$f":"VLOOKUP(B121,'SINAPI NÃO DESONERADO'!$G$6:$L$7519,5,0)","v":21.25},27628.19,null,26.15,null,33998.92,{"$nulls":5},33998.92,{"$f":"K121-#REF!","v":{"$error":"#REF!"}},4.3604330000000004E-3,0.58638939999999995]
[null,"SUB TOTAL:",{"$nulls":16},{"$f":"SUM(S118:U121)","v":67074.52},null,null,68330.55,null,null,0,{"$f":"K122-#REF!","v":{"$error":"#REF!"}},0,0.58638939999999995]
["11.0",null,null,"REVESTIMENTOS - PISOS",{"$nulls":20},0,{"$f":"K123-#REF!","v":{"$error":"#REF!"}},0,0.58638939999999995]
["11.1",87630,"SINAPI","CONTRAPISO EM ARGAMASSA TRAÇO 1:4 (CIMENTO E AREIA), PREPARO MECÂNICO COM BETONEIRA 400 L, APLICADO EM ÁREAS SECAS SOBRE LAJE, ADERIDO, ACABAMENTO NÃO REFORÇADO, ESPESSURA 3CM. AF_07/2021",{"$nulls":5},"M²",{"$f":"'MEMORIA DE CÁLCULO'!O930","v":1916.83},null,null,{"$f":"VLOOKUP(B124,'SINAPI NÃO DESONERADO'!$G$6:$L$7519,5,0)","v":44.87},{"$f":"IF(J124=\"\",\"\",ROUND(K124*N124,2))","v":86008.16},null,{"$f":"IF(J124=\"\",\"\",ROUND(N124*(1+$T$11),2))","v":55.23},null,{"$f":"IF(J124=\"\",\"\",ROUND(K124*Q124,2))","v":105866.52},{"$nulls":5},105866.52,{"$f":"K124-#REF!","v":{"$error":"#REF!"}},1.3577604E-2,0.59996700000000003]
["11.2",87263,"SINAPI","REVESTIMENTO CERÂMICO PARA PISO COM PLACAS TIPO PORCELANATO DE DIMENSÕES 60X60 CM APLICADA EM AMBIENTES DE ÁREA MAIOR QUE 10 M². AF_06/2014",{"$nulls":5},"M²",{"$f":"'MEMORIA DE CÁLCULO'!O937","v":1739.96},null,null,{"$f":"VLOOKUP(B125,'SINAPI NÃO DESONERADO'!$G$6:$L$7519,5,0)","v":200.13},348218.19,null,246.32,null,428586.95,{"$nulls":5},428586.95,{"$f":"K125-#REF!","v":{"$error":"#REF!"}},5.4967177999999998E-2,0.65493420000000002]
["11.3",98689,"SINAPI","SOLEIRA EM GRANITO, LARGURA 15 CM, ESPESSURA 2,0 CM. AF_09/2020 ",{"$nulls":5},"M",{"$f":"'MEMORIA DE CÁLCULO'!O944","v":57.1},null,null,{"$f":"VLOOKUP(B126,'SINAPI NÃO DESONERADO'!$G$6:$L$7519,5,0)","v":127.42},7275.68,null,156.83000000000001,null,8954.99,{"$nulls":5},8954.99,{"$f":"K126-#REF!","v":{"$error":"#REF!"}},1.1484959999999999E-3,0.65608270000000002]
["11.4","00010709","SINAPI/INSUMO","CARPETE DE NYLON EM MANTA PARA TRAFEGO COMERCIAL PESADO, E = 9 A 10 MM (INSTALADO)",{"$nulls":5},"M²",{"$f":"'MEMORIA DE CÁLCULO'!O951","v":180.2},null,null,165.85,29886.17,null,204.13,null,36784.230000000003,{"$nulls":5},36784.230000000003,{"$f":"K127-#REF!","v":{"$error":"#REF!"}},4.7176550000000003E-3,0.66080039999999995]
["11.5",94990,"SINAPI","EXECUÇÃO DE PASSEIO (CALÇADA) OU PISO DE CONCRETO COM CONCRETO MOLDADO IN LOCO, FEITO EM OBRA, ACABAMENTO CONVENCIONAL, NÃO ARMADO. AF_08/2022",{"$nulls":5},"M³",{"$f":"'MEMORIA DE CÁLCULO'!O959","v":51.52},null,null,{"$f":"VLOOKUP(B128,'SINAPI NÃO DESONERADO'!$G$6:$L$7519,5,0)","v":931.32},47981.61,null,1146.27,null,59055.83,{"$nulls":5},59055.83,{"$f":"K128-#REF!","v":{"$error":"#REF!"}},7.5740340000000003E-3,0.66837440000000004]
["11.6",101094,"SINAPI","PISO PODOTÁTIL DE ALERTA OU DIRECIONAL, DE BORRACHA, ASSENTADO SOBRE ARGAMASSA. AF_05/2020",{"$nulls":5},"M",{"$f":"'MEMORIA DE CÁLCULO'!O967","v":194},null,null,{"$f":"VLOOKUP(B129,'SINAPI NÃO DESONERADO'!$G$6:$L$7519,5,0)","v":190.73},37001.620000000003,null,234.75,null,45541.5,{"$nulls":5},45541.5,{"$f":"K129-#REF!","v":{"$error":"#REF!"}},5.8407930000000004E-3,0.67421520000000001]
[null,"SUB TOTAL:",{"$nulls":16},{"$f":"SUM(S124:U129)","v":684790.02},null,null,701979.67,null,null,0,{"$f":"K130-#REF!","v":{"$error":"#REF!"}},0,0.67421520000000001]
["12.0",null,null,"INSTALAÇÕES HIDROSSANITÁRIAS",{"$nulls":20},0,{"$f":"K131-#REF!","v":{"$error":"#REF!"}},0,0.67421520000000001]
["ÁGUA FRIA",{"$nulls":23},0,{"$f":"K132-#REF!","v":{"$error":"#REF!"}},0,0.67421520000000001]
["12.1",103036,"SINAPI","REGISTRO DE ESFERA, PVC, ROSCÁVEL, COM VOLANTE, 1/2\" - FORNECIMENTO E INSTALAÇÃO. AF_08/2021",{"$nulls":5},"UN",{"$f":"'MEMORIA DE CÁLCULO'!O974","v":1},null,null,{"$f":"VLOOKUP(B133,'SINAPI NÃO DESONERADO'!$G$6:$L$7519,5,0)","v":22.11},{"$f":"IF(J133=\"\",\"\",ROUND(K133*N133,2))","v":22.11},null,{"$f":"IF(J133=\"\",\"\",ROUND(N133*(1+$T$11),2))","v":27.21},null,{"$f":"IF(J133=\"\",\"\",ROUND(K133*Q133,2))","v":27.21},{"$nulls":5},27.21,{"$f":"K133-#REF!","v":{"$error":"#REF!"}},3.49E-6,0.67421869999999995]
["12.2",89987,"SINAPI","REGISTRO DE GAVETA BRUTO, LATÃO, ROSCÁVEL, 3/4\", COM ACABAMENTO E CANOPLA CROMADOS - FORNECIMENTO E INSTALAÇÃO. AF_08/2021",{"$nulls":5},"UN",{"$f":"'MEMORIA DE CÁLCULO'!O981","v":15},null,null,{"$f":"VLOOKUP(B134,'SINAPI NÃO DESONERADO'!$G$6:$L$7519,5,0)","v":102.27},1534.05,null,125.87,null,1888.05,{"$nulls":5},1888.05,{"$f":"K134-#REF!","v":{"$error":"#REF!"}},2.42146E-4,0.67446079999999997]
["12.3",89985,"SINAPI","REGISTRO DE PRESSÃO BRUTO, LATÃO, ROSCÁVEL, 3/4\", COM ACABAMENTO E CANOPLA CROMADOS - FORNECIMENTO E INSTALAÇÃO. AF_08/2021",{"$nulls":5},"UN",{"$f":"'MEMORIA DE CÁLCULO'!O988","v":8},null,null,{"$f":"VLOOKUP(B135,'SINAPI NÃO DESONERADO'!$G$6:$L$7519,5,0)","v":96.98},775.84,null,119.36,null,954.88,{"$nulls":5},954.88,{"$f":"K135-#REF!","v":{"$error":"#REF!"}},1.2246499999999999E-4,0.6745833]
["12.4",103041,"SINAPI","REGISTRO DE ESFERA, PVC, ROSCÁVEL, COM BORBOLETA, 1/2\" - FORNECIMENTO E INSTALAÇÃO. AF_08/2021",{"$nulls":5},"UN",{"$f":"'MEMORIA DE CÁLCULO'!O995","v":1},null,null,{"$f":"VLOOKUP(B136,'SINAPI NÃO DESONERADO'!$G$6:$L$7519,5,0)","v":18.41},18.41,null,22.66,null,22.66,{"$nulls":5},22.66,{"$f":"K136-#REF!","v":{"$error":"#REF!"}},2.9059999999999998E-6,0.67458620000000002]
["12.5",89986,"SINAPI","REGISTRO DE GAVETA BRUTO, LATÃO, ROSCÁVEL, 1/2\", COM ACABAMENTO E CANOPLA CROMADOS - FORNECIMENTO E INSTALAÇÃO. AF_08/2021",{"$nulls":5},"UN",{"$f":"'MEMORIA DE CÁLCULO'!O1002","v":15},null,null,{"$f":"VLOOKUP(B137,'SINAPI NÃO DESONERADO'!$G$6:$L$7519,5,0)","v":90.1},1351.5,null,110.9,null,1663.5,{"$nulls":5},1663.5,{"$f":"K137-#REF!","v":{"$error":"#REF!"}},2.1334699999999999E-4,0.6747995]
["12.6",94793,"SINAPI","REGISTRO DE GAVETA BRUTO, LATÃO, ROSCÁVEL, 1 1/4\", COM ACABAMENTO E CANOPLA CROMADOS - FORNECIMENTO E INSTALAÇÃO. AF_08/2021",{"$nulls":5},"UN",{"$f":"'MEMORIA DE CÁLCULO'!O1009","v":2},null,null,{"$f":"VLOOKUP(B138,'SINAPI NÃO DESONERADO'!$G$6:$L$7519,5,0)","v":171.42},342.84,null,210.98,null,421.96,{"$nulls":5},421.96,{"$f":"K138-#REF!","v":{"$error":"#REF!"}},5.4116999999999997E-5,0.67485360000000005]
["12.7",86886,"SINAPI","ENGATE FLEXÍVEL EM INOX, 1/2 X 30CM - FORNECIMENTO E INSTALAÇÃO. AF_01/2020",{"$nulls":5},"UN",{"$f":"'MEMORIA DE CÁLCULO'!O1016","v":16},null,null,{"$f":"VLOOKUP(B139,'SINAPI NÃO DESONERADO'!$G$6:$L$7519,5,0)","v":66.91},1070.56,null,82.35,null,1317.6,{"$nulls":5},1317.6,{"$f":"K139-#REF!","v":{"$error":"#REF!"}},1.68985E-4,0.67502260000000003]
["12.8",86884,"SINAPI","ENGATE FLEXÍVEL EM PLÁSTICO BRANCO, 1/2 X 30CM - FORNECIMENTO E INSTALAÇÃO. AF_01/2020",{"$nulls":5},"UN",{"$f":"'MEMORIA DE CÁLCULO'!O1023","v":17},null,null,{"$f":"VLOOKUP(B140,'SINAPI NÃO DESONERADO'!$G$6:$L$7519,5,0)","v":10.36},176.12,null,12.75,null,216.75,{"$nulls":5},216.75,{"$f":"K140-#REF!","v":{"$error":"#REF!"}},2.7798999999999999E-5,0.67505040000000005]
["12.9",104031,"SINAPI","COLAR DE TOMADA, PVC, COM TRAVAS, DE 60 MM X 1/2\" OU 60 MM X 3/4\", PARA LIGAÇÃO PREDIAL DE ÁGUA. AF_06/2022",{"$nulls":5},"UN",{"$f":"'MEMORIA DE CÁLCULO'!O1030","v":1},null,null,{"$f":"VLOOKUP(B141,'SINAPI NÃO DESONERADO'!$G$6:$L$7519,5,0)","v":16.079999999999998},16.079999999999998,null,19.79,null,19.79,{"$nulls":5},19.79,{"$f":"K141-#REF!","v":{"$error":"#REF!"}},2.5380000000000001E-6,0.67505289999999996]
["12.10",89378,"SINAPI","LUVA, PVC, SOLDÁVEL, DN 25MM, INSTALADO EM RAMAL OU SUB-RAMAL DE ÁGUA - FORNECIMENTO E INSTALAÇÃO. AF_06/2022",{"$nulls":5},"UN",{"$f":"'MEMORIA DE CÁLCULO'!O1037","v":1},null,null,{"$f":"VLOOKUP(B142,'SINAPI NÃO DESONERADO'!$G$6:$L$7519,5,0)","v":6.05},6.05,null,7.45,null,7.45,{"$nulls":5},7.45,{"$f":"K142-#REF!","v":{"$error":"#REF!"}},9.5499999999999996E-7,0.67505389999999998]
["12.11",89372,"SINAPI","LUVA DE CORRER, PVC, SOLDÁVEL, DN 20MM, INSTALADO EM RAMAL OU SUB-RAMAL DE ÁGUA - FORNECIMENTO E INSTALAÇÃO. AF_06/2022",{"$nulls":5},"UN",{"$f":"'MEMORIA DE CÁLCULO'!O1044","v":1},null,null,{"$f":"VLOOKUP(B143,'SINAPI NÃO DESONERADO'!$G$6:$L$7519,5,0)","v":15.41},15.41,null,18.97,null,18.97,{"$nulls":5},18.97,{"$f":"K143-#REF!","v":{"$error":"#REF!"}},2.4329999999999998E-6,0.67505630000000005]
["12.12",89379,"SINAPI","LUVA DE CORRER, PVC, SOLDÁVEL, DN 25MM, INSTALADO EM RAMAL OU SUB-RAMAL DE ÁGUA - FORNECIMENTO E INSTALAÇÃO. AF_12/2014",{"$nulls":5},"UN",{"$f":"'MEMORIA DE CÁLCULO'!O1051","v":2},null,null,{"$f":"VLOOKUP(B144,'SINAPI NÃO DESONERADO'!$G$6:$L$7519,5,0)","v":18.07},36.14,null,22.24,null,44.48,{"$nulls":5},44.48,{"$f":"K144-#REF!","v":{"$error":"#REF!"}},5.7049999999999996E-6,0.67506200000000005]
["12.13",89387,"SINAPI","LUVA DE CORRER, PVC, SOLDÁVEL, DN 32MM, INSTALADO EM RAMAL OU SUB-RAMAL DE ÁGUA FORNECIMENTO E INSTALAÇÃO. AF_06/2022",{"$nulls":5},"UN",{"$f":"'MEMORIA DE CÁLCULO'!O1058","v":3},null,null,{"$f":"VLOOKUP(B145,'SINAPI NÃO DESONERADO'!$G$6:$L$7519,5,0)","v":29.23},87.69,null,35.979999999999997,null,107.94,{"$nulls":5},107.94,{"$f":"K145-#REF!","v":{"$error":"#REF!"}},1.3844E-5,0.6750758]
["12.14",89558,"SINAPI","LUVA, PVC, SOLDÁVEL, DN 40MM, INSTALADO EM PRUMADA DE ÁGUA - FORNECIMENTO E INSTALAÇÃO. AF_06/2022",{"$nulls":5},"UN",{"$f":"'MEMORIA DE CÁLCULO'!O1065","v":1},null,null,{"$f":"VLOOKUP(B146,'SINAPI NÃO DESONERADO'!$G$6:$L$7519,5,0)","v":8.99},8.99,null,11.06,null,11.06,{"$nulls":5},11.06,{"$f":"K146-#REF!","v":{"$error":"#REF!"}},1.418E-6,0.67507720000000004]
["12.15",89380,"SINAPI","LUVA DE REDUÇÃO, PVC, SOLDÁVEL, DN 32MM X 25MM, INSTALADO EM RAMAL OU SUB-RAMAL DE ÁGUA - FORNECIMENTO E INSTALAÇÃO. AF_06/2022",{"$nulls":5},"UN",{"$f":"'MEMORIA DE CÁLCULO'!O1072","v":1},null,null,{"$f":"VLOOKUP(B147,'SINAPI NÃO DESONERADO'!$G$6:$L$7519,5,0)","v":9.0500000000000007},9.0500000000000007,null,11.14,null,11.14,{"$nulls":5},11.14,{"$f":"K147-#REF!","v":{"$error":"#REF!"}},1.429E-6,0.67507859999999997]
["12.16",89376,"SINAPI","ADAPTADOR CURTO COM BOLSA E ROSCA PARA REGISTRO, PVC, SOLDÁVEL, DN 20MM X 1/2 , INSTALADO EM RAMAL OU SUB-RAMAL DE ÁGUA - FORNECIMENTO E INSTALAÇÃO. AF_06/2022",{"$nulls":5},"UN",{"$f":"'MEMORIA DE CÁLCULO'!O1079","v":5},null,null,{"$f":"VLOOKUP(B148,'SINAPI NÃO DESONERADO'!$G$6:$L$7519,5,0)","v":4.92},24.6,null,6.06,null,30.3,{"$nulls":5},30.3,{"$f":"K148-#REF!","v":{"$error":"#REF!"}},3.8859999999999997E-6,0.67508250000000003]
["12.17",89383,"SINAPI","ADAPTADOR CURTO COM BOLSA E ROSCA PARA REGISTRO, PVC, SOLDÁVEL, DN 25MM X 3/4 , INSTALADO EM RAMAL OU SUB-RAMAL DE ÁGUA - FORNECIMENTO E INSTALAÇÃO. AF_06/2022",{"$nulls":5},"UN",{"$f":"'MEMORIA DE CÁLCULO'!O1086","v":15},null,null,{"$f":"VLOOKUP(B149,'SINAPI NÃO DESONERADO'!$G$6:$L$7519,5,0)","v":5.72},85.8,null,7.04,null,105.6,{"$nulls":5},105.6,{"$f":"K149-#REF!","v":{"$error":"#REF!"}},1.3543000000000001E-5,0.67509600000000003]
["12.18",89572,"SINAPI","ADAPTADOR CURTO COM BOLSA E ROSCA PARA REGISTRO, PVC, SOLDÁVEL, DN 40MM X 1.1/4 , INSTALADO EM PRUMADA DE ÁGUA - FORNECIMENTO E INSTALAÇÃO. AF_06/2022",{"$nulls":5},"UN",{"$f":"'MEMORIA DE CÁLCULO'!O1093","v":4},null,null,{"$f":"VLOOKUP(B150,'SINAPI NÃO DESONERADO'!$G$6:$L$7519,5,0)","v":8},32,null,9.85,null,39.4,{"$nulls":5},39.4,{"$f":"K150-#REF!","v":{"$error":"#REF!"}},5.0529999999999997E-6,0.67510110000000001]
["12.19",94783,"SINAPI","ADAPTADOR COM FLANGE E ANEL DE VEDAÇÃO, PVC, SOLDÁVEL, DN 20 MM X 1/2, INSTALADO EM RESERVAÇÃO DE ÁGUA DE EDIFICAÇÃO QUE POSSUA RESERVATÓRIO DE FIBRA/FIBROCIMENTO FORNECIMENTO E INSTALAÇÃO. AF_06/2016",{"$nulls":5},"UN",{"$f":"'MEMORIA DE CÁLCULO'!O1100","v":2},null,null,{"$f":"VLOOKUP(B151,'SINAPI NÃO DESONERADO'!$G$6:$L$7519,5,0)","v":19.100000000000001},38.200000000000003,null,23.51,null,47.02,{"$nulls":5},47.02,{"$f":"K151-#REF!","v":{"$error":"#REF!"}},6.0299999999999999E-6,0.67510709999999996]
["12.20",103977,"SINAPI","BUCHA DE REDUÇÃO, PVC, SOLDÁVEL, DN 40MM X 32MM, INSTALADO EM PRUMADA DE ÁGUA - FORNECIMENTO E INSTALAÇÃO. AF_06/2022",{"$nulls":5},"UN",{"$f":"'MEMORIA DE CÁLCULO'!O1107","v":4},null,null,{"$f":"VLOOKUP(B152,'SINAPI NÃO DESONERADO'!$G$6:$L$7519,5,0)","v":6.33},25.32,null,7.79,null,31.16,{"$nulls":5},31.16,{"$f":"K152-#REF!","v":{"$error":"#REF!"}},3.9960000000000004E-6,0.67511109999999996]
["12.21",103948,"SINAPI","BUCHA DE REDUÇÃO, CURTA, PVC, SOLDÁVEL, DN 32 X 25 MM, INSTALADO EM RAMAL OU SUB-RAMAL DE ÁGUA - FORNECIMENTO E INSTALAÇÃO. AF_06/2022",{"$nulls":5},"UN",{"$f":"'MEMORIA DE CÁLCULO'!O1114","v":1},null,null,{"$f":"VLOOKUP(B153,'SINAPI NÃO DESONERADO'!$G$6:$L$7519,5,0)","v":6.8},6.8,null,8.3699999999999992,null,8.3699999999999992,{"$nulls":5},8.3699999999999992,{"$f":"K153-#REF!","v":{"$error":"#REF!"}},1.0729999999999999E-6,0.67511220000000005]
["12.22",89360,"SINAPI","CURVA 90 GRAUS, PVC, SOLDÁVEL, DN 20MM, INSTALADO EM RAMAL OU SUB-RAMAL DE ÁGUA - FORNECIMENTO E INSTALAÇÃO. AF_06/2022",{"$nulls":5},"UN",{"$f":"'MEMORIA DE CÁLCULO'!O1121","v":5},null,null,{"$f":"VLOOKUP(B154,'SINAPI NÃO DESONERADO'!$G$6:$L$7519,5,0)","v":8.36},41.8,null,10.29,null,51.45,{"$nulls":5},51.45,{"$f":"K154-#REF!","v":{"$error":"#REF!"}},6.5989999999999998E-6,0.67511880000000002]
["12.23",89361,"SINAPI","CURVA 45 GRAUS, PVC, SOLDÁVEL, DN 20MM, INSTALADO EM RAMAL OU SUB-RAMAL DE ÁGUA - FORNECIMENTO E INSTALAÇÃO. AF_06/2022",{"$nulls":5},"UN",{"$f":"'MEMORIA DE CÁLCULO'!O1128","v":1},null,null,{"$f":"VLOOKUP(B155,'SINAPI NÃO DESONERADO'!$G$6:$L$7519,5,0)","v":8.44},8.44,null,10.39,null,10.39,{"$nulls":5},10.39,{"$f":"K155-#REF!","v":{"$error":"#REF!"}},1.333E-6,0.6751201]
["12.24",89364,"SINAPI","CURVA 90 GRAUS, PVC, SOLDÁVEL, DN 25MM, INSTALADO EM RAMAL OU SUB-RAMAL DE ÁGUA - FORNECIMENTO E INSTALAÇÃO. AF_06/2022",{"$nulls":5},"UN",{"$f":"'MEMORIA DE CÁLCULO'!O1135","v":2},null,null,{"$f":"VLOOKUP(B156,'SINAPI NÃO DESONERADO'!$G$6:$L$7519,5,0)","v":10.42},20.84,null,12.82,null,25.64,{"$nulls":5},25.64,{"$f":"K156-#REF!","v":{"$error":"#REF!"}},{"$f":"Y156/$S$363","v":3.2880000000000001E-6},0.67512340000000004]
["12.25",89369,"SINAPI","CURVA 90 GRAUS, PVC, SOLDÁVEL, DN 32MM, INSTALADO EM RAMAL OU SUB-RAMAL DE ÁGUA - FORNECIMENTO E INSTALAÇÃO. AF_06/2022",{"$nulls":5},"UN",{"$f":"'MEMORIA DE CÁLCULO'!O1142","v":2},null,null,{"$f":"VLOOKUP(B157,'SINAPI NÃO DESONERADO'!$G$6:$L$7519,5,0)","v":15.61},31.22,null,19.21,null,38.42,{"$nulls":5},38.42,{"$f":"K157-#REF!","v":{"$error":"#REF!"}},4.9269999999999996E-6,{"$f":"AA157+AB156","v":0.67512830000000001}]
["12.26",103982,"SINAPI","CURVA 90 GRAUS, PVC, SOLDÁVEL, DN 40MM, INSTALADO EM RAMAL DE DISTRIBUIÇÃO DE ÁGUA - FORNECIMENTO E INSTALAÇÃO. AF_06/2022",{"$nulls":5},"UN",{"$f":"'MEMORIA DE CÁLCULO'!O1149","v":5},null,null,{"$f":"VLOOKUP(B158,'SINAPI NÃO DESONERADO'!$G$6:$L$7519,5,0)","v":22.21},111.05,null,27.34,null,136.69999999999999,{"$nulls":5},136.69999999999999,{"$f":"K158-#REF!","v":{"$error":"#REF!"}},1.7532000000000001E-5,0.67514580000000002]
["12.27",89366,"SINAPI","JOELHO 90 GRAUS COM BUCHA DE LATÃO, PVC, SOLDÁVEL, DN 25MM, X 3/4 INSTALADO EM RAMAL OU SUB-RAMAL DE ÁGUA - FORNECIMENTO E INSTALAÇÃO. AF_06/2022",{"$nulls":5},"UN",{"$f":"'MEMORIA DE CÁLCULO'!O1156","v":2},null,null,{"$f":"VLOOKUP(B159,'SINAPI NÃO DESONERADO'!$G$6:$L$7519,5,0)","v":15.14},30.28,null,18.63,null,37.26,{"$nulls":5},37.26,{"$f":"K159-#REF!","v":{"$error":"#REF!"}},4.7790000000000003E-6,0.67515060000000005]
["12.28",89358,"SINAPI","JOELHO 90 GRAUS, PVC, SOLDÁVEL, DN 20MM, INSTALADO EM RAMAL OU SUB-RAMAL DE ÁGUA - FORNECIMENTO E INSTALAÇÃO. AF_06/2022",{"$nulls":5},"UN",{"$f":"'MEMORIA DE CÁLCULO'!O1163","v":7},null,null,{"$f":"VLOOKUP(B160,'SINAPI NÃO DESONERADO'!$G$6:$L$7519,5,0)","v":6.78},47.46,null,8.34,null,58.38,{"$nulls":5},58.38,{"$f":"K160-#REF!","v":{"$error":"#REF!"}},7.4869999999999996E-6,0.67515809999999998]
["12.29",89362,"SINAPI","JOELHO 90 GRAUS, PVC, SOLDÁVEL, DN 25MM, INSTALADO EM RAMAL OU SUB-RAMAL DE ÁGUA - FORNECIMENTO E INSTALAÇÃO. AF_06/2022",{"$nulls":5},"UN",{"$f":"'MEMORIA DE CÁLCULO'!O1170","v":19},null,null,{"$f":"VLOOKUP(B161,'SINAPI NÃO DESONERADO'!$G$6:$L$7519,5,0)","v":8.07},153.33000000000001,null,9.93,null,188.67,{"$nulls":5},188.67,{"$f":"K161-#REF!","v":{"$error":"#REF!"}},2.4196999999999999E-5,0.67518230000000001]
["12.30",89367,"SINAPI","JOELHO 90 GRAUS, PVC, SOLDÁVEL, DN 32MM, INSTALADO EM RAMAL OU SUB-RAMAL DE ÁGUA - FORNECIMENTO E INSTALAÇÃO. AF_06/2022",{"$nulls":5},"UN",{"$f":"'MEMORIA DE CÁLCULO'!O1177","v":18},null,null,{"$f":"VLOOKUP(B162,'SINAPI NÃO DESONERADO'!$G$6:$L$7519,5,0)","v":11.41},205.38,null,14.04,null,252.72,{"$nulls":5},252.72,{"$f":"K162-#REF!","v":{"$error":"#REF!"}},3.2412000000000001E-5,0.67521469999999995]
["12.31",103980,"SINAPI","JOELHO 90 GRAUS, PVC, SOLDÁVEL, DN 40MM, INSTALADO EM RAMAL DE DISTRIBUIÇÃO DE ÁGUA - FORNECIMENTO E INSTALAÇÃO. AF_06/2022",{"$nulls":5},"UN",{"$f":"'MEMORIA DE CÁLCULO'!O1184","v":3},null,null,{"$f":"VLOOKUP(B163,'SINAPI NÃO DESONERADO'!$G$6:$L$7519,5,0)","v":15.83},47.49,null,19.48,null,58.44,{"$nulls":5},58.44,{"$f":"K163-#REF!","v":{"$error":"#REF!"}},7.4950000000000002E-6,0.67522219999999999]
["12.32",103951,"SINAPI","JOELHO DE REDUÇÃO, 90 GRAUS, PVC, SOLDÁVEL, DN 32 MM X 25 MM, INSTALADO EM RAMAL OU SUB-RAMAL DE ÁGUA - FORNECIMENTO E INSTALAÇÃO. AF_06/2022",{"$nulls":5},"UN",{"$f":"'MEMORIA DE CÁLCULO'!O1191","v":3},null,null,{"$f":"VLOOKUP(B164,'SINAPI NÃO DESONERADO'!$G$6:$L$7519,5,0)","v":13.5},40.5,null,16.62,null,49.86,{"$nulls":5},49.86,{"$f":"K164-#REF!","v":{"$error":"#REF!"}},6.3949999999999998E-6,0.67522859999999996]
["12.33",103950,"SINAPI","JOELHO DE REDUÇÃO, 90 GRAUS, PVC, SOLDÁVEL, DN 25 MM X 20 MM, INSTALADO EM RAMAL OU SUB-RAMAL DE ÁGUA - FORNECIMENTO E INSTALAÇÃO. AF_06/2022",{"$nulls":5},"UN",{"$f":"'MEMORIA DE CÁLCULO'!O1198","v":16},null,null,{"$f":"VLOOKUP(B165,'SINAPI NÃO DESONERADO'!$G$6:$L$7519,5,0)","v":9.59},153.44,null,11.8,null,188.8,{"$nulls":5},188.8,{"$f":"K165-#REF!","v":{"$error":"#REF!"}},2.4213999999999999E-5,0.67525279999999999]
["12.34",90373,"SINAPI","JOELHO 90 GRAUS COM BUCHA DE LATÃO, PVC, SOLDÁVEL, DN 25MM, X 1/2 INSTALADO EM RAMAL OU SUB-RAMAL DE ÁGUA - FORNECIMENTO E INSTALAÇÃO. AF_06/2022",{"$nulls":5},"UN",{"$f":"'MEMORIA DE CÁLCULO'!O1205","v":27},null,null,{"$f":"VLOOKUP(B166,'SINAPI NÃO DESONERADO'!$G$6:$L$7519,5,0)","v":11.88},320.76,null,14.62,null,394.74,{"$nulls":5},394.74,{"$f":"K166-#REF!","v":{"$error":"#REF!"}},5.0625999999999999E-5,0.6753034]
["12.35",89359,"SINAPI","JOELHO 45 GRAUS, PVC, SOLDÁVEL, DN 20MM, INSTALADO EM RAMAL OU SUB-RAMAL DE ÁGUA - FORNECIMENTO E INSTALAÇÃO. AF_06/2022",{"$nulls":5},"UN",{"$f":"'MEMORIA DE CÁLCULO'!O1212","v":1},null,null,{"$f":"VLOOKUP(B167,'SINAPI NÃO DESONERADO'!$G$6:$L$7519,5,0)","v":7.34},7.34,null,9.0299999999999994,null,9.0299999999999994,{"$nulls":5},9.0299999999999994,{"$f":"K167-#REF!","v":{"$error":"#REF!"}},1.158E-6,0.67530460000000003]
["12.36",89498,"SINAPI","JOELHO 45 GRAUS, PVC, SOLDÁVEL, DN 40MM, INSTALADO EM PRUMADA DE ÁGUA - FORNECIMENTO E INSTALAÇÃO. AF_06/2022",{"$nulls":5},"UN",{"$f":"'MEMORIA DE CÁLCULO'!O1219","v":1},null,null,{"$f":"VLOOKUP(B168,'SINAPI NÃO DESONERADO'!$G$6:$L$7519,5,0)","v":12.22},12.22,null,15.04,null,15.04,{"$nulls":5},15.04,{"$f":"K168-#REF!","v":{"$error":"#REF!"}},1.9290000000000001E-6,0.67530650000000003]
["12.37",89440,"SINAPI","TE, PVC, SOLDÁVEL, DN 25MM, INSTALADO EM RAMAL DE DISTRIBUIÇÃO DE ÁGUA - FORNECIMENTO E INSTALAÇÃO. AF_06/2022",{"$nulls":5},"UN",{"$f":"'MEMORIA DE CÁLCULO'!O1226","v":39},null,null,{"$f":"VLOOKUP(B169,'SINAPI NÃO DESONERADO'!$G$6:$L$7519,5,0)","v":10.29},401.31,null,12.66,null,493.74,{"$nulls":5},493.74,{"$f":"K169-#REF!","v":{"$error":"#REF!"}},6.3323000000000003E-5,0.67536980000000002]
["12.38",89393,"SINAPI","TE, PVC, SOLDÁVEL, DN 20MM, INSTALADO EM RAMAL OU SUB-RAMAL DE ÁGUA - FORNECIMENTO E INSTALAÇÃO. AF_06/2022",{"$nulls":5},"UN",{"$f":"'MEMORIA DE CÁLCULO'!O1233","v":2},null,null,{"$f":"VLOOKUP(B170,'SINAPI NÃO DESONERADO'!$G$6:$L$7519,5,0)","v":9.4499999999999993},18.899999999999999,null,11.63,null,23.26,{"$nulls":5},{"$f":"ROUND(K170*Q170,2)","v":23.26},{"$f":"K170-#REF!","v":{"$error":"#REF!"}},2.9830000000000001E-6,0.6753728]
["12.39",89398,"SINAPI","TE, PVC, SOLDÁVEL, DN 32MM, INSTALADO EM RAMAL OU SUB-RAMAL DE ÁGUA - FORNECIMENTO E INSTALAÇÃO. AF_06/2022",{"$nulls":5},"UN",{"$f":"'MEMORIA DE CÁLCULO'!O1240","v":6},null,null,{"$f":"VLOOKUP(B171,'SINAPI NÃO DESONERADO'!$G$6:$L$7519,5,0)","v":16.02},96.12,null,19.72,null,118.32,{"$nulls":5},118.32,{"$f":"K171-#REF!","v":{"$error":"#REF!"}},1.5175E-5,0.67538799999999999]
["12.40",89623,"SINAPI","TE, PVC, SOLDÁVEL, DN 40MM, INSTALADO EM PRUMADA DE ÁGUA - FORNECIMENTO E INSTALAÇÃO. AF_06/2022",{"$nulls":5},"UN",{"$f":"'MEMORIA DE CÁLCULO'!O1247","v":4},null,null,{"$f":"VLOOKUP(B172,'SINAPI NÃO DESONERADO'!$G$6:$L$7519,5,0)","v":17.940000000000001},71.760000000000005,null,22.08,null,88.32,{"$nulls":5},88.32,{"$f":"K172-#REF!","v":{"$error":"#REF!"}},1.1327E-5,0.67539930000000004]
["12.41",89439,"SINAPI","TÊ SOLDÁVEL E COM ROSCA NA BOLSA CENTRAL, PVC, SOLDÁVEL, DN 20MM X 1/2, INSTALADO EM RAMAL DE DISTRIBUIÇÃO DE ÁGUA - FORNECIMENTO E INSTALAÇÃO. AF_06/2022",{"$nulls":5},"UN",{"$f":"'MEMORIA DE CÁLCULO'!O1254","v":1},null,null,{"$f":"VLOOKUP(B173,'SINAPI NÃO DESONERADO'!$G$6:$L$7519,5,0)","v":10.199999999999999},10.199999999999999,null,12.55,null,12.55,{"$nulls":5},12.55,{"$f":"K173-#REF!","v":{"$error":"#REF!"}},1.61E-6,0.67540089999999997]
["12.42",89401,"SINAPI","TUBO, PVC, SOLDÁVEL, DN 20MM, INSTALADO EM RAMAL DE DISTRIBUIÇÃO DE ÁGUA - FORNECIMENTO E INSTALAÇÃO. AF_06/2022",{"$nulls":5},"M",{"$f":"'MEMORIA DE CÁLCULO'!O1261","v":81.14},null,null,{"$f":"VLOOKUP(B174,'SINAPI NÃO DESONERADO'!$G$6:$L$7519,5,0)","v":9.73},789.49,null,11.98,null,972.06,{"$nulls":5},972.06,{"$f":"K174-#REF!","v":{"$error":"#REF!"}},1.24669E-4,0.67552559999999995]
["12.43",89402,"SINAPI","TUBO, PVC, SOLDÁVEL, DN 25MM, INSTALADO EM RAMAL DE DISTRIBUIÇÃO DE ÁGUA - FORNECIMENTO E INSTALAÇÃO. AF_06/2022",{"$nulls":5},"M",{"$f":"'MEMORIA DE CÁLCULO'!O1268","v":105.12},null,null,{"$f":"VLOOKUP(B175,'SINAPI NÃO DESONERADO'!$G$6:$L$7519,5,0)","v":11.17},1174.19,null,13.75,null,1445.4,{"$nulls":5},1445.4,{"$f":"K175-#REF!","v":{"$error":"#REF!"}},1.8537600000000001E-4,0.67571099999999995]
["12.44",89403,"SINAPI","TUBO, PVC, SOLDÁVEL, DN 32MM, INSTALADO EM RAMAL DE DISTRIBUIÇÃO DE ÁGUA - FORNECIMENTO E INSTALAÇÃO. AF_06/2022",{"$nulls":5},"M",{"$f":"'MEMORIA DE CÁLCULO'!O1275","v":288.83999999999997},null,null,{"$f":"VLOOKUP(B176,'SINAPI NÃO DESONERADO'!$G$6:$L$7519,5,0)","v":17.71},5115.3599999999997,null,21.8,null,6296.71,{"$nulls":5},6296.71,{"$f":"K176-#REF!","v":{"$error":"#REF!"}},8.0756600000000001E-4,0.67651859999999997]
["12.45",89448,"SINAPI","TUBO, PVC, SOLDÁVEL, DN 40MM, INSTALADO EM PRUMADA DE ÁGUA - FORNECIMENTO E INSTALAÇÃO. AF_06/2022",{"$nulls":5},"M",{"$f":"'MEMORIA DE CÁLCULO'!O1282","v":64.89},null,null,{"$f":"VLOOKUP(B177,'SINAPI NÃO DESONERADO'!$G$6:$L$7519,5,0)","v":16.559999999999999},1074.58,null,20.38,null,1322.46,{"$nulls":5},1322.46,{"$f":"K177-#REF!","v":{"$error":"#REF!"}},1.6960799999999999E-4,0.67668819999999996]
[null,null,null,"ESGOTO E DRENAGEM",{"$nulls":20},0,{"$f":"K178-#REF!","v":{"$error":"#REF!"}},0,0.67668819999999996]
["12.46",104345,"SINAPI","JUNÇÃO DE REDUÇÃO INVERTIDA, PVC, SÉRIE NORMAL, ESGOTO PREDIAL, DN 100 X 50 MM, JUNTA ELÁSTICA, FORNECIDO E INSTALADO EM RAMAL DE DESCARGA OU RAMAL DE ESGOTO SANITÁRIO. AF_08/2022",{"$nulls":5},"UN",{"$f":"'MEMORIA DE CÁLCULO'!O1289","v":8},null,null,{"$f":"VLOOKUP(B179,'SINAPI NÃO DESONERADO'!$G$6:$L$7519,5,0)","v":45.79},{"$f":"IF(J179=\"\",\"\",ROUND(K179*N179,2))","v":366.32},null,{"$f":"IF(J179=\"\",\"\",ROUND(N179*(1+$T$11),2))","v":56.36},null,{"$f":"IF(J179=\"\",\"\",ROUND(K179*Q179,2))","v":450.88},{"$nulls":5},450.88,{"$f":"K179-#REF!","v":{"$error":"#REF!"}},5.7825999999999998E-5,0.67674599999999996]
["12.47",89785,"SINAPI","JUNÇÃO SIMPLES, PVC, SERIE NORMAL, ESGOTO PREDIAL, DN 50 X 50 MM, JUNTA ELÁSTICA, FORNECIDO E INSTALADO EM RAMAL DE DESCARGA OU RAMAL DE ESGOTO SANITÁRIO. AF_08/2022",{"$nulls":5},"UN",{"$f":"'MEMORIA DE CÁLCULO'!O1296","v":12},null,null,{"$f":"VLOOKUP(B180,'SINAPI NÃO DESONERADO'!$G$6:$L$7519,5,0)","v":28.15},337.8,null,34.65,null,415.8,{"$nulls":5},415.8,{"$f":"K180-#REF!","v":{"$error":"#REF!"}},5.3327E-5,0.67679929999999999]
["12.48",89783,"SINAPI","JUNÇÃO SIMPLES, PVC, SERIE NORMAL, ESGOTO PREDIAL, DN 40 MM, JUNTA SOLDÁVEL, FORNECIDO E INSTALADO EM RAMAL DE DESCARGA OU RAMAL DE ESGOTO SANITÁRIO. AF_08/2022",{"$nulls":5},"UN",{"$f":"'MEMORIA DE CÁLCULO'!O1303","v":8},null,null,{"$f":"VLOOKUP(B181,'SINAPI NÃO DESONERADO'!$G$6:$L$7519,5,0)","v":13.45},107.6,null,16.55,null,132.4,{"$nulls":5},132.4,{"$f":"K181-#REF!","v":{"$error":"#REF!"}},1.6980999999999999E-5,0.67681630000000004]
["12.49",89797,"SINAPI","JUNÇÃO SIMPLES, PVC, SERIE NORMAL, ESGOTO PREDIAL, DN 100 X 100 MM, JUNTA ELÁSTICA, FORNECIDO E INSTALADO EM RAMAL DE DESCARGA OU RAMAL DE ESGOTO SANITÁRIO. AF_08/2022",{"$nulls":5},"UN",{"$f":"'MEMORIA DE CÁLCULO'!O1310","v":8},null,null,{"$f":"VLOOKUP(B182,'SINAPI NÃO DESONERADO'!$G$6:$L$7519,5,0)","v":54.96},439.68,null,67.64,null,541.12,{"$nulls":5},541.12,{"$f":"K182-#REF!","v":{"$error":"#REF!"}},6.9400000000000006E-5,0.67688570000000003]
["12.50",89733,"SINAPI","CURVA CURTA 90 GRAUS, PVC, SERIE NORMAL, ESGOTO PREDIAL, DN 50 MM, JUNTA ELÁSTICA, FORNECIDO E INSTALADO EM RAMAL DE DESCARGA OU RAMAL DE ESGOTO SANITÁRIO. AF_08/2022",{"$nulls":5},"UN",{"$f":"'MEMORIA DE CÁLCULO'!O1317","v":6},null,null,{"$f":"VLOOKUP(B183,'SINAPI NÃO DESONERADO'!$G$6:$L$7519,5,0)","v":24.63},147.78,null,30.31,null,181.86,{"$nulls":5},181.86,{"$f":"K183-#REF!","v":{"$error":"#REF!"}},2.3323999999999999E-5,0.67690899999999998]
["12.51",104334,"SINAPI","CURVA PVC, 45 GRAUS, CURTA, PVC, SÉRIE NORMAL, ESGOTO PREDIAL, DN 100MM, JUNTA ELÁSTICA, FORNECIDO E INSTALADO EM RAMAL DE DESCARGA OU RAMAL DE ESGOTO SANITÁRIO. AF_08/2022",{"$nulls":5},"UN",{"$f":"'MEMORIA DE CÁLCULO'!O1324","v":2},null,null,46.84,93.68,null,57.65,null,115.3,null,null,46.84,null,null,115.3,{"$f":"K184-#REF!","v":{"$error":"#REF!"}},1.4786999999999999E-5,0.67692379999999996]
["12.52",104331,"SINAPI","CURVA PVC LONGA 45G, PVC, SÉRIE NORMAL, ESGOTO PREDIAL, DN 50 MM, JUNTA ELÁSTICA, FORNECIDO E INSTALADO EM RAMAL DE DESCARGA OU RAMAL DE ESGOTO SANITÁRIO. AF_08/2022",{"$nulls":5},"UN",{"$f":"'MEMORIA DE CÁLCULO'!O1331","v":20},null,null,23.15,463,null,28.49,null,569.79999999999995,null,null,23.15,null,null,569.79999999999995,{"$f":"K185-#REF!","v":{"$error":"#REF!"}},7.3077999999999994E-5,0.67699690000000001]
["12.53",89728,"SINAPI","CURVA CURTA 90 GRAUS, PVC, SERIE NORMAL, ESGOTO PREDIAL, DN 40 MM, JUNTA SOLDÁVEL, FORNECIDO E INSTALADO EM RAMAL DE DESCARGA OU RAMAL DE ESGOTO SANITÁRIO. AF_08/2022",{"$nulls":5},"UN",{"$f":"'MEMORIA DE CÁLCULO'!O1338","v":17},null,null,{"$f":"VLOOKUP(B186,'SINAPI NÃO DESONERADO'!$G$6:$L$7519,5,0)","v":12.2},207.4,null,15.02,null,255.34,{"$nulls":5},255.34,{"$f":"K186-#REF!","v":{"$error":"#REF!"}},3.2747999999999999E-5,0.67702960000000001]
["12.54",89748,"SINAPI","CURVA CURTA 90 GRAUS, PVC, SERIE NORMAL, ESGOTO PREDIAL, DN 100 MM, JUNTA ELÁSTICA, FORNECIDO E INSTALADO EM RAMAL DE DESCARGA OU RAMAL DE ESGOTO SANITÁRIO. AF_08/2022",{"$nulls":5},"UN",{"$f":"'MEMORIA DE CÁLCULO'!O1345","v":9},null,null,{"$f":"VLOOKUP(B187,'SINAPI NÃO DESONERADO'!$G$6:$L$7519,5,0)","v":45.3},407.7,null,55.76,null,501.84,{"$nulls":5},501.84,{"$f":"K187-#REF!","v":{"$error":"#REF!"}},6.4362000000000005E-5,0.67709399999999997]
["12.55",104333,"SINAPI","CURVA LONGA 45 GRAUS, PVC, SÉRIE NORMAL, ESGOTO PREDIAL, DN 100 MM, JUNTA ELÁSTICA, FORNECIDO E INSTALADO EM RAMAL DE DESCARGA OU RAMAL DE ESGOTO SANITÁRIO. AF_08/2022",{"$nulls":5},"UN",{"$f":"'MEMORIA DE CÁLCULO'!O1352","v":1},null,null,66.91,66.91,null,82.35,null,82.35,null,null,66.91,null,null,82.35,{"$f":"K188-#REF!","v":{"$error":"#REF!"}},1.0562E-5,0.67710459999999995]
["12.56",89724,"SINAPI","JOELHO 90 GRAUS, PVC, SERIE NORMAL, ESGOTO PREDIAL, DN 40 MM, JUNTA SOLDÁVEL, FORNECIDO E INSTALADO EM RAMAL DE DESCARGA OU RAMAL DE ESGOTO SANITÁRIO. AF_08/2022",{"$nulls":5},"UN",{"$f":"'MEMORIA DE CÁLCULO'!O1359","v":18},null,null,{"$f":"VLOOKUP(B189,'SINAPI NÃO DESONERADO'!$G$6:$L$7519,5,0)","v":9.1},{"$f":"IF(J189=\"\",\"\",ROUND(K189*N189,2))","v":163.80000000000001},null,{"$f":"IF(J189=\"\",\"\",ROUND(N189*(1+$T$11),2))","v":11.2},null,{"$f":"IF(J189=\"\",\"\",ROUND(K189*Q189,2))","v":201.6},{"$nulls":5},201.6,{"$f":"K189-#REF!","v":{"$error":"#REF!"}},2.5856000000000001E-5,0.67713049999999997]
["12.57",89731,"SINAPI","JOELHO 90 GRAUS, PVC, SERIE NORMAL, ESGOTO PREDIAL, DN 50 MM, JUNTA ELÁSTICA, FORNECIDO E INSTALADO EM RAMAL DE DESCARGA OU RAMAL DE ESGOTO SANITÁRIO. AF_08/2022",{"$nulls":5},"UN",{"$f":"'MEMORIA DE CÁLCULO'!O1366","v":12},null,null,{"$f":"VLOOKUP(B190,'SINAPI NÃO DESONERADO'!$G$6:$L$7519,5,0)","v":15.67},188.04,null,19.29,null,231.48,{"$nulls":5},231.48,{"$f":"K190-#REF!","v":{"$error":"#REF!"}},2.9688000000000001E-5,0.67716019999999999]
["12.58",89744,"SINAPI","JOELHO 90 GRAUS, PVC, SERIE NORMAL, ESGOTO PREDIAL, DN 100 MM, JUNTA ELÁSTICA, FORNECIDO E INSTALADO EM RAMAL DE DESCARGA OU RAMAL DE ESGOTO SANITÁRIO. AF_08/2022",{"$nulls":5},"UN",{"$f":"'MEMORIA DE CÁLCULO'!O1373","v":8},null,null,{"$f":"VLOOKUP(B191,'SINAPI NÃO DESONERADO'!$G$6:$L$7519,5,0)","v":29.35},234.8,null,36.119999999999997,null,288.95999999999998,{"$nulls":5},288.95999999999998,{"$f":"K191-#REF!","v":{"$error":"#REF!"}},3.7060000000000001E-5,0.6771973]
["12.59",89726,"SINAPI","JOELHO 45 GRAUS, PVC, SERIE NORMAL, ESGOTO PREDIAL, DN 40 MM, JUNTA SOLDÁVEL, FORNECIDO E INSTALADO EM RAMAL DE DESCARGA OU RAMAL DE ESGOTO SANITÁRIO. AF_08/2022",{"$nulls":5},"UN",{"$f":"'MEMORIA DE CÁLCULO'!O1380","v":4},null,null,{"$f":"VLOOKUP(B192,'SINAPI NÃO DESONERADO'!$G$6:$L$7519,5,0)","v":9.35},37.4,null,11.51,null,46.04,{"$nulls":5},46.04,{"$f":"K192-#REF!","v":{"$error":"#REF!"}},5.9050000000000002E-6,0.67720320000000001]
["12.60",89711,"SINAPI","TUBO PVC, SERIE NORMAL, ESGOTO PREDIAL, DN 40 MM, FORNECIDO E INSTALADO EM RAMAL DE DESCARGA OU RAMAL DE ESGOTO SANITÁRIO. AF_08/2022",{"$nulls":5},"M",{"$f":"'MEMORIA DE CÁLCULO'!O1387","v":64.510000000000005},null,null,{"$f":"VLOOKUP(B193,'SINAPI NÃO DESONERADO'!$G$6:$L$7519,5,0)","v":19.420000000000002},1252.78,null,23.9,null,1541.79,{"$nulls":5},1541.79,{"$f":"K193-#REF!","v":{"$error":"#REF!"}},1.9773800000000001E-4,0.67740089999999997]
["12.61",89712,"SINAPI","TUBO PVC, SERIE NORMAL, ESGOTO PREDIAL, DN 50 MM, FORNECIDO E INSTALADO EM RAMAL DE DESCARGA OU RAMAL DE ESGOTO SANITÁRIO. AF_08/2022",{"$nulls":5},"M",{"$f":"'MEMORIA DE CÁLCULO'!O1394","v":45.9},null,null,{"$f":"VLOOKUP(B194,'SINAPI NÃO DESONERADO'!$G$6:$L$7519,5,0)","v":25.23},1158.06,null,31.05,null,1425.2,{"$nulls":5},1425.2,{"$f":"K194-#REF!","v":{"$error":"#REF!"}},1.8278500000000001E-4,0.67758370000000001]
["12.62",89713,"SINAPI","TUBO PVC, SERIE NORMAL, ESGOTO PREDIAL, DN 75 MM, FORNECIDO E INSTALADO EM RAMAL DE DESCARGA OU RAMAL DE ESGOTO SANITÁRIO. AF_08/2022",{"$nulls":5},"M",{"$f":"'MEMORIA DE CÁLCULO'!O1401","v":0.83},null,null,{"$f":"VLOOKUP(B195,'SINAPI NÃO DESONERADO'!$G$6:$L$7519,5,0)","v":31.61},26.24,null,38.909999999999997,null,32.299999999999997,{"$nulls":5},32.299999999999997,{"$f":"K195-#REF!","v":{"$error":"#REF!"}},4.143E-6,0.67758779999999996]
["12.63",89714,"SINAPI","TUBO PVC, SERIE NORMAL, ESGOTO PREDIAL, DN 100 MM, FORNECIDO E INSTALADO EM RAMAL DE DESCARGA OU RAMAL DE ESGOTO SANITÁRIO. AF_08/2022",{"$nulls":5},"M",{"$f":"'MEMORIA DE CÁLCULO'!O1408","v":216.07},null,null,{"$f":"VLOOKUP(B196,'SINAPI NÃO DESONERADO'!$G$6:$L$7519,5,0)","v":35.1},7584.06,null,43.2,null,9334.2199999999993,{"$nulls":5},9334.2199999999993,{"$f":"K196-#REF!","v":{"$error":"#REF!"}},1.197133E-3,0.67878490000000002]
["12.64",104341,"SINAPI","BUCHA DE REDUÇÃO LONGA, PVC, SÉRIE NORMAL, ESGOTO PREDIAL, DN 50 X 40 MM, JUNTA SOLDÁVEL E ELÁSTICA, FORNECIDO E INSTALADO EM RAMAL DE DESCARGA OU RAMAL DE ESGOTO SANITÁRIO. AF_08/2022",{"$nulls":5},"UN",{"$f":"'MEMORIA DE CÁLCULO'!O1415","v":6},null,null,{"$f":"VLOOKUP(B197,'SINAPI NÃO DESONERADO'!$G$6:$L$7519,5,0)","v":11.09},66.540000000000006,null,13.65,null,81.900000000000006,{"$nulls":5},81.900000000000006,{"$f":"K197-#REF!","v":{"$error":"#REF!"}},1.0504E-5,0.67879540000000005]
["12.65",89796,"SINAPI","TE, PVC, SERIE NORMAL, ESGOTO PREDIAL, DN 100 X 100 MM, JUNTA ELÁSTICA, FORNECIDO E INSTALADO EM RAMAL DE DESCARGA OU RAMAL DE ESGOTO SANITÁRIO. AF_08/2022",{"$nulls":5},"UN",{"$f":"'MEMORIA DE CÁLCULO'!O1422","v":3},null,null,{"$f":"VLOOKUP(B198,'SINAPI NÃO DESONERADO'!$G$6:$L$7519,5,0)","v":46.44},139.32,null,57.16,null,171.48,{"$nulls":5},171.48,{"$f":"K198-#REF!","v":{"$error":"#REF!"}},2.1993000000000001E-5,0.67881740000000002]
["12.66",89746,"SINAPI","JOELHO 45 GRAUS, PVC, SERIE NORMAL, ESGOTO PREDIAL, DN 100 MM, JUNTA ELÁSTICA, FORNECIDO E INSTALADO EM RAMAL DE DESCARGA OU RAMAL DE ESGOTO SANITÁRIO. AF_08/2022",{"$nulls":5},"UN",{"$f":"'MEMORIA DE CÁLCULO'!O1429","v":2},null,null,{"$f":"VLOOKUP(B199,'SINAPI NÃO DESONERADO'!$G$6:$L$7519,5,0)","v":30.24},60.48,null,37.22,null,74.44,{"$nulls":5},74.44,{"$f":"K199-#REF!","v":{"$error":"#REF!"}},9.5470000000000002E-6,0.67882690000000001]
["12.67",89801,"SINAPI","JOELHO 90 GRAUS, PVC, SERIE NORMAL, ESGOTO PREDIAL, DN 50 MM, JUNTA ELÁSTICA, FORNECIDO E INSTALADO EM PRUMADA DE ESGOTO SANITÁRIO OU VENTILAÇÃO. AF_08/2022",{"$nulls":5},"UN",{"$f":"'MEMORIA DE CÁLCULO'!O1436","v":10},null,null,{"$f":"VLOOKUP(B200,'SINAPI NÃO DESONERADO'!$G$6:$L$7519,5,0)","v":11.37},113.7,null,13.99,null,139.9,{"$nulls":5},139.9,{"$f":"K200-#REF!","v":{"$error":"#REF!"}},1.7941999999999999E-5,0.67884480000000003]
["12.68",89827,"SINAPI","JUNÇÃO SIMPLES, PVC, SERIE NORMAL, ESGOTO PREDIAL, DN 50 X 50 MM, JUNTA ELÁSTICA, FORNECIDO E INSTALADO EM PRUMADA DE ESGOTO SANITÁRIO OU VENTILAÇÃO. AF_08/2022",{"$nulls":5},"UN",{"$f":"'MEMORIA DE CÁLCULO'!O1443","v":5},null,null,{"$f":"VLOOKUP(B201,'SINAPI NÃO DESONERADO'!$G$6:$L$7519,5,0)","v":22.44},{"$f":"IF(J201=\"\",\"\",ROUND(K201*N201,2))","v":112.2},null,{"$f":"IF(J201=\"\",\"\",ROUND(N201*(1+$T$11),2))","v":27.62},null,{"$f":"IF(J201=\"\",\"\",ROUND(K201*Q201,2))","v":138.1},{"$nulls":5},138.1,{"$f":"K201-#REF!","v":{"$error":"#REF!"}},1.7711999999999999E-5,0.67886250000000004]
["12.69",89801,"SINAPI","JOELHO 90 GRAUS, PVC, SERIE NORMAL, ESGOTO PREDIAL, DN 50 MM, JUNTA ELÁSTICA, FORNECIDO E INSTALADO EM PRUMADA DE ESGOTO SANITÁRIO OU VENTILAÇÃO. AF_08/2022",{"$nulls":5},"UN",{"$f":"'MEMORIA DE CÁLCULO'!O1450","v":1},null,null,{"$f":"VLOOKUP(B202,'SINAPI NÃO DESONERADO'!$G$6:$L$7519,5,0)","v":11.37},11.37,null,13.99,null,13.99,{"$nulls":5},13.99,{"$f":"K202-#REF!","v":{"$error":"#REF!"}},1.7940000000000001E-6,0.67886429999999998]
["12.70",89802,"SINAPI","JOELHO 45 GRAUS, PVC, SERIE NORMAL, ESGOTO PREDIAL, DN 50 MM, JUNTA ELÁSTICA, FORNECIDO E INSTALADO EM PRUMADA DE ESGOTO SANITÁRIO OU VENTILAÇÃO. AF_08/2022",{"$nulls":5},"UN",{"$f":"'MEMORIA DE CÁLCULO'!O1457","v":1},null,null,{"$f":"VLOOKUP(B203,'SINAPI NÃO DESONERADO'!$G$6:$L$7519,5,0)","v":12.14},12.14,null,14.94,null,14.94,{"$nulls":5},14.94,{"$f":"K203-#REF!","v":{"$error":"#REF!"}},1.916E-6,0.67886619999999998]
["12.71",89798,"SINAPI","TUBO PVC, SERIE NORMAL, ESGOTO PREDIAL, DN 50 MM, FORNECIDO E INSTALADO EM PRUMADA DE ESGOTO SANITÁRIO OU VENTILAÇÃO. AF_08/2022",{"$nulls":5},"M",{"$f":"'MEMORIA DE CÁLCULO'!O1464","v":40},null,null,{"$f":"VLOOKUP(B204,'SINAPI NÃO DESONERADO'!$G$6:$L$7519,5,0)","v":13.8},552,null,16.989999999999998,null,679.6,{"$nulls":5},679.6,{"$f":"K204-#REF!","v":{"$error":"#REF!"}},8.7159999999999999E-5,0.67895340000000004]
["12.72",89800,"SINAPI","TUBO PVC, SERIE NORMAL, ESGOTO PREDIAL, DN 100 MM, FORNECIDO E INSTALADO EM PRUMADA DE ESGOTO SANITÁRIO OU VENTILAÇÃO. AF_08/2022",{"$nulls":5},"M",{"$f":"'MEMORIA DE CÁLCULO'!O1471","v":50},null,null,{"$f":"VLOOKUP(B205,'SINAPI NÃO DESONERADO'!$G$6:$L$7519,5,0)","v":27.59},1379.5,null,33.96,null,1698,{"$nulls":5},1698,{"$f":"K205-#REF!","v":{"$error":"#REF!"}},2.17772E-4,0.67917119999999997]
["12.73",104356,"SINAPI","TERMINAL DE VENTILAÇÃO, PVC, SÉRIE NORMAL, ESGOTO PREDIAL, DN 100 MM, JUNTA SOLDÁVEL, FORNECIDO E INSTALADO EM PRUMADA DE ESGOTO SANITÁRIO OU VENTILAÇÃO. AF_08/2022",{"$nulls":5},"UN",{"$f":"'MEMORIA DE CÁLCULO'!O1478","v":10},null,null,{"$f":"VLOOKUP(B206,'SINAPI NÃO DESONERADO'!$G$6:$L$7519,5,0)","v":30.51},305.10000000000002,null,37.549999999999997,null,375.5,{"$nulls":5},375.5,{"$f":"K206-#REF!","v":{"$error":"#REF!"}},4.8158999999999997E-5,0.67921940000000003]
["12.74",93358,"SINAPI","ESCAVAÇÃO MANUAL DE VALA COM PROFUNDIDADE MENOR OU IGUAL A 1,30 M. AF_02/2021",{"$nulls":5},"M³",{"$f":"'MEMORIA DE CÁLCULO'!O1485","v":45.82},null,null,{"$f":"VLOOKUP(B207,'SINAPI NÃO DESONERADO'!$G$6:$L$7519,5,0)","v":68.349999999999994},3131.8,null,84.13,null,3854.84,{"$nulls":5},3854.84,{"$f":"K207-#REF!","v":{"$error":"#REF!"}},4.9439099999999995E-4,0.67971380000000003]
[null,null,null,"LOUÇAS, METAIS, CAIXAS E ACESSÓRIOS ",{"$nulls":20},0,{"$f":"K208-#REF!","v":{"$error":"#REF!"}},0,0.67971380000000003]
["12.75",100860,"SINAPI","CHUVEIRO ELÉTRICO COMUM CORPO PLÁSTICO, TIPO DUCHA FORNECIMENTO E INSTALAÇÃO. AF_01/2020",{"$nulls":5},"UN",{"$f":"'MEMORIA DE CÁLCULO'!O1492","v":1},null,null,{"$f":"VLOOKUP(B209,'SINAPI NÃO DESONERADO'!$G$6:$L$7519,5,0)","v":88.65},{"$f":"IF(J209=\"\",\"\",ROUND(K209*N209,2))","v":88.65},null,{"$f":"IF(J209=\"\",\"\",ROUND(N209*(1+$T$11),2))","v":109.11},null,{"$f":"IF(J209=\"\",\"\",ROUND(K209*Q209,2))","v":109.11},{"$nulls":5},109.11,{"$f":"K209-#REF!","v":{"$error":"#REF!"}},1.3994E-5,0.67972779999999999]
["12.76",100858,"SINAPI","MICTÓRIO SIFONADO LOUÇA BRANCA PADRÃO MÉDIO FORNECIMENTO E INSTALAÇÃO. AF_01/2020",{"$nulls":5},"UN",{"$f":"'MEMORIA DE CÁLCULO'!O1499","v":6},null,null,{"$f":"VLOOKUP(B210,'SINAPI NÃO DESONERADO'!$G$6:$L$7519,5,0)","v":678.97},4073.82,null,835.68,null,5014.08,{"$nulls":5},5014.08,{"$f":"K210-#REF!","v":{"$error":"#REF!"}},6.4306599999999997E-4,0.6803709]
["12.77",86909,"SINAPI","TORNEIRA CROMADA TUBO MÓVEL, DE MESA, 1/2 OU 3/4, PARA PIA DE COZINHA, PADRÃO ALTO - FORNECIMENTO E INSTALAÇÃO. AF_01/2020",{"$nulls":5},"UN",{"$f":"'MEMORIA DE CÁLCULO'!O1506","v":3},null,null,{"$f":"VLOOKUP(B211,'SINAPI NÃO DESONERADO'!$G$6:$L$7519,5,0)","v":197.25},591.75,null,242.78,null,728.34,{"$nulls":5},728.34,{"$f":"K211-#REF!","v":{"$error":"#REF!"}},9.3411000000000004E-5,0.68046430000000002]
["12.78",86915,"SINAPI","TORNEIRA CROMADA DE MESA, 1/2 OU 3/4, PARA LAVATÓRIO, PADRÃO MÉDIO - FORNECIMENTO E INSTALAÇÃO. AF_01/2020",{"$nulls":5},"UN",{"$f":"'MEMORIA DE CÁLCULO'!O1513","v":14},null,null,{"$f":"VLOOKUP(B212,'SINAPI NÃO DESONERADO'!$G$6:$L$7519,5,0)","v":219.35},3070.9,null,269.98,null,3779.72,{"$nulls":5},3779.72,{"$f":"K212-#REF!","v":{"$error":"#REF!"}},4.8475699999999999E-4,0.68094909999999997]
["12.79",86888,"SINAPI","VASO SANITÁRIO SIFONADO COM CAIXA ACOPLADA LOUÇA BRANCA - FORNECIMENTO E INSTALAÇÃO. AF_01/2020",{"$nulls":5},"UN",{"$f":"'MEMORIA DE CÁLCULO'!O1520","v":15},null,null,{"$f":"VLOOKUP(B213,'SINAPI NÃO DESONERADO'!$G$6:$L$7519,5,0)","v":455.97},6839.55,null,561.21,null,8418.15,{"$nulls":5},8418.15,{"$f":"K213-#REF!","v":{"$error":"#REF!"}},1.079645E-3,0.68202870000000004]
["12.80",95471,"SINAPI","VASO SANITARIO SIFONADO CONVENCIONAL PARA PCD SEM FURO FRONTAL COM LOUÇA BRANCA SEM ASSENTO - FORNECIMENTO E INSTALAÇÃO. AF_01/2020",{"$nulls":5},"UN",{"$f":"'MEMORIA DE CÁLCULO'!O1527","v":1},null,null,{"$f":"VLOOKUP(B214,'SINAPI NÃO DESONERADO'!$G$6:$L$7519,5,0)","v":715.05},715.05,null,880.08,null,880.08,{"$nulls":5},880.08,{"$f":"K214-#REF!","v":{"$error":"#REF!"}},1.12872E-4,0.68214160000000001]
["12.81",102617,"SINAPI","CAIXA D´ÁGUA EM POLIÉSTER REFORÇADO COM FIBRA DE VIDRO, 5000 LITROS - FORNECIMENTO E INSTALAÇÃO. AF_06/2021",{"$nulls":5},"UN",{"$f":"'MEMORIA DE CÁLCULO'!O1534","v":2},null,null,{"$f":"VLOOKUP(B215,'SINAPI NÃO DESONERADO'!$G$6:$L$7519,5,0)","v":2863.36},{"$f":"IF(J215=\"\",\"\",ROUND(K215*N215,2))","v":5726.72},null,{"$f":"IF(J215=\"\",\"\",ROUND(N215*(1+$T$11),2))","v":3524.22},null,{"$f":"IF(J215=\"\",\"\",ROUND(K215*Q215,2))","v":7048.44},{"$nulls":5},7048.44,{"$f":"K215-#REF!","v":{"$error":"#REF!"}},9.0397700000000004E-4,0.68304560000000003]
["12.82",101801,"SINAPI","CAIXA COM GRELHA RETANGULAR DE FERRO FUNDIDO, EM ALVENARIA COM BLOCOS DE CONCRETO, DIMENSÕES INTERNAS: 0,30 X 1,00 X 1,00. AF_12/2020",{"$nulls":5},"UN",{"$f":"'MEMORIA DE CÁLCULO'!O1541","v":7},null,null,{"$f":"VLOOKUP(B216,'SINAPI NÃO DESONERADO'!$G$6:$L$7519,5,0)","v":1082.22},7575.54,null,1332,null,9324,{"$nulls":5},9324,{"$f":"K216-#REF!","v":{"$error":"#REF!"}},1.1958229999999999E-3,0.6842414]
["12.83",97906,"SINAPI","CAIXA ENTERRADA HIDRÁULICA RETANGULAR, EM ALVENARIA COM BLOCOS DE CONCRETO, DIMENSÕES INTERNAS: 0,6X0,6X0,6 M PARA REDE DE ESGOTO. AF_12/2020",{"$nulls":5},"UN",{"$f":"'MEMORIA DE CÁLCULO'!O1548","v":7},null,null,{"$f":"VLOOKUP(B217,'SINAPI NÃO DESONERADO'!$G$6:$L$7519,5,0)","v":441.84},3092.88,null,543.82000000000005,null,3806.74,{"$nulls":5},3806.74,{"$f":"K217-#REF!","v":{"$error":"#REF!"}},4.8822200000000002E-4,0.68472960000000005]
["12.84",104329,"SINAPI","CAIXA SIFONADA, COM GRELHA REDONDA, PVC, DN 150 X 150 X 50 MM, JUNTA SOLDÁVEL, FORNECIDA E INSTALADA EM RAMAL DE DESCARGA OU EM RAMAL DE ESGOTO SANITÁRIO. AF_08/2022",{"$nulls":5},"UN",{"$f":"'MEMORIA DE CÁLCULO'!O1555","v":8},null,null,{"$f":"VLOOKUP(B218,'SINAPI NÃO DESONERADO'!$G$6:$L$7519,5,0)","v":81.19},649.52,null,99.93,null,799.44,{"$nulls":5},799.44,{"$f":"K218-#REF!","v":{"$error":"#REF!"}},1.0253E-4,0.68483210000000005]
["12.85",89709,"SINAPI","RALO SIFONADO, PVC, DN 100 X 40 MM, JUNTA SOLDÁVEL, FORNECIDO E INSTALADO EM RAMAL DE DESCARGA OU EM RAMAL DE ESGOTO SANITÁRIO. AF_08/2022",{"$nulls":5},"UN",{"$f":"'MEMORIA DE CÁLCULO'!O1562","v":1},null,null,{"$f":"VLOOKUP(B219,'SINAPI NÃO DESONERADO'!$G$6:$L$7519,5,0)","v":20.81},20.81,null,25.61,null,25.61,{"$nulls":5},25.61,{"$f":"K219-#REF!","v":{"$error":"#REF!"}},3.2849999999999999E-6,0.68483539999999998]
["12.86",86889,"SINAPI","BANCADA DE GRANITO CINZA POLIDO, DE 1,50 X 0,60 M, PARA PIA DE COZINHA - FORNECIMENTO E INSTALAÇÃO. AF_01/2020",{"$nulls":5},"UN",{"$f":"'MEMORIA DE CÁLCULO'!O1569","v":3},null,null,{"$f":"VLOOKUP(B220,'SINAPI NÃO DESONERADO'!$G$6:$L$7519,5,0)","v":897.72},2693.16,null,1104.9100000000001,null,3314.73,{"$nulls":5},3314.73,{"$f":"K220-#REF!","v":{"$error":"#REF!"}},{"$f":"Y220/$S$363","v":4.2512099999999998E-4},0.68526050000000005]
["12.87",86936,"SINAPI","CUBA DE EMBUTIR DE AÇO INOXIDÁVEL MÉDIA, INCLUSO VÁLVULA TIPO AMERICANA E SIFÃO TIPO GARRAFA EM METAL CROMADO - FORNECIMENTO E INSTALAÇÃO. AF_01/2020",{"$nulls":5},"UN",{"$f":"'MEMORIA DE CÁLCULO'!O1576","v":3},null,null,{"$f":"VLOOKUP(B221,'SINAPI NÃO DESONERADO'!$G$6:$L$7519,5,0)","v":653.17999999999995},1959.54,null,803.93,null,2411.79,{"$nulls":5},2411.79,{"$f":"K221-#REF!","v":{"$error":"#REF!"}},3.0931699999999998E-4,{"$f":"AA221+AB220","v":0.68556980000000001}]
["12.88",86895,"SINAPI","BANCADA DE GRANITO CINZA POLIDO, DE 0,50 X 0,60 M, PARA LAVATÓRIO - FORNECIMENTO E INSTALAÇÃO. AF_01/2020",{"$nulls":5},"UN",{"$f":"'MEMORIA DE CÁLCULO'!O1583","v":14},null,null,{"$f":"VLOOKUP(B222,'SINAPI NÃO DESONERADO'!$G$6:$L$7519,5,0)","v":417.56},5845.84,null,513.92999999999995,null,7195.02,{"$nulls":5},7195.02,{"$f":"K222-#REF!","v":{"$error":"#REF!"}},9.2277600000000004E-4,0.68649260000000001]
["12.89",86937,"SINAPI","CUBA DE EMBUTIR OVAL EM LOUÇA BRANCA, 35 X 50CM OU EQUIVALENTE, INCLUSO VÁLVULA EM METAL CROMADO E SIFÃO FLEXÍVEL EM PVC - FORNECIMENTO E INSTALAÇÃO. AF_01/2020",{"$nulls":5},"UN",{"$f":"'MEMORIA DE CÁLCULO'!O1590","v":14},null,null,{"$f":"VLOOKUP(B223,'SINAPI NÃO DESONERADO'!$G$6:$L$7519,5,0)","v":247.03},3458.42,null,304.04000000000002,null,4256.5600000000004,{"$nulls":5},4256.5600000000004,{"$f":"K223-#REF!","v":{"$error":"#REF!"}},5.4591299999999998E-4,0.6870385]
["12.90",86922,"SINAPI","TANQUE DE LOUÇA BRANCA SUSPENSO, 18L OU EQUIVALENTE, INCLUSO SIFÃO TIPO GARRAFA EM METAL CROMADO, VÁLVULA METÁLICA E TORNEIRA DE METAL CROMADO PADRÃO MÉDIO - FORNECIMENTO E INSTALAÇÃO. AF_01/2020",{"$nulls":5},"UN",{"$f":"'MEMORIA DE CÁLCULO'!O1597","v":2},null,null,{"$f":"VLOOKUP(B224,'SINAPI NÃO DESONERADO'!$G$6:$L$7519,5,0)","v":986.76},{"$f":"IF(J224=\"\",\"\",ROUND(K224*N224,2))","v":1973.52},null,{"$f":"IF(J224=\"\",\"\",ROUND(N224*(1+$T$11),2))","v":1214.5},null,{"$f":"IF(J224=\"\",\"\",ROUND(K224*Q224,2))","v":2429},{"$nulls":5},2429,{"$f":"K224-#REF!","v":{"$error":"#REF!"}},3.1152399999999998E-4,0.68735000000000002]
["12.91",95546,"SINAPI","KIT DE ACESSORIOS PARA BANHEIRO EM METAL CROMADO, 5 PECAS, INCLUSO FIXAÇÃO. AF_01/2020",{"$nulls":5},"UN",{"$f":"'MEMORIA DE CÁLCULO'!O1604","v":5},null,null,{"$f":"VLOOKUP(B225,'SINAPI NÃO DESONERADO'!$G$6:$L$7519,5,0)","v":183.88},919.4,null,226.32,null,1131.5999999999999,{"$nulls":5},1131.5999999999999,{"$f":"K225-#REF!","v":{"$error":"#REF!"}},1.4512999999999999E-4,0.68749510000000003]
["12.92",100849,"SINAPI","ASSENTO SANITÁRIO CONVENCIONAL - FORNECIMENTO E INSTALACAO. AF_01/2020",{"$nulls":5},"UN",{"$f":"'MEMORIA DE CÁLCULO'!O1611","v":16},null,null,{"$f":"VLOOKUP(B226,'SINAPI NÃO DESONERADO'!$G$6:$L$7519,5,0)","v":47.21},755.36,null,58.11,null,929.76,{"$nulls":5},929.76,{"$f":"K226-#REF!","v":{"$error":"#REF!"}},1.19244E-4,0.68761430000000001]
["12.93",100868,"SINAPI","BARRA DE APOIO RETA, EM ACO INOX POLIDO, COMPRIMENTO 80 CM, FIXADA NA PAREDE - FORNECIMENTO E INSTALAÇÃO. AF_01/2020",{"$nulls":5},"UN",{"$f":"'MEMORIA DE CÁLCULO'!O1618","v":3},null,null,{"$f":"VLOOKUP(B227,'SINAPI NÃO DESONERADO'!$G$6:$L$7519,5,0)","v":399.62},1198.8599999999999,null,491.85,null,1475.55,{"$nulls":5},1475.55,{"$f":"K227-#REF!","v":{"$error":"#REF!"}},1.89242E-4,0.68780350000000001]
["12.94",100874,"SINAPI","PUXADOR PARA PCD, FIXADO NA PORTA - FORNECIMENTO E INSTALAÇÃO. AF_01/2020",{"$nulls":5},"UN",{"$f":"'MEMORIA DE CÁLCULO'!O1625","v":2},null,null,{"$f":"VLOOKUP(B228,'SINAPI NÃO DESONERADO'!$G$6:$L$7519,5,0)","v":356.64},713.28,null,438.95,null,877.9,{"$nulls":5},877.9,{"$f":"K228-#REF!","v":{"$error":"#REF!"}},1.12593E-4,0.68791610000000003]
["12.95",98110,"SINAPI","CAIXA DE GORDURA PEQUENA (CAPACIDADE: 19 L), CIRCULAR, EM PVC, DIÂMETRO INTERNO= 0,3 M. AF_12/2020",{"$nulls":5},"UN",{"$f":"'MEMORIA DE CÁLCULO'!O1632","v":3},null,null,{"$f":"VLOOKUP(B229,'SINAPI NÃO DESONERADO'!$G$6:$L$7519,5,0)","v":426.07},1278.21,null,524.41,null,1573.23,{"$nulls":5},1573.23,{"$f":"K229-#REF!","v":{"$error":"#REF!"}},2.0176999999999999E-4,0.68811789999999995]
["12.96",97908,"SINAPI","CAIXA ENTERRADA HIDRÁULICA RETANGULAR, EM ALVENARIA COM BLOCOS DE CONCRETO, DIMENSÕES INTERNAS: 1X1X0,6 M PARA REDE DE ESGOTO. AF_12/2020",{"$nulls":5},"UN",{"$f":"'MEMORIA DE CÁLCULO'!O1639","v":8},null,null,{"$f":"VLOOKUP(B230,'SINAPI NÃO DESONERADO'!$G$6:$L$7519,5,0)","v":768.7},{"$f":"IF(J230=\"\",\"\",ROUND(K230*N230,2))","v":6149.6},null,{"$f":"IF(J230=\"\",\"\",ROUND(N230*(1+$T$11),2))","v":946.12},null,{"$f":"IF(J230=\"\",\"\",ROUND(K230*Q230,2))","v":7568.96},{"$nulls":5},7568.96,{"$f":"K230-#REF!","v":{"$error":"#REF!"}},9.7073500000000002E-4,0.68908860000000005]
["12.97",95635,"SINAPI","KIT CAVALETE PARA MEDIÇÃO DE ÁGUA - ENTRADA PRINCIPAL, EM PVC SOLDÁVEL DN 25 (¾\") FORNECIMENTO E INSTALAÇÃO (EXCLUSIVE HIDRÔMETRO). AF_11/2016",{"$nulls":5},"UN",{"$f":"'MEMORIA DE CÁLCULO'!O1646","v":1},null,null,{"$f":"VLOOKUP(B231,'SINAPI NÃO DESONERADO'!$G$6:$L$7519,5,0)","v":226.84},226.84,null,279.19,null,279.19,{"$nulls":5},279.19,{"$f":"K231-#REF!","v":{"$error":"#REF!"}},3.5806999999999998E-5,0.68912439999999997]
["12.98",95676,"SINAPI","CAIXA EM CONCRETO PRÉ-MOLDADO PARA ABRIGO DE HIDRÔMETRO COM DN 20 (½) FORNECIMENTO E INSTALAÇÃO. AF_11/2016",{"$nulls":5},"UN",{"$f":"'MEMORIA DE CÁLCULO'!O1653","v":1},null,null,{"$f":"VLOOKUP(B232,'SINAPI NÃO DESONERADO'!$G$6:$L$7519,5,0)","v":119.13},119.13,null,146.63,null,146.63,{"$nulls":5},146.63,{"$f":"K232-#REF!","v":{"$error":"#REF!"}},1.8805999999999999E-5,0.68914319999999996]
["12.99",98087,"SINAPI","TANQUE SÉPTICO RETANGULAR, EM ALVENARIA COM BLOCOS DE CONCRETO, DIMENSÕES INTERNAS: 1,6 X 4,6 X H=2,4 M, VOLUME ÚTIL: 14720 L (PARA 105 CONTRIBUINTES). AF_12/2020",{"$nulls":5},"UN",{"$f":"'MEMORIA DE CÁLCULO'!O1660","v":1},null,null,{"$f":"VLOOKUP(B233,'SINAPI NÃO DESONERADO'!$G$6:$L$7519,5,0)","v":11300.47},11300.47,null,13908.62,null,13908.62,{"$nulls":5},13908.62,{"$f":"K233-#REF!","v":{"$error":"#REF!"}},1.78381E-3,0.69092699999999996]
["12.100",98093,"SINAPI","FILTRO ANAERÓBIO RETANGULAR, EM ALVENARIA COM BLOCOS DE CONCRETO, DIMENSÕES INTERNAS: 1,6 X 5,6 X H=1,67 M, VOLUME ÚTIL: 10752 L (PARA 103 CONTRIBUINTES). AF_12/2020",{"$nulls":5},"UN",{"$f":"'MEMORIA DE CÁLCULO'!O1667","v":1},null,null,{"$f":"VLOOKUP(B234,'SINAPI NÃO DESONERADO'!$G$6:$L$7519,5,0)","v":15867.91},15867.91,null,19530.22,null,19530.22,{"$nulls":5},{"$f":"ROUND(K234*Q234,2)","v":19530.22},{"$f":"K234-#REF!","v":{"$error":"#REF!"}},2.504792E-3,0.69343180000000004]
["12.101",98101,"SINAPI","SUMIDOURO RETANGULAR, EM ALVENARIA COM BLOCOS DE CONCRETO, DIMENSÕES INTERNAS: 1,6 X 5,8 X H=3,0 M, ÁREA DE INFILTRAÇÃO: 50 M² (PARA 20 CONTRIBUINTES). . AF_12/2020",{"$nulls":5},"UN",{"$f":"'MEMORIA DE CÁLCULO'!O1674","v":4},null,null,{"$f":"VLOOKUP(B235,'SINAPI NÃO DESONERADO'!$G$6:$L$7519,5,0)","v":9198.24},36792.959999999999,null,11321.19,null,45284.76,{"$nulls":5},45284.76,{"$f":"K235-#REF!","v":{"$error":"#REF!"}},5.8078660000000001E-3,0.69923970000000002]
["12.102",102281,"SINAPI","ESCAVAÇÃO MECANIZADA DE VALA COM PROF. MAIOR QUE 1,5 M ATÉ 3,0 M (MÉDIA MONTANTE E JUSANTE/UMA COMPOSIÇÃO POR TRECHO),COM ESCAVADEIRA (1,2 M3),LARG. DE 1,5 M A 2,5 M, EM SOLO DE 1A CATEGORIA, LOCAIS COM BAIXO NÍVEL DE INTERFERÊNCIA. AF_02/2021",{"$nulls":5},"M³",{"$f":"'MEMORIA DE CÁLCULO'!O1683","v":143.97999999999999},null,null,{"$f":"VLOOKUP(B236,'SINAPI NÃO DESONERADO'!$G$6:$L$7519,5,0)","v":4.92},708.38,null,6.06,null,872.52,{"$nulls":5},872.52,{"$f":"K236-#REF!","v":{"$error":"#REF!"}},1.11903E-4,0.69935159999999996]
[null,"SUB TOTAL:",{"$nulls":16},{"$f":"SUM(S133:U236)","v":195994.37},null,null,189969.36,null,null,0,{"$f":"K237-#REF!","v":{"$error":"#REF!"}},0,0.69935159999999996]
["13.0",null,null,"INSTALAÇÕES ELÉTRICAS",{"$nulls":20},0,{"$f":"K238-#REF!","v":{"$error":"#REF!"}},0,0.69935159999999996]
[null,null,null,"INSTALAÇÕES ELÉTRICAS E DE LÓGICA",{"$nulls":20},0,{"$f":"K239-#REF!","v":{"$error":"#REF!"}},0,0.69935159999999996]
["13.1",{"$f":"'Relatório de composições'!B378","v":"COMP. 22"},{"$f":"'Relatório de composições'!C378","v":"COMP. PRÓPRIA 11° SR"},{"$f":"'Relatório de composições'!D378","v":"ELETROCALHA LISA OU PERFURADA EM AÇO GALVANIZADO, LARGURA 50MM E ALTURA 50MM, INCLUSIVE EMENDA E FIXAÇÃO - FORNECIMENTO E INSTALAÇÃO"},{"$nulls":5},"M",{"$f":"'MEMORIA DE CÁLCULO'!O1690","v":585},null,null,{"$f":"'Relatório de composições'!I383","v":110.71},{"$f":"IF(J240=\"\",\"\",ROUND(K240*N240,2))","v":64765.35},null,{"$f":"IF(J240=\"\",\"\",ROUND(N240*(1+$T$11),2))","v":136.26},null,{"$f":"IF(J240=\"\",\"\",ROUND(K240*Q240,2))","v":79712.100000000006},{"$nulls":5},79712.100000000006,{"$f":"K240-#REF!","v":{"$error":"#REF!"}},1.0223243999999999E-2,0.70957479999999995]
["13.2",{"$f":"'Relatório de composições'!B390","v":"COMP. 23"},{"$f":"'Relatório de composições'!C390","v":"COMP. PRÓPRIA 11° SR"},{"$f":"'Relatório de composições'!D390","v":"ELETROCALHA LISA OU PERFURADA EM AÇO GALVANIZADO, LARGURA 100MM E ALTURA 50MM, INCLUSIVE EMENDA E FIXAÇÃO - FORNECIMENTO E INSTALAÇÃO"},{"$nulls":5},"M",{"$f":"'MEMORIA DE CÁLCULO'!O1697","v":201},null,null,{"$f":"'Relatório de composições'!I395","v":146.77000000000001},29500.77,null,180.64,null,36308.639999999999,{"$nulls":5},36308.639999999999,{"$f":"K241-#REF!","v":{"$error":"#REF!"}},4.6566589999999996E-3,0.71423150000000002]
["13.3",91844,"SINAPI","ELETRODUTO FLEXÍVEL CORRUGADO, PVC, DN 25 MM (3/4\"), PARA CIRCUITOS TERMINAIS, INSTALADO EM LAJE - FORNECIMENTO E INSTALAÇÃO. AF_12/2015",{"$nulls":5},"M",{"$f":"'MEMORIA DE CÁLCULO'!O1704","v":972.5},null,null,{"$f":"VLOOKUP(B242,'SINAPI NÃO DESONERADO'!$G$6:$L$7519,5,0)","v":6.68},6496.3,null,8.2200000000000006,null,7993.95,{"$nulls":5},7993.95,{"$f":"K242-#REF!","v":{"$error":"#REF!"}},1.0252410000000001E-3,0.71525669999999997]
["13.4",91854,"SINAPI","ELETRODUTO FLEXÍVEL CORRUGADO, PVC, DN 25 MM (3/4\"), PARA CIRCUITOS TERMINAIS, INSTALADO EM PAREDE - FORNECIMENTO E INSTALAÇÃO. AF_12/2015",{"$nulls":5},"M",{"$f":"'MEMORIA DE CÁLCULO'!O1711","v":972.5},null,null,{"$f":"VLOOKUP(B243,'SINAPI NÃO DESONERADO'!$G$6:$L$7519,5,0)","v":9.4700000000000006},{"$f":"IF(J243=\"\",\"\",ROUND(K243*N243,2))","v":9209.58},null,{"$f":"IF(J243=\"\",\"\",ROUND(N243*(1+$T$11),2))","v":11.66},null,{"$f":"IF(J243=\"\",\"\",ROUND(K243*Q243,2))","v":11339.35},{"$nulls":5},11339.35,{"$f":"K243-#REF!","v":{"$error":"#REF!"}},1.454295E-3,0.71671099999999999]
["13.5",91924,"SINAPI","CABO DE COBRE FLEXÍVEL ISOLADO, 1,5 MM², ANTI-CHAMA 450/750 V, PARA CIRCUITOS TERMINAIS - FORNECIMENTO E INSTALAÇÃO. AF_12/2015",{"$nulls":5},"M",{"$f":"'MEMORIA DE CÁLCULO'!O1718","v":3610.7},null,null,{"$f":"VLOOKUP(B244,'SINAPI NÃO DESONERADO'!$G$6:$L$7519,5,0)","v":3.33},12023.63,null,4.0999999999999996,null,14803.87,{"$nulls":5},14803.87,{"$f":"K244-#REF!","v":{"$error":"#REF!"}},1.898627E-3,0.71860959999999996]
["13.6",91926,"SINAPI","CABO DE COBRE FLEXÍVEL ISOLADO, 2,5 MM², ANTI-CHAMA 450/750 V, PARA CIRCUITOS TERMINAIS - FORNECIMENTO E INSTALAÇÃO. AF_12/2015",{"$nulls":5},"M",{"$f":"'MEMORIA DE CÁLCULO'!O1725","v":4570.8599999999997},null,null,{"$f":"VLOOKUP(B245,'SINAPI NÃO DESONERADO'!$G$6:$L$7519,5,0)","v":4.87},22260.09,null,5.99,null,27379.45,{"$nulls":5},27379.45,{"$f":"K245-#REF!","v":{"$error":"#REF!"}},3.5114719999999999E-3,0.72212109999999996]
["13.7",91928,"SINAPI","CABO DE COBRE FLEXÍVEL ISOLADO, 4 MM², ANTI-CHAMA 450/750 V, PARA CIRCUITOS TERMINAIS - FORNECIMENTO E INSTALAÇÃO. AF_12/2015",{"$nulls":5},"M",{"$f":"'MEMORIA DE CÁLCULO'!O1732","v":2346.06},null,null,{"$f":"VLOOKUP(B246,'SINAPI NÃO DESONERADO'!$G$6:$L$7519,5,0)","v":7.58},17783.13,null,9.33,null,21888.74,{"$nulls":5},21888.74,{"$f":"K246-#REF!","v":{"$error":"#REF!"}},2.8072769999999999E-3,0.72492840000000003]
["13.8",101886,"SINAPI","CABO DE COBRE ISOLADO, 16 MM², ANTI-CHAMA 450/750 V, INSTALADO EM ELETROCALHA OU PERFILADO - FORNECIMENTO E INSTALAÇÃO. AF_10/2020",{"$nulls":5},"M",{"$f":"'MEMORIA DE CÁLCULO'!O1739","v":266.89999999999998},null,null,{"$f":"VLOOKUP(B247,'SINAPI NÃO DESONERADO'!$G$6:$L$7519,5,0)","v":18.579999999999998},4959,null,22.87,null,6104,{"$nulls":5},6104,{"$f":"K247-#REF!","v":{"$error":"#REF!"}},7.8285099999999999E-4,0.72571129999999995]
["13.9",92986,"SINAPI","CABO DE COBRE FLEXÍVEL ISOLADO, 35 MM², ANTI-CHAMA 0,6/1,0 KV, PARA REDE ENTERRADA DE DISTRIBUIÇÃO DE ENERGIA ELÉTRICA - FORNECIMENTO E INSTALAÇÃO. AF_12/2021",{"$nulls":5},"M",{"$f":"'MEMORIA DE CÁLCULO'!O1746","v":111.6},null,null,{"$f":"VLOOKUP(B248,'SINAPI NÃO DESONERADO'!$G$6:$L$7519,5,0)","v":45.24},5048.78,null,55.68,null,6213.89,{"$nulls":5},6213.89,{"$f":"K248-#REF!","v":{"$error":"#REF!"}},7.9694399999999995E-4,0.72650820000000005]
["13.10",91953,"SINAPI","INTERRUPTOR SIMPLES (1 MÓDULO), 10A/250V, INCLUINDO SUPORTE E PLACA - FORNECIMENTO E INSTALAÇÃO. AF_12/2015",{"$nulls":5},"UN",{"$f":"'MEMORIA DE CÁLCULO'!O1753","v":37},null,null,{"$f":"VLOOKUP(B249,'SINAPI NÃO DESONERADO'!$G$6:$L$7519,5,0)","v":30.22},1118.1400000000001,null,37.19,null,1376.03,{"$nulls":5},1376.03,{"$f":"K249-#REF!","v":{"$error":"#REF!"}},1.76479E-4,0.72668469999999996]
["13.11",91955,"SINAPI","INTERRUPTOR PARALELO (1 MÓDULO), 10A/250V, INCLUINDO SUPORTE E PLACA - FORNECIMENTO E INSTALAÇÃO. AF_12/2015",{"$nulls":5},"UN",{"$f":"'MEMORIA DE CÁLCULO'!O1760","v":6},null,null,{"$f":"VLOOKUP(B250,'SINAPI NÃO DESONERADO'!$G$6:$L$7519,5,0)","v":36.71},220.26,null,45.18,null,271.08,{"$nulls":5},271.08,{"$f":"K250-#REF!","v":{"$error":"#REF!"}},3.4767000000000001E-5,0.72671949999999996]
["13.12",91959,"SINAPI","INTERRUPTOR SIMPLES (2 MÓDULOS), 10A/250V, INCLUINDO SUPORTE E PLACA - FORNECIMENTO E INSTALAÇÃO. AF_12/2015",{"$nulls":5},"UN",{"$f":"'MEMORIA DE CÁLCULO'!O1767","v":18},null,null,{"$f":"VLOOKUP(B251,'SINAPI NÃO DESONERADO'!$G$6:$L$7519,5,0)","v":46.22},831.96,null,56.89,null,1024.02,{"$nulls":5},1024.02,{"$f":"K251-#REF!","v":{"$error":"#REF!"}},1.31333E-4,0.72685080000000002]
["13.13",91969,"SINAPI","INTERRUPTOR PARALELO (3 MÓDULOS), 10A/250V, INCLUINDO SUPORTE E PLACA - FORNECIMENTO E INSTALAÇÃO. AF_12/2015",{"$nulls":5},"UN",{"$f":"'MEMORIA DE CÁLCULO'!O1774","v":2},null,null,{"$f":"VLOOKUP(B252,'SINAPI NÃO DESONERADO'!$G$6:$L$7519,5,0)","v":81.63},163.26,null,100.47,null,200.94,{"$nulls":5},200.94,{"$f":"K252-#REF!","v":{"$error":"#REF!"}},2.5771000000000001E-5,0.72687659999999998]
["13.14",91967,"SINAPI","INTERRUPTOR SIMPLES (3 MÓDULOS), 10A/250V, INCLUINDO SUPORTE E PLACA - FORNECIMENTO E INSTALAÇÃO. AF_12/2015",{"$nulls":5},"UN",{"$f":"'MEMORIA DE CÁLCULO'!O1781","v":4},null,null,{"$f":"VLOOKUP(B253,'SINAPI NÃO DESONERADO'!$G$6:$L$7519,5,0)","v":62.22},248.88,null,76.58,null,306.32,{"$nulls":5},306.32,{"$f":"K253-#REF!","v":{"$error":"#REF!"}},3.9286000000000003E-5,0.72691589999999995]
["13.15",91996,"SINAPI","TOMADA MÉDIA DE EMBUTIR (1 MÓDULO), 2P+T 10 A, INCLUINDO SUPORTE E PLACA - FORNECIMENTO E INSTALAÇÃO. AF_12/2015",{"$nulls":5},"UN",{"$f":"'MEMORIA DE CÁLCULO'!O1788","v":66},null,null,{"$f":"VLOOKUP(B254,'SINAPI NÃO DESONERADO'!$G$6:$L$7519,5,0)","v":35.450000000000003},{"$f":"IF(J254=\"\",\"\",ROUND(K254*N254,2))","v":2339.6999999999998},null,{"$f":"IF(J254=\"\",\"\",ROUND(N254*(1+$T$11),2))","v":43.63},null,{"$f":"IF(J254=\"\",\"\",ROUND(K254*Q254,2))","v":2879.58},{"$nulls":5},2879.58,{"$f":"K254-#REF!","v":{"$error":"#REF!"}},3.69312E-4,0.72728519999999997]
["13.16",92000,"SINAPI","TOMADA BAIXA DE EMBUTIR (1 MÓDULO), 2P+T 10 A, INCLUINDO SUPORTE E PLACA - FORNECIMENTO E INSTALAÇÃO. AF_12/2015",{"$nulls":5},"UN",{"$f":"'MEMORIA DE CÁLCULO'!O1795","v":69},null,null,{"$f":"VLOOKUP(B255,'SINAPI NÃO DESONERADO'!$G$6:$L$7519,5,0)","v":31.78},2192.8200000000002,null,39.11,null,2698.59,{"$nulls":5},2698.59,{"$f":"K255-#REF!","v":{"$error":"#REF!"}},3.4610000000000001E-4,0.72763129999999998]
["13.17",92004,"SINAPI","TOMADA MÉDIA DE EMBUTIR (2 MÓDULOS), 2P+T 10 A, INCLUINDO SUPORTE E PLACA - FORNECIMENTO E INSTALAÇÃO. AF_12/2015",{"$nulls":5},"UN",{"$f":"'MEMORIA DE CÁLCULO'!O1802","v":76},null,null,{"$f":"VLOOKUP(B256,'SINAPI NÃO DESONERADO'!$G$6:$L$7519,5,0)","v":56.67},4306.92,null,69.75,null,5301,{"$nulls":5},5301,{"$f":"K256-#REF!","v":{"$error":"#REF!"}},6.7986399999999997E-4,0.72831120000000005]
["13.18",92008,"SINAPI","TOMADA BAIXA DE EMBUTIR (2 MÓDULOS), 2P+T 10 A, INCLUINDO SUPORTE E PLACA - FORNECIMENTO E INSTALAÇÃO. AF_12/2015",{"$nulls":5},"UN",{"$f":"'MEMORIA DE CÁLCULO'!O1809","v":81},null,null,{"$f":"VLOOKUP(B257,'SINAPI NÃO DESONERADO'!$G$6:$L$7519,5,0)","v":49.29},3992.49,null,60.67,null,4914.2700000000004,{"$nulls":5},4914.2700000000004,{"$f":"K257-#REF!","v":{"$error":"#REF!"}},6.3026499999999997E-4,0.72894150000000002]
["13.19",101880,"SINAPI","QUADRO DE DISTRIBUIÇÃO DE ENERGIA EM CHAPA DE AÇO GALVANIZADO, DE EMBUTIR, COM BARRAMENTO TRIFÁSICO, PARA 30 DISJUNTORES DIN 150A - FORNECIMENTO E INSTALAÇÃO. AF_10/2020",{"$nulls":5},"UN",{"$f":"'MEMORIA DE CÁLCULO'!O1816","v":2},null,null,{"$f":"VLOOKUP(B258,'SINAPI NÃO DESONERADO'!$G$6:$L$7519,5,0)","v":696.07},1392.14,null,856.72,null,1713.44,{"$nulls":5},1713.44,{"$f":"K258-#REF!","v":{"$error":"#REF!"}},2.1975200000000001E-4,0.72916130000000001]
["13.20",101882,"SINAPI","QUADRO DE DISTRIBUIÇÃO DE ENERGIA EM CHAPA DE AÇO GALVANIZADO, DE EMBUTIR, COM BARRAMENTO TRIFÁSICO, PARA 30 DISJUNTORES DIN 225A - FORNECIMENTO E INSTALAÇÃO. AF_10/2020",{"$nulls":5},"UN",{"$f":"'MEMORIA DE CÁLCULO'!O1823","v":2},null,null,{"$f":"VLOOKUP(B259,'SINAPI NÃO DESONERADO'!$G$6:$L$7519,5,0)","v":1420.4},2840.8,null,1748.23,null,3496.46,{"$nulls":5},3496.46,{"$f":"K259-#REF!","v":{"$error":"#REF!"}},4.4842800000000001E-4,0.72960970000000003]
["13.21",93654,"SINAPI","DISJUNTOR MONOPOLAR TIPO DIN, CORRENTE NOMINAL DE 16A - FORNECIMENTO E INSTALAÇÃO. AF_10/2020",{"$nulls":5},"UN",{"$f":"'MEMORIA DE CÁLCULO'!O1830","v":31},null,null,{"$f":"VLOOKUP(B260,'SINAPI NÃO DESONERADO'!$G$6:$L$7519,5,0)","v":13.34},413.54,null,16.420000000000002,null,509.02,{"$nulls":5},509.02,{"$f":"K260-#REF!","v":{"$error":"#REF!"}},6.5283000000000005E-5,0.72967499999999996]
["13.22",93655,"SINAPI","DISJUNTOR MONOPOLAR TIPO DIN, CORRENTE NOMINAL DE 20A - FORNECIMENTO E INSTALAÇÃO. AF_10/2020",{"$nulls":5},"UN",{"$f":"'MEMORIA DE CÁLCULO'!O1837","v":8},null,null,{"$f":"VLOOKUP(B261,'SINAPI NÃO DESONERADO'!$G$6:$L$7519,5,0)","v":14.66},117.28,null,18.04,null,144.32,{"$nulls":5},144.32,{"$f":"K261-#REF!","v":{"$error":"#REF!"}},1.8508999999999998E-5,0.72969349999999999]
["13.23",93656,"SINAPI","DISJUNTOR MONOPOLAR TIPO DIN, CORRENTE NOMINAL DE 25A - FORNECIMENTO E INSTALAÇÃO. AF_10/2020",{"$nulls":5},"UN",{"$f":"'MEMORIA DE CÁLCULO'!O1844","v":4},null,null,{"$f":"VLOOKUP(B262,'SINAPI NÃO DESONERADO'!$G$6:$L$7519,5,0)","v":14.66},58.64,null,18.04,null,72.16,{"$nulls":5},72.16,{"$f":"K262-#REF!","v":{"$error":"#REF!"}},9.2550000000000003E-6,0.72970279999999998]
["13.24",93657,"SINAPI","DISJUNTOR MONOPOLAR TIPO DIN, CORRENTE NOMINAL DE 32A - FORNECIMENTO E INSTALAÇÃO. AF_10/2020",{"$nulls":5},"UN",{"$f":"'MEMORIA DE CÁLCULO'!O1851","v":1},null,null,{"$f":"VLOOKUP(B263,'SINAPI NÃO DESONERADO'!$G$6:$L$7519,5,0)","v":16.21},16.21,null,19.95,null,19.95,{"$nulls":5},19.95,{"$f":"K263-#REF!","v":{"$error":"#REF!"}},2.559E-6,0.72970539999999995]
["13.25",93673,"SINAPI","DISJUNTOR TRIPOLAR TIPO DIN, CORRENTE NOMINAL DE 50A - FORNECIMENTO E INSTALAÇÃO. AF_10/2020",{"$nulls":5},"UN",{"$f":"'MEMORIA DE CÁLCULO'!O1858","v":2},null,null,{"$f":"VLOOKUP(B264,'SINAPI NÃO DESONERADO'!$G$6:$L$7519,5,0)","v":103.71},207.42,null,127.65,null,255.3,{"$nulls":5},255.3,{"$f":"K264-#REF!","v":{"$error":"#REF!"}},3.2743000000000001E-5,0.72973809999999995]
["13.26",101895,"SINAPI","DISJUNTOR TERMOMAGNÉTICO TRIPOLAR , CORRENTE NOMINAL DE 125A - FORNECIMENTO E INSTALAÇÃO. AF_10/2020",{"$nulls":5},"UN",{"$f":"'MEMORIA DE CÁLCULO'!O1865","v":1},null,null,{"$f":"VLOOKUP(B265,'SINAPI NÃO DESONERADO'!$G$6:$L$7519,5,0)","v":456.54},456.54,null,561.91,null,561.91,{"$nulls":5},561.91,{"$f":"K265-#REF!","v":{"$error":"#REF!"}},7.2065999999999997E-5,0.72981019999999996]
["13.27",101946,"SINAPI","QUADRO DE MEDIÇÃO GERAL DE ENERGIA PARA 1 MEDIDOR DE SOBREPOR - FORNECIMENTO E INSTALAÇÃO. AF_10/2020",{"$nulls":5},"UN",{"$f":"'MEMORIA DE CÁLCULO'!O1872","v":1},null,null,{"$f":"VLOOKUP(B266,'SINAPI NÃO DESONERADO'!$G$6:$L$7519,5,0)","v":151.41999999999999},151.41999999999999,null,186.37,null,186.37,{"$nulls":5},186.37,{"$f":"K266-#REF!","v":{"$error":"#REF!"}},2.3901999999999999E-5,0.72983410000000004]
["13.28",97586,"SINAPI","LUMINÁRIA TIPO CALHA, DE SOBREPOR, COM 2 LÂMPADAS TUBULARES FLUORESCENES DE 36 W, COM REATOR DE PARTIDA RÁPIDA - FORNECIMENTO E INSTALAÇÃO. AF_02/2020",{"$nulls":5},"UN",{"$f":"'MEMORIA DE CÁLCULO'!O1879","v":216},null,null,{"$f":"VLOOKUP(B267,'SINAPI NÃO DESONERADO'!$G$6:$L$7519,5,0)","v":158.54},34244.639999999999,null,195.13,null,42148.08,{"$nulls":5},42148.08,{"$f":"K267-#REF!","v":{"$error":"#REF!"}},5.4055800000000001E-3,0.73523970000000005]
["13.29",101532,"SINAPI","ENTRADA DE ENERGIA ELÉTRICA, SUBTERRÂNEA, TRIFÁSICA, COM CAIXA DE SOBREPOR, CABO DE 35 MM2 E DISJUNTOR DIN 50A (NÃO INCLUSA MURETA DE ALVENARIA). AF_07/2020_PS",{"$nulls":5},"UN",{"$f":"'MEMORIA DE CÁLCULO'!O1886","v":1},null,null,{"$f":"VLOOKUP(B268,'SINAPI NÃO DESONERADO'!$G$6:$L$7519,5,0)","v":1995.93},1995.93,null,2456.59,null,2456.59,{"$nulls":5},2456.59,{"$f":"K268-#REF!","v":{"$error":"#REF!"}},3.1506299999999998E-4,0.73555479999999995]
["13.30",93008,"SINAPI","ELETRODUTO RÍGIDO ROSCÁVEL, PVC, DN 50 MM (1 1/2\"), PARA REDE ENTERRADA DE DISTRIBUIÇÃO DE ENERGIA ELÉTRICA - FORNECIMENTO E INSTALAÇÃO. AF_12/2021",{"$nulls":5},"M",{"$f":"'MEMORIA DE CÁLCULO'!O1893","v":3},null,null,{"$f":"VLOOKUP(B269,'SINAPI NÃO DESONERADO'!$G$6:$L$7519,5,0)","v":19.3},57.9,null,23.75,null,71.25,{"$nulls":5},71.25,{"$f":"K269-#REF!","v":{"$error":"#REF!"}},9.1379999999999996E-6,0.73556390000000005]
["13.31",93009,"SINAPI","ELETRODUTO RÍGIDO ROSCÁVEL, PVC, DN 60 MM (2\"), PARA REDE ENTERRADA DE DISTRIBUIÇÃO DE ENERGIA ELÉTRICA - FORNECIMENTO E INSTALAÇÃO. AF_12/2021",{"$nulls":5},"M",{"$f":"'MEMORIA DE CÁLCULO'!O1900","v":30},null,null,{"$f":"VLOOKUP(B270,'SINAPI NÃO DESONERADO'!$G$6:$L$7519,5,0)","v":28.91},867.3,null,35.58,null,1067.4000000000001,{"$nulls":5},1067.4000000000001,{"$f":"K270-#REF!","v":{"$error":"#REF!"}},1.3689600000000001E-4,0.73570080000000004]
["13.32",93010,"SINAPI","ELETRODUTO RÍGIDO ROSCÁVEL, PVC, DN 75 MM (2 1/2\"), PARA REDE ENTERRADA DE DISTRIBUIÇÃO DE ENERGIA ELÉTRICA - FORNECIMENTO E INSTALAÇÃO. AF_12/2021",{"$nulls":5},"M",{"$f":"'MEMORIA DE CÁLCULO'!O1907","v":70},null,null,{"$f":"VLOOKUP(B271,'SINAPI NÃO DESONERADO'!$G$6:$L$7519,5,0)","v":40.54},{"$f":"IF(J271=\"\",\"\",ROUND(K271*N271,2))","v":2837.8},null,{"$f":"IF(J271=\"\",\"\",ROUND(N271*(1+$T$11),2))","v":49.9},null,{"$f":"IF(J271=\"\",\"\",ROUND(K271*Q271,2))","v":3493},{"$nulls":5},3493,{"$f":"K271-#REF!","v":{"$error":"#REF!"}},4.4798499999999997E-4,0.73614880000000005]
["13.33",101666,"SINAPI","REFLETOR RETANGULAR FECHADO, COM LÂMPADA VAPOR METÁLICO 400 W - FORNECIMENTO E INSTALAÇÃO. AF_08/2020",{"$nulls":5},"UN",{"$f":"'MEMORIA DE CÁLCULO'!O1914","v":4},null,null,{"$f":"VLOOKUP(B272,'SINAPI NÃO DESONERADO'!$G$6:$L$7519,5,0)","v":411.01},1644.04,null,505.87,null,2023.48,{"$nulls":5},2023.48,{"$f":"K272-#REF!","v":{"$error":"#REF!"}},2.59516E-4,0.73640830000000002]
["13.34",100619,"SINAPI","POSTE DECORATIVO PARA JARDIM EM AÇO TUBULAR, H = *2,5* M, SEM LUMINÁRIA - FORNECIMENTO E INSTALAÇÃO. AF_11/2019",{"$nulls":5},"UN",{"$f":"'MEMORIA DE CÁLCULO'!O1921","v":10},null,null,{"$f":"VLOOKUP(B273,'SINAPI NÃO DESONERADO'!$G$6:$L$7519,5,0)","v":589.1},5891,null,725.06,null,7250.6,{"$nulls":5},7250.6,{"$f":"K273-#REF!","v":{"$error":"#REF!"}},9.2990499999999997E-4,0.73733820000000005]
["13.35",101654,"SINAPI","LUMINÁRIA DE LED PARA ILUMINAÇÃO PÚBLICA, DE 33 W ATÉ 50 W - FORNECIMENTO E INSTALAÇÃO. AF_08/2020",{"$nulls":5},"UN",{"$f":"'MEMORIA DE CÁLCULO'!O1928","v":10},null,null,{"$f":"VLOOKUP(B274,'SINAPI NÃO DESONERADO'!$G$6:$L$7519,5,0)","v":289.55},2895.5,null,356.38,null,3563.8,{"$nulls":5},3563.8,{"$f":"K274-#REF!","v":{"$error":"#REF!"}},4.5706499999999999E-4,0.73779530000000004]
["13.36",97891,"SINAPI","CAIXA ENTERRADA ELÉTRICA RETANGULAR, EM ALVENARIA COM BLOCOS DE CONCRETO, FUNDO COM BRITA, DIMENSÕES INTERNAS: 0,4X0,4X0,4 M. AF_12/2020",{"$nulls":5},"UN",{"$f":"'MEMORIA DE CÁLCULO'!O1935","v":15},null,null,{"$f":"VLOOKUP(B275,'SINAPI NÃO DESONERADO'!$G$6:$L$7519,5,0)","v":205.61},3084.15,null,253.06,null,3795.9,{"$nulls":5},3795.9,{"$f":"K275-#REF!","v":{"$error":"#REF!"}},4.8683199999999998E-4,0.73828210000000005]
["13.37",91836,"SINAPI","ELETRODUTO FLEXÍVEL CORRUGADO, PVC, DN 32 MM (1\"), PARA CIRCUITOS TERMINAIS, INSTALADO EM FORRO - FORNECIMENTO E INSTALAÇÃO. AF_12/2015",{"$nulls":5},"M",{"$f":"'MEMORIA DE CÁLCULO'!O1942","v":420},null,null,{"$f":"VLOOKUP(B276,'SINAPI NÃO DESONERADO'!$G$6:$L$7519,5,0)","v":14.07},5909.4,null,17.32,null,7274.4,{"$nulls":5},7274.4,{"$f":"K276-#REF!","v":{"$error":"#REF!"}},9.3295699999999999E-4,0.73921510000000001]
["13.38",91940,"SINAPI","CAIXA RETANGULAR 4\" X 2\" MÉDIA (1,30 M DO PISO), PVC, INSTALADA EM PAREDE - FORNECIMENTO E INSTALAÇÃO. AF_12/2015",{"$nulls":5},"UN",{"$f":"'MEMORIA DE CÁLCULO'!O1949","v":358},null,null,{"$f":"VLOOKUP(B277,'SINAPI NÃO DESONERADO'!$G$6:$L$7519,5,0)","v":17.5},6265,null,21.54,null,7711.32,{"$nulls":5},7711.32,{"$f":"K277-#REF!","v":{"$error":"#REF!"}},9.8899300000000008E-4,0.74020410000000003]
["13.39",{"$f":"'Relatório de composições'!B402","v":"COMP. 24"},{"$f":"'Relatório de composições'!C402","v":"COMP. PRÓPRIA 11° SR"},{"$f":"'Relatório de composições'!D402","v":"PONTO DE EMBUTIR SECO, PARA UMA (1) PLACA CEGA 4\"X4\", COM ELETRODUTO FLEXÍVEL CORRUGADO, ANTI-CHAMA, DN 25MM (3/4\"), EMBUTIDO NA ALVENARIA E SONDA EM ARAME GALVANIZADO, DIÂMETRO DE 1,24MM (BWG 18), COM DISTÂNCIA DE ATÉ DEZ (10) METROS DO PONTO DE DERIVAÇÃO, INCLUSIVE CAIXA DE LIGAÇÃO, SUPORTE E FIXAÇÃO DO ELETRODUTO COM ENCHIMENTO DO RASGO NA ALVENARIA/CONCRETO COM ARGAMASSA"},{"$nulls":5},{"$f":"'[71]Relatório de composições'!$G$118","v":"UN"},{"$f":"'MEMORIA DE CÁLCULO'!O1956","v":169},null,null,{"$f":"'Relatório de composições'!I408","v":52.11},8806.59,null,64.14,null,10839.66,{"$nulls":5},10839.66,{"$f":"K278-#REF!","v":{"$error":"#REF!"}},1.3902090000000001E-3,0.74159430000000004]
[null,null,null,"SPDA",{"$nulls":20},0,{"$f":"K279-#REF!","v":{"$error":"#REF!"}},0,0.74159430000000004]
["13.40",96973,"SINAPI","CORDOALHA DE COBRE NU 35 MM², NÃO ENTERRADA, COM ISOLADOR - FORNECIMENTO E INSTALAÇÃO. AF_12/2017",{"$nulls":5},"M",{"$f":"'MEMORIA DE CÁLCULO'!O1963","v":280},null,null,{"$f":"VLOOKUP(B280,'SINAPI NÃO DESONERADO'!$G$6:$L$7519,5,0)","v":75.790000000000006},{"$f":"IF(J280=\"\",\"\",ROUND(K280*N280,2))","v":21221.200000000001},null,{"$f":"IF(J280=\"\",\"\",ROUND(N280*(1+$T$11),2))","v":93.28},null,{"$f":"IF(J280=\"\",\"\",ROUND(K280*Q280,2))","v":26118.400000000001},{"$nulls":5},26118.400000000001,{"$f":"K280-#REF!","v":{"$error":"#REF!"}},3.3497399999999999E-3,0.74494400000000005]
["13.41",96977,"SINAPI","CORDOALHA DE COBRE NU 50 MM², ENTERRADA, SEM ISOLADOR - FORNECIMENTO E INSTALAÇÃO. AF_12/2017",{"$nulls":5},"M",{"$f":"'MEMORIA DE CÁLCULO'!O1970","v":180},null,null,{"$f":"VLOOKUP(B281,'SINAPI NÃO DESONERADO'!$G$6:$L$7519,5,0)","v":68.739999999999995},12373.2,null,84.61,null,15229.8,{"$nulls":5},15229.8,{"$f":"K281-#REF!","v":{"$error":"#REF!"}},1.9532540000000002E-3,0.74689729999999999]
["13.42",96984,"SINAPI","ELETRODUTO PVC 40MM (1 ¼ ) PARA SPDA - FORNECIMENTO E INSTALAÇÃO. AF_12/2017",{"$nulls":5},"UN",{"$f":"'MEMORIA DE CÁLCULO'!O1977","v":40},null,null,{"$f":"VLOOKUP(B282,'SINAPI NÃO DESONERADO'!$G$6:$L$7519,5,0)","v":57.15},2286,null,70.34,null,2813.6,{"$nulls":5},2813.6,{"$f":"K282-#REF!","v":{"$error":"#REF!"}},3.6085000000000002E-4,0.74725819999999998]
["13.43",96985,"SINAPI","HASTE DE ATERRAMENTO 5/8 PARA SPDA - FORNECIMENTO E INSTALAÇÃO. AF_12/2017",{"$nulls":5},"UN",{"$f":"'MEMORIA DE CÁLCULO'!O1984","v":16},null,null,{"$f":"VLOOKUP(B283,'SINAPI NÃO DESONERADO'!$G$6:$L$7519,5,0)","v":95.04},1520.64,null,116.98,null,1871.68,{"$nulls":5},1871.68,{"$f":"K283-#REF!","v":{"$error":"#REF!"}},2.4004699999999999E-4,0.7474982]
["13.44",96987,"SINAPI","BASE METÁLICA PARA MASTRO 1 ½ PARA SPDA - FORNECIMENTO E INSTALAÇÃO. AF_12/2017",{"$nulls":5},"UN",{"$f":"'MEMORIA DE CÁLCULO'!O1991","v":3},null,null,{"$f":"VLOOKUP(B284,'SINAPI NÃO DESONERADO'!$G$6:$L$7519,5,0)","v":118.02},354.06,null,145.26,null,435.78,{"$nulls":5},435.78,{"$f":"K284-#REF!","v":{"$error":"#REF!"}},{"$f":"Y284/$S$363","v":5.5890000000000002E-5},0.7475541]
["13.45",96988,"SINAPI","MASTRO 1 ½ PARA SPDA - FORNECIMENTO E INSTALAÇÃO. AF_12/2017",{"$nulls":5},"UN",{"$f":"'MEMORIA DE CÁLCULO'!O1998","v":3},null,null,{"$f":"VLOOKUP(B285,'SINAPI NÃO DESONERADO'!$G$6:$L$7519,5,0)","v":160.6},481.8,null,197.67,null,593.01,{"$nulls":5},593.01,{"$f":"K285-#REF!","v":{"$error":"#REF!"}},7.6055000000000003E-5,{"$f":"AA285+AB284","v":0.74763020000000002}]
["13.46",96989,"SINAPI","CAPTOR TIPO FRANKLIN PARA SPDA - FORNECIMENTO E INSTALAÇÃO. AF_12/2017",{"$nulls":5},"UN",{"$f":"'MEMORIA DE CÁLCULO'!O2005","v":3},null,null,{"$f":"VLOOKUP(B286,'SINAPI NÃO DESONERADO'!$G$6:$L$7519,5,0)","v":134.44},403.32,null,165.47,null,496.41,{"$nulls":5},496.41,{"$f":"K286-#REF!","v":{"$error":"#REF!"}},6.3665999999999997E-5,0.74769390000000002]
["13.47",98111,"SINAPI","CAIXA DE INSPEÇÃO PARA ATERRAMENTO, CIRCULAR, EM POLIETILENO, DIÂMETRO INTERNO = 0,3 M. AF_12/2020",{"$nulls":5},"UN",{"$f":"'MEMORIA DE CÁLCULO'!O2012","v":16},null,null,{"$f":"VLOOKUP(B287,'SINAPI NÃO DESONERADO'!$G$6:$L$7519,5,0)","v":55.7},{"$f":"IF(J287=\"\",\"\",ROUND(K287*N287,2))","v":891.2},null,{"$f":"IF(J287=\"\",\"\",ROUND(N287*(1+$T$11),2))","v":68.56},null,{"$f":"IF(J287=\"\",\"\",ROUND(K287*Q287,2))","v":1096.96},{"$nulls":5},1096.96,{"$f":"K287-#REF!","v":{"$error":"#REF!"}},1.4068699999999999E-4,0.74783460000000002]
[null,"SUB TOTAL:",{"$nulls":16},{"$f":"SUM(S240:U287)","v":378025.87},null,null,359518.42,null,null,0,{"$f":"K288-#REF!","v":{"$error":"#REF!"}},0,0.74783460000000002]
["14.0",null,null,"ESQUADRIAS",{"$nulls":20},0,{"$f":"K289-#REF!","v":{"$error":"#REF!"}},0,0.74783460000000002]
["14.1",{"$f":"'Relatório de composições'!B415","v":"COMP. 25"},{"$f":"C304","v":"COMP. PRÓPRIA 11° SR"},"KIT DE PORTA DE MADEIRA PARA PINTURA, SEMI-OCA (LEVE OU MÉDIA), PADRÃO MÉDIO, 80X210CM, ESPESSURA DE 3,5CM, ITENS INCLUSOS: DOBRADIÇAS, MONTAGEM E INSTALAÇÃO DO BATENTE, FECHADURA COM EXECUÇÃO DO FURO - FORNECIMENTO E INSTALAÇÃO. AF_12/2019",{"$nulls":5},"UN",{"$f":"'MEMORIA DE CÁLCULO'!O2019","v":49},null,null,{"$f":"'Relatório de composições'!I424","v":655.13},32101.37,null,806.33,null,39510.17,{"$nulls":5},39510.17,{"$f":"K290-#REF!","v":{"$error":"#REF!"}},5.0672620000000003E-3,0.75290190000000001]
["14.2",90844,"SINAPI","KIT DE PORTA DE MADEIRA PARA PINTURA, SEMI-OCA (LEVE OU MÉDIA), PADRÃO MÉDIO, 90X210CM, ESPESSURA DE 3,5CM, ITENS INCLUSOS: DOBRADIÇAS, MONTAGEM E INSTALAÇÃO DO BATENTE, FECHADURA COM EXECUÇÃO DO FURO - FORNECIMENTO E INSTALAÇÃO. AF_12/2019",{"$nulls":5},"UN",{"$f":"'MEMORIA DE CÁLCULO'!O2026","v":7},null,null,{"$f":"VLOOKUP(B291,'SINAPI NÃO DESONERADO'!G:L,5,0)","v":1038.98},7272.86,null,1278.78,null,8951.4599999999991,{"$nulls":5},8951.4599999999991,{"$f":"K291-#REF!","v":{"$error":"#REF!"}},1.148044E-3,0.75404990000000005]
["14.3",100700,"SINAPI","PORTA DE MADEIRA COMPENSADA LISA PARA PINTURA, 120X210X3,5CM, 2 FOLHAS, INCLUSO ADUELA 2A, ALIZAR 2A E DOBRADIÇAS. AF_12/2019",{"$nulls":5},"UN",{"$f":"'MEMORIA DE CÁLCULO'!O2033","v":3},null,null,{"$f":"VLOOKUP(B292,'SINAPI NÃO DESONERADO'!$G$6:$L$7519,5,0)","v":786.06},2358.1799999999998,null,967.48,null,2902.44,{"$nulls":5},2902.44,{"$f":"K292-#REF!","v":{"$error":"#REF!"}},3.7224399999999998E-4,0.75442209999999998]
["14.4",100702,"SINAPI","PORTA DE CORRER DE ALUMÍNIO, COM DUAS FOLHAS PARA VIDRO, INCLUSO VIDRO LISO INCOLOR, FECHADURA E PUXADOR, SEM ALIZAR. AF_12/2019",{"$nulls":5},"M²",{"$f":"'MEMORIA DE CÁLCULO'!O2040","v":6.72},null,null,{"$f":"VLOOKUP(B293,'SINAPI NÃO DESONERADO'!$G$6:$L$7519,5,0)","v":461.87},3103.77,null,568.47,null,3820.12,{"$nulls":5},3820.12,{"$f":"K293-#REF!","v":{"$error":"#REF!"}},4.8993799999999998E-4,0.75491200000000003]
["14.5",91341,"SINAPI","PORTA EM ALUMÍNIO DE ABRIR TIPO VENEZIANA COM GUARNIÇÃO, FIXAÇÃO COM PARAFUSOS - FORNECIMENTO E INSTALAÇÃO. AF_12/2019",{"$nulls":5},"M²",{"$f":"'MEMORIA DE CÁLCULO'!O2047","v":20.58},null,null,{"$f":"VLOOKUP(B294,'SINAPI NÃO DESONERADO'!$G$6:$L$7519,5,0)","v":662.6},{"$f":"IF(J294=\"\",\"\",ROUND(K294*N294,2))","v":13636.31},null,{"$f":"IF(J294=\"\",\"\",ROUND(N294*(1+$T$11),2))","v":815.53},null,{"$f":"IF(J294=\"\",\"\",ROUND(K294*Q294,2))","v":16783.61},{"$nulls":5},16783.61,{"$f":"K294-#REF!","v":{"$error":"#REF!"}},2.1525329999999999E-3,0.75706450000000003]
["14.6",100701,"SINAPI","PORTA DE FERRO, DE ABRIR, TIPO GRADE COM CHAPA, COM GUARNIÇÕES. AF_12/2019",{"$nulls":5},"M²",{"$f":"'MEMORIA DE CÁLCULO'!O2054","v":11},null,null,{"$f":"VLOOKUP(B295,'SINAPI NÃO DESONERADO'!$G$6:$L$7519,5,0)","v":662.28},7285.08,null,815.13,null,8966.43,{"$nulls":5},8966.43,{"$f":"K295-#REF!","v":{"$error":"#REF!"}},1.1499640000000001E-3,0.75821450000000001]
["14.7",94569,"SINAPI","JANELA DE ALUMÍNIO TIPO MAXIM-AR, COM VIDROS, BATENTE E FERRAGENS. EXCLUSIVE ALIZAR, ACABAMENTO E CONTRAMARCO. FORNECIMENTO E INSTALAÇÃO. AF_12/2019",{"$nulls":5},"M²",{"$f":"'MEMORIA DE CÁLCULO'!O2062","v":7.44},null,null,{"$f":"VLOOKUP(B296,'SINAPI NÃO DESONERADO'!$G$6:$L$7519,5,0)","v":622.08000000000004},4628.28,null,765.66,null,5696.51,{"$nulls":5},5696.51,{"$f":"K296-#REF!","v":{"$error":"#REF!"}},7.3058900000000002E-4,0.75894510000000004]
["14.8",94570,"SINAPI","JANELA DE ALUMÍNIO DE CORRER COM 2 FOLHAS PARA VIDROS, COM VIDROS, BATENTE, ACABAMENTO COM ACETATO OU BRILHANTE E FERRAGENS. EXCLUSIVE ALIZAR E CONTRAMARCO. FORNECIMENTO E INSTALAÇÃO. AF_12/2019",{"$nulls":5},"M²",{"$f":"'MEMORIA DE CÁLCULO'!O2071","v":60.15},null,null,{"$f":"VLOOKUP(B297,'SINAPI NÃO DESONERADO'!$G$6:$L$7519,5,0)","v":321.77},19354.47,null,396.03,null,23821.200000000001,{"$nulls":5},23821.200000000001,{"$f":"K297-#REF!","v":{"$error":"#REF!"}},3.0551189999999998E-3,0.76200020000000002]
["14.9",102176,"SINAPI","INSTALAÇÃO DE VIDRO LAMINADO, E = 8 MM (4+4), ENCAIXADO EM PERFIL U. AF_01/2021_PS",{"$nulls":5},"M²",{"$f":"'MEMORIA DE CÁLCULO'!O2080","v":56.12},null,null,{"$f":"VLOOKUP(B298,'SINAPI NÃO DESONERADO'!$G$6:$L$7519,5,0)","v":1585.09},88955.25,null,1950.93,null,109486.19,{"$nulls":5},{"$f":"ROUND(K298*Q298,2)","v":109486.19},{"$f":"K298-#REF!","v":{"$error":"#REF!"}},1.4041834E-2,0.77604200000000001]
["14.10",94590,"SINAPI","CONTRAMARCO DE ALUMÍNIO, FIXAÇÃO COM PARAFUSO - FORNECIMENTO E INSTALAÇÃO. AF_12/2019",{"$nulls":5},"M",{"$f":"'MEMORIA DE CÁLCULO'!O2091","v":220.7},null,null,{"$f":"VLOOKUP(B299,'SINAPI NÃO DESONERADO'!$G$6:$L$7519,5,0)","v":20.27},4473.59,null,24.95,null,5506.47,{"$nulls":5},5506.47,{"$f":"K299-#REF!","v":{"$error":"#REF!"}},7.0621599999999996E-4,0.7767482]
["14.11",102163,"SINAPI","INSTALAÇÃO DE VIDRO LISO FUME, E = 4 MM, EM ESQUADRIA DE ALUMÍNIO OU PVC, FIXADO COM BAGUETE. AF_01/2021_PS",{"$nulls":5},"M²",{"$f":"'MEMORIA DE CÁLCULO'!O2098","v":24},null,null,{"$f":"VLOOKUP(B300,'SINAPI NÃO DESONERADO'!$G$6:$L$7519,5,0)","v":541.26},12990.24,null,666.18,null,15988.32,{"$nulls":5},15988.32,{"$f":"K300-#REF!","v":{"$error":"#REF!"}},2.0505359999999999E-3,0.77879869999999995]
["14.12",102185,"SINAPI","PORTA DE ABRIR COM MOLA HIDRÁULICA, EM VIDRO TEMPERADO, 2 FOLHAS DE 90X210 CM, ESPESSURA DD 10MM, INCLUSIVE ACESSÓRIOS. AF_01/2021",{"$nulls":5},"UN",{"$f":"'MEMORIA DE CÁLCULO'!O2105","v":1},null,null,{"$f":"VLOOKUP(B301,'SINAPI NÃO DESONERADO'!$G$6:$L$7519,5,0)","v":5150.84},5150.84,null,6339.65,null,6339.65,{"$nulls":5},6339.65,{"$f":"K301-#REF!","v":{"$error":"#REF!"}},8.1307299999999999E-4,0.77961179999999997]
[null,"SUB TOTAL:",{"$nulls":16},{"$f":"SUM(S290:U301)","v":247772.57},null,null,273773.5,null,null,0,{"$f":"K302-#REF!","v":{"$error":"#REF!"}},0,0.77961179999999997]
["15.0",null,null,"INCENDIO",{"$nulls":20},0,{"$f":"K303-#REF!","v":{"$error":"#REF!"}},0,0.77961179999999997]
["15.1",{"$f":"'Relatório de composições'!B431","v":"COMP. 26"},{"$f":"'Relatório de composições'!C431","v":"COMP. PRÓPRIA 11° SR"},{"$f":"'Relatório de composições'!D431","v":"PONTO DE TOMADA PARA LUMINÁRIA DE INCÊNDIO, INCLUINDO TOMADA, CABO, ELETRODUTO E CAIXA."},{"$nulls":5},"UN",{"$f":"'MEMORIA DE CÁLCULO'!O2112","v":99},null,null,{"$f":"'Relatório de composições'!I437","v":132.22},{"$f":"IF(J304=\"\",\"\",ROUND(K304*N304,2))","v":13089.78},null,{"$f":"IF(J304=\"\",\"\",ROUND(N304*(1+$T$11),2))","v":162.74},null,{"$f":"IF(J304=\"\",\"\",ROUND(K304*Q304,2))","v":16111.26},{"$nulls":5},16111.26,{"$f":"K304-#REF!","v":{"$error":"#REF!"}},2.0663029999999998E-3,0.78167810000000004]
["15.2",97599,"SINAPI","LUMINÁRIA DE EMERGÊNCIA, COM 30 LÂMPADAS LED DE 2 W, SEM REATOR - FORNECIMENTO E INSTALAÇÃO. AF_02/2020",{"$nulls":5},"UN",{"$f":"'MEMORIA DE CÁLCULO'!O2119","v":88},null,null,{"$f":"VLOOKUP(B305,'SINAPI NÃO DESONERADO'!$G$6:$L$7519,5,0)","v":27.41},2412.08,null,33.74,null,2969.12,{"$nulls":5},2969.12,{"$f":"K305-#REF!","v":{"$error":"#REF!"}},3.8079599999999998E-4,0.7820589]
["15.3",101909,"SINAPI","EXTINTOR DE INCÊNDIO PORTÁTIL COM CARGA DE PQS DE 6 KG, CLASSE BC - FORNECIMENTO E INSTALAÇÃO. AF_10/2020_P",{"$nulls":5},"UN",{"$f":"'MEMORIA DE CÁLCULO'!O2126","v":9},null,null,{"$f":"VLOOKUP(B306,'SINAPI NÃO DESONERADO'!$G$6:$L$7519,5,0)","v":410.13},3691.17,null,504.79,null,4543.1099999999997,{"$nulls":5},4543.1099999999997,{"$f":"K306-#REF!","v":{"$error":"#REF!"}},5.8266299999999997E-4,0.78264160000000005]
["15.4",{"$f":"'Relatório de composições'!B444","v":"COMP. 27"},{"$f":"'Relatório de composições'!C444","v":"COMP. PRÓPRIA 11° SR"},{"$f":"'Relatório de composições'!D444","v":"PLACA DE SINALIZACAO DE SEGURANCA CONTRA INCENDIO, FOTOLUMINESCENTE, EM PVC *2* MM ANTI-CHAMAS (SIMBOLOS, CORES E PICTOGRAMAS CONFORME NBR 16820)"},{"$nulls":5},{"$f":"'[71]Relatório de composições'!$G$144","v":"UN"},{"$f":"'MEMORIA DE CÁLCULO'!O2133","v":97},null,null,{"$f":"'Relatório de composições'!I447","v":57.98},5624.06,null,71.36,null,6921.92,{"$nulls":5},6921.92,{"$f":"K307-#REF!","v":{"$error":"#REF!"}},8.8775099999999999E-4,0.78352940000000004]
["15.5",{"$f":"'Relatório de composições'!B454","v":"COMP. 28"},{"$f":"'Relatório de composições'!C454","v":"COMP. PRÓPRIA 11° SR"},{"$f":"'Relatório de composições'!D454","v":"CONJUNTO MOTOBOMBA PARA SISTEMA DE PREVENÇÃO E COMBATE A INCÊNDIO, CONTENDO 2 BOMBAS CENTRÍFUGAS DE 14,8CV "},{"$nulls":5},{"$f":"'[71]Relatório de composições'!$G$144","v":"UN"},{"$f":"'MEMORIA DE CÁLCULO'!O2140","v":1},null,null,{"$f":"'Relatório de composições'!I461","v":21434.47},{"$f":"IF(J308=\"\",\"\",ROUND(K308*N308,2))","v":21434.47},null,{"$f":"IF(J308=\"\",\"\",ROUND(N308*(1+$T$11),2))","v":26381.55},null,{"$f":"IF(J308=\"\",\"\",ROUND(K308*Q308,2))","v":26381.55},{"$nulls":5},26381.55,{"$f":"K308-#REF!","v":{"$error":"#REF!"}},3.3834889999999999E-3,0.78691290000000003]
["15.6",94463,"SINAPI","TUBO DE AÇO GALVANIZADO COM COSTURA, CLASSE MÉDIA, DN 65 (2 1/2), CONEXÃO ROSQUEADA, INSTALADO EM RESERVAÇÃO DE ÁGUA DE EDIFICAÇÃO QUE POSSUA RESERVATÓRIO DE FIBRA/FIBROCIMENTO FORNECIMENTO E INSTALAÇÃO. AF_06/2016",{"$nulls":5},"M",{"$f":"'MEMORIA DE CÁLCULO'!O2147","v":76},null,null,{"$f":"VLOOKUP(B309,'SINAPI NÃO DESONERADO'!$G$6:$L$7519,5,0)","v":110.59},8404.84,null,136.11000000000001,null,10344.36,{"$nulls":5},10344.36,{"$f":"K309-#REF!","v":{"$error":"#REF!"}},1.3266860000000001E-3,0.78823960000000004]
["15.7",94464,"SINAPI","TUBO DE AÇO GALVANIZADO COM COSTURA, CLASSE MÉDIA, DN 80 (3), CONEXÃO ROSQUEADA, INSTALADO EM RESERVAÇÃO DE ÁGUA DE EDIFICAÇÃO QUE POSSUA RESERVATÓRIO DE FIBRA/FIBROCIMENTO FORNECIMENTO E INSTALAÇÃO. AF_06/2016",{"$nulls":5},"M",{"$f":"'MEMORIA DE CÁLCULO'!O2154","v":12},null,null,{"$f":"VLOOKUP(B310,'SINAPI NÃO DESONERADO'!$G$6:$L$7519,5,0)","v":156.38999999999999},1876.68,null,192.48,null,2309.7600000000002,{"$nulls":5},2309.7600000000002,{"$f":"K310-#REF!","v":{"$error":"#REF!"}},2.9623200000000001E-4,0.78853580000000001]
["15.8",94468,"SINAPI","NIPLE, EM FERRO GALVANIZADO, CONEXÃO ROSQUEADA, DN 65 (2 1/2), INSTALADO EM RESERVAÇÃO DE ÁGUA DE EDIFICAÇÃO QUE POSSUA RESERVATÓRIO DE FIBRA/FIBROCIMENTO FORNECIMENTO E INSTALAÇÃO. AF_06/2016",{"$nulls":5},"UN",{"$f":"'MEMORIA DE CÁLCULO'!O2161","v":9},null,null,{"$f":"VLOOKUP(B311,'SINAPI NÃO DESONERADO'!$G$6:$L$7519,5,0)","v":74.91},674.19,null,92.2,null,829.8,{"$nulls":5},829.8,{"$f":"K311-#REF!","v":{"$error":"#REF!"}},1.06424E-4,0.78864219999999996]
["15.9",94470,"SINAPI","NIPLE, EM FERRO GALVANIZADO, CONEXÃO ROSQUEADA, DN 80 (3), INSTALADO EM RESERVAÇÃO DE ÁGUA DE EDIFICAÇÃO QUE POSSUA RESERVATÓRIO DE FIBRA/FIBROCIMENTO FORNECIMENTO E INSTALAÇÃO. AF_06/2016",{"$nulls":5},"UN",{"$f":"'MEMORIA DE CÁLCULO'!O2168","v":6},null,null,{"$f":"VLOOKUP(B312,'SINAPI NÃO DESONERADO'!$G$6:$L$7519,5,0)","v":116.3},697.8,null,143.13999999999999,null,858.84,{"$nulls":5},858.84,{"$f":"K312-#REF!","v":{"$error":"#REF!"}},1.10148E-4,0.78875229999999996]
["15.10",94475,"SINAPI","COTOVELO 90 GRAUS, EM FERRO GALVANIZADO, CONEXÃO ROSQUEADA, DN 80 (3), INSTALADO EM RESERVAÇÃO DE ÁGUA DE EDIFICAÇÃO QUE POSSUA RESERVATÓRIO DE FIBRA/FIBROCIMENTO FORNECIMENTO E INSTALAÇÃO. AF_06/2016",{"$nulls":5},"UN",{"$f":"'MEMORIA DE CÁLCULO'!O2175","v":1},null,null,{"$f":"VLOOKUP(B313,'SINAPI NÃO DESONERADO'!$G$6:$L$7519,5,0)","v":170.55},170.55,null,209.91,null,209.91,{"$nulls":5},209.91,{"$f":"K313-#REF!","v":{"$error":"#REF!"}},2.6920999999999999E-5,0.78877920000000001]
["15.11",94478,"SINAPI","TÊ, EM FERRO GALVANIZADO, CONEXÃO ROSQUEADA, DN 65 (2 1/2), INSTALADO EM RESERVAÇÃO DE ÁGUA DE EDIFICAÇÃO QUE POSSUA RESERVATÓRIO DE FIBRA/FIBROCIMENTO FORNECIMENTO E INSTALAÇÃO. AF_06/2016",{"$nulls":5},"UN",{"$f":"'MEMORIA DE CÁLCULO'!O2182","v":6},null,null,{"$f":"VLOOKUP(B314,'SINAPI NÃO DESONERADO'!$G$6:$L$7519,5,0)","v":170.02},1020.12,null,209.26,null,1255.56,{"$nulls":5},1255.56,{"$f":"K314-#REF!","v":{"$error":"#REF!"}},1.6102799999999999E-4,0.78894019999999998]
["15.12",94479,"SINAPI","TÊ, EM FERRO GALVANIZADO, CONEXÃO ROSQUEADA, DN 80 (3), INSTALADO EM RESERVAÇÃO DE ÁGUA DE EDIFICAÇÃO QUE POSSUA RESERVATÓRIO DE FIBRA/FIBROCIMENTO FORNECIMENTO E INSTALAÇÃO. AF_06/2016",{"$nulls":5},"UN",{"$f":"'MEMORIA DE CÁLCULO'!O2189","v":2},null,null,{"$f":"VLOOKUP(B315,'SINAPI NÃO DESONERADO'!$G$6:$L$7519,5,0)","v":225.14},{"$f":"IF(J315=\"\",\"\",ROUND(K315*N315,2))","v":450.28},null,{"$f":"IF(J315=\"\",\"\",ROUND(N315*(1+$T$11),2))","v":277.10000000000002},null,{"$f":"IF(J315=\"\",\"\",ROUND(K315*Q315,2))","v":554.20000000000005},{"$nulls":5},554.20000000000005,{"$f":"K315-#REF!","v":{"$error":"#REF!"}},7.1076999999999997E-5,0.78901129999999997]
["15.13",94483,"SINAPI","CONJUNTO HIDRÁULICO PARA INSTALAÇÃO DE BOMBA EM AÇO ROSCÁVEL, DN SUCÇÃO 32 (1 1/4) E DN RECALQUE 25 (1), PARA EDIFICAÇÃO ATÉ 4 PAVIMENTOS FORNECIMENTO E INSTALAÇÃO. AF_06/2016",{"$nulls":5},"UN",{"$f":"'MEMORIA DE CÁLCULO'!O2196","v":1},null,null,{"$f":"VLOOKUP(B316,'SINAPI NÃO DESONERADO'!$G$6:$L$7519,5,0)","v":1263.57},1263.57,null,1555.2,null,1555.2,{"$nulls":5},1555.2,{"$f":"K316-#REF!","v":{"$error":"#REF!"}},1.9945799999999999E-4,0.78921079999999999]
["15.14",97436,"SINAPI","CURVA 90 GRAUS, EM AÇO, CONEXÃO RANHURADA, DN 65 (2 1/2\"), INSTALADO EM PRUMADAS - FORNECIMENTO E INSTALAÇÃO. AF_10/2020",{"$nulls":5},"UN",{"$f":"'MEMORIA DE CÁLCULO'!O2203","v":14},null,null,{"$f":"VLOOKUP(B317,'SINAPI NÃO DESONERADO'!$G$6:$L$7519,5,0)","v":109.62},1534.68,null,134.91999999999999,null,1888.88,{"$nulls":5},1888.88,{"$f":"K317-#REF!","v":{"$error":"#REF!"}},2.42253E-4,0.78945310000000002]
["15.15",97438,"SINAPI","CURVA 90 GRAUS, EM AÇO, CONEXÃO RANHURADA, DN 80 (3\"), INSTALADO EM PRUMADAS - FORNECIMENTO E INSTALAÇÃO. AF_10/2020",{"$nulls":5},"UN",{"$f":"'MEMORIA DE CÁLCULO'!O2210","v":5},null,null,{"$f":"VLOOKUP(B318,'SINAPI NÃO DESONERADO'!$G$6:$L$7519,5,0)","v":125.25},626.25,null,154.16,null,770.8,{"$nulls":5},770.8,{"$f":"K318-#REF!","v":{"$error":"#REF!"}},9.8857000000000006E-5,0.78955200000000003]
["15.16",96765,"SINAPI","ABRIGO PARA HIDRANTE, 90X60X17CM, COM REGISTRO GLOBO ANGULAR 45 GRAUS 2 1/2\", ADAPTADOR STORZ 2 1/2\", MANGUEIRA DE INCÊNDIO 20M, REDUÇÃO 2 1/2\" X 1 1/2\" E ESGUICHO EM LATÃO 1 1/2\" - FORNECIMENTO E INSTALAÇÃO. AF_10/2020",{"$nulls":5},"UN",{"$f":"'MEMORIA DE CÁLCULO'!O2217","v":1},null,null,{"$f":"VLOOKUP(B319,'SINAPI NÃO DESONERADO'!$G$6:$L$7519,5,0)","v":1739.51},{"$f":"IF(J319=\"\",\"\",ROUND(K319*N319,2))","v":1739.51},null,{"$f":"IF(J319=\"\",\"\",ROUND(N319*(1+$T$11),2))","v":2140.9899999999998},null,{"$f":"IF(J319=\"\",\"\",ROUND(K319*Q319,2))","v":2140.9899999999998},{"$nulls":5},2140.9899999999998,{"$f":"K319-#REF!","v":{"$error":"#REF!"}},2.74586E-4,0.78982660000000005]
["15.17",101916,"SINAPI","HIDRANTE SUBTERRÂNEO PREDIAL (COM CURVA LONGA E CAIXA), DN 75 MM - FORNECIMENTO E INSTALAÇÃO. AF_10/2020",{"$nulls":5},"UN",{"$f":"'MEMORIA DE CÁLCULO'!O2224","v":1},null,null,{"$f":"VLOOKUP(B320,'SINAPI NÃO DESONERADO'!$G$6:$L$7519,5,0)","v":3524.98},3524.98,null,4338.55,null,4338.55,{"$nulls":5},4338.55,{"$f":"K320-#REF!","v":{"$error":"#REF!"}},5.5642799999999998E-4,0.79038299999999995]
["15.18",94499,"SINAPI","REGISTRO DE GAVETA BRUTO, LATÃO, ROSCÁVEL, 2 1/2\" - FORNECIMENTO E INSTALAÇÃO. AF_08/2021",{"$nulls":5},"UN",{"$f":"'MEMORIA DE CÁLCULO'!O2231","v":3},null,null,{"$f":"VLOOKUP(B321,'SINAPI NÃO DESONERADO'!$G$6:$L$7519,5,0)","v":318.23},954.69,null,391.68,null,1175.04,{"$nulls":5},1175.04,{"$f":"K321-#REF!","v":{"$error":"#REF!"}},1.5070099999999999E-4,0.79053370000000001]
["15.19",94500,"SINAPI","REGISTRO DE GAVETA BRUTO, LATÃO, ROSCÁVEL, 3\" - FORNECIMENTO E INSTALAÇÃO. AF_08/2021",{"$nulls":5},"UN",{"$f":"'MEMORIA DE CÁLCULO'!O2238","v":3},null,null,{"$f":"VLOOKUP(B322,'SINAPI NÃO DESONERADO'!$G$6:$L$7519,5,0)","v":386.05},1158.1500000000001,null,475.15,null,1425.45,{"$nulls":5},1425.45,{"$f":"K322-#REF!","v":{"$error":"#REF!"}},1.8281699999999999E-4,0.79071650000000004]
["15.20",103009,"SINAPI","VÁLVULA DE RETENÇÃO VERTICAL, DE BRONZE, ROSCÁVEL, 2 1/2\" - FORNECIMENTO E INSTALAÇÃO. AF_08/2021",{"$nulls":5},"UN",{"$f":"'MEMORIA DE CÁLCULO'!O2245","v":2},null,null,{"$f":"VLOOKUP(B323,'SINAPI NÃO DESONERADO'!$G$6:$L$7519,5,0)","v":338.38},676.76,null,416.48,null,832.96,{"$nulls":5},832.96,{"$f":"K323-#REF!","v":{"$error":"#REF!"}},1.06829E-4,0.79082330000000001]
["15.21",101917,"SINAPI","MANÔMETRO 0 A 200 PSI (0 A 14 KGF/CM2), D = 50MM - FORNECIMENTO E INSTALAÇÃO. AF_10/2020",{"$nulls":5},"UN",{"$f":"'MEMORIA DE CÁLCULO'!O2252","v":1},null,null,{"$f":"VLOOKUP(B324,'SINAPI NÃO DESONERADO'!$G$6:$L$7519,5,0)","v":149.44},149.44,null,183.93,null,183.93,{"$nulls":5},183.93,{"$f":"K324-#REF!","v":{"$error":"#REF!"}},2.3589000000000001E-5,0.79084690000000002]
[null,"SUB TOTAL:",{"$nulls":16},{"$f":"SUM(S304:U324)","v":87601.19},null,null,84177.27,null,null,0,{"$f":"K325-#REF!","v":{"$error":"#REF!"}},0,0.79084690000000002]
["16.0",null,null,"FORROS, PINTURAS E TEXTURAS",{"$nulls":20},0,{"$f":"K326-#REF!","v":{"$error":"#REF!"}},0,0.79084690000000002]
["16.1",96114,"SINAPI","FORRO EM DRYWALL, PARA AMBIENTES COMERCIAIS, INCLUSIVE ESTRUTURA DE FIXAÇÃO. AF_05/2017_PS",{"$nulls":5},"M²",{"$f":"'MEMORIA DE CÁLCULO'!O2260","v":1962.73},null,null,{"$f":"VLOOKUP(B327,'SINAPI NÃO DESONERADO'!$G$6:$L$7519,5,0)","v":78.099999999999994},{"$f":"IF(J327=\"\",\"\",ROUND(K327*N327,2))","v":153289.21},null,{"$f":"IF(J327=\"\",\"\",ROUND(N327*(1+$T$11),2))","v":96.13},null,{"$f":"IF(J327=\"\",\"\",ROUND(K327*Q327,2))","v":188677.23},{"$nulls":5},188677.23,{"$f":"K327-#REF!","v":{"$error":"#REF!"}},2.4198251E-2,0.81504520000000003]
["16.2",96123,"SINAPI","ACABAMENTOS PARA FORRO (MOLDURA EM DRYWALL, COM LARGURA DE 15 CM). AF_ 05/2017_PS",{"$nulls":5},"M",{"$f":"'MEMORIA DE CÁLCULO'!O2267","v":1663.5},null,null,{"$f":"VLOOKUP(B328,'SINAPI NÃO DESONERADO'!$G$6:$L$7519,5,0)","v":30.39},50553.77,null,37.4,null,62214.9,{"$nulls":5},62214.9,{"$f":"K328-#REF!","v":{"$error":"#REF!"}},7.9791919999999995E-3,0.82302439999999999]
["16.3",88411,"SINAPI","APLICAÇÃO MANUAL DE FUNDO SELADOR ACRÍLICO EM PANOS COM PRESENÇA DE VÃOS DE EDIFÍCIOS DE MÚLTIPLOS PAVIMENTOS. AF_06/2014",{"$nulls":5},"M²",{"$f":"'MEMORIA DE CÁLCULO'!O2274","v":1095.6300000000001},null,null,{"$f":"VLOOKUP(B329,'SINAPI NÃO DESONERADO'!$G$6:$L$7519,5,0)","v":2.2799999999999998},2498.04,null,2.81,null,3078.72,{"$nulls":5},3078.72,{"$f":"K329-#REF!","v":{"$error":"#REF!"}},3.9485200000000001E-4,0.82341929999999997]
["16.4",96126,"SINAPI","APLICAÇÃO MANUAL DE MASSA ACRÍLICA EM PANOS DE FACHADA COM PRESENÇA DE VÃOS, DE EDIFÍCIOS DE MÚLTIPLOS PAVIMENTOS, UMA DEMÃO. AF_05/2017",{"$nulls":5},"M²",{"$f":"'MEMORIA DE CÁLCULO'!O2281","v":1095.6300000000001},null,null,{"$f":"VLOOKUP(B330,'SINAPI NÃO DESONERADO'!$G$6:$L$7519,5,0)","v":15.64},17135.650000000001,null,19.25,null,21090.880000000001,{"$nulls":5},21090.880000000001,{"$f":"K330-#REF!","v":{"$error":"#REF!"}},2.7049499999999998E-3,0.82612430000000003]
["16.5",88416,"SINAPI","APLICAÇÃO MANUAL DE PINTURA COM TINTA TEXTURIZADA ACRÍLICA EM PANOS COM PRESENÇA DE VÃOS DE EDIFÍCIOS DE MÚLTIPLOS PAVIMENTOS, UMA COR. AF_06/2014",{"$nulls":5},"M²",{"$f":"'MEMORIA DE CÁLCULO'!O2288","v":1095.6300000000001},null,null,{"$f":"VLOOKUP(B331,'SINAPI NÃO DESONERADO'!$G$6:$L$7519,5,0)","v":12.49},13684.42,null,15.37,null,16839.830000000002,{"$nulls":5},16839.830000000002,{"$f":"K331-#REF!","v":{"$error":"#REF!"}},2.1597439999999999E-3,0.82828400000000002]
["16.6",88484,"SINAPI","APLICAÇÃO DE FUNDO SELADOR ACRÍLICO EM TETO, UMA DEMÃO. AF_06/2014",{"$nulls":5},"M²",{"$f":"'MEMORIA DE CÁLCULO'!O2295","v":1962.73},null,null,{"$f":"VLOOKUP(B332,'SINAPI NÃO DESONERADO'!$G$6:$L$7519,5,0)","v":3.78},7419.12,null,4.6500000000000004,null,9126.69,{"$nulls":5},9126.69,{"$f":"K332-#REF!","v":{"$error":"#REF!"}},1.170517E-3,0.82945449999999998]
["16.7",88485,"SINAPI","APLICAÇÃO DE FUNDO SELADOR ACRÍLICO EM PAREDES, UMA DEMÃO. AF_06/2014",{"$nulls":5},"M²",{"$f":"'MEMORIA DE CÁLCULO'!O2302","v":3501.35},null,null,{"$f":"VLOOKUP(B333,'SINAPI NÃO DESONERADO'!$G$6:$L$7519,5,0)","v":2.99},10469.040000000001,null,3.68,null,12884.97,{"$nulls":5},12884.97,{"$f":"K333-#REF!","v":{"$error":"#REF!"}},1.6525240000000001E-3,0.83110700000000004]
["16.8",88494,"SINAPI","APLICAÇÃO E LIXAMENTO DE MASSA LÁTEX EM TETO, UMA DEMÃO. AF_06/2014",{"$nulls":5},"M²",{"$f":"'MEMORIA DE CÁLCULO'!O2309","v":1962.73},null,null,{"$f":"VLOOKUP(B334,'SINAPI NÃO DESONERADO'!$G$6:$L$7519,5,0)","v":17.11},33582.31,null,21.06,null,41335.089999999997,{"$nulls":5},41335.089999999997,{"$f":"K334-#REF!","v":{"$error":"#REF!"}},5.3013119999999999E-3,0.83640829999999999]
["16.9",88495,"SINAPI","APLICAÇÃO E LIXAMENTO DE MASSA LÁTEX EM PAREDES, UMA DEMÃO. AF_06/2014",{"$nulls":5},"M²",{"$f":"'MEMORIA DE CÁLCULO'!O2316","v":3501.35},null,null,{"$f":"VLOOKUP(B335,'SINAPI NÃO DESONERADO'!$G$6:$L$7519,5,0)","v":9.2100000000000009},32247.43,null,11.34,null,39705.31,{"$nulls":5},39705.31,{"$f":"K335-#REF!","v":{"$error":"#REF!"}},5.0922889999999998E-3,0.84150060000000004]
["16.10",88488,"SINAPI","APLICAÇÃO MANUAL DE PINTURA COM TINTA LÁTEX ACRÍLICA EM TETO, DUAS DEMÃOS. AF_06/2014",{"$nulls":5},"M²",{"$f":"'MEMORIA DE CÁLCULO'!O2323","v":1962.73},null,null,{"$f":"VLOOKUP(B336,'SINAPI NÃO DESONERADO'!$G$6:$L$7519,5,0)","v":10.9},{"$f":"IF(J336=\"\",\"\",ROUND(K336*N336,2))","v":21393.759999999998},null,{"$f":"IF(J336=\"\",\"\",ROUND(N336*(1+$T$11),2))","v":13.42},null,{"$f":"IF(J336=\"\",\"\",ROUND(K336*Q336,2))","v":26339.84},{"$nulls":5},26339.84,{"$f":"K336-#REF!","v":{"$error":"#REF!"}},3.37814E-3,0.84487869999999998]
["16.11",88489,"SINAPI","APLICAÇÃO MANUAL DE PINTURA COM TINTA LÁTEX ACRÍLICA EM PAREDES, DUAS DEMÃOS. AF_06/2014",{"$nulls":5},"M²",{"$f":"'MEMORIA DE CÁLCULO'!O2330","v":3501.35},null,null,{"$f":"VLOOKUP(B337,'SINAPI NÃO DESONERADO'!$G$6:$L$7519,5,0)","v":8.9700000000000006},31407.11,null,11.04,null,38654.9,{"$nulls":5},38654.9,{"$f":"K337-#REF!","v":{"$error":"#REF!"}},4.9575720000000004E-3,0.84983629999999999]
["16.12",102197,"SINAPI","PINTURA FUNDO NIVELADOR ALQUÍDICO BRANCO EM MADEIRA. AF_01/2021",{"$nulls":5},"M²",{"$f":"'MEMORIA DE CÁLCULO'!O2339","v":237.16},null,null,{"$f":"VLOOKUP(B338,'SINAPI NÃO DESONERADO'!$G$6:$L$7519,5,0)","v":19.43},4608.0200000000004,null,23.91,null,5670.5,{"$nulls":5},5670.5,{"$f":"K338-#REF!","v":{"$error":"#REF!"}},7.2725399999999999E-4,0.85056359999999998]
["16.13",102200,"SINAPI","APLICAÇÃO MASSA ALQUÍDICA PARA MADEIRA, PARA PINTURA COM TINTA DE ACABAMENTO (PIGMENTADA). AF_01/2021",{"$nulls":5},"M²",{"$f":"'MEMORIA DE CÁLCULO'!O2346","v":237.16},null,null,{"$f":"VLOOKUP(B339,'SINAPI NÃO DESONERADO'!$G$6:$L$7519,5,0)","v":15.76},3737.64,null,19.399999999999999,null,4600.8999999999996,{"$nulls":5},4600.8999999999996,{"$f":"K339-#REF!","v":{"$error":"#REF!"}},5.9007500000000002E-4,0.85115370000000001]
["16.14",102218,"SINAPI","PINTURA TINTA DE ACABAMENTO (PIGMENTADA) ESMALTE SINTÉTICO FOSCO EM MADEIRA, 2 DEMÃOS. AF_01/2021",{"$nulls":5},"M²",{"$f":"'MEMORIA DE CÁLCULO'!O2353","v":237.16},null,null,{"$f":"VLOOKUP(B340,'SINAPI NÃO DESONERADO'!$G$6:$L$7519,5,0)","v":13.35},3166.09,null,16.43,null,3896.54,{"$nulls":5},3896.54,{"$f":"K340-#REF!","v":{"$error":"#REF!"}},4.9973900000000002E-4,0.8516534]
["16.15",100725,"SINAPI","PINTURA COM TINTA ALQUÍDICA DE FUNDO E ACABAMENTO (ESMALTE SINTÉTICO GRAFITE) PULVERIZADA SOBRE SUPERFÍCIES METÁLICAS (EXCETO PERFIL) EXECUTADO EM OBRA (POR DEMÃO). AF_01/2020_P",{"$nulls":5},"M²",{"$f":"'MEMORIA DE CÁLCULO'!O2360","v":22},null,null,{"$f":"VLOOKUP(B341,'SINAPI NÃO DESONERADO'!$G$6:$L$7519,5,0)","v":20.93},460.46,null,25.76,null,566.72,{"$nulls":5},566.72,{"$f":"K341-#REF!","v":{"$error":"#REF!"}},7.2682999999999995E-5,0.85172610000000004]
["16.16",102507,"SINAPI","PINTURA DE DEMARCAÇÃO DE VAGA COM TINTA EPÓXI, E = 10 CM, APLICAÇÃO MANUAL. AF_05/2021",{"$nulls":5},"M",{"$f":"'MEMORIA DE CÁLCULO'!O2367","v":52.5},null,null,{"$f":"VLOOKUP(B342,'SINAPI NÃO DESONERADO'!$G$6:$L$7519,5,0)","v":5.18},271.95,null,6.38,null,334.95,{"$nulls":5},334.95,{"$f":"K342-#REF!","v":{"$error":"#REF!"}},4.2957999999999998E-5,0.85176909999999995]
[null,"SUB TOTAL :",{"$nulls":16},{"$f":"SUM(S327:U342)","v":475017.97},null,null,492881.51,null,null,null,{"$f":"K343-#REF!","v":{"$error":"#REF!"}},0,0.85176909999999995]
["17.0",null,null,"URBANIZAÇÃO",{"$nulls":20},{"$f":"ROUND(K344*Q344,2)","v":0},{"$f":"K344-#REF!","v":{"$error":"#REF!"}},0,0.85176909999999995]
["17.1",92398,"SINAPI","EXECUÇÃO DE PÁTIO/ESTACIONAMENTO EM PISO INTERTRAVADO, COM BLOCO RETANGULAR COR NATURAL DE 20 X 10 CM, ESPESSURA 8 CM. AF_12/2015",{"$nulls":5},"M²",{"$f":"'MEMORIA DE CÁLCULO'!O2374","v":4000},null,null,{"$f":"VLOOKUP(B345,'SINAPI NÃO DESONERADO'!$G$6:$L$7519,5,0)","v":94.18},{"$f":"IF(J345=\"\",\"\",ROUND(K345*N345,2))","v":376720},null,{"$f":"IF(J345=\"\",\"\",ROUND(N345*(1+$T$11),2))","v":115.92},null,{"$f":"IF(J345=\"\",\"\",ROUND(K345*Q345,2))","v":463680},{"$nulls":5},463680,{"$f":"K345-#REF!","v":{"$error":"#REF!"}},5.9467935E-2,0.91123699999999996]
["17.2",94273,"SINAPI","ASSENTAMENTO DE GUIA (MEIO-FIO) EM TRECHO RETO, CONFECCIONADA EM CONCRETO PRÉ-FABRICADO, DIMENSÕES 100X15X13X30 CM (COMPRIMENTO X BASE INFERIOR X BASE SUPERIOR X ALTURA), PARA VIAS URBANAS (USO VIÁRIO). AF_06/2\n 016",{"$nulls":5},"M",{"$f":"'MEMORIA DE CÁLCULO'!O2381","v":350},null,null,{"$f":"VLOOKUP(B346,'SINAPI NÃO DESONERADO'!$G$6:$L$7519,5,0)","v":61.87},{"$f":"IF(J346=\"\",\"\",ROUND(K346*N346,2))","v":21654.5},null,{"$f":"IF(J346=\"\",\"\",ROUND(N346*(1+$T$11),2))","v":76.150000000000006},null,{"$f":"IF(J346=\"\",\"\",ROUND(K346*Q346,2))","v":26652.5},{"$nulls":5},26652.5,{"$f":"K346-#REF!","v":{"$error":"#REF!"}},3.418239E-3,0.9146552]
["17.3",103946,"SINAPI","PLANTIO DE GRAMA ESMERALDA OU SÃO CARLOS OU CURITIBANA, EM PLACAS. AF_ 05/2022",{"$nulls":5},"M²",{"$f":"'MEMORIA DE CÁLCULO'!O2388","v":100},null,null,{"$f":"VLOOKUP(B347,'SINAPI NÃO DESONERADO'!$G$6:$L$7519,5,0)","v":18.87},{"$f":"IF(J347=\"\",\"\",ROUND(K347*N347,2))","v":1887},null,{"$f":"IF(J347=\"\",\"\",ROUND(N347*(1+$T$11),2))","v":23.23},null,{"$f":"IF(J347=\"\",\"\",ROUND(K347*Q347,2))","v":2323},{"$nulls":5},2323,{"$f":"K347-#REF!","v":{"$error":"#REF!"}},2.9793000000000002E-4,0.91495309999999996]
["17.4",103307,"SINAPI","INSTALAÇÃO DE LIXEIRA METÁLICA DUPLA, CAPACIDADE DE 60 L, EM TUBO DE AÇO CARBONO E CESTOS EM CHAPA DE AÇO COM PINTURA ELETROSTÁTICA, SOBRE PISO DE CONCRETO EXISTENTE. AF_11/2021",{"$nulls":5},"UN",{"$f":"'MEMORIA DE CÁLCULO'!O2395","v":5},null,null,{"$f":"VLOOKUP(B348,'SINAPI NÃO DESONERADO'!$G$6:$L$7519,5,0)","v":1330.59},{"$f":"IF(J348=\"\",\"\",ROUND(K348*N348,2))","v":6652.95},null,{"$f":"IF(J348=\"\",\"\",ROUND(N348*(1+$T$11),2))","v":1637.69},null,{"$f":"IF(J348=\"\",\"\",ROUND(K348*Q348,2))","v":8188.45},{"$nulls":5},8188.45,{"$f":"K348-#REF!","v":{"$error":"#REF!"}},{"$f":"Y348/$S$363","v":1.050186E-3},0.91600329999999996]
["17.5",98522,"SINAPI","ALAMBRADO EM MOURÕES DE CONCRETO, COM TELA DE ARAME GALVANIZADO (INCLUSIVE MURETA EM CONCRETO). AF_05/2018",{"$nulls":5},"M",{"$f":"'MEMORIA DE CÁLCULO'!O2402","v":150},null,null,{"$f":"VLOOKUP(B349,'SINAPI NÃO DESONERADO'!$G$6:$L$7519,5,0)","v":180.45},{"$f":"IF(J349=\"\",\"\",ROUND(K349*N349,2))","v":27067.5},null,{"$f":"IF(J349=\"\",\"\",ROUND(N349*(1+$T$11),2))","v":222.1},null,{"$f":"IF(J349=\"\",\"\",ROUND(K349*Q349,2))","v":33315},{"$nulls":5},33315,{"$f":"K349-#REF!","v":{"$error":"#REF!"}},4.2727190000000003E-3,{"$f":"AA349+AB348","v":0.92027599999999998}]
["SUB TOTAL :",{"$nulls":17},{"$f":"SUM(S345:U349)","v":534158.94999999995},null,null,411882.3,null,null,null,{"$f":"K350-#REF!","v":{"$error":"#REF!"}},0,0.92027599999999998]
["18.0",null,null,"MOBILIZAÇÃO E DESMOBILIZAÇÃO DE OBRA",{"$nulls":20},{"$f":"ROUND(K351*Q351,2)","v":0},{"$f":"K351-#REF!","v":{"$error":"#REF!"}},0,0.92027599999999998]
["18.1",{"$f":"'Relatório de composições'!B467","v":"COMP. 29"},{"$f":"'Relatório de composições'!C467","v":"COMP. PRÓPRIA 11° SR"},{"$f":"'Relatório de composições'!D467","v":"MOBILIZAÇÃO E DESMOBILIZAÇÃO DE OBRA"},{"$nulls":5},{"$f":"'[71]Relatório de composições'!$G$167","v":"UN"},{"$f":"'MEMORIA DE CÁLCULO'!O2409","v":1},null,null,{"$f":"'Relatório de composições'!I469","v":4765.2},{"$f":"IF(J352=\"\",\"\",ROUND(K352*N352,2))","v":4765.2},null,{"$f":"IF(J352=\"\",\"\",ROUND(N352*(1+$T$11),2))","v":5865.01},null,{"$f":"IF(J352=\"\",\"\",ROUND(K352*Q352,2))","v":5865.01},{"$nulls":5},{"$f":"ROUND(K352*Q352,2)","v":5865.01},{"$f":"K352-#REF!","v":{"$error":"#REF!"}},7.5219999999999996E-4,0.92102819999999996]
["SUB TOTAL :",{"$nulls":17},{"$f":"SUM(S352)","v":5865.01},null,null,5914.72,null,null,null,{"$f":"K353-#REF!","v":{"$error":"#REF!"}},0,0.92102819999999996]
["19.0",null,null,"ADMINISTRAÇÃO LOCAL",{"$nulls":20},{"$f":"ROUND(K354*Q354,2)","v":0},{"$f":"K354-#REF!","v":{"$error":"#REF!"}},0,0.92102819999999996]
["19.1",93567,"SINAPI","ENGENHEIRO CIVIL DE OBRA PLENO COM ENCARGOS COMPLEMENTARES",{"$nulls":5},"MÊS",{"$f":"'MEMORIA DE CÁLCULO'!O2423","v":12},null,null,{"$f":"VLOOKUP(B355,'SINAPI NÃO DESONERADO'!$G$6:$L$7519,5,0)","v":22242.48},{"$f":"IF(J355=\"\",\"\",ROUND(K355*N355,2))","v":266909.76},null,{"$f":"IF(J355=\"\",\"\",ROUND(N355*(1+$T$11),2))","v":27376.04},null,{"$f":"IF(J355=\"\",\"\",ROUND(K355*Q355,2))","v":328512.48},{"$nulls":5},328512.48,{"$f":"K355-#REF!","v":{"$error":"#REF!"}},4.2132415999999999E-2,0.96316060000000003]
["19.2",93572,"SINAPI","ENCARREGADO GERAL DE OBRAS COM ENCARGOS COMPLEMENTARES",{"$nulls":5},"MÊS",{"$f":"'MEMORIA DE CÁLCULO'!O2423","v":12},null,null,{"$f":"VLOOKUP(B356,'SINAPI NÃO DESONERADO'!$G$6:$L$7519,5,0)","v":4411.66},52939.92,null,5429.87,null,65158.44,{"$nulls":5},65158.44,{"$f":"K356-#REF!","v":{"$error":"#REF!"}},8.3567069999999997E-3,0.97151730000000003]
["19.3",94296,"SINAPI","TOPOGRAFO COM ENCARGOS COMPLEMENTARES",{"$nulls":5},"MÊS",{"$f":"'MEMORIA DE CÁLCULO'!O2430","v":3},null,null,{"$f":"VLOOKUP(B357,'SINAPI NÃO DESONERADO'!$G$6:$L$7519,5,0)","v":4270.96},12812.88,null,5256.7,null,15770.1,{"$nulls":5},15770.1,{"$f":"K357-#REF!","v":{"$error":"#REF!"}},2.0225479999999999E-3,0.97353979999999996]
["19.4",93563,"SINAPI","ALMOXARIFE COM ENCARGOS COMPLEMENTARES",{"$nulls":5},"MÊS",{"$f":"'MEMORIA DE CÁLCULO'!O2437","v":11},null,null,{"$f":"VLOOKUP(B358,'SINAPI NÃO DESONERADO'!$G$6:$L$7519,5,0)","v":3731.51},41046.61,null,4592.74,null,50520.14,{"$nulls":5},50520.14,{"$f":"K358-#REF!","v":{"$error":"#REF!"}},6.4793139999999999E-3,0.98001910000000003]
["19.5",88326,"SINAPI","VIGIA NOTURNO COM ENCARGOS COMPLEMENTARES",{"$nulls":5},"H",{"$f":"'MEMORIA DE CÁLCULO'!O2444","v":4380},null,null,{"$f":"VLOOKUP(B359,'SINAPI NÃO DESONERADO'!$G$6:$L$7519,5,0)","v":22.06},96622.8,null,27.15,null,118917,{"$nulls":5},118917,{"$f":"K359-#REF!","v":{"$error":"#REF!"}},1.5251354999999999E-2,0.99527049999999995]
["19.6",91677,"SINAPI","ENGENHEIRO ELETRICISTA COM ENCARGOS COMPLEMENTARES",{"$nulls":5},"H",{"$f":"'MEMORIA DE CÁLCULO'!O2451","v":180},null,null,{"$f":"VLOOKUP(B360,'SINAPI NÃO DESONERADO'!$G$6:$L$7519,5,0)","v":166.46},29962.799999999999,null,204.88,null,36878.400000000001,{"$nulls":5},36878.400000000001,{"$f":"K360-#REF!","v":{"$error":"#REF!"}},4.7297320000000004E-3,1.0000001999999999]
["SUB TOTAL :",{"$nulls":17},{"$f":"SUM(S355:U360)","v":615756.56000000006},null,null,571866.99,null,null,null,{"$f":"K361-#REF!","v":{"$error":"#REF!"}},0,1.0000001999999999]
[]
["TOTAL DA OBRA:",{"$nulls":17},{"$f":"SUM(S361+S353+S350+S343+S325+S302+S288+S237+S130+S122+S116+S112+S105+S96+S76+S54+S50+S38+S32)","v":7797143.1200000001}]
[]
["MACAPÁ - AP, 28 DE NOVEMBRO DE 2022"]
[]
[]
[]
[{"$nulls":23},"."]
[null,null,"LUIS FERNANDO ANTUNES LIMA",{"$nulls":8},"HILTON ROGÉRIO MAIA CARDOSO"]
[null,null,"ANALISTA DE DESENVOLVIMENTO REGIONAL",{"$nulls":8},"SUPERINTENDENTE REGIONAL"]
[null,null,"ENGENHEIRO CIVIL - CREA 186819/D"]
[]
[]
[]
[{"$nulls":20},7896870.5300000003]
{"$rows_empty":12}
[null,null,"."]

{"sheet":"CURVA ABC ","index":1,"n_rows":296,"n_cols":12,"rows_kept":296,"cut":false,"hidden":false,"merged":[[0,0,0,4]]}
["CURVA ABC (A<=75%, 75%<B<=95% e C>95%)"]
["COD","DESCRIÇÃO","R$","%","% ACUM.","Classe",null,"Onde:","A <=",0.75]
["6.17","LAJE STEEL DECK PARA PISO COM CAPA DE CONCRETO FCK 25 MPA, ESPESSURA DA LAJE 15CM, ESPESSURA DA CHAPA 0,95 MM, INCLUSIVE IÇAMENTO COM GUINDASTE. AF_01/2020",942164.55,{"$f":"C3/'PLANILHA SEM DESONERAÇÃO'!$S$363","v":0.12083000000000001},{"$f":"D3","v":0.1208},{"$f":"IF(E3<=$J$2,\"A\",IF(AND(E3<=$K$3,E3>$I$3),\"B\",IF(E3>$J$4,\"C\")))","v":"A"},null,null,{"$f":"J2","v":0.75},"< B <=",0.95]
["11.2","REVESTIMENTO CERÂMICO PARA PISO COM PLACAS TIPO PORCELANATO DE DIMENSÕES 60X60 CM APLICADA EM AMBIENTES DE ÁREA MAIOR QUE 10 M². AF_06/2014",456252.31,{"$f":"C4/'PLANILHA SEM DESONERAÇÃO'!$S$363","v":5.8520000000000003E-2},{"$f":"D4+E3","v":0.17929999999999999},{"$f":"IF(E4<=$J$2,\"A\",IF(AND(E4<=$K$3,E4>$I$3),\"B\",IF(E4>$J$4,\"C\")))","v":"A"},null,null,"C >",{"$f":"K3","v":0.95}]
["17.1","EXECUÇÃO DE PÁTIO/ESTACIONAMENTO EM PISO INTERTRAVADO, COM BLOCO RETANGULAR COR NATURAL DE 20 X 10 CM, ESPESSURA 8 CM. AF_12/2015",348040,{"$f":"C5/'PLANILHA SEM DESONERAÇÃO'!$S$363","v":4.4639999999999999E-2},{"$f":"D5+E4","v":0.22389999999999999},"A"]
["6.1","VIGA METÁLICA EM PERFIL W 610 x 113, LAMINADO OU SOLDADO, EM AÇO ESTRUTURAL, COM CONEXÕES SOLDADAS, INCLUSOS MÃO DE OBRA, TRANSPORTE E IÇAMENTO UTILIZANDO GUINDASTE - FORNECIMENTO E INSTALAÇÃO. AF_01/2020_P",348019.84,{"$f":"C6/'PLANILHA SEM DESONERAÇÃO'!$S$363","v":4.4630000000000003E-2},0.26850000000000002,"A"]
["3.10","TRANSPORTE COM CAMINHÃO BASCULANTE DE 14 M³, EM VIA URBANA PAVIMENTADA, DMT ATÉ 30 KM (UNIDADE: M3XKM). AF_07/2020",317891,{"$f":"C7/'PLANILHA SEM DESONERAÇÃO'!$S$363","v":4.0770000000000001E-2},0.30930000000000002,"A"]
["19.1","ENGENHEIRO CIVIL DE OBRA PLENO COM ENCARGOS COMPLEMENTARES",302372.88,{"$f":"C8/'PLANILHA SEM DESONERAÇÃO'!$S$363","v":3.8780000000000002E-2},0.34810000000000002,"A"]
["6.6","VIGA METÁLICA EM PERFIL W 410 x 53, LAMINADO OU SOLDADO, EM AÇO ESTRUTURAL, COM CONEXÕES SOLDADAS, INCLUSOS MÃO DE OBRA, TRANSPORTE E IÇAMENTO UTILIZANDO GUINDASTE - FORNECIMENTO E INSTALAÇÃO. AF_01/2020_P",292687.74,{"$f":"C9/'PLANILHA SEM DESONERAÇÃO'!$S$363","v":3.7539999999999997E-2},0.3856,"A"]
["7.3","PAREDE COM PLACAS DE GESSO ACARTONADO (DRYWALL), PARA USO EXTERNO (PLACAS RU), COM DUAS FACES SIMPLES E ESTRUTURA METÁLICA COM GUIAS SIMPLES, INCLUINDO ISOLAMENTO TÉRMICO/ACÚSTICO COM LÃ DE VIDRO",254327.98,{"$f":"C10/'PLANILHA SEM DESONERAÇÃO'!$S$363","v":3.2620000000000003E-2},0.41820000000000002,"A"]
["16.1","FORRO EM DRYWALL, PARA AMBIENTES COMERCIAIS, INCLUSIVE ESTRUTURA DE FIXAÇÃO. AF_05/2017_PS",195821.57,{"$f":"C11/'PLANILHA SEM DESONERAÇÃO'!$S$363","v":2.511E-2},0.44330000000000003,"A"]
["6.8","VIGA METÁLICA EM PERFIL W 360 x 39, LAMINADO OU SOLDADO, EM AÇO ESTRUTURAL, COM CONEXÕES SOLDADAS, INCLUSOS MÃO DE OBRA, TRANSPORTE E IÇAMENTO UTILIZANDO GUINDASTE - FORNECIMENTO E INSTALAÇÃO. AF_01/2020_P",187093.68,{"$f":"C12/'PLANILHA SEM DESONERAÇÃO'!$S$363","v":2.4E-2},0.46729999999999999,"A"]
["8.4","IMPERMEABILIZAÇÃO DE SUPERFÍCIE COM MANTA ASFÁLTICA, UMA CAMADA, INCLUSIVE APLICAÇÃO DE PRIMER ASFÁLTICO, E=3MM. AF_06/2018",167506.44,{"$f":"C13/'PLANILHA SEM DESONERAÇÃO'!$S$363","v":2.1479999999999999E-2},0.48880000000000001,"A"]
["6.2","VIGA METÁLICA EM PERFIL W 530 x 101, LAMINADO OU SOLDADO, EM AÇO ESTRUTURAL, COM CONEXÕES SOLDADAS, INCLUSOS MÃO DE OBRA, TRANSPORTE E IÇAMENTO UTILIZANDO GUINDASTE - FORNECIMENTO E INSTALAÇÃO. AF_01/2020_P",147068.46,{"$f":"C14/'PLANILHA SEM DESONERAÇÃO'!$S$363","v":1.8859999999999998E-2},0.50770000000000004,"A"]
["7.2","PAREDE COM PLACAS DE GESSO ACARTONADO (DRYWALL), PARA USO INTERNO, COM DUAS FACES SIMPLES E ESTRUTURA METÁLICA COM GUIAS SIMPLES, COM VÃOS AF_06/2017_PS",143065.09,{"$f":"C15/'PLANILHA SEM DESONERAÇÃO'!$S$363","v":1.8350000000000002E-2},0.52610000000000001,"A"]
["6.16","PILAR METÁLICO PERFIL LAMINADO/SOLDADO, W 250 x 62 EM AÇO ESTRUTURAL, COM CONEXÕES PARAFUSADAS, INCLUSOS MÃO DE OBRA, TRANSPORTE E IÇAMENTO UTILIZANDO GUINDASTE - FORNECIMENTO E INSTALAÇÃO. AF_01/2020_P",139890.07999999999,{"$f":"C16/'PLANILHA SEM DESONERAÇÃO'!$S$363","v":1.7940000000000001E-2},0.54400000000000004,"A"]
["6.7","VIGA METÁLICA EM PERFIL W 410 x 46.1, LAMINADO OU SOLDADO, EM AÇO ESTRUTURAL, COM CONEXÕES SOLDADAS, INCLUSOS MÃO DE OBRA, TRANSPORTE E IÇAMENTO UTILIZANDO GUINDASTE - FORNECIMENTO E INSTALAÇÃO. AF_01/2020_P",127940.1,{"$f":"C17/'PLANILHA SEM DESONERAÇÃO'!$S$363","v":1.6410000000000001E-2},0.56040000000000001,"A"]
["14.9","INSTALAÇÃO DE VIDRO LAMINADO, E = 8 MM (4+4), ENCAIXADO EM PERFIL U. AF_01/2021_PS",117855.37,{"$f":"C18/'PLANILHA SEM DESONERAÇÃO'!$S$363","v":1.512E-2},0.57550000000000001,"A"]
["19.5","VIGIA NOTURNO COM ENCARGOS COMPLEMENTARES",112741.2,{"$f":"C19/'PLANILHA SEM DESONERAÇÃO'!$S$363","v":1.4460000000000001E-2},0.59,"A"]
["6.3","VIGA METÁLICA EM PERFIL W 530 x 74, LAMINADO OU SOLDADO, EM AÇO ESTRUTURAL, COM CONEXÕES SOLDADAS, INCLUSOS MÃO DE OBRA, TRANSPORTE E IÇAMENTO UTILIZANDO GUINDASTE - FORNECIMENTO E INSTALAÇÃO. AF_01/2020_P",109604.22,{"$f":"C20/'PLANILHA SEM DESONERAÇÃO'!$S$363","v":1.406E-2},0.60409999999999997,"A"]
["5.20","CONCRETAGEM DE RADIER, PISO DE CONCRETO OU LAJE SOBRE SOLO, FCK 30 MPA - LANÇAMENTO, ADENSAMENTO E ACABAMENTO. AF_09/2021",106711.38,{"$f":"C21/'PLANILHA SEM DESONERAÇÃO'!$S$363","v":1.3690000000000001E-2},0.61780000000000002,"A"]
["11.1","CONTRAPISO EM ARGAMASSA TRAÇO 1:4 (CIMENTO E AREIA), PREPARO MECÂNICO COM BETONEIRA 400 L, APLICADO EM ÁREAS SECAS SOBRE LAJE, ADERIDO, ACABAMENTO NÃO REFORÇADO, ESPESSURA 3CM. AF_07/2021",100192.7,{"$f":"C22/'PLANILHA SEM DESONERAÇÃO'!$S$363","v":1.285E-2},0.63070000000000004,"A"]
["6.11","VIGA METÁLICA EM PERFIL W 250 x80, LAMINADO OU SOLDADO, EM AÇO ESTRUTURAL, COM CONEXÕES SOLDADAS, INCLUSOS MÃO DE OBRA, TRANSPORTE E IÇAMENTO UTILIZANDO GUINDASTE - FORNECIMENTO E INSTALAÇÃO. AF_01/2020_P",96422.399999999994,{"$f":"C23/'PLANILHA SEM DESONERAÇÃO'!$S$363","v":1.2370000000000001E-2},0.6431,"A"]
["6.9","VIGA METÁLICA EM PERFIL W 310 x 32,7, LAMINADO OU SOLDADO, EM AÇO ESTRUTURAL, COM CONEXÕES SOLDADAS, INCLUSOS MÃO DE OBRA, TRANSPORTE E IÇAMENTO UTILIZANDO GUINDASTE - FORNECIMENTO E INSTALAÇÃO. AF_01/2020_P",86038.29,{"$f":"C24/'PLANILHA SEM DESONERAÇÃO'!$S$363","v":1.103E-2},0.65410000000000001,"A"]
["13.1","ELETROCALHA LISA OU PERFURADA EM AÇO GALVANIZADO, LARGURA 50MM E ALTURA 50MM, INCLUSIVE EMENDA E FIXAÇÃO - FORNECIMENTO E INSTALAÇÃO",80466.75,{"$f":"C25/'PLANILHA SEM DESONERAÇÃO'!$S$363","v":1.0319999999999999E-2},0.66439999999999999,"A"]
["1.2","EXECUÇÃO DE ESCRITÓRIO EM CANTEIRO DE OBRA EM ALVENARIA, NÃO INCLUSO MOBILIÁRIO E EQUIPAMENTOS. AF_02/2016",73665.17,{"$f":"C26/'PLANILHA SEM DESONERAÇÃO'!$S$363","v":9.4500000000000001E-3},0.67390000000000005,"A"]
["16.2","ACABAMENTOS PARA FORRO (MOLDURA EM DRYWALL, COM LARGURA DE 15 CM). AF_ 05/2017_PS",73011.02,{"$f":"C27/'PLANILHA SEM DESONERAÇÃO'!$S$363","v":9.3600000000000003E-3},0.68330000000000002,"A"]
["8.5","PROTEÇÃO MECÂNICA DE SUPERFICIE HORIZONTAL COM ARGAMASSA DE CIMENTO E AREIA, TRAÇO 1:3, E=3CM. AF_06/2018",64423.14,{"$f":"C28/'PLANILHA SEM DESONERAÇÃO'!$S$363","v":8.26E-3},0.69159999999999999,"A"]
["1.3","EXECUÇÃO DE ALMOXARIFADO EM CANTEIRO DE OBRA EM ALVENARIA, INCLUSO PRATELEIRAS. AF_02/2016",62138.59,{"$f":"C29/'PLANILHA SEM DESONERAÇÃO'!$S$363","v":7.9699999999999997E-3},0.6996,"A"]
["1.5","EXECUÇÃO DE SANITÁRIO E VESTIÁRIO EM CANTEIRO DE OBRA EM ALVENARIA, NÃO INCLUSO MOBILIÁRIO. AF_02/2016",61067.53,{"$f":"C30/'PLANILHA SEM DESONERAÇÃO'!$S$363","v":7.8300000000000002E-3},0.70740000000000003,"A"]
["19.2","ENCARREGADO GERAL DE OBRAS COM ENCARGOS COMPLEMENTARES",60864.24,{"$f":"C31/'PLANILHA SEM DESONERAÇÃO'!$S$363","v":7.8100000000000001E-3},0.71519999999999995,"A"]
["3.7","AREIA PARA ATERRO - POSTO JAZIDA/FORNECEDOR (RETIRADO NA JAZIDA, SEM TRANSPORTE E SEM CARGA DO MATERIAL EM CAMINHÃO)",59977.29,{"$f":"C32/'PLANILHA SEM DESONERAÇÃO'!$S$363","v":7.6899999999999998E-3},0.72289999999999999,"A"]
["5.5","FABRICAÇÃO, MONTAGEM E DESMONTAGEM DE FÔRMA PARA VIGA BALDRAME, EM CHAPA DE MADEIRA COMPENSADA RESINADA, E=17 MM, 4 UTILIZAÇÕES. AF_06/2017",58244.08,{"$f":"C33/'PLANILHA SEM DESONERAÇÃO'!$S$363","v":7.4700000000000001E-3},0.73040000000000005,"A"]
["7.1","PAREDE COM PLACAS DE GESSO ACARTONADO (DRYWALL), PARA USO INTERNO, COM DUAS FACES SIMPLES E ESTRUTURA METÁLICA COM GUIAS SIMPLES, SEM VÃOS. AF_06/2017_PS",57784.14,{"$f":"C34/'PLANILHA SEM DESONERAÇÃO'!$S$363","v":7.4099999999999999E-3},0.73780000000000001,"A"]
["11.5","EXECUÇÃO DE PASSEIO (CALÇADA) OU PISO DE CONCRETO COM CONCRETO MOLDADO IN LOCO, FEITO EM OBRA, ACABAMENTO CONVENCIONAL, NÃO ARMADO. AF_08/2022",57192.87,{"$f":"C35/'PLANILHA SEM DESONERAÇÃO'!$S$363","v":7.3400000000000002E-3},0.74509999999999998,"A"]
["5.14","CONCRETAGEM DE BLOCOS DE COROAMENTO E VIGAS BALDRAME, FCK 30 MPA, COM USO DE JERICA LANÇAMENTO, ADENSAMENTO E ACABAMENTO. AF_06/2017",55856.1,{"$f":"C36/'PLANILHA SEM DESONERAÇÃO'!$S$363","v":7.1599999999999997E-3},0.75229999999999997,"B"]
["5.16","ATERRO MANUAL DE VALAS COM SOLO ARGILO-ARENOSO E COMPACTAÇÃO MECANIZADA. ",53844.5,{"$f":"C37/'PLANILHA SEM DESONERAÇÃO'!$S$363","v":6.9100000000000003E-3},{"$f":"E36+D37","v":0.75919999999999999},"B"]
["14.1","KIT DE PORTA DE MADEIRA PARA PINTURA, SEMI-OCA (LEVE OU MÉDIA), PADRÃO MÉDIO, 80X210CM, ESPESSURA DE 3,5CM, ITENS INCLUSOS: DOBRADIÇAS, MONTAGEM E INSTALAÇÃO DO BATENTE, FECHADURA COM EXECUÇÃO DO FURO - FORNECIMENTO E INSTALAÇÃO. AF_12/2019",{"$f":"'PLANILHA SEM DESONERAÇÃO'!S290","v":39510.17},{"$f":"C38/'PLANILHA SEM DESONERAÇÃO'!$S$363","v":5.0699999999999999E-3},{"$f":"D38+E37","v":0.76429999999999998},"B"]
["19.4","ALMOXARIFE COM ENCARGOS COMPLEMENTARES",47235.98,{"$f":"C39/'PLANILHA SEM DESONERAÇÃO'!$S$363","v":6.0600000000000003E-3},{"$f":"D39+E38","v":0.77039999999999997},"B"]
["16.11","APLICAÇÃO MANUAL DE PINTURA COM TINTA LÁTEX ACRÍLICA EM PAREDES, DUAS DEMÃOS. AF_06/2014",46532.94,{"$f":"C40/'PLANILHA SEM DESONERAÇÃO'!$S$363","v":5.9699999999999996E-3},0.77639999999999998,"B"]
["12.101","SUMIDOURO RETANGULAR, EM ALVENARIA COM BLOCOS DE CONCRETO, DIMENSÕES INTERNAS: 1,6 X 5,8 X H=3,0 M, ÁREA DE INFILTRAÇÃO: 50 M² (PARA 20 CONTRIBUINTES). . AF_12/2020",44341.120000000003,{"$f":"C41/'PLANILHA SEM DESONERAÇÃO'!$S$363","v":5.6899999999999997E-3},0.78210000000000002,"B"]
["5.15","IMPERMEABILIZAÇÃO DE SUPERFÍCIE COM EMULSÃO ASFÁLTICA, 2 DEMÃOS AF_06/2018",43306.34,{"$f":"C42/'PLANILHA SEM DESONERAÇÃO'!$S$363","v":5.5500000000000002E-3},0.78769999999999996,"B"]
["7.5","DIVISORIA SANITÁRIA, TIPO CABINE, EM GRANITO CINZA POLIDO, ESP = 3CM, ASSENTADO COM ARGAMASSA COLANTE AC III-E, EXCLUSIVE FERRAGENS. AF_01/2021",43020.78,{"$f":"C43/'PLANILHA SEM DESONERAÇÃO'!$S$363","v":5.5199999999999997E-3},0.79320000000000002,"B"]
["11.6","PISO PODOTÁTIL DE ALERTA OU DIRECIONAL, DE BORRACHA, ASSENTADO SOBRE ARGAMASSA. AF_05/2020",41925.339999999997,{"$f":"C44/'PLANILHA SEM DESONERAÇÃO'!$S$363","v":5.3800000000000002E-3},0.79859999999999998,"B"]
["16.8","APLICAÇÃO E LIXAMENTO DE MASSA LÁTEX EM TETO, UMA DEMÃO. AF_06/2014",41197.699999999997,{"$f":"C45/'PLANILHA SEM DESONERAÇÃO'!$S$363","v":5.28E-3},0.80389999999999995,"B",{"$nulls":5},1636553.69]
["16.9","APLICAÇÃO E LIXAMENTO DE MASSA LÁTEX EM PAREDES, UMA DEMÃO. AF_06/2014",39950.400000000001,{"$f":"C46/'PLANILHA SEM DESONERAÇÃO'!$S$363","v":5.1200000000000004E-3},0.80900000000000005,"B",{"$nulls":5},462780.76]
["11.4","CARPETE DE NYLON EM MANTA PARA TRAFEGO COMERCIAL PESADO, E = 9 A 10 MM (INSTALADO)",37256.35,{"$f":"C47/'PLANILHA SEM DESONERAÇÃO'!$S$363","v":4.7800000000000004E-3},0.81379999999999997,"B"]
["6.4","VIGA METÁLICA EM PERFIL W 530 x 72, LAMINADO OU SOLDADO, EM AÇO ESTRUTURAL, COM CONEXÕES SOLDADAS, INCLUSOS MÃO DE OBRA, TRANSPORTE E IÇAMENTO UTILIZANDO GUINDASTE - FORNECIMENTO E INSTALAÇÃO. AF_01/2020_P",37105.14,{"$f":"C48/'PLANILHA SEM DESONERAÇÃO'!$S$363","v":4.7600000000000003E-3},0.81859999999999999,"B"]
["10.4","RODAPÉ CERÂMICO DE 7CM DE ALTURA COM PLACAS TIPO ESMALTADA EXTRA DE DIMENSÕES 60X60CM. AF_06/2014",36677.230000000003,{"$f":"C49/'PLANILHA SEM DESONERAÇÃO'!$S$363","v":4.7000000000000002E-3},0.82330000000000003,"B"]
["13.2","ELETROCALHA LISA OU PERFURADA EM AÇO GALVANIZADO, LARGURA 100MM E ALTURA 50MM, INCLUSIVE EMENDA E FIXAÇÃO - FORNECIMENTO E INSTALAÇÃO",36672.449999999997,{"$f":"C50/'PLANILHA SEM DESONERAÇÃO'!$S$363","v":4.7000000000000002E-3},0.82799999999999996,"B"]
["5.7","ARMAÇÃO DE BLOCO, VIGA BALDRAME E SAPATA UTILIZANDO AÇO CA-60 DE 5 MM - MONTAGEM. AF_06/2017",35987.83,{"$f":"C51/'PLANILHA SEM DESONERAÇÃO'!$S$363","v":4.62E-3},0.83260000000000001,"B"]
["5.19","ARMAÇÃO DE LAJE DE ESTRUTURA CONVENCIONAL DE CONCRETO ARMADO UTILIZANDO AÇO CA-60 DE 5,0 MM - MONTAGEM. AF_06/2022",33708.1,{"$f":"C52/'PLANILHA SEM DESONERAÇÃO'!$S$363","v":4.3200000000000001E-3},0.83689999999999998,"B"]
["19.6","ENGENHEIRO ELETRICISTA COM ENCARGOS COMPLEMENTARES",33622.199999999997,{"$f":"C53/'PLANILHA SEM DESONERAÇÃO'!$S$363","v":4.3099999999999996E-3},0.84119999999999995,"B"]
["1.4","EXECUÇÃO DE REFEITÓRIO EM CANTEIRO DE OBRA EM ALVENARIA, NÃO INCLUSO MOBILIÁRIO E EQUIPAMENTOS. AF_02/2016",33436.54,{"$f":"C54/'PLANILHA SEM DESONERAÇÃO'!$S$363","v":4.2900000000000004E-3},0.84550000000000003,"B"]
["3.8","CARGA, MANOBRA E DESCARGA DE SOLOS E MATERIAIS GRANULARES EM CAMINHÃO BASCULANTE 14 M³ - CARGA COM ESCAVADEIRA HIDRÁULICA (CAÇAMBA DE 1,20 M³ / 155 HP) E DESCARGA LIVRE (UNIDADE: M3). AF_07/2020",33258.160000000003,{"$f":"C55/'PLANILHA SEM DESONERAÇÃO'!$S$363","v":4.2700000000000004E-3},0.8498,"B"]
["5.13","CONCRETAGEM DE SAPATAS, FCK 30 MPA, COM USO DE BOMBA LANÇAMENTO, ADENSAMENTO E ACABAMENTO. AF_11/2016",32103.77,{"$f":"C56/'PLANILHA SEM DESONERAÇÃO'!$S$363","v":4.1200000000000004E-3},0.85389999999999999,"B"]
["17.5","ALAMBRADO EM MOURÕES DE CONCRETO, COM TELA DE ARAME GALVANIZADO (INCLUSIVE MURETA EM CONCRETO). AF_05/2018",31447.5,{"$f":"C57/'PLANILHA SEM DESONERAÇÃO'!$S$363","v":4.0299999999999997E-3},0.8579,"B"]
["10.3","REVESTIMENTO CERÂMICO PARA PAREDES INTERNAS COM PLACAS TIPO ESMALTADA EXTRA DE DIMENSÕES 20X20 CM APLICADAS EM AMBIENTES DE ÁREA MAIOR QUE 5M² NA ALTURA INTEIRA DAS PAREDES. AF_06/2014",31015.65,{"$f":"C58/'PLANILHA SEM DESONERAÇÃO'!$S$363","v":3.98E-3},0.8619,"B"]
["6.12","VIGA METÁLICA EM PERFIL W 250 x22.3, LAMINADO OU SOLDADO, EM AÇO ESTRUTURAL, COM CONEXÕES SOLDADAS, INCLUSOS MÃO DE OBRA, TRANSPORTE E IÇAMENTO UTILIZANDO GUINDASTE - FORNECIMENTO E INSTALAÇÃO. AF_01/2020_P",30701.32,{"$f":"C59/'PLANILHA SEM DESONERAÇÃO'!$S$363","v":3.9399999999999999E-3},0.86580000000000001,"B"]
["16.10","APLICAÇÃO MANUAL DE PINTURA COM TINTA LÁTEX ACRÍLICA EM TETO, DUAS DEMÃOS. AF_06/2014",30049.4,{"$f":"C60/'PLANILHA SEM DESONERAÇÃO'!$S$363","v":3.8500000000000001E-3},0.86970000000000003,"B"]
["3.2","REMOÇÃO DE RAÍZES REMANESCENTES DE TRONCO DE ÁRVORE COM DIÂMETRO MAIOR OU IGUAL A 0,40 M E MENOR QUE 0,60 M.AF_05/2018",29740.560000000001,{"$f":"C61/'PLANILHA SEM DESONERAÇÃO'!$S$363","v":3.81E-3},0.87350000000000005,"B"]
["3.6","EXECUÇÃO E COMPACTAÇÃO DE ATERRO COM SOLO PREDOMINANTEMENTE ARENOSO - EXCLUSIVE SOLO, ESCAVAÇÃO, CARGA E TRANSPORTE. AF_11/2019",28996.94,{"$f":"C62/'PLANILHA SEM DESONERAÇÃO'!$S$363","v":3.7200000000000002E-3},0.87719999999999998,"B"]
["13.6","CABO DE COBRE FLEXÍVEL ISOLADO, 2,5 MM², ANTI-CHAMA 450/750 V, PARA CIRCUITOS TERMINAIS - FORNECIMENTO E INSTALAÇÃO. AF_12/2015",27790.83,{"$f":"C63/'PLANILHA SEM DESONERAÇÃO'!$S$363","v":3.5599999999999998E-3},0.88080000000000003,"B"]
["5.17","ALVENARIA DE BLOCO DE CONCRETO CHEIO COM ARMAÇÃO, EM CONCRETO COM FCK 15MPA , ESP. 14CM, PARA REVESTIMENTO, INCLUSIVE ARGAMASSA PARA ASSENTAMENTO",27592.99,{"$f":"C64/'PLANILHA SEM DESONERAÇÃO'!$S$363","v":3.5400000000000002E-3},0.88429999999999997,"B"]
["14.8","JANELA DE ALUMÍNIO DE CORRER COM 2 FOLHAS PARA VIDROS, COM VIDROS, BATENTE, ACABAMENTO COM ACETATO OU BRILHANTE E FERRAGENS. EXCLUSIVE ALIZAR E CONTRAMARCO. FORNECIMENTO E INSTALAÇÃO. AF_12/2019",27320.13,{"$f":"C65/'PLANILHA SEM DESONERAÇÃO'!$S$363","v":3.5000000000000001E-3},0.88780000000000003,"B"]
["13.40","CORDOALHA DE COBRE NU 35 MM², NÃO ENTERRADA, COM ISOLADOR - FORNECIMENTO E INSTALAÇÃO. AF_12/2017",25746,{"$f":"C66/'PLANILHA SEM DESONERAÇÃO'!$S$363","v":3.3E-3},0.8911,"B"]
["15.5","CONJUNTO MOTOBOMBA PARA SISTEMA DE PREVENÇÃO E COMBATE A INCÊNDIO, CONTENDO 2 BOMBAS CENTRÍFUGAS DE 14,8CV ",23093.1,{"$f":"C67/'PLANILHA SEM DESONERAÇÃO'!$S$363","v":2.96E-3},0.89410000000000001,"B"]
["13.7","CABO DE COBRE FLEXÍVEL ISOLADO, 4 MM², ANTI-CHAMA 450/750 V, PARA CIRCUITOS TERMINAIS - FORNECIMENTO E INSTALAÇÃO. AF_12/2015",22264.11,{"$f":"C68/'PLANILHA SEM DESONERAÇÃO'!$S$363","v":2.8600000000000001E-3},0.89700000000000002,{"$f":"IF(E68<=$J$2,\"A\",IF(AND(E68<=$K$3,E68>$I$3),\"B\",IF(E68>$J$4,\"C\")))","v":"B"}]
["5.11","ARMAÇÃO DE BLOCO, VIGA BALDRAME OU SAPATA UTILIZANDO AÇO CA-50 DE 12,5 MM - MONTAGEM. AF_06/2017",21855.040000000001,{"$f":"C69/'PLANILHA SEM DESONERAÇÃO'!$S$363","v":2.8E-3},{"$f":"D69+E68","v":0.89980000000000004},"B"]
["9.1","PEITORIL LINEAR EM GRANITO OU MÁRMORE, L = 15CM, COMPRIMENTO DE ATÉ 2M, ASSENTADO COM ARGAMASSA 1:6 COM ADITIVO. AF_11/2020",21852.55,{"$f":"C70/'PLANILHA SEM DESONERAÇÃO'!$S$363","v":2.8E-3},0.90259999999999996,"B"]
["17.2","ASSENTAMENTO DE GUIA (MEIO-FIO) EM TRECHO RETO, CONFECCIONADA EM CONCRETO PRÉ-FABRICADO, DIMENSÕES 100X15X13X30 CM (COMPRIMENTO X BASE INFERIOR X BASE SUPERIOR X ALTURA), PARA VIAS URBANAS (USO VIÁRIO). AF_06/2\n 016",21759.5,{"$f":"C71/'PLANILHA SEM DESONERAÇÃO'!$S$363","v":2.7899999999999999E-3},0.90539999999999998,"B"]
["16.4","APLICAÇÃO MANUAL DE MASSA ACRÍLICA EM PANOS DE FACHADA COM PRESENÇA DE VÃOS, DE EDIFÍCIOS DE MÚLTIPLOS PAVIMENTOS, UMA DEMÃO. AF_05/2017",20082.900000000001,{"$f":"C72/'PLANILHA SEM DESONERAÇÃO'!$S$363","v":2.5799999999999998E-3},0.90800000000000003,"B"]
["13.28","LUMINÁRIA TIPO CALHA, DE SOBREPOR, COM 2 LÂMPADAS TUBULARES FLUORESCENES DE 36 W, COM REATOR DE PARTIDA RÁPIDA - FORNECIMENTO E INSTALAÇÃO. AF_02/2020",19530.72,{"$f":"C73/'PLANILHA SEM DESONERAÇÃO'!$S$363","v":2.5000000000000001E-3},0.91049999999999998,"B"]
["12.100","FILTRO ANAERÓBIO RETANGULAR, EM ALVENARIA COM BLOCOS DE CONCRETO, DIMENSÕES INTERNAS: 1,6 X 5,6 X H=1,67 M, VOLUME ÚTIL: 10752 L (PARA 103 CONTRIBUINTES). AF_12/2020",19066.52,{"$f":"C74/'PLANILHA SEM DESONERAÇÃO'!$S$363","v":2.4499999999999999E-3},0.91300000000000003,"B"]
["13.41","CORDOALHA DE COBRE NU 50 MM², ENTERRADA, SEM ISOLADOR - FORNECIMENTO E INSTALAÇÃO. AF_12/2017",17121.599999999999,{"$f":"C75/'PLANILHA SEM DESONERAÇÃO'!$S$363","v":2.2000000000000001E-3},0.91520000000000001,"B"]
["14.11","INSTALAÇÃO DE VIDRO LISO FUME, E = 4 MM, EM ESQUADRIA DE ALUMÍNIO OU PVC, FIXADO COM BAGUETE. AF_01/2021_PS",17076.72,{"$f":"C76/'PLANILHA SEM DESONERAÇÃO'!$S$363","v":2.1900000000000001E-3},0.91739999999999999,"B"]
["14.5","PORTA EM ALUMÍNIO DE ABRIR TIPO VENEZIANA COM GUARNIÇÃO, FIXAÇÃO COM PARAFUSOS - FORNECIMENTO E INSTALAÇÃO. AF_12/2019",16753.560000000001,{"$f":"C77/'PLANILHA SEM DESONERAÇÃO'!$S$363","v":2.15E-3},0.91959999999999997,"B"]
["16.5","APLICAÇÃO MANUAL DE PINTURA COM TINTA TEXTURIZADA ACRÍLICA EM PANOS COM PRESENÇA DE VÃOS DE EDIFÍCIOS DE MÚLTIPLOS PAVIMENTOS, UMA COR. AF_06/2014",15733.25,{"$f":"C78/'PLANILHA SEM DESONERAÇÃO'!$S$363","v":2.0200000000000001E-3},0.92159999999999997,"B"]
["3.9","ESCAVAÇÃO HORIZONTAL, INCLUINDO CARGA, DESCARGA E TRANSPORTE EM SOLO DE 1A CATEGORIA COM TRATOR DE ESTEIRAS (170HP/LÂMINA: 5,20M3) E CAMINHÃO BASCULANTE DE 10M3, DMT ATÉ 200M. AF_07/2020",15710,{"$f":"C79/'PLANILHA SEM DESONERAÇÃO'!$S$363","v":2.0100000000000001E-3},0.92359999999999998,"B"]
["15.1","PONTO DE TOMADA PARA LUMINÁRIA DE INCÊNDIO, INCLUINDO TOMADA, CABO, ELETRODUTO E CAIXA.",15650.91,{"$f":"C80/'PLANILHA SEM DESONERAÇÃO'!$S$363","v":2.0100000000000001E-3},0.92559999999999998,"B"]
["5.6","MONTAGEM E DESMONTAGEM DE FÔRMA DE PILARES RETANGULARES E ESTRUTURAS SIMILARES, PÉ-DIREITO SIMPLES, EM CHAPA DE MADEIRA COMPENSADA RESINADA, 4 UTILIZAÇÕES. AF_09/2020",15322,{"$f":"C81/'PLANILHA SEM DESONERAÇÃO'!$S$363","v":1.97E-3},0.92759999999999998,"B"]
["13.5","CABO DE COBRE FLEXÍVEL ISOLADO, 1,5 MM², ANTI-CHAMA 450/750 V, PARA CIRCUITOS TERMINAIS - FORNECIMENTO E INSTALAÇÃO. AF_12/2015",14984.41,{"$f":"C82/'PLANILHA SEM DESONERAÇÃO'!$S$363","v":1.92E-3},0.92949999999999999,"B"]
["5.1","ESCAVAÇÃO MANUAL PARA BLOCO DE COROAMENTO OU SAPATA (INCLUINDO ESCAVAÇÃO PARA COLOCAÇÃO DE FÔRMAS). AF_06/2017",14826.18,{"$f":"C83/'PLANILHA SEM DESONERAÇÃO'!$S$363","v":1.9E-3},0.93140000000000001,"B"]
["19.3","TOPOGRAFO COM ENCARGOS COMPLEMENTARES",14765.88,{"$f":"C84/'PLANILHA SEM DESONERAÇÃO'!$S$363","v":1.89E-3},0.93330000000000002,"B"]
["12.99","TANQUE SÉPTICO RETANGULAR, EM ALVENARIA COM BLOCOS DE CONCRETO, DIMENSÕES INTERNAS: 1,6 X 4,6 X H=2,4 M, VOLUME ÚTIL: 14720 L (PARA 105 CONTRIBUINTES). AF_12/2020",13535.02,{"$f":"C85/'PLANILHA SEM DESONERAÇÃO'!$S$363","v":1.74E-3},0.93500000000000005,"B"]
["5.10","ARMAÇÃO DE BLOCO, VIGA BALDRAME OU SAPATA UTILIZANDO AÇO CA-50 DE 10 MM - MONTAGEM. AF_06/2017",13264.14,{"$f":"C86/'PLANILHA SEM DESONERAÇÃO'!$S$363","v":1.6999999999999999E-3},0.93669999999999998,"B"]
["13.4","ELETRODUTO FLEXÍVEL CORRUGADO, PVC, DN 25 MM (3/4\"), PARA CIRCUITOS TERMINAIS, INSTALADO EM PAREDE - FORNECIMENTO E INSTALAÇÃO. AF_12/2015",11903.4,{"$f":"C87/'PLANILHA SEM DESONERAÇÃO'!$S$363","v":1.5299999999999999E-3},0.93820000000000003,"B"]
["15.6","TUBO DE AÇO GALVANIZADO COM COSTURA, CLASSE MÉDIA, DN 65 (2 1/2), CONEXÃO ROSQUEADA, INSTALADO EM RESERVAÇÃO DE ÁGUA DE EDIFICAÇÃO QUE POSSUA RESERVATÓRIO DE FIBRA/FIBROCIMENTO FORNECIMENTO E INSTALAÇÃO. AF_06/2016",11805.08,{"$f":"C88/'PLANILHA SEM DESONERAÇÃO'!$S$363","v":1.5100000000000001E-3},0.93969999999999998,"B"]
["6.15","PILAR METÁLICO PERFIL LAMINADO/SOLDADO, W 250 x 85 EM AÇO ESTRUTURAL, COM CONEXÕES PARAFUSADAS, INCLUSOS MÃO DE OBRA, TRANSPORTE E IÇAMENTO UTILIZANDO GUINDASTE - FORNECIMENTO E INSTALAÇÃO. AF_01/2020_P",11797.38,{"$f":"C89/'PLANILHA SEM DESONERAÇÃO'!$S$363","v":1.5100000000000001E-3},0.94120000000000004,"B"]
["8.3","TRATAMENTO DE RODAPÉ COM VÉU DE POLIÉSTER. AF_06/2018",11777.58,{"$f":"C90/'PLANILHA SEM DESONERAÇÃO'!$S$363","v":1.5100000000000001E-3},0.94269999999999998,"B"]
["5.12","ARMAÇÃO DE BLOCO, VIGA BALDRAME OU SAPATA UTILIZANDO AÇO CA-50 DE 16 MM - MONTAGEM. AF_06/2017",11469.29,{"$f":"C91/'PLANILHA SEM DESONERAÇÃO'!$S$363","v":1.47E-3},0.94420000000000004,"B"]
["13.39","PONTO DE EMBUTIR SECO, PARA UMA (1) PLACA CEGA 4\"X4\", COM ELETRODUTO FLEXÍVEL CORRUGADO, ANTI-CHAMA, DN 25MM (3/4\"), EMBUTIDO NA ALVENARIA E SONDA EM ARAME GALVANIZADO, DIÂMETRO DE 1,24MM (BWG 18), COM DISTÂNCIA DE ATÉ DEZ (10) METROS DO PONTO DE DERIVAÇÃO, INCLUSIVE CAIXA DE LIGAÇÃO, SUPORTE E FIXAÇÃO DO ELETRODUTO COM ENCHIMENTO DO RASGO NA ALVENARIA/CONCRETO COM ARGAMASSA",11001.9,{"$f":"C92/'PLANILHA SEM DESONERAÇÃO'!$S$363","v":1.41E-3},0.9456,"B"]
["3.1","CORTE RASO E RECORTE DE ÁRVORE COM DIÂMETRO DE TRONCO MAIOR OU IGUAL A 0,20 M E MENOR QUE 0,40 M.AF_05/2018",10167.5,{"$f":"C93/'PLANILHA SEM DESONERAÇÃO'!$S$363","v":1.2999999999999999E-3},0.94689999999999996,"B"]
["6.5","VIGA METÁLICA EM PERFIL W 460 x 60, LAMINADO OU SOLDADO, EM AÇO ESTRUTURAL, COM CONEXÕES SOLDADAS, INCLUSOS MÃO DE OBRA, TRANSPORTE E IÇAMENTO UTILIZANDO GUINDASTE - FORNECIMENTO E INSTALAÇÃO. AF_01/2020_P",9720.36,{"$f":"C94/'PLANILHA SEM DESONERAÇÃO'!$S$363","v":1.25E-3},0.94820000000000004,"B"]
["5.4","FABRICAÇÃO, MONTAGEM E DESMONTAGEM DE FÔRMA PARA SAPATA, EM CHAPA DE MADEIRA COMPENSADA RESINADA, E=17 MM, 4 UTILIZAÇÕES. AF_06/2017",9357.4599999999991,{"$f":"C95/'PLANILHA SEM DESONERAÇÃO'!$S$363","v":1.1999999999999999E-3},0.94940000000000002,"B"]
["12.82","CAIXA COM GRELHA RETANGULAR DE FERRO FUNDIDO, EM ALVENARIA COM BLOCOS DE CONCRETO, DIMENSÕES INTERNAS: 0,30 X 1,00 X 1,00. AF_12/2020",9337.93,{"$f":"C96/'PLANILHA SEM DESONERAÇÃO'!$S$363","v":1.1999999999999999E-3},0.9506,"C"]
["12.63","TUBO PVC, SERIE NORMAL, ESGOTO PREDIAL, DN 100 MM, FORNECIDO E INSTALADO EM RAMAL DE DESCARGA OU RAMAL DE ESGOTO SANITÁRIO. AF_08/2022",9161.3700000000008,{"$f":"C97/'PLANILHA SEM DESONERAÇÃO'!$S$363","v":1.17E-3},0.95179999999999998,"C"]
["6.14","VIGA METÁLICA EM PERFIL W 150 x24, LAMINADO OU SOLDADO, EM AÇO ESTRUTURAL, COM CONEXÕES SOLDADAS, INCLUSOS MÃO DE OBRA, TRANSPORTE E IÇAMENTO UTILIZANDO GUINDASTE - FORNECIMENTO E INSTALAÇÃO. AF_01/2020_P",9161.32,{"$f":"C98/'PLANILHA SEM DESONERAÇÃO'!$S$363","v":1.17E-3},0.95299999999999996,"C"]
["13.3","ELETRODUTO FLEXÍVEL CORRUGADO, PVC, DN 25 MM (3/4\"), PARA CIRCUITOS TERMINAIS, INSTALADO EM LAJE - FORNECIMENTO E INSTALAÇÃO. AF_12/2015",8985.9,{"$f":"C99/'PLANILHA SEM DESONERAÇÃO'!$S$363","v":1.15E-3},0.95420000000000005,"C"]
["9.2","CHAPIM (RUFO CAPA) EM AÇO GALVANIZADO, CORTE 33. AF_11/2020",8863.4,{"$f":"C100/'PLANILHA SEM DESONERAÇÃO'!$S$363","v":1.14E-3},0.95530000000000004,"C"]
["11.3","SOLEIRA EM GRANITO, LARGURA 15 CM, ESPESSURA 2,0 CM. AF_09/2020 ",8807.1,{"$f":"C101/'PLANILHA SEM DESONERAÇÃO'!$S$363","v":1.1299999999999999E-3},0.95640000000000003,"C"]
["4.2","LOCACAO CONVENCIONAL DE OBRA, UTILIZANDO GABARITO DE TÁBUAS CORRIDAS PONTALETADAS A CADA 2,00M - 2 UTILIZAÇÕES. AF_10/2018",8729.76,{"$f":"C102/'PLANILHA SEM DESONERAÇÃO'!$S$363","v":1.1199999999999999E-3},0.95750000000000002,"C"]
["14.2","KIT DE PORTA DE MADEIRA PARA PINTURA, SEMI-OCA (LEVE OU MÉDIA), PADRÃO MÉDIO, 90X210CM, ESPESSURA DE 3,5CM, ITENS INCLUSOS: DOBRADIÇAS, MONTAGEM E INSTALAÇÃO DO BATENTE, FECHADURA COM EXECUÇÃO DO FURO - FORNECIMENTO E INSTALAÇÃO. AF_12/2019",8679.16,{"$f":"C103/'PLANILHA SEM DESONERAÇÃO'!$S$363","v":1.1100000000000001E-3},0.95860000000000001,"C"]
["12.81","CAIXA D´ÁGUA EM POLIÉSTER REFORÇADO COM FIBRA DE VIDRO, 5000 LITROS - FORNECIMENTO E INSTALAÇÃO. AF_06/2021",8662.1200000000008,{"$f":"C104/'PLANILHA SEM DESONERAÇÃO'!$S$363","v":1.1100000000000001E-3},0.9597,"C"]
["12.79","VASO SANITÁRIO SIFONADO COM CAIXA ACOPLADA LOUÇA BRANCA - FORNECIMENTO E INSTALAÇÃO. AF_01/2020",8221.65,{"$f":"C105/'PLANILHA SEM DESONERAÇÃO'!$S$363","v":1.0499999999999999E-3},0.96079999999999999,"C"]
["17.4","INSTALAÇÃO DE LIXEIRA METÁLICA DUPLA, CAPACIDADE DE 60 L, EM TUBO DE AÇO CARBONO E CESTOS EM CHAPA DE AÇO COM PINTURA ELETROSTÁTICA, SOBRE PISO DE CONCRETO EXISTENTE. AF_11/2021",8185.85,{"$f":"C106/'PLANILHA SEM DESONERAÇÃO'!$S$363","v":1.0499999999999999E-3},0.96189999999999998,"C"]
["6.18","ESCADA EM CONCRETO ARMADO MOLDADO IN LOCO, FCK 20 MPA, COM 2 LANCES EM \"U\" E LAJE PLANA, FÔRMA EM CHAPA DE MADEIRA COMPENSADA RESINADA. AF_11/2020",7979.31,{"$f":"C107/'PLANILHA SEM DESONERAÇÃO'!$S$363","v":1.0200000000000001E-3},0.96289999999999998,"C"]
["13.34","POSTE DECORATIVO PARA JARDIM EM AÇO TUBULAR, H = *2,5* M, SEM LUMINÁRIA - FORNECIMENTO E INSTALAÇÃO. AF_11/2019",7955.1,{"$f":"C108/'PLANILHA SEM DESONERAÇÃO'!$S$363","v":1.0200000000000001E-3},0.96389999999999998,"C"]
["16.7","APLICAÇÃO DE FUNDO SELADOR ACRÍLICO EM PAREDES, UMA DEMÃO. AF_06/2014",7913.05,{"$f":"C109/'PLANILHA SEM DESONERAÇÃO'!$S$363","v":1.01E-3},0.96489999999999998,"C"]
["14.6","PORTA DE FERRO, DE ABRIR, TIPO GRADE COM CHAPA, COM GUARNIÇÕES. AF_12/2019",7566.35,{"$f":"C110/'PLANILHA SEM DESONERAÇÃO'!$S$363","v":9.7000000000000005E-4},0.96589999999999998,"C"]
["12.96","CAIXA ENTERRADA HIDRÁULICA RETANGULAR, EM ALVENARIA COM BLOCOS DE CONCRETO, DIMENSÕES INTERNAS: 1X1X0,6 M PARA REDE DE ESGOTO. AF_12/2020",7300,{"$f":"C111/'PLANILHA SEM DESONERAÇÃO'!$S$363","v":9.3999999999999997E-4},0.96679999999999999,"C"]
["12.88","BANCADA DE GRANITO CINZA POLIDO, DE 0,50 X 0,60 M, PARA LAVATÓRIO - FORNECIMENTO E INSTALAÇÃO. AF_01/2020",7076.3,{"$f":"C112/'PLANILHA SEM DESONERAÇÃO'!$S$363","v":9.1E-4},0.9677,"C"]
["13.37","ELETRODUTO FLEXÍVEL CORRUGADO, PVC, DN 32 MM (1\"), PARA CIRCUITOS TERMINAIS, INSTALADO EM FORRO - FORNECIMENTO E INSTALAÇÃO. AF_12/2015",6858.6,{"$f":"C113/'PLANILHA SEM DESONERAÇÃO'!$S$363","v":8.8000000000000003E-4},0.96860000000000002,"C"]
["13.38","CAIXA RETANGULAR 4\" X 2\" MÉDIA (1,30 M DO PISO), PVC, INSTALADA EM PAREDE - FORNECIMENTO E INSTALAÇÃO. AF_12/2015",6751.88,{"$f":"C114/'PLANILHA SEM DESONERAÇÃO'!$S$363","v":8.7000000000000001E-4},0.96950000000000003,"C"]
["13.9","CABO DE COBRE FLEXÍVEL ISOLADO, 35 MM², ANTI-CHAMA 0,6/1,0 KV, PARA REDE ENTERRADA DE DISTRIBUIÇÃO DE ENERGIA ELÉTRICA - FORNECIMENTO E INSTALAÇÃO. AF_12/2021",6632.39,{"$f":"C115/'PLANILHA SEM DESONERAÇÃO'!$S$363","v":8.4999999999999995E-4},0.97040000000000004,"C"]
["13.8","CABO DE COBRE ISOLADO, 16 MM², ANTI-CHAMA 450/750 V, INSTALADO EM ELETROCALHA OU PERFILADO - FORNECIMENTO E INSTALAÇÃO. AF_10/2020",6531.04,{"$f":"C116/'PLANILHA SEM DESONERAÇÃO'!$S$363","v":8.4000000000000003E-4},0.97119999999999995,"C"]
["14.7","JANELA DE ALUMÍNIO TIPO MAXIM-AR, COM VIDROS, BATENTE E FERRAGENS. EXCLUSIVE ALIZAR, ACABAMENTO E CONTRAMARCO. FORNECIMENTO E INSTALAÇÃO. AF_12/2019",6478.9,{"$f":"C117/'PLANILHA SEM DESONERAÇÃO'!$S$363","v":8.3000000000000001E-4},0.97199999999999998,"C"]
["12.44","TUBO, PVC, SOLDÁVEL, DN 32MM, INSTALADO EM RAMAL DE DISTRIBUIÇÃO DE ÁGUA - FORNECIMENTO E INSTALAÇÃO. AF_06/2022",6435.36,{"$f":"C118/'PLANILHA SEM DESONERAÇÃO'!$S$363","v":8.3000000000000001E-4},0.9728,"C"]
["18.1","MOBILIZAÇÃO E DESMOBILIZAÇÃO DE OBRA",5911.88,{"$f":"C119/'PLANILHA SEM DESONERAÇÃO'!$S$363","v":7.6000000000000004E-4},0.97360000000000002,"C"]
["14.10","CONTRAMARCO DE ALUMÍNIO, FIXAÇÃO COM PARAFUSO - FORNECIMENTO E INSTALAÇÃO. AF_12/2019",5775.72,{"$f":"C120/'PLANILHA SEM DESONERAÇÃO'!$S$363","v":7.3999999999999999E-4},0.97430000000000005,"C"]
["14.12","PORTA DE ABRIR COM MOLA HIDRÁULICA, EM VIDRO TEMPERADO, 2 FOLHAS DE 90X210 CM, ESPESSURA DD 10MM, INCLUSIVE ACESSÓRIOS. AF_01/2021",5637.77,{"$f":"C121/'PLANILHA SEM DESONERAÇÃO'!$S$363","v":7.2000000000000005E-4},0.97499999999999998,"C"]
["15.4","PLACA DE SINALIZACAO DE SEGURANCA CONTRA INCENDIO, FOTOLUMINESCENTE, EM PVC *2* MM ANTI-CHAMAS (SIMBOLOS, CORES E PICTOGRAMAS CONFORME NBR 16820)",5499.9,{"$f":"C122/'PLANILHA SEM DESONERAÇÃO'!$S$363","v":7.1000000000000002E-4},0.97570000000000001,"C"]
["16.12","PINTURA FUNDO NIVELADOR ALQUÍDICO BRANCO EM MADEIRA. AF_01/2021",5483.14,{"$f":"C123/'PLANILHA SEM DESONERAÇÃO'!$S$363","v":6.9999999999999999E-4},0.97640000000000005,"C"]
["16.6","APLICAÇÃO DE FUNDO SELADOR ACRÍLICO EM TETO, UMA DEMÃO. AF_06/2014",5279.74,{"$f":"C124/'PLANILHA SEM DESONERAÇÃO'!$S$363","v":6.8000000000000005E-4},0.97709999999999997,"C"]
["13.17","TOMADA MÉDIA DE EMBUTIR (2 MÓDULOS), 2P+T 10 A, INCLUINDO SUPORTE E PLACA - FORNECIMENTO E INSTALAÇÃO. AF_12/2015",4841.2,{"$f":"C125/'PLANILHA SEM DESONERAÇÃO'!$S$363","v":6.2E-4},0.97770000000000001,"C"]
["12.76","MICTÓRIO SIFONADO LOUÇA BRANCA PADRÃO MÉDIO FORNECIMENTO E INSTALAÇÃO. AF_01/2020",4690.0200000000004,{"$f":"C126/'PLANILHA SEM DESONERAÇÃO'!$S$363","v":5.9999999999999995E-4},0.97829999999999995,"C"]
["15.3","EXTINTOR DE INCÊNDIO PORTÁTIL COM CARGA DE PQS DE 6 KG, CLASSE BC - FORNECIMENTO E INSTALAÇÃO. AF_10/2020_P",4584.1499999999996,{"$f":"C127/'PLANILHA SEM DESONERAÇÃO'!$S$363","v":5.9000000000000003E-4},0.97889999999999999,"C"]
["13.18","TOMADA BAIXA DE EMBUTIR (2 MÓDULOS), 2P+T 10 A, INCLUINDO SUPORTE E PLACA - FORNECIMENTO E INSTALAÇÃO. AF_12/2015",4463.91,{"$f":"C128/'PLANILHA SEM DESONERAÇÃO'!$S$363","v":5.6999999999999998E-4},0.97950000000000004,"C"]
["16.13","APLICAÇÃO MASSA ALQUÍDICA PARA MADEIRA, PARA PINTURA COM TINTA DE ACABAMENTO (PIGMENTADA). AF_01/2021",4420.66,{"$f":"C129/'PLANILHA SEM DESONERAÇÃO'!$S$363","v":5.6999999999999998E-4},0.98009999999999997,"C"]
["7.4","INSTALAÇÃO DE REFORÇO METÁLICO EM PAREDE DRYWALL. AF_06/2017",4245,{"$f":"C130/'PLANILHA SEM DESONERAÇÃO'!$S$363","v":5.4000000000000001E-4},0.98060000000000003,"C"]
["15.17","HIDRANTE SUBTERRÂNEO PREDIAL (COM CURVA LONGA E CAIXA), DN 75 MM - FORNECIMENTO E INSTALAÇÃO. AF_10/2020",4156.6000000000004,{"$f":"C131/'PLANILHA SEM DESONERAÇÃO'!$S$363","v":5.2999999999999998E-4},0.98109999999999997,"C"]
["5.18","CAMADA SEPARADORA PARA EXECUÇÃO DE RADIER, PISO DE CONCRETO OU LAJE SOBRE SOLO, EM LONA PLÁSTICA. AF_09/2021",3990,{"$f":"C132/'PLANILHA SEM DESONERAÇÃO'!$S$363","v":5.1000000000000004E-4},0.98160000000000003,{"$f":"IF(E132<=$J$2,\"A\",IF(AND(E132<=$K$3,E132>$I$3),\"B\",IF(E132>$J$4,\"C\")))","v":"C"}]
["13.20","QUADRO DE DISTRIBUIÇÃO DE ENERGIA EM CHAPA DE AÇO GALVANIZADO, DE EMBUTIR, COM BARRAMENTO TRIFÁSICO, PARA 30 DISJUNTORES DIN 225A - FORNECIMENTO E INSTALAÇÃO. AF_10/2020",3880.14,{"$f":"C133/'PLANILHA SEM DESONERAÇÃO'!$S$363","v":5.0000000000000001E-4},{"$f":"D133+E132","v":0.98209999999999997},"C"]
["13.35","LUMINÁRIA DE LED PARA ILUMINAÇÃO PÚBLICA, DE 33 W ATÉ 50 W - FORNECIMENTO E INSTALAÇÃO. AF_08/2020",3847.8,{"$f":"C134/'PLANILHA SEM DESONERAÇÃO'!$S$363","v":4.8999999999999998E-4},0.98260000000000003,"C"]
["12.89","CUBA DE EMBUTIR OVAL EM LOUÇA BRANCA, 35 X 50CM OU EQUIVALENTE, INCLUSO VÁLVULA EM METAL CROMADO E SIFÃO FLEXÍVEL EM PVC - FORNECIMENTO E INSTALAÇÃO. AF_01/2020",3842.86,{"$f":"C135/'PLANILHA SEM DESONERAÇÃO'!$S$363","v":4.8999999999999998E-4},0.98309999999999997,"C"]
["12.83","CAIXA ENTERRADA HIDRÁULICA RETANGULAR, EM ALVENARIA COM BLOCOS DE CONCRETO, DIMENSÕES INTERNAS: 0,6X0,6X0,6 M PARA REDE DE ESGOTO. AF_12/2020",3682.49,{"$f":"C136/'PLANILHA SEM DESONERAÇÃO'!$S$363","v":4.6999999999999999E-4},0.98360000000000003,"C"]
["16.14","PINTURA TINTA DE ACABAMENTO (PIGMENTADA) ESMALTE SINTÉTICO FOSCO EM MADEIRA, 2 DEMÃOS. AF_01/2021",3680.72,{"$f":"C137/'PLANILHA SEM DESONERAÇÃO'!$S$363","v":4.6999999999999999E-4},0.98409999999999997,"C"]
["13.36","CAIXA ENTERRADA ELÉTRICA RETANGULAR, EM ALVENARIA COM BLOCOS DE CONCRETO, FUNDO COM BRITA, DIMENSÕES INTERNAS: 0,4X0,4X0,4 M. AF_12/2020",3672.15,{"$f":"C138/'PLANILHA SEM DESONERAÇÃO'!$S$363","v":4.6999999999999999E-4},0.98460000000000003,"C"]
["14.4","PORTA DE CORRER DE ALUMÍNIO, COM DUAS FOLHAS PARA VIDRO, INCLUSO VIDRO LISO INCOLOR, FECHADURA E PUXADOR, SEM ALIZAR. AF_12/2019",3658.91,{"$f":"C139/'PLANILHA SEM DESONERAÇÃO'!$S$363","v":4.6999999999999999E-4},0.98509999999999998,"C"]
["12.74","ESCAVAÇÃO MANUAL DE VALA COM PROFUNDIDADE MENOR OU IGUAL A 1,30 M. AF_02/2021",3631.24,{"$f":"C140/'PLANILHA SEM DESONERAÇÃO'!$S$363","v":4.6999999999999999E-4},0.98560000000000003,"C"]
["13.32","ELETRODUTO RÍGIDO ROSCÁVEL, PVC, DN 75 MM (2 1/2\"), PARA REDE ENTERRADA DE DISTRIBUIÇÃO DE ENERGIA ELÉTRICA - FORNECIMENTO E INSTALAÇÃO. AF_12/2021",3599.4,{"$f":"C141/'PLANILHA SEM DESONERAÇÃO'!$S$363","v":4.6000000000000001E-4},0.98609999999999998,"C"]
["12.86","BANCADA DE GRANITO CINZA POLIDO, DE 1,50 X 0,60 M, PARA PIA DE COZINHA - FORNECIMENTO E INSTALAÇÃO. AF_01/2020",3277.59,{"$f":"C142/'PLANILHA SEM DESONERAÇÃO'!$S$363","v":4.2000000000000002E-4},0.98650000000000004,"C"]
["15.2","LUMINÁRIA DE EMERGÊNCIA, COM 30 LÂMPADAS LED DE 2 W, SEM REATOR - FORNECIMENTO E INSTALAÇÃO. AF_02/2020",3150.4,{"$f":"C143/'PLANILHA SEM DESONERAÇÃO'!$S$363","v":4.0000000000000002E-4},0.9869,"C"]
["13.42","ELETRODUTO PVC 40MM (1 ¼ ) PARA SPDA - FORNECIMENTO E INSTALAÇÃO. AF_12/2017",3106,{"$f":"C144/'PLANILHA SEM DESONERAÇÃO'!$S$363","v":4.0000000000000002E-4},0.98729999999999996,"C"]
["14.3","PORTA DE MADEIRA COMPENSADA LISA PARA PINTURA, 120X210X3,5CM, 2 FOLHAS, INCLUSO ADUELA 2A, ALIZAR 2A E DOBRADIÇAS. AF_12/2019",2881.77,{"$f":"C145/'PLANILHA SEM DESONERAÇÃO'!$S$363","v":3.6999999999999999E-4},0.98770000000000002,"C"]
["5.9","ARMAÇÃO DE BLOCO, VIGA BALDRAME OU SAPATA UTILIZANDO AÇO CA-50 DE 8 MM - MONTAGEM. AF_06/2017",2844.39,{"$f":"C146/'PLANILHA SEM DESONERAÇÃO'!$S$363","v":3.6000000000000002E-4},0.98809999999999998,"C"]
["12.78","TORNEIRA CROMADA DE MESA, 1/2 OU 3/4, PARA LAVATÓRIO, PADRÃO MÉDIO - FORNECIMENTO E INSTALAÇÃO. AF_01/2020",2739.66,{"$f":"C147/'PLANILHA SEM DESONERAÇÃO'!$S$363","v":3.5E-4},0.98850000000000005,"C"]
["16.3","APLICAÇÃO MANUAL DE FUNDO SELADOR ACRÍLICO EM PANOS COM PRESENÇA DE VÃOS DE EDIFÍCIOS DE MÚLTIPLOS PAVIMENTOS. AF_06/2014",2673.34,{"$f":"C148/'PLANILHA SEM DESONERAÇÃO'!$S$363","v":3.4000000000000002E-4},0.98880000000000001,"C"]
["15.7","TUBO DE AÇO GALVANIZADO COM COSTURA, CLASSE MÉDIA, DN 80 (3), CONEXÃO ROSQUEADA, INSTALADO EM RESERVAÇÃO DE ÁGUA DE EDIFICAÇÃO QUE POSSUA RESERVATÓRIO DE FIBRA/FIBROCIMENTO FORNECIMENTO E INSTALAÇÃO. AF_06/2016",2651.16,{"$f":"C149/'PLANILHA SEM DESONERAÇÃO'!$S$363","v":3.4000000000000002E-4},0.98909999999999998,"C"]
["3.3","LIMPEZA MECANIZADA DE CAMADA VEGETAL, VEGETAÇÃO E PEQUENAS ÁRVORES (DIÂMETRO DE TRONCO MENOR QUE 0,20 M), COM TRATOR DE ESTEIRAS.AF_05/2018",2640,{"$f":"C150/'PLANILHA SEM DESONERAÇÃO'!$S$363","v":3.4000000000000002E-4},0.98939999999999995,"C"]
["5.2","ESCAVAÇÃO MANUAL DE VALA PARA VIGA BALDRAME (INCLUINDO ESCAVAÇÃO PARA COLOCAÇÃO DE FÔRMAS). AF_06/2017",2622.28,{"$f":"C151/'PLANILHA SEM DESONERAÇÃO'!$S$363","v":3.4000000000000002E-4},0.98970000000000002,"C"]
["13.29","ENTRADA DE ENERGIA ELÉTRICA, SUBTERRÂNEA, TRIFÁSICA, COM CAIXA DE SOBREPOR, CABO DE 35 MM2 E DISJUNTOR DIN 50A (NÃO INCLUSA MURETA DE ALVENARIA). AF_07/2020_PS",2570.6799999999998,{"$f":"C152/'PLANILHA SEM DESONERAÇÃO'!$S$363","v":3.3E-4},0.99,"C"]
["13.15","TOMADA MÉDIA DE EMBUTIR (1 MÓDULO), 2P+T 10 A, INCLUINDO SUPORTE E PLACA - FORNECIMENTO E INSTALAÇÃO. AF_12/2015",2544.96,{"$f":"C153/'PLANILHA SEM DESONERAÇÃO'!$S$363","v":3.3E-4},0.99029999999999996,"C"]
["7.6","TAPA VISTA DE MICTÓRIO EM GRANITO CINZA POLIDO, ESP = 3CM, ASSENTADO COM ARGAMASSA COLANTE AC III-E . AF_01/2021",2478.44,{"$f":"C154/'PLANILHA SEM DESONERAÇÃO'!$S$363","v":3.2000000000000003E-4},0.99060000000000004,"C"]
["4.1","LOCAÇÃO DE PONTO PARA REFERÊNCIA TOPOGRÁFICA. AF_10/2018",2427.5,{"$f":"C155/'PLANILHA SEM DESONERAÇÃO'!$S$363","v":3.1E-4},0.9909,"C"]
["13.16","TOMADA BAIXA DE EMBUTIR (1 MÓDULO), 2P+T 10 A, INCLUINDO SUPORTE E PLACA - FORNECIMENTO E INSTALAÇÃO. AF_12/2015",2363.94,{"$f":"C156/'PLANILHA SEM DESONERAÇÃO'!$S$363","v":2.9999999999999997E-4},0.99119999999999997,"C"]
["17.3","PLANTIO DE GRAMA ESMERALDA OU SÃO CARLOS OU CURITIBANA, EM PLACAS. AF_ 05/2022",2259,{"$f":"C157/'PLANILHA SEM DESONERAÇÃO'!$S$363","v":2.9E-4},0.99150000000000005,"C"]
["1.1","FORNECIMENTO E COLOCAÇÃO DE PLACA DE OBRA (4,80 X 2,4 0 M) -  EM CHAPA GALVANIZADA *N. 22*, ADESIVADA E FIXADA COM SUPORTE EM EUCALIPTO AUTOCLAVADO.",2247.67,{"$f":"C158/'PLANILHA SEM DESONERAÇÃO'!$S$363","v":2.9E-4},0.99180000000000001,"C"]
["1.1","FORNECIMENTO E COLOCAÇÃO DE PLACA DE OBRA (4,80 X 2,4 0 M) -  EM CHAPA GALVANIZADA *N. 22*, ADESIVADA E FIXADA COM SUPORTE EM EUCALIPTO AUTOCLAVADO.",2247.67,{"$f":"C159/'PLANILHA SEM DESONERAÇÃO'!$S$363","v":2.9E-4},0.99209999999999998,"C"]
["15.14","CURVA 90 GRAUS, EM AÇO, CONEXÃO RANHURADA, DN 65 (2 1/2\"), INSTALADO EM PRUMADAS - FORNECIMENTO E INSTALAÇÃO. AF_10/2020",2146.48,{"$f":"C160/'PLANILHA SEM DESONERAÇÃO'!$S$363","v":2.7999999999999998E-4},0.99239999999999995,"C"]
["12.90","TANQUE DE LOUÇA BRANCA SUSPENSO, 18L OU EQUIVALENTE, INCLUSO SIFÃO TIPO GARRAFA EM METAL CROMADO, VÁLVULA METÁLICA E TORNEIRA DE METAL CROMADO PADRÃO MÉDIO - FORNECIMENTO E INSTALAÇÃO. AF_01/2020",2113.54,{"$f":"C161/'PLANILHA SEM DESONERAÇÃO'!$S$363","v":2.7E-4},0.99270000000000003,"C"]
["15.16","ABRIGO PARA HIDRANTE, 90X60X17CM, COM REGISTRO GLOBO ANGULAR 45 GRAUS 2 1/2\", ADAPTADOR STORZ 2 1/2\", MANGUEIRA DE INCÊNDIO 20M, REDUÇÃO 2 1/2\" X 1 1/2\" E ESGUICHO EM LATÃO 1 1/2\" - FORNECIMENTO E INSTALAÇÃO. AF_10/2020",2084,{"$f":"C162/'PLANILHA SEM DESONERAÇÃO'!$S$363","v":2.7E-4},0.99299999999999999,"C"]
["12.87","CUBA DE EMBUTIR DE AÇO INOXIDÁVEL MÉDIA, INCLUSO VÁLVULA TIPO AMERICANA E SIFÃO TIPO GARRAFA EM METAL CROMADO - FORNECIMENTO E INSTALAÇÃO. AF_01/2020",2002.5,{"$f":"C163/'PLANILHA SEM DESONERAÇÃO'!$S$363","v":2.5999999999999998E-4},0.99329999999999996,"C"]
["5.3","LASTRO DE CONCRETO MAGRO, APLICADO EM BLOCOS DE COROAMENTO OU SAPATAS, ESPESSURA DE 5 CM. AF_08/2017",1900.5,{"$f":"C164/'PLANILHA SEM DESONERAÇÃO'!$S$363","v":2.4000000000000001E-4},0.99350000000000005,"C"]
["13.43","HASTE DE ATERRAMENTO 5/8 PARA SPDA - FORNECIMENTO E INSTALAÇÃO. AF_12/2017",1898.24,{"$f":"C165/'PLANILHA SEM DESONERAÇÃO'!$S$363","v":2.4000000000000001E-4},0.99370000000000003,"C"]
["13.19","QUADRO DE DISTRIBUIÇÃO DE ENERGIA EM CHAPA DE AÇO GALVANIZADO, DE EMBUTIR, COM BARRAMENTO TRIFÁSICO, PARA 30 DISJUNTORES DIN 150A - FORNECIMENTO E INSTALAÇÃO. AF_10/2020",1893.44,{"$f":"C166/'PLANILHA SEM DESONERAÇÃO'!$S$363","v":2.4000000000000001E-4},0.99390000000000001,"C"]
["12.2","REGISTRO DE GAVETA BRUTO, LATÃO, ROSCÁVEL, 3/4\", COM ACABAMENTO E CANOPLA CROMADOS - FORNECIMENTO E INSTALAÇÃO. AF_08/2021",1758.45,{"$f":"C167/'PLANILHA SEM DESONERAÇÃO'!$S$363","v":2.3000000000000001E-4},0.99409999999999998,"C"]
["6.13","PILAR METÁLICO PERFIL LAMINADO/SOLDADO, W 200 x 19.3 EM AÇO ESTRUTURAL, COM CONEXÕES PARAFUSADAS, INCLUSOS MÃO DE OBRA, TRANSPORTE E IÇAMENTO UTILIZANDO GUINDASTE - FORNECIMENTO E INSTALAÇÃO. AF_01/2020_P",1746.65,{"$f":"C168/'PLANILHA SEM DESONERAÇÃO'!$S$363","v":2.2000000000000001E-4},0.99429999999999996,"C"]
["12.72","TUBO PVC, SERIE NORMAL, ESGOTO PREDIAL, DN 100 MM, FORNECIDO E INSTALADO EM PRUMADA DE ESGOTO SANITÁRIO OU VENTILAÇÃO. AF_08/2022",1688.5,{"$f":"C169/'PLANILHA SEM DESONERAÇÃO'!$S$363","v":2.2000000000000001E-4},0.99450000000000005,"C"]
["6.10","PILAR METÁLICO PERFIL LAMINADO/SOLDADO, W 310 x 23.8, EM AÇO ESTRUTURAL, COM CONEXÕES PARAFUSADAS, INCLUSOS MÃO DE OBRA, TRANSPORTE E IÇAMENTO UTILIZANDO GUINDASTE - FORNECIMENTO E INSTALAÇÃO. AF_01/2020_P",1556.71,{"$f":"C170/'PLANILHA SEM DESONERAÇÃO'!$S$363","v":2.0000000000000001E-4},0.99470000000000003,"C"]
["12.5","REGISTRO DE GAVETA BRUTO, LATÃO, ROSCÁVEL, 1/2\", COM ACABAMENTO E CANOPLA CROMADOS - FORNECIMENTO E INSTALAÇÃO. AF_08/2021",1548.9,{"$f":"C171/'PLANILHA SEM DESONERAÇÃO'!$S$363","v":2.0000000000000001E-4},0.99490000000000001,"C"]
["15.13","CONJUNTO HIDRÁULICO PARA INSTALAÇÃO DE BOMBA EM AÇO ROSCÁVEL, DN SUCÇÃO 32 (1 1/4) E DN RECALQUE 25 (1), PARA EDIFICAÇÃO ATÉ 4 PAVIMENTOS FORNECIMENTO E INSTALAÇÃO. AF_06/2016",1487.42,{"$f":"C172/'PLANILHA SEM DESONERAÇÃO'!$S$363","v":1.9000000000000001E-4},0.99509999999999998,"C"]
["12.43","TUBO, PVC, SOLDÁVEL, DN 25MM, INSTALADO EM RAMAL DE DISTRIBUIÇÃO DE ÁGUA - FORNECIMENTO E INSTALAÇÃO. AF_06/2022",1419.12,{"$f":"C173/'PLANILHA SEM DESONERAÇÃO'!$S$363","v":1.8000000000000001E-4},0.99529999999999996,"C"]
["12.95","CAIXA DE GORDURA PEQUENA (CAPACIDADE: 19 L), CIRCULAR, EM PVC, DIÂMETRO INTERNO= 0,3 M. AF_12/2020",1414.17,{"$f":"C174/'PLANILHA SEM DESONERAÇÃO'!$S$363","v":1.8000000000000001E-4},0.99550000000000005,"C"]
["12.60","TUBO PVC, SERIE NORMAL, ESGOTO PREDIAL, DN 40 MM, FORNECIDO E INSTALADO EM RAMAL DE DESCARGA OU RAMAL DE ESGOTO SANITÁRIO. AF_08/2022",1393.42,{"$f":"C175/'PLANILHA SEM DESONERAÇÃO'!$S$363","v":1.8000000000000001E-4},0.99570000000000003,"C"]
["12.93","BARRA DE APOIO RETA, EM ACO INOX POLIDO, COMPRIMENTO 80 CM, FIXADA NA PAREDE - FORNECIMENTO E INSTALAÇÃO. AF_01/2020",1356.3,{"$f":"C176/'PLANILHA SEM DESONERAÇÃO'!$S$363","v":1.7000000000000001E-4},0.99590000000000001,"C"]
["12.45","TUBO, PVC, SOLDÁVEL, DN 40MM, INSTALADO EM PRUMADA DE ÁGUA - FORNECIMENTO E INSTALAÇÃO. AF_06/2022",1335.44,{"$f":"C177/'PLANILHA SEM DESONERAÇÃO'!$S$363","v":1.7000000000000001E-4},0.99609999999999999,"C"]
["15.19","REGISTRO DE GAVETA BRUTO, LATÃO, ROSCÁVEL, 3\" - FORNECIMENTO E INSTALAÇÃO. AF_08/2021",1327.56,{"$f":"C178/'PLANILHA SEM DESONERAÇÃO'!$S$363","v":1.7000000000000001E-4},0.99629999999999996,"C"]
["12.61","TUBO PVC, SERIE NORMAL, ESGOTO PREDIAL, DN 50 MM, FORNECIDO E INSTALADO EM RAMAL DE DESCARGA OU RAMAL DE ESGOTO SANITÁRIO. AF_08/2022",1293.92,{"$f":"C179/'PLANILHA SEM DESONERAÇÃO'!$S$363","v":1.7000000000000001E-4},0.99650000000000005,"C"]
["7.7","CORRIMÃO SIMPLES, DIÂMETRO EXTERNO = 1 1/2\", EM ALUMÍNIO. AF_04/2019",1277.2,{"$f":"C180/'PLANILHA SEM DESONERAÇÃO'!$S$363","v":1.6000000000000001E-4},0.99670000000000003,"C"]
["13.10","INTERRUPTOR SIMPLES (1 MÓDULO), 10A/250V, INCLUINDO SUPORTE E PLACA - FORNECIMENTO E INSTALAÇÃO. AF_12/2015",1198.43,{"$f":"C181/'PLANILHA SEM DESONERAÇÃO'!$S$363","v":1.4999999999999999E-4},0.99690000000000001,"C"]
["15.11","TÊ, EM FERRO GALVANIZADO, CONEXÃO ROSQUEADA, DN 65 (2 1/2), INSTALADO EM RESERVAÇÃO DE ÁGUA DE EDIFICAÇÃO QUE POSSUA RESERVATÓRIO DE FIBRA/FIBROCIMENTO FORNECIMENTO E INSTALAÇÃO. AF_06/2016",1190.22,{"$f":"C182/'PLANILHA SEM DESONERAÇÃO'!$S$363","v":1.4999999999999999E-4},0.99709999999999999,"C"]
["13.33","REFLETOR RETANGULAR FECHADO, COM LÂMPADA VAPOR METÁLICO 400 W - FORNECIMENTO E INSTALAÇÃO. AF_08/2020",1149.52,{"$f":"C183/'PLANILHA SEM DESONERAÇÃO'!$S$363","v":1.4999999999999999E-4},0.99729999999999996,"C"]
["13.31","ELETRODUTO RÍGIDO ROSCÁVEL, PVC, DN 60 MM (2\"), PARA REDE ENTERRADA DE DISTRIBUIÇÃO DE ENERGIA ELÉTRICA - FORNECIMENTO E INSTALAÇÃO. AF_12/2021",1098,{"$f":"C184/'PLANILHA SEM DESONERAÇÃO'!$S$363","v":1.3999999999999999E-4},0.99739999999999995,"C"]
["15.18","REGISTRO DE GAVETA BRUTO, LATÃO, ROSCÁVEL, 2 1/2\" - FORNECIMENTO E INSTALAÇÃO. AF_08/2021",1094.31,{"$f":"C185/'PLANILHA SEM DESONERAÇÃO'!$S$363","v":1.3999999999999999E-4},0.99750000000000005,"C"]
["12.7","ENGATE FLEXÍVEL EM INOX, 1/2 X 30CM - FORNECIMENTO E INSTALAÇÃO. AF_01/2020",1047.52,{"$f":"C186/'PLANILHA SEM DESONERAÇÃO'!$S$363","v":1.2999999999999999E-4},0.99760000000000004,"C"]
["3.5","CARGA, MANOBRA E DESCARGA DE ENTULHO EM CAMINHÃO BASCULANTE 14 M³ - CARGA COM ESCAVADEIRA HIDRÁULICA (CAÇAMBA DE 0,80 M³ / 111 HP) E DESCARGA LIVRE (UNIDADE: M3). AF_07/2020",1043,{"$f":"C187/'PLANILHA SEM DESONERAÇÃO'!$S$363","v":1.2999999999999999E-4},0.99770000000000003,"C"]
["8.1","IMPERMEABILIZAÇÃO DE SUPERFÍCIE COM ARGAMASSA POLIMÉRICA / MEMBRANA ACRÍLICA, 3 DEMÃOS. AF_06/2018",1028.54,{"$f":"C188/'PLANILHA SEM DESONERAÇÃO'!$S$363","v":1.2999999999999999E-4},0.99780000000000002,"C"]
["13.47","CAIXA DE INSPEÇÃO PARA ATERRAMENTO, CIRCULAR, EM POLIETILENO, DIÂMETRO INTERNO = 0,3 M. AF_12/2020",991.52,{"$f":"C189/'PLANILHA SEM DESONERAÇÃO'!$S$363","v":1.2999999999999999E-4},0.99790000000000001,"C"]
["13.12","INTERRUPTOR SIMPLES (2 MÓDULOS), 10A/250V, INCLUINDO SUPORTE E PLACA - FORNECIMENTO E INSTALAÇÃO. AF_12/2015",925.56,{"$f":"C190/'PLANILHA SEM DESONERAÇÃO'!$S$363","v":1.2E-4},0.998,"C"]
["12.102","ESCAVAÇÃO MECANIZADA DE VALA COM PROF. MAIOR QUE 1,5 M ATÉ 3,0 M (MÉDIA MONTANTE E JUSANTE/UMA COMPOSIÇÃO POR TRECHO),COM ESCAVADEIRA (1,2 M3),LARG. DE 1,5 M A 2,5 M, EM SOLO DE 1A CATEGORIA, LOCAIS COM BAIXO NÍVEL DE INTERFERÊNCIA. AF_02/2021",911.39,{"$f":"C191/'PLANILHA SEM DESONERAÇÃO'!$S$363","v":1.2E-4},0.99809999999999999,"C"]
["12.42","TUBO, PVC, SOLDÁVEL, DN 20MM, INSTALADO EM RAMAL DE DISTRIBUIÇÃO DE ÁGUA - FORNECIMENTO E INSTALAÇÃO. AF_06/2022",903.9,{"$f":"C192/'PLANILHA SEM DESONERAÇÃO'!$S$363","v":1.2E-4},0.99819999999999998,"C"]
["12.3","REGISTRO DE PRESSÃO BRUTO, LATÃO, ROSCÁVEL, 3/4\", COM ACABAMENTO E CANOPLA CROMADOS - FORNECIMENTO E INSTALAÇÃO. AF_08/2021",889.36,{"$f":"C193/'PLANILHA SEM DESONERAÇÃO'!$S$363","v":1.1E-4},0.99829999999999997,"C"]
["15.15","CURVA 90 GRAUS, EM AÇO, CONEXÃO RANHURADA, DN 80 (3\"), INSTALADO EM PRUMADAS - FORNECIMENTO E INSTALAÇÃO. AF_10/2020",876.15,{"$f":"C194/'PLANILHA SEM DESONERAÇÃO'!$S$363","v":1.1E-4},0.99839999999999995,"C"]
["12.80","VASO SANITARIO SIFONADO CONVENCIONAL PARA PCD SEM FURO FRONTAL COM LOUÇA BRANCA SEM ASSENTO - FORNECIMENTO E INSTALAÇÃO. AF_01/2020",861.09,{"$f":"C195/'PLANILHA SEM DESONERAÇÃO'!$S$363","v":1.1E-4},0.99850000000000005,"C"]
["12.92","ASSENTO SANITÁRIO CONVENCIONAL - FORNECIMENTO E INSTALACAO. AF_01/2020",855.68,{"$f":"C196/'PLANILHA SEM DESONERAÇÃO'!$S$363","v":1.1E-4},0.99860000000000004,{"$f":"IF(E196<=$J$2,\"A\",IF(AND(E196<=$K$3,E196>$I$3),\"B\",IF(E196>$J$4,\"C\")))","v":"C"}]
["15.20","VÁLVULA DE RETENÇÃO VERTICAL, DE BRONZE, ROSCÁVEL, 2 1/2\" - FORNECIMENTO E INSTALAÇÃO. AF_08/2021",839.84,{"$f":"C197/'PLANILHA SEM DESONERAÇÃO'!$S$363","v":1.1E-4},{"$f":"D197+E196","v":0.99870000000000003},"C"]
["15.9","NIPLE, EM FERRO GALVANIZADO, CONEXÃO ROSQUEADA, DN 80 (3), INSTALADO EM RESERVAÇÃO DE ÁGUA DE EDIFICAÇÃO QUE POSSUA RESERVATÓRIO DE FIBRA/FIBROCIMENTO FORNECIMENTO E INSTALAÇÃO. AF_06/2016",814.32,{"$f":"C198/'PLANILHA SEM DESONERAÇÃO'!$S$363","v":1E-4},0.99880000000000002,"C"]
["12.94","PUXADOR PARA PCD, FIXADO NA PORTA - FORNECIMENTO E INSTALAÇÃO. AF_01/2020",808.96,{"$f":"C199/'PLANILHA SEM DESONERAÇÃO'!$S$363","v":1E-4},0.99890000000000001,"C"]
["15.8","NIPLE, EM FERRO GALVANIZADO, CONEXÃO ROSQUEADA, DN 65 (2 1/2), INSTALADO EM RESERVAÇÃO DE ÁGUA DE EDIFICAÇÃO QUE POSSUA RESERVATÓRIO DE FIBRA/FIBROCIMENTO FORNECIMENTO E INSTALAÇÃO. AF_06/2016",786.15,{"$f":"C200/'PLANILHA SEM DESONERAÇÃO'!$S$363","v":1E-4},0.999,"C"]
["12.91","KIT DE ACESSORIOS PARA BANHEIRO EM METAL CROMADO, 5 PECAS, INCLUSO FIXAÇÃO. AF_01/2020",783.9,{"$f":"C201/'PLANILHA SEM DESONERAÇÃO'!$S$363","v":1E-4},0.99909999999999999,"C"]
["12.84","CAIXA SIFONADA, COM GRELHA REDONDA, PVC, DN 150 X 150 X 50 MM, JUNTA SOLDÁVEL, FORNECIDA E INSTALADA EM RAMAL DE DESCARGA OU EM RAMAL DE ESGOTO SANITÁRIO. AF_08/2022",726.88,{"$f":"C202/'PLANILHA SEM DESONERAÇÃO'!$S$363","v":9.0000000000000006E-5},0.99919999999999998,"C"]
["13.45","MASTRO 1 ½ PARA SPDA - FORNECIMENTO E INSTALAÇÃO. AF_12/2017",646.14,{"$f":"C203/'PLANILHA SEM DESONERAÇÃO'!$S$363","v":8.0000000000000007E-5},0.99929999999999997,"C"]
["12.71","TUBO PVC, SERIE NORMAL, ESGOTO PREDIAL, DN 50 MM, FORNECIDO E INSTALADO EM PRUMADA DE ESGOTO SANITÁRIO OU VENTILAÇÃO. AF_08/2022",602,{"$f":"C204/'PLANILHA SEM DESONERAÇÃO'!$S$363","v":8.0000000000000007E-5},0.99939999999999996,"C"]
["3.4","REGULARIZAÇÃO DE SUPERFÍCIES COM MOTONIVELADORA. AF_11/2019",600,{"$f":"C205/'PLANILHA SEM DESONERAÇÃO'!$S$363","v":8.0000000000000007E-5},0.99950000000000006,"C"]
["12.52","CURVA PVC LONGA 45G, PVC, SÉRIE NORMAL, ESGOTO PREDIAL, DN 50 MM, JUNTA ELÁSTICA, FORNECIDO E INSTALADO EM RAMAL DE DESCARGA OU RAMAL DE ESGOTO SANITÁRIO. AF_08/2022",577.20000000000005,{"$f":"C206/'PLANILHA SEM DESONERAÇÃO'!$S$363","v":6.9999999999999994E-5},0.99960000000000004,"C"]
["13.26","DISJUNTOR TERMOMAGNÉTICO TRIPOLAR , CORRENTE NOMINAL DE 125A - FORNECIMENTO E INSTALAÇÃO. AF_10/2020",553.27,{"$f":"C207/'PLANILHA SEM DESONERAÇÃO'!$S$363","v":6.9999999999999994E-5},0.99970000000000003,"C"]
["13.46","CAPTOR TIPO FRANKLIN PARA SPDA - FORNECIMENTO E INSTALAÇÃO. AF_12/2017",540.80999999999995,{"$f":"C208/'PLANILHA SEM DESONERAÇÃO'!$S$363","v":6.9999999999999994E-5},0.99980000000000002,"C"]
["16.15","PINTURA COM TINTA ALQUÍDICA DE FUNDO E ACABAMENTO (ESMALTE SINTÉTICO GRAFITE) PULVERIZADA SOBRE SUPERFÍCIES METÁLICAS (EXCETO PERFIL) EXECUTADO EM OBRA (POR DEMÃO). AF_01/2020_P",529.76,{"$f":"C209/'PLANILHA SEM DESONERAÇÃO'!$S$363","v":6.9999999999999994E-5},0.99990000000000001,"C"]
["12.77","TORNEIRA CROMADA TUBO MÓVEL, DE MESA, 1/2 OU 3/4, PARA PIA DE COZINHA, PADRÃO ALTO - FORNECIMENTO E INSTALAÇÃO. AF_01/2020",529.71,{"$f":"C210/'PLANILHA SEM DESONERAÇÃO'!$S$363","v":6.9999999999999994E-5},1,"C"]
["15.12","TÊ, EM FERRO GALVANIZADO, CONEXÃO ROSQUEADA, DN 80 (3), INSTALADO EM RESERVAÇÃO DE ÁGUA DE EDIFICAÇÃO QUE POSSUA RESERVATÓRIO DE FIBRA/FIBROCIMENTO FORNECIMENTO E INSTALAÇÃO. AF_06/2016",525.46,{"$f":"C211/'PLANILHA SEM DESONERAÇÃO'!$S$363","v":6.9999999999999994E-5},1.0001,"C"]
["10.2","EMBOÇO OU MASSA ÚNICA EM ARGAMASSA TRAÇO 1:2:8, PREPARO MECÂNICO COM BETONEIRA 400 L, APLICADA MANUALMENTE EM PANOS CEGOS DE FACHADA (SEM PRESENÇA DE VÃOS), ESPESSURA DE 25 MM. AF_08/2022",516.72,{"$f":"C212/'PLANILHA SEM DESONERAÇÃO'!$S$363","v":6.9999999999999994E-5},1.0002,"C"]
["13.21","DISJUNTOR MONOPOLAR TIPO DIN, CORRENTE NOMINAL DE 16A - FORNECIMENTO E INSTALAÇÃO. AF_10/2020",494.76,{"$f":"C213/'PLANILHA SEM DESONERAÇÃO'!$S$363","v":6.0000000000000002E-5},1.0003,"C"]
["12.49","JUNÇÃO SIMPLES, PVC, SERIE NORMAL, ESGOTO PREDIAL, DN 100 X 100 MM, JUNTA ELÁSTICA, FORNECIDO E INSTALADO EM RAMAL DE DESCARGA OU RAMAL DE ESGOTO SANITÁRIO. AF_08/2022",489.44,{"$f":"C214/'PLANILHA SEM DESONERAÇÃO'!$S$363","v":6.0000000000000002E-5},1.0004,"C"]
["12.37","TE, PVC, SOLDÁVEL, DN 25MM, INSTALADO EM RAMAL DE DISTRIBUIÇÃO DE ÁGUA - FORNECIMENTO E INSTALAÇÃO. AF_06/2022",479.7,{"$f":"C215/'PLANILHA SEM DESONERAÇÃO'!$S$363","v":6.0000000000000002E-5},1.0004999999999999,"C"]
["12.54","CURVA CURTA 90 GRAUS, PVC, SERIE NORMAL, ESGOTO PREDIAL, DN 100 MM, JUNTA ELÁSTICA, FORNECIDO E INSTALADO EM RAMAL DE DESCARGA OU RAMAL DE ESGOTO SANITÁRIO. AF_08/2022",470.34,{"$f":"C216/'PLANILHA SEM DESONERAÇÃO'!$S$363","v":6.0000000000000002E-5},1.0005999999999999,"C"]
["12.34","JOELHO 90 GRAUS COM BUCHA DE LATÃO, PVC, SOLDÁVEL, DN 25MM, X 1/2 INSTALADO EM RAMAL OU SUB-RAMAL DE ÁGUA - FORNECIMENTO E INSTALAÇÃO. AF_06/2022",446.04,{"$f":"C217/'PLANILHA SEM DESONERAÇÃO'!$S$363","v":6.0000000000000002E-5},1.0006999999999999,"C"]
["12.46","JUNÇÃO DE REDUÇÃO INVERTIDA, PVC, SÉRIE NORMAL, ESGOTO PREDIAL, DN 100 X 50 MM, JUNTA ELÁSTICA, FORNECIDO E INSTALADO EM RAMAL DE DESCARGA OU RAMAL DE ESGOTO SANITÁRIO. AF_08/2022",409.92,{"$f":"C218/'PLANILHA SEM DESONERAÇÃO'!$S$363","v":5.0000000000000002E-5},1.0007999999999999,"C"]
["13.44","BASE METÁLICA PARA MASTRO 1 ½ PARA SPDA - FORNECIMENTO E INSTALAÇÃO. AF_12/2017",409.35,{"$f":"C219/'PLANILHA SEM DESONERAÇÃO'!$S$363","v":5.0000000000000002E-5},1.0008999999999999,"C"]
["12.6","REGISTRO DE GAVETA BRUTO, LATÃO, ROSCÁVEL, 1 1/4\", COM ACABAMENTO E CANOPLA CROMADOS - FORNECIMENTO E INSTALAÇÃO. AF_08/2021",393,{"$f":"C220/'PLANILHA SEM DESONERAÇÃO'!$S$363","v":5.0000000000000002E-5},1.0009999999999999,"C"]
["12.47","JUNÇÃO SIMPLES, PVC, SERIE NORMAL, ESGOTO PREDIAL, DN 50 X 50 MM, JUNTA ELÁSTICA, FORNECIDO E INSTALADO EM RAMAL DE DESCARGA OU RAMAL DE ESGOTO SANITÁRIO. AF_08/2022",373.2,{"$f":"C221/'PLANILHA SEM DESONERAÇÃO'!$S$363","v":5.0000000000000002E-5},1.0011000000000001,"C"]
["2.4","TRANSPORTE COM CAMINHÃO BASCULANTE DE 14 M³, EM VIA URBANA PAVIMENTADA, DMT ATÉ 30 KM (UNIDADE: M3XKM). AF_07/2020",339.88,{"$f":"C222/'PLANILHA SEM DESONERAÇÃO'!$S$363","v":4.0000000000000003E-5},1.0011000000000001,"C"]
["12.73","TERMINAL DE VENTILAÇÃO, PVC, SÉRIE NORMAL, ESGOTO PREDIAL, DN 100 MM, JUNTA SOLDÁVEL, FORNECIDO E INSTALADO EM PRUMADA DE ESGOTO SANITÁRIO OU VENTILAÇÃO. AF_08/2022",326.60000000000002,{"$f":"C223/'PLANILHA SEM DESONERAÇÃO'!$S$363","v":4.0000000000000003E-5},1.0011000000000001,"C"]
["16.16","PINTURA DE DEMARCAÇÃO DE VAGA COM TINTA EPÓXI, E = 10 CM, APLICAÇÃO MANUAL. AF_05/2021",315,{"$f":"C224/'PLANILHA SEM DESONERAÇÃO'!$S$363","v":4.0000000000000003E-5},1.0011000000000001,"C"]
["13.14","INTERRUPTOR SIMPLES (3 MÓDULOS), 10A/250V, INCLUINDO SUPORTE E PLACA - FORNECIMENTO E INSTALAÇÃO. AF_12/2015",281.83999999999997,{"$f":"C225/'PLANILHA SEM DESONERAÇÃO'!$S$363","v":4.0000000000000003E-5},1.0011000000000001,"C"]
["12.58","JOELHO 90 GRAUS, PVC, SERIE NORMAL, ESGOTO PREDIAL, DN 100 MM, JUNTA ELÁSTICA, FORNECIDO E INSTALADO EM RAMAL DE DESCARGA OU RAMAL DE ESGOTO SANITÁRIO. AF_08/2022",267.2,{"$f":"C226/'PLANILHA SEM DESONERAÇÃO'!$S$363","v":3.0000000000000001E-5},1.0011000000000001,"C"]
["13.25","DISJUNTOR TRIPOLAR TIPO DIN, CORRENTE NOMINAL DE 50A - FORNECIMENTO E INSTALAÇÃO. AF_10/2020",249.12,{"$f":"C227/'PLANILHA SEM DESONERAÇÃO'!$S$363","v":3.0000000000000001E-5},1.0011000000000001,"C"]
["12.30","JOELHO 90 GRAUS, PVC, SOLDÁVEL, DN 32MM, INSTALADO EM RAMAL OU SUB-RAMAL DE ÁGUA - FORNECIMENTO E INSTALAÇÃO. AF_06/2022",243.9,{"$f":"C228/'PLANILHA SEM DESONERAÇÃO'!$S$363","v":3.0000000000000001E-5},1.0011000000000001,"C"]
["13.11","INTERRUPTOR PARALELO (1 MÓDULO), 10A/250V, INCLUINDO SUPORTE E PLACA - FORNECIMENTO E INSTALAÇÃO. AF_12/2015",240.54,{"$f":"C229/'PLANILHA SEM DESONERAÇÃO'!$S$363","v":3.0000000000000001E-5},1.0011000000000001,"C"]
["12.53","CURVA CURTA 90 GRAUS, PVC, SERIE NORMAL, ESGOTO PREDIAL, DN 40 MM, JUNTA SOLDÁVEL, FORNECIDO E INSTALADO EM RAMAL DE DESCARGA OU RAMAL DE ESGOTO SANITÁRIO. AF_08/2022",235.79,{"$f":"C230/'PLANILHA SEM DESONERAÇÃO'!$S$363","v":3.0000000000000001E-5},1.0011000000000001,"C"]
["12.56","JOELHO 90 GRAUS, PVC, SERIE NORMAL, ESGOTO PREDIAL, DN 40 MM, JUNTA SOLDÁVEL, FORNECIDO E INSTALADO EM RAMAL DE DESCARGA OU RAMAL DE ESGOTO SANITÁRIO. AF_08/2022",233.82,{"$f":"C231/'PLANILHA SEM DESONERAÇÃO'!$S$363","v":3.0000000000000001E-5},1.0011000000000001,"C"]
["12.97","KIT CAVALETE PARA MEDIÇÃO DE ÁGUA - ENTRADA PRINCIPAL, EM PVC SOLDÁVEL DN 25 (¾\") FORNECIMENTO E INSTALAÇÃO (EXCLUSIVE HIDRÔMETRO). AF_11/2016",212.02,{"$f":"C232/'PLANILHA SEM DESONERAÇÃO'!$S$363","v":3.0000000000000001E-5},1.0011000000000001,"C"]
["12.8","ENGATE FLEXÍVEL EM PLÁSTICO BRANCO, 1/2 X 30CM - FORNECIMENTO E INSTALAÇÃO. AF_01/2020",207.23,{"$f":"C233/'PLANILHA SEM DESONERAÇÃO'!$S$363","v":3.0000000000000001E-5},1.0011000000000001,"C"]
["12.57","JOELHO 90 GRAUS, PVC, SERIE NORMAL, ESGOTO PREDIAL, DN 50 MM, JUNTA ELÁSTICA, FORNECIDO E INSTALADO EM RAMAL DE DESCARGA OU RAMAL DE ESGOTO SANITÁRIO. AF_08/2022",201.48,{"$f":"C234/'PLANILHA SEM DESONERAÇÃO'!$S$363","v":3.0000000000000001E-5},1.0011000000000001,"C"]
["15.10","COTOVELO 90 GRAUS, EM FERRO GALVANIZADO, CONEXÃO ROSQUEADA, DN 80 (3), INSTALADO EM RESERVAÇÃO DE ÁGUA DE EDIFICAÇÃO QUE POSSUA RESERVATÓRIO DE FIBRA/FIBROCIMENTO FORNECIMENTO E INSTALAÇÃO. AF_06/2016",199.04,{"$f":"C235/'PLANILHA SEM DESONERAÇÃO'!$S$363","v":3.0000000000000001E-5},1.0011000000000001,"C"]
["13.13","INTERRUPTOR PARALELO (3 MÓDULOS), 10A/250V, INCLUINDO SUPORTE E PLACA - FORNECIMENTO E INSTALAÇÃO. AF_12/2015",186.94,{"$f":"C236/'PLANILHA SEM DESONERAÇÃO'!$S$363","v":2.0000000000000002E-5},1.0011000000000001,"C"]
["13.27","QUADRO DE MEDIÇÃO GERAL DE ENERGIA PARA 1 MEDIDOR DE SOBREPOR - FORNECIMENTO E INSTALAÇÃO. AF_10/2020",185.64,{"$f":"C237/'PLANILHA SEM DESONERAÇÃO'!$S$363","v":2.0000000000000002E-5},1.0011000000000001,"C"]
["12.29","JOELHO 90 GRAUS, PVC, SOLDÁVEL, DN 25MM, INSTALADO EM RAMAL OU SUB-RAMAL DE ÁGUA - FORNECIMENTO E INSTALAÇÃO. AF_06/2022",181.26,{"$f":"C238/'PLANILHA SEM DESONERAÇÃO'!$S$363","v":2.0000000000000002E-5},1.0011000000000001,"C"]
["2.1","DEMOLIÇÃO DE ALVENARIA DE BLOCO FURADO, DE FORMA MANUAL, SEM REAPROVEITAMENTO. AF_12/2017",179.86,{"$f":"C239/'PLANILHA SEM DESONERAÇÃO'!$S$363","v":2.0000000000000002E-5},1.0011000000000001,"C"]
["12.33","JOELHO DE REDUÇÃO, 90 GRAUS, PVC, SOLDÁVEL, DN 25 MM X 20 MM, INSTALADO EM RAMAL OU SUB-RAMAL DE ÁGUA - FORNECIMENTO E INSTALAÇÃO. AF_06/2022",179.36,{"$f":"C240/'PLANILHA SEM DESONERAÇÃO'!$S$363","v":2.0000000000000002E-5},1.0011000000000001,"C"]
["15.21","MANÔMETRO 0 A 200 PSI (0 A 14 KGF/CM2), D = 50MM - FORNECIMENTO E INSTALAÇÃO. AF_10/2020",175.02,{"$f":"C241/'PLANILHA SEM DESONERAÇÃO'!$S$363","v":2.0000000000000002E-5},1.0011000000000001,"C"]
["12.50","CURVA CURTA 90 GRAUS, PVC, SERIE NORMAL, ESGOTO PREDIAL, DN 50 MM, JUNTA ELÁSTICA, FORNECIDO E INSTALADO EM RAMAL DE DESCARGA OU RAMAL DE ESGOTO SANITÁRIO. AF_08/2022",160.80000000000001,{"$f":"C242/'PLANILHA SEM DESONERAÇÃO'!$S$363","v":2.0000000000000002E-5},1.0011000000000001,"C"]
["12.65","TE, PVC, SERIE NORMAL, ESGOTO PREDIAL, DN 100 X 100 MM, JUNTA ELÁSTICA, FORNECIDO E INSTALADO EM RAMAL DE DESCARGA OU RAMAL DE ESGOTO SANITÁRIO. AF_08/2022",160.13999999999999,{"$f":"C243/'PLANILHA SEM DESONERAÇÃO'!$S$363","v":2.0000000000000002E-5},1.0011000000000001,"C"]
["12.26","CURVA 90 GRAUS, PVC, SOLDÁVEL, DN 40MM, INSTALADO EM RAMAL DE DISTRIBUIÇÃO DE ÁGUA - FORNECIMENTO E INSTALAÇÃO. AF_06/2022",149.69999999999999,{"$f":"C244/'PLANILHA SEM DESONERAÇÃO'!$S$363","v":2.0000000000000002E-5},1.0011000000000001,"C"]
["12.98","CAIXA EM CONCRETO PRÉ-MOLDADO PARA ABRIGO DE HIDRÔMETRO COM DN 20 (½) FORNECIMENTO E INSTALAÇÃO. AF_11/2016",144.47999999999999,{"$f":"C245/'PLANILHA SEM DESONERAÇÃO'!$S$363","v":2.0000000000000002E-5},1.0011000000000001,"C"]
["13.22","DISJUNTOR MONOPOLAR TIPO DIN, CORRENTE NOMINAL DE 20A - FORNECIMENTO E INSTALAÇÃO. AF_10/2020",139.6,{"$f":"C246/'PLANILHA SEM DESONERAÇÃO'!$S$363","v":2.0000000000000002E-5},1.0011000000000001,"C"]
["12.13","LUVA DE CORRER, PVC, SOLDÁVEL, DN 32MM, INSTALADO EM RAMAL OU SUB-RAMAL DE ÁGUA FORNECIMENTO E INSTALAÇÃO. AF_06/2022",132.81,{"$f":"C247/'PLANILHA SEM DESONERAÇÃO'!$S$363","v":2.0000000000000002E-5},1.0011000000000001,"C"]
["12.48","JUNÇÃO SIMPLES, PVC, SERIE NORMAL, ESGOTO PREDIAL, DN 40 MM, JUNTA SOLDÁVEL, FORNECIDO E INSTALADO EM RAMAL DE DESCARGA OU RAMAL DE ESGOTO SANITÁRIO. AF_08/2022",127.92,{"$f":"C248/'PLANILHA SEM DESONERAÇÃO'!$S$363","v":2.0000000000000002E-5},1.0011000000000001,"C"]
["12.68","JUNÇÃO SIMPLES, PVC, SERIE NORMAL, ESGOTO PREDIAL, DN 50 X 50 MM, JUNTA ELÁSTICA, FORNECIDO E INSTALADO EM PRUMADA DE ESGOTO SANITÁRIO OU VENTILAÇÃO. AF_08/2022",122.65,{"$f":"C249/'PLANILHA SEM DESONERAÇÃO'!$S$363","v":2.0000000000000002E-5},1.0011000000000001,"C"]
["12.39","TE, PVC, SOLDÁVEL, DN 32MM, INSTALADO EM RAMAL OU SUB-RAMAL DE ÁGUA - FORNECIMENTO E INSTALAÇÃO. AF_06/2022",121.14,{"$f":"C250/'PLANILHA SEM DESONERAÇÃO'!$S$363","v":2.0000000000000002E-5},1.0011000000000001,"C"]
["12.67","JOELHO 90 GRAUS, PVC, SERIE NORMAL, ESGOTO PREDIAL, DN 50 MM, JUNTA ELÁSTICA, FORNECIDO E INSTALADO EM PRUMADA DE ESGOTO SANITÁRIO OU VENTILAÇÃO. AF_08/2022",118.7,{"$f":"C251/'PLANILHA SEM DESONERAÇÃO'!$S$363","v":2.0000000000000002E-5},1.0011000000000001,"C"]
["12.51","CURVA PVC, 45 GRAUS, CURTA, PVC, SÉRIE NORMAL, ESGOTO PREDIAL, DN 100MM, JUNTA ELÁSTICA, FORNECIDO E INSTALADO EM RAMAL DE DESCARGA OU RAMAL DE ESGOTO SANITÁRIO. AF_08/2022",116.78,{"$f":"C252/'PLANILHA SEM DESONERAÇÃO'!$S$363","v":1.0000000000000001E-5},1.0011000000000001,"C"]
["12.75","CHUVEIRO ELÉTRICO COMUM CORPO PLÁSTICO, TIPO DUCHA FORNECIMENTO E INSTALAÇÃO. AF_01/2020",112.83,{"$f":"C253/'PLANILHA SEM DESONERAÇÃO'!$S$363","v":1.0000000000000001E-5},1.0011000000000001,"C"]
["12.17","ADAPTADOR CURTO COM BOLSA E ROSCA PARA REGISTRO, PVC, SOLDÁVEL, DN 25MM X 3/4 , INSTALADO EM RAMAL OU SUB-RAMAL DE ÁGUA - FORNECIMENTO E INSTALAÇÃO. AF_06/2022",102.6,{"$f":"C254/'PLANILHA SEM DESONERAÇÃO'!$S$363","v":1.0000000000000001E-5},1.0011000000000001,"C"]
["12.40","TE, PVC, SOLDÁVEL, DN 40MM, INSTALADO EM PRUMADA DE ÁGUA - FORNECIMENTO E INSTALAÇÃO. AF_06/2022",93.24,{"$f":"C255/'PLANILHA SEM DESONERAÇÃO'!$S$363","v":1.0000000000000001E-5},1.0011000000000001,"C"]
["10.1","CHAPISCO APLICADO EM ALVENARIA (SEM PRESENÇA DE VÃOS) E ESTRUTURAS DE CONCRETO DE FACHADA, COM COLHER DE PEDREIRO. ARGAMASSA TRAÇO 1:3 COM PREPARO EM BETONEIRA 400L. AF_06/2014",90.84,{"$f":"C256/'PLANILHA SEM DESONERAÇÃO'!$S$363","v":1.0000000000000001E-5},1.0011000000000001,"C"]
["12.55","CURVA LONGA 45 GRAUS, PVC, SÉRIE NORMAL, ESGOTO PREDIAL, DN 100 MM, JUNTA ELÁSTICA, FORNECIDO E INSTALADO EM RAMAL DE DESCARGA OU RAMAL DE ESGOTO SANITÁRIO. AF_08/2022",83.41,{"$f":"C257/'PLANILHA SEM DESONERAÇÃO'!$S$363","v":1.0000000000000001E-5},1.0011000000000001,"C"]
["2.2","DEMOLIÇÃO DE PILARES E VIGAS EM CONCRETO ARMADO, DE FORMA MECANIZADA COM MARTELETE, SEM REAPROVEITAMENTO. AF_12/2017",81.03,{"$f":"C258/'PLANILHA SEM DESONERAÇÃO'!$S$363","v":1.0000000000000001E-5},1.0011000000000001,"C"]
["13.30","ELETRODUTO RÍGIDO ROSCÁVEL, PVC, DN 50 MM (1 1/2\"), PARA REDE ENTERRADA DE DISTRIBUIÇÃO DE ENERGIA ELÉTRICA - FORNECIMENTO E INSTALAÇÃO. AF_12/2021",73.05,{"$f":"C259/'PLANILHA SEM DESONERAÇÃO'!$S$363","v":1.0000000000000001E-5},1.0011000000000001,"C"]
["12.64","BUCHA DE REDUÇÃO LONGA, PVC, SÉRIE NORMAL, ESGOTO PREDIAL, DN 50 X 40 MM, JUNTA SOLDÁVEL E ELÁSTICA, FORNECIDO E INSTALADO EM RAMAL DE DESCARGA OU RAMAL DE ESGOTO SANITÁRIO. AF_08/2022",70.319999999999993,{"$f":"C260/'PLANILHA SEM DESONERAÇÃO'!$S$363","v":1.0000000000000001E-5},1.0011000000000001,{"$f":"IF(E260<=$J$2,\"A\",IF(AND(E260<=$K$3,E260>$I$3),\"B\",IF(E260>$J$4,\"C\")))","v":"C"}]
["13.23","DISJUNTOR MONOPOLAR TIPO DIN, CORRENTE NOMINAL DE 25A - FORNECIMENTO E INSTALAÇÃO. AF_10/2020",69.8,{"$f":"C261/'PLANILHA SEM DESONERAÇÃO'!$S$363","v":1.0000000000000001E-5},{"$f":"D261+E260","v":1.0011000000000001},"C"]
["12.66","JOELHO 45 GRAUS, PVC, SERIE NORMAL, ESGOTO PREDIAL, DN 100 MM, JUNTA ELÁSTICA, FORNECIDO E INSTALADO EM RAMAL DE DESCARGA OU RAMAL DE ESGOTO SANITÁRIO. AF_08/2022",66.62,{"$f":"C262/'PLANILHA SEM DESONERAÇÃO'!$S$363","v":1.0000000000000001E-5},1.0011000000000001,"C"]
["12.31","JOELHO 90 GRAUS, PVC, SOLDÁVEL, DN 40MM, INSTALADO EM RAMAL DE DISTRIBUIÇÃO DE ÁGUA - FORNECIMENTO E INSTALAÇÃO. AF_06/2022",57.06,{"$f":"C263/'PLANILHA SEM DESONERAÇÃO'!$S$363","v":1.0000000000000001E-5},1.0011000000000001,"C"]
["12.28","JOELHO 90 GRAUS, PVC, SOLDÁVEL, DN 20MM, INSTALADO EM RAMAL OU SUB-RAMAL DE ÁGUA - FORNECIMENTO E INSTALAÇÃO. AF_06/2022",55.23,{"$f":"C264/'PLANILHA SEM DESONERAÇÃO'!$S$363","v":1.0000000000000001E-5},1.0011000000000001,"C"]
["12.22","CURVA 90 GRAUS, PVC, SOLDÁVEL, DN 20MM, INSTALADO EM RAMAL OU SUB-RAMAL DE ÁGUA - FORNECIMENTO E INSTALAÇÃO. AF_06/2022",53.5,{"$f":"C265/'PLANILHA SEM DESONERAÇÃO'!$S$363","v":1.0000000000000001E-5},1.0011000000000001,"C"]
["8.2","TRATAMENTO DE RALO OU PONTO EMERGENTE COM ARGAMASSA POLIMÉRICA / MEMBRANA ACRÍLICA REFORÇADO COM VÉU DE POLIÉSTER (MAV). AF_06/2018",49.48,{"$f":"C266/'PLANILHA SEM DESONERAÇÃO'!$S$363","v":1.0000000000000001E-5},1.0011000000000001,"C"]
["12.19","ADAPTADOR COM FLANGE E ANEL DE VEDAÇÃO, PVC, SOLDÁVEL, DN 20 MM X 1/2, INSTALADO EM RESERVAÇÃO DE ÁGUA DE EDIFICAÇÃO QUE POSSUA RESERVATÓRIO DE FIBRA/FIBROCIMENTO FORNECIMENTO E INSTALAÇÃO. AF_06/2016",46.14,{"$f":"C267/'PLANILHA SEM DESONERAÇÃO'!$S$363","v":1.0000000000000001E-5},1.0011000000000001,"C"]
["12.32","JOELHO DE REDUÇÃO, 90 GRAUS, PVC, SOLDÁVEL, DN 32 MM X 25 MM, INSTALADO EM RAMAL OU SUB-RAMAL DE ÁGUA - FORNECIMENTO E INSTALAÇÃO. AF_06/2022",45.81,{"$f":"C268/'PLANILHA SEM DESONERAÇÃO'!$S$363","v":1.0000000000000001E-5},1.0011000000000001,"C"]
["12.12","LUVA DE CORRER, PVC, SOLDÁVEL, DN 25MM, INSTALADO EM RAMAL OU SUB-RAMAL DE ÁGUA - FORNECIMENTO E INSTALAÇÃO. AF_12/2014",42.9,{"$f":"C269/'PLANILHA SEM DESONERAÇÃO'!$S$363","v":1.0000000000000001E-5},1.0011000000000001,"C"]
["12.25","CURVA 90 GRAUS, PVC, SOLDÁVEL, DN 32MM, INSTALADO EM RAMAL OU SUB-RAMAL DE ÁGUA - FORNECIMENTO E INSTALAÇÃO. AF_06/2022",41.62,{"$f":"C270/'PLANILHA SEM DESONERAÇÃO'!$S$363","v":1.0000000000000001E-5},1.0011000000000001,"C"]
["5.8","ARMAÇÃO DE BLOCO, VIGA BALDRAME OU SAPATA UTILIZANDO AÇO CA-50 DE 6,3 MM - MONTAGEM. AF_06/2017",40.479999999999997,{"$f":"C271/'PLANILHA SEM DESONERAÇÃO'!$S$363","v":1.0000000000000001E-5},1.0011000000000001,"C"]
["12.18","ADAPTADOR CURTO COM BOLSA E ROSCA PARA REGISTRO, PVC, SOLDÁVEL, DN 40MM X 1.1/4 , INSTALADO EM PRUMADA DE ÁGUA - FORNECIMENTO E INSTALAÇÃO. AF_06/2022",40.08,{"$f":"C272/'PLANILHA SEM DESONERAÇÃO'!$S$363","v":1.0000000000000001E-5},1.0011000000000001,"C"]
["2.3","CARGA, MANOBRA E DESCARGA DE ENTULHO EM CAMINHÃO BASCULANTE 14 M³ - CARGA COM ESCAVADEIRA HIDRÁULICA (CAÇAMBA DE 0,80 M³ / 111 HP) E DESCARGA LIVRE (UNIDADE: M3). AF_07/2020",38.799999999999997,{"$f":"C273/'PLANILHA SEM DESONERAÇÃO'!$S$363","v":0},1.0011000000000001,"C"]
["12.59","JOELHO 45 GRAUS, PVC, SERIE NORMAL, ESGOTO PREDIAL, DN 40 MM, JUNTA SOLDÁVEL, FORNECIDO E INSTALADO EM RAMAL DE DESCARGA OU RAMAL DE ESGOTO SANITÁRIO. AF_08/2022",37.6,{"$f":"C274/'PLANILHA SEM DESONERAÇÃO'!$S$363","v":0},1.0011000000000001,"C"]
["12.27","JOELHO 90 GRAUS COM BUCHA DE LATÃO, PVC, SOLDÁVEL, DN 25MM, X 3/4 INSTALADO EM RAMAL OU SUB-RAMAL DE ÁGUA - FORNECIMENTO E INSTALAÇÃO. AF_06/2022",37.42,{"$f":"C275/'PLANILHA SEM DESONERAÇÃO'!$S$363","v":0},1.0011000000000001,"C"]
["12.20","BUCHA DE REDUÇÃO, PVC, SOLDÁVEL, DN 40MM X 32MM, INSTALADO EM PRUMADA DE ÁGUA - FORNECIMENTO E INSTALAÇÃO. AF_06/2022",30.96,{"$f":"C276/'PLANILHA SEM DESONERAÇÃO'!$S$363","v":0},1.0011000000000001,"C"]
["12.62","TUBO PVC, SERIE NORMAL, ESGOTO PREDIAL, DN 75 MM, FORNECIDO E INSTALADO EM RAMAL DE DESCARGA OU RAMAL DE ESGOTO SANITÁRIO. AF_08/2022",30.69,{"$f":"C277/'PLANILHA SEM DESONERAÇÃO'!$S$363","v":0},1.0011000000000001,"C"]
["12.16","ADAPTADOR CURTO COM BOLSA E ROSCA PARA REGISTRO, PVC, SOLDÁVEL, DN 20MM X 1/2 , INSTALADO EM RAMAL OU SUB-RAMAL DE ÁGUA - FORNECIMENTO E INSTALAÇÃO. AF_06/2022",28.85,{"$f":"C278/'PLANILHA SEM DESONERAÇÃO'!$S$363","v":0},1.0011000000000001,"C"]
["12.1","REGISTRO DE ESFERA, PVC, ROSCÁVEL, COM VOLANTE, 1/2\" - FORNECIMENTO E INSTALAÇÃO. AF_08/2021",26.37,{"$f":"C279/'PLANILHA SEM DESONERAÇÃO'!$S$363","v":0},1.0011000000000001,"C"]
["12.24","CURVA 90 GRAUS, PVC, SOLDÁVEL, DN 25MM, INSTALADO EM RAMAL OU SUB-RAMAL DE ÁGUA - FORNECIMENTO E INSTALAÇÃO. AF_06/2022",26.12,{"$f":"C280/'PLANILHA SEM DESONERAÇÃO'!$S$363","v":0},1.0011000000000001,"C"]
["12.9","COLAR DE TOMADA, PVC, COM TRAVAS, DE 60 MM X 1/2\" OU 60 MM X 3/4\", PARA LIGAÇÃO PREDIAL DE ÁGUA. AF_06/2022",23.88,{"$f":"C281/'PLANILHA SEM DESONERAÇÃO'!$S$363","v":0},1.0011000000000001,"C"]
["12.85","RALO SIFONADO, PVC, DN 100 X 40 MM, JUNTA SOLDÁVEL, FORNECIDO E INSTALADO EM RAMAL DE DESCARGA OU EM RAMAL DE ESGOTO SANITÁRIO. AF_08/2022",23.35,{"$f":"C282/'PLANILHA SEM DESONERAÇÃO'!$S$363","v":0},1.0011000000000001,"C"]
["12.38","TE, PVC, SOLDÁVEL, DN 20MM, INSTALADO EM RAMAL OU SUB-RAMAL DE ÁGUA - FORNECIMENTO E INSTALAÇÃO. AF_06/2022",22.12,{"$f":"C283/'PLANILHA SEM DESONERAÇÃO'!$S$363","v":0},1.0011000000000001,"C"]
["12.4","REGISTRO DE ESFERA, PVC, ROSCÁVEL, COM BORBOLETA, 1/2\" - FORNECIMENTO E INSTALAÇÃO. AF_08/2021",21.92,{"$f":"C284/'PLANILHA SEM DESONERAÇÃO'!$S$363","v":0},1.0011000000000001,"C"]
["13.24","DISJUNTOR MONOPOLAR TIPO DIN, CORRENTE NOMINAL DE 32A - FORNECIMENTO E INSTALAÇÃO. AF_10/2020",19.25,{"$f":"C285/'PLANILHA SEM DESONERAÇÃO'!$S$363","v":0},1.0011000000000001,"C"]
["12.11","LUVA DE CORRER, PVC, SOLDÁVEL, DN 20MM, INSTALADO EM RAMAL OU SUB-RAMAL DE ÁGUA - FORNECIMENTO E INSTALAÇÃO. AF_06/2022",16.68,{"$f":"C286/'PLANILHA SEM DESONERAÇÃO'!$S$363","v":0},1.0011000000000001,"C"]
["12.36","JOELHO 45 GRAUS, PVC, SOLDÁVEL, DN 40MM, INSTALADO EM PRUMADA DE ÁGUA - FORNECIMENTO E INSTALAÇÃO. AF_06/2022",16.29,{"$f":"C287/'PLANILHA SEM DESONERAÇÃO'!$S$363","v":0},1.0011000000000001,"C"]
["12.41","TÊ SOLDÁVEL E COM ROSCA NA BOLSA CENTRAL, PVC, SOLDÁVEL, DN 20MM X 1/2, INSTALADO EM RAMAL DE DISTRIBUIÇÃO DE ÁGUA - FORNECIMENTO E INSTALAÇÃO. AF_06/2022",13.23,{"$f":"C288/'PLANILHA SEM DESONERAÇÃO'!$S$363","v":0},1.0011000000000001,"C"]
["12.70","JOELHO 45 GRAUS, PVC, SERIE NORMAL, ESGOTO PREDIAL, DN 50 MM, JUNTA ELÁSTICA, FORNECIDO E INSTALADO EM PRUMADA DE ESGOTO SANITÁRIO OU VENTILAÇÃO. AF_08/2022",12.72,{"$f":"C289/'PLANILHA SEM DESONERAÇÃO'!$S$363","v":0},1.0011000000000001,"C"]
["12.15","LUVA DE REDUÇÃO, PVC, SOLDÁVEL, DN 32MM X 25MM, INSTALADO EM RAMAL OU SUB-RAMAL DE ÁGUA - FORNECIMENTO E INSTALAÇÃO. AF_06/2022",12.27,{"$f":"C290/'PLANILHA SEM DESONERAÇÃO'!$S$363","v":0},1.0011000000000001,"C"]
["12.69","JOELHO 90 GRAUS, PVC, SERIE NORMAL, ESGOTO PREDIAL, DN 50 MM, JUNTA ELÁSTICA, FORNECIDO E INSTALADO EM PRUMADA DE ESGOTO SANITÁRIO OU VENTILAÇÃO. AF_08/2022",11.87,{"$f":"C291/'PLANILHA SEM DESONERAÇÃO'!$S$363","v":0},1.0011000000000001,"C"]
["12.14","LUVA, PVC, SOLDÁVEL, DN 40MM, INSTALADO EM PRUMADA DE ÁGUA - FORNECIMENTO E INSTALAÇÃO. AF_06/2022",11.23,{"$f":"C292/'PLANILHA SEM DESONERAÇÃO'!$S$363","v":0},1.0011000000000001,"C"]
["12.23","CURVA 45 GRAUS, PVC, SOLDÁVEL, DN 20MM, INSTALADO EM RAMAL OU SUB-RAMAL DE ÁGUA - FORNECIMENTO E INSTALAÇÃO. AF_06/2022",9.81,{"$f":"C293/'PLANILHA SEM DESONERAÇÃO'!$S$363","v":0},1.0011000000000001,"C"]
["12.35","JOELHO 45 GRAUS, PVC, SOLDÁVEL, DN 20MM, INSTALADO EM RAMAL OU SUB-RAMAL DE ÁGUA - FORNECIMENTO E INSTALAÇÃO. AF_06/2022",8.43,{"$f":"C294/'PLANILHA SEM DESONERAÇÃO'!$S$363","v":0},1.0011000000000001,"C"]
["12.21","BUCHA DE REDUÇÃO, CURTA, PVC, SOLDÁVEL, DN 32 X 25 MM, INSTALADO EM RAMAL OU SUB-RAMAL DE ÁGUA - FORNECIMENTO E INSTALAÇÃO. AF_06/2022",8.07,{"$f":"C295/'PLANILHA SEM DESONERAÇÃO'!$S$363","v":0},1.0011000000000001,"C"]
["12.10","LUVA, PVC, SOLDÁVEL, DN 25MM, INSTALADO EM RAMAL OU SUB-RAMAL DE ÁGUA - FORNECIMENTO E INSTALAÇÃO. AF_06/2022",7.21,{"$f":"C296/'PLANILHA SEM DESONERAÇÃO'!$S$363","v":0},1.0011000000000001,"C"]

{"sheet":"SINAPI NÃO DESONERADO","index":2,"n_rows":12480,"n_cols":12,"rows_kept":4500,"cut":true,"hidden":false,"merged":[[0,0,0,12],[1,0,1,12],[2,0,2,12]],"bounds":{"rows_first":2000,"rows_last":500,"rows_between":2000,"halvings":0}}
["PCI.817.01 - CUSTO DE COMPOSIÇÕES - SINTÉTICO                                               DATA DE EMISSÃO: 14/09/2023 23:11:12            DATA DE RT: 14/09/2023"]
["ENCARGOS SOCIAIS SOBRE PREÇOS DA MÃO-DE-OBRA: 114,86%(HORA)   69,44%(MÊS)"]
["ABRANGÊNCIA : NACIONAL                                              LOCALIDADE  : MACAPA                                                                                                              DATA DE PREÇO   : 08/2023 REFERÊNCIA COLETA : MEDIANO"]
[]
["DESCRICAO DA CLASSE","SIGLA DA CLASSE","DESCRICAO DO TIPO 1","SIGLA DO TIPO 1","CODIGO DO AGRUPADOR","DESCRICAO DO AGRUPADOR","CODIGO  DA COMPOSICAO","DESCRICAO DA COMPOSICAO","UNIDADE","ORIGEM DE PREÇO","CUSTO TOTAL","VINCULO"]
[]
["ASSENTAMENTO DE TUBOS E PECAS","ASTU","FORNEC E/OU ASSENT DE TUBO DE FERRO FUNDIDO JUNTA ELASTICA","0045","","",97141,"ASSENTAMENTO DE TUBO DE FERRO FUNDIDO PARA REDE DE ÁGUA, DN 80 MM, JUNTA ELÁSTICA, INSTALADO EM LOCAL COM NÍVEL ALTO DE INTERFERÊNCIAS (NÃO INCLUI FORNECIMENTO). AF_11/2017","M","ATRIBUÍDO SÃO PAULO",7.2,"CAIXA REFERENCIAL"]
["ASSENTAMENTO DE TUBOS E PECAS","ASTU","FORNEC E/OU ASSENT DE TUBO DE FERRO FUNDIDO JUNTA ELASTICA","0045","","",97142,"ASSENTAMENTO DE TUBO DE FERRO FUNDIDO PARA REDE DE ÁGUA, DN 100 MM, JUNTA ELÁSTICA, INSTALADO EM LOCAL COM NÍVEL ALTO DE INTERFERÊNCIAS (NÃO INCLUI FORNECIMENTO). AF_11/2017","M","ATRIBUÍDO SÃO PAULO",8.01,"CAIXA REFERENCIAL"]
["ASSENTAMENTO DE TUBOS E PECAS","ASTU","FORNEC E/OU ASSENT DE TUBO DE FERRO FUNDIDO JUNTA ELASTICA","0045","","",97143,"ASSENTAMENTO DE TUBO DE FERRO FUNDIDO PARA REDE DE ÁGUA, DN 150 MM, JUNTA ELÁSTICA, INSTALADO EM LOCAL COM NÍVEL ALTO DE INTERFERÊNCIAS (NÃO INCLUI FORNECIMENTO). AF_11/2017","M","ATRIBUÍDO SÃO PAULO",10.029999999999999,"CAIXA REFERENCIAL"]
["ASSENTAMENTO DE TUBOS E PECAS","ASTU","FORNEC E/OU ASSENT DE TUBO DE FERRO FUNDIDO JUNTA ELASTICA","0045","","",97144,"ASSENTAMENTO DE TUBO DE FERRO FUNDIDO PARA REDE DE ÁGUA, DN 200 MM, JUNTA ELÁSTICA, INSTALADO EM LOCAL COM NÍVEL ALTO DE INTERFERÊNCIAS (NÃO INCLUI FORNECIMENTO). AF_11/2017","M","ATRIBUÍDO SÃO PAULO",12.03,"CAIXA REFERENCIAL"]
["ASSENTAMENTO DE TUBOS E PECAS","ASTU","FORNEC E/OU ASSENT DE TUBO DE FERRO FUNDIDO JUNTA ELASTICA","0045","","",97145,"ASSENTAMENTO DE TUBO DE FERRO FUNDIDO PARA REDE DE ÁGUA, DN 250 MM, JUNTA ELÁSTICA, INSTALADO EM LOCAL COM NÍVEL ALTO DE INTERFERÊNCIAS (NÃO INCLUI FORNECIMENTO). AF_11/2017","M","ATRIBUÍDO SÃO PAULO",14.08,"CAIXA REFERENCIAL"]
["ASSENTAMENTO DE TUBOS E PECAS","ASTU","FORNEC E/OU ASSENT DE TUBO DE FERRO FUNDIDO JUNTA ELASTICA","0045","","",97146,"ASSENTAMENTO DE TUBO DE FERRO FUNDIDO PARA REDE DE ÁGUA, DN 300 MM, JUNTA ELÁSTICA, INSTALADO EM LOCAL COM NÍVEL ALTO DE INTERFERÊNCIAS (NÃO INCLUI FORNECIMENTO). AF_11/2017","M","ATRIBUÍDO SÃO PAULO",16.11,"CAIXA REFERENCIAL"]
["ASSENTAMENTO DE TUBOS E PECAS","ASTU","FORNEC E/OU ASSENT DE TUBO DE FERRO FUNDIDO JUNTA ELASTICA","0045","","",97147,"ASSENTAMENTO DE TUBO DE FERRO FUNDIDO PARA REDE DE ÁGUA, DN 350 MM, JUNTA ELÁSTICA, INSTALADO EM LOCAL COM NÍVEL ALTO DE INTERFERÊNCIAS (NÃO INCLUI FORNECIMENTO). AF_11/2017","M","ATRIBUÍDO SÃO PAULO",18.16,"CAIXA REFERENCIAL"]
["ASSENTAMENTO DE TUBOS E PECAS","ASTU","FORNEC E/OU ASSENT DE TUBO DE FERRO FUNDIDO JUNTA ELASTICA","0045","","",97148,"ASSENTAMENTO DE TUBO DE FERRO FUNDIDO PARA REDE DE ÁGUA, DN 400 MM, JUNTA ELÁSTICA, INSTALADO EM LOCAL COM NÍVEL ALTO DE INTERFERÊNCIAS (NÃO INCLUI FORNECIMENTO). AF_11/2017","M","ATRIBUÍDO SÃO PAULO",20.18,"CAIXA REFERENCIAL"]
["ASSENTAMENTO DE TUBOS E PECAS","ASTU","FORNEC E/OU ASSENT DE TUBO DE FERRO FUNDIDO JUNTA ELASTICA","0045","","",97149,"ASSENTAMENTO DE TUBO DE FERRO FUNDIDO PARA REDE DE ÁGUA, DN 450 MM, JUNTA ELÁSTICA, INSTALADO EM LOCAL COM NÍVEL ALTO DE INTERFERÊNCIAS (NÃO INCLUI FORNECIMENTO). AF_11/2017","M","ATRIBUÍDO SÃO PAULO",22.24,"CAIXA REFERENCIAL"]
["ASSENTAMENTO DE TUBOS E PECAS","ASTU","FORNEC E/OU ASSENT DE TUBO DE FERRO FUNDIDO JUNTA ELASTICA","0045","","",97150,"ASSENTAMENTO DE TUBO DE FERRO FUNDIDO PARA REDE DE ÁGUA, DN 500 MM, JUNTA ELÁSTICA, INSTALADO EM LOCAL COM NÍVEL ALTO DE INTERFERÊNCIAS (NÃO INCLUI FORNECIMENTO). AF_11/2017","M","ATRIBUÍDO SÃO PAULO",29.25,"CAIXA REFERENCIAL"]
["ASSENTAMENTO DE TUBOS E PECAS","ASTU","FORNEC E/OU ASSENT DE TUBO DE FERRO FUNDIDO JUNTA ELASTICA","0045","","",97151,"ASSENTAMENTO DE TUBO DE FERRO FUNDIDO PARA REDE DE ÁGUA, DN 600 MM, JUNTA ELÁSTICA, INSTALADO EM LOCAL COM NÍVEL ALTO DE INTERFERÊNCIAS (NÃO INCLUI FORNECIMENTO). AF_11/2017","M","ATRIBUÍDO SÃO PAULO",34.07,"CAIXA REFERENCIAL"]
["ASSENTAMENTO DE TUBOS E PECAS","ASTU","FORNEC E/OU ASSENT DE TUBO DE FERRO FUNDIDO JUNTA ELASTICA","0045","","",97152,"ASSENTAMENTO DE TUBO DE FERRO FUNDIDO PARA REDE DE ÁGUA, DN 700 MM, JUNTA ELÁSTICA, INSTALADO EM LOCAL COM NÍVEL ALTO DE INTERFERÊNCIAS (NÃO INCLUI FORNECIMENTO). AF_11/2017","M","ATRIBUÍDO SÃO PAULO",38.65,"CAIXA REFERENCIAL"]
["ASSENTAMENTO DE TUBOS E PECAS","ASTU","FORNEC E/OU ASSENT DE TUBO DE FERRO FUNDIDO JUNTA ELASTICA","0045","","",97153,"ASSENTAMENTO DE TUBO DE FERRO FUNDIDO PARA REDE DE ÁGUA, DN 800 MM, JUNTA ELÁSTICA, INSTALADO EM LOCAL COM NÍVEL ALTO DE INTERFERÊNCIAS (NÃO INCLUI FORNECIMENTO). AF_11/2017","M","ATRIBUÍDO SÃO PAULO",43.38,"CAIXA REFERENCIAL"]
["ASSENTAMENTO DE TUBOS E PECAS","ASTU","FORNEC E/OU ASSENT DE TUBO DE FERRO FUNDIDO JUNTA ELASTICA","0045","","",97154,"ASSENTAMENTO DE TUBO DE FERRO FUNDIDO PARA REDE DE ÁGUA, DN 900 MM, JUNTA ELÁSTICA, INSTALADO EM LOCAL COM NÍVEL ALTO DE INTERFERÊNCIAS (NÃO INCLUI FORNECIMENTO). AF_11/2017","M","ATRIBUÍDO SÃO PAULO",48.13,"CAIXA REFERENCIAL"]
["ASSENTAMENTO DE TUBOS E PECAS","ASTU","FORNEC E/OU ASSENT DE TUBO DE FERRO FUNDIDO JUNTA ELASTICA","0045","","",97155,"ASSENTAMENTO DE TUBO DE FERRO FUNDIDO PARA REDE DE ÁGUA, DN 1000 MM, JUNTA ELÁSTICA, INSTALADO EM LOCAL COM NÍVEL ALTO DE INTERFERÊNCIAS (NÃO INCLUI FORNECIMENTO). AF_11/2017","M","ATRIBUÍDO SÃO PAULO",52.9,"CAIXA REFERENCIAL"]
["ASSENTAMENTO DE TUBOS E PECAS","ASTU","FORNEC E/OU ASSENT DE TUBO DE FERRO FUNDIDO JUNTA ELASTICA","0045","","",97156,"ASSENTAMENTO DE TUBO DE FERRO FUNDIDO PARA REDE DE ÁGUA, DN 1200 MM, JUNTA ELÁSTICA, INSTALADO EM LOCAL COM NÍVEL ALTO DE INTERFERÊNCIAS (NÃO INCLUI FORNECIMENTO). AF_11/2017","M","ATRIBUÍDO SÃO PAULO",62.82,"CAIXA REFERENCIAL"]
["ASSENTAMENTO DE TUBOS E PECAS","ASTU","FORNEC E/OU ASSENT DE TUBO DE FERRO FUNDIDO JUNTA ELASTICA","0045","","",97157,"ASSENTAMENTO DE TUBO DE FERRO FUNDIDO PARA REDE DE ÁGUA, DN 80 MM, JUNTA ELÁSTICA, INSTALADO EM LOCAL COM NÍVEL BAIXO DE INTERFERÊNCIAS (NÃO INCLUI FORNECIMENTO). AF_11/2017","M","ATRIBUÍDO SÃO PAULO",4.38,"CAIXA REFERENCIAL"]
["ASSENTAMENTO DE TUBOS E PECAS","ASTU","FORNEC E/OU ASSENT DE TUBO DE FERRO FUNDIDO JUNTA ELASTICA","0045","","",97158,"ASSENTAMENTO DE TUBO DE FERRO FUNDIDO PARA REDE DE ÁGUA, DN 100 MM, JUNTA ELÁSTICA, INSTALADO EM LOCAL COM NÍVEL BAIXO DE INTERFERÊNCIAS (NÃO INCLUI FORNECIMENTO). AF_11/2017","M","ATRIBUÍDO SÃO PAULO",4.88,"CAIXA REFERENCIAL"]
["ASSENTAMENTO DE TUBOS E PECAS","ASTU","FORNEC E/OU ASSENT DE TUBO DE FERRO FUNDIDO JUNTA ELASTICA","0045","","",97159,"ASSENTAMENTO DE TUBO DE FERRO FUNDIDO PARA REDE DE ÁGUA, DN 150 MM, JUNTA ELÁSTICA, INSTALADO EM LOCAL COM NÍVEL BAIXO DE INTERFERÊNCIAS (NÃO INCLUI FORNECIMENTO). AF_11/2017","M","ATRIBUÍDO SÃO PAULO",6.12,"CAIXA REFERENCIAL"]
["ASSENTAMENTO DE TUBOS E PECAS","ASTU","FORNEC E/OU ASSENT DE TUBO DE FERRO FUNDIDO JUNTA ELASTICA","0045","","",97160,"ASSENTAMENTO DE TUBO DE FERRO FUNDIDO PARA REDE DE ÁGUA, DN 200 MM, JUNTA ELÁSTICA, INSTALADO EM LOCAL COM NÍVEL BAIXO DE INTERFERÊNCIAS (NÃO INCLUI FORNECIMENTO). AF_11/2017","M","ATRIBUÍDO SÃO PAULO",7.33,"CAIXA REFERENCIAL"]
["ASSENTAMENTO DE TUBOS E PECAS","ASTU","FORNEC E/OU ASSENT DE TUBO DE FERRO FUNDIDO JUNTA ELASTICA","0045","","",97161,"ASSENTAMENTO DE TUBO DE FERRO FUNDIDO PARA REDE DE ÁGUA, DN 250 MM, JUNTA ELÁSTICA, INSTALADO EM LOCAL COM NÍVEL BAIXO DE INTERFERÊNCIAS (NÃO INCLUI FORNECIMENTO). AF_11/2017","M","ATRIBUÍDO SÃO PAULO",8.6199999999999992,"CAIXA REFERENCIAL"]
["ASSENTAMENTO DE TUBOS E PECAS","ASTU","FORNEC E/OU ASSENT DE TUBO DE FERRO FUNDIDO JUNTA ELASTICA","0045","","",97162,"ASSENTAMENTO DE TUBO DE FERRO FUNDIDO PARA REDE DE ÁGUA, DN 300 MM, JUNTA ELÁSTICA, INSTALADO EM LOCAL COM NÍVEL BAIXO DE INTERFERÊNCIAS (NÃO INCLUI FORNECIMENTO). AF_11/2017","M","ATRIBUÍDO SÃO PAULO",9.8699999999999992,"CAIXA REFERENCIAL"]
["ASSENTAMENTO DE TUBOS E PECAS","ASTU","FORNEC E/OU ASSENT DE TUBO DE FERRO FUNDIDO JUNTA ELASTICA","0045","","",97163,"ASSENTAMENTO DE TUBO DE FERRO FUNDIDO PARA REDE DE ÁGUA, DN 350 MM, JUNTA ELÁSTICA, INSTALADO EM LOCAL COM NÍVEL BAIXO DE INTERFERÊNCIAS (NÃO INCLUI FORNECIMENTO). AF_11/2017","M","ATRIBUÍDO SÃO PAULO",11.12,"CAIXA REFERENCIAL"]
["ASSENTAMENTO DE TUBOS E PECAS","ASTU","FORNEC E/OU ASSENT DE TUBO DE FERRO FUNDIDO JUNTA ELASTICA","0045","","",97164,"ASSENTAMENTO DE TUBO DE FERRO FUNDIDO PARA REDE DE ÁGUA, DN 400 MM, JUNTA ELÁSTICA, INSTALADO EM LOCAL COM NÍVEL BAIXO DE INTERFERÊNCIAS (NÃO INCLUI FORNECIMENTO). AF_11/2017","M","ATRIBUÍDO SÃO PAULO",12.36,"CAIXA REFERENCIAL"]
["ASSENTAMENTO DE TUBOS E PECAS","ASTU","FORNEC E/OU ASSENT DE TUBO DE FERRO FUNDIDO JUNTA ELASTICA","0045","","",97165,"ASSENTAMENTO DE TUBO DE FERRO FUNDIDO PARA REDE DE ÁGUA, DN 450 MM, JUNTA ELÁSTICA, INSTALADO EM LOCAL COM NÍVEL BAIXO DE INTERFERÊNCIAS (NÃO INCLUI FORNECIMENTO). AF_11/2017","M","ATRIBUÍDO SÃO PAULO",13.66,"CAIXA REFERENCIAL"]
["ASSENTAMENTO DE TUBOS E PECAS","ASTU","FORNEC E/OU ASSENT DE TUBO DE FERRO FUNDIDO JUNTA ELASTICA","0045","","",97166,"ASSENTAMENTO DE TUBO DE FERRO FUNDIDO PARA REDE DE ÁGUA, DN 500 MM, JUNTA ELÁSTICA, INSTALADO EM LOCAL COM NÍVEL BAIXO DE INTERFERÊNCIAS (NÃO INCLUI FORNECIMENTO). AF_11/2017","M","ATRIBUÍDO SÃO PAULO",17.88,"CAIXA REFERENCIAL"]
["ASSENTAMENTO DE TUBOS E PECAS","ASTU","FORNEC E/OU ASSENT DE TUBO DE FERRO FUNDIDO JUNTA ELASTICA","0045","","",97167,"ASSENTAMENTO DE TUBO DE FERRO FUNDIDO PARA REDE DE ÁGUA, DN 600 MM, JUNTA ELÁSTICA, INSTALADO EM LOCAL COM NÍVEL BAIXO DE INTERFERÊNCIAS (NÃO INCLUI FORNECIMENTO). AF_11/2017","M","ATRIBUÍDO SÃO PAULO",20.88,"CAIXA REFERENCIAL"]
["ASSENTAMENTO DE TUBOS E PECAS","ASTU","FORNEC E/OU ASSENT DE TUBO DE FERRO FUNDIDO JUNTA ELASTICA","0045","","",97168,"ASSENTAMENTO DE TUBO DE FERRO FUNDIDO PARA REDE DE ÁGUA, DN 700 MM, JUNTA ELÁSTICA, INSTALADO EM LOCAL COM NÍVEL BAIXO DE INTERFERÊNCIAS (NÃO INCLUI FORNECIMENTO). AF_11/2017","M","ATRIBUÍDO SÃO PAULO",23.6,"CAIXA REFERENCIAL"]
["ASSENTAMENTO DE TUBOS E PECAS","ASTU","FORNEC E/OU ASSENT DE TUBO DE FERRO FUNDIDO JUNTA ELASTICA","0045","","",97169,"ASSENTAMENTO DE TUBO DE FERRO FUNDIDO PARA REDE DE ÁGUA, DN 800 MM, JUNTA ELÁSTICA, INSTALADO EM LOCAL COM NÍVEL BAIXO DE INTERFERÊNCIAS (NÃO INCLUI FORNECIMENTO). AF_11/2017","M","ATRIBUÍDO SÃO PAULO",26.48,"CAIXA REFERENCIAL"]
["ASSENTAMENTO DE TUBOS E PECAS","ASTU","FORNEC E/OU ASSENT DE TUBO DE FERRO FUNDIDO JUNTA ELASTICA","0045","","",97170,"ASSENTAMENTO DE TUBO DE FERRO FUNDIDO PARA REDE DE ÁGUA, DN 900 MM, JUNTA ELÁSTICA, INSTALADO EM LOCAL COM NÍVEL BAIXO DE INTERFERÊNCIAS (NÃO INCLUI FORNECIMENTO). AF_11/2017","M","ATRIBUÍDO SÃO PAULO",29.4,"CAIXA REFERENCIAL"]
["ASSENTAMENTO DE TUBOS E PECAS","ASTU","FORNEC E/OU ASSENT DE TUBO DE FERRO FUNDIDO JUNTA ELASTICA","0045","","",97171,"ASSENTAMENTO DE TUBO DE FERRO FUNDIDO PARA REDE DE ÁGUA, DN 1000 MM, JUNTA ELÁSTICA, INSTALADO EM LOCAL COM NÍVEL BAIXO DE INTERFERÊNCIAS (NÃO INCLUI FORNECIMENTO). AF_11/2017","M","ATRIBUÍDO SÃO PAULO",32.32,"CAIXA REFERENCIAL"]
["ASSENTAMENTO DE TUBOS E PECAS","ASTU","FORNEC E/OU ASSENT DE TUBO DE FERRO FUNDIDO JUNTA ELASTICA","0045","","",97172,"ASSENTAMENTO DE TUBO DE FERRO FUNDIDO PARA REDE DE ÁGUA, DN 1200 MM, JUNTA ELÁSTICA, INSTALADO EM LOCAL COM NÍVEL BAIXO DE INTERFERÊNCIAS (NÃO INCLUI FORNECIMENTO). AF_11/2017","M","ATRIBUÍDO SÃO PAULO",38.57,"CAIXA REFERENCIAL"]
["ASSENTAMENTO DE TUBOS E PECAS","ASTU","FORNEC E/OU ASSENT DE TUBO DE ACO COM JUNTA SOLDADA","0046","","",97173,"ASSENTAMENTO DE TUBO DE AÇO CARBONO PARA REDE DE ÁGUA, DN 600 MM (24\u0092\u0092), JUNTA SOLDADA, INSTALADO EM LOCAL COM NÍVEL ALTO DE INTERFERÊNCIAS (NÃO INCLUI FORNECIMENTO). AF_11/2017","M","ATRIBUÍDO SÃO PAULO",33.35,"CAIXA REFERENCIAL"]
["ASSENTAMENTO DE TUBOS E PECAS","ASTU","FORNEC E/OU ASSENT DE TUBO DE ACO COM JUNTA SOLDADA","0046","","",97174,"ASSENTAMENTO DE TUBO DE AÇO CARBONO PARA REDE DE ÁGUA, DN 700 MM (28\u0092\u0092), JUNTA SOLDADA, INSTALADO EM LOCAL COM NÍVEL ALTO DE INTERFERÊNCIAS (NÃO INCLUI FORNECIMENTO). AF_11/2017","M","ATRIBUÍDO SÃO PAULO",38.619999999999997,"CAIXA REFERENCIAL"]
["ASSENTAMENTO DE TUBOS E PECAS","ASTU","FORNEC E/OU ASSENT DE TUBO DE ACO COM JUNTA SOLDADA","0046","","",97175,"ASSENTAMENTO DE TUBO DE AÇO CARBONO PARA REDE DE ÁGUA, DN 800 MM (32\u0092\u0092), JUNTA SOLDADA, INSTALADO EM LOCAL COM NÍVEL ALTO DE INTERFERÊNCIAS (NÃO INCLUI FORNECIMENTO). AF_11/2017","M","ATRIBUÍDO SÃO PAULO",43.9,"CAIXA REFERENCIAL"]
["ASSENTAMENTO DE TUBOS E PECAS","ASTU","FORNEC E/OU ASSENT DE TUBO DE ACO COM JUNTA SOLDADA","0046","","",97176,"ASSENTAMENTO DE TUBO DE AÇO CARBONO PARA REDE DE ÁGUA, DN 900 MM (36\u0092\u0092), JUNTA SOLDADA, INSTALADO EM LOCAL COM NÍVEL ALTO DE INTERFERÊNCIAS (NÃO INCLUI FORNECIMENTO). AF_11/2017","M","ATRIBUÍDO SÃO PAULO",49.16,"CAIXA REFERENCIAL"]
["ASSENTAMENTO DE TUBOS E PECAS","ASTU","FORNEC E/OU ASSENT DE TUBO DE ACO COM JUNTA SOLDADA","0046","","",97177,"ASSENTAMENTO DE TUBO DE AÇO CARBONO PARA REDE DE ÁGUA, DN 1000 MM (40\u0092\u0092) OU DN 1100 MM (44\u0092\u0092), JUNTA SOLDADA, INSTALADO EM LOCAL COM NÍVEL ALTO DE INTERFERÊNCIAS (NÃO INCLUI FORNECIMENTO). AF_11/2017","M","ATRIBUÍDO SÃO PAULO",59.71,"CAIXA REFERENCIAL"]
["ASSENTAMENTO DE TUBOS E PECAS","ASTU","FORNEC E/OU ASSENT DE TUBO DE ACO COM JUNTA SOLDADA","0046","","",97178,"ASSENTAMENTO DE TUBO DE AÇO CARBONO PARA REDE DE ÁGUA, DN 1200 MM (48\u0092\u0092) OU DN 1300 MM (52\u0092\u0092), JUNTA SOLDADA, INSTALADO EM LOCAL COM NÍVEL ALTO DE INTERFERÊNCIAS (NÃO INCLUI FORNECIMENTO). AF_11/2017","M","ATRIBUÍDO SÃO PAULO",70.28,"CAIXA REFERENCIAL"]
["ASSENTAMENTO DE TUBOS E PECAS","ASTU","FORNEC E/OU ASSENT DE TUBO DE ACO COM JUNTA SOLDADA","0046","","",97179,"ASSENTAMENTO DE TUBO DE AÇO CARBONO PARA REDE DE ÁGUA, DN 1400 MM (56'') OU DN 1500 MM (60\u0092\u0092), JUNTA SOLDADA, INSTALADO EM LOCAL COM NÍVEL ALTO DE INTERFERÊNCIAS (NÃO INCLUI FORNECIMENTO). AF_11/2017","M","ATRIBUÍDO SÃO PAULO",80.8,"CAIXA REFERENCIAL"]
["ASSENTAMENTO DE TUBOS E PECAS","ASTU","FORNEC E/OU ASSENT DE TUBO DE ACO COM JUNTA SOLDADA","0046","","",97180,"ASSENTAMENTO DE TUBO DE AÇO CARBONO PARA REDE DE ÁGUA, DN 1600 MM (64\u0092\u0092) OU DN 1700 MM (68\u0092\u0092), JUNTA SOLDADA, INSTALADO EM LOCAL COM NÍVEL ALTO DE INTERFERÊNCIAS (NÃO INCLUI FORNECIMENTO). AF_11/2017","M","ATRIBUÍDO SÃO PAULO",91.36,"CAIXA REFERENCIAL"]
["ASSENTAMENTO DE TUBOS E PECAS","ASTU","FORNEC E/OU ASSENT DE TUBO DE ACO COM JUNTA SOLDADA","0046","","",97181,"ASSENTAMENTO DE TUBO DE AÇO CARBONO PARA REDE DE ÁGUA, DN 1800 MM (72\u0092\u0092) OU DN 1900 MM (76\u0092\u0092), JUNTA SOLDADA, INSTALADO EM LOCAL COM NÍVEL ALTO DE INTERFERÊNCIAS (NÃO INCLUI FORNECIMENTO). AF_11/2017","M","ATRIBUÍDO SÃO PAULO",106.36,"CAIXA REFERENCIAL"]
["ASSENTAMENTO DE TUBOS E PECAS","ASTU","FORNEC E/OU ASSENT DE TUBO DE ACO COM JUNTA SOLDADA","0046","","",97182,"ASSENTAMENTO DE TUBO DE AÇO CARBONO PARA REDE DE ÁGUA, DN 2000 MM (80\u0092\u0092) OU DN 2100 MM (84\u0092\u0092), JUNTA SOLDADA, INSTALADO EM LOCAL COM NÍVEL ALTO DE INTERFERÊNCIAS (NÃO INCLUI FORNECIMENTO). AF_11/2017","M","ATRIBUÍDO SÃO PAULO",117.38,"CAIXA REFERENCIAL"]
["ASSENTAMENTO DE TUBOS E PECAS","ASTU","FORNEC E/OU ASSENT DE TUBO DE ACO COM JUNTA SOLDADA","0046","","",97183,"ASSENTAMENTO DE TUBO DE AÇO CARBONO PARA REDE DE ÁGUA, DN 600 MM (24\u0092\u0092), JUNTA SOLDADA, INSTALADO EM LOCAL COM NÍVEL BAIXO DE INTERFERÊNCIAS (NÃO INCLUI FORNECIMENTO). AF_11/2017","M","ATRIBUÍDO SÃO PAULO",26.91,"CAIXA REFERENCIAL"]
["ASSENTAMENTO DE TUBOS E PECAS","ASTU","FORNEC E/OU ASSENT DE TUBO DE ACO COM JUNTA SOLDADA","0046","","",97184,"ASSENTAMENTO DE TUBO DE AÇO CARBONO PARA REDE DE ÁGUA, DN 700 MM (28\u0092\u0092), JUNTA SOLDADA, INSTALADO EM LOCAL COM NÍVEL BAIXO DE INTERFERÊNCIAS (NÃO INCLUI FORNECIMENTO). AF_11/2017","M","ATRIBUÍDO SÃO PAULO",31.24,"CAIXA REFERENCIAL"]
["ASSENTAMENTO DE TUBOS E PECAS","ASTU","FORNEC E/OU ASSENT DE TUBO DE ACO COM JUNTA SOLDADA","0046","","",97185,"ASSENTAMENTO DE TUBO DE AÇO CARBONO PARA REDE DE ÁGUA, DN 800 MM (32\u0092\u0092), JUNTA SOLDADA, INSTALADO EM LOCAL COM NÍVEL BAIXO DE INTERFERÊNCIAS (NÃO INCLUI FORNECIMENTO). AF_11/2017","M","ATRIBUÍDO SÃO PAULO",35.549999999999997,"CAIXA REFERENCIAL"]
["ASSENTAMENTO DE TUBOS E PECAS","ASTU","FORNEC E/OU ASSENT DE TUBO DE ACO COM JUNTA SOLDADA","0046","","",97186,"ASSENTAMENTO DE TUBO DE AÇO CARBONO PARA REDE DE ÁGUA, DN 900 MM (36\u0092\u0092), JUNTA SOLDADA, INSTALADO EM LOCAL COM NÍVEL BAIXO DE INTERFERÊNCIAS (NÃO INCLUI FORNECIMENTO). AF_11/2017","M","ATRIBUÍDO SÃO PAULO",39.86,"CAIXA REFERENCIAL"]
["ASSENTAMENTO DE TUBOS E PECAS","ASTU","FORNEC E/OU ASSENT DE TUBO DE ACO COM JUNTA SOLDADA","0046","","",97187,"ASSENTAMENTO DE TUBO DE AÇO CARBONO PARA REDE DE ÁGUA, DN 1000 MM (40  ) OU DN 1100 MM (44  ), JUNTA SOLDADA, INSTALADO EM LOCAL COM NÍVEL BAIXO DE INTERFERÊNCIAS (NÃO INCLUI FORNECIMENTO). AF_11/2017","M","ATRIBUÍDO SÃO PAULO",48.49,"CAIXA REFERENCIAL"]
["ASSENTAMENTO DE TUBOS E PECAS","ASTU","FORNEC E/OU ASSENT DE TUBO DE ACO COM JUNTA SOLDADA","0046","","",97188,"ASSENTAMENTO DE TUBO DE AÇO CARBONO PARA REDE DE ÁGUA, DN 1200 MM (48\u0092\u0092) OU DN 1300 MM (52\u0092\u0092), JUNTA SOLDADA, INSTALADO EM LOCAL COM NÍVEL BAIXO DE INTERFERÊNCIAS (NÃO INCLUI FORNECIMENTO). AF_11/2017","M","ATRIBUÍDO SÃO PAULO",57.13,"CAIXA REFERENCIAL"]
["ASSENTAMENTO DE TUBOS E PECAS","ASTU","FORNEC E/OU ASSENT DE TUBO DE ACO COM JUNTA SOLDADA","0046","","",97189,"ASSENTAMENTO DE TUBO DE AÇO CARBONO PARA REDE DE ÁGUA, DN 1400 MM (56'') OU DN 1500 MM (60\u0092\u0092), JUNTA SOLDADA, INSTALADO EM LOCAL COM NÍVEL BAIXO DE INTERFERÊNCIAS (NÃO INCLUI FORNECIMENTO). AF_11/2017","M","ATRIBUÍDO SÃO PAULO",65.75,"CAIXA REFERENCIAL"]
["ASSENTAMENTO DE TUBOS E PECAS","ASTU","FORNEC E/OU ASSENT DE TUBO DE ACO COM JUNTA SOLDADA","0046","","",97190,"ASSENTAMENTO DE TUBO DE AÇO CARBONO PARA REDE DE ÁGUA, DN 1600 MM (64\u0092\u0092) OU DN 1700 MM (68\u0092\u0092), JUNTA SOLDADA, INSTALADO EM LOCAL COM NÍVEL BAIXO DE INTERFERÊNCIAS (NÃO INCLUI FORNECIMENTO). AF_11/2017","M","ATRIBUÍDO SÃO PAULO",74.38,"CAIXA REFERENCIAL"]
["ASSENTAMENTO DE TUBOS E PECAS","ASTU","FORNEC E/OU ASSENT DE TUBO DE ACO COM JUNTA SOLDADA","0046","","",97191,"ASSENTAMENTO DE TUBO DE AÇO CARBONO PARA REDE DE ÁGUA, DN 1800 MM (72\u0092\u0092) OU DN 1900 MM (76\u0092\u0092), JUNTA SOLDADA, INSTALADO EM LOCAL COM NÍVEL BAIXO DE INTERFERÊNCIAS (NÃO INCLUI FORNECIMENTO). AF_11/2017","M","ATRIBUÍDO SÃO PAULO",86.22,"CAIXA REFERENCIAL"]
["ASSENTAMENTO DE TUBOS E PECAS","ASTU","FORNEC E/OU ASSENT DE TUBO DE ACO COM JUNTA SOLDADA","0046","","",97192,"ASSENTAMENTO DE TUBO DE AÇO CARBONO PARA REDE DE ÁGUA, DN 2000 MM (80\u0092\u0092) OU DN 2100 MM (84\u0092\u0092), JUNTA SOLDADA, INSTALADO EM LOCAL COM NÍVEL BAIXO DE INTERFERÊNCIAS (NÃO INCLUI FORNECIMENTO). AF_11/2017","M","ATRIBUÍDO SÃO PAULO",95.2,"CAIXA REFERENCIAL"]
["ASSENTAMENTO DE TUBOS E PECAS","ASTU","FORNEC E/OU ASSENT DE TUBO DE PVC COM JUNTA ELASTICA","0048","","",90694,"TUBO DE PVC PARA REDE COLETORA DE ESGOTO DE PAREDE MACIÇA, DN 100 MM, JUNTA ELÁSTICA - FORNECIMENTO E ASSENTAMENTO. AF_01/2021","M","COEFICIENTE DE REPRESENTATIVIDADE",47.84,"CAIXA REFERENCIAL"]
["ASSENTAMENTO DE TUBOS E PECAS","ASTU","FORNEC E/OU ASSENT DE TUBO DE PVC COM JUNTA ELASTICA","0048","","",90695,"TUBO DE PVC PARA REDE COLETORA DE ESGOTO DE PAREDE MACIÇA, DN 150 MM, JUNTA ELÁSTICA  - FORNECIMENTO E ASSENTAMENTO. AF_01/2021","M","COEFICIENTE DE REPRESENTATIVIDADE",91.5,"CAIXA REFERENCIAL"]
["ASSENTAMENTO DE TUBOS E PECAS","ASTU","FORNEC E/OU ASSENT DE TUBO DE PVC COM JUNTA ELASTICA","0048","","",90696,"TUBO DE PVC PARA REDE COLETORA DE ESGOTO DE PAREDE MACIÇA, DN 200 MM, JUNTA ELÁSTICA - FORNECIMENTO E ASSENTAMENTO. AF_01/2021","M","COEFICIENTE DE REPRESENTATIVIDADE",153.37,"CAIXA REFERENCIAL"]
["ASSENTAMENTO DE TUBOS E PECAS","ASTU","FORNEC E/OU ASSENT DE TUBO DE PVC COM JUNTA ELASTICA","0048","","",90697,"TUBO DE PVC PARA REDE COLETORA DE ESGOTO DE PAREDE MACIÇA, DN 250 MM, JUNTA ELÁSTICA  - FORNECIMENTO E ASSENTAMENTO. AF_01/2021","M","COEFICIENTE DE REPRESENTATIVIDADE",238.42,"CAIXA REFERENCIAL"]
["ASSENTAMENTO DE TUBOS E PECAS","ASTU","FORNEC E/OU ASSENT DE TUBO DE PVC COM JUNTA ELASTICA","0048","","",90698,"TUBO DE PVC PARA REDE COLETORA DE ESGOTO DE PAREDE MACIÇA, DN 300 MM, JUNTA ELÁSTICA,  FORNECIMENTO E ASSENTAMENTO. AF_01/2021","M","COEFICIENTE DE REPRESENTATIVIDADE",364.96,"CAIXA REFERENCIAL"]
["ASSENTAMENTO DE TUBOS E PECAS","ASTU","FORNEC E/OU ASSENT DE TUBO DE PVC COM JUNTA ELASTICA","0048","","",90699,"TUBO DE PVC PARA REDE COLETORA DE ESGOTO DE PAREDE MACIÇA, DN 350 MM, JUNTA ELÁSTICA  - FORNECIMENTO E ASSENTAMENTO. AF_01/2021","M","COEFICIENTE DE REPRESENTATIVIDADE",514.11,"CAIXA REFERENCIAL"]
["ASSENTAMENTO DE TUBOS E PECAS","ASTU","FORNEC E/OU ASSENT DE TUBO DE PVC COM JUNTA ELASTICA","0048","","",90700,"TUBO DE PVC PARA REDE COLETORA DE ESGOTO DE PAREDE MACIÇA, DN 400 MM, JUNTA ELÁSTICA  FORNECIMENTO E ASSENTAMENTO. AF_01/2021","M","ATRIBUÍDO SÃO PAULO",600.16999999999996,"CAIXA REFERENCIAL"]
["ASSENTAMENTO DE TUBOS E PECAS","ASTU","FORNEC E/OU ASSENT DE TUBO DE PVC COM JUNTA ELASTICA","0048","","",90701,"TUBO DE PVC CORRUGADO DE DUPLA PAREDE PARA REDE COLETORA DE ESGOTO, DN 150 MM, JUNTA ELÁSTICA - FORNECIMENTO E ASSENTAMENTO. AF_01/2021","M","COEFICIENTE DE REPRESENTATIVIDADE",72.56,"CAIXA REFERENCIAL"]
["ASSENTAMENTO DE TUBOS E PECAS","ASTU","FORNEC E/OU ASSENT DE TUBO DE PVC COM JUNTA ELASTICA","0048","","",90702,"TUBO DE PVC CORRUGADO DE DUPLA PAREDE PARA REDE COLETORA DE ESGOTO, DN 200 MM, JUNTA ELÁSTICA - FORNECIMENTO E ASSENTAMENTO. AF_01/2021","M","COEFICIENTE DE REPRESENTATIVIDADE",120.57,"CAIXA REFERENCIAL"]
["ASSENTAMENTO DE TUBOS E PECAS","ASTU","FORNEC E/OU ASSENT DE TUBO DE PVC COM JUNTA ELASTICA","0048","","",90703,"TUBO DE PVC CORRUGADO DE DUPLA PAREDE PARA REDE COLETORA DE ESGOTO, DN 250 MM, JUNTA ELÁSTICA - FORNECIMENTO E ASSENTAMENTO. AF_01/2021","M","COEFICIENTE DE REPRESENTATIVIDADE",190.9,"CAIXA REFERENCIAL"]
["ASSENTAMENTO DE TUBOS E PECAS","ASTU","FORNEC E/OU ASSENT DE TUBO DE PVC COM JUNTA ELASTICA","0048","","",90704,"TUBO DE PVC CORRUGADO DE DUPLA PAREDE PARA REDE COLETORA DE ESGOTO, DN 300 MM, JUNTA ELÁSTICA - FORNECIMENTO E ASSENTAMENTO. AF_01/2021","M","COEFICIENTE DE REPRESENTATIVIDADE",287.17,"CAIXA REFERENCIAL"]
["ASSENTAMENTO DE TUBOS E PECAS","ASTU","FORNEC E/OU ASSENT DE TUBO DE PVC COM JUNTA ELASTICA","0048","","",90705,"TUBO DE PVC CORRUGADO DE DUPLA PAREDE PARA REDE COLETORA DE ESGOTO, DN 350 MM, JUNTA ELÁSTICA - FORNECIMENTO E ASSENTAMENTO. AF_01/2021","M","COEFICIENTE DE REPRESENTATIVIDADE",370.65,"CAIXA REFERENCIAL"]
["ASSENTAMENTO DE TUBOS E PECAS","ASTU","FORNEC E/OU ASSENT DE TUBO DE PVC COM JUNTA ELASTICA","0048","","",90706,"TUBO DE PVC CORRUGADO DE DUPLA PAREDE PARA REDE COLETORA DE ESGOTO, DN 400 MM, JUNTA ELÁSTICA - FORNECIMENTO E ASSENTAMENTO. AF_01/2021","M","ATRIBUÍDO SÃO PAULO",491.6,"CAIXA REFERENCIAL"]
["ASSENTAMENTO DE TUBOS E PECAS","ASTU","FORNEC E/OU ASSENT DE TUBO DE PVC COM JUNTA ELASTICA","0048","","",90708,"TUBO DE PEAD CORRUGADO DE DUPLA PAREDE PARA REDE COLETORA DE ESGOTO, DN 600 MM, JUNTA ELÁSTICA INTEGRADA - FORNECIMENTO E ASSENTAMENTO. AF_01/2021","M","ATRIBUÍDO SÃO PAULO",666.55,"CAIXA REFERENCIAL"]
["ASSENTAMENTO DE TUBOS E PECAS","ASTU","FORNEC E/OU ASSENT DE TUBO DE PVC COM JUNTA ELASTICA","0048","","",90724,"JUNTA ARGAMASSADA ENTRE TUBO DN 100 MM E O POÇO DE VISITA/ CAIXA DE CONCRETO OU ALVENARIA EM REDES DE ESGOTO. AF_01/2021","UN","COEFICIENTE DE REPRESENTATIVIDADE",20.440000000000001,"CAIXA REFERENCIAL"]
["ASSENTAMENTO DE TUBOS E PECAS","ASTU","FORNEC E/OU ASSENT DE TUBO DE PVC COM JUNTA ELASTICA","0048","","",90725,"JUNTA ARGAMASSADA ENTRE TUBO DN 150 MM E O POÇO DE VISITA/ CAIXA DE CONCRETO OU ALVENARIA EM REDES DE ESGOTO. AF_01/2021","UN","COEFICIENTE DE REPRESENTATIVIDADE",25.22,"CAIXA REFERENCIAL"]
["ASSENTAMENTO DE TUBOS E PECAS","ASTU","FORNEC E/OU ASSENT DE TUBO DE PVC COM JUNTA ELASTICA","0048","","",90726,"JUNTA ARGAMASSADA ENTRE TUBO DN 200 MM E O POÇO/ CAIXA DE CONCRETO OU ALVENARIA EM REDES DE ESGOTO. AF_01/2021","UN","COEFICIENTE DE REPRESENTATIVIDADE",30.07,"CAIXA REFERENCIAL"]
["ASSENTAMENTO DE TUBOS E PECAS","ASTU","FORNEC E/OU ASSENT DE TUBO DE PVC COM JUNTA ELASTICA","0048","","",90727,"JUNTA ARGAMASSADA ENTRE TUBO DN 250 MM E O POÇO DE VISITA/ CAIXA DE CONCRETO OU ALVENARIA EM REDES DE ESGOTO. AF_01/2021","UN","COEFICIENTE DE REPRESENTATIVIDADE",34.85,"CAIXA REFERENCIAL"]
["ASSENTAMENTO DE TUBOS E PECAS","ASTU","FORNEC E/OU ASSENT DE TUBO DE PVC COM JUNTA ELASTICA","0048","","",90728,"JUNTA ARGAMASSADA ENTRE TUBO DN 300 MM E O POÇO DE VISITA/ CAIXA DE CONCRETO OU ALVENARIA EM REDES DE ESGOTO. AF_01/2021","UN","COEFICIENTE DE REPRESENTATIVIDADE",39.619999999999997,"CAIXA REFERENCIAL"]
["ASSENTAMENTO DE TUBOS E PECAS","ASTU","FORNEC E/OU ASSENT DE TUBO DE PVC COM JUNTA ELASTICA","0048","","",90729,"JUNTA ARGAMASSADA ENTRE TUBO DN 350 MM E O POÇO DE VISITA/ CAIXA DE CONCRETO OU ALVENARIA EM REDES DE ESGOTO. AF_01/2021","UN","COEFICIENTE DE REPRESENTATIVIDADE",44.4,"CAIXA REFERENCIAL"]
["ASSENTAMENTO DE TUBOS E PECAS","ASTU","FORNEC E/OU ASSENT DE TUBO DE PVC COM JUNTA ELASTICA","0048","","",90730,"JUNTA ARGAMASSADA ENTRE TUBO DN 400 MM E O POÇO DE VISITA/ CAIXA DE CONCRETO OU ALVENARIA EM REDES DE ESGOTO. AF_01/2021","UN","COEFICIENTE DE REPRESENTATIVIDADE",49.17,"CAIXA REFERENCIAL"]
["ASSENTAMENTO DE TUBOS E PECAS","ASTU","FORNEC E/OU ASSENT DE TUBO DE PVC COM JUNTA ELASTICA","0048","","",90731,"JUNTA ARGAMASSADA ENTRE TUBO DN 450 MM E O POÇO DE VISITA/ CAIXA DE CONCRETO OU ALVENARIA EM REDES DE ESGOTO. AF_01/2021","UN","COEFICIENTE DE REPRESENTATIVIDADE",53.94,"CAIXA REFERENCIAL"]
["ASSENTAMENTO DE TUBOS E PECAS","ASTU","FORNEC E/OU ASSENT DE TUBO DE PVC COM JUNTA ELASTICA","0048","","",90732,"JUNTA ARGAMASSADA ENTRE TUBO DN 600 MM E O POÇO DE VISITA/ CAIXA DE CONCRETO OU ALVENARIA EM REDES DE ESGOTO. AF_01/2021","UN","COEFICIENTE DE REPRESENTATIVIDADE",68.27,"CAIXA REFERENCIAL"]
["ASSENTAMENTO DE TUBOS E PECAS","ASTU","FORNEC E/OU ASSENT DE TUBO DE PVC COM JUNTA ELASTICA","0048","","",90733,"ASSENTAMENTO DE TUBO DE PVC PARA REDE COLETORA DE ESGOTO DE PAREDE MACIÇA, DN 100 MM, JUNTA ELÁSTICA (NÃO INCLUI FORNECIMENTO). AF_01/2021","M","COEFICIENTE DE REPRESENTATIVIDADE",2.83,"CAIXA REFERENCIAL"]
["ASSENTAMENTO DE TUBOS E PECAS","ASTU","FORNEC E/OU ASSENT DE TUBO DE PVC COM JUNTA ELASTICA","0048","","",90734,"ASSENTAMENTO DE TUBO DE PVC PARA REDE COLETORA DE ESGOTO DE PAREDE MACIÇA, DN 150 MM, JUNTA ELÁSTICA,  (NÃO INCLUI FORNECIMENTO). AF_01/2021","M","COEFICIENTE DE REPRESENTATIVIDADE",3.35,"CAIXA REFERENCIAL"]
["ASSENTAMENTO DE TUBOS E PECAS","ASTU","FORNEC E/OU ASSENT DE TUBO DE PVC COM JUNTA ELASTICA","0048","","",90735,"ASSENTAMENTO DE TUBO DE PVC PARA REDE COLETORA DE ESGOTO DE PAREDE MACIÇA, DN 200 MM, JUNTA ELÁSTICA (NÃO INCLUI FORNECIMENTO). AF_01/2021","M","COEFICIENTE DE REPRESENTATIVIDADE",3.86,"CAIXA REFERENCIAL"]
["ASSENTAMENTO DE TUBOS E PECAS","ASTU","FORNEC E/OU ASSENT DE TUBO DE PVC COM JUNTA ELASTICA","0048","","",90736,"ASSENTAMENTO DE TUBO DE PVC PARA REDE COLETORA DE ESGOTO DE PAREDE MACIÇA, DN 250 MM, JUNTA ELÁSTICA (NÃO INCLUI FORNECIMENTO). AF_01/2021","M","COEFICIENTE DE REPRESENTATIVIDADE",4.3899999999999997,"CAIXA REFERENCIAL"]
["ASSENTAMENTO DE TUBOS E PECAS","ASTU","FORNEC E/OU ASSENT DE TUBO DE PVC COM JUNTA ELASTICA","0048","","",90737,"ASSENTAMENTO DE TUBO DE PVC PARA REDE COLETORA DE ESGOTO DE PAREDE MACIÇA, DN 300 MM, JUNTA ELÁSTICA  (NÃO INCLUI FORNECIMENTO). AF_01/2021","M","COEFICIENTE DE REPRESENTATIVIDADE",4.91,"CAIXA REFERENCIAL"]
["ASSENTAMENTO DE TUBOS E PECAS","ASTU","FORNEC E/OU ASSENT DE TUBO DE PVC COM JUNTA ELASTICA","0048","","",90738,"ASSENTAMENTO DE TUBO DE PVC PARA REDE COLETORA DE ESGOTO DE PAREDE MACIÇA, DN 350 MM, JUNTA ELÁSTICA (NÃO INCLUI FORNECIMENTO). AF_01/2021","M","COEFICIENTE DE REPRESENTATIVIDADE",5.44,"CAIXA REFERENCIAL"]
["ASSENTAMENTO DE TUBOS E PECAS","ASTU","FORNEC E/OU ASSENT DE TUBO DE PVC COM JUNTA ELASTICA","0048","","",90739,"ASSENTAMENTO DE TUBO DE PVC PARA REDE COLETORA DE ESGOTO DE PAREDE MACIÇA, DN 400 MM, JUNTA ELÁSTICA (NÃO INCLUI FORNECIMENTO). AF_01/2021","M","ATRIBUÍDO SÃO PAULO",7.76,"CAIXA REFERENCIAL"]
["ASSENTAMENTO DE TUBOS E PECAS","ASTU","FORNEC E/OU ASSENT DE TUBO DE PVC COM JUNTA ELASTICA","0048","","",90740,"ASSENTAMENTO DE TUBO DE PVC CORRUGADO DE DUPLA PAREDE PARA REDE COLETORA DE ESGOTO, DN 150 MM, JUNTA ELÁSTICA (NÃO INCLUI FORNECIMENTO). AF_01/2021","M","COEFICIENTE DE REPRESENTATIVIDADE",3.72,"CAIXA REFERENCIAL"]
["ASSENTAMENTO DE TUBOS E PECAS","ASTU","FORNEC E/OU ASSENT DE TUBO DE PVC COM JUNTA ELASTICA","0048","","",90741,"ASSENTAMENTO DE TUBO DE PVC CORRUGADO DE DUPLA PAREDE PARA REDE COLETORA DE ESGOTO, DN 200 MM, JUNTA ELÁSTICA (NÃO INCLUI FORNECIMENTO). AF_01/2021","M","COEFICIENTE DE REPRESENTATIVIDADE",4.25,"CAIXA REFERENCIAL"]
["ASSENTAMENTO DE TUBOS E PECAS","ASTU","FORNEC E/OU ASSENT DE TUBO DE PVC COM JUNTA ELASTICA","0048","","",90742,"ASSENTAMENTO DE TUBO DE PVC CORRUGADO DE DUPLA PAREDE PARA REDE COLETORA DE ESGOTO, DN 250 MM, JUNTA ELÁSTICA (NÃO INCLUI FORNECIMENTO). AF_01/2021","M","COEFICIENTE DE REPRESENTATIVIDADE",4.7699999999999996,"CAIXA REFERENCIAL"]
["ASSENTAMENTO DE TUBOS E PECAS","ASTU","FORNEC E/OU ASSENT DE TUBO DE PVC COM JUNTA ELASTICA","0048","","",90743,"ASSENTAMENTO DE TUBO DE PVC CORRUGADO DE DUPLA PAREDE PARA REDE COLETORA DE ESGOTO, DN 300 MM, JUNTA ELÁSTICA (NÃO INCLUI FORNECIMENTO). AF_01/2021","M","COEFICIENTE DE REPRESENTATIVIDADE",5.29,"CAIXA REFERENCIAL"]
["ASSENTAMENTO DE TUBOS E PECAS","ASTU","FORNEC E/OU ASSENT DE TUBO DE PVC COM JUNTA ELASTICA","0048","","",90744,"ASSENTAMENTO DE TUBO DE PVC CORRUGADO DE DUPLA PAREDE PARA REDE COLETORA DE ESGOTO, DN 350 MM, JUNTA ELÁSTICA (NÃO INCLUI FORNECIMENTO). AF_01/2021","M","COEFICIENTE DE REPRESENTATIVIDADE",5.81,"CAIXA REFERENCIAL"]
["ASSENTAMENTO DE TUBOS E PECAS","ASTU","FORNEC E/OU ASSENT DE TUBO DE PVC COM JUNTA ELASTICA","0048","","",90745,"ASSENTAMENTO DE TUBO DE PVC CORRUGADO DE DUPLA PAREDE PARA REDE COLETORA DE ESGOTO, DN 400 MM, JUNTA ELÁSTICA  (NÃO INCLUI FORNECIMENTO). AF_01/2021","M","ATRIBUÍDO SÃO PAULO",8.67,"CAIXA REFERENCIAL"]
["ASSENTAMENTO DE TUBOS E PECAS","ASTU","FORNEC E/OU ASSENT DE TUBO DE PVC COM JUNTA ELASTICA","0048","","",90746,"ASSENTAMENTO DE TUBO DE PEAD CORRUGADO DE DUPLA PAREDE PARA REDE COLETORA DE ESGOTO, DN 450 MM, JUNTA ELÁSTICA INTEGRADA (NÃO INCLUI FORNECIMENTO). AF_01/2021","M","COEFICIENTE DE REPRESENTATIVIDADE",3.05,"CAIXA REFERENCIAL"]
["ASSENTAMENTO DE TUBOS E PECAS","ASTU","FORNEC E/OU ASSENT DE TUBO DE PVC COM JUNTA ELASTICA","0048","","",90747,"ASSENTAMENTO DE TUBO DE PEAD CORRUGADO DE DUPLA PAREDE PARA REDE COLETORA DE ESGOTO, DN 600 MM, JUNTA ELÁSTICA INTEGRADA (NÃO INCLUI FORNECIMENTO). AF_01/2021","M","ATRIBUÍDO SÃO PAULO",15.16,"CAIXA REFERENCIAL"]
["ASSENTAMENTO DE TUBOS E PECAS","ASTU","FORNEC E/OU ASSENT DE TUBO DE PVC COM JUNTA ELASTICA","0048","","",94869,"TUBO DE PEAD CORRUGADO DE DUPLA PAREDE PARA REDE COLETORA DE ESGOTO, DN 250 MM, JUNTA ELÁSTICA INTEGRADA - FORNECIMENTO E ASSENTAMENTO. AF_01/2021","M","COEFICIENTE DE REPRESENTATIVIDADE",117.44,"CAIXA REFERENCIAL"]
["ASSENTAMENTO DE TUBOS E PECAS","ASTU","FORNEC E/OU ASSENT DE TUBO DE PVC COM JUNTA ELASTICA","0048","","",94870,"ASSENTAMENTO DE TUBO DE PEAD CORRUGADO DE DUPLA PAREDE PARA REDE COLETORA DE ESGOTO, DN 250 MM, JUNTA ELÁSTICA INTEGRADA (NÃO INCLUI FORNECIMENTO). AF_01/2021","M","COEFICIENTE DE REPRESENTATIVIDADE",1.68,"CAIXA REFERENCIAL"]
["ASSENTAMENTO DE TUBOS E PECAS","ASTU","FORNEC E/OU ASSENT DE TUBO DE PVC COM JUNTA ELASTICA","0048","","",94871,"TUBO DE PEAD CORRUGADO DE DUPLA PAREDE PARA REDE COLETORA DE ESGOTO, DN 300 MM, JUNTA ELÁSTICA INTEGRADA - FORNECIMENTO E ASSENTAMENTO. AF_01/2021","M","COEFICIENTE DE REPRESENTATIVIDADE",183.69,"CAIXA REFERENCIAL"]
["ASSENTAMENTO DE TUBOS E PECAS","ASTU","FORNEC E/OU ASSENT DE TUBO DE PVC COM JUNTA ELASTICA","0048","","",94872,"ASSENTAMENTO DE TUBO DE PEAD CORRUGADO DE DUPLA PAREDE PARA REDE COLETORA DE ESGOTO, DN 300 MM, JUNTA ELÁSTICA INTEGRADA  (NÃO INCLUI FORNECIMENTO). AF_01/2021","M","COEFICIENTE DE REPRESENTATIVIDADE",2.34,"CAIXA REFERENCIAL"]
["ASSENTAMENTO DE TUBOS E PECAS","ASTU","FORNEC E/OU ASSENT DE TUBO DE PVC COM JUNTA ELASTICA","0048","","",94875,"TUBO DE PEAD CORRUGADO DE DUPLA PAREDE PARA REDE COLETORA DE ESGOTO, DN 800 MM, JUNTA ELÁSTICA INTEGRADA - FORNECIMENTO E ASSENTAMENTO. AF_01/2021","M","ATRIBUÍDO SÃO PAULO",1082.27,"CAIXA REFERENCIAL"]
["ASSENTAMENTO DE TUBOS E PECAS","ASTU","FORNEC E/OU ASSENT DE TUBO DE PVC COM JUNTA ELASTICA","0048","","",94876,"ASSENTAMENTO DE TUBO DE PEAD CORRUGADO DE DUPLA PAREDE PARA REDE COLETORA DE ESGOTO, DN 800 MM, JUNTA ELÁSTICA INTEGRADA  (NÃO INCLUI FORNECIMENTO). AF_01/2021","M","ATRIBUÍDO SÃO PAULO",25.57,"CAIXA REFERENCIAL"]
["ASSENTAMENTO DE TUBOS E PECAS","ASTU","FORNEC E/OU ASSENT DE TUBO DE PVC COM JUNTA ELASTICA","0048","","",94878,"ASSENTAMENTO DE TUBO DE PEAD CORRUGADO DE DUPLA PAREDE PARA REDE COLETORA DE ESGOTO, DN 900 MM, JUNTA ELÁSTICA INTEGRADA (NÃO INCLUI FORNECIMENTO). AF_01/2021","M","ATRIBUÍDO SÃO PAULO",29.55,"CAIXA REFERENCIAL"]
["ASSENTAMENTO DE TUBOS E PECAS","ASTU","FORNEC E/OU ASSENT DE TUBO DE PVC COM JUNTA ELASTICA","0048","","",94879,"TUBO DE PEAD CORRUGADO DE DUPLA PAREDE PARA REDE COLETORA DE ESGOTO, DN 1000 MM, JUNTA ELÁSTICA INTEGRADA - FORNECIMENTO E ASSENTAMENTO. AF_01/2021","M","ATRIBUÍDO SÃO PAULO",1666.04,"CAIXA REFERENCIAL"]
["ASSENTAMENTO DE TUBOS E PECAS","ASTU","FORNEC E/OU ASSENT DE TUBO DE PVC COM JUNTA ELASTICA","0048","","",94880,"ASSENTAMENTO DE TUBO DE PEAD CORRUGADO DE DUPLA PAREDE PARA REDE COLETORA DE ESGOTO, DN 1000 MM, JUNTA ELÁSTICA INTEGRADA (NÃO INCLUI FORNECIMENTO). AF_01/2021","M","ATRIBUÍDO SÃO PAULO",38.200000000000003,"CAIXA REFERENCIAL"]
["ASSENTAMENTO DE TUBOS E PECAS","ASTU","FORNEC E/OU ASSENT DE TUBO DE PVC COM JUNTA ELASTICA","0048","","",94881,"TUBO DE PEAD CORRUGADO DE DUPLA PAREDE PARA REDE COLETORA DE ESGOTO, DN 1200 MM, JUNTA ELÁSTICA INTEGRADA - FORNECIMENTO E ASSENTAMENTO. AF_01/2021","M","ATRIBUÍDO SÃO PAULO",2294.12,"CAIXA REFERENCIAL"]
["ASSENTAMENTO DE TUBOS E PECAS","ASTU","FORNEC E/OU ASSENT DE TUBO DE PVC COM JUNTA ELASTICA","0048","","",94882,"ASSENTAMENTO DE TUBO DE PEAD CORRUGADO DE DUPLA PAREDE PARA REDE COLETORA DE ESGOTO, DN 1200 MM, JUNTA ELÁSTICA INTEGRADA (NÃO INCLUI FORNECIMENTO). AF_01/2021","M","ATRIBUÍDO SÃO PAULO",44.34,"CAIXA REFERENCIAL"]
["ASSENTAMENTO DE TUBOS E PECAS","ASTU","FORNEC E/OU ASSENT DE TUBO DE PVC COM JUNTA ELASTICA","0048","","",94884,"ASSENTAMENTO DE TUBO DE PEAD CORRUGADO DE DUPLA PAREDE PARA REDE COLETORA DE ESGOTO, DN 1500 MM, JUNTA ELÁSTICA INTEGRADA (NÃO INCLUI FORNECIMENTO). AF_01/2021","M","ATRIBUÍDO SÃO PAULO",56.81,"CAIXA REFERENCIAL"]
["ASSENTAMENTO DE TUBOS E PECAS","ASTU","FORNEC E/OU ASSENT DE TUBO DE PVC COM JUNTA ELASTICA","0048","","",97121,"ASSENTAMENTO DE TUBO DE PVC PBA PARA REDE DE ÁGUA, DN 50 MM, JUNTA ELÁSTICA INTEGRADA, INSTALADO EM LOCAL COM NÍVEL ALTO DE INTERFERÊNCIAS (NÃO INCLUI FORNECIMENTO). AF_11/2017","M","COEFICIENTE DE REPRESENTATIVIDADE",1.69,"CAIXA REFERENCIAL"]
["ASSENTAMENTO DE TUBOS E PECAS","ASTU","FORNEC E/OU ASSENT DE TUBO DE PVC COM JUNTA ELASTICA","0048","","",97122,"ASSENTAMENTO DE TUBO DE PVC PBA PARA REDE DE ÁGUA, DN 75 MM, JUNTA ELÁSTICA INTEGRADA, INSTALADO EM LOCAL COM NÍVEL ALTO DE INTERFERÊNCIAS (NÃO INCLUI FORNECIMENTO). AF_11/2017","M","COEFICIENTE DE REPRESENTATIVIDADE",2.36,"CAIXA REFERENCIAL"]
["ASSENTAMENTO DE TUBOS E PECAS","ASTU","FORNEC E/OU ASSENT DE TUBO DE PVC COM JUNTA ELASTICA","0048","","",97123,"ASSENTAMENTO DE TUBO DE PVC PBA PARA REDE DE ÁGUA, DN 100 MM, JUNTA ELÁSTICA INTEGRADA, INSTALADO EM LOCAL COM NÍVEL ALTO DE INTERFERÊNCIAS (NÃO INCLUI FORNECIMENTO). AF_11/2017","M","COEFICIENTE DE REPRESENTATIVIDADE",2.99,"CAIXA REFERENCIAL"]
["ASSENTAMENTO DE TUBOS E PECAS","ASTU","FORNEC E/OU ASSENT DE TUBO DE PVC COM JUNTA ELASTICA","0048","","",97124,"ASSENTAMENTO DE TUBO DE PVC PBA PARA REDE DE ÁGUA, DN 50 MM, JUNTA ELÁSTICA INTEGRADA, INSTALADO EM LOCAL COM NÍVEL BAIXO DE INTERFERÊNCIAS (NÃO INCLUI FORNECIMENTO). AF_11/2017","M","COEFICIENTE DE REPRESENTATIVIDADE",0.75,"CAIXA REFERENCIAL"]
["ASSENTAMENTO DE TUBOS E PECAS","ASTU","FORNEC E/OU ASSENT DE TUBO DE PVC COM JUNTA ELASTICA","0048","","",97125,"ASSENTAMENTO DE TUBO DE PVC PBA PARA REDE DE ÁGUA, DN 75 MM, JUNTA ELÁSTICA INTEGRADA, INSTALADO EM LOCAL COM NÍVEL BAIXO DE INTERFERÊNCIAS (NÃO INCLUI FORNECIMENTO). AF_11/2017","M","COEFICIENTE DE REPRESENTATIVIDADE",1.07,"CAIXA REFERENCIAL"]
["ASSENTAMENTO DE TUBOS E PECAS","ASTU","FORNEC E/OU ASSENT DE TUBO DE PVC COM JUNTA ELASTICA","0048","","",97126,"ASSENTAMENTO DE TUBO DE PVC PBA PARA REDE DE ÁGUA, DN 100 MM, JUNTA ELÁSTICA INTEGRADA, INSTALADO EM LOCAL COM NÍVEL BAIXO DE INTERFERÊNCIAS (NÃO INCLUI FORNECIMENTO). AF_11/2017","M","COEFICIENTE DE REPRESENTATIVIDADE",1.37,"CAIXA REFERENCIAL"]
["ASSENTAMENTO DE TUBOS E PECAS","ASTU","FORNEC E/OU ASSENT DE TUBO DE PVC COM JUNTA ELASTICA","0048","","",102264,"TUBO DE PVC BRANCO PARA REDE COLETORA DE ESGOTO CONDOMINIAL DE PAREDE MACIÇA, DN 100 MM, JUNTA ELÁSTICA - FORNECIMENTO E ASSENTAMENTO. AF_01/2021","M","COEFICIENTE DE REPRESENTATIVIDADE",20.6,"CAIXA REFERENCIAL"]
["ASSENTAMENTO DE TUBOS E PECAS","ASTU","FORNEC E/OU ASSENT DE TUBO DE PVC COM JUNTA ELASTICA","0048","","",102265,"JUNTA ARGAMASSADA ENTRE TUBO DN 800 MM E O POÇO DE VISITA/ CAIXA DE CONCRETO OU ALVENARIA EM REDES DE ESGOTO. AF_01/2021","UN","COEFICIENTE DE REPRESENTATIVIDADE",87.36,"CAIXA REFERENCIAL"]
["ASSENTAMENTO DE TUBOS E PECAS","ASTU","FORNEC E/OU ASSENT DE TUBO DE PVC COM JUNTA ELASTICA","0048","","",102266,"JUNTA ARGAMASSADA ENTRE TUBO DN 900 MM E O POÇO DE VISITA/ CAIXA DE CONCRETO OU ALVENARIA EM REDES DE ESGOTO. AF_01/2021","UN","COEFICIENTE DE REPRESENTATIVIDADE",96.9,"CAIXA REFERENCIAL"]
["ASSENTAMENTO DE TUBOS E PECAS","ASTU","FORNEC E/OU ASSENT DE TUBO DE PVC COM JUNTA ELASTICA","0048","","",102267,"JUNTA ARGAMASSADA ENTRE TUBO DN 1000 MM E O POÇO DE VISITA/ CAIXA DE CONCRETO OU ALVENARIA EM REDES DE ESGOTO. AF_01/2021","UN","COEFICIENTE DE REPRESENTATIVIDADE",111.31,"CAIXA REFERENCIAL"]
["ASSENTAMENTO DE TUBOS E PECAS","ASTU","FORNEC E/OU ASSENT DE TUBO DE PVC COM JUNTA ELASTICA","0048","","",102268,"JUNTA ARGAMASSADA ENTRE TUBO DN 1200 MM E O POÇO DE VISITA/ CAIXA DE CONCRETO OU ALVENARIA EM REDES DE ESGOTO. AF_01/2021","UN","COEFICIENTE DE REPRESENTATIVIDADE",125.63,"CAIXA REFERENCIAL"]
["ASSENTAMENTO DE TUBOS E PECAS","ASTU","FORNEC E/OU ASSENT DE TUBO DE PVC COM JUNTA ELASTICA","0048","","",102269,"JUNTA ARGAMASSADA ENTRE TUBO DN 1500 MM E O POÇO DE VISITA/ CAIXA DE CONCRETO OU ALVENARIA EM REDES DE ESGOTO. AF_01/2021","UN","COEFICIENTE DE REPRESENTATIVIDADE",154.28,"CAIXA REFERENCIAL"]
["ASSENTAMENTO DE TUBOS E PECAS","ASTU","FORNEC E/OU ASSENT DE TUBO DE CONCRETO COM JUNTA ELASTICA","0051","","",92833,"TUBO DE CONCRETO PARA REDES COLETORAS DE ESGOTO SANITÁRIO, DIÂMETRO DE 300 MM, JUNTA ELÁSTICA, INSTALADO EM LOCAL COM BAIXO NÍVEL DE INTERFERÊNCIAS - FORNECIMENTO E ASSENTAMENTO. AF_12/2015","M","ATRIBUÍDO SÃO PAULO",207.32,"CAIXA REFERENCIAL"]
["ASSENTAMENTO DE TUBOS E PECAS","ASTU","FORNEC E/OU ASSENT DE TUBO DE CONCRETO COM JUNTA ELASTICA","0051","","",92834,"ASSENTAMENTO DE TUBO DE CONCRETO PARA REDES COLETORAS DE ESGOTO SANITÁRIO, DIÂMETRO DE 300 MM, JUNTA ELÁSTICA, INSTALADO EM LOCAL COM BAIXO NÍVEL DE INTERFERÊNCIAS (NÃO INCLUI FORNECIMENTO). AF_12/2015","M","ATRIBUÍDO SÃO PAULO",8.11,"CAIXA REFERENCIAL"]
["ASSENTAMENTO DE TUBOS E PECAS","ASTU","FORNEC E/OU ASSENT DE TUBO DE CONCRETO COM JUNTA ELASTICA","0051","","",92835,"TUBO DE CONCRETO PARA REDES COLETORAS DE ESGOTO SANITÁRIO, DIÂMETRO DE 400 MM, JUNTA ELÁSTICA, INSTALADO EM LOCAL COM BAIXO NÍVEL DE INTERFERÊNCIAS - FORNECIMENTO E ASSENTAMENTO. AF_12/2015","M","ATRIBUÍDO SÃO PAULO",217.66,"CAIXA REFERENCIAL"]
["ASSENTAMENTO DE TUBOS E PECAS","ASTU","FORNEC E/OU ASSENT DE TUBO DE CONCRETO COM JUNTA ELASTICA","0051","","",92836,"ASSENTAMENTO DE TUBO DE CONCRETO PARA REDES COLETORAS DE ESGOTO SANITÁRIO, DIÂMETRO DE 400 MM, JUNTA ELÁSTICA, INSTALADO EM LOCAL COM BAIXO NÍVEL DE INTERFERÊNCIAS (NÃO INCLUI FORNECIMENTO). AF_12/2015","M","ATRIBUÍDO SÃO PAULO",10.35,"CAIXA REFERENCIAL"]
["ASSENTAMENTO DE TUBOS E PECAS","ASTU","FORNEC E/OU ASSENT DE TUBO DE CONCRETO COM JUNTA ELASTICA","0051","","",92837,"TUBO DE CONCRETO PARA REDES COLETORAS DE ESGOTO SANITÁRIO, DIÂMETRO DE 500 MM, JUNTA ELÁSTICA, INSTALADO EM LOCAL COM BAIXO NÍVEL DE INTERFERÊNCIAS - FORNECIMENTO E ASSENTAMENTO. AF_12/2015","M","ATRIBUÍDO SÃO PAULO",381.95,"CAIXA REFERENCIAL"]
["ASSENTAMENTO DE TUBOS E PECAS","ASTU","FORNEC E/OU ASSENT DE TUBO DE CONCRETO COM JUNTA ELASTICA","0051","","",92838,"ASSENTAMENTO DE TUBO DE CONCRETO PARA REDES COLETORAS DE ESGOTO SANITÁRIO, DIÂMETRO DE 500 MM, JUNTA ELÁSTICA, INSTALADO EM LOCAL COM BAIXO NÍVEL DE INTERFERÊNCIAS (NÃO INCLUI FORNECIMENTO). AF_12/2015","M","ATRIBUÍDO SÃO PAULO",12.41,"CAIXA REFERENCIAL"]
["ASSENTAMENTO DE TUBOS E PECAS","ASTU","FORNEC E/OU ASSENT DE TUBO DE CONCRETO COM JUNTA ELASTICA","0051","","",92839,"TUBO DE CONCRETO PARA REDES COLETORAS DE ESGOTO SANITÁRIO, DIÂMETRO DE 600 MM, JUNTA ELÁSTICA, INSTALADO EM LOCAL COM BAIXO NÍVEL DE INTERFERÊNCIAS - FORNECIMENTO E ASSENTAMENTO. AF_12/2015","M","ATRIBUÍDO SÃO PAULO",467.1,"CAIXA REFERENCIAL"]
["ASSENTAMENTO DE TUBOS E PECAS","ASTU","FORNEC E/OU ASSENT DE TUBO DE CONCRETO COM JUNTA ELASTICA","0051","","",92840,"ASSENTAMENTO DE TUBO DE CONCRETO PARA REDES COLETORAS DE ESGOTO SANITÁRIO, DIÂMETRO DE 600 MM, JUNTA ELÁSTICA, INSTALADO EM LOCAL COM BAIXO NÍVEL DE INTERFERÊNCIAS (NÃO INCLUI FORNECIMENTO). AF_12/2015","M","ATRIBUÍDO SÃO PAULO",14.71,"CAIXA REFERENCIAL"]
["ASSENTAMENTO DE TUBOS E PECAS","ASTU","FORNEC E/OU ASSENT DE TUBO DE CONCRETO COM JUNTA ELASTICA","0051","","",92841,"TUBO DE CONCRETO PARA REDES COLETORAS DE ESGOTO SANITÁRIO, DIÂMETRO DE 700 MM, JUNTA ELÁSTICA, INSTALADO EM LOCAL COM BAIXO NÍVEL DE INTERFERÊNCIAS - FORNECIMENTO E ASSENTAMENTO. AF_12/2015","M","ATRIBUÍDO SÃO PAULO",609.41,"CAIXA REFERENCIAL"]
["ASSENTAMENTO DE TUBOS E PECAS","ASTU","FORNEC E/OU ASSENT DE TUBO DE CONCRETO COM JUNTA ELASTICA","0051","","",92842,"ASSENTAMENTO DE TUBO DE CONCRETO PARA REDES COLETORAS DE ESGOTO SANITÁRIO, DIÂMETRO DE 700 MM, JUNTA ELÁSTICA, INSTALADO EM LOCAL COM BAIXO NÍVEL DE INTERFERÊNCIAS (NÃO INCLUI FORNECIMENTO). AF_12/2015","M","ATRIBUÍDO SÃO PAULO",16.79,"CAIXA REFERENCIAL"]
["ASSENTAMENTO DE TUBOS E PECAS","ASTU","FORNEC E/OU ASSENT DE TUBO DE CONCRETO COM JUNTA ELASTICA","0051","","",92843,"TUBO DE CONCRETO PARA REDES COLETORAS DE ESGOTO SANITÁRIO, DIÂMETRO DE 800 MM, JUNTA ELÁSTICA, INSTALADO EM LOCAL COM BAIXO NÍVEL DE INTERFERÊNCIAS - FORNECIMENTO E ASSENTAMENTO. AF_12/2015","M","ATRIBUÍDO SÃO PAULO",633.44000000000005,"CAIXA REFERENCIAL"]
["ASSENTAMENTO DE TUBOS E PECAS","ASTU","FORNEC E/OU ASSENT DE TUBO DE CONCRETO COM JUNTA ELASTICA","0051","","",92844,"ASSENTAMENTO DE TUBO DE CONCRETO PARA REDES COLETORAS DE ESGOTO SANITÁRIO, DIÂMETRO DE 800 MM, JUNTA ELÁSTICA, INSTALADO EM LOCAL COM BAIXO NÍVEL DE INTERFERÊNCIAS (NÃO INCLUI FORNECIMENTO). AF_12/2015","M","ATRIBUÍDO SÃO PAULO",19.09,"CAIXA REFERENCIAL"]
["ASSENTAMENTO DE TUBOS E PECAS","ASTU","FORNEC E/OU ASSENT DE TUBO DE CONCRETO COM JUNTA ELASTICA","0051","","",92845,"TUBO DE CONCRETO PARA REDES COLETORAS DE ESGOTO SANITÁRIO, DIÂMETRO DE 900 MM, JUNTA ELÁSTICA, INSTALADO EM LOCAL COM BAIXO NÍVEL DE INTERFERÊNCIAS - FORNECIMENTO E ASSENTAMENTO. AF_12/2015","M","ATRIBUÍDO SÃO PAULO",934.64,"CAIXA REFERENCIAL"]
["ASSENTAMENTO DE TUBOS E PECAS","ASTU","FORNEC E/OU ASSENT DE TUBO DE CONCRETO COM JUNTA ELASTICA","0051","","",92846,"ASSENTAMENTO DE TUBO DE CONCRETO PARA REDES COLETORAS DE ESGOTO SANITÁRIO, DIÂMETRO DE 900 MM, JUNTA ELÁSTICA, INSTALADO EM LOCAL COM BAIXO NÍVEL DE INTERFERÊNCIAS (NÃO INCLUI FORNECIMENTO). AF_12/2015","M","ATRIBUÍDO SÃO PAULO",21.16,"CAIXA REFERENCIAL"]
["ASSENTAMENTO DE TUBOS E PECAS","ASTU","FORNEC E/OU ASSENT DE TUBO DE CONCRETO COM JUNTA ELASTICA","0051","","",92847,"TUBO DE CONCRETO PARA REDES COLETORAS DE ESGOTO SANITÁRIO, DIÂMETRO DE 1000 MM, JUNTA ELÁSTICA, INSTALADO EM LOCAL COM BAIXO NÍVEL DE INTERFERÊNCIAS - FORNECIMENTO E ASSENTAMENTO. AF_12/2015","M","ATRIBUÍDO SÃO PAULO",964.11,"CAIXA REFERENCIAL"]
["ASSENTAMENTO DE TUBOS E PECAS","ASTU","FORNEC E/OU ASSENT DE TUBO DE CONCRETO COM JUNTA ELASTICA","0051","","",92848,"ASSENTAMENTO DE TUBO DE CONCRETO PARA REDES COLETORAS DE ESGOTO SANITÁRIO, DIÂMETRO DE 1000 MM, JUNTA ELÁSTICA, INSTALADO EM LOCAL COM BAIXO NÍVEL DE INTERFERÊNCIAS (NÃO INCLUI FORNECIMENTO). AF_12/2015","M","ATRIBUÍDO SÃO PAULO",23.49,"CAIXA REFERENCIAL"]
["ASSENTAMENTO DE TUBOS E PECAS","ASTU","FORNEC E/OU ASSENT DE TUBO DE CONCRETO COM JUNTA ELASTICA","0051","","",92849,"TUBO DE CONCRETO PARA REDES COLETORAS DE ESGOTO SANITÁRIO, DIÂMETRO DE 300 MM, JUNTA ELÁSTICA, INSTALADO EM LOCAL COM ALTO NÍVEL DE INTERFERÊNCIAS - FORNECIMENTO E ASSENTAMENTO. AF_12/2015","M","ATRIBUÍDO SÃO PAULO",214.53,"CAIXA REFERENCIAL"]
["ASSENTAMENTO DE TUBOS E PECAS","ASTU","FORNEC E/OU ASSENT DE TUBO DE CONCRETO COM JUNTA ELASTICA","0051","","",92850,"ASSENTAMENTO DE TUBO DE CONCRETO PARA REDES COLETORAS DE ESGOTO SANITÁRIO, DIÂMETRO DE 300 MM, JUNTA ELÁSTICA, INSTALADO EM LOCAL COM ALTO NÍVEL DE INTERFERÊNCIAS (NÃO INCLUI FORNECIMENTO). AF_12/2015","M","ATRIBUÍDO SÃO PAULO",15.32,"CAIXA REFERENCIAL"]
["ASSENTAMENTO DE TUBOS E PECAS","ASTU","FORNEC E/OU ASSENT DE TUBO DE CONCRETO COM JUNTA ELASTICA","0051","","",92851,"TUBO DE CONCRETO PARA REDES COLETORAS DE ESGOTO SANITÁRIO, DIÂMETRO DE 400 MM, JUNTA ELÁSTICA, INSTALADO EM LOCAL COM ALTO NÍVEL DE INTERFERÊNCIAS - FORNECIMENTO E ASSENTAMENTO. AF_12/2015","M","ATRIBUÍDO SÃO PAULO",226.64,"CAIXA REFERENCIAL"]
["ASSENTAMENTO DE TUBOS E PECAS","ASTU","FORNEC E/OU ASSENT DE TUBO DE CONCRETO COM JUNTA ELASTICA","0051","","",92852,"ASSENTAMENTO DE TUBO DE CONCRETO PARA REDES COLETORAS DE ESGOTO SANITÁRIO, DIÂMETRO DE 400 MM, JUNTA ELÁSTICA, INSTALADO EM LOCAL COM ALTO NÍVEL DE INTERFERÊNCIAS (NÃO INCLUI FORNECIMENTO). AF_12/2015","M","ATRIBUÍDO SÃO PAULO",19.329999999999998,"CAIXA REFERENCIAL"]
["ASSENTAMENTO DE TUBOS E PECAS","ASTU","FORNEC E/OU ASSENT DE TUBO DE CONCRETO COM JUNTA ELASTICA","0051","","",92853,"TUBO DE CONCRETO PARA REDES COLETORAS DE ESGOTO SANITÁRIO, DIÂMETRO DE 500 MM, JUNTA ELÁSTICA, INSTALADO EM LOCAL COM ALTO NÍVEL DE INTERFERÊNCIAS - FORNECIMENTO E ASSENTAMENTO. AF_12/2015","M","ATRIBUÍDO SÃO PAULO",393.1,"CAIXA REFERENCIAL"]
["ASSENTAMENTO DE TUBOS E PECAS","ASTU","FORNEC E/OU ASSENT DE TUBO DE CONCRETO COM JUNTA ELASTICA","0051","","",92854,"ASSENTAMENTO DE TUBO DE CONCRETO PARA REDES COLETORAS DE ESGOTO SANITÁRIO, DIÂMETRO DE 500 MM, JUNTA ELÁSTICA, INSTALADO EM LOCAL COM ALTO NÍVEL DE INTERFERÊNCIAS (NÃO INCLUI FORNECIMENTO). AF_12/2015","M","ATRIBUÍDO SÃO PAULO",23.56,"CAIXA REFERENCIAL"]
["ASSENTAMENTO DE TUBOS E PECAS","ASTU","FORNEC E/OU ASSENT DE TUBO DE CONCRETO COM JUNTA ELASTICA","0051","","",92855,"TUBO DE CONCRETO PARA REDES COLETORAS DE ESGOTO SANITÁRIO, DIÂMETRO DE 600 MM, JUNTA ELÁSTICA, INSTALADO EM LOCAL COM ALTO NÍVEL DE INTERFERÊNCIAS - FORNECIMENTO E ASSENTAMENTO. AF_12/2015","M","ATRIBUÍDO SÃO PAULO",480.16,"CAIXA REFERENCIAL"]
["ASSENTAMENTO DE TUBOS E PECAS","ASTU","FORNEC E/OU ASSENT DE TUBO DE CONCRETO COM JUNTA ELASTICA","0051","","",92856,"ASSENTAMENTO DE TUBO DE CONCRETO PARA REDES COLETORAS DE ESGOTO SANITÁRIO, DIÂMETRO DE 600 MM, JUNTA ELÁSTICA, INSTALADO EM LOCAL COM ALTO NÍVEL DE INTERFERÊNCIAS (NÃO INCLUI FORNECIMENTO). AF_12/2015","M","ATRIBUÍDO SÃO PAULO",27.77,"CAIXA REFERENCIAL"]
["ASSENTAMENTO DE TUBOS E PECAS","ASTU","FORNEC E/OU ASSENT DE TUBO DE CONCRETO COM JUNTA ELASTICA","0051","","",92857,"TUBO DE CONCRETO PARA REDES COLETORAS DE ESGOTO SANITÁRIO, DIÂMETRO DE 700 MM, JUNTA ELÁSTICA, INSTALADO EM LOCAL COM ALTO NÍVEL DE INTERFERÊNCIAS - FORNECIMENTO E ASSENTAMENTO. AF_12/2015","M","ATRIBUÍDO SÃO PAULO",624.39,"CAIXA REFERENCIAL"]
["ASSENTAMENTO DE TUBOS E PECAS","ASTU","FORNEC E/OU ASSENT DE TUBO DE CONCRETO COM JUNTA ELASTICA","0051","","",92858,"ASSENTAMENTO DE TUBO DE CONCRETO PARA REDES COLETORAS DE ESGOTO SANITÁRIO, DIÂMETRO DE 700 MM, JUNTA ELÁSTICA, INSTALADO EM LOCAL COM ALTO NÍVEL DE INTERFERÊNCIAS (NÃO INCLUI FORNECIMENTO). AF_12/2015","M","ATRIBUÍDO SÃO PAULO",31.77,"CAIXA REFERENCIAL"]
["ASSENTAMENTO DE TUBOS E PECAS","ASTU","FORNEC E/OU ASSENT DE TUBO DE CONCRETO COM JUNTA ELASTICA","0051","","",92859,"TUBO DE CONCRETO PARA REDES COLETORAS DE ESGOTO SANITÁRIO, DIÂMETRO DE 800 MM, JUNTA ELÁSTICA, INSTALADO EM LOCAL COM ALTO NÍVEL DE INTERFERÊNCIAS - FORNECIMENTO E ASSENTAMENTO. AF_12/2015","M","ATRIBUÍDO SÃO PAULO",650.42999999999995,"CAIXA REFERENCIAL"]
["ASSENTAMENTO DE TUBOS E PECAS","ASTU","FORNEC E/OU ASSENT DE TUBO DE CONCRETO COM JUNTA ELASTICA","0051","","",92860,"ASSENTAMENTO DE TUBO DE CONCRETO PARA REDES COLETORAS DE ESGOTO SANITÁRIO, DIÂMETRO DE 800 MM, JUNTA ELÁSTICA, INSTALADO EM LOCAL COM ALTO NÍVEL DE INTERFERÊNCIAS (NÃO INCLUI FORNECIMENTO). AF_12/2015","M","ATRIBUÍDO SÃO PAULO",36.08,"CAIXA REFERENCIAL"]
["ASSENTAMENTO DE TUBOS E PECAS","ASTU","FORNEC E/OU ASSENT DE TUBO DE CONCRETO COM JUNTA ELASTICA","0051","","",92861,"TUBO DE CONCRETO PARA REDES COLETORAS DE ESGOTO SANITÁRIO, DIÂMETRO DE 900 MM, JUNTA ELÁSTICA, INSTALADO EM LOCAL COM ALTO NÍVEL DE INTERFERÊNCIAS - FORNECIMENTO E ASSENTAMENTO. AF_12/2015","M","ATRIBUÍDO SÃO PAULO",953.75,"CAIXA REFERENCIAL"]
["ASSENTAMENTO DE TUBOS E PECAS","ASTU","FORNEC E/OU ASSENT DE TUBO DE CONCRETO COM JUNTA ELASTICA","0051","","",92862,"ASSENTAMENTO DE TUBO DE CONCRETO PARA REDES COLETORAS DE ESGOTO SANITÁRIO, DIÂMETRO DE 900 MM, JUNTA ELÁSTICA, INSTALADO EM LOCAL COM ALTO NÍVEL DE INTERFERÊNCIAS (NÃO INCLUI FORNECIMENTO). AF_12/2015","M","ATRIBUÍDO SÃO PAULO",40.270000000000003,"CAIXA REFERENCIAL"]
["ASSENTAMENTO DE TUBOS E PECAS","ASTU","FORNEC E/OU ASSENT DE TUBO DE CONCRETO COM JUNTA ELASTICA","0051","","",92863,"TUBO DE CONCRETO PARA REDES COLETORAS DE ESGOTO SANITÁRIO, DIÂMETRO DE 1000 MM, JUNTA ELÁSTICA, INSTALADO EM LOCAL COM ALTO NÍVEL DE INTERFERÊNCIAS - FORNECIMENTO E ASSENTAMENTO. AF_12/2015","M","ATRIBUÍDO SÃO PAULO",985.11,"CAIXA REFERENCIAL"]
["ASSENTAMENTO DE TUBOS E PECAS","ASTU","FORNEC E/OU ASSENT DE TUBO DE CONCRETO COM JUNTA ELASTICA","0051","","",92864,"ASSENTAMENTO DE TUBO DE CONCRETO PARA REDES COLETORAS DE ESGOTO SANITÁRIO, DIÂMETRO DE 1000 MM, JUNTA ELÁSTICA, INSTALADO EM LOCAL COM ALTO NÍVEL DE INTERFERÊNCIAS (NÃO INCLUI FORNECIMENTO). AF_12/2015","M","ATRIBUÍDO SÃO PAULO",44.49,"CAIXA REFERENCIAL"]
["ASSENTAMENTO DE TUBOS E PECAS","ASTU","FORNEC E/OU ASSENT DE TUBO DE CONCRETO COM JUNTA ARGAMASSADA","0052","","",92210,"TUBO DE CONCRETO PARA REDES COLETORAS DE ÁGUAS PLUVIAIS, DIÂMETRO DE 400 MM, JUNTA RÍGIDA, INSTALADO EM LOCAL COM BAIXO NÍVEL DE INTERFERÊNCIAS - FORNECIMENTO E ASSENTAMENTO. AF_12/2015","M","ATRIBUÍDO SÃO PAULO",161.57,"CAIXA REFERENCIAL"]
["ASSENTAMENTO DE TUBOS E PECAS","ASTU","FORNEC E/OU ASSENT DE TUBO DE CONCRETO COM JUNTA ARGAMASSADA","0052","","",92211,"TUBO DE CONCRETO PARA REDES COLETORAS DE ÁGUAS PLUVIAIS, DIÂMETRO DE 500 MM, JUNTA RÍGIDA, INSTALADO EM LOCAL COM BAIXO NÍVEL DE INTERFERÊNCIAS - FORNECIMENTO E ASSENTAMENTO. AF_12/2015","M","ATRIBUÍDO SÃO PAULO",194.23,"CAIXA REFERENCIAL"]
["ASSENTAMENTO DE TUBOS E PECAS","ASTU","FORNEC E/OU ASSENT DE TUBO DE CONCRETO COM JUNTA ARGAMASSADA","0052","","",92212,"TUBO DE CONCRETO PARA REDES COLETORAS DE ÁGUAS PLUVIAIS, DIÂMETRO DE 600 MM, JUNTA RÍGIDA, INSTALADO EM LOCAL COM BAIXO NÍVEL DE INTERFERÊNCIAS - FORNECIMENTO E ASSENTAMENTO. AF_12/2015","M","ATRIBUÍDO SÃO PAULO",290.11,"CAIXA REFERENCIAL"]
["ASSENTAMENTO DE TUBOS E PECAS","ASTU","FORNEC E/OU ASSENT DE TUBO DE CONCRETO COM JUNTA ARGAMASSADA","0052","","",92213,"TUBO DE CONCRETO PARA REDES COLETORAS DE ÁGUAS PLUVIAIS, DIÂMETRO DE 700 MM, JUNTA RÍGIDA, INSTALADO EM LOCAL COM BAIXO NÍVEL DE INTERFERÊNCIAS - FORNECIMENTO E ASSENTAMENTO. AF_12/2015","M","ATRIBUÍDO SÃO PAULO",381.54,"CAIXA REFERENCIAL"]
["ASSENTAMENTO DE TUBOS E PECAS","ASTU","FORNEC E/OU ASSENT DE TUBO DE CONCRETO COM JUNTA ARGAMASSADA","0052","","",92214,"TUBO DE CONCRETO PARA REDES COLETORAS DE ÁGUAS PLUVIAIS, DIÂMETRO DE 800 MM, JUNTA RÍGIDA, INSTALADO EM LOCAL COM BAIXO NÍVEL DE INTERFERÊNCIAS - FORNECIMENTO E ASSENTAMENTO. AF_12/2015","M","ATRIBUÍDO SÃO PAULO",461.63,"CAIXA REFERENCIAL"]
["ASSENTAMENTO DE TUBOS E PECAS","ASTU","FORNEC E/OU ASSENT DE TUBO DE CONCRETO COM JUNTA ARGAMASSADA","0052","","",92215,"TUBO DE CONCRETO PARA REDES COLETORAS DE ÁGUAS PLUVIAIS, DIÂMETRO DE 900 MM, JUNTA RÍGIDA, INSTALADO EM LOCAL COM BAIXO NÍVEL DE INTERFERÊNCIAS - FORNECIMENTO E ASSENTAMENTO. AF_12/2015","M","ATRIBUÍDO SÃO PAULO",530.75,"CAIXA REFERENCIAL"]
["ASSENTAMENTO DE TUBOS E PECAS","ASTU","FORNEC E/OU ASSENT DE TUBO DE CONCRETO COM JUNTA ARGAMASSADA","0052","","",92216,"TUBO DE CONCRETO PARA REDES COLETORAS DE ÁGUAS PLUVIAIS, DIÂMETRO DE 1000 MM, JUNTA RÍGIDA, INSTALADO EM LOCAL COM BAIXO NÍVEL DE INTERFERÊNCIAS - FORNECIMENTO E ASSENTAMENTO. AF_12/2015","M","ATRIBUÍDO SÃO PAULO",556.04,"CAIXA REFERENCIAL"]
["ASSENTAMENTO DE TUBOS E PECAS","ASTU","FORNEC E/OU ASSENT DE TUBO DE CONCRETO COM JUNTA ARGAMASSADA","0052","","",92219,"TUBO DE CONCRETO PARA REDES COLETORAS DE ÁGUAS PLUVIAIS, DIÂMETRO DE 400 MM, JUNTA RÍGIDA, INSTALADO EM LOCAL COM ALTO NÍVEL DE INTERFERÊNCIAS - FORNECIMENTO E ASSENTAMENTO. AF_12/2015","M","ATRIBUÍDO SÃO PAULO",170.55,"CAIXA REFERENCIAL"]
["ASSENTAMENTO DE TUBOS E PECAS","ASTU","FORNEC E/OU ASSENT DE TUBO DE CONCRETO COM JUNTA ARGAMASSADA","0052","","",92220,"TUBO DE CONCRETO PARA REDES COLETORAS DE ÁGUAS PLUVIAIS, DIÂMETRO DE 500 MM, JUNTA RÍGIDA, INSTALADO EM LOCAL COM ALTO NÍVEL DE INTERFERÊNCIAS - FORNECIMENTO E ASSENTAMENTO. AF_12/2015","M","ATRIBUÍDO SÃO PAULO",205.37,"CAIXA REFERENCIAL"]
["ASSENTAMENTO DE TUBOS E PECAS","ASTU","FORNEC E/OU ASSENT DE TUBO DE CONCRETO COM JUNTA ARGAMASSADA","0052","","",92221,"TUBO DE CONCRETO PARA REDES COLETORAS DE ÁGUAS PLUVIAIS, DIÂMETRO DE 600 MM, JUNTA RÍGIDA, INSTALADO EM LOCAL COM ALTO NÍVEL DE INTERFERÊNCIAS - FORNECIMENTO E ASSENTAMENTO. AF_12/2015","M","ATRIBUÍDO SÃO PAULO",303.16000000000003,"CAIXA REFERENCIAL"]
["ASSENTAMENTO DE TUBOS E PECAS","ASTU","FORNEC E/OU ASSENT DE TUBO DE CONCRETO COM JUNTA ARGAMASSADA","0052","","",92222,"TUBO DE CONCRETO PARA REDES COLETORAS DE ÁGUAS PLUVIAIS, DIÂMETRO DE 700 MM, JUNTA RÍGIDA, INSTALADO EM LOCAL COM ALTO NÍVEL DE INTERFERÊNCIAS - FORNECIMENTO E ASSENTAMENTO. AF_12/2015","M","ATRIBUÍDO SÃO PAULO",396.74,"CAIXA REFERENCIAL"]
["ASSENTAMENTO DE TUBOS E PECAS","ASTU","FORNEC E/OU ASSENT DE TUBO DE CONCRETO COM JUNTA ARGAMASSADA","0052","","",92223,"TUBO DE CONCRETO PARA REDES COLETORAS DE ÁGUAS PLUVIAIS, DIÂMETRO DE 800 MM, JUNTA RÍGIDA, INSTALADO EM LOCAL COM ALTO NÍVEL DE INTERFERÊNCIAS - FORNECIMENTO E ASSENTAMENTO. AF_12/2015","M","ATRIBUÍDO SÃO PAULO",478.61,"CAIXA REFERENCIAL"]
["ASSENTAMENTO DE TUBOS E PECAS","ASTU","FORNEC E/OU ASSENT DE TUBO DE CONCRETO COM JUNTA ARGAMASSADA","0052","","",92224,"TUBO DE CONCRETO PARA REDES COLETORAS DE ÁGUAS PLUVIAIS, DIÂMETRO DE 900 MM, JUNTA RÍGIDA, INSTALADO EM LOCAL COM ALTO NÍVEL DE INTERFERÊNCIAS - FORNECIMENTO E ASSENTAMENTO. AF_12/2015","M","ATRIBUÍDO SÃO PAULO",549.6,"CAIXA REFERENCIAL"]
["ASSENTAMENTO DE TUBOS E PECAS","ASTU","FORNEC E/OU ASSENT DE TUBO DE CONCRETO COM JUNTA ARGAMASSADA","0052","","",92226,"TUBO DE CONCRETO PARA REDES COLETORAS DE ÁGUAS PLUVIAIS, DIÂMETRO DE 1000 MM, JUNTA RÍGIDA, INSTALADO EM LOCAL COM ALTO NÍVEL DE INTERFERÊNCIAS - FORNECIMENTO E ASSENTAMENTO. AF_12/2015","M","ATRIBUÍDO SÃO PAULO",577.15,"CAIXA REFERENCIAL"]
["ASSENTAMENTO DE TUBOS E PECAS","ASTU","FORNEC E/OU ASSENT DE TUBO DE CONCRETO COM JUNTA ARGAMASSADA","0052","","",92808,"ASSENTAMENTO DE TUBO DE CONCRETO PARA REDES COLETORAS DE ÁGUAS PLUVIAIS, DIÂMETRO DE 300 MM, JUNTA RÍGIDA, INSTALADO EM LOCAL COM BAIXO NÍVEL DE INTERFERÊNCIAS (NÃO INCLUI FORNECIMENTO). AF_12/2015","M","ATRIBUÍDO SÃO PAULO",36.67,"CAIXA REFERENCIAL"]
["ASSENTAMENTO DE TUBOS E PECAS","ASTU","FORNEC E/OU ASSENT DE TUBO DE CONCRETO COM JUNTA ARGAMASSADA","0052","","",92809,"ASSENTAMENTO DE TUBO DE CONCRETO PARA REDES COLETORAS DE ÁGUAS PLUVIAIS, DIÂMETRO DE 400 MM, JUNTA RÍGIDA, INSTALADO EM LOCAL COM BAIXO NÍVEL DE INTERFERÊNCIAS (NÃO INCLUI FORNECIMENTO). AF_12/2015","M","ATRIBUÍDO SÃO PAULO",47.17,"CAIXA REFERENCIAL"]
["ASSENTAMENTO DE TUBOS E PECAS","ASTU","FORNEC E/OU ASSENT DE TUBO DE CONCRETO COM JUNTA ARGAMASSADA","0052","","",92810,"ASSENTAMENTO DE TUBO DE CONCRETO PARA REDES COLETORAS DE ÁGUAS PLUVIAIS, DIÂMETRO DE 500 MM, JUNTA RÍGIDA, INSTALADO EM LOCAL COM BAIXO NÍVEL DE INTERFERÊNCIAS (NÃO INCLUI FORNECIMENTO). AF_12/2015","M","ATRIBUÍDO SÃO PAULO",57.5,"CAIXA REFERENCIAL"]
["ASSENTAMENTO DE TUBOS E PECAS","ASTU","FORNEC E/OU ASSENT DE TUBO DE CONCRETO COM JUNTA ARGAMASSADA","0052","","",92811,"ASSENTAMENTO DE TUBO DE CONCRETO PARA REDES COLETORAS DE ÁGUAS PLUVIAIS, DIÂMETRO DE 600 MM, JUNTA RÍGIDA, INSTALADO EM LOCAL COM BAIXO NÍVEL DE INTERFERÊNCIAS (NÃO INCLUI FORNECIMENTO). AF_12/2015","M","ATRIBUÍDO SÃO PAULO",68.739999999999995,"CAIXA REFERENCIAL"]
["ASSENTAMENTO DE TUBOS E PECAS","ASTU","FORNEC E/OU ASSENT DE TUBO DE CONCRETO COM JUNTA ARGAMASSADA","0052","","",92812,"ASSENTAMENTO DE TUBO DE CONCRETO PARA REDES COLETORAS DE ÁGUAS PLUVIAIS, DIÂMETRO DE 700 MM, JUNTA RÍGIDA, INSTALADO EM LOCAL COM BAIXO NÍVEL DE INTERFERÊNCIAS (NÃO INCLUI FORNECIMENTO). AF_12/2015","M","ATRIBUÍDO SÃO PAULO",79.81,"CAIXA REFERENCIAL"]
["ASSENTAMENTO DE TUBOS E PECAS","ASTU","FORNEC E/OU ASSENT DE TUBO DE CONCRETO COM JUNTA ARGAMASSADA","0052","","",92813,"ASSENTAMENTO DE TUBO DE CONCRETO PARA REDES COLETORAS DE ÁGUAS PLUVIAIS, DIÂMETRO DE 800 MM, JUNTA RÍGIDA, INSTALADO EM LOCAL COM BAIXO NÍVEL DE INTERFERÊNCIAS (NÃO INCLUI FORNECIMENTO). AF_12/2015","M","ATRIBUÍDO SÃO PAULO",93.3,"CAIXA REFERENCIAL"]
["ASSENTAMENTO DE TUBOS E PECAS","ASTU","FORNEC E/OU ASSENT DE TUBO DE CONCRETO COM JUNTA ARGAMASSADA","0052","","",92814,"ASSENTAMENTO DE TUBO DE CONCRETO PARA REDES COLETORAS DE ÁGUAS PLUVIAIS, DIÂMETRO DE 900 MM, JUNTA RÍGIDA, INSTALADO EM LOCAL COM BAIXO NÍVEL DE INTERFERÊNCIAS (NÃO INCLUI FORNECIMENTO). AF_12/2015","M","ATRIBUÍDO SÃO PAULO",107.54,"CAIXA REFERENCIAL"]
["ASSENTAMENTO DE TUBOS E PECAS","ASTU","FORNEC E/OU ASSENT DE TUBO DE CONCRETO COM JUNTA ARGAMASSADA","0052","","",92815,"ASSENTAMENTO DE TUBO DE CONCRETO PARA REDES COLETORAS DE ÁGUAS PLUVIAIS, DIÂMETRO DE 1000 MM, JUNTA RÍGIDA, INSTALADO EM LOCAL COM BAIXO NÍVEL DE INTERFERÊNCIAS (NÃO INCLUI FORNECIMENTO). AF_12/2015","M","ATRIBUÍDO SÃO PAULO",124.45,"CAIXA REFERENCIAL"]
["ASSENTAMENTO DE TUBOS E PECAS","ASTU","FORNEC E/OU ASSENT DE TUBO DE CONCRETO COM JUNTA ARGAMASSADA","0052","","",92816,"TUBO DE CONCRETO PARA REDES COLETORAS DE ÁGUAS PLUVIAIS, DIÂMETRO DE 1200 MM, JUNTA RÍGIDA, INSTALADO EM LOCAL COM BAIXO NÍVEL DE INTERFERÊNCIAS - FORNECIMENTO E ASSENTAMENTO. AF_12/2015","M","ATRIBUÍDO SÃO PAULO",800.31,"CAIXA REFERENCIAL"]
["ASSENTAMENTO DE TUBOS E PECAS","ASTU","FORNEC E/OU ASSENT DE TUBO DE CONCRETO COM JUNTA ARGAMASSADA","0052","","",92817,"ASSENTAMENTO DE TUBO DE CONCRETO PARA REDES COLETORAS DE ÁGUAS PLUVIAIS, DIÂMETRO DE 1200 MM, JUNTA RÍGIDA, INSTALADO EM LOCAL COM BAIXO NÍVEL DE INTERFERÊNCIAS (NÃO INCLUI FORNECIMENTO). AF_12/2015","M","ATRIBUÍDO SÃO PAULO",155.72,"CAIXA REFERENCIAL"]
["ASSENTAMENTO DE TUBOS E PECAS","ASTU","FORNEC E/OU ASSENT DE TUBO DE CONCRETO COM JUNTA ARGAMASSADA","0052","","",92818,"TUBO DE CONCRETO PARA REDES COLETORAS DE ÁGUAS PLUVIAIS, DIÂMETRO DE 1500 MM, JUNTA RÍGIDA, INSTALADO EM LOCAL COM BAIXO NÍVEL DE INTERFERÊNCIAS - FORNECIMENTO E ASSENTAMENTO. AF_12/2015","M","ATRIBUÍDO SÃO PAULO",1143.5,"CAIXA REFERENCIAL"]
["ASSENTAMENTO DE TUBOS E PECAS","ASTU","FORNEC E/OU ASSENT DE TUBO DE CONCRETO COM JUNTA ARGAMASSADA","0052","","",92819,"ASSENTAMENTO DE TUBO DE CONCRETO PARA REDES COLETORAS DE ÁGUAS PLUVIAIS, DIÂMETRO DE 1500 MM, JUNTA RÍGIDA, INSTALADO EM LOCAL COM BAIXO NÍVEL DE INTERFERÊNCIAS (NÃO INCLUI FORNECIMENTO). AF_12/2015","M","ATRIBUÍDO SÃO PAULO",209.63,"CAIXA REFERENCIAL"]
["ASSENTAMENTO DE TUBOS E PECAS","ASTU","FORNEC E/OU ASSENT DE TUBO DE CONCRETO COM JUNTA ARGAMASSADA","0052","","",92820,"ASSENTAMENTO DE TUBO DE CONCRETO PARA REDES COLETORAS DE ÁGUAS PLUVIAIS, DIÂMETRO DE 300 MM, JUNTA RÍGIDA, INSTALADO EM LOCAL COM ALTO NÍVEL DE INTERFERÊNCIAS (NÃO INCLUI FORNECIMENTO). AF_12/2015","M","ATRIBUÍDO SÃO PAULO",43.69,"CAIXA REFERENCIAL"]
["ASSENTAMENTO DE TUBOS E PECAS","ASTU","FORNEC E/OU ASSENT DE TUBO DE CONCRETO COM JUNTA ARGAMASSADA","0052","","",92821,"ASSENTAMENTO DE TUBO DE CONCRETO PARA REDES COLETORAS DE ÁGUAS PLUVIAIS, DIÂMETRO DE 400 MM, JUNTA RÍGIDA, INSTALADO EM LOCAL COM ALTO NÍVEL DE INTERFERÊNCIAS (NÃO INCLUI FORNECIMENTO). AF_12/2015","M","ATRIBUÍDO SÃO PAULO",56.15,"CAIXA REFERENCIAL"]
["ASSENTAMENTO DE TUBOS E PECAS","ASTU","FORNEC E/OU ASSENT DE TUBO DE CONCRETO COM JUNTA ARGAMASSADA","0052","","",92822,"ASSENTAMENTO DE TUBO DE CONCRETO PARA REDES COLETORAS DE ÁGUAS PLUVIAIS, DIÂMETRO DE 500 MM, JUNTA RÍGIDA, INSTALADO EM LOCAL COM ALTO NÍVEL DE INTERFERÊNCIAS (NÃO INCLUI FORNECIMENTO). AF_12/2015","M","ATRIBUÍDO SÃO PAULO",68.64,"CAIXA REFERENCIAL"]
["ASSENTAMENTO DE TUBOS E PECAS","ASTU","FORNEC E/OU ASSENT DE TUBO DE CONCRETO COM JUNTA ARGAMASSADA","0052","","",92824,"ASSENTAMENTO DE TUBO DE CONCRETO PARA REDES COLETORAS DE ÁGUAS PLUVIAIS, DIÂMETRO DE 600 MM, JUNTA RÍGIDA, INSTALADO EM LOCAL COM ALTO NÍVEL DE INTERFERÊNCIAS (NÃO INCLUI FORNECIMENTO). AF_12/2015","M","ATRIBUÍDO SÃO PAULO",81.790000000000006,"CAIXA REFERENCIAL"]
["ASSENTAMENTO DE TUBOS E PECAS","ASTU","FORNEC E/OU ASSENT DE TUBO DE CONCRETO COM JUNTA ARGAMASSADA","0052","","",92825,"ASSENTAMENTO DE TUBO DE CONCRETO PARA REDES COLETORAS DE ÁGUAS PLUVIAIS, DIÂMETRO DE 700 MM, JUNTA RÍGIDA, INSTALADO EM LOCAL COM ALTO NÍVEL DE INTERFERÊNCIAS (NÃO INCLUI FORNECIMENTO). AF_12/2015","M","ATRIBUÍDO SÃO PAULO",95.01,"CAIXA REFERENCIAL"]
["ASSENTAMENTO DE TUBOS E PECAS","ASTU","FORNEC E/OU ASSENT DE TUBO DE CONCRETO COM JUNTA ARGAMASSADA","0052","","",92826,"ASSENTAMENTO DE TUBO DE CONCRETO PARA REDES COLETORAS DE ÁGUAS PLUVIAIS, DIÂMETRO DE 800 MM, JUNTA RÍGIDA, INSTALADO EM LOCAL COM ALTO NÍVEL DE INTERFERÊNCIAS (NÃO INCLUI FORNECIMENTO). AF_12/2015","M","ATRIBUÍDO SÃO PAULO",110.28,"CAIXA REFERENCIAL"]
["ASSENTAMENTO DE TUBOS E PECAS","ASTU","FORNEC E/OU ASSENT DE TUBO DE CONCRETO COM JUNTA ARGAMASSADA","0052","","",92827,"ASSENTAMENTO DE TUBO DE CONCRETO PARA REDES COLETORAS DE ÁGUAS PLUVIAIS, DIÂMETRO DE 900 MM, JUNTA RÍGIDA, INSTALADO EM LOCAL COM ALTO NÍVEL DE INTERFERÊNCIAS (NÃO INCLUI FORNECIMENTO). AF_12/2015","M","ATRIBUÍDO SÃO PAULO",126.39,"CAIXA REFERENCIAL"]
["ASSENTAMENTO DE TUBOS E PECAS","ASTU","FORNEC E/OU ASSENT DE TUBO DE CONCRETO COM JUNTA ARGAMASSADA","0052","","",92828,"ASSENTAMENTO DE TUBO DE CONCRETO PARA REDES COLETORAS DE ÁGUAS PLUVIAIS, DIÂMETRO DE 1000 MM, JUNTA RÍGIDA, INSTALADO EM LOCAL COM ALTO NÍVEL DE INTERFERÊNCIAS (NÃO INCLUI FORNECIMENTO). AF_12/2015","M","ATRIBUÍDO SÃO PAULO",145.56,"CAIXA REFERENCIAL"]
["ASSENTAMENTO DE TUBOS E PECAS","ASTU","FORNEC E/OU ASSENT DE TUBO DE CONCRETO COM JUNTA ARGAMASSADA","0052","","",92829,"TUBO DE CONCRETO PARA REDES COLETORAS DE ÁGUAS PLUVIAIS, DIÂMETRO DE 1200 MM, JUNTA RÍGIDA, INSTALADO EM LOCAL COM ALTO NÍVEL DE INTERFERÊNCIAS - FORNECIMENTO E ASSENTAMENTO. AF_12/2015","M","ATRIBUÍDO SÃO PAULO",825.15,"CAIXA REFERENCIAL"]
["ASSENTAMENTO DE TUBOS E PECAS","ASTU","FORNEC E/OU ASSENT DE TUBO DE CONCRETO COM JUNTA ARGAMASSADA","0052","","",92830,"ASSENTAMENTO DE TUBO DE CONCRETO PARA REDES COLETORAS DE ÁGUAS PLUVIAIS, DIÂMETRO DE 1200 MM, JUNTA RÍGIDA, INSTALADO EM LOCAL COM ALTO NÍVEL DE INTERFERÊNCIAS (NÃO INCLUI FORNECIMENTO). AF_12/2015","M","ATRIBUÍDO SÃO PAULO",180.56,"CAIXA REFERENCIAL"]
["ASSENTAMENTO DE TUBOS E PECAS","ASTU","FORNEC E/OU ASSENT DE TUBO DE CONCRETO COM JUNTA ARGAMASSADA","0052","","",92831,"TUBO DE CONCRETO PARA REDES COLETORAS DE ÁGUAS PLUVIAIS, DIÂMETRO DE 1500 MM, JUNTA RÍGIDA, INSTALADO EM LOCAL COM ALTO NÍVEL DE INTERFERÊNCIAS - FORNECIMENTO E ASSENTAMENTO. AF_12/2015","M","ATRIBUÍDO SÃO PAULO",1173.9000000000001,"CAIXA REFERENCIAL"]
["ASSENTAMENTO DE TUBOS E PECAS","ASTU","FORNEC E/OU ASSENT DE TUBO DE CONCRETO COM JUNTA ARGAMASSADA","0052","","",92832,"ASSENTAMENTO DE TUBO DE CONCRETO PARA REDES COLETORAS DE ÁGUAS PLUVIAIS, DIÂMETRO DE 1500 MM, JUNTA RÍGIDA, INSTALADO EM LOCAL COM ALTO NÍVEL DE INTERFERÊNCIAS (NÃO INCLUI FORNECIMENTO). AF_12/2015","M","ATRIBUÍDO SÃO PAULO",240.03,"CAIXA REFERENCIAL"]
["ASSENTAMENTO DE TUBOS E PECAS","ASTU","FORNEC E/OU ASSENT DE TUBO DE CONCRETO COM JUNTA ARGAMASSADA","0052","","",95565,"TUBO DE CONCRETO PARA REDES COLETORAS DE ÁGUAS PLUVIAIS, DIÂMETRO DE 300MM, JUNTA RÍGIDA, INSTALADO EM LOCAL COM BAIXO NÍVEL DE INTERFERÊNCIAS - FORNECIMENTO E ASSENTAMENTO. AF_12/2015","M","ATRIBUÍDO SÃO PAULO",138.05000000000001,"CAIXA REFERENCIAL"]
["ASSENTAMENTO DE TUBOS E PECAS","ASTU","FORNEC E/OU ASSENT DE TUBO DE CONCRETO COM JUNTA ARGAMASSADA","0052","","",95566,"TUBO DE CONCRETO PARA REDES COLETORAS DE ÁGUAS PLUVIAIS, DIÂMETRO DE 300MM, JUNTA RÍGIDA, INSTALADO EM LOCAL COM ALTO NÍVEL DE INTERFERÊNCIAS - FORNECIMENTO E ASSENTAMENTO. AF_12/2015","M","ATRIBUÍDO SÃO PAULO",145.07,"CAIXA REFERENCIAL"]
["ASSENTAMENTO DE TUBOS E PECAS","ASTU","FORNEC E/OU ASSENT DE TUBO DE CONCRETO COM JUNTA ARGAMASSADA","0052","","",95567,"TUBO DE CONCRETO (SIMPLES) PARA REDES COLETORAS DE ÁGUAS PLUVIAIS, DIÂMETRO DE 300 MM, JUNTA RÍGIDA, INSTALADO EM LOCAL COM BAIXO NÍVEL DE INTERFERÊNCIAS - FORNECIMENTO E ASSENTAMENTO. AF_12/2015","M","ATRIBUÍDO SÃO PAULO",98.47,"CAIXA REFERENCIAL"]
["ASSENTAMENTO DE TUBOS E PECAS","ASTU","FORNEC E/OU ASSENT DE TUBO DE CONCRETO COM JUNTA ARGAMASSADA","0052","","",95568,"TUBO DE CONCRETO (SIMPLES) PARA REDES COLETORAS DE ÁGUAS PLUVIAIS, DIÂMETRO DE 400 MM, JUNTA RÍGIDA, INSTALADO EM LOCAL COM BAIXO NÍVEL DE INTERFERÊNCIAS - FORNECIMENTO E ASSENTAMENTO. AF_12/2015","M","ATRIBUÍDO SÃO PAULO",120.19,"CAIXA REFERENCIAL"]
["ASSENTAMENTO DE TUBOS E PECAS","ASTU","FORNEC E/OU ASSENT DE TUBO DE CONCRETO COM JUNTA ARGAMASSADA","0052","","",95569,"TUBO DE CONCRETO (SIMPLES) PARA REDES COLETORAS DE ÁGUAS PLUVIAIS, DIÂMETRO DE 500 MM, JUNTA RÍGIDA, INSTALADO EM LOCAL COM BAIXO NÍVEL DE INTERFERÊNCIAS - FORNECIMENTO E ASSENTAMENTO. AF_12/2015","M","ATRIBUÍDO SÃO PAULO",166.18,"CAIXA REFERENCIAL"]
["ASSENTAMENTO DE TUBOS E PECAS","ASTU","FORNEC E/OU ASSENT DE TUBO DE CONCRETO COM JUNTA ARGAMASSADA","0052","","",95570,"TUBO DE CONCRETO (SIMPLES) PARA REDES COLETORAS DE ÁGUAS PLUVIAIS, DIÂMETRO DE 300 MM, JUNTA RÍGIDA, INSTALADO EM LOCAL COM ALTO NÍVEL DE INTERFERÊNCIAS - FORNECIMENTO E ASSENTAMENTO. AF_12/2015","M","ATRIBUÍDO SÃO PAULO",105.49,"CAIXA REFERENCIAL"]
["ASSENTAMENTO DE TUBOS E PECAS","ASTU","FORNEC E/OU ASSENT DE TUBO DE CONCRETO COM JUNTA ARGAMASSADA","0052","","",95571,"TUBO DE CONCRETO (SIMPLES) PARA REDES COLETORAS DE ÁGUAS PLUVIAIS, DIÂMETRO DE 400 MM, JUNTA RÍGIDA, INSTALADO EM LOCAL COM ALTO NÍVEL DE INTERFERÊNCIAS - FORNECIMENTO E ASSENTAMENTO. AF_12/2015","M","ATRIBUÍDO SÃO PAULO",129.16999999999999,"CAIXA REFERENCIAL"]
["ASSENTAMENTO DE TUBOS E PECAS","ASTU","FORNEC E/OU ASSENT DE TUBO DE CONCRETO COM JUNTA ARGAMASSADA","0052","","",95572,"TUBO DE CONCRETO (SIMPLES) PARA REDES COLETORAS DE ÁGUAS PLUVIAIS, DIÂMETRO DE 500 MM, JUNTA RÍGIDA, INSTALADO EM LOCAL COM ALTO NÍVEL DE INTERFERÊNCIAS - FORNECIMENTO E ASSENTAMENTO. AF_12/2015","M","ATRIBUÍDO SÃO PAULO",177.32,"CAIXA REFERENCIAL"]
["ASSENTAMENTO DE TUBOS E PECAS","ASTU","FORNEC E/OU ASSENT DE TUBO PVC DEFOFO COM JUNTA ELASTICA","0230","","",97127,"ASSENTAMENTO DE TUBO DE PVC DEFOFO OU PRFV OU RPVC PARA REDE DE ÁGUA, DN 150 MM, JUNTA ELÁSTICA INTEGRADA, INSTALADO EM LOCAL COM NÍVEL ALTO DE INTERFERÊNCIAS (NÃO INCLUI FORNECIMENTO). AF_11/2017","M","COEFICIENTE DE REPRESENTATIVIDADE",4.3099999999999996,"CAIXA REFERENCIAL"]
["ASSENTAMENTO DE TUBOS E PECAS","ASTU","FORNEC E/OU ASSENT DE TUBO PVC DEFOFO COM JUNTA ELASTICA","0230","","",97128,"ASSENTAMENTO DE TUBO DE PVC DEFOFO OU PRFV OU RPVC PARA REDE DE ÁGUA, DN 200 MM, JUNTA ELÁSTICA INTEGRADA, INSTALADO EM LOCAL COM NÍVEL ALTO DE INTERFERÊNCIAS (NÃO INCLUI FORNECIMENTO). AF_11/2017","M","ATRIBUÍDO SÃO PAULO",8.7899999999999991,"CAIXA REFERENCIAL"]
["ASSENTAMENTO DE TUBOS E PECAS","ASTU","FORNEC E/OU ASSENT DE TUBO PVC DEFOFO COM JUNTA ELASTICA","0230","","",97129,"ASSENTAMENTO DE TUBO DE PVC DEFOFO OU PRFV OU RPVC PARA REDE DE ÁGUA, DN 250 MM, JUNTA ELÁSTICA INTEGRADA, INSTALADO EM LOCAL COM NÍVEL ALTO DE INTERFERÊNCIAS (NÃO INCLUI FORNECIMENTO). AF_11/2017","M","ATRIBUÍDO SÃO PAULO",10.81,"CAIXA REFERENCIAL"]
["ASSENTAMENTO DE TUBOS E PECAS","ASTU","FORNEC E/OU ASSENT DE TUBO PVC DEFOFO COM JUNTA ELASTICA","0230","","",97130,"ASSENTAMENTO DE TUBO DE PVC DEFOFO OU PRFV OU RPVC PARA REDE DE ÁGUA, DN 300 MM, JUNTA ELÁSTICA INTEGRADA, INSTALADO EM LOCAL COM NÍVEL ALTO DE INTERFERÊNCIAS (NÃO INCLUI FORNECIMENTO). AF_11/2017","M","ATRIBUÍDO SÃO PAULO",12.83,"CAIXA REFERENCIAL"]
["ASSENTAMENTO DE TUBOS E PECAS","ASTU","FORNEC E/OU ASSENT DE TUBO PVC DEFOFO COM JUNTA ELASTICA","0230","","",97131,"ASSENTAMENTO DE TUBO DE PVC DEFOFO OU PRFV OU RPVC PARA REDE DE ÁGUA, DN 350 MM, JUNTA ELÁSTICA INTEGRADA, INSTALADO EM LOCAL COM NÍVEL ALTO DE INTERFERÊNCIAS (NÃO INCLUI FORNECIMENTO). AF_11/2017","M","ATRIBUÍDO SÃO PAULO",14.85,"CAIXA REFERENCIAL"]
["ASSENTAMENTO DE TUBOS E PECAS","ASTU","FORNEC E/OU ASSENT DE TUBO PVC DEFOFO COM JUNTA ELASTICA","0230","","",97132,"ASSENTAMENTO DE TUBO DE PVC DEFOFO OU PRFV OU RPVC PARA REDE DE ÁGUA, DN 400 MM, JUNTA ELÁSTICA INTEGRADA, INSTALADO EM LOCAL COM NÍVEL ALTO DE INTERFERÊNCIAS (NÃO INCLUI FORNECIMENTO). AF_11/2017","M","ATRIBUÍDO SÃO PAULO",16.86,"CAIXA REFERENCIAL"]
["ASSENTAMENTO DE TUBOS E PECAS","ASTU","FORNEC E/OU ASSENT DE TUBO PVC DEFOFO COM JUNTA ELASTICA","0230","","",97133,"ASSENTAMENTO DE TUBO DE PVC DEFOFO OU PRFV OU RPVC PARA REDE DE ÁGUA, DN 500 MM, JUNTA ELÁSTICA INTEGRADA, INSTALADO EM LOCAL COM NÍVEL ALTO DE INTERFERÊNCIAS (NÃO INCLUI FORNECIMENTO). AF_11/2017","M","ATRIBUÍDO SÃO PAULO",20.92,"CAIXA REFERENCIAL"]
["ASSENTAMENTO DE TUBOS E PECAS","ASTU","FORNEC E/OU ASSENT DE TUBO PVC DEFOFO COM JUNTA ELASTICA","0230","","",97134,"ASSENTAMENTO DE TUBO DE PVC DEFOFO OU PRFV OU RPVC PARA REDE DE ÁGUA, DN 150 MM, JUNTA ELÁSTICA INTEGRADA, INSTALADO EM LOCAL COM NÍVEL BAIXO DE INTERFERÊNCIAS (NÃO INCLUI FORNECIMENTO). AF_11/2017","M","COEFICIENTE DE REPRESENTATIVIDADE",1.99,"CAIXA REFERENCIAL"]
["ASSENTAMENTO DE TUBOS E PECAS","ASTU","FORNEC E/OU ASSENT DE TUBO PVC DEFOFO COM JUNTA ELASTICA","0230","","",97135,"ASSENTAMENTO DE TUBO DE PVC DEFOFO OU PRFV OU RPVC PARA REDE DE ÁGUA, DN 200 MM, JUNTA ELÁSTICA INTEGRADA, INSTALADO EM LOCAL COM NÍVEL BAIXO DE INTERFERÊNCIAS (NÃO INCLUI FORNECIMENTO). AF_11/2017","M","ATRIBUÍDO SÃO PAULO",4.5199999999999996,"CAIXA REFERENCIAL"]
["ASSENTAMENTO DE TUBOS E PECAS","ASTU","FORNEC E/OU ASSENT DE TUBO PVC DEFOFO COM JUNTA ELASTICA","0230","","",97136,"ASSENTAMENTO DE TUBO DE PVC DEFOFO OU PRFV OU RPVC PARA REDE DE ÁGUA, DN 250 MM, JUNTA ELÁSTICA INTEGRADA, INSTALADO EM LOCAL COM NÍVEL BAIXO DE INTERFERÊNCIAS (NÃO INCLUI FORNECIMENTO). AF_11/2017","M","ATRIBUÍDO SÃO PAULO",5.56,"CAIXA REFERENCIAL"]
["ASSENTAMENTO DE TUBOS E PECAS","ASTU","FORNEC E/OU ASSENT DE TUBO PVC DEFOFO COM JUNTA ELASTICA","0230","","",97137,"ASSENTAMENTO DE TUBO DE PVC DEFOFO OU PRFV OU RPVC PARA REDE DE ÁGUA, DN 300 MM, JUNTA ELÁSTICA INTEGRADA, INSTALADO EM LOCAL COM NÍVEL BAIXO DE INTERFERÊNCIAS (NÃO INCLUI FORNECIMENTO). AF_11/2017","M","ATRIBUÍDO SÃO PAULO",6.59,"CAIXA REFERENCIAL"]
["ASSENTAMENTO DE TUBOS E PECAS","ASTU","FORNEC E/OU ASSENT DE TUBO PVC DEFOFO COM JUNTA ELASTICA","0230","","",97138,"ASSENTAMENTO DE TUBO DE PVC DEFOFO OU PRFV OU RPVC PARA REDE DE ÁGUA, DN 350 MM, JUNTA ELÁSTICA INTEGRADA, INSTALADO EM LOCAL COM NÍVEL BAIXO DE INTERFERÊNCIAS (NÃO INCLUI FORNECIMENTO). AF_11/2017","M","ATRIBUÍDO SÃO PAULO",7.64,"CAIXA REFERENCIAL"]
["ASSENTAMENTO DE TUBOS E PECAS","ASTU","FORNEC E/OU ASSENT DE TUBO PVC DEFOFO COM JUNTA ELASTICA","0230","","",97139,"ASSENTAMENTO DE TUBO DE PVC DEFOFO OU PRFV OU RPVC PARA REDE DE ÁGUA, DN 400 MM, JUNTA ELÁSTICA INTEGRADA, INSTALADO EM LOCAL COM NÍVEL BAIXO DE INTERFERÊNCIAS (NÃO INCLUI FORNECIMENTO). AF_11/2017","M","ATRIBUÍDO SÃO PAULO",8.67,"CAIXA REFERENCIAL"]
["ASSENTAMENTO DE TUBOS E PECAS","ASTU","FORNEC E/OU ASSENT DE TUBO PVC DEFOFO COM JUNTA ELASTICA","0230","","",97140,"ASSENTAMENTO DE TUBO DE PVC DEFOFO OU PRFV OU RPVC PARA REDE DE ÁGUA, DN 500 MM, JUNTA ELÁSTICA INTEGRADA, INSTALADO EM LOCAL COM NÍVEL BAIXO DE INTERFERÊNCIAS (NÃO INCLUI FORNECIMENTO). AF_11/2017","M","ATRIBUÍDO SÃO PAULO",10.76,"CAIXA REFERENCIAL"]
["ASSENTAMENTO DE TUBOS E PECAS","ASTU","FORNEC E/OU ASSENT DE TUBO DE FERRO FUNDIDO JUNTA FLANGEADA","0248","","",103089,"ASSENTAMENTO DE TUBO DE FERRO FUNDIDO PARA REDE DE ÁGUA, DN 80 MM, JUNTA FLANGEADA (NÃO INCLUI O FORNECIMENTO). AF_09/2021","M","ATRIBUÍDO SÃO PAULO",10.37,"CAIXA REFERENCIAL"]
["ASSENTAMENTO DE TUBOS E PECAS","ASTU","FORNEC E/OU ASSENT DE TUBO DE FERRO FUNDIDO JUNTA FLANGEADA","0248","","",103090,"ASSENTAMENTO DE TUBO DE FERRO FUNDIDO PARA REDE DE ÁGUA, DN 100 MM, JUNTA FLANGEADA (NÃO INCLUI O FORNECIMENTO). AF_09/2021","M","ATRIBUÍDO SÃO PAULO",12.38,"CAIXA REFERENCIAL"]
["ASSENTAMENTO DE TUBOS E PECAS","ASTU","FORNEC E/OU ASSENT DE TUBO DE FERRO FUNDIDO JUNTA FLANGEADA","0248","","",103091,"ASSENTAMENTO DE TUBO DE FERRO FUNDIDO PARA REDE DE ÁGUA, DN 150 MM, JUNTA FLANGEADA (NÃO INCLUI O FORNECIMENTO). AF_09/2021","M","ATRIBUÍDO SÃO PAULO",17.38,"CAIXA REFERENCIAL"]
["ASSENTAMENTO DE TUBOS E PECAS","ASTU","FORNEC E/OU ASSENT DE TUBO DE FERRO FUNDIDO JUNTA FLANGEADA","0248","","",103092,"ASSENTAMENTO DE TUBO DE FERRO FUNDIDO PARA REDE DE ÁGUA, DN 200 MM, JUNTA FLANGEADA (NÃO INCLUI O FORNECIMENTO). AF_09/2021","M","ATRIBUÍDO SÃO PAULO",22.38,"CAIXA REFERENCIAL"]
["ASSENTAMENTO DE TUBOS E PECAS","ASTU","FORNEC E/OU ASSENT DE TUBO DE FERRO FUNDIDO JUNTA FLANGEADA","0248","","",103093,"ASSENTAMENTO DE TUBO DE FERRO FUNDIDO PARA REDE DE ÁGUA, DN 250 MM, JUNTA FLANGEADA (NÃO INCLUI O FORNECIMENTO). AF_09/2021","M","ATRIBUÍDO SÃO PAULO",34.21,"CAIXA REFERENCIAL"]
["ASSENTAMENTO DE TUBOS E PECAS","ASTU","FORNEC E/OU ASSENT DE TUBO DE FERRO FUNDIDO JUNTA FLANGEADA","0248","","",103094,"ASSENTAMENTO DE TUBO DE FERRO FUNDIDO PARA REDE DE ÁGUA, DN 300 MM, JUNTA FLANGEADA (NÃO INCLUI O FORNECIMENTO). AF_09/2021","M","ATRIBUÍDO SÃO PAULO",39.25,"CAIXA REFERENCIAL"]
["ASSENTAMENTO DE TUBOS E PECAS","ASTU","FORNEC E/OU ASSENT DE TUBO DE FERRO FUNDIDO JUNTA FLANGEADA","0248","","",103095,"ASSENTAMENTO DE TUBO DE FERRO FUNDIDO PARA REDE DE ÁGUA, DN 350 MM, JUNTA FLANGEADA (NÃO INCLUI O FORNECIMENTO). AF_09/2021","M","ATRIBUÍDO SÃO PAULO",51.05,"CAIXA REFERENCIAL"]
["ASSENTAMENTO DE TUBOS E PECAS","ASTU","FORNEC E/OU ASSENT DE TUBO DE FERRO FUNDIDO JUNTA FLANGEADA","0248","","",103096,"ASSENTAMENTO DE TUBO DE FERRO FUNDIDO PARA REDE DE ÁGUA, DN 400 MM, JUNTA FLANGEADA (NÃO INCLUI O FORNECIMENTO). AF_09/2021","M","ATRIBUÍDO SÃO PAULO",56.09,"CAIXA REFERENCIAL"]
["ASSENTAMENTO DE TUBOS E PECAS","ASTU","FORNEC E/OU ASSENT DE TUBO DE FERRO FUNDIDO JUNTA FLANGEADA","0248","","",103097,"ASSENTAMENTO DE TUBO DE FERRO FUNDIDO PARA REDE DE ÁGUA, DN 450 MM, JUNTA FLANGEADA (NÃO INCLUI O FORNECIMENTO). AF_09/2021","M","ATRIBUÍDO SÃO PAULO",67.91,"CAIXA REFERENCIAL"]
["ASSENTAMENTO DE TUBOS E PECAS","ASTU","FORNEC E/OU ASSENT DE TUBO DE FERRO FUNDIDO JUNTA FLANGEADA","0248","","",103098,"ASSENTAMENTO DE TUBO DE FERRO FUNDIDO PARA REDE DE ÁGUA, DN 500 MM, JUNTA FLANGEADA (NÃO INCLUI O FORNECIMENTO). AF_09/2021","M","ATRIBUÍDO SÃO PAULO",72.92,"CAIXA REFERENCIAL"]
["ASSENTAMENTO DE TUBOS E PECAS","ASTU","FORNEC E/OU ASSENT DE TUBO DE FERRO FUNDIDO JUNTA FLANGEADA","0248","","",103099,"ASSENTAMENTO DE TUBO DE FERRO FUNDIDO PARA REDE DE ÁGUA, DN 600 MM, JUNTA FLANGEADA (NÃO INCLUI O FORNECIMENTO). AF_09/2021","M","ATRIBUÍDO SÃO PAULO",82.93,"CAIXA REFERENCIAL"]
["ASSENTAMENTO DE TUBOS E PECAS","ASTU","FORNEC E/OU ASSENT DE TUBO DE FERRO FUNDIDO JUNTA FLANGEADA","0248","","",103100,"ASSENTAMENTO DE TUBO DE FERRO FUNDIDO PARA REDE DE ÁGUA, DN 700 MM, JUNTA FLANGEADA (NÃO INCLUI O FORNECIMENTO). AF_09/2021","M","ATRIBUÍDO SÃO PAULO",88.47,"CAIXA REFERENCIAL"]
["ASSENTAMENTO DE TUBOS E PECAS","ASTU","FORNEC E/OU ASSENT DE TUBO DE FERRO FUNDIDO JUNTA FLANGEADA","0248","","",103101,"ASSENTAMENTO DE TUBO DE FERRO FUNDIDO PARA REDE DE ÁGUA, DN 800 MM, JUNTA FLANGEADA (NÃO INCLUI O FORNECIMENTO). AF_09/2021","M","ATRIBUÍDO SÃO PAULO",97.41,"CAIXA REFERENCIAL"]
["ASSENTAMENTO DE TUBOS E PECAS","ASTU","FORNEC E/OU ASSENT DE TUBO DE FERRO FUNDIDO JUNTA FLANGEADA","0248","","",103102,"ASSENTAMENTO DE TUBO DE FERRO FUNDIDO PARA REDE DE ÁGUA, DN 900 MM, JUNTA FLANGEADA (NÃO INCLUI O FORNECIMENTO). AF_09/2021","M","ATRIBUÍDO SÃO PAULO",112.2,"CAIXA REFERENCIAL"]
["ASSENTAMENTO DE TUBOS E PECAS","ASTU","FORNEC E/OU ASSENT DE TUBO DE FERRO FUNDIDO JUNTA FLANGEADA","0248","","",103103,"ASSENTAMENTO DE TUBO DE FERRO FUNDIDO PARA REDE DE ÁGUA, DN 1000 MM, JUNTA FLANGEADA (NÃO INCLUI O FORNECIMENTO). AF_09/2021","M","ATRIBUÍDO SÃO PAULO",121.14,"CAIXA REFERENCIAL"]
["ASSENTAMENTO DE TUBOS E PECAS","ASTU","FORNEC E/OU ASSENT DE TUBO DE FERRO FUNDIDO JUNTA FLANGEADA","0248","","",103104,"ASSENTAMENTO DE TUBO DE FERRO FUNDIDO PARA REDE DE ÁGUA, DN 1200 MM, JUNTA FLANGEADA (NÃO INCLUI O FORNECIMENTO). AF_09/2021","M","ATRIBUÍDO SÃO PAULO",144.87,"CAIXA REFERENCIAL"]
["ASSENTAMENTO DE TUBOS E PECAS","ASTU","FORNEC E/OU ASSENT DE TUBO DE FERRO FUNDIDO JUNTA FLANGEADA","0248","","",103105,"ASSENTAMENTO DE CONEXÃO COM 2 ACESSOS, FERRO FUNDIDO PARA REDE DE ÁGUA, DN  80 MM, JUNTA FLANGEADA (NÃO INCLUI O FORNECIMENTO). AF_09/2021","UN","ATRIBUÍDO SÃO PAULO",44.16,"CAIXA REFERENCIAL"]
["ASSENTAMENTO DE TUBOS E PECAS","ASTU","FORNEC E/OU ASSENT DE TUBO DE FERRO FUNDIDO JUNTA FLANGEADA","0248","","",103106,"ASSENTAMENTO DE CONEXÃO COM 2 ACESSOS, FERRO FUNDIDO PARA REDE DE ÁGUA, DN  100 MM, JUNTA FLANGEADA (NÃO INCLUI O FORNECIMENTO). AF_09/2021","UN","ATRIBUÍDO SÃO PAULO",52.58,"CAIXA REFERENCIAL"]
["ASSENTAMENTO DE TUBOS E PECAS","ASTU","FORNEC E/OU ASSENT DE TUBO DE FERRO FUNDIDO JUNTA FLANGEADA","0248","","",103107,"ASSENTAMENTO DE CONEXÃO COM 2 ACESSOS, FERRO FUNDIDO PARA REDE DE ÁGUA, DN  150 MM, JUNTA FLANGEADA (NÃO INCLUI O FORNECIMENTO). AF_09/2021","UN","ATRIBUÍDO SÃO PAULO",73.64,"CAIXA REFERENCIAL"]
["ASSENTAMENTO DE TUBOS E PECAS","ASTU","FORNEC E/OU ASSENT DE TUBO DE FERRO FUNDIDO JUNTA FLANGEADA","0248","","",103108,"ASSENTAMENTO DE CONEXÃO COM 2 ACESSOS, FERRO FUNDIDO PARA REDE DE ÁGUA, DN  200 MM, JUNTA FLANGEADA (NÃO INCLUI O FORNECIMENTO). AF_09/2021","UN","ATRIBUÍDO SÃO PAULO",94.69,"CAIXA REFERENCIAL"]
["ASSENTAMENTO DE TUBOS E PECAS","ASTU","FORNEC E/OU ASSENT DE TUBO DE FERRO FUNDIDO JUNTA FLANGEADA","0248","","",103109,"ASSENTAMENTO DE CONEXÃO COM 2 ACESSOS, FERRO FUNDIDO PARA REDE DE ÁGUA, DN  250 MM, JUNTA FLANGEADA (NÃO INCLUI O FORNECIMENTO). AF_09/2021","UN","ATRIBUÍDO SÃO PAULO",155.31,"CAIXA REFERENCIAL"]
["ASSENTAMENTO DE TUBOS E PECAS","ASTU","FORNEC E/OU ASSENT DE TUBO DE FERRO FUNDIDO JUNTA FLANGEADA","0248","","",103110,"ASSENTAMENTO DE CONEXÃO COM 2 ACESSOS, FERRO FUNDIDO PARA REDE DE ÁGUA, DN  300 MM, JUNTA FLANGEADA (NÃO INCLUI O FORNECIMENTO). AF_09/2021","UN","ATRIBUÍDO SÃO PAULO",176.35,"CAIXA REFERENCIAL"]
["ASSENTAMENTO DE TUBOS E PECAS","ASTU","FORNEC E/OU ASSENT DE TUBO DE FERRO FUNDIDO JUNTA FLANGEADA","0248","","",103111,"ASSENTAMENTO DE CONEXÃO COM 2 ACESSOS, FERRO FUNDIDO PARA REDE DE ÁGUA, DN  350 MM, JUNTA FLANGEADA (NÃO INCLUI O FORNECIMENTO). AF_09/2021","UN","ATRIBUÍDO SÃO PAULO",236.96,"CAIXA REFERENCIAL"]
["ASSENTAMENTO DE TUBOS E PECAS","ASTU","FORNEC E/OU ASSENT DE TUBO DE FERRO FUNDIDO JUNTA FLANGEADA","0248","","",103112,"ASSENTAMENTO DE CONEXÃO COM 2 ACESSOS, FERRO FUNDIDO PARA REDE DE ÁGUA, DN  400 MM, JUNTA FLANGEADA (NÃO INCLUI O FORNECIMENTO). AF_09/2021","UN","ATRIBUÍDO SÃO PAULO",258,"CAIXA REFERENCIAL"]
["ASSENTAMENTO DE TUBOS E PECAS","ASTU","FORNEC E/OU ASSENT DE TUBO DE FERRO FUNDIDO JUNTA FLANGEADA","0248","","",103113,"ASSENTAMENTO DE CONEXÃO COM 2 ACESSOS, FERRO FUNDIDO PARA REDE DE ÁGUA, DN  450 MM, JUNTA FLANGEADA (NÃO INCLUI O FORNECIMENTO). AF_09/2021","UN","ATRIBUÍDO SÃO PAULO",318.61,"CAIXA REFERENCIAL"]
["ASSENTAMENTO DE TUBOS E PECAS","ASTU","FORNEC E/OU ASSENT DE TUBO DE FERRO FUNDIDO JUNTA FLANGEADA","0248","","",103114,"ASSENTAMENTO DE CONEXÃO COM 2 ACESSOS, FERRO FUNDIDO PARA REDE DE ÁGUA, DN  500 MM, JUNTA FLANGEADA (NÃO INCLUI O FORNECIMENTO). AF_09/2021","UN","ATRIBUÍDO SÃO PAULO",339.65,"CAIXA REFERENCIAL"]
["ASSENTAMENTO DE TUBOS E PECAS","ASTU","FORNEC E/OU ASSENT DE TUBO DE FERRO FUNDIDO JUNTA FLANGEADA","0248","","",103115,"ASSENTAMENTO DE CONEXÃO COM 2 ACESSOS, FERRO FUNDIDO PARA REDE DE ÁGUA, DN  600 MM, JUNTA FLANGEADA (NÃO INCLUI O FORNECIMENTO). AF_09/2021","UN","ATRIBUÍDO SÃO PAULO",381.77,"CAIXA REFERENCIAL"]
["ASSENTAMENTO DE TUBOS E PECAS","ASTU","FORNEC E/OU ASSENT DE TUBO DE FERRO FUNDIDO JUNTA FLANGEADA","0248","","",103116,"ASSENTAMENTO DE CONEXÃO COM 2 ACESSOS, FERRO FUNDIDO PARA REDE DE ÁGUA, DN  700 MM, JUNTA FLANGEADA (NÃO INCLUI O FORNECIMENTO). AF_09/2021","UN","ATRIBUÍDO SÃO PAULO",463.43,"CAIXA REFERENCIAL"]
["ASSENTAMENTO DE TUBOS E PECAS","ASTU","FORNEC E/OU ASSENT DE TUBO DE FERRO FUNDIDO JUNTA FLANGEADA","0248","","",103117,"ASSENTAMENTO DE CONEXÃO COM 2 ACESSOS, FERRO FUNDIDO PARA REDE DE ÁGUA, DN  800 MM, JUNTA FLANGEADA (NÃO INCLUI O FORNECIMENTO). AF_09/2021","UN","ATRIBUÍDO SÃO PAULO",505.52,"CAIXA REFERENCIAL"]
["ASSENTAMENTO DE TUBOS E PECAS","ASTU","FORNEC E/OU ASSENT DE TUBO DE FERRO FUNDIDO JUNTA FLANGEADA","0248","","",103118,"ASSENTAMENTO DE CONEXÃO COM 2 ACESSOS, FERRO FUNDIDO PARA REDE DE ÁGUA, DN  900 MM, JUNTA FLANGEADA (NÃO INCLUI O FORNECIMENTO). AF_09/2021","UN","ATRIBUÍDO SÃO PAULO",587.17999999999995,"CAIXA REFERENCIAL"]
["ASSENTAMENTO DE TUBOS E PECAS","ASTU","FORNEC E/OU ASSENT DE TUBO DE FERRO FUNDIDO JUNTA FLANGEADA","0248","","",103119,"ASSENTAMENTO DE CONEXÃO COM 2 ACESSOS, FERRO FUNDIDO PARA REDE DE ÁGUA, DN  1000 MM, JUNTA FLANGEADA (NÃO INCLUI O FORNECIMENTO). AF_09/2021","UN","ATRIBUÍDO SÃO PAULO",629.28,"CAIXA REFERENCIAL"]
["ASSENTAMENTO DE TUBOS E PECAS","ASTU","FORNEC E/OU ASSENT DE TUBO DE FERRO FUNDIDO JUNTA FLANGEADA","0248","","",103120,"ASSENTAMENTO DE CONEXÃO COM 2 ACESSOS, FERRO FUNDIDO PARA REDE DE ÁGUA, DN  1200 MM, JUNTA FLANGEADA (NÃO INCLUI O FORNECIMENTO). AF_09/2021","UN","ATRIBUÍDO SÃO PAULO",753.05,"CAIXA REFERENCIAL"]
["ASSENTAMENTO DE TUBOS E PECAS","ASTU","FORNEC E/OU ASSENT DE TUBO DE FERRO FUNDIDO JUNTA FLANGEADA","0248","","",103121,"ASSENTAMENTO DE CONEXÃO COM 3 ACESSOS, FERRO FUNDIDO PARA REDE DE ÁGUA, DN  80 MM, JUNTA FLANGEADA (NÃO INCLUI O FORNECIMENTO). AF_09/2021","UN","ATRIBUÍDO SÃO PAULO",57.8,"CAIXA REFERENCIAL"]
["ASSENTAMENTO DE TUBOS E PECAS","ASTU","FORNEC E/OU ASSENT DE TUBO DE FERRO FUNDIDO JUNTA FLANGEADA","0248","","",103122,"ASSENTAMENTO DE CONEXÃO COM 3 ACESSOS, FERRO FUNDIDO PARA REDE DE ÁGUA, DN  100 MM, JUNTA FLANGEADA (NÃO INCLUI O FORNECIMENTO). AF_09/2021","UN","ATRIBUÍDO SÃO PAULO",70.42,"CAIXA REFERENCIAL"]
["ASSENTAMENTO DE TUBOS E PECAS","ASTU","FORNEC E/OU ASSENT DE TUBO DE FERRO FUNDIDO JUNTA FLANGEADA","0248","","",103123,"ASSENTAMENTO DE CONEXÃO COM 3 ACESSOS, FERRO FUNDIDO PARA REDE DE ÁGUA, DN  150 MM, JUNTA FLANGEADA (NÃO INCLUI O FORNECIMENTO). AF_09/2021","UN","ATRIBUÍDO SÃO PAULO",102.01,"CAIXA REFERENCIAL"]
["ASSENTAMENTO DE TUBOS E PECAS","ASTU","FORNEC E/OU ASSENT DE TUBO DE FERRO FUNDIDO JUNTA FLANGEADA","0248","","",103124,"ASSENTAMENTO DE CONEXÃO COM 3 ACESSOS, FERRO FUNDIDO PARA REDE DE ÁGUA, DN  200 MM, JUNTA FLANGEADA (NÃO INCLUI O FORNECIMENTO). AF_09/2021","UN","ATRIBUÍDO SÃO PAULO",133.58000000000001,"CAIXA REFERENCIAL"]
["ASSENTAMENTO DE TUBOS E PECAS","ASTU","FORNEC E/OU ASSENT DE TUBO DE FERRO FUNDIDO JUNTA FLANGEADA","0248","","",103125,"ASSENTAMENTO DE CONEXÃO COM 3 ACESSOS, FERRO FUNDIDO PARA REDE DE ÁGUA, DN  250 MM, JUNTA FLANGEADA (NÃO INCLUI O FORNECIMENTO). AF_09/2021","UN","ATRIBUÍDO SÃO PAULO",224.5,"CAIXA REFERENCIAL"]
["ASSENTAMENTO DE TUBOS E PECAS","ASTU","FORNEC E/OU ASSENT DE TUBO DE FERRO FUNDIDO JUNTA FLANGEADA","0248","","",103126,"ASSENTAMENTO DE CONEXÃO COM 3 ACESSOS, FERRO FUNDIDO PARA REDE DE ÁGUA, DN  300 MM, JUNTA FLANGEADA (NÃO INCLUI O FORNECIMENTO). AF_09/2021","UN","ATRIBUÍDO SÃO PAULO",256.07,"CAIXA REFERENCIAL"]
["ASSENTAMENTO DE TUBOS E PECAS","ASTU","FORNEC E/OU ASSENT DE TUBO DE FERRO FUNDIDO JUNTA FLANGEADA","0248","","",103127,"ASSENTAMENTO DE CONEXÃO COM 3 ACESSOS, FERRO FUNDIDO PARA REDE DE ÁGUA, DN  350 MM, JUNTA FLANGEADA (NÃO INCLUI O FORNECIMENTO). AF_09/2021","UN","ATRIBUÍDO SÃO PAULO",346.98,"CAIXA REFERENCIAL"]
["ASSENTAMENTO DE TUBOS E PECAS","ASTU","FORNEC E/OU ASSENT DE TUBO DE FERRO FUNDIDO JUNTA FLANGEADA","0248","","",103128,"ASSENTAMENTO DE CONEXÃO COM 3 ACESSOS, FERRO FUNDIDO PARA REDE DE ÁGUA, DN  400 MM, JUNTA FLANGEADA (NÃO INCLUI O FORNECIMENTO). AF_09/2021","UN","ATRIBUÍDO SÃO PAULO",378.55,"CAIXA REFERENCIAL"]
["ASSENTAMENTO DE TUBOS E PECAS","ASTU","FORNEC E/OU ASSENT DE TUBO DE FERRO FUNDIDO JUNTA FLANGEADA","0248","","",103129,"ASSENTAMENTO DE CONEXÃO COM 3 ACESSOS, FERRO FUNDIDO PARA REDE DE ÁGUA, DN  450 MM, JUNTA FLANGEADA (NÃO INCLUI O FORNECIMENTO). AF_09/2021","UN","ATRIBUÍDO SÃO PAULO",469.47,"CAIXA REFERENCIAL"]
["ASSENTAMENTO DE TUBOS E PECAS","ASTU","FORNEC E/OU ASSENT DE TUBO DE FERRO FUNDIDO JUNTA FLANGEADA","0248","","",103130,"ASSENTAMENTO DE CONEXÃO COM 3 ACESSOS, FERRO FUNDIDO PARA REDE DE ÁGUA, DN  500 MM, JUNTA FLANGEADA (NÃO INCLUI O FORNECIMENTO). AF_09/2021","UN","ATRIBUÍDO SÃO PAULO",501.04,"CAIXA REFERENCIAL"]
["ASSENTAMENTO DE TUBOS E PECAS","ASTU","FORNEC E/OU ASSENT DE TUBO DE FERRO FUNDIDO JUNTA FLANGEADA","0248","","",103131,"ASSENTAMENTO DE CONEXÃO COM 3 ACESSOS, FERRO FUNDIDO PARA REDE DE ÁGUA, DN  600 MM, JUNTA FLANGEADA (NÃO INCLUI O FORNECIMENTO). AF_09/2021","UN","ATRIBUÍDO SÃO PAULO",564.20000000000005,"CAIXA REFERENCIAL"]
["ASSENTAMENTO DE TUBOS E PECAS","ASTU","FORNEC E/OU ASSENT DE TUBO DE FERRO FUNDIDO JUNTA FLANGEADA","0248","","",103132,"ASSENTAMENTO DE CONEXÃO COM 3 ACESSOS, FERRO FUNDIDO PARA REDE DE ÁGUA, DN  700 MM, JUNTA FLANGEADA (NÃO INCLUI O FORNECIMENTO). AF_09/2021","UN","ATRIBUÍDO SÃO PAULO",686.69,"CAIXA REFERENCIAL"]
["ASSENTAMENTO DE TUBOS E PECAS","ASTU","FORNEC E/OU ASSENT DE TUBO DE FERRO FUNDIDO JUNTA FLANGEADA","0248","","",103133,"ASSENTAMENTO DE CONEXÃO COM 3 ACESSOS, FERRO FUNDIDO PARA REDE DE ÁGUA, DN  800 MM, JUNTA FLANGEADA (NÃO INCLUI O FORNECIMENTO). AF_09/2021","UN","ATRIBUÍDO SÃO PAULO",749.83,"CAIXA REFERENCIAL"]
["ASSENTAMENTO DE TUBOS E PECAS","ASTU","FORNEC E/OU ASSENT DE TUBO DE FERRO FUNDIDO JUNTA FLANGEADA","0248","","",103134,"ASSENTAMENTO DE CONEXÃO COM 3 ACESSOS, FERRO FUNDIDO PARA REDE DE ÁGUA, DN  900 MM, JUNTA FLANGEADA (NÃO INCLUI O FORNECIMENTO). AF_09/2021","UN","ATRIBUÍDO SÃO PAULO",872.32,"CAIXA REFERENCIAL"]
["ASSENTAMENTO DE TUBOS E PECAS","ASTU","FORNEC E/OU ASSENT DE TUBO DE FERRO FUNDIDO JUNTA FLANGEADA","0248","","",103135,"ASSENTAMENTO DE CONEXÃO COM 3 ACESSOS, FERRO FUNDIDO PARA REDE DE ÁGUA, DN  1000 MM, JUNTA FLANGEADA (NÃO INCLUI O FORNECIMENTO). AF_09/2021","UN","ATRIBUÍDO SÃO PAULO",935.48,"CAIXA REFERENCIAL"]
["ASSENTAMENTO DE TUBOS E PECAS","ASTU","FORNEC E/OU ASSENT DE TUBO DE FERRO FUNDIDO JUNTA FLANGEADA","0248","","",103136,"ASSENTAMENTO DE CONEXÃO COM 3 ACESSOS, FERRO FUNDIDO PARA REDE DE ÁGUA, DN  1200 MM, JUNTA FLANGEADA (NÃO INCLUI O FORNECIMENTO). AF_09/2021","UN","ATRIBUÍDO SÃO PAULO",1121.1199999999999,"CAIXA REFERENCIAL"]
["ASSENTAMENTO DE TUBOS E PECAS","ASTU","FORNEC E/OU ASSENT DE TUBO DE FERRO FUNDIDO JUNTA FLANGEADA","0248","","",103137,"ASSENTAMENTO DE CONEXÃO COM 1 ACESSO, FERRO FUNDIDO PARA REDE DE ÁGUA, DN  80 MM, JUNTA FLANGEADA (NÃO INCLUI O FORNECIMENTO). AF_09/2021","UN","ATRIBUÍDO SÃO PAULO",30.55,"CAIXA REFERENCIAL"]
["ASSENTAMENTO DE TUBOS E PECAS","ASTU","FORNEC E/OU ASSENT DE TUBO DE FERRO FUNDIDO JUNTA FLANGEADA","0248","","",103138,"ASSENTAMENTO DE CONEXÃO COM 1 ACESSO, FERRO FUNDIDO PARA REDE DE ÁGUA, DN  100 MM, JUNTA FLANGEADA (NÃO INCLUI O FORNECIMENTO). AF_09/2021","UN","ATRIBUÍDO SÃO PAULO",34.75,"CAIXA REFERENCIAL"]
["ASSENTAMENTO DE TUBOS E PECAS","ASTU","FORNEC E/OU ASSENT DE TUBO DE FERRO FUNDIDO JUNTA FLANGEADA","0248","","",103139,"ASSENTAMENTO DE CONEXÃO COM 1 ACESSO, FERRO FUNDIDO PARA REDE DE ÁGUA, DN  150 MM, JUNTA FLANGEADA (NÃO INCLUI O FORNECIMENTO). AF_09/2021","UN","ATRIBUÍDO SÃO PAULO",45.29,"CAIXA REFERENCIAL"]
["ASSENTAMENTO DE TUBOS E PECAS","ASTU","FORNEC E/OU ASSENT DE TUBO DE FERRO FUNDIDO JUNTA FLANGEADA","0248","","",103140,"ASSENTAMENTO DE CONEXÃO COM 1 ACESSO, FERRO FUNDIDO PARA REDE DE ÁGUA, DN  200 MM, JUNTA FLANGEADA (NÃO INCLUI O FORNECIMENTO). AF_09/2021","UN","ATRIBUÍDO SÃO PAULO",55.8,"CAIXA REFERENCIAL"]
["ASSENTAMENTO DE TUBOS E PECAS","ASTU","FORNEC E/OU ASSENT DE TUBO DE FERRO FUNDIDO JUNTA FLANGEADA","0248","","",103141,"ASSENTAMENTO DE CONEXÃO COM 1 ACESSO, FERRO FUNDIDO PARA REDE DE ÁGUA, DN  250 MM, JUNTA FLANGEADA (NÃO INCLUI O FORNECIMENTO). AF_09/2021","UN","ATRIBUÍDO SÃO PAULO",86.11,"CAIXA REFERENCIAL"]
["ASSENTAMENTO DE TUBOS E PECAS","ASTU","FORNEC E/OU ASSENT DE TUBO DE FERRO FUNDIDO JUNTA FLANGEADA","0248","","",103142,"ASSENTAMENTO DE CONEXÃO COM 1 ACESSO, FERRO FUNDIDO PARA REDE DE ÁGUA, DN  300 MM, JUNTA FLANGEADA (NÃO INCLUI O FORNECIMENTO). AF_09/2021","UN","ATRIBUÍDO SÃO PAULO",96.63,"CAIXA REFERENCIAL"]
["ASSENTAMENTO DE TUBOS E PECAS","ASTU","FORNEC E/OU ASSENT DE TUBO DE FERRO FUNDIDO JUNTA FLANGEADA","0248","","",103143,"ASSENTAMENTO DE CONEXÃO COM 1 ACESSO, FERRO FUNDIDO PARA REDE DE ÁGUA, DN  350 MM, JUNTA FLANGEADA (NÃO INCLUI O FORNECIMENTO). AF_09/2021","UN","ATRIBUÍDO SÃO PAULO",126.95,"CAIXA REFERENCIAL"]
["ASSENTAMENTO DE TUBOS E PECAS","ASTU","FORNEC E/OU ASSENT DE TUBO DE FERRO FUNDIDO JUNTA FLANGEADA","0248","","",103144,"ASSENTAMENTO DE CONEXÃO COM 1 ACESSO, FERRO FUNDIDO PARA REDE DE ÁGUA, DN  400 MM, JUNTA FLANGEADA (NÃO INCLUI O FORNECIMENTO). AF_09/2021","UN","ATRIBUÍDO SÃO PAULO",137.46,"CAIXA REFERENCIAL"]
["ASSENTAMENTO DE TUBOS E PECAS","ASTU","FORNEC E/OU ASSENT DE TUBO DE FERRO FUNDIDO JUNTA FLANGEADA","0248","","",103145,"ASSENTAMENTO DE CONEXÃO COM 1 ACESSO, FERRO FUNDIDO PARA REDE DE ÁGUA, DN  450 MM, JUNTA FLANGEADA (NÃO INCLUI O FORNECIMENTO). AF_09/2021","UN","ATRIBUÍDO SÃO PAULO",167.77,"CAIXA REFERENCIAL"]
["ASSENTAMENTO DE TUBOS E PECAS","ASTU","FORNEC E/OU ASSENT DE TUBO DE FERRO FUNDIDO JUNTA FLANGEADA","0248","","",103146,"ASSENTAMENTO DE CONEXÃO COM 1 ACESSO, FERRO FUNDIDO PARA REDE DE ÁGUA, DN  500 MM, JUNTA FLANGEADA (NÃO INCLUI O FORNECIMENTO). AF_09/2021","UN","ATRIBUÍDO SÃO PAULO",178.28,"CAIXA REFERENCIAL"]
["ASSENTAMENTO DE TUBOS E PECAS","ASTU","FORNEC E/OU ASSENT DE TUBO DE FERRO FUNDIDO JUNTA FLANGEADA","0248","","",103147,"ASSENTAMENTO DE CONEXÃO COM 1 ACESSO, FERRO FUNDIDO PARA REDE DE ÁGUA, DN  600 MM, JUNTA FLANGEADA (NÃO INCLUI O FORNECIMENTO). AF_09/2021","UN","ATRIBUÍDO SÃO PAULO",199.35,"CAIXA REFERENCIAL"]
["ASSENTAMENTO DE TUBOS E PECAS","ASTU","FORNEC E/OU ASSENT DE TUBO DE FERRO FUNDIDO JUNTA FLANGEADA","0248","","",103148,"ASSENTAMENTO DE CONEXÃO COM 1 ACESSO, FERRO FUNDIDO PARA REDE DE ÁGUA, DN  700 MM, JUNTA FLANGEADA (NÃO INCLUI O FORNECIMENTO). AF_09/2021","UN","ATRIBUÍDO SÃO PAULO",240.17,"CAIXA REFERENCIAL"]
["ASSENTAMENTO DE TUBOS E PECAS","ASTU","FORNEC E/OU ASSENT DE TUBO DE FERRO FUNDIDO JUNTA FLANGEADA","0248","","",103149,"ASSENTAMENTO DE CONEXÃO COM 1 ACESSO, FERRO FUNDIDO PARA REDE DE ÁGUA, DN  800 MM, JUNTA FLANGEADA (NÃO INCLUI O FORNECIMENTO). AF_09/2021","UN","ATRIBUÍDO SÃO PAULO",261.20999999999998,"CAIXA REFERENCIAL"]
["ASSENTAMENTO DE TUBOS E PECAS","ASTU","FORNEC E/OU ASSENT DE TUBO DE FERRO FUNDIDO JUNTA FLANGEADA","0248","","",103150,"ASSENTAMENTO DE CONEXÃO COM 1 ACESSO, FERRO FUNDIDO PARA REDE DE ÁGUA, DN  900 MM, JUNTA FLANGEADA (NÃO INCLUI O FORNECIMENTO). AF_09/2021","UN","ATRIBUÍDO SÃO PAULO",302,"CAIXA REFERENCIAL"]
["ASSENTAMENTO DE TUBOS E PECAS","ASTU","FORNEC E/OU ASSENT DE TUBO DE FERRO FUNDIDO JUNTA FLANGEADA","0248","","",103151,"ASSENTAMENTO DE CONEXÃO COM 1 ACESSO, FERRO FUNDIDO PARA REDE DE ÁGUA, DN  1000 MM, JUNTA FLANGEADA (NÃO INCLUI O FORNECIMENTO). AF_09/2021","UN","ATRIBUÍDO SÃO PAULO",323.10000000000002,"CAIXA REFERENCIAL"]
["ASSENTAMENTO DE TUBOS E PECAS","ASTU","FORNEC E/OU ASSENT DE TUBO DE FERRO FUNDIDO JUNTA FLANGEADA","0248","","",103152,"ASSENTAMENTO DE CONEXÃO COM 1 ACESSO, FERRO FUNDIDO PARA REDE DE ÁGUA, DN  1200 MM, JUNTA FLANGEADA (NÃO INCLUI O FORNECIMENTO). AF_09/2021","UN","ATRIBUÍDO SÃO PAULO",384.98,"CAIXA REFERENCIAL"]
["ASSENTAMENTO DE TUBOS E PECAS","ASTU","FORNEC E/OU ASSENT DE CONEXOES DIVERSAS","0253","","",103372,"TUBO PEAD LISO PARA REDE DE ÁGUA OU ESGOTO, DIÂMETRO DE 20 MM, JUNTA SOLDADA (NÃO INCLUI A EXECUÇÃO DE SOLDA) - FORNECIMENTO E ASSENTAMENTO. AF_12/2021","M","ATRIBUÍDO SÃO PAULO",5.62,"CAIXA REFERENCIAL"]
["ASSENTAMENTO DE TUBOS E PECAS","ASTU","FORNEC E/OU ASSENT DE CONEXOES DIVERSAS","0253","","",103373,"TUBO PEAD LISO PARA REDE DE ÁGUA OU ESGOTO, DIÂMETRO DE 32 MM, JUNTA SOLDADA (NÃO INCLUI A EXECUÇÃO DE SOLDA) - FORNECIMENTO E ASSENTAMENTO. AF_12/2021","M","ATRIBUÍDO SÃO PAULO",11.04,"CAIXA REFERENCIAL"]
["ASSENTAMENTO DE TUBOS E PECAS","ASTU","FORNEC E/OU ASSENT DE CONEXOES DIVERSAS","0253","","",103376,"TUBO PEAD LISO PARA REDE DE ÁGUA OU ESGOTO, DIÂMETRO DE 110 MM, JUNTA SOLDADA (NÃO INCLUI A EXECUÇÃO DE SOLDA) - FORNECIMENTO E ASSENTAMENTO. AF_12/2021","M","ATRIBUÍDO SÃO PAULO",132.27000000000001,"CAIXA REFERENCIAL"]
["ASSENTAMENTO DE TUBOS E PECAS","ASTU","FORNEC E/OU ASSENT DE CONEXOES DIVERSAS","0253","","",103377,"TUBO PEAD LISO PARA REDE DE ÁGUA OU ESGOTO, DIÂMETRO DE 160 MM, JUNTA SOLDADA (NÃO INCLUI A EXECUÇÃO DE SOLDA) - FORNECIMENTO E ASSENTAMENTO. AF_12/2021","M","ATRIBUÍDO SÃO PAULO",283.20999999999998,"CAIXA REFERENCIAL"]
["ASSENTAMENTO DE TUBOS E PECAS","ASTU","FORNEC E/OU ASSENT DE CONEXOES DIVERSAS","0253","","",103379,"TUBO PEAD LISO PARA REDE DE ÁGUA OU ESGOTO, DIÂMETRO DE 200 MM, JUNTA SOLDADA (NÃO INCLUI A EXECUÇÃO DE SOLDA) - FORNECIMENTO E ASSENTAMENTO. AF_12/2021","M","ATRIBUÍDO SÃO PAULO",441.04,"CAIXA REFERENCIAL"]
["ASSENTAMENTO DE TUBOS E PECAS","ASTU","FORNEC E/OU ASSENT DE CONEXOES DIVERSAS","0253","","",103383,"TUBO PEAD LISO PARA REDE DE ÁGUA OU ESGOTO, DIÂMETRO DE 315 MM, JUNTA SOLDADA (NÃO INCLUI A EXECUÇÃO DE SOLDA) - FORNECIMENTO E ASSENTAMENTO. AF_12/2021","M","ATRIBUÍDO SÃO PAULO",1081.76,"CAIXA REFERENCIAL"]
["ASSENTAMENTO DE TUBOS E PECAS","ASTU","FORNEC E/OU ASSENT DE CONEXOES DIVERSAS","0253","","",103385,"TUBO PEAD LISO PARA REDE DE ÁGUA OU ESGOTO, DIÂMETRO DE 400 MM, JUNTA SOLDADA (NÃO INCLUI A EXECUÇÃO DE SOLDA) - FORNECIMENTO E ASSENTAMENTO. AF_12/2021","M","ATRIBUÍDO SÃO PAULO",1744.02,"CAIXA REFERENCIAL"]
["ASSENTAMENTO DE TUBOS E PECAS","ASTU","FORNEC E/OU ASSENT DE CONEXOES DIVERSAS","0253","","",103387,"TUBO PEAD LISO PARA REDE DE ÁGUA OU ESGOTO, DIÂMETRO DE 500 MM, JUNTA SOLDADA (NÃO INCLUI A EXECUÇÃO DE SOLDA) - FORNECIMENTO E ASSENTAMENTO. AF_12/2021","M","ATRIBUÍDO SÃO PAULO",3059.81,"CAIXA REFERENCIAL"]
["ASSENTAMENTO DE TUBOS E PECAS","ASTU","FORNEC E/OU ASSENT DE CONEXOES DIVERSAS","0253","","",103389,"TUBO PEAD LISO PARA REDE DE ÁGUA OU ESGOTO, DIÂMETRO DE 630 MM, JUNTA SOLDADA (NÃO INCLUI A EXECUÇÃO DE SOLDA) - FORNECIMENTO E ASSENTAMENTO. AF_12/2021","M","ATRIBUÍDO SÃO PAULO",4550.46,"CAIXA REFERENCIAL"]
["ASSENTAMENTO DE TUBOS E PECAS","ASTU","FORNEC E/OU ASSENT DE CONEXOES DIVERSAS","0253","","",103391,"TUBO PEAD LISO PARA REDE DE ÁGUA OU ESGOTO, DIÂMETRO DE 800 MM, JUNTA SOLDADA (NÃO INCLUI A EXECUÇÃO DE SOLDA) - FORNECIMENTO E ASSENTAMENTO. AF_12/2021","M","ATRIBUÍDO SÃO PAULO",2995.94,"CAIXA REFERENCIAL"]
["ASSENTAMENTO DE TUBOS E PECAS","ASTU","FORNEC E/OU ASSENT DE CONEXOES DIVERSAS","0253","","",103392,"TUBO PEAD LISO PARA REDE DE ÁGUA OU ESGOTO, DIÂMETRO DE 900 MM, JUNTA SOLDADA (NÃO INCLUI A EXECUÇÃO DE SOLDA) - FORNECIMENTO E ASSENTAMENTO. AF_12/2021","M","ATRIBUÍDO SÃO PAULO",4898.32,"CAIXA REFERENCIAL"]
["ASSENTAMENTO DE TUBOS E PECAS","ASTU","FORNEC E/OU ASSENT DE CONEXOES DIVERSAS","0253","","",103393,"TUBO PEAD LISO PARA REDE DE ÁGUA OU ESGOTO, DIÂMETRO DE 1000 MM, JUNTA SOLDADA (NÃO INCLUI A EXECUÇÃO DE SOLDA) - FORNECIMENTO E ASSENTAMENTO. AF_12/2021","M","ATRIBUÍDO SÃO PAULO",5402.45,"CAIXA REFERENCIAL"]
["ASSENTAMENTO DE TUBOS E PECAS","ASTU","FORNEC E/OU ASSENT DE CONEXOES DIVERSAS","0253","","",103394,"TUBO PEAD LISO PARA REDE DE ÁGUA OU ESGOTO, DIÂMETRO DE 1200 MM, JUNTA SOLDADA (NÃO INCLUI A EXECUÇÃO DE SOLDA) - FORNECIMENTO E ASSENTAMENTO. AF_12/2021","M","ATRIBUÍDO SÃO PAULO",4001.78,"CAIXA REFERENCIAL"]
["ASSENTAMENTO DE TUBOS E PECAS","ASTU","FORNEC E/OU ASSENT DE CONEXOES DIVERSAS","0253","","",103395,"TUBO PEAD LISO PARA REDE DE ÁGUA OU ESGOTO, DIÂMETRO DE 1400 MM, JUNTA SOLDADA (NÃO INCLUI A EXECUÇÃO DE SOLDA) - FORNECIMENTO E ASSENTAMENTO. AF_12/2021","M","ATRIBUÍDO SÃO PAULO",1987.88,"CAIXA REFERENCIAL"]
["ASSENTAMENTO DE TUBOS E PECAS","ASTU","FORNEC E/OU ASSENT DE CONEXOES DIVERSAS","0253","","",103396,"TUBO PEAD LISO PARA REDE DE ÁGUA OU ESGOTO, DIÂMETRO DE 1600 MM, JUNTA SOLDADA (NÃO INCLUI A EXECUÇÃO DE SOLDA) - FORNECIMENTO E ASSENTAMENTO. AF_12/2021","M","ATRIBUÍDO SÃO PAULO",1341.41,"CAIXA REFERENCIAL"]
["ASSENTAMENTO DE TUBOS E PECAS","ASTU","FORNEC E/OU ASSENT DE CONEXOES DIVERSAS","0253","","",103397,"ASSENTAMENTO DE CONEXÃO COM 2 ACESSOS, EM PEAD LISO PARA REDE DE ÁGUA OU ESGOTO, DIÂMETRO DE 20 MM, JUNTA SOLDADA (NÃO INCLUI O FORNECIMENTO E EXECUÇÃO DE SOLDA). AF_12/2021","UN","COEFICIENTE DE REPRESENTATIVIDADE",3.16,"CAIXA REFERENCIAL"]
["ASSENTAMENTO DE TUBOS E PECAS","ASTU","FORNEC E/OU ASSENT DE CONEXOES DIVERSAS","0253","","",103398,"ASSENTAMENTO DE CONEXÃO COM 2 ACESSOS, EM PEAD LISO PARA REDE DE ÁGUA OU ESGOTO, DIÂMETRO DE 32 MM, JUNTA SOLDADA (NÃO INCLUI O FORNECIMENTO E EXECUÇÃO DE SOLDA). AF_12/2021","UN","COEFICIENTE DE REPRESENTATIVIDADE",5.0599999999999996,"CAIXA REFERENCIAL"]
["ASSENTAMENTO DE TUBOS E PECAS","ASTU","FORNEC E/OU ASSENT DE CONEXOES DIVERSAS","0253","","",103399,"ASSENTAMENTO DE CONEXÃO COM 2 ACESSOS, EM PEAD LISO PARA REDE DE ÁGUA OU ESGOTO, DIÂMETRO DE 63 MM, JUNTA SOLDADA (NÃO INCLUI O FORNECIMENTO E EXECUÇÃO DE SOLDA). AF_12/2021","UN","COEFICIENTE DE REPRESENTATIVIDADE",9.9700000000000006,"CAIXA REFERENCIAL"]
["ASSENTAMENTO DE TUBOS E PECAS","ASTU","FORNEC E/OU ASSENT DE CONEXOES DIVERSAS","0253","","",103400,"ASSENTAMENTO DE CONEXÃO COM 2 ACESSOS, EM PEAD LISO PARA REDE DE ÁGUA OU ESGOTO, DIÂMETRO DE 90 MM, JUNTA SOLDADA (NÃO INCLUI O FORNECIMENTO E EXECUÇÃO DE SOLDA). AF_12/2021","UN","COEFICIENTE DE REPRESENTATIVIDADE",14.25,"CAIXA REFERENCIAL"]
["ASSENTAMENTO DE TUBOS E PECAS","ASTU","FORNEC E/OU ASSENT DE CONEXOES DIVERSAS","0253","","",103401,"ASSENTAMENTO DE CONEXÃO COM 2 ACESSOS, EM PEAD LISO PARA REDE DE ÁGUA OU ESGOTO, DIÂMETRO DE 110 MM, JUNTA SOLDADA (NÃO INCLUI O FORNECIMENTO E EXECUÇÃO DE SOLDA). AF_12/2021","UN","COEFICIENTE DE REPRESENTATIVIDADE",17.420000000000002,"CAIXA REFERENCIAL"]
["ASSENTAMENTO DE TUBOS E PECAS","ASTU","FORNEC E/OU ASSENT DE CONEXOES DIVERSAS","0253","","",103402,"ASSENTAMENTO DE CONEXÃO COM 2 ACESSOS, EM PEAD LISO PARA REDE DE ÁGUA OU ESGOTO, DIÂMETRO DE 160 MM, JUNTA SOLDADA (NÃO INCLUI O FORNECIMENTO E EXECUÇÃO DE SOLDA). AF_12/2021","UN","COEFICIENTE DE REPRESENTATIVIDADE",25.35,"CAIXA REFERENCIAL"]
["ASSENTAMENTO DE TUBOS E PECAS","ASTU","FORNEC E/OU ASSENT DE CONEXOES DIVERSAS","0253","","",103403,"ASSENTAMENTO DE CONEXÃO COM 2 ACESSOS, EM PEAD LISO PARA REDE DE ÁGUA OU ESGOTO, DIÂMETRO DE 180 MM, JUNTA SOLDADA (NÃO INCLUI O FORNECIMENTO E EXECUÇÃO DE SOLDA). AF_12/2021","UN","COEFICIENTE DE REPRESENTATIVIDADE",28.51,"CAIXA REFERENCIAL"]
["ASSENTAMENTO DE TUBOS E PECAS","ASTU","FORNEC E/OU ASSENT DE CONEXOES DIVERSAS","0253","","",103404,"ASSENTAMENTO DE CONEXÃO COM 2 ACESSOS, EM PEAD LISO PARA REDE DE ÁGUA OU ESGOTO, DIÂMETRO DE 200 MM, JUNTA SOLDADA (NÃO INCLUI O FORNECIMENTO E EXECUÇÃO DE SOLDA). AF_12/2021","UN","COEFICIENTE DE REPRESENTATIVIDADE",31.68,"CAIXA REFERENCIAL"]
["ASSENTAMENTO DE TUBOS E PECAS","ASTU","FORNEC E/OU ASSENT DE CONEXOES DIVERSAS","0253","","",103405,"ASSENTAMENTO DE CONEXÃO COM 2 ACESSOS, EM PEAD LISO PARA REDE DE ÁGUA OU ESGOTO, DIÂMETRO DE 225 MM, JUNTA SOLDADA (NÃO INCLUI O FORNECIMENTO E EXECUÇÃO DE SOLDA). AF_12/2021","UN","COEFICIENTE DE REPRESENTATIVIDADE",35.64,"CAIXA REFERENCIAL"]
["ASSENTAMENTO DE TUBOS E PECAS","ASTU","FORNEC E/OU ASSENT DE CONEXOES DIVERSAS","0253","","",103406,"ASSENTAMENTO DE CONEXÃO COM 2 ACESSOS, EM PEAD LISO PARA REDE DE ÁGUA OU ESGOTO, DIÂMETRO DE 250 MM, JUNTA SOLDADA (NÃO INCLUI O FORNECIMENTO E EXECUÇÃO DE SOLDA). AF_12/2021","UN","COEFICIENTE DE REPRESENTATIVIDADE",39.61,"CAIXA REFERENCIAL"]
["ASSENTAMENTO DE TUBOS E PECAS","ASTU","FORNEC E/OU ASSENT DE CONEXOES DIVERSAS","0253","","",103407,"ASSENTAMENTO DE CONEXÃO COM 2 ACESSOS, EM PEAD LISO PARA REDE DE ÁGUA OU ESGOTO, DIÂMETRO DE 280 MM, JUNTA SOLDADA (NÃO INCLUI O FORNECIMENTO E EXECUÇÃO DE SOLDA). AF_12/2021","UN","COEFICIENTE DE REPRESENTATIVIDADE",44.36,"CAIXA REFERENCIAL"]
["ASSENTAMENTO DE TUBOS E PECAS","ASTU","FORNEC E/OU ASSENT DE CONEXOES DIVERSAS","0253","","",103408,"ASSENTAMENTO DE CONEXÃO COM 2 ACESSOS, EM PEAD LISO PARA REDE DE ÁGUA OU ESGOTO, DIÂMETRO DE 315 MM, JUNTA SOLDADA (NÃO INCLUI O FORNECIMENTO E EXECUÇÃO DE SOLDA). AF_12/2021","UN","COEFICIENTE DE REPRESENTATIVIDADE",49.9,"CAIXA REFERENCIAL"]
["ASSENTAMENTO DE TUBOS E PECAS","ASTU","FORNEC E/OU ASSENT DE CONEXOES DIVERSAS","0253","","",103409,"ASSENTAMENTO DE CONEXÃO COM 2 ACESSOS, EM PEAD LISO PARA REDE DE ÁGUA OU ESGOTO, DIÂMETRO DE 355 MM, JUNTA SOLDADA (NÃO INCLUI O FORNECIMENTO E EXECUÇÃO DE SOLDA). AF_12/2021","UN","COEFICIENTE DE REPRESENTATIVIDADE",56.24,"CAIXA REFERENCIAL"]
["ASSENTAMENTO DE TUBOS E PECAS","ASTU","FORNEC E/OU ASSENT DE CONEXOES DIVERSAS","0253","","",103410,"ASSENTAMENTO DE CONEXÃO COM 2 ACESSOS, EM PEAD LISO PARA REDE DE ÁGUA OU ESGOTO, DIÂMETRO DE 400 MM, JUNTA SOLDADA (NÃO INCLUI O FORNECIMENTO E EXECUÇÃO DE SOLDA). AF_12/2021","UN","COEFICIENTE DE REPRESENTATIVIDADE",63.37,"CAIXA REFERENCIAL"]
["ASSENTAMENTO DE TUBOS E PECAS","ASTU","FORNEC E/OU ASSENT DE CONEXOES DIVERSAS","0253","","",103411,"ASSENTAMENTO DE CONEXÃO COM 3 ACESSOS, EM PEAD LISO PARA REDE DE ÁGUA OU ESGOTO, DIÂMETRO DE 20 MM, JUNTA SOLDADA (NÃO INCLUI O FORNECIMENTO E EXECUÇÃO DE SOLDA). AF_12/2021","UN","COEFICIENTE DE REPRESENTATIVIDADE",6.32,"CAIXA REFERENCIAL"]
["ASSENTAMENTO DE TUBOS E PECAS","ASTU","FORNEC E/OU ASSENT DE CONEXOES DIVERSAS","0253","","",103412,"ASSENTAMENTO DE CONEXÃO COM 3 ACESSOS, EM PEAD LISO PARA REDE DE ÁGUA OU ESGOTO, DIÂMETRO DE 32 MM, JUNTA SOLDADA (NÃO INCLUI O FORNECIMENTO E EXECUÇÃO DE SOLDA). AF_12/2021","UN","COEFICIENTE DE REPRESENTATIVIDADE",10.130000000000001,"CAIXA REFERENCIAL"]
["ASSENTAMENTO DE TUBOS E PECAS","ASTU","FORNEC E/OU ASSENT DE CONEXOES DIVERSAS","0253","","",103413,"ASSENTAMENTO DE CONEXÃO COM 3 ACESSOS, EM PEAD LISO PARA REDE DE ÁGUA OU ESGOTO, DIÂMETRO DE 63 MM, JUNTA SOLDADA (NÃO INCLUI O FORNECIMENTO E EXECUÇÃO DE SOLDA). AF_12/2021","UN","COEFICIENTE DE REPRESENTATIVIDADE",19.96,"CAIXA REFERENCIAL"]
["ASSENTAMENTO DE TUBOS E PECAS","ASTU","FORNEC E/OU ASSENT DE CONEXOES DIVERSAS","0253","","",103414,"ASSENTAMENTO DE CONEXÃO COM 3 ACESSOS, EM PEAD LISO PARA REDE DE ÁGUA OU ESGOTO, DIÂMETRO DE 90 MM, JUNTA SOLDADA (NÃO INCLUI O FORNECIMENTO E EXECUÇÃO DE SOLDA). AF_12/2021","UN","COEFICIENTE DE REPRESENTATIVIDADE",28.51,"CAIXA REFERENCIAL"]
["ASSENTAMENTO DE TUBOS E PECAS","ASTU","FORNEC E/OU ASSENT DE CONEXOES DIVERSAS","0253","","",103415,"ASSENTAMENTO DE CONEXÃO COM 3 ACESSOS, EM PEAD LISO PARA REDE DE ÁGUA OU ESGOTO, DIÂMETRO DE 110 MM, JUNTA SOLDADA (NÃO INCLUI O FORNECIMENTO E EXECUÇÃO DE SOLDA). AF_12/2021","UN","COEFICIENTE DE REPRESENTATIVIDADE",34.85,"CAIXA REFERENCIAL"]
["ASSENTAMENTO DE TUBOS E PECAS","ASTU","FORNEC E/OU ASSENT DE CONEXOES DIVERSAS","0253","","",103416,"ASSENTAMENTO DE CONEXÃO COM 3 ACESSOS, EM PEAD LISO PARA REDE DE ÁGUA OU ESGOTO, DIÂMETRO DE 160 MM, JUNTA SOLDADA (NÃO INCLUI O FORNECIMENTO E EXECUÇÃO DE SOLDA). AF_12/2021","UN","COEFICIENTE DE REPRESENTATIVIDADE",50.7,"CAIXA REFERENCIAL"]
["ASSENTAMENTO DE TUBOS E PECAS","ASTU","FORNEC E/OU ASSENT DE CONEXOES DIVERSAS","0253","","",103417,"ASSENTAMENTO DE CONEXÃO COM 3 ACESSOS, EM PEAD LISO PARA REDE DE ÁGUA OU ESGOTO, DIÂMETRO DE 180 MM, JUNTA SOLDADA (NÃO INCLUI O FORNECIMENTO E EXECUÇÃO DE SOLDA). AF_12/2021","UN","COEFICIENTE DE REPRESENTATIVIDADE",57.03,"CAIXA REFERENCIAL"]
["ASSENTAMENTO DE TUBOS E PECAS","ASTU","FORNEC E/OU ASSENT DE CONEXOES DIVERSAS","0253","","",103418,"ASSENTAMENTO DE CONEXÃO COM 3 ACESSOS, EM PEAD LISO PARA REDE DE ÁGUA OU ESGOTO, DIÂMETRO DE 200 MM, JUNTA SOLDADA (NÃO INCLUI O FORNECIMENTO E EXECUÇÃO DE SOLDA). AF_12/2021","UN","COEFICIENTE DE REPRESENTATIVIDADE",63.37,"CAIXA REFERENCIAL"]
["ASSENTAMENTO DE TUBOS E PECAS","ASTU","FORNEC E/OU ASSENT DE CONEXOES DIVERSAS","0253","","",103419,"ASSENTAMENTO DE CONEXÃO COM 3 ACESSOS, EM PEAD LISO PARA REDE DE ÁGUA OU ESGOTO, DIÂMETRO DE 225 MM, JUNTA SOLDADA (NÃO INCLUI O FORNECIMENTO E EXECUÇÃO DE SOLDA). AF_12/2021","UN","COEFICIENTE DE REPRESENTATIVIDADE",71.3,"CAIXA REFERENCIAL"]
["ASSENTAMENTO DE TUBOS E PECAS","ASTU","FORNEC E/OU ASSENT DE CONEXOES DIVERSAS","0253","","",103420,"ASSENTAMENTO DE CONEXÃO COM 3 ACESSOS, EM PEAD LISO PARA REDE DE ÁGUA OU ESGOTO, DIÂMETRO DE 250 MM, JUNTA SOLDADA (NÃO INCLUI O FORNECIMENTO E EXECUÇÃO DE SOLDA). AF_12/2021","UN","COEFICIENTE DE REPRESENTATIVIDADE",79.22,"CAIXA REFERENCIAL"]
["ASSENTAMENTO DE TUBOS E PECAS","ASTU","FORNEC E/OU ASSENT DE CONEXOES DIVERSAS","0253","","",103421,"ASSENTAMENTO DE CONEXÃO COM 3 ACESSOS, EM PEAD LISO PARA REDE DE ÁGUA OU ESGOTO, DIÂMETRO DE 280 MM, JUNTA SOLDADA (NÃO INCLUI O FORNECIMENTO E EXECUÇÃO DE SOLDA). AF_12/2021","UN","COEFICIENTE DE REPRESENTATIVIDADE",88.73,"CAIXA REFERENCIAL"]
["ASSENTAMENTO DE TUBOS E PECAS","ASTU","FORNEC E/OU ASSENT DE CONEXOES DIVERSAS","0253","","",103422,"ASSENTAMENTO DE CONEXÃO COM 3 ACESSOS, EM PEAD LISO PARA REDE DE ÁGUA OU ESGOTO, DIÂMETRO DE 315 MM, JUNTA SOLDADA (NÃO INCLUI O FORNECIMENTO E EXECUÇÃO DE SOLDA). AF_12/2021","UN","COEFICIENTE DE REPRESENTATIVIDADE",99.82,"CAIXA REFERENCIAL"]
["ASSENTAMENTO DE TUBOS E PECAS","ASTU","FORNEC E/OU ASSENT DE CONEXOES DIVERSAS","0253","","",103423,"ASSENTAMENTO DE CONEXÃO COM 3 ACESSOS, EM PEAD LISO PARA REDE DE ÁGUA OU ESGOTO, DIÂMETRO DE 355 MM, JUNTA SOLDADA (NÃO INCLUI O FORNECIMENTO E EXECUÇÃO DE SOLDA). AF_12/2021","UN","COEFICIENTE DE REPRESENTATIVIDADE",112.5,"CAIXA REFERENCIAL"]
["ASSENTAMENTO DE TUBOS E PECAS","ASTU","FORNEC E/OU ASSENT DE CONEXOES DIVERSAS","0253","","",103424,"ASSENTAMENTO DE CONEXÃO COM 3 ACESSOS, EM PEAD LISO PARA REDE DE ÁGUA OU ESGOTO, DIÂMETRO DE 400 MM, JUNTA SOLDADA (NÃO INCLUI O FORNECIMENTO E EXECUÇÃO DE SOLDA). AF_12/2021","UN","COEFICIENTE DE REPRESENTATIVIDADE",126.76,"CAIXA REFERENCIAL"]
["ASSENTAMENTO DE TUBOS E PECAS","ASTU","FORNEC E/OU ASSENT DE CONEXOES DIVERSAS","0253","","",103425,"LUVA, EM PEAD LISO PARA REDE DE ÁGUA OU ESGOTO, DIÂMETRO DE 20 MM, JUNTA SOLDADA POR ELETROFUSÃO (NÃO INCLUI A EXECUÇÃO DE SOLDA). AF_12/2021","UN","ATRIBUÍDO SÃO PAULO",15.51,"CAIXA REFERENCIAL"]
["ASSENTAMENTO DE TUBOS E PECAS","ASTU","FORNEC E/OU ASSENT DE CONEXOES DIVERSAS","0253","","",103426,"LUVA, EM PEAD LISO PARA REDE DE ÁGUA OU ESGOTO, DIÂMETRO DE 32 MM, JUNTA SOLDADA POR ELETROFUSÃO (NÃO INCLUI A EXECUÇÃO DE SOLDA). AF_12/2021","UN","ATRIBUÍDO SÃO PAULO",18.37,"CAIXA REFERENCIAL"]
["ASSENTAMENTO DE TUBOS E PECAS","ASTU","FORNEC E/OU ASSENT DE CONEXOES DIVERSAS","0253","","",103427,"LUVA, EM PEAD LISO PARA REDE DE ÁGUA OU ESGOTO, DIÂMETRO DE 63 MM, JUNTA SOLDADA POR ELETROFUSÃO (NÃO INCLUI A EXECUÇÃO DE SOLDA). AF_12/2021","UN","ATRIBUÍDO SÃO PAULO",36.85,"CAIXA REFERENCIAL"]
["ASSENTAMENTO DE TUBOS E PECAS","ASTU","FORNEC E/OU ASSENT DE CONEXOES DIVERSAS","0253","","",103428,"LUVA, EM PEAD LISO PARA REDE DE ÁGUA OU ESGOTO, DIÂMETRO DE 200 MM, JUNTA SOLDADA POR ELETROFUSÃO (NÃO INCLUI A EXECUÇÃO DE SOLDA). AF_12/2021","UN","ATRIBUÍDO SÃO PAULO",252.63,"CAIXA REFERENCIAL"]
["ASSENTAMENTO DE TUBOS E PECAS","ASTU","FORNEC E/OU ASSENT DE CONEXOES DIVERSAS","0253","","",103429,"LUVA, EM PEAD LISO PARA REDE DE ÁGUA OU ESGOTO, DIÂMETRO DE 400 MM, JUNTA SOLDADA POR ELETROFUSÃO (NÃO INCLUI A EXECUÇÃO DE SOLDA). AF_12/2021","UN","ATRIBUÍDO SÃO PAULO",2857.5,"CAIXA REFERENCIAL"]
["ASSENTAMENTO DE TUBOS E PECAS","ASTU","FORNEC E/OU ASSENT DE CONEXOES DIVERSAS","0253","","",103430,"COTOVELO 45 GRAUS, EM PEAD LISO PARA REDE DE ÁGUA OU ESGOTO, DIÂMETRO DE 32 MM, JUNTA SOLDADA POR ELETROFUSÃO (NÃO INCLUI A EXECUÇÃO DE SOLDA). AF_12/2021","UN","ATRIBUÍDO SÃO PAULO",33.659999999999997,"CAIXA REFERENCIAL"]
["ASSENTAMENTO DE TUBOS E PECAS","ASTU","FORNEC E/OU ASSENT DE CONEXOES DIVERSAS","0253","","",103431,"COTOVELO 45 GRAUS, EM PEAD LISO PARA REDE DE ÁGUA OU ESGOTO, DIÂMETRO DE 63 MM, JUNTA SOLDADA POR ELETROFUSÃO (NÃO INCLUI A EXECUÇÃO DE SOLDA). AF_12/2021","UN","ATRIBUÍDO SÃO PAULO",58.79,"CAIXA REFERENCIAL"]
["ASSENTAMENTO DE TUBOS E PECAS","ASTU","FORNEC E/OU ASSENT DE CONEXOES DIVERSAS","0253","","",103432,"COTOVELO 45 GRAUS, EM PEAD LISO PARA REDE DE ÁGUA OU ESGOTO, DIÂMETRO DE 200 MM, JUNTA SOLDADA POR ELETROFUSÃO (NÃO INCLUI A EXECUÇÃO DE SOLDA). AF_12/2021","UN","ATRIBUÍDO SÃO PAULO",1623,"CAIXA REFERENCIAL"]
["ASSENTAMENTO DE TUBOS E PECAS","ASTU","FORNEC E/OU ASSENT DE CONEXOES DIVERSAS","0253","","",103433,"COTOVELO 90 GRAUS, EM PEAD LISO PARA REDE DE ÁGUA OU ESGOTO, DIÂMETRO DE 20 MM, JUNTA SOLDADA POR ELETROFUSÃO (NÃO INCLUI A EXECUÇÃO DE SOLDA). AF_12/2021","UN","ATRIBUÍDO SÃO PAULO",33.659999999999997,"CAIXA REFERENCIAL"]
["ASSENTAMENTO DE TUBOS E PECAS","ASTU","FORNEC E/OU ASSENT DE CONEXOES DIVERSAS","0253","","",103434,"COTOVELO 90 GRAUS, EM PEAD LISO PARA REDE DE ÁGUA OU ESGOTO, DIÂMETRO DE 32 MM, JUNTA SOLDADA POR ELETROFUSÃO (NÃO INCLUI A EXECUÇÃO DE SOLDA). AF_12/2021","UN","ATRIBUÍDO SÃO PAULO",46.44,"CAIXA REFERENCIAL"]
["ASSENTAMENTO DE TUBOS E PECAS","ASTU","FORNEC E/OU ASSENT DE CONEXOES DIVERSAS","0253","","",103435,"COTOVELO 90 GRAUS, EM PEAD LISO PARA REDE DE ÁGUA OU ESGOTO, DIÂMETRO DE 63 MM, JUNTA SOLDADA POR ELETROFUSÃO (NÃO INCLUI A EXECUÇÃO DE SOLDA). AF_12/2021","UN","ATRIBUÍDO SÃO PAULO",86.29,"CAIXA REFERENCIAL"]
["ASSENTAMENTO DE TUBOS E PECAS","ASTU","FORNEC E/OU ASSENT DE CONEXOES DIVERSAS","0253","","",103436,"COTOVELO 90 GRAUS, POLIETILENO DE ALTA DENSIDADE (PEAD) PARA REDE DE ÁGUA OU ESGOTO, DIÂMETRO DE 200 MM, JUNTA SOLDADA POR ELETROFUSÃO (NÃO INCLUI A EXECUÇÃO DE SOLDA). AF_12/2021","UN","ATRIBUÍDO SÃO PAULO",2301.12,"CAIXA REFERENCIAL"]
["ASSENTAMENTO DE TUBOS E PECAS","ASTU","FORNEC E/OU ASSENT DE CONEXOES DIVERSAS","0253","","",103437,"TÊ DE SERVIÇO, EM PEAD LISO PARA REDE DE ÁGUA OU ESGOTO, DIÂMETRO DE 63 X 20 MM, JUNTA SOLDADA POR ELETROFUSÃO (NÃO INCLUI A EXECUÇÃO DE SOLDA). AF_12/2021","UN","ATRIBUÍDO SÃO PAULO",179.19,"CAIXA REFERENCIAL"]
["ASSENTAMENTO DE TUBOS E PECAS","ASTU","FORNEC E/OU ASSENT DE CONEXOES DIVERSAS","0253","","",103438,"TÊ DE SERVIÇO, EM PEAD LISO PARA REDE DE ÁGUA OU ESGOTO, DIÂMETRO DE 63 X 32 MM, JUNTA SOLDADA POR ELETROFUSÃO (NÃO INCLUI A EXECUÇÃO DE SOLDA). AF_12/2021","UN","ATRIBUÍDO SÃO PAULO",179.19,"CAIXA REFERENCIAL"]
["ASSENTAMENTO DE TUBOS E PECAS","ASTU","FORNEC E/OU ASSENT DE CONEXOES DIVERSAS","0253","","",103439,"TÊ DE SERVIÇO, EM PEAD LISO PARA REDE DE ÁGUA OU ESGOTO, DIÂMETRO DE 63 X 63 MM, JUNTA SOLDADA POR ELETROFUSÃO (NÃO INCLUI A EXECUÇÃO DE SOLDA). AF_12/2021","UN","ATRIBUÍDO SÃO PAULO",211.74,"CAIXA REFERENCIAL"]
["ASSENTAMENTO DE TUBOS E PECAS","ASTU","FORNEC E/OU ASSENT DE CONEXOES DIVERSAS","0253","","",103440,"TÊ DE SERVIÇO, EM PEAD LISO PARA REDE DE ÁGUA OU ESGOTO, DIÂMETRO DE 200 X 20 MM, JUNTA SOLDADA POR ELETROFUSÃO (NÃO INCLUI A EXECUÇÃO DE SOLDA). AF_12/2021","UN","ATRIBUÍDO SÃO PAULO",400.48,"CAIXA REFERENCIAL"]
["ASSENTAMENTO DE TUBOS E PECAS","ASTU","FORNEC E/OU ASSENT DE CONEXOES DIVERSAS","0253","","",103441,"TÊ DE SERVIÇO, EM PEAD LISO PARA REDE DE ÁGUA OU ESGOTO, DIÂMETRO DE 200 X 32 MM, JUNTA SOLDADA POR ELETROFUSÃO (NÃO INCLUI A EXECUÇÃO DE SOLDA). AF_12/2021","UN","ATRIBUÍDO SÃO PAULO",405.75,"CAIXA REFERENCIAL"]
["ASSENTAMENTO DE TUBOS E PECAS","ASTU","FORNEC E/OU ASSENT DE CONEXOES DIVERSAS","0253","","",103442,"TÊ DE SERVIÇO, EM PEAD LISO PARA REDE DE ÁGUA OU ESGOTO, DIÂMETRO DE 200 X 63 MM, JUNTA SOLDADA POR ELETROFUSÃO (NÃO INCLUI A EXECUÇÃO DE SOLDA). AF_12/2021","UN","ATRIBUÍDO SÃO PAULO",533,"CAIXA REFERENCIAL"]
["CANTEIRO DE OBRAS","CANT","CONSTRUCAO DO CANTEIRO","0001","","",93206,"EXECUÇÃO DE ESCRITÓRIO EM CANTEIRO DE OBRA EM ALVENARIA, NÃO INCLUSO MOBILIÁRIO E EQUIPAMENTOS. AF_02/2016","M2","ATRIBUÍDO SÃO PAULO",1149.8499999999999,"CAIXA REFERENCIAL"]
["CANTEIRO DE OBRAS","CANT","CONSTRUCAO DO CANTEIRO","0001","","",93207,"EXECUÇÃO DE ESCRITÓRIO EM CANTEIRO DE OBRA EM CHAPA DE MADEIRA COMPENSADA, NÃO INCLUSO MOBILIÁRIO E EQUIPAMENTOS. AF_02/2016","M2","ATRIBUÍDO SÃO PAULO",1049.7,"CAIXA REFERENCIAL"]
["CANTEIRO DE OBRAS","CANT","CONSTRUCAO DO CANTEIRO","0001","","",93208,"EXECUÇÃO DE ALMOXARIFADO EM CANTEIRO DE OBRA EM CHAPA DE MADEIRA COMPENSADA, INCLUSO PRATELEIRAS. AF_02/2016","M2","ATRIBUÍDO SÃO PAULO",775.8,"CAIXA REFERENCIAL"]
["CANTEIRO DE OBRAS","CANT","CONSTRUCAO DO CANTEIRO","0001","","",93209,"EXECUÇÃO DE ALMOXARIFADO EM CANTEIRO DE OBRA EM ALVENARIA, INCLUSO PRATELEIRAS. AF_02/2016","M2","ATRIBUÍDO SÃO PAULO",882.49,"CAIXA REFERENCIAL"]
["CANTEIRO DE OBRAS","CANT","CONSTRUCAO DO CANTEIRO","0001","","",93210,"EXECUÇÃO DE REFEITÓRIO EM CANTEIRO DE OBRA EM CHAPA DE MADEIRA COMPENSADA, NÃO INCLUSO MOBILIÁRIO E EQUIPAMENTOS. AF_02/2016","M2","ATRIBUÍDO SÃO PAULO",559.15,"CAIXA REFERENCIAL"]
["CANTEIRO DE OBRAS","CANT","CONSTRUCAO DO CANTEIRO","0001","","",93211,"EXECUÇÃO DE REFEITÓRIO EM CANTEIRO DE OBRA EM ALVENARIA, NÃO INCLUSO MOBILIÁRIO E EQUIPAMENTOS. AF_02/2016","M2","ATRIBUÍDO SÃO PAULO",568.04,"CAIXA REFERENCIAL"]
["CANTEIRO DE OBRAS","CANT","CONSTRUCAO DO CANTEIRO","0001","","",93212,"EXECUÇÃO DE SANITÁRIO E VESTIÁRIO EM CANTEIRO DE OBRA EM CHAPA DE MADEIRA COMPENSADA, NÃO INCLUSO MOBILIÁRIO. AF_02/2016","M2","ATRIBUÍDO SÃO PAULO",925.26,"CAIXA REFERENCIAL"]
["CANTEIRO DE OBRAS","CANT","CONSTRUCAO DO CANTEIRO","0001","","",93213,"EXECUÇÃO DE SANITÁRIO E VESTIÁRIO EM CANTEIRO DE OBRA EM ALVENARIA, NÃO INCLUSO MOBILIÁRIO. AF_02/2016","M2","ATRIBUÍDO SÃO PAULO",1016.87,"CAIXA REFERENCIAL"]
["CANTEIRO DE OBRAS","CANT","CONSTRUCAO DO CANTEIRO","0001","","",93214,"EXECUÇÃO DE RESERVATÓRIO ELEVADO DE ÁGUA (1000 LITROS) EM CANTEIRO DE OBRA, APOIADO EM ESTRUTURA DE MADEIRA. AF_02/2016_PA","UN","ATRIBUÍDO SÃO PAULO",4585.1499999999996,"CAIXA REFERENCIAL"]
["CANTEIRO DE OBRAS","CANT","CONSTRUCAO DO CANTEIRO","0001","","",93243,"EXECUÇÃO DE RESERVATÓRIO ELEVADO DE ÁGUA (2000 LITROS) EM CANTEIRO DE OBRA, APOIADO EM ESTRUTURA DE MADEIRA. AF_02/2016_PA","UN","ATRIBUÍDO SÃO PAULO",7223.98,"CAIXA REFERENCIAL"]
["CANTEIRO DE OBRAS","CANT","CONSTRUCAO DO CANTEIRO","0001","","",93582,"EXECUÇÃO DE CENTRAL DE ARMADURA EM CANTEIRO DE OBRA, NÃO INCLUSO MOBILIÁRIO E EQUIPAMENTOS. AF_04/2016","M2","ATRIBUÍDO SÃO PAULO",262.36,"CAIXA REFERENCIAL"]
["CANTEIRO DE OBRAS","CANT","CONSTRUCAO DO CANTEIRO","0001","","",93583,"EXECUÇÃO DE CENTRAL DE FÔRMAS, PRODUÇÃO DE ARGAMASSA OU CONCRETO EM CANTEIRO DE OBRA, NÃO INCLUSO MOBILIÁRIO E EQUIPAMENTOS. AF_04/2016","M2","ATRIBUÍDO SÃO PAULO",463.73,"CAIXA REFERENCIAL"]
["CANTEIRO DE OBRAS","CANT","CONSTRUCAO DO CANTEIRO","0001","","",93584,"EXECUÇÃO DE DEPÓSITO EM CANTEIRO DE OBRA EM CHAPA DE MADEIRA COMPENSADA, NÃO INCLUSO MOBILIÁRIO. AF_04/2016","M2","ATRIBUÍDO SÃO PAULO",766.01,"CAIXA REFERENCIAL"]
["CANTEIRO DE OBRAS","CANT","CONSTRUCAO DO CANTEIRO","0001","","",93585,"EXECUÇÃO DE GUARITA EM CANTEIRO DE OBRA EM CHAPA DE MADEIRA COMPENSADA, NÃO INCLUSO MOBILIÁRIO. AF_04/2016","M2","ATRIBUÍDO SÃO PAULO",1085.32,"CAIXA REFERENCIAL"]
["CANTEIRO DE OBRAS","CANT","CONSTRUCAO DO CANTEIRO","0001","","",98441,"PAREDE DE MADEIRA COMPENSADA PARA CONSTRUÇÃO TEMPORÁRIA EM CHAPA SIMPLES, EXTERNA, COM ÁREA LÍQUIDA MAIOR OU IGUAL A 6 M², SEM VÃO. AF_05/2018","M2","COEFICIENTE DE REPRESENTATIVIDADE",113.7,"CAIXA REFERENCIAL"]
["CANTEIRO DE OBRAS","CANT","CONSTRUCAO DO CANTEIRO","0001","","",98442,"PAREDE DE MADEIRA COMPENSADA PARA CONSTRUÇÃO TEMPORÁRIA EM CHAPA SIMPLES, EXTERNA, COM ÁREA LÍQUIDA MENOR QUE 6 M², SEM VÃO. AF_05/2018","M2","COEFICIENTE DE REPRESENTATIVIDADE",116.57,"CAIXA REFERENCIAL"]
["CANTEIRO DE OBRAS","CANT","CONSTRUCAO DO CANTEIRO","0001","","",98443,"PAREDE DE MADEIRA COMPENSADA PARA CONSTRUÇÃO TEMPORÁRIA EM CHAPA SIMPLES, INTERNA, COM ÁREA LÍQUIDA MAIOR OU IGUAL A 6 M², SEM VÃO. AF_05/2018","M2","COEFICIENTE DE REPRESENTATIVIDADE",98.77,"CAIXA REFERENCIAL"]
["CANTEIRO DE OBRAS","CANT","CONSTRUCAO DO CANTEIRO","0001","","",98444,"PAREDE DE MADEIRA COMPENSADA PARA CONSTRUÇÃO TEMPORÁRIA EM CHAPA SIMPLES, INTERNA, COM ÁREA LÍQUIDA MENOR QUE 6 M², SEM VÃO. AF_05/2018","M2","COEFICIENTE DE REPRESENTATIVIDADE",100.81,"CAIXA REFERENCIAL"]
["CANTEIRO DE OBRAS","CANT","CONSTRUCAO DO CANTEIRO","0001","","",98445,"PAREDE DE MADEIRA COMPENSADA PARA CONSTRUÇÃO TEMPORÁRIA EM CHAPA SIMPLES, EXTERNA, COM ÁREA LÍQUIDA MAIOR OU IGUAL A 6 M², COM VÃO. AF_05/2018","M2","COEFICIENTE DE REPRESENTATIVIDADE",135.22,"CAIXA REFERENCIAL"]
["CANTEIRO DE OBRAS","CANT","CONSTRUCAO DO CANTEIRO","0001","","",98446,"PAREDE DE MADEIRA COMPENSADA PARA CONSTRUÇÃO TEMPORÁRIA EM CHAPA SIMPLES, EXTERNA, COM ÁREA LÍQUIDA MENOR QUE 6 M², COM VÃO. AF_05/2018","M2","COEFICIENTE DE REPRESENTATIVIDADE",172.52,"CAIXA REFERENCIAL"]
["CANTEIRO DE OBRAS","CANT","CONSTRUCAO DO CANTEIRO","0001","","",98447,"PAREDE DE MADEIRA COMPENSADA PARA CONSTRUÇÃO TEMPORÁRIA EM CHAPA SIMPLES, INTERNA, COM ÁREA LÍQUIDA MAIOR OU IGUAL A 6 M², COM VÃO. AF_05/2018","M2","COEFICIENTE DE REPRESENTATIVIDADE",114.53,"CAIXA REFERENCIAL"]
["CANTEIRO DE OBRAS","CANT","CONSTRUCAO DO CANTEIRO","0001","","",98448,"PAREDE DE MADEIRA COMPENSADA PARA CONSTRUÇÃO TEMPORÁRIA EM CHAPA SIMPLES, INTERNA, COM ÁREA LÍQUIDA MENOR QUE 6 M², COM VÃO. AF_05/2018","M2","COEFICIENTE DE REPRESENTATIVIDADE",142.79,"CAIXA REFERENCIAL"]
["CANTEIRO DE OBRAS","CANT","CONSTRUCAO DO CANTEIRO","0001","","",98449,"PAREDE DE MADEIRA COMPENSADA PARA CONSTRUÇÃO TEMPORÁRIA EM CHAPA DUPLA, EXTERNA, COM ÁREA LÍQUIDA MAIOR OU IGUAL A 6 M², SEM VÃO. AF_05/2018","M2","COEFICIENTE DE REPRESENTATIVIDADE",159.19999999999999,"CAIXA REFERENCIAL"]
["CANTEIRO DE OBRAS","CANT","CONSTRUCAO DO CANTEIRO","0001","","",98450,"PAREDE DE MADEIRA COMPENSADA PARA CONSTRUÇÃO TEMPORÁRIA EM CHAPA DUPLA, EXTERNA, COM ÁREA LÍQUIDA MENOR QUE 6 M², SEM VÃO. AF_05/2018","M2","COEFICIENTE DE REPRESENTATIVIDADE",163.37,"CAIXA REFERENCIAL"]
["CANTEIRO DE OBRAS","CANT","CONSTRUCAO DO CANTEIRO","0001","","",98451,"PAREDE DE MADEIRA COMPENSADA PARA CONSTRUÇÃO TEMPORÁRIA EM CHAPA DUPLA, INTERNA, COM ÁREA LÍQUIDA MAIOR OU IGUAL A 6 M², SEM VÃO. AF_05/2018","M2","COEFICIENTE DE REPRESENTATIVIDADE",141.80000000000001,"CAIXA REFERENCIAL"]
["CANTEIRO DE OBRAS","CANT","CONSTRUCAO DO CANTEIRO","0001","","",98452,"PAREDE DE MADEIRA COMPENSADA PARA CONSTRUÇÃO TEMPORÁRIA EM CHAPA DUPLA, INTERNA, COM ÁREA LÍQUIDA MENOR QUE 6 M², SEM VÃO. AF_05/2018","M2","COEFICIENTE DE REPRESENTATIVIDADE",144.33000000000001,"CAIXA REFERENCIAL"]
["CANTEIRO DE OBRAS","CANT","CONSTRUCAO DO CANTEIRO","0001","","",98453,"PAREDE DE MADEIRA COMPENSADA PARA CONSTRUÇÃO TEMPORÁRIA EM CHAPA DUPLA, EXTERNA, COM ÁREA LÍQUIDA MAIOR OU IGUAL A QUE 6 M², COM VÃO. AF_05/2018","M2","COEFICIENTE DE REPRESENTATIVIDADE",185.64,"CAIXA REFERENCIAL"]
["CANTEIRO DE OBRAS","CANT","CONSTRUCAO DO CANTEIRO","0001","","",98454,"PAREDE DE MADEIRA COMPENSADA PARA CONSTRUÇÃO TEMPORÁRIA EM CHAPA DUPLA, EXTERNA, COM ÁREA LÍQUIDA MENOR QUE 6 M², COM VÃO. AF_05/2018","M2","COEFICIENTE DE REPRESENTATIVIDADE",234.91,"CAIXA REFERENCIAL"]
["CANTEIRO DE OBRAS","CANT","CONSTRUCAO DO CANTEIRO","0001","","",98455,"PAREDE DE MADEIRA COMPENSADA PARA CONSTRUÇÃO TEMPORÁRIA EM CHAPA DUPLA, INTERNA, COM ÁREA LÍQUIDA MAIOR OU IGUAL A 6 M², COM VÃO. AF_05/2018","M2","COEFICIENTE DE REPRESENTATIVIDADE",162.49,"CAIXA REFERENCIAL"]
["CANTEIRO DE OBRAS","CANT","CONSTRUCAO DO CANTEIRO","0001","","",98456,"PAREDE DE MADEIRA COMPENSADA PARA CONSTRUÇÃO TEMPORÁRIA EM CHAPA DUPLA, INTERNA, COM ÁREA LÍQUIDA MENOR QUE 6 M², COM VÃO. AF_05/2018","M2","COEFICIENTE DE REPRESENTATIVIDADE",201.89,"CAIXA REFERENCIAL"]
["CANTEIRO DE OBRAS","CANT","CONSTRUCAO DO CANTEIRO","0001","","",98458,"TAPUME COM COMPENSADO DE MADEIRA. AF_05/2018","M2","COEFICIENTE DE REPRESENTATIVIDADE",108.91,"CAIXA REFERENCIAL"]
["CANTEIRO DE OBRAS","CANT","CONSTRUCAO DO CANTEIRO","0001","","",98459,"TAPUME COM TELHA METÁLICA. AF_05/2018","M2","COEFICIENTE DE REPRESENTATIVIDADE",81.44,"CAIXA REFERENCIAL"]
["CANTEIRO DE OBRAS","CANT","CONSTRUCAO DO CANTEIRO","0001","","",98460,"PISO PARA CONSTRUÇÃO TEMPORÁRIA EM MADEIRA, SEM REAPROVEITAMENTO. AF_05/2018","M2","COEFICIENTE DE REPRESENTATIVIDADE",142.19999999999999,"CAIXA REFERENCIAL"]
["CANTEIRO DE OBRAS","CANT","CONSTRUCAO DO CANTEIRO","0001","","",98461,"ESTRUTURA DE MADEIRA PROVISÓRIA PARA SUPORTE DE CAIXA D ÁGUA ELEVADA DE 1000 LITROS. AF_05/2018_PS","UN","ATRIBUÍDO SÃO PAULO",3862.77,"CAIXA REFERENCIAL"]
["CANTEIRO DE OBRAS","CANT","CONSTRUCAO DO CANTEIRO","0001","","",98462,"ESTRUTURA DE MADEIRA PROVISÓRIA PARA SUPORTE DE CAIXA D ÁGUA ELEVADA DE 3000 LITROS. AF_05/2018_PS","UN","ATRIBUÍDO SÃO PAULO",5884.75,"CAIXA REFERENCIAL"]
["CUSTOS HORÁRIOS DE MÁQUINAS E EQUIPAMENTOS","CHOR","CUSTO HORÁRIO PRODUTIVO DIURNO","0325","","",5631,"ESCAVADEIRA HIDRÁULICA SOBRE ESTEIRAS, CAÇAMBA 0,80 M3, PESO OPERACIONAL 17 T, POTENCIA BRUTA 111 HP - CHP DIURNO. AF_06/2014","CHP","ATRIBUÍDO SÃO PAULO",194.74,"CAIXA REFERENCIAL"]
["CUSTOS HORÁRIOS DE MÁQUINAS E EQUIPAMENTOS","CHOR","CUSTO HORÁRIO PRODUTIVO DIURNO","0325","","",5678,"RETROESCAVADEIRA SOBRE RODAS COM CARREGADEIRA, TRAÇÃO 4X4, POTÊNCIA LÍQ. 88 HP, CAÇAMBA CARREG. CAP. MÍN. 1 M3, CAÇAMBA RETRO CAP. 0,26 M3, PESO OPERACIONAL MÍN. 6.674 KG, PROFUNDIDADE ESCAVAÇÃO MÁX. 4,37 M - CHP DIURNO. AF_06/2014","CHP","ATRIBUÍDO SÃO PAULO",126.91,"CAIXA REFERENCIAL"]
["CUSTOS HORÁRIOS DE MÁQUINAS E EQUIPAMENTOS","CHOR","CUSTO HORÁRIO PRODUTIVO DIURNO","0325","","",5680,"RETROESCAVADEIRA SOBRE RODAS COM CARREGADEIRA, TRAÇÃO 4X2, POTÊNCIA LÍQ. 79 HP, CAÇAMBA CARREG. CAP. MÍN. 1 M3, CAÇAMBA RETRO CAP. 0,20 M3, PESO OPERACIONAL MÍN. 6.570 KG, PROFUNDIDADE ESCAVAÇÃO MÁX. 4,37 M - CHP DIURNO. AF_06/2014","CHP","ATRIBUÍDO SÃO PAULO",115.72,"CAIXA REFERENCIAL"]
["CUSTOS HORÁRIOS DE MÁQUINAS E EQUIPAMENTOS","CHOR","CUSTO HORÁRIO PRODUTIVO DIURNO","0325","","",5684,"ROLO COMPACTADOR VIBRATÓRIO DE UM CILINDRO AÇO LISO, POTÊNCIA 80 HP, PESO OPERACIONAL MÁXIMO 8,1 T, IMPACTO DINÂMICO 16,15 / 9,5 T, LARGURA DE TRABALHO 1,68 M - CHP DIURNO. AF_06/2014","CHP","ATRIBUÍDO SÃO PAULO",148.44999999999999,"CAIXA REFERENCIAL"]
["CUSTOS HORÁRIOS DE MÁQUINAS E EQUIPAMENTOS","CHOR","CUSTO HORÁRIO PRODUTIVO DIURNO","0325","","",5689,"GRADE DE DISCO CONTROLE REMOTO REBOCÁVEL, COM 24 DISCOS 24 X 6 MM COM PNEUS PARA TRANSPORTE - CHP DIURNO. AF_06/2014","CHP","ATRIBUÍDO SÃO PAULO",6.98,"CAIXA REFERENCIAL"]
["CUSTOS HORÁRIOS DE MÁQUINAS E EQUIPAMENTOS","CHOR","CUSTO HORÁRIO PRODUTIVO DIURNO","0325","","",5795,"MARTELETE OU ROMPEDOR PNEUMÁTICO MANUAL, 28 KG, COM SILENCIADOR - CHP DIURNO. AF_07/2016","CHP","ATRIBUÍDO SÃO PAULO",20.13,"CAIXA REFERENCIAL"]
["CUSTOS HORÁRIOS DE MÁQUINAS E EQUIPAMENTOS","CHOR","CUSTO HORÁRIO PRODUTIVO DIURNO","0325","","",5811,"CAMINHÃO BASCULANTE 6 M3, PESO BRUTO TOTAL 16.000 KG, CARGA ÚTIL MÁXIMA 13.071 KG, DISTÂNCIA ENTRE EIXOS 4,80 M, POTÊNCIA 230 CV INCLUSIVE CAÇAMBA METÁLICA - CHP DIURNO. AF_06/2014","CHP","ATRIBUÍDO SÃO PAULO",191.03,"CAIXA REFERENCIAL"]
["CUSTOS HORÁRIOS DE MÁQUINAS E EQUIPAMENTOS","CHOR","CUSTO HORÁRIO PRODUTIVO DIURNO","0325","","",5823,"USINA DE CONCRETO FIXA, CAPACIDADE NOMINAL DE 90 A 120 M3/H, SEM SILO - CHP DIURNO. AF_07/2016","CHP","ATRIBUÍDO SÃO PAULO",187.99,"CAIXA REFERENCIAL"]
["CUSTOS HORÁRIOS DE MÁQUINAS E EQUIPAMENTOS","CHOR","CUSTO HORÁRIO PRODUTIVO DIURNO","0325","","",5824,"CAMINHÃO TOCO, PBT 16.000 KG, CARGA ÚTIL MÁX. 10.685 KG, DIST. ENTRE EIXOS 4,8 M, POTÊNCIA 189 CV, INCLUSIVE CARROCERIA FIXA ABERTA DE MADEIRA P/ TRANSPORTE GERAL DE CARGA SECA, DIMEN. APROX. 2,5 X 7,00 X 0,50 M - CHP DIURNO. AF_06/2014","CHP","ATRIBUÍDO SÃO PAULO",201.95,"CAIXA REFERENCIAL"]
["CUSTOS HORÁRIOS DE MÁQUINAS E EQUIPAMENTOS","CHOR","CUSTO HORÁRIO PRODUTIVO DIURNO","0325","","",5835,"VIBROACABADORA DE ASFALTO SOBRE ESTEIRAS, LARGURA DE PAVIMENTAÇÃO 1,90 M A 5,30 M, POTÊNCIA 105 HP CAPACIDADE 450 T/H - CHP DIURNO. AF_11/2014","CHP","ATRIBUÍDO SÃO PAULO",382.2,"CAIXA REFERENCIAL"]
["CUSTOS HORÁRIOS DE MÁQUINAS E EQUIPAMENTOS","CHOR","CUSTO HORÁRIO PRODUTIVO DIURNO","0325","","",5839,"VASSOURA MECÂNICA REBOCÁVEL COM ESCOVA CILÍNDRICA, LARGURA ÚTIL DE VARRIMENTO DE 2,44 M - CHP DIURNO. AF_06/2014","CHP","ATRIBUÍDO SÃO PAULO",10.3,"CAIXA REFERENCIAL"]
["CUSTOS HORÁRIOS DE MÁQUINAS E EQUIPAMENTOS","CHOR","CUSTO HORÁRIO PRODUTIVO DIURNO","0325","","",5843,"TRATOR DE PNEUS, POTÊNCIA 122 CV, TRAÇÃO 4X4, PESO COM LASTRO DE 4.510 KG - CHP DIURNO. AF_06/2014","CHP","ATRIBUÍDO SÃO PAULO",151.33000000000001,"CAIXA REFERENCIAL"]
["CUSTOS HORÁRIOS DE MÁQUINAS E EQUIPAMENTOS","CHOR","CUSTO HORÁRIO PRODUTIVO DIURNO","0325","","",5847,"TRATOR DE ESTEIRAS, POTÊNCIA 170 HP, PESO OPERACIONAL 19 T, CAÇAMBA 5,2 M3 - CHP DIURNO. AF_06/2014","CHP","ATRIBUÍDO SÃO PAULO",238.86,"CAIXA REFERENCIAL"]
["CUSTOS HORÁRIOS DE MÁQUINAS E EQUIPAMENTOS","CHOR","CUSTO HORÁRIO PRODUTIVO DIURNO","0325","","",5851,"TRATOR DE ESTEIRAS, POTÊNCIA 150 HP, PESO OPERACIONAL 16,7 T, COM RODA MOTRIZ ELEVADA E LÂMINA 3,18 M3 - CHP DIURNO. AF_06/2014","CHP","ATRIBUÍDO SÃO PAULO",228.23,"CAIXA REFERENCIAL"]
["CUSTOS HORÁRIOS DE MÁQUINAS E EQUIPAMENTOS","CHOR","CUSTO HORÁRIO PRODUTIVO DIURNO","0325","","",5855,"TRATOR DE ESTEIRAS, POTÊNCIA 347 HP, PESO OPERACIONAL 38,5 T, COM LÂMINA 8,70 M3 - CHP DIURNO. AF_06/2014","CHP","ATRIBUÍDO SÃO PAULO",623.63,"CAIXA REFERENCIAL"]
["CUSTOS HORÁRIOS DE MÁQUINAS E EQUIPAMENTOS","CHOR","CUSTO HORÁRIO PRODUTIVO DIURNO","0325","","",5863,"ROLO COMPACTADOR VIBRATÓRIO REBOCÁVEL, CILINDRO DE AÇO LISO, POTÊNCIA DE TRAÇÃO DE 65 CV, PESO 4,7 T, IMPACTO DINÂMICO 18,3 T, LARGURA DE TRABALHO 1,67 M - CHP DIURNO. AF_02/2016","CHP","ATRIBUÍDO SÃO PAULO",23.91,"CAIXA REFERENCIAL"]
["CUSTOS HORÁRIOS DE MÁQUINAS E EQUIPAMENTOS","CHOR","CUSTO HORÁRIO PRODUTIVO DIURNO","0325","","",5867,"ROLO COMPACTADOR VIBRATÓRIO TANDEM AÇO LISO, POTÊNCIA 58 HP, PESO SEM/COM LASTRO 6,5 / 9,4 T, LARGURA DE TRABALHO 1,2 M - CHP DIURNO. AF_06/2014","CHP","ATRIBUÍDO SÃO PAULO",151.69999999999999,"CAIXA REFERENCIAL"]
["CUSTOS HORÁRIOS DE MÁQUINAS E EQUIPAMENTOS","CHOR","CUSTO HORÁRIO PRODUTIVO DIURNO","0325","","",5875,"RETROESCAVADEIRA SOBRE RODAS COM CARREGADEIRA, TRAÇÃO 4X4, POTÊNCIA LÍQ. 72 HP, CAÇAMBA CARREG. CAP. MÍN. 0,79 M3, CAÇAMBA RETRO CAP. 0,18 M3, PESO OPERACIONAL MÍN. 7.140 KG, PROFUNDIDADE ESCAVAÇÃO MÁX. 4,50 M - CHP DIURNO. AF_06/2014","CHP","ATRIBUÍDO SÃO PAULO",116.43,"CAIXA REFERENCIAL"]
["CUSTOS HORÁRIOS DE MÁQUINAS E EQUIPAMENTOS","CHOR","CUSTO HORÁRIO PRODUTIVO DIURNO","0325","","",5879,"ROLO COMPACTADOR VIBRATÓRIO PÉ DE CARNEIRO, OPERADO POR CONTROLE REMOTO, POTÊNCIA 12,5 KW, PESO OPERACIONAL 1,675 T, LARGURA DE TRABALHO 0,85 M - CHP DIURNO. AF_02/2016","CHP","ATRIBUÍDO SÃO PAULO",136.35,"CAIXA REFERENCIAL"]
["CUSTOS HORÁRIOS DE MÁQUINAS E EQUIPAMENTOS","CHOR","CUSTO HORÁRIO PRODUTIVO DIURNO","0325","","",5882,"USINA DE LAMA ASFÁLTICA, PROD 30 A 50 T/H, SILO DE AGREGADO 7 M3, RESERVATÓRIOS PARA EMULSÃO E ÁGUA DE 2,3 M3 CADA, MISTURADOR TIPO PUG MILL A SER MONTADO SOBRE CAMINHÃO - CHP DIURNO. AF_10/2014","CHP","ATRIBUÍDO SÃO PAULO",117.38,"CAIXA REFERENCIAL"]
["CUSTOS HORÁRIOS DE MÁQUINAS E EQUIPAMENTOS","CHOR","CUSTO HORÁRIO PRODUTIVO DIURNO","0325","","",5890,"CAMINHÃO TOCO, PESO BRUTO TOTAL 14.300 KG, CARGA ÚTIL MÁXIMA 9590 KG, DISTÂNCIA ENTRE EIXOS 4,76 M, POTÊNCIA 185 CV (NÃO INCLUI CARROCERIA) - CHP DIURNO. AF_06/2014","CHP","ATRIBUÍDO SÃO PAULO",189.26,"CAIXA REFERENCIAL"]
["CUSTOS HORÁRIOS DE MÁQUINAS E EQUIPAMENTOS","CHOR","CUSTO HORÁRIO PRODUTIVO DIURNO","0325","","",5894,"CAMINHÃO TOCO, PESO BRUTO TOTAL 16.000 KG, CARGA ÚTIL MÁXIMA DE 10.685 KG, DISTÂNCIA ENTRE EIXOS 4,80 M, POTÊNCIA 189 CV EXCLUSIVE CARROCERIA - CHP DIURNO. AF_06/2014","CHP","ATRIBUÍDO SÃO PAULO",197.73,"CAIXA REFERENCIAL"]
["CUSTOS HORÁRIOS DE MÁQUINAS E EQUIPAMENTOS","CHOR","CUSTO HORÁRIO PRODUTIVO DIURNO","0325","","",5901,"CAMINHÃO PIPA 10.000 L TRUCADO, PESO BRUTO TOTAL 23.000 KG, CARGA ÚTIL MÁXIMA 15.935 KG, DISTÂNCIA ENTRE EIXOS 4,8 M, POTÊNCIA 230 CV, INCLUSIVE TANQUE DE AÇO PARA TRANSPORTE DE ÁGUA - CHP DIURNO. AF_06/2014","CHP","ATRIBUÍDO SÃO PAULO",297.04000000000002,"CAIXA REFERENCIAL"]
["CUSTOS HORÁRIOS DE MÁQUINAS E EQUIPAMENTOS","CHOR","CUSTO HORÁRIO PRODUTIVO DIURNO","0325","","",5909,"ESPARGIDOR DE ASFALTO PRESSURIZADO COM TANQUE DE 2500 L, REBOCÁVEL COM MOTOR A GASOLINA POTÊNCIA 3,4 HP - CHP DIURNO. AF_07/2014","CHP","ATRIBUÍDO SÃO PAULO",29.76,"CAIXA REFERENCIAL"]
["CUSTOS HORÁRIOS DE MÁQUINAS E EQUIPAMENTOS","CHOR","CUSTO HORÁRIO PRODUTIVO DIURNO","0325","","",5921,"GRADE DE DISCO REBOCÁVEL COM 20 DISCOS 24\" X 6 MM COM PNEUS PARA TRANSPORTE - CHP DIURNO. AF_06/2014","CHP","ATRIBUÍDO SÃO PAULO",5.47,"CAIXA REFERENCIAL"]
["CUSTOS HORÁRIOS DE MÁQUINAS E EQUIPAMENTOS","CHOR","CUSTO HORÁRIO PRODUTIVO DIURNO","0325","","",5928,"GUINDAUTO HIDRÁULICO, CAPACIDADE MÁXIMA DE CARGA 6200 KG, MOMENTO MÁXIMO DE CARGA 11,7 TM, ALCANCE MÁXIMO HORIZONTAL 9,70 M, INCLUSIVE CAMINHÃO TOCO PBT 16.000 KG, POTÊNCIA DE 189 CV - CHP DIURNO. AF_06/2014","CHP","ATRIBUÍDO SÃO PAULO",257.86,"CAIXA REFERENCIAL"]
["CUSTOS HORÁRIOS DE MÁQUINAS E EQUIPAMENTOS","CHOR","CUSTO HORÁRIO PRODUTIVO DIURNO","0325","","",5932,"MOTONIVELADORA POTÊNCIA BÁSICA LÍQUIDA (PRIMEIRA MARCHA) 125 HP, PESO BRUTO 13032 KG, LARGURA DA LÂMINA DE 3,7 M - CHP DIURNO. AF_06/2014","CHP","COEFICIENTE DE REPRESENTATIVIDADE",264.73,"CAIXA REFERENCIAL"]
["CUSTOS HORÁRIOS DE MÁQUINAS E EQUIPAMENTOS","CHOR","CUSTO HORÁRIO PRODUTIVO DIURNO","0325","","",5940,"PÁ CARREGADEIRA SOBRE RODAS, POTÊNCIA LÍQUIDA 128 HP, CAPACIDADE DA CAÇAMBA 1,7 A 2,8 M3, PESO OPERACIONAL 11632 KG - CHP DIURNO. AF_06/2014","CHP","ATRIBUÍDO SÃO PAULO",169.63,"CAIXA REFERENCIAL"]
["CUSTOS HORÁRIOS DE MÁQUINAS E EQUIPAMENTOS","CHOR","CUSTO HORÁRIO PRODUTIVO DIURNO","0325","","",5944,"PÁ CARREGADEIRA SOBRE RODAS, POTÊNCIA 197 HP, CAPACIDADE DA CAÇAMBA 2,5 A 3,5 M3, PESO OPERACIONAL 18338 KG - CHP DIURNO. AF_06/2014","CHP","ATRIBUÍDO SÃO PAULO",207.48,"CAIXA REFERENCIAL"]
["CUSTOS HORÁRIOS DE MÁQUINAS E EQUIPAMENTOS","CHOR","CUSTO HORÁRIO PRODUTIVO DIURNO","0325","","",5953,"COMPRESSOR DE AR REBOCÁVEL, VAZÃO 189 PCM, PRESSÃO EFETIVA DE TRABALHO 102 PSI, MOTOR DIESEL, POTÊNCIA 63 CV - CHP DIURNO. AF_06/2015","CHP","ATRIBUÍDO SÃO PAULO",55.46,"CAIXA REFERENCIAL"]
["CUSTOS HORÁRIOS DE MÁQUINAS E EQUIPAMENTOS","CHOR","CUSTO HORÁRIO PRODUTIVO DIURNO","0325","","",6259,"CAMINHÃO PIPA 6.000 L, PESO BRUTO TOTAL 13.000 KG, DISTÂNCIA ENTRE EIXOS 4,80 M, POTÊNCIA 189 CV INCLUSIVE TANQUE DE AÇO PARA TRANSPORTE DE ÁGUA, CAPACIDADE 6 M3 - CHP DIURNO. AF_06/2014","CHP","ATRIBUÍDO SÃO PAULO",237.38,"CAIXA REFERENCIAL"]
["CUSTOS HORÁRIOS DE MÁQUINAS E EQUIPAMENTOS","CHOR","CUSTO HORÁRIO PRODUTIVO DIURNO","0325","","",6879,"ROLO COMPACTADOR DE PNEUS ESTÁTICO, PRESSÃO VARIÁVEL, POTÊNCIA 111 HP, PESO SEM/COM LASTRO 9,5 / 26 T, LARGURA DE TRABALHO 1,90 M - CHP DIURNO. AF_07/2014","CHP","ATRIBUÍDO SÃO PAULO",199.7,"CAIXA REFERENCIAL"]
["CUSTOS HORÁRIOS DE MÁQUINAS E EQUIPAMENTOS","CHOR","CUSTO HORÁRIO PRODUTIVO DIURNO","0325","","",7030,"TANQUE DE ASFALTO ESTACIONÁRIO COM SERPENTINA, CAPACIDADE 30.000 L - CHP DIURNO. AF_05/2023","CHP","ATRIBUÍDO SÃO PAULO",245.16,"CAIXA REFERENCIAL"]
["CUSTOS HORÁRIOS DE MÁQUINAS E EQUIPAMENTOS","CHOR","CUSTO HORÁRIO PRODUTIVO DIURNO","0325","","",7042,"MOTOBOMBA TRASH (PARA ÁGUA SUJA) AUTO ESCORVANTE, MOTOR GASOLINA DE 6,41 HP, DIÂMETROS DE SUCÇÃO X RECALQUE: 3\" X 3\", HM/Q = 10 MCA / 60 M3/H A 23 MCA / 0 M3/H - CHP DIURNO. AF_10/2014","CHP","COEFICIENTE DE REPRESENTATIVIDADE",22.87,"CAIXA REFERENCIAL"]
["CUSTOS HORÁRIOS DE MÁQUINAS E EQUIPAMENTOS","CHOR","CUSTO HORÁRIO PRODUTIVO DIURNO","0325","","",7049,"ROLO COMPACTADOR PE DE CARNEIRO VIBRATORIO, POTENCIA 125 HP, PESO OPERACIONAL SEM/COM LASTRO 11,95 / 13,30 T, IMPACTO DINAMICO 38,5 / 22,5 T, LARGURA DE TRABALHO 2,15 M - CHP DIURNO. AF_06/2014","CHP","ATRIBUÍDO SÃO PAULO",208.42,"CAIXA REFERENCIAL"]
["CUSTOS HORÁRIOS DE MÁQUINAS E EQUIPAMENTOS","CHOR","CUSTO HORÁRIO PRODUTIVO DIURNO","0325","","",67826,"CAMINHÃO BASCULANTE 6 M3 TOCO, PESO BRUTO TOTAL 16.000 KG, CARGA ÚTIL MÁXIMA 11.130 KG, DISTÂNCIA ENTRE EIXOS 5,36 M, POTÊNCIA 185 CV, INCLUSIVE CAÇAMBA METÁLICA - CHP DIURNO. AF_06/2014","CHP","ATRIBUÍDO SÃO PAULO",175.69,"CAIXA REFERENCIAL"]
["CUSTOS HORÁRIOS DE MÁQUINAS E EQUIPAMENTOS","CHOR","CUSTO HORÁRIO PRODUTIVO DIURNO","0325","","",73417,"GRUPO GERADOR ESTACIONÁRIO, MOTOR DIESEL POTÊNCIA 170 KVA - CHP DIURNO. AF_02/2016","CHP","ATRIBUÍDO SÃO PAULO",173.39,"CAIXA REFERENCIAL"]
["CUSTOS HORÁRIOS DE MÁQUINAS E EQUIPAMENTOS","CHOR","CUSTO HORÁRIO PRODUTIVO DIURNO","0325","","",73436,"ROLO COMPACTADOR VIBRATÓRIO PÉ DE CARNEIRO PARA SOLOS, POTÊNCIA 80 HP, PESO OPERACIONAL SEM/COM LASTRO 7,4 / 8,8 T, LARGURA DE TRABALHO 1,68 M - CHP DIURNO. AF_02/2016","CHP","ATRIBUÍDO SÃO PAULO",151.66,"CAIXA REFERENCIAL"]
["CUSTOS HORÁRIOS DE MÁQUINAS E EQUIPAMENTOS","CHOR","CUSTO HORÁRIO PRODUTIVO DIURNO","0325","","",73467,"CAMINHÃO TOCO, PBT 14.300 KG, CARGA ÚTIL MÁX. 9.710 KG, DIST. ENTRE EIXOS 3,56 M, POTÊNCIA 185 CV, INCLUSIVE CARROCERIA FIXA ABERTA DE MADEIRA P/ TRANSPORTE GERAL DE CARGA SECA, DIMEN. APROX. 2,50 X 6,50 X 0,50 M - CHP DIURNO. AF_06/2014","CHP","ATRIBUÍDO SÃO PAULO",230.3,"CAIXA REFERENCIAL"]
["CUSTOS HORÁRIOS DE MÁQUINAS E EQUIPAMENTOS","CHOR","CUSTO HORÁRIO PRODUTIVO DIURNO","0325","","",73536,"MOTOBOMBA CENTRÍFUGA, MOTOR A GASOLINA, POTÊNCIA 5,42 HP, BOCAIS 1 1/2\" X 1\", DIÂMETRO ROTOR 143 MM HM/Q = 6 MCA / 16,8 M3/H A 38 MCA / 6,6 M3/H - CHP DIURNO. AF_06/2014","CHP","COEFICIENTE DE REPRESENTATIVIDADE",19.329999999999998,"CAIXA REFERENCIAL"]
["CUSTOS HORÁRIOS DE MÁQUINAS E EQUIPAMENTOS","CHOR","CUSTO HORÁRIO PRODUTIVO DIURNO","0325","","",83362,"ESPARGIDOR DE ASFALTO PRESSURIZADO, TANQUE 6 M3 COM ISOLAÇÃO TÉRMICA, AQUECIDO COM 2 MAÇARICOS, COM BARRA ESPARGIDORA 3,60 M, MONTADO SOBRE CAMINHÃO  TOCO, PBT 14.300 KG, POTÊNCIA 185 CV - CHP DIURNO. AF_05/2023","CHP","ATRIBUÍDO SÃO PAULO",256.38,"CAIXA REFERENCIAL"]
["CUSTOS HORÁRIOS DE MÁQUINAS E EQUIPAMENTOS","CHOR","CUSTO HORÁRIO PRODUTIVO DIURNO","0325","","",83765,"GRUPO DE SOLDAGEM COM GERADOR A DIESEL 60 CV PARA SOLDA ELÉTRICA, SOBRE 04 RODAS, COM MOTOR 4 CILINDROS 600 A - CHP DIURNO. AF_02/2016","CHP","ATRIBUÍDO SÃO PAULO",87.43,"CAIXA REFERENCIAL"]
["CUSTOS HORÁRIOS DE MÁQUINAS E EQUIPAMENTOS","CHOR","CUSTO HORÁRIO PRODUTIVO DIURNO","0325","","",87445,"BETONEIRA CAPACIDADE NOMINAL 400 L, CAPACIDADE DE MISTURA 310 L, MOTOR A DIESEL POTÊNCIA 5,0 HP, SEM CARREGADOR - CHP DIURNO. AF_05/2023","CHP","COEFICIENTE DE REPRESENTATIVIDADE",4.99,"CAIXA REFERENCIAL"]
["CUSTOS HORÁRIOS DE MÁQUINAS E EQUIPAMENTOS","CHOR","CUSTO HORÁRIO PRODUTIVO DIURNO","0325","","",88386,"MISTURADOR DE ARGAMASSA, EIXO HORIZONTAL, CAPACIDADE DE MISTURA 300 KG, MOTOR ELÉTRICO POTÊNCIA 5 CV - CHP DIURNO. AF_05/2023","CHP","COEFICIENTE DE REPRESENTATIVIDADE",4.97,"CAIXA REFERENCIAL"]
["CUSTOS HORÁRIOS DE MÁQUINAS E EQUIPAMENTOS","CHOR","CUSTO HORÁRIO PRODUTIVO DIURNO","0325","","",88393,"MISTURADOR DE ARGAMASSA, EIXO HORIZONTAL, CAPACIDADE DE MISTURA 600 KG, MOTOR ELÉTRICO POTÊNCIA 7,5 CV - CHP DIURNO. AF_05/2023","CHP","COEFICIENTE DE REPRESENTATIVIDADE",6.83,"CAIXA REFERENCIAL"]
["CUSTOS HORÁRIOS DE MÁQUINAS E EQUIPAMENTOS","CHOR","CUSTO HORÁRIO PRODUTIVO DIURNO","0325","","",88399,"MISTURADOR DE ARGAMASSA, EIXO HORIZONTAL, CAPACIDADE DE MISTURA 160 KG, MOTOR ELÉTRICO POTÊNCIA 3 CV - CHP DIURNO. AF_05/2023","CHP","COEFICIENTE DE REPRESENTATIVIDADE",3.7,"CAIXA REFERENCIAL"]
["CUSTOS HORÁRIOS DE MÁQUINAS E EQUIPAMENTOS","CHOR","CUSTO HORÁRIO PRODUTIVO DIURNO","0325","","",88418,"PROJETOR DE ARGAMASSA, CAPACIDADE DE PROJEÇÃO 1,5 M3/H, ALCANCE DE 30 ATÉ 60 M, MOTOR ELÉTRICO POTÊNCIA 7,5 HP - CHP DIURNO. AF_06/2014","CHP","COEFICIENTE DE REPRESENTATIVIDADE",15.05,"CAIXA REFERENCIAL"]
["CUSTOS HORÁRIOS DE MÁQUINAS E EQUIPAMENTOS","CHOR","CUSTO HORÁRIO PRODUTIVO DIURNO","0325","","",88433,"PROJETOR DE ARGAMASSA, CAPACIDADE DE PROJEÇÃO 2 M3/H, ALCANCE ATÉ 50 M, MOTOR ELÉTRICO POTÊNCIA 7,5 HP - CHP DIURNO. AF_06/2014","CHP","COEFICIENTE DE REPRESENTATIVIDADE",19.63,"CAIXA REFERENCIAL"]
["CUSTOS HORÁRIOS DE MÁQUINAS E EQUIPAMENTOS","CHOR","CUSTO HORÁRIO PRODUTIVO DIURNO","0325","","",88830,"BETONEIRA CAPACIDADE NOMINAL DE 400 L, CAPACIDADE DE MISTURA 280 L, MOTOR ELÉTRICO TRIFÁSICO POTÊNCIA DE 2 CV, SEM CARREGADOR - CHP DIURNO. AF_05/2023","CHP","COEFICIENTE DE REPRESENTATIVIDADE",1.94,"CAIXA REFERENCIAL"]
["CUSTOS HORÁRIOS DE MÁQUINAS E EQUIPAMENTOS","CHOR","CUSTO HORÁRIO PRODUTIVO DIURNO","0325","","",88843,"TRATOR DE ESTEIRAS, POTÊNCIA 125 HP, PESO OPERACIONAL 12,9 T, COM LÂMINA 2,7 M3 - CHP DIURNO. AF_10/2014","CHP","ATRIBUÍDO SÃO PAULO",190.02,"CAIXA REFERENCIAL"]
["CUSTOS HORÁRIOS DE MÁQUINAS E EQUIPAMENTOS","CHOR","CUSTO HORÁRIO PRODUTIVO DIURNO","0325","","",88907,"ESCAVADEIRA HIDRÁULICA SOBRE ESTEIRAS, CAÇAMBA 1,20 M3, PESO OPERACIONAL 21 T, POTÊNCIA BRUTA 155 HP - CHP DIURNO. AF_06/2014","CHP","ATRIBUÍDO SÃO PAULO",230.78,"CAIXA REFERENCIAL"]
["CUSTOS HORÁRIOS DE MÁQUINAS E EQUIPAMENTOS","CHOR","CUSTO HORÁRIO PRODUTIVO DIURNO","0325","","",89021,"BOMBA SUBMERSÍVEL ELÉTRICA TRIFÁSICA, POTÊNCIA 2,96 HP, Ø ROTOR 144 MM SEMI-ABERTO, BOCAL DE SAÍDA Ø 2\u0094, HM/Q = 2 MCA / 38,8 M3/H A 28 MCA / 5 M3/H - CHP DIURNO. AF_06/2014","CHP","COEFICIENTE DE REPRESENTATIVIDADE",2.66,"CAIXA REFERENCIAL"]
["CUSTOS HORÁRIOS DE MÁQUINAS E EQUIPAMENTOS","CHOR","CUSTO HORÁRIO PRODUTIVO DIURNO","0325","","",89028,"TANQUE DE ASFALTO ESTACIONÁRIO COM MAÇARICO, CAPACIDADE 20.000 L - CHP DIURNO. AF_05/2023","CHP","ATRIBUÍDO SÃO PAULO",165.13,"CAIXA REFERENCIAL"]
["CUSTOS HORÁRIOS DE MÁQUINAS E EQUIPAMENTOS","CHOR","CUSTO HORÁRIO PRODUTIVO DIURNO","0325","","",89032,"TRATOR DE ESTEIRAS, POTÊNCIA 100 HP, PESO OPERACIONAL 9,4 T, COM LÂMINA 2,19 M3 - CHP DIURNO. AF_06/2014","CHP","ATRIBUÍDO SÃO PAULO",171.26,"CAIXA REFERENCIAL"]
["CUSTOS HORÁRIOS DE MÁQUINAS E EQUIPAMENTOS","CHOR","CUSTO HORÁRIO PRODUTIVO DIURNO","0325","","",89035,"TRATOR DE PNEUS, POTÊNCIA 85 CV, TRAÇÃO 4X4, PESO COM LASTRO DE 4.675 KG - CHP DIURNO. AF_06/2014","CHP","ATRIBUÍDO SÃO PAULO",112.59,"CAIXA REFERENCIAL"]
["CUSTOS HORÁRIOS DE MÁQUINAS E EQUIPAMENTOS","CHOR","CUSTO HORÁRIO PRODUTIVO DIURNO","0325","","",89225,"BETONEIRA CAPACIDADE NOMINAL DE 600 L, CAPACIDADE DE MISTURA 360 L, MOTOR ELÉTRICO TRIFÁSICO POTÊNCIA DE 4 CV, SEM CARREGADOR - CHP DIURNO. AF_05/2023","CHP","COEFICIENTE DE REPRESENTATIVIDADE",5.5,"CAIXA REFERENCIAL"]
["CUSTOS HORÁRIOS DE MÁQUINAS E EQUIPAMENTOS","CHOR","CUSTO HORÁRIO PRODUTIVO DIURNO","0325","","",89234,"FRESADORA DE ASFALTO A FRIO SOBRE RODAS, LARGURA FRESAGEM DE 1,0 M, POTÊNCIA 208 HP - CHP DIURNO. AF_11/2014","CHP","ATRIBUÍDO SÃO PAULO",581.02,"CAIXA REFERENCIAL"]
["CUSTOS HORÁRIOS DE MÁQUINAS E EQUIPAMENTOS","CHOR","CUSTO HORÁRIO PRODUTIVO DIURNO","0325","","",89242,"FRESADORA DE ASFALTO A FRIO SOBRE RODAS, LARGURA FRESAGEM DE 2,0 M, POTÊNCIA 550 HP - CHP DIURNO. AF_11/2014","CHP","ATRIBUÍDO SÃO PAULO",1375.94,"CAIXA REFERENCIAL"]
["CUSTOS HORÁRIOS DE MÁQUINAS E EQUIPAMENTOS","CHOR","CUSTO HORÁRIO PRODUTIVO DIURNO","0325","","",89250,"RECICLADORA DE ASFALTO A FRIO SOBRE RODAS, LARGURA FRESAGEM DE 2,0 M, POTÊNCIA 422 HP - CHP DIURNO. AF_11/2014","CHP","ATRIBUÍDO SÃO PAULO",1191.73,"CAIXA REFERENCIAL"]
["CUSTOS HORÁRIOS DE MÁQUINAS E EQUIPAMENTOS","CHOR","CUSTO HORÁRIO PRODUTIVO DIURNO","0325","","",89257,"VIBROACABADORA DE ASFALTO SOBRE ESTEIRAS, LARGURA DE PAVIMENTAÇÃO 2,13 M A 4,55 M, POTÊNCIA 100 HP CAPACIDADE 400 T/H - CHP DIURNO. AF_11/2014","CHP","ATRIBUÍDO SÃO PAULO",327.8,"CAIXA REFERENCIAL"]
["CUSTOS HORÁRIOS DE MÁQUINAS E EQUIPAMENTOS","CHOR","CUSTO HORÁRIO PRODUTIVO DIURNO","0325","","",89272,"GUINDASTE HIDRÁULICO AUTOPROPELIDO, COM LANÇA TELESCÓPICA 28,80 M, CAPACIDADE MÁXIMA 30 T, POTÊNCIA 97 KW, TRAÇÃO 4 X 4 - CHP DIURNO. AF_11/2014","CHP","ATRIBUÍDO SÃO PAULO",199.7,"CAIXA REFERENCIAL"]
["CUSTOS HORÁRIOS DE MÁQUINAS E EQUIPAMENTOS","CHOR","CUSTO HORÁRIO PRODUTIVO DIURNO","0325","","",89278,"BETONEIRA CAPACIDADE NOMINAL DE 600 L, CAPACIDADE DE MISTURA 440 L, MOTOR A DIESEL POTÊNCIA 10 HP, COM CARREGADOR - CHP DIURNO. AF_05/2023","CHP","COEFICIENTE DE REPRESENTATIVIDADE",11.87,"CAIXA REFERENCIAL"]
["CUSTOS HORÁRIOS DE MÁQUINAS E EQUIPAMENTOS","CHOR","CUSTO HORÁRIO PRODUTIVO DIURNO","0325","","",89843,"BATE-ESTACAS POR GRAVIDADE, POTÊNCIA DE 160 HP, PESO DO MARTELO ATÉ 3 TONELADAS - CHP DIURNO. AF_11/2014","CHP","ATRIBUÍDO SÃO PAULO",188.13,"CAIXA REFERENCIAL"]
["CUSTOS HORÁRIOS DE MÁQUINAS E EQUIPAMENTOS","CHOR","CUSTO HORÁRIO PRODUTIVO DIURNO","0325","","",89876,"CAMINHÃO BASCULANTE 14 M3, COM CAVALO MECÂNICO DE CAPACIDADE MÁXIMA DE TRAÇÃO COMBINADO DE 36000 KG, POTÊNCIA 286 CV, INCLUSIVE SEMIREBOQUE COM CAÇAMBA METÁLICA - CHP DIURNO. AF_12/2014","CHP","ATRIBUÍDO SÃO PAULO",307.14,"CAIXA REFERENCIAL"]
["CUSTOS HORÁRIOS DE MÁQUINAS E EQUIPAMENTOS","CHOR","CUSTO HORÁRIO PRODUTIVO DIURNO","0325","","",89883,"CAMINHÃO BASCULANTE 18 M3, COM CAVALO MECÂNICO DE CAPACIDADE MÁXIMA DE TRAÇÃO COMBINADO DE 45000 KG, POTÊNCIA 330 CV, INCLUSIVE SEMIREBOQUE COM CAÇAMBA METÁLICA - CHP DIURNO. AF_12/2014","CHP","ATRIBUÍDO SÃO PAULO",339.22,"CAIXA REFERENCIAL"]
["CUSTOS HORÁRIOS DE MÁQUINAS E EQUIPAMENTOS","CHOR","CUSTO HORÁRIO PRODUTIVO DIURNO","0325","","",90586,"VIBRADOR DE IMERSÃO, DIÂMETRO DE PONTEIRA 45MM, MOTOR ELÉTRICO TRIFÁSICO POTÊNCIA DE 2 CV - CHP DIURNO. AF_06/2015","CHP","ATRIBUÍDO SÃO PAULO",1.29,"CAIXA REFERENCIAL"]
["CUSTOS HORÁRIOS DE MÁQUINAS E EQUIPAMENTOS","CHOR","CUSTO HORÁRIO PRODUTIVO DIURNO","0325","","",90625,"PERFURATRIZ MANUAL, TORQUE MÁXIMO 83 N.M, POTÊNCIA 5 CV, COM DIÂMETRO MÁXIMO 4\" - CHP DIURNO. AF_06/2015","CHP","ATRIBUÍDO SÃO PAULO",7.39,"CAIXA REFERENCIAL"]
["CUSTOS HORÁRIOS DE MÁQUINAS E EQUIPAMENTOS","CHOR","CUSTO HORÁRIO PRODUTIVO DIURNO","0325","","",90631,"PERFURATRIZ SOBRE ESTEIRA, TORQUE MÁXIMO 600 KGF, PESO MÉDIO 1000 KG, POTÊNCIA 20 HP, DIÂMETRO MÁXIMO 10\" - CHP DIURNO. AF_06/2015","CHP","ATRIBUÍDO SÃO PAULO",137.38999999999999,"CAIXA REFERENCIAL"]
["CUSTOS HORÁRIOS DE MÁQUINAS E EQUIPAMENTOS","CHOR","CUSTO HORÁRIO PRODUTIVO DIURNO","0325","","",90637,"MISTURADOR DUPLO HORIZONTAL DE ALTA TURBULÊNCIA, CAPACIDADE / VOLUME 2 X 500 LITROS, MOTORES ELÉTRICOS MÍNIMO 5 CV CADA, PARA NATA CIMENTO, ARGAMASSA E OUTROS - CHP DIURNO. AF_06/2015","CHP","COEFICIENTE DE REPRESENTATIVIDADE",15.95,"CAIXA REFERENCIAL"]
["CUSTOS HORÁRIOS DE MÁQUINAS E EQUIPAMENTOS","CHOR","CUSTO HORÁRIO PRODUTIVO DIURNO","0325","","",90643,"BOMBA TRIPLEX, PARA INJEÇÃO DE NATA DE CIMENTO, VAZÃO MÁXIMA DE 100 LITROS/MINUTO, PRESSÃO MÁXIMA DE 70 BAR - CHP DIURNO. AF_06/2015","CHP","COEFICIENTE DE REPRESENTATIVIDADE",26.57,"CAIXA REFERENCIAL"]
["CUSTOS HORÁRIOS DE MÁQUINAS E EQUIPAMENTOS","CHOR","CUSTO HORÁRIO PRODUTIVO DIURNO","0325","","",90650,"BOMBA CENTRÍFUGA MONOESTÁGIO COM MOTOR ELÉTRICO MONOFÁSICO, POTÊNCIA 15 HP, DIÂMETRO DO ROTOR 173 MM, HM/Q = 30 MCA / 90 M3/H A 45 MCA / 55 M3/H - CHP DIURNO. AF_06/2015","CHP","COEFICIENTE DE REPRESENTATIVIDADE",11.39,"CAIXA REFERENCIAL"]
["CUSTOS HORÁRIOS DE MÁQUINAS E EQUIPAMENTOS","CHOR","CUSTO HORÁRIO PRODUTIVO DIURNO","0325","","",90656,"BOMBA DE PROJEÇÃO DE CONCRETO SECO, POTÊNCIA 10 CV, VAZÃO 3 M3/H - CHP DIURNO. AF_06/2015","CHP","COEFICIENTE DE REPRESENTATIVIDADE",15.8,"CAIXA REFERENCIAL"]
["CUSTOS HORÁRIOS DE MÁQUINAS E EQUIPAMENTOS","CHOR","CUSTO HORÁRIO PRODUTIVO DIURNO","0325","","",90662,"BOMBA DE PROJEÇÃO DE CONCRETO SECO, POTÊNCIA 10 CV, VAZÃO 6 M3/H - CHP DIURNO. AF_06/2015","CHP","COEFICIENTE DE REPRESENTATIVIDADE",16.5,"CAIXA REFERENCIAL"]
["CUSTOS HORÁRIOS DE MÁQUINAS E EQUIPAMENTOS","CHOR","CUSTO HORÁRIO PRODUTIVO DIURNO","0325","","",90668,"PROJETOR PNEUMÁTICO DE ARGAMASSA PARA CHAPISCO E REBOCO COM RECIPIENTE ACOPLADO, TIPO CANEQUINHA, COM COMPRESSOR DE AR REBOCÁVEL VAZÃO 89 PCM E MOTOR DIESEL DE 20 CV - CHP DIURNO. AF_05/2023","CHP","ATRIBUÍDO SÃO PAULO",30.84,"CAIXA REFERENCIAL"]
["CUSTOS HORÁRIOS DE MÁQUINAS E EQUIPAMENTOS","CHOR","CUSTO HORÁRIO PRODUTIVO DIURNO","0325","","",90674,"PERFURATRIZ COM TORRE METÁLICA PARA EXECUÇÃO DE ESTACA HÉLICE CONTÍNUA, PROFUNDIDADE MÁXIMA DE 30 M, DIÂMETRO MÁXIMO DE 800 MM, POTÊNCIA INSTALADA DE 268 HP, MESA ROTATIVA COM TORQUE MÁXIMO DE 170 KNM - CHP DIURNO. AF_06/2015","CHP","ATRIBUÍDO SÃO PAULO",662.31,"CAIXA REFERENCIAL"]
["CUSTOS HORÁRIOS DE MÁQUINAS E EQUIPAMENTOS","CHOR","CUSTO HORÁRIO PRODUTIVO DIURNO","0325","","",90680,"PERFURATRIZ HIDRÁULICA SOBRE CAMINHÃO COM TRADO CURTO ACOPLADO, PROFUNDIDADE MÁXIMA DE 20 M, DIÂMETRO MÁXIMO DE 1500 MM, POTÊNCIA INSTALADA DE 137 HP, MESA ROTATIVA COM TORQUE MÁXIMO DE 30 KNM - CHP DIURNO. AF_06/2015","CHP","ATRIBUÍDO SÃO PAULO",398.34,"CAIXA REFERENCIAL"]
["CUSTOS HORÁRIOS DE MÁQUINAS E EQUIPAMENTOS","CHOR","CUSTO HORÁRIO PRODUTIVO DIURNO","0325","","",90686,"MANIPULADOR TELESCÓPICO, POTÊNCIA DE 85 HP, CAPACIDADE DE CARGA DE 3.500 KG, ALTURA MÁXIMA DE ELEVAÇÃO DE 12,3 M - CHP DIURNO. AF_05/2023","CHP","ATRIBUÍDO SÃO PAULO",146.80000000000001,"CAIXA REFERENCIAL"]
["CUSTOS HORÁRIOS DE MÁQUINAS E EQUIPAMENTOS","CHOR","CUSTO HORÁRIO PRODUTIVO DIURNO","0325","","",90692,"MINICARREGADEIRA SOBRE RODAS, POTÊNCIA LÍQUIDA DE 47 HP, CAPACIDADE NOMINAL DE OPERAÇÃO DE 646 KG - CHP DIURNO. AF_06/2015","CHP","ATRIBUÍDO SÃO PAULO",119.34,"CAIXA REFERENCIAL"]
["CUSTOS HORÁRIOS DE MÁQUINAS E EQUIPAMENTOS","CHOR","CUSTO HORÁRIO PRODUTIVO DIURNO","0325","","",90964,"COMPRESSOR DE AR REBOCÁVEL, VAZÃO 89 PCM, PRESSÃO EFETIVA DE TRABALHO 102 PSI, MOTOR DIESEL, POTÊNCIA 20 CV - CHP DIURNO. AF_06/2015","CHP","ATRIBUÍDO SÃO PAULO",30.33,"CAIXA REFERENCIAL"]
["CUSTOS HORÁRIOS DE MÁQUINAS E EQUIPAMENTOS","CHOR","CUSTO HORÁRIO PRODUTIVO DIURNO","0325","","",90972,"COMPRESSOR DE AR REBOCAVEL, VAZÃO 250 PCM, PRESSAO DE TRABALHO 102 PSI, MOTOR A DIESEL POTÊNCIA 81 CV - CHP DIURNO. AF_06/2015","CHP","ATRIBUÍDO SÃO PAULO",71.959999999999994,"CAIXA REFERENCIAL"]
["CUSTOS HORÁRIOS DE MÁQUINAS E EQUIPAMENTOS","CHOR","CUSTO HORÁRIO PRODUTIVO DIURNO","0325","","",90979,"COMPRESSOR DE AR REBOCÁVEL, VAZÃO 748 PCM, PRESSÃO EFETIVA DE TRABALHO 102 PSI, MOTOR DIESEL, POTÊNCIA 210 CV - CHP DIURNO. AF_06/2015","CHP","ATRIBUÍDO SÃO PAULO",185.8,"CAIXA REFERENCIAL"]
["CUSTOS HORÁRIOS DE MÁQUINAS E EQUIPAMENTOS","CHOR","CUSTO HORÁRIO PRODUTIVO DIURNO","0325","","",90991,"ESCAVADEIRA HIDRÁULICA SOBRE ESTEIRAS, CAÇAMBA 0,80 M3, PESO OPERACIONAL 17,8 T, POTÊNCIA LÍQUIDA 110 HP - CHP DIURNO. AF_10/2014","CHP","ATRIBUÍDO SÃO PAULO",188.97,"CAIXA REFERENCIAL"]
["CUSTOS HORÁRIOS DE MÁQUINAS E EQUIPAMENTOS","CHOR","CUSTO HORÁRIO PRODUTIVO DIURNO","0325","","",90999,"COMPRESSOR DE AR REBOCAVEL, VAZÃO 400 PCM, PRESSAO DE TRABALHO 102 PSI, MOTOR A DIESEL POTÊNCIA 110 CV - CHP DIURNO. AF_06/2015","CHP","ATRIBUÍDO SÃO PAULO",94.86,"CAIXA REFERENCIAL"]
["CUSTOS HORÁRIOS DE MÁQUINAS E EQUIPAMENTOS","CHOR","CUSTO HORÁRIO PRODUTIVO DIURNO","0325","","",91031,"CAMINHÃO TRUCADO (C/ TERCEIRO EIXO) ELETRÔNICO - POTÊNCIA 231CV - PBT = 22000KG - DIST. ENTRE EIXOS 5170 MM - INCLUI CARROCERIA FIXA ABERTA DE MADEIRA - CHP DIURNO. AF_06/2015","CHP","ATRIBUÍDO SÃO PAULO",242.79,"CAIXA REFERENCIAL"]
["CUSTOS HORÁRIOS DE MÁQUINAS E EQUIPAMENTOS","CHOR","CUSTO HORÁRIO PRODUTIVO DIURNO","0325","","",91277,"PLACA VIBRATÓRIA REVERSÍVEL COM MOTOR 4 TEMPOS A GASOLINA, FORÇA CENTRÍFUGA DE 25 KN (2500 KGF), POTÊNCIA 5,5 CV - CHP DIURNO. AF_08/2015","CHP","ATRIBUÍDO SÃO PAULO",8.99,"CAIXA REFERENCIAL"]
["CUSTOS HORÁRIOS DE MÁQUINAS E EQUIPAMENTOS","CHOR","CUSTO HORÁRIO PRODUTIVO DIURNO","0325","","",91283,"CORTADORA DE PISO COM MOTOR 4 TEMPOS A GASOLINA, POTÊNCIA DE 13 HP, COM DISCO DE CORTE DIAMANTADO SEGMENTADO PARA CONCRETO, DIÂMETRO DE 350 MM, FURO DE 1\" (14 X 1\") - CHP DIURNO. AF_08/2015","CHP","COEFICIENTE DE REPRESENTATIVIDADE",9.9600000000000009,"CAIXA REFERENCIAL"]
["CUSTOS HORÁRIOS DE MÁQUINAS E EQUIPAMENTOS","CHOR","CUSTO HORÁRIO PRODUTIVO DIURNO","0325","","",91386,"CAMINHÃO BASCULANTE 10 M3, TRUCADO CABINE SIMPLES, PESO BRUTO TOTAL 23.000 KG, CARGA ÚTIL MÁXIMA 15.935 KG, DISTÂNCIA ENTRE EIXOS 4,80 M, POTÊNCIA 230 CV INCLUSIVE CAÇAMBA METÁLICA - CHP DIURNO. AF_06/2014","CHP","ATRIBUÍDO SÃO PAULO",251.82,"CAIXA REFERENCIAL"]
["CUSTOS HORÁRIOS DE MÁQUINAS E EQUIPAMENTOS","CHOR","CUSTO HORÁRIO PRODUTIVO DIURNO","0325","","",91533,"COMPACTADOR DE SOLOS DE PERCUSSÃO (SOQUETE) COM MOTOR A GASOLINA 4 TEMPOS, POTÊNCIA 4 CV - CHP DIURNO. AF_08/2015","CHP","ATRIBUÍDO SÃO PAULO",27.09,"CAIXA REFERENCIAL"]
["CUSTOS HORÁRIOS DE MÁQUINAS E EQUIPAMENTOS","CHOR","CUSTO HORÁRIO PRODUTIVO DIURNO","0325","","",91634,"GUINDAUTO HIDRÁULICO, CAPACIDADE MÁXIMA DE CARGA 6500 KG, MOMENTO MÁXIMO DE CARGA 5,8 TM, ALCANCE MÁXIMO HORIZONTAL 7,60 M, INCLUSIVE CAMINHÃO TOCO PBT 9.700 KG, POTÊNCIA DE 160 CV - CHP DIURNO. AF_08/2015","CHP","ATRIBUÍDO SÃO PAULO",217.9,"CAIXA REFERENCIAL"]
["CUSTOS HORÁRIOS DE MÁQUINAS E EQUIPAMENTOS","CHOR","CUSTO HORÁRIO PRODUTIVO DIURNO","0325","","",91645,"CAMINHÃO DE TRANSPORTE DE MATERIAL ASFÁLTICO 30.000 L, COM CAVALO MECÂNICO DE CAPACIDADE MÁXIMA DE TRAÇÃO COMBINADO DE 66.000 KG, POTÊNCIA 360 CV, INCLUSIVE TANQUE DE ASFALTO COM SERPENTINA - CHP DIURNO. AF_08/2015","CHP","ATRIBUÍDO SÃO PAULO",437.87,"CAIXA REFERENCIAL"]
["CUSTOS HORÁRIOS DE MÁQUINAS E EQUIPAMENTOS","CHOR","CUSTO HORÁRIO PRODUTIVO DIURNO","0325","","",91692,"SERRA CIRCULAR DE BANCADA COM MOTOR ELÉTRICO POTÊNCIA DE 5HP, COM COIFA PARA DISCO 10\" - CHP DIURNO. AF_08/2015","CHP","COEFICIENTE DE REPRESENTATIVIDADE",21.18,"CAIXA REFERENCIAL"]
["CUSTOS HORÁRIOS DE MÁQUINAS E EQUIPAMENTOS","CHOR","CUSTO HORÁRIO PRODUTIVO DIURNO","0325","","",92043,"DISTRIBUIDOR DE AGREGADOS REBOCAVEL, CAPACIDADE 1,9 M³, LARGURA DE TRABALHO 3,66 M - CHP DIURNO. AF_11/2015","CHP","ATRIBUÍDO SÃO PAULO",13.19,"CAIXA REFERENCIAL"]
["CUSTOS HORÁRIOS DE MÁQUINAS E EQUIPAMENTOS","CHOR","CUSTO HORÁRIO PRODUTIVO DIURNO","0325","","",92106,"CAMINHÃO PARA EQUIPAMENTO DE LIMPEZA A SUCÇÃO, COM CAMINHÃO TRUCADO DE PESO BRUTO TOTAL 23000 KG, CARGA ÚTIL MÁXIMA 15935 KG, DISTÂNCIA ENTRE EIXOS 4,80 M, POTÊNCIA 230 CV, INCLUSIVE LIMPADORA A SUCÇÃO, TANQUE 12000 L - CHP DIURNO. AF_05/2023","CHP","ATRIBUÍDO SÃO PAULO",307.81,"CAIXA REFERENCIAL"]
["CUSTOS HORÁRIOS DE MÁQUINAS E EQUIPAMENTOS","CHOR","CUSTO HORÁRIO PRODUTIVO DIURNO","0325","","",92112,"PENEIRA ROTATIVA COM MOTOR ELÉTRICO TRIFÁSICO DE 2 CV, CILINDRO DE 1 M X 0,60 M, COM FUROS DE 3,17 MM - CHP DIURNO. AF_05/2023","CHP","COEFICIENTE DE REPRESENTATIVIDADE",3.61,"CAIXA REFERENCIAL"]
["CUSTOS HORÁRIOS DE MÁQUINAS E EQUIPAMENTOS","CHOR","CUSTO HORÁRIO PRODUTIVO DIURNO","0325","","",92118,"DOSADOR DE AREIA, CAPACIDADE DE 26 LITROS - CHP DIURNO. AF_05/2023","CHP","COEFICIENTE DE REPRESENTATIVIDADE",0.48,"CAIXA REFERENCIAL"]
["CUSTOS HORÁRIOS DE MÁQUINAS E EQUIPAMENTOS","CHOR","CUSTO HORÁRIO PRODUTIVO DIURNO","0325","","",92138,"CAMINHONETE COM MOTOR A DIESEL, POTÊNCIA 180 CV, CABINE DUPLA, 4X4 - CHP DIURNO. AF_11/2015","CHP","COEFICIENTE DE REPRESENTATIVIDADE",85.83,"CAIXA REFERENCIAL"]
["CUSTOS HORÁRIOS DE MÁQUINAS E EQUIPAMENTOS","CHOR","CUSTO HORÁRIO PRODUTIVO DIURNO","0325","","",92145,"CAMINHONETE CABINE SIMPLES COM MOTOR 1.6 FLEX, CÂMBIO MANUAL, POTÊNCIA 101/104 CV, 2 PORTAS - CHP DIURNO. AF_11/2015","CHP","COEFICIENTE DE REPRESENTATIVIDADE",67.59,"CAIXA REFERENCIAL"]
["CUSTOS HORÁRIOS DE MÁQUINAS E EQUIPAMENTOS","CHOR","CUSTO HORÁRIO PRODUTIVO DIURNO","0325","","",92242,"CAMINHÃO DE TRANSPORTE DE MATERIAL ASFÁLTICO 20.000 L, COM CAVALO MECÂNICO DE CAPACIDADE MÁXIMA DE TRAÇÃO COMBINADO DE 45.000 KG, POTÊNCIA 330 CV, INCLUSIVE TANQUE DE ASFALTO COM MAÇARICO - CHP DIURNO. AF_12/2015","CHP","ATRIBUÍDO SÃO PAULO",377.53,"CAIXA REFERENCIAL"]
["CUSTOS HORÁRIOS DE MÁQUINAS E EQUIPAMENTOS","CHOR","CUSTO HORÁRIO PRODUTIVO DIURNO","0325","","",92716,"APARELHO PARA CORTE E SOLDA OXI-ACETILENO SOBRE RODAS, INCLUSIVE CILINDROS E MAÇARICOS - CHP DIURNO. AF_05/2023","CHP","ATRIBUÍDO SÃO PAULO",82.47,"CAIXA REFERENCIAL"]
["CUSTOS HORÁRIOS DE MÁQUINAS E EQUIPAMENTOS","CHOR","CUSTO HORÁRIO PRODUTIVO DIURNO","0325","","",92960,"MÁQUINA EXTRUSORA DE CONCRETO PARA GUIAS E SARJETAS, MOTOR A DIESEL, POTÊNCIA 14 CV - CHP DIURNO. AF_12/2015","CHP","ATRIBUÍDO SÃO PAULO",18.61,"CAIXA REFERENCIAL"]
["CUSTOS HORÁRIOS DE MÁQUINAS E EQUIPAMENTOS","CHOR","CUSTO HORÁRIO PRODUTIVO DIURNO","0325","","",92966,"MARTELO PERFURADOR PNEUMÁTICO MANUAL, HASTE 25 X 75 MM, 21 KG - CHP DIURNO. AF_12/2015","CHP","ATRIBUÍDO SÃO PAULO",20.23,"CAIXA REFERENCIAL"]
["CUSTOS HORÁRIOS DE MÁQUINAS E EQUIPAMENTOS","CHOR","CUSTO HORÁRIO PRODUTIVO DIURNO","0325","","",93224,"PERFURATRIZ COM TORRE METÁLICA PARA EXECUÇÃO DE ESTACA HÉLICE CONTÍNUA, PROFUNDIDADE MÁXIMA DE 32 M, DIÂMETRO MÁXIMO DE 1000 MM, POTÊNCIA INSTALADA DE 350 HP, MESA ROTATIVA COM TORQUE MÁXIMO DE 263 KNM - CHP DIURNO. AF_01/2016","CHP","ATRIBUÍDO SÃO PAULO",991.81,"CAIXA REFERENCIAL"]
["CUSTOS HORÁRIOS DE MÁQUINAS E EQUIPAMENTOS","CHOR","CUSTO HORÁRIO PRODUTIVO DIURNO","0325","","",93233,"BETONEIRA CAPACIDADE NOMINAL 400 L, CAPACIDADE DE MISTURA 310 L, MOTOR A GASOLINA POTÊNCIA 5,5 HP, SEM CARREGADOR - CHP DIURNO. AF_02/2016","CHP","COEFICIENTE DE REPRESENTATIVIDADE",5.25,"CAIXA REFERENCIAL"]
["CUSTOS HORÁRIOS DE MÁQUINAS E EQUIPAMENTOS","CHOR","CUSTO HORÁRIO PRODUTIVO DIURNO","0325","","",93272,"GRUA ASCENSIONAL, LANCA DE 30 M, CAPACIDADE DE 1,0 T A 30 M, ALTURA ATE 39 M - CHP DIURNO. AF_05/2023","CHP","ATRIBUÍDO SÃO PAULO",95.42,"CAIXA REFERENCIAL"]
["CUSTOS HORÁRIOS DE MÁQUINAS E EQUIPAMENTOS","CHOR","CUSTO HORÁRIO PRODUTIVO DIURNO","0325","","",93281,"GUINCHO ELÉTRICO DE COLUNA, CAPACIDADE 400 KG, COM MOTO FREIO, MOTOR TRIFÁSICO DE 1,25 CV - CHP DIURNO. AF_03/2016","CHP","ATRIBUÍDO SÃO PAULO",18.29,"CAIXA REFERENCIAL"]
["CUSTOS HORÁRIOS DE MÁQUINAS E EQUIPAMENTOS","CHOR","CUSTO HORÁRIO PRODUTIVO DIURNO","0325","","",93287,"GUINDASTE HIDRÁULICO AUTOPROPELIDO, COM LANÇA TELESCÓPICA 40 M, CAPACIDADE MÁXIMA 60 T, POTÊNCIA 260 KW - CHP DIURNO. AF_03/2016","CHP","ATRIBUÍDO SÃO PAULO",325.74,"CAIXA REFERENCIAL"]
["CUSTOS HORÁRIOS DE MÁQUINAS E EQUIPAMENTOS","CHOR","CUSTO HORÁRIO PRODUTIVO DIURNO","0325","","",93402,"GUINDAUTO HIDRÁULICO, CAPACIDADE MÁXIMA DE CARGA 3300 KG, MOMENTO MÁXIMO DE CARGA 5,8 TM, ALCANCE MÁXIMO HORIZONTAL 7,60 M, INCLUSIVE CAMINHÃO TOCO PBT 16.000 KG, POTÊNCIA DE 189 CV - CHP DIURNO. AF_03/2016","CHP","ATRIBUÍDO SÃO PAULO",252.2,"CAIXA REFERENCIAL"]
["CUSTOS HORÁRIOS DE MÁQUINAS E EQUIPAMENTOS","CHOR","CUSTO HORÁRIO PRODUTIVO DIURNO","0325","","",93408,"MÁQUINA JATO DE PRESSAO PORTÁTIL, CAMARA DE 1 SAIDA, CAPACIDADE 280 L, DIAMETRO 670 MM, BICO DE JATO CURTO VENTURI DE 5/16\u0092\u0092 , MANGUEIRA DE 1\u0092\u0092 COM COMPRESSOR DE AR REBOCÁVEL 189 PCM E MOTOR DIESEL 63 CV - CHP DIURNO. AF_05/2023","CHP","ATRIBUÍDO SÃO PAULO",80.78,"CAIXA REFERENCIAL"]
["CUSTOS HORÁRIOS DE MÁQUINAS E EQUIPAMENTOS","CHOR","CUSTO HORÁRIO PRODUTIVO DIURNO","0325","","",93415,"GERADOR PORTÁTIL MONOFÁSICO, POTÊNCIA 5500 VA, MOTOR A GASOLINA, POTÊNCIA DO MOTOR 13 CV - CHP DIURNO. AF_03/2016","CHP","ATRIBUÍDO SÃO PAULO",14.15,"CAIXA REFERENCIAL"]
["CUSTOS HORÁRIOS DE MÁQUINAS E EQUIPAMENTOS","CHOR","CUSTO HORÁRIO PRODUTIVO DIURNO","0325","","",93421,"GRUPO GERADOR REBOCÁVEL, POTÊNCIA 66 KVA, MOTOR A DIESEL - CHP DIURNO. AF_03/2016","CHP","ATRIBUÍDO SÃO PAULO",69.41,"CAIXA REFERENCIAL"]
["CUSTOS HORÁRIOS DE MÁQUINAS E EQUIPAMENTOS","CHOR","CUSTO HORÁRIO PRODUTIVO DIURNO","0325","","",93427,"GRUPO GERADOR ESTACIONÁRIO, POTÊNCIA 150 KVA, MOTOR A DIESEL- CHP DIURNO. AF_03/2016","CHP","ATRIBUÍDO SÃO PAULO",157.78,"CAIXA REFERENCIAL"]
["CUSTOS HORÁRIOS DE MÁQUINAS E EQUIPAMENTOS","CHOR","CUSTO HORÁRIO PRODUTIVO DIURNO","0325","","",93433,"USINA DE MISTURA ASFÁLTICA À QUENTE, TIPO CONTRA FLUXO, PROD 40 A 80 TON/HORA - CHP DIURNO. AF_05/2023","CHP","ATRIBUÍDO SÃO PAULO",2338.9899999999998,"CAIXA REFERENCIAL"]
["CUSTOS HORÁRIOS DE MÁQUINAS E EQUIPAMENTOS","CHOR","CUSTO HORÁRIO PRODUTIVO DIURNO","0325","","",93439,"USINA DE ASFALTO À FRIO, CAPACIDADE DE 40 A 60 TON/HORA, ELÉTRICA POTÊNCIA 30 CV - CHP DIURNO. AF_05/2023","CHP","ATRIBUÍDO SÃO PAULO",206.5,"CAIXA REFERENCIAL"]
["CUSTOS HORÁRIOS DE MÁQUINAS E EQUIPAMENTOS","CHOR","CUSTO HORÁRIO PRODUTIVO DIURNO","0325","","",95121,"USINA MISTURADORA DE SOLOS, CAPACIDADE DE 200 A 500 TON/H, POTENCIA 75KW - CHP DIURNO. AF_07/2016","CHP","ATRIBUÍDO SÃO PAULO",277.19,"CAIXA REFERENCIAL"]
["CUSTOS HORÁRIOS DE MÁQUINAS E EQUIPAMENTOS","CHOR","CUSTO HORÁRIO PRODUTIVO DIURNO","0325","","",95127,"DISTRIBUIDOR DE AGREGADOS AUTOPROPELIDO, CAP 3 M3, A DIESEL, POTÊNCIA 176CV - CHP DIURNO. AF_07/2016","CHP","ATRIBUÍDO SÃO PAULO",196.8,"CAIXA REFERENCIAL"]
["CUSTOS HORÁRIOS DE MÁQUINAS E EQUIPAMENTOS","CHOR","CUSTO HORÁRIO PRODUTIVO DIURNO","0325","","",95133,"MÁQUINA DEMARCADORA DE FAIXA DE TRÁFEGO À FRIO, AUTOPROPELIDA, POTÊNCIA 38 HP - CHP DIURNO. AF_07/2016","CHP","ATRIBUÍDO SÃO PAULO",171.3,"CAIXA REFERENCIAL"]
["CUSTOS HORÁRIOS DE MÁQUINAS E EQUIPAMENTOS","CHOR","CUSTO HORÁRIO PRODUTIVO DIURNO","0325","","",95139,"TALHA MANUAL DE CORRENTE, CAPACIDADE DE 2 TON. COM ELEVAÇÃO DE 3 M - CHP DIURNO. AF_07/2016","CHP","ATRIBUÍDO SÃO PAULO",0.06,"CAIXA REFERENCIAL"]
["CUSTOS HORÁRIOS DE MÁQUINAS E EQUIPAMENTOS","CHOR","CUSTO HORÁRIO PRODUTIVO DIURNO","0325","","",95212,"GRUA ASCENCIONAL, LANCA DE 42 M, CAPACIDADE DE 1,5 T A 30 M, ALTURA ATE 39 M - CHP DIURNO. AF_05/2023","CHP","ATRIBUÍDO SÃO PAULO",105.17,"CAIXA REFERENCIAL"]
["CUSTOS HORÁRIOS DE MÁQUINAS E EQUIPAMENTOS","CHOR","CUSTO HORÁRIO PRODUTIVO DIURNO","0325","","",95258,"MARTELO DEMOLIDOR PNEUMÁTICO MANUAL, 32 KG - CHP DIURNO. AF_09/2016","CHP","ATRIBUÍDO SÃO PAULO",19.75,"CAIXA REFERENCIAL"]
["CUSTOS HORÁRIOS DE MÁQUINAS E EQUIPAMENTOS","CHOR","CUSTO HORÁRIO PRODUTIVO DIURNO","0325","","",95264,"COMPACTADOR DE SOLOS DE PERCUSÃO (SOQUETE) COM MOTOR A GASOLINA, POTÊNCIA 3 CV - CHP DIURNO. AF_09/2016","CHP","ATRIBUÍDO SÃO PAULO",6.33,"CAIXA REFERENCIAL"]
["CUSTOS HORÁRIOS DE MÁQUINAS E EQUIPAMENTOS","CHOR","CUSTO HORÁRIO PRODUTIVO DIURNO","0325","","",95270,"RÉGUA VIBRATÓRIA DUPLA PARA CONCRETO, PESO DE 60KG, COMPRIMENTO 4 M, COM MOTOR A GASOLINA, POTÊNCIA 5,5 HP - CHP DIURNO. AF_09/2016","CHP","ATRIBUÍDO SÃO PAULO",8.74,"CAIXA REFERENCIAL"]
["CUSTOS HORÁRIOS DE MÁQUINAS E EQUIPAMENTOS","CHOR","CUSTO HORÁRIO PRODUTIVO DIURNO","0325","","",95276,"POLIDORA DE PISO (POLITRIZ), PESO DE 100KG, DIÂMETRO 450 MM, MOTOR ELÉTRICO, POTÊNCIA 4 HP - CHP DIURNO. AF_05/2023","CHP","ATRIBUÍDO SÃO PAULO",3.16,"CAIXA REFERENCIAL"]
["CUSTOS HORÁRIOS DE MÁQUINAS E EQUIPAMENTOS","CHOR","CUSTO HORÁRIO PRODUTIVO DIURNO","0325","","",95282,"DESEMPENADEIRA DE CONCRETO, PESO DE 78 KG, 4 PÁS, MOTOR A GASOLINA, POTÊNCIA 5,5 HP - CHP DIURNO. AF_05/2023","CHP","ATRIBUÍDO SÃO PAULO",8.89,"CAIXA REFERENCIAL"]
["CUSTOS HORÁRIOS DE MÁQUINAS E EQUIPAMENTOS","CHOR","CUSTO HORÁRIO PRODUTIVO DIURNO","0325","","",95620,"PERFURATRIZ PNEUMATICA MANUAL DE PESO MEDIO, MARTELETE, 18KG, COMPRIMENTO MÁXIMO DE CURSO DE 6 M, DIAMETRO DO PISTAO DE 5,5 CM - CHP DIURNO. AF_11/2016","CHP","ATRIBUÍDO SÃO PAULO",19.21,"CAIXA REFERENCIAL"]
["CUSTOS HORÁRIOS DE MÁQUINAS E EQUIPAMENTOS","CHOR","CUSTO HORÁRIO PRODUTIVO DIURNO","0325","","",95631,"ROLO COMPACTADOR VIBRATORIO TANDEM, ACO LISO, POTENCIA 125 HP, PESO SEM/COM LASTRO 10,20/11,65 T, LARGURA DE TRABALHO 1,73 M - CHP DIURNO. AF_11/2016","CHP","ATRIBUÍDO SÃO PAULO",217.03,"CAIXA REFERENCIAL"]
["CUSTOS HORÁRIOS DE MÁQUINAS E EQUIPAMENTOS","CHOR","CUSTO HORÁRIO PRODUTIVO DIURNO","0325","","",95702,"PERFURATRIZ MANUAL, TORQUE MAXIMO 55 KGF.M, POTENCIA 5 CV, COM DIAMETRO MAXIMO 8 1/2\" - CHP DIURNO. AF_11/2016","CHP","ATRIBUÍDO SÃO PAULO",32.619999999999997,"CAIXA REFERENCIAL"]
["CUSTOS HORÁRIOS DE MÁQUINAS E EQUIPAMENTOS","CHOR","CUSTO HORÁRIO PRODUTIVO DIURNO","0325","","",95708,"PERFURATRIZ SOBRE ESTEIRA, TORQUE MÁXIMO 600 KGF, POTÊNCIA ENTRE 50 E 60 HP, DIÂMETRO MÁXIMO 10\u0094 - CHP DIURNO. AF_11/2016","CHP","ATRIBUÍDO SÃO PAULO",134.99,"CAIXA REFERENCIAL"]
["CUSTOS HORÁRIOS DE MÁQUINAS E EQUIPAMENTOS","CHOR","CUSTO HORÁRIO PRODUTIVO DIURNO","0325","","",95714,"ESCAVADEIRA HIDRAULICA SOBRE ESTEIRA, COM GARRA GIRATORIA DE MANDIBULAS, PESO OPERACIONAL ENTRE 22,00 E 25,50 TON, POTENCIA LIQUIDA ENTRE 150 E 160 HP - CHP DIURNO. AF_11/2016","CHP","ATRIBUÍDO SÃO PAULO",237.63,"CAIXA REFERENCIAL"]
["CUSTOS HORÁRIOS DE MÁQUINAS E EQUIPAMENTOS","CHOR","CUSTO HORÁRIO PRODUTIVO DIURNO","0325","","",95720,"ESCAVADEIRA HIDRAULICA SOBRE ESTEIRA, EQUIPADA COM CLAMSHELL, COM CAPACIDADE DA CAÇAMBA ENTRE 1,20 E 1,50 M3, PESO OPERACIONAL ENTRE 20,00 E 22,00 TON, POTENCIA LIQUIDA ENTRE 150 E 160 HP - CHP DIURNO. AF_11/2016","CHP","ATRIBUÍDO SÃO PAULO",232.64,"CAIXA REFERENCIAL"]
["CUSTOS HORÁRIOS DE MÁQUINAS E EQUIPAMENTOS","CHOR","CUSTO HORÁRIO PRODUTIVO DIURNO","0325","","",95872,"GRUPO GERADOR COM CARENAGEM, MOTOR DIESEL POTÊNCIA STANDART ENTRE 250 E 260 KVA - CHP DIURNO. AF_12/2016","CHP","ATRIBUÍDO SÃO PAULO",267.56,"CAIXA REFERENCIAL"]
["CUSTOS HORÁRIOS DE MÁQUINAS E EQUIPAMENTOS","CHOR","CUSTO HORÁRIO PRODUTIVO DIURNO","0325","","",96013,"TRATOR DE PNEUS COM POTÊNCIA DE 122 CV, TRAÇÃO 4X4, COM VASSOURA MECÂNICA ACOPLADA - CHP DIURNO. AF_02/2017","CHP","ATRIBUÍDO SÃO PAULO",160.5,"CAIXA REFERENCIAL"]
["CUSTOS HORÁRIOS DE MÁQUINAS E EQUIPAMENTOS","CHOR","CUSTO HORÁRIO PRODUTIVO DIURNO","0325","","",96020,"TRATOR DE PNEUS COM POTÊNCIA DE 122 CV, TRAÇÃO 4X4, COM GRADE DE DISCOS ACOPLADA - CHP DIURNO. AF_02/2017","CHP","ATRIBUÍDO SÃO PAULO",159.97999999999999,"CAIXA REFERENCIAL"]
["CUSTOS HORÁRIOS DE MÁQUINAS E EQUIPAMENTOS","CHOR","CUSTO HORÁRIO PRODUTIVO DIURNO","0325","","",96028,"TRATOR DE PNEUS COM POTÊNCIA DE 85 CV, TRAÇÃO 4X4, COM GRADE DE DISCOS ACOPLADA - CHP DIURNO. AF_02/2017","CHP","ATRIBUÍDO SÃO PAULO",121.28,"CAIXA REFERENCIAL"]
["CUSTOS HORÁRIOS DE MÁQUINAS E EQUIPAMENTOS","CHOR","CUSTO HORÁRIO PRODUTIVO DIURNO","0325","","",96035,"CAMINHÃO BASCULANTE 10 M3, TRUCADO, POTÊNCIA 230 CV, INCLUSIVE CAÇAMBA METÁLICA, COM DISTRIBUIDOR DE AGREGADOS ACOPLADO - CHP DIURNO. AF_02/2017","CHP","ATRIBUÍDO SÃO PAULO",262.26,"CAIXA REFERENCIAL"]
["CUSTOS HORÁRIOS DE MÁQUINAS E EQUIPAMENTOS","CHOR","CUSTO HORÁRIO PRODUTIVO DIURNO","0325","","",96157,"TRATOR DE PNEUS COM POTÊNCIA DE 85 CV, TRAÇÃO 4X4, COM VASSOURA MECÂNICA ACOPLADA - CHP DIURNO. AF_03/2017","CHP","ATRIBUÍDO SÃO PAULO",121.8,"CAIXA REFERENCIAL"]
["CUSTOS HORÁRIOS DE MÁQUINAS E EQUIPAMENTOS","CHOR","CUSTO HORÁRIO PRODUTIVO DIURNO","0325","","",96158,"MINICARREGADEIRA SOBRE RODAS POTENCIA 47HP CAPACIDADE OPERACAO 646 KG, COM VASSOURA MECÂNICA ACOPLADA - CHP DIURNO. AF_03/2017","CHP","ATRIBUÍDO SÃO PAULO",133.6,"CAIXA REFERENCIAL"]
["CUSTOS HORÁRIOS DE MÁQUINAS E EQUIPAMENTOS","CHOR","CUSTO HORÁRIO PRODUTIVO DIURNO","0325","","",96245,"MINIESCAVADEIRA SOBRE ESTEIRAS, POTENCIA LIQUIDA DE *30* HP, PESO OPERACIONAL DE *3.500* KG - CHP DIURNO. AF_04/2017","CHP","ATRIBUÍDO SÃO PAULO",106.3,"CAIXA REFERENCIAL"]
["CUSTOS HORÁRIOS DE MÁQUINAS E EQUIPAMENTOS","CHOR","CUSTO HORÁRIO PRODUTIVO DIURNO","0325","","",96463,"ROLO COMPACTADOR DE PNEUS, ESTATICO, PRESSAO VARIAVEL, POTENCIA 110 HP, PESO SEM/COM LASTRO 10,8/27 T, LARGURA DE ROLAGEM 2,30 M - CHP DIURNO. AF_06/2017","CHP","ATRIBUÍDO SÃO PAULO",206.8,"CAIXA REFERENCIAL"]
["CUSTOS HORÁRIOS DE MÁQUINAS E EQUIPAMENTOS","CHOR","CUSTO HORÁRIO PRODUTIVO DIURNO","0325","","",98764,"INVERSOR DE SOLDA MONOFÁSICO DE 160 A, POTÊNCIA DE 5400 W, TENSÃO DE 220 V, PARA SOLDA COM ELETRODOS DE 2,0 A 4,0 MM E PROCESSO TIG - CHP DIURNO. AF_06/2018","CHP","COEFICIENTE DE REPRESENTATIVIDADE",4.49,"CAIXA REFERENCIAL"]
["CUSTOS HORÁRIOS DE MÁQUINAS E EQUIPAMENTOS","CHOR","CUSTO HORÁRIO PRODUTIVO DIURNO","0325","","",99833,"LAVADORA DE ALTA PRESSAO (LAVA-JATO) PARA AGUA FRIA, PRESSAO DE OPERACAO ENTRE 1400 E 1900 LIB/POL2, VAZAO MAXIMA ENTRE 400 E 700 L/H - CHP DIURNO. AF_05/2023","CHP","COEFICIENTE DE REPRESENTATIVIDADE",1.92,"CAIXA REFERENCIAL"]
["CUSTOS HORÁRIOS DE MÁQUINAS E EQUIPAMENTOS","CHOR","CUSTO HORÁRIO PRODUTIVO DIURNO","0325","","",100641,"USINA DE MISTURA ASFÁLTICA À QUENTE, TIPO CONTRA FLUXO, PROD 100 A 140 TON/HORA - CHP DIURNO. AF_12/2019","CHP","ATRIBUÍDO SÃO PAULO",4314.0200000000004,"CAIXA REFERENCIAL"]
["CUSTOS HORÁRIOS DE MÁQUINAS E EQUIPAMENTOS","CHOR","CUSTO HORÁRIO PRODUTIVO DIURNO","0325","","",100647,"USINA DE ASFALTO, TIPO GRAVIMÉTRICA, PROD 150 TON/HORA - CHP DIURNO. AF_12/2019","CHP","ATRIBUÍDO SÃO PAULO",5804.24,"CAIXA REFERENCIAL"]
["CUSTOS HORÁRIOS DE MÁQUINAS E EQUIPAMENTOS","CHOR","CUSTO HORÁRIO PRODUTIVO DIURNO","0325","","",102275,"MARTELO DEMOLIDOR ELÉTRICO, COM POTÊNCIA DE 2.000 W, 1.000 IMPACTOS POR MINUTO, PESO DE 30 KG - CHP DIURNO. AF_01/2021","CHP","ATRIBUÍDO SÃO PAULO",19.8,"CAIXA REFERENCIAL"]
["CUSTOS HORÁRIOS DE MÁQUINAS E EQUIPAMENTOS","CHOR","CUSTO HORÁRIO PRODUTIVO DIURNO","0325","","",104091,"TERMOFUSORA PARA TUBOS E CONEXÕES EM PPR COM DIÂMETROS DE 20 A 63 MM, POTÊNCIA DE 800 W, TENSAO 220 V - CHP DIURNO. AF_05/2022","CHP","COEFICIENTE DE REPRESENTATIVIDADE",0.78,"CAIXA REFERENCIAL"]
["CUSTOS HORÁRIOS DE MÁQUINAS E EQUIPAMENTOS","CHOR","CUSTO HORÁRIO PRODUTIVO DIURNO","0325","","",104097,"TERMOFUSORA PARA TUBOS E CONEXÕES EM PPR COM DIÂMETROS DE 75 A 110 MM, POTÊNCIA DE *1100* W, TENSÃO 220 V - CHP DIURNO. AF_05/2022","CHP","COEFICIENTE DE REPRESENTATIVIDADE",1.0900000000000001,"CAIXA REFERENCIAL"]
["CUSTOS HORÁRIOS DE MÁQUINAS E EQUIPAMENTOS","CHOR","CUSTO HORÁRIO IMPRODUTIVO DIURNO","0327","","",5632,"ESCAVADEIRA HIDRÁULICA SOBRE ESTEIRAS, CAÇAMBA 0,80 M3, PESO OPERACIONAL 17 T, POTENCIA BRUTA 111 HP - CHI DIURNO. AF_06/2014","CHI","ATRIBUÍDO SÃO PAULO",79.38,"CAIXA REFERENCIAL"]
["CUSTOS HORÁRIOS DE MÁQUINAS E EQUIPAMENTOS","CHOR","CUSTO HORÁRIO IMPRODUTIVO DIURNO","0327","","",5679,"RETROESCAVADEIRA SOBRE RODAS COM CARREGADEIRA, TRAÇÃO 4X4, POTÊNCIA LÍQ. 88 HP, CAÇAMBA CARREG. CAP. MÍN. 1 M3, CAÇAMBA RETRO CAP. 0,26 M3, PESO OPERACIONAL MÍN. 6.674 KG, PROFUNDIDADE ESCAVAÇÃO MÁX. 4,37 M - CHI DIURNO. AF_06/2014","CHI","ATRIBUÍDO SÃO PAULO",51.41,"CAIXA REFERENCIAL"]
["CUSTOS HORÁRIOS DE MÁQUINAS E EQUIPAMENTOS","CHOR","CUSTO HORÁRIO IMPRODUTIVO DIURNO","0327","","",5681,"RETROESCAVADEIRA SOBRE RODAS COM CARREGADEIRA, TRAÇÃO 4X2, POTÊNCIA LÍQ. 79 HP, CAÇAMBA CARREG. CAP. MÍN. 1 M3, CAÇAMBA RETRO CAP. 0,20 M3, PESO OPERACIONAL MÍN. 6.570 KG, PROFUNDIDADE ESCAVAÇÃO MÁX. 4,37 M - CHI DIURNO. AF_06/2014","CHI","ATRIBUÍDO SÃO PAULO",48.17,"CAIXA REFERENCIAL"]
["CUSTOS HORÁRIOS DE MÁQUINAS E EQUIPAMENTOS","CHOR","CUSTO HORÁRIO IMPRODUTIVO DIURNO","0327","","",5685,"ROLO COMPACTADOR VIBRATÓRIO DE UM CILINDRO AÇO LISO, POTÊNCIA 80 HP, PESO OPERACIONAL MÁXIMO 8,1 T, IMPACTO DINÂMICO 16,15 / 9,5 T, LARGURA DE TRABALHO 1,68 M - CHI DIURNO. AF_06/2014","CHI","ATRIBUÍDO SÃO PAULO",57.05,"CAIXA REFERENCIAL"]
["CUSTOS HORÁRIOS DE MÁQUINAS E EQUIPAMENTOS","CHOR","CUSTO HORÁRIO IMPRODUTIVO DIURNO","0327","","",5690,"GRADE DE DISCO CONTROLE REMOTO REBOCÁVEL, COM 24 DISCOS 24\u0094 X 6 MM COM PNEUS PARA TRANSPORTE - CHI DIURNO. AF_06/2014","CHI","ATRIBUÍDO SÃO PAULO",4.5199999999999996,"CAIXA REFERENCIAL"]
["CUSTOS HORÁRIOS DE MÁQUINAS E EQUIPAMENTOS","CHOR","CUSTO HORÁRIO IMPRODUTIVO DIURNO","0327","","",5806,"MOTOBOMBA CENTRÍFUGA, MOTOR A GASOLINA, POTÊNCIA 5,42 HP, BOCAIS 1 1/2\" X 1\", DIÂMETRO ROTOR 143 MM HM/Q = 6 MCA / 16,8 M3/H A 38 MCA / 6,6 M3/H - CHI DIURNO. AF_06/2014","CHI","COEFICIENTE DE REPRESENTATIVIDADE",0.35,"CAIXA REFERENCIAL"]
["CUSTOS HORÁRIOS DE MÁQUINAS E EQUIPAMENTOS","CHOR","CUSTO HORÁRIO IMPRODUTIVO DIURNO","0327","","",5826,"CAMINHÃO TOCO, PBT 16.000 KG, CARGA ÚTIL MÁX. 10.685 KG, DIST. ENTRE EIXOS 4,8 M, POTÊNCIA 189 CV, INCLUSIVE CARROCERIA FIXA ABERTA DE MADEIRA P/ TRANSPORTE GERAL DE CARGA SECA, DIMEN. APROX. 2,5 X 7,00 X 0,50 M - CHI DIURNO. AF_06/2014","CHI","ATRIBUÍDO SÃO PAULO",55.97,"CAIXA REFERENCIAL"]
["CUSTOS HORÁRIOS DE MÁQUINAS E EQUIPAMENTOS","CHOR","CUSTO HORÁRIO IMPRODUTIVO DIURNO","0327","","",5829,"USINA DE CONCRETO FIXA, CAPACIDADE NOMINAL DE 90 A 120 M3/H, SEM SILO - CHI DIURNO. AF_07/2016","CHI","ATRIBUÍDO SÃO PAULO",130.24,"CAIXA REFERENCIAL"]
["CUSTOS HORÁRIOS DE MÁQUINAS E EQUIPAMENTOS","CHOR","CUSTO HORÁRIO IMPRODUTIVO DIURNO","0327","","",5837,"VIBROACABADORA DE ASFALTO SOBRE ESTEIRAS, LARGURA DE PAVIMENTAÇÃO 1,90 M A 5,30 M, POTÊNCIA 105 HP CAPACIDADE 450 T/H - CHI DIURNO. AF_11/2014","CHI","ATRIBUÍDO SÃO PAULO",149.08000000000001,"CAIXA REFERENCIAL"]
["CUSTOS HORÁRIOS DE MÁQUINAS E EQUIPAMENTOS","CHOR","CUSTO HORÁRIO IMPRODUTIVO DIURNO","0327","","",5841,"VASSOURA MECÂNICA REBOCÁVEL COM ESCOVA CILÍNDRICA, LARGURA ÚTIL DE VARRIMENTO DE 2,44 M - CHI DIURNO. AF_06/2014","CHI","ATRIBUÍDO SÃO PAULO",5.18,"CAIXA REFERENCIAL"]
["CUSTOS HORÁRIOS DE MÁQUINAS E EQUIPAMENTOS","CHOR","CUSTO HORÁRIO IMPRODUTIVO DIURNO","0327","","",5845,"TRATOR DE PNEUS, POTÊNCIA 122 CV, TRAÇÃO 4X4, PESO COM LASTRO DE 4.510 KG - CHI DIURNO. AF_06/2014","CHI","ATRIBUÍDO SÃO PAULO",42.48,"CAIXA REFERENCIAL"]
["CUSTOS HORÁRIOS DE MÁQUINAS E EQUIPAMENTOS","CHOR","CUSTO HORÁRIO IMPRODUTIVO DIURNO","0327","","",5849,"TRATOR DE ESTEIRAS, POTÊNCIA 170 HP, PESO OPERACIONAL 19 T, CAÇAMBA 5,2 M3 - CHI DIURNO. AF_06/2014","CHI","ATRIBUÍDO SÃO PAULO",73.55,"CAIXA REFERENCIAL"]
["CUSTOS HORÁRIOS DE MÁQUINAS E EQUIPAMENTOS","CHOR","CUSTO HORÁRIO IMPRODUTIVO DIURNO","0327","","",5853,"TRATOR DE ESTEIRAS, POTÊNCIA 150 HP, PESO OPERACIONAL 16,7 T, COM RODA MOTRIZ ELEVADA E LÂMINA 3,18 M3 - CHI DIURNO. AF_06/2014","CHI","ATRIBUÍDO SÃO PAULO",73.89,"CAIXA REFERENCIAL"]
["CUSTOS HORÁRIOS DE MÁQUINAS E EQUIPAMENTOS","CHOR","CUSTO HORÁRIO IMPRODUTIVO DIURNO","0327","","",5857,"TRATOR DE ESTEIRAS, POTÊNCIA 347 HP, PESO OPERACIONAL 38,5 T, COM LÂMINA 8,70 M3 - CHI DIURNO. AF_06/2014","CHI","ATRIBUÍDO SÃO PAULO",200.3,"CAIXA REFERENCIAL"]
["CUSTOS HORÁRIOS DE MÁQUINAS E EQUIPAMENTOS","CHOR","CUSTO HORÁRIO IMPRODUTIVO DIURNO","0327","","",5865,"ROLO COMPACTADOR VIBRATÓRIO REBOCÁVEL, CILINDRO DE AÇO LISO, POTÊNCIA DE TRAÇÃO DE 65 CV, PESO 4,7 T, IMPACTO DINÂMICO 18,3 T, LARGURA DE TRABALHO 1,67 M - CHI DIURNO. AF_02/2016","CHI","ATRIBUÍDO SÃO PAULO",12.03,"CAIXA REFERENCIAL"]
["CUSTOS HORÁRIOS DE MÁQUINAS E EQUIPAMENTOS","CHOR","CUSTO HORÁRIO IMPRODUTIVO DIURNO","0327","","",5869,"ROLO COMPACTADOR VIBRATÓRIO TANDEM AÇO LISO, POTÊNCIA 58 HP, PESO SEM/COM LASTRO 6,5 / 9,4 T, LARGURA DE TRABALHO 1,2 M - CHI DIURNO. AF_06/2014","CHI","ATRIBUÍDO SÃO PAULO",66.150000000000006,"CAIXA REFERENCIAL"]
["CUSTOS HORÁRIOS DE MÁQUINAS E EQUIPAMENTOS","CHOR","CUSTO HORÁRIO IMPRODUTIVO DIURNO","0327","","",5877,"RETROESCAVADEIRA SOBRE RODAS COM CARREGADEIRA, TRAÇÃO 4X4, POTÊNCIA LÍQ. 72 HP, CAÇAMBA CARREG. CAP. MÍN. 0,79 M3, CAÇAMBA RETRO CAP. 0,18 M3, PESO OPERACIONAL MÍN. 7.140 KG, PROFUNDIDADE ESCAVAÇÃO MÁX. 4,50 M - CHI DIURNO. AF_06/2014","CHI","ATRIBUÍDO SÃO PAULO",50.39,"CAIXA REFERENCIAL"]
["CUSTOS HORÁRIOS DE MÁQUINAS E EQUIPAMENTOS","CHOR","CUSTO HORÁRIO IMPRODUTIVO DIURNO","0327","","",5881,"ROLO COMPACTADOR VIBRATÓRIO PÉ DE CARNEIRO, OPERADO POR CONTROLE REMOTO, POTÊNCIA 12,5 KW, PESO OPERACIONAL 1,675 T, LARGURA DE TRABALHO 0,85 M - CHI DIURNO. AF_02/2016","CHI","ATRIBUÍDO SÃO PAULO",71.67,"CAIXA REFERENCIAL"]
["CUSTOS HORÁRIOS DE MÁQUINAS E EQUIPAMENTOS","CHOR","CUSTO HORÁRIO IMPRODUTIVO DIURNO","0327","","",5884,"USINA DE LAMA ASFÁLTICA, PROD 30 A 50 T/H, SILO DE AGREGADO 7 M3, RESERVATÓRIOS PARA EMULSÃO E ÁGUA DE 2,3 M3 CADA, MISTURADOR TIPO PUG MILL A SER MONTADO SOBRE CAMINHÃO - CHI DIURNO. AF_10/2014","CHI","ATRIBUÍDO SÃO PAULO",49.48,"CAIXA REFERENCIAL"]
["CUSTOS HORÁRIOS DE MÁQUINAS E EQUIPAMENTOS","CHOR","CUSTO HORÁRIO IMPRODUTIVO DIURNO","0327","","",5892,"CAMINHÃO TOCO, PESO BRUTO TOTAL 14.300 KG, CARGA ÚTIL MÁXIMA 9590 KG, DISTÂNCIA ENTRE EIXOS 4,76 M, POTÊNCIA 185 CV (NÃO INCLUI CARROCERIA) - CHI DIURNO. AF_06/2014","CHI","ATRIBUÍDO SÃO PAULO",50.92,"CAIXA REFERENCIAL"]
["CUSTOS HORÁRIOS DE MÁQUINAS E EQUIPAMENTOS","CHOR","CUSTO HORÁRIO IMPRODUTIVO DIURNO","0327","","",5896,"CAMINHÃO TOCO, PESO BRUTO TOTAL 16.000 KG, CARGA ÚTIL MÁXIMA DE 10.685 KG, DISTÂNCIA ENTRE EIXOS 4,80 M, POTÊNCIA 189 CV EXCLUSIVE CARROCERIA - CHI DIURNO. AF_06/2014","CHI","ATRIBUÍDO SÃO PAULO",53.77,"CAIXA REFERENCIAL"]
["CUSTOS HORÁRIOS DE MÁQUINAS E EQUIPAMENTOS","CHOR","CUSTO HORÁRIO IMPRODUTIVO DIURNO","0327","","",5903,"CAMINHÃO PIPA 10.000 L TRUCADO, PESO BRUTO TOTAL 23.000 KG, CARGA ÚTIL MÁXIMA 15.935 KG, DISTÂNCIA ENTRE EIXOS 4,8 M, POTÊNCIA 230 CV, INCLUSIVE TANQUE DE AÇO PARA TRANSPORTE DE ÁGUA - CHI DIURNO. AF_06/2014","CHI","ATRIBUÍDO SÃO PAULO",68.33,"CAIXA REFERENCIAL"]
["CUSTOS HORÁRIOS DE MÁQUINAS E EQUIPAMENTOS","CHOR","CUSTO HORÁRIO IMPRODUTIVO DIURNO","0327","","",5911,"ESPARGIDOR DE ASFALTO PRESSURIZADO COM TANQUE DE 2500 L, REBOCÁVEL COM MOTOR A GASOLINA POTÊNCIA 3,4 HP - CHI DIURNO. AF_07/2014","CHI","ATRIBUÍDO SÃO PAULO",22.52,"CAIXA REFERENCIAL"]
["CUSTOS HORÁRIOS DE MÁQUINAS E EQUIPAMENTOS","CHOR","CUSTO HORÁRIO IMPRODUTIVO DIURNO","0327","","",5923,"GRADE DE DISCO REBOCÁVEL COM 20 DISCOS 24\" X 6 MM COM PNEUS PARA TRANSPORTE - CHI DIURNO. AF_06/2014","CHI","ATRIBUÍDO SÃO PAULO",3.54,"CAIXA REFERENCIAL"]
["CUSTOS HORÁRIOS DE MÁQUINAS E EQUIPAMENTOS","CHOR","CUSTO HORÁRIO IMPRODUTIVO DIURNO","0327","","",5930,"GUINDAUTO HIDRÁULICO, CAPACIDADE MÁXIMA DE CARGA 6200 KG, MOMENTO MÁXIMO DE CARGA 11,7 TM, ALCANCE MÁXIMO HORIZONTAL 9,70 M, INCLUSIVE CAMINHÃO TOCO PBT 16.000 KG, POTÊNCIA DE 189 CV - CHI DIURNO. AF_06/2014","CHI","ATRIBUÍDO SÃO PAULO",66.599999999999994,"CAIXA REFERENCIAL"]
["CUSTOS HORÁRIOS DE MÁQUINAS E EQUIPAMENTOS","CHOR","CUSTO HORÁRIO IMPRODUTIVO DIURNO","0327","","",5934,"MOTONIVELADORA POTÊNCIA BÁSICA LÍQUIDA (PRIMEIRA MARCHA) 125 HP, PESO BRUTO 13032 KG, LARGURA DA LÂMINA DE 3,7 M - CHI DIURNO. AF_06/2014","CHI","COEFICIENTE DE REPRESENTATIVIDADE",99.54,"CAIXA REFERENCIAL"]
["CUSTOS HORÁRIOS DE MÁQUINAS E EQUIPAMENTOS","CHOR","CUSTO HORÁRIO IMPRODUTIVO DIURNO","0327","","",5942,"PÁ CARREGADEIRA SOBRE RODAS, POTÊNCIA LÍQUIDA 128 HP, CAPACIDADE DA CAÇAMBA 1,7 A 2,8 M3, PESO OPERACIONAL 11632 KG - CHI DIURNO. AF_06/2014","CHI","ATRIBUÍDO SÃO PAULO",65,"CAIXA REFERENCIAL"]
["CUSTOS HORÁRIOS DE MÁQUINAS E EQUIPAMENTOS","CHOR","CUSTO HORÁRIO IMPRODUTIVO DIURNO","0327","","",5946,"PÁ CARREGADEIRA SOBRE RODAS, POTÊNCIA 197 HP, CAPACIDADE DA CAÇAMBA 2,5 A 3,5 M3, PESO OPERACIONAL 18338 KG - CHI DIURNO. AF_06/2014","CHI","ATRIBUÍDO SÃO PAULO",82.24,"CAIXA REFERENCIAL"]
["CUSTOS HORÁRIOS DE MÁQUINAS E EQUIPAMENTOS","CHOR","CUSTO HORÁRIO IMPRODUTIVO DIURNO","0327","","",5952,"MARTELETE OU ROMPEDOR PNEUMÁTICO MANUAL, 28 KG, COM SILENCIADOR - CHI DIURNO. AF_07/2016","CHI","ATRIBUÍDO SÃO PAULO",18.43,"CAIXA REFERENCIAL"]
["CUSTOS HORÁRIOS DE MÁQUINAS E EQUIPAMENTOS","CHOR","CUSTO HORÁRIO IMPRODUTIVO DIURNO","0327","","",5954,"COMPRESSOR DE AR REBOCÁVEL, VAZÃO 189 PCM, PRESSÃO EFETIVA DE TRABALHO 102 PSI, MOTOR DIESEL, POTÊNCIA 63 CV - CHI DIURNO. AF_06/2015","CHI","ATRIBUÍDO SÃO PAULO",6.3,"CAIXA REFERENCIAL"]
["CUSTOS HORÁRIOS DE MÁQUINAS E EQUIPAMENTOS","CHOR","CUSTO HORÁRIO IMPRODUTIVO DIURNO","0327","","",5961,"CAMINHÃO BASCULANTE 6 M3, PESO BRUTO TOTAL 16.000 KG, CARGA ÚTIL MÁXIMA 13.071 KG, DISTÂNCIA ENTRE EIXOS 4,80 M, POTÊNCIA 230 CV INCLUSIVE CAÇAMBA METÁLICA - CHI DIURNO. AF_06/2014","CHI","ATRIBUÍDO SÃO PAULO",57.7,"CAIXA REFERENCIAL"]
["CUSTOS HORÁRIOS DE MÁQUINAS E EQUIPAMENTOS","CHOR","CUSTO HORÁRIO IMPRODUTIVO DIURNO","0327","","",6260,"CAMINHÃO PIPA 6.000 L, PESO BRUTO TOTAL 13.000 KG, DISTÂNCIA ENTRE EIXOS 4,80 M, POTÊNCIA 189 CV INCLUSIVE TANQUE DE AÇO PARA TRANSPORTE DE ÁGUA, CAPACIDADE 6 M3 - CHI DIURNO. AF_06/2014","CHI","ATRIBUÍDO SÃO PAULO",55.21,"CAIXA REFERENCIAL"]
["CUSTOS HORÁRIOS DE MÁQUINAS E EQUIPAMENTOS","CHOR","CUSTO HORÁRIO IMPRODUTIVO DIURNO","0327","","",6880,"ROLO COMPACTADOR DE PNEUS ESTÁTICO, PRESSÃO VARIÁVEL, POTÊNCIA 111 HP, PESO SEM/COM LASTRO 9,5 / 26 T, LARGURA DE TRABALHO 1,90 M - CHI DIURNO. AF_07/2014","CHI","ATRIBUÍDO SÃO PAULO",79.5,"CAIXA REFERENCIAL"]
["CUSTOS HORÁRIOS DE MÁQUINAS E EQUIPAMENTOS","CHOR","CUSTO HORÁRIO IMPRODUTIVO DIURNO","0327","","",7031,"TANQUE DE ASFALTO ESTACIONÁRIO COM SERPENTINA, CAPACIDADE 30.000 L - CHI DIURNO. AF_05/2023","CHI","ATRIBUÍDO SÃO PAULO",5.86,"CAIXA REFERENCIAL"]
["CUSTOS HORÁRIOS DE MÁQUINAS E EQUIPAMENTOS","CHOR","CUSTO HORÁRIO IMPRODUTIVO DIURNO","0327","","",7043,"MOTOBOMBA TRASH (PARA ÁGUA SUJA) AUTO ESCORVANTE, MOTOR GASOLINA DE 6,41 HP, DIÂMETROS DE SUCÇÃO X RECALQUE: 3\" X 3\", HM/Q = 10 MCA / 60 M3/H A 23 MCA / 0 M3/H - CHI DIURNO. AF_10/2014","CHI","COEFICIENTE DE REPRESENTATIVIDADE",0.44,"CAIXA REFERENCIAL"]
["CUSTOS HORÁRIOS DE MÁQUINAS E EQUIPAMENTOS","CHOR","CUSTO HORÁRIO IMPRODUTIVO DIURNO","0327","","",7050,"ROLO COMPACTADOR PE DE CARNEIRO VIBRATORIO, POTENCIA 125 HP, PESO OPERACIONAL SEM/COM LASTRO 11,95 / 13,30 T, IMPACTO DINAMICO 38,5 / 22,5 T, LARGURA DE TRABALHO 2,15 M - CHI DIURNO. AF_06/2014","CHI","ATRIBUÍDO SÃO PAULO",72.55,"CAIXA REFERENCIAL"]
["CUSTOS HORÁRIOS DE MÁQUINAS E EQUIPAMENTOS","CHOR","CUSTO HORÁRIO IMPRODUTIVO DIURNO","0327","","",67827,"CAMINHÃO BASCULANTE 6 M3 TOCO, PESO BRUTO TOTAL 16.000 KG, CARGA ÚTIL MÁXIMA 11.130 KG, DISTÂNCIA ENTRE EIXOS 5,36 M, POTÊNCIA 185 CV, INCLUSIVE CAÇAMBA METÁLICA - CHI DIURNO. AF_06/2014","CHI","ATRIBUÍDO SÃO PAULO",58.95,"CAIXA REFERENCIAL"]
["CUSTOS HORÁRIOS DE MÁQUINAS E EQUIPAMENTOS","CHOR","CUSTO HORÁRIO IMPRODUTIVO DIURNO","0327","","",73395,"GRUPO GERADOR ESTACIONÁRIO, MOTOR DIESEL POTÊNCIA 170 KVA - CHI DIURNO. AF_02/2016","CHI","ATRIBUÍDO SÃO PAULO",7.96,"CAIXA REFERENCIAL"]
["CUSTOS HORÁRIOS DE MÁQUINAS E EQUIPAMENTOS","CHOR","CUSTO HORÁRIO IMPRODUTIVO DIURNO","0327","","",83766,"GRUPO DE SOLDAGEM COM GERADOR A DIESEL 60 CV PARA SOLDA ELÉTRICA, SOBRE 04 RODAS, COM MOTOR 4 CILINDROS 600 A - CHI DIURNO. AF_02/2016","CHI","ATRIBUÍDO SÃO PAULO",34.700000000000003,"CAIXA REFERENCIAL"]
["CUSTOS HORÁRIOS DE MÁQUINAS E EQUIPAMENTOS","CHOR","CUSTO HORÁRIO IMPRODUTIVO DIURNO","0327","","",84013,"ESCAVADEIRA HIDRÁULICA SOBRE ESTEIRAS, CAÇAMBA 0,80 M3, PESO OPERACIONAL 17,8 T, POTÊNCIA LÍQUIDA 110 HP - CHI DIURNO. AF_10/2014","CHI","ATRIBUÍDO SÃO PAULO",76.75,"CAIXA REFERENCIAL"]
["CUSTOS HORÁRIOS DE MÁQUINAS E EQUIPAMENTOS","CHOR","CUSTO HORÁRIO IMPRODUTIVO DIURNO","0327","","",87446,"BETONEIRA CAPACIDADE NOMINAL 400 L, CAPACIDADE DE MISTURA 310 L, MOTOR A DIESEL POTÊNCIA 5,0 HP, SEM CARREGADOR - CHI DIURNO. AF_05/2023","CHI","COEFICIENTE DE REPRESENTATIVIDADE",0.54,"CAIXA REFERENCIAL"]
["CUSTOS HORÁRIOS DE MÁQUINAS E EQUIPAMENTOS","CHOR","CUSTO HORÁRIO IMPRODUTIVO DIURNO","0327","","",88392,"MISTURADOR DE ARGAMASSA, EIXO HORIZONTAL, CAPACIDADE DE MISTURA 300 KG, MOTOR ELÉTRICO POTÊNCIA 5 CV - CHI DIURNO. AF_05/2023","CHI","COEFICIENTE DE REPRESENTATIVIDADE",1.07,"CAIXA REFERENCIAL"]
["CUSTOS HORÁRIOS DE MÁQUINAS E EQUIPAMENTOS","CHOR","CUSTO HORÁRIO IMPRODUTIVO DIURNO","0327","","",88398,"MISTURADOR DE ARGAMASSA, EIXO HORIZONTAL, CAPACIDADE DE MISTURA 600 KG, MOTOR ELÉTRICO POTÊNCIA 7,5 CV - CHI DIURNO. AF_05/2023","CHI","COEFICIENTE DE REPRESENTATIVIDADE",1.27,"CAIXA REFERENCIAL"]
["CUSTOS HORÁRIOS DE MÁQUINAS E EQUIPAMENTOS","CHOR","CUSTO HORÁRIO IMPRODUTIVO DIURNO","0327","","",88404,"MISTURADOR DE ARGAMASSA, EIXO HORIZONTAL, CAPACIDADE DE MISTURA 160 KG, MOTOR ELÉTRICO POTÊNCIA 3 CV - CHI DIURNO. AF_05/2023","CHI","COEFICIENTE DE REPRESENTATIVIDADE",1.01,"CAIXA REFERENCIAL"]
["CUSTOS HORÁRIOS DE MÁQUINAS E EQUIPAMENTOS","CHOR","CUSTO HORÁRIO IMPRODUTIVO DIURNO","0327","","",88430,"PROJETOR DE ARGAMASSA, CAPACIDADE DE PROJEÇÃO 1,5 M3/H, ALCANCE DE 30 ATÉ 60 M, MOTOR ELÉTRICO POTÊNCIA 7,5 HP - CHI DIURNO. AF_06/2014","CHI","COEFICIENTE DE REPRESENTATIVIDADE",6.98,"CAIXA REFERENCIAL"]
["CUSTOS HORÁRIOS DE MÁQUINAS E EQUIPAMENTOS","CHOR","CUSTO HORÁRIO IMPRODUTIVO DIURNO","0327","","",88438,"PROJETOR DE ARGAMASSA, CAPACIDADE DE PROJEÇÃO 2 M3/H, ALCANCE ATÉ 50 M, MOTOR ELÉTRICO POTÊNCIA 7,5 HP - CHI DIURNO. AF_06/2014","CHI","COEFICIENTE DE REPRESENTATIVIDADE",9.25,"CAIXA REFERENCIAL"]
["CUSTOS HORÁRIOS DE MÁQUINAS E EQUIPAMENTOS","CHOR","CUSTO HORÁRIO IMPRODUTIVO DIURNO","0327","","",88831,"BETONEIRA CAPACIDADE NOMINAL DE 400 L, CAPACIDADE DE MISTURA 280 L, MOTOR ELÉTRICO TRIFÁSICO POTÊNCIA DE 2 CV, SEM CARREGADOR - CHI DIURNO. AF_05/2023","CHI","COLETADO",0.4,"CAIXA REFERENCIAL"]
["CUSTOS HORÁRIOS DE MÁQUINAS E EQUIPAMENTOS","CHOR","CUSTO HORÁRIO IMPRODUTIVO DIURNO","0327","","",88844,"TRATOR DE ESTEIRAS, POTÊNCIA 125 HP, PESO OPERACIONAL 12,9 T, COM LÂMINA 2,7 M3 - CHI DIURNO. AF_10/2014","CHI","ATRIBUÍDO SÃO PAULO",63.19,"CAIXA REFERENCIAL"]
["CUSTOS HORÁRIOS DE MÁQUINAS E EQUIPAMENTOS","CHOR","CUSTO HORÁRIO IMPRODUTIVO DIURNO","0327","","",88908,"ESCAVADEIRA HIDRÁULICA SOBRE ESTEIRAS, CAÇAMBA 1,20 M3, PESO OPERACIONAL 21 T, POTÊNCIA BRUTA 155 HP - CHI DIURNO. AF_06/2014","CHI","ATRIBUÍDO SÃO PAULO",85.83,"CAIXA REFERENCIAL"]
["CUSTOS HORÁRIOS DE MÁQUINAS E EQUIPAMENTOS","CHOR","CUSTO HORÁRIO IMPRODUTIVO DIURNO","0327","","",89022,"BOMBA SUBMERSÍVEL ELÉTRICA TRIFÁSICA, POTÊNCIA 2,96 HP, Ø ROTOR 144 MM SEMI-ABERTO, BOCAL DE SAÍDA Ø 2\u0094, HM/Q = 2 MCA / 38,8 M3/H A 28 MCA / 5 M3/H - CHI DIURNO. AF_06/2014","CHI","COEFICIENTE DE REPRESENTATIVIDADE",0.46,"CAIXA REFERENCIAL"]
["CUSTOS HORÁRIOS DE MÁQUINAS E EQUIPAMENTOS","CHOR","CUSTO HORÁRIO IMPRODUTIVO DIURNO","0327","","",89027,"TANQUE DE ASFALTO ESTACIONÁRIO COM MAÇARICO, CAPACIDADE 20.000 L - CHI DIURNO. AF_05/2023","CHI","ATRIBUÍDO SÃO PAULO",4.76,"CAIXA REFERENCIAL"]
["CUSTOS HORÁRIOS DE MÁQUINAS E EQUIPAMENTOS","CHOR","CUSTO HORÁRIO IMPRODUTIVO DIURNO","0327","","",89031,"TRATOR DE ESTEIRAS, POTÊNCIA 100 HP, PESO OPERACIONAL 9,4 T, COM LÂMINA 2,19 M3 - CHI DIURNO. AF_06/2014","CHI","ATRIBUÍDO SÃO PAULO",61.19,"CAIXA REFERENCIAL"]
["CUSTOS HORÁRIOS DE MÁQUINAS E EQUIPAMENTOS","CHOR","CUSTO HORÁRIO IMPRODUTIVO DIURNO","0327","","",89036,"TRATOR DE PNEUS, POTÊNCIA 85 CV, TRAÇÃO 4X4, PESO COM LASTRO DE 4.675 KG - CHI DIURNO. AF_06/2014","CHI","ATRIBUÍDO SÃO PAULO",36,"CAIXA REFERENCIAL"]
["CUSTOS HORÁRIOS DE MÁQUINAS E EQUIPAMENTOS","CHOR","CUSTO HORÁRIO IMPRODUTIVO DIURNO","0327","","",89218,"BATE-ESTACAS POR GRAVIDADE, POTÊNCIA DE 160 HP, PESO DO MARTELO ATÉ 3 TONELADAS - CHI DIURNO. AF_11/2014","CHI","ATRIBUÍDO SÃO PAULO",77.12,"CAIXA REFERENCIAL"]
["CUSTOS HORÁRIOS DE MÁQUINAS E EQUIPAMENTOS","CHOR","CUSTO HORÁRIO IMPRODUTIVO DIURNO","0327","","",89226,"BETONEIRA CAPACIDADE NOMINAL DE 600 L, CAPACIDADE DE MISTURA 360 L, MOTOR ELÉTRICO TRIFÁSICO POTÊNCIA DE 4 CV, SEM CARREGADOR - CHI DIURNO. AF_05/2023","CHI","COEFICIENTE DE REPRESENTATIVIDADE",1.64,"CAIXA REFERENCIAL"]
["CUSTOS HORÁRIOS DE MÁQUINAS E EQUIPAMENTOS","CHOR","CUSTO HORÁRIO IMPRODUTIVO DIURNO","0327","","",89235,"FRESADORA DE ASFALTO A FRIO SOBRE RODAS, LARGURA FRESAGEM DE 1,0 M, POTÊNCIA 208 HP - CHI DIURNO. AF_11/2014","CHI","ATRIBUÍDO SÃO PAULO",193.49,"CAIXA REFERENCIAL"]
["CUSTOS HORÁRIOS DE MÁQUINAS E EQUIPAMENTOS","CHOR","CUSTO HORÁRIO IMPRODUTIVO DIURNO","0327","","",89243,"FRESADORA DE ASFALTO A FRIO SOBRE RODAS, LARGURA FRESAGEM DE 2,0 M, POTÊNCIA 550 HP - CHI DIURNO. AF_11/2014","CHI","ATRIBUÍDO SÃO PAULO",423.71,"CAIXA REFERENCIAL"]
["CUSTOS HORÁRIOS DE MÁQUINAS E EQUIPAMENTOS","CHOR","CUSTO HORÁRIO IMPRODUTIVO DIURNO","0327","","",89251,"RECICLADORA DE ASFALTO A FRIO SOBRE RODAS, LARGURA FRESAGEM DE 2,0 M, POTÊNCIA 422 HP - CHI DIURNO. AF_11/2014","CHI","ATRIBUÍDO SÃO PAULO",370.95,"CAIXA REFERENCIAL"]
["CUSTOS HORÁRIOS DE MÁQUINAS E EQUIPAMENTOS","CHOR","CUSTO HORÁRIO IMPRODUTIVO DIURNO","0327","","",89258,"VIBROACABADORA DE ASFALTO SOBRE ESTEIRAS, LARGURA DE PAVIMENTAÇÃO 2,13 M A 4,55 M, POTÊNCIA 100 HP, CAPACIDADE 400 T/H - CHI DIURNO. AF_11/2014","CHI","ATRIBUÍDO SÃO PAULO",126,"CAIXA REFERENCIAL"]
["CUSTOS HORÁRIOS DE MÁQUINAS E EQUIPAMENTOS","CHOR","CUSTO HORÁRIO IMPRODUTIVO DIURNO","0327","","",89273,"GUINDASTE HIDRÁULICO AUTOPROPELIDO, COM LANÇA TELESCÓPICA 28,80 M, CAPACIDADE MÁXIMA 30 T, POTÊNCIA 97 KW, TRAÇÃO 4 X 4 - CHI DIURNO. AF_11/2014","CHI","ATRIBUÍDO SÃO PAULO",94.48,"CAIXA REFERENCIAL"]
["CUSTOS HORÁRIOS DE MÁQUINAS E EQUIPAMENTOS","CHOR","CUSTO HORÁRIO IMPRODUTIVO DIURNO","0327","","",89279,"BETONEIRA CAPACIDADE NOMINAL DE 600 L, CAPACIDADE DE MISTURA 440 L, MOTOR A DIESEL POTÊNCIA 10 HP, COM CARREGADOR - CHI DIURNO. AF_05/2023","CHI","COEFICIENTE DE REPRESENTATIVIDADE",2,"CAIXA REFERENCIAL"]
["CUSTOS HORÁRIOS DE MÁQUINAS E EQUIPAMENTOS","CHOR","CUSTO HORÁRIO IMPRODUTIVO DIURNO","0327","","",89877,"CAMINHÃO BASCULANTE 14 M3, COM CAVALO MECÂNICO DE CAPACIDADE MÁXIMA DE TRAÇÃO COMBINADO DE 36000 KG, POTÊNCIA 286 CV, INCLUSIVE SEMIREBOQUE COM CAÇAMBA METÁLICA - CHI DIURNO. AF_12/2014","CHI","ATRIBUÍDO SÃO PAULO",80.36,"CAIXA REFERENCIAL"]
["CUSTOS HORÁRIOS DE MÁQUINAS E EQUIPAMENTOS","CHOR","CUSTO HORÁRIO IMPRODUTIVO DIURNO","0327","","",89884,"CAMINHÃO BASCULANTE 18 M3, COM CAVALO MECÂNICO DE CAPACIDADE MÁXIMA DE TRAÇÃO COMBINADO DE 45000 KG, POTÊNCIA 330 CV, INCLUSIVE SEMIREBOQUE COM CAÇAMBA METÁLICA - CHI DIURNO. AF_12/2014","CHI","ATRIBUÍDO SÃO PAULO",83.93,"CAIXA REFERENCIAL"]
["CUSTOS HORÁRIOS DE MÁQUINAS E EQUIPAMENTOS","CHOR","CUSTO HORÁRIO IMPRODUTIVO DIURNO","0327","","",90587,"VIBRADOR DE IMERSÃO, DIÂMETRO DE PONTEIRA 45MM, MOTOR ELÉTRICO TRIFÁSICO POTÊNCIA DE 2 CV - CHI DIURNO. AF_06/2015","CHI","ATRIBUÍDO SÃO PAULO",0.49,"CAIXA REFERENCIAL"]
["CUSTOS HORÁRIOS DE MÁQUINAS E EQUIPAMENTOS","CHOR","CUSTO HORÁRIO IMPRODUTIVO DIURNO","0327","","",90626,"PERFURATRIZ MANUAL, TORQUE MÁXIMO 83 N.M, POTÊNCIA 5 CV, COM DIÂMETRO MÁXIMO 4\" - CHI DIURNO. AF_06/2015","CHI","ATRIBUÍDO SÃO PAULO",2.2200000000000002,"CAIXA REFERENCIAL"]
["CUSTOS HORÁRIOS DE MÁQUINAS E EQUIPAMENTOS","CHOR","CUSTO HORÁRIO IMPRODUTIVO DIURNO","0327","","",90632,"PERFURATRIZ SOBRE ESTEIRA, TORQUE MÁXIMO 600 KGF, PESO MÉDIO 1000 KG, POTÊNCIA 20 HP, DIÂMETRO MÁXIMO 10\" - CHI DIURNO. AF_06/2015","CHI","ATRIBUÍDO SÃO PAULO",78.260000000000005,"CAIXA REFERENCIAL"]
["CUSTOS HORÁRIOS DE MÁQUINAS E EQUIPAMENTOS","CHOR","CUSTO HORÁRIO IMPRODUTIVO DIURNO","0327","","",90638,"MISTURADOR DUPLO HORIZONTAL DE ALTA TURBULÊNCIA, CAPACIDADE / VOLUME 2 X 500 LITROS, MOTORES ELÉTRICOS MÍNIMO 5 CV CADA, PARA NATA CIMENTO, ARGAMASSA E OUTROS - CHI DIURNO. AF_06/2015","CHI","COEFICIENTE DE REPRESENTATIVIDADE",5.36,"CAIXA REFERENCIAL"]
["CUSTOS HORÁRIOS DE MÁQUINAS E EQUIPAMENTOS","CHOR","CUSTO HORÁRIO IMPRODUTIVO DIURNO","0327","","",90644,"BOMBA TRIPLEX, PARA INJEÇÃO DE NATA DE CIMENTO, VAZÃO MÁXIMA DE 100 LITROS/MINUTO, PRESSÃO MÁXIMA DE 70 BAR - CHI DIURNO. AF_06/2015","CHI","COEFICIENTE DE REPRESENTATIVIDADE",8.01,"CAIXA REFERENCIAL"]
["CUSTOS HORÁRIOS DE MÁQUINAS E EQUIPAMENTOS","CHOR","CUSTO HORÁRIO IMPRODUTIVO DIURNO","0327","","",90651,"BOMBA CENTRÍFUGA MONOESTÁGIO COM MOTOR ELÉTRICO MONOFÁSICO, POTÊNCIA 15 HP, DIÂMETRO DO ROTOR 173 MM, HM/Q = 30 MCA / 90 M3/H A 45 MCA / 55 M3/H - CHI DIURNO. AF_06/2015","CHI","COEFICIENTE DE REPRESENTATIVIDADE",1.25,"CAIXA REFERENCIAL"]
["CUSTOS HORÁRIOS DE MÁQUINAS E EQUIPAMENTOS","CHOR","CUSTO HORÁRIO IMPRODUTIVO DIURNO","0327","","",90657,"BOMBA DE PROJEÇÃO DE CONCRETO SECO, POTÊNCIA 10 CV, VAZÃO 3 M3/H - CHI DIURNO. AF_06/2015","CHI","COEFICIENTE DE REPRESENTATIVIDADE",5.22,"CAIXA REFERENCIAL"]
["CUSTOS HORÁRIOS DE MÁQUINAS E EQUIPAMENTOS","CHOR","CUSTO HORÁRIO IMPRODUTIVO DIURNO","0327","","",90663,"BOMBA DE PROJEÇÃO DE CONCRETO SECO, POTÊNCIA 10 CV, VAZÃO 6 M3/H - CHI DIURNO. AF_06/2015","CHI","COEFICIENTE DE REPRESENTATIVIDADE",5.59,"CAIXA REFERENCIAL"]
["CUSTOS HORÁRIOS DE MÁQUINAS E EQUIPAMENTOS","CHOR","CUSTO HORÁRIO IMPRODUTIVO DIURNO","0327","","",90669,"PROJETOR PNEUMÁTICO DE ARGAMASSA PARA CHAPISCO E REBOCO COM RECIPIENTE ACOPLADO, TIPO CANEQUINHA, COM COMPRESSOR DE AR REBOCÁVEL VAZÃO 89 PCM E MOTOR DIESEL DE 20 CV - CHI DIURNO. AF_05/2023","CHI","ATRIBUÍDO SÃO PAULO",8.4499999999999993,"CAIXA REFERENCIAL"]
["CUSTOS HORÁRIOS DE MÁQUINAS E EQUIPAMENTOS","CHOR","CUSTO HORÁRIO IMPRODUTIVO DIURNO","0327","","",90675,"PERFURATRIZ COM TORRE METÁLICA PARA EXECUÇÃO DE ESTACA HÉLICE CONTÍNUA, PROFUNDIDADE MÁXIMA DE 30 M, DIÂMETRO MÁXIMO DE 800 MM, POTÊNCIA INSTALADA DE 268 HP, MESA ROTATIVA COM TORQUE MÁXIMO DE 170 KNM - CHI DIURNO. AF_06/2015","CHI","ATRIBUÍDO SÃO PAULO",288.33999999999997,"CAIXA REFERENCIAL"]
["CUSTOS HORÁRIOS DE MÁQUINAS E EQUIPAMENTOS","CHOR","CUSTO HORÁRIO IMPRODUTIVO DIURNO","0327","","",90681,"PERFURATRIZ HIDRÁULICA SOBRE CAMINHÃO COM TRADO CURTO ACOPLADO, PROFUNDIDADE MÁXIMA DE 20 M, DIÂMETRO MÁXIMO DE 1500 MM, POTÊNCIA INSTALADA DE 137 HP, MESA ROTATIVA COM TORQUE MÁXIMO DE 30 KNM - CHI DIURNO. AF_06/2015","CHI","ATRIBUÍDO SÃO PAULO",168.75,"CAIXA REFERENCIAL"]
["CUSTOS HORÁRIOS DE MÁQUINAS E EQUIPAMENTOS","CHOR","CUSTO HORÁRIO IMPRODUTIVO DIURNO","0327","","",90687,"MANIPULADOR TELESCÓPICO, POTÊNCIA DE 85 HP, CAPACIDADE DE CARGA DE 3.500 KG, ALTURA MÁXIMA DE ELEVAÇÃO DE 12,3 M - CHI DIURNO. AF_05/2023","CHI","ATRIBUÍDO SÃO PAULO",58.92,"CAIXA REFERENCIAL"]
["CUSTOS HORÁRIOS DE MÁQUINAS E EQUIPAMENTOS","CHOR","CUSTO HORÁRIO IMPRODUTIVO DIURNO","0327","","",90693,"MINICARREGADEIRA SOBRE RODAS, POTÊNCIA LÍQUIDA DE 47 HP, CAPACIDADE NOMINAL DE OPERAÇÃO DE 646 KG - CHI DIURNO. AF_06/2015","CHI","ATRIBUÍDO SÃO PAULO",51.05,"CAIXA REFERENCIAL"]
["CUSTOS HORÁRIOS DE MÁQUINAS E EQUIPAMENTOS","CHOR","CUSTO HORÁRIO IMPRODUTIVO DIURNO","0327","","",90965,"COMPRESSOR DE AR REBOCÁVEL, VAZÃO 89 PCM, PRESSÃO EFETIVA DE TRABALHO 102 PSI, MOTOR DIESEL, POTÊNCIA 20 CV - CHI DIURNO. AF_06/2015","CHI","ATRIBUÍDO SÃO PAULO",8.41,"CAIXA REFERENCIAL"]
["CUSTOS HORÁRIOS DE MÁQUINAS E EQUIPAMENTOS","CHOR","CUSTO HORÁRIO IMPRODUTIVO DIURNO","0327","","",90973,"COMPRESSOR DE AR REBOCAVEL, VAZÃO 250 PCM, PRESSAO DE TRABALHO 102 PSI, MOTOR A DIESEL POTÊNCIA 81 CV - CHI DIURNO. AF_06/2015","CHI","ATRIBUÍDO SÃO PAULO",8.43,"CAIXA REFERENCIAL"]
["CUSTOS HORÁRIOS DE MÁQUINAS E EQUIPAMENTOS","CHOR","CUSTO HORÁRIO IMPRODUTIVO DIURNO","0327","","",90982,"COMPRESSOR DE AR REBOCÁVEL, VAZÃO 748 PCM, PRESSÃO EFETIVA DE TRABALHO 102 PSI, MOTOR DIESEL, POTÊNCIA 210 CV - CHI DIURNO. AF_06/2015","CHI","ATRIBUÍDO SÃO PAULO",21.43,"CAIXA REFERENCIAL"]
["CUSTOS HORÁRIOS DE MÁQUINAS E EQUIPAMENTOS","CHOR","CUSTO HORÁRIO IMPRODUTIVO DIURNO","0327","","",91001,"COMPRESSOR DE AR REBOCAVEL, VAZÃO 400 PCM, PRESSAO DE TRABALHO 102 PSI, MOTOR A DIESEL POTÊNCIA 110 CV - CHI DIURNO. AF_06/2015","CHI","ATRIBUÍDO SÃO PAULO",10,"CAIXA REFERENCIAL"]
["CUSTOS HORÁRIOS DE MÁQUINAS E EQUIPAMENTOS","CHOR","CUSTO HORÁRIO IMPRODUTIVO DIURNO","0327","","",91032,"CAMINHÃO TRUCADO (C/ TERCEIRO EIXO) ELETRÔNICO - POTÊNCIA 231CV - PBT = 22000KG - DIST. ENTRE EIXOS 5170 MM - INCLUI CARROCERIA FIXA ABERTA DE MADEIRA - CHI DIURNO. AF_06/2015","CHI","ATRIBUÍDO SÃO PAULO",62.04,"CAIXA REFERENCIAL"]
["CUSTOS HORÁRIOS DE MÁQUINAS E EQUIPAMENTOS","CHOR","CUSTO HORÁRIO IMPRODUTIVO DIURNO","0327","","",91278,"PLACA VIBRATÓRIA REVERSÍVEL COM MOTOR 4 TEMPOS A GASOLINA, FORÇA CENTRÍFUGA DE 25 KN (2500 KGF), POTÊNCIA 5,5 CV - CHI DIURNO. AF_08/2015","CHI","ATRIBUÍDO SÃO PAULO",0.59,"CAIXA REFERENCIAL"]
["CUSTOS HORÁRIOS DE MÁQUINAS E EQUIPAMENTOS","CHOR","CUSTO HORÁRIO IMPRODUTIVO DIURNO","0327","","",91285,"CORTADORA DE PISO COM MOTOR 4 TEMPOS A GASOLINA, POTÊNCIA DE 13 HP, COM DISCO DE CORTE DIAMANTADO SEGMENTADO PARA CONCRETO, DIÂMETRO DE 350 MM, FURO DE 1\" (14 X 1\") - CHI DIURNO. AF_08/2015","CHI","COEFICIENTE DE REPRESENTATIVIDADE",1.04,"CAIXA REFERENCIAL"]
["CUSTOS HORÁRIOS DE MÁQUINAS E EQUIPAMENTOS","CHOR","CUSTO HORÁRIO IMPRODUTIVO DIURNO","0327","","",91387,"CAMINHÃO BASCULANTE 10 M3, TRUCADO CABINE SIMPLES, PESO BRUTO TOTAL 23.000 KG, CARGA ÚTIL MÁXIMA 15.935 KG, DISTÂNCIA ENTRE EIXOS 4,80 M, POTÊNCIA 230 CV INCLUSIVE CAÇAMBA METÁLICA - CHI DIURNO. AF_06/2014","CHI","ATRIBUÍDO SÃO PAULO",68.73,"CAIXA REFERENCIAL"]
["CUSTOS HORÁRIOS DE MÁQUINAS E EQUIPAMENTOS","CHOR","CUSTO HORÁRIO IMPRODUTIVO DIURNO","0327","","",91395,"CAMINHÃO TOCO, PBT 14.300 KG, CARGA ÚTIL MÁX. 9.710 KG, DIST. ENTRE EIXOS 3,56 M, POTÊNCIA 185 CV, INCLUSIVE CARROCERIA FIXA ABERTA DE MADEIRA P/ TRANSPORTE GERAL DE CARGA SECA, DIMEN. APROX. 2,50 X 6,50 X 0,50 M - CHI DIURNO. AF_06/2014","CHI","ATRIBUÍDO SÃO PAULO",52.96,"CAIXA REFERENCIAL"]
["CUSTOS HORÁRIOS DE MÁQUINAS E EQUIPAMENTOS","CHOR","CUSTO HORÁRIO IMPRODUTIVO DIURNO","0327","","",91486,"ESPARGIDOR DE ASFALTO PRESSURIZADO, TANQUE 6 M3 COM ISOLAÇÃO TÉRMICA, AQUECIDO COM 2 MAÇARICOS, COM BARRA ESPARGIDORA 3,60 M, MONTADO SOBRE CAMINHÃO  TOCO, PBT 14.300 KG, POTÊNCIA 185 CV - CHI DIURNO. AF_05/2023","CHI","ATRIBUÍDO SÃO PAULO",63.5,"CAIXA REFERENCIAL"]
["CUSTOS HORÁRIOS DE MÁQUINAS E EQUIPAMENTOS","CHOR","CUSTO HORÁRIO IMPRODUTIVO DIURNO","0327","","",91534,"COMPACTADOR DE SOLOS DE PERCUSSÃO (SOQUETE) COM MOTOR A GASOLINA 4 TEMPOS, POTÊNCIA 4 CV - CHI DIURNO. AF_08/2015","CHI","ATRIBUÍDO SÃO PAULO",20.62,"CAIXA REFERENCIAL"]
["CUSTOS HORÁRIOS DE MÁQUINAS E EQUIPAMENTOS","CHOR","CUSTO HORÁRIO IMPRODUTIVO DIURNO","0327","","",91635,"GUINDAUTO HIDRÁULICO, CAPACIDADE MÁXIMA DE CARGA 6500 KG, MOMENTO MÁXIMO DE CARGA 5,8 TM, ALCANCE MÁXIMO HORIZONTAL 7,60 M, INCLUSIVE CAMINHÃO TOCO PBT 9.700 KG, POTÊNCIA DE 160 CV - CHI DIURNO. AF_08/2015","CHI","ATRIBUÍDO SÃO PAULO",58.09,"CAIXA REFERENCIAL"]
["CUSTOS HORÁRIOS DE MÁQUINAS E EQUIPAMENTOS","CHOR","CUSTO HORÁRIO IMPRODUTIVO DIURNO","0327","","",91646,"CAMINHÃO DE TRANSPORTE DE MATERIAL ASFÁLTICO 30.000 L, COM CAVALO MECÂNICO DE CAPACIDADE MÁXIMA DE TRAÇÃO COMBINADO DE 66.000 KG, POTÊNCIA 360 CV, INCLUSIVE TANQUE DE ASFALTO COM SERPENTINA - CHI DIURNO. AF_08/2015","CHI","ATRIBUÍDO SÃO PAULO",90.27,"CAIXA REFERENCIAL"]
["CUSTOS HORÁRIOS DE MÁQUINAS E EQUIPAMENTOS","CHOR","CUSTO HORÁRIO IMPRODUTIVO DIURNO","0327","","",91693,"SERRA CIRCULAR DE BANCADA COM MOTOR ELÉTRICO POTÊNCIA DE 5HP, COM COIFA PARA DISCO 10\" - CHI DIURNO. AF_08/2015","CHI","COEFICIENTE DE REPRESENTATIVIDADE",19.86,"CAIXA REFERENCIAL"]
["CUSTOS HORÁRIOS DE MÁQUINAS E EQUIPAMENTOS","CHOR","CUSTO HORÁRIO IMPRODUTIVO DIURNO","0327","","",92044,"DISTRIBUIDOR DE AGREGADOS REBOCAVEL, CAPACIDADE 1,9 M³, LARGURA DE TRABALHO 3,66 M - CHI DIURNO. AF_11/2015","CHI","ATRIBUÍDO SÃO PAULO",7.8,"CAIXA REFERENCIAL"]
["CUSTOS HORÁRIOS DE MÁQUINAS E EQUIPAMENTOS","CHOR","CUSTO HORÁRIO IMPRODUTIVO DIURNO","0327","","",92107,"CAMINHÃO PARA EQUIPAMENTO DE LIMPEZA A SUCÇÃO COM CAMINHÃO TRUCADO DE PESO BRUTO TOTAL 23000 KG, CARGA ÚTIL MÁXIMA 15935 KG, DISTÂNCIA ENTRE EIXOS 4,80 M, POTÊNCIA 230 CV, INCLUSIVE LIMPADORA A SUCÇÃO, TANQUE 12000 L - CHI DIURNO. AF_05/2023","CHI","ATRIBUÍDO SÃO PAULO",83.01,"CAIXA REFERENCIAL"]
["CUSTOS HORÁRIOS DE MÁQUINAS E EQUIPAMENTOS","CHOR","CUSTO HORÁRIO IMPRODUTIVO DIURNO","0327","","",92113,"PENEIRA ROTATIVA COM MOTOR ELÉTRICO TRIFÁSICO DE 2 CV, CILINDRO DE 1 M X 0,60 M, COM FUROS DE 3,17 MM - CHI DIURNO. AF_05/2023","CHI","COEFICIENTE DE REPRESENTATIVIDADE",1.18,"CAIXA REFERENCIAL"]
["CUSTOS HORÁRIOS DE MÁQUINAS E EQUIPAMENTOS","CHOR","CUSTO HORÁRIO IMPRODUTIVO DIURNO","0327","","",92119,"DOSADOR DE AREIA, CAPACIDADE DE 26 LITROS - CHI DIURNO. AF_05/2023","CHI","COEFICIENTE DE REPRESENTATIVIDADE",0.3,"CAIXA REFERENCIAL"]
["CUSTOS HORÁRIOS DE MÁQUINAS E EQUIPAMENTOS","CHOR","CUSTO HORÁRIO IMPRODUTIVO DIURNO","0327","","",92139,"CAMINHONETE COM MOTOR A DIESEL, POTÊNCIA 180 CV, CABINE DUPLA, 4X4 - CHI DIURNO. AF_11/2015","CHI","COEFICIENTE DE REPRESENTATIVIDADE",37.22,"CAIXA REFERENCIAL"]
["CUSTOS HORÁRIOS DE MÁQUINAS E EQUIPAMENTOS","CHOR","CUSTO HORÁRIO IMPRODUTIVO DIURNO","0327","","",92146,"CAMINHONETE CABINE SIMPLES COM MOTOR 1.6 FLEX, CÂMBIO MANUAL, POTÊNCIA 101/104 CV, 2 PORTAS - CHI DIURNO. AF_11/2015","CHI","COEFICIENTE DE REPRESENTATIVIDADE",25.22,"CAIXA REFERENCIAL"]
["CUSTOS HORÁRIOS DE MÁQUINAS E EQUIPAMENTOS","CHOR","CUSTO HORÁRIO IMPRODUTIVO DIURNO","0327","","",92243,"CAMINHÃO DE TRANSPORTE DE MATERIAL ASFÁLTICO 20.000 L, COM CAVALO MECÂNICO DE CAPACIDADE MÁXIMA DE TRAÇÃO COMBINADO DE 45.000 KG, POTÊNCIA 330 CV, INCLUSIVE TANQUE DE ASFALTO COM MAÇARICO - CHI DIURNO. AF_12/2015","CHI","ATRIBUÍDO SÃO PAULO",72.930000000000007,"CAIXA REFERENCIAL"]
["CUSTOS HORÁRIOS DE MÁQUINAS E EQUIPAMENTOS","CHOR","CUSTO HORÁRIO IMPRODUTIVO DIURNO","0327","","",92717,"APARELHO PARA CORTE E SOLDA OXI-ACETILENO SOBRE RODAS, INCLUSIVE CILINDROS E MAÇARICOS - CHI DIURNO. AF_05/2023","CHI","COEFICIENTE DE REPRESENTATIVIDADE",0.28000000000000003,"CAIXA REFERENCIAL"]
["CUSTOS HORÁRIOS DE MÁQUINAS E EQUIPAMENTOS","CHOR","CUSTO HORÁRIO IMPRODUTIVO DIURNO","0327","","",92961,"MÁQUINA EXTRUSORA DE CONCRETO PARA GUIAS E SARJETAS, MOTOR A DIESEL, POTÊNCIA 14 CV - CHI DIURNO. AF_12/2015","CHI","ATRIBUÍDO SÃO PAULO",5.38,"CAIXA REFERENCIAL"]
["CUSTOS HORÁRIOS DE MÁQUINAS E EQUIPAMENTOS","CHOR","CUSTO HORÁRIO IMPRODUTIVO DIURNO","0327","","",92967,"MARTELO PERFURADOR PNEUMÁTICO MANUAL, HASTE 25 X 75 MM, 21 KG - CHI DIURNO. AF_12/2015","CHI","ATRIBUÍDO SÃO PAULO",18.48,"CAIXA REFERENCIAL"]
["CUSTOS HORÁRIOS DE MÁQUINAS E EQUIPAMENTOS","CHOR","CUSTO HORÁRIO IMPRODUTIVO DIURNO","0327","","",93225,"PERFURATRIZ COM TORRE METÁLICA PARA EXECUÇÃO DE ESTACA HÉLICE CONTÍNUA, PROFUNDIDADE MÁXIMA DE 32 M, DIÂMETRO MÁXIMO DE 1000 MM, POTÊNCIA INSTALADA DE 350 HP, MESA ROTATIVA COM TORQUE MÁXIMO DE 263 KNM - CHI DIURNO. AF_01/2016","CHI","ATRIBUÍDO SÃO PAULO",437.41,"CAIXA REFERENCIAL"]
["CUSTOS HORÁRIOS DE MÁQUINAS E EQUIPAMENTOS","CHOR","CUSTO HORÁRIO IMPRODUTIVO DIURNO","0327","","",93234,"BETONEIRA CAPACIDADE NOMINAL 400 L, CAPACIDADE DE MISTURA 310 L, MOTOR A GASOLINA POTÊNCIA 5,5 HP, SEM CARREGADOR - CHI DIURNO. AF_02/2016","CHI","COEFICIENTE DE REPRESENTATIVIDADE",0.53,"CAIXA REFERENCIAL"]
["CUSTOS HORÁRIOS DE MÁQUINAS E EQUIPAMENTOS","CHOR","CUSTO HORÁRIO IMPRODUTIVO DIURNO","0327","","",93244,"ROLO COMPACTADOR VIBRATÓRIO PÉ DE CARNEIRO PARA SOLOS, POTÊNCIA 80 HP, PESO OPERACIONAL SEM/COM LASTRO 7,4 / 8,8 T, LARGURA DE TRABALHO 1,68 M - CHI DIURNO. AF_02/2016","CHI","ATRIBUÍDO SÃO PAULO",58.7,"CAIXA REFERENCIAL"]
["CUSTOS HORÁRIOS DE MÁQUINAS E EQUIPAMENTOS","CHOR","CUSTO HORÁRIO IMPRODUTIVO DIURNO","0327","","",93274,"GRUA ASCENSIONAL, LANÇA DE 30 M, CAPACIDADE DE 1,0 T A 30 M, ALTURA ATÉ 39 M - CHI DIURNO. AF_05/2023","CHI","ATRIBUÍDO SÃO PAULO",58.7,"CAIXA REFERENCIAL"]
["CUSTOS HORÁRIOS DE MÁQUINAS E EQUIPAMENTOS","CHOR","CUSTO HORÁRIO IMPRODUTIVO DIURNO","0327","","",93282,"GUINCHO ELÉTRICO DE COLUNA, CAPACIDADE 400 KG, COM MOTO FREIO, MOTOR TRIFÁSICO DE 1,25 CV - CHI DIURNO. AF_03/2016","CHI","ATRIBUÍDO SÃO PAULO",17.27,"CAIXA REFERENCIAL"]
["CUSTOS HORÁRIOS DE MÁQUINAS E EQUIPAMENTOS","CHOR","CUSTO HORÁRIO IMPRODUTIVO DIURNO","0327","","",93288,"GUINDASTE HIDRÁULICO AUTOPROPELIDO, COM LANÇA TELESCÓPICA 40 M, CAPACIDADE MÁXIMA 60 T, POTÊNCIA 260 KW - CHI DIURNO. AF_03/2016","CHI","ATRIBUÍDO SÃO PAULO",162.12,"CAIXA REFERENCIAL"]
["CUSTOS HORÁRIOS DE MÁQUINAS E EQUIPAMENTOS","CHOR","CUSTO HORÁRIO IMPRODUTIVO DIURNO","0327","","",93403,"GUINDAUTO HIDRÁULICO, CAPACIDADE MÁXIMA DE CARGA 3300 KG, MOMENTO MÁXIMO DE CARGA 5,8 TM, ALCANCE MÁXIMO HORIZONTAL 7,60 M, INCLUSIVE CAMINHÃO TOCO PBT 16.000 KG, POTÊNCIA DE 189 CV - CHI DIURNO. AF_03/2016","CHI","ATRIBUÍDO SÃO PAULO",63.65,"CAIXA REFERENCIAL"]
["CUSTOS HORÁRIOS DE MÁQUINAS E EQUIPAMENTOS","CHOR","CUSTO HORÁRIO IMPRODUTIVO DIURNO","0327","","",93409,"MÁQUINA JATO DE PRESSAO PORTÁTIL, CAMARA DE 1 SAIDA, CAPACIDADE 280 L, DIAMETRO 670 MM, BICO DE JATO CURTO VENTURI DE 5/16\u0092\u0092 , MANGUEIRA DE 1\u0092\u0092 COM COMPRESSOR DE AR REBOCÁVEL 189 PCM E MOTOR DIESEL 63 CV - CHI DIURNO. AF_05/2023","CHI","ATRIBUÍDO SÃO PAULO",28.74,"CAIXA REFERENCIAL"]
["CUSTOS HORÁRIOS DE MÁQUINAS E EQUIPAMENTOS","CHOR","CUSTO HORÁRIO IMPRODUTIVO DIURNO","0327","","",93416,"GERADOR PORTÁTIL MONOFÁSICO, POTÊNCIA 5500 VA, MOTOR A GASOLINA, POTÊNCIA DO MOTOR 13 CV - CHI DIURNO. AF_03/2016","CHI","ATRIBUÍDO SÃO PAULO",0.38,"CAIXA REFERENCIAL"]
["CUSTOS HORÁRIOS DE MÁQUINAS E EQUIPAMENTOS","CHOR","CUSTO HORÁRIO IMPRODUTIVO DIURNO","0327","","",93422,"GRUPO GERADOR REBOCÁVEL, POTÊNCIA 66 KVA, MOTOR A DIESEL - CHI DIURNO. AF_03/2016","CHI","ATRIBUÍDO SÃO PAULO",5.01,"CAIXA REFERENCIAL"]
["CUSTOS HORÁRIOS DE MÁQUINAS E EQUIPAMENTOS","CHOR","CUSTO HORÁRIO IMPRODUTIVO DIURNO","0327","","",93428,"GRUPO GERADOR ESTACIONÁRIO, POTÊNCIA 150 KVA, MOTOR A DIESEL- CHI DIURNO. AF_03/2016","CHI","ATRIBUÍDO SÃO PAULO",7.1,"CAIXA REFERENCIAL"]
["CUSTOS HORÁRIOS DE MÁQUINAS E EQUIPAMENTOS","CHOR","CUSTO HORÁRIO IMPRODUTIVO DIURNO","0327","","",93434,"USINA DE MISTURA ASFÁLTICA À QUENTE, TIPO CONTRA FLUXO, PROD 40 A 80 TON/HORA - CHI DIURNO. AF_05/2023","CHI","ATRIBUÍDO SÃO PAULO",238.99,"CAIXA REFERENCIAL"]
["CUSTOS HORÁRIOS DE MÁQUINAS E EQUIPAMENTOS","CHOR","CUSTO HORÁRIO IMPRODUTIVO DIURNO","0327","","",93440,"USINA DE ASFALTO À FRIO, CAPACIDADE DE 40 A 60 TON/HORA, ELÉTRICA POTÊNCIA 30 CV - CHI DIURNO. AF_05/2023","CHI","ATRIBUÍDO SÃO PAULO",96.95,"CAIXA REFERENCIAL"]
["CUSTOS HORÁRIOS DE MÁQUINAS E EQUIPAMENTOS","CHOR","CUSTO HORÁRIO IMPRODUTIVO DIURNO","0327","","",95122,"USINA MISTURADORA DE SOLOS, CAPACIDADE DE 200 A 500 TON/H, POTENCIA 75KW - CHI DIURNO. AF_07/2016","CHI","ATRIBUÍDO SÃO PAULO",158.59,"CAIXA REFERENCIAL"]
["CUSTOS HORÁRIOS DE MÁQUINAS E EQUIPAMENTOS","CHOR","CUSTO HORÁRIO IMPRODUTIVO DIURNO","0327","","",95128,"DISTRIBUIDOR DE AGREGADOS AUTOPROPELIDO, CAP 3 M3, A DIESEL, POTÊNCIA 176CV - CHI DIURNO. AF_07/2016","CHI","ATRIBUÍDO SÃO PAULO",43.12,"CAIXA REFERENCIAL"]
["CUSTOS HORÁRIOS DE MÁQUINAS E EQUIPAMENTOS","CHOR","CUSTO HORÁRIO IMPRODUTIVO DIURNO","0327","","",95140,"TALHA MANUAL DE CORRENTE, CAPACIDADE DE 2 TON. COM ELEVAÇÃO DE 3 M - CHI DIURNO. AF_07/2016","CHI","ATRIBUÍDO SÃO PAULO",0.04,"CAIXA REFERENCIAL"]
["CUSTOS HORÁRIOS DE MÁQUINAS E EQUIPAMENTOS","CHOR","CUSTO HORÁRIO IMPRODUTIVO DIURNO","0327","","",95213,"GRUA ASCENCIONAL, LANÇA DE 42 M, CAPACIDADE DE 1,5 T A 30 M, ALTURA ATÉ 39 M - CHI DIURNO. AF_05/2023","CHI","ATRIBUÍDO SÃO PAULO",64.72,"CAIXA REFERENCIAL"]
["CUSTOS HORÁRIOS DE MÁQUINAS E EQUIPAMENTOS","CHOR","CUSTO HORÁRIO IMPRODUTIVO DIURNO","0327","","",95259,"MARTELO DEMOLIDOR PNEUMÁTICO MANUAL, 32 KG - CHI DIURNO. AF_09/2016","CHI","ATRIBUÍDO SÃO PAULO",18.239999999999998,"CAIXA REFERENCIAL"]
["CUSTOS HORÁRIOS DE MÁQUINAS E EQUIPAMENTOS","CHOR","CUSTO HORÁRIO IMPRODUTIVO DIURNO","0327","","",95265,"COMPACTADOR DE SOLOS DE PERCUSÃO (SOQUETE) COM MOTOR A GASOLINA, POTÊNCIA 3 CV - CHI DIURNO. AF_09/2016","CHI","ATRIBUÍDO SÃO PAULO",0.84,"CAIXA REFERENCIAL"]
["CUSTOS HORÁRIOS DE MÁQUINAS E EQUIPAMENTOS","CHOR","CUSTO HORÁRIO IMPRODUTIVO DIURNO","0327","","",95271,"RÉGUA VIBRATÓRIA DUPLA PARA CONCRETO, PESO DE 60KG, COMPRIMENTO 4 M, COM MOTOR A GASOLINA, POTÊNCIA 5,5 HP - CHI DIURNO. AF_09/2016","CHI","ATRIBUÍDO SÃO PAULO",0.51,"CAIXA REFERENCIAL"]
["CUSTOS HORÁRIOS DE MÁQUINAS E EQUIPAMENTOS","CHOR","CUSTO HORÁRIO IMPRODUTIVO DIURNO","0327","","",95277,"POLIDORA DE PISO (POLITRIZ), PESO DE 100KG, DIÂMETRO 450 MM, MOTOR ELÉTRICO, POTÊNCIA 4 HP - CHI DIURNO. AF_05/2023","CHI","ATRIBUÍDO SÃO PAULO",0.48,"CAIXA REFERENCIAL"]
["CUSTOS HORÁRIOS DE MÁQUINAS E EQUIPAMENTOS","CHOR","CUSTO HORÁRIO IMPRODUTIVO DIURNO","0327","","",95283,"DESEMPENADEIRA DE CONCRETO, PESO DE 78 KG, 4 PÁS, MOTOR A GASOLINA, POTÊNCIA 5,5 HP - CHI DIURNO. AF_05/2023","CHI","ATRIBUÍDO SÃO PAULO",0.6,"CAIXA REFERENCIAL"]
["CUSTOS HORÁRIOS DE MÁQUINAS E EQUIPAMENTOS","CHOR","CUSTO HORÁRIO IMPRODUTIVO DIURNO","0327","","",95621,"PERFURATRIZ PNEUMATICA MANUAL DE PESO MEDIO, MARTELETE, 18KG, COMPRIMENTO MÁXIMO DE CURSO DE 6 M, DIAMETRO DO PISTAO DE 5,5 CM - CHI DIURNO. AF_11/2016","CHI","ATRIBUÍDO SÃO PAULO",17.97,"CAIXA REFERENCIAL"]
["CUSTOS HORÁRIOS DE MÁQUINAS E EQUIPAMENTOS","CHOR","CUSTO HORÁRIO IMPRODUTIVO DIURNO","0327","","",95632,"ROLO COMPACTADOR VIBRATORIO TANDEM, ACO LISO, POTENCIA 125 HP, PESO SEM/COM LASTRO 10,20/11,65 T, LARGURA DE TRABALHO 1,73 M - CHI DIURNO. AF_11/2016","CHI","ATRIBUÍDO SÃO PAULO",76.84,"CAIXA REFERENCIAL"]
["CUSTOS HORÁRIOS DE MÁQUINAS E EQUIPAMENTOS","CHOR","CUSTO HORÁRIO IMPRODUTIVO DIURNO","0327","","",95703,"PERFURATRIZ MANUAL, TORQUE MAXIMO 55 KGF.M, POTENCIA 5 CV, COM DIAMETRO MAXIMO 8 1/2\" - CHI DIURNO. AF_11/2016","CHI","ATRIBUÍDO SÃO PAULO",24.69,"CAIXA REFERENCIAL"]
["CUSTOS HORÁRIOS DE MÁQUINAS E EQUIPAMENTOS","CHOR","CUSTO HORÁRIO IMPRODUTIVO DIURNO","0327","","",95709,"PERFURATRIZ SOBRE ESTEIRA, TORQUE MÁXIMO 600 KGF, POTÊNCIA ENTRE 50 E 60 HP, DIÂMETRO MÁXIMO 10\u0094 - CHI DIURNO. AF_11/2016","CHI","ATRIBUÍDO SÃO PAULO",75.83,"CAIXA REFERENCIAL"]
["CUSTOS HORÁRIOS DE MÁQUINAS E EQUIPAMENTOS","CHOR","CUSTO HORÁRIO IMPRODUTIVO DIURNO","0327","","",95715,"ESCAVADEIRA HIDRAULICA SOBRE ESTEIRA, COM GARRA GIRATORIA DE MANDIBULAS, PESO OPERACIONAL ENTRE 22,00 E 25,50 TON, POTENCIA LIQUIDA ENTRE 150 E 160 HP - CHI DIURNO. AF_11/2016","CHI","ATRIBUÍDO SÃO PAULO",89.27,"CAIXA REFERENCIAL"]
["CUSTOS HORÁRIOS DE MÁQUINAS E EQUIPAMENTOS","CHOR","CUSTO HORÁRIO IMPRODUTIVO DIURNO","0327","","",95721,"ESCAVADEIRA HIDRAULICA SOBRE ESTEIRA, EQUIPADA COM CLAMSHELL, COM CAPACIDADE DA CAÇAMBA ENTRE 1,20 E 1,50 M3, PESO OPERACIONAL ENTRE 20,00 E 22,00 TON, POTENCIA LIQUIDA ENTRE 150 E 160 HP - CHI DIURNO. AF_11/2016","CHI","ATRIBUÍDO SÃO PAULO",86.76,"CAIXA REFERENCIAL"]
["CUSTOS HORÁRIOS DE MÁQUINAS E EQUIPAMENTOS","CHOR","CUSTO HORÁRIO IMPRODUTIVO DIURNO","0327","","",95873,"GRUPO GERADOR COM CARENAGEM, MOTOR DIESEL POTÊNCIA STANDART ENTRE 250 E 260 KVA - CHI DIURNO. AF_12/2016","CHI","ATRIBUÍDO SÃO PAULO",11.34,"CAIXA REFERENCIAL"]
["CUSTOS HORÁRIOS DE MÁQUINAS E EQUIPAMENTOS","CHOR","CUSTO HORÁRIO IMPRODUTIVO DIURNO","0327","","",96014,"TRATOR DE PNEUS COM POTÊNCIA DE 122 CV, TRAÇÃO 4X4, COM VASSOURA MECÂNICA ACOPLADA - CHI DIURNO. AF_02/2017","CHI","ATRIBUÍDO SÃO PAULO",47.38,"CAIXA REFERENCIAL"]
["CUSTOS HORÁRIOS DE MÁQUINAS E EQUIPAMENTOS","CHOR","CUSTO HORÁRIO IMPRODUTIVO DIURNO","0327","","",96021,"TRATOR DE PNEUS COM POTÊNCIA DE 122 CV, TRAÇÃO 4X4, COM GRADE DE DISCOS ACOPLADA - CHI DIURNO. AF_02/2017","CHI","ATRIBUÍDO SÃO PAULO",47.1,"CAIXA REFERENCIAL"]
["CUSTOS HORÁRIOS DE MÁQUINAS E EQUIPAMENTOS","CHOR","CUSTO HORÁRIO IMPRODUTIVO DIURNO","0327","","",96029,"TRATOR DE PNEUS COM POTÊNCIA DE 85 CV, TRAÇÃO 4X4, COM GRADE DE DISCOS ACOPLADA - CHI DIURNO. AF_02/2017","CHI","ATRIBUÍDO SÃO PAULO",40.659999999999997,"CAIXA REFERENCIAL"]
["CUSTOS HORÁRIOS DE MÁQUINAS E EQUIPAMENTOS","CHOR","CUSTO HORÁRIO IMPRODUTIVO DIURNO","0327","","",96036,"CAMINHÃO BASCULANTE 10 M3, TRUCADO, POTÊNCIA 230 CV, INCLUSIVE CAÇAMBA METÁLICA, COM DISTRIBUIDOR DE AGREGADOS ACOPLADO - CHI DIURNO. AF_02/2017","CHI","ATRIBUÍDO SÃO PAULO",74.680000000000007,"CAIXA REFERENCIAL"]
["CUSTOS HORÁRIOS DE MÁQUINAS E EQUIPAMENTOS","CHOR","CUSTO HORÁRIO IMPRODUTIVO DIURNO","0327","","",96155,"TRATOR DE PNEUS COM POTÊNCIA DE 85 CV, TRAÇÃO 4X4, COM VASSOURA MECÂNICA ACOPLADA - CHI DIURNO. AF_02/2017","CHI","ATRIBUÍDO SÃO PAULO",40.94,"CAIXA REFERENCIAL"]
["CUSTOS HORÁRIOS DE MÁQUINAS E EQUIPAMENTOS","CHOR","CUSTO HORÁRIO IMPRODUTIVO DIURNO","0327","","",96156,"MINICARREGADEIRA SOBRE RODAS POTENCIA 47HP CAPACIDADE OPERACAO 646 KG, COM VASSOURA MECÂNICA ACOPLADA - CHI DIURNO. AF_03/2017","CHI","ATRIBUÍDO SÃO PAULO",57.99,"CAIXA REFERENCIAL"]
["CUSTOS HORÁRIOS DE MÁQUINAS E EQUIPAMENTOS","CHOR","CUSTO HORÁRIO IMPRODUTIVO DIURNO","0327","","",96159,"MÁQUINA DEMARCADORA DE FAIXA DE TRÁFEGO À FRIO, AUTOPROPELIDA, POTÊNCIA 38 HP - CHI DIURNO. AF_07/2016","CHI","ATRIBUÍDO SÃO PAULO",85.55,"CAIXA REFERENCIAL"]
["CUSTOS HORÁRIOS DE MÁQUINAS E EQUIPAMENTOS","CHOR","CUSTO HORÁRIO IMPRODUTIVO DIURNO","0327","","",96246,"MINIESCAVADEIRA SOBRE ESTEIRAS, POTENCIA LIQUIDA DE *30* HP, PESO OPERACIONAL DE *3.500* KG - CHI DIURNO. AF_04/2017","CHI","ATRIBUÍDO SÃO PAULO",56.45,"CAIXA REFERENCIAL"]
["CUSTOS HORÁRIOS DE MÁQUINAS E EQUIPAMENTOS","CHOR","CUSTO HORÁRIO IMPRODUTIVO DIURNO","0327","","",96464,"ROLO COMPACTADOR DE PNEUS, ESTATICO, PRESSAO VARIAVEL, POTENCIA 110 HP, PESO SEM/COM LASTRO 10,8/27 T, LARGURA DE ROLAGEM 2,30 M - CHI DIURNO. AF_06/2017","CHI","ATRIBUÍDO SÃO PAULO",83.35,"CAIXA REFERENCIAL"]
["CUSTOS HORÁRIOS DE MÁQUINAS E EQUIPAMENTOS","CHOR","CUSTO HORÁRIO IMPRODUTIVO DIURNO","0327","","",98765,"INVERSOR DE SOLDA MONOFÁSICO DE 160 A, POTÊNCIA DE 5400 W, TENSÃO DE 220 V, PARA SOLDA COM ELETRODOS DE 2,0 A 4,0 MM E PROCESSO TIG - CHI DIURNO. AF_06/2018","CHI","COLETADO",0.11,"CAIXA REFERENCIAL"]
["CUSTOS HORÁRIOS DE MÁQUINAS E EQUIPAMENTOS","CHOR","CUSTO HORÁRIO IMPRODUTIVO DIURNO","0327","","",99834,"LAVADORA DE ALTA PRESSAO (LAVA-JATO) PARA AGUA FRIA, PRESSAO DE OPERACAO ENTRE 1400 E 1900 LIB/POL2, VAZAO MAXIMA ENTRE 400 E 700 L/H - CHI DIURNO. AF_05/2023","CHI","COLETADO",0.11,"CAIXA REFERENCIAL"]
["CUSTOS HORÁRIOS DE MÁQUINAS E EQUIPAMENTOS","CHOR","CUSTO HORÁRIO IMPRODUTIVO DIURNO","0327","","",100642,"USINA DE MISTURA ASFÁLTICA À QUENTE, TIPO CONTRA FLUXO, PROD 100 A 140 TON/HORA - CHI DIURNO. AF_12/2019","CHI","ATRIBUÍDO SÃO PAULO",208.37,"CAIXA REFERENCIAL"]
["CUSTOS HORÁRIOS DE MÁQUINAS E EQUIPAMENTOS","CHOR","CUSTO HORÁRIO IMPRODUTIVO DIURNO","0327","","",100648,"USINA DE ASFALTO, TIPO GRAVIMÉTRICA, PROD 150 TON/HORA - CHI DIURNO. AF_12/2019","CHI","ATRIBUÍDO SÃO PAULO",420.95,"CAIXA REFERENCIAL"]
["CUSTOS HORÁRIOS DE MÁQUINAS E EQUIPAMENTOS","CHOR","CUSTO HORÁRIO IMPRODUTIVO DIURNO","0327","","",102274,"MARTELO DEMOLIDOR ELÉTRICO, COM POTÊNCIA DE 2.000 W, 1.000 IMPACTOS POR MINUTO, PESO DE 30 KG -  CHI DIURNO. AF_01/2021","CHI","ATRIBUÍDO SÃO PAULO",17.48,"CAIXA REFERENCIAL"]
["CUSTOS HORÁRIOS DE MÁQUINAS E EQUIPAMENTOS","CHOR","CUSTO HORÁRIO IMPRODUTIVO DIURNO","0327","","",104092,"TERMOFUSORA PARA TUBOS E CONEXÕES EM PPR COM DIÂMETROS DE 20 A 63 MM, POTÊNCIA DE 800 W, TENSAO 220 V - CHI DIURNO. AF_05/2022","CHI","COEFICIENTE DE REPRESENTATIVIDADE",7.0000000000000007E-2,"CAIXA REFERENCIAL"]
["CUSTOS HORÁRIOS DE MÁQUINAS E EQUIPAMENTOS","CHOR","CUSTO HORÁRIO IMPRODUTIVO DIURNO","0327","","",104098,"TERMOFUSORA PARA TUBOS E CONEXÕES EM PPR COM DIÂMETROS DE 75 A 110 MM, POTÊNCIA DE *1100* W, TENSÃO 220 V - CHI DIURNO. AF_05/2022","CHI","COEFICIENTE DE REPRESENTATIVIDADE",0.11,"CAIXA REFERENCIAL"]
["CUSTOS HORÁRIOS DE MÁQUINAS E EQUIPAMENTOS","CHOR","COMPOSIÇÕES AUXILIARES","0329","","",5089,"ROLO COMPACTADOR VIBRATÓRIO PÉ DE CARNEIRO PARA SOLOS, POTÊNCIA 80 HP, PESO OPERACIONAL SEM/COM LASTRO 7,4 / 8,8 T, LARGURA DE TRABALHO 1,68 M - MANUTENÇÃO. AF_02/2016","H","ATRIBUÍDO SÃO PAULO",40.92,"CAIXA REFERENCIAL"]
["CUSTOS HORÁRIOS DE MÁQUINAS E EQUIPAMENTOS","CHOR","COMPOSIÇÕES AUXILIARES","0329","","",5627,"ESCAVADEIRA HIDRÁULICA SOBRE ESTEIRAS, CAÇAMBA 0,80 M3, PESO OPERACIONAL 17 T, POTENCIA BRUTA 111 HP - DEPRECIAÇÃO. AF_06/2014","H","ATRIBUÍDO SÃO PAULO",45.33,"CAIXA REFERENCIAL"]
["CUSTOS HORÁRIOS DE MÁQUINAS E EQUIPAMENTOS","CHOR","COMPOSIÇÕES AUXILIARES","0329","","",5628,"ESCAVADEIRA HIDRÁULICA SOBRE ESTEIRAS, CAÇAMBA 0,80 M3, PESO OPERACIONAL 17 T, POTENCIA BRUTA 111 HP - JUROS. AF_06/2014","H","ATRIBUÍDO SÃO PAULO",11.98,"CAIXA REFERENCIAL"]
["CUSTOS HORÁRIOS DE MÁQUINAS E EQUIPAMENTOS","CHOR","COMPOSIÇÕES AUXILIARES","0329","","",5629,"ESCAVADEIRA HIDRÁULICA SOBRE ESTEIRAS, CAÇAMBA 0,80 M3, PESO OPERACIONAL 17 T, POTENCIA BRUTA 111 HP - MANUTENÇÃO. AF_06/2014","H","ATRIBUÍDO SÃO PAULO",56.67,"CAIXA REFERENCIAL"]
["CUSTOS HORÁRIOS DE MÁQUINAS E EQUIPAMENTOS","CHOR","COMPOSIÇÕES AUXILIARES","0329","","",5630,"ESCAVADEIRA HIDRÁULICA SOBRE ESTEIRAS, CAÇAMBA 0,80 M3, PESO OPERACIONAL 17 T, POTENCIA BRUTA 111 HP - MATERIAIS NA OPERAÇÃO. AF_06/2014","H","COLETADO",58.69,"CAIXA REFERENCIAL"]
["CUSTOS HORÁRIOS DE MÁQUINAS E EQUIPAMENTOS","CHOR","COMPOSIÇÕES AUXILIARES","0329","","",5658,"GRADE DE DISCO CONTROLE REMOTO REBOCÁVEL, COM 24 DISCOS 24\u0094 X 6 MM COM PNEUS PARA TRANSPORTE - MANUTENÇÃO. AF_06/2014","H","ATRIBUÍDO SÃO PAULO",2.46,"CAIXA REFERENCIAL"]
["CUSTOS HORÁRIOS DE MÁQUINAS E EQUIPAMENTOS","CHOR","COMPOSIÇÕES AUXILIARES","0329","","",5664,"RETROESCAVADEIRA SOBRE RODAS COM CARREGADEIRA, TRAÇÃO 4X4, POTÊNCIA LÍQ. 88 HP, CAÇAMBA CARREG. CAP. MÍN. 1 M3, CAÇAMBA RETRO CAP. 0,26 M3, PESO OPERACIONAL MÍN. 6.674 KG, PROFUNDIDADE ESCAVAÇÃO MÁX. 4,37 M - MANUTENÇÃO. AF_06/2014","H","ATRIBUÍDO SÃO PAULO",29.02,"CAIXA REFERENCIAL"]
["CUSTOS HORÁRIOS DE MÁQUINAS E EQUIPAMENTOS","CHOR","COMPOSIÇÕES AUXILIARES","0329","","",5667,"RETROESCAVADEIRA SOBRE RODAS COM CARREGADEIRA, TRAÇÃO 4X2, POTÊNCIA LÍQ. 79 HP, CAÇAMBA CARREG. CAP. MÍN. 1 M3, CAÇAMBA RETRO CAP. 0,20 M3, PESO OPERACIONAL MÍN. 6.570 KG, PROFUNDIDADE ESCAVAÇÃO MÁX. 4,37 M - MANUTENÇÃO. AF_06/2014","H","ATRIBUÍDO SÃO PAULO",25.81,"CAIXA REFERENCIAL"]
["CUSTOS HORÁRIOS DE MÁQUINAS E EQUIPAMENTOS","CHOR","COMPOSIÇÕES AUXILIARES","0329","","",5668,"RETROESCAVADEIRA SOBRE RODAS COM CARREGADEIRA, TRAÇÃO 4X2, POTÊNCIA LÍQ. 79 HP, CAÇAMBA CARREG. CAP. MÍN. 1 M3, CAÇAMBA RETRO CAP. 0,20 M3, PESO OPERACIONAL MÍN. 6.570 KG, PROFUNDIDADE ESCAVAÇÃO MÁX. 4,37 M - MATERIAIS NA OPERAÇÃO. AF_06/2014","H","COLETADO",41.74,"CAIXA REFERENCIAL"]
["CUSTOS HORÁRIOS DE MÁQUINAS E EQUIPAMENTOS","CHOR","COMPOSIÇÕES AUXILIARES","0329","","",5674,"ROLO COMPACTADOR VIBRATÓRIO DE UM CILINDRO AÇO LISO, POTÊNCIA 80 HP, PESO OPERACIONAL MÁXIMO 8,1 T, IMPACTO DINÂMICO 16,15 / 9,5 T, LARGURA DE TRABALHO 1,68 M - MANUTENÇÃO. AF_06/2014","H","ATRIBUÍDO SÃO PAULO",39.36,"CAIXA REFERENCIAL"]
["CUSTOS HORÁRIOS DE MÁQUINAS E EQUIPAMENTOS","CHOR","COMPOSIÇÕES AUXILIARES","0329","","",5692,"MOTOBOMBA CENTRÍFUGA, MOTOR A GASOLINA, POTÊNCIA 5,42 HP, BOCAIS 1 1/2\" X 1\", DIÂMETRO ROTOR 143 MM HM/Q = 6 MCA / 16,8 M3/H A 38 MCA / 6,6 M3/H - MANUTENÇÃO. AF_06/2014","H","COEFICIENTE DE REPRESENTATIVIDADE",0.31,"CAIXA REFERENCIAL"]
["CUSTOS HORÁRIOS DE MÁQUINAS E EQUIPAMENTOS","CHOR","COMPOSIÇÕES AUXILIARES","0329","","",5693,"MOTOBOMBA CENTRÍFUGA, MOTOR A GASOLINA, POTÊNCIA 5,42 HP, BOCAIS 1 1/2\" X 1\", DIÂMETRO ROTOR 143 MM HM/Q = 6 MCA / 16,8 M3/H A 38 MCA / 6,6 M3/H - MATERIAIS NA OPERAÇÃO. AF_06/2014","H","COLETADO",18.670000000000002,"CAIXA REFERENCIAL"]
["CUSTOS HORÁRIOS DE MÁQUINAS E EQUIPAMENTOS","CHOR","COMPOSIÇÕES AUXILIARES","0329","","",5695,"CAMINHÃO BASCULANTE 6 M3, PESO BRUTO TOTAL 16.000 KG, CARGA ÚTIL MÁXIMA 13.071 KG, DISTÂNCIA ENTRE EIXOS 4,80 M, POTÊNCIA 230 CV INCLUSIVE CAÇAMBA METÁLICA - MANUTENÇÃO. AF_06/2014","H","ATRIBUÍDO SÃO PAULO",41.07,"CAIXA REFERENCIAL"]
["CUSTOS HORÁRIOS DE MÁQUINAS E EQUIPAMENTOS","CHOR","COMPOSIÇÕES AUXILIARES","0329","","",5703,"USINA DE CONCRETO FIXA, CAPACIDADE NOMINAL DE 90 A 120 M3/H, SEM SILO - MATERIAIS NA OPERAÇÃO. AF_07/2016","H","COEFICIENTE DE REPRESENTATIVIDADE",22.13,"CAIXA REFERENCIAL"]
["CUSTOS HORÁRIOS DE MÁQUINAS E EQUIPAMENTOS","CHOR","COMPOSIÇÕES AUXILIARES","0329","","",5705,"CAMINHÃO TOCO, PBT 16.000 KG, CARGA ÚTIL MÁX. 10.685 KG, DIST. ENTRE EIXOS 4,8 M, POTÊNCIA 189 CV, INCLUSIVE CARROCERIA FIXA ABERTA DE MADEIRA P/ TRANSPORTE GERAL DE CARGA SECA, DIMEN. APROX. 2,5 X 7,00 X 0,50 M - MANUTENÇÃO. AF_06/2014","H","ATRIBUÍDO SÃO PAULO",39.869999999999997,"CAIXA REFERENCIAL"]
["CUSTOS HORÁRIOS DE MÁQUINAS E EQUIPAMENTOS","CHOR","COMPOSIÇÕES AUXILIARES","0329","","",5707,"USINA MISTURADORA DE SOLOS, CAPACIDADE DE 200 A 500 TON/H, POTENCIA 75KW - MANUTENÇÃO. AF_07/2016","H","ATRIBUÍDO SÃO PAULO",59.32,"CAIXA REFERENCIAL"]
["CUSTOS HORÁRIOS DE MÁQUINAS E EQUIPAMENTOS","CHOR","COMPOSIÇÕES AUXILIARES","0329","","",5710,"VIBROACABADORA DE ASFALTO SOBRE ESTEIRAS, LARGURA DE PAVIMENTAÇÃO 1,90 M A 5,30 M, POTÊNCIA 105 HP CAPACIDADE 450 T/H - MANUTENÇÃO. AF_11/2014","H","ATRIBUÍDO SÃO PAULO",152.03,"CAIXA REFERENCIAL"]
["CUSTOS HORÁRIOS DE MÁQUINAS E EQUIPAMENTOS","CHOR","COMPOSIÇÕES AUXILIARES","0329","","",5711,"VIBROACABADORA DE ASFALTO SOBRE ESTEIRAS, LARGURA DE PAVIMENTAÇÃO 1,90 M A 5,30 M, POTÊNCIA 105 HP CAPACIDADE 450 T/H - MATERIAIS NA OPERAÇÃO. AF_11/2014","H","COLETADO",81.09,"CAIXA REFERENCIAL"]
["CUSTOS HORÁRIOS DE MÁQUINAS E EQUIPAMENTOS","CHOR","COMPOSIÇÕES AUXILIARES","0329","","",5714,"TRATOR DE PNEUS, POTÊNCIA 85 CV, TRAÇÃO 4X4, PESO COM LASTRO DE 4.675 KG - MANUTENÇÃO. AF_06/2014","H","ATRIBUÍDO SÃO PAULO",15.23,"CAIXA REFERENCIAL"]
["CUSTOS HORÁRIOS DE MÁQUINAS E EQUIPAMENTOS","CHOR","COMPOSIÇÕES AUXILIARES","0329","","",5715,"TRATOR DE PNEUS, POTÊNCIA 85 CV, TRAÇÃO 4X4, PESO COM LASTRO DE 4.675 KG - MATERIAIS NA OPERAÇÃO. AF_06/2014","H","COLETADO",61.36,"CAIXA REFERENCIAL"]
["CUSTOS HORÁRIOS DE MÁQUINAS E EQUIPAMENTOS","CHOR","COMPOSIÇÕES AUXILIARES","0329","","",5718,"TRATOR DE ESTEIRAS, POTÊNCIA 170 HP, PESO OPERACIONAL 19 T, CAÇAMBA 5,2 M3 - MATERIAIS NA OPERAÇÃO. AF_06/2014","H","COLETADO",96.79,"CAIXA REFERENCIAL"]
["CUSTOS HORÁRIOS DE MÁQUINAS E EQUIPAMENTOS","CHOR","COMPOSIÇÕES AUXILIARES","0329","","",5721,"TRATOR DE ESTEIRAS, POTÊNCIA 150 HP, PESO OPERACIONAL 16,7 T, COM RODA MOTRIZ ELEVADA E LÂMINA 3,18 M3 - MATERIAIS NA OPERAÇÃO. AF_06/2014","H","COLETADO",85.4,"CAIXA REFERENCIAL"]
["CUSTOS HORÁRIOS DE MÁQUINAS E EQUIPAMENTOS","CHOR","COMPOSIÇÕES AUXILIARES","0329","","",5722,"TRATOR DE ESTEIRAS, POTÊNCIA 347 HP, PESO OPERACIONAL 38,5 T, COM LÂMINA 8,70 M3 - MATERIAIS NA OPERAÇÃO. AF_06/2014","H","COLETADO",197.5,"CAIXA REFERENCIAL"]
["CUSTOS HORÁRIOS DE MÁQUINAS E EQUIPAMENTOS","CHOR","COMPOSIÇÕES AUXILIARES","0329","","",5724,"TRATOR DE ESTEIRAS, POTÊNCIA 100 HP, PESO OPERACIONAL 9,4 T, COM LÂMINA 2,19 M3 - MANUTENÇÃO. AF_06/2014","H","ATRIBUÍDO SÃO PAULO",53.18,"CAIXA REFERENCIAL"]
["CUSTOS HORÁRIOS DE MÁQUINAS E EQUIPAMENTOS","CHOR","COMPOSIÇÕES AUXILIARES","0329","","",5727,"ROLO COMPACTADOR VIBRATÓRIO REBOCÁVEL, CILINDRO DE AÇO LISO, POTÊNCIA DE TRAÇÃO DE 65 CV, PESO 4,7 T, IMPACTO DINÂMICO 18,3 T, LARGURA DE TRABALHO 1,67 M - MANUTENÇÃO. AF_02/2016","H","ATRIBUÍDO SÃO PAULO",11.88,"CAIXA REFERENCIAL"]
["CUSTOS HORÁRIOS DE MÁQUINAS E EQUIPAMENTOS","CHOR","COMPOSIÇÕES AUXILIARES","0329","","",5729,"ROLO COMPACTADOR VIBRATÓRIO TANDEM AÇO LISO, POTÊNCIA 58 HP, PESO SEM/COM LASTRO 6,5 / 9,4 T, LARGURA DE TRABALHO 1,2 M - MANUTENÇÃO. AF_06/2014","H","ATRIBUÍDO SÃO PAULO",48.33,"CAIXA REFERENCIAL"]
["CUSTOS HORÁRIOS DE MÁQUINAS E EQUIPAMENTOS","CHOR","COMPOSIÇÕES AUXILIARES","0329","","",5730,"ROLO COMPACTADOR VIBRATÓRIO TANDEM AÇO LISO, POTÊNCIA 58 HP, PESO SEM/COM LASTRO 6,5 / 9,4 T, LARGURA DE TRABALHO 1,2 M - MATERIAIS NA OPERAÇÃO. AF_06/2014","H","COLETADO",37.22,"CAIXA REFERENCIAL"]
["CUSTOS HORÁRIOS DE MÁQUINAS E EQUIPAMENTOS","CHOR","COMPOSIÇÕES AUXILIARES","0329","","",5735,"RETROESCAVADEIRA SOBRE RODAS COM CARREGADEIRA, TRAÇÃO 4X4, POTÊNCIA LÍQ. 72 HP, CAÇAMBA CARREG. CAP. MÍN. 0,79 M3, CAÇAMBA RETRO CAP. 0,18 M3, PESO OPERACIONAL MÍN. 7.140 KG, PROFUNDIDADE ESCAVAÇÃO MÁX. 4,50 M - MANUTENÇÃO. AF_06/2014","H","ATRIBUÍDO SÃO PAULO",28,"CAIXA REFERENCIAL"]
["CUSTOS HORÁRIOS DE MÁQUINAS E EQUIPAMENTOS","CHOR","COMPOSIÇÕES AUXILIARES","0329","","",5736,"RETROESCAVADEIRA SOBRE RODAS COM CARREGADEIRA, TRAÇÃO 4X4, POTÊNCIA LÍQ. 72 HP, CAÇAMBA CARREG. CAP. MÍN. 0,79 M3, CAÇAMBA RETRO CAP. 0,18 M3, PESO OPERACIONAL MÍN. 7.140 KG, PROFUNDIDADE ESCAVAÇÃO MÁX. 4,50 M - MATERIAIS NA OPERAÇÃO. AF_06/2014","H","COLETADO",38.04,"CAIXA REFERENCIAL"]
["CUSTOS HORÁRIOS DE MÁQUINAS E EQUIPAMENTOS","CHOR","COMPOSIÇÕES AUXILIARES","0329","","",5738,"ROLO COMPACTADOR VIBRATÓRIO PÉ DE CARNEIRO, OPERADO POR CONTROLE REMOTO, POTÊNCIA 12,5 KW, PESO OPERACIONAL 1,675 T, LARGURA DE TRABALHO 0,85 M - DEPRECIAÇÃO. AF_02/2016","H","ATRIBUÍDO SÃO PAULO",42.97,"CAIXA REFERENCIAL"]
["CUSTOS HORÁRIOS DE MÁQUINAS E EQUIPAMENTOS","CHOR","COMPOSIÇÕES AUXILIARES","0329","","",5739,"ROLO COMPACTADOR VIBRATÓRIO PÉ DE CARNEIRO, OPERADO POR CONTROLE REMOTO, POTÊNCIA 12,5 KW, PESO OPERACIONAL 1,675 T, LARGURA DE TRABALHO 0,85 M - MANUTENÇÃO. AF_02/2016","H","ATRIBUÍDO SÃO PAULO",53.78,"CAIXA REFERENCIAL"]
["CUSTOS HORÁRIOS DE MÁQUINAS E EQUIPAMENTOS","CHOR","COMPOSIÇÕES AUXILIARES","0329","","",5741,"USINA DE LAMA ASFÁLTICA, PROD 30 A 50 T/H, SILO DE AGREGADO 7 M3, RESERVATÓRIOS PARA EMULSÃO E ÁGUA DE 2,3 M3 CADA, MISTURADOR TIPO PUG MILL A SER MONTADO SOBRE CAMINHÃO - MANUTENÇÃO. AF_10/2014","H","ATRIBUÍDO SÃO PAULO",42.78,"CAIXA REFERENCIAL"]
["CUSTOS HORÁRIOS DE MÁQUINAS E EQUIPAMENTOS","CHOR","COMPOSIÇÕES AUXILIARES","0329","","",5742,"USINA DE LAMA ASFÁLTICA, PROD 30 A 50 T/H, SILO DE AGREGADO 7 M3, RESERVATÓRIOS PARA EMULSÃO E ÁGUA DE 2,3 M3 CADA, MISTURADOR TIPO PUG MILL A SER MONTADO SOBRE CAMINHÃO - MATERIAIS NA OPERAÇÃO. AF_10/2014","H","COLETADO",25.12,"CAIXA REFERENCIAL"]
["CUSTOS HORÁRIOS DE MÁQUINAS E EQUIPAMENTOS","CHOR","COMPOSIÇÕES AUXILIARES","0329","","",5747,"CAMINHÃO PIPA 6.000 L, PESO BRUTO TOTAL 13.000 KG, DISTÂNCIA ENTRE EIXOS 4,80 M, POTÊNCIA 189 CV INCLUSIVE TANQUE DE AÇO PARA TRANSPORTE DE ÁGUA, CAPACIDADE 6 M3 - MATERIAIS NA OPERAÇÃO. AF_06/2014","H","COLETADO",144.04,"CAIXA REFERENCIAL"]
["CUSTOS HORÁRIOS DE MÁQUINAS E EQUIPAMENTOS","CHOR","COMPOSIÇÕES AUXILIARES","0329","","",5751,"CAMINHÃO TOCO, PESO BRUTO TOTAL 14.300 KG, CARGA ÚTIL MÁXIMA 9590 KG, DISTÂNCIA ENTRE EIXOS 4,76 M, POTÊNCIA 185 CV (NÃO INCLUI CARROCERIA) - MANUTENÇÃO. AF_06/2014","H","ATRIBUÍDO SÃO PAULO",34.47,"CAIXA REFERENCIAL"]
["CUSTOS HORÁRIOS DE MÁQUINAS E EQUIPAMENTOS","CHOR","COMPOSIÇÕES AUXILIARES","0329","","",5754,"CAMINHÃO TOCO, PESO BRUTO TOTAL 16.000 KG, CARGA ÚTIL MÁXIMA DE 10.685 KG, DISTÂNCIA ENTRE EIXOS 4,80 M, POTÊNCIA 189 CV EXCLUSIVE CARROCERIA - MANUTENÇÃO. AF_06/2014","H","ATRIBUÍDO SÃO PAULO",37.85,"CAIXA REFERENCIAL"]
["CUSTOS HORÁRIOS DE MÁQUINAS E EQUIPAMENTOS","CHOR","COMPOSIÇÕES AUXILIARES","0329","","",5763,"CAMINHÃO PIPA 10.000 L TRUCADO, PESO BRUTO TOTAL 23.000 KG, CARGA ÚTIL MÁXIMA 15.935 KG, DISTÂNCIA ENTRE EIXOS 4,8 M, POTÊNCIA 230 CV, INCLUSIVE TANQUE DE AÇO PARA TRANSPORTE DE ÁGUA - MANUTENÇÃO. AF_06/2014","H","ATRIBUÍDO SÃO PAULO",53.44,"CAIXA REFERENCIAL"]
["CUSTOS HORÁRIOS DE MÁQUINAS E EQUIPAMENTOS","CHOR","COMPOSIÇÕES AUXILIARES","0329","","",5765,"ESPARGIDOR DE ASFALTO PRESSURIZADO COM TANQUE DE 2500 L, REBOCÁVEL COM MOTOR A GASOLINA POTÊNCIA 3,4 HP - MANUTENÇÃO. AF_07/2014","H","ATRIBUÍDO SÃO PAULO",4.6399999999999997,"CAIXA REFERENCIAL"]
["CUSTOS HORÁRIOS DE MÁQUINAS E EQUIPAMENTOS","CHOR","COMPOSIÇÕES AUXILIARES","0329","","",5766,"ESPARGIDOR DE ASFALTO PRESSURIZADO COM TANQUE DE 2500 L, REBOCÁVEL COM MOTOR A GASOLINA POTÊNCIA 3,4 HP - MATERIAIS NA OPERAÇÃO. AF_07/2014","H","COLETADO",2.6,"CAIXA REFERENCIAL"]
["CUSTOS HORÁRIOS DE MÁQUINAS E EQUIPAMENTOS","CHOR","COMPOSIÇÕES AUXILIARES","0329","","",5779,"MOTONIVELADORA POTÊNCIA BÁSICA LÍQUIDA (PRIMEIRA MARCHA) 125 HP, PESO BRUTO 13032 KG, LARGURA DA LÂMINA DE 3,7 M - MANUTENÇÃO. AF_06/2014","H","COLETADO",88.95,"CAIXA REFERENCIAL"]
["CUSTOS HORÁRIOS DE MÁQUINAS E EQUIPAMENTOS","CHOR","COMPOSIÇÕES AUXILIARES","0329","","",5787,"PÁ CARREGADEIRA SOBRE RODAS, POTÊNCIA 197 HP, CAPACIDADE DA CAÇAMBA 2,5 A 3,5 M3, PESO OPERACIONAL 18338 KG - MATERIAIS NA OPERAÇÃO. AF_06/2014","H","COLETADO",64.09,"CAIXA REFERENCIAL"]
["CUSTOS HORÁRIOS DE MÁQUINAS E EQUIPAMENTOS","CHOR","COMPOSIÇÕES AUXILIARES","0329","","",5797,"COMPRESSOR DE AR REBOCÁVEL, VAZÃO 189 PCM, PRESSÃO EFETIVA DE TRABALHO 102 PSI, MOTOR DIESEL, POTÊNCIA 63 CV - MANUTENÇÃO. AF_06/2015","H","ATRIBUÍDO SÃO PAULO",6.22,"CAIXA REFERENCIAL"]
["CUSTOS HORÁRIOS DE MÁQUINAS E EQUIPAMENTOS","CHOR","COMPOSIÇÕES AUXILIARES","0329","","",5800,"BOMBA SUBMERSÍVEL ELÉTRICA TRIFÁSICA, POTÊNCIA 2,96 HP, Ø ROTOR 144 MM SEMI-ABERTO, BOCAL DE SAÍDA Ø 2\u0094, HM/Q = 2 MCA / 38,8 M3/H A 28 MCA / 5 M3/H - MANUTENÇÃO. AF_06/2014","H","COEFICIENTE DE REPRESENTATIVIDADE",0.42,"CAIXA REFERENCIAL"]
["CUSTOS HORÁRIOS DE MÁQUINAS E EQUIPAMENTOS","CHOR","COMPOSIÇÕES AUXILIARES","0329","","",7032,"TANQUE DE ASFALTO ESTACIONÁRIO COM SERPENTINA, CAPACIDADE 30.000 L - DEPRECIAÇÃO. AF_05/2023","H","ATRIBUÍDO SÃO PAULO",4.28,"CAIXA REFERENCIAL"]
["CUSTOS HORÁRIOS DE MÁQUINAS E EQUIPAMENTOS","CHOR","COMPOSIÇÕES AUXILIARES","0329","","",7033,"TANQUE DE ASFALTO ESTACIONÁRIO COM SERPENTINA, CAPACIDADE 30.000 L - JUROS. AF_05/2023","H","ATRIBUÍDO SÃO PAULO",1.58,"CAIXA REFERENCIAL"]
["CUSTOS HORÁRIOS DE MÁQUINAS E EQUIPAMENTOS","CHOR","COMPOSIÇÕES AUXILIARES","0329","","",7034,"TANQUE DE ASFALTO ESTACIONÁRIO COM SERPENTINA, CAPACIDADE 30.000 L - MANUTENÇÃO. AF_05/2023","H","ATRIBUÍDO SÃO PAULO",5.71,"CAIXA REFERENCIAL"]
["CUSTOS HORÁRIOS DE MÁQUINAS E EQUIPAMENTOS","CHOR","COMPOSIÇÕES AUXILIARES","0329","","",7035,"TANQUE DE ASFALTO ESTACIONÁRIO COM SERPENTINA, CAPACIDADE 30.000 L - MATERIAIS NA OPERAÇÃO. AF_05/2023","H","COLETADO",233.59,"CAIXA REFERENCIAL"]
["CUSTOS HORÁRIOS DE MÁQUINAS E EQUIPAMENTOS","CHOR","COMPOSIÇÕES AUXILIARES","0329","","",7038,"ROLO COMPACTADOR DE PNEUS ESTÁTICO, PRESSÃO VARIÁVEL, POTÊNCIA 111 HP, PESO SEM/COM LASTRO 9,5 / 26 T, LARGURA DE TRABALHO 1,90 M - DEPRECIAÇÃO. AF_07/2014","H","ATRIBUÍDO SÃO PAULO",49.15,"CAIXA REFERENCIAL"]
["CUSTOS HORÁRIOS DE MÁQUINAS E EQUIPAMENTOS","CHOR","COMPOSIÇÕES AUXILIARES","0329","","",7039,"ROLO COMPACTADOR DE PNEUS ESTÁTICO, PRESSÃO VARIÁVEL, POTÊNCIA 111 HP, PESO SEM/COM LASTRO 9,5 / 26 T, LARGURA DE TRABALHO 1,90 M - JUROS. AF_07/2014","H","ATRIBUÍDO SÃO PAULO",13.18,"CAIXA REFERENCIAL"]
["CUSTOS HORÁRIOS DE MÁQUINAS E EQUIPAMENTOS","CHOR","COMPOSIÇÕES AUXILIARES","0329","","",7040,"ROLO COMPACTADOR DE PNEUS ESTÁTICO, PRESSÃO VARIÁVEL, POTÊNCIA 111 HP, PESO SEM/COM LASTRO 9,5 / 26 T, LARGURA DE TRABALHO 1,90 M - MANUTENÇÃO. AF_07/2014","H","ATRIBUÍDO SÃO PAULO",61.51,"CAIXA REFERENCIAL"]
["CUSTOS HORÁRIOS DE MÁQUINAS E EQUIPAMENTOS","CHOR","COMPOSIÇÕES AUXILIARES","0329","","",7044,"MOTOBOMBA TRASH (PARA ÁGUA SUJA) AUTO ESCORVANTE, MOTOR GASOLINA DE 6,41 HP, DIÂMETROS DE SUCÇÃO X RECALQUE: 3\" X 3\", HM/Q = 10 MCA / 60 M3/H A 23 MCA / 0 M3/H - DEPRECIAÇÃO. AF_10/2014","H","COEFICIENTE DE REPRESENTATIVIDADE",0.36,"CAIXA REFERENCIAL"]
["CUSTOS HORÁRIOS DE MÁQUINAS E EQUIPAMENTOS","CHOR","COMPOSIÇÕES AUXILIARES","0329","","",7045,"MOTOBOMBA TRASH (PARA ÁGUA SUJA) AUTO ESCORVANTE, MOTOR GASOLINA DE 6,41 HP, DIÂMETROS DE SUCÇÃO X RECALQUE: 3\" X 3\", HM/Q = 10 MCA / 60 M3/H A 23 MCA / 0 M3/H - JUROS. AF_10/2014","H","COEFICIENTE DE REPRESENTATIVIDADE",0.08,"CAIXA REFERENCIAL"]
["CUSTOS HORÁRIOS DE MÁQUINAS E EQUIPAMENTOS","CHOR","COMPOSIÇÕES AUXILIARES","0329","","",7046,"MOTOBOMBA TRASH (PARA ÁGUA SUJA) AUTO ESCORVANTE, MOTOR GASOLINA DE 6,41 HP, DIÂMETROS DE SUCÇÃO X RECALQUE: 3\" X 3\", HM/Q = 10 MCA / 60 M3/H A 23 MCA / 0 M3/H - MANUTENÇÃO. AF_10/2014","H","COEFICIENTE DE REPRESENTATIVIDADE",0.39,"CAIXA REFERENCIAL"]
["CUSTOS HORÁRIOS DE MÁQUINAS E EQUIPAMENTOS","CHOR","COMPOSIÇÕES AUXILIARES","0329","","",7047,"MOTOBOMBA TRASH (PARA ÁGUA SUJA) AUTO ESCORVANTE, MOTOR GASOLINA DE 6,41 HP, DIÂMETROS DE SUCÇÃO X RECALQUE: 3\" X 3\", HM/Q = 10 MCA / 60 M3/H A 23 MCA / 0 M3/H - MATERIAIS NA OPERAÇÃO. AF_10/2014","H","COLETADO",22.04,"CAIXA REFERENCIAL"]
["CUSTOS HORÁRIOS DE MÁQUINAS E EQUIPAMENTOS","CHOR","COMPOSIÇÕES AUXILIARES","0329","","",7051,"ROLO COMPACTADOR PE DE CARNEIRO VIBRATORIO, POTENCIA 125 HP, PESO OPERACIONAL SEM/COM LASTRO 11,95 / 13,30 T, IMPACTO DINAMICO 38,5 / 22,5 T, LARGURA DE TRABALHO 2,15 M - DEPRECIAÇÃO. AF_06/2014","H","ATRIBUÍDO SÃO PAULO",43.6,"CAIXA REFERENCIAL"]
["CUSTOS HORÁRIOS DE MÁQUINAS E EQUIPAMENTOS","CHOR","COMPOSIÇÕES AUXILIARES","0329","","",7052,"ROLO COMPACTADOR PE DE CARNEIRO VIBRATORIO, POTENCIA 125 HP, PESO OPERACIONAL SEM/COM LASTRO 11,95 / 13,30 T, IMPACTO DINAMICO 38,5 / 22,5 T, LARGURA DE TRABALHO 2,15 M - JUROS. AF_06/2014","H","ATRIBUÍDO SÃO PAULO",11.78,"CAIXA REFERENCIAL"]
["CUSTOS HORÁRIOS DE MÁQUINAS E EQUIPAMENTOS","CHOR","COMPOSIÇÕES AUXILIARES","0329","","",7053,"ROLO COMPACTADOR PE DE CARNEIRO VIBRATORIO, POTENCIA 125 HP, PESO OPERACIONAL SEM/COM LASTRO 11,95 / 13,30 T, IMPACTO DINAMICO 38,5 / 22,5 T, LARGURA DE TRABALHO 2,15 M - MANUTENÇÃO. AF_06/2014","H","ATRIBUÍDO SÃO PAULO",54.56,"CAIXA REFERENCIAL"]
["CUSTOS HORÁRIOS DE MÁQUINAS E EQUIPAMENTOS","CHOR","COMPOSIÇÕES AUXILIARES","0329","","",7054,"ROLO COMPACTADOR PE DE CARNEIRO VIBRATORIO, POTENCIA 125 HP, PESO OPERACIONAL SEM/COM LASTRO 11,95 / 13,30 T, IMPACTO DINAMICO 38,5 / 22,5 T, LARGURA DE TRABALHO 2,15 M - MATERIAIS NA OPERAÇÃO. AF_06/2014","H","COLETADO",81.31,"CAIXA REFERENCIAL"]
["CUSTOS HORÁRIOS DE MÁQUINAS E EQUIPAMENTOS","CHOR","COMPOSIÇÕES AUXILIARES","0329","","",7058,"CAMINHÃO BASCULANTE 6 M3 TOCO, PESO BRUTO TOTAL 16.000 KG, CARGA ÚTIL MÁXIMA 11.130 KG, DISTÂNCIA ENTRE EIXOS 5,36 M, POTÊNCIA 185 CV, INCLUSIVE CAÇAMBA METÁLICA - DEPRECIAÇÃO. AF_06/2014","H","ATRIBUÍDO SÃO PAULO",23.49,"CAIXA REFERENCIAL"]
["CUSTOS HORÁRIOS DE MÁQUINAS E EQUIPAMENTOS","CHOR","COMPOSIÇÕES AUXILIARES","0329","","",7059,"CAMINHÃO BASCULANTE 6 M3 TOCO, PESO BRUTO TOTAL 16.000 KG, CARGA ÚTIL MÁXIMA 11.130 KG, DISTÂNCIA ENTRE EIXOS 5,36 M, POTÊNCIA 185 CV, INCLUSIVE CAÇAMBA METÁLICA - JUROS. AF_06/2014","H","ATRIBUÍDO SÃO PAULO",9.1,"CAIXA REFERENCIAL"]
["CUSTOS HORÁRIOS DE MÁQUINAS E EQUIPAMENTOS","CHOR","COMPOSIÇÕES AUXILIARES","0329","","",7060,"CAMINHÃO BASCULANTE 6 M3 TOCO, PESO BRUTO TOTAL 16.000 KG, CARGA ÚTIL MÁXIMA 11.130 KG, DISTÂNCIA ENTRE EIXOS 5,36 M, POTÊNCIA 185 CV, INCLUSIVE CAÇAMBA METÁLICA - MANUTENÇÃO. AF_06/2014","H","ATRIBUÍDO SÃO PAULO",42.52,"CAIXA REFERENCIAL"]
["CUSTOS HORÁRIOS DE MÁQUINAS E EQUIPAMENTOS","CHOR","COMPOSIÇÕES AUXILIARES","0329","","",7061,"CAMINHÃO BASCULANTE 6 M3 TOCO, PESO BRUTO TOTAL 16.000 KG, CARGA ÚTIL MÁXIMA 11.130 KG, DISTÂNCIA ENTRE EIXOS 5,36 M, POTÊNCIA 185 CV, INCLUSIVE CAÇAMBA METÁLICA - MATERIAIS NA OPERAÇÃO. AF_06/2014","H","COLETADO",74.22,"CAIXA REFERENCIAL"]
["CUSTOS HORÁRIOS DE MÁQUINAS E EQUIPAMENTOS","CHOR","COMPOSIÇÕES AUXILIARES","0329","","",7063,"TRATOR DE PNEUS, POTÊNCIA 122 CV, TRAÇÃO 4X4, PESO COM LASTRO DE 4.510 KG - DEPRECIAÇÃO. AF_06/2014","H","ATRIBUÍDO SÃO PAULO",19,"CAIXA REFERENCIAL"]
["CUSTOS HORÁRIOS DE MÁQUINAS E EQUIPAMENTOS","CHOR","COMPOSIÇÕES AUXILIARES","0329","","",7064,"TRATOR DE PNEUS, POTÊNCIA 122 CV, TRAÇÃO 4X4, PESO COM LASTRO DE 4.510 KG - JUROS. AF_06/2014","H","ATRIBUÍDO SÃO PAULO",5.13,"CAIXA REFERENCIAL"]
["CUSTOS HORÁRIOS DE MÁQUINAS E EQUIPAMENTOS","CHOR","COMPOSIÇÕES AUXILIARES","0329","","",7065,"TRATOR DE PNEUS, POTÊNCIA 122 CV, TRAÇÃO 4X4, PESO COM LASTRO DE 4.510 KG - MANUTENÇÃO. AF_06/2014","H","ATRIBUÍDO SÃO PAULO",20.78,"CAIXA REFERENCIAL"]
["CUSTOS HORÁRIOS DE MÁQUINAS E EQUIPAMENTOS","CHOR","COMPOSIÇÕES AUXILIARES","0329","","",7066,"TRATOR DE PNEUS, POTÊNCIA 122 CV, TRAÇÃO 4X4, PESO COM LASTRO DE 4.510 KG - MATERIAIS NA OPERAÇÃO. AF_06/2014","H","COLETADO",88.07,"CAIXA REFERENCIAL"]
["CUSTOS HORÁRIOS DE MÁQUINAS E EQUIPAMENTOS","CHOR","COMPOSIÇÕES AUXILIARES","0329","","",53786,"RETROESCAVADEIRA SOBRE RODAS COM CARREGADEIRA, TRAÇÃO 4X4, POTÊNCIA LÍQ. 88 HP, CAÇAMBA CARREG. CAP. MÍN. 1 M3, CAÇAMBA RETRO CAP. 0,26 M3, PESO OPERACIONAL MÍN. 6.674 KG, PROFUNDIDADE ESCAVAÇÃO MÁX. 4,37 M - MATERIAIS NA OPERAÇÃO. AF_06/2014","H","COLETADO",46.48,"CAIXA REFERENCIAL"]
["CUSTOS HORÁRIOS DE MÁQUINAS E EQUIPAMENTOS","CHOR","COMPOSIÇÕES AUXILIARES","0329","","",53788,"ROLO COMPACTADOR VIBRATÓRIO DE UM CILINDRO AÇO LISO, POTÊNCIA 80 HP, PESO OPERACIONAL MÁXIMO 8,1 T, IMPACTO DINÂMICO 16,15 / 9,5 T, LARGURA DE TRABALHO 1,68 M - MATERIAIS NA OPERAÇÃO. AF_06/2014","H","COLETADO",52.04,"CAIXA REFERENCIAL"]
["CUSTOS HORÁRIOS DE MÁQUINAS E EQUIPAMENTOS","CHOR","COMPOSIÇÕES AUXILIARES","0329","","",53792,"CAMINHÃO BASCULANTE 6 M3, PESO BRUTO TOTAL 16.000 KG, CARGA ÚTIL MÁXIMA 13.071 KG, DISTÂNCIA ENTRE EIXOS 4,80 M, POTÊNCIA 230 CV INCLUSIVE CAÇAMBA METÁLICA - MATERIAIS NA OPERAÇÃO. AF_06/2014","H","COLETADO",92.26,"CAIXA REFERENCIAL"]
["CUSTOS HORÁRIOS DE MÁQUINAS E EQUIPAMENTOS","CHOR","COMPOSIÇÕES AUXILIARES","0329","","",53794,"USINA DE CONCRETO FIXA, CAPACIDADE NOMINAL DE 90 A 120 M3/H, SEM SILO - MANUTENÇÃO. AF_07/2016","H","ATRIBUÍDO SÃO PAULO",35.619999999999997,"CAIXA REFERENCIAL"]
["CUSTOS HORÁRIOS DE MÁQUINAS E EQUIPAMENTOS","CHOR","COMPOSIÇÕES AUXILIARES","0329","","",53797,"CAMINHÃO TOCO, PBT 16.000 KG, CARGA ÚTIL MÁX. 10.685 KG, DIST. ENTRE EIXOS 4,8 M, POTÊNCIA 189 CV, INCLUSIVE CARROCERIA FIXA ABERTA DE MADEIRA P/ TRANSPORTE GERAL DE CARGA SECA, DIMEN. APROX. 2,5 X 7,00 X 0,50 M - MATERIAIS NA OPERAÇÃO. AF_06/2014","H","COLETADO",106.11,"CAIXA REFERENCIAL"]
["CUSTOS HORÁRIOS DE MÁQUINAS E EQUIPAMENTOS","CHOR","COMPOSIÇÕES AUXILIARES","0329","","",53804,"VASSOURA MECÂNICA REBOCÁVEL COM ESCOVA CILÍNDRICA, LARGURA ÚTIL DE VARRIMENTO DE 2,44 M - MANUTENÇÃO. AF_06/2014","H","ATRIBUÍDO SÃO PAULO",5.12,"CAIXA REFERENCIAL"]
["CUSTOS HORÁRIOS DE MÁQUINAS E EQUIPAMENTOS","CHOR","COMPOSIÇÕES AUXILIARES","0329","","",53806,"TRATOR DE ESTEIRAS, POTÊNCIA 170 HP, PESO OPERACIONAL 19 T, CAÇAMBA 5,2 M3 - MANUTENÇÃO. AF_06/2014","H","ATRIBUÍDO SÃO PAULO",68.52,"CAIXA REFERENCIAL"]
["CUSTOS HORÁRIOS DE MÁQUINAS E EQUIPAMENTOS","CHOR","COMPOSIÇÕES AUXILIARES","0329","","",53810,"TRATOR DE ESTEIRAS, POTÊNCIA 150 HP, PESO OPERACIONAL 16,7 T, COM RODA MOTRIZ ELEVADA E LÂMINA 3,18 M3 - MANUTENÇÃO. AF_06/2014","H","ATRIBUÍDO SÃO PAULO",68.94,"CAIXA REFERENCIAL"]
["CUSTOS HORÁRIOS DE MÁQUINAS E EQUIPAMENTOS","CHOR","COMPOSIÇÕES AUXILIARES","0329","","",53814,"TRATOR DE ESTEIRAS, POTÊNCIA 347 HP, PESO OPERACIONAL 38,5 T, COM LÂMINA 8,70 M3 - MANUTENÇÃO. AF_06/2014","H","ATRIBUÍDO SÃO PAULO",225.83,"CAIXA REFERENCIAL"]
["CUSTOS HORÁRIOS DE MÁQUINAS E EQUIPAMENTOS","CHOR","COMPOSIÇÕES AUXILIARES","0329","","",53817,"TRATOR DE ESTEIRAS, POTÊNCIA 100 HP, PESO OPERACIONAL 9,4 T, COM LÂMINA 2,19 M3 - MATERIAIS NA OPERAÇÃO. AF_06/2014","H","COLETADO",56.89,"CAIXA REFERENCIAL"]
["CUSTOS HORÁRIOS DE MÁQUINAS E EQUIPAMENTOS","CHOR","COMPOSIÇÕES AUXILIARES","0329","","",53818,"ROLO COMPACTADOR VIBRATÓRIO REBOCÁVEL, CILINDRO DE AÇO LISO, POTÊNCIA DE TRAÇÃO DE 65 CV, PESO 4,7 T, IMPACTO DINÂMICO 18,3 T, LARGURA DE TRABALHO 1,67 M - DEPRECIAÇÃO. AF_02/2016","H","ATRIBUÍDO SÃO PAULO",9.49,"CAIXA REFERENCIAL"]
["CUSTOS HORÁRIOS DE MÁQUINAS E EQUIPAMENTOS","CHOR","COMPOSIÇÕES AUXILIARES","0329","","",53827,"CAMINHÃO TOCO, PESO BRUTO TOTAL 14.300 KG, CARGA ÚTIL MÁXIMA 9590 KG, DISTÂNCIA ENTRE EIXOS 4,76 M, POTÊNCIA 185 CV (NÃO INCLUI CARROCERIA) - MATERIAIS NA OPERAÇÃO. AF_06/2014","H","COLETADO",103.87,"CAIXA REFERENCIAL"]
["CUSTOS HORÁRIOS DE MÁQUINAS E EQUIPAMENTOS","CHOR","COMPOSIÇÕES AUXILIARES","0329","","",53829,"CAMINHÃO TOCO, PESO BRUTO TOTAL 16.000 KG, CARGA ÚTIL MÁXIMA DE 10.685 KG, DISTÂNCIA ENTRE EIXOS 4,80 M, POTÊNCIA 189 CV EXCLUSIVE CARROCERIA - MATERIAIS NA OPERAÇÃO. AF_06/2014","H","COLETADO",106.11,"CAIXA REFERENCIAL"]
["CUSTOS HORÁRIOS DE MÁQUINAS E EQUIPAMENTOS","CHOR","COMPOSIÇÕES AUXILIARES","0329","","",53831,"CAMINHÃO PIPA 10.000 L TRUCADO, PESO BRUTO TOTAL 23.000 KG, CARGA ÚTIL MÁXIMA 15.935 KG, DISTÂNCIA ENTRE EIXOS 4,8 M, POTÊNCIA 230 CV, INCLUSIVE TANQUE DE AÇO PARA TRANSPORTE DE ÁGUA - MATERIAIS NA OPERAÇÃO. AF_06/2014","H","COLETADO",175.27,"CAIXA REFERENCIAL"]
["CUSTOS HORÁRIOS DE MÁQUINAS E EQUIPAMENTOS","CHOR","COMPOSIÇÕES AUXILIARES","0329","","",53840,"GRADE DE DISCO REBOCÁVEL COM 20 DISCOS 24\" X 6 MM COM PNEUS PARA TRANSPORTE - DEPRECIAÇÃO. AF_06/2014","H","ATRIBUÍDO SÃO PAULO",2.78,"CAIXA REFERENCIAL"]
["CUSTOS HORÁRIOS DE MÁQUINAS E EQUIPAMENTOS","CHOR","COMPOSIÇÕES AUXILIARES","0329","","",53841,"GRADE DE DISCO REBOCÁVEL COM 20 DISCOS 24\" X 6 MM COM PNEUS PARA TRANSPORTE - MANUTENÇÃO. AF_06/2014","H","ATRIBUÍDO SÃO PAULO",1.93,"CAIXA REFERENCIAL"]
["CUSTOS HORÁRIOS DE MÁQUINAS E EQUIPAMENTOS","CHOR","COMPOSIÇÕES AUXILIARES","0329","","",53849,"MOTONIVELADORA POTÊNCIA BÁSICA LÍQUIDA (PRIMEIRA MARCHA) 125 HP, PESO BRUTO 13032 KG, LARGURA DA LÂMINA DE 3,7 M - MATERIAIS NA OPERAÇÃO. AF_06/2014","H","COLETADO",76.239999999999995,"CAIXA REFERENCIAL"]
["CUSTOS HORÁRIOS DE MÁQUINAS E EQUIPAMENTOS","CHOR","COMPOSIÇÕES AUXILIARES","0329","","",53857,"PÁ CARREGADEIRA SOBRE RODAS, POTÊNCIA LÍQUIDA 128 HP, CAPACIDADE DA CAÇAMBA 1,7 A 2,8 M3, PESO OPERACIONAL 11632 KG - MANUTENÇÃO. AF_06/2014","H","ATRIBUÍDO SÃO PAULO",63,"CAIXA REFERENCIAL"]
["CUSTOS HORÁRIOS DE MÁQUINAS E EQUIPAMENTOS","CHOR","COMPOSIÇÕES AUXILIARES","0329","","",53858,"PÁ CARREGADEIRA SOBRE RODAS, POTÊNCIA LÍQUIDA 128 HP, CAPACIDADE DA CAÇAMBA 1,7 A 2,8 M3, PESO OPERACIONAL 11632 KG - MATERIAIS NA OPERAÇÃO. AF_06/2014","H","COLETADO",41.63,"CAIXA REFERENCIAL"]
["CUSTOS HORÁRIOS DE MÁQUINAS E EQUIPAMENTOS","CHOR","COMPOSIÇÕES AUXILIARES","0329","","",53861,"PÁ CARREGADEIRA SOBRE RODAS, POTÊNCIA 197 HP, CAPACIDADE DA CAÇAMBA 2,5 A 3,5 M3, PESO OPERACIONAL 18338 KG - MANUTENÇÃO. AF_06/2014","H","ATRIBUÍDO SÃO PAULO",61.15,"CAIXA REFERENCIAL"]
["CUSTOS HORÁRIOS DE MÁQUINAS E EQUIPAMENTOS","CHOR","COMPOSIÇÕES AUXILIARES","0329","","",53863,"MARTELETE OU ROMPEDOR PNEUMÁTICO MANUAL, 28 KG, COM SILENCIADOR - MANUTENÇÃO. AF_07/2016","H","ATRIBUÍDO SÃO PAULO",1.7,"CAIXA REFERENCIAL"]
["CUSTOS HORÁRIOS DE MÁQUINAS E EQUIPAMENTOS","CHOR","COMPOSIÇÕES AUXILIARES","0329","","",53865,"COMPRESSOR DE AR REBOCÁVEL, VAZÃO 189 PCM, PRESSÃO EFETIVA DE TRABALHO 102 PSI, MOTOR DIESEL, POTÊNCIA 63 CV - MATERIAIS NA OPERAÇÃO. AF_06/2015","H","COLETADO",42.94,"CAIXA REFERENCIAL"]
["CUSTOS HORÁRIOS DE MÁQUINAS E EQUIPAMENTOS","CHOR","COMPOSIÇÕES AUXILIARES","0329","","",53866,"BOMBA SUBMERSÍVEL ELÉTRICA TRIFÁSICA, POTÊNCIA 2,96 HP, Ø ROTOR 144 MM SEMI-ABERTO, BOCAL DE SAÍDA Ø 2\u0094, HM/Q = 2 MCA / 38,8 M3/H A 28 MCA / 5 M3/H - MATERIAIS NA OPERAÇÃO. AF_06/2014","H","COLETADO",1.78,"CAIXA REFERENCIAL"]
["CUSTOS HORÁRIOS DE MÁQUINAS E EQUIPAMENTOS","CHOR","COMPOSIÇÕES AUXILIARES","0329","","",53882,"CAMINHÃO PIPA 6.000 L, PESO BRUTO TOTAL 13.000 KG, DISTÂNCIA ENTRE EIXOS 4,80 M, POTÊNCIA 189 CV INCLUSIVE TANQUE DE AÇO PARA TRANSPORTE DE ÁGUA, CAPACIDADE 6 M3 - MANUTENÇÃO. AF_06/2014","H","ATRIBUÍDO SÃO PAULO",38.130000000000003,"CAIXA REFERENCIAL"]
["CUSTOS HORÁRIOS DE MÁQUINAS E EQUIPAMENTOS","CHOR","COMPOSIÇÕES AUXILIARES","0329","","",55263,"ROLO COMPACTADOR DE PNEUS ESTÁTICO, PRESSÃO VARIÁVEL, POTÊNCIA 111 HP, PESO SEM/COM LASTRO 9,5 / 26 T, LARGURA DE TRABALHO 1,90 M - MATERIAIS NA OPERAÇÃO. AF_07/2014","H","COLETADO",58.69,"CAIXA REFERENCIAL"]
["CUSTOS HORÁRIOS DE MÁQUINAS E EQUIPAMENTOS","CHOR","COMPOSIÇÕES AUXILIARES","0329","","",73303,"GRUPO GERADOR ESTACIONÁRIO, MOTOR DIESEL POTÊNCIA 170 KVA - DEPRECIAÇÃO. AF_02/2016","H","ATRIBUÍDO SÃO PAULO",5.89,"CAIXA REFERENCIAL"]
["CUSTOS HORÁRIOS DE MÁQUINAS E EQUIPAMENTOS","CHOR","COMPOSIÇÕES AUXILIARES","0329","","",73307,"GRUPO GERADOR ESTACIONÁRIO, MOTOR DIESEL POTÊNCIA 170 KVA - MANUTENÇÃO. AF_02/2016","H","ATRIBUÍDO SÃO PAULO",5.26,"CAIXA REFERENCIAL"]
["CUSTOS HORÁRIOS DE MÁQUINAS E EQUIPAMENTOS","CHOR","COMPOSIÇÕES AUXILIARES","0329","","",73309,"ROLO COMPACTADOR VIBRATÓRIO PÉ DE CARNEIRO PARA SOLOS, POTÊNCIA 80 HP, PESO OPERACIONAL SEM/COM LASTRO 7,4 / 8,8 T, LARGURA DE TRABALHO 1,68 M - DEPRECIAÇÃO. AF_02/2016","H","ATRIBUÍDO SÃO PAULO",32.700000000000003,"CAIXA REFERENCIAL"]
["CUSTOS HORÁRIOS DE MÁQUINAS E EQUIPAMENTOS","CHOR","COMPOSIÇÕES AUXILIARES","0329","","",73311,"GRUPO GERADOR ESTACIONÁRIO, MOTOR DIESEL POTÊNCIA 170 KVA - MATERIAIS NA OPERAÇÃO. AF_02/2016","H","COLETADO",162.24,"CAIXA REFERENCIAL"]
["CUSTOS HORÁRIOS DE MÁQUINAS E EQUIPAMENTOS","CHOR","COMPOSIÇÕES AUXILIARES","0329","","",73313,"ROLO COMPACTADOR VIBRATÓRIO PÉ DE CARNEIRO PARA SOLOS, POTÊNCIA 80 HP, PESO OPERACIONAL SEM/COM LASTRO 7,4 / 8,8 T, LARGURA DE TRABALHO 1,68 M - JUROS. AF_02/2016","H","ATRIBUÍDO SÃO PAULO",8.83,"CAIXA REFERENCIAL"]
["CUSTOS HORÁRIOS DE MÁQUINAS E EQUIPAMENTOS","CHOR","COMPOSIÇÕES AUXILIARES","0329","","",73315,"ROLO COMPACTADOR VIBRATÓRIO PÉ DE CARNEIRO PARA SOLOS, POTÊNCIA 80 HP, PESO OPERACIONAL SEM/COM LASTRO 7,4 / 8,8 T, LARGURA DE TRABALHO 1,68 M - MATERIAIS NA OPERAÇÃO. AF_02/2016","H","COLETADO",52.04,"CAIXA REFERENCIAL"]
["CUSTOS HORÁRIOS DE MÁQUINAS E EQUIPAMENTOS","CHOR","COMPOSIÇÕES AUXILIARES","0329","","",73335,"CAMINHÃO TOCO, PBT 14.300 KG, CARGA ÚTIL MÁX. 9.710 KG, DIST. ENTRE EIXOS 3,56 M, POTÊNCIA 185 CV, INCLUSIVE CARROCERIA FIXA ABERTA DE MADEIRA P/ TRANSPORTE GERAL DE CARGA SECA, DIMEN. APROX. 2,50 X 6,50 X 0,50 M - MANUTENÇÃO. AF_06/2014","H","ATRIBUÍDO SÃO PAULO",36.35,"CAIXA REFERENCIAL"]
["CUSTOS HORÁRIOS DE MÁQUINAS E EQUIPAMENTOS","CHOR","COMPOSIÇÕES AUXILIARES","0329","","",73340,"CAMINHÃO TOCO, PBT 14.300 KG, CARGA ÚTIL MÁX. 9.710 KG, DIST. ENTRE EIXOS 3,56 M, POTÊNCIA 185 CV, INCLUSIVE CARROCERIA FIXA ABERTA DE MADEIRA P/ TRANSPORTE GERAL DE CARGA SECA, DIMEN. APROX. 2,50 X 6,50 X 0,50 M - MATERIAIS NA OPERAÇÃO. AF_06/2014","H","COLETADO",140.99,"CAIXA REFERENCIAL"]
["CUSTOS HORÁRIOS DE MÁQUINAS E EQUIPAMENTOS","CHOR","COMPOSIÇÕES AUXILIARES","0329","","",83361,"ESPARGIDOR DE ASFALTO PRESSURIZADO, TANQUE 6 M3 COM ISOLAÇÃO TÉRMICA, AQUECIDO COM 2 MAÇARICOS, COM BARRA ESPARGIDORA 3,60 M, MONTADO SOBRE CAMINHÃO  TOCO, PBT 14.300 KG, POTÊNCIA 185 CV - MANUTENÇÃO. AF_08/2015","H","ATRIBUÍDO SÃO PAULO",44.26,"CAIXA REFERENCIAL"]
["CUSTOS HORÁRIOS DE MÁQUINAS E EQUIPAMENTOS","CHOR","COMPOSIÇÕES AUXILIARES","0329","","",83761,"GRUPO DE SOLDAGEM COM GERADOR A DIESEL 60 CV PARA SOLDA ELÉTRICA, SOBRE 04 RODAS, COM MOTOR 4 CILINDROS 600 A - DEPRECIAÇÃO. AF_02/2016","H","ATRIBUÍDO SÃO PAULO",7.85,"CAIXA REFERENCIAL"]
["CUSTOS HORÁRIOS DE MÁQUINAS E EQUIPAMENTOS","CHOR","COMPOSIÇÕES AUXILIARES","0329","","",83762,"GRUPO DE SOLDAGEM COM GERADOR A DIESEL 60 CV PARA SOLDA ELÉTRICA, SOBRE 04 RODAS, COM MOTOR 4 CILINDROS 600 A - MANUTENÇÃO. AF_02/2016","H","ATRIBUÍDO SÃO PAULO",7.01,"CAIXA REFERENCIAL"]
["CUSTOS HORÁRIOS DE MÁQUINAS E EQUIPAMENTOS","CHOR","COMPOSIÇÕES AUXILIARES","0329","","",83763,"GRUPO DE SOLDAGEM COM GERADOR A DIESEL 60 CV PARA SOLDA ELÉTRICA, SOBRE 04 RODAS, COM MOTOR 4 CILINDROS 600 A - MATERIAIS NA OPERAÇÃO. AF_02/2016","H","COLETADO",45.72,"CAIXA REFERENCIAL"]
["CUSTOS HORÁRIOS DE MÁQUINAS E EQUIPAMENTOS","CHOR","COMPOSIÇÕES AUXILIARES","0329","","",83764,"GRUPO DE SOLDAGEM COM GERADOR A DIESEL 60 CV PARA SOLDA ELÉTRICA, SOBRE 04 RODAS, COM MOTOR 4 CILINDROS 600 A - JUROS. AF_02/2016","H","ATRIBUÍDO SÃO PAULO",2.76,"CAIXA REFERENCIAL"]
["CUSTOS HORÁRIOS DE MÁQUINAS E EQUIPAMENTOS","CHOR","COMPOSIÇÕES AUXILIARES","0329","","",87026,"GRADE DE DISCO REBOCÁVEL COM 20 DISCOS 24\" X 6 MM COM PNEUS PARA TRANSPORTE - JUROS. AF_06/2014","H","ATRIBUÍDO SÃO PAULO",0.76,"CAIXA REFERENCIAL"]
["CUSTOS HORÁRIOS DE MÁQUINAS E EQUIPAMENTOS","CHOR","COMPOSIÇÕES AUXILIARES","0329","","",87441,"BETONEIRA CAPACIDADE NOMINAL 400 L, CAPACIDADE DE MISTURA 310 L, MOTOR A DIESEL POTÊNCIA 5,0 CV, SEM CARREGADOR - DEPRECIAÇÃO. AF_05/2023","H","COEFICIENTE DE REPRESENTATIVIDADE",0.44,"CAIXA REFERENCIAL"]
["CUSTOS HORÁRIOS DE MÁQUINAS E EQUIPAMENTOS","CHOR","COMPOSIÇÕES AUXILIARES","0329","","",87442,"BETONEIRA CAPACIDADE NOMINAL 400 L, CAPACIDADE DE MISTURA 310 L, MOTOR A DIESEL POTÊNCIA 5,0 CV, SEM CARREGADOR - JUROS. AF_05/2023","H","COEFICIENTE DE REPRESENTATIVIDADE",0.1,"CAIXA REFERENCIAL"]
["CUSTOS HORÁRIOS DE MÁQUINAS E EQUIPAMENTOS","CHOR","COMPOSIÇÕES AUXILIARES","0329","","",87443,"BETONEIRA CAPACIDADE NOMINAL 400 L, CAPACIDADE DE MISTURA 310 L, MOTOR A DIESEL POTÊNCIA 5,0 CV, SEM CARREGADOR - MANUTENÇÃO. AF_05/2023","H","COEFICIENTE DE REPRESENTATIVIDADE",0.59,"CAIXA REFERENCIAL"]
["CUSTOS HORÁRIOS DE MÁQUINAS E EQUIPAMENTOS","CHOR","COMPOSIÇÕES AUXILIARES","0329","","",87444,"BETONEIRA CAPACIDADE NOMINAL 400 L, CAPACIDADE DE MISTURA 310 L, MOTOR A DIESEL POTÊNCIA 5,0 CV, SEM CARREGADOR - MATERIAIS NA OPERAÇÃO. AF_05/2023","H","COLETADO",3.86,"CAIXA REFERENCIAL"]
["CUSTOS HORÁRIOS DE MÁQUINAS E EQUIPAMENTOS","CHOR","COMPOSIÇÕES AUXILIARES","0329","","",88387,"MISTURADOR DE ARGAMASSA, EIXO HORIZONTAL, CAPACIDADE DE MISTURA 300 KG, MOTOR ELÉTRICO POTÊNCIA 5 CV - DEPRECIAÇÃO. AF_05/2023","H","COEFICIENTE DE REPRESENTATIVIDADE",0.86,"CAIXA REFERENCIAL"]
["CUSTOS HORÁRIOS DE MÁQUINAS E EQUIPAMENTOS","CHOR","COMPOSIÇÕES AUXILIARES","0329","","",88389,"MISTURADOR DE ARGAMASSA, EIXO HORIZONTAL, CAPACIDADE DE MISTURA 300 KG, MOTOR ELÉTRICO POTÊNCIA 5 CV - JUROS. AF_05/2023","H","COEFICIENTE DE REPRESENTATIVIDADE",0.21,"CAIXA REFERENCIAL"]
["CUSTOS HORÁRIOS DE MÁQUINAS E EQUIPAMENTOS","CHOR","COMPOSIÇÕES AUXILIARES","0329","","",88390,"MISTURADOR DE ARGAMASSA, EIXO HORIZONTAL, CAPACIDADE DE MISTURA 300 KG, MOTOR ELÉTRICO POTÊNCIA 5 CV - MANUTENÇÃO. AF_05/2023","H","COEFICIENTE DE REPRESENTATIVIDADE",1,"CAIXA REFERENCIAL"]
["CUSTOS HORÁRIOS DE MÁQUINAS E EQUIPAMENTOS","CHOR","COMPOSIÇÕES AUXILIARES","0329","","",88391,"MISTURADOR DE ARGAMASSA, EIXO HORIZONTAL, CAPACIDADE DE MISTURA 300 KG, MOTOR ELÉTRICO POTÊNCIA 5 CV - MATERIAIS NA OPERAÇÃO. AF_05/2023","H","COEFICIENTE DE REPRESENTATIVIDADE",2.9,"CAIXA REFERENCIAL"]
["CUSTOS HORÁRIOS DE MÁQUINAS E EQUIPAMENTOS","CHOR","COMPOSIÇÕES AUXILIARES","0329","","",88394,"MISTURADOR DE ARGAMASSA, EIXO HORIZONTAL, CAPACIDADE DE MISTURA 600 KG, MOTOR ELÉTRICO POTÊNCIA 7,5 CV - DEPRECIAÇÃO. AF_05/2023","H","COEFICIENTE DE REPRESENTATIVIDADE",1.02,"CAIXA REFERENCIAL"]
["CUSTOS HORÁRIOS DE MÁQUINAS E EQUIPAMENTOS","CHOR","COMPOSIÇÕES AUXILIARES","0329","","",88395,"MISTURADOR DE ARGAMASSA, EIXO HORIZONTAL, CAPACIDADE DE MISTURA 600 KG, MOTOR ELÉTRICO POTÊNCIA 7,5 CV - JUROS. AF_05/2023","H","COEFICIENTE DE REPRESENTATIVIDADE",0.25,"CAIXA REFERENCIAL"]
["CUSTOS HORÁRIOS DE MÁQUINAS E EQUIPAMENTOS","CHOR","COMPOSIÇÕES AUXILIARES","0329","","",88396,"MISTURADOR DE ARGAMASSA, EIXO HORIZONTAL, CAPACIDADE DE MISTURA 600 KG, MOTOR ELÉTRICO POTÊNCIA 7,5 CV - MANUTENÇÃO. AF_05/2023","H","COEFICIENTE DE REPRESENTATIVIDADE",1.2,"CAIXA REFERENCIAL"]
["CUSTOS HORÁRIOS DE MÁQUINAS E EQUIPAMENTOS","CHOR","COMPOSIÇÕES AUXILIARES","0329","","",88397,"MISTURADOR DE ARGAMASSA, EIXO HORIZONTAL, CAPACIDADE DE MISTURA 600 KG, MOTOR ELÉTRICO POTÊNCIA 7,5 CV - MATERIAIS NA OPERAÇÃO. AF_05/2023","H","COEFICIENTE DE REPRESENTATIVIDADE",4.3600000000000003,"CAIXA REFERENCIAL"]
["CUSTOS HORÁRIOS DE MÁQUINAS E EQUIPAMENTOS","CHOR","COMPOSIÇÕES AUXILIARES","0329","","",88400,"MISTURADOR DE ARGAMASSA, EIXO HORIZONTAL, CAPACIDADE DE MISTURA 160 KG, MOTOR ELÉTRICO POTÊNCIA 3 CV - DEPRECIAÇÃO. AF_05/2023","H","COEFICIENTE DE REPRESENTATIVIDADE",0.81,"CAIXA REFERENCIAL"]
["CUSTOS HORÁRIOS DE MÁQUINAS E EQUIPAMENTOS","CHOR","COMPOSIÇÕES AUXILIARES","0329","","",88401,"MISTURADOR DE ARGAMASSA, EIXO HORIZONTAL, CAPACIDADE DE MISTURA 160 KG, MOTOR ELÉTRICO POTÊNCIA 3 CV - JUROS. AF_05/2023","H","COEFICIENTE DE REPRESENTATIVIDADE",0.2,"CAIXA REFERENCIAL"]
["CUSTOS HORÁRIOS DE MÁQUINAS E EQUIPAMENTOS","CHOR","COMPOSIÇÕES AUXILIARES","0329","","",88402,"MISTURADOR DE ARGAMASSA, EIXO HORIZONTAL, CAPACIDADE DE MISTURA 160 KG, MOTOR ELÉTRICO POTÊNCIA 3 CV - MANUTENÇÃO. AF_05/2023","H","COEFICIENTE DE REPRESENTATIVIDADE",0.95,"CAIXA REFERENCIAL"]
["CUSTOS HORÁRIOS DE MÁQUINAS E EQUIPAMENTOS","CHOR","COMPOSIÇÕES AUXILIARES","0329","","",88403,"MISTURADOR DE ARGAMASSA, EIXO HORIZONTAL, CAPACIDADE DE MISTURA 160 KG, MOTOR ELÉTRICO POTÊNCIA 3 CV - MATERIAIS NA OPERAÇÃO. AF_05/2023","H","COEFICIENTE DE REPRESENTATIVIDADE",1.74,"CAIXA REFERENCIAL"]
["CUSTOS HORÁRIOS DE MÁQUINAS E EQUIPAMENTOS","CHOR","COMPOSIÇÕES AUXILIARES","0329","","",88419,"PROJETOR DE ARGAMASSA, CAPACIDADE DE PROJEÇÃO 1,5 M3/H, ALCANCE DE 30 ATÉ 60 M, MOTOR ELÉTRICO POTÊNCIA 7,5 HP - DEPRECIAÇÃO. AF_06/2014","H","COEFICIENTE DE REPRESENTATIVIDADE",5.67,"CAIXA REFERENCIAL"]
["CUSTOS HORÁRIOS DE MÁQUINAS E EQUIPAMENTOS","CHOR","COMPOSIÇÕES AUXILIARES","0329","","",88422,"PROJETOR DE ARGAMASSA, CAPACIDADE DE PROJEÇÃO 1,5 M3/H, ALCANCE DE 30 ATÉ 60 M, MOTOR ELÉTRICO POTÊNCIA 7,5 HP - JUROS. AF_06/2014","H","COEFICIENTE DE REPRESENTATIVIDADE",1.31,"CAIXA REFERENCIAL"]
["CUSTOS HORÁRIOS DE MÁQUINAS E EQUIPAMENTOS","CHOR","COMPOSIÇÕES AUXILIARES","0329","","",88425,"PROJETOR DE ARGAMASSA, CAPACIDADE DE PROJEÇÃO 1,5 M3/H, ALCANCE DE 30 ATÉ 60 M, MOTOR ELÉTRICO POTÊNCIA 7,5 HP - MANUTENÇÃO. AF_06/2014","H","COEFICIENTE DE REPRESENTATIVIDADE",7.09,"CAIXA REFERENCIAL"]
["CUSTOS HORÁRIOS DE MÁQUINAS E EQUIPAMENTOS","CHOR","COMPOSIÇÕES AUXILIARES","0329","","",88427,"PROJETOR DE ARGAMASSA, CAPACIDADE DE PROJEÇÃO 1,5 M3/H, ALCANCE DE 30 ATÉ 60 M, MOTOR ELÉTRICO POTÊNCIA 7,5 HP - MATERIAIS NA OPERAÇÃO. AF_06/2014","H","COEFICIENTE DE REPRESENTATIVIDADE",0.98,"CAIXA REFERENCIAL"]
["CUSTOS HORÁRIOS DE MÁQUINAS E EQUIPAMENTOS","CHOR","COMPOSIÇÕES AUXILIARES","0329","","",88434,"PROJETOR DE ARGAMASSA, CAPACIDADE DE PROJEÇÃO 2 M3/H, ALCANCE ATÉ 50 M, MOTOR ELÉTRICO POTÊNCIA 7,5 HP - DEPRECIAÇÃO. AF_06/2014","H","COEFICIENTE DE REPRESENTATIVIDADE",7.52,"CAIXA REFERENCIAL"]
["CUSTOS HORÁRIOS DE MÁQUINAS E EQUIPAMENTOS","CHOR","COMPOSIÇÕES AUXILIARES","0329","","",88435,"PROJETOR DE ARGAMASSA, CAPACIDADE DE PROJEÇÃO 2 M3/H, ALCANCE ATÉ 50 M, MOTOR ELÉTRICO POTÊNCIA 7,5 HP - JUROS. AF_06/2014","H","COEFICIENTE DE REPRESENTATIVIDADE",1.73,"CAIXA REFERENCIAL"]
["CUSTOS HORÁRIOS DE MÁQUINAS E EQUIPAMENTOS","CHOR","COMPOSIÇÕES AUXILIARES","0329","","",88436,"PROJETOR DE ARGAMASSA, CAPACIDADE DE PROJEÇÃO 2 M3/H, ALCANCE ATÉ 50 M, MOTOR ELÉTRICO POTÊNCIA 7,5 HP - MANUTENÇÃO. AF_06/2014","H","COEFICIENTE DE REPRESENTATIVIDADE",9.4,"CAIXA REFERENCIAL"]
["CUSTOS HORÁRIOS DE MÁQUINAS E EQUIPAMENTOS","CHOR","COMPOSIÇÕES AUXILIARES","0329","","",88437,"PROJETOR DE ARGAMASSA, CAPACIDADE DE PROJEÇÃO 2 M3/H, ALCANCE ATÉ 50 M, MOTOR ELÉTRICO POTÊNCIA 7,5 HP - MATERIAIS NA OPERAÇÃO. AF_06/2014","H","COEFICIENTE DE REPRESENTATIVIDADE",0.98,"CAIXA REFERENCIAL"]
["CUSTOS HORÁRIOS DE MÁQUINAS E EQUIPAMENTOS","CHOR","COMPOSIÇÕES AUXILIARES","0329","","",88569,"ESPARGIDOR DE ASFALTO PRESSURIZADO COM TANQUE DE 2500 L, REBOCÁVEL COM MOTOR A GASOLINA POTÊNCIA 3,4 HP - DEPRECIAÇÃO. AF_07/2014","H","ATRIBUÍDO SÃO PAULO",3.96,"CAIXA REFERENCIAL"]
["CUSTOS HORÁRIOS DE MÁQUINAS E EQUIPAMENTOS","CHOR","COMPOSIÇÕES AUXILIARES","0329","","",88570,"ESPARGIDOR DE ASFALTO PRESSURIZADO COM TANQUE DE 2500 L, REBOCÁVEL COM MOTOR A GASOLINA POTÊNCIA 3,4 HP - JUROS. AF_07/2014","H","ATRIBUÍDO SÃO PAULO",1.28,"CAIXA REFERENCIAL"]
["CUSTOS HORÁRIOS DE MÁQUINAS E EQUIPAMENTOS","CHOR","COMPOSIÇÕES AUXILIARES","0329","","",88826,"BETONEIRA CAPACIDADE NOMINAL DE 400 L, CAPACIDADE DE MISTURA 280 L, MOTOR ELÉTRICO TRIFÁSICO POTÊNCIA DE 2 CV, SEM CARREGADOR - DEPRECIAÇÃO. AF_05/2023","H","COLETADO",0.32,"CAIXA REFERENCIAL"]
["CUSTOS HORÁRIOS DE MÁQUINAS E EQUIPAMENTOS","CHOR","COMPOSIÇÕES AUXILIARES","0329","","",88827,"BETONEIRA CAPACIDADE NOMINAL DE 400 L, CAPACIDADE DE MISTURA 280 L, MOTOR ELÉTRICO TRIFÁSICO POTÊNCIA DE 2 CV, SEM CARREGADOR - JUROS. AF_05/2023","H","COLETADO",0.08,"CAIXA REFERENCIAL"]
["CUSTOS HORÁRIOS DE MÁQUINAS E EQUIPAMENTOS","CHOR","COMPOSIÇÕES AUXILIARES","0329","","",88828,"BETONEIRA CAPACIDADE NOMINAL DE 400 L, CAPACIDADE DE MISTURA 280 L, MOTOR ELÉTRICO TRIFÁSICO POTÊNCIA DE 2 CV, SEM CARREGADOR - MANUTENÇÃO. AF_05/2023","H","COLETADO",0.38,"CAIXA REFERENCIAL"]
["CUSTOS HORÁRIOS DE MÁQUINAS E EQUIPAMENTOS","CHOR","COMPOSIÇÕES AUXILIARES","0329","","",88829,"BETONEIRA CAPACIDADE NOMINAL DE 400 L, CAPACIDADE DE MISTURA 280 L, MOTOR ELÉTRICO TRIFÁSICO POTÊNCIA DE 2 CV, SEM CARREGADOR - MATERIAIS NA OPERAÇÃO. AF_05/2023","H","COEFICIENTE DE REPRESENTATIVIDADE",1.1599999999999999,"CAIXA REFERENCIAL"]
["CUSTOS HORÁRIOS DE MÁQUINAS E EQUIPAMENTOS","CHOR","COMPOSIÇÕES AUXILIARES","0329","","",88832,"ESCAVADEIRA HIDRÁULICA SOBRE ESTEIRAS, CAÇAMBA 0,80 M3, PESO OPERACIONAL 17,8 T, POTÊNCIA LÍQUIDA 110 HP - DEPRECIAÇÃO. AF_10/2014","H","ATRIBUÍDO SÃO PAULO",43.25,"CAIXA REFERENCIAL"]
["CUSTOS HORÁRIOS DE MÁQUINAS E EQUIPAMENTOS","CHOR","COMPOSIÇÕES AUXILIARES","0329","","",88834,"ESCAVADEIRA HIDRÁULICA SOBRE ESTEIRAS, CAÇAMBA 0,80 M3, PESO OPERACIONAL 17,8 T, POTÊNCIA LÍQUIDA 110 HP - JUROS. AF_10/2014","H","ATRIBUÍDO SÃO PAULO",11.43,"CAIXA REFERENCIAL"]
["CUSTOS HORÁRIOS DE MÁQUINAS E EQUIPAMENTOS","CHOR","COMPOSIÇÕES AUXILIARES","0329","","",88835,"ESCAVADEIRA HIDRÁULICA SOBRE ESTEIRAS, CAÇAMBA 0,80 M3, PESO OPERACIONAL 17,8 T, POTÊNCIA LÍQUIDA 110 HP - MANUTENÇÃO. AF_10/2014","H","ATRIBUÍDO SÃO PAULO",54.07,"CAIXA REFERENCIAL"]
["CUSTOS HORÁRIOS DE MÁQUINAS E EQUIPAMENTOS","CHOR","COMPOSIÇÕES AUXILIARES","0329","","",88836,"ESCAVADEIRA HIDRÁULICA SOBRE ESTEIRAS, CAÇAMBA 0,80 M3, PESO OPERACIONAL 17,8 T, POTÊNCIA LÍQUIDA 110 HP - MATERIAIS NA OPERAÇÃO. AF_10/2014","H","COLETADO",58.15,"CAIXA REFERENCIAL"]
["CUSTOS HORÁRIOS DE MÁQUINAS E EQUIPAMENTOS","CHOR","COMPOSIÇÕES AUXILIARES","0329","","",88839,"TRATOR DE ESTEIRAS, POTÊNCIA 125 HP, PESO OPERACIONAL 12,9 T, COM LÂMINA 2,7 M3 - DEPRECIAÇÃO. AF_10/2014","H","ATRIBUÍDO SÃO PAULO",31.13,"CAIXA REFERENCIAL"]
["CUSTOS HORÁRIOS DE MÁQUINAS E EQUIPAMENTOS","CHOR","COMPOSIÇÕES AUXILIARES","0329","","",88840,"TRATOR DE ESTEIRAS, POTÊNCIA 125 HP, PESO OPERACIONAL 12,9 T, COM LÂMINA 2,7 M3 - JUROS. AF_10/2014","H","ATRIBUÍDO SÃO PAULO",13.71,"CAIXA REFERENCIAL"]
["CUSTOS HORÁRIOS DE MÁQUINAS E EQUIPAMENTOS","CHOR","COMPOSIÇÕES AUXILIARES","0329","","",88841,"TRATOR DE ESTEIRAS, POTÊNCIA 125 HP, PESO OPERACIONAL 12,9 T, COM LÂMINA 2,7 M3 - MANUTENÇÃO. AF_10/2014","H","ATRIBUÍDO SÃO PAULO",55.66,"CAIXA REFERENCIAL"]
["CUSTOS HORÁRIOS DE MÁQUINAS E EQUIPAMENTOS","CHOR","COMPOSIÇÕES AUXILIARES","0329","","",88842,"TRATOR DE ESTEIRAS, POTÊNCIA 125 HP, PESO OPERACIONAL 12,9 T, COM LÂMINA 2,7 M3 - MATERIAIS NA OPERAÇÃO. AF_10/2014","H","COLETADO",71.17,"CAIXA REFERENCIAL"]
["CUSTOS HORÁRIOS DE MÁQUINAS E EQUIPAMENTOS","CHOR","COMPOSIÇÕES AUXILIARES","0329","","",88847,"USINA DE LAMA ASFÁLTICA, PROD 30 A 50 T/H, SILO DE AGREGADO 7 M3, RESERVATÓRIOS PARA EMULSÃO E ÁGUA DE 2,3 M3 CADA, MISTURADOR TIPO PUG MILL A SER MONTADO SOBRE CAMINHÃO - DEPRECIAÇÃO. AF_10/2014","H","ATRIBUÍDO SÃO PAULO",22.82,"CAIXA REFERENCIAL"]
["CUSTOS HORÁRIOS DE MÁQUINAS E EQUIPAMENTOS","CHOR","COMPOSIÇÕES AUXILIARES","0329","","",88848,"USINA DE LAMA ASFÁLTICA, PROD 30 A 50 T/H, SILO DE AGREGADO 7 M3, RESERVATÓRIOS PARA EMULSÃO E ÁGUA DE 2,3 M3 CADA, MISTURADOR TIPO PUG MILL A SER MONTADO SOBRE CAMINHÃO - JUROS. AF_10/2014","H","ATRIBUÍDO SÃO PAULO",9.3800000000000008,"CAIXA REFERENCIAL"]
["CUSTOS HORÁRIOS DE MÁQUINAS E EQUIPAMENTOS","CHOR","COMPOSIÇÕES AUXILIARES","0329","","",88853,"MOTOBOMBA CENTRÍFUGA, MOTOR A GASOLINA, POTÊNCIA 5,42 HP, BOCAIS 1 1/2\" X 1\", DIÂMETRO ROTOR 143 MM HM/Q = 6 MCA / 16,8 M3/H A 38 MCA / 6,6 M3/H - DEPRECIAÇÃO. AF_06/2014","H","COEFICIENTE DE REPRESENTATIVIDADE",0.28999999999999998,"CAIXA REFERENCIAL"]
["CUSTOS HORÁRIOS DE MÁQUINAS E EQUIPAMENTOS","CHOR","COMPOSIÇÕES AUXILIARES","0329","","",88854,"MOTOBOMBA CENTRÍFUGA, MOTOR A GASOLINA, POTÊNCIA 5,42 HP, BOCAIS 1 1/2\" X 1\", DIÂMETRO ROTOR 143 MM HM/Q = 6 MCA / 16,8 M3/H A 38 MCA / 6,6 M3/H - JUROS. AF_06/2014","H","COEFICIENTE DE REPRESENTATIVIDADE",0.06,"CAIXA REFERENCIAL"]
["CUSTOS HORÁRIOS DE MÁQUINAS E EQUIPAMENTOS","CHOR","COMPOSIÇÕES AUXILIARES","0329","","",88855,"GRADE DE DISCO CONTROLE REMOTO REBOCÁVEL, COM 24 DISCOS 24\u0094 X 6 MM COM PNEUS PARA TRANSPORTE - DEPRECIAÇÃO. AF_06/2014","H","ATRIBUÍDO SÃO PAULO",3.55,"CAIXA REFERENCIAL"]
["CUSTOS HORÁRIOS DE MÁQUINAS E EQUIPAMENTOS","CHOR","COMPOSIÇÕES AUXILIARES","0329","","",88856,"GRADE DE DISCO CONTROLE REMOTO REBOCÁVEL, COM 24 DISCOS 24\u0094 X 6 MM COM PNEUS PARA TRANSPORTE - JUROS. AF_06/2014","H","ATRIBUÍDO SÃO PAULO",0.97,"CAIXA REFERENCIAL"]
["CUSTOS HORÁRIOS DE MÁQUINAS E EQUIPAMENTOS","CHOR","COMPOSIÇÕES AUXILIARES","0329","","",88857,"RETROESCAVADEIRA SOBRE RODAS COM CARREGADEIRA, TRAÇÃO 4X4, POTÊNCIA LÍQ. 88 HP, CAÇAMBA CARREG. CAP. MÍN. 1 M3, CAÇAMBA RETRO CAP. 0,26 M3, PESO OPERACIONAL MÍN. 6.674 KG, PROFUNDIDADE ESCAVAÇÃO MÁX. 4,37 M - DEPRECIAÇÃO. AF_06/2014","H","ATRIBUÍDO SÃO PAULO",23.21,"CAIXA REFERENCIAL"]
["CUSTOS HORÁRIOS DE MÁQUINAS E EQUIPAMENTOS","CHOR","COMPOSIÇÕES AUXILIARES","0329","","",88858,"RETROESCAVADEIRA SOBRE RODAS COM CARREGADEIRA, TRAÇÃO 4X4, POTÊNCIA LÍQ. 88 HP, CAÇAMBA CARREG. CAP. MÍN. 1 M3, CAÇAMBA RETRO CAP. 0,26 M3, PESO OPERACIONAL MÍN. 6.674 KG, PROFUNDIDADE ESCAVAÇÃO MÁX. 4,37 M - JUROS. AF_06/2014","H","ATRIBUÍDO SÃO PAULO",6.13,"CAIXA REFERENCIAL"]
["CUSTOS HORÁRIOS DE MÁQUINAS E EQUIPAMENTOS","CHOR","COMPOSIÇÕES AUXILIARES","0329","","",88859,"RETROESCAVADEIRA SOBRE RODAS COM CARREGADEIRA, TRAÇÃO 4X2, POTÊNCIA LÍQ. 79 HP, CAÇAMBA CARREG. CAP. MÍN. 1 M3, CAÇAMBA RETRO CAP. 0,20 M3, PESO OPERACIONAL MÍN. 6.570 KG, PROFUNDIDADE ESCAVAÇÃO MÁX. 4,37 M - DEPRECIAÇÃO. AF_06/2014","H","ATRIBUÍDO SÃO PAULO",20.65,"CAIXA REFERENCIAL"]
["CUSTOS HORÁRIOS DE MÁQUINAS E EQUIPAMENTOS","CHOR","COMPOSIÇÕES AUXILIARES","0329","","",88860,"RETROESCAVADEIRA SOBRE RODAS COM CARREGADEIRA, TRAÇÃO 4X2, POTÊNCIA LÍQ. 79 HP, CAÇAMBA CARREG. CAP. MÍN. 1 M3, CAÇAMBA RETRO CAP. 0,20 M3, PESO OPERACIONAL MÍN. 6.570 KG, PROFUNDIDADE ESCAVAÇÃO MÁX. 4,37 M - JUROS. AF_06/2014","H","ATRIBUÍDO SÃO PAULO",5.45,"CAIXA REFERENCIAL"]
["CUSTOS HORÁRIOS DE MÁQUINAS E EQUIPAMENTOS","CHOR","COMPOSIÇÕES AUXILIARES","0329","","",88900,"ESCAVADEIRA HIDRÁULICA SOBRE ESTEIRAS, CAÇAMBA 1,20 M3, PESO OPERACIONAL 21 T, POTÊNCIA BRUTA 155 HP - DEPRECIAÇÃO. AF_06/2014","H","ATRIBUÍDO SÃO PAULO",50.43,"CAIXA REFERENCIAL"]
["CUSTOS HORÁRIOS DE MÁQUINAS E EQUIPAMENTOS","CHOR","COMPOSIÇÕES AUXILIARES","0329","","",88902,"ESCAVADEIRA HIDRÁULICA SOBRE ESTEIRAS, CAÇAMBA 1,20 M3, PESO OPERACIONAL 21 T, POTÊNCIA BRUTA 155 HP - JUROS. AF_06/2014","H","ATRIBUÍDO SÃO PAULO",13.33,"CAIXA REFERENCIAL"]
["CUSTOS HORÁRIOS DE MÁQUINAS E EQUIPAMENTOS","CHOR","COMPOSIÇÕES AUXILIARES","0329","","",88903,"ESCAVADEIRA HIDRÁULICA SOBRE ESTEIRAS, CAÇAMBA 1,20 M3, PESO OPERACIONAL 21 T, POTÊNCIA BRUTA 155 HP - MANUTENÇÃO. AF_06/2014","H","ATRIBUÍDO SÃO PAULO",63.04,"CAIXA REFERENCIAL"]
["CUSTOS HORÁRIOS DE MÁQUINAS E EQUIPAMENTOS","CHOR","COMPOSIÇÕES AUXILIARES","0329","","",88904,"ESCAVADEIRA HIDRÁULICA SOBRE ESTEIRAS, CAÇAMBA 1,20 M3, PESO OPERACIONAL 21 T, POTÊNCIA BRUTA 155 HP - MATERIAIS NA OPERAÇÃO. AF_06/2014","H","COLETADO",81.91,"CAIXA REFERENCIAL"]
["CUSTOS HORÁRIOS DE MÁQUINAS E EQUIPAMENTOS","CHOR","COMPOSIÇÕES AUXILIARES","0329","","",89009,"TRATOR DE ESTEIRAS, POTÊNCIA 150 HP, PESO OPERACIONAL 16,7 T, COM RODA MOTRIZ ELEVADA E LÂMINA 3,18 M3 - DEPRECIAÇÃO. AF_06/2014","H","ATRIBUÍDO SÃO PAULO",38.56,"CAIXA REFERENCIAL"]
["CUSTOS HORÁRIOS DE MÁQUINAS E EQUIPAMENTOS","CHOR","COMPOSIÇÕES AUXILIARES","0329","","",89010,"TRATOR DE ESTEIRAS, POTÊNCIA 150 HP, PESO OPERACIONAL 16,7 T, COM RODA MOTRIZ ELEVADA E LÂMINA 3,18 M3 - JUROS. AF_06/2014","H","ATRIBUÍDO SÃO PAULO",16.98,"CAIXA REFERENCIAL"]
["CUSTOS HORÁRIOS DE MÁQUINAS E EQUIPAMENTOS","CHOR","COMPOSIÇÕES AUXILIARES","0329","","",89011,"RETROESCAVADEIRA SOBRE RODAS COM CARREGADEIRA, TRAÇÃO 4X4, POTÊNCIA LÍQ. 72 HP, CAÇAMBA CARREG. CAP. MÍN. 0,79 M3, CAÇAMBA RETRO CAP. 0,18 M3, PESO OPERACIONAL MÍN. 7.140 KG, PROFUNDIDADE ESCAVAÇÃO MÁX. 4,50 M - DEPRECIAÇÃO. AF_06/2014","H","ATRIBUÍDO SÃO PAULO",22.4,"CAIXA REFERENCIAL"]
["CUSTOS HORÁRIOS DE MÁQUINAS E EQUIPAMENTOS","CHOR","COMPOSIÇÕES AUXILIARES","0329","","",89012,"RETROESCAVADEIRA SOBRE RODAS COM CARREGADEIRA, TRAÇÃO 4X4, POTÊNCIA LÍQ. 72 HP, CAÇAMBA CARREG. CAP. MÍN. 0,79 M3, CAÇAMBA RETRO CAP. 0,18 M3, PESO OPERACIONAL MÍN. 7.140 KG, PROFUNDIDADE ESCAVAÇÃO MÁX. 4,50 M - JUROS. AF_06/2014","H","ATRIBUÍDO SÃO PAULO",5.92,"CAIXA REFERENCIAL"]
["CUSTOS HORÁRIOS DE MÁQUINAS E EQUIPAMENTOS","CHOR","COMPOSIÇÕES AUXILIARES","0329","","",89013,"TRATOR DE ESTEIRAS, POTÊNCIA 347 HP, PESO OPERACIONAL 38,5 T, COM LÂMINA 8,70 M3 - DEPRECIAÇÃO. AF_06/2014","H","ATRIBUÍDO SÃO PAULO",126.31,"CAIXA REFERENCIAL"]
["CUSTOS HORÁRIOS DE MÁQUINAS E EQUIPAMENTOS","CHOR","COMPOSIÇÕES AUXILIARES","0329","","",89014,"TRATOR DE ESTEIRAS, POTÊNCIA 347 HP, PESO OPERACIONAL 38,5 T, COM LÂMINA 8,70 M3 - JUROS. AF_06/2014","H","ATRIBUÍDO SÃO PAULO",55.64,"CAIXA REFERENCIAL"]
["CUSTOS HORÁRIOS DE MÁQUINAS E EQUIPAMENTOS","CHOR","COMPOSIÇÕES AUXILIARES","0329","","",89015,"VASSOURA MECÂNICA REBOCÁVEL COM ESCOVA CILÍNDRICA, LARGURA ÚTIL DE VARRIMENTO DE 2,44 M - DEPRECIAÇÃO. AF_06/2014","H","ATRIBUÍDO SÃO PAULO",4.0999999999999996,"CAIXA REFERENCIAL"]
["CUSTOS HORÁRIOS DE MÁQUINAS E EQUIPAMENTOS","CHOR","COMPOSIÇÕES AUXILIARES","0329","","",89016,"VASSOURA MECÂNICA REBOCÁVEL COM ESCOVA CILÍNDRICA, LARGURA ÚTIL DE VARRIMENTO DE 2,44 M - JUROS. AF_06/2014","H","ATRIBUÍDO SÃO PAULO",1.08,"CAIXA REFERENCIAL"]
["CUSTOS HORÁRIOS DE MÁQUINAS E EQUIPAMENTOS","CHOR","COMPOSIÇÕES AUXILIARES","0329","","",89017,"TRATOR DE ESTEIRAS, POTÊNCIA 170 HP, PESO OPERACIONAL 19 T, CAÇAMBA 5,2 M3 - DEPRECIAÇÃO. AF_06/2014","H","ATRIBUÍDO SÃO PAULO",38.32,"CAIXA REFERENCIAL"]
["CUSTOS HORÁRIOS DE MÁQUINAS E EQUIPAMENTOS","CHOR","COMPOSIÇÕES AUXILIARES","0329","","",89018,"TRATOR DE ESTEIRAS, POTÊNCIA 170 HP, PESO OPERACIONAL 19 T, CAÇAMBA 5,2 M3 - JUROS. AF_06/2014","H","ATRIBUÍDO SÃO PAULO",16.88,"CAIXA REFERENCIAL"]
["CUSTOS HORÁRIOS DE MÁQUINAS E EQUIPAMENTOS","CHOR","COMPOSIÇÕES AUXILIARES","0329","","",89019,"BOMBA SUBMERSÍVEL ELÉTRICA TRIFÁSICA, POTÊNCIA 2,96 HP, Ø ROTOR 144 MM SEMI-ABERTO, BOCAL DE SAÍDA Ø 2\u0094, HM/Q = 2 MCA / 38,8 M3/H A 28 MCA / 5 M3/H - DEPRECIAÇÃO. AF_06/2014","H","COEFICIENTE DE REPRESENTATIVIDADE",0.38,"CAIXA REFERENCIAL"]
["CUSTOS HORÁRIOS DE MÁQUINAS E EQUIPAMENTOS","CHOR","COMPOSIÇÕES AUXILIARES","0329","","",89020,"BOMBA SUBMERSÍVEL ELÉTRICA TRIFÁSICA, POTÊNCIA 2,96 HP, Ø ROTOR 144 MM SEMI-ABERTO, BOCAL DE SAÍDA Ø 2\u0094, HM/Q = 2 MCA / 38,8 M3/H A 28 MCA / 5 M3/H - JUROS. AF_06/2014","H","COEFICIENTE DE REPRESENTATIVIDADE",0.08,"CAIXA REFERENCIAL"]
["CUSTOS HORÁRIOS DE MÁQUINAS E EQUIPAMENTOS","CHOR","COMPOSIÇÕES AUXILIARES","0329","","",89023,"TANQUE DE ASFALTO ESTACIONÁRIO COM MAÇARICO, CAPACIDADE 20.000 L - DEPRECIAÇÃO. AF_05/2023","H","ATRIBUÍDO SÃO PAULO",3.48,"CAIXA REFERENCIAL"]
["CUSTOS HORÁRIOS DE MÁQUINAS E EQUIPAMENTOS","CHOR","COMPOSIÇÕES AUXILIARES","0329","","",89024,"TANQUE DE ASFALTO ESTACIONÁRIO COM MAÇARICO, CAPACIDADE 20.000 L - JUROS. AF_05/2023","H","ATRIBUÍDO SÃO PAULO",1.28,"CAIXA REFERENCIAL"]
["CUSTOS HORÁRIOS DE MÁQUINAS E EQUIPAMENTOS","CHOR","COMPOSIÇÕES AUXILIARES","0329","","",89025,"TANQUE DE ASFALTO ESTACIONÁRIO COM MAÇARICO, CAPACIDADE 20.000 L - MANUTENÇÃO. AF_05/2023","H","ATRIBUÍDO SÃO PAULO",4.6399999999999997,"CAIXA REFERENCIAL"]
["CUSTOS HORÁRIOS DE MÁQUINAS E EQUIPAMENTOS","CHOR","COMPOSIÇÕES AUXILIARES","0329","","",89026,"TANQUE DE ASFALTO ESTACIONÁRIO COM MAÇARICO, CAPACIDADE 20.000 L - MATERIAIS NA OPERAÇÃO. AF_05/2023","H","COLETADO",155.72999999999999,"CAIXA REFERENCIAL"]
["CUSTOS HORÁRIOS DE MÁQUINAS E EQUIPAMENTOS","CHOR","COMPOSIÇÕES AUXILIARES","0329","","",89029,"TRATOR DE ESTEIRAS, POTÊNCIA 100 HP, PESO OPERACIONAL 9,4 T, COM LÂMINA 2,19 M3 - DEPRECIAÇÃO. AF_06/2014","H","ATRIBUÍDO SÃO PAULO",29.74,"CAIXA REFERENCIAL"]
["CUSTOS HORÁRIOS DE MÁQUINAS E EQUIPAMENTOS","CHOR","COMPOSIÇÕES AUXILIARES","0329","","",89030,"TRATOR DE ESTEIRAS, POTÊNCIA 100 HP, PESO OPERACIONAL 9,4 T, COM LÂMINA 2,19 M3 - JUROS. AF_06/2014","H","ATRIBUÍDO SÃO PAULO",13.1,"CAIXA REFERENCIAL"]
["CUSTOS HORÁRIOS DE MÁQUINAS E EQUIPAMENTOS","CHOR","COMPOSIÇÕES AUXILIARES","0329","","",89033,"TRATOR DE PNEUS, POTÊNCIA 85 CV, TRAÇÃO 4X4, PESO COM LASTRO DE 4.675 KG - DEPRECIAÇÃO. AF_06/2014","H","ATRIBUÍDO SÃO PAULO",13.92,"CAIXA REFERENCIAL"]
["CUSTOS HORÁRIOS DE MÁQUINAS E EQUIPAMENTOS","CHOR","COMPOSIÇÕES AUXILIARES","0329","","",89034,"TRATOR DE PNEUS, POTÊNCIA 85 CV, TRAÇÃO 4X4, PESO COM LASTRO DE 4.675 KG - JUROS. AF_06/2014","H","ATRIBUÍDO SÃO PAULO",3.73,"CAIXA REFERENCIAL"]
["CUSTOS HORÁRIOS DE MÁQUINAS E EQUIPAMENTOS","CHOR","COMPOSIÇÕES AUXILIARES","0329","","",89128,"PÁ CARREGADEIRA SOBRE RODAS, POTÊNCIA LÍQUIDA 128 HP, CAPACIDADE DA CAÇAMBA 1,7 A 2,8 M3, PESO OPERACIONAL 11632 KG - DEPRECIAÇÃO. AF_06/2014","H","ATRIBUÍDO SÃO PAULO",35.28,"CAIXA REFERENCIAL"]
["CUSTOS HORÁRIOS DE MÁQUINAS E EQUIPAMENTOS","CHOR","COMPOSIÇÕES AUXILIARES","0329","","",89129,"PÁ CARREGADEIRA SOBRE RODAS, POTÊNCIA LÍQUIDA 128 HP, CAPACIDADE DA CAÇAMBA 1,7 A 2,8 M3, PESO OPERACIONAL 11632 KG - JUROS. AF_06/2014","H","ATRIBUÍDO SÃO PAULO",9.32,"CAIXA REFERENCIAL"]
["CUSTOS HORÁRIOS DE MÁQUINAS E EQUIPAMENTOS","CHOR","COMPOSIÇÕES AUXILIARES","0329","","",89130,"PÁ CARREGADEIRA SOBRE RODAS, POTÊNCIA 197 HP, CAPACIDADE DA CAÇAMBA 2,5 A 3,5 M3, PESO OPERACIONAL 18338 KG - DEPRECIAÇÃO. AF_06/2014","H","ATRIBUÍDO SÃO PAULO",48.92,"CAIXA REFERENCIAL"]
["CUSTOS HORÁRIOS DE MÁQUINAS E EQUIPAMENTOS","CHOR","COMPOSIÇÕES AUXILIARES","0329","","",89131,"PÁ CARREGADEIRA SOBRE RODAS, POTÊNCIA 197 HP, CAPACIDADE DA CAÇAMBA 2,5 A 3,5 M3, PESO OPERACIONAL 18338 KG - JUROS. AF_06/2014","H","ATRIBUÍDO SÃO PAULO",12.92,"CAIXA REFERENCIAL"]
["CUSTOS HORÁRIOS DE MÁQUINAS E EQUIPAMENTOS","CHOR","COMPOSIÇÕES AUXILIARES","0329","","",89210,"ROLO COMPACTADOR VIBRATÓRIO DE UM CILINDRO AÇO LISO, POTÊNCIA 80 HP, PESO OPERACIONAL MÁXIMO 8,1 T, IMPACTO DINÂMICO 16,15 / 9,5 T, LARGURA DE TRABALHO 1,68 M - DEPRECIAÇÃO. AF_06/2014","H","ATRIBUÍDO SÃO PAULO",31.45,"CAIXA REFERENCIAL"]
["CUSTOS HORÁRIOS DE MÁQUINAS E EQUIPAMENTOS","CHOR","COMPOSIÇÕES AUXILIARES","0329","","",89211,"ROLO COMPACTADOR VIBRATÓRIO DE UM CILINDRO AÇO LISO, POTÊNCIA 80 HP, PESO OPERACIONAL MÁXIMO 8,1 T, IMPACTO DINÂMICO 16,15 / 9,5 T, LARGURA DE TRABALHO 1,68 M - JUROS. AF_06/2014","H","ATRIBUÍDO SÃO PAULO",8.43,"CAIXA REFERENCIAL"]
["CUSTOS HORÁRIOS DE MÁQUINAS E EQUIPAMENTOS","CHOR","COMPOSIÇÕES AUXILIARES","0329","","",89212,"BATE-ESTACAS POR GRAVIDADE, POTÊNCIA DE 160 HP, PESO DO MARTELO ATÉ 3 TONELADAS - DEPRECIAÇÃO. AF_11/2014","H","ATRIBUÍDO SÃO PAULO",28.16,"CAIXA REFERENCIAL"]
["CUSTOS HORÁRIOS DE MÁQUINAS E EQUIPAMENTOS","CHOR","COMPOSIÇÕES AUXILIARES","0329","","",89213,"BATE-ESTACAS POR GRAVIDADE, POTÊNCIA DE 160 HP, PESO DO MARTELO ATÉ 3 TONELADAS - JUROS. AF_11/2014","H","ATRIBUÍDO SÃO PAULO",8.68,"CAIXA REFERENCIAL"]
["CUSTOS HORÁRIOS DE MÁQUINAS E EQUIPAMENTOS","CHOR","COMPOSIÇÕES AUXILIARES","0329","","",89214,"BATE-ESTACAS POR GRAVIDADE, POTÊNCIA DE 160 HP, PESO DO MARTELO ATÉ 3 TONELADAS - MANUTENÇÃO. AF_11/2014","H","ATRIBUÍDO SÃO PAULO",26.43,"CAIXA REFERENCIAL"]
["CUSTOS HORÁRIOS DE MÁQUINAS E EQUIPAMENTOS","CHOR","COMPOSIÇÕES AUXILIARES","0329","","",89215,"BATE-ESTACAS POR GRAVIDADE, POTÊNCIA DE 160 HP, PESO DO MARTELO ATÉ 3 TONELADAS - MATERIAIS NA OPERAÇÃO. AF_11/2014","H","COLETADO",84.58,"CAIXA REFERENCIAL"]
["CUSTOS HORÁRIOS DE MÁQUINAS E EQUIPAMENTOS","CHOR","COMPOSIÇÕES AUXILIARES","0329","","",89221,"BETONEIRA CAPACIDADE NOMINAL DE 600 L, CAPACIDADE DE MISTURA 360 L, MOTOR ELÉTRICO TRIFÁSICO POTÊNCIA DE 4 CV, SEM CARREGADOR - DEPRECIAÇÃO. AF_05/2023","H","COEFICIENTE DE REPRESENTATIVIDADE",1.32,"CAIXA REFERENCIAL"]
["CUSTOS HORÁRIOS DE MÁQUINAS E EQUIPAMENTOS","CHOR","COMPOSIÇÕES AUXILIARES","0329","","",89222,"BETONEIRA CAPACIDADE NOMINAL DE 600 L, CAPACIDADE DE MISTURA 360 L, MOTOR ELÉTRICO TRIFÁSICO POTÊNCIA DE 4 CV, SEM CARREGADOR - JUROS. AF_05/2023","H","COEFICIENTE DE REPRESENTATIVIDADE",0.32,"CAIXA REFERENCIAL"]
["CUSTOS HORÁRIOS DE MÁQUINAS E EQUIPAMENTOS","CHOR","COMPOSIÇÕES AUXILIARES","0329","","",89223,"BETONEIRA CAPACIDADE NOMINAL DE 600 L, CAPACIDADE DE MISTURA 360 L, MOTOR ELÉTRICO TRIFÁSICO POTÊNCIA DE 4 CV, SEM CARREGADOR - MANUTENÇÃO. AF_05/2023","H","COEFICIENTE DE REPRESENTATIVIDADE",1.54,"CAIXA REFERENCIAL"]
["CUSTOS HORÁRIOS DE MÁQUINAS E EQUIPAMENTOS","CHOR","COMPOSIÇÕES AUXILIARES","0329","","",89224,"BETONEIRA CAPACIDADE NOMINAL DE 600 L, CAPACIDADE DE MISTURA 360 L, MOTOR ELÉTRICO TRIFÁSICO POTÊNCIA DE 4 CV, SEM CARREGADOR - MATERIAIS NA OPERAÇÃO. AF_05/2023","H","COEFICIENTE DE REPRESENTATIVIDADE",2.3199999999999998,"CAIXA REFERENCIAL"]
["CUSTOS HORÁRIOS DE MÁQUINAS E EQUIPAMENTOS","CHOR","COMPOSIÇÕES AUXILIARES","0329","","",89228,"MOTONIVELADORA POTÊNCIA BÁSICA LÍQUIDA (PRIMEIRA MARCHA) 125 HP, PESO BRUTO 13032 KG, LARGURA DA LÂMINA DE 3,7 M - DEPRECIAÇÃO. AF_06/2014","H","COLETADO",55.34,"CAIXA REFERENCIAL"]
["CUSTOS HORÁRIOS DE MÁQUINAS E EQUIPAMENTOS","CHOR","COMPOSIÇÕES AUXILIARES","0329","","",89229,"MOTONIVELADORA POTÊNCIA BÁSICA LÍQUIDA (PRIMEIRA MARCHA) 125 HP, PESO BRUTO 13032 KG, LARGURA DA LÂMINA DE 3,7 M - JUROS. AF_06/2014","H","COLETADO",19.5,"CAIXA REFERENCIAL"]
["CUSTOS HORÁRIOS DE MÁQUINAS E EQUIPAMENTOS","CHOR","COMPOSIÇÕES AUXILIARES","0329","","",89230,"FRESADORA DE ASFALTO A FRIO SOBRE RODAS, LARGURA FRESAGEM DE 1,0 M, POTÊNCIA 208 HP - DEPRECIAÇÃO. AF_11/2014","H","ATRIBUÍDO SÃO PAULO",131.91999999999999,"CAIXA REFERENCIAL"]
["CUSTOS HORÁRIOS DE MÁQUINAS E EQUIPAMENTOS","CHOR","COMPOSIÇÕES AUXILIARES","0329","","",89231,"FRESADORA DE ASFALTO A FRIO SOBRE RODAS, LARGURA FRESAGEM DE 1,0 M, POTÊNCIA 208 HP - JUROS. AF_11/2014","H","ATRIBUÍDO SÃO PAULO",40.39,"CAIXA REFERENCIAL"]
["CUSTOS HORÁRIOS DE MÁQUINAS E EQUIPAMENTOS","CHOR","COMPOSIÇÕES AUXILIARES","0329","","",89232,"FRESADORA DE ASFALTO A FRIO SOBRE RODAS, LARGURA FRESAGEM DE 1,0 M, POTÊNCIA 208 HP - MANUTENÇÃO. AF_11/2014","H","ATRIBUÍDO SÃO PAULO",235.32,"CAIXA REFERENCIAL"]
["CUSTOS HORÁRIOS DE MÁQUINAS E EQUIPAMENTOS","CHOR","COMPOSIÇÕES AUXILIARES","0329","","",89233,"FRESADORA DE ASFALTO A FRIO SOBRE RODAS, LARGURA FRESAGEM DE 1,0 M, POTÊNCIA 208 HP - MATERIAIS NA OPERAÇÃO. AF_11/2014","H","COLETADO",152.21,"CAIXA REFERENCIAL"]
["CUSTOS HORÁRIOS DE MÁQUINAS E EQUIPAMENTOS","CHOR","COMPOSIÇÕES AUXILIARES","0329","","",89236,"FRESADORA DE ASFALTO A FRIO SOBRE RODAS, LARGURA FRESAGEM DE 2,0 M, POTÊNCIA 550 HP - DEPRECIAÇÃO. AF_11/2014","H","ATRIBUÍDO SÃO PAULO",308.17,"CAIXA REFERENCIAL"]
["CUSTOS HORÁRIOS DE MÁQUINAS E EQUIPAMENTOS","CHOR","COMPOSIÇÕES AUXILIARES","0329","","",89237,"FRESADORA DE ASFALTO A FRIO SOBRE RODAS, LARGURA FRESAGEM DE 2,0 M, POTÊNCIA 550 HP - JUROS. AF_11/2014","H","ATRIBUÍDO SÃO PAULO",94.36,"CAIXA REFERENCIAL"]
["CUSTOS HORÁRIOS DE MÁQUINAS E EQUIPAMENTOS","CHOR","COMPOSIÇÕES AUXILIARES","0329","","",89238,"FRESADORA DE ASFALTO A FRIO SOBRE RODAS, LARGURA FRESAGEM DE 2,0 M, POTÊNCIA 550 HP - MANUTENÇÃO. AF_11/2014","H","ATRIBUÍDO SÃO PAULO",549.70000000000005,"CAIXA REFERENCIAL"]
["CUSTOS HORÁRIOS DE MÁQUINAS E EQUIPAMENTOS","CHOR","COMPOSIÇÕES AUXILIARES","0329","","",89239,"FRESADORA DE ASFALTO A FRIO SOBRE RODAS, LARGURA FRESAGEM DE 2,0 M, POTÊNCIA 550 HP - MATERIAIS NA OPERAÇÃO. AF_11/2014","H","COLETADO",402.53,"CAIXA REFERENCIAL"]
["CUSTOS HORÁRIOS DE MÁQUINAS E EQUIPAMENTOS","CHOR","COMPOSIÇÕES AUXILIARES","0329","","",89240,"VIBROACABADORA DE ASFALTO SOBRE ESTEIRAS, LARGURA DE PAVIMENTAÇÃO 1,90 M A 5,30 M, POTÊNCIA 105 HP CAPACIDADE 450 T/H - DEPRECIAÇÃO. AF_11/2014","H","ATRIBUÍDO SÃO PAULO",94.57,"CAIXA REFERENCIAL"]
["CUSTOS HORÁRIOS DE MÁQUINAS E EQUIPAMENTOS","CHOR","COMPOSIÇÕES AUXILIARES","0329","","",89241,"VIBROACABADORA DE ASFALTO SOBRE ESTEIRAS, LARGURA DE PAVIMENTAÇÃO 1,90 M A 5,30 M, POTÊNCIA 105 HP CAPACIDADE 450 T/H - JUROS. AF_11/2014","H","ATRIBUÍDO SÃO PAULO",33.33,"CAIXA REFERENCIAL"]
["CUSTOS HORÁRIOS DE MÁQUINAS E EQUIPAMENTOS","CHOR","COMPOSIÇÕES AUXILIARES","0329","","",89246,"RECICLADORA DE ASFALTO A FRIO SOBRE RODAS, LARGURA FRESAGEM DE 2,0 M, POTÊNCIA 422 HP - DEPRECIAÇÃO. AF_11/2014","H","ATRIBUÍDO SÃO PAULO",267.77999999999997,"CAIXA REFERENCIAL"]
["CUSTOS HORÁRIOS DE MÁQUINAS E EQUIPAMENTOS","CHOR","COMPOSIÇÕES AUXILIARES","0329","","",89247,"RECICLADORA DE ASFALTO A FRIO SOBRE RODAS, LARGURA FRESAGEM DE 2,0 M, POTÊNCIA 422 HP - JUROS. AF_11/2014","H","ATRIBUÍDO SÃO PAULO",81.99,"CAIXA REFERENCIAL"]
["CUSTOS HORÁRIOS DE MÁQUINAS E EQUIPAMENTOS","CHOR","COMPOSIÇÕES AUXILIARES","0329","","",89248,"RECICLADORA DE ASFALTO A FRIO SOBRE RODAS, LARGURA FRESAGEM DE 2,0 M, POTÊNCIA 422 HP - MANUTENÇÃO. AF_11/2014","H","ATRIBUÍDO SÃO PAULO",477.65,"CAIXA REFERENCIAL"]
["CUSTOS HORÁRIOS DE MÁQUINAS E EQUIPAMENTOS","CHOR","COMPOSIÇÕES AUXILIARES","0329","","",89249,"RECICLADORA DE ASFALTO A FRIO SOBRE RODAS, LARGURA FRESAGEM DE 2,0 M, POTÊNCIA 422 HP - MATERIAIS NA OPERAÇÃO. AF_11/2014","H","COLETADO",343.13,"CAIXA REFERENCIAL"]
["CUSTOS HORÁRIOS DE MÁQUINAS E EQUIPAMENTOS","CHOR","COMPOSIÇÕES AUXILIARES","0329","","",89253,"VIBROACABADORA DE ASFALTO SOBRE ESTEIRAS, LARGURA DE PAVIMENTAÇÃO 2,13 M A 4,55 M, POTÊNCIA 100 HP, CAPACIDADE 400 T/H - DEPRECIAÇÃO. AF_11/2014","H","ATRIBUÍDO SÃO PAULO",77.5,"CAIXA REFERENCIAL"]
["CUSTOS HORÁRIOS DE MÁQUINAS E EQUIPAMENTOS","CHOR","COMPOSIÇÕES AUXILIARES","0329","","",89254,"VIBROACABADORA DE ASFALTO SOBRE ESTEIRAS, LARGURA DE PAVIMENTAÇÃO 2,13 M A 4,55 M, POTÊNCIA 100 HP, CAPACIDADE 400 T/H - JUROS. AF_11/2014","H","ATRIBUÍDO SÃO PAULO",27.32,"CAIXA REFERENCIAL"]
["CUSTOS HORÁRIOS DE MÁQUINAS E EQUIPAMENTOS","CHOR","COMPOSIÇÕES AUXILIARES","0329","","",89255,"VIBROACABADORA DE ASFALTO SOBRE ESTEIRAS, LARGURA DE PAVIMENTAÇÃO 2,13 M A 4,55 M, POTÊNCIA 100 HP, CAPACIDADE 400 T/H - MANUTENÇÃO. AF_11/2014","H","ATRIBUÍDO SÃO PAULO",124.58,"CAIXA REFERENCIAL"]
["CUSTOS HORÁRIOS DE MÁQUINAS E EQUIPAMENTOS","CHOR","COMPOSIÇÕES AUXILIARES","0329","","",89256,"VIBROACABADORA DE ASFALTO SOBRE ESTEIRAS, LARGURA DE PAVIMENTAÇÃO 2,13 M A 4,55 M, POTÊNCIA 100 HP, CAPACIDADE 400 T/H - MATERIAIS NA OPERAÇÃO. AF_11/2014","H","COLETADO",77.22,"CAIXA REFERENCIAL"]
["CUSTOS HORÁRIOS DE MÁQUINAS E EQUIPAMENTOS","CHOR","COMPOSIÇÕES AUXILIARES","0329","","",89259,"GUINDAUTO HIDRÁULICO, CAPACIDADE MÁXIMA DE CARGA 6200 KG, MOMENTO MÁXIMO DE CARGA 11,7 TM, ALCANCE MÁXIMO HORIZONTAL 9,70 M, INCLUSIVE CAMINHÃO TOCO PBT 16.000 KG, POTÊNCIA DE 189 CV - DEPRECIAÇÃO. AF_06/2014","H","ATRIBUÍDO SÃO PAULO",27.68,"CAIXA REFERENCIAL"]
["CUSTOS HORÁRIOS DE MÁQUINAS E EQUIPAMENTOS","CHOR","COMPOSIÇÕES AUXILIARES","0329","","",89260,"GUINDAUTO HIDRÁULICO, CAPACIDADE MÁXIMA DE CARGA 6200 KG, MOMENTO MÁXIMO DE CARGA 11,7 TM, ALCANCE MÁXIMO HORIZONTAL 9,70 M, INCLUSIVE CAMINHÃO TOCO PBT 16.000 KG, POTÊNCIA DE 189 CV - JUROS. AF_06/2014","H","ATRIBUÍDO SÃO PAULO",10.24,"CAIXA REFERENCIAL"]
["CUSTOS HORÁRIOS DE MÁQUINAS E EQUIPAMENTOS","CHOR","COMPOSIÇÕES AUXILIARES","0329","","",89262,"GUINDAUTO HIDRÁULICO, CAPACIDADE MÁXIMA DE CARGA 6200 KG, MOMENTO MÁXIMO DE CARGA 11,7 TM, ALCANCE MÁXIMO HORIZONTAL 9,70 M, INCLUSIVE CAMINHÃO TOCO PBT 16.000 KG, POTÊNCIA DE 189 CV - MANUTENÇÃO. AF_06/2014","H","ATRIBUÍDO SÃO PAULO",47.22,"CAIXA REFERENCIAL"]
["CUSTOS HORÁRIOS DE MÁQUINAS E EQUIPAMENTOS","CHOR","COMPOSIÇÕES AUXILIARES","0329","","",89264,"CAMINHÃO TOCO, PBT 16.000 KG, CARGA ÚTIL MÁX. 10.685 KG, DIST. ENTRE EIXOS 4,8 M, POTÊNCIA 189 CV, INCLUSIVE CARROCERIA FIXA ABERTA DE MADEIRA P/ TRANSPORTE GERAL DE CARGA SECA, DIMEN. APROX. 2,5 X 7,00 X 0,50 M - DEPRECIAÇÃO. AF_06/2014","H","ATRIBUÍDO SÃO PAULO",21.8,"CAIXA REFERENCIAL"]
["CUSTOS HORÁRIOS DE MÁQUINAS E EQUIPAMENTOS","CHOR","COMPOSIÇÕES AUXILIARES","0329","","",89265,"CAMINHÃO TOCO, PBT 16.000 KG, CARGA ÚTIL MÁX. 10.685 KG, DIST. ENTRE EIXOS 4,8 M, POTÊNCIA 189 CV, INCLUSIVE CARROCERIA FIXA ABERTA DE MADEIRA P/ TRANSPORTE GERAL DE CARGA SECA, DIMEN. APROX. 2,5 X 7,00 X 0,50 M - JUROS. AF_06/2014","H","ATRIBUÍDO SÃO PAULO",8.7100000000000009,"CAIXA REFERENCIAL"]
["CUSTOS HORÁRIOS DE MÁQUINAS E EQUIPAMENTOS","CHOR","COMPOSIÇÕES AUXILIARES","0329","","",89266,"CAMINHÃO TOCO, PBT 16.000 KG, CARGA ÚTIL MÁX. 10.685 KG, DIST. ENTRE EIXOS 4,8 M, POTÊNCIA 189 CV, INCLUSIVE CARROCERIA FIXA ABERTA DE MADEIRA P/ TRANSPORTE GERAL DE CARGA SECA, DIMEN. APROX. 2,5 X 7,00 X 0,50 M - IMPOSTOS E SEGUROS. AF_06/2014","H","ATRIBUÍDO SÃO PAULO",3.52,"CAIXA REFERENCIAL"]
["CUSTOS HORÁRIOS DE MÁQUINAS E EQUIPAMENTOS","CHOR","COMPOSIÇÕES AUXILIARES","0329","","",89267,"GUINDASTE HIDRÁULICO AUTOPROPELIDO, COM LANÇA TELESCÓPICA 28,80 M, CAPACIDADE MÁXIMA 30 T, POTÊNCIA 97 KW, TRAÇÃO 4 X 4 - DEPRECIAÇÃO. AF_11/2014","H","ATRIBUÍDO SÃO PAULO",49.02,"CAIXA REFERENCIAL"]
["CUSTOS HORÁRIOS DE MÁQUINAS E EQUIPAMENTOS","CHOR","COMPOSIÇÕES AUXILIARES","0329","","",89268,"GUINDASTE HIDRÁULICO AUTOPROPELIDO, COM LANÇA TELESCÓPICA 28,80 M, CAPACIDADE MÁXIMA 30 T, POTÊNCIA 97 KW, TRAÇÃO 4 X 4 - JUROS. AF_11/2014","H","ATRIBUÍDO SÃO PAULO",17.27,"CAIXA REFERENCIAL"]
["CUSTOS HORÁRIOS DE MÁQUINAS E EQUIPAMENTOS","CHOR","COMPOSIÇÕES AUXILIARES","0329","","",89269,"GUINDASTE HIDRÁULICO AUTOPROPELIDO, COM LANÇA TELESCÓPICA 28,80 M, CAPACIDADE MÁXIMA 30 T, POTÊNCIA 97 KW, TRAÇÃO 4 X 4 - IMPOSTOS E SEGUROS. AF_11/2014","H","ATRIBUÍDO SÃO PAULO",6.98,"CAIXA REFERENCIAL"]
["CUSTOS HORÁRIOS DE MÁQUINAS E EQUIPAMENTOS","CHOR","COMPOSIÇÕES AUXILIARES","0329","","",89270,"GUINDASTE HIDRÁULICO AUTOPROPELIDO, COM LANÇA TELESCÓPICA 28,80 M, CAPACIDADE MÁXIMA 30 T, POTÊNCIA 97 KW, TRAÇÃO 4 X 4 - MANUTENÇÃO. AF_11/2014","H","ATRIBUÍDO SÃO PAULO",78.790000000000006,"CAIXA REFERENCIAL"]
["CUSTOS HORÁRIOS DE MÁQUINAS E EQUIPAMENTOS","CHOR","COMPOSIÇÕES AUXILIARES","0329","","",89271,"GUINDASTE HIDRÁULICO AUTOPROPELIDO, COM LANÇA TELESCÓPICA 28,80 M, CAPACIDADE MÁXIMA 30 T, POTÊNCIA 97 KW, TRAÇÃO 4 X 4 - MATERIAIS NA OPERAÇÃO. AF_11/2014","H","COLETADO",26.43,"CAIXA REFERENCIAL"]
["CUSTOS HORÁRIOS DE MÁQUINAS E EQUIPAMENTOS","CHOR","COMPOSIÇÕES AUXILIARES","0329","","",89274,"BETONEIRA CAPACIDADE NOMINAL DE 600 L, CAPACIDADE DE MISTURA 440 L, MOTOR A DIESEL POTÊNCIA 10 CV, COM CARREGADOR - DEPRECIAÇÃO. AF_05/2023","H","COEFICIENTE DE REPRESENTATIVIDADE",1.61,"CAIXA REFERENCIAL"]
["CUSTOS HORÁRIOS DE MÁQUINAS E EQUIPAMENTOS","CHOR","COMPOSIÇÕES AUXILIARES","0329","","",89275,"BETONEIRA CAPACIDADE NOMINAL DE 600 L, CAPACIDADE DE MISTURA 440 L, MOTOR A DIESEL POTÊNCIA 10 CV, COM CARREGADOR - JUROS. AF_05/2023","H","COEFICIENTE DE REPRESENTATIVIDADE",0.39,"CAIXA REFERENCIAL"]
["CUSTOS HORÁRIOS DE MÁQUINAS E EQUIPAMENTOS","CHOR","COMPOSIÇÕES AUXILIARES","0329","","",89276,"BETONEIRA CAPACIDADE NOMINAL DE 600 L, CAPACIDADE DE MISTURA 440 L, MOTOR A DIESEL POTÊNCIA 10 CV, COM CARREGADOR - MANUTENÇÃO. AF_05/2023","H","COEFICIENTE DE REPRESENTATIVIDADE",2.15,"CAIXA REFERENCIAL"]
["CUSTOS HORÁRIOS DE MÁQUINAS E EQUIPAMENTOS","CHOR","COMPOSIÇÕES AUXILIARES","0329","","",89277,"BETONEIRA CAPACIDADE NOMINAL DE 600 L, CAPACIDADE DE MISTURA 440 L, MOTOR A DIESEL POTÊNCIA 10 CV, COM CARREGADOR - MATERIAIS NA OPERAÇÃO. AF_05/2023","H","COLETADO",7.72,"CAIXA REFERENCIAL"]
["CUSTOS HORÁRIOS DE MÁQUINAS E EQUIPAMENTOS","CHOR","COMPOSIÇÕES AUXILIARES","0329","","",89280,"ROLO COMPACTADOR VIBRATÓRIO TANDEM AÇO LISO, POTÊNCIA 58 HP, PESO SEM/COM LASTRO 6,5 / 9,4 T, LARGURA DE TRABALHO 1,2 M - DEPRECIAÇÃO. AF_06/2014","H","ATRIBUÍDO SÃO PAULO",38.619999999999997,"CAIXA REFERENCIAL"]
["CUSTOS HORÁRIOS DE MÁQUINAS E EQUIPAMENTOS","CHOR","COMPOSIÇÕES AUXILIARES","0329","","",89281,"ROLO COMPACTADOR VIBRATÓRIO TANDEM AÇO LISO, POTÊNCIA 58 HP, PESO SEM/COM LASTRO 6,5 / 9,4 T, LARGURA DE TRABALHO 1,2 M - JUROS. AF_06/2014","H","ATRIBUÍDO SÃO PAULO",10.36,"CAIXA REFERENCIAL"]
["CUSTOS HORÁRIOS DE MÁQUINAS E EQUIPAMENTOS","CHOR","COMPOSIÇÕES AUXILIARES","0329","","",89870,"CAMINHÃO BASCULANTE 14 M3, COM CAVALO MECÂNICO DE CAPACIDADE MÁXIMA DE TRAÇÃO COMBINADO DE 36000 KG, POTÊNCIA 286 CV, INCLUSIVE SEMIREBOQUE COM CAÇAMBA METÁLICA - DEPRECIAÇÃO. AF_12/2014","H","ATRIBUÍDO SÃO PAULO",38.51,"CAIXA REFERENCIAL"]
["CUSTOS HORÁRIOS DE MÁQUINAS E EQUIPAMENTOS","CHOR","COMPOSIÇÕES AUXILIARES","0329","","",89871,"CAMINHÃO BASCULANTE 14 M3, COM CAVALO MECÂNICO DE CAPACIDADE MÁXIMA DE TRAÇÃO COMBINADO DE 36000 KG, POTÊNCIA 286 CV, INCLUSIVE SEMIREBOQUE COM CAÇAMBA METÁLICA - JUROS. AF_12/2014","H","ATRIBUÍDO SÃO PAULO",13.65,"CAIXA REFERENCIAL"]
["CUSTOS HORÁRIOS DE MÁQUINAS E EQUIPAMENTOS","CHOR","COMPOSIÇÕES AUXILIARES","0329","","",89872,"CAMINHÃO BASCULANTE 14 M3, COM CAVALO MECÂNICO DE CAPACIDADE MÁXIMA DE TRAÇÃO COMBINADO DE 36000 KG, POTÊNCIA 286 CV, INCLUSIVE SEMIREBOQUE COM CAÇAMBA METÁLICA - IMPOSTOS E SEGUROS. AF_12/2014","H","ATRIBUÍDO SÃO PAULO",5.51,"CAIXA REFERENCIAL"]
["CUSTOS HORÁRIOS DE MÁQUINAS E EQUIPAMENTOS","CHOR","COMPOSIÇÕES AUXILIARES","0329","","",89873,"CAMINHÃO BASCULANTE 14 M3, COM CAVALO MECÂNICO DE CAPACIDADE MÁXIMA DE TRAÇÃO COMBINADO DE 36000 KG, POTÊNCIA 286 CV, INCLUSIVE SEMIREBOQUE COM CAÇAMBA METÁLICA - MANUTENÇÃO. AF_12/2014","H","ATRIBUÍDO SÃO PAULO",66.17,"CAIXA REFERENCIAL"]
["CUSTOS HORÁRIOS DE MÁQUINAS E EQUIPAMENTOS","CHOR","COMPOSIÇÕES AUXILIARES","0329","","",89874,"CAMINHÃO BASCULANTE 14 M3, COM CAVALO MECÂNICO DE CAPACIDADE MÁXIMA DE TRAÇÃO COMBINADO DE 36000 KG, POTÊNCIA 286 CV, INCLUSIVE SEMIREBOQUE COM CAÇAMBA METÁLICA - MATERIAIS NA OPERAÇÃO. AF_12/2014","H","COLETADO",160.61000000000001,"CAIXA REFERENCIAL"]
["CUSTOS HORÁRIOS DE MÁQUINAS E EQUIPAMENTOS","CHOR","COMPOSIÇÕES AUXILIARES","0329","","",89878,"CAMINHÃO BASCULANTE 18 M3, COM CAVALO MECÂNICO DE CAPACIDADE MÁXIMA DE TRAÇÃO COMBINADO DE 45000 KG, POTÊNCIA 330 CV, INCLUSIVE SEMIREBOQUE COM CAÇAMBA METÁLICA - DEPRECIAÇÃO. AF_12/2014","H","ATRIBUÍDO SÃO PAULO",41.12,"CAIXA REFERENCIAL"]
["CUSTOS HORÁRIOS DE MÁQUINAS E EQUIPAMENTOS","CHOR","COMPOSIÇÕES AUXILIARES","0329","","",89879,"CAMINHÃO BASCULANTE 18 M3, COM CAVALO MECÂNICO DE CAPACIDADE MÁXIMA DE TRAÇÃO COMBINADO DE 45000 KG, POTÊNCIA 330 CV, INCLUSIVE SEMIREBOQUE COM CAÇAMBA METÁLICA - JUROS. AF_12/2014","H","ATRIBUÍDO SÃO PAULO",14.33,"CAIXA REFERENCIAL"]
["CUSTOS HORÁRIOS DE MÁQUINAS E EQUIPAMENTOS","CHOR","COMPOSIÇÕES AUXILIARES","0329","","",89880,"CAMINHÃO BASCULANTE 18 M3, COM CAVALO MECÂNICO DE CAPACIDADE MÁXIMA DE TRAÇÃO COMBINADO DE 45000 KG, POTÊNCIA 330 CV, INCLUSIVE SEMIREBOQUE COM CAÇAMBA METÁLICA - IMPOSTOS E SEGUROS. AF_12/2014","H","ATRIBUÍDO SÃO PAULO",5.79,"CAIXA REFERENCIAL"]
["CUSTOS HORÁRIOS DE MÁQUINAS E EQUIPAMENTOS","CHOR","COMPOSIÇÕES AUXILIARES","0329","","",89881,"CAMINHÃO BASCULANTE 18 M3, COM CAVALO MECÂNICO DE CAPACIDADE MÁXIMA DE TRAÇÃO COMBINADO DE 45000 KG, POTÊNCIA 330 CV, INCLUSIVE SEMIREBOQUE COM CAÇAMBA METÁLICA - MANUTENÇÃO. AF_12/2014","H","ATRIBUÍDO SÃO PAULO",69.989999999999995,"CAIXA REFERENCIAL"]
["CUSTOS HORÁRIOS DE MÁQUINAS E EQUIPAMENTOS","CHOR","COMPOSIÇÕES AUXILIARES","0329","","",89882,"CAMINHÃO BASCULANTE 18 M3, COM CAVALO MECÂNICO DE CAPACIDADE MÁXIMA DE TRAÇÃO COMBINADO DE 45000 KG, POTÊNCIA 330 CV, INCLUSIVE SEMIREBOQUE COM CAÇAMBA METÁLICA - MATERIAIS NA OPERAÇÃO. AF_12/2014","H","COLETADO",185.3,"CAIXA REFERENCIAL"]
["CUSTOS HORÁRIOS DE MÁQUINAS E EQUIPAMENTOS","CHOR","COMPOSIÇÕES AUXILIARES","0329","","",90582,"VIBRADOR DE IMERSÃO, DIÂMETRO DE PONTEIRA 45MM, MOTOR ELÉTRICO TRIFÁSICO POTÊNCIA DE 2 CV - DEPRECIAÇÃO. AF_06/2015","H","ATRIBUÍDO SÃO PAULO",0.4,"CAIXA REFERENCIAL"]
["CUSTOS HORÁRIOS DE MÁQUINAS E EQUIPAMENTOS","CHOR","COMPOSIÇÕES AUXILIARES","0329","","",90583,"VIBRADOR DE IMERSÃO, DIÂMETRO DE PONTEIRA 45MM, MOTOR ELÉTRICO TRIFÁSICO POTÊNCIA DE 2 CV - JUROS. AF_06/2015","H","ATRIBUÍDO SÃO PAULO",0.09,"CAIXA REFERENCIAL"]
["CUSTOS HORÁRIOS DE MÁQUINAS E EQUIPAMENTOS","CHOR","COMPOSIÇÕES AUXILIARES","0329","","",90584,"VIBRADOR DE IMERSÃO, DIÂMETRO DE PONTEIRA 45MM, MOTOR ELÉTRICO TRIFÁSICO POTÊNCIA DE 2 CV - MANUTENÇÃO. AF_06/2015","H","ATRIBUÍDO SÃO PAULO",0.32,"CAIXA REFERENCIAL"]
["CUSTOS HORÁRIOS DE MÁQUINAS E EQUIPAMENTOS","CHOR","COMPOSIÇÕES AUXILIARES","0329","","",90585,"VIBRADOR DE IMERSÃO, DIÂMETRO DE PONTEIRA 45MM, MOTOR ELÉTRICO TRIFÁSICO POTÊNCIA DE 2 CV - MATERIAIS NA OPERAÇÃO. AF_06/2015","H","COEFICIENTE DE REPRESENTATIVIDADE",0.48,"CAIXA REFERENCIAL"]
["CUSTOS HORÁRIOS DE MÁQUINAS E EQUIPAMENTOS","CHOR","COMPOSIÇÕES AUXILIARES","0329","","",90621,"PERFURATRIZ MANUAL, TORQUE MÁXIMO 83 N.M, POTÊNCIA 5 CV, COM DIÂMETRO MÁXIMO 4\" - DEPRECIAÇÃO. AF_06/2015","H","ATRIBUÍDO SÃO PAULO",1.81,"CAIXA REFERENCIAL"]
["CUSTOS HORÁRIOS DE MÁQUINAS E EQUIPAMENTOS","CHOR","COMPOSIÇÕES AUXILIARES","0329","","",90622,"PERFURATRIZ MANUAL, TORQUE MÁXIMO 83 N.M, POTÊNCIA 5 CV, COM DIÂMETRO MÁXIMO 4\" - JUROS. AF_06/2015","H","ATRIBUÍDO SÃO PAULO",0.41,"CAIXA REFERENCIAL"]
["CUSTOS HORÁRIOS DE MÁQUINAS E EQUIPAMENTOS","CHOR","COMPOSIÇÕES AUXILIARES","0329","","",90623,"PERFURATRIZ MANUAL, TORQUE MÁXIMO 83 N.M, POTÊNCIA 5 CV, COM DIÂMETRO MÁXIMO 4\" - MANUTENÇÃO. AF_06/2015","H","ATRIBUÍDO SÃO PAULO",2.2599999999999998,"CAIXA REFERENCIAL"]
["CUSTOS HORÁRIOS DE MÁQUINAS E EQUIPAMENTOS","CHOR","COMPOSIÇÕES AUXILIARES","0329","","",90624,"PERFURATRIZ MANUAL, TORQUE MÁXIMO 83 N.M, POTÊNCIA 5 CV, COM DIÂMETRO MÁXIMO 4\" - MATERIAIS NA OPERAÇÃO. AF_06/2015","H","COEFICIENTE DE REPRESENTATIVIDADE",2.91,"CAIXA REFERENCIAL"]
["CUSTOS HORÁRIOS DE MÁQUINAS E EQUIPAMENTOS","CHOR","COMPOSIÇÕES AUXILIARES","0329","","",90627,"PERFURATRIZ SOBRE ESTEIRA, TORQUE MÁXIMO 600 KGF, PESO MÉDIO 1000 KG, POTÊNCIA 20 HP, DIÂMETRO MÁXIMO 10\" - DEPRECIAÇÃO. AF_06/2015","H","ATRIBUÍDO SÃO PAULO",46.14,"CAIXA REFERENCIAL"]
["CUSTOS HORÁRIOS DE MÁQUINAS E EQUIPAMENTOS","CHOR","COMPOSIÇÕES AUXILIARES","0329","","",90628,"PERFURATRIZ SOBRE ESTEIRA, TORQUE MÁXIMO 600 KGF, PESO MÉDIO 1000 KG, POTÊNCIA 20 HP, DIÂMETRO MÁXIMO 10\" - JUROS. AF_06/2015","H","ATRIBUÍDO SÃO PAULO",12.38,"CAIXA REFERENCIAL"]
["CUSTOS HORÁRIOS DE MÁQUINAS E EQUIPAMENTOS","CHOR","COMPOSIÇÕES AUXILIARES","0329","","",90629,"PERFURATRIZ SOBRE ESTEIRA, TORQUE MÁXIMO 600 KGF, PESO MÉDIO 1000 KG, POTÊNCIA 20 HP, DIÂMETRO MÁXIMO 10\" - MANUTENÇÃO. AF_06/2015","H","ATRIBUÍDO SÃO PAULO",57.75,"CAIXA REFERENCIAL"]
["CUSTOS HORÁRIOS DE MÁQUINAS E EQUIPAMENTOS","CHOR","COMPOSIÇÕES AUXILIARES","0329","","",90630,"PERFURATRIZ SOBRE ESTEIRA, TORQUE MÁXIMO 600 KGF, PESO MÉDIO 1000 KG, POTÊNCIA 20 HP, DIÂMETRO MÁXIMO 10\" - MATERIAIS NA OPERAÇÃO. AF_06/2015","H","COEFICIENTE DE REPRESENTATIVIDADE",1.38,"CAIXA REFERENCIAL"]
["CUSTOS HORÁRIOS DE MÁQUINAS E EQUIPAMENTOS","CHOR","COMPOSIÇÕES AUXILIARES","0329","","",90633,"MISTURADOR DUPLO HORIZONTAL DE ALTA TURBULÊNCIA, CAPACIDADE / VOLUME 2 X 500 LITROS, MOTORES ELÉTRICOS MÍNIMO 5 CV CADA, PARA NATA CIMENTO, ARGAMASSA E OUTROS - DEPRECIAÇÃO. AF_06/2015","H","COEFICIENTE DE REPRESENTATIVIDADE",4.3600000000000003,"CAIXA REFERENCIAL"]
["CUSTOS HORÁRIOS DE MÁQUINAS E EQUIPAMENTOS","CHOR","COMPOSIÇÕES AUXILIARES","0329","","",90634,"MISTURADOR DUPLO HORIZONTAL DE ALTA TURBULÊNCIA, CAPACIDADE / VOLUME 2 X 500 LITROS, MOTORES ELÉTRICOS MÍNIMO 5 CV CADA, PARA NATA CIMENTO, ARGAMASSA E OUTROS - JUROS. AF_06/2015","H","COEFICIENTE DE REPRESENTATIVIDADE",1,"CAIXA REFERENCIAL"]
["CUSTOS HORÁRIOS DE MÁQUINAS E EQUIPAMENTOS","CHOR","COMPOSIÇÕES AUXILIARES","0329","","",90635,"MISTURADOR DUPLO HORIZONTAL DE ALTA TURBULÊNCIA, CAPACIDADE / VOLUME 2 X 500 LITROS, MOTORES ELÉTRICOS MÍNIMO 5 CV CADA, PARA NATA CIMENTO, ARGAMASSA E OUTROS - MANUTENÇÃO. AF_06/2015","H","COEFICIENTE DE REPRESENTATIVIDADE",4.7699999999999996,"CAIXA REFERENCIAL"]
["CUSTOS HORÁRIOS DE MÁQUINAS E EQUIPAMENTOS","CHOR","COMPOSIÇÕES AUXILIARES","0329","","",90636,"MISTURADOR DUPLO HORIZONTAL DE ALTA TURBULÊNCIA, CAPACIDADE / VOLUME 2 X 500 LITROS, MOTORES ELÉTRICOS MÍNIMO 5 CV CADA, PARA NATA CIMENTO, ARGAMASSA E OUTROS - MATERIAIS NA OPERAÇÃO. AF_06/2015","H","COEFICIENTE DE REPRESENTATIVIDADE",5.82,"CAIXA REFERENCIAL"]
["CUSTOS HORÁRIOS DE MÁQUINAS E EQUIPAMENTOS","CHOR","COMPOSIÇÕES AUXILIARES","0329","","",90639,"BOMBA TRIPLEX, PARA INJEÇÃO DE NATA DE CIMENTO, VAZÃO MÁXIMA DE 100 LITROS/MINUTO, PRESSÃO MÁXIMA DE 70 BAR - DEPRECIAÇÃO. AF_06/2015","H","COEFICIENTE DE REPRESENTATIVIDADE",6.51,"CAIXA REFERENCIAL"]
["CUSTOS HORÁRIOS DE MÁQUINAS E EQUIPAMENTOS","CHOR","COMPOSIÇÕES AUXILIARES","0329","","",90640,"BOMBA TRIPLEX, PARA INJEÇÃO DE NATA DE CIMENTO, VAZÃO MÁXIMA DE 100 LITROS/MINUTO, PRESSÃO MÁXIMA DE 70 BAR - JUROS. AF_06/2015","H","COEFICIENTE DE REPRESENTATIVIDADE",1.5,"CAIXA REFERENCIAL"]
["CUSTOS HORÁRIOS DE MÁQUINAS E EQUIPAMENTOS","CHOR","COMPOSIÇÕES AUXILIARES","0329","","",90641,"BOMBA TRIPLEX, PARA INJEÇÃO DE NATA DE CIMENTO, VAZÃO MÁXIMA DE 100 LITROS/MINUTO, PRESSÃO MÁXIMA DE 70 BAR - MANUTENÇÃO. AF_06/2015","H","COEFICIENTE DE REPRESENTATIVIDADE",7.12,"CAIXA REFERENCIAL"]
["CUSTOS HORÁRIOS DE MÁQUINAS E EQUIPAMENTOS","CHOR","COMPOSIÇÕES AUXILIARES","0329","","",90642,"BOMBA TRIPLEX, PARA INJEÇÃO DE NATA DE CIMENTO, VAZÃO MÁXIMA DE 100 LITROS/MINUTO, PRESSÃO MÁXIMA DE 70 BAR - MATERIAIS NA OPERAÇÃO. AF_06/2015","H","COLETADO",11.44,"CAIXA REFERENCIAL"]
["CUSTOS HORÁRIOS DE MÁQUINAS E EQUIPAMENTOS","CHOR","COMPOSIÇÕES AUXILIARES","0329","","",90646,"BOMBA CENTRÍFUGA MONOESTÁGIO COM MOTOR ELÉTRICO MONOFÁSICO, POTÊNCIA 15 HP, DIÂMETRO DO ROTOR 173 MM, HM/Q = 30 MCA / 90 M3/H A 45 MCA / 55 M3/H - DEPRECIAÇÃO. AF_06/2015","H","COEFICIENTE DE REPRESENTATIVIDADE",1.02,"CAIXA REFERENCIAL"]
["CUSTOS HORÁRIOS DE MÁQUINAS E EQUIPAMENTOS","CHOR","COMPOSIÇÕES AUXILIARES","0329","","",90647,"BOMBA CENTRÍFUGA MONOESTÁGIO COM MOTOR ELÉTRICO MONOFÁSICO, POTÊNCIA 15 HP, DIÂMETRO DO ROTOR 173 MM, HM/Q = 30 MCA / 90 M3/H A 45 MCA / 55 M3/H - JUROS. AF_06/2015","H","COEFICIENTE DE REPRESENTATIVIDADE",0.23,"CAIXA REFERENCIAL"]
["CUSTOS HORÁRIOS DE MÁQUINAS E EQUIPAMENTOS","CHOR","COMPOSIÇÕES AUXILIARES","0329","","",90648,"BOMBA CENTRÍFUGA MONOESTÁGIO COM MOTOR ELÉTRICO MONOFÁSICO, POTÊNCIA 15 HP, DIÂMETRO DO ROTOR 173 MM, HM/Q = 30 MCA / 90 M3/H A 45 MCA / 55 M3/H - MANUTENÇÃO. AF_06/2015","H","COEFICIENTE DE REPRESENTATIVIDADE",1.1100000000000001,"CAIXA REFERENCIAL"]
["CUSTOS HORÁRIOS DE MÁQUINAS E EQUIPAMENTOS","CHOR","COMPOSIÇÕES AUXILIARES","0329","","",90649,"BOMBA CENTRÍFUGA MONOESTÁGIO COM MOTOR ELÉTRICO MONOFÁSICO, POTÊNCIA 15 HP, DIÂMETRO DO ROTOR 173 MM, HM/Q = 30 MCA / 90 M3/H A 45 MCA / 55 M3/H - MATERIAIS NA OPERAÇÃO. AF_06/2015","H","COLETADO",9.0299999999999994,"CAIXA REFERENCIAL"]
["CUSTOS HORÁRIOS DE MÁQUINAS E EQUIPAMENTOS","CHOR","COMPOSIÇÕES AUXILIARES","0329","","",90652,"BOMBA DE PROJEÇÃO DE CONCRETO SECO, POTÊNCIA 10 CV, VAZÃO 3 M3/H - DEPRECIAÇÃO. AF_06/2015","H","COEFICIENTE DE REPRESENTATIVIDADE",4.24,"CAIXA REFERENCIAL"]
["CUSTOS HORÁRIOS DE MÁQUINAS E EQUIPAMENTOS","CHOR","COMPOSIÇÕES AUXILIARES","0329","","",90653,"BOMBA DE PROJEÇÃO DE CONCRETO SECO, POTÊNCIA 10 CV, VAZÃO 3 M3/H - JUROS. AF_06/2015","H","COEFICIENTE DE REPRESENTATIVIDADE",0.98,"CAIXA REFERENCIAL"]
["CUSTOS HORÁRIOS DE MÁQUINAS E EQUIPAMENTOS","CHOR","COMPOSIÇÕES AUXILIARES","0329","","",90654,"BOMBA DE PROJEÇÃO DE CONCRETO SECO, POTÊNCIA 10 CV, VAZÃO 3 M3/H - MANUTENÇÃO. AF_06/2015","H","COEFICIENTE DE REPRESENTATIVIDADE",4.6399999999999997,"CAIXA REFERENCIAL"]
["CUSTOS HORÁRIOS DE MÁQUINAS E EQUIPAMENTOS","CHOR","COMPOSIÇÕES AUXILIARES","0329","","",90655,"BOMBA DE PROJEÇÃO DE CONCRETO SECO, POTÊNCIA 10 CV, VAZÃO 3 M3/H - MATERIAIS NA OPERAÇÃO. AF_06/2015","H","COLETADO",5.94,"CAIXA REFERENCIAL"]
["CUSTOS HORÁRIOS DE MÁQUINAS E EQUIPAMENTOS","CHOR","COMPOSIÇÕES AUXILIARES","0329","","",90658,"BOMBA DE PROJEÇÃO DE CONCRETO SECO, POTÊNCIA 10 CV, VAZÃO 6 M3/H - DEPRECIAÇÃO. AF_06/2015","H","COEFICIENTE DE REPRESENTATIVIDADE",4.54,"CAIXA REFERENCIAL"]
["CUSTOS HORÁRIOS DE MÁQUINAS E EQUIPAMENTOS","CHOR","COMPOSIÇÕES AUXILIARES","0329","","",90659,"BOMBA DE PROJEÇÃO DE CONCRETO SECO, POTÊNCIA 10 CV, VAZÃO 6 M3/H - JUROS. AF_06/2015","H","COEFICIENTE DE REPRESENTATIVIDADE",1.05,"CAIXA REFERENCIAL"]
["CUSTOS HORÁRIOS DE MÁQUINAS E EQUIPAMENTOS","CHOR","COMPOSIÇÕES AUXILIARES","0329","","",90660,"BOMBA DE PROJEÇÃO DE CONCRETO SECO, POTÊNCIA 10 CV, VAZÃO 6 M3/H - MANUTENÇÃO. AF_06/2015","H","COEFICIENTE DE REPRESENTATIVIDADE",4.97,"CAIXA REFERENCIAL"]
["CUSTOS HORÁRIOS DE MÁQUINAS E EQUIPAMENTOS","CHOR","COMPOSIÇÕES AUXILIARES","0329","","",90661,"BOMBA DE PROJEÇÃO DE CONCRETO SECO, POTÊNCIA 10 CV, VAZÃO 6 M3/H - MATERIAIS NA OPERAÇÃO. AF_06/2015","H","COLETADO",5.94,"CAIXA REFERENCIAL"]
["CUSTOS HORÁRIOS DE MÁQUINAS E EQUIPAMENTOS","CHOR","COMPOSIÇÕES AUXILIARES","0329","","",90664,"PROJETOR PNEUMÁTICO DE ARGAMASSA PARA CHAPISCO E REBOCO COM RECIPIENTE ACOPLADO, TIPO CANEQUINHA, COM COMPRESSOR DE AR REBOCÁVEL VAZÃO 89 PCM E MOTOR DIESEL DE 20 CV - DEPRECIAÇÃO. AF_05/2023","H","ATRIBUÍDO SÃO PAULO",6.67,"CAIXA REFERENCIAL"]
["CUSTOS HORÁRIOS DE MÁQUINAS E EQUIPAMENTOS","CHOR","COMPOSIÇÕES AUXILIARES","0329","","",90665,"PROJETOR PNEUMÁTICO DE ARGAMASSA PARA CHAPISCO E REBOCO COM RECIPIENTE ACOPLADO, TIPO CANEQUINHA, COM COMPRESSOR DE AR REBOCÁVEL VAZÃO 89 PCM E MOTOR DIESEL DE 20 CV - JUROS. AF_05/2023","H","ATRIBUÍDO SÃO PAULO",1.78,"CAIXA REFERENCIAL"]
["CUSTOS HORÁRIOS DE MÁQUINAS E EQUIPAMENTOS","CHOR","COMPOSIÇÕES AUXILIARES","0329","","",90666,"PROJETOR PNEUMÁTICO DE ARGAMASSA PARA CHAPISCO E REBOCO COM RECIPIENTE ACOPLADO, TIPO CANEQUINHA, COM COMPRESSOR DE AR REBOCÁVEL VAZÃO 89 PCM E MOTOR DIESEL DE 20 CV - MANUTENÇÃO. AF_05/2023","H","ATRIBUÍDO SÃO PAULO",8.76,"CAIXA REFERENCIAL"]
["CUSTOS HORÁRIOS DE MÁQUINAS E EQUIPAMENTOS","CHOR","COMPOSIÇÕES AUXILIARES","0329","","",90667,"PROJETOR PNEUMÁTICO DE ARGAMASSA PARA CHAPISCO E REBOCO COM RECIPIENTE ACOPLADO, TIPO CANEQUINHA, COM COMPRESSOR DE AR REBOCÁVEL VAZÃO 89 PCM E MOTOR DIESEL DE 20 CV - MATERIAIS NA OPERAÇÃO. AF_05/2023","H","COLETADO",13.63,"CAIXA REFERENCIAL"]
["CUSTOS HORÁRIOS DE MÁQUINAS E EQUIPAMENTOS","CHOR","COMPOSIÇÕES AUXILIARES","0329","","",90670,"PERFURATRIZ COM TORRE METÁLICA PARA EXECUÇÃO DE ESTACA HÉLICE CONTÍNUA, PROFUNDIDADE MÁXIMA DE 30 M, DIÂMETRO MÁXIMO DE 800 MM, POTÊNCIA INSTALADA DE 268 HP, MESA ROTATIVA COM TORQUE MÁXIMO DE 170 KNM - DEPRECIAÇÃO. AF_06/2015","H","ATRIBUÍDO SÃO PAULO",211.78,"CAIXA REFERENCIAL"]
["CUSTOS HORÁRIOS DE MÁQUINAS E EQUIPAMENTOS","CHOR","COMPOSIÇÕES AUXILIARES","0329","","",90671,"PERFURATRIZ COM TORRE METÁLICA PARA EXECUÇÃO DE ESTACA HÉLICE CONTÍNUA, PROFUNDIDADE MÁXIMA DE 30 M, DIÂMETRO MÁXIMO DE 800 MM, POTÊNCIA INSTALADA DE 268 HP, MESA ROTATIVA COM TORQUE MÁXIMO DE 170 KNM - JUROS. AF_06/2015","H","ATRIBUÍDO SÃO PAULO",56.82,"CAIXA REFERENCIAL"]
["CUSTOS HORÁRIOS DE MÁQUINAS E EQUIPAMENTOS","CHOR","COMPOSIÇÕES AUXILIARES","0329","","",90672,"PERFURATRIZ COM TORRE METÁLICA PARA EXECUÇÃO DE ESTACA HÉLICE CONTÍNUA, PROFUNDIDADE MÁXIMA DE 30 M, DIÂMETRO MÁXIMO DE 800 MM, POTÊNCIA INSTALADA DE 268 HP, MESA ROTATIVA COM TORQUE MÁXIMO DE 170 KNM - MANUTENÇÃO. AF_06/2015","H","ATRIBUÍDO SÃO PAULO",265.02999999999997,"CAIXA REFERENCIAL"]
["CUSTOS HORÁRIOS DE MÁQUINAS E EQUIPAMENTOS","CHOR","COMPOSIÇÕES AUXILIARES","0329","","",90673,"PERFURATRIZ COM TORRE METÁLICA PARA EXECUÇÃO DE ESTACA HÉLICE CONTÍNUA, PROFUNDIDADE MÁXIMA DE 30 M, DIÂMETRO MÁXIMO DE 800 MM, POTÊNCIA INSTALADA DE 268 HP, MESA ROTATIVA COM TORQUE MÁXIMO DE 170 KNM - MATERIAIS NA OPERAÇÃO. AF_06/2015","H","COLETADO",108.94,"CAIXA REFERENCIAL"]
["CUSTOS HORÁRIOS DE MÁQUINAS E EQUIPAMENTOS","CHOR","COMPOSIÇÕES AUXILIARES","0329","","",90676,"PERFURATRIZ HIDRÁULICA SOBRE CAMINHÃO COM TRADO CURTO ACOPLADO, PROFUNDIDADE MÁXIMA DE 20 M, DIÂMETRO MÁXIMO DE 1500 MM, POTÊNCIA INSTALADA DE 137 HP, MESA ROTATIVA COM TORQUE MÁXIMO DE 30 KNM - DEPRECIAÇÃO. AF_06/2015","H","ATRIBUÍDO SÃO PAULO",104.68,"CAIXA REFERENCIAL"]
["CUSTOS HORÁRIOS DE MÁQUINAS E EQUIPAMENTOS","CHOR","COMPOSIÇÕES AUXILIARES","0329","","",90677,"PERFURATRIZ HIDRÁULICA SOBRE CAMINHÃO COM TRADO CURTO ACOPLADO, PROFUNDIDADE MÁXIMA DE 20 M, DIÂMETRO MÁXIMO DE 1500 MM, POTÊNCIA INSTALADA DE 137 HP, MESA ROTATIVA COM TORQUE MÁXIMO DE 30 KNM - JUROS. AF_06/2015","H","ATRIBUÍDO SÃO PAULO",31.55,"CAIXA REFERENCIAL"]
["CUSTOS HORÁRIOS DE MÁQUINAS E EQUIPAMENTOS","CHOR","COMPOSIÇÕES AUXILIARES","0329","","",90678,"PERFURATRIZ HIDRÁULICA SOBRE CAMINHÃO COM TRADO CURTO ACOPLADO, PROFUNDIDADE MÁXIMA DE 20 M, DIÂMETRO MÁXIMO DE 1500 MM, POTÊNCIA INSTALADA DE 137 HP, MESA ROTATIVA COM TORQUE MÁXIMO DE 30 KNM - MANUTENÇÃO. AF_06/2015","H","ATRIBUÍDO SÃO PAULO",146.05000000000001,"CAIXA REFERENCIAL"]
["CUSTOS HORÁRIOS DE MÁQUINAS E EQUIPAMENTOS","CHOR","COMPOSIÇÕES AUXILIARES","0329","","",90679,"PERFURATRIZ HIDRÁULICA SOBRE CAMINHÃO COM TRADO CURTO ACOPLADO, PROFUNDIDADE MÁXIMA DE 20 M, DIÂMETRO MÁXIMO DE 1500 MM, POTÊNCIA INSTALADA DE 137 HP, MESA ROTATIVA COM TORQUE MÁXIMO DE 30 KNM - MATERIAIS NA OPERAÇÃO. AF_06/2015","H","COLETADO",83.54,"CAIXA REFERENCIAL"]
["CUSTOS HORÁRIOS DE MÁQUINAS E EQUIPAMENTOS","CHOR","COMPOSIÇÕES AUXILIARES","0329","","",90682,"MANIPULADOR TELESCÓPICO, POTÊNCIA DE 85 HP, CAPACIDADE DE CARGA DE 3.500 KG, ALTURA MÁXIMA DE ELEVAÇÃO DE 12,3 M - DEPRECIAÇÃO. AF_05/2023","H","ATRIBUÍDO SÃO PAULO",30.9,"CAIXA REFERENCIAL"]
["CUSTOS HORÁRIOS DE MÁQUINAS E EQUIPAMENTOS","CHOR","COMPOSIÇÕES AUXILIARES","0329","","",90683,"MANIPULADOR TELESCÓPICO, POTÊNCIA DE 85 HP, CAPACIDADE DE CARGA DE 3.500 KG, ALTURA MÁXIMA DE ELEVAÇÃO DE 12,3 M - JUROS. AF_05/2023","H","ATRIBUÍDO SÃO PAULO",7.62,"CAIXA REFERENCIAL"]
["CUSTOS HORÁRIOS DE MÁQUINAS E EQUIPAMENTOS","CHOR","COMPOSIÇÕES AUXILIARES","0329","","",90684,"MANIPULADOR TELESCÓPICO, POTÊNCIA DE 85 HP, CAPACIDADE DE CARGA DE 3.500 KG, ALTURA MÁXIMA DE ELEVAÇÃO DE 12,3 M - MANUTENÇÃO. AF_05/2023","H","ATRIBUÍDO SÃO PAULO",36.049999999999997,"CAIXA REFERENCIAL"]
["CUSTOS HORÁRIOS DE MÁQUINAS E EQUIPAMENTOS","CHOR","COMPOSIÇÕES AUXILIARES","0329","","",90685,"MANIPULADOR TELESCÓPICO, POTÊNCIA DE 85 HP, CAPACIDADE DE CARGA DE 3.500 KG, ALTURA MÁXIMA DE ELEVAÇÃO DE 12,3 M - MATERIAIS NA OPERAÇÃO. AF_05/2023","H","COLETADO",51.83,"CAIXA REFERENCIAL"]
["CUSTOS HORÁRIOS DE MÁQUINAS E EQUIPAMENTOS","CHOR","COMPOSIÇÕES AUXILIARES","0329","","",90688,"MINICARREGADEIRA SOBRE RODAS, POTÊNCIA LÍQUIDA DE 47 HP, CAPACIDADE NOMINAL DE OPERAÇÃO DE 646 KG - DEPRECIAÇÃO. AF_06/2015","H","ATRIBUÍDO SÃO PAULO",25.6,"CAIXA REFERENCIAL"]
["CUSTOS HORÁRIOS DE MÁQUINAS E EQUIPAMENTOS","CHOR","COMPOSIÇÕES AUXILIARES","0329","","",90689,"MINICARREGADEIRA SOBRE RODAS, POTÊNCIA LÍQUIDA DE 47 HP, CAPACIDADE NOMINAL DE OPERAÇÃO DE 646 KG - JUROS. AF_06/2015","H","ATRIBUÍDO SÃO PAULO",5.05,"CAIXA REFERENCIAL"]
["CUSTOS HORÁRIOS DE MÁQUINAS E EQUIPAMENTOS","CHOR","COMPOSIÇÕES AUXILIARES","0329","","",90690,"MINICARREGADEIRA SOBRE RODAS, POTÊNCIA LÍQUIDA DE 47 HP, CAPACIDADE NOMINAL DE OPERAÇÃO DE 646 KG - MANUTENÇÃO. AF_06/2015","H","ATRIBUÍDO SÃO PAULO",32,"CAIXA REFERENCIAL"]
["CUSTOS HORÁRIOS DE MÁQUINAS E EQUIPAMENTOS","CHOR","COMPOSIÇÕES AUXILIARES","0329","","",90691,"MINICARREGADEIRA SOBRE RODAS, POTÊNCIA LÍQUIDA DE 47 HP, CAPACIDADE NOMINAL DE OPERAÇÃO DE 646 KG - MATERIAIS NA OPERAÇÃO. AF_06/2015","H","COLETADO",36.29,"CAIXA REFERENCIAL"]
["CUSTOS HORÁRIOS DE MÁQUINAS E EQUIPAMENTOS","CHOR","COMPOSIÇÕES AUXILIARES","0329","","",90957,"COMPRESSOR DE AR REBOCÁVEL, VAZÃO 189 PCM, PRESSÃO EFETIVA DE TRABALHO 102 PSI, MOTOR DIESEL, POTÊNCIA 63 CV - DEPRECIAÇÃO. AF_06/2015","H","ATRIBUÍDO SÃO PAULO",4.97,"CAIXA REFERENCIAL"]
["CUSTOS HORÁRIOS DE MÁQUINAS E EQUIPAMENTOS","CHOR","COMPOSIÇÕES AUXILIARES","0329","","",90958,"COMPRESSOR DE AR REBOCÁVEL, VAZÃO 189 PCM, PRESSÃO EFETIVA DE TRABALHO 102 PSI, MOTOR DIESEL, POTÊNCIA 63 CV - JUROS. AF_06/2015","H","ATRIBUÍDO SÃO PAULO",1.33,"CAIXA REFERENCIAL"]
["CUSTOS HORÁRIOS DE MÁQUINAS E EQUIPAMENTOS","CHOR","COMPOSIÇÕES AUXILIARES","0329","","",90960,"COMPRESSOR DE AR REBOCÁVEL, VAZÃO 89 PCM, PRESSÃO EFETIVA DE TRABALHO 102 PSI, MOTOR DIESEL, POTÊNCIA 20 CV - DEPRECIAÇÃO. AF_06/2015","H","ATRIBUÍDO SÃO PAULO",6.63,"CAIXA REFERENCIAL"]
["CUSTOS HORÁRIOS DE MÁQUINAS E EQUIPAMENTOS","CHOR","COMPOSIÇÕES AUXILIARES","0329","","",90961,"COMPRESSOR DE AR REBOCÁVEL, VAZÃO 89 PCM, PRESSÃO EFETIVA DE TRABALHO 102 PSI, MOTOR DIESEL, POTÊNCIA 20 CV - JUROS. AF_06/2015","H","ATRIBUÍDO SÃO PAULO",1.78,"CAIXA REFERENCIAL"]
["CUSTOS HORÁRIOS DE MÁQUINAS E EQUIPAMENTOS","CHOR","COMPOSIÇÕES AUXILIARES","0329","","",90962,"COMPRESSOR DE AR REBOCÁVEL, VAZÃO 89 PCM, PRESSÃO EFETIVA DE TRABALHO 102 PSI, MOTOR DIESEL, POTÊNCIA 20 CV - MANUTENÇÃO. AF_06/2015","H","ATRIBUÍDO SÃO PAULO",8.3000000000000007,"CAIXA REFERENCIAL"]
["CUSTOS HORÁRIOS DE MÁQUINAS E EQUIPAMENTOS","CHOR","COMPOSIÇÕES AUXILIARES","0329","","",90963,"COMPRESSOR DE AR REBOCÁVEL, VAZÃO 89 PCM, PRESSÃO EFETIVA DE TRABALHO 102 PSI, MOTOR DIESEL, POTÊNCIA 20 CV - MATERIAIS NA OPERAÇÃO. AF_06/2015","H","COLETADO",13.62,"CAIXA REFERENCIAL"]
["CUSTOS HORÁRIOS DE MÁQUINAS E EQUIPAMENTOS","CHOR","COMPOSIÇÕES AUXILIARES","0329","","",90968,"COMPRESSOR DE AR REBOCAVEL, VAZÃO 250 PCM, PRESSAO DE TRABALHO 102 PSI, MOTOR A DIESEL POTÊNCIA 81 CV - DEPRECIAÇÃO. AF_06/2015","H","ATRIBUÍDO SÃO PAULO",6.65,"CAIXA REFERENCIAL"]
["CUSTOS HORÁRIOS DE MÁQUINAS E EQUIPAMENTOS","CHOR","COMPOSIÇÕES AUXILIARES","0329","","",90969,"COMPRESSOR DE AR REBOCAVEL, VAZÃO 250 PCM, PRESSAO DE TRABALHO 102 PSI, MOTOR A DIESEL POTÊNCIA 81 CV - JUROS. AF_06/2015","H","ATRIBUÍDO SÃO PAULO",1.78,"CAIXA REFERENCIAL"]
["CUSTOS HORÁRIOS DE MÁQUINAS E EQUIPAMENTOS","CHOR","COMPOSIÇÕES AUXILIARES","0329","","",90970,"COMPRESSOR DE AR REBOCAVEL, VAZÃO 250 PCM, PRESSAO DE TRABALHO 102 PSI, MOTOR A DIESEL POTÊNCIA 81 CV - MANUTENÇÃO. AF_06/2015","H","ATRIBUÍDO SÃO PAULO",8.33,"CAIXA REFERENCIAL"]
["CUSTOS HORÁRIOS DE MÁQUINAS E EQUIPAMENTOS","CHOR","COMPOSIÇÕES AUXILIARES","0329","","",90971,"COMPRESSOR DE AR REBOCAVEL, VAZÃO 250 PCM, PRESSAO DE TRABALHO 102 PSI, MOTOR A DIESEL POTÊNCIA 81 CV - MATERIAIS NA OPERAÇÃO. AF_06/2015","H","COLETADO",55.2,"CAIXA REFERENCIAL"]
["CUSTOS HORÁRIOS DE MÁQUINAS E EQUIPAMENTOS","CHOR","COMPOSIÇÕES AUXILIARES","0329","","",90975,"COMPRESSOR DE AR REBOCÁVEL, VAZÃO 748 PCM, PRESSÃO EFETIVA DE TRABALHO 102 PSI, MOTOR DIESEL, POTÊNCIA 210 CV - DEPRECIAÇÃO. AF_06/2015","H","ATRIBUÍDO SÃO PAULO",16.899999999999999,"CAIXA REFERENCIAL"]
["CUSTOS HORÁRIOS DE MÁQUINAS E EQUIPAMENTOS","CHOR","COMPOSIÇÕES AUXILIARES","0329","","",90976,"COMPRESSOR DE AR REBOCÁVEL, VAZÃO 748 PCM, PRESSÃO EFETIVA DE TRABALHO 102 PSI, MOTOR DIESEL, POTÊNCIA 210 CV - JUROS. AF_06/2015","H","ATRIBUÍDO SÃO PAULO",4.53,"CAIXA REFERENCIAL"]
["CUSTOS HORÁRIOS DE MÁQUINAS E EQUIPAMENTOS","CHOR","COMPOSIÇÕES AUXILIARES","0329","","",90977,"COMPRESSOR DE AR REBOCÁVEL, VAZÃO 748 PCM, PRESSÃO EFETIVA DE TRABALHO 102 PSI, MOTOR DIESEL, POTÊNCIA 210 CV - MANUTENÇÃO. AF_06/2015","H","ATRIBUÍDO SÃO PAULO",21.15,"CAIXA REFERENCIAL"]
["CUSTOS HORÁRIOS DE MÁQUINAS E EQUIPAMENTOS","CHOR","COMPOSIÇÕES AUXILIARES","0329","","",90978,"COMPRESSOR DE AR REBOCÁVEL, VAZÃO 748 PCM, PRESSÃO EFETIVA DE TRABALHO 102 PSI, MOTOR DIESEL, POTÊNCIA 210 CV - MATERIAIS NA OPERAÇÃO. AF_06/2015","H","COLETADO",143.22,"CAIXA REFERENCIAL"]
["CUSTOS HORÁRIOS DE MÁQUINAS E EQUIPAMENTOS","CHOR","COMPOSIÇÕES AUXILIARES","0329","","",90992,"COMPRESSOR DE AR REBOCAVEL, VAZÃO 400 PCM, PRESSAO DE TRABALHO 102 PSI, MOTOR A DIESEL POTÊNCIA 110 CV - DEPRECIAÇÃO. AF_06/2015","H","ATRIBUÍDO SÃO PAULO",7.89,"CAIXA REFERENCIAL"]
["CUSTOS HORÁRIOS DE MÁQUINAS E EQUIPAMENTOS","CHOR","COMPOSIÇÕES AUXILIARES","0329","","",90993,"COMPRESSOR DE AR REBOCAVEL, VAZÃO 400 PCM, PRESSAO DE TRABALHO 102 PSI, MOTOR A DIESEL POTÊNCIA 110 CV - JUROS. AF_06/2015","H","ATRIBUÍDO SÃO PAULO",2.11,"CAIXA REFERENCIAL"]
["CUSTOS HORÁRIOS DE MÁQUINAS E EQUIPAMENTOS","CHOR","COMPOSIÇÕES AUXILIARES","0329","","",90994,"COMPRESSOR DE AR REBOCAVEL, VAZÃO 400 PCM, PRESSAO DE TRABALHO 102 PSI, MOTOR A DIESEL POTÊNCIA 110 CV - MANUTENÇÃO. AF_06/2015","H","ATRIBUÍDO SÃO PAULO",9.8699999999999992,"CAIXA REFERENCIAL"]
["CUSTOS HORÁRIOS DE MÁQUINAS E EQUIPAMENTOS","CHOR","COMPOSIÇÕES AUXILIARES","0329","","",90995,"COMPRESSOR DE AR REBOCAVEL, VAZÃO 400 PCM, PRESSAO DE TRABALHO 102 PSI, MOTOR A DIESEL POTÊNCIA 110 CV - MATERIAIS NA OPERAÇÃO. AF_06/2015","H","COLETADO",74.989999999999995,"CAIXA REFERENCIAL"]
["CUSTOS HORÁRIOS DE MÁQUINAS E EQUIPAMENTOS","CHOR","COMPOSIÇÕES AUXILIARES","0329","","",91021,"PERFURATRIZ HIDRÁULICA SOBRE CAMINHÃO COM TRADO CURTO ACOPLADO, PROFUNDIDADE MÁXIMA DE 20 M, DIÂMETRO MÁXIMO DE 1500 MM, POTÊNCIA INSTALADA DE 137 HP, MESA ROTATIVA COM TORQUE MÁXIMO DE 30 KNM - IMPOSTOS E SEGUROS. AF_06/2015","H","ATRIBUÍDO SÃO PAULO",12.78,"CAIXA REFERENCIAL"]
["CUSTOS HORÁRIOS DE MÁQUINAS E EQUIPAMENTOS","CHOR","COMPOSIÇÕES AUXILIARES","0329","","",91026,"CAMINHÃO TRUCADO (C/ TERCEIRO EIXO) ELETRÔNICO - POTÊNCIA 231CV - PBT = 22000KG - DIST. ENTRE EIXOS 5170 MM - INCLUI CARROCERIA FIXA ABERTA DE MADEIRA - DEPRECIAÇÃO. AF_06/2015","H","ATRIBUÍDO SÃO PAULO",25.63,"CAIXA REFERENCIAL"]
["CUSTOS HORÁRIOS DE MÁQUINAS E EQUIPAMENTOS","CHOR","COMPOSIÇÕES AUXILIARES","0329","","",91027,"CAMINHÃO TRUCADO (C/ TERCEIRO EIXO) ELETRÔNICO - POTÊNCIA 231CV - PBT = 22000KG - DIST. ENTRE EIXOS 5170 MM - INCLUI CARROCERIA FIXA ABERTA DE MADEIRA - JUROS. AF_06/2015","H","ATRIBUÍDO SÃO PAULO",10.31,"CAIXA REFERENCIAL"]
["CUSTOS HORÁRIOS DE MÁQUINAS E EQUIPAMENTOS","CHOR","COMPOSIÇÕES AUXILIARES","0329","","",91028,"CAMINHÃO TRUCADO (C/ TERCEIRO EIXO) ELETRÔNICO - POTÊNCIA 231CV - PBT = 22000KG - DIST. ENTRE EIXOS 5170 MM - INCLUI CARROCERIA FIXA ABERTA DE MADEIRA - IMPOSTOS E SEGUROS. AF_06/2015","H","ATRIBUÍDO SÃO PAULO",4.16,"CAIXA REFERENCIAL"]
["CUSTOS HORÁRIOS DE MÁQUINAS E EQUIPAMENTOS","CHOR","COMPOSIÇÕES AUXILIARES","0329","","",91029,"CAMINHÃO TRUCADO (C/ TERCEIRO EIXO) ELETRÔNICO - POTÊNCIA 231CV - PBT = 22000KG - DIST. ENTRE EIXOS 5170 MM - INCLUI CARROCERIA FIXA ABERTA DE MADEIRA - MANUTENÇÃO. AF_06/2015","H","ATRIBUÍDO SÃO PAULO",47.12,"CAIXA REFERENCIAL"]
["CUSTOS HORÁRIOS DE MÁQUINAS E EQUIPAMENTOS","CHOR","COMPOSIÇÕES AUXILIARES","0329","","",91030,"CAMINHÃO TRUCADO (C/ TERCEIRO EIXO) ELETRÔNICO - POTÊNCIA 231CV - PBT = 22000KG - DIST. ENTRE EIXOS 5170 MM - INCLUI CARROCERIA FIXA ABERTA DE MADEIRA - MATERIAIS NA OPERAÇÃO. AF_06/2015","H","COLETADO",133.63,"CAIXA REFERENCIAL"]
["CUSTOS HORÁRIOS DE MÁQUINAS E EQUIPAMENTOS","CHOR","COMPOSIÇÕES AUXILIARES","0329","","",91273,"PLACA VIBRATÓRIA REVERSÍVEL COM MOTOR 4 TEMPOS A GASOLINA, FORÇA CENTRÍFUGA DE 25 KN (2500 KGF), POTÊNCIA 5,5 CV - DEPRECIAÇÃO. AF_08/2015","H","ATRIBUÍDO SÃO PAULO",0.47,"CAIXA REFERENCIAL"]
["CUSTOS HORÁRIOS DE MÁQUINAS E EQUIPAMENTOS","CHOR","COMPOSIÇÕES AUXILIARES","0329","","",91274,"PLACA VIBRATÓRIA REVERSÍVEL COM MOTOR 4 TEMPOS A GASOLINA, FORÇA CENTRÍFUGA DE 25 KN (2500 KGF), POTÊNCIA 5,5 CV - JUROS. AF_08/2015","H","ATRIBUÍDO SÃO PAULO",0.12,"CAIXA REFERENCIAL"]
["CUSTOS HORÁRIOS DE MÁQUINAS E EQUIPAMENTOS","CHOR","COMPOSIÇÕES AUXILIARES","0329","","",91275,"PLACA VIBRATÓRIA REVERSÍVEL COM MOTOR 4 TEMPOS A GASOLINA, FORÇA CENTRÍFUGA DE 25 KN (2500 KGF), POTÊNCIA 5,5 CV - MANUTENÇÃO. AF_08/2015","H","ATRIBUÍDO SÃO PAULO",0.59,"CAIXA REFERENCIAL"]
["CUSTOS HORÁRIOS DE MÁQUINAS E EQUIPAMENTOS","CHOR","COMPOSIÇÕES AUXILIARES","0329","","",91276,"PLACA VIBRATÓRIA REVERSÍVEL COM MOTOR 4 TEMPOS A GASOLINA, FORÇA CENTRÍFUGA DE 25 KN (2500 KGF), POTÊNCIA 5,5 CV - MATERIAIS NA OPERAÇÃO. AF_08/2015","H","COLETADO",7.81,"CAIXA REFERENCIAL"]
["CUSTOS HORÁRIOS DE MÁQUINAS E EQUIPAMENTOS","CHOR","COMPOSIÇÕES AUXILIARES","0329","","",91279,"CORTADORA DE PISO COM MOTOR 4 TEMPOS A GASOLINA, POTÊNCIA DE 13 HP, COM DISCO DE CORTE DIAMANTADO SEGMENTADO PARA CONCRETO, DIÂMETRO DE 350 MM, FURO DE 1\" (14 X 1\") - DEPRECIAÇÃO. AF_08/2015","H","COEFICIENTE DE REPRESENTATIVIDADE",0.85,"CAIXA REFERENCIAL"]
["CUSTOS HORÁRIOS DE MÁQUINAS E EQUIPAMENTOS","CHOR","COMPOSIÇÕES AUXILIARES","0329","","",91280,"CORTADORA DE PISO COM MOTOR 4 TEMPOS A GASOLINA, POTÊNCIA DE 13 HP, COM DISCO DE CORTE DIAMANTADO SEGMENTADO PARA CONCRETO, DIÂMETRO DE 350 MM, FURO DE 1\" (14 X 1\") - JUROS. AF_08/2015","H","COEFICIENTE DE REPRESENTATIVIDADE",0.19,"CAIXA REFERENCIAL"]
["CUSTOS HORÁRIOS DE MÁQUINAS E EQUIPAMENTOS","CHOR","COMPOSIÇÕES AUXILIARES","0329","","",91281,"CORTADORA DE PISO COM MOTOR 4 TEMPOS A GASOLINA, POTÊNCIA DE 13 HP, COM DISCO DE CORTE DIAMANTADO SEGMENTADO PARA CONCRETO, DIÂMETRO DE 350 MM, FURO DE 1\" (14 X 1\") - MANUTENÇÃO. AF_08/2015","H","COEFICIENTE DE REPRESENTATIVIDADE",1.05,"CAIXA REFERENCIAL"]
["CUSTOS HORÁRIOS DE MÁQUINAS E EQUIPAMENTOS","CHOR","COMPOSIÇÕES AUXILIARES","0329","","",91282,"CORTADORA DE PISO COM MOTOR 4 TEMPOS A GASOLINA, POTÊNCIA DE 13 HP, COM DISCO DE CORTE DIAMANTADO SEGMENTADO PARA CONCRETO, DIÂMETRO DE 350 MM, FURO DE 1\" (14 X 1\") - MATERIAIS NA OPERAÇÃO. AF_08/2015","H","COLETADO",7.87,"CAIXA REFERENCIAL"]
["CUSTOS HORÁRIOS DE MÁQUINAS E EQUIPAMENTOS","CHOR","COMPOSIÇÕES AUXILIARES","0329","","",91354,"CAMINHÃO TOCO, PESO BRUTO TOTAL 14.300 KG, CARGA ÚTIL MÁXIMA 9590 KG, DISTÂNCIA ENTRE EIXOS 4,76 M, POTÊNCIA 185 CV (NÃO INCLUI CARROCERIA) - DEPRECIAÇÃO. AF_06/2014","H","ATRIBUÍDO SÃO PAULO",18.38,"CAIXA REFERENCIAL"]
["CUSTOS HORÁRIOS DE MÁQUINAS E EQUIPAMENTOS","CHOR","COMPOSIÇÕES AUXILIARES","0329","","",91355,"CAMINHÃO TOCO, PESO BRUTO TOTAL 14.300 KG, CARGA ÚTIL MÁXIMA 9590 KG, DISTÂNCIA ENTRE EIXOS 4,76 M, POTÊNCIA 185 CV (NÃO INCLUI CARROCERIA) - JUROS. AF_06/2014","H","ATRIBUÍDO SÃO PAULO",7.55,"CAIXA REFERENCIAL"]
["CUSTOS HORÁRIOS DE MÁQUINAS E EQUIPAMENTOS","CHOR","COMPOSIÇÕES AUXILIARES","0329","","",91356,"CAMINHÃO TOCO, PESO BRUTO TOTAL 14.300 KG, CARGA ÚTIL MÁXIMA 9590 KG, DISTÂNCIA ENTRE EIXOS 4,76 M, POTÊNCIA 185 CV (NÃO INCLUI CARROCERIA) - IMPOSTOS E SEGUROS. AF_06/2014","H","ATRIBUÍDO SÃO PAULO",3.05,"CAIXA REFERENCIAL"]
["CUSTOS HORÁRIOS DE MÁQUINAS E EQUIPAMENTOS","CHOR","COMPOSIÇÕES AUXILIARES","0329","","",91359,"CAMINHÃO PIPA 6.000 L, PESO BRUTO TOTAL 13.000 KG, DISTÂNCIA ENTRE EIXOS 4,80 M, POTÊNCIA 189 CV INCLUSIVE TANQUE DE AÇO PARA TRANSPORTE DE ÁGUA, CAPACIDADE 6 M3 - DEPRECIAÇÃO. AF_06/2014","H","ATRIBUÍDO SÃO PAULO",21.61,"CAIXA REFERENCIAL"]
["CUSTOS HORÁRIOS DE MÁQUINAS E EQUIPAMENTOS","CHOR","COMPOSIÇÕES AUXILIARES","0329","","",91360,"CAMINHÃO PIPA 6.000 L, PESO BRUTO TOTAL 13.000 KG, DISTÂNCIA ENTRE EIXOS 4,80 M, POTÊNCIA 189 CV INCLUSIVE TANQUE DE AÇO PARA TRANSPORTE DE ÁGUA, CAPACIDADE 6 M3 - JUROS. AF_06/2014","H","ATRIBUÍDO SÃO PAULO",8.31,"CAIXA REFERENCIAL"]
["CUSTOS HORÁRIOS DE MÁQUINAS E EQUIPAMENTOS","CHOR","COMPOSIÇÕES AUXILIARES","0329","","",91361,"CAMINHÃO PIPA 6.000 L, PESO BRUTO TOTAL 13.000 KG, DISTÂNCIA ENTRE EIXOS 4,80 M, POTÊNCIA 189 CV INCLUSIVE TANQUE DE AÇO PARA TRANSPORTE DE ÁGUA, CAPACIDADE 6 M3 - IMPOSTOS E SEGUROS. AF_06/2014","H","ATRIBUÍDO SÃO PAULO",3.35,"CAIXA REFERENCIAL"]
["CUSTOS HORÁRIOS DE MÁQUINAS E EQUIPAMENTOS","CHOR","COMPOSIÇÕES AUXILIARES","0329","","",91367,"CAMINHÃO BASCULANTE 6 M3, PESO BRUTO TOTAL 16.000 KG, CARGA ÚTIL MÁXIMA 13.071 KG, DISTÂNCIA ENTRE EIXOS 4,80 M, POTÊNCIA 230 CV INCLUSIVE CAÇAMBA METÁLICA - DEPRECIAÇÃO. AF_06/2014","H","ATRIBUÍDO SÃO PAULO",22.69,"CAIXA REFERENCIAL"]
["CUSTOS HORÁRIOS DE MÁQUINAS E EQUIPAMENTOS","CHOR","COMPOSIÇÕES AUXILIARES","0329","","",91368,"CAMINHÃO BASCULANTE 6 M3, PESO BRUTO TOTAL 16.000 KG, CARGA ÚTIL MÁXIMA 13.071 KG, DISTÂNCIA ENTRE EIXOS 4,80 M, POTÊNCIA 230 CV INCLUSIVE CAÇAMBA METÁLICA - JUROS. AF_06/2014","H","ATRIBUÍDO SÃO PAULO",8.7799999999999994,"CAIXA REFERENCIAL"]
["CUSTOS HORÁRIOS DE MÁQUINAS E EQUIPAMENTOS","CHOR","COMPOSIÇÕES AUXILIARES","0329","","",91369,"CAMINHÃO BASCULANTE 6 M3, PESO BRUTO TOTAL 16.000 KG, CARGA ÚTIL MÁXIMA 13.071 KG, DISTÂNCIA ENTRE EIXOS 4,80 M, POTÊNCIA 230 CV INCLUSIVE CAÇAMBA METÁLICA - IMPOSTOS E SEGUROS. AF_06/2014","H","ATRIBUÍDO SÃO PAULO",3.54,"CAIXA REFERENCIAL"]
["CUSTOS HORÁRIOS DE MÁQUINAS E EQUIPAMENTOS","CHOR","COMPOSIÇÕES AUXILIARES","0329","","",91375,"CAMINHÃO TOCO, PESO BRUTO TOTAL 16.000 KG, CARGA ÚTIL MÁXIMA DE 10.685 KG, DISTÂNCIA ENTRE EIXOS 4,80 M, POTÊNCIA 189 CV EXCLUSIVE CARROCERIA - DEPRECIAÇÃO. AF_06/2014","H","ATRIBUÍDO SÃO PAULO",20.190000000000001,"CAIXA REFERENCIAL"]
["CUSTOS HORÁRIOS DE MÁQUINAS E EQUIPAMENTOS","CHOR","COMPOSIÇÕES AUXILIARES","0329","","",91376,"CAMINHÃO TOCO, PESO BRUTO TOTAL 16.000 KG, CARGA ÚTIL MÁXIMA DE 10.685 KG, DISTÂNCIA ENTRE EIXOS 4,80 M, POTÊNCIA 189 CV EXCLUSIVE CARROCERIA - JUROS. AF_06/2014","H","ATRIBUÍDO SÃO PAULO",8.2899999999999991,"CAIXA REFERENCIAL"]
["CUSTOS HORÁRIOS DE MÁQUINAS E EQUIPAMENTOS","CHOR","COMPOSIÇÕES AUXILIARES","0329","","",91377,"CAMINHÃO TOCO, PESO BRUTO TOTAL 16.000 KG, CARGA ÚTIL MÁXIMA DE 10.685 KG, DISTÂNCIA ENTRE EIXOS 4,80 M, POTÊNCIA 189 CV EXCLUSIVE CARROCERIA - IMPOSTOS E SEGUROS. AF_06/2014","H","ATRIBUÍDO SÃO PAULO",3.35,"CAIXA REFERENCIAL"]
["CUSTOS HORÁRIOS DE MÁQUINAS E EQUIPAMENTOS","CHOR","COMPOSIÇÕES AUXILIARES","0329","","",91380,"CAMINHÃO BASCULANTE 10 M3, TRUCADO CABINE SIMPLES, PESO BRUTO TOTAL 23.000 KG, CARGA ÚTIL MÁXIMA 15.935 KG, DISTÂNCIA ENTRE EIXOS 4,80 M, POTÊNCIA 230 CV INCLUSIVE CAÇAMBA METÁLICA - DEPRECIAÇÃO. AF_06/2014","H","ATRIBUÍDO SÃO PAULO",29.85,"CAIXA REFERENCIAL"]
["CUSTOS HORÁRIOS DE MÁQUINAS E EQUIPAMENTOS","CHOR","COMPOSIÇÕES AUXILIARES","0329","","",91381,"CAMINHÃO BASCULANTE 10 M3, TRUCADO CABINE SIMPLES, PESO BRUTO TOTAL 23.000 KG, CARGA ÚTIL MÁXIMA 15.935 KG, DISTÂNCIA ENTRE EIXOS 4,80 M, POTÊNCIA 230 CV INCLUSIVE CAÇAMBA METÁLICA - JUROS. AF_06/2014","H","ATRIBUÍDO SÃO PAULO",11.54,"CAIXA REFERENCIAL"]
["CUSTOS HORÁRIOS DE MÁQUINAS E EQUIPAMENTOS","CHOR","COMPOSIÇÕES AUXILIARES","0329","","",91382,"CAMINHÃO BASCULANTE 10 M3, TRUCADO CABINE SIMPLES, PESO BRUTO TOTAL 23.000 KG, CARGA ÚTIL MÁXIMA 15.935 KG, DISTÂNCIA ENTRE EIXOS 4,80 M, POTÊNCIA 230 CV INCLUSIVE CAÇAMBA METÁLICA - IMPOSTOS E SEGUROS. AF_06/2014","H","ATRIBUÍDO SÃO PAULO",4.6500000000000004,"CAIXA REFERENCIAL"]
["CUSTOS HORÁRIOS DE MÁQUINAS E EQUIPAMENTOS","CHOR","COMPOSIÇÕES AUXILIARES","0329","","",91383,"CAMINHÃO BASCULANTE 10 M3, TRUCADO CABINE SIMPLES, PESO BRUTO TOTAL 23.000 KG, CARGA ÚTIL MÁXIMA 15.935 KG, DISTÂNCIA ENTRE EIXOS 4,80 M, POTÊNCIA 230 CV INCLUSIVE CAÇAMBA METÁLICA - MANUTENÇÃO. AF_06/2014","H","ATRIBUÍDO SÃO PAULO",53.93,"CAIXA REFERENCIAL"]
["CUSTOS HORÁRIOS DE MÁQUINAS E EQUIPAMENTOS","CHOR","COMPOSIÇÕES AUXILIARES","0329","","",91384,"CAMINHÃO BASCULANTE 10 M3, TRUCADO CABINE SIMPLES, PESO BRUTO TOTAL 23.000 KG, CARGA ÚTIL MÁXIMA 15.935 KG, DISTÂNCIA ENTRE EIXOS 4,80 M, POTÊNCIA 230 CV INCLUSIVE CAÇAMBA METÁLICA - MATERIAIS NA OPERAÇÃO. AF_06/2014","H","COLETADO",129.16,"CAIXA REFERENCIAL"]
["CUSTOS HORÁRIOS DE MÁQUINAS E EQUIPAMENTOS","CHOR","COMPOSIÇÕES AUXILIARES","0329","","",91390,"CAMINHÃO TOCO, PBT 14.300 KG, CARGA ÚTIL MÁX. 9.710 KG, DIST. ENTRE EIXOS 3,56 M, POTÊNCIA 185 CV, INCLUSIVE CARROCERIA FIXA ABERTA DE MADEIRA P/ TRANSPORTE GERAL DE CARGA SECA, DIMEN. APROX. 2,50 X 6,50 X 0,50 M - DEPRECIAÇÃO. AF_06/2014","H","ATRIBUÍDO SÃO PAULO",19.88,"CAIXA REFERENCIAL"]
["CUSTOS HORÁRIOS DE MÁQUINAS E EQUIPAMENTOS","CHOR","COMPOSIÇÕES AUXILIARES","0329","","",91391,"CAMINHÃO TOCO, PBT 14.300 KG, CARGA ÚTIL MÁX. 9.710 KG, DIST. ENTRE EIXOS 3,56 M, POTÊNCIA 185 CV, INCLUSIVE CARROCERIA FIXA ABERTA DE MADEIRA P/ TRANSPORTE GERAL DE CARGA SECA, DIMEN. APROX. 2,50 X 6,50 X 0,50 M - JUROS. AF_06/2014","H","ATRIBUÍDO SÃO PAULO",7.94,"CAIXA REFERENCIAL"]
["CUSTOS HORÁRIOS DE MÁQUINAS E EQUIPAMENTOS","CHOR","COMPOSIÇÕES AUXILIARES","0329","","",91392,"CAMINHÃO TOCO, PBT 14.300 KG, CARGA ÚTIL MÁX. 9.710 KG, DIST. ENTRE EIXOS 3,56 M, POTÊNCIA 185 CV, INCLUSIVE CARROCERIA FIXA ABERTA DE MADEIRA P/ TRANSPORTE GERAL DE CARGA SECA, DIMEN. APROX. 2,50 X 6,50 X 0,50 M - IMPOSTOS E SEGUROS. AF_06/2014","H","ATRIBUÍDO SÃO PAULO",3.2,"CAIXA REFERENCIAL"]
["CUSTOS HORÁRIOS DE MÁQUINAS E EQUIPAMENTOS","CHOR","COMPOSIÇÕES AUXILIARES","0329","","",91396,"CAMINHÃO PIPA 10.000 L TRUCADO, PESO BRUTO TOTAL 23.000 KG, CARGA ÚTIL MÁXIMA 15.935 KG, DISTÂNCIA ENTRE EIXOS 4,8 M, POTÊNCIA 230 CV, INCLUSIVE TANQUE DE AÇO PARA TRANSPORTE DE ÁGUA - DEPRECIAÇÃO. AF_06/2014","H","ATRIBUÍDO SÃO PAULO",30.03,"CAIXA REFERENCIAL"]
["CUSTOS HORÁRIOS DE MÁQUINAS E EQUIPAMENTOS","CHOR","COMPOSIÇÕES AUXILIARES","0329","","",91397,"CAMINHÃO PIPA 10.000 L TRUCADO, PESO BRUTO TOTAL 23.000 KG, CARGA ÚTIL MÁXIMA 15.935 KG, DISTÂNCIA ENTRE EIXOS 4,8 M, POTÊNCIA 230 CV, INCLUSIVE TANQUE DE AÇO PARA TRANSPORTE DE ÁGUA - JUROS. AF_06/2014","H","ATRIBUÍDO SÃO PAULO",11.66,"CAIXA REFERENCIAL"]
["CUSTOS HORÁRIOS DE MÁQUINAS E EQUIPAMENTOS","CHOR","COMPOSIÇÕES AUXILIARES","0329","","",91398,"CAMINHÃO PIPA 10.000 L TRUCADO, PESO BRUTO TOTAL 23.000 KG, CARGA ÚTIL MÁXIMA 15.935 KG, DISTÂNCIA ENTRE EIXOS 4,8 M, POTÊNCIA 230 CV, INCLUSIVE TANQUE DE AÇO PARA TRANSPORTE DE ÁGUA - IMPOSTOS E SEGUROS. AF_06/2014","H","ATRIBUÍDO SÃO PAULO",4.7,"CAIXA REFERENCIAL"]
["CUSTOS HORÁRIOS DE MÁQUINAS E EQUIPAMENTOS","CHOR","COMPOSIÇÕES AUXILIARES","0329","","",91402,"CAMINHÃO BASCULANTE 6 M3 TOCO, PESO BRUTO TOTAL 16.000 KG, CARGA ÚTIL MÁXIMA 11.130 KG, DISTÂNCIA ENTRE EIXOS 5,36 M, POTÊNCIA 185 CV, INCLUSIVE CAÇAMBA METÁLICA - IMPOSTOS E SEGUROS. AF_06/2014","H","ATRIBUÍDO SÃO PAULO",3.67,"CAIXA REFERENCIAL"]
["CUSTOS HORÁRIOS DE MÁQUINAS E EQUIPAMENTOS","CHOR","COMPOSIÇÕES AUXILIARES","0329","","",91466,"GUINDAUTO HIDRÁULICO, CAPACIDADE MÁXIMA DE CARGA 6200 KG, MOMENTO MÁXIMO DE CARGA 11,7 TM, ALCANCE MÁXIMO HORIZONTAL 9,70 M, INCLUSIVE CAMINHÃO TOCO PBT 16.000 KG, POTÊNCIA DE 189 CV - IMPOSTOS E SEGUROS. AF_08/2015","H","ATRIBUÍDO SÃO PAULO",4.13,"CAIXA REFERENCIAL"]
["CUSTOS HORÁRIOS DE MÁQUINAS E EQUIPAMENTOS","CHOR","COMPOSIÇÕES AUXILIARES","0329","","",91467,"GUINDAUTO HIDRÁULICO, CAPACIDADE MÁXIMA DE CARGA 6200 KG, MOMENTO MÁXIMO DE CARGA 11,7 TM, ALCANCE MÁXIMO HORIZONTAL 9,70 M, INCLUSIVE CAMINHÃO TOCO PBT 16.000 KG, POTÊNCIA DE 189 CV - MATERIAIS NA OPERAÇÃO. AF_08/2015","H","COLETADO",144.04,"CAIXA REFERENCIAL"]
["CUSTOS HORÁRIOS DE MÁQUINAS E EQUIPAMENTOS","CHOR","COMPOSIÇÕES AUXILIARES","0329","","",91468,"ESPARGIDOR DE ASFALTO PRESSURIZADO, TANQUE 6 M3 COM ISOLAÇÃO TÉRMICA, AQUECIDO COM 2 MAÇARICOS, COM BARRA ESPARGIDORA 3,60 M, MONTADO SOBRE CAMINHÃO  TOCO, PBT 14.300 KG, POTÊNCIA 185 CV - DEPRECIAÇÃO. AF_05/2023","H","ATRIBUÍDO SÃO PAULO",23.46,"CAIXA REFERENCIAL"]
["CUSTOS HORÁRIOS DE MÁQUINAS E EQUIPAMENTOS","CHOR","COMPOSIÇÕES AUXILIARES","0329","","",91469,"ESPARGIDOR DE ASFALTO PRESSURIZADO, TANQUE 6 M3 COM ISOLAÇÃO TÉRMICA, AQUECIDO COM 2 MAÇARICOS, COM BARRA ESPARGIDORA 3,60 M, MONTADO SOBRE CAMINHÃO  TOCO, PBT 14.300 KG, POTÊNCIA 185 CV - JUROS. AF_05/2023","H","ATRIBUÍDO SÃO PAULO",10.28,"CAIXA REFERENCIAL"]
["CUSTOS HORÁRIOS DE MÁQUINAS E EQUIPAMENTOS","CHOR","COMPOSIÇÕES AUXILIARES","0329","","",91484,"ESPARGIDOR DE ASFALTO PRESSURIZADO, TANQUE 6 M3 COM ISOLAÇÃO TÉRMICA, AQUECIDO COM 2 MAÇARICOS, COM BARRA ESPARGIDORA 3,60 M, MONTADO SOBRE CAMINHÃO  TOCO, PBT 14.300 KG, POTÊNCIA 185 CV - IMPOSTOS E SEGUROS. AF_05/2023","H","ATRIBUÍDO SÃO PAULO",7.82,"CAIXA REFERENCIAL"]
["CUSTOS HORÁRIOS DE MÁQUINAS E EQUIPAMENTOS","CHOR","COMPOSIÇÕES AUXILIARES","0329","","",91485,"ESPARGIDOR DE ASFALTO PRESSURIZADO, TANQUE 6 M3 COM ISOLAÇÃO TÉRMICA, AQUECIDO COM 2 MAÇARICOS, COM BARRA ESPARGIDORA 3,60 M, MONTADO SOBRE CAMINHÃO  TOCO, PBT 14.300 KG, POTÊNCIA 185 CV - MATERIAIS NA OPERAÇÃO. AF_05/2023","H","COLETADO",148.62,"CAIXA REFERENCIAL"]
["CUSTOS HORÁRIOS DE MÁQUINAS E EQUIPAMENTOS","CHOR","COMPOSIÇÕES AUXILIARES","0329","","",91529,"COMPACTADOR DE SOLOS DE PERCUSSÃO (SOQUETE) COM MOTOR A GASOLINA 4 TEMPOS, POTÊNCIA 4 CV - DEPRECIAÇÃO. AF_08/2015","H","ATRIBUÍDO SÃO PAULO",0.7,"CAIXA REFERENCIAL"]
["CUSTOS HORÁRIOS DE MÁQUINAS E EQUIPAMENTOS","CHOR","COMPOSIÇÕES AUXILIARES","0329","","",91530,"COMPACTADOR DE SOLOS DE PERCUSSÃO (SOQUETE) COM MOTOR A GASOLINA 4 TEMPOS, POTÊNCIA 4 CV - JUROS. AF_08/2015","H","ATRIBUÍDO SÃO PAULO",0.18,"CAIXA REFERENCIAL"]
["CUSTOS HORÁRIOS DE MÁQUINAS E EQUIPAMENTOS","CHOR","COMPOSIÇÕES AUXILIARES","0329","","",91531,"COMPACTADOR DE SOLOS DE PERCUSSÃO (SOQUETE) COM MOTOR A GASOLINA 4 TEMPOS, POTÊNCIA 4 CV - MANUTENÇÃO. AF_08/2015","H","ATRIBUÍDO SÃO PAULO",0.88,"CAIXA REFERENCIAL"]
["CUSTOS HORÁRIOS DE MÁQUINAS E EQUIPAMENTOS","CHOR","COMPOSIÇÕES AUXILIARES","0329","","",91532,"COMPACTADOR DE SOLOS DE PERCUSSÃO (SOQUETE) COM MOTOR A GASOLINA 4 TEMPOS, POTÊNCIA 4 CV - MATERIAIS NA OPERAÇÃO. AF_08/2015","H","COLETADO",5.59,"CAIXA REFERENCIAL"]
["CUSTOS HORÁRIOS DE MÁQUINAS E EQUIPAMENTOS","CHOR","COMPOSIÇÕES AUXILIARES","0329","","",91629,"GUINDAUTO HIDRÁULICO, CAPACIDADE MÁXIMA DE CARGA 6500 KG, MOMENTO MÁXIMO DE CARGA 5,8 TM, ALCANCE MÁXIMO HORIZONTAL 7,60 M, INCLUSIVE CAMINHÃO TOCO PBT 9.700 KG, POTÊNCIA DE 160 CV - DEPRECIAÇÃO. AF_08/2015","H","ATRIBUÍDO SÃO PAULO",21.98,"CAIXA REFERENCIAL"]
["CUSTOS HORÁRIOS DE MÁQUINAS E EQUIPAMENTOS","CHOR","COMPOSIÇÕES AUXILIARES","0329","","",91630,"GUINDAUTO HIDRÁULICO, CAPACIDADE MÁXIMA DE CARGA 6500 KG, MOMENTO MÁXIMO DE CARGA 5,8 TM, ALCANCE MÁXIMO HORIZONTAL 7,60 M, INCLUSIVE CAMINHÃO TOCO PBT 9.700 KG, POTÊNCIA DE 160 CV - JUROS. AF_08/2015","H","ATRIBUÍDO SÃO PAULO",8.24,"CAIXA REFERENCIAL"]
["CUSTOS HORÁRIOS DE MÁQUINAS E EQUIPAMENTOS","CHOR","COMPOSIÇÕES AUXILIARES","0329","","",91631,"GUINDAUTO HIDRÁULICO, CAPACIDADE MÁXIMA DE CARGA 6500 KG, MOMENTO MÁXIMO DE CARGA 5,8 TM, ALCANCE MÁXIMO HORIZONTAL 7,60 M, INCLUSIVE CAMINHÃO TOCO PBT 9.700 KG, POTÊNCIA DE 160 CV - IMPOSTOS E SEGUROS. AF_08/2015","H","ATRIBUÍDO SÃO PAULO",3.32,"CAIXA REFERENCIAL"]
["CUSTOS HORÁRIOS DE MÁQUINAS E EQUIPAMENTOS","CHOR","COMPOSIÇÕES AUXILIARES","0329","","",91632,"GUINDAUTO HIDRÁULICO, CAPACIDADE MÁXIMA DE CARGA 6500 KG, MOMENTO MÁXIMO DE CARGA 5,8 TM, ALCANCE MÁXIMO HORIZONTAL 7,60 M, INCLUSIVE CAMINHÃO TOCO PBT 9.700 KG, POTÊNCIA DE 160 CV - MANUTENÇÃO. AF_08/2015","H","ATRIBUÍDO SÃO PAULO",37.9,"CAIXA REFERENCIAL"]
["CUSTOS HORÁRIOS DE MÁQUINAS E EQUIPAMENTOS","CHOR","COMPOSIÇÕES AUXILIARES","0329","","",91633,"GUINDAUTO HIDRÁULICO, CAPACIDADE MÁXIMA DE CARGA 6500 KG, MOMENTO MÁXIMO DE CARGA 5,8 TM, ALCANCE MÁXIMO HORIZONTAL 7,60 M, INCLUSIVE CAMINHÃO TOCO PBT 9.700 KG, POTÊNCIA DE 160 CV - MATERIAIS NA OPERAÇÃO. AF_08/2015","H","COLETADO",121.91,"CAIXA REFERENCIAL"]
["CUSTOS HORÁRIOS DE MÁQUINAS E EQUIPAMENTOS","CHOR","COMPOSIÇÕES AUXILIARES","0329","","",91640,"CAMINHÃO DE TRANSPORTE DE MATERIAL ASFÁLTICO 30.000 L, COM CAVALO MECÂNICO DE CAPACIDADE MÁXIMA DE TRAÇÃO COMBINADO DE 66.000 KG, POTÊNCIA 360 CV, INCLUSIVE TANQUE DE ASFALTO COM SERPENTINA - DEPRECIAÇÃO. AF_08/2015","H","ATRIBUÍDO SÃO PAULO",40.590000000000003,"CAIXA REFERENCIAL"]
["CUSTOS HORÁRIOS DE MÁQUINAS E EQUIPAMENTOS","CHOR","COMPOSIÇÕES AUXILIARES","0329","","",91641,"CAMINHÃO DE TRANSPORTE DE MATERIAL ASFÁLTICO 30.000 L, COM CAVALO MECÂNICO DE CAPACIDADE MÁXIMA DE TRAÇÃO COMBINADO DE 66.000 KG, POTÊNCIA 360 CV, INCLUSIVE TANQUE DE ASFALTO COM SERPENTINA - JUROS. AF_08/2015","H","ATRIBUÍDO SÃO PAULO",16.39,"CAIXA REFERENCIAL"]
["CUSTOS HORÁRIOS DE MÁQUINAS E EQUIPAMENTOS","CHOR","COMPOSIÇÕES AUXILIARES","0329","","",91642,"CAMINHÃO DE TRANSPORTE DE MATERIAL ASFÁLTICO 30.000 L, COM CAVALO MECÂNICO DE CAPACIDADE MÁXIMA DE TRAÇÃO COMBINADO DE 66.000 KG, POTÊNCIA 360 CV, INCLUSIVE TANQUE DE ASFALTO COM SERPENTINA - IMPOSTOS E SEGUROS. AF_08/2015","H","ATRIBUÍDO SÃO PAULO",6.62,"CAIXA REFERENCIAL"]
["CUSTOS HORÁRIOS DE MÁQUINAS E EQUIPAMENTOS","CHOR","COMPOSIÇÕES AUXILIARES","0329","","",91643,"CAMINHÃO DE TRANSPORTE DE MATERIAL ASFÁLTICO 30.000 L, COM CAVALO MECÂNICO DE CAPACIDADE MÁXIMA DE TRAÇÃO COMBINADO DE 66.000 KG, POTÊNCIA 360 CV, INCLUSIVE TANQUE DE ASFALTO COM SERPENTINA - MANUTENÇÃO. AF_08/2015","H","ATRIBUÍDO SÃO PAULO",73.25,"CAIXA REFERENCIAL"]
["CUSTOS HORÁRIOS DE MÁQUINAS E EQUIPAMENTOS","CHOR","COMPOSIÇÕES AUXILIARES","0329","","",91644,"CAMINHÃO DE TRANSPORTE DE MATERIAL ASFÁLTICO 30.000 L, COM CAVALO MECÂNICO DE CAPACIDADE MÁXIMA DE TRAÇÃO COMBINADO DE 66.000 KG, POTÊNCIA 360 CV, INCLUSIVE TANQUE DE ASFALTO COM SERPENTINA - MATERIAIS NA OPERAÇÃO. AF_08/2015","H","COLETADO",274.35000000000002,"CAIXA REFERENCIAL"]
["CUSTOS HORÁRIOS DE MÁQUINAS E EQUIPAMENTOS","CHOR","COMPOSIÇÕES AUXILIARES","0329","","",91688,"SERRA CIRCULAR DE BANCADA COM MOTOR ELÉTRICO POTÊNCIA DE 5HP, COM COIFA PARA DISCO 10\" - DEPRECIAÇÃO. AF_08/2015","H","COEFICIENTE DE REPRESENTATIVIDADE",0.1,"CAIXA REFERENCIAL"]
["CUSTOS HORÁRIOS DE MÁQUINAS E EQUIPAMENTOS","CHOR","COMPOSIÇÕES AUXILIARES","0329","","",91689,"SERRA CIRCULAR DE BANCADA COM MOTOR ELÉTRICO POTÊNCIA DE 5HP, COM COIFA PARA DISCO 10\" - JUROS. AF_08/2015","H","COEFICIENTE DE REPRESENTATIVIDADE",0.02,"CAIXA REFERENCIAL"]
["CUSTOS HORÁRIOS DE MÁQUINAS E EQUIPAMENTOS","CHOR","COMPOSIÇÕES AUXILIARES","0329","","",91690,"SERRA CIRCULAR DE BANCADA COM MOTOR ELÉTRICO POTÊNCIA DE 5HP, COM COIFA PARA DISCO 10\" - MANUTENÇÃO. AF_08/2015","H","COEFICIENTE DE REPRESENTATIVIDADE",0.06,"CAIXA REFERENCIAL"]
["CUSTOS HORÁRIOS DE MÁQUINAS E EQUIPAMENTOS","CHOR","COMPOSIÇÕES AUXILIARES","0329","","",91691,"SERRA CIRCULAR DE BANCADA COM MOTOR ELÉTRICO POTÊNCIA DE 5HP, COM COIFA PARA DISCO 10\" - MATERIAIS NA OPERAÇÃO. AF_08/2015","H","COEFICIENTE DE REPRESENTATIVIDADE",1.26,"CAIXA REFERENCIAL"]
["CUSTOS HORÁRIOS DE MÁQUINAS E EQUIPAMENTOS","CHOR","COMPOSIÇÕES AUXILIARES","0329","","",92040,"DISTRIBUIDOR DE AGREGADOS REBOCAVEL, CAPACIDADE 1,9 M³, LARGURA DE TRABALHO 3,66 M - DEPRECIAÇÃO. AF_11/2015","H","ATRIBUÍDO SÃO PAULO",6.47,"CAIXA REFERENCIAL"]
["CUSTOS HORÁRIOS DE MÁQUINAS E EQUIPAMENTOS","CHOR","COMPOSIÇÕES AUXILIARES","0329","","",92041,"DISTRIBUIDOR DE AGREGADOS REBOCAVEL, CAPACIDADE 1,9 M³, LARGURA DE TRABALHO 3,66 M - JUROS. AF_11/2015","H","ATRIBUÍDO SÃO PAULO",1.33,"CAIXA REFERENCIAL"]
["CUSTOS HORÁRIOS DE MÁQUINAS E EQUIPAMENTOS","CHOR","COMPOSIÇÕES AUXILIARES","0329","","",92042,"DISTRIBUIDOR DE AGREGADOS REBOCAVEL, CAPACIDADE 1,9 M³, LARGURA DE TRABALHO 3,66 M - MANUTENÇÃO. AF_11/2015","H","ATRIBUÍDO SÃO PAULO",5.39,"CAIXA REFERENCIAL"]
["CUSTOS HORÁRIOS DE MÁQUINAS E EQUIPAMENTOS","CHOR","COMPOSIÇÕES AUXILIARES","0329","","",92101,"CAMINHÃO PARA EQUIPAMENTO DE LIMPEZA A SUCÇÃO COM CAMINHÃO TRUCADO DE PESO BRUTO TOTAL 23000 KG, CARGA ÚTIL MÁXIMA 15935 KG, DISTÂNCIA ENTRE EIXOS 4,80 M, POTÊNCIA 230 CV, INCLUSIVE LIMPADORA A SUCÇÃO, TANQUE 12000 L - DEPRECIAÇÃO. AF_05/2023","H","ATRIBUÍDO SÃO PAULO",37.97,"CAIXA REFERENCIAL"]
["CUSTOS HORÁRIOS DE MÁQUINAS E EQUIPAMENTOS","CHOR","COMPOSIÇÕES AUXILIARES","0329","","",92102,"CAMINHÃO PARA EQUIPAMENTO DE LIMPEZA A SUCÇÃO COM CAMINHÃO TRUCADO DE PESO BRUTO TOTAL 23000 KG, CARGA ÚTIL MÁXIMA 15935 KG, DISTÂNCIA ENTRE EIXOS 4,80 M, POTÊNCIA 230 CV, INCLUSIVE LIMPADORA A SUCÇÃO, TANQUE 12000 L - JUROS. AF_05/2023","H","ATRIBUÍDO SÃO PAULO",13.58,"CAIXA REFERENCIAL"]
["CUSTOS HORÁRIOS DE MÁQUINAS E EQUIPAMENTOS","CHOR","COMPOSIÇÕES AUXILIARES","0329","","",92103,"CAMINHÃO PARA EQUIPAMENTO DE LIMPEZA A SUCÇÃO COM CAMINHÃO TRUCADO DE PESO BRUTO TOTAL 23000 KG, CARGA ÚTIL MÁXIMA 15935 KG, DISTÂNCIA ENTRE EIXOS 4,80 M, POTÊNCIA 230 CV, INCLUSIVE LIMPADORA A SUCÇÃO, TANQUE 12000 L - IMPOSTOS E SEGUROS. AF_05/2023","H","ATRIBUÍDO SÃO PAULO",9.52,"CAIXA REFERENCIAL"]
["CUSTOS HORÁRIOS DE MÁQUINAS E EQUIPAMENTOS","CHOR","COMPOSIÇÕES AUXILIARES","0329","","",92104,"CAMINHÃO PARA EQUIPAMENTO DE LIMPEZA A SUCÇÃO COM CAMINHÃO TRUCADO DE PESO BRUTO TOTAL 23000 KG, CARGA ÚTIL MÁXIMA 15935 KG, DISTÂNCIA ENTRE EIXOS 4,80 M, POTÊNCIA 230 CV, INCLUSIVE LIMPADORA A SUCÇÃO, TANQUE 12000 L - MANUTENÇÃO. AF_05/2023","H","ATRIBUÍDO SÃO PAULO",64.2,"CAIXA REFERENCIAL"]
["CUSTOS HORÁRIOS DE MÁQUINAS E EQUIPAMENTOS","CHOR","COMPOSIÇÕES AUXILIARES","0329","","",92105,"CAMINHÃO PARA EQUIPAMENTO DE LIMPEZA A SUCÇÃO COM CAMINHÃO TRUCADO DE PESO BRUTO TOTAL 23000 KG, CARGA ÚTIL MÁX. 15935 KG, DISTÂNCIA ENTRE EIXOS 4,80 M, POTÊNCIA 230 CV, INCLUSIVE LIMPADORA A SUCÇÃO, TANQUE 12000 L - MATERIAIS NA OPERAÇÃO. AF_05/2023","H","COLETADO",160.6,"CAIXA REFERENCIAL"]
["CUSTOS HORÁRIOS DE MÁQUINAS E EQUIPAMENTOS","CHOR","COMPOSIÇÕES AUXILIARES","0329","","",92108,"PENEIRA ROTATIVA COM MOTOR ELÉTRICO TRIFÁSICO DE 2 CV, CILINDRO DE 1 M X 0,60 M, COM FUROS DE 3,17 MM - DEPRECIAÇÃO. AF_05/2023","H","COEFICIENTE DE REPRESENTATIVIDADE",0.95,"CAIXA REFERENCIAL"]
["CUSTOS HORÁRIOS DE MÁQUINAS E EQUIPAMENTOS","CHOR","COMPOSIÇÕES AUXILIARES","0329","","",92109,"PENEIRA ROTATIVA COM MOTOR ELÉTRICO TRIFÁSICO DE 2 CV, CILINDRO DE 1 M X 0,60 M, COM FUROS DE 3,17 MM - JUROS. AF_05/2023","H","COEFICIENTE DE REPRESENTATIVIDADE",0.23,"CAIXA REFERENCIAL"]
["CUSTOS HORÁRIOS DE MÁQUINAS E EQUIPAMENTOS","CHOR","COMPOSIÇÕES AUXILIARES","0329","","",92110,"PENEIRA ROTATIVA COM MOTOR ELÉTRICO TRIFÁSICO DE 2 CV, CILINDRO DE 1 M X 0,60 M, COM FUROS DE 3,17 MM - MANUTENÇÃO. AF_05/2023","H","COEFICIENTE DE REPRESENTATIVIDADE",1.27,"CAIXA REFERENCIAL"]
["CUSTOS HORÁRIOS DE MÁQUINAS E EQUIPAMENTOS","CHOR","COMPOSIÇÕES AUXILIARES","0329","","",92111,"PENEIRA ROTATIVA COM MOTOR ELÉTRICO TRIFÁSICO DE 2 CV, CILINDRO DE 1 M X 0,60 M, COM FUROS DE 3,17 MM - MATERIAIS NA OPERAÇÃO. AF_05/2023","H","COEFICIENTE DE REPRESENTATIVIDADE",1.1599999999999999,"CAIXA REFERENCIAL"]
["CUSTOS HORÁRIOS DE MÁQUINAS E EQUIPAMENTOS","CHOR","COMPOSIÇÕES AUXILIARES","0329","","",92114,"DOSADOR DE AREIA, CAPACIDADE DE 26 LITROS - DEPRECIAÇÃO. AF_05/2023","H","COEFICIENTE DE REPRESENTATIVIDADE",0.25,"CAIXA REFERENCIAL"]
["CUSTOS HORÁRIOS DE MÁQUINAS E EQUIPAMENTOS","CHOR","COMPOSIÇÕES AUXILIARES","0329","","",92115,"DOSADOR DE AREIA, CAPACIDADE DE 26 LITROS - JUROS. AF_05/2023","H","COEFICIENTE DE REPRESENTATIVIDADE",0.05,"CAIXA REFERENCIAL"]
["CUSTOS HORÁRIOS DE MÁQUINAS E EQUIPAMENTOS","CHOR","COMPOSIÇÕES AUXILIARES","0329","","",92116,"DOSADOR DE AREIA, CAPACIDADE DE 26 LITROS - MANUTENÇÃO. AF_05/2023","H","COEFICIENTE DE REPRESENTATIVIDADE",0.18,"CAIXA REFERENCIAL"]
["CUSTOS HORÁRIOS DE MÁQUINAS E EQUIPAMENTOS","CHOR","COMPOSIÇÕES AUXILIARES","0329","","",92133,"CAMINHONETE COM MOTOR A DIESEL, POTÊNCIA 180 CV, CABINE DUPLA, 4X4 - DEPRECIAÇÃO. AF_11/2015","H","COLETADO",13.21,"CAIXA REFERENCIAL"]
["CUSTOS HORÁRIOS DE MÁQUINAS E EQUIPAMENTOS","CHOR","COMPOSIÇÕES AUXILIARES","0329","","",92134,"CAMINHONETE COM MOTOR A DIESEL, POTÊNCIA 180 CV, CABINE DUPLA, 4X4 - JUROS. AF_11/2015","H","COLETADO",4.07,"CAIXA REFERENCIAL"]
["CUSTOS HORÁRIOS DE MÁQUINAS E EQUIPAMENTOS","CHOR","COMPOSIÇÕES AUXILIARES","0329","","",92135,"CAMINHONETE COM MOTOR A DIESEL, POTÊNCIA 180 CV, CABINE DUPLA, 4X4 - IMPOSTOS E SEGUROS. AF_11/2015","H","COLETADO",1.65,"CAIXA REFERENCIAL"]
["CUSTOS HORÁRIOS DE MÁQUINAS E EQUIPAMENTOS","CHOR","COMPOSIÇÕES AUXILIARES","0329","","",92136,"CAMINHONETE COM MOTOR A DIESEL, POTÊNCIA 180 CV, CABINE DUPLA, 4X4 - MANUTENÇÃO. AF_11/2015","H","COLETADO",16.510000000000002,"CAIXA REFERENCIAL"]
["CUSTOS HORÁRIOS DE MÁQUINAS E EQUIPAMENTOS","CHOR","COMPOSIÇÕES AUXILIARES","0329","","",92137,"CAMINHONETE COM MOTOR A DIESEL, POTÊNCIA 180 CV, CABINE DUPLA, 4X4 - MATERIAIS NA OPERAÇÃO. AF_11/2015","H","COLETADO",32.1,"CAIXA REFERENCIAL"]
["CUSTOS HORÁRIOS DE MÁQUINAS E EQUIPAMENTOS","CHOR","COMPOSIÇÕES AUXILIARES","0329","","",92140,"CAMINHONETE CABINE SIMPLES COM MOTOR 1.6 FLEX, CÂMBIO MANUAL, POTÊNCIA 101/104 CV, 2 PORTAS - DEPRECIAÇÃO. AF_11/2015","H","COEFICIENTE DE REPRESENTATIVIDADE",4.84,"CAIXA REFERENCIAL"]
["CUSTOS HORÁRIOS DE MÁQUINAS E EQUIPAMENTOS","CHOR","COMPOSIÇÕES AUXILIARES","0329","","",92141,"CAMINHONETE CABINE SIMPLES COM MOTOR 1.6 FLEX, CÂMBIO MANUAL, POTÊNCIA 101/104 CV, 2 PORTAS - JUROS. AF_11/2015","H","COEFICIENTE DE REPRESENTATIVIDADE",1.49,"CAIXA REFERENCIAL"]
["CUSTOS HORÁRIOS DE MÁQUINAS E EQUIPAMENTOS","CHOR","COMPOSIÇÕES AUXILIARES","0329","","",92142,"CAMINHONETE CABINE SIMPLES COM MOTOR 1.6 FLEX, CÂMBIO MANUAL, POTÊNCIA 101/104 CV, 2 PORTAS - IMPOSTOS E SEGUROS. AF_11/2015","H","COEFICIENTE DE REPRESENTATIVIDADE",0.6,"CAIXA REFERENCIAL"]
["CUSTOS HORÁRIOS DE MÁQUINAS E EQUIPAMENTOS","CHOR","COMPOSIÇÕES AUXILIARES","0329","","",92143,"CAMINHONETE CABINE SIMPLES COM MOTOR 1.6 FLEX, CÂMBIO MANUAL, POTÊNCIA 101/104 CV, 2 PORTAS - MANUTENÇÃO. AF_11/2015","H","COEFICIENTE DE REPRESENTATIVIDADE",6.05,"CAIXA REFERENCIAL"]
["CUSTOS HORÁRIOS DE MÁQUINAS E EQUIPAMENTOS","CHOR","COMPOSIÇÕES AUXILIARES","0329","","",92144,"CAMINHONETE CABINE SIMPLES COM MOTOR 1.6 FLEX, CÂMBIO MANUAL, POTÊNCIA 101/104 CV, 2 PORTAS - MATERIAIS NA OPERAÇÃO. AF_11/2015","H","COLETADO",36.32,"CAIXA REFERENCIAL"]
["CUSTOS HORÁRIOS DE MÁQUINAS E EQUIPAMENTOS","CHOR","COMPOSIÇÕES AUXILIARES","0329","","",92237,"CAMINHÃO DE TRANSPORTE DE MATERIAL ASFÁLTICO 20.000 L, COM CAVALO MECÂNICO DE CAPACIDADE MÁXIMA DE TRAÇÃO COMBINADO DE 45.000 KG, POTÊNCIA 330 CV, INCLUSIVE TANQUE DE ASFALTO COM MAÇARICO - DEPRECIAÇÃO. AF_12/2015","H","ATRIBUÍDO SÃO PAULO",29.55,"CAIXA REFERENCIAL"]
["CUSTOS HORÁRIOS DE MÁQUINAS E EQUIPAMENTOS","CHOR","COMPOSIÇÕES AUXILIARES","0329","","",92238,"CAMINHÃO DE TRANSPORTE DE MATERIAL ASFÁLTICO 20.000 L, COM CAVALO MECÂNICO DE CAPACIDADE MÁXIMA DE TRAÇÃO COMBINADO DE 45.000 KG, POTÊNCIA 330 CV, INCLUSIVE TANQUE DE ASFALTO COM MAÇARICO - JUROS. AF_12/2015","H","ATRIBUÍDO SÃO PAULO",11.9,"CAIXA REFERENCIAL"]
["CUSTOS HORÁRIOS DE MÁQUINAS E EQUIPAMENTOS","CHOR","COMPOSIÇÕES AUXILIARES","0329","","",92239,"CAMINHÃO DE TRANSPORTE DE MATERIAL ASFÁLTICO 20.000 L, COM CAVALO MECÂNICO DE CAPACIDADE MÁXIMA DE TRAÇÃO COMBINADO DE 45.000 KG, POTÊNCIA 330 CV, INCLUSIVE TANQUE DE ASFALTO COM MAÇARICO - IMPOSTOS E SEGUROS. AF_12/2015","H","ATRIBUÍDO SÃO PAULO",4.8099999999999996,"CAIXA REFERENCIAL"]
["CUSTOS HORÁRIOS DE MÁQUINAS E EQUIPAMENTOS","CHOR","COMPOSIÇÕES AUXILIARES","0329","","",92240,"CAMINHÃO DE TRANSPORTE DE MATERIAL ASFÁLTICO 20.000 L, COM CAVALO MECÂNICO DE CAPACIDADE MÁXIMA DE TRAÇÃO COMBINADO DE 45.000 KG, POTÊNCIA 330 CV, INCLUSIVE TANQUE DE ASFALTO COM MAÇARICO - MANUTENÇÃO. AF_12/2015","H","ATRIBUÍDO SÃO PAULO",53.09,"CAIXA REFERENCIAL"]
["CUSTOS HORÁRIOS DE MÁQUINAS E EQUIPAMENTOS","CHOR","COMPOSIÇÕES AUXILIARES","0329","","",92241,"CAMINHÃO DE TRANSPORTE DE MATERIAL ASFÁLTICO 20.000 L, COM CAVALO MECÂNICO DE CAPACIDADE MÁXIMA DE TRAÇÃO COMBINADO DE 45.000 KG, POTÊNCIA 330 CV, INCLUSIVE TANQUE DE ASFALTO COM MAÇARICO - MATERIAIS NA OPERAÇÃO. AF_12/2015","H","COLETADO",251.51,"CAIXA REFERENCIAL"]
["CUSTOS HORÁRIOS DE MÁQUINAS E EQUIPAMENTOS","CHOR","COMPOSIÇÕES AUXILIARES","0329","","",92712,"APARELHO PARA CORTE E SOLDA OXI-ACETILENO SOBRE RODAS, INCLUSIVE CILINDROS E MAÇARICOS - DEPRECIAÇÃO. AF_05/2023","H","COEFICIENTE DE REPRESENTATIVIDADE",0.23,"CAIXA REFERENCIAL"]
["CUSTOS HORÁRIOS DE MÁQUINAS E EQUIPAMENTOS","CHOR","COMPOSIÇÕES AUXILIARES","0329","","",92713,"APARELHO PARA CORTE E SOLDA OXI-ACETILENO SOBRE RODAS, INCLUSIVE CILINDROS E MAÇARICOS - JUROS. AF_05/2023","H","COEFICIENTE DE REPRESENTATIVIDADE",0.05,"CAIXA REFERENCIAL"]
["CUSTOS HORÁRIOS DE MÁQUINAS E EQUIPAMENTOS","CHOR","COMPOSIÇÕES AUXILIARES","0329","","",92714,"APARELHO PARA CORTE E SOLDA OXI-ACETILENO SOBRE RODAS, INCLUSIVE CILINDROS E MAÇARICOS - MANUTENÇÃO. AF_05/2023","H","COEFICIENTE DE REPRESENTATIVIDADE",0.31,"CAIXA REFERENCIAL"]
["CUSTOS HORÁRIOS DE MÁQUINAS E EQUIPAMENTOS","CHOR","COMPOSIÇÕES AUXILIARES","0329","","",92715,"APARELHO PARA CORTE E SOLDA OXI-ACETILENO SOBRE RODAS, INCLUSIVE CILINDROS E MAÇARICOS - MATERIAIS NA OPERAÇÃO. AF_05/2023","H","ATRIBUÍDO SÃO PAULO",81.88,"CAIXA REFERENCIAL"]
["CUSTOS HORÁRIOS DE MÁQUINAS E EQUIPAMENTOS","CHOR","COMPOSIÇÕES AUXILIARES","0329","","",92956,"MÁQUINA EXTRUSORA DE CONCRETO PARA GUIAS E SARJETAS, MOTOR A DIESEL, POTÊNCIA 14 CV - DEPRECIAÇÃO. AF_12/2015","H","ATRIBUÍDO SÃO PAULO",4.37,"CAIXA REFERENCIAL"]
["CUSTOS HORÁRIOS DE MÁQUINAS E EQUIPAMENTOS","CHOR","COMPOSIÇÕES AUXILIARES","0329","","",92957,"MÁQUINA EXTRUSORA DE CONCRETO PARA GUIAS E SARJETAS, MOTOR A DIESEL, POTÊNCIA 14 CV - JUROS. AF_12/2015","H","ATRIBUÍDO SÃO PAULO",1.01,"CAIXA REFERENCIAL"]
["CUSTOS HORÁRIOS DE MÁQUINAS E EQUIPAMENTOS","CHOR","COMPOSIÇÕES AUXILIARES","0329","","",92958,"MÁQUINA EXTRUSORA DE CONCRETO PARA GUIAS E SARJETAS, MOTOR A DIESEL, POTÊNCIA 14 CV - MANUTENÇÃO. AF_12/2015","H","ATRIBUÍDO SÃO PAULO",4.79,"CAIXA REFERENCIAL"]
["CUSTOS HORÁRIOS DE MÁQUINAS E EQUIPAMENTOS","CHOR","COMPOSIÇÕES AUXILIARES","0329","","",92959,"MÁQUINA EXTRUSORA DE CONCRETO PARA GUIAS E SARJETAS, MOTOR A DIESEL, POTÊNCIA 14 CV - MATERIAIS NA OPERAÇÃO. AF_12/2015","H","COLETADO",8.44,"CAIXA REFERENCIAL"]
["CUSTOS HORÁRIOS DE MÁQUINAS E EQUIPAMENTOS","CHOR","COMPOSIÇÕES AUXILIARES","0329","","",92963,"MARTELO PERFURADOR PNEUMÁTICO MANUAL, HASTE 25 X 75 MM, 21 KG - DEPRECIAÇÃO. AF_12/2015","H","ATRIBUÍDO SÃO PAULO",1.4,"CAIXA REFERENCIAL"]
["CUSTOS HORÁRIOS DE MÁQUINAS E EQUIPAMENTOS","CHOR","COMPOSIÇÕES AUXILIARES","0329","","",92964,"MARTELO PERFURADOR PNEUMÁTICO MANUAL, HASTE 25 X 75 MM, 21 KG - JUROS. AF_12/2015","H","ATRIBUÍDO SÃO PAULO",0.32,"CAIXA REFERENCIAL"]
["CUSTOS HORÁRIOS DE MÁQUINAS E EQUIPAMENTOS","CHOR","COMPOSIÇÕES AUXILIARES","0329","","",92965,"MARTELO PERFURADOR PNEUMÁTICO MANUAL, HASTE 25 X 75 MM, 21 KG - MANUTENÇÃO. AF_12/2015","H","ATRIBUÍDO SÃO PAULO",1.75,"CAIXA REFERENCIAL"]
["CUSTOS HORÁRIOS DE MÁQUINAS E EQUIPAMENTOS","CHOR","COMPOSIÇÕES AUXILIARES","0329","","",93220,"PERFURATRIZ COM TORRE METÁLICA PARA EXECUÇÃO DE ESTACA HÉLICE CONTÍNUA, PROFUNDIDADE MÁXIMA DE 32 M, DIÂMETRO MÁXIMO DE 1000 MM, POTÊNCIA INSTALADA DE 350 HP, MESA ROTATIVA COM TORQUE MÁXIMO DE 263 KNM - DEPRECIAÇÃO. AF_01/2016","H","ATRIBUÍDO SÃO PAULO",329.32,"CAIXA REFERENCIAL"]
["CUSTOS HORÁRIOS DE MÁQUINAS E EQUIPAMENTOS","CHOR","COMPOSIÇÕES AUXILIARES","0329","","",93221,"PERFURATRIZ COM TORRE METÁLICA PARA EXECUÇÃO DE ESTACA HÉLICE CONTÍNUA, PROFUNDIDADE MÁXIMA DE 32 M, DIÂMETRO MÁXIMO DE 1000 MM, POTÊNCIA INSTALADA DE 350 HP, MESA ROTATIVA COM TORQUE MÁXIMO DE 263 KNM - JUROS. AF_01/2016","H","ATRIBUÍDO SÃO PAULO",88.35,"CAIXA REFERENCIAL"]
["CUSTOS HORÁRIOS DE MÁQUINAS E EQUIPAMENTOS","CHOR","COMPOSIÇÕES AUXILIARES","0329","","",93222,"PERFURATRIZ COM TORRE METÁLICA PARA EXECUÇÃO DE ESTACA HÉLICE CONTÍNUA, PROFUNDIDADE MÁXIMA DE 32 M, DIÂMETRO MÁXIMO DE 1000 MM, POTÊNCIA INSTALADA DE 350 HP, MESA ROTATIVA COM TORQUE MÁXIMO DE 263 KNM - MANUTENÇÃO. AF_01/2016","H","ATRIBUÍDO SÃO PAULO",412.11,"CAIXA REFERENCIAL"]
["CUSTOS HORÁRIOS DE MÁQUINAS E EQUIPAMENTOS","CHOR","COMPOSIÇÕES AUXILIARES","0329","","",93223,"PERFURATRIZ COM TORRE METÁLICA PARA EXECUÇÃO DE ESTACA HÉLICE CONTÍNUA, PROFUNDIDADE MÁXIMA DE 32 M, DIÂMETRO MÁXIMO DE 1000 MM, POTÊNCIA INSTALADA DE 350 HP, MESA ROTATIVA COM TORQUE MÁXIMO DE 263 KNM \u0096 MATERIAIS NA OPERAÇÃO. AF_01/2016","H","COLETADO",142.29,"CAIXA REFERENCIAL"]
["CUSTOS HORÁRIOS DE MÁQUINAS E EQUIPAMENTOS","CHOR","COMPOSIÇÕES AUXILIARES","0329","","",93229,"BETONEIRA CAPACIDADE NOMINAL 400 L, CAPACIDADE DE MISTURA 310 L, MOTOR A GASOLINA POTÊNCIA 5,5 CV, SEM CARREGADOR - DEPRECIAÇÃO. AF_02/2016","H","COEFICIENTE DE REPRESENTATIVIDADE",0.43,"CAIXA REFERENCIAL"]
["CUSTOS HORÁRIOS DE MÁQUINAS E EQUIPAMENTOS","CHOR","COMPOSIÇÕES AUXILIARES","0329","","",93230,"BETONEIRA CAPACIDADE NOMINAL 400 L, CAPACIDADE DE MISTURA 310 L, MOTOR A GASOLINA POTÊNCIA 5,5 CV, SEM CARREGADOR - JUROS. AF_02/2016","H","COEFICIENTE DE REPRESENTATIVIDADE",0.1,"CAIXA REFERENCIAL"]
["CUSTOS HORÁRIOS DE MÁQUINAS E EQUIPAMENTOS","CHOR","COMPOSIÇÕES AUXILIARES","0329","","",93231,"BETONEIRA CAPACIDADE NOMINAL 400 L, CAPACIDADE DE MISTURA 310 L, MOTOR A GASOLINA POTÊNCIA 5,5 CV, SEM CARREGADOR - MANUTENÇÃO. AF_02/2016","H","COEFICIENTE DE REPRESENTATIVIDADE",0.54,"CAIXA REFERENCIAL"]
["CUSTOS HORÁRIOS DE MÁQUINAS E EQUIPAMENTOS","CHOR","COMPOSIÇÕES AUXILIARES","0329","","",93232,"BETONEIRA CAPACIDADE NOMINAL 400 L, CAPACIDADE DE MISTURA 310 L, MOTOR A GASOLINA POTÊNCIA 5,5 CV, SEM CARREGADOR - MATERIAIS NA OPERAÇÃO. AF_02/2016","H","COLETADO",4.18,"CAIXA REFERENCIAL"]
["CUSTOS HORÁRIOS DE MÁQUINAS E EQUIPAMENTOS","CHOR","COMPOSIÇÕES AUXILIARES","0329","","",93235,"GRUPO GERADOR ESTACIONÁRIO, MOTOR DIESEL POTÊNCIA 170 KVA - JUROS. AF_02/2016","H","ATRIBUÍDO SÃO PAULO",2.0699999999999998,"CAIXA REFERENCIAL"]
["CUSTOS HORÁRIOS DE MÁQUINAS E EQUIPAMENTOS","CHOR","COMPOSIÇÕES AUXILIARES","0329","","",93238,"ROLO COMPACTADOR VIBRATÓRIO REBOCÁVEL, CILINDRO DE AÇO LISO, POTÊNCIA DE TRAÇÃO DE 65 CV, PESO 4,7 T, IMPACTO DINÂMICO 18,3 T, LARGURA DE TRABALHO 1,67 M - JUROS. AF_02/2016","H","ATRIBUÍDO SÃO PAULO",2.54,"CAIXA REFERENCIAL"]
["CUSTOS HORÁRIOS DE MÁQUINAS E EQUIPAMENTOS","CHOR","COMPOSIÇÕES AUXILIARES","0329","","",93239,"ROLO COMPACTADOR VIBRATÓRIO PÉ DE CARNEIRO, OPERADO POR CONTROLE REMOTO, POTÊNCIA 12,5 KW, PESO OPERACIONAL 1,675 T, LARGURA DE TRABALHO 0,85 M - JUROS. AF_02/2016","H","ATRIBUÍDO SÃO PAULO",11.53,"CAIXA REFERENCIAL"]
["CUSTOS HORÁRIOS DE MÁQUINAS E EQUIPAMENTOS","CHOR","COMPOSIÇÕES AUXILIARES","0329","","",93240,"ROLO COMPACTADOR VIBRATÓRIO PÉ DE CARNEIRO, OPERADO POR CONTROLE REMOTO, POTÊNCIA 12,5 KW, PESO OPERACIONAL 1,675 T, LARGURA DE TRABALHO 0,85 M - MATERIAIS NA OPERAÇÃO. AF_02/2016","H","COLETADO",10.9,"CAIXA REFERENCIAL"]
["CUSTOS HORÁRIOS DE MÁQUINAS E EQUIPAMENTOS","CHOR","COMPOSIÇÕES AUXILIARES","0329","","",93267,"GRUA ASCENCIONAL, LANÇA DE 30 M, CAPACIDADE DE 1,0 T A 30 M, ALTURA ATÉ 39 M   DEPRECIAÇÃO. AF_05/2023","H","ATRIBUÍDO SÃO PAULO",28.03,"CAIXA REFERENCIAL"]
["CUSTOS HORÁRIOS DE MÁQUINAS E EQUIPAMENTOS","CHOR","COMPOSIÇÕES AUXILIARES","0329","","",93269,"GRUA ASCENCIONAL, LANÇA DE 30 M, CAPACIDADE DE 1,0 T A 30 M, ALTURA ATÉ 39 M   JUROS. AF_05/2023","H","ATRIBUÍDO SÃO PAULO",9.4600000000000009,"CAIXA REFERENCIAL"]
["CUSTOS HORÁRIOS DE MÁQUINAS E EQUIPAMENTOS","CHOR","COMPOSIÇÕES AUXILIARES","0329","","",93270,"GRUA ASCENCIONAL, LANÇA DE 30 M, CAPACIDADE DE 1,0 T A 30 M, ALTURA ATÉ 39 M   MANUTENÇÃO. AF_05/2023","H","ATRIBUÍDO SÃO PAULO",28.03,"CAIXA REFERENCIAL"]
["CUSTOS HORÁRIOS DE MÁQUINAS E EQUIPAMENTOS","CHOR","COMPOSIÇÕES AUXILIARES","0329","","",93271,"GRUA ASCENCIONAL, LANÇA DE 30 M, CAPACIDADE DE 1,0 T A 30 M, ALTURA ATÉ 39 M   MATERIAIS NA OPERAÇÃO. AF_05/2023","H","COEFICIENTE DE REPRESENTATIVIDADE",8.69,"CAIXA REFERENCIAL"]
["CUSTOS HORÁRIOS DE MÁQUINAS E EQUIPAMENTOS","CHOR","COMPOSIÇÕES AUXILIARES","0329","","",93277,"GUINCHO ELÉTRICO DE COLUNA, CAPACIDADE 400 KG, COM MOTO FREIO, MOTOR TRIFÁSICO DE 1,25 CV - DEPRECIAÇÃO. AF_03/2016","H","ATRIBUÍDO SÃO PAULO",0.32,"CAIXA REFERENCIAL"]
["CUSTOS HORÁRIOS DE MÁQUINAS E EQUIPAMENTOS","CHOR","COMPOSIÇÕES AUXILIARES","0329","","",93278,"GUINCHO ELÉTRICO DE COLUNA, CAPACIDADE 400 KG, COM MOTO FREIO, MOTOR TRIFÁSICO DE 1,25 CV - JUROS. AF_03/2016","H","ATRIBUÍDO SÃO PAULO",7.0000000000000007E-2,"CAIXA REFERENCIAL"]
["CUSTOS HORÁRIOS DE MÁQUINAS E EQUIPAMENTOS","CHOR","COMPOSIÇÕES AUXILIARES","0329","","",93279,"GUINCHO ELÉTRICO DE COLUNA, CAPACIDADE 400 KG, COM MOTO FREIO, MOTOR TRIFÁSICO DE 1,25 CV - MANUTENÇÃO. AF_03/2016","H","ATRIBUÍDO SÃO PAULO",0.3,"CAIXA REFERENCIAL"]
["CUSTOS HORÁRIOS DE MÁQUINAS E EQUIPAMENTOS","CHOR","COMPOSIÇÕES AUXILIARES","0329","","",93280,"GUINCHO ELÉTRICO DE COLUNA, CAPACIDADE 400 KG, COM MOTO FREIO, MOTOR TRIFÁSICO DE 1,25 CV - MATERIAIS NA OPERAÇÃO. AF_03/2016","H","COEFICIENTE DE REPRESENTATIVIDADE",0.72,"CAIXA REFERENCIAL"]
["CUSTOS HORÁRIOS DE MÁQUINAS E EQUIPAMENTOS","CHOR","COMPOSIÇÕES AUXILIARES","0329","","",93283,"GUINDASTE HIDRÁULICO AUTOPROPELIDO, COM LANÇA TELESCÓPICA 40 M, CAPACIDADE MÁXIMA 60 T, POTÊNCIA 260 KW - DEPRECIAÇÃO. AF_03/2016","H","ATRIBUÍDO SÃO PAULO",94.26,"CAIXA REFERENCIAL"]
["CUSTOS HORÁRIOS DE MÁQUINAS E EQUIPAMENTOS","CHOR","COMPOSIÇÕES AUXILIARES","0329","","",93284,"GUINDASTE HIDRÁULICO AUTOPROPELIDO, COM LANÇA TELESCÓPICA 40 M, CAPACIDADE MÁXIMA 60 T, POTÊNCIA 260 KW - JUROS. AF_03/2016","H","ATRIBUÍDO SÃO PAULO",33.22,"CAIXA REFERENCIAL"]
["CUSTOS HORÁRIOS DE MÁQUINAS E EQUIPAMENTOS","CHOR","COMPOSIÇÕES AUXILIARES","0329","","",93285,"GUINDASTE HIDRÁULICO AUTOPROPELIDO, COM LANÇA TELESCÓPICA 40 M, CAPACIDADE MÁXIMA 60 T, POTÊNCIA 260 KW - MANUTENÇÃO. AF_03/2016","H","ATRIBUÍDO SÃO PAULO",151.53,"CAIXA REFERENCIAL"]
["CUSTOS HORÁRIOS DE MÁQUINAS E EQUIPAMENTOS","CHOR","COMPOSIÇÕES AUXILIARES","0329","","",93286,"GUINDASTE HIDRÁULICO AUTOPROPELIDO, COM LANÇA TELESCÓPICA 40 M, CAPACIDADE MÁXIMA 60 T, POTÊNCIA 260 KW - MATERIAIS NA OPERAÇÃO. AF_03/2016","H","COEFICIENTE DE REPRESENTATIVIDADE",12.09,"CAIXA REFERENCIAL"]
["CUSTOS HORÁRIOS DE MÁQUINAS E EQUIPAMENTOS","CHOR","COMPOSIÇÕES AUXILIARES","0329","","",93296,"GUINDASTE HIDRÁULICO AUTOPROPELIDO, COM LANÇA TELESCÓPICA 40 M, CAPACIDADE MÁXIMA 60 T, POTÊNCIA 260 KW - IMPOSTOS E SEGUROS. AF_03/2016","H","ATRIBUÍDO SÃO PAULO",13.43,"CAIXA REFERENCIAL"]
["CUSTOS HORÁRIOS DE MÁQUINAS E EQUIPAMENTOS","CHOR","COMPOSIÇÕES AUXILIARES","0329","","",93397,"GUINDAUTO HIDRÁULICO, CAPACIDADE MÁXIMA DE CARGA 3300 KG, MOMENTO MÁXIMO DE CARGA 5,8 TM, ALCANCE MÁXIMO HORIZONTAL 7,60 M, INCLUSIVE CAMINHÃO TOCO PBT 16.000 KG, POTÊNCIA DE 189 CV - DEPRECIAÇÃO. AF_03/2016","H","ATRIBUÍDO SÃO PAULO",25.51,"CAIXA REFERENCIAL"]
["CUSTOS HORÁRIOS DE MÁQUINAS E EQUIPAMENTOS","CHOR","COMPOSIÇÕES AUXILIARES","0329","","",93398,"GUINDAUTO HIDRÁULICO, CAPACIDADE MÁXIMA DE CARGA 3300 KG, MOMENTO MÁXIMO DE CARGA 5,8 TM, ALCANCE MÁXIMO HORIZONTAL 7,60 M, INCLUSIVE CAMINHÃO TOCO PBT 16.000 KG, POTÊNCIA DE 189 CV - JUROS. AF_03/2016","H","ATRIBUÍDO SÃO PAULO",9.68,"CAIXA REFERENCIAL"]
["CUSTOS HORÁRIOS DE MÁQUINAS E EQUIPAMENTOS","CHOR","COMPOSIÇÕES AUXILIARES","0329","","",93399,"GUINDAUTO HIDRÁULICO, CAPACIDADE MÁXIMA DE CARGA 3300 KG, MOMENTO MÁXIMO DE CARGA 5,8 TM, ALCANCE MÁXIMO HORIZONTAL 7,60 M, INCLUSIVE CAMINHÃO TOCO PBT 16.000 KG, POTÊNCIA DE 189 CV \u0096 IMPOSTOS E SEGUROS. AF_03/2016","H","ATRIBUÍDO SÃO PAULO",3.91,"CAIXA REFERENCIAL"]
["CUSTOS HORÁRIOS DE MÁQUINAS E EQUIPAMENTOS","CHOR","COMPOSIÇÕES AUXILIARES","0329","","",93400,"GUINDAUTO HIDRÁULICO, CAPACIDADE MÁXIMA DE CARGA 3300 KG, MOMENTO MÁXIMO DE CARGA 5,8 TM, ALCANCE MÁXIMO HORIZONTAL 7,60 M, INCLUSIVE CAMINHÃO TOCO PBT 16.000 KG, POTÊNCIA DE 189 CV - MANUTENÇÃO. AF_03/2016","H","ATRIBUÍDO SÃO PAULO",44.51,"CAIXA REFERENCIAL"]
["CUSTOS HORÁRIOS DE MÁQUINAS E EQUIPAMENTOS","CHOR","COMPOSIÇÕES AUXILIARES","0329","","",93401,"GUINDAUTO HIDRÁULICO, CAPACIDADE MÁXIMA DE CARGA 3300 KG, MOMENTO MÁXIMO DE CARGA 5,8 TM, ALCANCE MÁXIMO HORIZONTAL 7,60 M, INCLUSIVE CAMINHÃO TOCO PBT 16.000 KG, POTÊNCIA DE 189 CV - MATERIAIS NA OPERAÇÃO. AF_03/2016","H","COLETADO",144.04,"CAIXA REFERENCIAL"]
["CUSTOS HORÁRIOS DE MÁQUINAS E EQUIPAMENTOS","CHOR","COMPOSIÇÕES AUXILIARES","0329","","",93404,"MÁQUINA JATO DE PRESSAO PORTÁTIL, CAMARA DE 1 SAIDA, CAPACIDADE 280 L, DIAMETRO 670 MM, BICO DE JATO CURTO VENTURI DE 5/16\u0092\u0092 , MANGUEIRA DE 1\u0092\u0092 COM COMPRESSOR DE AR REBOCÁVEL 189 PCM E MOTOR DIESEL 63 CV - DEPRECIAÇÃO. AF_05/2023","H","ATRIBUÍDO SÃO PAULO",6.87,"CAIXA REFERENCIAL"]
["CUSTOS HORÁRIOS DE MÁQUINAS E EQUIPAMENTOS","CHOR","COMPOSIÇÕES AUXILIARES","0329","","",93405,"MÁQUINA JATO DE PRESSAO PORTÁTIL, CAMARA DE 1 SAIDA, CAPACIDADE 280 L, DIAMETRO 670 MM, BICO DE JATO CURTO VENTURI DE 5/16\u0092\u0092 , MANGUEIRA DE 1\u0092\u0092 COM COMPRESSOR DE AR REBOCÁVEL 189 PCM E MOTOR DIESEL 63 CV - JUROS. AF_05/2023","H","ATRIBUÍDO SÃO PAULO",1.87,"CAIXA REFERENCIAL"]
["CUSTOS HORÁRIOS DE MÁQUINAS E EQUIPAMENTOS","CHOR","COMPOSIÇÕES AUXILIARES","0329","","",93406,"MÁQUINA JATO DE PRESSAO PORTÁTIL, CAMARA DE 1 SAIDA, CAPACIDADE 280 L, DIAMETRO 670 MM, BICO DE JATO CURTO VENTURI DE 5/16\u0092\u0092 , MANGUEIRA DE 1\u0092\u0092 COM COMPRESSOR DE AR REBOCÁVEL 189 PCM E MOTOR DIESEL 63 CV - MANUTENÇÃO. AF_05/2023","H","ATRIBUÍDO SÃO PAULO",9.09,"CAIXA REFERENCIAL"]
["CUSTOS HORÁRIOS DE MÁQUINAS E EQUIPAMENTOS","CHOR","COMPOSIÇÕES AUXILIARES","0329","","",93407,"MÁQUINA JATO DE PRESSAO PORTÁTIL, CAMARA DE 1 SAIDA, CAPACIDADE 280 L, DIAMETRO 670 MM, BICO DE JATO CURTO VENTURI DE 5/16\u0092\u0092 , MANGUEIRA DE 1\u0092\u0092 COM COMPRESSOR DE AR REBOCÁVEL 189 PCM E MOTOR DIESEL 63 CV - MATERIAIS NA OPERAÇÃO. AF_05/2023","H","COLETADO",42.95,"CAIXA REFERENCIAL"]
["CUSTOS HORÁRIOS DE MÁQUINAS E EQUIPAMENTOS","CHOR","COMPOSIÇÕES AUXILIARES","0329","","",93411,"GERADOR PORTÁTIL MONOFÁSICO, POTÊNCIA 5500 VA, MOTOR A GASOLINA, POTÊNCIA DO MOTOR 13 CV - DEPRECIAÇÃO. AF_03/2016","H","ATRIBUÍDO SÃO PAULO",0.28000000000000003,"CAIXA REFERENCIAL"]
["CUSTOS HORÁRIOS DE MÁQUINAS E EQUIPAMENTOS","CHOR","COMPOSIÇÕES AUXILIARES","0329","","",93412,"GERADOR PORTÁTIL MONOFÁSICO, POTÊNCIA 5500 VA, MOTOR A GASOLINA, POTÊNCIA DO MOTOR 13 CV - JUROS. AF_03/2016","H","ATRIBUÍDO SÃO PAULO",0.1,"CAIXA REFERENCIAL"]
["CUSTOS HORÁRIOS DE MÁQUINAS E EQUIPAMENTOS","CHOR","COMPOSIÇÕES AUXILIARES","0329","","",93413,"GERADOR PORTÁTIL MONOFÁSICO, POTÊNCIA 5500 VA, MOTOR A GASOLINA, POTÊNCIA DO MOTOR 13 CV - MANUTENÇÃO. AF_03/2016","H","ATRIBUÍDO SÃO PAULO",0.25,"CAIXA REFERENCIAL"]
["CUSTOS HORÁRIOS DE MÁQUINAS E EQUIPAMENTOS","CHOR","COMPOSIÇÕES AUXILIARES","0329","","",93414,"GERADOR PORTÁTIL MONOFÁSICO, POTÊNCIA 5500 VA, MOTOR A GASOLINA, POTÊNCIA DO MOTOR 13 CV - MATERIAIS NA OPERAÇÃO. AF_03/2016","H","COLETADO",13.52,"CAIXA REFERENCIAL"]
["CUSTOS HORÁRIOS DE MÁQUINAS E EQUIPAMENTOS","CHOR","COMPOSIÇÕES AUXILIARES","0329","","",93417,"GRUPO GERADOR REBOCÁVEL, POTÊNCIA 66 KVA, MOTOR A DIESEL - DEPRECIAÇÃO. AF_03/2016","H","ATRIBUÍDO SÃO PAULO",3.71,"CAIXA REFERENCIAL"]
["CUSTOS HORÁRIOS DE MÁQUINAS E EQUIPAMENTOS","CHOR","COMPOSIÇÕES AUXILIARES","0329","","",93418,"GRUPO GERADOR REBOCÁVEL, POTÊNCIA 66 KVA, MOTOR A DIESEL - JUROS. AF_03/2016","H","ATRIBUÍDO SÃO PAULO",1.3,"CAIXA REFERENCIAL"]
["CUSTOS HORÁRIOS DE MÁQUINAS E EQUIPAMENTOS","CHOR","COMPOSIÇÕES AUXILIARES","0329","","",93419,"GRUPO GERADOR REBOCÁVEL, POTÊNCIA 66 KVA, MOTOR A DIESEL - MANUTENÇÃO. AF_03/2016","H","ATRIBUÍDO SÃO PAULO",3.31,"CAIXA REFERENCIAL"]
["CUSTOS HORÁRIOS DE MÁQUINAS E EQUIPAMENTOS","CHOR","COMPOSIÇÕES AUXILIARES","0329","","",93420,"GRUPO GERADOR REBOCÁVEL, POTÊNCIA 66 KVA, MOTOR A DIESEL - MATERIAIS NA OPERAÇÃO. AF_03/2016","H","COLETADO",61.09,"CAIXA REFERENCIAL"]
["CUSTOS HORÁRIOS DE MÁQUINAS E EQUIPAMENTOS","CHOR","COMPOSIÇÕES AUXILIARES","0329","","",93423,"GRUPO GERADOR ESTACIONÁRIO, POTÊNCIA 150 KVA, MOTOR A DIESEL- DEPRECIAÇÃO. AF_03/2016","H","ATRIBUÍDO SÃO PAULO",5.25,"CAIXA REFERENCIAL"]
["CUSTOS HORÁRIOS DE MÁQUINAS E EQUIPAMENTOS","CHOR","COMPOSIÇÕES AUXILIARES","0329","","",93424,"GRUPO GERADOR ESTACIONÁRIO, POTÊNCIA 150 KVA, MOTOR A DIESEL- JUROS. AF_03/2016","H","ATRIBUÍDO SÃO PAULO",1.85,"CAIXA REFERENCIAL"]
["CUSTOS HORÁRIOS DE MÁQUINAS E EQUIPAMENTOS","CHOR","COMPOSIÇÕES AUXILIARES","0329","","",93425,"GRUPO GERADOR ESTACIONÁRIO, POTÊNCIA 150 KVA, MOTOR A DIESEL- MANUTENÇÃO. AF_03/2016","H","ATRIBUÍDO SÃO PAULO",4.68,"CAIXA REFERENCIAL"]
["CUSTOS HORÁRIOS DE MÁQUINAS E EQUIPAMENTOS","CHOR","COMPOSIÇÕES AUXILIARES","0329","","",93426,"GRUPO GERADOR ESTACIONÁRIO, POTÊNCIA 150 KVA, MOTOR A DIESEL- MATERIAIS NA OPERAÇÃO. AF_03/2016","H","COLETADO",146,"CAIXA REFERENCIAL"]
["CUSTOS HORÁRIOS DE MÁQUINAS E EQUIPAMENTOS","CHOR","COMPOSIÇÕES AUXILIARES","0329","","",93429,"USINA DE MISTURA ASFÁLTICA À QUENTE, TIPO CONTRA FLUXO, PROD 40 A 80 TON/HORA - DEPRECIAÇÃO. AF_05/2023","H","ATRIBUÍDO SÃO PAULO",115,"CAIXA REFERENCIAL"]
["CUSTOS HORÁRIOS DE MÁQUINAS E EQUIPAMENTOS","CHOR","COMPOSIÇÕES AUXILIARES","0329","","",93430,"USINA DE MISTURA ASFÁLTICA À QUENTE, TIPO CONTRA FLUXO, PROD 40 A 80 TON/HORA - JUROS. AF_05/2023","H","ATRIBUÍDO SÃO PAULO",36.340000000000003,"CAIXA REFERENCIAL"]
["CUSTOS HORÁRIOS DE MÁQUINAS E EQUIPAMENTOS","CHOR","COMPOSIÇÕES AUXILIARES","0329","","",93431,"USINA DE MISTURA ASFÁLTICA À QUENTE, TIPO CONTRA FLUXO, PROD 40 A 80 TON/HORA - MANUTENÇÃO. AF_05/2023","H","ATRIBUÍDO SÃO PAULO",138,"CAIXA REFERENCIAL"]
["CUSTOS HORÁRIOS DE MÁQUINAS E EQUIPAMENTOS","CHOR","COMPOSIÇÕES AUXILIARES","0329","","",93432,"USINA DE MISTURA ASFÁLTICA À QUENTE, TIPO CONTRA FLUXO, PROD 40 A 80 TON/HORA - MATERIAIS NA OPERAÇÃO. AF_05/2023","H","COLETADO",1962,"CAIXA REFERENCIAL"]
["CUSTOS HORÁRIOS DE MÁQUINAS E EQUIPAMENTOS","CHOR","COMPOSIÇÕES AUXILIARES","0329","","",93435,"USINA DE ASFALTO À FRIO, CAPACIDADE DE 40 A 60 TON/HORA, ELÉTRICA POTÊNCIA 30 CV - DEPRECIAÇÃO. AF_05/2023","H","ATRIBUÍDO SÃO PAULO",7.26,"CAIXA REFERENCIAL"]
["CUSTOS HORÁRIOS DE MÁQUINAS E EQUIPAMENTOS","CHOR","COMPOSIÇÕES AUXILIARES","0329","","",93436,"USINA DE ASFALTO À FRIO, CAPACIDADE DE 40 A 60 TON/HORA, ELÉTRICA POTÊNCIA 30 CV - JUROS. AF_05/2023","H","ATRIBUÍDO SÃO PAULO",2.04,"CAIXA REFERENCIAL"]
["CUSTOS HORÁRIOS DE MÁQUINAS E EQUIPAMENTOS","CHOR","COMPOSIÇÕES AUXILIARES","0329","","",93437,"USINA DE ASFALTO À FRIO, CAPACIDADE DE 40 A 60 TON/HORA, ELÉTRICA POTÊNCIA 30 CV - MANUTENÇÃO. AF_05/2023","H","ATRIBUÍDO SÃO PAULO",7.26,"CAIXA REFERENCIAL"]
["CUSTOS HORÁRIOS DE MÁQUINAS E EQUIPAMENTOS","CHOR","COMPOSIÇÕES AUXILIARES","0329","","",93438,"USINA DE ASFALTO À FRIO, CAPACIDADE DE 40 A 60 TON/HORA, ELÉTRICA POTÊNCIA 30 CV - MATERIAIS NA OPERAÇÃO. AF_05/2023","H","COLETADO",102.29,"CAIXA REFERENCIAL"]
["CUSTOS HORÁRIOS DE MÁQUINAS E EQUIPAMENTOS","CHOR","COMPOSIÇÕES AUXILIARES","0329","","",95114,"MARTELETE OU ROMPEDOR PNEUMÁTICO MANUAL, 28 KG, COM SILENCIADOR - DEPRECIAÇÃO. AF_07/2016","H","ATRIBUÍDO SÃO PAULO",1.36,"CAIXA REFERENCIAL"]
["CUSTOS HORÁRIOS DE MÁQUINAS E EQUIPAMENTOS","CHOR","COMPOSIÇÕES AUXILIARES","0329","","",95115,"MARTELETE OU ROMPEDOR PNEUMÁTICO MANUAL, 28 KG, COM SILENCIADOR - JUROS. AF_07/2016","H","ATRIBUÍDO SÃO PAULO",0.31,"CAIXA REFERENCIAL"]
["CUSTOS HORÁRIOS DE MÁQUINAS E EQUIPAMENTOS","CHOR","COMPOSIÇÕES AUXILIARES","0329","","",95116,"USINA DE CONCRETO FIXA, CAPACIDADE NOMINAL DE 90 A 120 M3/H, SEM SILO - DEPRECIAÇÃO. AF_07/2016","H","ATRIBUÍDO SÃO PAULO",32.549999999999997,"CAIXA REFERENCIAL"]
["CUSTOS HORÁRIOS DE MÁQUINAS E EQUIPAMENTOS","CHOR","COMPOSIÇÕES AUXILIARES","0329","","",95117,"USINA DE CONCRETO FIXA, CAPACIDADE NOMINAL DE 90 A 120 M3/H, SEM SILO - JUROS. AF_07/2016","H","ATRIBUÍDO SÃO PAULO",10.039999999999999,"CAIXA REFERENCIAL"]
["CUSTOS HORÁRIOS DE MÁQUINAS E EQUIPAMENTOS","CHOR","COMPOSIÇÕES AUXILIARES","0329","","",95118,"USINA MISTURADORA DE SOLOS, CAPACIDADE DE 200 A 500 TON/H, POTENCIA 75KW - DEPRECIAÇÃO. AF_07/2016","H","ATRIBUÍDO SÃO PAULO",54.22,"CAIXA REFERENCIAL"]
["CUSTOS HORÁRIOS DE MÁQUINAS E EQUIPAMENTOS","CHOR","COMPOSIÇÕES AUXILIARES","0329","","",95119,"USINA MISTURADORA DE SOLOS, CAPACIDADE DE 200 A 500 TON/H, POTENCIA 75KW - JUROS. AF_07/2016","H","ATRIBUÍDO SÃO PAULO",16.72,"CAIXA REFERENCIAL"]
["CUSTOS HORÁRIOS DE MÁQUINAS E EQUIPAMENTOS","CHOR","COMPOSIÇÕES AUXILIARES","0329","","",95120,"USINA MISTURADORA DE SOLOS, CAPACIDADE DE 200 A 500 TON/H, POTENCIA 75KW - MATERIAIS NA OPERAÇÃO. AF_07/2016","H","COEFICIENTE DE REPRESENTATIVIDADE",59.28,"CAIXA REFERENCIAL"]
["CUSTOS HORÁRIOS DE MÁQUINAS E EQUIPAMENTOS","CHOR","COMPOSIÇÕES AUXILIARES","0329","","",95123,"DISTRIBUIDOR DE AGREGADOS AUTOPROPELIDO, CAP 3 M3, A DIESEL, POTÊNCIA 176CV - DEPRECIAÇÃO. AF_07/2016","H","ATRIBUÍDO SÃO PAULO",17.87,"CAIXA REFERENCIAL"]
["CUSTOS HORÁRIOS DE MÁQUINAS E EQUIPAMENTOS","CHOR","COMPOSIÇÕES AUXILIARES","0329","","",95124,"DISTRIBUIDOR DE AGREGADOS AUTOPROPELIDO, C/AP 3 M3, A DIESEL, POTÊNCIA 176CV - JUROS. AF_07/2016","H","ATRIBUÍDO SÃO PAULO",5.51,"CAIXA REFERENCIAL"]
["CUSTOS HORÁRIOS DE MÁQUINAS E EQUIPAMENTOS","CHOR","COMPOSIÇÕES AUXILIARES","0329","","",95125,"DISTRIBUIDOR DE AGREGADOS AUTOPROPELIDO, CAP 3 M3, A DIESEL, POTÊNCIA 176CV - MANUTENÇÃO. AF_07/2016","H","ATRIBUÍDO SÃO PAULO",19.559999999999999,"CAIXA REFERENCIAL"]
["CUSTOS HORÁRIOS DE MÁQUINAS E EQUIPAMENTOS","CHOR","COMPOSIÇÕES AUXILIARES","0329","","",95126,"DISTRIBUIDOR DE AGREGADOS AUTOPROPELIDO, CAP 3 M3, A DIESEL, POTÊNCIA 176CV \u0096 MATERIAIS NA OPERAÇÃO. AF_07/2016","H","COLETADO",134.12,"CAIXA REFERENCIAL"]
["CUSTOS HORÁRIOS DE MÁQUINAS E EQUIPAMENTOS","CHOR","COMPOSIÇÕES AUXILIARES","0329","","",95129,"MÁQUINA DEMARCADORA DE FAIXA DE TRÁFEGO À FRIO, AUTOPROPELIDA, POTÊNCIA 38 HP - DEPRECIAÇÃO. AF_07/2016","H","ATRIBUÍDO SÃO PAULO",47.9,"CAIXA REFERENCIAL"]
["CUSTOS HORÁRIOS DE MÁQUINAS E EQUIPAMENTOS","CHOR","COMPOSIÇÕES AUXILIARES","0329","","",95130,"MÁQUINA DEMARCADORA DE FAIXA DE TRÁFEGO À FRIO, AUTOPROPELIDA, POTÊNCIA 38 HP - JUROS. AF_07/2016","H","ATRIBUÍDO SÃO PAULO",17.36,"CAIXA REFERENCIAL"]
["CUSTOS HORÁRIOS DE MÁQUINAS E EQUIPAMENTOS","CHOR","COMPOSIÇÕES AUXILIARES","0329","","",95131,"MÁQUINA DEMARCADORA DE FAIXA DE TRÁFEGO À FRIO, AUTOPROPELIDA, POTÊNCIA 38 HP - MANUTENÇÃO. AF_07/2016","H","ATRIBUÍDO SÃO PAULO",56.38,"CAIXA REFERENCIAL"]
["CUSTOS HORÁRIOS DE MÁQUINAS E EQUIPAMENTOS","CHOR","COMPOSIÇÕES AUXILIARES","0329","","",95132,"MÁQUINA DEMARCADORA DE FAIXA DE TRÁFEGO À FRIO, AUTOPROPELIDA, POTÊNCIA 38 HP - MATERIAIS NA OPERAÇÃO. AF_07/2016","H","COLETADO",29.37,"CAIXA REFERENCIAL"]
["CUSTOS HORÁRIOS DE MÁQUINAS E EQUIPAMENTOS","CHOR","COMPOSIÇÕES AUXILIARES","0329","","",95136,"TALHA MANUAL DE CORRENTE, CAPACIDADE DE 2 TON. COM ELEVAÇÃO DE 3 M - DEPRECIAÇÃO. AF_07/2016","H","ATRIBUÍDO SÃO PAULO",0.03,"CAIXA REFERENCIAL"]
["CUSTOS HORÁRIOS DE MÁQUINAS E EQUIPAMENTOS","CHOR","COMPOSIÇÕES AUXILIARES","0329","","",95137,"TALHA MANUAL DE CORRENTE, CAPACIDADE DE 2 TON. COM ELEVAÇÃO DE 3 M - JUROS. AF_07/2016","H","ATRIBUÍDO SÃO PAULO",0.01,"CAIXA REFERENCIAL"]
["CUSTOS HORÁRIOS DE MÁQUINAS E EQUIPAMENTOS","CHOR","COMPOSIÇÕES AUXILIARES","0329","","",95138,"TALHA MANUAL DE CORRENTE, CAPACIDADE DE 2 TON. COM ELEVAÇÃO DE 3 M - MANUTENÇÃO. AF_07/2016","H","ATRIBUÍDO SÃO PAULO",0.02,"CAIXA REFERENCIAL"]
["CUSTOS HORÁRIOS DE MÁQUINAS E EQUIPAMENTOS","CHOR","COMPOSIÇÕES AUXILIARES","0329","","",95208,"GRUA ASCENCIONAL, LANÇA DE 42 M, CAPACIDADE DE 1,5 T A 30 M, ALTURA ATÉ 39 M   DEPRECIAÇÃO. AF_05/2023","H","ATRIBUÍDO SÃO PAULO",31.76,"CAIXA REFERENCIAL"]
["CUSTOS HORÁRIOS DE MÁQUINAS E EQUIPAMENTOS","CHOR","COMPOSIÇÕES AUXILIARES","0329","","",95209,"GRUA ASCENCIONAL, LANCA DE 42 M, CAPACIDADE DE 1,5 T A 30 M, ALTURA ATE 39 M   JUROS. AF_05/2023","H","ATRIBUÍDO SÃO PAULO",11.75,"CAIXA REFERENCIAL"]
["CUSTOS HORÁRIOS DE MÁQUINAS E EQUIPAMENTOS","CHOR","COMPOSIÇÕES AUXILIARES","0329","","",95210,"GRUA ASCENCIONAL, LANCA DE 42 M, CAPACIDADE DE 1,5 T A 30 M, ALTURA ATE 39 M   MANUTENÇÃO. AF_05/2023","H","ATRIBUÍDO SÃO PAULO",31.76,"CAIXA REFERENCIAL"]
["CUSTOS HORÁRIOS DE MÁQUINAS E EQUIPAMENTOS","CHOR","COMPOSIÇÕES AUXILIARES","0329","","",95211,"GRUA ASCENCIONAL, LANCA DE 42 M, CAPACIDADE DE 1,5 T A 30 M, ALTURA ATE 39 M   MATERIAIS NA OPERAÇÃO. AF_05/2023","H","COEFICIENTE DE REPRESENTATIVIDADE",8.69,"CAIXA REFERENCIAL"]
["CUSTOS HORÁRIOS DE MÁQUINAS E EQUIPAMENTOS","CHOR","COMPOSIÇÕES AUXILIARES","0329","","",95217,"PULVERIZADOR DE TINTA ELÉTRICO/MÁQUINA DE PINTURA AIRLESS, VAZÃO 2 L/MIN - MATERIAIS NA OPERAÇÃO. AF_05/2023","H","COEFICIENTE DE REPRESENTATIVIDADE",0.7,"CAIXA REFERENCIAL"]
["CUSTOS HORÁRIOS DE MÁQUINAS E EQUIPAMENTOS","CHOR","COMPOSIÇÕES AUXILIARES","0329","","",95255,"MARTELO DEMOLIDOR PNEUMÁTICO MANUAL, 32 KG - DEPRECIAÇÃO. AF_09/2016","H","ATRIBUÍDO SÃO PAULO",1.21,"CAIXA REFERENCIAL"]
["CUSTOS HORÁRIOS DE MÁQUINAS E EQUIPAMENTOS","CHOR","COMPOSIÇÕES AUXILIARES","0329","","",95256,"MARTELO DEMOLIDOR PNEUMÁTICO MANUAL, 32 KG - JUROS. AF_09/2016","H","ATRIBUÍDO SÃO PAULO",0.27,"CAIXA REFERENCIAL"]
["CUSTOS HORÁRIOS DE MÁQUINAS E EQUIPAMENTOS","CHOR","COMPOSIÇÕES AUXILIARES","0329","","",95257,"MARTELO DEMOLIDOR PNEUMÁTICO MANUAL, 32 KG - MANUTENÇÃO. AF_09/2016","H","ATRIBUÍDO SÃO PAULO",1.51,"CAIXA REFERENCIAL"]
["CUSTOS HORÁRIOS DE MÁQUINAS E EQUIPAMENTOS","CHOR","COMPOSIÇÕES AUXILIARES","0329","","",95260,"COMPACTADOR DE SOLOS DE PERCUSÃO (SOQUETE) COM MOTOR A GASOLINA, POTÊNCIA 3 CV - DEPRECIAÇÃO. AF_09/2016","H","ATRIBUÍDO SÃO PAULO",0.56999999999999995,"CAIXA REFERENCIAL"]
["CUSTOS HORÁRIOS DE MÁQUINAS E EQUIPAMENTOS","CHOR","COMPOSIÇÕES AUXILIARES","0329","","",95261,"COMPACTADOR DE SOLOS DE PERCUSÃO (SOQUETE) COM MOTOR A GASOLINA, POTÊNCIA 3 CV - JUROS. AF_09/2016","H","ATRIBUÍDO SÃO PAULO",0.27,"CAIXA REFERENCIAL"]
["CUSTOS HORÁRIOS DE MÁQUINAS E EQUIPAMENTOS","CHOR","COMPOSIÇÕES AUXILIARES","0329","","",95262,"COMPACTADOR DE SOLOS DE PERCUSÃO (SOQUETE) COM MOTOR A GASOLINA, POTÊNCIA 3 CV - MANUTENÇÃO. AF_09/2016","H","ATRIBUÍDO SÃO PAULO",1.26,"CAIXA REFERENCIAL"]
["CUSTOS HORÁRIOS DE MÁQUINAS E EQUIPAMENTOS","CHOR","COMPOSIÇÕES AUXILIARES","0329","","",95263,"COMPACTADOR DE SOLOS DE PERCUSÃO (SOQUETE) COM MOTOR A GASOLINA, POTÊNCIA 3 CV - MATERIAIS NA OPERAÇÃO. AF_09/2016","H","COLETADO",4.2300000000000004,"CAIXA REFERENCIAL"]
["CUSTOS HORÁRIOS DE MÁQUINAS E EQUIPAMENTOS","CHOR","COMPOSIÇÕES AUXILIARES","0329","","",95266,"RÉGUA VIBRATÓRIA DUPLA PARA CONCRETO, PESO DE 60KG, COMPRIMENTO 4 M, COM MOTOR A GASOLINA, POTÊNCIA 5,5 HP - DEPRECIAÇÃO. AF_09/2016","H","ATRIBUÍDO SÃO PAULO",0.43,"CAIXA REFERENCIAL"]
["CUSTOS HORÁRIOS DE MÁQUINAS E EQUIPAMENTOS","CHOR","COMPOSIÇÕES AUXILIARES","0329","","",95267,"RÉGUA VIBRATÓRIA DUPLA PARA CONCRETO, PESO DE 60KG, COMPRIMENTO 4 M, COM MOTOR A GASOLINA, POTÊNCIA 5,5 HP - JUROS. AF_09/2016","H","ATRIBUÍDO SÃO PAULO",0.08,"CAIXA REFERENCIAL"]
["CUSTOS HORÁRIOS DE MÁQUINAS E EQUIPAMENTOS","CHOR","COMPOSIÇÕES AUXILIARES","0329","","",95268,"RÉGUA VIBRATÓRIA DUPLA PARA CONCRETO, PESO DE 60KG, COMPRIMENTO 4 M, COM MOTOR A GASOLINA, POTÊNCIA 5,5 HP - MANUTENÇÃO. AF_09/2016","H","ATRIBUÍDO SÃO PAULO",0.42,"CAIXA REFERENCIAL"]
["CUSTOS HORÁRIOS DE MÁQUINAS E EQUIPAMENTOS","CHOR","COMPOSIÇÕES AUXILIARES","0329","","",95269,"RÉGUA VIBRATÓRIA DUPLA PARA CONCRETO, PESO DE 60KG, COMPRIMENTO 4 M, COM MOTOR A GASOLINA, POTÊNCIA 5,5 HP \u0096 MATERIAIS NA OPERAÇÃO. AF_09/2016","H","COLETADO",7.81,"CAIXA REFERENCIAL"]
["CUSTOS HORÁRIOS DE MÁQUINAS E EQUIPAMENTOS","CHOR","COMPOSIÇÕES AUXILIARES","0329","","",95272,"POLIDORA DE PISO (POLITRIZ), PESO DE 100KG, DIÂMETRO 450 MM, MOTOR ELÉTRICO, POTÊNCIA 4 HP - DEPRECIAÇÃO. AF_05/2023","H","ATRIBUÍDO SÃO PAULO",0.39,"CAIXA REFERENCIAL"]
["CUSTOS HORÁRIOS DE MÁQUINAS E EQUIPAMENTOS","CHOR","COMPOSIÇÕES AUXILIARES","0329","","",95273,"POLIDORA DE PISO (POLITRIZ), PESO DE 100KG, DIÂMETRO 450 MM, MOTOR ELÉTRICO, POTÊNCIA 4 HP - JUROS. AF_05/2023","H","ATRIBUÍDO SÃO PAULO",0.09,"CAIXA REFERENCIAL"]
["CUSTOS HORÁRIOS DE MÁQUINAS E EQUIPAMENTOS","CHOR","COMPOSIÇÕES AUXILIARES","0329","","",95274,"POLIDORA DE PISO (POLITRIZ), PESO DE 100KG, DIÂMETRO 450 MM, MOTOR ELÉTRICO, POTÊNCIA 4 HP - MANUTENÇÃO. AF_05/2023","H","ATRIBUÍDO SÃO PAULO",0.33,"CAIXA REFERENCIAL"]
["CUSTOS HORÁRIOS DE MÁQUINAS E EQUIPAMENTOS","CHOR","COMPOSIÇÕES AUXILIARES","0329","","",95275,"POLIDORA DE PISO (POLITRIZ), PESO DE 100KG, DIÂMETRO 450 MM, MOTOR ELÉTRICO, POTÊNCIA 4 HP - MATERIAIS NA OPERAÇÃO. AF_05/2023","H","COEFICIENTE DE REPRESENTATIVIDADE",2.35,"CAIXA REFERENCIAL"]
["CUSTOS HORÁRIOS DE MÁQUINAS E EQUIPAMENTOS","CHOR","COMPOSIÇÕES AUXILIARES","0329","","",95278,"DESEMPENADEIRA DE CONCRETO, PESO DE 78 KG, 4 PÁS, MOTOR A GASOLINA, POTÊNCIA 5,5 HP - DEPRECIAÇÃO. AF_05/2023","H","ATRIBUÍDO SÃO PAULO",0.5,"CAIXA REFERENCIAL"]
["CUSTOS HORÁRIOS DE MÁQUINAS E EQUIPAMENTOS","CHOR","COMPOSIÇÕES AUXILIARES","0329","","",95279,"DESEMPENADEIRA DE CONCRETO, PESO DE 78 KG, 4 PÁS, MOTOR A GASOLINA, POTÊNCIA 5,5 HP - JUROS. AF_05/2023","H","ATRIBUÍDO SÃO PAULO",0.1,"CAIXA REFERENCIAL"]
["CUSTOS HORÁRIOS DE MÁQUINAS E EQUIPAMENTOS","CHOR","COMPOSIÇÕES AUXILIARES","0329","","",95280,"DESEMPENADEIRA DE CONCRETO, PESO DE 78 KG, 4 PÁS, MOTOR A GASOLINA, POTÊNCIA 5,5 HP - MANUTENÇÃO. AF_05/2023","H","ATRIBUÍDO SÃO PAULO",0.5,"CAIXA REFERENCIAL"]
["CUSTOS HORÁRIOS DE MÁQUINAS E EQUIPAMENTOS","CHOR","COMPOSIÇÕES AUXILIARES","0329","","",95281,"DESEMPENADEIRA DE CONCRETO, PESO DE 78 KG, 4 PÁS, MOTOR A GASOLINA, POTÊNCIA 5,5 HP   MATERIAIS NA OPERAÇÃO. AF_05/2023","H","COLETADO",7.79,"CAIXA REFERENCIAL"]
["CUSTOS HORÁRIOS DE MÁQUINAS E EQUIPAMENTOS","CHOR","COMPOSIÇÕES AUXILIARES","0329","","",95617,"PERFURATRIZ PNEUMATICA MANUAL DE PESO MEDIO, MARTELETE, 18KG, COMPRIMENTO MÁXIMO DE CURSO DE 6 M, DIAMETRO DO PISTAO DE 5,5 CM - DEPRECIAÇÃO. AF_11/2016","H","ATRIBUÍDO SÃO PAULO",0.99,"CAIXA REFERENCIAL"]
["CUSTOS HORÁRIOS DE MÁQUINAS E EQUIPAMENTOS","CHOR","COMPOSIÇÕES AUXILIARES","0329","","",95618,"PERFURATRIZ PNEUMATICA MANUAL DE PESO MEDIO, MARTELETE, 18KG, COMPRIMENTO MÁXIMO DE CURSO DE 6 M, DIAMETRO DO PISTAO DE 5,5 CM - JUROS. AF_11/2016","H","ATRIBUÍDO SÃO PAULO",0.22,"CAIXA REFERENCIAL"]
["CUSTOS HORÁRIOS DE MÁQUINAS E EQUIPAMENTOS","CHOR","COMPOSIÇÕES AUXILIARES","0329","","",95619,"PERFURATRIZ PNEUMATICA MANUAL DE PESO MEDIO, MARTELETE, 18KG, COMPRIMENTO MÁXIMO DE CURSO DE 6 M, DIAMETRO DO PISTAO DE 5,5 CM - MANUTENÇÃO. AF_11/2016","H","ATRIBUÍDO SÃO PAULO",1.24,"CAIXA REFERENCIAL"]
["CUSTOS HORÁRIOS DE MÁQUINAS E EQUIPAMENTOS","CHOR","COMPOSIÇÕES AUXILIARES","0329","","",95627,"ROLO COMPACTADOR VIBRATORIO TANDEM, ACO LISO, POTENCIA 125 HP, PESO SEM/COM LASTRO 10,20/11,65 T, LARGURA DE TRABALHO 1,73 M - DEPRECIAÇÃO. AF_11/2016","H","ATRIBUÍDO SÃO PAULO",47.05,"CAIXA REFERENCIAL"]
["CUSTOS HORÁRIOS DE MÁQUINAS E EQUIPAMENTOS","CHOR","COMPOSIÇÕES AUXILIARES","0329","","",95628,"ROLO COMPACTADOR VIBRATORIO TANDEM, ACO LISO, POTENCIA 125 HP, PESO SEM/COM LASTRO 10,20/11,65 T, LARGURA DE TRABALHO 1,73 M - JUROS. AF_11/2016","H","ATRIBUÍDO SÃO PAULO",12.62,"CAIXA REFERENCIAL"]
["CUSTOS HORÁRIOS DE MÁQUINAS E EQUIPAMENTOS","CHOR","COMPOSIÇÕES AUXILIARES","0329","","",95629,"ROLO COMPACTADOR VIBRATORIO TANDEM, ACO LISO, POTENCIA 125 HP, PESO SEM/COM LASTRO 10,20/11,65 T, LARGURA DE TRABALHO 1,73 M - MANUTENÇÃO. AF_11/2016","H","ATRIBUÍDO SÃO PAULO",58.88,"CAIXA REFERENCIAL"]
["CUSTOS HORÁRIOS DE MÁQUINAS E EQUIPAMENTOS","CHOR","COMPOSIÇÕES AUXILIARES","0329","","",95630,"ROLO COMPACTADOR VIBRATORIO TANDEM, ACO LISO, POTENCIA 125 HP, PESO SEM/COM LASTRO 10,20/11,65 T, LARGURA DE TRABALHO 1,73 M - MATERIAIS NA OPERAÇÃO. AF_11/2016","H","COLETADO",81.31,"CAIXA REFERENCIAL"]
["CUSTOS HORÁRIOS DE MÁQUINAS E EQUIPAMENTOS","CHOR","COMPOSIÇÕES AUXILIARES","0329","","",95698,"PERFURATRIZ MANUAL, TORQUE MAXIMO 55 KGF.M, POTENCIA 5 CV, COM DIAMETRO MAXIMO 8 1/2\" - DEPRECIAÇÃO. AF_11/2016","H","ATRIBUÍDO SÃO PAULO",4.0199999999999996,"CAIXA REFERENCIAL"]
["CUSTOS HORÁRIOS DE MÁQUINAS E EQUIPAMENTOS","CHOR","COMPOSIÇÕES AUXILIARES","0329","","",95699,"PERFURATRIZ MANUAL, TORQUE MAXIMO 55 KGF.M, POTENCIA 5 CV, COM DIAMETRO MAXIMO 8 1/2\" - JUROS. AF_11/2016","H","ATRIBUÍDO SÃO PAULO",0.93,"CAIXA REFERENCIAL"]
["CUSTOS HORÁRIOS DE MÁQUINAS E EQUIPAMENTOS","CHOR","COMPOSIÇÕES AUXILIARES","0329","","",95700,"PERFURATRIZ MANUAL, TORQUE MAXIMO 55 KGF.M, POTENCIA 5 CV, COM DIAMETRO MAXIMO 8 1/2\" - MANUTENÇÃO. AF_11/2016","H","ATRIBUÍDO SÃO PAULO",5.0199999999999996,"CAIXA REFERENCIAL"]
["CUSTOS HORÁRIOS DE MÁQUINAS E EQUIPAMENTOS","CHOR","COMPOSIÇÕES AUXILIARES","0329","","",95701,"PERFURATRIZ MANUAL, TORQUE MAXIMO 55 KGF.M, POTENCIA 5 CV, COM DIAMETRO MAXIMO 8 1/2\" - MATERIAIS NA OPERAÇÃO. AF_11/2016","H","COEFICIENTE DE REPRESENTATIVIDADE",2.91,"CAIXA REFERENCIAL"]
["CUSTOS HORÁRIOS DE MÁQUINAS E EQUIPAMENTOS","CHOR","COMPOSIÇÕES AUXILIARES","0329","","",95704,"PERFURATRIZ SOBRE ESTEIRA, TORQUE MÁXIMO 600 KGF, POTÊNCIA ENTRE 50 E 60 HP, DIÂMETRO MÁXIMO 10\u0094 - DEPRECIAÇÃO. AF_11/2016","H","ATRIBUÍDO SÃO PAULO",44.23,"CAIXA REFERENCIAL"]
["CUSTOS HORÁRIOS DE MÁQUINAS E EQUIPAMENTOS","CHOR","COMPOSIÇÕES AUXILIARES","0329","","",95705,"PERFURATRIZ SOBRE ESTEIRA, TORQUE MÁXIMO 600 KGF, POTÊNCIA ENTRE 50 E 60 HP, DIÂMETRO MÁXIMO 10\u0094 - JUROS. AF_11/2016","H","ATRIBUÍDO SÃO PAULO",11.86,"CAIXA REFERENCIAL"]
["CUSTOS HORÁRIOS DE MÁQUINAS E EQUIPAMENTOS","CHOR","COMPOSIÇÕES AUXILIARES","0329","","",95706,"PERFURATRIZ SOBRE ESTEIRA, TORQUE MÁXIMO 600 KGF, POTÊNCIA ENTRE 50 E 60 HP, DIÂMETRO MÁXIMO 10\u0094 - MANUTENÇÃO. AF_11/2016","H","ATRIBUÍDO SÃO PAULO",55.35,"CAIXA REFERENCIAL"]
["CUSTOS HORÁRIOS DE MÁQUINAS E EQUIPAMENTOS","CHOR","COMPOSIÇÕES AUXILIARES","0329","","",95707,"PERFURATRIZ SOBRE ESTEIRA, TORQUE MÁXIMO 600 KGF, POTÊNCIA ENTRE 50 E 60 HP, DIÂMETRO MÁXIMO 10\u0094 - MATERIAIS NA OPERAÇÃO. AF_11/2016","H","COEFICIENTE DE REPRESENTATIVIDADE",3.81,"CAIXA REFERENCIAL"]
["CUSTOS HORÁRIOS DE MÁQUINAS E EQUIPAMENTOS","CHOR","COMPOSIÇÕES AUXILIARES","0329","","",95710,"ESCAVADEIRA HIDRAULICA SOBRE ESTEIRA, COM GARRA GIRATORIA DE MANDIBULAS, PESO OPERACIONAL ENTRE 22,00 E 25,50 TON, POTENCIA LIQUIDA ENTRE 150 E 160 HP - DEPRECIAÇÃO. AF_11/2016","H","ATRIBUÍDO SÃO PAULO",53.16,"CAIXA REFERENCIAL"]
["CUSTOS HORÁRIOS DE MÁQUINAS E EQUIPAMENTOS","CHOR","COMPOSIÇÕES AUXILIARES","0329","","",95711,"ESCAVADEIRA HIDRAULICA SOBRE ESTEIRA, COM GARRA GIRATORIA DE MANDIBULAS, PESO OPERACIONAL ENTRE 22,00 E 25,50 TON, POTENCIA LIQUIDA ENTRE 150 E 160 HP - JUROS. AF_11/2016","H","ATRIBUÍDO SÃO PAULO",14.04,"CAIXA REFERENCIAL"]
["CUSTOS HORÁRIOS DE MÁQUINAS E EQUIPAMENTOS","CHOR","COMPOSIÇÕES AUXILIARES","0329","","",95712,"ESCAVADEIRA HIDRAULICA SOBRE ESTEIRA, COM GARRA GIRATORIA DE MANDIBULAS, PESO OPERACIONAL ENTRE 22,00 E 25,50 TON, POTENCIA LIQUIDA ENTRE 150 E 160 HP - MANUTENÇÃO. AF_11/2016","H","ATRIBUÍDO SÃO PAULO",66.45,"CAIXA REFERENCIAL"]
["CUSTOS HORÁRIOS DE MÁQUINAS E EQUIPAMENTOS","CHOR","COMPOSIÇÕES AUXILIARES","0329","","",95713,"ESCAVADEIRA HIDRAULICA SOBRE ESTEIRA, COM GARRA GIRATORIA DE MANDIBULAS, PESO OPERACIONAL ENTRE 22,00 E 25,50 TON, POTENCIA LIQUIDA ENTRE 150 E 160 HP - MATERIAIS NA OPERAÇÃO. AF_11/2016","H","COLETADO",81.91,"CAIXA REFERENCIAL"]
["CUSTOS HORÁRIOS DE MÁQUINAS E EQUIPAMENTOS","CHOR","COMPOSIÇÕES AUXILIARES","0329","","",95716,"ESCAVADEIRA HIDRAULICA SOBRE ESTEIRA, EQUIPADA COM CLAMSHELL, COM CAPACIDADE DA CAÇAMBA ENTRE 1,20 E 1,50 M3, PESO OPERACIONAL ENTRE 20,00 E 22,00 TON, POTENCIA LIQUIDA ENTRE 150 E 160 HP - DEPRECIAÇÃO. AF_11/2016","H","ATRIBUÍDO SÃO PAULO",51.17,"CAIXA REFERENCIAL"]
["CUSTOS HORÁRIOS DE MÁQUINAS E EQUIPAMENTOS","CHOR","COMPOSIÇÕES AUXILIARES","0329","","",95717,"ESCAVADEIRA HIDRAULICA SOBRE ESTEIRA, EQUIPADA COM CLAMSHELL, COM CAPACIDADE DA CAÇAMBA ENTRE 1,20 E 1,50 M3, PESO OPERACIONAL ENTRE 20,00 E 22,00 TON, POTENCIA LIQUIDA ENTRE 150 E 160 HP - JUROS. AF_11/2016","H","ATRIBUÍDO SÃO PAULO",13.52,"CAIXA REFERENCIAL"]
["CUSTOS HORÁRIOS DE MÁQUINAS E EQUIPAMENTOS","CHOR","COMPOSIÇÕES AUXILIARES","0329","","",95718,"ESCAVADEIRA HIDRAULICA SOBRE ESTEIRA, EQUIPADA COM CLAMSHELL, COM CAPACIDADE DA CAÇAMBA ENTRE 1,20 E 1,50 M3, PESO OPERACIONAL ENTRE 20,00 E 22,00 TON, POTENCIA LIQUIDA ENTRE 150 E 160 HP - MANUTENÇÃO. AF_11/2016","H","ATRIBUÍDO SÃO PAULO",63.97,"CAIXA REFERENCIAL"]
["CUSTOS HORÁRIOS DE MÁQUINAS E EQUIPAMENTOS","CHOR","COMPOSIÇÕES AUXILIARES","0329","","",95719,"ESCAVADEIRA HIDRAULICA SOBRE ESTEIRA, EQUIPADA COM CLAMSHELL, COM CAPACIDADE DA CAÇAMBA ENTRE 1,20 E 1,50 M3, PESO OPERACIONAL ENTRE 20,00 E 22,00 TON, POTENCIA LIQUIDA ENTRE 150 E 160 HP - MATERIAIS NA OPERAÇÃO. AF_11/2016","H","COLETADO",81.91,"CAIXA REFERENCIAL"]
["CUSTOS HORÁRIOS DE MÁQUINAS E EQUIPAMENTOS","CHOR","COMPOSIÇÕES AUXILIARES","0329","","",95869,"GRUPO GERADOR COM CARENAGEM, MOTOR DIESEL POTÊNCIA STANDART ENTRE 250 E 260 KVA - JUROS. AF_12/2016","H","ATRIBUÍDO SÃO PAULO",2.95,"CAIXA REFERENCIAL"]
["CUSTOS HORÁRIOS DE MÁQUINAS E EQUIPAMENTOS","CHOR","COMPOSIÇÕES AUXILIARES","0329","","",95870,"GRUPO GERADOR COM CARENAGEM, MOTOR DIESEL POTÊNCIA STANDART ENTRE 250 E 260 KVA - MANUTENÇÃO. AF_12/2016","H","ATRIBUÍDO SÃO PAULO",7.49,"CAIXA REFERENCIAL"]
["CUSTOS HORÁRIOS DE MÁQUINAS E EQUIPAMENTOS","CHOR","COMPOSIÇÕES AUXILIARES","0329","","",95871,"GRUPO GERADOR COM CARENAGEM, MOTOR DIESEL POTÊNCIA STANDART ENTRE 250 E 260 KVA - MATERIAIS NA OPERAÇÃO. AF_12/2016","H","COLETADO",248.73,"CAIXA REFERENCIAL"]
["CUSTOS HORÁRIOS DE MÁQUINAS E EQUIPAMENTOS","CHOR","COMPOSIÇÕES AUXILIARES","0329","","",95874,"GRUPO GERADOR COM CARENAGEM, MOTOR DIESEL POTÊNCIA STANDART ENTRE 250 E 260 KVA - DEPRECIAÇÃO. AF_12/2016","H","ATRIBUÍDO SÃO PAULO",8.39,"CAIXA REFERENCIAL"]
["CUSTOS HORÁRIOS DE MÁQUINAS E EQUIPAMENTOS","CHOR","COMPOSIÇÕES AUXILIARES","0329","","",96008,"TRATOR DE PNEUS COM POTÊNCIA DE 122 CV, TRAÇÃO 4X4, COM VASSOURA MECÂNICA ACOPLADA - DEPRECIAÇÃO. AF_02/2017","H","ATRIBUÍDO SÃO PAULO",22.9,"CAIXA REFERENCIAL"]
["CUSTOS HORÁRIOS DE MÁQUINAS E EQUIPAMENTOS","CHOR","COMPOSIÇÕES AUXILIARES","0329","","",96009,"TRATOR DE PNEUS COM POTÊNCIA DE 122 CV, TRAÇÃO 4X4, COM VASSOURA MECÂNICA ACOPLADA - JUROS. AF_02/2017","H","ATRIBUÍDO SÃO PAULO",6.13,"CAIXA REFERENCIAL"]
["CUSTOS HORÁRIOS DE MÁQUINAS E EQUIPAMENTOS","CHOR","COMPOSIÇÕES AUXILIARES","0329","","",96011,"TRATOR DE PNEUS COM POTÊNCIA DE 122 CV, TRAÇÃO 4X4, COM VASSOURA MECÂNICA ACOPLADA - MANUTENÇÃO. AF_02/2017","H","ATRIBUÍDO SÃO PAULO",25.05,"CAIXA REFERENCIAL"]
["CUSTOS HORÁRIOS DE MÁQUINAS E EQUIPAMENTOS","CHOR","COMPOSIÇÕES AUXILIARES","0329","","",96012,"TRATOR DE PNEUS COM POTÊNCIA DE 122 CV, TRAÇÃO 4X4, COM VASSOURA MECÂNICA ACOPLADA - MATERIAIS NA OPERAÇÃO. AF_02/2017","H","COLETADO",88.07,"CAIXA REFERENCIAL"]
["CUSTOS HORÁRIOS DE MÁQUINAS E EQUIPAMENTOS","CHOR","COMPOSIÇÕES AUXILIARES","0329","","",96015,"TRATOR DE PNEUS COM POTÊNCIA DE 122 CV, TRAÇÃO 4X4, COM GRADE DE DISCOS ACOPLADA - DEPRECIAÇÃO. AF_02/2017","H","ATRIBUÍDO SÃO PAULO",22.68,"CAIXA REFERENCIAL"]
["CUSTOS HORÁRIOS DE MÁQUINAS E EQUIPAMENTOS","CHOR","COMPOSIÇÕES AUXILIARES","0329","","",96016,"TRATOR DE PNEUS COM POTÊNCIA DE 122 CV, TRAÇÃO 4X4, COM GRADE DE DISCOS ACOPLADA - JUROS. AF_02/2017","H","ATRIBUÍDO SÃO PAULO",6.07,"CAIXA REFERENCIAL"]
["CUSTOS HORÁRIOS DE MÁQUINAS E EQUIPAMENTOS","CHOR","COMPOSIÇÕES AUXILIARES","0329","","",96018,"TRATOR DE PNEUS COM POTÊNCIA DE 122 CV, TRAÇÃO 4X4, COM GRADE DE DISCOS ACOPLADA - MANUTENÇÃO. AF_02/2017","H","ATRIBUÍDO SÃO PAULO",24.81,"CAIXA REFERENCIAL"]
["CUSTOS HORÁRIOS DE MÁQUINAS E EQUIPAMENTOS","CHOR","COMPOSIÇÕES AUXILIARES","0329","","",96019,"TRATOR DE PNEUS COM POTÊNCIA DE 122 CV, TRAÇÃO 4X4, COM GRADE DE DISCOS ACOPLADA - MATERIAIS NA OPERAÇÃO. AF_02/2017","H","COLETADO",88.07,"CAIXA REFERENCIAL"]
["CUSTOS HORÁRIOS DE MÁQUINAS E EQUIPAMENTOS","CHOR","COMPOSIÇÕES AUXILIARES","0329","","",96023,"TRATOR DE PNEUS COM POTÊNCIA DE 85 CV, TRAÇÃO 4X4, COM GRADE DE DISCOS ACOPLADA - DEPRECIAÇÃO. AF_02/2017","H","ATRIBUÍDO SÃO PAULO",17.600000000000001,"CAIXA REFERENCIAL"]
["CUSTOS HORÁRIOS DE MÁQUINAS E EQUIPAMENTOS","CHOR","COMPOSIÇÕES AUXILIARES","0329","","",96024,"TRATOR DE PNEUS COM POTÊNCIA DE 85 CV, TRAÇÃO 4X4, COM GRADE DE DISCOS ACOPLADA - JUROS. AF_02/2017","H","ATRIBUÍDO SÃO PAULO",4.71,"CAIXA REFERENCIAL"]
["CUSTOS HORÁRIOS DE MÁQUINAS E EQUIPAMENTOS","CHOR","COMPOSIÇÕES AUXILIARES","0329","","",96026,"TRATOR DE PNEUS COM POTÊNCIA DE 85 CV, TRAÇÃO 4X4, COM GRADE DE DISCOS ACOPLADA - MANUTENÇÃO. AF_02/2017","H","ATRIBUÍDO SÃO PAULO",19.260000000000002,"CAIXA REFERENCIAL"]
["CUSTOS HORÁRIOS DE MÁQUINAS E EQUIPAMENTOS","CHOR","COMPOSIÇÕES AUXILIARES","0329","","",96027,"TRATOR DE PNEUS COM POTÊNCIA DE 85 CV, TRAÇÃO 4X4, COM GRADE DE DISCOS ACOPLADA - MATERIAIS NA OPERAÇÃO. AF_02/2017","H","COLETADO",61.36,"CAIXA REFERENCIAL"]
["CUSTOS HORÁRIOS DE MÁQUINAS E EQUIPAMENTOS","CHOR","COMPOSIÇÕES AUXILIARES","0329","","",96030,"CAMINHÃO BASCULANTE 10 M3, TRUCADO, POTÊNCIA 230 CV, INCLUSIVE CAÇAMBA METÁLICA, COM DISTRIBUIDOR DE AGREGADOS ACOPLADO - DEPRECIAÇÃO. AF_02/2017","H","ATRIBUÍDO SÃO PAULO",33.96,"CAIXA REFERENCIAL"]
["CUSTOS HORÁRIOS DE MÁQUINAS E EQUIPAMENTOS","CHOR","COMPOSIÇÕES AUXILIARES","0329","","",96031,"CAMINHÃO BASCULANTE 10 M3, TRUCADO, POTÊNCIA 230 CV, INCLUSIVE CAÇAMBA METÁLICA, COM DISTRIBUIDOR DE AGREGADOS ACOPLADO - JUROS. AF_02/2017","H","ATRIBUÍDO SÃO PAULO",12.87,"CAIXA REFERENCIAL"]
["CUSTOS HORÁRIOS DE MÁQUINAS E EQUIPAMENTOS","CHOR","COMPOSIÇÕES AUXILIARES","0329","","",96032,"CAMINHÃO BASCULANTE 10 M3, TRUCADO, POTÊNCIA 230 CV, INCLUSIVE CAÇAMBA METÁLICA, COM DISTRIBUIDOR DE AGREGADOS ACOPLADO - IMPOSTOS E SEGUROS. AF_02/2017","H","ATRIBUÍDO SÃO PAULO",5.16,"CAIXA REFERENCIAL"]
["CUSTOS HORÁRIOS DE MÁQUINAS E EQUIPAMENTOS","CHOR","COMPOSIÇÕES AUXILIARES","0329","","",96033,"CAMINHÃO BASCULANTE 10 M3, TRUCADO, POTÊNCIA 230 CV, INCLUSIVE CAÇAMBA METÁLICA, COM DISTRIBUIDOR DE AGREGADOS ACOPLADO - MANUTENÇÃO. AF_02/2017","H","ATRIBUÍDO SÃO PAULO",58.42,"CAIXA REFERENCIAL"]
["CUSTOS HORÁRIOS DE MÁQUINAS E EQUIPAMENTOS","CHOR","COMPOSIÇÕES AUXILIARES","0329","","",96034,"CAMINHÃO BASCULANTE 10 M3, TRUCADO, POTÊNCIA 230 CV, INCLUSIVE CAÇAMBA METÁLICA, COM DISTRIBUIDOR DE AGREGADOS ACOPLADO - MATERIAIS NA OPERAÇÃO. AF_02/2017","H","COLETADO",129.16,"CAIXA REFERENCIAL"]
["CUSTOS HORÁRIOS DE MÁQUINAS E EQUIPAMENTOS","CHOR","COMPOSIÇÕES AUXILIARES","0329","","",96053,"TRATOR DE PNEUS COM POTÊNCIA DE 85 CV, TRAÇÃO 4X4, COM VASSOURA MECÂNICA ACOPLADA - DEPRECIAÇÃO. AF_03/2017","H","ATRIBUÍDO SÃO PAULO",17.82,"CAIXA REFERENCIAL"]
["CUSTOS HORÁRIOS DE MÁQUINAS E EQUIPAMENTOS","CHOR","COMPOSIÇÕES AUXILIARES","0329","","",96054,"MINICARREGADEIRA SOBRE RODAS POTENCIA 47HP CAPACIDADE OPERACAO 646 KG, COM VASSOURA MECÂNICA ACOPLADA - DEPRECIAÇÃO. AF_03/2017","H","ATRIBUÍDO SÃO PAULO",31.46,"CAIXA REFERENCIAL"]
["CUSTOS HORÁRIOS DE MÁQUINAS E EQUIPAMENTOS","CHOR","COMPOSIÇÕES AUXILIARES","0329","","",96055,"TRATOR DE PNEUS COM POTÊNCIA DE 85 CV, TRAÇÃO 4X4, COM VASSOURA MECÂNICA ACOPLADA - JUROS. AF_03/2017","H","ATRIBUÍDO SÃO PAULO",4.7699999999999996,"CAIXA REFERENCIAL"]
["CUSTOS HORÁRIOS DE MÁQUINAS E EQUIPAMENTOS","CHOR","COMPOSIÇÕES AUXILIARES","0329","","",96056,"TRATOR DE PNEUS COM POTÊNCIA DE 85 CV, TRAÇÃO 4X4, COM VASSOURA MECÂNICA ACOPLADA - MANUTENÇÃO. AF_03/2017","H","ATRIBUÍDO SÃO PAULO",19.5,"CAIXA REFERENCIAL"]
["CUSTOS HORÁRIOS DE MÁQUINAS E EQUIPAMENTOS","CHOR","COMPOSIÇÕES AUXILIARES","0329","","",96057,"TRATOR DE PNEUS COM POTÊNCIA DE 85 CV, TRAÇÃO 4X4, COM VASSOURA MECÂNICA ACOPLADA - MATERIAIS NA OPERAÇÃO. AF_03/2017","H","COLETADO",61.36,"CAIXA REFERENCIAL"]
["CUSTOS HORÁRIOS DE MÁQUINAS E EQUIPAMENTOS","CHOR","COMPOSIÇÕES AUXILIARES","0329","","",96060,"MINICARREGADEIRA SOBRE RODAS POTENCIA 47HP CAPACIDADE OPERACAO 646 KG, COM VASSOURA MECÂNICA ACOPLADA - JUROS. AF_03/2017","H","ATRIBUÍDO SÃO PAULO",6.13,"CAIXA REFERENCIAL"]
["CUSTOS HORÁRIOS DE MÁQUINAS E EQUIPAMENTOS","CHOR","COMPOSIÇÕES AUXILIARES","0329","","",96061,"MINICARREGADEIRA SOBRE RODAS POTENCIA 47HP CAPACIDADE OPERACAO 646 KG, COM VASSOURA MECÂNICA ACOPLADA - MANUTENÇÃO. AF_03/2017","H","ATRIBUÍDO SÃO PAULO",39.32,"CAIXA REFERENCIAL"]
["CUSTOS HORÁRIOS DE MÁQUINAS E EQUIPAMENTOS","CHOR","COMPOSIÇÕES AUXILIARES","0329","","",96062,"MINICARREGADEIRA SOBRE RODAS POTENCIA 47HP CAPACIDADE OPERACAO 646 KG, COM VASSOURA MECÂNICA ACOPLADA - MATERIAIS NA OPERAÇÃO. AF_03/2017","H","COLETADO",36.29,"CAIXA REFERENCIAL"]
["CUSTOS HORÁRIOS DE MÁQUINAS E EQUIPAMENTOS","CHOR","COMPOSIÇÕES AUXILIARES","0329","","",96241,"MINIESCAVADEIRA SOBRE ESTEIRAS, POTENCIA LIQUIDA DE *30* HP, PESO OPERACIONAL DE *3.500* KG - DEPRECIACAO. AF_04/2017","H","ATRIBUÍDO SÃO PAULO",27.2,"CAIXA REFERENCIAL"]
["CUSTOS HORÁRIOS DE MÁQUINAS E EQUIPAMENTOS","CHOR","COMPOSIÇÕES AUXILIARES","0329","","",96242,"MINIESCAVADEIRA SOBRE ESTEIRAS, POTENCIA LIQUIDA DE *30* HP, PESO OPERACIONAL DE *3.500* KG - JUROS. AF_04/2017","H","ATRIBUÍDO SÃO PAULO",7.18,"CAIXA REFERENCIAL"]
["CUSTOS HORÁRIOS DE MÁQUINAS E EQUIPAMENTOS","CHOR","COMPOSIÇÕES AUXILIARES","0329","","",96243,"MINIESCAVADEIRA SOBRE ESTEIRAS, POTENCIA LIQUIDA DE *30* HP, PESO OPERACIONAL DE *3.500* KG - MANUTENCAO. AF_04/2017","H","ATRIBUÍDO SÃO PAULO",34,"CAIXA REFERENCIAL"]
["CUSTOS HORÁRIOS DE MÁQUINAS E EQUIPAMENTOS","CHOR","COMPOSIÇÕES AUXILIARES","0329","","",96244,"MINIESCAVADEIRA SOBRE ESTEIRAS, POTENCIA LIQUIDA DE *30* HP, PESO OPERACIONAL DE *3.500* KG - MATERIAIS NA OPERACAO. AF_04/2017","H","COLETADO",15.85,"CAIXA REFERENCIAL"]
["CUSTOS HORÁRIOS DE MÁQUINAS E EQUIPAMENTOS","CHOR","COMPOSIÇÕES AUXILIARES","0329","","",96301,"PERFURATRIZ ROTATIVA SOBRE ESTEIRA, TORQUE MAXIMO 2500 KGM, POTENCIA 110 HP, MOTOR DIESEL - MATERIAIS NA OPERAÇÃO. AF_05/2017","H","COLETADO",44.74,"CAIXA REFERENCIAL"]
["CUSTOS HORÁRIOS DE MÁQUINAS E EQUIPAMENTOS","CHOR","COMPOSIÇÕES AUXILIARES","0329","","",96457,"ROLO COMPACTADOR DE PNEUS, ESTATICO, PRESSAO VARIAVEL, POTENCIA 110 HP, PESO SEM/COM LASTRO 10,8/27 T, LARGURA DE ROLAGEM 2,30 M - MATERIAIS NA OPERACAO. AF_06/2017","H","COLETADO",58.15,"CAIXA REFERENCIAL"]
["CUSTOS HORÁRIOS DE MÁQUINAS E EQUIPAMENTOS","CHOR","COMPOSIÇÕES AUXILIARES","0329","","",96458,"ROLO COMPACTADOR DE PNEUS, ESTATICO, PRESSAO VARIAVEL, POTENCIA 110 HP, PESO SEM/COM LASTRO 10,8/27 T, LARGURA DE ROLAGEM 2,30 M - MANUTENCAO. AF_06/2017","H","ATRIBUÍDO SÃO PAULO",65.3,"CAIXA REFERENCIAL"]
["CUSTOS HORÁRIOS DE MÁQUINAS E EQUIPAMENTOS","CHOR","COMPOSIÇÕES AUXILIARES","0329","","",96459,"ROLO COMPACTADOR DE PNEUS, ESTATICO, PRESSAO VARIAVEL, POTENCIA 110 HP, PESO SEM/COM LASTRO 10,8/27 T, LARGURA DE ROLAGEM 2,30 M - JUROS. AF_06/2017","H","ATRIBUÍDO SÃO PAULO",14,"CAIXA REFERENCIAL"]
["CUSTOS HORÁRIOS DE MÁQUINAS E EQUIPAMENTOS","CHOR","COMPOSIÇÕES AUXILIARES","0329","","",96460,"ROLO COMPACTADOR DE PNEUS, ESTATICO, PRESSAO VARIAVEL, POTENCIA 110 HP, PESO SEM/COM LASTRO 10,8/27 T, LARGURA DE ROLAGEM 2,30 M - DEPRECIAÇÃO. AF_06/2017","H","ATRIBUÍDO SÃO PAULO",52.18,"CAIXA REFERENCIAL"]
["CUSTOS HORÁRIOS DE MÁQUINAS E EQUIPAMENTOS","CHOR","COMPOSIÇÕES AUXILIARES","0329","","",98760,"INVERSOR DE SOLDA MONOFÁSICO DE 160 A, POTÊNCIA DE 5400 W, TENSÃO DE 220 V, PARA SOLDA COM ELETRODOS DE 2,0 A 4,0 MM E PROCESSO TIG - DEPRECIAÇÃO. AF_06/2018","H","COLETADO",0.09,"CAIXA REFERENCIAL"]
["CUSTOS HORÁRIOS DE MÁQUINAS E EQUIPAMENTOS","CHOR","COMPOSIÇÕES AUXILIARES","0329","","",98761,"INVERSOR DE SOLDA MONOFÁSICO DE 160 A, POTÊNCIA DE 5400 W, TENSÃO DE 220 V, PARA SOLDA COM ELETRODOS DE 2,0 A 4,0 MM E PROCESSO TIG - JUROS. AF_06/2018","H","COLETADO",0.02,"CAIXA REFERENCIAL"]
["CUSTOS HORÁRIOS DE MÁQUINAS E EQUIPAMENTOS","CHOR","COMPOSIÇÕES AUXILIARES","0329","","",98762,"INVERSOR DE SOLDA MONOFÁSICO DE 160 A, POTÊNCIA DE 5400 W, TENSÃO DE 220 V, PARA SOLDA COM ELETRODOS DE 2,0 A 4,0 MM E PROCESSO TIG - MANUTENÇÃO. AF_06/2018","H","COLETADO",0.12,"CAIXA REFERENCIAL"]
["CUSTOS HORÁRIOS DE MÁQUINAS E EQUIPAMENTOS","CHOR","COMPOSIÇÕES AUXILIARES","0329","","",98763,"INVERSOR DE SOLDA MONOFÁSICO DE 160 A, POTÊNCIA DE 5400 W, TENSÃO DE 220 V, PARA SOLDA COM ELETRODOS DE 2,0 A 4,0 MM E PROCESSO TIG - MATERIAIS NA OPERAÇÃO. AF_06/2018","H","COEFICIENTE DE REPRESENTATIVIDADE",4.26,"CAIXA REFERENCIAL"]
["CUSTOS HORÁRIOS DE MÁQUINAS E EQUIPAMENTOS","CHOR","COMPOSIÇÕES AUXILIARES","0329","","",99829,"LAVADORA DE ALTA PRESSAO (LAVA-JATO) PARA AGUA FRIA, PRESSAO DE OPERACAO ENTRE 1400 E 1900 LIB/POL2, VAZAO MAXIMA ENTRE 400 E 700 L/H - DEPRECIAÇÃO. AF_05/2023","H","COLETADO",0.09,"CAIXA REFERENCIAL"]
["CUSTOS HORÁRIOS DE MÁQUINAS E EQUIPAMENTOS","CHOR","COMPOSIÇÕES AUXILIARES","0329","","",99830,"LAVADORA DE ALTA PRESSAO (LAVA-JATO) PARA AGUA FRIA, PRESSAO DE OPERACAO ENTRE 1400 E 1900 LIB/POL2, VAZAO MAXIMA ENTRE 400 E 700 L/H - JUROS. AF_05/2023","H","COLETADO",0.02,"CAIXA REFERENCIAL"]
["CUSTOS HORÁRIOS DE MÁQUINAS E EQUIPAMENTOS","CHOR","COMPOSIÇÕES AUXILIARES","0329","","",99831,"LAVADORA DE ALTA PRESSAO (LAVA-JATO) PARA AGUA FRIA, PRESSAO DE OPERACAO ENTRE 1400 E 1900 LIB/POL2, VAZAO MAXIMA ENTRE 400 E 700 L/H - MANUTENÇÃO. AF_05/2023","H","COLETADO",7.0000000000000007E-2,"CAIXA REFERENCIAL"]
["CUSTOS HORÁRIOS DE MÁQUINAS E EQUIPAMENTOS","CHOR","COMPOSIÇÕES AUXILIARES","0329","","",99832,"LAVADORA DE ALTA PRESSAO (LAVA-JATO) PARA AGUA FRIA, PRESSAO DE OPERACAO ENTRE 1400 E 1900 LIB/POL2, VAZAO MAXIMA ENTRE 400 E 700 L/H - MATERIAIS NA OPERAÇÃO. AF_05/2023","H","COEFICIENTE DE REPRESENTATIVIDADE",1.74,"CAIXA REFERENCIAL"]
["CUSTOS HORÁRIOS DE MÁQUINAS E EQUIPAMENTOS","CHOR","COMPOSIÇÕES AUXILIARES","0329","","",100637,"USINA DE MISTURA ASFÁLTICA À QUENTE, TIPO CONTRA FLUXO, PROD 100 A 140 TON/HORA - DEPRECIAÇÃO. AF_12/2019","H","ATRIBUÍDO SÃO PAULO",145.21,"CAIXA REFERENCIAL"]
["CUSTOS HORÁRIOS DE MÁQUINAS E EQUIPAMENTOS","CHOR","COMPOSIÇÕES AUXILIARES","0329","","",100638,"USINA DE MISTURA ASFÁLTICA À QUENTE, TIPO CONTRA FLUXO, PROD 100 A 140 TON/HORA - JUROS. AF_12/2019","H","ATRIBUÍDO SÃO PAULO",44.63,"CAIXA REFERENCIAL"]
["CUSTOS HORÁRIOS DE MÁQUINAS E EQUIPAMENTOS","CHOR","COMPOSIÇÕES AUXILIARES","0329","","",100639,"USINA DE MISTURA ASFÁLTICA À QUENTE, TIPO CONTRA FLUXO, PROD 100 A 140 TON/HORA - MANUTENÇÃO. AF_12/2019","H","ATRIBUÍDO SÃO PAULO",181.65,"CAIXA REFERENCIAL"]
["CUSTOS HORÁRIOS DE MÁQUINAS E EQUIPAMENTOS","CHOR","COMPOSIÇÕES AUXILIARES","0329","","",100640,"USINA DE MISTURA ASFÁLTICA À QUENTE, TIPO CONTRA FLUXO, PROD 100 A 140 TON/HORA - MATERIAIS NA OPERAÇÃO. AF_12/2019","H","COLETADO",3924,"CAIXA REFERENCIAL"]
["CUSTOS HORÁRIOS DE MÁQUINAS E EQUIPAMENTOS","CHOR","COMPOSIÇÕES AUXILIARES","0329","","",100643,"USINA DE ASFALTO, TIPO GRAVIMÉTRICA, PROD 150 TON/HORA - DEPRECIAÇÃO. AF_12/2019","H","ATRIBUÍDO SÃO PAULO",297.54000000000002,"CAIXA REFERENCIAL"]
["CUSTOS HORÁRIOS DE MÁQUINAS E EQUIPAMENTOS","CHOR","COMPOSIÇÕES AUXILIARES","0329","","",100644,"USINA DE ASFALTO, TIPO GRAVIMÉTRICA, PROD 150 TON/HORA - JUROS. AF_12/2019","H","ATRIBUÍDO SÃO PAULO",104.88,"CAIXA REFERENCIAL"]
["CUSTOS HORÁRIOS DE MÁQUINAS E EQUIPAMENTOS","CHOR","COMPOSIÇÕES AUXILIARES","0329","","",100645,"USINA DE ASFALTO, TIPO GRAVIMÉTRICA, PROD 150 TON/HORA - MANUTENÇÃO. AF_12/2019","H","ATRIBUÍDO SÃO PAULO",478.29,"CAIXA REFERENCIAL"]
["CUSTOS HORÁRIOS DE MÁQUINAS E EQUIPAMENTOS","CHOR","COMPOSIÇÕES AUXILIARES","0329","","",100646,"USINA DE ASFALTO, TIPO GRAVIMÉTRICA, PROD 150 TON/HORA - MATERIAIS NA OPERAÇÃO. AF_12/2019","H","COLETADO",4905,"CAIXA REFERENCIAL"]
["CUSTOS HORÁRIOS DE MÁQUINAS E EQUIPAMENTOS","CHOR","COMPOSIÇÕES AUXILIARES","0329","","",102270,"MARTELO DEMOLIDOR ELÉTRICO, COM POTÊNCIA DE 2.000 W, 1.000 IMPACTOS POR MINUTO, PESO DE 30 KG - DEPRECIAÇÃO. AF_01/2021","H","ATRIBUÍDO SÃO PAULO",0.59,"CAIXA REFERENCIAL"]
["CUSTOS HORÁRIOS DE MÁQUINAS E EQUIPAMENTOS","CHOR","COMPOSIÇÕES AUXILIARES","0329","","",102271,"MARTELO DEMOLIDOR ELÉTRICO, COM POTÊNCIA DE 2.000 W, 1.000 IMPACTOS POR MINUTO, PESO DE 30 KG - JUROS. AF_01/2021","H","ATRIBUÍDO SÃO PAULO",0.13,"CAIXA REFERENCIAL"]
["CUSTOS HORÁRIOS DE MÁQUINAS E EQUIPAMENTOS","CHOR","COMPOSIÇÕES AUXILIARES","0329","","",102272,"MARTELO DEMOLIDOR ELÉTRICO, COM POTÊNCIA DE 2.000 W, 1.000 IMPACTOS POR MINUTO, PESO DE 30 KG - MANUTENÇÃO. AF_01/2021","H","ATRIBUÍDO SÃO PAULO",0.74,"CAIXA REFERENCIAL"]
["CUSTOS HORÁRIOS DE MÁQUINAS E EQUIPAMENTOS","CHOR","COMPOSIÇÕES AUXILIARES","0329","","",102273,"MARTELO DEMOLIDOR ELÉTRICO, COM POTÊNCIA DE 2.000 W, 1.000 IMPACTOS POR MINUTO, PESO DE 30 KG - MATERIAIS NA OPERAÇÃO. AF_01/2021","H","COEFICIENTE DE REPRESENTATIVIDADE",1.58,"CAIXA REFERENCIAL"]
["CUSTOS HORÁRIOS DE MÁQUINAS E EQUIPAMENTOS","CHOR","COMPOSIÇÕES AUXILIARES","0329","","",102809,"CALDEIRA A GÁS COM TERMOSTATO, CAPACIDADE 100 LITROS - MATERIAIS NA OPERAÇÃO. AF_05/2023","H","COLETADO",18.399999999999999,"CAIXA REFERENCIAL"]
["CUSTOS HORÁRIOS DE MÁQUINAS E EQUIPAMENTOS","CHOR","COMPOSIÇÕES AUXILIARES","0329","","",102815,"CENTRAL DE LAMA BENTONÍTICA (DEPÓSITO DE BENTONITA, MISTURADOR DE ALTA TURBULÊNCIA, SILOS DE ARMAZENAMENTO DE LAMA E ÁGUA, LABORATÓRIO DE CONTROLE DE QUALIDADE DA LAMA) - MATERIAIS NA OPERAÇÃO. AF_04/2019","H","COEFICIENTE DE REPRESENTATIVIDADE",3.16,"CAIXA REFERENCIAL"]
["CUSTOS HORÁRIOS DE MÁQUINAS E EQUIPAMENTOS","CHOR","COMPOSIÇÕES AUXILIARES","0329","","",102826,"CONJUNTO MACACO E BOMBA HIDRÁULICA PARA PROTENSAO DE CORDOALHAS, ESFORÇO MAXIMO DE 115 TONELADAS - MATERIAIS NA OPERAÇÃO. AF_05/2023","H","COEFICIENTE DE REPRESENTATIVIDADE",5.93,"CAIXA REFERENCIAL"]
["CUSTOS HORÁRIOS DE MÁQUINAS E EQUIPAMENTOS","CHOR","COMPOSIÇÕES AUXILIARES","0329","","",102832,"CONJUNTO CILINDRO E BOMBA HIDRÁULICA PARA PROTENSÃO DE MONOBARRAS PARA TIRANTES, ESFORÇO MÁXIMO DE 30 TONELADAS  - MATERIAIS NA OPERAÇÃO. AF_05/2023","H","COEFICIENTE DE REPRESENTATIVIDADE",7.9,"CAIXA REFERENCIAL"]
["CUSTOS HORÁRIOS DE MÁQUINAS E EQUIPAMENTOS","CHOR","COMPOSIÇÕES AUXILIARES","0329","","",102843,"GUINDASTE HIDRAULICO AUTOPROPELIDO, COM LANÇA TRELIÇADA 40 M, CAPACIDADE MÁXIMA 75 T, EQUIPADO COM CLAMSHELL - MATERIAIS NA OPERAÇÃO. AF_04/2019","H","COLETADO",122.62,"CAIXA REFERENCIAL"]
["CUSTOS HORÁRIOS DE MÁQUINAS E EQUIPAMENTOS","CHOR","COMPOSIÇÕES AUXILIARES","0329","","",102849,"GUINDASTE SOBRE ESTEIRAS, COM LANÇA TRELIÇADA 40 M, CAPACIDADE MÁXIMA 75 T - MATERIAIS NA OPERAÇÃO. AF_04/2019","H","COLETADO",59.95,"CAIXA REFERENCIAL"]
["CUSTOS HORÁRIOS DE MÁQUINAS E EQUIPAMENTOS","CHOR","COMPOSIÇÕES AUXILIARES","0329","","",102855,"GUINDASTE SOBRE ESTEIRAS, COM LANÇA TRELIÇADA 40 M, CAPACIDADE MÁXIMA 75 T, EQUIPADO COM CLAMSHELL - MATERIAIS NA OPERAÇÃO. AF_04/2019","H","COLETADO",59.95,"CAIXA REFERENCIAL"]
["CUSTOS HORÁRIOS DE MÁQUINAS E EQUIPAMENTOS","CHOR","COMPOSIÇÕES AUXILIARES","0329","","",102861,"MÁQUINA FORMER DOBRAS DIVERSAS: 220V/380V TRIFÁSICO OU MONOFÁSICO, CAPACIDADE 0,5-1,27MM, MOTOR 2CV - MATERIAIS NA OPERAÇÃO. AF_05/2023","H","COEFICIENTE DE REPRESENTATIVIDADE",1.1599999999999999,"CAIXA REFERENCIAL"]
["CUSTOS HORÁRIOS DE MÁQUINAS E EQUIPAMENTOS","CHOR","COMPOSIÇÕES AUXILIARES","0329","","",102867,"MÁQUINA SOLDA ARCO COM PISTOLA DE SOLDAGEM PARA STUD BOLT DE 5 MM A 22 MM - MATERIAIS NA OPERAÇÃO. AF_05/2023","H","COEFICIENTE DE REPRESENTATIVIDADE",0.63,"CAIXA REFERENCIAL"]
["CUSTOS HORÁRIOS DE MÁQUINAS E EQUIPAMENTOS","CHOR","COMPOSIÇÕES AUXILIARES","0329","","",102873,"PERFURATRIZ HIDRÁULICA SOBRE ESTEIRA, TORQUE MÁXIMO 161 KNM, PROFUNDIDADE MÁXIMA 54 M, DIÂMETRO MÁXIMO 1500 MM, POTÊNCIA MOTOR 268 HP - MATERIAIS NA OPERAÇÃO. AF_04/2019","H","COLETADO",108.94,"CAIXA REFERENCIAL"]
["CUSTOS HORÁRIOS DE MÁQUINAS E EQUIPAMENTOS","CHOR","COMPOSIÇÕES AUXILIARES","0329","","",102879,"PERFURATRIZ PARA EXECUÇÃO DE ESTACAS SECANTES, TIPO HÉLICE CONTÍNUA COM CABEÇOTE DUPLO E TUBO METÁLICO - MATERIAIS NA OPERAÇÃO. AF_04/2019","H","COLETADO",163.5,"CAIXA REFERENCIAL"]
["CUSTOS HORÁRIOS DE MÁQUINAS E EQUIPAMENTOS","CHOR","COMPOSIÇÕES AUXILIARES","0329","","",102885,"PLATAFORMA ELEVATÓRIA - MATERIAIS NA OPERAÇÃO. AF_04/2019","H","COEFICIENTE DE REPRESENTATIVIDADE",1.19,"CAIXA REFERENCIAL"]
["CUSTOS HORÁRIOS DE MÁQUINAS E EQUIPAMENTOS","CHOR","COMPOSIÇÕES AUXILIARES","0329","","",102891,"PÓRTICO ROLANTE MONOVIGA, PERFIL I, 4 PERNAS, CAPACIDADE 5 T  - MATERIAIS NA OPERAÇÃO. AF_04/2019","H","COEFICIENTE DE REPRESENTATIVIDADE",1.19,"CAIXA REFERENCIAL"]
["CUSTOS HORÁRIOS DE MÁQUINAS E EQUIPAMENTOS","CHOR","COMPOSIÇÕES AUXILIARES","0329","","",102897,"ESCAVADEIRA HIDRÁULICA SOBRE ESTEIRA, PESO OPERACIONAL ENTRE 22,00 E 23,50 T, POTÊNCIA NOMINAL 139 HP, COM MARTELO ROMPEDOR HIDRÁULICO 1700 KG - MATERIAIS NA OPERAÇÃO. AF_04/2019","H","COLETADO",81.91,"CAIXA REFERENCIAL"]
["CUSTOS HORÁRIOS DE MÁQUINAS E EQUIPAMENTOS","CHOR","COMPOSIÇÕES AUXILIARES","0329","","",102903,"TORRE, COMPOSTA POR GUINCHO MECÂNICO, GUINCHO MANUAL, CABOS DE AÇO, PITEIRA E SOQUETE  - MATERIAIS NA OPERAÇÃO. AF_05/2023","H","COLETADO",10.62,"CAIXA REFERENCIAL"]
["CUSTOS HORÁRIOS DE MÁQUINAS E EQUIPAMENTOS","CHOR","COMPOSIÇÕES AUXILIARES","0329","","",102909,"UNIDADE DOSADORA AIRLESS TIPO HOT SPRAY - MATERIAIS NA OPERAÇÃO. AF_05/2023","H","COEFICIENTE DE REPRESENTATIVIDADE",3.79,"CAIXA REFERENCIAL"]
["CUSTOS HORÁRIOS DE MÁQUINAS E EQUIPAMENTOS","CHOR","COMPOSIÇÕES AUXILIARES","0329","","",102915,"ENCERADEIRA INDUSTRIAL, 400 MM, 220V, 1 HP - MATERIAIS NA OPERAÇÃO. AF_05/2023","H","COEFICIENTE DE REPRESENTATIVIDADE",0.57999999999999996,"CAIXA REFERENCIAL"]
["CUSTOS HORÁRIOS DE MÁQUINAS E EQUIPAMENTOS","CHOR","COMPOSIÇÕES AUXILIARES","0329","","",102927,"SERRA FITA HORIZONTAL, ELÉTRICA, COM CONTROLE HIDRÁULICO, PAINEL DE COMANDO EM 24 V, MOTOR ELÉTRICO 1,5 CV, DIMENSÕES DA FITA 3880 X 27 X 0,9 MM, TRIFÁSICA - MATERIAIS NA OPERAÇÃO. AF_05/2023","H","COEFICIENTE DE REPRESENTATIVIDADE",0.87,"CAIXA REFERENCIAL"]
["CUSTOS HORÁRIOS DE MÁQUINAS E EQUIPAMENTOS","CHOR","COMPOSIÇÕES AUXILIARES","0329","","",102933,"FURADEIRA ELETROMAGNÉTICA, VELOCIDADE (SEM CARGA/ COM CARGA) 450/ 270 RPM, ESPESSURA MÁXIMA DA CHAPA A SER FURADA 50 MM, PORÇA DE ADESÃO MAGNÉTICA 17000 N, POTÊNCIA 1100 W, ALIMENTÇÃO 220 - 60 HZ, MONOFÁSICA - MATERIAIS NA OPERAÇÃO. AF_08/2019","H","COEFICIENTE DE REPRESENTATIVIDADE",0.87,"CAIXA REFERENCIAL"]
["CUSTOS HORÁRIOS DE MÁQUINAS E EQUIPAMENTOS","CHOR","COMPOSIÇÕES AUXILIARES","0329","","",102939,"MÁQUINA METALEIRA UNIVERSAL MODELO IW 110/180 BTD - MATERIAIS NA OPERAÇÃO. AF_05/2023","H","COEFICIENTE DE REPRESENTATIVIDADE",8.69,"CAIXA REFERENCIAL"]
["CUSTOS HORÁRIOS DE MÁQUINAS E EQUIPAMENTOS","CHOR","COMPOSIÇÕES AUXILIARES","0329","","",102945,"TARTARUGA DE OXICORTE CG1, MONOFÁSICA, 220 V, FREQUÊNCIA 50 HZ, VELOCIDADE DE CORTE (MM/MIN) 50 A 750, DIÂMETRO MÍNIMO DO COMPASSO MM 200 - MATERIAIS NA OPERAÇÃO. AF_05/2023","H","COEFICIENTE DE REPRESENTATIVIDADE",0.02,"CAIXA REFERENCIAL"]
["CUSTOS HORÁRIOS DE MÁQUINAS E EQUIPAMENTOS","CHOR","COMPOSIÇÕES AUXILIARES","0329","","",102951,"BETONEIRA CAPACIDADE NOMINAL DE 250 L, CAPACIDADE DE MISTURA DE 175 L, MOTOR ELÉTRICO MONOFÁSICO POTÊNCIA 1CV - MATERIAIS NA OPERAÇÃO. AF_05/2023","H","COEFICIENTE DE REPRESENTATIVIDADE",0.57999999999999996,"CAIXA REFERENCIAL"]
["CUSTOS HORÁRIOS DE MÁQUINAS E EQUIPAMENTOS","CHOR","COMPOSIÇÕES AUXILIARES","0329","","",102957,"RETROESCAVADEIRA SOBRE RODAS COM CARREGADEIRA , PESO OPERACIONAL MÍN. 6,674, POTÊNCIA LÍQ 88 HP, COM MARTELO ROMPEDOR HIDRÁULICO ENTRE  275 A 362 KG - MATERIAIS NA OPERAÇÃO. AF_02/2021","H","COLETADO",46.48,"CAIXA REFERENCIAL"]
["CUSTOS HORÁRIOS DE MÁQUINAS E EQUIPAMENTOS","CHOR","COMPOSIÇÕES AUXILIARES","0329","","",102963,"PERFURATRIZ HIDRÁULICA SOBRE ESTEIRA, TORQUE MÁXIMO 98 KNM, PROFUNDIDADE MÁXIMA 25 M, DIÂMETRO MÁXIMO 115 MM, POTÊNCIA MOTOR 190 HP - MATERIAIS NA OPERAÇÃO. AF_02/2021","H","COLETADO",77.22,"CAIXA REFERENCIAL"]
["CUSTOS HORÁRIOS DE MÁQUINAS E EQUIPAMENTOS","CHOR","COMPOSIÇÕES AUXILIARES","0329","","",102969,"COMPRESSOR DE AR, VAZAO DE 10 PCM, RESERVATORIO 100 L, PRESSAO DE TRABALHO ENTRE 6,9 E 9,7 BAR, POTENCIA 2 HP, TENSAO 110/220 V - MATERIAIS NA OPERAÇÃO. AF_05/2023","H","COEFICIENTE DE REPRESENTATIVIDADE",1.17,"CAIXA REFERENCIAL"]
["CUSTOS HORÁRIOS DE MÁQUINAS E EQUIPAMENTOS","CHOR","COMPOSIÇÕES AUXILIARES","0329","","",102985,"MÁQUINA DEMARCADORA DE FAIXA DE TRÁFEGO À FRIO, TRAÇÃO MANUAL, 4 CV, PRESSÃO MAX 3300 PSI, TANQUE 20 L - MATERIAIS NA OPERAÇÃO. AF_06/2021","H","COLETADO",2.72,"CAIXA REFERENCIAL"]
["CUSTOS HORÁRIOS DE MÁQUINAS E EQUIPAMENTOS","CHOR","COMPOSIÇÕES AUXILIARES","0329","","",103156,"MÁQUINA PARA SOLDA POR ELETROFUSÃO PARA TUBOS DE POLIETILENO DE ALTA DENSIDADE (PEAD) COM DIÂMETRO EXTERNO DE 20 A 800 MM, POTÊNCIA ENTRE 2750 E 3000 W - MATERIAIS NA OPERAÇÃO. AF_05/2023","H","COEFICIENTE DE REPRESENTATIVIDADE",2.27,"CAIXA REFERENCIAL"]
["CUSTOS HORÁRIOS DE MÁQUINAS E EQUIPAMENTOS","CHOR","COMPOSIÇÕES AUXILIARES","0329","","",103162,"MÁQUINA PARA SOLDA POR ELETROFUSÃO PARA TUBOS DE POLIETILENO DE ALTA DENSIDADE (PEAD) COM DIÂMETRO EXTERNO DE 20 A 1600 MM, POTÊNCIA DE 3500 W - MATERIAIS NA OPERAÇÃO. AF_05/2023","H","COEFICIENTE DE REPRESENTATIVIDADE",2.76,"CAIXA REFERENCIAL"]
["CUSTOS HORÁRIOS DE MÁQUINAS E EQUIPAMENTOS","CHOR","COMPOSIÇÕES AUXILIARES","0329","","",103168,"MÁQUINA PARA SOLDA POR TERMOFUSÃO PARA TUBOS DE POLIETILENO DE ALTA DENSIDADE (PEAD) COM DIÂMETRO EXTERNO DE 90 A 315 MM, POTÊNCIA ENTRE 2500 E 5350 W - MATERIAIS NA OPERAÇÃO. AF_05/2023","H","COEFICIENTE DE REPRESENTATIVIDADE",3.1,"CAIXA REFERENCIAL"]
["CUSTOS HORÁRIOS DE MÁQUINAS E EQUIPAMENTOS","CHOR","COMPOSIÇÕES AUXILIARES","0329","","",103174,"MÁQUINA PARA SOLDA POR TERMOFUSÃO PARA TUBOS DE POLIETILENO DE ALTA DENSIDADE (PEAD) COM DIÂMETRO EXTERNO DE 315 A 630 MM, POTÊNCIA ENTRE 8000 E 12350 W - MATERIAIS NA OPERAÇÃO. AF_05/2023","H","COEFICIENTE DE REPRESENTATIVIDADE",8.0399999999999991,"CAIXA REFERENCIAL"]
["CUSTOS HORÁRIOS DE MÁQUINAS E EQUIPAMENTOS","CHOR","COMPOSIÇÕES AUXILIARES","0329","","",103180,"MÁQUINA PARA SOLDA POR TERMOFUSÃO PARA TUBOS DE POLIETILENO DE ALTA DENSIDADE (PEAD) COM DIÂMETRO EXTERNO DE 710 A 1200 MM, POTÊNCIA ENTRE 16000 E 29500 W - MATERIAIS NA OPERAÇÃO. AF_05/2023","H","COEFICIENTE DE REPRESENTATIVIDADE",17.98,"CAIXA REFERENCIAL"]
["CUSTOS HORÁRIOS DE MÁQUINAS E EQUIPAMENTOS","CHOR","COMPOSIÇÕES AUXILIARES","0329","","",103223,"PERFURATRIZ PARA FURO DIRECIONAL HORIZONTAL (HDD) COM CAPACIDADE ATÉ 89 KN, POTÊNCIA 24,8 HP A 80 HP (INCLUSO FERRAMENTAS E LOCALIZADOR) - MATERIAIS NA OPERAÇÃO. AF_05/2023","H","COLETADO",31.95,"CAIXA REFERENCIAL"]
["CUSTOS HORÁRIOS DE MÁQUINAS E EQUIPAMENTOS","CHOR","COMPOSIÇÕES AUXILIARES","0329","","",103229,"PERFURATRIZ PARA FURO DIRECIONAL HORIZONTAL (HDD) COM CAPACIDADE DE 90 KN A 200 KN, POTÊNCIA 100 HP A 160 HP (INCLUSO FERRAMENTAS E LOCALIZADOR) - MATERIAIS NA OPERAÇÃO. AF_05/2023","H","COLETADO",88.43,"CAIXA REFERENCIAL"]
["CUSTOS HORÁRIOS DE MÁQUINAS E EQUIPAMENTOS","CHOR","COMPOSIÇÕES AUXILIARES","0329","","",103235,"PERFURATRIZ PARA FURO DIRECIONAL HORIZONTAL (HDD) COM CAPACIDADE DE 201 KN A 560 KN, POTÊNCIA 200 HP A 260 HP (INCLUSO FERRAMENTAS E LOCALIZADOR) - MATERIAIS NA OPERAÇÃO. AF_05/2023","H","COLETADO",93.51,"CAIXA REFERENCIAL"]
["CUSTOS HORÁRIOS DE MÁQUINAS E EQUIPAMENTOS","CHOR","COMPOSIÇÕES AUXILIARES","0329","","",103241,"MISTURADOR PARA PREPARO DE LAMA ESTABILIZANTE COM CAPACIDADE DE *4000* L, COM BOMBA CENTRÍFUGA 5,5 HP A 23,07 HP, PARA SISTEMA DE FURO DIRECIONAL - MATERIAIS NA OPERAÇÃO. AF_05/2023","H","COEFICIENTE DE REPRESENTATIVIDADE",8.42,"CAIXA REFERENCIAL"]
["CUSTOS HORÁRIOS DE MÁQUINAS E EQUIPAMENTOS","CHOR","COMPOSIÇÕES AUXILIARES","0329","","",103660,"VARREDEIRA DE GRAMA SINTÉTICA A GASOLINA, 2,4 CV, 4 TEMPOS - MATERIAIS NA OPERAÇÃO. AF_05/2023","H","COLETADO",10.55,"CAIXA REFERENCIAL"]
["CUSTOS HORÁRIOS DE MÁQUINAS E EQUIPAMENTOS","CHOR","COMPOSIÇÕES AUXILIARES","0329","","",103666,"BATE ESTACA PARA INSTALAÇÃO DE DEFENSAS METÁLICAS (GUARD RAIL) FIXO, INCLUSIVE CAMINHÃO TOCO PBT 9.700 KG, POTÊNCIA DE 160 CV - MATERIAIS NA OPERAÇÃO. AF_05/2023","H","COLETADO",146.69999999999999,"CAIXA REFERENCIAL"]
["CUSTOS HORÁRIOS DE MÁQUINAS E EQUIPAMENTOS","CHOR","COMPOSIÇÕES AUXILIARES","0329","","",103792,"MINI GUINDASTE ARANHA SOBRE ESTEIRAS E LANCA TELESCÓPICA, CAPACIDADE MÁXIMA DE CARGA 3,0 TON, RAIO MÁXIMO DE TRABALHO 8,25 M, ALTURA DE LANÇA DO SOLO 9,2 M, 55 M DE CABO DE AÇO 8 MM, MOTOR ELÉTRICO 220/380 VOLTS TRIFÁSICO - MATERIAIS NA OPERAÇÃO. AF_03/2022","H","COEFICIENTE DE REPRESENTATIVIDADE",0.26,"CAIXA REFERENCIAL"]
["CUSTOS HORÁRIOS DE MÁQUINAS E EQUIPAMENTOS","CHOR","COMPOSIÇÕES AUXILIARES","0329","","",103937,"CONJUNTO MACACO HIDRÁULICO E CENTRAL DE BOMBEAMENTO MOTORIZADO 1,8 KW PARA PROTENSÃO DE MONOCABOS PARA CONCRETO PROTENDIDO, ESFORÇO MÁXIMO DE 20 TONELADAS  - MATERIAIS NA OPERAÇÃO. AF_05/2022","H","COEFICIENTE DE REPRESENTATIVIDADE",1.42,"CAIXA REFERENCIAL"]
["CUSTOS HORÁRIOS DE MÁQUINAS E EQUIPAMENTOS","CHOR","COMPOSIÇÕES AUXILIARES","0329","","",103943,"CONJUNTO MACACO HIDRÁULICO E CENTRAL DE BOMBEAMENTO MOTORIZADO 1,8 KW PARA PROTENSÃO DE MONOCABOS PARA CONCRETO PROTENDIDO, ESFORÇO MÁXIMO DE 30 TONELADAS  - MATERIAIS NA OPERAÇÃO. AF_05/2022","H","COEFICIENTE DE REPRESENTATIVIDADE",1.42,"CAIXA REFERENCIAL"]
["CUSTOS HORÁRIOS DE MÁQUINAS E EQUIPAMENTOS","CHOR","COMPOSIÇÕES AUXILIARES","0329","","",104087,"TERMOFUSORA PARA TUBOS E CONEXÕES EM PPR COM DIÂMETROS DE 20 A 63 MM, POTÊNCIA DE 800 W, TENSAO 220 V - DEPRECIAÇÃO. AF_05/2022","H","COEFICIENTE DE REPRESENTATIVIDADE",0.06,"CAIXA REFERENCIAL"]
["CUSTOS HORÁRIOS DE MÁQUINAS E EQUIPAMENTOS","CHOR","COMPOSIÇÕES AUXILIARES","0329","","",104088,"TERMOFUSORA PARA TUBOS E CONEXÕES EM PPR COM DIÂMETROS DE 20 A 63 MM, POTÊNCIA DE 800 W, TENSAO 220 V - JUROS. AF_05/2022","H","COEFICIENTE DE REPRESENTATIVIDADE",0.01,"CAIXA REFERENCIAL"]
["CUSTOS HORÁRIOS DE MÁQUINAS E EQUIPAMENTOS","CHOR","COMPOSIÇÕES AUXILIARES","0329","","",104089,"TERMOFUSORA PARA TUBOS E CONEXÕES EM PPR COM DIÂMETROS DE 20 A 63 MM, POTÊNCIA DE 800 W, TENSAO 220 V - MANUTENÇÃO. AF_05/2022","H","COEFICIENTE DE REPRESENTATIVIDADE",0.08,"CAIXA REFERENCIAL"]
["CUSTOS HORÁRIOS DE MÁQUINAS E EQUIPAMENTOS","CHOR","COMPOSIÇÕES AUXILIARES","0329","","",104090,"TERMOFUSORA PARA TUBOS E CONEXÕES EM PPR COM DIÂMETROS DE 20 A 63 MM, POTÊNCIA DE 800 W, TENSAO 220 V - MATERIAIS NA OPERAÇÃO. AF_05/2022","H","COEFICIENTE DE REPRESENTATIVIDADE",0.63,"CAIXA REFERENCIAL"]
["CUSTOS HORÁRIOS DE MÁQUINAS E EQUIPAMENTOS","CHOR","COMPOSIÇÕES AUXILIARES","0329","","",104093,"TERMOFUSORA PARA TUBOS E CONEXÕES EM PPR COM DIÂMETROS DE 75 A 110 MM, POTÊNCIA DE *1100* W, TENSÃO 220 V - DEPRECIAÇÃO. AF_05/2022","H","COEFICIENTE DE REPRESENTATIVIDADE",0.09,"CAIXA REFERENCIAL"]
["CUSTOS HORÁRIOS DE MÁQUINAS E EQUIPAMENTOS","CHOR","COMPOSIÇÕES AUXILIARES","0329","","",104094,"TERMOFUSORA PARA TUBOS E CONEXÕES EM PPR COM DIÂMETROS DE 75 A 110 MM, POTÊNCIA DE *1100* W, TENSÃO 220 V - JUROS. AF_05/2022","H","COEFICIENTE DE REPRESENTATIVIDADE",0.02,"CAIXA REFERENCIAL"]
["CUSTOS HORÁRIOS DE MÁQUINAS E EQUIPAMENTOS","CHOR","COMPOSIÇÕES AUXILIARES","0329","","",104095,"TERMOFUSORA PARA TUBOS E CONEXÕES EM PPR COM DIÂMETROS DE 75 A 110 MM, POTÊNCIA DE *1100* W, TENSÃO 220 V - MANUTENÇÃO. AF_05/2022","H","COEFICIENTE DE REPRESENTATIVIDADE",0.11,"CAIXA REFERENCIAL"]
["CUSTOS HORÁRIOS DE MÁQUINAS E EQUIPAMENTOS","CHOR","COMPOSIÇÕES AUXILIARES","0329","","",104096,"TERMOFUSORA PARA TUBOS E CONEXÕES EM PPR COM DIÂMETROS DE 75 A 110 MM, POTÊNCIA DE *1100* W, TENSÃO 220 V - MATERIAIS NA OPERAÇÃO. AF_05/2022","H","COEFICIENTE DE REPRESENTATIVIDADE",0.87,"CAIXA REFERENCIAL"]
["CUSTOS HORÁRIOS DE MÁQUINAS E EQUIPAMENTOS","CHOR","COMPOSIÇÕES AUXILIARES","0329","","",104519,"LIXADEIRA DE PAREDE, COM LED, POTÊNCIA 750 W, FREQUÊNCIA 60 HZ, VELOCIDADE 1000 A 2100 RPM, DIÂMETRO DA LIXA 225 MM - MATERIAIS NA OPERAÇÃO. AF_12/2022","H","COEFICIENTE DE REPRESENTATIVIDADE",0.59,"CAIXA REFERENCIAL"]
["CUSTOS HORÁRIOS DE MÁQUINAS E EQUIPAMENTOS","CHOR","COMPOSIÇÕES AUXILIARES","0329","","",104655,"MARTELETE PERFURADOR/ ROMPEDOR ELÉTRICO, POTÊNCIA 800 W, 220 V - MATERIAIS NA OPERAÇÃO. AF_05/2023","H","COEFICIENTE DE REPRESENTATIVIDADE",0.63,"CAIXA REFERENCIAL"]
["CUSTOS HORÁRIOS DE MÁQUINAS E EQUIPAMENTOS","CHOR","COMPOSIÇÕES AUXILIARES","0329","","",104687,"GRUPO GERADOR DIESEL, COM CARENAGEM, POTÊNCIA STANDART ENTRE 400 E 460 KVA, VELOCIDADE DE 1800 RPM, FREQUÊNCIA DE 60 HZ - MATERIAIS NA OPERAÇÃO. AF_05/2023","H","COLETADO",409.4,"CAIXA REFERENCIAL"]
["CUSTOS HORÁRIOS DE MÁQUINAS E EQUIPAMENTOS","CHOR","COMPOSIÇÕES AUXILIARES","0329","","",104694,"PERFURATRIZ DE COROA DIAMANTADA PARA CONCRETO, DIÂMETRO ATÉ 250 MM, MOTOR ELÉTRICO 220 V, POTÊNCIA 2.500 W - MATERIAIS NA OPERAÇÃO. AF_05/2023","H","COEFICIENTE DE REPRESENTATIVIDADE",1.98,"CAIXA REFERENCIAL"]
["CUSTOS HORÁRIOS DE MÁQUINAS E EQUIPAMENTOS","CHOR","COMPOSIÇÕES AUXILIARES","0329","","",104703,"CAMINHÃO TANQUE PARA HIDROSSEMEADURA, COM CAPACIDADE DE 8.000 LITROS, INCLUINDO BOMBA PARA LANÇAMENTO COM MOTOR DIESEL COM POTÊNCIA DE 105 CV - MATERIAIS NA OPERAÇÃO. AF_06/2023","H","COLETADO",84.25,"CAIXA REFERENCIAL"]
["CUSTOS HORÁRIOS DE MÁQUINAS E EQUIPAMENTOS","CHOR","COMPOSIÇÕES AUXILIARES","0329","","",104709,"GUINDASTE HIDRÁULICO AUTOPROPELIDO, COM LANÇA TRELICADA 41 M, CAPACIDADE MÁXIMA DE ELEVAÇÃO 43 T, POTÊNCIA 230 KW, EQUIPADO COM CAÇAMBA DE ARRASTO (DRAGLINE) DE 0,76 M3 - MATERIAIS NA OPERAÇÃO. AF_06/2023","H","COLETADO",1065.47,"CAIXA REFERENCIAL"]
["CUSTOS HORÁRIOS DE MÁQUINAS E EQUIPAMENTOS","CHOR","COMPOSIÇÕES AUXILIARES","0329","","",104715,"ESCAVADEIRA HIDRÁULICA DE BRAÇO LONGO (LONGO ALCANCE) SOBRE ESTEIRAS, CAÇAMBA 0,52 M3, PESO OPERACIONAL 24 T, POTÊNCIA LÍQUIDA 155 HP  - MATERIAIS NA OPERAÇÃO. AF_06/2023","H","COLETADO",81.91,"CAIXA REFERENCIAL"]
["COBERTURA","COBE","MADEIRAMENTO","0073","","",92259,"INSTALAÇÃO DE TESOURA (INTEIRA OU MEIA), BIAPOIADA, EM MADEIRA NÃO APARELHADA, PARA VÃOS MAIORES OU IGUAIS A 3,0 M E MENORES QUE 6,0 M, INCLUSO IÇAMENTO. AF_07/2019","UN","ATRIBUÍDO SÃO PAULO",339.77,"CAIXA REFERENCIAL"]
["COBERTURA","COBE","MADEIRAMENTO","0073","","",92260,"INSTALAÇÃO DE TESOURA (INTEIRA OU MEIA), BIAPOIADA, EM MADEIRA NÃO APARELHADA, PARA VÃOS MAIORES OU IGUAIS A 6,0 M E MENORES QUE 8,0 M, INCLUSO IÇAMENTO. AF_07/2019","UN","ATRIBUÍDO SÃO PAULO",394.7,"CAIXA REFERENCIAL"]
["COBERTURA","COBE","MADEIRAMENTO","0073","","",92261,"INSTALAÇÃO DE TESOURA (INTEIRA OU MEIA), BIAPOIADA, EM MADEIRA NÃO APARELHADA, PARA VÃOS MAIORES OU IGUAIS A 8,0 M E MENORES QUE 10,0 M, INCLUSO IÇAMENTO. AF_07/2019","UN","ATRIBUÍDO SÃO PAULO",447.94,"CAIXA REFERENCIAL"]
["COBERTURA","COBE","MADEIRAMENTO","0073","","",92262,"INSTALAÇÃO DE TESOURA (INTEIRA OU MEIA), BIAPOIADA, EM MADEIRA NÃO APARELHADA, PARA VÃOS MAIORES OU IGUAIS A 10,0 M E MENORES QUE 12,0 M, INCLUSO IÇAMENTO. AF_07/2019","UN","ATRIBUÍDO SÃO PAULO",533.67999999999995,"CAIXA REFERENCIAL"]
["COBERTURA","COBE","MADEIRAMENTO","0073","","",92539,"TRAMA DE MADEIRA COMPOSTA POR RIPAS, CAIBROS E TERÇAS PARA TELHADOS DE ATÉ 2 ÁGUAS PARA TELHA DE ENCAIXE DE CERÂMICA OU DE CONCRETO, INCLUSO TRANSPORTE VERTICAL. AF_07/2019","M2","ATRIBUÍDO SÃO PAULO",51.56,"CAIXA REFERENCIAL"]
["COBERTURA","COBE","MADEIRAMENTO","0073","","",92540,"TRAMA DE MADEIRA COMPOSTA POR RIPAS, CAIBROS E TERÇAS PARA TELHADOS DE MAIS QUE 2 ÁGUAS PARA TELHA DE ENCAIXE DE CERÂMICA OU DE CONCRETO, INCLUSO TRANSPORTE VERTICAL. AF_07/2019","M2","ATRIBUÍDO SÃO PAULO",59.62,"CAIXA REFERENCIAL"]
["COBERTURA","COBE","MADEIRAMENTO","0073","","",92541,"TRAMA DE MADEIRA COMPOSTA POR RIPAS, CAIBROS E TERÇAS PARA TELHADOS DE ATÉ 2 ÁGUAS PARA TELHA CERÂMICA CAPA-CANAL, INCLUSO TRANSPORTE VERTICAL. AF_07/2019","M2","ATRIBUÍDO SÃO PAULO",55.26,"CAIXA REFERENCIAL"]
["COBERTURA","COBE","MADEIRAMENTO","0073","","",92542,"TRAMA DE MADEIRA COMPOSTA POR RIPAS, CAIBROS E TERÇAS PARA TELHADOS DE MAIS QUE 2 ÁGUAS PARA TELHA CERÂMICA CAPA-CANAL, INCLUSO TRANSPORTE VERTICAL. AF_07/2019","M2","ATRIBUÍDO SÃO PAULO",68.25,"CAIXA REFERENCIAL"]
["COBERTURA","COBE","MADEIRAMENTO","0073","","",92543,"TRAMA DE MADEIRA COMPOSTA POR TERÇAS PARA TELHADOS DE ATÉ 2 ÁGUAS PARA TELHA ONDULADA DE FIBROCIMENTO, METÁLICA, PLÁSTICA OU TERMOACÚSTICA, INCLUSO TRANSPORTE VERTICAL. AF_07/2019","M2","ATRIBUÍDO SÃO PAULO",15,"CAIXA REFERENCIAL"]
["COBERTURA","COBE","MADEIRAMENTO","0073","","",92544,"TRAMA DE MADEIRA COMPOSTA POR TERÇAS PARA TELHADOS DE ATÉ 2 ÁGUAS PARA TELHA ESTRUTURAL DE FIBROCIMENTO, INCLUSO TRANSPORTE VERTICAL. AF_07/2019","M2","ATRIBUÍDO SÃO PAULO",11.91,"CAIXA REFERENCIAL"]
["COBERTURA","COBE","MADEIRAMENTO","0073","","",92545,"FABRICAÇÃO E INSTALAÇÃO DE TESOURA INTEIRA EM MADEIRA NÃO APARELHADA, VÃO DE 3 M, PARA TELHA CERÂMICA OU DE CONCRETO, INCLUSO IÇAMENTO. AF_07/2019","UN","ATRIBUÍDO SÃO PAULO",751.38,"CAIXA REFERENCIAL"]
["COBERTURA","COBE","MADEIRAMENTO","0073","","",92546,"FABRICAÇÃO E INSTALAÇÃO DE TESOURA INTEIRA EM MADEIRA NÃO APARELHADA, VÃO DE 4 M, PARA TELHA CERÂMICA OU DE CONCRETO, INCLUSO IÇAMENTO. AF_07/2019","UN","ATRIBUÍDO SÃO PAULO",922.65,"CAIXA REFERENCIAL"]
["COBERTURA","COBE","MADEIRAMENTO","0073","","",92547,"FABRICAÇÃO E INSTALAÇÃO DE TESOURA INTEIRA EM MADEIRA NÃO APARELHADA, VÃO DE 5 M, PARA TELHA CERÂMICA OU DE CONCRETO, INCLUSO IÇAMENTO. AF_07/2019","UN","ATRIBUÍDO SÃO PAULO",966.62,"CAIXA REFERENCIAL"]
["COBERTURA","COBE","MADEIRAMENTO","0073","","",92548,"FABRICAÇÃO E INSTALAÇÃO DE TESOURA INTEIRA EM MADEIRA NÃO APARELHADA, VÃO DE 6 M, PARA TELHA CERÂMICA OU DE CONCRETO, INCLUSO IÇAMENTO. AF_07/2019","UN","ATRIBUÍDO SÃO PAULO",1073.6099999999999,"CAIXA REFERENCIAL"]
["COBERTURA","COBE","MADEIRAMENTO","0073","","",92549,"FABRICAÇÃO E INSTALAÇÃO DE TESOURA INTEIRA EM MADEIRA NÃO APARELHADA, VÃO DE 7 M, PARA TELHA CERÂMICA OU DE CONCRETO, INCLUSO IÇAMENTO. AF_07/2019","UN","ATRIBUÍDO SÃO PAULO",1357.95,"CAIXA REFERENCIAL"]
["COBERTURA","COBE","MADEIRAMENTO","0073","","",92550,"FABRICAÇÃO E INSTALAÇÃO DE TESOURA INTEIRA EM MADEIRA NÃO APARELHADA, VÃO DE 8 M, PARA TELHA CERÂMICA OU DE CONCRETO, INCLUSO IÇAMENTO. AF_07/2019","UN","ATRIBUÍDO SÃO PAULO",1698.84,"CAIXA REFERENCIAL"]
["COBERTURA","COBE","MADEIRAMENTO","0073","","",92551,"FABRICAÇÃO E INSTALAÇÃO DE TESOURA INTEIRA EM MADEIRA NÃO APARELHADA, VÃO DE 9 M, PARA TELHA CERÂMICA OU DE CONCRETO, INCLUSO IÇAMENTO. AF_07/2019","UN","ATRIBUÍDO SÃO PAULO",1754.87,"CAIXA REFERENCIAL"]
["COBERTURA","COBE","MADEIRAMENTO","0073","","",92552,"FABRICAÇÃO E INSTALAÇÃO DE TESOURA INTEIRA EM MADEIRA NÃO APARELHADA, VÃO DE 10 M, PARA TELHA CERÂMICA OU DE CONCRETO, INCLUSO IÇAMENTO. AF_07/2019","UN","ATRIBUÍDO SÃO PAULO",1904.74,"CAIXA REFERENCIAL"]
["COBERTURA","COBE","MADEIRAMENTO","0073","","",92553,"FABRICAÇÃO E INSTALAÇÃO DE TESOURA INTEIRA EM MADEIRA NÃO APARELHADA, VÃO DE 11 M, PARA TELHA CERÂMICA OU DE CONCRETO, INCLUSO IÇAMENTO. AF_07/2019","UN","ATRIBUÍDO SÃO PAULO",2197.41,"CAIXA REFERENCIAL"]
["COBERTURA","COBE","MADEIRAMENTO","0073","","",92554,"FABRICAÇÃO E INSTALAÇÃO DE TESOURA INTEIRA EM MADEIRA NÃO APARELHADA, VÃO DE 12 M, PARA TELHA CERÂMICA OU DE CONCRETO, INCLUSO IÇAMENTO. AF_07/2019","UN","ATRIBUÍDO SÃO PAULO",2261.48,"CAIXA REFERENCIAL"]
["COBERTURA","COBE","MADEIRAMENTO","0073","","",92555,"FABRICAÇÃO E INSTALAÇÃO DE TESOURA INTEIRA EM MADEIRA NÃO APARELHADA, VÃO DE 3 M, PARA TELHA ONDULADA DE FIBROCIMENTO, METÁLICA, PLÁSTICA OU TERMOACÚSTICA, INCLUSO IÇAMENTO. AF_07/2019","UN","ATRIBUÍDO SÃO PAULO",743.29,"CAIXA REFERENCIAL"]
["COBERTURA","COBE","MADEIRAMENTO","0073","","",92556,"FABRICAÇÃO E INSTALAÇÃO DE TESOURA INTEIRA EM MADEIRA NÃO APARELHADA, VÃO DE 4 M, PARA TELHA ONDULADA DE FIBROCIMENTO, METÁLICA, PLÁSTICA OU TERMOACÚSTICA, INCLUSO IÇAMENTO. AF_07/2019","UN","ATRIBUÍDO SÃO PAULO",908.48,"CAIXA REFERENCIAL"]
["COBERTURA","COBE","MADEIRAMENTO","0073","","",92557,"FABRICAÇÃO E INSTALAÇÃO DE TESOURA INTEIRA EM MADEIRA NÃO APARELHADA, VÃO DE 5 M, PARA TELHA ONDULADA DE FIBROCIMENTO, METÁLICA, PLÁSTICA OU TERMOACÚSTICA, INCLUSO IÇAMENTO. AF_07/2019","UN","ATRIBUÍDO SÃO PAULO",952.44,"CAIXA REFERENCIAL"]
["COBERTURA","COBE","MADEIRAMENTO","0073","","",92558,"FABRICAÇÃO E INSTALAÇÃO DE TESOURA INTEIRA EM MADEIRA NÃO APARELHADA, VÃO DE 6 M, PARA TELHA ONDULADA DE FIBROCIMENTO, METÁLICA, PLÁSTICA OU TERMOACÚSTICA, INCLUSO IÇAMENTO. AF_07/2019","UN","ATRIBUÍDO SÃO PAULO",1065.52,"CAIXA REFERENCIAL"]
["COBERTURA","COBE","MADEIRAMENTO","0073","","",92559,"FABRICAÇÃO E INSTALAÇÃO DE TESOURA INTEIRA EM MADEIRA NÃO APARELHADA, VÃO DE 7 M, PARA TELHA ONDULADA DE FIBROCIMENTO, METÁLICA, PLÁSTICA OU TERMOACÚSTICA, INCLUSO IÇAMENTO. AF_07/2019","UN","ATRIBUÍDO SÃO PAULO",1342.89,"CAIXA REFERENCIAL"]
["COBERTURA","COBE","MADEIRAMENTO","0073","","",92560,"FABRICAÇÃO E INSTALAÇÃO DE TESOURA INTEIRA EM MADEIRA NÃO APARELHADA, VÃO DE 8 M, PARA TELHA ONDULADA DE FIBROCIMENTO, METÁLICA, PLÁSTICA OU TERMOACÚSTICA, INCLUSO IÇAMENTO. AF_07/2019","UN","ATRIBUÍDO SÃO PAULO",1678.32,"CAIXA REFERENCIAL"]
["COBERTURA","COBE","MADEIRAMENTO","0073","","",92561,"FABRICAÇÃO E INSTALAÇÃO DE TESOURA INTEIRA EM MADEIRA NÃO APARELHADA, VÃO DE 9 M, PARA TELHA ONDULADA DE FIBROCIMENTO, METÁLICA, PLÁSTICA OU TERMOACÚSTICA, INCLUSO IÇAMENTO. AF_07/2019","UN","ATRIBUÍDO SÃO PAULO",1734.91,"CAIXA REFERENCIAL"]
["COBERTURA","COBE","MADEIRAMENTO","0073","","",92562,"FABRICAÇÃO E INSTALAÇÃO DE TESOURA INTEIRA EM MADEIRA NÃO APARELHADA, VÃO DE 10 M, PARA TELHA ONDULADA DE FIBROCIMENTO, METÁLICA, PLÁSTICA OU TERMOACÚSTICA, INCLUSO IÇAMENTO. AF_07/2019","UN","ATRIBUÍDO SÃO PAULO",1870.61,"CAIXA REFERENCIAL"]
["COBERTURA","COBE","MADEIRAMENTO","0073","","",92563,"FABRICAÇÃO E INSTALAÇÃO DE TESOURA INTEIRA EM MADEIRA NÃO APARELHADA, VÃO DE 11 M, PARA TELHA ONDULADA DE FIBROCIMENTO, METÁLICA, PLÁSTICA OU TERMOACÚSTICA, INCLUSO IÇAMENTO. AF_07/2019","UN","ATRIBUÍDO SÃO PAULO",2157.5,"CAIXA REFERENCIAL"]
["COBERTURA","COBE","MADEIRAMENTO","0073","","",92564,"FABRICAÇÃO E INSTALAÇÃO DE TESOURA INTEIRA EM MADEIRA NÃO APARELHADA, VÃO DE 12 M, PARA TELHA ONDULADA DE FIBROCIMENTO, METÁLICA, PLÁSTICA OU TERMOACÚSTICA, INCLUSO IÇAMENTO. AF_07/2019","UN","ATRIBUÍDO SÃO PAULO",2212.6,"CAIXA REFERENCIAL"]
["COBERTURA","COBE","MADEIRAMENTO","0073","","",100379,"FABRICAÇÃO E INSTALAÇÃO DE PONTALETES DE MADEIRA NÃO APARELHADA PARA TELHADOS COM ATÉ 2 ÁGUAS E COM TELHA CERÂMICA OU DE CONCRETO EM EDIFÍCIO RESIDENCIAL TÉRREO, INCLUSO TRANSPORTE VERTICAL. AF_07/2019","M2","ATRIBUÍDO SÃO PAULO",27.91,"CAIXA REFERENCIAL"]
["COBERTURA","COBE","MADEIRAMENTO","0073","","",100380,"FABRICAÇÃO E INSTALAÇÃO DE PONTALETES DE MADEIRA NÃO APARELHADA PARA TELHADOS COM ATÉ 2 ÁGUAS E COM TELHA CERÂMICA OU DE CONCRETO EM EDIFÍCIO RESIDENCIAL DE MÚLTIPLOS PAVIMENTOS, INCLUSO TRANSPORTE VERTICAL. AF_07/2019","M2","ATRIBUÍDO SÃO PAULO",37.409999999999997,"CAIXA REFERENCIAL"]
["COBERTURA","COBE","MADEIRAMENTO","0073","","",100381,"FABRICAÇÃO E INSTALAÇÃO DE PONTALETES DE MADEIRA NÃO APARELHADA PARA TELHADOS COM ATÉ 2 ÁGUAS E COM TELHA CERÂMICA OU DE CONCRETO EM EDIFÍCIO INSTITUCIONAL TÉRREO, INCLUSO TRANSPORTE VERTICAL. AF_07/2019","M2","ATRIBUÍDO SÃO PAULO",42.27,"CAIXA REFERENCIAL"]
["COBERTURA","COBE","MADEIRAMENTO","0073","","",100383,"FABRICAÇÃO E INSTALAÇÃO DE PONTALETES DE MADEIRA NÃO APARELHADA PARA TELHADOS COM ATÉ 2 ÁGUAS E COM TELHA ONDULADA DE FIBROCIMENTO, ALUMÍNIO OU PLÁSTICA EM EDIFÍCIO RESIDENCIAL DE MÚLTIPLOS PAVIMENTOS, INCLUSO TRANSPORTE VERTICAL. AF_07/2019","M2","ATRIBUÍDO SÃO PAULO",17.59,"CAIXA REFERENCIAL"]
["COBERTURA","COBE","MADEIRAMENTO","0073","","",100384,"FABRICAÇÃO E INSTALAÇÃO DE PONTALETES DE MADEIRA NÃO APARELHADA PARA TELHADOS COM ATÉ 2 ÁGUAS E COM TELHA ONDULADA DE FIBROCIMENTO, ALUMÍNIO OU PLÁSTICA EM EDIFÍCIO INSTITUCIONAL TÉRREO, INCLUSO TRANSPORTE VERTICAL. AF_07/2019","M2","ATRIBUÍDO SÃO PAULO",18.62,"CAIXA REFERENCIAL"]
["COBERTURA","COBE","MADEIRAMENTO","0073","","",100385,"FABRICAÇÃO E INSTALAÇÃO DE PONTALETES DE MADEIRA NÃO APARELHADA PARA TELHADOS COM MAIS QUE 2 ÁGUAS E COM TELHA CERÂMICA OU DE CONCRETO EM EDIFÍCIO RESIDENCIAL TÉRREO, INCLUSO TRANSPORTE VERTICAL. AF_07/2019","M2","ATRIBUÍDO SÃO PAULO",24.67,"CAIXA REFERENCIAL"]
["COBERTURA","COBE","MADEIRAMENTO","0073","","",100386,"FABRICAÇÃO E INSTALAÇÃO DE PONTALETES DE MADEIRA NÃO APARELHADA PARA TELHADOS COM MAIS QUE 2 ÁGUAS E COM TELHA CERÂMICA OU DE CONCRETO EM EDIFÍCIO RESIDENCIAL DE MÚLTIPLOS PAVIMENTOS. AF_07/2019","M2","ATRIBUÍDO SÃO PAULO",31.91,"CAIXA REFERENCIAL"]
["COBERTURA","COBE","MADEIRAMENTO","0073","","",100387,"FABRICAÇÃO E INSTALAÇÃO DE PONTALETES DE MADEIRA NÃO APARELHADA PARA TELHADOS COM MAIS QUE 2 ÁGUAS E COM TELHA CERÂMICA OU DE CONCRETO EM EDIFÍCIO INSTITUCIONAL TÉRREO, INCLUSO TRANSPORTE VERTICAL. AF_07/2019","M2","ATRIBUÍDO SÃO PAULO",38.54,"CAIXA REFERENCIAL"]
["COBERTURA","COBE","MADEIRAMENTO","0073","","",100388,"RETIRADA E RECOLOCAÇÃO DE RIPA EM TELHADOS DE ATÉ 2 ÁGUAS COM TELHA CERÂMICA OU DE CONCRETO DE ENCAIXE, INCLUSO TRANSPORTE VERTICAL. AF_07/2019","M2","ATRIBUÍDO SÃO PAULO",14.21,"CAIXA REFERENCIAL"]
["COBERTURA","COBE","MADEIRAMENTO","0073","","",100389,"RETIRADA E RECOLOCAÇÃO DE CAIBRO EM TELHADOS DE ATÉ 2 ÁGUAS COM TELHA CERÂMICA OU DE CONCRETO DE ENCAIXE, INCLUSO TRANSPORTE VERTICAL. AF_07/2019","M2","ATRIBUÍDO SÃO PAULO",13.49,"CAIXA REFERENCIAL"]
["COBERTURA","COBE","MADEIRAMENTO","0073","","",100390,"RETIRADA E RECOLOCAÇÃO DE RIPA EM TELHADOS DE MAIS DE 2 ÁGUAS COM TELHA CERÂMICA OU DE CONCRETO DE ENCAIXE, INCLUSO TRANSPORTE VERTICAL. AF_07/2019","M2","ATRIBUÍDO SÃO PAULO",17.440000000000001,"CAIXA REFERENCIAL"]
["COBERTURA","COBE","MADEIRAMENTO","0073","","",100391,"RETIRADA E RECOLOCAÇÃO DE CAIBRO EM TELHADOS DE MAIS DE 2 ÁGUAS COM TELHA CERÂMICA OU DE CONCRETO DE ENCAIXE, INCLUSO TRANSPORTE VERTICAL. AF_07/2019","M2","ATRIBUÍDO SÃO PAULO",15.73,"CAIXA REFERENCIAL"]
["COBERTURA","COBE","MADEIRAMENTO","0073","","",100392,"RETIRADA E RECOLOCAÇÃO DE RIPA EM TELHADOS DE ATÉ 2 ÁGUAS COM TELHA CERÂMICA CAPA-CANAL, INCLUSO TRANSPORTE VERTICAL. AF_07/2019","M2","ATRIBUÍDO SÃO PAULO",11.23,"CAIXA REFERENCIAL"]
["COBERTURA","COBE","MADEIRAMENTO","0073","","",100393,"RETIRADA E RECOLOCAÇÃO DE CAIBRO EM TELHADOS DE ATÉ 2 ÁGUAS COM TELHA CERÂMICA CAPA-CANAL, INCLUSO TRANSPORTE VERTICAL. AF_07/2019","M2","ATRIBUÍDO SÃO PAULO",15.49,"CAIXA REFERENCIAL"]
["COBERTURA","COBE","MADEIRAMENTO","0073","","",100394,"RETIRADA E RECOLOCAÇÃO DE RIPA EM TELHADOS DE MAIS DE 2 ÁGUAS COM TELHA CERÂMICA CAPA-CANAL, INCLUSO TRANSPORTE VERTICAL. AF_07/2019","M2","ATRIBUÍDO SÃO PAULO",13.78,"CAIXA REFERENCIAL"]
["COBERTURA","COBE","MADEIRAMENTO","0073","","",100395,"RETIRADA E RECOLOCAÇÃO DE CAIBRO EM TELHADOS DE MAIS DE 2 ÁGUAS COM TELHA CERÂMICA CAPA-CANAL, INCLUSO TRANSPORTE VERTICAL. AF_07/2019","M2","ATRIBUÍDO SÃO PAULO",18.72,"CAIXA REFERENCIAL"]
["COBERTURA","COBE","TELHAMENTO COM TELHA CERAMICA","0074","","",94189,"TELHAMENTO COM TELHA DE CONCRETO DE ENCAIXE, COM ATÉ 2 ÁGUAS, INCLUSO TRANSPORTE VERTICAL. AF_07/2019","M2","ATRIBUÍDO SÃO PAULO",41.1,"CAIXA REFERENCIAL"]
["COBERTURA","COBE","TELHAMENTO COM TELHA CERAMICA","0074","","",94192,"TELHAMENTO COM TELHA DE CONCRETO DE ENCAIXE, COM MAIS DE 2 ÁGUAS, INCLUSO TRANSPORTE VERTICAL. AF_07/2019","M2","ATRIBUÍDO SÃO PAULO",43.27,"CAIXA REFERENCIAL"]
["COBERTURA","COBE","TELHAMENTO COM TELHA CERAMICA","0074","","",94195,"TELHAMENTO COM TELHA CERÂMICA DE ENCAIXE, TIPO PORTUGUESA, COM ATÉ 2 ÁGUAS, INCLUSO TRANSPORTE VERTICAL. AF_07/2019","M2","ATRIBUÍDO SÃO PAULO",37.76,"CAIXA REFERENCIAL"]
["COBERTURA","COBE","TELHAMENTO COM TELHA CERAMICA","0074","","",94198,"TELHAMENTO COM TELHA CERÂMICA DE ENCAIXE, TIPO PORTUGUESA, COM MAIS DE 2 ÁGUAS, INCLUSO TRANSPORTE VERTICAL. AF_07/2019","M2","ATRIBUÍDO SÃO PAULO",40.619999999999997,"CAIXA REFERENCIAL"]
["COBERTURA","COBE","TELHAMENTO COM TELHA CERAMICA","0074","","",94201,"TELHAMENTO COM TELHA CERÂMICA CAPA-CANAL, TIPO COLONIAL, COM ATÉ 2 ÁGUAS, INCLUSO TRANSPORTE VERTICAL. AF_07/2019","M2","ATRIBUÍDO SÃO PAULO",53.42,"CAIXA REFERENCIAL"]
["COBERTURA","COBE","TELHAMENTO COM TELHA CERAMICA","0074","","",94204,"TELHAMENTO COM TELHA CERÂMICA CAPA-CANAL, TIPO COLONIAL, COM MAIS DE 2 ÁGUAS, INCLUSO TRANSPORTE VERTICAL. AF_07/2019","M2","ATRIBUÍDO SÃO PAULO",58.29,"CAIXA REFERENCIAL"]
["COBERTURA","COBE","TELHAMENTO COM TELHA CERAMICA","0074","","",94224,"EMBOÇAMENTO COM ARGAMASSA TRAÇO 1:2:9 (CIMENTO, CAL E AREIA). AF_07/2019","M","COEFICIENTE DE REPRESENTATIVIDADE",22.59,"CAIXA REFERENCIAL"]
["COBERTURA","COBE","TELHAMENTO COM TELHA CERAMICA","0074","","",94226,"SUBCOBERTURA COM MANTA PLÁSTICA REVESTIDA POR PELÍCULA DE ALUMÍNO, INCLUSO TRANSPORTE VERTICAL. AF_07/2019","M2","ATRIBUÍDO SÃO PAULO",17.7,"CAIXA REFERENCIAL"]
["COBERTURA","COBE","TELHAMENTO COM TELHA CERAMICA","0074","","",94232,"AMARRAÇÃO DE TELHAS CERÂMICAS OU DE CONCRETO. AF_07/2019","UN","COEFICIENTE DE REPRESENTATIVIDADE",2.4900000000000002,"CAIXA REFERENCIAL"]
["COBERTURA","COBE","TELHAMENTO COM TELHA CERAMICA","0074","","",94440,"TELHAMENTO COM TELHA CERÂMICA DE ENCAIXE, TIPO FRANCESA, COM ATÉ 2 ÁGUAS, INCLUSO TRANSPORTE VERTICAL. AF_07/2019","M2","ATRIBUÍDO SÃO PAULO",37.76,"CAIXA REFERENCIAL"]
["COBERTURA","COBE","TELHAMENTO COM TELHA CERAMICA","0074","","",94441,"TELHAMENTO COM TELHA CERÂMICA DE ENCAIXE, TIPO FRANCESA, COM MAIS DE 2 ÁGUAS, INCLUSO TRANSPORTE VERTICAL. AF_07/2019","M2","ATRIBUÍDO SÃO PAULO",40.619999999999997,"CAIXA REFERENCIAL"]
["COBERTURA","COBE","TELHAMENTO COM TELHA CERAMICA","0074","","",94442,"TELHAMENTO COM TELHA CERÂMICA DE ENCAIXE, TIPO ROMANA, COM ATÉ 2 ÁGUAS, INCLUSO TRANSPORTE VERTICAL. AF_07/2019","M2","ATRIBUÍDO SÃO PAULO",37.76,"CAIXA REFERENCIAL"]
["COBERTURA","COBE","TELHAMENTO COM TELHA CERAMICA","0074","","",94443,"TELHAMENTO COM TELHA CERÂMICA DE ENCAIXE, TIPO ROMANA, COM MAIS DE 2 ÁGUAS, INCLUSO TRANSPORTE VERTICAL. AF_07/2019","M2","ATRIBUÍDO SÃO PAULO",40.619999999999997,"CAIXA REFERENCIAL"]
["COBERTURA","COBE","TELHAMENTO COM TELHA CERAMICA","0074","","",94445,"TELHAMENTO COM TELHA CERÂMICA CAPA-CANAL, TIPO PLAN, COM ATÉ 2 ÁGUAS, INCLUSO TRANSPORTE VERTICAL. AF_07/2019","M2","ATRIBUÍDO SÃO PAULO",53.42,"CAIXA REFERENCIAL"]
["COBERTURA","COBE","TELHAMENTO COM TELHA CERAMICA","0074","","",94446,"TELHAMENTO COM TELHA CERÂMICA CAPA-CANAL, TIPO PLAN, COM MAIS DE 2 ÁGUAS, INCLUSO TRANSPORTE VERTICAL. AF_07/2019","M2","ATRIBUÍDO SÃO PAULO",58.29,"CAIXA REFERENCIAL"]
["COBERTURA","COBE","TELHAMENTO COM TELHA CERAMICA","0074","","",94447,"TELHAMENTO COM TELHA CERÂMICA CAPA-CANAL, TIPO PAULISTA, COM ATÉ 2 ÁGUAS, INCLUSO TRANSPORTE VERTICAL. AF_07/2019","M2","ATRIBUÍDO SÃO PAULO",53.42,"CAIXA REFERENCIAL"]
["COBERTURA","COBE","TELHAMENTO COM TELHA CERAMICA","0074","","",94448,"TELHAMENTO COM TELHA CERÂMICA CAPA-CANAL, TIPO PAULISTA, COM MAIS DE 2 ÁGUAS, INCLUSO TRANSPORTE VERTICAL. AF_07/2019","M2","ATRIBUÍDO SÃO PAULO",58.29,"CAIXA REFERENCIAL"]
["COBERTURA","COBE","TELHAMENTO COM TELHA DE FIBROCIMENTO","0075","","",94207,"TELHAMENTO COM TELHA ONDULADA DE FIBROCIMENTO E = 6 MM, COM RECOBRIMENTO LATERAL DE 1/4 DE ONDA PARA TELHADO COM INCLINAÇÃO MAIOR QUE 10°, COM ATÉ 2 ÁGUAS, INCLUSO IÇAMENTO. AF_07/2019","M2","ATRIBUÍDO SÃO PAULO",45.88,"CAIXA REFERENCIAL"]
["COBERTURA","COBE","TELHAMENTO COM TELHA DE FIBROCIMENTO","0075","","",94210,"TELHAMENTO COM TELHA ONDULADA DE FIBROCIMENTO E = 6 MM, COM RECOBRIMENTO LATERAL DE 1 1/4 DE ONDA PARA TELHADO COM INCLINAÇÃO MÁXIMA DE 10°, COM ATÉ 2 ÁGUAS, INCLUSO IÇAMENTO. AF_07/2019","M2","ATRIBUÍDO SÃO PAULO",48.65,"CAIXA REFERENCIAL"]
["COBERTURA","COBE","TELHAMENTO COM TELHA DE FIBROCIMENTO","0075","","",94218,"TELHAMENTO COM TELHA ESTRUTURAL DE FIBROCIMENTO E= 8 MM, COM ATÉ 2 ÁGUAS, INCLUSO IÇAMENTO. AF_07/2019_PS","M2","ATRIBUÍDO SÃO PAULO",118.85,"CAIXA REFERENCIAL"]
["COBERTURA","COBE","TELHAMENTO COM TELHA METALICA","0076","","",94213,"TELHAMENTO COM TELHA DE AÇO/ALUMÍNIO E = 0,5 MM, COM ATÉ 2 ÁGUAS, INCLUSO IÇAMENTO. AF_07/2019","M2","ATRIBUÍDO SÃO PAULO",65.510000000000005,"CAIXA REFERENCIAL"]
["COBERTURA","COBE","TELHAMENTO COM TELHA METALICA","0076","","",94216,"TELHAMENTO COM TELHA METÁLICA TERMOACÚSTICA E = 30 MM, COM ATÉ 2 ÁGUAS, INCLUSO IÇAMENTO. AF_07/2019","M2","ATRIBUÍDO SÃO PAULO",185.33,"CAIXA REFERENCIAL"]
["COBERTURA","COBE","CUMEEIRA CERAMICA","0079","","",94219,"CUMEEIRA E ESPIGÃO PARA TELHA CERÂMICA EMBOÇADA COM ARGAMASSA TRAÇO 1:2:9 (CIMENTO, CAL E AREIA), PARA TELHADOS COM MAIS DE 2 ÁGUAS, INCLUSO TRANSPORTE VERTICAL. AF_07/2019","M","ATRIBUÍDO SÃO PAULO",31.55,"CAIXA REFERENCIAL"]
["COBERTURA","COBE","CUMEEIRA CERAMICA","0079","","",94220,"CUMEEIRA E ESPIGÃO PARA TELHA DE CONCRETO EMBOÇADA COM ARGAMASSA TRAÇO 1:2:9 (CIMENTO, CAL E AREIA), PARA TELHADOS COM MAIS DE 2 ÁGUAS, INCLUSO TRANSPORTE VERTICAL. AF_07/2019","M","ATRIBUÍDO SÃO PAULO",54.47,"CAIXA REFERENCIAL"]
["COBERTURA","COBE","CUMEEIRA CERAMICA","0079","","",94221,"CUMEEIRA PARA TELHA CERÂMICA EMBOÇADA COM ARGAMASSA TRAÇO 1:2:9 (CIMENTO, CAL E AREIA) PARA TELHADOS COM ATÉ 2 ÁGUAS, INCLUSO TRANSPORTE VERTICAL. AF_07/2019","M","ATRIBUÍDO SÃO PAULO",25.9,"CAIXA REFERENCIAL"]
["COBERTURA","COBE","CUMEEIRA CERAMICA","0079","","",94222,"CUMEEIRA PARA TELHA DE CONCRETO EMBOÇADA COM ARGAMASSA TRAÇO 1:2:9 (CIMENTO, CAL E AREIA) PARA TELHADOS COM ATÉ 2 ÁGUAS, INCLUSO TRANSPORTE VERTICAL. AF_07/2019","M","ATRIBUÍDO SÃO PAULO",48.82,"CAIXA REFERENCIAL"]
["COBERTURA","COBE","CUMEEIRA DE FIBROCIMENTO","0080","","",94223,"CUMEEIRA PARA TELHA DE FIBROCIMENTO ONDULADA E = 6 MM, INCLUSO ACESSÓRIOS DE FIXAÇÃO E IÇAMENTO. AF_07/2019","M","ATRIBUÍDO SÃO PAULO",81.03,"CAIXA REFERENCIAL"]
["COBERTURA","COBE","CUMEEIRA DE FIBROCIMENTO","0080","","",94451,"CUMEEIRA PARA TELHA DE FIBROCIMENTO ESTRUTURAL E = 6 MM, INCLUSO ACESSÓRIOS DE FIXAÇÃO E IÇAMENTO. AF_07/2019","M","ATRIBUÍDO SÃO PAULO",90.25,"CAIXA REFERENCIAL"]
["COBERTURA","COBE","CUMEEIRA DE FIBROCIMENTO","0080","","",100325,"CUMEEIRA SHED PARA TELHA ONDULADA DE FIBROCIMENTO, E = 6 MM, INCLUSO ACESSÓRIOS DE FIXAÇÃO E IÇAMENTO. AF_07/2019","M","ATRIBUÍDO SÃO PAULO",87.85,"CAIXA REFERENCIAL"]
["COBERTURA","COBE","CUMEEIRA DE FIBROCIMENTO","0080","","",100327,"RUFO EXTERNO/INTERNO EM CHAPA DE AÇO GALVANIZADO NÚMERO 26, CORTE DE 33 CM, INCLUSO IÇAMENTO. AF_07/2019","M","ATRIBUÍDO SÃO PAULO",62.97,"CAIXA REFERENCIAL"]
["COBERTURA","COBE","CUMEEIRA DE FIBROCIMENTO","0080","","",100328,"RETIRADA E RECOLOCAÇÃO DE  TELHA CERÂMICA DE ENCAIXE, COM ATÉ DUAS ÁGUAS, INCLUSO IÇAMENTO. AF_07/2019","M2","ATRIBUÍDO SÃO PAULO",13.08,"CAIXA REFERENCIAL"]
["COBERTURA","COBE","CUMEEIRA DE FIBROCIMENTO","0080","","",100329,"RETIRADA E RECOLOCAÇÃO DE  TELHA CERÂMICA DE ENCAIXE, COM MAIS DE DUAS ÁGUAS, INCLUSO IÇAMENTO. AF_07/2019","M2","ATRIBUÍDO SÃO PAULO",15.96,"CAIXA REFERENCIAL"]
["COBERTURA","COBE","CUMEEIRA DE FIBROCIMENTO","0080","","",100330,"RETIRADA E RECOLOCAÇÃO DE  TELHA CERÂMICA CAPA-CANAL, COM ATÉ DUAS ÁGUAS, INCLUSO IÇAMENTO. AF_07/2019","M2","ATRIBUÍDO SÃO PAULO",17.77,"CAIXA REFERENCIAL"]
["COBERTURA","COBE","CUMEEIRA DE FIBROCIMENTO","0080","","",100331,"RETIRADA E RECOLOCAÇÃO DE  TELHA CERÂMICA CAPA-CANAL, COM MAIS DE DUAS ÁGUAS, INCLUSO IÇAMENTO. AF_07/2019","M2","ATRIBUÍDO SÃO PAULO",22.67,"CAIXA REFERENCIAL"]
["COBERTURA","COBE","CALHA DE PVC, PECAS E ACESSORIOS","0083","","",100434,"CALHA DE BEIRAL, SEMICIRCULAR DE PVC, DIAMETRO 125 MM, INCLUINDO CABECEIRAS, EMENDAS, BOCAIS, SUPORTES E VEDAÇÕES, EXCLUINDO CONDUTORES, INCLUSO TRANSPORTE VERTICAL. AF_07/2019","M","ATRIBUÍDO SÃO PAULO",168.69,"CAIXA REFERENCIAL"]
["COBERTURA","COBE","CALHA DE PVC, PECAS E ACESSORIOS","0083","","",100435,"RUFO EM FIBROCIMENTO PARA TELHA ONDULADA E = 6 MM, ABA DE 26 CM, INCLUSO TRANSPORTE VERTICAL, EXCETO CONTRARRUFO. AF_07/2019","M","ATRIBUÍDO SÃO PAULO",59.79,"CAIXA REFERENCIAL"]
["COBERTURA","COBE","CALHA METALICA","0084","","",94227,"CALHA EM CHAPA DE AÇO GALVANIZADO NÚMERO 24, DESENVOLVIMENTO DE 33 CM, INCLUSO TRANSPORTE VERTICAL. AF_07/2019","M","ATRIBUÍDO SÃO PAULO",64.010000000000005,"CAIXA REFERENCIAL"]
["COBERTURA","COBE","CALHA METALICA","0084","","",94228,"CALHA EM CHAPA DE AÇO GALVANIZADO NÚMERO 24, DESENVOLVIMENTO DE 50 CM, INCLUSO TRANSPORTE VERTICAL. AF_07/2019","M","ATRIBUÍDO SÃO PAULO",86.76,"CAIXA REFERENCIAL"]
["COBERTURA","COBE","CALHA METALICA","0084","","",94229,"CALHA EM CHAPA DE AÇO GALVANIZADO NÚMERO 24, DESENVOLVIMENTO DE 100 CM, INCLUSO TRANSPORTE VERTICAL. AF_07/2019","M","ATRIBUÍDO SÃO PAULO",168.3,"CAIXA REFERENCIAL"]
["COBERTURA","COBE","RUFO METALICO","0086","","",94231,"RUFO EM CHAPA DE AÇO GALVANIZADO NÚMERO 24, CORTE DE 25 CM, INCLUSO TRANSPORTE VERTICAL. AF_07/2019","M","ATRIBUÍDO SÃO PAULO",56.5,"CAIXA REFERENCIAL"]
["COBERTURA","COBE","TELHAMENTO COM TELHA DE FIBRA DE VIDRO","0252","","",94449,"TELHAMENTO COM TELHA ONDULADA DE FIBRA DE VIDRO E = 0,6 MM, PARA TELHADO COM INCLINAÇÃO MAIOR QUE 10°, COM ATÉ 2 ÁGUAS, INCLUSO IÇAMENTO. AF_07/2019","M2","ATRIBUÍDO SÃO PAULO",78.17,"CAIXA REFERENCIAL"]
["COBERTURA","COBE","ESTRUTURA METALICA","0291","","",92255,"INSTALAÇÃO DE TESOURA (INTEIRA OU MEIA), EM AÇO, PARA VÃOS MAIORES OU IGUAIS A 3,0 M E MENORES QUE 6,0 M, INCLUSO IÇAMENTO. AF_07/2019","UN","ATRIBUÍDO SÃO PAULO",157.74,"CAIXA REFERENCIAL"]
["COBERTURA","COBE","ESTRUTURA METALICA","0291","","",92256,"INSTALAÇÃO DE TESOURA (INTEIRA OU MEIA), EM AÇO, PARA VÃOS MAIORES OU IGUAIS A 6,0 M E MENORES QUE 8,0 M, INCLUSO IÇAMENTO. AF_07/2019","UN","ATRIBUÍDO SÃO PAULO",188.78,"CAIXA REFERENCIAL"]
["COBERTURA","COBE","ESTRUTURA METALICA","0291","","",92257,"INSTALAÇÃO DE TESOURA (INTEIRA OU MEIA), EM AÇO, PARA VÃOS MAIORES OU IGUAIS A 8,0 M E MENORES QUE 10,0 M, INCLUSO IÇAMENTO. AF_07/2019","UN","ATRIBUÍDO SÃO PAULO",219.57,"CAIXA REFERENCIAL"]
["COBERTURA","COBE","ESTRUTURA METALICA","0291","","",92258,"INSTALAÇÃO DE TESOURA (INTEIRA OU MEIA), EM AÇO, PARA VÃOS MAIORES OU IGUAIS A 10,0 M E MENORES QUE 12,0 M, INCLUSO IÇAMENTO. AF_07/2019","UN","ATRIBUÍDO SÃO PAULO",269.08999999999997,"CAIXA REFERENCIAL"]
["COBERTURA","COBE","ESTRUTURA METALICA","0291","","",92568,"TRAMA DE AÇO COMPOSTA POR RIPAS, CAIBROS E TERÇAS PARA TELHADOS DE ATÉ 2 ÁGUAS PARA TELHA DE ENCAIXE DE CERÂMICA OU DE CONCRETO, INCLUSO TRANSPORTE VERTICAL. AF_07/2019","M2","ATRIBUÍDO SÃO PAULO",150.53,"CAIXA REFERENCIAL"]
["COBERTURA","COBE","ESTRUTURA METALICA","0291","","",92569,"TRAMA DE AÇO COMPOSTA POR RIPAS E CAIBROS PARA TELHADOS DE ATÉ 2 ÁGUAS PARA TELHA DE ENCAIXE DE CERÂMICA OU DE CONCRETO, INCLUSO TRANSPORTE VERTICAL. AF_07/2019","M2","ATRIBUÍDO SÃO PAULO",84.89,"CAIXA REFERENCIAL"]
["COBERTURA","COBE","ESTRUTURA METALICA","0291","","",92570,"TRAMA DE AÇO COMPOSTA POR RIPAS PARA TELHADOS DE ATÉ 2 ÁGUAS PARA TELHA DE ENCAIXE DE CERÂMICA OU DE CONCRETO, INCLUSO TRANSPORTE VERTICAL. AF_07/2019","M2","ATRIBUÍDO SÃO PAULO",54.44,"CAIXA REFERENCIAL"]
["COBERTURA","COBE","ESTRUTURA METALICA","0291","","",92571,"TRAMA DE AÇO COMPOSTA POR RIPAS, CAIBROS E TERÇAS PARA TELHADOS DE MAIS DE 2 ÁGUAS PARA TELHA DE ENCAIXE DE CERÂMICA OU DE CONCRETO, INCLUSO TRANSPORTE VERTICAL. AF_07/2019","M2","ATRIBUÍDO SÃO PAULO",157.1,"CAIXA REFERENCIAL"]
["COBERTURA","COBE","ESTRUTURA METALICA","0291","","",92572,"TRAMA DE AÇO COMPOSTA POR RIPAS E CAIBROS PARA TELHADOS DE MAIS DE 2 ÁGUAS PARA TELHA DE ENCAIXE DE CERÂMICA OU DE CONCRETO, INCLUSO TRANSPORTE VERTICAL. AF_07/2019","M2","ATRIBUÍDO SÃO PAULO",95.5,"CAIXA REFERENCIAL"]
["COBERTURA","COBE","ESTRUTURA METALICA","0291","","",92573,"TRAMA DE AÇO COMPOSTA POR RIPAS PARA TELHADOS DE MAIS DE 2 ÁGUAS PARA TELHA DE ENCAIXE DE CERÂMICA OU DE CONCRETO, INCLUSO TRANSPORTE VERTICAL, INCLUSO TRANSPORTE VERTICAL. AF_07/2019","M2","ATRIBUÍDO SÃO PAULO",57.14,"CAIXA REFERENCIAL"]
["COBERTURA","COBE","ESTRUTURA METALICA","0291","","",92574,"TRAMA DE AÇO COMPOSTA POR RIPAS, CAIBROS E TERÇAS PARA TELHADOS DE ATÉ 2 ÁGUAS PARA TELHA CERÂMICA CAPA-CANAL, INCLUSO TRANSPORTE VERTICAL. AF_07/2019","M2","ATRIBUÍDO SÃO PAULO",152.62,"CAIXA REFERENCIAL"]
["COBERTURA","COBE","ESTRUTURA METALICA","0291","","",92575,"TRAMA DE AÇO COMPOSTA POR RIPAS E CAIBROS PARA TELHADOS DE ATÉ 2 ÁGUAS PARA TELHA CERÂMICA CAPA-CANAL, INCLUSO TRANSPORTE VERTICAL. AF_07/2019","M2","ATRIBUÍDO SÃO PAULO",77.42,"CAIXA REFERENCIAL"]
["COBERTURA","COBE","ESTRUTURA METALICA","0291","","",92576,"TRAMA DE AÇO COMPOSTA POR RIPAS PARA TELHADOS DE ATÉ 2 ÁGUAS PARA TELHA CERÂMICA CAPA-CANAL, INCLUSO TRANSPORTE VERTICAL. AF_07/2019","M2","ATRIBUÍDO SÃO PAULO",42.9,"CAIXA REFERENCIAL"]
["COBERTURA","COBE","ESTRUTURA METALICA","0291","","",92577,"TRAMA DE AÇO COMPOSTA POR RIPAS, CAIBROS E TERÇAS PARA TELHADOS DE MAIS DE 2 ÁGUAS PARA TELHA CERÂMICA CAPA-CANAL, INCLUSO TRANSPORTE VERTICAL. AF_07/2019","M2","ATRIBUÍDO SÃO PAULO",159.78,"CAIXA REFERENCIAL"]
["COBERTURA","COBE","ESTRUTURA METALICA","0291","","",92578,"TRAMA DE AÇO COMPOSTA POR RIPAS E CAIBROS PARA TELHADOS DE MAIS DE 2 ÁGUAS PARA TELHA CERÂMICA CAPA-CANAL, INCLUSO TRANSPORTE VERTICAL. AF_07/2019","M2","ATRIBUÍDO SÃO PAULO",81.349999999999994,"CAIXA REFERENCIAL"]
["COBERTURA","COBE","ESTRUTURA METALICA","0291","","",92579,"TRAMA DE AÇO COMPOSTA POR RIPAS PARA TELHADOS DE MAIS DE 2 ÁGUAS PARA TELHA CERÂMICA CAPA-CANAL, INCLUSO TRANSPORTE VERTICAL. AF_07/2019","M2","ATRIBUÍDO SÃO PAULO",45.06,"CAIXA REFERENCIAL"]
["COBERTURA","COBE","ESTRUTURA METALICA","0291","","",92580,"TRAMA DE AÇO COMPOSTA POR TERÇAS PARA TELHADOS DE ATÉ 2 ÁGUAS PARA TELHA ONDULADA DE FIBROCIMENTO, METÁLICA, PLÁSTICA OU TERMOACÚSTICA, INCLUSO TRANSPORTE VERTICAL. AF_07/2019","M2","ATRIBUÍDO SÃO PAULO",55.72,"CAIXA REFERENCIAL"]
["COBERTURA","COBE","ESTRUTURA METALICA","0291","","",92581,"TRAMA DE AÇO COMPOSTA POR TERÇAS PARA TELHADOS DE ATÉ 2 ÁGUAS PARA TELHA ESTRUTURAL DE FIBROCIMENTO, INCLUSO TRANSPORTE VERTICAL. AF_07/2019","M2","ATRIBUÍDO SÃO PAULO",58.6,"CAIXA REFERENCIAL"]
["COBERTURA","COBE","ESTRUTURA METALICA","0291","","",92582,"FABRICAÇÃO E INSTALAÇÃO DE TESOURA INTEIRA EM AÇO, VÃO DE 3 M, PARA TELHA CERÂMICA OU DE CONCRETO, INCLUSO IÇAMENTO. AF_12/2015","UN","ATRIBUÍDO SÃO PAULO",780.31,"CAIXA REFERENCIAL"]
["COBERTURA","COBE","ESTRUTURA METALICA","0291","","",92584,"FABRICAÇÃO E INSTALAÇÃO DE TESOURA INTEIRA EM AÇO, VÃO DE 4 M, PARA TELHA CERÂMICA OU DE CONCRETO, INCLUSO IÇAMENTO. AF_12/2015","UN","ATRIBUÍDO SÃO PAULO",931.14,"CAIXA REFERENCIAL"]
["COBERTURA","COBE","ESTRUTURA METALICA","0291","","",92586,"FABRICAÇÃO E INSTALAÇÃO DE TESOURA INTEIRA EM AÇO, VÃO DE 5 M, PARA TELHA CERÂMICA OU DE CONCRETO, INCLUSO IÇAMENTO. AF_12/2015","UN","ATRIBUÍDO SÃO PAULO",1081.96,"CAIXA REFERENCIAL"]
["COBERTURA","COBE","ESTRUTURA METALICA","0291","","",92588,"FABRICAÇÃO E INSTALAÇÃO DE TESOURA INTEIRA EM AÇO, VÃO DE 6 M, PARA TELHA CERÂMICA OU DE CONCRETO, INCLUSO IÇAMENTO. AF_12/2015","UN","ATRIBUÍDO SÃO PAULO",1359.3,"CAIXA REFERENCIAL"]
["COBERTURA","COBE","ESTRUTURA METALICA","0291","","",92590,"FABRICAÇÃO E INSTALAÇÃO DE TESOURA INTEIRA EM AÇO, VÃO DE 7 M, PARA TELHA CERÂMICA OU DE CONCRETO, INCLUSO IÇAMENTO. AF_12/2015","UN","ATRIBUÍDO SÃO PAULO",1510.12,"CAIXA REFERENCIAL"]
["COBERTURA","COBE","ESTRUTURA METALICA","0291","","",92592,"FABRICAÇÃO E INSTALAÇÃO DE TESOURA INTEIRA EM AÇO, VÃO DE 8 M, PARA TELHA CERÂMICA OU DE CONCRETO, INCLUSO IÇAMENTO. AF_12/2015","UN","ATRIBUÍDO SÃO PAULO",1691.74,"CAIXA REFERENCIAL"]
["COBERTURA","COBE","ESTRUTURA METALICA","0291","","",92594,"FABRICAÇÃO E INSTALAÇÃO DE TESOURA INTEIRA EM AÇO, VÃO DE 9 M, PARA TELHA CERÂMICA OU DE CONCRETO, INCLUSO IÇAMENTO. AF_12/2015","UN","ATRIBUÍDO SÃO PAULO",1976.19,"CAIXA REFERENCIAL"]
["COBERTURA","COBE","ESTRUTURA METALICA","0291","","",92596,"FABRICAÇÃO E INSTALAÇÃO DE TESOURA INTEIRA EM AÇO, VÃO DE 10 M, PARA TELHA CERÂMICA OU DE CONCRETO, INCLUSO IÇAMENTO. AF_12/2015","UN","ATRIBUÍDO SÃO PAULO",2183.0100000000002,"CAIXA REFERENCIAL"]
["COBERTURA","COBE","ESTRUTURA METALICA","0291","","",92598,"FABRICAÇÃO E INSTALAÇÃO DE TESOURA INTEIRA EM AÇO, VÃO DE 11 M, PARA TELHA CERÂMICA OU DE CONCRETO, INCLUSO IÇAMENTO. AF_12/2015","UN","ATRIBUÍDO SÃO PAULO",2333.83,"CAIXA REFERENCIAL"]
["COBERTURA","COBE","ESTRUTURA METALICA","0291","","",92600,"FABRICAÇÃO E INSTALAÇÃO DE TESOURA INTEIRA EM AÇO, VÃO DE 12 M, PARA TELHA CERÂMICA OU DE CONCRETO, INCLUSO IÇAMENTO. AF_12/2015","UN","ATRIBUÍDO SÃO PAULO",2522.84,"CAIXA REFERENCIAL"]
["COBERTURA","COBE","ESTRUTURA METALICA","0291","","",92602,"FABRICAÇÃO E INSTALAÇÃO DE TESOURA INTEIRA EM AÇO, VÃO DE 3 M, PARA TELHA ONDULADA DE FIBROCIMENTO, METÁLICA, PLÁSTICA OU TERMOACÚSTICA, INCLUSO IÇAMENTO. AF_12/2015","UN","ATRIBUÍDO SÃO PAULO",780.31,"CAIXA REFERENCIAL"]
["COBERTURA","COBE","ESTRUTURA METALICA","0291","","",92604,"FABRICAÇÃO E INSTALAÇÃO DE TESOURA INTEIRA EM AÇO, VÃO DE 4 M, PARA TELHA ONDULADA DE FIBROCIMENTO, METÁLICA, PLÁSTICA OU TERMOACÚSTICA, INCLUSO IÇAMENTO. AF_12/2015","UN","ATRIBUÍDO SÃO PAULO",892.97,"CAIXA REFERENCIAL"]
["COBERTURA","COBE","ESTRUTURA METALICA","0291","","",92606,"FABRICAÇÃO E INSTALAÇÃO DE TESOURA INTEIRA EM AÇO, VÃO DE 5 M, PARA TELHA ONDULADA DE FIBROCIMENTO, METÁLICA, PLÁSTICA OU TERMOACÚSTICA, INCLUSO IÇAMENTO. AF_12/2015","UN","ATRIBUÍDO SÃO PAULO",1043.79,"CAIXA REFERENCIAL"]
["COBERTURA","COBE","ESTRUTURA METALICA","0291","","",92608,"FABRICAÇÃO E INSTALAÇÃO DE TESOURA INTEIRA EM AÇO, VÃO DE 6 M, PARA TELHA ONDULADA DE FIBROCIMENTO, METÁLICA, PLÁSTICA OU TERMOACÚSTICA, INCLUSO IÇAMENTO. AF_12/2015","UN","ATRIBUÍDO SÃO PAULO",1282.95,"CAIXA REFERENCIAL"]
["COBERTURA","COBE","ESTRUTURA METALICA","0291","","",92610,"FABRICAÇÃO E INSTALAÇÃO DE TESOURA INTEIRA EM AÇO, VÃO DE 7 M, PARA TELHA ONDULADA DE FIBROCIMENTO, METÁLICA, PLÁSTICA OU TERMOACÚSTICA, INCLUSO IÇAMENTO. AF_12/2015","UN","ATRIBUÍDO SÃO PAULO",1433.77,"CAIXA REFERENCIAL"]
["COBERTURA","COBE","ESTRUTURA METALICA","0291","","",92612,"FABRICAÇÃO E INSTALAÇÃO DE TESOURA INTEIRA EM AÇO, VÃO DE 8 M, PARA TELHA ONDULADA DE FIBROCIMENTO, METÁLICA, PLÁSTICA OU TERMOACÚSTICA, INCLUSO IÇAMENTO, INCLUSO IÇAMENTO. AF_12/2015","UN","ATRIBUÍDO SÃO PAULO",1615.4,"CAIXA REFERENCIAL"]
["COBERTURA","COBE","ESTRUTURA METALICA","0291","","",92614,"FABRICAÇÃO E INSTALAÇÃO DE TESOURA INTEIRA EM AÇO, VÃO DE 9 M, PARA TELHA ONDULADA DE FIBROCIMENTO, METÁLICA, PLÁSTICA OU TERMOACÚSTICA, INCLUSO IÇAMENTO. AF_12/2015","UN","ATRIBUÍDO SÃO PAULO",1823.49,"CAIXA REFERENCIAL"]
["COBERTURA","COBE","ESTRUTURA METALICA","0291","","",92616,"FABRICAÇÃO E INSTALAÇÃO DE TESOURA INTEIRA EM AÇO, VÃO DE 10 M, PARA TELHA ONDULADA DE FIBROCIMENTO, METÁLICA, PLÁSTICA OU TERMOACÚSTICA, INCLUSO IÇAMENTO. AF_12/2015","UN","ATRIBUÍDO SÃO PAULO",2068.4899999999998,"CAIXA REFERENCIAL"]
["COBERTURA","COBE","ESTRUTURA METALICA","0291","","",92618,"FABRICAÇÃO E INSTALAÇÃO DE TESOURA INTEIRA EM AÇO, VÃO DE 11 M, PARA TELHA ONDULADA DE FIBROCIMENTO, METÁLICA, PLÁSTICA OU TERMOACÚSTICA, INCLUSO IÇAMENTO. AF_12/2015","UN","ATRIBUÍDO SÃO PAULO",2219.31,"CAIXA REFERENCIAL"]
["COBERTURA","COBE","ESTRUTURA METALICA","0291","","",92620,"FABRICAÇÃO E INSTALAÇÃO DE TESOURA INTEIRA EM AÇO, VÃO DE 12 M, PARA TELHA ONDULADA DE FIBROCIMENTO, METÁLICA, PLÁSTICA OU TERMOACÚSTICA, INCLUSO IÇAMENTO. AF_12/2015","UN","ATRIBUÍDO SÃO PAULO",2370.14,"CAIXA REFERENCIAL"]
["COBERTURA","COBE","ESTRUTURA METALICA","0291","","",100357,"FABRICAÇÃO E INSTALAÇÃO DE MEIA TESOURA DE MADEIRA NÃO APARELHADA, COM VÃO DE 3 M, PARA TELHA CERÂMICA OU DE CONCRETO, INCLUSO IÇAMENTO. AF_07/2019","UN","ATRIBUÍDO SÃO PAULO",772.7,"CAIXA REFERENCIAL"]
["COBERTURA","COBE","ESTRUTURA METALICA","0291","","",100358,"FABRICAÇÃO E INSTALAÇÃO DE MEIA TESOURA DE MADEIRA NÃO APARELHADA, COM VÃO DE 4 M, PARA TELHA CERÂMICA OU DE CONCRETO, INCLUSO IÇAMENTO. AF_07/2019","UN","ATRIBUÍDO SÃO PAULO",1059.51,"CAIXA REFERENCIAL"]
["COBERTURA","COBE","ESTRUTURA METALICA","0291","","",100359,"FABRICAÇÃO E INSTALAÇÃO DE MEIA TESOURA DE MADEIRA NÃO APARELHADA, COM VÃO DE 5 M, PARA TELHA CERÂMICA OU DE CONCRETO, INCLUSO IÇAMENTO. AF_07/2019","UN","ATRIBUÍDO SÃO PAULO",1103.9100000000001,"CAIXA REFERENCIAL"]
["COBERTURA","COBE","ESTRUTURA METALICA","0291","","",100360,"FABRICAÇÃO E INSTALAÇÃO DE MEIA TESOURA DE MADEIRA NÃO APARELHADA, COM VÃO DE 6 M, PARA TELHA CERÂMICA OU DE CONCRETO, INCLUSO IÇAMENTO. AF_07/2019","UN","ATRIBUÍDO SÃO PAULO",1218.8699999999999,"CAIXA REFERENCIAL"]
["COBERTURA","COBE","ESTRUTURA METALICA","0291","","",100361,"FABRICAÇÃO E INSTALAÇÃO DE MEIA TESOURA DE MADEIRA NÃO APARELHADA, COM VÃO DE 7 M, PARA TELHA CERÂMICA OU DE CONCRETO, INCLUSO IÇAMENTO. AF_07/2019","UN","ATRIBUÍDO SÃO PAULO",1523.6,"CAIXA REFERENCIAL"]
["COBERTURA","COBE","ESTRUTURA METALICA","0291","","",100362,"FABRICAÇÃO E INSTALAÇÃO DE MEIA TESOURA DE MADEIRA NÃO APARELHADA, COM VÃO DE 8 M, PARA TELHA CERÂMICA OU DE CONCRETO, INCLUSO IÇAMENTO. AF_07/2019","UN","ATRIBUÍDO SÃO PAULO",2090.71,"CAIXA REFERENCIAL"]
["COBERTURA","COBE","ESTRUTURA METALICA","0291","","",100363,"FABRICAÇÃO E INSTALAÇÃO DE MEIA TESOURA DE MADEIRA NÃO APARELHADA, COM VÃO DE 9 M, PARA TELHA CERÂMICA OU DE CONCRETO, INCLUSO IÇAMENTO. AF_07/2019","UN","ATRIBUÍDO SÃO PAULO",2147.1999999999998,"CAIXA REFERENCIAL"]
["COBERTURA","COBE","ESTRUTURA METALICA","0291","","",100364,"FABRICAÇÃO E INSTALAÇÃO DE MEIA TESOURA DE MADEIRA NÃO APARELHADA, COM VÃO DE 10 M, PARA TELHA CERÂMICA OU DE CONCRETO, INCLUSO IÇAMENTO. AF_07/2019","UN","ATRIBUÍDO SÃO PAULO",2321.15,"CAIXA REFERENCIAL"]
["COBERTURA","COBE","ESTRUTURA METALICA","0291","","",100365,"FABRICAÇÃO E INSTALAÇÃO DE MEIA TESOURA DE MADEIRA NÃO APARELHADA, COM VÃO DE 11 M, PARA TELHA CERÂMICA OU DE CONCRETO, INCLUSO IÇAMENTO. AF_07/2019","UN","ATRIBUÍDO SÃO PAULO",2660.43,"CAIXA REFERENCIAL"]
["COBERTURA","COBE","ESTRUTURA METALICA","0291","","",100366,"FABRICAÇÃO E INSTALAÇÃO DE MEIA TESOURA DE MADEIRA NÃO APARELHADA, COM VÃO DE 12 M, PARA TELHA CERÂMICA OU DE CONCRETO, INCLUSO IÇAMENTO. AF_07/2019","UN","ATRIBUÍDO SÃO PAULO",2804.58,"CAIXA REFERENCIAL"]
["COBERTURA","COBE","ESTRUTURA METALICA","0291","","",100367,"FABRICAÇÃO E INSTALAÇÃO DE MEIA TESOURA DE MADEIRA NÃO APARELHADA, COM VÃO DE 3 M, PARA TELHA ONDULADA DE FIBROCIMENTO, ALUMÍNIO, PLÁSTICA OU TERMOACÚSTICA, INCLUSO IÇAMENTO. AF_07/2019","UN","ATRIBUÍDO SÃO PAULO",756.52,"CAIXA REFERENCIAL"]
["COBERTURA","COBE","ESTRUTURA METALICA","0291","","",100368,"FABRICAÇÃO E INSTALAÇÃO DE MEIA TESOURA DE MADEIRA NÃO APARELHADA, COM VÃO DE 4 M, PARA TELHA ONDULADA DE FIBROCIMENTO, ALUMÍNIO, PLÁSTICA OU TERMOACÚSTICA, INCLUSO IÇAMENTO. AF_07/2019","UN","ATRIBUÍDO SÃO PAULO",1039.55,"CAIXA REFERENCIAL"]
["COBERTURA","COBE","ESTRUTURA METALICA","0291","","",100369,"FABRICAÇÃO E INSTALAÇÃO DE MEIA TESOURA DE MADEIRA NÃO APARELHADA, COM VÃO DE 5 M, PARA TELHA ONDULADA DE FIBROCIMENTO, ALUMÍNIO, PLÁSTICA OU TERMOACÚSTICA, INCLUSO IÇAMENTO. AF_07/2019","UN","ATRIBUÍDO SÃO PAULO",1083.96,"CAIXA REFERENCIAL"]
["COBERTURA","COBE","ESTRUTURA METALICA","0291","","",100370,"FABRICAÇÃO E INSTALAÇÃO DE MEIA TESOURA DE MADEIRA NÃO APARELHADA, COM VÃO DE 6 M, PARA TELHA ONDULADA DE FIBROCIMENTO, ALUMÍNIO, PLÁSTICA OU TERMOACÚSTICA, INCLUSO IÇAMENTO. AF_07/2019","UN","ATRIBUÍDO SÃO PAULO",1260.75,"CAIXA REFERENCIAL"]
["COBERTURA","COBE","ESTRUTURA METALICA","0291","","",100371,"FABRICAÇÃO E INSTALAÇÃO DE MEIA TESOURA DE MADEIRA NÃO APARELHADA, COM VÃO DE 7 M, PARA TELHA ONDULADA DE FIBROCIMENTO, ALUMÍNIO, PLÁSTICA OU TERMOACÚSTICA, INCLUSO IÇAMENTO. AF_07/2019","UN","ATRIBUÍDO SÃO PAULO",1470.39,"CAIXA REFERENCIAL"]
["COBERTURA","COBE","ESTRUTURA METALICA","0291","","",100372,"FABRICAÇÃO E INSTALAÇÃO DE MEIA TESOURA DE MADEIRA NÃO APARELHADA, COM VÃO DE 8 M, PARA TELHA ONDULADA DE FIBROCIMENTO, ALUMÍNIO, PLÁSTICA OU TERMOACÚSTICA, INCLUSO IÇAMENTO. AF_07/2019","UN","ATRIBUÍDO SÃO PAULO",1999.53,"CAIXA REFERENCIAL"]
["COBERTURA","COBE","ESTRUTURA METALICA","0291","","",100373,"FABRICAÇÃO E INSTALAÇÃO DE MEIA TESOURA DE MADEIRA NÃO APARELHADA, COM VÃO DE 9 M, PARA TELHA ONDULADA DE FIBROCIMENTO, ALUMÍNIO, PLÁSTICA OU TERMOACÚSTICA, INCLUSO IÇAMENTO. AF_07/2019","UN","ATRIBUÍDO SÃO PAULO",2053.11,"CAIXA REFERENCIAL"]
["COBERTURA","COBE","ESTRUTURA METALICA","0291","","",100374,"FABRICAÇÃO E INSTALAÇÃO DE MEIA TESOURA DE MADEIRA NÃO APARELHADA, COM VÃO DE 10 M, PARA TELHA ONDULADA DE FIBROCIMENTO, ALUMÍNIO, PLÁSTICA OU TERMOACÚSTICA, INCLUSO IÇAMENTO. AF_07/2019","UN","ATRIBUÍDO SÃO PAULO",2195.33,"CAIXA REFERENCIAL"]
["COBERTURA","COBE","ESTRUTURA METALICA","0291","","",100375,"FABRICAÇÃO E INSTALAÇÃO DE MEIA TESOURA DE MADEIRA NÃO APARELHADA, COM VÃO DE 11 M, PARA TELHA ONDULADA DE FIBROCIMENTO, ALUMÍNIO, PLÁSTICA OU TERMOACÚSTICA, INCLUSO IÇAMENTO. AF_07/2019","UN","ATRIBUÍDO SÃO PAULO",2475.13,"CAIXA REFERENCIAL"]
["COBERTURA","COBE","ESTRUTURA METALICA","0291","","",100376,"FABRICAÇÃO E INSTALAÇÃO DE MEIA TESOURA DE MADEIRA NÃO APARELHADA, COM VÃO DE 12 M, PARA TELHA ONDULADA DE FIBROCIMENTO, ALUMÍNIO, PLÁSTICA OU TERMOACÚSTICA, INCLUSO IÇAMENTO. AF_07/2019","UN","ATRIBUÍDO SÃO PAULO",2438.6,"CAIXA REFERENCIAL"]
["COBERTURA","COBE","ESTRUTURA METALICA","0291","","",100377,"FABRICAÇÃO E INSTALAÇÃO DE TESOURA (INTEIRA OU MEIA) EM AÇO, VÃOS MAIORES OU IGUAIS A 3,0 M E MENORES OU IGUAL A 6,0 M, INCLUSO IÇAMENTO. AF_07/2019","KG","ATRIBUÍDO SÃO PAULO",13.36,"CAIXA REFERENCIAL"]
["COBERTURA","COBE","ESTRUTURA METALICA","0291","","",100378,"FABRICAÇÃO E INSTALAÇÃO DE TESOURA (INTEIRA OU MEIA) EM AÇO, VÃOS MAIORES QUE 6,0 M E MENORES QUE 12,0 M, INCLUSO IÇAMENTO. AF_07/2019","KG","ATRIBUÍDO SÃO PAULO",12.55,"CAIXA REFERENCIAL"]
["COBERTURA","COBE","ESTRUTURA METALICA","0291","","",100382,"FABRICAÇÃO E INSTALAÇÃO DE PONTALETES DE MADEIRA NÃO APARELHADA PARA TELHADOS COM ATÉ 2 ÁGUAS E COM TELHA ONDULADA DE FIBROCIMENTO, ALUMÍNIO OU PLÁSTICA EM EDIFÍCIO RESIDENCIAL TÉRREO, INCLUSO TRANSPORTE VERTICAL. AF_07/2019","M2","ATRIBUÍDO SÃO PAULO",16.059999999999999,"CAIXA REFERENCIAL"]
["COBERTURA","COBE","ESTRUTURA METALICA","0291","","",104314,"TRAMA DE AÇO COMPOSTA POR TERÇAS PARA TELHADOS DE ATÉ 2 ÁGUAS PARA TELHA ONDULADA DE FIBROCIMENTO, METÁLICA, PLÁSTICA OU TERMOACÚSTICA, INCLUSO TRANSPORTE VERTICAL (EM KG). AF_07/2019","KG","ATRIBUÍDO SÃO PAULO",12.83,"CAIXA REFERENCIAL"]
["COBERTURA","COBE","TELHAMENTO COM TELHA DE VIDRO","0302","","",94444,"TELHAMENTO COM TELHA DE ENCAIXE, TIPO FRANCESA DE VIDRO, COM ATÉ 2 ÁGUAS, INCLUSO TRANSPORTE VERTICAL. AF_07/2019","M2","ATRIBUÍDO SÃO PAULO",559.58000000000004,"CAIXA REFERENCIAL"]
["DRENAGEM/OBRAS DE CONTENCAO/POCOS DE VISITA E CAIXAS","DROP","ESGOTAMENTO COM BOMBA","0026","","",104482,"ESGOTAMENTO DE VALA COM BOMBA SUBMERSÍVEL. AF_12/2022","H","COEFICIENTE DE REPRESENTATIVIDADE",26.64,"CAIXA REFERENCIAL"]
["DRENAGEM/OBRAS DE CONTENCAO/POCOS DE VISITA E CAIXAS","DROP","REBAIXAMENTO DO LENCOL FREATICO","0027","","",104184,"INSTALAÇÃO E DESINSTALAÇÃO DE REGISTRO DE PVC PARA SISTEMA DE REBAIXAMENTO DE LENÇOL FREÁTICO POR PONTEIRAS FILTRANTES. AF_12/2022","UN","COEFICIENTE DE REPRESENTATIVIDADE",28.32,"CAIXA REFERENCIAL"]
["DRENAGEM/OBRAS DE CONTENCAO/POCOS DE VISITA E CAIXAS","DROP","REBAIXAMENTO DO LENCOL FREATICO","0027","","",104185,"INSTALAÇÃO E DESINSTALAÇÃO DE CONJUNTO DE BOMBAS, À VÁCUO E CENTRÍFUGA, PARA SISTEMA DE REBAIXAMENTO DE LENÇOL FREÁTICO POR PONTEIRAS FILTRANTES (EXCLUI O FORNECIMENTO DE BOMBAS). AF_12/2022","UN","COEFICIENTE DE REPRESENTATIVIDADE",22.7,"CAIXA REFERENCIAL"]
["DRENAGEM/OBRAS DE CONTENCAO/POCOS DE VISITA E CAIXAS","DROP","REBAIXAMENTO DO LENCOL FREATICO","0027","","",104189,"INSTALAÇÃO DE MATERIAL GRANULAR FILTRANTE PARA SISTEMA DE REBAIXAMENTO DE LENÇOL FREÁTICO POR POÇOS PROFUNDOSA, DIÂMETRO DO POÇO DE 400 MM. AF_12/2022","M3","COEFICIENTE DE REPRESENTATIVIDADE",148.65,"CAIXA REFERENCIAL"]
["DRENAGEM/OBRAS DE CONTENCAO/POCOS DE VISITA E CAIXAS","DROP","REBAIXAMENTO DO LENCOL FREATICO","0027","","",104190,"INSTALAÇÃO E DESINSTALAÇÃO DE SISTEMA DE BOMBA PARA SISTEMA DE REBAIXAMENTO DE LENÇOL FREÁTICO POR POÇOS PROFUNDOS (EXCLUI O FORNECIMENTO DE BOMBA). AF_12/2022","UN","COEFICIENTE DE REPRESENTATIVIDADE",632.83000000000004,"CAIXA REFERENCIAL"]
["DRENAGEM/OBRAS DE CONTENCAO/POCOS DE VISITA E CAIXAS","DROP","DRENOS","0028","","",102661,"DRENO SUBSUPERFICIAL (SEÇÃO 0,40 X 0,40 M), COM TUBO DE PEAD CORRUGADO PERFURADO, DN 100 MM, ENCHIMENTO COM AREIA. AF_07/2021","M","ATRIBUÍDO SÃO PAULO",35.58,"CAIXA REFERENCIAL"]
["DRENAGEM/OBRAS DE CONTENCAO/POCOS DE VISITA E CAIXAS","DROP","DRENOS","0028","","",102662,"DRENO SUBSUPERFICIAL (SEÇÃO 0,40 X 0,40 M), COM TUBO DE PVC CORRUGADO RÍGIDO PERFURADO, DN 100 MM, ENCHIMENTO COM AREIA. AF_07/2021","M","ATRIBUÍDO SÃO PAULO",92.04,"CAIXA REFERENCIAL"]
["DRENAGEM/OBRAS DE CONTENCAO/POCOS DE VISITA E CAIXAS","DROP","DRENOS","0028","","",102663,"DRENO SUBSUPERFICIAL (SEÇÃO 0,40 X 0,40 M), COM TUBO DE CONCRETO SIMPLES POROSO, DN 200 MM, ENCHIMENTO COM AREIA. AF_07/2021","M","ATRIBUÍDO SÃO PAULO",62.69,"CAIXA REFERENCIAL"]
["DRENAGEM/OBRAS DE CONTENCAO/POCOS DE VISITA E CAIXAS","DROP","DRENOS","0028","","",102664,"DRENO SUBSUPERFICIAL (SEÇÃO 0,40 X 0,40 M), CEGO, ENCHIMENTO DE BRITA, ENVOLVIDO COM MANTA GEOTÊXTIL. AF_07/2021","M","ATRIBUÍDO SÃO PAULO",102.4,"CAIXA REFERENCIAL"]
["DRENAGEM/OBRAS DE CONTENCAO/POCOS DE VISITA E CAIXAS","DROP","DRENOS","0028","","",102665,"DRENO SUBSUPERFICIAL (SEÇÃO 0,40 X 0,40 M), CEGO, ENCHIMENTO DE BRITA. AF_07/2021","M","ATRIBUÍDO SÃO PAULO",52.98,"CAIXA REFERENCIAL"]
["DRENAGEM/OBRAS DE CONTENCAO/POCOS DE VISITA E CAIXAS","DROP","DRENOS","0028","","",102666,"DRENO SUBSUPERFICIAL (SEÇÃO 0,40 X 0,40 M), COM TUBO DE PEAD CORRUGADO PERFURADO, DN 100 MM, ENCHIMENTO COM BRITA, ENVOLVIDO COM MANTA GEOTÊXTIL. AF_07/2021","M","ATRIBUÍDO SÃO PAULO",112.39,"CAIXA REFERENCIAL"]
["DRENAGEM/OBRAS DE CONTENCAO/POCOS DE VISITA E CAIXAS","DROP","DRENOS","0028","","",102668,"DRENO SUBSUPERFICIAL (SEÇÃO 0,40 X 0,40 M), COM TUBO DE PVC CORRUGADO RÍGIDO PERFURADO, DN 100 MM, ENCHIMENTO COM BRITA, ENVOLVIDO COM MANTA GEOTÊXTIL. AF_07/2021","M","ATRIBUÍDO SÃO PAULO",168.86,"CAIXA REFERENCIAL"]
["DRENAGEM/OBRAS DE CONTENCAO/POCOS DE VISITA E CAIXAS","DROP","DRENOS","0028","","",102669,"DRENO SUBSUPERFICIAL (SEÇÃO 0,40 X 0,40 M), COM TUBO DE CONCRETO SIMPLES POROSO, DN 200 MM, ENCHIMENTO COM BRITA, ENVOLVIDO COM MANTA GEOTÊXTIL. AF_07/2021","M","ATRIBUÍDO SÃO PAULO",135.24,"CAIXA REFERENCIAL"]
["DRENAGEM/OBRAS DE CONTENCAO/POCOS DE VISITA E CAIXAS","DROP","DRENOS","0028","","",102670,"DRENO PROFUNDO (SEÇÃO 0,50 X 1,50 M), COM TUBO DE PEAD CORRUGADO PERFURADO, DN 100 MM, ENCHIMENTO COM AREIA, COM SELO DE ARGILA. AF_07/2021","M","ATRIBUÍDO SÃO PAULO",105.25,"CAIXA REFERENCIAL"]
["DRENAGEM/OBRAS DE CONTENCAO/POCOS DE VISITA E CAIXAS","DROP","DRENOS","0028","","",102672,"DRENO PROFUNDO (SEÇÃO 0,50 X 1,50 M), COM TUBO DE PVC CORRUGADO RÍGIDO PERFURADO, DN 100 MM, ENCHIMENTO COM AREIA, COM SELO DE ARGILA. AF_07/2021","M","ATRIBUÍDO SÃO PAULO",173.12,"CAIXA REFERENCIAL"]
["DRENAGEM/OBRAS DE CONTENCAO/POCOS DE VISITA E CAIXAS","DROP","DRENOS","0028","","",102673,"DRENO PROFUNDO (SEÇÃO 0,50 X 1,50 M), COM TUBO DE CONCRETO SIMPLES POROSO, DN 200 MM, ENCHIMENTO COM AREIA, COM SELO DE ARGILA. AF_07/2021","M","ATRIBUÍDO SÃO PAULO",154.63,"CAIXA REFERENCIAL"]
["DRENAGEM/OBRAS DE CONTENCAO/POCOS DE VISITA E CAIXAS","DROP","DRENOS","0028","","",102674,"DRENO PROFUNDO (SEÇÃO 0,50 X 1,50 M), COM TUBO DE PEAD CORRUGADO PERFURADO, DN 100 MM, ENCHIMENTO COM AREIA. AF_07/2021","M","ATRIBUÍDO SÃO PAULO",116.47,"CAIXA REFERENCIAL"]
["DRENAGEM/OBRAS DE CONTENCAO/POCOS DE VISITA E CAIXAS","DROP","DRENOS","0028","","",102676,"DRENO PROFUNDO (SEÇÃO 0,50 X 1,50 M), COM TUBO DE PVC CORRUGADO RÍGIDO PERFURADO, DN 100 MM, ENCHIMENTO COM AREIA. AF_07/2021","M","ATRIBUÍDO SÃO PAULO",175.82,"CAIXA REFERENCIAL"]
["DRENAGEM/OBRAS DE CONTENCAO/POCOS DE VISITA E CAIXAS","DROP","DRENOS","0028","","",102677,"DRENO PROFUNDO (SEÇÃO 0,50 X 1,50 M), COM TUBO DE CONCRETO SIMPLES POROSO, DN 200 MM, ENCHIMENTO COM AREIA. AF_07/2021","M","ATRIBUÍDO SÃO PAULO",148.53,"CAIXA REFERENCIAL"]
["DRENAGEM/OBRAS DE CONTENCAO/POCOS DE VISITA E CAIXAS","DROP","DRENOS","0028","","",102678,"DRENO PROFUNDO (SEÇÃO 0,50 X 1,50 M), CEGO, ENCHIMENTO DE BRITA, ENVOLVIDO COM MANTA GEOTÊXTIL, COM SELO DE ARGILA. AF_07/2021","M","ATRIBUÍDO SÃO PAULO",301.54000000000002,"CAIXA REFERENCIAL"]
["DRENAGEM/OBRAS DE CONTENCAO/POCOS DE VISITA E CAIXAS","DROP","DRENOS","0028","","",102679,"DRENO PROFUNDO (SEÇÃO 0,50 X 1,50 M), CEGO, ENCHIMENTO DE BRITA, ENVOLVIDO COM MANTA GEOTÊXTIL. AF_07/2021","M","ATRIBUÍDO SÃO PAULO",338.06,"CAIXA REFERENCIAL"]
["DRENAGEM/OBRAS DE CONTENCAO/POCOS DE VISITA E CAIXAS","DROP","DRENOS","0028","","",102680,"DRENO PROFUNDO (SEÇÃO 0,50 X 1,50 M), COM TUBO DE PEAD CORRUGADO PERFURADO, DN 100 MM, ENCHIMENTO COM BRITA, ENVOLVIDO COM MANTA GEOTÊXTIL, COM SELO DE ARGILA. AF_07/2021","M","ATRIBUÍDO SÃO PAULO",312.54000000000002,"CAIXA REFERENCIAL"]
["DRENAGEM/OBRAS DE CONTENCAO/POCOS DE VISITA E CAIXAS","DROP","DRENOS","0028","","",102681,"DRENO PROFUNDO (SEÇÃO 0,50 X 1,50 M), COM TUBO DE PVC CORRUGADO RÍGIDO PERFURADO, DN 100 MM, ENCHIMENTO COM BRITA, ENVOLVIDO COM MANTA GEOTÊXTIL, COM SELO DE ARGILA. AF_07/2021","M","ATRIBUÍDO SÃO PAULO",371.88,"CAIXA REFERENCIAL"]
["DRENAGEM/OBRAS DE CONTENCAO/POCOS DE VISITA E CAIXAS","DROP","DRENOS","0028","","",102683,"DRENO PROFUNDO (SEÇÃO 0,50 X 1,50 M), COM TUBO DE CONCRETO SIMPLES POROSO, DN 200 MM, ENCHIMENTO COM BRITA, ENVOLVIDO COM MANTA GEOTÊXTIL, COM SELO DE ARGILA. AF_07/2021","M","ATRIBUÍDO SÃO PAULO",345.69,"CAIXA REFERENCIAL"]
["DRENAGEM/OBRAS DE CONTENCAO/POCOS DE VISITA E CAIXAS","DROP","DRENOS","0028","","",102684,"DRENO PROFUNDO (SEÇÃO 0,50 X 1,50 M), COM TUBO DE PEAD CORRUGADO PERFURADO, DN 100 MM, ENCHIMENTO COM BRITA, ENVOLVIDO COM MANTA GEOTÊXTIL. AF_07/2021","M","ATRIBUÍDO SÃO PAULO",349.05,"CAIXA REFERENCIAL"]
["DRENAGEM/OBRAS DE CONTENCAO/POCOS DE VISITA E CAIXAS","DROP","DRENOS","0028","","",102685,"DRENO PROFUNDO (SEÇÃO 0,50 X 1,50 M), COM TUBO DE PVC CORRUGADO RÍGIDO PERFURADO, DN 100 MM, ENCHIMENTO COM BRITA, ENVOLVIDO COM MANTA GEOTÊXTIL. AF_07/2021","M","ATRIBUÍDO SÃO PAULO",408.4,"CAIXA REFERENCIAL"]
["DRENAGEM/OBRAS DE CONTENCAO/POCOS DE VISITA E CAIXAS","DROP","DRENOS","0028","","",102687,"DRENO PROFUNDO (SEÇÃO 0,50 X 1,50 M), COM TUBO DE CONCRETO SIMPLES POROSO, DN 200 MM, ENCHIMENTO COM BRITA, ENVOLVIDO COM MANTA GEOTÊXTIL. AF_07/2021","M","ATRIBUÍDO SÃO PAULO",376.86,"CAIXA REFERENCIAL"]
["DRENAGEM/OBRAS DE CONTENCAO/POCOS DE VISITA E CAIXAS","DROP","DRENOS","0028","","",102688,"DRENO ESPINHA DE PEIXE (SEÇÃO (0,40 X 0,40 M), COM TUBO DE PEAD CORRUGADO PERFURADO, DN 100 MM, ENCHIMENTO COM AREIA, INCLUSIVE CONEXÕES. AF_07/2021","M","ATRIBUÍDO SÃO PAULO",41.11,"CAIXA REFERENCIAL"]
["DRENAGEM/OBRAS DE CONTENCAO/POCOS DE VISITA E CAIXAS","DROP","DRENOS","0028","","",102689,"DRENO ESPINHA DE PEIXE (SEÇÃO (0,40 X 0,40 M), COM TUBO DE PVC CORRUGADO RÍGIDO PERFURADO, DN 100 MM, ENCHIMENTO COM AREIA, INCLUSIVE CONEXÕES. AF_07/2021","M","ATRIBUÍDO SÃO PAULO",122.7,"CAIXA REFERENCIAL"]
["DRENAGEM/OBRAS DE CONTENCAO/POCOS DE VISITA E CAIXAS","DROP","DRENOS","0028","","",102690,"DRENO ESPINHA DE PEIXE (SEÇÃO (0,40 X 0,40 M), COM TUBO DE PEAD CORRUGADO PERFURADO, DN 100 MM, ENCHIMENTO COM BRITA, ENVOLVIDO COM MANTA GEOTÊXTIL, INCLUSIVE CONEXÕES. AF_07/2021","M","ATRIBUÍDO SÃO PAULO",117.92,"CAIXA REFERENCIAL"]
["DRENAGEM/OBRAS DE CONTENCAO/POCOS DE VISITA E CAIXAS","DROP","DRENOS","0028","","",102693,"DRENO ESPINHA DE PEIXE (SEÇÃO (0,40 X 0,40 M), COM TUBO DE PVC CORRUGADO RÍGIDO PERFURADO, DN 100 MM, ENCHIMENTO COM BRITA, ENVOLVIDO COM MANTA GEOTÊXTIL, INCLUSIVE CONEXÕES. AF_07/2021","M","ATRIBUÍDO SÃO PAULO",172.12,"CAIXA REFERENCIAL"]
["DRENAGEM/OBRAS DE CONTENCAO/POCOS DE VISITA E CAIXAS","DROP","DRENOS","0028","","",102694,"DRENO ESPINHA DE PEIXE (SEÇÃO (0,50 X 0,80 M), COM TUBO DE PEAD CORRUGADO PERFURADO, DN 100 MM, ENCHIMENTO COM AREIA, INCLUSIVE CONEXÕES. AF_07/2021","M","ATRIBUÍDO SÃO PAULO",77.239999999999995,"CAIXA REFERENCIAL"]
["DRENAGEM/OBRAS DE CONTENCAO/POCOS DE VISITA E CAIXAS","DROP","DRENOS","0028","","",102696,"DRENO ESPINHA DE PEIXE (SEÇÃO (0,50 X 0,80 M), COM TUBO DE PVC CORRUGADO RÍGIDO PERFURADO, DN 100 MM, ENCHIMENTO COM AREIA, INCLUSIVE CONEXÕES. AF_07/2021","M","ATRIBUÍDO SÃO PAULO",131.13999999999999,"CAIXA REFERENCIAL"]
["DRENAGEM/OBRAS DE CONTENCAO/POCOS DE VISITA E CAIXAS","DROP","DRENOS","0028","","",102697,"DRENO ESPINHA DE PEIXE (SEÇÃO (0,50 X 0,80 M), COM TUBO DE PEAD CORRUGADO PERFURADO, DN 100 MM, ENCHIMENTO COM BRITA, ENVOLVIDO COM MANTA GEOTÊXTIL, INCLUSIVE CONEXÕES. AF_07/2021","M","ATRIBUÍDO SÃO PAULO",215.05,"CAIXA REFERENCIAL"]
["DRENAGEM/OBRAS DE CONTENCAO/POCOS DE VISITA E CAIXAS","DROP","DRENOS","0028","","",102703,"DRENO ESPINHA DE PEIXE (SEÇÃO (0,50 X 0,80 M), COM TUBO DE PVC CORRUGADO RÍGIDO PERFURADO, DN 100 MM, ENCHIMENTO COM BRITA, ENVOLVIDO COM MANTA GEOTÊXTIL, INCLUSIVE CONEXÕES. AF_07/2021","M","ATRIBUÍDO SÃO PAULO",268.95,"CAIXA REFERENCIAL"]
["DRENAGEM/OBRAS DE CONTENCAO/POCOS DE VISITA E CAIXAS","DROP","DRENOS","0028","","",102704,"TUBO DE PEAD CORRUGADO PERFURADO, DN 100 MM, PARA DRENO - FORNECIMENTO E ASSENTAMENTO. AF_07/2021","M","ATRIBUÍDO SÃO PAULO",12.24,"CAIXA REFERENCIAL"]
["DRENAGEM/OBRAS DE CONTENCAO/POCOS DE VISITA E CAIXAS","DROP","DRENOS","0028","","",102705,"TUBO DE PVC CORRUGADO RÍGIDO PERFURADO, DN 100 MM, PARA DRENO - FORNECIMENTO E ASSENTAMENTO. AF_07/2021","M","COEFICIENTE DE REPRESENTATIVIDADE",65.430000000000007,"CAIXA REFERENCIAL"]
["DRENAGEM/OBRAS DE CONTENCAO/POCOS DE VISITA E CAIXAS","DROP","DRENOS","0028","","",102707,"TUBO DE CONCRETO SIMPLES POROSO, DN 200 MM, PARA DRENO - FORNECIMENTO E ASSENTAMENTO. AF_07/2021","M","ATRIBUÍDO SÃO PAULO",43.06,"CAIXA REFERENCIAL"]
["DRENAGEM/OBRAS DE CONTENCAO/POCOS DE VISITA E CAIXAS","DROP","DRENOS","0028","","",102708,"LUVA DE PVC, SÉRIE NORMAL, PARA ESGOTO PREDIAL, DN 100 MM, INSTALADA EM DRENO  - FORNECIMENTO E INSTALAÇÃO. AF_07/2021","UN","COEFICIENTE DE REPRESENTATIVIDADE",21.33,"CAIXA REFERENCIAL"]
["DRENAGEM/OBRAS DE CONTENCAO/POCOS DE VISITA E CAIXAS","DROP","DRENOS","0028","","",102710,"JUNÇÃO SIMPLES DE PVC, 45 GRAUS, SÉRIE NORMAL, PARA ESGOTO PREDIAL, DN 100 MM, INSTALADA EM DRENO - FORNECIMENTO E INSTALAÇÃO. AF_07/2021","UN","COEFICIENTE DE REPRESENTATIVIDADE",54.27,"CAIXA REFERENCIAL"]
["DRENAGEM/OBRAS DE CONTENCAO/POCOS DE VISITA E CAIXAS","DROP","DRENOS","0028","","",102711,"JUNÇÃO DUPLA DE PVC, SÉRIE NORMAL, PARA ESGOTO PREDIAL, DN 100 X 100 X 100 MM, INSTALADA EM DRENO  - FORNECIMENTO E INSTALAÇÃO. AF_07/2021","UN","COEFICIENTE DE REPRESENTATIVIDADE",73.25,"CAIXA REFERENCIAL"]
["DRENAGEM/OBRAS DE CONTENCAO/POCOS DE VISITA E CAIXAS","DROP","DRENOS","0028","","",102712,"GEOTÊXTIL NÃO TECIDO 100% POLIÉSTER, RESISTÊNCIA A TRAÇÃO DE 9 KN/M (RT - 9), INSTALADO EM DRENO - FORNECIMENTO E INSTALAÇÃO. AF_07/2021","M2","COEFICIENTE DE REPRESENTATIVIDADE",18.899999999999999,"CAIXA REFERENCIAL"]
["DRENAGEM/OBRAS DE CONTENCAO/POCOS DE VISITA E CAIXAS","DROP","DRENOS","0028","","",102713,"GEOTÊXTIL NÃO TECIDO 100% POLIÉSTER, RESISTÊNCIA A TRAÇÃO DE 14 KN/M (RT - 14), INSTALADO EM DRENO - FORNECIMENTO E INSTALAÇÃO. AF_07/2021","M2","COEFICIENTE DE REPRESENTATIVIDADE",26.17,"CAIXA REFERENCIAL"]
["DRENAGEM/OBRAS DE CONTENCAO/POCOS DE VISITA E CAIXAS","DROP","DRENOS","0028","","",102715,"GEOTÊXTIL NÃO TECIDO 100% POLIÉSTER, RESISTÊNCIA A TRAÇÃO DE 26 KN/M (RT - 26), INSTALADO EM DRENO - FORNECIMENTO E INSTALAÇÃO. AF_07/2021","M2","COEFICIENTE DE REPRESENTATIVIDADE",52.37,"CAIXA REFERENCIAL"]
["DRENAGEM/OBRAS DE CONTENCAO/POCOS DE VISITA E CAIXAS","DROP","DRENOS","0028","","",102716,"ENCHIMENTO DE AREIA PARA DRENO, LANÇAMENTO MECANIZADO. AF_07/2021","M3","ATRIBUÍDO SÃO PAULO",137.47,"CAIXA REFERENCIAL"]
["DRENAGEM/OBRAS DE CONTENCAO/POCOS DE VISITA E CAIXAS","DROP","DRENOS","0028","","",102717,"ENCHIMENTO DE BRITA PARA DRENO, LANÇAMENTO MECANIZADO. AF_07/2021","M3","ATRIBUÍDO SÃO PAULO",317.47000000000003,"CAIXA REFERENCIAL"]
["DRENAGEM/OBRAS DE CONTENCAO/POCOS DE VISITA E CAIXAS","DROP","DRENOS","0028","","",102718,"ENCHIMENTO DE AREIA PARA DRENO, LANÇAMENTO MANUAL. AF_07/2021","M3","COEFICIENTE DE REPRESENTATIVIDADE",144.91999999999999,"CAIXA REFERENCIAL"]
["DRENAGEM/OBRAS DE CONTENCAO/POCOS DE VISITA E CAIXAS","DROP","DRENOS","0028","","",102719,"ENCHIMENTO DE BRITA PARA DRENO, LANÇAMENTO MANUAL. AF_07/2021","M3","COLETADO",324.92,"CAIXA REFERENCIAL"]
["DRENAGEM/OBRAS DE CONTENCAO/POCOS DE VISITA E CAIXAS","DROP","DRENOS","0028","","",102722,"DRENO EM MURO DE CONTENÇÃO, EXECUTADO NO PÉ DO MURO, COM TUBO DE PEAD CORRUGADO FLEXÍVEL PERFURADO, ENCHIMENTO COM BRITA, ENVOLVIDO COM MANTA GEOTÊXTIL. AF_07/2021","M","ATRIBUÍDO SÃO PAULO",92.27,"CAIXA REFERENCIAL"]
["DRENAGEM/OBRAS DE CONTENCAO/POCOS DE VISITA E CAIXAS","DROP","DRENOS","0028","","",102723,"DRENO EM MURO DE CONTENÇÃO, EXECUTADO NO PÉ DO MURO, COM TUBO DE PVC CORRUGADO FLEXÍVEL PERFURADO, ENCHIMENTO COM BRITA, ENVOLVIDO COM MANTA GEOTÊXTIL. AF_07/2021","M","ATRIBUÍDO SÃO PAULO",92.83,"CAIXA REFERENCIAL"]
["DRENAGEM/OBRAS DE CONTENCAO/POCOS DE VISITA E CAIXAS","DROP","DRENOS","0028","","",102724,"DRENO BARBACÃ, DN 100 MM, COM MATERIAL DRENANTE. AF_07/2021","UN","COEFICIENTE DE REPRESENTATIVIDADE",41.44,"CAIXA REFERENCIAL"]
["DRENAGEM/OBRAS DE CONTENCAO/POCOS DE VISITA E CAIXAS","DROP","DRENOS","0028","","",102725,"DRENO BARBACÃ, DN 75 MM, COM MATERIAL DRENANTE. AF_07/2021","UN","COEFICIENTE DE REPRESENTATIVIDADE",40.72,"CAIXA REFERENCIAL"]
["DRENAGEM/OBRAS DE CONTENCAO/POCOS DE VISITA E CAIXAS","DROP","DRENOS","0028","","",102726,"DRENO BARBACÃ, DN 50 MM, COM MATERIAL DRENANTE. AF_07/2021","UN","COEFICIENTE DE REPRESENTATIVIDADE",38.590000000000003,"CAIXA REFERENCIAL"]
["DRENAGEM/OBRAS DE CONTENCAO/POCOS DE VISITA E CAIXAS","DROP","DRENOS","0028","","",103653,"GEOTÊXTIL NÃO TECIDO 100% POLIÉSTER, RESISTÊNCIA A TRAÇÃO DE 31 KN/M (RT-31), INSTALADO EM DRENO - FORNECIMENTO E INSTALAÇÃO. AF_07/2021","M2","COEFICIENTE DE REPRESENTATIVIDADE",62.67,"CAIXA REFERENCIAL"]
["DRENAGEM/OBRAS DE CONTENCAO/POCOS DE VISITA E CAIXAS","DROP","GABIOES","0031","","",92743,"MURO DE GABIÃO, ENCHIMENTO COM PEDRA DE MÃO TIPO RACHÃO, DE GRAVIDADE, COM GAIOLAS DE COMPRIMENTO IGUAL A 2 M, PARA MUROS COM ALTURA MENOR OU IGUAL A 4 M \u0096 FORNECIMENTO E EXECUÇÃO. AF_12/2015","M3","ATRIBUÍDO SÃO PAULO",846.84,"CAIXA REFERENCIAL"]
["DRENAGEM/OBRAS DE CONTENCAO/POCOS DE VISITA E CAIXAS","DROP","GABIOES","0031","","",92744,"MURO DE GABIÃO, ENCHIMENTO COM PEDRA DE MÃO TIPO RACHÃO, DE GRAVIDADE, COM GAIOLAS DE COMPRIMENTO IGUAL A 5 M, PARA MUROS COM ALTURA MENOR OU IGUAL A 4 M \u0096 FORNECIMENTO E EXECUÇÃO. AF_12/2015","M3","ATRIBUÍDO SÃO PAULO",824.59,"CAIXA REFERENCIAL"]
["DRENAGEM/OBRAS DE CONTENCAO/POCOS DE VISITA E CAIXAS","DROP","GABIOES","0031","","",92745,"MURO DE GABIÃO, ENCHIMENTO COM PEDRA DE MÃO TIPO RACHÃO, DE GRAVIDADE, COM GAIOLAS DE COMPRIMENTO IGUAL A 2 M, PARA MUROS COM ALTURA MAIOR QUE 4 M E MENOR OU IGUAL A 6 M \u0096 FORNECIMENTO E EXECUÇÃO. AF_12/2015","M3","ATRIBUÍDO SÃO PAULO",997.21,"CAIXA REFERENCIAL"]
["DRENAGEM/OBRAS DE CONTENCAO/POCOS DE VISITA E CAIXAS","DROP","GABIOES","0031","","",92746,"MURO DE GABIÃO, ENCHIMENTO COM PEDRA DE MÃO TIPO RACHÃO, DE GRAVIDADE, COM GAIOLAS DE COMPRIMENTO IGUAL A 5 M, PARA MUROS COM ALTURA MAIOR QUE 4 M E MENOR OU IGUAL A 6 M   FORNECIMENTO E EXECUÇÃO. AF_12/2015","M3","ATRIBUÍDO SÃO PAULO",935.21,"CAIXA REFERENCIAL"]
["DRENAGEM/OBRAS DE CONTENCAO/POCOS DE VISITA E CAIXAS","DROP","GABIOES","0031","","",92747,"MURO DE GABIÃO, ENCHIMENTO COM PEDRA DE MÃO TIPO RACHÃO, DE GRAVIDADE, COM GAIOLAS DE COMPRIMENTO IGUAL A 2 M, PARA MUROS COM ALTURA MAIOR QUE 6 M E MENOR OU IGUAL A 10 M   FORNECIMENTO E EXECUÇÃO. AF_12/2015","M3","ATRIBUÍDO SÃO PAULO",1081.77,"CAIXA REFERENCIAL"]
["DRENAGEM/OBRAS DE CONTENCAO/POCOS DE VISITA E CAIXAS","DROP","GABIOES","0031","","",92748,"MURO DE GABIÃO, ENCHIMENTO COM PEDRA DE MÃO TIPO RACHÃO, DE GRAVIDADE, COM GAIOLAS DE COMPRIMENTO IGUAL A 5 M, PARA MUROS COM ALTURA MAIOR QUE 6 M E MENOR OU IGUAL A 10 M\u0096 FORNECIMENTO E EXECUÇÃO. AF_12/2015","M3","ATRIBUÍDO SÃO PAULO",997.51,"CAIXA REFERENCIAL"]
["DRENAGEM/OBRAS DE CONTENCAO/POCOS DE VISITA E CAIXAS","DROP","GABIOES","0031","","",92749,"MURO DE GABIÃO, ENCHIMENTO COM PEDRA DE MÃO TIPO RACHÃO, COM SOLO REFORÇADO, PARA MUROS COM ALTURA MENOR OU IGUAL A 4 M   FORNECIMENTO E EXECUÇÃO. AF_12/2015","M3","ATRIBUÍDO SÃO PAULO",1127.5,"CAIXA REFERENCIAL"]
["DRENAGEM/OBRAS DE CONTENCAO/POCOS DE VISITA E CAIXAS","DROP","GABIOES","0031","","",92750,"MURO DE GABIÃO, ENCHIMENTO COM PEDRA DE MÃO TIPO RACHÃO, COM SOLO REFORÇADO, PARA MUROS COM ALTURA MAIOR QUE 4 M E MENOR OU IGUAL A 12 M   FORNECIMENTO E EXECUÇÃO. AF_12/2015","M3","ATRIBUÍDO SÃO PAULO",1782.32,"CAIXA REFERENCIAL"]
["DRENAGEM/OBRAS DE CONTENCAO/POCOS DE VISITA E CAIXAS","DROP","GABIOES","0031","","",92751,"MURO DE GABIÃO, ENCHIMENTO COM PEDRA DE MÃO TIPO RACHÃO, COM SOLO REFORÇADO, PARA MUROS COM ALTURA MAIOR QUE 12 M E MENOR OU IGUAL A 20 M    FORNECIMENTO E EXECUÇÃO. AF_12/2015","M3","ATRIBUÍDO SÃO PAULO",2161.7600000000002,"CAIXA REFERENCIAL"]
["DRENAGEM/OBRAS DE CONTENCAO/POCOS DE VISITA E CAIXAS","DROP","GABIOES","0031","","",92752,"MURO DE GABIÃO, ENCHIMENTO COM PEDRA DE MÃO TIPO RACHÃO, COM SOLO REFORÇADO, PARA MUROS COM ALTURA MAIOR QUE 20 M E MENOR OU IGUAL A 28 M   FORNECIMENTO E EXECUÇÃO. AF_12/2015","M3","ATRIBUÍDO SÃO PAULO",2539.75,"CAIXA REFERENCIAL"]
["DRENAGEM/OBRAS DE CONTENCAO/POCOS DE VISITA E CAIXAS","DROP","GABIOES","0031","","",92753,"MURO DE GABIÃO, ENCHIMENTO COM RESÍDUO DE CONSTRUÇÃO E DEMOLIÇÃO, DE GRAVIDADE, COM GAIOLA TRAPEZOIDAL DE COMPRIMENTO IGUAL A 2 M, PARA MUROS COM ALTURA MENOR OU IGUAL A 2 M   FORNECIMENTO E EXECUÇÃO. AF_12/2015","M3","ATRIBUÍDO SÃO PAULO",620.48,"CAIXA REFERENCIAL"]
["DRENAGEM/OBRAS DE CONTENCAO/POCOS DE VISITA E CAIXAS","DROP","GABIOES","0031","","",92754,"MURO DE GABIÃO, ENCHIMENTO COM RESÍDUO DE CONSTRUÇÃO E DEMOLIÇÃO, DE GRAVIDADE, COM GAIOLA TRAPEZOIDAL DE COMPRIMENTO IGUAL A 2 M, PARA MUROS COM ALTURA MAIOR QUE 2 M E MENOR OU IGUAL A 4 M    FORNECIMENTO E EXECUÇÃO. AF_12/2015","M3","ATRIBUÍDO SÃO PAULO",564.77,"CAIXA REFERENCIAL"]
["DRENAGEM/OBRAS DE CONTENCAO/POCOS DE VISITA E CAIXAS","DROP","GABIOES","0031","","",92755,"PROTEÇÃO SUPERFICIAL DE CANAL EM GABIÃO TIPO COLCHÃO, ALTURA DE 17 CENTÍMETROS, ENCHIMENTO COM PEDRA DE MÃO TIPO RACHÃO - FORNECIMENTO E EXECUÇÃO. AF_12/2015","M2","ATRIBUÍDO SÃO PAULO",277.7,"CAIXA REFERENCIAL"]
["DRENAGEM/OBRAS DE CONTENCAO/POCOS DE VISITA E CAIXAS","DROP","GABIOES","0031","","",92756,"PROTEÇÃO SUPERFICIAL DE CANAL EM GABIÃO TIPO COLCHÃO, ALTURA DE 23 CENTÍMETROS, ENCHIMENTO COM PEDRA DE MÃO TIPO RACHÃO - FORNECIMENTO E EXECUÇÃO. AF_12/2015","M2","ATRIBUÍDO SÃO PAULO",321.42,"CAIXA REFERENCIAL"]
["DRENAGEM/OBRAS DE CONTENCAO/POCOS DE VISITA E CAIXAS","DROP","GABIOES","0031","","",92757,"PROTEÇÃO SUPERFICIAL DE CANAL EM GABIÃO TIPO COLCHÃO, ALTURA DE 30 CENTÍMETROS, ENCHIMENTO COM PEDRA DE MÃO TIPO RACHÃO - FORNECIMENTO E EXECUÇÃO. AF_12/2015","M2","ATRIBUÍDO SÃO PAULO",373.94,"CAIXA REFERENCIAL"]
["DRENAGEM/OBRAS DE CONTENCAO/POCOS DE VISITA E CAIXAS","DROP","GABIOES","0031","","",92758,"PROTEÇÃO SUPERFICIAL DE CANAL EM GABIÃO TIPO SACO, DIÂMETRO DE 65 CENTÍMETROS, ENCHIMENTO MANUAL COM PEDRA DE MÃO TIPO RACHÃO - FORNECIMENTO E EXECUÇÃO. AF_12/2015","M3","COEFICIENTE DE REPRESENTATIVIDADE",922.54,"CAIXA REFERENCIAL"]
["DRENAGEM/OBRAS DE CONTENCAO/POCOS DE VISITA E CAIXAS","DROP","MUROS DE ARRIMO","0032","","",91069,"EXECUÇÃO DE REVESTIMENTO DE CONCRETO PROJETADO COM ESPESSURA DE 7 CM, ARMADO COM TELA, INCLINAÇÃO MENOR QUE 90°, APLICAÇÃO CONTÍNUA, UTILIZANDO EQUIPAMENTO DE PROJEÇÃO COM 6 M³/H DE CAPACIDADE. AF_01/2016","M2","ATRIBUÍDO SÃO PAULO",131.27000000000001,"CAIXA REFERENCIAL"]
["DRENAGEM/OBRAS DE CONTENCAO/POCOS DE VISITA E CAIXAS","DROP","MUROS DE ARRIMO","0032","","",91070,"EXECUÇÃO DE REVESTIMENTO DE CONCRETO PROJETADO COM ESPESSURA DE 10 CM, ARMADO COM TELA, INCLINAÇÃO MENOR QUE 90°, APLICAÇÃO CONTÍNUA, UTILIZANDO EQUIPAMENTO DE PROJEÇÃO COM 6 M³/H DE CAPACIDADE. AF_01/2016","M2","ATRIBUÍDO SÃO PAULO",149.11000000000001,"CAIXA REFERENCIAL"]
["DRENAGEM/OBRAS DE CONTENCAO/POCOS DE VISITA E CAIXAS","DROP","MUROS DE ARRIMO","0032","","",91071,"EXECUÇÃO DE REVESTIMENTO DE CONCRETO PROJETADO COM ESPESSURA DE 7 CM, ARMADO COM TELA, INCLINAÇÃO DE 90°, APLICAÇÃO CONTÍNUA, UTILIZANDO EQUIPAMENTO DE PROJEÇÃO COM 6 M³/H DE CAPACIDADE. AF_01/2016","M2","ATRIBUÍDO SÃO PAULO",169.56,"CAIXA REFERENCIAL"]
["DRENAGEM/OBRAS DE CONTENCAO/POCOS DE VISITA E CAIXAS","DROP","MUROS DE ARRIMO","0032","","",91072,"EXECUÇÃO DE REVESTIMENTO DE CONCRETO PROJETADO COM ESPESSURA DE 10 CM, ARMADO COM TELA, INCLINAÇÃO DE 90°, APLICAÇÃO CONTÍNUA, UTILIZANDO EQUIPAMENTO DE PROJEÇÃO COM 6 M³/H DE CAPACIDADE. AF_01/2016","M2","ATRIBUÍDO SÃO PAULO",187.31,"CAIXA REFERENCIAL"]
["DRENAGEM/OBRAS DE CONTENCAO/POCOS DE VISITA E CAIXAS","DROP","MUROS DE ARRIMO","0032","","",91073,"EXECUÇÃO DE REVESTIMENTO DE CONCRETO PROJETADO COM ESPESSURA DE 7 CM, ARMADO COM TELA, INCLINAÇÃO MENOR QUE 90°, APLICAÇÃO CONTÍNUA, UTILIZANDO EQUIPAMENTO DE PROJEÇÃO COM 3 M³/H DE CAPACIDADE. AF_01/2016","M2","ATRIBUÍDO SÃO PAULO",143.24,"CAIXA REFERENCIAL"]
["DRENAGEM/OBRAS DE CONTENCAO/POCOS DE VISITA E CAIXAS","DROP","MUROS DE ARRIMO","0032","","",91074,"EXECUÇÃO DE REVESTIMENTO DE CONCRETO PROJETADO COM ESPESSURA DE 10 CM, ARMADO COM TELA, INCLINAÇÃO MENOR QUE 90°, APLICAÇÃO CONTÍNUA, UTILIZANDO EQUIPAMENTO DE PROJEÇÃO COM 3 M³/H DE CAPACIDADE. AF_01/2016","M2","ATRIBUÍDO SÃO PAULO",162.32,"CAIXA REFERENCIAL"]
["DRENAGEM/OBRAS DE CONTENCAO/POCOS DE VISITA E CAIXAS","DROP","MUROS DE ARRIMO","0032","","",91075,"EXECUÇÃO DE REVESTIMENTO DE CONCRETO PROJETADO COM ESPESSURA DE 7 CM, ARMADO COM TELA, INCLINAÇÃO DE 90°, APLICAÇÃO CONTÍNUA, UTILIZANDO EQUIPAMENTO DE PROJEÇÃO COM 3 M³/H DE CAPACIDADE. AF_01/2016","M2","ATRIBUÍDO SÃO PAULO",182.88,"CAIXA REFERENCIAL"]
["DRENAGEM/OBRAS DE CONTENCAO/POCOS DE VISITA E CAIXAS","DROP","MUROS DE ARRIMO","0032","","",91076,"EXECUÇÃO DE REVESTIMENTO DE CONCRETO PROJETADO COM ESPESSURA DE 10 CM, ARMADO COM TELA, INCLINAÇÃO DE 90°, APLICAÇÃO CONTÍNUA, UTILIZANDO EQUIPAMENTO DE PROJEÇÃO COM 3 M³/H DE CAPACIDADE. AF_01/2016","M2","ATRIBUÍDO SÃO PAULO",201.99,"CAIXA REFERENCIAL"]
["DRENAGEM/OBRAS DE CONTENCAO/POCOS DE VISITA E CAIXAS","DROP","MUROS DE ARRIMO","0032","","",91077,"EXECUÇÃO DE REVESTIMENTO DE CONCRETO PROJETADO COM ESPESSURA DE 7 CM, ARMADO COM FIBRAS DE AÇO, INCLINAÇÃO MENOR QUE 90°, APLICAÇÃO CONTÍNUA, UTILIZANDO EQUIPAMENTO DE PROJEÇÃO COM 6 M³/H DE CAPACIDADE. AF_01/2016","M2","ATRIBUÍDO SÃO PAULO",174.13,"CAIXA REFERENCIAL"]
["DRENAGEM/OBRAS DE CONTENCAO/POCOS DE VISITA E CAIXAS","DROP","MUROS DE ARRIMO","0032","","",91078,"EXECUÇÃO DE REVESTIMENTO DE CONCRETO PROJETADO COM ESPESSURA DE 10 CM, ARMADO COM FIBRAS DE AÇO, INCLINAÇÃO MENOR QUE 90°, APLICAÇÃO CONTÍNUA, UTILIZANDO EQUIPAMENTO DE PROJEÇÃO COM 6 M³/H DE CAPACIDADE. AF_01/2016","M2","ATRIBUÍDO SÃO PAULO",206.38,"CAIXA REFERENCIAL"]
["DRENAGEM/OBRAS DE CONTENCAO/POCOS DE VISITA E CAIXAS","DROP","MUROS DE ARRIMO","0032","","",91079,"EXECUÇÃO DE REVESTIMENTO DE CONCRETO PROJETADO COM ESPESSURA DE 7 CM, ARMADO COM FIBRAS DE AÇO, INCLINAÇÃO DE 90°, APLICAÇÃO CONTÍNUA, UTILIZANDO EQUIPAMENTO DE PROJEÇÃO COM 6 M³/H DE CAPACIDADE. AF_01/2016","M2","ATRIBUÍDO SÃO PAULO",179.73,"CAIXA REFERENCIAL"]
["DRENAGEM/OBRAS DE CONTENCAO/POCOS DE VISITA E CAIXAS","DROP","MUROS DE ARRIMO","0032","","",91080,"EXECUÇÃO DE REVESTIMENTO DE CONCRETO PROJETADO COM ESPESSURA DE 10 CM, ARMADO COM FIBRAS DE AÇO, INCLINAÇÃO DE 90°, APLICAÇÃO CONTÍNUA, UTILIZANDO EQUIPAMENTO DE PROJEÇÃO COM 6 M³/H DE CAPACIDADE. AF_01/2016","M2","ATRIBUÍDO SÃO PAULO",211.76,"CAIXA REFERENCIAL"]
["DRENAGEM/OBRAS DE CONTENCAO/POCOS DE VISITA E CAIXAS","DROP","MUROS DE ARRIMO","0032","","",91081,"EXECUÇÃO DE REVESTIMENTO DE CONCRETO PROJETADO COM ESPESSURA DE 7 CM, ARMADO COM FIBRAS DE AÇO, INCLINAÇÃO MENOR QUE 90°, APLICAÇÃO CONTÍNUA, UTILIZANDO EQUIPAMENTO DE PROJEÇÃO COM 3 M³/H DE CAPACIDADE. AF_01/2016","M2","ATRIBUÍDO SÃO PAULO",187.92,"CAIXA REFERENCIAL"]
["DRENAGEM/OBRAS DE CONTENCAO/POCOS DE VISITA E CAIXAS","DROP","MUROS DE ARRIMO","0032","","",91082,"EXECUÇÃO DE REVESTIMENTO DE CONCRETO PROJETADO COM ESPESSURA DE 10 CM, ARMADO COM FIBRAS DE AÇO, INCLINAÇÃO MENOR QUE 90°, APLICAÇÃO CONTÍNUA, UTILIZANDO EQUIPAMENTO DE PROJEÇÃO COM 3 M³/H DE CAPACIDADE. AF_01/2016","M2","ATRIBUÍDO SÃO PAULO",221.27,"CAIXA REFERENCIAL"]
["DRENAGEM/OBRAS DE CONTENCAO/POCOS DE VISITA E CAIXAS","DROP","MUROS DE ARRIMO","0032","","",91083,"EXECUÇÃO DE REVESTIMENTO DE CONCRETO PROJETADO COM ESPESSURA DE 7 CM, ARMADO COM FIBRAS DE AÇO, INCLINAÇÃO DE 90°, APLICAÇÃO CONTÍNUA, UTILIZANDO EQUIPAMENTO DE PROJEÇÃO COM 3 M³/H DE CAPACIDADE. AF_01/2016","M2","ATRIBUÍDO SÃO PAULO",197.55,"CAIXA REFERENCIAL"]
["DRENAGEM/OBRAS DE CONTENCAO/POCOS DE VISITA E CAIXAS","DROP","MUROS DE ARRIMO","0032","","",91084,"EXECUÇÃO DE REVESTIMENTO DE CONCRETO PROJETADO COM ESPESSURA DE 10 CM, ARMADO COM FIBRAS DE AÇO, INCLINAÇÃO DE 90°, APLICAÇÃO CONTÍNUA, UTILIZANDO EQUIPAMENTO DE PROJEÇÃO COM 3 M³/H DE CAPACIDADE. AF_01/2016","M2","ATRIBUÍDO SÃO PAULO",230.66,"CAIXA REFERENCIAL"]
["DRENAGEM/OBRAS DE CONTENCAO/POCOS DE VISITA E CAIXAS","DROP","MUROS DE ARRIMO","0032","","",91086,"EXECUÇÃO DE REVESTIMENTO DE CONCRETO PROJETADO COM ESPESSURA DE 7 CM, ARMADO COM TELA, INCLINAÇÃO MENOR QUE 90°, APLICAÇÃO DESCONTÍNUA, UTILIZANDO EQUIPAMENTO DE PROJEÇÃO COM 6 M³/H DE CAPACIDADE. AF_01/2016","M2","ATRIBUÍDO SÃO PAULO",141.02000000000001,"CAIXA REFERENCIAL"]
["DRENAGEM/OBRAS DE CONTENCAO/POCOS DE VISITA E CAIXAS","DROP","MUROS DE ARRIMO","0032","","",91087,"EXECUÇÃO DE REVESTIMENTO DE CONCRETO PROJETADO COM ESPESSURA DE 10 CM, ARMADO COM TELA, INCLINAÇÃO MENOR QUE 90°, APLICAÇÃO DESCONTÍNUA, UTILIZANDO EQUIPAMENTO DE PROJEÇÃO COM 6 M³/H DE CAPACIDADE. AF_01/2016","M2","ATRIBUÍDO SÃO PAULO",159.16999999999999,"CAIXA REFERENCIAL"]
["DRENAGEM/OBRAS DE CONTENCAO/POCOS DE VISITA E CAIXAS","DROP","MUROS DE ARRIMO","0032","","",91088,"EXECUÇÃO DE REVESTIMENTO DE CONCRETO PROJETADO COM ESPESSURA DE 7 CM, ARMADO COM TELA, INCLINAÇÃO DE 90°, APLICAÇÃO DESCONTÍNUA, UTILIZANDO EQUIPAMENTO DE PROJEÇÃO COM 6 M³/H DE CAPACIDADE. AF_01/2016","M2","ATRIBUÍDO SÃO PAULO",180.61,"CAIXA REFERENCIAL"]
["DRENAGEM/OBRAS DE CONTENCAO/POCOS DE VISITA E CAIXAS","DROP","MUROS DE ARRIMO","0032","","",91089,"EXECUÇÃO DE REVESTIMENTO DE CONCRETO PROJETADO COM ESPESSURA DE 10 CM, ARMADO COM TELA, INCLINAÇÃO DE 90°, APLICAÇÃO DESCONTÍNUA, UTILIZANDO EQUIPAMENTO DE PROJEÇÃO COM 6 M³/H DE CAPACIDADE. AF_01/2016","M2","ATRIBUÍDO SÃO PAULO",198.91,"CAIXA REFERENCIAL"]
["DRENAGEM/OBRAS DE CONTENCAO/POCOS DE VISITA E CAIXAS","DROP","MUROS DE ARRIMO","0032","","",91090,"EXECUÇÃO DE REVESTIMENTO DE CONCRETO PROJETADO COM ESPESSURA DE 7 CM, ARMADO COM TELA, INCLINAÇÃO MENOR QUE 90°, APLICAÇÃO DESCONTÍNUA, UTILIZANDO EQUIPAMENTO DE PROJEÇÃO COM 3 M³/H DE CAPACIDADE. AF_01/2016","M2","ATRIBUÍDO SÃO PAULO",150.82,"CAIXA REFERENCIAL"]
["DRENAGEM/OBRAS DE CONTENCAO/POCOS DE VISITA E CAIXAS","DROP","MUROS DE ARRIMO","0032","","",91091,"EXECUÇÃO DE REVESTIMENTO DE CONCRETO PROJETADO COM ESPESSURA DE 10 CM, ARMADO COM TELA, INCLINAÇÃO MENOR QUE 90°, APLICAÇÃO DESCONTÍNUA, UTILIZANDO EQUIPAMENTO DE PROJEÇÃO COM 3 M³/H DE CAPACIDADE. AF_01/2016","M2","ATRIBUÍDO SÃO PAULO",170.38,"CAIXA REFERENCIAL"]
["DRENAGEM/OBRAS DE CONTENCAO/POCOS DE VISITA E CAIXAS","DROP","MUROS DE ARRIMO","0032","","",91092,"EXECUÇÃO DE REVESTIMENTO DE CONCRETO PROJETADO COM ESPESSURA DE 7 CM, ARMADO COM TELA, INCLINAÇÃO DE 90°, APLICAÇÃO DESCONTÍNUA, UTILIZANDO EQUIPAMENTO DE PROJEÇÃO COM 3 M³/H DE CAPACIDADE. AF_01/2016","M2","ATRIBUÍDO SÃO PAULO",191.33,"CAIXA REFERENCIAL"]
["DRENAGEM/OBRAS DE CONTENCAO/POCOS DE VISITA E CAIXAS","DROP","MUROS DE ARRIMO","0032","","",91093,"EXECUÇÃO DE REVESTIMENTO DE CONCRETO PROJETADO COM ESPESSURA DE 10 CM, ARMADO COM TELA, INCLINAÇÃO DE 90°, APLICAÇÃO DESCONTÍNUA, UTILIZANDO EQUIPAMENTO DE PROJEÇÃO COM 3 M³/H DE CAPACIDADE. AF_01/2016","M2","ATRIBUÍDO SÃO PAULO",211.22,"CAIXA REFERENCIAL"]
["DRENAGEM/OBRAS DE CONTENCAO/POCOS DE VISITA E CAIXAS","DROP","MUROS DE ARRIMO","0032","","",91094,"EXECUÇÃO DE REVESTIMENTO DE CONCRETO PROJETADO COM ESPESSURA DE 7 CM, ARMADO COM FIBRAS DE AÇO, INCLINAÇÃO MENOR QUE 90°, APLICAÇÃO DESCONTÍNUA, UTILIZANDO EQUIPAMENTO DE PROJEÇÃO COM 6 M³/H DE CAPACIDADE. AF_01/2016","M2","ATRIBUÍDO SÃO PAULO",179.98,"CAIXA REFERENCIAL"]
["DRENAGEM/OBRAS DE CONTENCAO/POCOS DE VISITA E CAIXAS","DROP","MUROS DE ARRIMO","0032","","",91095,"EXECUÇÃO DE REVESTIMENTO DE CONCRETO PROJETADO COM ESPESSURA DE 10 CM, ARMADO COM FIBRAS DE AÇO, INCLINAÇÃO MENOR QUE 90°, APLICAÇÃO DESCONTÍNUA, UTILIZANDO EQUIPAMENTO DE PROJEÇÃO COM 6 M³/H DE CAPACIDADE. AF_01/2016","M2","ATRIBUÍDO SÃO PAULO",212.63,"CAIXA REFERENCIAL"]
["DRENAGEM/OBRAS DE CONTENCAO/POCOS DE VISITA E CAIXAS","DROP","MUROS DE ARRIMO","0032","","",91096,"EXECUÇÃO DE REVESTIMENTO DE CONCRETO PROJETADO COM ESPESSURA DE 7 CM, ARMADO COM FIBRAS DE AÇO, INCLINAÇÃO DE 90°, APLICAÇÃO DESCONTÍNUA, UTILIZANDO EQUIPAMENTO DE PROJEÇÃO COM 6 M³/H DE CAPACIDADE. AF_01/2016","M2","ATRIBUÍDO SÃO PAULO",182.83,"CAIXA REFERENCIAL"]
["DRENAGEM/OBRAS DE CONTENCAO/POCOS DE VISITA E CAIXAS","DROP","MUROS DE ARRIMO","0032","","",91097,"EXECUÇÃO DE REVESTIMENTO DE CONCRETO PROJETADO COM ESPESSURA DE 10 CM, ARMADO COM FIBRAS DE AÇO, INCLINAÇÃO DE 90°, APLICAÇÃO DESCONTÍNUA, UTILIZANDO EQUIPAMENTO DE PROJEÇÃO COM 6 M³/H DE CAPACIDADE. AF_01/2016","M2","ATRIBUÍDO SÃO PAULO",215.28,"CAIXA REFERENCIAL"]
["DRENAGEM/OBRAS DE CONTENCAO/POCOS DE VISITA E CAIXAS","DROP","MUROS DE ARRIMO","0032","","",91098,"EXECUÇÃO DE REVESTIMENTO DE CONCRETO PROJETADO COM ESPESSURA DE 7 CM, ARMADO COM FIBRAS DE AÇO, INCLINAÇÃO MENOR QUE 90°, APLICAÇÃO DESCONTÍNUA, UTILIZANDO EQUIPAMENTO DE PROJEÇÃO COM 3 M³/H DE CAPACIDADE. AF_01/2016","M2","ATRIBUÍDO SÃO PAULO",193.35,"CAIXA REFERENCIAL"]
["DRENAGEM/OBRAS DE CONTENCAO/POCOS DE VISITA E CAIXAS","DROP","MUROS DE ARRIMO","0032","","",91099,"EXECUÇÃO DE REVESTIMENTO DE CONCRETO PROJETADO COM ESPESSURA DE 10 CM, ARMADO COM FIBRAS DE AÇO, INCLINAÇÃO MENOR QUE 90°, APLICAÇÃO DESCONTÍNUA, UTILIZANDO EQUIPAMENTO DE PROJEÇÃO COM 3 M³/H DE CAPACIDADE. AF_01/2016","M2","ATRIBUÍDO SÃO PAULO",227.21,"CAIXA REFERENCIAL"]
["DRENAGEM/OBRAS DE CONTENCAO/POCOS DE VISITA E CAIXAS","DROP","MUROS DE ARRIMO","0032","","",91100,"EXECUÇÃO DE REVESTIMENTO DE CONCRETO PROJETADO COM ESPESSURA DE 7 CM, ARMADO COM FIBRAS DE AÇO, INCLINAÇÃO DE 90°, APLICAÇÃO DESCONTÍNUA, UTILIZANDO EQUIPAMENTO DE PROJEÇÃO COM 3 M³/H DE CAPACIDADE. AF_01/2016","M2","ATRIBUÍDO SÃO PAULO",201.08,"CAIXA REFERENCIAL"]
["DRENAGEM/OBRAS DE CONTENCAO/POCOS DE VISITA E CAIXAS","DROP","MUROS DE ARRIMO","0032","","",91101,"EXECUÇÃO DE REVESTIMENTO DE CONCRETO PROJETADO COM ESPESSURA DE 10 CM, ARMADO COM FIBRAS DE AÇO, INCLINAÇÃO DE 90°, APLICAÇÃO DESCONTÍNUA, UTILIZANDO EQUIPAMENTO DE PROJEÇÃO COM 3 M³/H DE CAPACIDADE. AF_01/2016","M2","ATRIBUÍDO SÃO PAULO",234.82,"CAIXA REFERENCIAL"]
["DRENAGEM/OBRAS DE CONTENCAO/POCOS DE VISITA E CAIXAS","DROP","MUROS DE ARRIMO","0032","","",93952,"EXECUÇÃO DE GRAMPO PARA SOLO GRAMPEADO COM COMPRIMENTO MENOR OU IGUAL A 4 M, DIÂMETRO DE 10 CM, PERFURAÇÃO COM EQUIPAMENTO MANUAL E ARMADURA COM DIÂMETRO DE 16 MM. AF_05/2016","M","ATRIBUÍDO SÃO PAULO",231.15,"CAIXA REFERENCIAL"]
["DRENAGEM/OBRAS DE CONTENCAO/POCOS DE VISITA E CAIXAS","DROP","MUROS DE ARRIMO","0032","","",93953,"EXECUÇÃO DE GRAMPO PARA SOLO GRAMPEADO COM COMPRIMENTO MAIOR QUE 4 M E MENOR OU IGUAL A 6 M, DIÂMETRO DE 10 CM, PERFURAÇÃO COM EQUIPAMENTO MANUAL E ARMADURA COM DIÂMETRO DE 16 MM. AF_05/2016","M","ATRIBUÍDO SÃO PAULO",216.06,"CAIXA REFERENCIAL"]
["DRENAGEM/OBRAS DE CONTENCAO/POCOS DE VISITA E CAIXAS","DROP","MUROS DE ARRIMO","0032","","",93954,"EXECUÇÃO DE GRAMPO PARA SOLO GRAMPEADO COM COMPRIMENTO MAIOR QUE 6 M E MENOR OU IGUAL A 8 M, DIÂMETRO DE 10 CM, PERFURAÇÃO COM EQUIPAMENTO MANUAL E ARMADURA COM DIÂMETRO DE 16 MM. AF_05/2016","M","ATRIBUÍDO SÃO PAULO",207.01,"CAIXA REFERENCIAL"]
["DRENAGEM/OBRAS DE CONTENCAO/POCOS DE VISITA E CAIXAS","DROP","MUROS DE ARRIMO","0032","","",93955,"EXECUÇÃO DE GRAMPO PARA SOLO GRAMPEADO COM COMPRIMENTO MAIOR QUE 8 M E MENOR OU IGUAL A 10 M, DIÂMETRO DE 10 CM, PERFURAÇÃO COM EQUIPAMENTO MANUAL E ARMADURA COM DIÂMETRO DE 16 MM. AF_05/2016","M","ATRIBUÍDO SÃO PAULO",200.61,"CAIXA REFERENCIAL"]
["DRENAGEM/OBRAS DE CONTENCAO/POCOS DE VISITA E CAIXAS","DROP","MUROS DE ARRIMO","0032","","",93956,"EXECUÇÃO DE GRAMPO PARA SOLO GRAMPEADO COM COMPRIMENTO MAIOR QUE 10 M, DIÂMETRO DE 10 CM, PERFURAÇÃO COM EQUIPAMENTO MANUAL E ARMADURA COM DIÂMETRO DE 16 MM. AF_05/2016","M","ATRIBUÍDO SÃO PAULO",195.54,"CAIXA REFERENCIAL"]
["DRENAGEM/OBRAS DE CONTENCAO/POCOS DE VISITA E CAIXAS","DROP","MUROS DE ARRIMO","0032","","",93957,"EXECUÇÃO DE GRAMPO PARA SOLO GRAMPEADO COM COMPRIMENTO MENOR OU IGUAL A 4 M, DIÂMETRO DE 10 CM, PERFURAÇÃO COM EQUIPAMENTO MANUAL E ARMADURA COM DIÂMETRO DE 20 MM. AF_05/2016","M","ATRIBUÍDO SÃO PAULO",247.26,"CAIXA REFERENCIAL"]
["DRENAGEM/OBRAS DE CONTENCAO/POCOS DE VISITA E CAIXAS","DROP","MUROS DE ARRIMO","0032","","",93958,"EXECUÇÃO DE GRAMPO PARA SOLO GRAMPEADO COM COMPRIMENTO MAIOR QUE 4 M E MENOR OU IGUAL A 6 M, DIÂMETRO DE 10 CM, PERFURAÇÃO COM EQUIPAMENTO MANUAL E ARMADURA COM DIÂMETRO DE 20 MM. AF_05/2016","M","ATRIBUÍDO SÃO PAULO",231.27,"CAIXA REFERENCIAL"]
["DRENAGEM/OBRAS DE CONTENCAO/POCOS DE VISITA E CAIXAS","DROP","MUROS DE ARRIMO","0032","","",93959,"EXECUÇÃO DE GRAMPO PARA SOLO GRAMPEADO COM COMPRIMENTO MAIOR QUE 6 M E MENOR OU IGUAL A 8 M, DIÂMETRO DE 10 CM, PERFURAÇÃO COM EQUIPAMENTO MANUAL E ARMADURA COM DIÂMETRO DE 20 MM. AF_05/2016","M","ATRIBUÍDO SÃO PAULO",221.76,"CAIXA REFERENCIAL"]
["DRENAGEM/OBRAS DE CONTENCAO/POCOS DE VISITA E CAIXAS","DROP","MUROS DE ARRIMO","0032","","",93960,"EXECUÇÃO DE GRAMPO PARA SOLO GRAMPEADO COM COMPRIMENTO MAIOR QUE 8 M E MENOR OU IGUAL A 10 M, DIÂMETRO DE 10 CM, PERFURAÇÃO COM EQUIPAMENTO MANUAL E ARMADURA COM DIÂMETRO DE 20 MM. AF_05/2016","M","ATRIBUÍDO SÃO PAULO",215.06,"CAIXA REFERENCIAL"]
["DRENAGEM/OBRAS DE CONTENCAO/POCOS DE VISITA E CAIXAS","DROP","MUROS DE ARRIMO","0032","","",93961,"EXECUÇÃO DE GRAMPO PARA SOLO GRAMPEADO COM COMPRIMENTO MAIOR QUE 10 M, DIÂMETRO DE 10 CM, PERFURAÇÃO COM EQUIPAMENTO MANUAL E ARMADURA COM DIÂMETRO DE 20 MM. AF_05/2016","M","ATRIBUÍDO SÃO PAULO",209.78,"CAIXA REFERENCIAL"]
["DRENAGEM/OBRAS DE CONTENCAO/POCOS DE VISITA E CAIXAS","DROP","MUROS DE ARRIMO","0032","","",93962,"EXECUÇÃO DE GRAMPO PARA SOLO GRAMPEADO COM COMPRIMENTO MENOR OU IGUAL A 4 M, DIÂMETRO DE 7 CM, PERFURAÇÃO COM EQUIPAMENTO MANUAL E ARMADURA COM DIÂMETRO DE 16 MM. AF_05/2016","M","ATRIBUÍDO SÃO PAULO",214.75,"CAIXA REFERENCIAL"]
["DRENAGEM/OBRAS DE CONTENCAO/POCOS DE VISITA E CAIXAS","DROP","MUROS DE ARRIMO","0032","","",93963,"EXECUÇÃO DE GRAMPO PARA SOLO GRAMPEADO COM COMPRIMENTO MAIOR QUE 4 E MENOR OU IGUAL A 6 M, DIÂMETRO DE 7 CM, PERFURAÇÃO COM EQUIPAMENTO MANUAL E ARMADURA COM DIÂMETRO DE 16 MM. AF_05/2016","M","ATRIBUÍDO SÃO PAULO",199.71,"CAIXA REFERENCIAL"]
["DRENAGEM/OBRAS DE CONTENCAO/POCOS DE VISITA E CAIXAS","DROP","MUROS DE ARRIMO","0032","","",93964,"EXECUÇÃO DE GRAMPO PARA SOLO GRAMPEADO COM COMPRIMENTO MAIOR QUE 6 M E MENOR OU IGUAL A 8 M, DIÂMETRO DE 7 CM, PERFURAÇÃO COM EQUIPAMENTO MANUAL E ARMADURA COM DIÂMETRO DE 16 MM. AF_05/2016","M","ATRIBUÍDO SÃO PAULO",190.72,"CAIXA REFERENCIAL"]
["DRENAGEM/OBRAS DE CONTENCAO/POCOS DE VISITA E CAIXAS","DROP","MUROS DE ARRIMO","0032","","",93965,"EXECUÇÃO DE GRAMPO PARA SOLO GRAMPEADO COM COMPRIMENTO MAIOR QUE 8 M E MENOR OU IGUAL A 10 M, DIÂMETRO DE 7 CM, PERFURAÇÃO COM EQUIPAMENTO MANUAL E ARMADURA COM DIÂMETRO DE 16 MM. AF_05/2016","M","ATRIBUÍDO SÃO PAULO",182.35,"CAIXA REFERENCIAL"]
["DRENAGEM/OBRAS DE CONTENCAO/POCOS DE VISITA E CAIXAS","DROP","MUROS DE ARRIMO","0032","","",93966,"EXECUÇÃO DE GRAMPO PARA SOLO GRAMPEADO COM COMPRIMENTO MAIOR QUE 10 M, DIÂMETRO DE 7 CM, PERFURAÇÃO COM EQUIPAMENTO MANUAL E ARMADURA COM DIÂMETRO DE 16 MM. AF_05/2016","M","ATRIBUÍDO SÃO PAULO",179.29,"CAIXA REFERENCIAL"]
["DRENAGEM/OBRAS DE CONTENCAO/POCOS DE VISITA E CAIXAS","DROP","MUROS DE ARRIMO","0032","","",93967,"EXECUÇÃO DE GRAMPO PARA SOLO GRAMPEADO COM COMPRIMENTO MENOR OU IGUAL A 4 M, DIÂMETRO DE 7 CM, PERFURAÇÃO COM EQUIPAMENTO MANUAL E ARMADURA COM DIÂMETRO DE 20 MM. AF_05/2016","M","ATRIBUÍDO SÃO PAULO",230.86,"CAIXA REFERENCIAL"]
["DRENAGEM/OBRAS DE CONTENCAO/POCOS DE VISITA E CAIXAS","DROP","MUROS DE ARRIMO","0032","","",93968,"EXECUÇÃO DE GRAMPO PARA SOLO GRAMPEADO COM COMPRIMENTO MAIOR QUE 4 E MENOR OU IGUAL A 6 M, DIÂMETRO DE 7 CM, PERFURAÇÃO COM EQUIPAMENTO MANUAL E ARMADURA COM DIÂMETRO DE 20 MM. AF_05/2016","M","ATRIBUÍDO SÃO PAULO",214.89,"CAIXA REFERENCIAL"]
["DRENAGEM/OBRAS DE CONTENCAO/POCOS DE VISITA E CAIXAS","DROP","MUROS DE ARRIMO","0032","","",93969,"EXECUÇÃO DE GRAMPO PARA SOLO GRAMPEADO COM COMPRIMENTO MAIOR QUE 6 M E MENOR OU IGUAL A 8 M, DIÂMETRO DE 7 CM, PERFURAÇÃO COM EQUIPAMENTO MANUAL E ARMADURA COM DIÂMETRO DE 20 MM. AF_05/2016","M","ATRIBUÍDO SÃO PAULO",205.45,"CAIXA REFERENCIAL"]
["DRENAGEM/OBRAS DE CONTENCAO/POCOS DE VISITA E CAIXAS","DROP","MUROS DE ARRIMO","0032","","",93970,"EXECUÇÃO DE GRAMPO PARA SOLO GRAMPEADO COM COMPRIMENTO MAIOR QUE 8 MENOR OU IGUAL A 10 M, DIÂMETRO DE 7 CM, PERFURAÇÃO COM EQUIPAMENTO MANUAL E ARMADURA COM DIÂMETRO DE 20 MM. AF_05/2016","M","ATRIBUÍDO SÃO PAULO",198.8,"CAIXA REFERENCIAL"]
["DRENAGEM/OBRAS DE CONTENCAO/POCOS DE VISITA E CAIXAS","DROP","MUROS DE ARRIMO","0032","","",93971,"EXECUÇÃO DE GRAMPO PARA SOLO GRAMPEADO COM COMPRIMENTO MAIOR QUE 10 M, DIÂMETRO DE 7 CM, PERFURAÇÃO COM EQUIPAMENTO MANUAL E ARMADURA COM DIÂMETRO DE 20 MM. AF_05/2016","M","ATRIBUÍDO SÃO PAULO",187.76,"CAIXA REFERENCIAL"]
["DRENAGEM/OBRAS DE CONTENCAO/POCOS DE VISITA E CAIXAS","DROP","MUROS DE ARRIMO","0032","","",95108,"EXECUÇÃO DE PROTEÇÃO DA CABEÇA DO TIRANTE COM USO DE FÔRMAS EM CHAPA COMPENSADA PLASTIFICADA DE MADEIRA E CONCRETO FCK =15 MPA. AF_07/2016","UN","COEFICIENTE DE REPRESENTATIVIDADE",30.5,"CAIXA REFERENCIAL"]
["DRENAGEM/OBRAS DE CONTENCAO/POCOS DE VISITA E CAIXAS","DROP","MUROS DE ARRIMO","0032","","",100332,"CONTENÇÃO EM PERFIL PRANCHADO COM PRANCHÃO DE MADEIRA, PERFIS ESPAÇADOS A 1,5 M PARA 1 SUBSOLO. AF_07/2019","M2","ATRIBUÍDO SÃO PAULO",1024.3,"CAIXA REFERENCIAL"]
["DRENAGEM/OBRAS DE CONTENCAO/POCOS DE VISITA E CAIXAS","DROP","MUROS DE ARRIMO","0032","","",100333,"CONTENÇÃO EM PERFIL PRANCHADO COM PRANCHÃO DE MADEIRA, PERFIS ESPAÇADOS A 1,5 M PARA 2 OU MAIS SUBSOLOS. AF_07/2019","M2","ATRIBUÍDO SÃO PAULO",628.54999999999995,"CAIXA REFERENCIAL"]
["DRENAGEM/OBRAS DE CONTENCAO/POCOS DE VISITA E CAIXAS","DROP","MUROS DE ARRIMO","0032","","",100334,"CONTENÇÃO EM PERFIL PRANCHADO COM PRANCHÃO DE MADEIRA, PERFIS ESPAÇADOS A 2 M PARA 1 SUBSOLO. AF_07/2019","M2","ATRIBUÍDO SÃO PAULO",809.83,"CAIXA REFERENCIAL"]
["DRENAGEM/OBRAS DE CONTENCAO/POCOS DE VISITA E CAIXAS","DROP","MUROS DE ARRIMO","0032","","",100335,"CONTENÇÃO EM PERFIL PRANCHADO COM PRANCHÃO DE MADEIRA, PERFIS ESPAÇADOS A 2 M PARA 2 OU MAIS SUBSOLOS. AF_07/2019","M2","ATRIBUÍDO SÃO PAULO",513.02,"CAIXA REFERENCIAL"]
["DRENAGEM/OBRAS DE CONTENCAO/POCOS DE VISITA E CAIXAS","DROP","MUROS DE ARRIMO","0032","","",100341,"FABRICAÇÃO, MONTAGEM E DESMONTAGEM DE FÔRMA PARA CORTINA DE CONTENÇÃO, EM CHAPA DE MADEIRA COMPENSADA PLASTIFICADA, E = 18 MM, 10 UTILIZAÇÕES. AF_07/2019","M2","COEFICIENTE DE REPRESENTATIVIDADE",38.61,"CAIXA REFERENCIAL"]
["DRENAGEM/OBRAS DE CONTENCAO/POCOS DE VISITA E CAIXAS","DROP","MUROS DE ARRIMO","0032","","",100342,"ARMAÇÃO DE CORTINA DE CONTENÇÃO EM CONCRETO ARMADO, COM AÇO CA-50 DE 6,3 MM - MONTAGEM. AF_07/2019","KG","ATRIBUÍDO SÃO PAULO",16.579999999999998,"CAIXA REFERENCIAL"]
["DRENAGEM/OBRAS DE CONTENCAO/POCOS DE VISITA E CAIXAS","DROP","MUROS DE ARRIMO","0032","","",100343,"ARMAÇÃO DE CORTINA DE CONTENÇÃO EM CONCRETO ARMADO, COM AÇO CA-50 DE 8 MM - MONTAGEM. AF_07/2019","KG","ATRIBUÍDO SÃO PAULO",15.94,"CAIXA REFERENCIAL"]
["DRENAGEM/OBRAS DE CONTENCAO/POCOS DE VISITA E CAIXAS","DROP","MUROS DE ARRIMO","0032","","",100344,"ARMAÇÃO DE CORTINA DE CONTENÇÃO EM CONCRETO ARMADO, COM AÇO CA-50 DE 10 MM - MONTAGEM. AF_07/2019","KG","ATRIBUÍDO SÃO PAULO",14.45,"CAIXA REFERENCIAL"]
["DRENAGEM/OBRAS DE CONTENCAO/POCOS DE VISITA E CAIXAS","DROP","MUROS DE ARRIMO","0032","","",100345,"ARMAÇÃO DE CORTINA DE CONTENÇÃO EM CONCRETO ARMADO, COM AÇO CA-50 DE 12,5 MM - MONTAGEM. AF_07/2019","KG","ATRIBUÍDO SÃO PAULO",12.31,"CAIXA REFERENCIAL"]
["DRENAGEM/OBRAS DE CONTENCAO/POCOS DE VISITA E CAIXAS","DROP","MUROS DE ARRIMO","0032","","",100346,"ARMAÇÃO DE CORTINA DE CONTENÇÃO EM CONCRETO ARMADO, COM AÇO CA-50 DE 16 MM - MONTAGEM. AF_07/2019","KG","ATRIBUÍDO SÃO PAULO",11.81,"CAIXA REFERENCIAL"]
["DRENAGEM/OBRAS DE CONTENCAO/POCOS DE VISITA E CAIXAS","DROP","MUROS DE ARRIMO","0032","","",100347,"ARMAÇÃO DE CORTINA DE CONTENÇÃO EM CONCRETO ARMADO, COM AÇO CA-50 DE 20 MM - MONTAGEM. AF_07/2019","KG","ATRIBUÍDO SÃO PAULO",13.41,"CAIXA REFERENCIAL"]
["DRENAGEM/OBRAS DE CONTENCAO/POCOS DE VISITA E CAIXAS","DROP","MUROS DE ARRIMO","0032","","",100348,"ARMAÇÃO DE CORTINA DE CONTENÇÃO EM CONCRETO ARMADO, COM AÇO CA-50 DE 25 MM - MONTAGEM. AF_07/2019","KG","ATRIBUÍDO SÃO PAULO",13.18,"CAIXA REFERENCIAL"]
["DRENAGEM/OBRAS DE CONTENCAO/POCOS DE VISITA E CAIXAS","DROP","MUROS DE ARRIMO","0032","","",100349,"CONCRETAGEM DE CORTINA DE CONTENÇÃO, ATRAVÉS DE BOMBA  \u0096 LANÇAMENTO, ADENSAMENTO E ACABAMENTO. AF_07/2019","M3","ATRIBUÍDO SÃO PAULO",867.78,"CAIXA REFERENCIAL"]
["DRENAGEM/OBRAS DE CONTENCAO/POCOS DE VISITA E CAIXAS","DROP","CALHAS DE DRENAGEM/ALAS DE GALERIAS (ESTRUT. DE LANCAMENTO)","0035","","",102989,"CANALETA MEIA CANA PRÉ-MOLDADA DE CONCRETO (D = 20 CM) - FORNECIMENTO E INSTALAÇÃO. AF_08/2021","M","ATRIBUÍDO SÃO PAULO",35.729999999999997,"CAIXA REFERENCIAL"]
["DRENAGEM/OBRAS DE CONTENCAO/POCOS DE VISITA E CAIXAS","DROP","CALHAS DE DRENAGEM/ALAS DE GALERIAS (ESTRUT. DE LANCAMENTO)","0035","","",102990,"CANALETA MEIA CANA PRÉ-MOLDADA DE CONCRETO (D = 30 CM) - FORNECIMENTO E INSTALAÇÃO. AF_08/2021","M","ATRIBUÍDO SÃO PAULO",43.53,"CAIXA REFERENCIAL"]
["DRENAGEM/OBRAS DE CONTENCAO/POCOS DE VISITA E CAIXAS","DROP","CALHAS DE DRENAGEM/ALAS DE GALERIAS (ESTRUT. DE LANCAMENTO)","0035","","",102991,"CANALETA MEIA CANA PRÉ-MOLDADA DE CONCRETO (D = 40 CM) - FORNECIMENTO E INSTALAÇÃO. AF_08/2021","M","ATRIBUÍDO SÃO PAULO",56.45,"CAIXA REFERENCIAL"]
["DRENAGEM/OBRAS DE CONTENCAO/POCOS DE VISITA E CAIXAS","DROP","CALHAS DE DRENAGEM/ALAS DE GALERIAS (ESTRUT. DE LANCAMENTO)","0035","","",102992,"CANALETA MEIA CANA PRÉ-MOLDADA DE CONCRETO (D = 50 CM) - FORNECIMENTO E INSTALAÇÃO. AF_08/2021","M","ATRIBUÍDO SÃO PAULO",83.79,"CAIXA REFERENCIAL"]
["DRENAGEM/OBRAS DE CONTENCAO/POCOS DE VISITA E CAIXAS","DROP","CALHAS DE DRENAGEM/ALAS DE GALERIAS (ESTRUT. DE LANCAMENTO)","0035","","",102993,"CANALETA MEIA CANA PRÉ-MOLDADA DE CONCRETO (D = 60 CM) - FORNECIMENTO E INSTALAÇÃO. AF_08/2021","M","ATRIBUÍDO SÃO PAULO",109,"CAIXA REFERENCIAL"]
["DRENAGEM/OBRAS DE CONTENCAO/POCOS DE VISITA E CAIXAS","DROP","CALHAS DE DRENAGEM/ALAS DE GALERIAS (ESTRUT. DE LANCAMENTO)","0035","","",102994,"CANALETA MEIA CANA PRÉ-MOLDADA DE CONCRETO (D = 80 CM) - FORNECIMENTO E INSTALAÇÃO. AF_08/2021","M","ATRIBUÍDO SÃO PAULO",187.63,"CAIXA REFERENCIAL"]
["DRENAGEM/OBRAS DE CONTENCAO/POCOS DE VISITA E CAIXAS","DROP","CALHAS DE DRENAGEM/ALAS DE GALERIAS (ESTRUT. DE LANCAMENTO)","0035","","",102995,"EXECUÇÃO DE CANALETA DE CONCRETO MOLDADO IN LOCO, ESPESSURA DE 0,07 M, GEOMETRIA TRAPEZOIDAL (DIMENSÕES INTERNAS: B=0,6 M; B=0,147 M; H=0,2 M). AF_08/2021","M","COEFICIENTE DE REPRESENTATIVIDADE",62.34,"CAIXA REFERENCIAL"]
["DRENAGEM/OBRAS DE CONTENCAO/POCOS DE VISITA E CAIXAS","DROP","CALHAS DE DRENAGEM/ALAS DE GALERIAS (ESTRUT. DE LANCAMENTO)","0035","","",102996,"EXECUÇÃO DE CANALETA DE CONCRETO MOLDADO IN LOCO, ESPESSURA DE 0,07 M, GEOMETRIA TRAPEZOIDAL (DIMENSÕES INTERNAS: B=0,9 M; B=0,246 M; H=0,3 M). AF_08/2021","M","COEFICIENTE DE REPRESENTATIVIDADE",88.46,"CAIXA REFERENCIAL"]
["DRENAGEM/OBRAS DE CONTENCAO/POCOS DE VISITA E CAIXAS","DROP","CALHAS DE DRENAGEM/ALAS DE GALERIAS (ESTRUT. DE LANCAMENTO)","0035","","",102997,"EXECUÇÃO DE CANALETA DE CONCRETO MOLDADO IN LOCO, ESPESSURA DE 0,08 M, GEOMETRIA TRAPEZOIDAL (DIMENSÕES INTERNAS: B=1M; B=0,5 M; H=0,25 M). AF_08/2021","M","COEFICIENTE DE REPRESENTATIVIDADE",119.89,"CAIXA REFERENCIAL"]
["DRENAGEM/OBRAS DE CONTENCAO/POCOS DE VISITA E CAIXAS","DROP","CALHAS DE DRENAGEM/ALAS DE GALERIAS (ESTRUT. DE LANCAMENTO)","0035","","",102998,"EXECUÇÃO DE CANALETA DE CONCRETO MOLDADO IN LOCO, ESPESSURA DE 0,08 M, GEOMETRIA TRAPEZOIDAL (DIMENSÕES INTERNAS: B=1,074 M; B=0,534 M; H=0,27 M). AF_08/2021","M","COEFICIENTE DE REPRESENTATIVIDADE",113.85,"CAIXA REFERENCIAL"]
["DRENAGEM/OBRAS DE CONTENCAO/POCOS DE VISITA E CAIXAS","DROP","CALHAS DE DRENAGEM/ALAS DE GALERIAS (ESTRUT. DE LANCAMENTO)","0035","","",102999,"EXECUÇÃO DE CANALETA DE CONCRETO MOLDADO IN LOCO, ESPESSURA DE 0,08 M, GEOMETRIA TRAPEZOIDAL (DIMENSÕES INTERNAS: B=1,4 M; B=0,7 M; H=0,35 M). AF_08/2021","M","COEFICIENTE DE REPRESENTATIVIDADE",144.22999999999999,"CAIXA REFERENCIAL"]
["DRENAGEM/OBRAS DE CONTENCAO/POCOS DE VISITA E CAIXAS","DROP","CALHAS DE DRENAGEM/ALAS DE GALERIAS (ESTRUT. DE LANCAMENTO)","0035","","",103000,"EXECUÇÃO DE CANALETA DE CONCRETO MOLDADO IN LOCO, ESPESSURA DE 0,08 M, GEOMETRIA TRAPEZOIDAL (DIMENSÕES INTERNAS: B=1,474 M; B=0,934 M; H=0,27 M). AF_08/2021","M","COEFICIENTE DE REPRESENTATIVIDADE",144.85,"CAIXA REFERENCIAL"]
["DRENAGEM/OBRAS DE CONTENCAO/POCOS DE VISITA E CAIXAS","DROP","CALHAS DE DRENAGEM/ALAS DE GALERIAS (ESTRUT. DE LANCAMENTO)","0035","","",103001,"GRELHA DE FERRO FUNDIDO SIMPLES COM REQUADRO, 150 X 1000 MM, ASSENTADA COM ARGAMASSA 1 : 3 CIMENTO: AREIA - FORNECIMENTO E INSTALAÇÃO. AF_08/2021","UN","ATRIBUÍDO SÃO PAULO",235.09,"CAIXA REFERENCIAL"]
["DRENAGEM/OBRAS DE CONTENCAO/POCOS DE VISITA E CAIXAS","DROP","CALHAS DE DRENAGEM/ALAS DE GALERIAS (ESTRUT. DE LANCAMENTO)","0035","","",103002,"GRELHA DE FERRO FUNDIDO SIMPLES COM REQUADRO, 200 X 1000 MM, ASSENTADA COM ARGAMASSA 1 : 3 CIMENTO: AREIA - FORNECIMENTO E INSTALAÇÃO. AF_08/2021","UN","ATRIBUÍDO SÃO PAULO",293.63,"CAIXA REFERENCIAL"]
["DRENAGEM/OBRAS DE CONTENCAO/POCOS DE VISITA E CAIXAS","DROP","CALHAS DE DRENAGEM/ALAS DE GALERIAS (ESTRUT. DE LANCAMENTO)","0035","","",103003,"GRELHA DE FERRO FUNDIDO SIMPLES COM REQUADRO, 300 X 1000 MM, ASSENTADA COM ARGAMASSA 1 : 3 CIMENTO: AREIA - FORNECIMENTO E INSTALAÇÃO. AF_08/2021","UN","ATRIBUÍDO SÃO PAULO",410.75,"CAIXA REFERENCIAL"]
["DRENAGEM/OBRAS DE CONTENCAO/POCOS DE VISITA E CAIXAS","DROP","CALHAS DE DRENAGEM/ALAS DE GALERIAS (ESTRUT. DE LANCAMENTO)","0035","","",103005,"CAIXA COM GRELHA RETANGULAR DE FERRO FUNDIDO, EM ALVENARIA COM TIJOLOS CERÂMICOS MACIÇOS, DIMENSÕES INTERNAS: 0,15 X 1,00 X 0,3 M. AF_08/2021","UN","ATRIBUÍDO SÃO PAULO",613.19000000000005,"CAIXA REFERENCIAL"]
["DRENAGEM/OBRAS DE CONTENCAO/POCOS DE VISITA E CAIXAS","DROP","CALHAS DE DRENAGEM/ALAS DE GALERIAS (ESTRUT. DE LANCAMENTO)","0035","","",103006,"CAIXA COM GRELHA RETANGULAR DE FERRO FUNDIDO, EM ALVENARIA COM TIJOLOS CERÂMICOS MACIÇOS, DIMENSÕES INTERNAS: 0,20 X 1,00 X 0,4 M. AF_08/2021","UN","ATRIBUÍDO SÃO PAULO",841.72,"CAIXA REFERENCIAL"]
["DRENAGEM/OBRAS DE CONTENCAO/POCOS DE VISITA E CAIXAS","DROP","CALHAS DE DRENAGEM/ALAS DE GALERIAS (ESTRUT. DE LANCAMENTO)","0035","","",103007,"CAIXA COM GRELHA RETANGULAR DE FERRO FUNDIDO, EM ALVENARIA COM TIJOLOS CERÂMICOS MACIÇOS, DIMENSÕES INTERNAS: 0,30 X 1,00 X 0,5 M. AF_08/2021","UN","ATRIBUÍDO SÃO PAULO",1114.57,"CAIXA REFERENCIAL"]
["DRENAGEM/OBRAS DE CONTENCAO/POCOS DE VISITA E CAIXAS","DROP","POCOS DE VISITA/BOCAS DE LOBO/CX. DE PASSAGEM/CX. DIVERSAS","0036","","",97933,"CAIXA COM GRELHA SIMPLES RETANGULAR, EM CONCRETO PRÉ-MOLDADO, DIMENSÕES INTERNAS: 0,6X1,0X1,0 M. AF_12/2020","UN","ATRIBUÍDO SÃO PAULO",1008.16,"CAIXA REFERENCIAL"]
["DRENAGEM/OBRAS DE CONTENCAO/POCOS DE VISITA E CAIXAS","DROP","POCOS DE VISITA/BOCAS DE LOBO/CX. DE PASSAGEM/CX. DIVERSAS","0036","","",97934,"CAIXA COM GRELHA DUPLA RETANGULAR, EM CONCRETO PRÉ-MOLDADO, DIMENSÕES INTERNAS: 0,5X2,2X1,0 M. AF_12/2020","UN","ATRIBUÍDO SÃO PAULO",2460.2399999999998,"CAIXA REFERENCIAL"]
["DRENAGEM/OBRAS DE CONTENCAO/POCOS DE VISITA E CAIXAS","DROP","POCOS DE VISITA/BOCAS DE LOBO/CX. DE PASSAGEM/CX. DIVERSAS","0036","","",97935,"CAIXA PARA BOCA DE LOBO SIMPLES RETANGULAR, EM CONCRETO PRÉ-MOLDADO, DIMENSÕES INTERNAS: 0,6X1,0X1,2 M. AF_12/2020","UN","ATRIBUÍDO SÃO PAULO",848.82,"CAIXA REFERENCIAL"]
["DRENAGEM/OBRAS DE CONTENCAO/POCOS DE VISITA E CAIXAS","DROP","POCOS DE VISITA/BOCAS DE LOBO/CX. DE PASSAGEM/CX. DIVERSAS","0036","","",97936,"CAIXA PARA BOCA DE LOBO DUPLA RETANGULAR, EM CONCRETO PRÉ-MOLDADO, DIMENSÕES INTERNAS: 0,6X2,2X1,2 M. AF_12/2020","UN","ATRIBUÍDO SÃO PAULO",2172.36,"CAIXA REFERENCIAL"]
["DRENAGEM/OBRAS DE CONTENCAO/POCOS DE VISITA E CAIXAS","DROP","POCOS DE VISITA/BOCAS DE LOBO/CX. DE PASSAGEM/CX. DIVERSAS","0036","","",97947,"CAIXA COM GRELHA SIMPLES RETANGULAR, EM ALVENARIA COM TIJOLOS CERÂMICOS MACIÇOS, DIMENSÕES INTERNAS: 0,5X1X1 M. AF_12/2020","UN","ATRIBUÍDO SÃO PAULO",1828.21,"CAIXA REFERENCIAL"]
["DRENAGEM/OBRAS DE CONTENCAO/POCOS DE VISITA E CAIXAS","DROP","POCOS DE VISITA/BOCAS DE LOBO/CX. DE PASSAGEM/CX. DIVERSAS","0036","","",97948,"CAIXA COM GRELHA DUPLA RETANGULAR, EM ALVENARIA COM TIJOLOS CERÂMICOS MACIÇOS, DIMENSÕES INTERNAS: 0,5X2,2X1 M. AF_12/2020","UN","ATRIBUÍDO SÃO PAULO",3355.95,"CAIXA REFERENCIAL"]
["DRENAGEM/OBRAS DE CONTENCAO/POCOS DE VISITA E CAIXAS","DROP","POCOS DE VISITA/BOCAS DE LOBO/CX. DE PASSAGEM/CX. DIVERSAS","0036","","",97949,"CAIXA PARA BOCA DE LOBO SIMPLES RETANGULAR, EM ALVENARIA COM TIJOLOS CERÂMICOS MACIÇOS, DIMENSÕES INTERNAS: 0,6X1X1,2 M. AF_12/2020","UN","ATRIBUÍDO SÃO PAULO",1882.08,"CAIXA REFERENCIAL"]
["DRENAGEM/OBRAS DE CONTENCAO/POCOS DE VISITA E CAIXAS","DROP","POCOS DE VISITA/BOCAS DE LOBO/CX. DE PASSAGEM/CX. DIVERSAS","0036","","",97950,"CAIXA PARA BOCA DE LOBO DUPLA RETANGULAR, EM ALVENARIA COM TIJOLOS CERÂMICOS MACIÇOS, DIMENSÕES INTERNAS: 0,6X2,2X1,2 M. AF_12/2020","UN","ATRIBUÍDO SÃO PAULO",3306.28,"CAIXA REFERENCIAL"]
["DRENAGEM/OBRAS DE CONTENCAO/POCOS DE VISITA E CAIXAS","DROP","POCOS DE VISITA/BOCAS DE LOBO/CX. DE PASSAGEM/CX. DIVERSAS","0036","","",97951,"CAIXA PARA BOCA DE LOBO COMBINADA COM GRELHA RETANGULAR, EM ALVENARIA COM TIJOLOS CERÂMICOS MACIÇOS, DIMENSÕES INTERNAS: 1,3X1X1,2 M. AF_12/2020","UN","ATRIBUÍDO SÃO PAULO",2970.23,"CAIXA REFERENCIAL"]
["DRENAGEM/OBRAS DE CONTENCAO/POCOS DE VISITA E CAIXAS","DROP","POCOS DE VISITA/BOCAS DE LOBO/CX. DE PASSAGEM/CX. DIVERSAS","0036","","",97952,"CAIXA PARA BOCA DE LOBO DUPLA COMBINADA COM GRELHA RETANGULAR, EM ALVENARIA COM TIJOLOS CERÂMICOS MACIÇOS, DIMENSÕES INTERNAS: 1,3X2,2X1,2 M. AF_12/2020","UN","ATRIBUÍDO SÃO PAULO",5118.3500000000004,"CAIXA REFERENCIAL"]
["DRENAGEM/OBRAS DE CONTENCAO/POCOS DE VISITA E CAIXAS","DROP","POCOS DE VISITA/BOCAS DE LOBO/CX. DE PASSAGEM/CX. DIVERSAS","0036","","",97953,"CAIXA COM GRELHA SIMPLES RETANGULAR, EM ALVENARIA COM BLOCOS DE CONCRETO, DIMENSÕES INTERNAS: 0,5X1X1 M. AF_12/2020","UN","ATRIBUÍDO SÃO PAULO",1349.55,"CAIXA REFERENCIAL"]
["DRENAGEM/OBRAS DE CONTENCAO/POCOS DE VISITA E CAIXAS","DROP","POCOS DE VISITA/BOCAS DE LOBO/CX. DE PASSAGEM/CX. DIVERSAS","0036","","",97955,"CAIXA COM GRELHA DUPLA RETANGULAR, EM ALVENARIA COM BLOCOS DE CONCRETO, DIMENSÕES INTERNAS: 0,5X2,2X1 M. AF_12/2020","UN","ATRIBUÍDO SÃO PAULO",2990.56,"CAIXA REFERENCIAL"]
["DRENAGEM/OBRAS DE CONTENCAO/POCOS DE VISITA E CAIXAS","DROP","POCOS DE VISITA/BOCAS DE LOBO/CX. DE PASSAGEM/CX. DIVERSAS","0036","","",97956,"CAIXA PARA BOCA DE LOBO SIMPLES RETANGULAR, EM ALVENARIA COM BLOCOS DE CONCRETO, DIMENSÕES INTERNAS: 0,6X1X1,2 M. AF_12/2020","UN","ATRIBUÍDO SÃO PAULO",1510.33,"CAIXA REFERENCIAL"]
["DRENAGEM/OBRAS DE CONTENCAO/POCOS DE VISITA E CAIXAS","DROP","POCOS DE VISITA/BOCAS DE LOBO/CX. DE PASSAGEM/CX. DIVERSAS","0036","","",97957,"CAIXA PARA BOCA DE LOBO DUPLA RETANGULAR, EM ALVENARIA COM BLOCOS DE CONCRETO, DIMENSÕES INTERNAS: 0,6X2,2X1,2 M. AF_12/2020","UN","ATRIBUÍDO SÃO PAULO",2701.98,"CAIXA REFERENCIAL"]
["DRENAGEM/OBRAS DE CONTENCAO/POCOS DE VISITA E CAIXAS","DROP","POCOS DE VISITA/BOCAS DE LOBO/CX. DE PASSAGEM/CX. DIVERSAS","0036","","",97961,"CAIXA PARA BOCA DE LOBO COMBINADA COM GRELHA RETANGULAR, EM ALVENARIA COM BLOCOS DE CONCRETO, DIMENSÕES INTERNAS: 1,3X1X1,2 M. AF_12/2020","UN","ATRIBUÍDO SÃO PAULO",2415.58,"CAIXA REFERENCIAL"]
["DRENAGEM/OBRAS DE CONTENCAO/POCOS DE VISITA E CAIXAS","DROP","POCOS DE VISITA/BOCAS DE LOBO/CX. DE PASSAGEM/CX. DIVERSAS","0036","","",97973,"CAIXA PARA BOCA DE LOBO DUPLA COMBINADA COM GRELHA RETANGULAR, EM ALVENARIA COM BLOCOS DE CONCRETO, DIMENSÕES INTERNAS: 1,3X2,2X1,2 M. AF_12/2020","UN","ATRIBUÍDO SÃO PAULO",4553.0200000000004,"CAIXA REFERENCIAL"]
["DRENAGEM/OBRAS DE CONTENCAO/POCOS DE VISITA E CAIXAS","DROP","POCOS DE VISITA/BOCAS DE LOBO/CX. DE PASSAGEM/CX. DIVERSAS","0036","","",97974,"POÇO DE INSPEÇÃO CIRCULAR PARA ESGOTO, EM CONCRETO PRÉ-MOLDADO, DIÂMETRO INTERNO = 0,60 M, PROFUNDIDADE = 0,90 M, EXCLUINDO TAMPÃO. AF_12/2020_PA","UN","ATRIBUÍDO SÃO PAULO",539.72,"CAIXA REFERENCIAL"]
["DRENAGEM/OBRAS DE CONTENCAO/POCOS DE VISITA E CAIXAS","DROP","POCOS DE VISITA/BOCAS DE LOBO/CX. DE PASSAGEM/CX. DIVERSAS","0036","","",97975,"POÇO DE INSPEÇÃO CIRCULAR PARA ESGOTO, EM CONCRETO PRÉ-MOLDADO, DIÂMETRO INTERNO = 0,60 M, PROFUNDIDADE = 1,40 M, EXCLUINDO TAMPÃO. AF_12/2020_PA","UN","ATRIBUÍDO SÃO PAULO",677.42,"CAIXA REFERENCIAL"]
["DRENAGEM/OBRAS DE CONTENCAO/POCOS DE VISITA E CAIXAS","DROP","POCOS DE VISITA/BOCAS DE LOBO/CX. DE PASSAGEM/CX. DIVERSAS","0036","","",97976,"POÇO DE INSPEÇÃO CIRCULAR PARA ESGOTO, EM ALVENARIA COM TIJOLOS CERÂMICOS MACIÇOS, DIÂMETRO INTERNO = 0,60 M, PROFUNDIDADE = 0,95 M, EXCLUINDO TAMPÃO. AF_12/2020_PA","UN","ATRIBUÍDO SÃO PAULO",1288.95,"CAIXA REFERENCIAL"]
["DRENAGEM/OBRAS DE CONTENCAO/POCOS DE VISITA E CAIXAS","DROP","POCOS DE VISITA/BOCAS DE LOBO/CX. DE PASSAGEM/CX. DIVERSAS","0036","","",97977,"POÇO DE INSPEÇÃO CIRCULAR PARA ESGOTO, EM ALVENARIA COM TIJOLOS CERÂMICOS MACIÇOS, DIÂMETRO INTERNO = 0,60 M, PROFUNDIDADE = 1,45 M, EXCLUINDO TAMPÃO. AF_12/2020_PA","UN","ATRIBUÍDO SÃO PAULO",1809.42,"CAIXA REFERENCIAL"]
["DRENAGEM/OBRAS DE CONTENCAO/POCOS DE VISITA E CAIXAS","DROP","POCOS DE VISITA/BOCAS DE LOBO/CX. DE PASSAGEM/CX. DIVERSAS","0036","","",97978,"BASE PARA POÇO DE VISITA CIRCULAR PARA ESGOTO, EM CONCRETO PRÉ-MOLDADO, DIÂMETRO INTERNO = 0,80 M, PROFUNDIDADE = 1,35 M, EXCLUINDO TAMPÃO. AF_12/2020_PA","UN","ATRIBUÍDO SÃO PAULO",1042.06,"CAIXA REFERENCIAL"]
["DRENAGEM/OBRAS DE CONTENCAO/POCOS DE VISITA E CAIXAS","DROP","POCOS DE VISITA/BOCAS DE LOBO/CX. DE PASSAGEM/CX. DIVERSAS","0036","","",97980,"BASE PARA POÇO DE VISITA CIRCULAR PARA  ESGOTO, EM ALVENARIA COM TIJOLOS CERÂMICOS MACIÇOS, DIÂMETRO INTERNO = 0,80 M, PROFUNDIDADE = 1,40 M, EXCLUINDO TAMPÃO. AF_12/2020_PA","UN","ATRIBUÍDO SÃO PAULO",2328.8200000000002,"CAIXA REFERENCIAL"]
["DRENAGEM/OBRAS DE CONTENCAO/POCOS DE VISITA E CAIXAS","DROP","POCOS DE VISITA/BOCAS DE LOBO/CX. DE PASSAGEM/CX. DIVERSAS","0036","","",97981,"ACRÉSCIMO PARA POÇO DE VISITA CIRCULAR PARA ESGOTO, EM ALVENARIA COM TIJOLOS CERÂMICOS MACIÇOS, DIÂMETRO INTERNO = 0,8 M. AF_12/2020","M","COEFICIENTE DE REPRESENTATIVIDADE",1271.3399999999999,"CAIXA REFERENCIAL"]
["DRENAGEM/OBRAS DE CONTENCAO/POCOS DE VISITA E CAIXAS","DROP","POCOS DE VISITA/BOCAS DE LOBO/CX. DE PASSAGEM/CX. DIVERSAS","0036","","",97983,"ACRÉSCIMO PARA POÇO DE VISITA CIRCULAR PARA ESGOTO, EM CONCRETO PRÉ-MOLDADO, DIÂMETRO INTERNO = 1 M. AF_12/2020","M","ATRIBUÍDO SÃO PAULO",485.51,"CAIXA REFERENCIAL"]
["DRENAGEM/OBRAS DE CONTENCAO/POCOS DE VISITA E CAIXAS","DROP","POCOS DE VISITA/BOCAS DE LOBO/CX. DE PASSAGEM/CX. DIVERSAS","0036","","",97985,"ACRÉSCIMO PARA POÇO DE VISITA CIRCULAR PARA  ESGOTO, EM ALVENARIA COM TIJOLOS CERÂMICOS MACIÇOS, DIÂMETRO INTERNO = 1 M. AF_12/2020","M","COEFICIENTE DE REPRESENTATIVIDADE",1524.91,"CAIXA REFERENCIAL"]
["DRENAGEM/OBRAS DE CONTENCAO/POCOS DE VISITA E CAIXAS","DROP","POCOS DE VISITA/BOCAS DE LOBO/CX. DE PASSAGEM/CX. DIVERSAS","0036","","",97987,"ACRÉSCIMO PARA POÇO DE VISITA CIRCULAR PARA ESGOTO, EM CONCRETO PRÉ-MOLDADO, DIÂMETRO INTERNO = 1,2 M. AF_12/2020","M","ATRIBUÍDO SÃO PAULO",646.76,"CAIXA REFERENCIAL"]
["DRENAGEM/OBRAS DE CONTENCAO/POCOS DE VISITA E CAIXAS","DROP","POCOS DE VISITA/BOCAS DE LOBO/CX. DE PASSAGEM/CX. DIVERSAS","0036","","",97988,"BASE PARA POÇO DE VISITA CIRCULAR PARA  ESGOTO, EM ALVENARIA COM TIJOLOS CERÂMICOS MACIÇOS, DIÂMETRO INTERNO = 1,20 M, PROFUNDIDADE = 1,40 M, EXCLUINDO TAMPÃO. AF_12/2020_PA","UN","ATRIBUÍDO SÃO PAULO",3427.14,"CAIXA REFERENCIAL"]
["DRENAGEM/OBRAS DE CONTENCAO/POCOS DE VISITA E CAIXAS","DROP","POCOS DE VISITA/BOCAS DE LOBO/CX. DE PASSAGEM/CX. DIVERSAS","0036","","",97989,"ACRÉSCIMO PARA POÇO DE VISITA CIRCULAR PARA ESGOTO, EM ALVENARIA COM TIJOLOS CERÂMICOS MACIÇOS, DIÂMETRO INTERNO = 1,2 M. AF_12/2020","M","COEFICIENTE DE REPRESENTATIVIDADE",1778.41,"CAIXA REFERENCIAL"]
["DRENAGEM/OBRAS DE CONTENCAO/POCOS DE VISITA E CAIXAS","DROP","POCOS DE VISITA/BOCAS DE LOBO/CX. DE PASSAGEM/CX. DIVERSAS","0036","","",97991,"ACRÉSCIMO PARA POÇO DE VISITA CIRCULAR PARA  ESGOTO, EM CONCRETO PRÉ-MOLDADO, DIÂMETRO INTERNO = 1,5 M. AF_12/2020","M","ATRIBUÍDO SÃO PAULO",887.16,"CAIXA REFERENCIAL"]
["DRENAGEM/OBRAS DE CONTENCAO/POCOS DE VISITA E CAIXAS","DROP","POCOS DE VISITA/BOCAS DE LOBO/CX. DE PASSAGEM/CX. DIVERSAS","0036","","",97992,"BASE PARA POÇO DE VISITA CIRCULAR PARA ESGOTO, EM ALVENARIA COM TIJOLOS CERÂMICOS MACIÇOS, DIÂMETRO INTERNO = 1,50 M, PROFUNDIDADE = 1,40 M, EXCLUINDO TAMPÃO. AF_12/2020_PA","UN","ATRIBUÍDO SÃO PAULO",4411.58,"CAIXA REFERENCIAL"]
["DRENAGEM/OBRAS DE CONTENCAO/POCOS DE VISITA E CAIXAS","DROP","POCOS DE VISITA/BOCAS DE LOBO/CX. DE PASSAGEM/CX. DIVERSAS","0036","","",97993,"ACRÉSCIMO PARA POÇO DE VISITA CIRCULAR PARA  ESGOTO, EM ALVENARIA COM TIJOLOS CERÂMICOS MACIÇOS, DIÂMETRO INTERNO = 1,5 M. AF_12/2020","M","COEFICIENTE DE REPRESENTATIVIDADE",2158.8200000000002,"CAIXA REFERENCIAL"]
["DRENAGEM/OBRAS DE CONTENCAO/POCOS DE VISITA E CAIXAS","DROP","POCOS DE VISITA/BOCAS DE LOBO/CX. DE PASSAGEM/CX. DIVERSAS","0036","","",97994,"BASE PARA POÇO DE VISITA RETANGULAR PARA  ESGOTO, EM ALVENARIA COM BLOCOS DE CONCRETO, DIMENSÕES INTERNAS = 1X1 M, PROFUNDIDADE = 1,40 M, EXCLUINDO TAMPÃO. AF_12/2020_PA","UN","ATRIBUÍDO SÃO PAULO",2914.65,"CAIXA REFERENCIAL"]
["DRENAGEM/OBRAS DE CONTENCAO/POCOS DE VISITA E CAIXAS","DROP","POCOS DE VISITA/BOCAS DE LOBO/CX. DE PASSAGEM/CX. DIVERSAS","0036","","",97995,"ACRÉSCIMO PARA POÇO DE VISITA RETANGULAR PARA ESGOTO, EM ALVENARIA COM BLOCOS DE CONCRETO, DIMENSÕES INTERNAS = 1X1 M. AF_12/2020","M","COEFICIENTE DE REPRESENTATIVIDADE",1336.05,"CAIXA REFERENCIAL"]
["DRENAGEM/OBRAS DE CONTENCAO/POCOS DE VISITA E CAIXAS","DROP","POCOS DE VISITA/BOCAS DE LOBO/CX. DE PASSAGEM/CX. DIVERSAS","0036","","",97996,"BASE PARA POÇO DE VISITA RETANGULAR PARA ESGOTO, EM ALVENARIA COM BLOCOS DE CONCRETO, DIMENSÕES INTERNAS = 1X1,5 M, PROFUNDIDADE = 1,40 M, EXCLUINDO TAMPÃO. AF_12/2020_PA","UN","ATRIBUÍDO SÃO PAULO",3688.02,"CAIXA REFERENCIAL"]
["DRENAGEM/OBRAS DE CONTENCAO/POCOS DE VISITA E CAIXAS","DROP","POCOS DE VISITA/BOCAS DE LOBO/CX. DE PASSAGEM/CX. DIVERSAS","0036","","",97997,"ACRÉSCIMO PARA POÇO DE VISITA RETANGULAR PARA ESGOTO, EM ALVENARIA COM BLOCOS DE CONCRETO, DIMENSÕES INTERNAS = 1X1,5 M. AF_12/2020","M","COEFICIENTE DE REPRESENTATIVIDADE",1594.09,"CAIXA REFERENCIAL"]
["DRENAGEM/OBRAS DE CONTENCAO/POCOS DE VISITA E CAIXAS","DROP","POCOS DE VISITA/BOCAS DE LOBO/CX. DE PASSAGEM/CX. DIVERSAS","0036","","",97999,"ACRÉSCIMO PARA POÇO DE VISITA RETANGULAR PARA ESGOTO, EM ALVENARIA COM BLOCOS DE CONCRETO, DIMENSÕES INTERNAS = 1X2 M. AF_12/2020","M","COEFICIENTE DE REPRESENTATIVIDADE",1852.2,"CAIXA REFERENCIAL"]
["DRENAGEM/OBRAS DE CONTENCAO/POCOS DE VISITA E CAIXAS","DROP","POCOS DE VISITA/BOCAS DE LOBO/CX. DE PASSAGEM/CX. DIVERSAS","0036","","",98001,"ACRÉSCIMO PARA POÇO DE VISITA RETANGULAR PARA ESGOTO, EM ALVENARIA COM BLOCOS DE CONCRETO, DIMENSÕES INTERNAS = 1X2,5 M. AF_12/2020","M","COEFICIENTE DE REPRESENTATIVIDADE",2110.2399999999998,"CAIXA REFERENCIAL"]
["DRENAGEM/OBRAS DE CONTENCAO/POCOS DE VISITA E CAIXAS","DROP","POCOS DE VISITA/BOCAS DE LOBO/CX. DE PASSAGEM/CX. DIVERSAS","0036","","",98002,"BASE PARA POÇO DE VISITA RETANGULAR PARA ESGOTO, EM ALVENARIA COM BLOCOS DE CONCRETO, DIMENSÕES INTERNAS = 1X3 M, PROFUNDIDADE = 1,40 M, EXCLUINDO TAMPÃO. AF_12/2020_PA","UN","ATRIBUÍDO SÃO PAULO",6043.16,"CAIXA REFERENCIAL"]
["DRENAGEM/OBRAS DE CONTENCAO/POCOS DE VISITA E CAIXAS","DROP","POCOS DE VISITA/BOCAS DE LOBO/CX. DE PASSAGEM/CX. DIVERSAS","0036","","",98003,"ACRÉSCIMO PARA POÇO DE VISITA RETANGULAR PARA ESGOTO, EM ALVENARIA COM BLOCOS DE CONCRETO, DIMENSÕES INTERNAS = 1X3 M. AF_12/2020","M","COEFICIENTE DE REPRESENTATIVIDADE",2368.37,"CAIXA REFERENCIAL"]
["DRENAGEM/OBRAS DE CONTENCAO/POCOS DE VISITA E CAIXAS","DROP","POCOS DE VISITA/BOCAS DE LOBO/CX. DE PASSAGEM/CX. DIVERSAS","0036","","",98005,"ACRÉSCIMO PARA POÇO DE VISITA RETANGULAR PARA ESGOTO, EM ALVENARIA COM BLOCOS DE CONCRETO, DIMENSÕES INTERNAS = 1X3,5 M. AF_12/2020","M","COEFICIENTE DE REPRESENTATIVIDADE",2626.48,"CAIXA REFERENCIAL"]
["DRENAGEM/OBRAS DE CONTENCAO/POCOS DE VISITA E CAIXAS","DROP","POCOS DE VISITA/BOCAS DE LOBO/CX. DE PASSAGEM/CX. DIVERSAS","0036","","",98006,"BASE PARA POÇO DE VISITA RETANGULAR PARA ESGOTO, EM ALVENARIA COM BLOCOS DE CONCRETO, DIMENSÕES INTERNAS = 1X4 M, PROFUNDIDADE = 1,40 M, EXCLUINDO TAMPÃO. AF_12/2020_PA","UN","ATRIBUÍDO SÃO PAULO",7598.72,"CAIXA REFERENCIAL"]
["DRENAGEM/OBRAS DE CONTENCAO/POCOS DE VISITA E CAIXAS","DROP","POCOS DE VISITA/BOCAS DE LOBO/CX. DE PASSAGEM/CX. DIVERSAS","0036","","",98007,"ACRÉSCIMO PARA POÇO DE VISITA RETANGULAR PARA ESGOTO, EM ALVENARIA COM BLOCOS DE CONCRETO, DIMENSÕES INTERNAS = 1X4 M. AF_12/2020","M","COEFICIENTE DE REPRESENTATIVIDADE",2884.51,"CAIXA REFERENCIAL"]
["DRENAGEM/OBRAS DE CONTENCAO/POCOS DE VISITA E CAIXAS","DROP","POCOS DE VISITA/BOCAS DE LOBO/CX. DE PASSAGEM/CX. DIVERSAS","0036","","",98008,"BASE PARA POÇO DE VISITA RETANGULAR PARA ESGOTO, EM ALVENARIA COM BLOCOS DE CONCRETO, DIMENSÕES INTERNAS = 1,5X1,5 M, PROFUNDIDADE = 1,45 M, EXCLUINDO TAMPÃO . AF_12/2020_PA","UN","ATRIBUÍDO SÃO PAULO",4588.95,"CAIXA REFERENCIAL"]
["DRENAGEM/OBRAS DE CONTENCAO/POCOS DE VISITA E CAIXAS","DROP","POCOS DE VISITA/BOCAS DE LOBO/CX. DE PASSAGEM/CX. DIVERSAS","0036","","",98009,"ACRÉSCIMO PARA POÇO DE VISITA RETANGULAR PARA ESGOTO, EM ALVENARIA COM BLOCOS DE CONCRETO, DIMENSÕES INTERNAS = 1,5X1,5 M. AF_12/2020","M","COEFICIENTE DE REPRESENTATIVIDADE",1852.2,"CAIXA REFERENCIAL"]
["DRENAGEM/OBRAS DE CONTENCAO/POCOS DE VISITA E CAIXAS","DROP","POCOS DE VISITA/BOCAS DE LOBO/CX. DE PASSAGEM/CX. DIVERSAS","0036","","",98010,"BASE PARA POÇO DE VISITA RETANGULAR PARA ESGOTO, EM ALVENARIA COM BLOCOS DE CONCRETO, DIMENSÕES INTERNAS = 1,5X2 M, PROFUNDIDADE = 1,40 M, EXCLUINDO TAMPÃO. AF_12/2020_PA","UN","ATRIBUÍDO SÃO PAULO",5600.74,"CAIXA REFERENCIAL"]
["DRENAGEM/OBRAS DE CONTENCAO/POCOS DE VISITA E CAIXAS","DROP","POCOS DE VISITA/BOCAS DE LOBO/CX. DE PASSAGEM/CX. DIVERSAS","0036","","",98011,"ACRÉSCIMO PARA POÇO DE VISITA RETANGULAR PARA ESGOTO, EM ALVENARIA COM BLOCOS DE CONCRETO, DIMENSÕES INTERNAS = 1,5X2 M. AF_12/2020","M","COEFICIENTE DE REPRESENTATIVIDADE",2110.2399999999998,"CAIXA REFERENCIAL"]
["DRENAGEM/OBRAS DE CONTENCAO/POCOS DE VISITA E CAIXAS","DROP","POCOS DE VISITA/BOCAS DE LOBO/CX. DE PASSAGEM/CX. DIVERSAS","0036","","",98012,"BASE PARA POÇO DE VISITA RETANGULAR PARA ESGOTO, EM ALVENARIA COM BLOCOS DE CONCRETO, DIMENSÕES INTERNAS = 1,5X2,5 M, PROFUNDIDADE = 1,40 M, EXCLUINDO TAMPÃO. AF_12/2020_PA","UN","ATRIBUÍDO SÃO PAULO",6584.67,"CAIXA REFERENCIAL"]
["DRENAGEM/OBRAS DE CONTENCAO/POCOS DE VISITA E CAIXAS","DROP","POCOS DE VISITA/BOCAS DE LOBO/CX. DE PASSAGEM/CX. DIVERSAS","0036","","",98013,"ACRÉSCIMO PARA POÇO DE VISITA RETANGULAR PARA ESGOTO, EM ALVENARIA COM BLOCOS DE CONCRETO, DIMENSÕES INTERNAS = 1,5X2,5 M. AF_12/2020","M","COEFICIENTE DE REPRESENTATIVIDADE",2368.37,"CAIXA REFERENCIAL"]
["DRENAGEM/OBRAS DE CONTENCAO/POCOS DE VISITA E CAIXAS","DROP","POCOS DE VISITA/BOCAS DE LOBO/CX. DE PASSAGEM/CX. DIVERSAS","0036","","",98014,"BASE PARA POÇO DE VISITA RETANGULAR PARA ESGOTO, EM ALVENARIA COM BLOCOS DE CONCRETO, DIMENSÕES INTERNAS = 1,5X3 M, PROFUNDIDADE = 1,40 M, EXCLUINDO TAMPÃO. AF_12/2020_PA","UN","ATRIBUÍDO SÃO PAULO",7568.48,"CAIXA REFERENCIAL"]
["DRENAGEM/OBRAS DE CONTENCAO/POCOS DE VISITA E CAIXAS","DROP","POCOS DE VISITA/BOCAS DE LOBO/CX. DE PASSAGEM/CX. DIVERSAS","0036","","",98015,"ACRÉSCIMO PARA POÇO DE VISITA RETANGULAR PARA ESGOTO, EM ALVENARIA COM BLOCOS DE CONCRETO, DIMENSÕES INTERNAS = 1,5X3 M. AF_12/2020","M","COEFICIENTE DE REPRESENTATIVIDADE",2626.48,"CAIXA REFERENCIAL"]
["DRENAGEM/OBRAS DE CONTENCAO/POCOS DE VISITA E CAIXAS","DROP","POCOS DE VISITA/BOCAS DE LOBO/CX. DE PASSAGEM/CX. DIVERSAS","0036","","",98016,"BASE PARA POÇO DE VISITA RETANGULAR PARA ESGOTO, EM ALVENARIA COM BLOCOS DE CONCRETO, DIMENSÕES INTERNAS = 1,5X3,5 M, PROFUNDIDADE = 1,40 M, EXCLUINDO TAMPÃO. AF_12/2020_PA","UN","ATRIBUÍDO SÃO PAULO",8552.52,"CAIXA REFERENCIAL"]
["DRENAGEM/OBRAS DE CONTENCAO/POCOS DE VISITA E CAIXAS","DROP","POCOS DE VISITA/BOCAS DE LOBO/CX. DE PASSAGEM/CX. DIVERSAS","0036","","",98017,"ACRÉSCIMO PARA POÇO DE VISITA RETANGULAR PARA ESGOTO, EM ALVENARIA COM BLOCOS DE CONCRETO, DIMENSÕES INTERNAS = 1,5X3,5 M. AF_12/2020","M","COEFICIENTE DE REPRESENTATIVIDADE",2884.51,"CAIXA REFERENCIAL"]
["DRENAGEM/OBRAS DE CONTENCAO/POCOS DE VISITA E CAIXAS","DROP","POCOS DE VISITA/BOCAS DE LOBO/CX. DE PASSAGEM/CX. DIVERSAS","0036","","",98018,"BASE PARA POÇO DE VISITA RETANGULAR PARA ESGOTO, EM ALVENARIA COM BLOCOS DE CONCRETO, DIMENSÕES INTERNAS = 1,5X4 M, PROFUNDIDADE = 1,40 M, EXCLUINDO TAMPÃO. AF_12/2020_PA","UN","ATRIBUÍDO SÃO PAULO",9536.3700000000008,"CAIXA REFERENCIAL"]
["DRENAGEM/OBRAS DE CONTENCAO/POCOS DE VISITA E CAIXAS","DROP","POCOS DE VISITA/BOCAS DE LOBO/CX. DE PASSAGEM/CX. DIVERSAS","0036","","",98019,"ACRÉSCIMO PARA POÇO DE VISITA RETANGULAR PARA ESGOTO, EM ALVENARIA COM BLOCOS DE CONCRETO, DIMENSÕES INTERNAS = 1,5X4 M. AF_12/2020","M","COEFICIENTE DE REPRESENTATIVIDADE",3169.29,"CAIXA REFERENCIAL"]
["DRENAGEM/OBRAS DE CONTENCAO/POCOS DE VISITA E CAIXAS","DROP","POCOS DE VISITA/BOCAS DE LOBO/CX. DE PASSAGEM/CX. DIVERSAS","0036","","",98020,"BASE PARA POÇO DE VISITA RETANGULAR PARA ESGOTO, EM ALVENARIA COM BLOCOS DE CONCRETO, DIMENSÕES INTERNAS = 2X2 M, PROFUNDIDADE = 1,40 M, EXCLUINDO TAMPÃO. AF_12/2020_PA","UN","ATRIBUÍDO SÃO PAULO",6777.07,"CAIXA REFERENCIAL"]
["DRENAGEM/OBRAS DE CONTENCAO/POCOS DE VISITA E CAIXAS","DROP","POCOS DE VISITA/BOCAS DE LOBO/CX. DE PASSAGEM/CX. DIVERSAS","0036","","",98021,"ACRÉSCIMO PARA POÇO DE VISITA RETANGULAR PARA ESGOTO, EM ALVENARIA COM BLOCOS DE CONCRETO, DIMENSÕES INTERNAS = 2X2 M. AF_12/2020","M","COEFICIENTE DE REPRESENTATIVIDADE",2395.11,"CAIXA REFERENCIAL"]
["DRENAGEM/OBRAS DE CONTENCAO/POCOS DE VISITA E CAIXAS","DROP","POCOS DE VISITA/BOCAS DE LOBO/CX. DE PASSAGEM/CX. DIVERSAS","0036","","",98022,"BASE PARA POÇO DE VISITA RETANGULAR PARA ESGOTO, EM ALVENARIA COM BLOCOS DE CONCRETO, DIMENSÕES INTERNAS = 2X2,5 M, PROFUNDIDADE = 1,40 M, EXCLUINDO TAMPÃO. AF_12/2020_PA","UN","ATRIBUÍDO SÃO PAULO",7952.97,"CAIXA REFERENCIAL"]
["DRENAGEM/OBRAS DE CONTENCAO/POCOS DE VISITA E CAIXAS","DROP","POCOS DE VISITA/BOCAS DE LOBO/CX. DE PASSAGEM/CX. DIVERSAS","0036","","",98023,"ACRÉSCIMO PARA POÇO DE VISITA RETANGULAR PARA ESGOTO, EM ALVENARIA COM BLOCOS DE CONCRETO, DIMENSÕES INTERNAS = 2X2,5 M. AF_12/2020","M","COEFICIENTE DE REPRESENTATIVIDADE",2653.12,"CAIXA REFERENCIAL"]
["DRENAGEM/OBRAS DE CONTENCAO/POCOS DE VISITA E CAIXAS","DROP","POCOS DE VISITA/BOCAS DE LOBO/CX. DE PASSAGEM/CX. DIVERSAS","0036","","",98024,"BASE PARA POÇO DE VISITA RETANGULAR PARA ESGOTO, EM ALVENARIA COM BLOCOS DE CONCRETO, DIMENSÕES INTERNAS = 2X3 M, PROFUNDIDADE = 1,40 M, EXCLUINDO TAMPÃO. AF_12/2020_PA","UN","ATRIBUÍDO SÃO PAULO",9190.67,"CAIXA REFERENCIAL"]
["DRENAGEM/OBRAS DE CONTENCAO/POCOS DE VISITA E CAIXAS","DROP","POCOS DE VISITA/BOCAS DE LOBO/CX. DE PASSAGEM/CX. DIVERSAS","0036","","",98025,"ACRÉSCIMO PARA POÇO DE VISITA RETANGULAR PARA ESGOTO, EM ALVENARIA COM BLOCOS DE CONCRETO, DIMENSÕES INTERNAS = 2X3 M. AF_12/2020","M","COEFICIENTE DE REPRESENTATIVIDADE",2911.26,"CAIXA REFERENCIAL"]
["DRENAGEM/OBRAS DE CONTENCAO/POCOS DE VISITA E CAIXAS","DROP","POCOS DE VISITA/BOCAS DE LOBO/CX. DE PASSAGEM/CX. DIVERSAS","0036","","",98026,"BASE PARA POÇO DE VISITA RETANGULAR PARA ESGOTO, EM ALVENARIA COM BLOCOS DE CONCRETO, DIMENSÕES INTERNAS = 2X3,5 M, PROFUNDIDADE = 1,40 M, EXCLUINDO TAMPÃO. AF_12/2020_PA","UN","ATRIBUÍDO SÃO PAULO",10374.44,"CAIXA REFERENCIAL"]
["DRENAGEM/OBRAS DE CONTENCAO/POCOS DE VISITA E CAIXAS","DROP","POCOS DE VISITA/BOCAS DE LOBO/CX. DE PASSAGEM/CX. DIVERSAS","0036","","",98027,"ACRÉSCIMO PARA POÇO DE VISITA RETANGULAR PARA ESGOTO, EM ALVENARIA COM BLOCOS DE CONCRETO, DIMENSÕES INTERNAS = 2X3,5 M. AF_12/2020","M","COEFICIENTE DE REPRESENTATIVIDADE",3169.29,"CAIXA REFERENCIAL"]
["DRENAGEM/OBRAS DE CONTENCAO/POCOS DE VISITA E CAIXAS","DROP","POCOS DE VISITA/BOCAS DE LOBO/CX. DE PASSAGEM/CX. DIVERSAS","0036","","",98028,"BASE PARA POÇO DE VISITA RETANGULAR PARA ESGOTO, EM ALVENARIA COM BLOCOS DE CONCRETO, DIMENSÕES INTERNAS = 2X4 M, PROFUNDIDADE = 1,40 M, EXCLUINDO TAMPÃO. AF_12/2020_PA","UN","ATRIBUÍDO SÃO PAULO",11558.25,"CAIXA REFERENCIAL"]
["DRENAGEM/OBRAS DE CONTENCAO/POCOS DE VISITA E CAIXAS","DROP","POCOS DE VISITA/BOCAS DE LOBO/CX. DE PASSAGEM/CX. DIVERSAS","0036","","",98029,"ACRÉSCIMO PARA POÇO DE VISITA RETANGULAR PARA ESGOTO, EM ALVENARIA COM BLOCOS DE CONCRETO, DIMENSÕES INTERNAS = 2X4 M. AF_12/2020","M","COEFICIENTE DE REPRESENTATIVIDADE",3432.86,"CAIXA REFERENCIAL"]
["DRENAGEM/OBRAS DE CONTENCAO/POCOS DE VISITA E CAIXAS","DROP","POCOS DE VISITA/BOCAS DE LOBO/CX. DE PASSAGEM/CX. DIVERSAS","0036","","",98030,"BASE PARA POÇO DE VISITA RETANGULAR PARA ESGOTO, EM ALVENARIA COM BLOCOS DE CONCRETO, DIMENSÕES INTERNAS = 2,5X2,5 M, PROFUNDIDADE = 1,40 M, EXCLUINDO TAMPÃO. AF_12/2020_PA","UN","ATRIBUÍDO SÃO PAULO",9436.14,"CAIXA REFERENCIAL"]
["DRENAGEM/OBRAS DE CONTENCAO/POCOS DE VISITA E CAIXAS","DROP","POCOS DE VISITA/BOCAS DE LOBO/CX. DE PASSAGEM/CX. DIVERSAS","0036","","",98031,"ACRÉSCIMO PARA POÇO DE VISITA RETANGULAR PARA ESGOTO, EM ALVENARIA COM BLOCOS DE CONCRETO, DIMENSÕES INTERNAS = 2,5X2,5 M. AF_12/2020","M","COEFICIENTE DE REPRESENTATIVIDADE",2916.82,"CAIXA REFERENCIAL"]
["DRENAGEM/OBRAS DE CONTENCAO/POCOS DE VISITA E CAIXAS","DROP","POCOS DE VISITA/BOCAS DE LOBO/CX. DE PASSAGEM/CX. DIVERSAS","0036","","",98032,"BASE PARA POÇO DE VISITA RETANGULAR PARA ESGOTO, EM ALVENARIA COM BLOCOS DE CONCRETO, DIMENSÕES INTERNAS = 2,5X3 M, PROFUNDIDADE = 1,40 M, EXCLUINDO TAMPÃO. AF_12/2020_PA","UN","ATRIBUÍDO SÃO PAULO",10868.05,"CAIXA REFERENCIAL"]
["DRENAGEM/OBRAS DE CONTENCAO/POCOS DE VISITA E CAIXAS","DROP","POCOS DE VISITA/BOCAS DE LOBO/CX. DE PASSAGEM/CX. DIVERSAS","0036","","",98033,"ACRÉSCIMO PARA POÇO DE VISITA RETANGULAR PARA ESGOTO, EM ALVENARIA COM BLOCOS DE CONCRETO, DIMENSÕES INTERNAS = 2,5X3 M. AF_12/2020","M","COEFICIENTE DE REPRESENTATIVIDADE",3174.87,"CAIXA REFERENCIAL"]
["DRENAGEM/OBRAS DE CONTENCAO/POCOS DE VISITA E CAIXAS","DROP","POCOS DE VISITA/BOCAS DE LOBO/CX. DE PASSAGEM/CX. DIVERSAS","0036","","",98034,"BASE PARA POÇO DE VISITA RETANGULAR PARA ESGOTO, EM ALVENARIA COM BLOCOS DE CONCRETO, DIMENSÕES INTERNAS = 2,5X3,5 M, PROFUNDIDADE = 1,40 M, EXCLUINDO TAMPÃO. AF_12/2020_PA","UN","ATRIBUÍDO SÃO PAULO",12299.97,"CAIXA REFERENCIAL"]
["DRENAGEM/OBRAS DE CONTENCAO/POCOS DE VISITA E CAIXAS","DROP","POCOS DE VISITA/BOCAS DE LOBO/CX. DE PASSAGEM/CX. DIVERSAS","0036","","",98035,"ACRÉSCIMO PARA POÇO DE VISITA RETANGULAR PARA ESGOTO, EM ALVENARIA COM BLOCOS DE CONCRETO, DIMENSÕES INTERNAS = 2,5X3,5 M. AF_12/2020","M","COEFICIENTE DE REPRESENTATIVIDADE",3432.86,"CAIXA REFERENCIAL"]
["DRENAGEM/OBRAS DE CONTENCAO/POCOS DE VISITA E CAIXAS","DROP","POCOS DE VISITA/BOCAS DE LOBO/CX. DE PASSAGEM/CX. DIVERSAS","0036","","",98036,"BASE PARA POÇO DE VISITA RETANGULAR PARA ESGOTO, EM ALVENARIA COM BLOCOS DE CONCRETO, DIMENSÕES INTERNAS = 2,5X4 M, PROFUNDIDADE = 1,40 M, EXCLUINDO TAMPÃO. AF_12/2020_PA","UN","ATRIBUÍDO SÃO PAULO",13731.91,"CAIXA REFERENCIAL"]
["DRENAGEM/OBRAS DE CONTENCAO/POCOS DE VISITA E CAIXAS","DROP","POCOS DE VISITA/BOCAS DE LOBO/CX. DE PASSAGEM/CX. DIVERSAS","0036","","",98037,"ACRÉSCIMO PARA POÇO DE VISITA RETANGULAR PARA ESGOTO, EM ALVENARIA COM BLOCOS DE CONCRETO, DIMENSÕES INTERNAS = 2,5X4 M. AF_12/2020","M","COEFICIENTE DE REPRESENTATIVIDADE",3696.47,"CAIXA REFERENCIAL"]
["DRENAGEM/OBRAS DE CONTENCAO/POCOS DE VISITA E CAIXAS","DROP","POCOS DE VISITA/BOCAS DE LOBO/CX. DE PASSAGEM/CX. DIVERSAS","0036","","",98038,"BASE PARA POÇO DE VISITA RETANGULAR PARA ESGOTO, EM ALVENARIA COM BLOCOS DE CONCRETO, DIMENSÕES INTERNAS = 3X3 M, PROFUNDIDADE = 1,40 M, EXCLUINDO TAMPÃO. AF_12/2020_PA","UN","ATRIBUÍDO SÃO PAULO",12565.48,"CAIXA REFERENCIAL"]
["DRENAGEM/OBRAS DE CONTENCAO/POCOS DE VISITA E CAIXAS","DROP","POCOS DE VISITA/BOCAS DE LOBO/CX. DE PASSAGEM/CX. DIVERSAS","0036","","",98039,"ACRÉSCIMO PARA POÇO DE VISITA RETANGULAR PARA ESGOTO, EM ALVENARIA COM BLOCOS DE CONCRETO, DIMENSÕES INTERNAS = 3X3 M. AF_12/2020","M","COEFICIENTE DE REPRESENTATIVIDADE",3438.44,"CAIXA REFERENCIAL"]
["DRENAGEM/OBRAS DE CONTENCAO/POCOS DE VISITA E CAIXAS","DROP","POCOS DE VISITA/BOCAS DE LOBO/CX. DE PASSAGEM/CX. DIVERSAS","0036","","",98040,"BASE PARA POÇO DE VISITA RETANGULAR PARA ESGOTO, EM ALVENARIA COM BLOCOS DE CONCRETO, DIMENSÕES INTERNAS = 3X3,5 M, PROFUNDIDADE = 1,40 M, EXCLUINDO TAMPÃO. AF_12/2020_PA","UN","ATRIBUÍDO SÃO PAULO",14215.34,"CAIXA REFERENCIAL"]
["DRENAGEM/OBRAS DE CONTENCAO/POCOS DE VISITA E CAIXAS","DROP","POCOS DE VISITA/BOCAS DE LOBO/CX. DE PASSAGEM/CX. DIVERSAS","0036","","",98041,"ACRÉSCIMO PARA POÇO DE VISITA RETANGULAR PARA ESGOTO, EM ALVENARIA COM BLOCOS DE CONCRETO, DIMENSÕES INTERNAS = 3X3,5 M. AF_12/2020","M","COEFICIENTE DE REPRESENTATIVIDADE",3696.47,"CAIXA REFERENCIAL"]
["DRENAGEM/OBRAS DE CONTENCAO/POCOS DE VISITA E CAIXAS","DROP","POCOS DE VISITA/BOCAS DE LOBO/CX. DE PASSAGEM/CX. DIVERSAS","0036","","",98042,"BASE PARA POÇO DE VISITA RETANGULAR PARA ESGOTO, EM ALVENARIA COM BLOCOS DE CONCRETO, DIMENSÕES INTERNAS = 3X4 M, PROFUNDIDADE = 1,40 M, EXCLUINDO TAMPÃO. AF_12/2020_PA","UN","ATRIBUÍDO SÃO PAULO",15865.33,"CAIXA REFERENCIAL"]
["DRENAGEM/OBRAS DE CONTENCAO/POCOS DE VISITA E CAIXAS","DROP","POCOS DE VISITA/BOCAS DE LOBO/CX. DE PASSAGEM/CX. DIVERSAS","0036","","",98043,"ACRÉSCIMO PARA POÇO DE VISITA RETANGULAR PARA ESGOTO, EM ALVENARIA COM BLOCOS DE CONCRETO, DIMENSÕES INTERNAS = 3X4 M. AF_12/2020","M","COEFICIENTE DE REPRESENTATIVIDADE",3960.17,"CAIXA REFERENCIAL"]
["DRENAGEM/OBRAS DE CONTENCAO/POCOS DE VISITA E CAIXAS","DROP","POCOS DE VISITA/BOCAS DE LOBO/CX. DE PASSAGEM/CX. DIVERSAS","0036","","",98044,"BASE PARA POÇO DE VISITA RETANGULAR PARA ESGOTO, EM ALVENARIA COM BLOCOS DE CONCRETO, DIMENSÕES INTERNAS = 3,5X3,5 M, PROFUNDIDADE = 1,40 M, EXCLUINDO TAMPÃO. AF_12/2020_PA","UN","ATRIBUÍDO SÃO PAULO",16130.9,"CAIXA REFERENCIAL"]
["DRENAGEM/OBRAS DE CONTENCAO/POCOS DE VISITA E CAIXAS","DROP","POCOS DE VISITA/BOCAS DE LOBO/CX. DE PASSAGEM/CX. DIVERSAS","0036","","",98045,"ACRÉSCIMO PARA POÇO DE VISITA RETANGULAR PARA ESGOTO, EM ALVENARIA COM BLOCOS DE CONCRETO, DIMENSÕES INTERNAS = 3,5X3,5 M. AF_12/2020","M","COEFICIENTE DE REPRESENTATIVIDADE",3960.17,"CAIXA REFERENCIAL"]
["DRENAGEM/OBRAS DE CONTENCAO/POCOS DE VISITA E CAIXAS","DROP","POCOS DE VISITA/BOCAS DE LOBO/CX. DE PASSAGEM/CX. DIVERSAS","0036","","",98046,"BASE PARA POÇO DE VISITA RETANGULAR PARA ESGOTO, EM ALVENARIA COM BLOCOS DE CONCRETO, DIMENSÕES INTERNAS = 3,5X4 M, PROFUNDIDADE = 1,40 M, EXCLUINDO TAMPÃO. AF_12/2020_PA","UN","ATRIBUÍDO SÃO PAULO",17998.599999999999,"CAIXA REFERENCIAL"]
["DRENAGEM/OBRAS DE CONTENCAO/POCOS DE VISITA E CAIXAS","DROP","POCOS DE VISITA/BOCAS DE LOBO/CX. DE PASSAGEM/CX. DIVERSAS","0036","","",98047,"ACRÉSCIMO PARA POÇO DE VISITA RETANGULAR PARA ESGOTO, EM ALVENARIA COM BLOCOS DE CONCRETO, DIMENSÕES INTERNAS = 3,5X4 M. AF_12/2020","M","COEFICIENTE DE REPRESENTATIVIDADE",4223.78,"CAIXA REFERENCIAL"]
["DRENAGEM/OBRAS DE CONTENCAO/POCOS DE VISITA E CAIXAS","DROP","POCOS DE VISITA/BOCAS DE LOBO/CX. DE PASSAGEM/CX. DIVERSAS","0036","","",98048,"BASE PARA POÇO DE VISITA RETANGULAR PARA ESGOTO, EM ALVENARIA COM BLOCOS DE CONCRETO, DIMENSÕES INTERNAS = 4X4 M, PROFUNDIDADE = 1,45 M, EXCLUINDO TAMPÃO. AF_12/2020_PA","UN","ATRIBUÍDO SÃO PAULO",20132.02,"CAIXA REFERENCIAL"]
["DRENAGEM/OBRAS DE CONTENCAO/POCOS DE VISITA E CAIXAS","DROP","POCOS DE VISITA/BOCAS DE LOBO/CX. DE PASSAGEM/CX. DIVERSAS","0036","","",98049,"ACRÉSCIMO PARA POÇO DE VISITA RETANGULAR PARA ESGOTO, EM ALVENARIA COM BLOCOS DE CONCRETO, DIMENSÕES INTERNAS = 4X4 M. AF_12/2020","M","COEFICIENTE DE REPRESENTATIVIDADE",4432.95,"CAIXA REFERENCIAL"]
["DRENAGEM/OBRAS DE CONTENCAO/POCOS DE VISITA E CAIXAS","DROP","POCOS DE VISITA/BOCAS DE LOBO/CX. DE PASSAGEM/CX. DIVERSAS","0036","","",98050,"CHAMINÉ CIRCULAR PARA POÇO DE VISITA PARA ESGOTO, EM CONCRETO PRÉ-MOLDADO, DIÂMETRO INTERNO = 0,6 M. AF_12/2020","M","ATRIBUÍDO SÃO PAULO",267.97000000000003,"CAIXA REFERENCIAL"]
["DRENAGEM/OBRAS DE CONTENCAO/POCOS DE VISITA E CAIXAS","DROP","POCOS DE VISITA/BOCAS DE LOBO/CX. DE PASSAGEM/CX. DIVERSAS","0036","","",98051,"CHAMINÉ CIRCULAR PARA POÇO DE VISITA PARA ESGOTO, EM ALVENARIA COM TIJOLOS CERÂMICOS MACIÇOS, DIÂMETRO INTERNO = 0,6 M. AF_12/2020","M","COEFICIENTE DE REPRESENTATIVIDADE",1022.2,"CAIXA REFERENCIAL"]
["DRENAGEM/OBRAS DE CONTENCAO/POCOS DE VISITA E CAIXAS","DROP","POCOS DE VISITA/BOCAS DE LOBO/CX. DE PASSAGEM/CX. DIVERSAS","0036","","",98405,"BASE PARA POÇO DE VISITA CIRCULAR PARA  ESGOTO, EM ALVENARIA COM TIJOLOS CERÂMICOS MACIÇOS, DIÂMETRO INTERNO = 1,0 M, PROFUNDIDADE = 1,40 M, EXCLUINDO TAMPÃO. AF_12/2020_PA","UN","ATRIBUÍDO SÃO PAULO",2874.31,"CAIXA REFERENCIAL"]
["DRENAGEM/OBRAS DE CONTENCAO/POCOS DE VISITA E CAIXAS","DROP","POCOS DE VISITA/BOCAS DE LOBO/CX. DE PASSAGEM/CX. DIVERSAS","0036","","",98406,"BASE PARA POÇO DE VISITA RETANGULAR PARA ESGOTO, EM ALVENARIA COM BLOCOS DE CONCRETO, DIMENSÕES INTERNAS = 1X3,5 M, PROFUNDIDADE = 1,40 M, EXCLUINDO TAMPÃO. AF_12/2020_PA","UN","ATRIBUÍDO SÃO PAULO",6820.88,"CAIXA REFERENCIAL"]
["DRENAGEM/OBRAS DE CONTENCAO/POCOS DE VISITA E CAIXAS","DROP","POCOS DE VISITA/BOCAS DE LOBO/CX. DE PASSAGEM/CX. DIVERSAS","0036","","",98407,"BASE PARA POÇO DE VISITA RETANGULAR PARA ESGOTO, EM ALVENARIA COM BLOCOS DE CONCRETO, DIMENSÕES INTERNAS = 1X2 M, PROFUNDIDADE = 1,40 M, EXCLUINDO TAMPÃO. AF_12/2020_PA","UN","ATRIBUÍDO SÃO PAULO",4461.3100000000004,"CAIXA REFERENCIAL"]
["DRENAGEM/OBRAS DE CONTENCAO/POCOS DE VISITA E CAIXAS","DROP","POCOS DE VISITA/BOCAS DE LOBO/CX. DE PASSAGEM/CX. DIVERSAS","0036","","",98408,"BASE PARA POÇO DE VISITA RETANGULAR PARA ESGOTO, EM ALVENARIA COM BLOCOS DE CONCRETO, DIMENSÕES INTERNAS = 1X2,5 M, PROFUNDIDADE = 1,40 M, EXCLUINDO TAMPÃO. AF_12/2020_PA","UN","ATRIBUÍDO SÃO PAULO",5234.67,"CAIXA REFERENCIAL"]
["DRENAGEM/OBRAS DE CONTENCAO/POCOS DE VISITA E CAIXAS","DROP","POCOS DE VISITA/BOCAS DE LOBO/CX. DE PASSAGEM/CX. DIVERSAS","0036","","",98409,"ACRÉSCIMO PARA POÇO DE VISITA CIRCULAR PARA ESGOTO, EM CONCRETO PRÉ-MOLDADO, DIÂMETRO INTERNO = 0,8 M. AF_12/2020","M","ATRIBUÍDO SÃO PAULO",367.23,"CAIXA REFERENCIAL"]
["DRENAGEM/OBRAS DE CONTENCAO/POCOS DE VISITA E CAIXAS","DROP","POCOS DE VISITA/BOCAS DE LOBO/CX. DE PASSAGEM/CX. DIVERSAS","0036","","",98410,"BASE PARA POÇO DE VISITA CIRCULAR PARA ESGOTO, EM CONCRETO PRÉ-MOLDADO, DIÂMETRO INTERNO = 1,0 M, PROFUNDIDADE = 1,35 M, EXCLUINDO TAMPÃO. AF_12/2020_PA","UN","ATRIBUÍDO SÃO PAULO",1349.13,"CAIXA REFERENCIAL"]
["DRENAGEM/OBRAS DE CONTENCAO/POCOS DE VISITA E CAIXAS","DROP","POCOS DE VISITA/BOCAS DE LOBO/CX. DE PASSAGEM/CX. DIVERSAS","0036","","",99240,"ACRÉSCIMO PARA POÇO DE VISITA CIRCULAR PARA DRENAGEM, EM CONCRETO PRÉ-MOLDADO, DIÂMETRO INTERNO = 1,2 M. AF_12/2020","M","ATRIBUÍDO SÃO PAULO",640.65,"CAIXA REFERENCIAL"]
["DRENAGEM/OBRAS DE CONTENCAO/POCOS DE VISITA E CAIXAS","DROP","POCOS DE VISITA/BOCAS DE LOBO/CX. DE PASSAGEM/CX. DIVERSAS","0036","","",99241,"ACRÉSCIMO PARA POÇO DE VISITA RETANGULAR PARA DRENAGEM, EM ALVENARIA COM BLOCOS DE CONCRETO, DIMENSÕES INTERNAS = 1,5X1,5 M. AF_12/2020","M","COEFICIENTE DE REPRESENTATIVIDADE",1723.99,"CAIXA REFERENCIAL"]
["DRENAGEM/OBRAS DE CONTENCAO/POCOS DE VISITA E CAIXAS","DROP","POCOS DE VISITA/BOCAS DE LOBO/CX. DE PASSAGEM/CX. DIVERSAS","0036","","",99242,"BASE PARA POÇO DE VISITA CIRCULAR PARA DRENAGEM, EM ALVENARIA COM TIJOLOS CERÂMICOS MACIÇOS, DIÂMETRO INTERNO = 1,2 M, PROFUNDIDADE = 1,40 M, EXCLUINDO TAMPÃO. AF_12/2020_PA","UN","ATRIBUÍDO SÃO PAULO",3252.81,"CAIXA REFERENCIAL"]
["DRENAGEM/OBRAS DE CONTENCAO/POCOS DE VISITA E CAIXAS","DROP","POCOS DE VISITA/BOCAS DE LOBO/CX. DE PASSAGEM/CX. DIVERSAS","0036","","",99243,"ACRÉSCIMO PARA POÇO DE VISITA CIRCULAR PARA DRENAGEM, EM ALVENARIA COM TIJOLOS CERÂMICOS MACIÇOS, DIÂMETRO INTERNO = 1,2 M. AF_12/2020","M","COEFICIENTE DE REPRESENTATIVIDADE",1613.3,"CAIXA REFERENCIAL"]
["DRENAGEM/OBRAS DE CONTENCAO/POCOS DE VISITA E CAIXAS","DROP","POCOS DE VISITA/BOCAS DE LOBO/CX. DE PASSAGEM/CX. DIVERSAS","0036","","",99244,"BASE PARA POÇO DE VISITA RETANGULAR PARA DRENAGEM, EM ALVENARIA COM BLOCOS DE CONCRETO, DIMENSÕES INTERNAS = 1,5X2 M, PROFUNDIDADE = 1,40 M, EXCLUINDO TAMPÃO. AF_12/2020_PA","UN","ATRIBUÍDO SÃO PAULO",5391.29,"CAIXA REFERENCIAL"]
["DRENAGEM/OBRAS DE CONTENCAO/POCOS DE VISITA E CAIXAS","DROP","POCOS DE VISITA/BOCAS DE LOBO/CX. DE PASSAGEM/CX. DIVERSAS","0036","","",99246,"ACRÉSCIMO PARA POÇO DE VISITA CIRCULAR PARA DRENAGEM, EM CONCRETO PRÉ-MOLDADO, DIÂMETRO INTERNO = 1,5 M. AF_12/2020","M","ATRIBUÍDO SÃO PAULO",878.82,"CAIXA REFERENCIAL"]
["DRENAGEM/OBRAS DE CONTENCAO/POCOS DE VISITA E CAIXAS","DROP","POCOS DE VISITA/BOCAS DE LOBO/CX. DE PASSAGEM/CX. DIVERSAS","0036","","",99247,"ACRÉSCIMO PARA POÇO DE VISITA RETANGULAR PARA DRENAGEM, EM ALVENARIA COM BLOCOS DE CONCRETO, DIMENSÕES INTERNAS = 1,5X2 M. AF_12/2020","M","COEFICIENTE DE REPRESENTATIVIDADE",1963.19,"CAIXA REFERENCIAL"]
["DRENAGEM/OBRAS DE CONTENCAO/POCOS DE VISITA E CAIXAS","DROP","POCOS DE VISITA/BOCAS DE LOBO/CX. DE PASSAGEM/CX. DIVERSAS","0036","","",99248,"BASE PARA POÇO DE VISITA CIRCULAR PARA DRENAGEM, EM ALVENARIA COM TIJOLOS CERÂMICOS MACIÇOS, DIÂMETRO INTERNO = 1,50 M, PROFUNDIDADE = 1,40 M, EXCLUINDO TAMPÃO. AF_12/2020_PA","UN","ATRIBUÍDO SÃO PAULO",4201.18,"CAIXA REFERENCIAL"]
["DRENAGEM/OBRAS DE CONTENCAO/POCOS DE VISITA E CAIXAS","DROP","POCOS DE VISITA/BOCAS DE LOBO/CX. DE PASSAGEM/CX. DIVERSAS","0036","","",99249,"ACRÉSCIMO PARA POÇO DE VISITA CIRCULAR PARA DRENAGEM, EM ALVENARIA COM TIJOLOS CERÂMICOS MACIÇOS, DIÂMETRO INTERNO = 1,5 M. AF_12/2020","M","COEFICIENTE DE REPRESENTATIVIDADE",1968.01,"CAIXA REFERENCIAL"]
["DRENAGEM/OBRAS DE CONTENCAO/POCOS DE VISITA E CAIXAS","DROP","POCOS DE VISITA/BOCAS DE LOBO/CX. DE PASSAGEM/CX. DIVERSAS","0036","","",99252,"BASE PARA POÇO DE VISITA RETANGULAR PARA DRENAGEM, EM ALVENARIA COM BLOCOS DE CONCRETO, DIMENSÕES INTERNAS = 1X1 M, PROFUNDIDADE = 1,40 M, EXCLUINDO TAMPÃO. AF_12/2020_PA","UN","ATRIBUÍDO SÃO PAULO",2805.47,"CAIXA REFERENCIAL"]
["DRENAGEM/OBRAS DE CONTENCAO/POCOS DE VISITA E CAIXAS","DROP","POCOS DE VISITA/BOCAS DE LOBO/CX. DE PASSAGEM/CX. DIVERSAS","0036","","",99254,"ACRÉSCIMO PARA POÇO DE VISITA RETANGULAR PARA DRENAGEM, EM ALVENARIA COM BLOCOS DE CONCRETO, DIMENSÕES INTERNAS = 1X1 M. AF_12/2020","M","COEFICIENTE DE REPRESENTATIVIDADE",1245.55,"CAIXA REFERENCIAL"]
["DRENAGEM/OBRAS DE CONTENCAO/POCOS DE VISITA E CAIXAS","DROP","POCOS DE VISITA/BOCAS DE LOBO/CX. DE PASSAGEM/CX. DIVERSAS","0036","","",99256,"BASE PARA POÇO DE VISITA RETANGULAR PARA DRENAGEM, EM ALVENARIA COM BLOCOS DE CONCRETO, DIMENSÕES INTERNAS = 1,5X2,5 M, PROFUNDIDADE = 1,40 M, EXCLUINDO TAMPÃO. AF_12/2020_PA","UN","ATRIBUÍDO SÃO PAULO",6337.45,"CAIXA REFERENCIAL"]
["DRENAGEM/OBRAS DE CONTENCAO/POCOS DE VISITA E CAIXAS","DROP","POCOS DE VISITA/BOCAS DE LOBO/CX. DE PASSAGEM/CX. DIVERSAS","0036","","",99259,"BASE PARA POÇO DE VISITA RETANGULAR PARA DRENAGEM, EM ALVENARIA COM BLOCOS DE CONCRETO, DIMENSÕES INTERNAS = 1X1,5 M, PROFUNDIDADE = 1,40 M, EXCLUINDO TAMPÃO. AF_12/2020_PA","UN","ATRIBUÍDO SÃO PAULO",3548.69,"CAIXA REFERENCIAL"]
["DRENAGEM/OBRAS DE CONTENCAO/POCOS DE VISITA E CAIXAS","DROP","POCOS DE VISITA/BOCAS DE LOBO/CX. DE PASSAGEM/CX. DIVERSAS","0036","","",99261,"ACRÉSCIMO PARA POÇO DE VISITA RETANGULAR PARA DRENAGEM, EM ALVENARIA COM BLOCOS DE CONCRETO, DIMENSÕES INTERNAS = 1X1,5 M. AF_12/2020","M","COEFICIENTE DE REPRESENTATIVIDADE",1484.74,"CAIXA REFERENCIAL"]
["DRENAGEM/OBRAS DE CONTENCAO/POCOS DE VISITA E CAIXAS","DROP","POCOS DE VISITA/BOCAS DE LOBO/CX. DE PASSAGEM/CX. DIVERSAS","0036","","",99263,"ACRÉSCIMO PARA POÇO DE VISITA RETANGULAR PARA DRENAGEM, EM ALVENARIA COM BLOCOS DE CONCRETO, DIMENSÕES INTERNAS = 1,5X2,5 M. AF_12/2020","M","COEFICIENTE DE REPRESENTATIVIDADE",2202.46,"CAIXA REFERENCIAL"]
["DRENAGEM/OBRAS DE CONTENCAO/POCOS DE VISITA E CAIXAS","DROP","POCOS DE VISITA/BOCAS DE LOBO/CX. DE PASSAGEM/CX. DIVERSAS","0036","","",99265,"BASE PARA POÇO DE VISITA RETANGULAR PARA DRENAGEM, EM ALVENARIA COM BLOCOS DE CONCRETO, DIMENSÕES INTERNAS = 1X2 M, PROFUNDIDADE = 1,40 M, EXCLUINDO TAMPÃO. AF_12/2020_PA","UN","ATRIBUÍDO SÃO PAULO",4291.87,"CAIXA REFERENCIAL"]
["DRENAGEM/OBRAS DE CONTENCAO/POCOS DE VISITA E CAIXAS","DROP","POCOS DE VISITA/BOCAS DE LOBO/CX. DE PASSAGEM/CX. DIVERSAS","0036","","",99266,"ACRÉSCIMO PARA POÇO DE VISITA RETANGULAR PARA DRENAGEM, EM ALVENARIA COM BLOCOS DE CONCRETO, DIMENSÕES INTERNAS = 1X2 M. AF_12/2020","M","COEFICIENTE DE REPRESENTATIVIDADE",1723.99,"CAIXA REFERENCIAL"]
["DRENAGEM/OBRAS DE CONTENCAO/POCOS DE VISITA E CAIXAS","DROP","POCOS DE VISITA/BOCAS DE LOBO/CX. DE PASSAGEM/CX. DIVERSAS","0036","","",99267,"BASE PARA POÇO DE VISITA RETANGULAR PARA DRENAGEM, EM ALVENARIA COM BLOCOS DE CONCRETO, DIMENSÕES INTERNAS = 1X2,5 M, PROFUNDIDADE = 1,40 M, EXCLUINDO TAMPÃO. AF_12/2020_PA","UN","ATRIBUÍDO SÃO PAULO",5035.09,"CAIXA REFERENCIAL"]
["DRENAGEM/OBRAS DE CONTENCAO/POCOS DE VISITA E CAIXAS","DROP","POCOS DE VISITA/BOCAS DE LOBO/CX. DE PASSAGEM/CX. DIVERSAS","0036","","",99268,"POÇO DE INSPEÇÃO CIRCULAR PARA DRENAGEM, EM CONCRETO PRÉ-MOLDADO, DIÂMETRO INTERNO = 0,60 M, PROFUNDIDADE = 0,90 M, EXCLUINDO TAMPÃO. AF_12/2020_PA","UN","ATRIBUÍDO SÃO PAULO",531.91999999999996,"CAIXA REFERENCIAL"]
["DRENAGEM/OBRAS DE CONTENCAO/POCOS DE VISITA E CAIXAS","DROP","POCOS DE VISITA/BOCAS DE LOBO/CX. DE PASSAGEM/CX. DIVERSAS","0036","","",99269,"ACRÉSCIMO PARA POÇO DE VISITA RETANGULAR PARA DRENAGEM, EM ALVENARIA COM BLOCOS DE CONCRETO, DIMENSÕES INTERNAS = 1X2,5 M. AF_12/2020","M","COEFICIENTE DE REPRESENTATIVIDADE",1963.19,"CAIXA REFERENCIAL"]
["DRENAGEM/OBRAS DE CONTENCAO/POCOS DE VISITA E CAIXAS","DROP","POCOS DE VISITA/BOCAS DE LOBO/CX. DE PASSAGEM/CX. DIVERSAS","0036","","",99270,"POÇO DE INSPEÇÃO CIRCULAR PARA DRENAGEM, EM CONCRETO PRÉ-MOLDADO, DIÂMETRO INTERNO = 0,60 M, PROFUNDIDADE = 1,40 M, EXCLUINDO TAMPÃO. AF_12/2020_PA","UN","ATRIBUÍDO SÃO PAULO",668.3,"CAIXA REFERENCIAL"]
["DRENAGEM/OBRAS DE CONTENCAO/POCOS DE VISITA E CAIXAS","DROP","POCOS DE VISITA/BOCAS DE LOBO/CX. DE PASSAGEM/CX. DIVERSAS","0036","","",99271,"BASE PARA POÇO DE VISITA RETANGULAR PARA DRENAGEM, EM ALVENARIA COM BLOCOS DE CONCRETO, DIMENSÕES INTERNAS = 1,5X3 M, PROFUNDIDADE = 1,40 M, EXCLUINDO TAMPÃO. AF_12/2020_PA","UN","ATRIBUÍDO SÃO PAULO",7283.49,"CAIXA REFERENCIAL"]
["DRENAGEM/OBRAS DE CONTENCAO/POCOS DE VISITA E CAIXAS","DROP","POCOS DE VISITA/BOCAS DE LOBO/CX. DE PASSAGEM/CX. DIVERSAS","0036","","",99272,"POÇO DE INSPEÇÃO CIRCULAR PARA DRENAGEM, EM ALVENARIA COM TIJOLOS CERÂMICOS MACIÇOS, DIÂMETRO INTERNO = 0,60 M, PROFUNDIDADE = 0,95 M, EXCLUINDO TAMPÃO. AF_12/2020_PA","UN","ATRIBUÍDO SÃO PAULO",1210.47,"CAIXA REFERENCIAL"]
["DRENAGEM/OBRAS DE CONTENCAO/POCOS DE VISITA E CAIXAS","DROP","POCOS DE VISITA/BOCAS DE LOBO/CX. DE PASSAGEM/CX. DIVERSAS","0036","","",99273,"POÇO DE INSPEÇÃO CIRCULAR PARA DRENAGEM, EM ALVENARIA COM TIJOLOS CERÂMICOS MACIÇOS, DIÂMETRO INTERNO = 0,60 M, PROFUNDIDADE = 1,45 M, EXCLUINDO TAMPÃO. AF_12/2020_PA","UN","ATRIBUÍDO SÃO PAULO",1670.31,"CAIXA REFERENCIAL"]
["DRENAGEM/OBRAS DE CONTENCAO/POCOS DE VISITA E CAIXAS","DROP","POCOS DE VISITA/BOCAS DE LOBO/CX. DE PASSAGEM/CX. DIVERSAS","0036","","",99274,"BASE PARA POÇO DE VISITA RETANGULAR PARA DRENAGEM, EM ALVENARIA COM BLOCOS DE CONCRETO, DIMENSÕES INTERNAS = 1X3 M, PROFUNDIDADE = 1,40 M, EXCLUINDO TAMPÃO. AF_12/2020_PA","UN","ATRIBUÍDO SÃO PAULO",5813.47,"CAIXA REFERENCIAL"]
["DRENAGEM/OBRAS DE CONTENCAO/POCOS DE VISITA E CAIXAS","DROP","POCOS DE VISITA/BOCAS DE LOBO/CX. DE PASSAGEM/CX. DIVERSAS","0036","","",99275,"BASE PARA POÇO DE VISITA CIRCULAR PARA DRENAGEM, EM CONCRETO PRÉ-MOLDADO, DIÂMETRO INTERNO = 0,80 M, PROFUNDIDADE = 1,35 M, EXCLUINDO TAMPÃO. AF_12/2020_PA","UN","ATRIBUÍDO SÃO PAULO",1026.75,"CAIXA REFERENCIAL"]
["DRENAGEM/OBRAS DE CONTENCAO/POCOS DE VISITA E CAIXAS","DROP","POCOS DE VISITA/BOCAS DE LOBO/CX. DE PASSAGEM/CX. DIVERSAS","0036","","",99276,"ACRÉSCIMO PARA POÇO DE VISITA RETANGULAR PARA DRENAGEM, EM ALVENARIA COM BLOCOS DE CONCRETO, DIMENSÕES INTERNAS = 1,5X3 M. AF_12/2020","M","COEFICIENTE DE REPRESENTATIVIDADE",2441.6999999999998,"CAIXA REFERENCIAL"]
["DRENAGEM/OBRAS DE CONTENCAO/POCOS DE VISITA E CAIXAS","DROP","POCOS DE VISITA/BOCAS DE LOBO/CX. DE PASSAGEM/CX. DIVERSAS","0036","","",99277,"ACRÉSCIMO PARA POÇO DE VISITA RETANGULAR PARA DRENAGEM, EM ALVENARIA COM BLOCOS DE CONCRETO, DIMENSÕES INTERNAS = 1X3 M. AF_12/2020","M","COEFICIENTE DE REPRESENTATIVIDADE",2202.46,"CAIXA REFERENCIAL"]
["DRENAGEM/OBRAS DE CONTENCAO/POCOS DE VISITA E CAIXAS","DROP","POCOS DE VISITA/BOCAS DE LOBO/CX. DE PASSAGEM/CX. DIVERSAS","0036","","",99278,"ACRÉSCIMO PARA POÇO DE VISITA CIRCULAR PARA DRENAGEM, EM CONCRETO PRÉ-MOLDADO, DIÂMETRO INTERNO = 0,8 M. AF_12/2020","M","ATRIBUÍDO SÃO PAULO",363.51,"CAIXA REFERENCIAL"]
["DRENAGEM/OBRAS DE CONTENCAO/POCOS DE VISITA E CAIXAS","DROP","POCOS DE VISITA/BOCAS DE LOBO/CX. DE PASSAGEM/CX. DIVERSAS","0036","","",99279,"BASE PARA POÇO DE VISITA RETANGULAR PARA DRENAGEM, EM ALVENARIA COM BLOCOS DE CONCRETO, DIMENSÕES INTERNAS = 1X3,5 M, PROFUNDIDADE = 1,40 M, EXCLUINDO TAMPÃO. AF_12/2020_PA","UN","ATRIBUÍDO SÃO PAULO",6561.04,"CAIXA REFERENCIAL"]
["DRENAGEM/OBRAS DE CONTENCAO/POCOS DE VISITA E CAIXAS","DROP","POCOS DE VISITA/BOCAS DE LOBO/CX. DE PASSAGEM/CX. DIVERSAS","0036","","",99280,"BASE PARA POÇO DE VISITA CIRCULAR PARA DRENAGEM, EM ALVENARIA COM TIJOLOS CERÂMICOS MACIÇOS, DIÂMETRO INTERNO = 0,80 M, PROFUNDIDADE = 1,40 M, EXCLUINDO TAMPÃO. AF_12/2020_PA","UN","ATRIBUÍDO SÃO PAULO",2191.33,"CAIXA REFERENCIAL"]
["DRENAGEM/OBRAS DE CONTENCAO/POCOS DE VISITA E CAIXAS","DROP","POCOS DE VISITA/BOCAS DE LOBO/CX. DE PASSAGEM/CX. DIVERSAS","0036","","",99281,"ACRÉSCIMO PARA POÇO DE VISITA RETANGULAR PARA DRENAGEM, EM ALVENARIA COM BLOCOS DE CONCRETO, DIMENSÕES INTERNAS = 1X3,5 M. AF_12/2020","M","COEFICIENTE DE REPRESENTATIVIDADE",2441.6999999999998,"CAIXA REFERENCIAL"]
["DRENAGEM/OBRAS DE CONTENCAO/POCOS DE VISITA E CAIXAS","DROP","POCOS DE VISITA/BOCAS DE LOBO/CX. DE PASSAGEM/CX. DIVERSAS","0036","","",99282,"ACRÉSCIMO PARA POÇO DE VISITA RETANGULAR PARA DRENAGEM, EM ALVENARIA COM BLOCOS DE CONCRETO, DIMENSÕES INTERNAS = 2,5X2,5 M. AF_12/2020","M","COEFICIENTE DE REPRESENTATIVIDADE",2706.35,"CAIXA REFERENCIAL"]
["DRENAGEM/OBRAS DE CONTENCAO/POCOS DE VISITA E CAIXAS","DROP","POCOS DE VISITA/BOCAS DE LOBO/CX. DE PASSAGEM/CX. DIVERSAS","0036","","",99283,"ACRÉSCIMO PARA POÇO DE VISITA CIRCULAR PARA DRENAGEM, EM ALVENARIA COM TIJOLOS CERÂMICOS MACIÇOS, DIÂMETRO INTERNO = 0,8 M. AF_12/2020","M","COEFICIENTE DE REPRESENTATIVIDADE",1140.47,"CAIXA REFERENCIAL"]
["DRENAGEM/OBRAS DE CONTENCAO/POCOS DE VISITA E CAIXAS","DROP","POCOS DE VISITA/BOCAS DE LOBO/CX. DE PASSAGEM/CX. DIVERSAS","0036","","",99284,"BASE PARA POÇO DE VISITA RETANGULAR PARA DRENAGEM, EM ALVENARIA COM BLOCOS DE CONCRETO, DIMENSÕES INTERNAS = 1,5X3,5 M, PROFUNDIDADE = 1,40 M, EXCLUINDO TAMPÃO. AF_12/2020_PA","UN","ATRIBUÍDO SÃO PAULO",8229.74,"CAIXA REFERENCIAL"]
["DRENAGEM/OBRAS DE CONTENCAO/POCOS DE VISITA E CAIXAS","DROP","POCOS DE VISITA/BOCAS DE LOBO/CX. DE PASSAGEM/CX. DIVERSAS","0036","","",99285,"BASE PARA POÇO DE VISITA CIRCULAR PARA DRENAGEM, EM CONCRETO PRÉ-MOLDADO, DIÂMETRO INTERNO = 1,0 M, PROFUNDIDADE = 1,35 M, EXCLUINDO TAMPÃO. AF_05/2018_PA","UN","ATRIBUÍDO SÃO PAULO",1312.02,"CAIXA REFERENCIAL"]
["DRENAGEM/OBRAS DE CONTENCAO/POCOS DE VISITA E CAIXAS","DROP","POCOS DE VISITA/BOCAS DE LOBO/CX. DE PASSAGEM/CX. DIVERSAS","0036","","",99286,"BASE PARA POÇO DE VISITA RETANGULAR PARA DRENAGEM, EM ALVENARIA COM BLOCOS DE CONCRETO, DIMENSÕES INTERNAS = 1X4 M, PROFUNDIDADE = 1,40 M, EXCLUINDO TAMPÃO. AF_12/2020_PA","UN","ATRIBUÍDO SÃO PAULO",7308.77,"CAIXA REFERENCIAL"]
["DRENAGEM/OBRAS DE CONTENCAO/POCOS DE VISITA E CAIXAS","DROP","POCOS DE VISITA/BOCAS DE LOBO/CX. DE PASSAGEM/CX. DIVERSAS","0036","","",99287,"BASE PARA POÇO DE VISITA RETANGULAR PARA DRENAGEM, EM ALVENARIA COM BLOCOS DE CONCRETO, DIMENSÕES INTERNAS = 2,5X3 M, PROFUNDIDADE = 1,40 M, EXCLUINDO TAMPÃO. AF_12/2020_PA","UN","ATRIBUÍDO SÃO PAULO",10457.24,"CAIXA REFERENCIAL"]
["DRENAGEM/OBRAS DE CONTENCAO/POCOS DE VISITA E CAIXAS","DROP","POCOS DE VISITA/BOCAS DE LOBO/CX. DE PASSAGEM/CX. DIVERSAS","0036","","",99288,"ACRÉSCIMO PARA POÇO DE VISITA CIRCULAR PARA DRENAGEM, EM CONCRETO PRÉ-MOLDADO, DIÂMETRO INTERNO = 1 M. AF_12/2020","M","ATRIBUÍDO SÃO PAULO",480.64,"CAIXA REFERENCIAL"]
["DRENAGEM/OBRAS DE CONTENCAO/POCOS DE VISITA E CAIXAS","DROP","POCOS DE VISITA/BOCAS DE LOBO/CX. DE PASSAGEM/CX. DIVERSAS","0036","","",99289,"ACRÉSCIMO PARA POÇO DE VISITA RETANGULAR PARA DRENAGEM, EM ALVENARIA COM BLOCOS DE CONCRETO, DIMENSÕES INTERNAS = 1X4 M. AF_12/2020","M","COEFICIENTE DE REPRESENTATIVIDADE",2680.9,"CAIXA REFERENCIAL"]
["DRENAGEM/OBRAS DE CONTENCAO/POCOS DE VISITA E CAIXAS","DROP","POCOS DE VISITA/BOCAS DE LOBO/CX. DE PASSAGEM/CX. DIVERSAS","0036","","",99290,"BASE PARA POÇO DE VISITA RETANGULAR PARA DRENAGEM, EM ALVENARIA COM BLOCOS DE CONCRETO, DIMENSÕES INTERNAS = 1,5X1,5 M, PROFUNDIDADE = 1,40 M, EXCLUINDO TAMPÃO. AF_12/2020_PA","UN","ATRIBUÍDO SÃO PAULO",4417.2700000000004,"CAIXA REFERENCIAL"]
["DRENAGEM/OBRAS DE CONTENCAO/POCOS DE VISITA E CAIXAS","DROP","POCOS DE VISITA/BOCAS DE LOBO/CX. DE PASSAGEM/CX. DIVERSAS","0036","","",99291,"ACRÉSCIMO PARA POÇO DE VISITA RETANGULAR PARA DRENAGEM, EM ALVENARIA COM BLOCOS DE CONCRETO, DIMENSÕES INTERNAS = 1,5X3,5 M. AF_12/2020","M","COEFICIENTE DE REPRESENTATIVIDADE",2680.9,"CAIXA REFERENCIAL"]
["DRENAGEM/OBRAS DE CONTENCAO/POCOS DE VISITA E CAIXAS","DROP","POCOS DE VISITA/BOCAS DE LOBO/CX. DE PASSAGEM/CX. DIVERSAS","0036","","",99292,"BASE PARA POÇO DE VISITA CIRCULAR PARA DRENAGEM, EM ALVENARIA COM TIJOLOS CERÂMICOS MACIÇOS, DIÂMETRO INTERNO = 1,0 M, PROFUNDIDADE = 1,40 M, EXCLUINDO TAMPÃO. AF_12/2020_PA","UN","ATRIBUÍDO SÃO PAULO",2717.55,"CAIXA REFERENCIAL"]
["DRENAGEM/OBRAS DE CONTENCAO/POCOS DE VISITA E CAIXAS","DROP","POCOS DE VISITA/BOCAS DE LOBO/CX. DE PASSAGEM/CX. DIVERSAS","0036","","",99293,"ACRÉSCIMO PARA POÇO DE VISITA CIRCULAR PARA DRENAGEM, EM ALVENARIA COM TIJOLOS CERÂMICOS MACIÇOS, DIÂMETRO INTERNO = 1 M. AF_12/2020","M","COEFICIENTE DE REPRESENTATIVIDADE",1376.92,"CAIXA REFERENCIAL"]
["DRENAGEM/OBRAS DE CONTENCAO/POCOS DE VISITA E CAIXAS","DROP","POCOS DE VISITA/BOCAS DE LOBO/CX. DE PASSAGEM/CX. DIVERSAS","0036","","",99294,"BASE PARA POÇO DE VISITA RETANGULAR PARA DRENAGEM, EM ALVENARIA COM BLOCOS DE CONCRETO, DIMENSÕES INTERNAS = 1,5X4 M, PROFUNDIDADE = 1,40 M, EXCLUINDO TAMPÃO. AF_12/2020_PA","UN","ATRIBUÍDO SÃO PAULO",9175.83,"CAIXA REFERENCIAL"]
["DRENAGEM/OBRAS DE CONTENCAO/POCOS DE VISITA E CAIXAS","DROP","POCOS DE VISITA/BOCAS DE LOBO/CX. DE PASSAGEM/CX. DIVERSAS","0036","","",99296,"ACRÉSCIMO PARA POÇO DE VISITA RETANGULAR PARA DRENAGEM, EM ALVENARIA COM BLOCOS DE CONCRETO, DIMENSÕES INTERNAS = 2,5X3 M. AF_12/2020","M","COEFICIENTE DE REPRESENTATIVIDADE",2945.55,"CAIXA REFERENCIAL"]
["DRENAGEM/OBRAS DE CONTENCAO/POCOS DE VISITA E CAIXAS","DROP","POCOS DE VISITA/BOCAS DE LOBO/CX. DE PASSAGEM/CX. DIVERSAS","0036","","",99297,"ACRÉSCIMO PARA POÇO DE VISITA RETANGULAR PARA DRENAGEM, EM ALVENARIA COM BLOCOS DE CONCRETO, DIMENSÕES INTERNAS = 1,5X4 M. AF_12/2020","M","COEFICIENTE DE REPRESENTATIVIDADE",2941.16,"CAIXA REFERENCIAL"]
["DRENAGEM/OBRAS DE CONTENCAO/POCOS DE VISITA E CAIXAS","DROP","POCOS DE VISITA/BOCAS DE LOBO/CX. DE PASSAGEM/CX. DIVERSAS","0036","","",99298,"BASE PARA POÇO DE VISITA RETANGULAR PARA DRENAGEM, EM ALVENARIA COM BLOCOS DE CONCRETO, DIMENSÕES INTERNAS = 2,5X3,5 M, PROFUNDIDADE = 1,40 M, EXCLUINDO TAMPÃO. AF_12/2020_PA","UN","ATRIBUÍDO SÃO PAULO",11833.96,"CAIXA REFERENCIAL"]
["DRENAGEM/OBRAS DE CONTENCAO/POCOS DE VISITA E CAIXAS","DROP","POCOS DE VISITA/BOCAS DE LOBO/CX. DE PASSAGEM/CX. DIVERSAS","0036","","",99299,"ACRÉSCIMO PARA POÇO DE VISITA RETANGULAR PARA DRENAGEM, EM ALVENARIA COM BLOCOS DE CONCRETO, DIMENSÕES INTERNAS = 2,5X3,5 M. AF_12/2020","M","COEFICIENTE DE REPRESENTATIVIDADE",3184.68,"CAIXA REFERENCIAL"]
["DRENAGEM/OBRAS DE CONTENCAO/POCOS DE VISITA E CAIXAS","DROP","POCOS DE VISITA/BOCAS DE LOBO/CX. DE PASSAGEM/CX. DIVERSAS","0036","","",99300,"BASE PARA POÇO DE VISITA RETANGULAR PARA DRENAGEM, EM ALVENARIA COM BLOCOS DE CONCRETO, DIMENSÕES INTERNAS = 2,5X4 M, PROFUNDIDADE = 1,40 M, EXCLUINDO TAMPÃO. AF_12/2020_PA","UN","ATRIBUÍDO SÃO PAULO",13210.71,"CAIXA REFERENCIAL"]
["DRENAGEM/OBRAS DE CONTENCAO/POCOS DE VISITA E CAIXAS","DROP","POCOS DE VISITA/BOCAS DE LOBO/CX. DE PASSAGEM/CX. DIVERSAS","0036","","",99301,"BASE PARA POÇO DE VISITA RETANGULAR PARA DRENAGEM, EM ALVENARIA COM BLOCOS DE CONCRETO, DIMENSÕES INTERNAS = 2X2 M, PROFUNDIDADE = 1,40 M, EXCLUINDO TAMPÃO. AF_12/2020_PA","UN","ATRIBUÍDO SÃO PAULO",6521.91,"CAIXA REFERENCIAL"]
["DRENAGEM/OBRAS DE CONTENCAO/POCOS DE VISITA E CAIXAS","DROP","POCOS DE VISITA/BOCAS DE LOBO/CX. DE PASSAGEM/CX. DIVERSAS","0036","","",99302,"ACRÉSCIMO PARA POÇO DE VISITA RETANGULAR PARA DRENAGEM, EM ALVENARIA COM BLOCOS DE CONCRETO, DIMENSÕES INTERNAS = 2,5X4 M. AF_12/2020","M","COEFICIENTE DE REPRESENTATIVIDADE",3428.27,"CAIXA REFERENCIAL"]
["DRENAGEM/OBRAS DE CONTENCAO/POCOS DE VISITA E CAIXAS","DROP","POCOS DE VISITA/BOCAS DE LOBO/CX. DE PASSAGEM/CX. DIVERSAS","0036","","",99303,"BASE PARA POÇO DE VISITA RETANGULAR PARA DRENAGEM, EM ALVENARIA COM BLOCOS DE CONCRETO, DIMENSÕES INTERNAS = 3X3 M, PROFUNDIDADE = 1,40 M, EXCLUINDO TAMPÃO. AF_12/2020_PA","UN","ATRIBUÍDO SÃO PAULO",12088.93,"CAIXA REFERENCIAL"]
["DRENAGEM/OBRAS DE CONTENCAO/POCOS DE VISITA E CAIXAS","DROP","POCOS DE VISITA/BOCAS DE LOBO/CX. DE PASSAGEM/CX. DIVERSAS","0036","","",99304,"ACRÉSCIMO PARA POÇO DE VISITA RETANGULAR PARA DRENAGEM, EM ALVENARIA COM BLOCOS DE CONCRETO, DIMENSÕES INTERNAS = 3X3 M. AF_12/2020","M","COEFICIENTE DE REPRESENTATIVIDADE",3189.07,"CAIXA REFERENCIAL"]
["DRENAGEM/OBRAS DE CONTENCAO/POCOS DE VISITA E CAIXAS","DROP","POCOS DE VISITA/BOCAS DE LOBO/CX. DE PASSAGEM/CX. DIVERSAS","0036","","",99305,"BASE PARA POÇO DE VISITA RETANGULAR PARA DRENAGEM, EM ALVENARIA COM BLOCOS DE CONCRETO, DIMENSÕES INTERNAS = 3X3,5 M, PROFUNDIDADE = 1,40 M, EXCLUINDO TAMPÃO. AF_12/2020_PA","UN","ATRIBUÍDO SÃO PAULO",13675.54,"CAIXA REFERENCIAL"]
["DRENAGEM/OBRAS DE CONTENCAO/POCOS DE VISITA E CAIXAS","DROP","POCOS DE VISITA/BOCAS DE LOBO/CX. DE PASSAGEM/CX. DIVERSAS","0036","","",99306,"ACRÉSCIMO PARA POÇO DE VISITA RETANGULAR PARA DRENAGEM, EM ALVENARIA COM BLOCOS DE CONCRETO, DIMENSÕES INTERNAS = 3X3,5 M. AF_12/2020","M","COEFICIENTE DE REPRESENTATIVIDADE",3428.27,"CAIXA REFERENCIAL"]
["DRENAGEM/OBRAS DE CONTENCAO/POCOS DE VISITA E CAIXAS","DROP","POCOS DE VISITA/BOCAS DE LOBO/CX. DE PASSAGEM/CX. DIVERSAS","0036","","",99307,"ACRÉSCIMO PARA POÇO DE VISITA RETANGULAR PARA DRENAGEM, EM ALVENARIA COM BLOCOS DE CONCRETO, DIMENSÕES INTERNAS = 2X2 M. AF_12/2020","M","COEFICIENTE DE REPRESENTATIVIDADE",2223.52,"CAIXA REFERENCIAL"]
["DRENAGEM/OBRAS DE CONTENCAO/POCOS DE VISITA E CAIXAS","DROP","POCOS DE VISITA/BOCAS DE LOBO/CX. DE PASSAGEM/CX. DIVERSAS","0036","","",99308,"BASE PARA POÇO DE VISITA RETANGULAR PARA DRENAGEM, EM ALVENARIA COM BLOCOS DE CONCRETO, DIMENSÕES INTERNAS = 3X4 M, PROFUNDIDADE = 1,40 M, EXCLUINDO TAMPÃO. AF_12/2020_PA","UN","ATRIBUÍDO SÃO PAULO",15262.28,"CAIXA REFERENCIAL"]
["DRENAGEM/OBRAS DE CONTENCAO/POCOS DE VISITA E CAIXAS","DROP","POCOS DE VISITA/BOCAS DE LOBO/CX. DE PASSAGEM/CX. DIVERSAS","0036","","",99309,"ACRÉSCIMO PARA POÇO DE VISITA RETANGULAR PARA DRENAGEM, EM ALVENARIA COM BLOCOS DE CONCRETO, DIMENSÕES INTERNAS = 3X4 M. AF_12/2020","M","COEFICIENTE DE REPRESENTATIVIDADE",3671.92,"CAIXA REFERENCIAL"]
["DRENAGEM/OBRAS DE CONTENCAO/POCOS DE VISITA E CAIXAS","DROP","POCOS DE VISITA/BOCAS DE LOBO/CX. DE PASSAGEM/CX. DIVERSAS","0036","","",99310,"BASE PARA POÇO DE VISITA RETANGULAR PARA DRENAGEM, EM ALVENARIA COM BLOCOS DE CONCRETO, DIMENSÕES INTERNAS = 3,5X3,5 M, PROFUNDIDADE = 1,40 M, EXCLUINDO TAMPÃO. AF_12/2020_PA","UN","ATRIBUÍDO SÃO PAULO",15517.28,"CAIXA REFERENCIAL"]
["DRENAGEM/OBRAS DE CONTENCAO/POCOS DE VISITA E CAIXAS","DROP","POCOS DE VISITA/BOCAS DE LOBO/CX. DE PASSAGEM/CX. DIVERSAS","0036","","",99311,"ACRÉSCIMO PARA POÇO DE VISITA RETANGULAR PARA DRENAGEM, EM ALVENARIA COM BLOCOS DE CONCRETO, DIMENSÕES INTERNAS = 3,5X3,5 M. AF_12/2020","M","COEFICIENTE DE REPRESENTATIVIDADE",3671.92,"CAIXA REFERENCIAL"]
["DRENAGEM/OBRAS DE CONTENCAO/POCOS DE VISITA E CAIXAS","DROP","POCOS DE VISITA/BOCAS DE LOBO/CX. DE PASSAGEM/CX. DIVERSAS","0036","","",99312,"BASE PARA POÇO DE VISITA RETANGULAR PARA DRENAGEM, EM ALVENARIA COM BLOCOS DE CONCRETO, DIMENSÕES INTERNAS = 2X2,5 M, PROFUNDIDADE = 1,40 M, EXCLUINDO TAMPÃO. AF_12/2020_PA","UN","ATRIBUÍDO SÃO PAULO",7653.33,"CAIXA REFERENCIAL"]
["DRENAGEM/OBRAS DE CONTENCAO/POCOS DE VISITA E CAIXAS","DROP","POCOS DE VISITA/BOCAS DE LOBO/CX. DE PASSAGEM/CX. DIVERSAS","0036","","",99313,"BASE PARA POÇO DE VISITA RETANGULAR PARA DRENAGEM, EM ALVENARIA COM BLOCOS DE CONCRETO, DIMENSÕES INTERNAS = 3,5X4 M, PROFUNDIDADE = 1,40 M, EXCLUINDO TAMPÃO. AF_12/2020_PA","UN","ATRIBUÍDO SÃO PAULO",17313.72,"CAIXA REFERENCIAL"]
["DRENAGEM/OBRAS DE CONTENCAO/POCOS DE VISITA E CAIXAS","DROP","POCOS DE VISITA/BOCAS DE LOBO/CX. DE PASSAGEM/CX. DIVERSAS","0036","","",99314,"ACRÉSCIMO PARA POÇO DE VISITA RETANGULAR PARA DRENAGEM, EM ALVENARIA COM BLOCOS DE CONCRETO, DIMENSÕES INTERNAS = 3,5X4 M. AF_12/2020","M","COEFICIENTE DE REPRESENTATIVIDADE",3915.51,"CAIXA REFERENCIAL"]
["DRENAGEM/OBRAS DE CONTENCAO/POCOS DE VISITA E CAIXAS","DROP","POCOS DE VISITA/BOCAS DE LOBO/CX. DE PASSAGEM/CX. DIVERSAS","0036","","",99315,"BASE PARA POÇO DE VISITA RETANGULAR PARA DRENAGEM, EM ALVENARIA COM BLOCOS DE CONCRETO, DIMENSÕES INTERNAS = 4X4 M, PROFUNDIDADE = 1,40 M, EXCLUINDO TAMPÃO. AF_12/2020_PA","UN","ATRIBUÍDO SÃO PAULO",19365.3,"CAIXA REFERENCIAL"]
["DRENAGEM/OBRAS DE CONTENCAO/POCOS DE VISITA E CAIXAS","DROP","POCOS DE VISITA/BOCAS DE LOBO/CX. DE PASSAGEM/CX. DIVERSAS","0036","","",99317,"ACRÉSCIMO PARA POÇO DE VISITA RETANGULAR PARA DRENAGEM, EM ALVENARIA COM BLOCOS DE CONCRETO, DIMENSÕES INTERNAS = 2X2,5 M. AF_12/2020","M","COEFICIENTE DE REPRESENTATIVIDADE",2462.69,"CAIXA REFERENCIAL"]
["DRENAGEM/OBRAS DE CONTENCAO/POCOS DE VISITA E CAIXAS","DROP","POCOS DE VISITA/BOCAS DE LOBO/CX. DE PASSAGEM/CX. DIVERSAS","0036","","",99318,"CHAMINÉ CIRCULAR PARA POÇO DE VISITA PARA DRENAGEM, EM CONCRETO PRÉ-MOLDADO, DIÂMETRO INTERNO = 0,6 M. AF_12/2020","M","ATRIBUÍDO SÃO PAULO",266.31,"CAIXA REFERENCIAL"]
["DRENAGEM/OBRAS DE CONTENCAO/POCOS DE VISITA E CAIXAS","DROP","POCOS DE VISITA/BOCAS DE LOBO/CX. DE PASSAGEM/CX. DIVERSAS","0036","","",99319,"CHAMINÉ CIRCULAR PARA POÇO DE VISITA PARA DRENAGEM, EM ALVENARIA COM TIJOLOS CERÂMICOS MACIÇOS, DIÂMETRO INTERNO = 0,6 M. AF_12/2020","M","COEFICIENTE DE REPRESENTATIVIDADE",912.72,"CAIXA REFERENCIAL"]
["DRENAGEM/OBRAS DE CONTENCAO/POCOS DE VISITA E CAIXAS","DROP","POCOS DE VISITA/BOCAS DE LOBO/CX. DE PASSAGEM/CX. DIVERSAS","0036","","",99320,"BASE PARA POÇO DE VISITA RETANGULAR PARA DRENAGEM, EM ALVENARIA COM BLOCOS DE CONCRETO, DIMENSÕES INTERNAS = 2X3 M, PROFUNDIDADE = 1,40 M, EXCLUINDO TAMPÃO. AF_12/2020_PA","UN","ATRIBUÍDO SÃO PAULO",8846.52,"CAIXA REFERENCIAL"]
["DRENAGEM/OBRAS DE CONTENCAO/POCOS DE VISITA E CAIXAS","DROP","POCOS DE VISITA/BOCAS DE LOBO/CX. DE PASSAGEM/CX. DIVERSAS","0036","","",99321,"ACRÉSCIMO PARA POÇO DE VISITA RETANGULAR PARA DRENAGEM, EM ALVENARIA COM BLOCOS DE CONCRETO, DIMENSÕES INTERNAS = 2X3 M. AF_12/2020","M","COEFICIENTE DE REPRESENTATIVIDADE",2701.96,"CAIXA REFERENCIAL"]
["DRENAGEM/OBRAS DE CONTENCAO/POCOS DE VISITA E CAIXAS","DROP","POCOS DE VISITA/BOCAS DE LOBO/CX. DE PASSAGEM/CX. DIVERSAS","0036","","",99322,"BASE PARA POÇO DE VISITA RETANGULAR PARA DRENAGEM, EM ALVENARIA COM BLOCOS DE CONCRETO, DIMENSÕES INTERNAS = 2X3,5 M, PROFUNDIDADE = 1,40 M, EXCLUINDO TAMPÃO. AF_12/2020_PA","UN","ATRIBUÍDO SÃO PAULO",9985.7999999999993,"CAIXA REFERENCIAL"]
["DRENAGEM/OBRAS DE CONTENCAO/POCOS DE VISITA E CAIXAS","DROP","POCOS DE VISITA/BOCAS DE LOBO/CX. DE PASSAGEM/CX. DIVERSAS","0036","","",99323,"ACRÉSCIMO PARA POÇO DE VISITA RETANGULAR PARA DRENAGEM, EM ALVENARIA COM BLOCOS DE CONCRETO, DIMENSÕES INTERNAS = 2X3,5 M. AF_12/2020","M","COEFICIENTE DE REPRESENTATIVIDADE",2941.16,"CAIXA REFERENCIAL"]
["DRENAGEM/OBRAS DE CONTENCAO/POCOS DE VISITA E CAIXAS","DROP","POCOS DE VISITA/BOCAS DE LOBO/CX. DE PASSAGEM/CX. DIVERSAS","0036","","",99324,"BASE PARA POÇO DE VISITA RETANGULAR PARA DRENAGEM, EM ALVENARIA COM BLOCOS DE CONCRETO, DIMENSÕES INTERNAS = 2X4 M, PROFUNDIDADE = 1,40 M, EXCLUINDO TAMPÃO. AF_12/2020_PA","UN","ATRIBUÍDO SÃO PAULO",11125.1,"CAIXA REFERENCIAL"]
["DRENAGEM/OBRAS DE CONTENCAO/POCOS DE VISITA E CAIXAS","DROP","POCOS DE VISITA/BOCAS DE LOBO/CX. DE PASSAGEM/CX. DIVERSAS","0036","","",99325,"ACRÉSCIMO PARA POÇO DE VISITA RETANGULAR PARA DRENAGEM, EM ALVENARIA COM BLOCOS DE CONCRETO, DIMENSÕES INTERNAS = 2X4 M. AF_12/2020","M","COEFICIENTE DE REPRESENTATIVIDADE",3184.68,"CAIXA REFERENCIAL"]
["DRENAGEM/OBRAS DE CONTENCAO/POCOS DE VISITA E CAIXAS","DROP","POCOS DE VISITA/BOCAS DE LOBO/CX. DE PASSAGEM/CX. DIVERSAS","0036","","",99326,"BASE PARA POÇO DE VISITA RETANGULAR PARA DRENAGEM, EM ALVENARIA COM BLOCOS DE CONCRETO, DIMENSÕES INTERNAS = 2,5X2,5 M, PROFUNDIDADE = 1,40 M, EXCLUINDO TAMPÃO. AF_12/2020_PA","UN","ATRIBUÍDO SÃO PAULO",9080.5300000000007,"CAIXA REFERENCIAL"]
["DRENAGEM/OBRAS DE CONTENCAO/POCOS DE VISITA E CAIXAS","DROP","POCOS DE VISITA/BOCAS DE LOBO/CX. DE PASSAGEM/CX. DIVERSAS","0036","","",99327,"ACRÉSCIMO PARA POÇO DE VISITA RETANGULAR PARA DRENAGEM, EM ALVENARIA COM BLOCOS DE CONCRETO, DIMENSÕES INTERNAS = 4X4 M. AF_12/2020","M","COEFICIENTE DE REPRESENTATIVIDADE",4116.2,"CAIXA REFERENCIAL"]
["DRENAGEM/OBRAS DE CONTENCAO/POCOS DE VISITA E CAIXAS","DROP","POCOS DE VISITA/BOCAS DE LOBO/CX. DE PASSAGEM/CX. DIVERSAS","0036","","",101800,"CAIXA COM GRELHA RETANGULAR DE FERRO FUNDIDO, EM ALVENARIA COM TIJOLOS CERÂMICOS MACIÇOS, DIMENSÕES INTERNAS: 0,30 X 1,00 X 1,00. AF_12/2020","UN","ATRIBUÍDO SÃO PAULO",1556.69,"CAIXA REFERENCIAL"]
["DRENAGEM/OBRAS DE CONTENCAO/POCOS DE VISITA E CAIXAS","DROP","POCOS DE VISITA/BOCAS DE LOBO/CX. DE PASSAGEM/CX. DIVERSAS","0036","","",101801,"CAIXA COM GRELHA RETANGULAR DE FERRO FUNDIDO, EM ALVENARIA COM BLOCOS DE CONCRETO, DIMENSÕES INTERNAS: 0,30 X 1,00 X 1,00. AF_12/2020","UN","ATRIBUÍDO SÃO PAULO",1082.22,"CAIXA REFERENCIAL"]
["DRENAGEM/OBRAS DE CONTENCAO/POCOS DE VISITA E CAIXAS","DROP","POCOS DE VISITA/BOCAS DE LOBO/CX. DE PASSAGEM/CX. DIVERSAS","0036","","",101806,"CAIXA ENTERRADA DISTRIBUIDORA DE VAZÃO (SUMIDOUROS MÚLTIPLOS), RETANGULAR, EM ALVENARIA COM TIJOLOS MACIÇOS, DIMENSÕES INTERNAS: 0,60 X 0,60 X H=0,50 M. AF_12/2020","UN","ATRIBUÍDO SÃO PAULO",541.98,"CAIXA REFERENCIAL"]
["DRENAGEM/OBRAS DE CONTENCAO/POCOS DE VISITA E CAIXAS","DROP","POCOS DE VISITA/BOCAS DE LOBO/CX. DE PASSAGEM/CX. DIVERSAS","0036","","",101807,"CAIXA ENTERRADA DISTRIBUIDORA DE VAZÃO (SUMIDOUROS MÚLTIPLOS), RETANGULAR, EM ALVENARIA COM BLOCOS DE CONCRETO, DIMENSÕES INTERNAS: 0,60 X 0,60 X H=0,50 M. AF_12/2020","UN","ATRIBUÍDO SÃO PAULO",483.18,"CAIXA REFERENCIAL"]
["DRENAGEM/OBRAS DE CONTENCAO/POCOS DE VISITA E CAIXAS","DROP","POCOS DE VISITA/BOCAS DE LOBO/CX. DE PASSAGEM/CX. DIVERSAS","0036","","",101808,"CAIXA ENTERRADA DISTRIBUIDORA DE VAZÃO (SUMIDOUROS MÚLTIPLOS), RETANGULAR, EM CONCRETO PRÉ-MOLDADO, DIMENSÕES INTERNAS: 0,60 X 0,60 X H=0,50 M. AF_12/2020","UN","ATRIBUÍDO SÃO PAULO",518.37,"CAIXA REFERENCIAL"]
["DRENAGEM/OBRAS DE CONTENCAO/POCOS DE VISITA E CAIXAS","DROP","POCOS DE VISITA/BOCAS DE LOBO/CX. DE PASSAGEM/CX. DIVERSAS","0036","","",101809,"BASE PARA POCO DE VISITA RETANGULAR PARA ESGOTO E DRENAGEM, EM CONCRETO ESTRUTURAL, DIMENSÕES INTERNAS DE 90X150 M, PROFUNDIDADE DE 1,25 M, EXCLUINDO TAMPÃO. AF_12/2020_PA","UN","ATRIBUÍDO SÃO PAULO",3266.73,"CAIXA REFERENCIAL"]
["DRENAGEM/OBRAS DE CONTENCAO/POCOS DE VISITA E CAIXAS","DROP","POCOS DE VISITA/BOCAS DE LOBO/CX. DE PASSAGEM/CX. DIVERSAS","0036","","",102139,"BASE PARA POÇO DE VISITA CIRCULAR PARA  ESGOTO, EM CONCRETO PRÉ-MOLDADO, DIÂMETRO INTERNO = 1,20 M, PROFUNDIDADE = 1,60 M, EXCLUINDO TAMPÃO. AF_12/2020_PA","UN","ATRIBUÍDO SÃO PAULO",1854.67,"CAIXA REFERENCIAL"]
["DRENAGEM/OBRAS DE CONTENCAO/POCOS DE VISITA E CAIXAS","DROP","POCOS DE VISITA/BOCAS DE LOBO/CX. DE PASSAGEM/CX. DIVERSAS","0036","","",102141,"BASE PARA POÇO DE VISITA CIRCULAR PARA  ESGOTO, EM CONCRETO PRÉ-MOLDADO, DIÂMETRO INTERNO = 1,50 M, PROFUNDIDADE = 1,35 M, EXCLUINDO TAMPÃO. AF_12/2020_PA","UN","ATRIBUÍDO SÃO PAULO",2857.71,"CAIXA REFERENCIAL"]
["DRENAGEM/OBRAS DE CONTENCAO/POCOS DE VISITA E CAIXAS","DROP","POCOS DE VISITA/BOCAS DE LOBO/CX. DE PASSAGEM/CX. DIVERSAS","0036","","",102142,"BASE PARA POÇO DE VISITA CIRCULAR PARA DRENAGEM, EM CONCRETO PRÉ-MOLDADO, DIÂMETRO INTERNO = 1,50 M, PROFUNDIDADE = 1,35 M, EXCLUINDO TAMPÃO. AF_12/2020_PA","UN","ATRIBUÍDO SÃO PAULO",2788.54,"CAIXA REFERENCIAL"]
["DRENAGEM/OBRAS DE CONTENCAO/POCOS DE VISITA E CAIXAS","DROP","POCOS DE VISITA/BOCAS DE LOBO/CX. DE PASSAGEM/CX. DIVERSAS","0036","","",102457,"BASE PARA POÇO DE VISITA CIRCULAR PARA DRENAGEM, EM CONCRETO PRÉ-MOLDADO, DIÂMETRO INTERNO = 1,20 M, PROFUNDIDADE = 1,60 M, EXCLUINDO TAMPÃO. AF_05/2021_PA","UN","ATRIBUÍDO SÃO PAULO",1675.83,"CAIXA REFERENCIAL"]
["DRENAGEM/OBRAS DE CONTENCAO/POCOS DE VISITA E CAIXAS","DROP","MEIO FIO, LINHA D'AGUA E SARJERTA","0037","","",94263,"GUIA (MEIO-FIO) CONCRETO, MOLDADA  IN LOCO  EM TRECHO RETO COM EXTRUSORA, 13 CM BASE X 22 CM ALTURA. AF_06/2016","M","ATRIBUÍDO SÃO PAULO",36.93,"CAIXA REFERENCIAL"]
["DRENAGEM/OBRAS DE CONTENCAO/POCOS DE VISITA E CAIXAS","DROP","MEIO FIO, LINHA D'AGUA E SARJERTA","0037","","",94264,"GUIA (MEIO-FIO) CONCRETO, MOLDADA  IN LOCO  EM TRECHO CURVO COM EXTRUSORA, 13 CM BASE X 22 CM ALTURA. AF_06/2016","M","ATRIBUÍDO SÃO PAULO",40.020000000000003,"CAIXA REFERENCIAL"]
["DRENAGEM/OBRAS DE CONTENCAO/POCOS DE VISITA E CAIXAS","DROP","MEIO FIO, LINHA D'AGUA E SARJERTA","0037","","",94265,"GUIA (MEIO-FIO) CONCRETO, MOLDADA  IN LOCO  EM TRECHO RETO COM EXTRUSORA, 15 CM BASE X 30 CM ALTURA. AF_06/2016","M","ATRIBUÍDO SÃO PAULO",51.28,"CAIXA REFERENCIAL"]
["DRENAGEM/OBRAS DE CONTENCAO/POCOS DE VISITA E CAIXAS","DROP","MEIO FIO, LINHA D'AGUA E SARJERTA","0037","","",94266,"GUIA (MEIO-FIO) CONCRETO, MOLDADA  IN LOCO  EM TRECHO CURVO COM EXTRUSORA, 15 CM BASE X 30 CM ALTURA. AF_06/2016","M","ATRIBUÍDO SÃO PAULO",54.8,"CAIXA REFERENCIAL"]
["DRENAGEM/OBRAS DE CONTENCAO/POCOS DE VISITA E CAIXAS","DROP","MEIO FIO, LINHA D'AGUA E SARJERTA","0037","","",94267,"GUIA (MEIO-FIO) E SARJETA CONJUGADOS DE CONCRETO, MOLDADA  IN LOCO  EM TRECHO RETO COM EXTRUSORA, 45 CM BASE (15 CM BASE DA GUIA + 30 CM BASE DA SARJETA) X 22 CM ALTURA. AF_06/2016","M","ATRIBUÍDO SÃO PAULO",62.24,"CAIXA REFERENCIAL"]
["DRENAGEM/OBRAS DE CONTENCAO/POCOS DE VISITA E CAIXAS","DROP","MEIO FIO, LINHA D'AGUA E SARJERTA","0037","","",94268,"GUIA (MEIO-FIO) E SARJETA CONJUGADOS DE CONCRETO, MOLDADA  IN LOCO  EM TRECHO CURVO COM EXTRUSORA, 45 CM BASE (15 CM BASE DA GUIA + 30 CM BASE DA SARJETA) X 22 CM ALTURA. AF_06/2016","M","ATRIBUÍDO SÃO PAULO",66.11,"CAIXA REFERENCIAL"]
["DRENAGEM/OBRAS DE CONTENCAO/POCOS DE VISITA E CAIXAS","DROP","MEIO FIO, LINHA D'AGUA E SARJERTA","0037","","",94269,"GUIA (MEIO-FIO) E SARJETA CONJUGADOS DE CONCRETO, MOLDADA  IN LOCO  EM TRECHO RETO COM EXTRUSORA, 60 CM BASE (15 CM BASE DA GUIA + 45 CM BASE DA SARJETA) X 26 CM ALTURA. AF_06/2016","M","ATRIBUÍDO SÃO PAULO",91.58,"CAIXA REFERENCIAL"]
["DRENAGEM/OBRAS DE CONTENCAO/POCOS DE VISITA E CAIXAS","DROP","MEIO FIO, LINHA D'AGUA E SARJERTA","0037","","",94270,"GUIA (MEIO-FIO) E SARJETA CONJUGADOS DE CONCRETO, MOLDADA IN LOCO  EM TRECHO CURVO COM EXTRUSORA, 60 CM BASE (15 CM BASE DA GUIA + 45 CM BASE DA SARJETA) X 26 CM ALTURA. AF_06/2016","M","ATRIBUÍDO SÃO PAULO",96.99,"CAIXA REFERENCIAL"]
["DRENAGEM/OBRAS DE CONTENCAO/POCOS DE VISITA E CAIXAS","DROP","MEIO FIO, LINHA D'AGUA E SARJERTA","0037","","",94271,"GUIA (MEIO-FIO) E SARJETA CONJUGADOS DE CONCRETO, MOLDADA  IN LOCO  EM TRECHO RETO COM EXTRUSORA, 65 CM BASE (15 CM BASE DA GUIA + 50 CM BASE DA SARJETA) X 30 CM ALTURA. AF_06/2016","M","ATRIBUÍDO SÃO PAULO",111.85,"CAIXA REFERENCIAL"]
["DRENAGEM/OBRAS DE CONTENCAO/POCOS DE VISITA E CAIXAS","DROP","MEIO FIO, LINHA D'AGUA E SARJERTA","0037","","",94272,"GUIA (MEIO-FIO) E SARJETA CONJUGADOS DE CONCRETO, MOLDADA  IN LOCO  EM TRECHO CURVO COM EXTRUSORA, 65 CM BASE (15 CM BASE DA GUIA + 50 CM BASE DA SARJETA) X 26 CM ALTURA. AF_06/2016","M","ATRIBUÍDO SÃO PAULO",119.06,"CAIXA REFERENCIAL"]
["DRENAGEM/OBRAS DE CONTENCAO/POCOS DE VISITA E CAIXAS","DROP","MEIO FIO, LINHA D'AGUA E SARJERTA","0037","","",94273,"ASSENTAMENTO DE GUIA (MEIO-FIO) EM TRECHO RETO, CONFECCIONADA EM CONCRETO PRÉ-FABRICADO, DIMENSÕES 100X15X13X30 CM (COMPRIMENTO X BASE INFERIOR X BASE SUPERIOR X ALTURA), PARA VIAS URBANAS (USO VIÁRIO). AF_06/2016","M","COEFICIENTE DE REPRESENTATIVIDADE",61.87,"CAIXA REFERENCIAL"]
["DRENAGEM/OBRAS DE CONTENCAO/POCOS DE VISITA E CAIXAS","DROP","MEIO FIO, LINHA D'AGUA E SARJERTA","0037","","",94274,"ASSENTAMENTO DE GUIA (MEIO-FIO) EM TRECHO CURVO, CONFECCIONADA EM CONCRETO PRÉ-FABRICADO, DIMENSÕES 100X15X13X30 CM (COMPRIMENTO X BASE INFERIOR X BASE SUPERIOR X ALTURA), PARA VIAS URBANAS (USO VIÁRIO). AF_06/2016","M","COEFICIENTE DE REPRESENTATIVIDADE",65.5,"CAIXA REFERENCIAL"]
["DRENAGEM/OBRAS DE CONTENCAO/POCOS DE VISITA E CAIXAS","DROP","MEIO FIO, LINHA D'AGUA E SARJERTA","0037","","",94275,"ASSENTAMENTO DE GUIA (MEIO-FIO) EM TRECHO RETO, CONFECCIONADA EM CONCRETO PRÉ-FABRICADO, DIMENSÕES 100X15X13X20 CM (COMPRIMENTO X BASE INFERIOR X BASE SUPERIOR X ALTURA), PARA URBANIZAÇÃO INTERNA DE EMPREENDIMENTOS. AF_06/2016","M","COEFICIENTE DE REPRESENTATIVIDADE",55.63,"CAIXA REFERENCIAL"]
["DRENAGEM/OBRAS DE CONTENCAO/POCOS DE VISITA E CAIXAS","DROP","MEIO FIO, LINHA D'AGUA E SARJERTA","0037","","",94276,"ASSENTAMENTO DE GUIA (MEIO-FIO) EM TRECHO CURVO, CONFECCIONADA EM CONCRETO PRÉ-FABRICADO, DIMENSÕES 100X15X13X20 CM (COMPRIMENTO X BASE INFERIOR X BASE SUPERIOR X ALTURA), PARA URBANIZAÇÃO INTERNA DE EMPREENDIMENTOS. AF_06/2016","M","COEFICIENTE DE REPRESENTATIVIDADE",59.25,"CAIXA REFERENCIAL"]
["DRENAGEM/OBRAS DE CONTENCAO/POCOS DE VISITA E CAIXAS","DROP","MEIO FIO, LINHA D'AGUA E SARJERTA","0037","","",94277,"ASSENTAMENTO DE GUIA (MEIO-FIO) EM TRECHO RETO, CONFECCIONADA EM CONCRETO PRÉ-FABRICADO, DIMENSÕES 80X08X08X25 CM (COMPRIMENTO X BASE INFERIOR X BASE SUPERIOR X ALTURA), PARA URBANIZAÇÃO INTERNA DE EMPREENDIMENTOS. AF_06/2016","M","COEFICIENTE DE REPRESENTATIVIDADE",48.77,"CAIXA REFERENCIAL"]
["DRENAGEM/OBRAS DE CONTENCAO/POCOS DE VISITA E CAIXAS","DROP","MEIO FIO, LINHA D'AGUA E SARJERTA","0037","","",94278,"ASSENTAMENTO DE GUIA (MEIO-FIO) EM TRECHO CURVO, CONFECCIONADA EM CONCRETO PRÉ-FABRICADO, DIMENSÕES 80X08X08X25 CM (COMPRIMENTO X BASE INFERIOR X BASE SUPERIOR X ALTURA), PARA URBANIZAÇÃO INTERNA DE EMPREENDIMENTOS. AF_06/2016","M","COEFICIENTE DE REPRESENTATIVIDADE",52.39,"CAIXA REFERENCIAL"]
["DRENAGEM/OBRAS DE CONTENCAO/POCOS DE VISITA E CAIXAS","DROP","MEIO FIO, LINHA D'AGUA E SARJERTA","0037","","",94279,"ASSENTAMENTO DE GUIA (MEIO-FIO) EM TRECHO RETO, CONFECCIONADA EM CONCRETO PRÉ-FABRICADO, DIMENSÕES 39X6,5X6,5X19 CM (COMPRIMENTO X BASE INFERIOR X BASE SUPERIOR X ALTURA), PARA DELIMITAÇÃO DE JARDINS, PRAÇAS OU PASSEIOS. AF_05/2016","M","COEFICIENTE DE REPRESENTATIVIDADE",58.2,"CAIXA REFERENCIAL"]
["DRENAGEM/OBRAS DE CONTENCAO/POCOS DE VISITA E CAIXAS","DROP","MEIO FIO, LINHA D'AGUA E SARJERTA","0037","","",94280,"ASSENTAMENTO DE GUIA (MEIO-FIO) EM TRECHO CURVO, CONFECCIONADA EM CONCRETO PRÉ-FABRICADO, DIMENSÕES 39X6,5X6,5X19 CM (COMPRIMENTO X BASE INFERIOR X BASE SUPERIOR X ALTURA), PARA DELIMITAÇÃO DE JARDINS, PRAÇAS OU PASSEIOS. AF_05/2016","M","COEFICIENTE DE REPRESENTATIVIDADE",61.82,"CAIXA REFERENCIAL"]
["DRENAGEM/OBRAS DE CONTENCAO/POCOS DE VISITA E CAIXAS","DROP","MEIO FIO, LINHA D'AGUA E SARJERTA","0037","","",94281,"EXECUÇÃO DE SARJETA DE CONCRETO USINADO, MOLDADA  IN LOCO  EM TRECHO RETO, 30 CM BASE X 15 CM ALTURA. AF_06/2016","M","COEFICIENTE DE REPRESENTATIVIDADE",61.19,"CAIXA REFERENCIAL"]
["DRENAGEM/OBRAS DE CONTENCAO/POCOS DE VISITA E CAIXAS","DROP","MEIO FIO, LINHA D'AGUA E SARJERTA","0037","","",94282,"EXECUÇÃO DE SARJETA DE CONCRETO USINADO, MOLDADA  IN LOCO  EM TRECHO CURVO, 30 CM BASE X 15 CM ALTURA. AF_06/2016","M","COEFICIENTE DE REPRESENTATIVIDADE",72.22,"CAIXA REFERENCIAL"]
["DRENAGEM/OBRAS DE CONTENCAO/POCOS DE VISITA E CAIXAS","DROP","MEIO FIO, LINHA D'AGUA E SARJERTA","0037","","",94283,"EXECUÇÃO DE SARJETA DE CONCRETO USINADO, MOLDADA  IN LOCO  EM TRECHO RETO, 45 CM BASE X 15 CM ALTURA. AF_06/2016","M","COEFICIENTE DE REPRESENTATIVIDADE",82.16,"CAIXA REFERENCIAL"]
["DRENAGEM/OBRAS DE CONTENCAO/POCOS DE VISITA E CAIXAS","DROP","MEIO FIO, LINHA D'AGUA E SARJERTA","0037","","",94284,"EXECUÇÃO DE SARJETA DE CONCRETO USINADO, MOLDADA  IN LOCO  EM TRECHO CURVO, 45 CM BASE X 15 CM ALTURA. AF_06/2016","M","COEFICIENTE DE REPRESENTATIVIDADE",93.2,"CAIXA REFERENCIAL"]
["DRENAGEM/OBRAS DE CONTENCAO/POCOS DE VISITA E CAIXAS","DROP","MEIO FIO, LINHA D'AGUA E SARJERTA","0037","","",94285,"EXECUÇÃO DE SARJETA DE CONCRETO USINADO, MOLDADA  IN LOCO  EM TRECHO RETO, 60 CM BASE X 15 CM ALTURA. AF_06/2016","M","COEFICIENTE DE REPRESENTATIVIDADE",102.61,"CAIXA REFERENCIAL"]
["DRENAGEM/OBRAS DE CONTENCAO/POCOS DE VISITA E CAIXAS","DROP","MEIO FIO, LINHA D'AGUA E SARJERTA","0037","","",94286,"EXECUÇÃO DE SARJETA DE CONCRETO USINADO, MOLDADA  IN LOCO  EM TRECHO CURVO, 60 CM BASE X 15 CM ALTURA. AF_06/2016","M","COEFICIENTE DE REPRESENTATIVIDADE",113.65,"CAIXA REFERENCIAL"]
["DRENAGEM/OBRAS DE CONTENCAO/POCOS DE VISITA E CAIXAS","DROP","MEIO FIO, LINHA D'AGUA E SARJERTA","0037","","",94287,"EXECUÇÃO DE SARJETA DE CONCRETO USINADO, MOLDADA  IN LOCO  EM TRECHO RETO, 30 CM BASE X 10 CM ALTURA. AF_06/2016","M","COEFICIENTE DE REPRESENTATIVIDADE",46.09,"CAIXA REFERENCIAL"]
["DRENAGEM/OBRAS DE CONTENCAO/POCOS DE VISITA E CAIXAS","DROP","MEIO FIO, LINHA D'AGUA E SARJERTA","0037","","",94288,"EXECUÇÃO DE SARJETA DE CONCRETO USINADO, MOLDADA  IN LOCO  EM TRECHO CURVO, 30 CM BASE X 10 CM ALTURA. AF_06/2016","M","COEFICIENTE DE REPRESENTATIVIDADE",55.74,"CAIXA REFERENCIAL"]
["DRENAGEM/OBRAS DE CONTENCAO/POCOS DE VISITA E CAIXAS","DROP","MEIO FIO, LINHA D'AGUA E SARJERTA","0037","","",94289,"EXECUÇÃO DE SARJETA DE CONCRETO USINADO, MOLDADA  IN LOCO  EM TRECHO RETO, 45 CM BASE X 10 CM ALTURA. AF_06/2016","M","COEFICIENTE DE REPRESENTATIVIDADE",60.87,"CAIXA REFERENCIAL"]
["DRENAGEM/OBRAS DE CONTENCAO/POCOS DE VISITA E CAIXAS","DROP","MEIO FIO, LINHA D'AGUA E SARJERTA","0037","","",94290,"EXECUÇÃO DE SARJETA DE CONCRETO USINADO, MOLDADA  IN LOCO  EM TRECHO CURVO, 45 CM BASE X 10 CM ALTURA. AF_06/2016","M","COEFICIENTE DE REPRESENTATIVIDADE",70.53,"CAIXA REFERENCIAL"]
["DRENAGEM/OBRAS DE CONTENCAO/POCOS DE VISITA E CAIXAS","DROP","MEIO FIO, LINHA D'AGUA E SARJERTA","0037","","",94291,"EXECUÇÃO DE SARJETA DE CONCRETO USINADO, MOLDADA  IN LOCO  EM TRECHO RETO, 60 CM BASE X 10 CM ALTURA. AF_06/2016","M","COEFICIENTE DE REPRESENTATIVIDADE",75.180000000000007,"CAIXA REFERENCIAL"]
["DRENAGEM/OBRAS DE CONTENCAO/POCOS DE VISITA E CAIXAS","DROP","MEIO FIO, LINHA D'AGUA E SARJERTA","0037","","",94292,"EXECUÇÃO DE SARJETA DE CONCRETO USINADO, MOLDADA  IN LOCO  EM TRECHO CURVO, 60 CM BASE X 10 CM ALTURA. AF_06/2016","M","COEFICIENTE DE REPRESENTATIVIDADE",84.83,"CAIXA REFERENCIAL"]
["DRENAGEM/OBRAS DE CONTENCAO/POCOS DE VISITA E CAIXAS","DROP","MEIO FIO, LINHA D'AGUA E SARJERTA","0037","","",94293,"EXECUÇÃO DE SARJETÃO DE CONCRETO USINADO, MOLDADA  IN LOCO  EM TRECHO RETO, 100 CM BASE X 20 CM ALTURA. AF_06/2016","M","COEFICIENTE DE REPRESENTATIVIDADE",209.48,"CAIXA REFERENCIAL"]
["DRENAGEM/OBRAS DE CONTENCAO/POCOS DE VISITA E CAIXAS","DROP","MEIO FIO, LINHA D'AGUA E SARJERTA","0037","","",94294,"EXECUÇÃO DE ESCORAS DE CONCRETO PARA CONTENÇÃO DE GUIAS PRÉ-FABRICADAS. AF_06/2016","M","COEFICIENTE DE REPRESENTATIVIDADE",11.15,"CAIXA REFERENCIAL"]
["DRENAGEM/OBRAS DE CONTENCAO/POCOS DE VISITA E CAIXAS","DROP","GALERIAS PLUVIAIS","0266","","",104491,"ADUELA/ GALERIA FECHADA PRE-MOLDADA DE CONCRETO ARMADO, SECAO QUADRANGULAR INTERNA DE 1,50 X 1,50 M (L X A), MISULA DE 20 X 20 CM, C = 1,00 M, ESPESSURA MIN = 15 CM, TB-45 E FCK DO CONCRETO = 30 MPA   FORNECIMENTO E ASSENTAMENTO. AF_01/2023","M","ATRIBUÍDO SÃO PAULO",3686.1,"CAIXA REFERENCIAL"]
["DRENAGEM/OBRAS DE CONTENCAO/POCOS DE VISITA E CAIXAS","DROP","GALERIAS PLUVIAIS","0266","","",104492,"ADUELA/ GALERIA FECHADA PRE-MOLDADA DE CONCRETO ARMADO, SECAO QUADRANGULAR INTERNA DE 2,00 X 2,00 M (L X A), MISULA DE 20 X 20 CM, C = 1,00 M, ESPESSURA MIN = 15 CM, TB-45 E FCK DO CONCRETO = 30 MPA   FORNECIMENTO E ASSENTAMENTO. AF_01/2023","M","ATRIBUÍDO SÃO PAULO",4609.26,"CAIXA REFERENCIAL"]
["DRENAGEM/OBRAS DE CONTENCAO/POCOS DE VISITA E CAIXAS","DROP","GALERIAS PLUVIAIS","0266","","",104494,"ADUELA/ GALERIA FECHADA PRE-MOLDADA DE CONCRETO ARMADO, SECAO QUADRANGULAR INTERNA DE 2,50 X 2,50 M (L X A), MISULA DE 20 X 20 CM, C = 1,00 M, ESPESSURA MIN = 15 CM, TB-45 E FCK DO CONCRETO = 30 MPA   FORNECIMENTO E ASSENTAMENTO. AF_01/2023","M","ATRIBUÍDO SÃO PAULO",6226.15,"CAIXA REFERENCIAL"]
["DRENAGEM/OBRAS DE CONTENCAO/POCOS DE VISITA E CAIXAS","DROP","GALERIAS PLUVIAIS","0266","","",104497,"ADUELA/ GALERIA FECHADA PRE-MOLDADA DE CONCRETO ARMADO, SECAO QUADRANGULAR INTERNA DE 3,00 X 3,00 M (L X A), MISULA DE 20 X 20 CM, C = 1,00 M, ESPESSURA MIN = 20 CM, TB-45 E FCK DO CONCRETO = 30 MPA   FORNECIMENTO E ASSENTAMENTO. AF_01/2023","M","ATRIBUÍDO SÃO PAULO",7464.93,"CAIXA REFERENCIAL"]
["DRENAGEM/OBRAS DE CONTENCAO/POCOS DE VISITA E CAIXAS","DROP","GALERIAS PLUVIAIS","0266","","",104515,"APLICAÇÃO DE MANTA GEOTÊXTIL NAS JUNTAS RÍGIDAS DE ADUELAS PRÉ-MOLDADAS DE CONCRETO ARMADO. AF_01/2023","M2","COEFICIENTE DE REPRESENTATIVIDADE",54.11,"CAIXA REFERENCIAL"]
["DRENAGEM/OBRAS DE CONTENCAO/POCOS DE VISITA E CAIXAS","DROP","BUEIROS","0317","","",102727,"FABRICAÇÃO, MONTAGEM E DESMONTAGEM DE FÔRMA PARA BOCA PARA BUEIRO, EM CHAPA DE MADEIRA COMPENSADA RESINADA, E = 17 MM, 2 UTILIZAÇÕES. AF_07/2021","M2","COEFICIENTE DE REPRESENTATIVIDADE",97.98,"CAIXA REFERENCIAL"]
["DRENAGEM/OBRAS DE CONTENCAO/POCOS DE VISITA E CAIXAS","DROP","BUEIROS","0317","","",102728,"ARMAÇÃO DE MURO ALA E MURO TESTA UTILIZANDO AÇO CA-50 DE 6,3 MM - MONTAGEM. AF_07/2021","KG","ATRIBUÍDO SÃO PAULO",16.899999999999999,"CAIXA REFERENCIAL"]
["DRENAGEM/OBRAS DE CONTENCAO/POCOS DE VISITA E CAIXAS","DROP","BUEIROS","0317","","",102729,"ARMAÇÃO DE MURO ALA E MURO TESTA UTILIZANDO AÇO CA-50 DE 8 MM - MONTAGEM. AF_07/2021","KG","ATRIBUÍDO SÃO PAULO",16.18,"CAIXA REFERENCIAL"]
["DRENAGEM/OBRAS DE CONTENCAO/POCOS DE VISITA E CAIXAS","DROP","BUEIROS","0317","","",102730,"ARMAÇÃO DE MURO ALA E MURO TESTA UTILIZANDO AÇO CA-50 DE 10 MM - MONTAGEM. AF_07/2021","KG","ATRIBUÍDO SÃO PAULO",14.63,"CAIXA REFERENCIAL"]
["DRENAGEM/OBRAS DE CONTENCAO/POCOS DE VISITA E CAIXAS","DROP","BUEIROS","0317","","",102731,"ARMAÇÃO DE MURO ALA E MURO TESTA UTILIZANDO AÇO CA-50 DE 12,5 MM - MONTAGEM. AF_07/2021","KG","ATRIBUÍDO SÃO PAULO",12.42,"CAIXA REFERENCIAL"]
["DRENAGEM/OBRAS DE CONTENCAO/POCOS DE VISITA E CAIXAS","DROP","BUEIROS","0317","","",102732,"ARMAÇÃO DE MURO ALA E MURO TESTA UTILIZANDO AÇO CA-50 DE 16 MM - MONTAGEM. AF_07/2021","KG","ATRIBUÍDO SÃO PAULO",11.9,"CAIXA REFERENCIAL"]
["DRENAGEM/OBRAS DE CONTENCAO/POCOS DE VISITA E CAIXAS","DROP","BUEIROS","0317","","",102733,"ARMAÇÃO DE MURO ALA E MURO TESTA UTILIZANDO AÇO CA-50 DE 20 MM - MONTAGEM. AF_07/2021","KG","ATRIBUÍDO SÃO PAULO",13.46,"CAIXA REFERENCIAL"]
["DRENAGEM/OBRAS DE CONTENCAO/POCOS DE VISITA E CAIXAS","DROP","BUEIROS","0317","","",102734,"ARMAÇÃO DE SOLEIRA UTILIZANDO AÇO CA-50 DE 6,3 MM - MONTAGEM. AF_07/2021","KG","ATRIBUÍDO SÃO PAULO",16.16,"CAIXA REFERENCIAL"]
["DRENAGEM/OBRAS DE CONTENCAO/POCOS DE VISITA E CAIXAS","DROP","BUEIROS","0317","","",102735,"ARMAÇÃO DE SOLEIRA UTILIZANDO AÇO CA-50 DE 8 MM - MONTAGEM. AF_07/2021","KG","ATRIBUÍDO SÃO PAULO",15.51,"CAIXA REFERENCIAL"]
["DRENAGEM/OBRAS DE CONTENCAO/POCOS DE VISITA E CAIXAS","DROP","BUEIROS","0317","","",102736,"CONCRETAGEM DE BOCA PARA BUEIRO, FCK = 20 MPA, COM USO DE BOMBA - LANÇAMENTO, ADENSAMENTO E ACABAMENTO. AF_07/2021","M3","ATRIBUÍDO SÃO PAULO",830,"CAIXA REFERENCIAL"]
["DRENAGEM/OBRAS DE CONTENCAO/POCOS DE VISITA E CAIXAS","DROP","BUEIROS","0317","","",102737,"BOCA PARA BUEIRO SIMPLES TUBULAR D = 40 CM EM CONCRETO, ALAS COM ESCONSIDADE DE 0°, INCLUINDO FÔRMAS E MATERIAIS. AF_07/2021","UN","ATRIBUÍDO SÃO PAULO",1236.8699999999999,"CAIXA REFERENCIAL"]
["DRENAGEM/OBRAS DE CONTENCAO/POCOS DE VISITA E CAIXAS","DROP","BUEIROS","0317","","",102738,"BOCA PARA BUEIRO SIMPLES TUBULAR D = 60 CM EM CONCRETO, ALAS COM ESCONSIDADE DE 0°, INCLUINDO FÔRMAS E MATERIAIS. AF_07/2021","UN","ATRIBUÍDO SÃO PAULO",2554.81,"CAIXA REFERENCIAL"]
["DRENAGEM/OBRAS DE CONTENCAO/POCOS DE VISITA E CAIXAS","DROP","BUEIROS","0317","","",102739,"BOCA PARA BUEIRO SIMPLES TUBULAR D = 80 CM EM CONCRETO, ALAS COM ESCONSIDADE DE 0°, INCLUINDO FÔRMAS E MATERIAIS. AF_07/2021","UN","ATRIBUÍDO SÃO PAULO",4295.37,"CAIXA REFERENCIAL"]
["DRENAGEM/OBRAS DE CONTENCAO/POCOS DE VISITA E CAIXAS","DROP","BUEIROS","0317","","",102740,"BOCA PARA BUEIRO SIMPLES TUBULAR D = 100 CM EM CONCRETO, ALAS COM ESCONSIDADE DE 0°, INCLUINDO FÔRMAS E MATERIAIS. AF_07/2021","UN","ATRIBUÍDO SÃO PAULO",6464.1,"CAIXA REFERENCIAL"]
["DRENAGEM/OBRAS DE CONTENCAO/POCOS DE VISITA E CAIXAS","DROP","BUEIROS","0317","","",102741,"BOCA PARA BUEIRO SIMPLES TUBULAR D = 120 CM EM CONCRETO, ALAS COM ESCONSIDADE DE 0°, INCLUINDO FÔRMAS E MATERIAIS. AF_07/2021","UN","ATRIBUÍDO SÃO PAULO",9107.59,"CAIXA REFERENCIAL"]
["DRENAGEM/OBRAS DE CONTENCAO/POCOS DE VISITA E CAIXAS","DROP","BUEIROS","0317","","",102742,"BOCA PARA BUEIRO SIMPLES TUBULAR D = 150 CM EM CONCRETO, ALAS COM ESCONSIDADE DE 0°, INCLUINDO FÔRMAS E MATERIAIS. AF_07/2021","UN","ATRIBUÍDO SÃO PAULO",15833.92,"CAIXA REFERENCIAL"]
["DRENAGEM/OBRAS DE CONTENCAO/POCOS DE VISITA E CAIXAS","DROP","BUEIROS","0317","","",102743,"BOCA PARA BUEIRO DUPLO TUBULAR D = 80 CM EM CONCRETO, ALAS COM ESCONSIDADE DE 0°, INCLUINDO FÔRMAS E MATERIAIS. AF_07/2021","UN","ATRIBUÍDO SÃO PAULO",5214.04,"CAIXA REFERENCIAL"]
["DRENAGEM/OBRAS DE CONTENCAO/POCOS DE VISITA E CAIXAS","DROP","BUEIROS","0317","","",102744,"BOCA PARA BUEIRO DUPLO TUBULAR D = 100 CM EM CONCRETO, ALAS COM ESCONSIDADE DE 0°, INCLUINDO FÔRMAS E MATERIAIS. AF_07/2021","UN","ATRIBUÍDO SÃO PAULO",7842.65,"CAIXA REFERENCIAL"]
["DRENAGEM/OBRAS DE CONTENCAO/POCOS DE VISITA E CAIXAS","DROP","BUEIROS","0317","","",102745,"BOCA PARA BUEIRO DUPLO TUBULAR D = 120 CM EM CONCRETO, ALAS COM ESCONSIDADE DE 0°, INCLUINDO FÔRMAS E MATERIAIS. AF_07/2021","UN","ATRIBUÍDO SÃO PAULO",11065.77,"CAIXA REFERENCIAL"]
["DRENAGEM/OBRAS DE CONTENCAO/POCOS DE VISITA E CAIXAS","DROP","BUEIROS","0317","","",102746,"BOCA PARA BUEIRO DUPLO TUBULAR D = 150 CM EM CONCRETO, ALAS COM ESCONSIDADE DE 0°, INCLUINDO FÔRMAS E MATERIAIS. AF_07/2021","UN","ATRIBUÍDO SÃO PAULO",19265.22,"CAIXA REFERENCIAL"]
["DRENAGEM/OBRAS DE CONTENCAO/POCOS DE VISITA E CAIXAS","DROP","BUEIROS","0317","","",102747,"BOCA PARA BUEIRO TRIPLO TUBULAR D = 100 CM EM CONCRETO, ALAS COM ESCONSIDADE DE 0°, INCLUINDO FÔRMAS E MATERIAIS. AF_07/2021","UN","ATRIBUÍDO SÃO PAULO",9761.56,"CAIXA REFERENCIAL"]
["DRENAGEM/OBRAS DE CONTENCAO/POCOS DE VISITA E CAIXAS","DROP","BUEIROS","0317","","",102748,"BOCA PARA BUEIRO TRIPLO TUBULAR D = 120 CM EM CONCRETO, ALAS COM ESCONSIDADE DE 0°, INCLUINDO FÔRMAS E MATERIAIS. AF_07/2021","UN","ATRIBUÍDO SÃO PAULO",13710.44,"CAIXA REFERENCIAL"]
["DRENAGEM/OBRAS DE CONTENCAO/POCOS DE VISITA E CAIXAS","DROP","BUEIROS","0317","","",102749,"BOCA PARA BUEIRO TRIPLO TUBULAR D = 150 CM EM CONCRETO, ALAS COM ESCONSIDADE DE 0°, INCLUINDO FÔRMAS E MATERIAIS. AF_07/2021","UN","ATRIBUÍDO SÃO PAULO",23639.57,"CAIXA REFERENCIAL"]
["DRENAGEM/OBRAS DE CONTENCAO/POCOS DE VISITA E CAIXAS","DROP","BUEIROS","0317","","",102750,"BOCA PARA BUEIRO SIMPLES TUBULAR D = 60 CM EM CONCRETO, ALAS COM ESCONSIDADE DE 30°, INCLUINDO FÔRMAS E MATERIAIS. AF_07/2021","UN","ATRIBUÍDO SÃO PAULO",3124.69,"CAIXA REFERENCIAL"]
["DRENAGEM/OBRAS DE CONTENCAO/POCOS DE VISITA E CAIXAS","DROP","BUEIROS","0317","","",102751,"BOCA PARA BUEIRO SIMPLES TUBULAR D = 80 CM EM CONCRETO, ALAS COM ESCONSIDADE DE 30°, INCLUINDO FÔRMAS E MATERIAIS. AF_07/2021","UN","ATRIBUÍDO SÃO PAULO",5470.25,"CAIXA REFERENCIAL"]
["DRENAGEM/OBRAS DE CONTENCAO/POCOS DE VISITA E CAIXAS","DROP","BUEIROS","0317","","",102752,"BOCA PARA BUEIRO SIMPLES TUBULAR D = 100 CM EM CONCRETO, ALAS COM ESCONSIDADE DE 30°, INCLUINDO FÔRMAS E MATERIAIS. AF_07/2021","UN","ATRIBUÍDO SÃO PAULO",8763.7900000000009,"CAIXA REFERENCIAL"]
["DRENAGEM/OBRAS DE CONTENCAO/POCOS DE VISITA E CAIXAS","DROP","BUEIROS","0317","","",102753,"BOCA PARA BUEIRO SIMPLES TUBULAR D = 120 CM EM CONCRETO, ALAS COM ESCONSIDADE DE 30°, INCLUINDO FÔRMAS E MATERIAIS. AF_07/2021","UN","ATRIBUÍDO SÃO PAULO",13035.45,"CAIXA REFERENCIAL"]
["DRENAGEM/OBRAS DE CONTENCAO/POCOS DE VISITA E CAIXAS","DROP","BUEIROS","0317","","",102754,"BOCA PARA BUEIRO SIMPLES TUBULAR D = 150 CM EM CONCRETO, ALAS COM ESCONSIDADE DE 30°, INCLUINDO FÔRMAS E MATERIAIS. AF_07/2021","UN","ATRIBUÍDO SÃO PAULO",24903.4,"CAIXA REFERENCIAL"]
["DRENAGEM/OBRAS DE CONTENCAO/POCOS DE VISITA E CAIXAS","DROP","BUEIROS","0317","","",102755,"BOCA PARA BUEIRO DUPLO TUBULAR D = 100 CM EM CONCRETO, ALAS COM ESCONSIDADE DE 30°, INCLUINDO FÔRMAS E MATERIAIS. AF_07/2021","UN","ATRIBUÍDO SÃO PAULO",12292.7,"CAIXA REFERENCIAL"]
["DRENAGEM/OBRAS DE CONTENCAO/POCOS DE VISITA E CAIXAS","DROP","BUEIROS","0317","","",102756,"BOCA PARA BUEIRO DUPLO TUBULAR D = 120 CM EM CONCRETO, ALAS COM ESCONSIDADE DE 30°, INCLUINDO FÔRMAS E MATERIAIS. AF_07/2021","UN","ATRIBUÍDO SÃO PAULO",18341.810000000001,"CAIXA REFERENCIAL"]
["DRENAGEM/OBRAS DE CONTENCAO/POCOS DE VISITA E CAIXAS","DROP","BUEIROS","0317","","",102757,"BOCA PARA BUEIRO DUPLO TUBULAR D = 150 CM EM CONCRETO, ALAS COM ESCONSIDADE DE 30°, INCLUINDO FÔRMAS E MATERIAIS. AF_07/2021","UN","ATRIBUÍDO SÃO PAULO",34285.69,"CAIXA REFERENCIAL"]
["DRENAGEM/OBRAS DE CONTENCAO/POCOS DE VISITA E CAIXAS","DROP","BUEIROS","0317","","",102758,"BOCA PARA BUEIRO TRIPLO TUBULAR D = 100 CM EM CONCRETO, ALAS COM ESCONSIDADE DE 30°, INCLUINDO FÔRMAS E MATERIAIS. AF_07/2021","UN","ATRIBUÍDO SÃO PAULO",15837.01,"CAIXA REFERENCIAL"]
["DRENAGEM/OBRAS DE CONTENCAO/POCOS DE VISITA E CAIXAS","DROP","BUEIROS","0317","","",102759,"BOCA PARA BUEIRO TRIPLO TUBULAR D = 120 CM EM CONCRETO, ALAS COM ESCONSIDADE DE 30°, INCLUINDO FÔRMAS E MATERIAIS. AF_07/2021","UN","ATRIBUÍDO SÃO PAULO",23671.57,"CAIXA REFERENCIAL"]
["DRENAGEM/OBRAS DE CONTENCAO/POCOS DE VISITA E CAIXAS","DROP","BUEIROS","0317","","",102760,"BOCA PARA BUEIRO TRIPLO TUBULAR D = 150 CM EM CONCRETO, ALAS COM ESCONSIDADE DE 30°, INCLUINDO FÔRMAS E MATERIAIS. AF_07/2021","UN","ATRIBUÍDO SÃO PAULO",43836.47,"CAIXA REFERENCIAL"]
["DRENAGEM/OBRAS DE CONTENCAO/POCOS DE VISITA E CAIXAS","DROP","BUEIROS","0317","","",102761,"BOCA PARA BUEIRO SIMPLES CELULAR 150 X 150 CM EM CONCRETO, ALAS COM ESCONSIDADE DE 30°, INCLUINDO FÔRMAS E MATERIAIS. AF_07/2021","UN","ATRIBUÍDO SÃO PAULO",14731.72,"CAIXA REFERENCIAL"]
["DRENAGEM/OBRAS DE CONTENCAO/POCOS DE VISITA E CAIXAS","DROP","BUEIROS","0317","","",102762,"BOCA PARA BUEIRO SIMPLES CELULAR 200 X 200 CM EM CONCRETO, ALAS COM ESCONSIDADE DE 30°, INCLUINDO FÔRMAS E MATERIAIS. AF_07/2021","UN","ATRIBUÍDO SÃO PAULO",23029.119999999999,"CAIXA REFERENCIAL"]
["DRENAGEM/OBRAS DE CONTENCAO/POCOS DE VISITA E CAIXAS","DROP","BUEIROS","0317","","",102763,"BOCA PARA BUEIRO SIMPLES CELULAR 250 X 250 CM EM CONCRETO, ALAS COM ESCONSIDADE DE 30°, INCLUINDO FÔRMAS E MATERIAIS. AF_07/2021","UN","ATRIBUÍDO SÃO PAULO",32145.25,"CAIXA REFERENCIAL"]
["DRENAGEM/OBRAS DE CONTENCAO/POCOS DE VISITA E CAIXAS","DROP","BUEIROS","0317","","",102764,"BOCA PARA BUEIRO SIMPLES CELULAR 300 X 300 CM EM CONCRETO, ALAS COM ESCONSIDADE DE 30°, INCLUINDO FÔRMAS E MATERIAIS. AF_07/2021","UN","ATRIBUÍDO SÃO PAULO",45806.37,"CAIXA REFERENCIAL"]
["DRENAGEM/OBRAS DE CONTENCAO/POCOS DE VISITA E CAIXAS","DROP","BUEIROS","0317","","",102765,"BOCA PARA BUEIRO DUPLO CELULAR 150 X 150 CM EM CONCRETO, ALAS COM ESCONSIDADE DE 30°, INCLUINDO FÔRMAS E MATERIAIS. AF_07/2021","UN","ATRIBUÍDO SÃO PAULO",18376.36,"CAIXA REFERENCIAL"]
["DRENAGEM/OBRAS DE CONTENCAO/POCOS DE VISITA E CAIXAS","DROP","BUEIROS","0317","","",102766,"BOCA PARA BUEIRO DUPLO CELULAR 200 X 200 CM EM CONCRETO, ALAS COM ESCONSIDADE DE 30°, INCLUINDO FÔRMAS E MATERIAIS. AF_07/2021","UN","ATRIBUÍDO SÃO PAULO",28027.16,"CAIXA REFERENCIAL"]
["DRENAGEM/OBRAS DE CONTENCAO/POCOS DE VISITA E CAIXAS","DROP","BUEIROS","0317","","",102767,"BOCA PARA BUEIRO DUPLO CELULAR 250 X 250 CM EM CONCRETO, ALAS COM ESCONSIDADE DE 30°, INCLUINDO FÔRMAS E MATERIAIS. AF_07/2021","UN","ATRIBUÍDO SÃO PAULO",39365.54,"CAIXA REFERENCIAL"]
["DRENAGEM/OBRAS DE CONTENCAO/POCOS DE VISITA E CAIXAS","DROP","BUEIROS","0317","","",102768,"BOCA PARA BUEIRO DUPLO CELULAR 300 X 300 CM EM CONCRETO, ALAS COM ESCONSIDADE DE 30°, INCLUINDO FÔRMAS E MATERIAIS. AF_07/2021","UN","ATRIBUÍDO SÃO PAULO",55580.22,"CAIXA REFERENCIAL"]
["DRENAGEM/OBRAS DE CONTENCAO/POCOS DE VISITA E CAIXAS","DROP","BUEIROS","0317","","",102769,"BOCA PARA BUEIRO TRIPLO CELULAR 150 X 150 CM EM CONCRETO, ALAS COM ESCONSIDADE DE 30°, INCLUINDO FÔRMAS E MATERIAIS. AF_07/2021","UN","ATRIBUÍDO SÃO PAULO",21370.99,"CAIXA REFERENCIAL"]
["DRENAGEM/OBRAS DE CONTENCAO/POCOS DE VISITA E CAIXAS","DROP","BUEIROS","0317","","",102770,"BOCA PARA BUEIRO TRIPLO CELULAR 200 X 200 CM EM CONCRETO, ALAS COM ESCONSIDADE DE 30°, INCLUINDO FÔRMAS E MATERIAIS. AF_07/2021","UN","ATRIBUÍDO SÃO PAULO",33091.120000000003,"CAIXA REFERENCIAL"]
["DRENAGEM/OBRAS DE CONTENCAO/POCOS DE VISITA E CAIXAS","DROP","BUEIROS","0317","","",102771,"BOCA PARA BUEIRO TRIPLO CELULAR 250 X 250 CM EM CONCRETO, ALAS COM ESCONSIDADE DE 30°, INCLUINDO FÔRMAS E MATERIAIS. AF_07/2021","UN","ATRIBUÍDO SÃO PAULO",46456.59,"CAIXA REFERENCIAL"]
["DRENAGEM/OBRAS DE CONTENCAO/POCOS DE VISITA E CAIXAS","DROP","BUEIROS","0317","","",102772,"BOCA PARA BUEIRO TRIPLO CELULAR 300 X 300 CM EM CONCRETO, ALAS COM ESCONSIDADE DE 30°, INCLUINDO FÔRMAS E MATERIAIS. AF_07/2021","UN","ATRIBUÍDO SÃO PAULO",66048.28,"CAIXA REFERENCIAL"]
["DRENAGEM/OBRAS DE CONTENCAO/POCOS DE VISITA E CAIXAS","DROP","BUEIROS","0317","","",102773,"BOCA PARA BUEIRO SIMPLES TUBULAR D = 40 CM EM GABIÃO, ALAS COM ESCONSIDADE DE 45°, INCLUINDO FÔRMAS E MATERIAIS. AF_07/2021","UN","ATRIBUÍDO SÃO PAULO",9988.92,"CAIXA REFERENCIAL"]
["DRENAGEM/OBRAS DE CONTENCAO/POCOS DE VISITA E CAIXAS","DROP","BUEIROS","0317","","",102774,"BOCA PARA BUEIRO SIMPLES TUBULAR D = 60 CM EM GABIÃO, ALAS COM ESCONSIDADE DE 45°, INCLUINDO FÔRMAS E MATERIAIS. AF_07/2021","UN","ATRIBUÍDO SÃO PAULO",9988.92,"CAIXA REFERENCIAL"]
["DRENAGEM/OBRAS DE CONTENCAO/POCOS DE VISITA E CAIXAS","DROP","BUEIROS","0317","","",102775,"BOCA PARA BUEIRO SIMPLES TUBULAR D = 80 CM EM GABIÃO, ALAS COM ESCONSIDADE DE 45°, INCLUINDO FÔRMAS E MATERIAIS. AF_07/2021","UN","ATRIBUÍDO SÃO PAULO",15069.96,"CAIXA REFERENCIAL"]
["DRENAGEM/OBRAS DE CONTENCAO/POCOS DE VISITA E CAIXAS","DROP","BUEIROS","0317","","",102776,"BOCA PARA BUEIRO SIMPLES TUBULAR D = 100 CM EM GABIÃO, ALAS COM ESCONSIDADE DE 45°, INCLUINDO FÔRMAS E MATERIAIS. AF_07/2021","UN","ATRIBUÍDO SÃO PAULO",15069.96,"CAIXA REFERENCIAL"]
["DRENAGEM/OBRAS DE CONTENCAO/POCOS DE VISITA E CAIXAS","DROP","BUEIROS","0317","","",102777,"BOCA PARA BUEIRO SIMPLES TUBULAR D = 120 CM EM GABIÃO, ALAS COM ESCONSIDADE DE 45°, INCLUINDO FÔRMAS E MATERIAIS. AF_07/2021","UN","ATRIBUÍDO SÃO PAULO",22910.94,"CAIXA REFERENCIAL"]
["DRENAGEM/OBRAS DE CONTENCAO/POCOS DE VISITA E CAIXAS","DROP","BUEIROS","0317","","",102778,"BOCA PARA BUEIRO SIMPLES TUBULAR D = 150 CM EM GABIÃO, ALAS COM ESCONSIDADE DE 45°, INCLUINDO FÔRMAS E MATERIAIS. AF_07/2021","UN","ATRIBUÍDO SÃO PAULO",34680.129999999997,"CAIXA REFERENCIAL"]
["DRENAGEM/OBRAS DE CONTENCAO/POCOS DE VISITA E CAIXAS","DROP","BUEIROS","0317","","",102779,"BOCA PARA BUEIRO DUPLO TUBULAR D = 40 CM EM GABIÃO, ALAS COM ESCONSIDADE DE 45°, INCLUINDO FÔRMAS E MATERIAIS. AF_07/2021","UN","ATRIBUÍDO SÃO PAULO",9988.92,"CAIXA REFERENCIAL"]
["DRENAGEM/OBRAS DE CONTENCAO/POCOS DE VISITA E CAIXAS","DROP","BUEIROS","0317","","",102780,"BOCA PARA BUEIRO DUPLO TUBULAR D = 60 CM EM GABIÃO, ALAS COM ESCONSIDADE DE 45°, INCLUINDO FÔRMAS E MATERIAIS. AF_07/2021","UN","ATRIBUÍDO SÃO PAULO",11478.6,"CAIXA REFERENCIAL"]
["DRENAGEM/OBRAS DE CONTENCAO/POCOS DE VISITA E CAIXAS","DROP","BUEIROS","0317","","",102781,"BOCA PARA BUEIRO DUPLO TUBULAR D = 80 CM EM GABIÃO, ALAS COM ESCONSIDADE DE 45°, INCLUINDO FÔRMAS E MATERIAIS. AF_07/2021","UN","ATRIBUÍDO SÃO PAULO",17194.77,"CAIXA REFERENCIAL"]
["DRENAGEM/OBRAS DE CONTENCAO/POCOS DE VISITA E CAIXAS","DROP","BUEIROS","0317","","",102782,"BOCA PARA BUEIRO DUPLO TUBULAR D = 100 CM EM GABIÃO, ALAS COM ESCONSIDADE DE 45°, INCLUINDO FÔRMAS E MATERIAIS. AF_07/2021","UN","ATRIBUÍDO SÃO PAULO",19230.580000000002,"CAIXA REFERENCIAL"]
["DRENAGEM/OBRAS DE CONTENCAO/POCOS DE VISITA E CAIXAS","DROP","BUEIROS","0317","","",102783,"BOCA PARA BUEIRO DUPLO TUBULAR D = 120 CM EM GABIÃO, ALAS COM ESCONSIDADE DE 45°, INCLUINDO FÔRMAS E MATERIAIS. AF_07/2021","UN","ATRIBUÍDO SÃO PAULO",25581.88,"CAIXA REFERENCIAL"]
["DRENAGEM/OBRAS DE CONTENCAO/POCOS DE VISITA E CAIXAS","DROP","BUEIROS","0317","","",102784,"BOCA PARA BUEIRO DUPLO TUBULAR D = 150 CM EM GABIÃO, ALAS COM ESCONSIDADE DE 45°, INCLUINDO FÔRMAS E MATERIAIS. AF_07/2021","UN","ATRIBUÍDO SÃO PAULO",40564.720000000001,"CAIXA REFERENCIAL"]
["DRENAGEM/OBRAS DE CONTENCAO/POCOS DE VISITA E CAIXAS","DROP","BUEIROS","0317","","",102785,"BOCA PARA BUEIRO TRIPLO TUBULAR D = 40 CM EM GABIÃO, ALAS COM ESCONSIDADE DE 45°, INCLUINDO FÔRMAS E MATERIAIS. AF_07/2021","UN","ATRIBUÍDO SÃO PAULO",11478.6,"CAIXA REFERENCIAL"]
["DRENAGEM/OBRAS DE CONTENCAO/POCOS DE VISITA E CAIXAS","DROP","BUEIROS","0317","","",102786,"BOCA PARA BUEIRO TRIPLO TUBULAR D = 60 CM EM GABIÃO, ALAS COM ESCONSIDADE DE 45°, INCLUINDO FÔRMAS E MATERIAIS. AF_07/2021","UN","ATRIBUÍDO SÃO PAULO",12879.28,"CAIXA REFERENCIAL"]
["DRENAGEM/OBRAS DE CONTENCAO/POCOS DE VISITA E CAIXAS","DROP","BUEIROS","0317","","",102787,"BOCA PARA BUEIRO TRIPLO TUBULAR D = 80 CM EM GABIÃO, ALAS COM ESCONSIDADE DE 45°, INCLUINDO FÔRMAS E MATERIAIS. AF_07/2021","UN","ATRIBUÍDO SÃO PAULO",19230.580000000002,"CAIXA REFERENCIAL"]
["DRENAGEM/OBRAS DE CONTENCAO/POCOS DE VISITA E CAIXAS","DROP","BUEIROS","0317","","",102788,"BOCA PARA BUEIRO TRIPLO TUBULAR D = 100 CM EM GABIÃO, ALAS COM ESCONSIDADE DE 45°, INCLUINDO FÔRMAS E MATERIAIS. AF_07/2021","UN","ATRIBUÍDO SÃO PAULO",21249.7,"CAIXA REFERENCIAL"]
["DRENAGEM/OBRAS DE CONTENCAO/POCOS DE VISITA E CAIXAS","DROP","BUEIROS","0317","","",102789,"BOCA PARA BUEIRO TRIPLO TUBULAR D = 120 CM EM GABIÃO, ALAS COM ESCONSIDADE DE 45°, INCLUINDO FÔRMAS E MATERIAIS. AF_07/2021","UN","ATRIBUÍDO SÃO PAULO",28152.69,"CAIXA REFERENCIAL"]
["DRENAGEM/OBRAS DE CONTENCAO/POCOS DE VISITA E CAIXAS","DROP","BUEIROS","0317","","",102790,"BOCA PARA BUEIRO TRIPLO TUBULAR D = 150 CM EM GABIÃO, ALAS COM ESCONSIDADE DE 45°, INCLUINDO FÔRMAS E MATERIAIS. AF_07/2021","UN","ATRIBUÍDO SÃO PAULO",46727.44,"CAIXA REFERENCIAL"]
["DRENAGEM/OBRAS DE CONTENCAO/POCOS DE VISITA E CAIXAS","DROP","BUEIROS","0317","","",102791,"BOCA PARA BUEIRO SIMPLES CELULAR 150 X 150 CM EM GABIÃO, ALAS COM ESCONSIDADE DE 45°, INCLUINDO FÔRMAS E MATERIAIS. AF_07/2021","UN","ATRIBUÍDO SÃO PAULO",37130.980000000003,"CAIXA REFERENCIAL"]
["DRENAGEM/OBRAS DE CONTENCAO/POCOS DE VISITA E CAIXAS","DROP","BUEIROS","0317","","",102792,"BOCA PARA BUEIRO SIMPLES CELULAR 200 X 200 CM EM GABIÃO, ALAS COM ESCONSIDADE DE 45°, INCLUINDO FÔRMAS E MATERIAIS. AF_07/2021","UN","ATRIBUÍDO SÃO PAULO",60766.720000000001,"CAIXA REFERENCIAL"]
["DRENAGEM/OBRAS DE CONTENCAO/POCOS DE VISITA E CAIXAS","DROP","BUEIROS","0317","","",102793,"BOCA PARA BUEIRO SIMPLES CELULAR 250 X 250 CM EM GABIÃO, ALAS COM ESCONSIDADE DE 45°, INCLUINDO FÔRMAS E MATERIAIS. AF_07/2021","UN","ATRIBUÍDO SÃO PAULO",82133.899999999994,"CAIXA REFERENCIAL"]
["DRENAGEM/OBRAS DE CONTENCAO/POCOS DE VISITA E CAIXAS","DROP","BUEIROS","0317","","",102794,"BOCA PARA BUEIRO SIMPLES CELULAR 300 X 300 CM EM GABIÃO, ALAS COM ESCONSIDADE DE 45°, INCLUINDO FÔRMAS E MATERIAIS. AF_07/2021","UN","ATRIBUÍDO SÃO PAULO",118393.82,"CAIXA REFERENCIAL"]
["DRENAGEM/OBRAS DE CONTENCAO/POCOS DE VISITA E CAIXAS","DROP","BUEIROS","0317","","",102795,"BOCA PARA BUEIRO DUPLO CELULAR 150 X 150 CM EM GABIÃO, ALAS COM ESCONSIDADE DE 45°, INCLUINDO FÔRMAS E MATERIAIS. AF_07/2021","UN","ATRIBUÍDO SÃO PAULO",39471.79,"CAIXA REFERENCIAL"]
["DRENAGEM/OBRAS DE CONTENCAO/POCOS DE VISITA E CAIXAS","DROP","BUEIROS","0317","","",102796,"BOCA PARA BUEIRO DUPLO CELULAR 200 X 200 CM EM GABIÃO, ALAS COM ESCONSIDADE DE 45°, INCLUINDO FÔRMAS E MATERIAIS. AF_07/2021","UN","ATRIBUÍDO SÃO PAULO",64129.29,"CAIXA REFERENCIAL"]
["DRENAGEM/OBRAS DE CONTENCAO/POCOS DE VISITA E CAIXAS","DROP","BUEIROS","0317","","",102797,"BOCA PARA BUEIRO DUPLO CELULAR 250 X 250 CM EM GABIÃO, ALAS COM ESCONSIDADE DE 45°, INCLUINDO FÔRMAS E MATERIAIS. AF_07/2021","UN","ATRIBUÍDO SÃO PAULO",90931.32,"CAIXA REFERENCIAL"]
["DRENAGEM/OBRAS DE CONTENCAO/POCOS DE VISITA E CAIXAS","DROP","BUEIROS","0317","","",102798,"BOCA PARA BUEIRO DUPLO CELULAR 300 X 300 CM EM GABIÃO, ALAS COM ESCONSIDADE DE 45°, INCLUINDO FÔRMAS E MATERIAIS. AF_07/2021","UN","ATRIBUÍDO SÃO PAULO",111795.11,"CAIXA REFERENCIAL"]
["DRENAGEM/OBRAS DE CONTENCAO/POCOS DE VISITA E CAIXAS","DROP","BUEIROS","0317","","",102799,"BOCA PARA BUEIRO TRIPLO CELULAR 150 X 150 CM EM GABIÃO, ALAS COM ESCONSIDADE DE 45°, INCLUINDO FÔRMAS E MATERIAIS. AF_07/2021","UN","ATRIBUÍDO SÃO PAULO",40318.629999999997,"CAIXA REFERENCIAL"]
["DRENAGEM/OBRAS DE CONTENCAO/POCOS DE VISITA E CAIXAS","DROP","BUEIROS","0317","","",102800,"BOCA PARA BUEIRO TRIPLO CELULAR 200 X 200 CM EM GABIÃO, ALAS COM ESCONSIDADE DE 45°, INCLUINDO FÔRMAS E MATERIAIS. AF_07/2021","UN","ATRIBUÍDO SÃO PAULO",70255.22,"CAIXA REFERENCIAL"]
["DRENAGEM/OBRAS DE CONTENCAO/POCOS DE VISITA E CAIXAS","DROP","BUEIROS","0317","","",102801,"BOCA PARA BUEIRO TRIPLO CELULAR 250 X 250 CM EM GABIÃO, ALAS COM ESCONSIDADE DE 45°, INCLUINDO FÔRMAS E MATERIAIS. AF_07/2021","UN","ATRIBUÍDO SÃO PAULO",98480.18,"CAIXA REFERENCIAL"]
["DRENAGEM/OBRAS DE CONTENCAO/POCOS DE VISITA E CAIXAS","DROP","BUEIROS","0317","","",102802,"BOCA PARA BUEIRO TRIPLO CELULAR 300 X 300 CM EM GABIÃO, ALAS COM ESCONSIDADE DE 45°, INCLUINDO FÔRMAS E MATERIAIS. AF_07/2021","UN","ATRIBUÍDO SÃO PAULO",118353.05,"CAIXA REFERENCIAL"]
["ESCORAMENTO","ESCO","ESCORAMENTO DE MADEIRA EM VALAS","0023","","",101570,"ESCORAMENTO DE VALA, TIPO PONTALETEAMENTO, COM PROFUNDIDADE DE 0 A 1,5 M, LARGURA MENOR QUE 1,5 M. AF_08/2020","M2","ATRIBUÍDO SÃO PAULO",18.05,"CAIXA REFERENCIAL"]
["ESCORAMENTO","ESCO","ESCORAMENTO DE MADEIRA EM VALAS","0023","","",101571,"ESCORAMENTO DE VALA, TIPO PONTALETEAMENTO, COM PROFUNDIDADE DE 0 A 1,5 M, LARGURA MAIOR OU IGUAL A 1,5 M E MENOR QUE 2,5 M. AF_08/2020","M2","ATRIBUÍDO SÃO PAULO",25.24,"CAIXA REFERENCIAL"]
["ESCORAMENTO","ESCO","ESCORAMENTO DE MADEIRA EM VALAS","0023","","",101572,"ESCORAMENTO DE VALA, TIPO PONTALETEAMENTO, COM PROFUNDIDADE DE 1,5 A 3,0 M, LARGURA MENOR QUE 1,5 M. AF_08/2020","M2","ATRIBUÍDO SÃO PAULO",14.02,"CAIXA REFERENCIAL"]
["ESCORAMENTO","ESCO","ESCORAMENTO DE MADEIRA EM VALAS","0023","","",101573,"ESCORAMENTO DE VALA, TIPO PONTALETEAMENTO, COM PROFUNDIDADE DE 1,5 A 3,0 M, LARGURA MAIOR OU IGUAL A 1,5 M E MENOR QUE 2,5 M. AF_08/2020","M2","ATRIBUÍDO SÃO PAULO",21.2,"CAIXA REFERENCIAL"]
["ESCORAMENTO","ESCO","ESCORAMENTO DE MADEIRA EM VALAS","0023","","",101574,"ESCORAMENTO DE VALA, TIPO PONTALETEAMENTO, COM PROFUNDIDADE DE 3,0 A 4,5 M, LARGURA MENOR QUE 1,5 M. AF_08/2020","M2","ATRIBUÍDO SÃO PAULO",10.5,"CAIXA REFERENCIAL"]
["ESCORAMENTO","ESCO","ESCORAMENTO DE MADEIRA EM VALAS","0023","","",101575,"ESCORAMENTO DE VALA, TIPO PONTALETEAMENTO, COM PROFUNDIDADE DE 3,0 A 4,5 M, LARGURA MAIOR OU IGUAL A 1,5 M E MENOR QUE 2,5 M. AF_08/2020","M2","ATRIBUÍDO SÃO PAULO",17.86,"CAIXA REFERENCIAL"]
["ESCORAMENTO","ESCO","ESCORAMENTO DE MADEIRA EM VALAS","0023","","",101576,"ESCORAMENTO DE VALA, TIPO DESCONTÍNUO, COM PROFUNDIDADE DE 0 A 1,5 M, LARGURA MENOR QUE 1,5 M. AF_08/2020","M2","ATRIBUÍDO SÃO PAULO",29.77,"CAIXA REFERENCIAL"]
["ESCORAMENTO","ESCO","ESCORAMENTO DE MADEIRA EM VALAS","0023","","",101577,"ESCORAMENTO DE VALA, TIPO DESCONTÍNUO, COM PROFUNDIDADE DE 0 A 1,5 M, LARGURA MAIOR OU IGUAL A 1,5 M E MENOR QUE 2,5 M. AF_08/2020","M2","ATRIBUÍDO SÃO PAULO",38.96,"CAIXA REFERENCIAL"]
["ESCORAMENTO","ESCO","ESCORAMENTO DE MADEIRA EM VALAS","0023","","",101578,"ESCORAMENTO DE VALA, TIPO DESCONTÍNUO, COM PROFUNDIDADE DE 1,5 M A 3,0 M, LARGURA MENOR QUE 1,5 M. AF_08/2020","M2","ATRIBUÍDO SÃO PAULO",24.15,"CAIXA REFERENCIAL"]
["ESCORAMENTO","ESCO","ESCORAMENTO DE MADEIRA EM VALAS","0023","","",101579,"ESCORAMENTO DE VALA, TIPO DESCONTÍNUO, COM PROFUNDIDADE DE 1,5 A 3,0 M, LARGURA MAIOR OU IGUAL A 1,5 M E MENOR QUE 2,5 M. AF_08/2020","M2","ATRIBUÍDO SÃO PAULO",33.33,"CAIXA REFERENCIAL"]
["ESCORAMENTO","ESCO","ESCORAMENTO DE MADEIRA EM VALAS","0023","","",101580,"ESCORAMENTO DE VALA, TIPO DESCONTÍNUO, COM PROFUNDIDADE DE 3,0 A 4,5 M, LARGURA MENOR QUE 1,5 M. AF_08/2020","M2","ATRIBUÍDO SÃO PAULO",20.47,"CAIXA REFERENCIAL"]
["ESCORAMENTO","ESCO","ESCORAMENTO DE MADEIRA EM VALAS","0023","","",101581,"ESCORAMENTO DE VALA, TIPO DESCONTÍNUO, COM PROFUNDIDADE DE 3,0 A 4,5 M, LARGURA MAIOR OU IGUAL A 1,5 E MENOR QUE 2,5 M. AF_08/2020","M2","ATRIBUÍDO SÃO PAULO",29.82,"CAIXA REFERENCIAL"]
["ESCORAMENTO","ESCO","ESCORAMENTO DE MADEIRA EM VALAS","0023","","",101582,"ESCORAMENTO DE VALA, TIPO CONTÍNUO, COM PROFUNDIDADE DE 0 A 1,5 M, LARGURA MENOR QUE 1,5 M. AF_08/2020","M2","ATRIBUÍDO SÃO PAULO",48.4,"CAIXA REFERENCIAL"]
["ESCORAMENTO","ESCO","ESCORAMENTO DE MADEIRA EM VALAS","0023","","",101583,"ESCORAMENTO DE VALA, TIPO CONTÍNUO, COM PROFUNDIDADE DE 0 A 1,5 M, LARGURA MAIOR OU IGUAL A 1,5 M E MENOR QUE 2,5 M. AF_08/2020","M2","ATRIBUÍDO SÃO PAULO",62.65,"CAIXA REFERENCIAL"]
["ESCORAMENTO","ESCO","ESCORAMENTO DE MADEIRA EM VALAS","0023","","",101584,"ESCORAMENTO DE VALA, TIPO CONTÍNUO, COM PROFUNDIDADE DE 1,5 M A 3,0 M, LARGURA MENOR QUE 1,5 M. AF_08/2020","M2","ATRIBUÍDO SÃO PAULO",39.08,"CAIXA REFERENCIAL"]
["ESCORAMENTO","ESCO","ESCORAMENTO DE MADEIRA EM VALAS","0023","","",101585,"ESCORAMENTO DE VALA, TIPO CONTÍNUO, COM PROFUNDIDADE DE 1,5 A 3,0 M, LARGURA MAIOR OU IGUAL A 1,5 M E MENOR QUE 2,5 M. AF_08/2020","M2","ATRIBUÍDO SÃO PAULO",53.34,"CAIXA REFERENCIAL"]
["ESCORAMENTO","ESCO","ESCORAMENTO DE MADEIRA EM VALAS","0023","","",101586,"ESCORAMENTO DE VALA, TIPO CONTÍNUO, COM PROFUNDIDADE DE 3,0 A 4,5 M, LARGURA MENOR QUE 1,5 M. AF_08/2020","M2","ATRIBUÍDO SÃO PAULO",32.44,"CAIXA REFERENCIAL"]
["ESCORAMENTO","ESCO","ESCORAMENTO DE MADEIRA EM VALAS","0023","","",101587,"ESCORAMENTO DE VALA, TIPO CONTÍNUO, COM PROFUNDIDADE DE 3,0 A 4,5 M, LARGURA MAIOR OU IGUAL A 1,5 E MENOR QUE 2,5 M. AF_08/2020","M2","ATRIBUÍDO SÃO PAULO",46.88,"CAIXA REFERENCIAL"]
["ESCORAMENTO","ESCO","ESCORAMENTO METALICO EM VALAS OU POCOS","0024","","",101588,"ESCORAMENTO DE VALA, TIPO CONTÍNUO COM PERFIL METÁLICO \"U\", COM PROFUNDIDADE DE 0 A 1,5 M, LARGURA MENOR QUE 1,5 M. AF_08/2020","M2","ATRIBUÍDO SÃO PAULO",80.11,"CAIXA REFERENCIAL"]
["ESCORAMENTO","ESCO","ESCORAMENTO METALICO EM VALAS OU POCOS","0024","","",101589,"ESCORAMENTO DE VALA,TIPO CONTÍNUO COM PERFIL METÁLICO \"U\", COM PROFUNDIDADE DE 0 A 1,5 M, LARGURA MAIOR OU IGUAL A 1,5 E MENOR QUE 2,5 M. AF_08/2020","M2","ATRIBUÍDO SÃO PAULO",117.25,"CAIXA REFERENCIAL"]
["ESCORAMENTO","ESCO","ESCORAMENTO METALICO EM VALAS OU POCOS","0024","","",101590,"ESCORAMENTO DE VALA, TIPO CONTÍNUO COM PERFIL METÁLICO \"U\", COM PROFUNDIDADE DE 1,5 A 3,0 M, LARGURA MENOR QUE 1,5 M. AF_08/2020","M2","ATRIBUÍDO SÃO PAULO",60.38,"CAIXA REFERENCIAL"]
["ESCORAMENTO","ESCO","ESCORAMENTO METALICO EM VALAS OU POCOS","0024","","",101591,"ESCORAMENTO DE VALA, TIPO CONTÍNUO COM PERFIL METÁLICO \"U\", COM PROFUNDIDADE DE 1,5 A 3,0 M, LARGURA MAIOR OU IGUAL 1,5 M E MENOR QUE 2,5 M. AF_08/2020","M2","ATRIBUÍDO SÃO PAULO",97.52,"CAIXA REFERENCIAL"]
["ESCORAMENTO","ESCO","ESCORAMENTO METALICO EM VALAS OU POCOS","0024","","",101592,"ESCORAMENTO DE VALA, TIPO CONTÍNUO COM PERFIL METÁLICO \"U\", COM PROFUNDIDADE DE 3,0 A 4,5 M, LARGURA MENOR QUE 1,5 M. AF_08/2020","M2","ATRIBUÍDO SÃO PAULO",41.69,"CAIXA REFERENCIAL"]
["ESCORAMENTO","ESCO","ESCORAMENTO METALICO EM VALAS OU POCOS","0024","","",101593,"ESCORAMENTO DE VALA, TIPO CONTÍNUO COM PERFIL METÁLICO \"U\", COM PROFUNDIDADE DE 3,0 A 4,5 M, LARGURA MAIOR OU IGUAL A 1,5 M E MENOR QUE 2,5 M. AF_08/2020","M2","ATRIBUÍDO SÃO PAULO",78.98,"CAIXA REFERENCIAL"]
["ESCORAMENTO","ESCO","ESCORAMENTO METALICO EM VALAS OU POCOS","0024","","",101600,"ESCORAMENTO DE VALA, TIPO BLINDAGEM, COM PROFUNDIDADE DE 0 A 1,5 M, LARGURA MENOR QUE 1,5 M - EXECUÇÃO, NÃO INCLUI MATERIAL. AF_08/2020","M2","ATRIBUÍDO SÃO PAULO",15.2,"CAIXA REFERENCIAL"]
["ESCORAMENTO","ESCO","ESCORAMENTO METALICO EM VALAS OU POCOS","0024","","",101601,"ESCORAMENTO DE VALA, TIPO BLINDAGEM COM PROFUNDIDADE DE 0 A 1,5 M, LARGURA MAIOR OU IGUAL A 1,5 M E MENOR QUE 2,5 M - EXECUÇÃO, NÃO INCLUI MATERIAL. AF_08/2020","M2","ATRIBUÍDO SÃO PAULO",22.51,"CAIXA REFERENCIAL"]
["ESCORAMENTO","ESCO","ESCORAMENTO METALICO EM VALAS OU POCOS","0024","","",101602,"ESCORAMENTO DE VALA, TIPO BLINDAGEM, COM PROFUNDIDADE DE 1,5 A 3,0 M, LARGURA MENOR QUE 1,5 M - EXECUÇÃO, NÃO INCLUI MATERIAL. AF_08/2020","M2","ATRIBUÍDO SÃO PAULO",11.27,"CAIXA REFERENCIAL"]
["ESCORAMENTO","ESCO","ESCORAMENTO METALICO EM VALAS OU POCOS","0024","","",101603,"ESCORAMENTO DE VALA, TIPO BLINDAGEM, COM PROFUNDIDADE DE 1,5 A 3,0 M, LARGURA MAIOR OU IGUAL A 1,5 M E MENOR QUE 2,5 M - EXECUÇÃO, NÃO INCLUI MATERIAL. AF_08/2020","M2","ATRIBUÍDO SÃO PAULO",18.579999999999998,"CAIXA REFERENCIAL"]
["ESCORAMENTO","ESCO","ESCORAMENTO METALICO EM VALAS OU POCOS","0024","","",101604,"ESCORAMENTO DE VALA, TIPO BLINDAGEM, COM PROFUNDIDADE DE 3,0 A 4,5 M, LARGURA MENOR QUE 1,5 M - EXECUÇÃO, NÃO INCLUI MATERIAL. AF_08/2020","M2","ATRIBUÍDO SÃO PAULO",7.37,"CAIXA REFERENCIAL"]
["ESCORAMENTO","ESCO","ESCORAMENTO METALICO EM VALAS OU POCOS","0024","","",101605,"ESCORAMENTO DE VALA, TIPO BLINDAGEM, COM PROFUNDIDADE DE 3,0 A 4,5 M, LARGURA MAIOR OU IGUAL A 1,5 M E MENOR QUE 2,5 M - EXECUÇÃO, NÃO INCLUI MATERIAL. AF_08/2020","M2","ATRIBUÍDO SÃO PAULO",14.68,"CAIXA REFERENCIAL"]
["ESQUADRIAS/FERRAGENS/VIDROS","ESQV","PORTA DE MADEIRA","0089","","",90788,"KIT DE PORTA-PRONTA DE MADEIRA EM ACABAMENTO MELAMÍNICO BRANCO, FOLHA LEVE OU MÉDIA, 60X210CM, EXCLUSIVE FECHADURA, FIXAÇÃO COM PREENCHIMENTO PARCIAL DE ESPUMA EXPANSIVA - FORNECIMENTO E INSTALAÇÃO. AF_12/2019","UN","ATRIBUÍDO SÃO PAULO",893.61,"CAIXA REFERENCIAL"]
["ESQUADRIAS/FERRAGENS/VIDROS","ESQV","PORTA DE MADEIRA","0089","","",90789,"KIT DE PORTA-PRONTA DE MADEIRA EM ACABAMENTO MELAMÍNICO BRANCO, FOLHA LEVE OU MÉDIA, 70X210CM, EXCLUSIVE FECHADURA, FIXAÇÃO COM PREENCHIMENTO PARCIAL DE ESPUMA EXPANSIVA - FORNECIMENTO E INSTALAÇÃO. AF_12/2019","UN","ATRIBUÍDO SÃO PAULO",895.07,"CAIXA REFERENCIAL"]
["ESQUADRIAS/FERRAGENS/VIDROS","ESQV","PORTA DE MADEIRA","0089","","",90790,"KIT DE PORTA-PRONTA DE MADEIRA EM ACABAMENTO MELAMÍNICO BRANCO, FOLHA LEVE OU MÉDIA, 80X210CM, EXCLUSIVE FECHADURA, FIXAÇÃO COM PREENCHIMENTO PARCIAL DE ESPUMA EXPANSIVA - FORNECIMENTO E INSTALAÇÃO. AF_12/2019","UN","ATRIBUÍDO SÃO PAULO",922.87,"CAIXA REFERENCIAL"]
["ESQUADRIAS/FERRAGENS/VIDROS","ESQV","PORTA DE MADEIRA","0089","","",90791,"KIT DE PORTA-PRONTA DE MADEIRA EM ACABAMENTO MELAMÍNICO BRANCO, FOLHA PESADA OU SUPERPESADA, 80X210CM, FIXAÇÃO COM PREENCHIMENTO PARCIAL DE ESPUMA EXPANSIVA - FORNECIMENTO E INSTALAÇÃO. AF_12/2019","UN","ATRIBUÍDO SÃO PAULO",1080.5,"CAIXA REFERENCIAL"]
["ESQUADRIAS/FERRAGENS/VIDROS","ESQV","PORTA DE MADEIRA","0089","","",90793,"KIT DE PORTA-PRONTA DE MADEIRA EM ACABAMENTO MELAMÍNICO BRANCO, FOLHA PESADA OU SUPERPESADA, 90X210CM, FIXAÇÃO COM PREENCHIMENTO TOTAL DE ESPUMA EXPANSIVA - FORNECIMENTO E INSTALAÇÃO. AF_12/2019","UN","ATRIBUÍDO SÃO PAULO",1145.1400000000001,"CAIXA REFERENCIAL"]
["ESQUADRIAS/FERRAGENS/VIDROS","ESQV","PORTA DE MADEIRA","0089","","",90794,"KIT DE PORTA-PRONTA DE MADEIRA EM ACABAMENTO MELAMÍNICO BRANCO, FOLHA LEVE OU MÉDIA, E BATENTE METÁLICO, 60X210CM, FIXAÇÃO COM ARGAMASSA - FORNECIMENTO E INSTALAÇÃO. AF_12/2019","UN","ATRIBUÍDO SÃO PAULO",760.32,"CAIXA REFERENCIAL"]
["ESQUADRIAS/FERRAGENS/VIDROS","ESQV","PORTA DE MADEIRA","0089","","",90795,"KIT DE PORTA-PRONTA DE MADEIRA EM ACABAMENTO MELAMÍNICO BRANCO, FOLHA LEVE OU MÉDIA, E BATENTE METÁLICO, 70X210CM, FIXAÇÃO COM ARGAMASSA - FORNECIMENTO E INSTALAÇÃO. AF_12/2019","UN","ATRIBUÍDO SÃO PAULO",766.68,"CAIXA REFERENCIAL"]
["ESQUADRIAS/FERRAGENS/VIDROS","ESQV","PORTA DE MADEIRA","0089","","",90796,"KIT DE PORTA-PRONTA DE MADEIRA EM ACABAMENTO MELAMÍNICO BRANCO, FOLHA LEVE OU MÉDIA, E BATENTE METÁLICO, 80X210CM, FIXAÇÃO COM ARGAMASSA - FORNECIMENTO E INSTALAÇÃO. AF_12/2019","UN","ATRIBUÍDO SÃO PAULO",773.05,"CAIXA REFERENCIAL"]
["ESQUADRIAS/FERRAGENS/VIDROS","ESQV","PORTA DE MADEIRA","0089","","",90797,"KIT DE PORTA-PRONTA DE MADEIRA EM ACABAMENTO MELAMÍNICO BRANCO, FOLHA LEVE OU MÉDIA, E BATENTE METÁLICO, 90X210CM, FIXAÇÃO COM ARGAMASSA - FORNECIMENTO E INSTALAÇÃO. AF_12/2019","UN","ATRIBUÍDO SÃO PAULO",779.4,"CAIXA REFERENCIAL"]
["ESQUADRIAS/FERRAGENS/VIDROS","ESQV","PORTA DE MADEIRA","0089","","",90798,"KIT DE PORTA-PRONTA DE MADEIRA EM ACABAMENTO MELAMÍNICO BRANCO, FOLHA PESADA OU SUPERPESADA, E BATENTE METÁLICO, 80X210CM, FIXAÇÃO COM ARGAMASSA - FORNECIMENTO E INSTALAÇÃO. AF_12/2019","UN","ATRIBUÍDO SÃO PAULO",1136.77,"CAIXA REFERENCIAL"]
["ESQUADRIAS/FERRAGENS/VIDROS","ESQV","PORTA DE MADEIRA","0089","","",90799,"KIT DE PORTA-PRONTA DE MADEIRA EM ACABAMENTO MELAMÍNICO BRANCO, FOLHA PESADA OU SUPERPESADA, E BATENTE METÁLICO, 90X210CM, FIXAÇÃO COM ARGAMASSA - FORNECIMENTO E INSTALAÇÃO. AF_12/2019","UN","ATRIBUÍDO SÃO PAULO",1172.1099999999999,"CAIXA REFERENCIAL"]
["ESQUADRIAS/FERRAGENS/VIDROS","ESQV","PORTA DE MADEIRA","0089","","",90801,"BATENTE PARA PORTA DE MADEIRA, PADRÃO MÉDIO - FORNECIMENTO E MONTAGEM. AF_12/2019","UN","COEFICIENTE DE REPRESENTATIVIDADE",234.45,"CAIXA REFERENCIAL"]
["ESQUADRIAS/FERRAGENS/VIDROS","ESQV","PORTA DE MADEIRA","0089","","",90806,"BATENTE PARA PORTA DE MADEIRA, FIXAÇÃO COM ARGAMASSA, PADRÃO MÉDIO - FORNECIMENTO E INSTALAÇÃO. AF_12/2019","UN","COEFICIENTE DE REPRESENTATIVIDADE",319.95999999999998,"CAIXA REFERENCIAL"]
["ESQUADRIAS/FERRAGENS/VIDROS","ESQV","PORTA DE MADEIRA","0089","","",90820,"PORTA DE MADEIRA PARA PINTURA, SEMI-OCA (LEVE OU MÉDIA), 60X210CM, ESPESSURA DE 3,5CM, INCLUSO DOBRADIÇAS - FORNECIMENTO E INSTALAÇÃO. AF_12/2019","UN","ATRIBUÍDO SÃO PAULO",315.17,"CAIXA REFERENCIAL"]
["ESQUADRIAS/FERRAGENS/VIDROS","ESQV","PORTA DE MADEIRA","0089","","",90821,"PORTA DE MADEIRA PARA PINTURA, SEMI-OCA (LEVE OU MÉDIA), 70X210CM, ESPESSURA DE 3,5CM, INCLUSO DOBRADIÇAS - FORNECIMENTO E INSTALAÇÃO. AF_12/2019","UN","ATRIBUÍDO SÃO PAULO",321.2,"CAIXA REFERENCIAL"]
["ESQUADRIAS/FERRAGENS/VIDROS","ESQV","PORTA DE MADEIRA","0089","","",90822,"PORTA DE MADEIRA PARA PINTURA, SEMI-OCA (LEVE OU MÉDIA), 80X210CM, ESPESSURA DE 3,5CM, INCLUSO DOBRADIÇAS - FORNECIMENTO E INSTALAÇÃO. AF_12/2019","UN","ATRIBUÍDO SÃO PAULO",345.75,"CAIXA REFERENCIAL"]
["ESQUADRIAS/FERRAGENS/VIDROS","ESQV","PORTA DE MADEIRA","0089","","",90823,"PORTA DE MADEIRA PARA PINTURA, SEMI-OCA (LEVE OU MÉDIA), 90X210CM, ESPESSURA DE 3,5CM, INCLUSO DOBRADIÇAS - FORNECIMENTO E INSTALAÇÃO. AF_12/2019","UN","ATRIBUÍDO SÃO PAULO",431.2,"CAIXA REFERENCIAL"]
["ESQUADRIAS/FERRAGENS/VIDROS","ESQV","PORTA DE MADEIRA","0089","","",90824,"PORTA DE MADEIRA PARA PINTURA, SEMI-OCA (PESADA OU SUPERPESADA), 80X210CM, ESPESSURA DE 3,5CM, INCLUSO DOBRADIÇAS - FORNECIMENTO E INSTALAÇÃO. AF_12/2019","UN","ATRIBUÍDO SÃO PAULO",627.04999999999995,"CAIXA REFERENCIAL"]
["ESQUADRIAS/FERRAGENS/VIDROS","ESQV","PORTA DE MADEIRA","0089","","",90825,"PORTA DE MADEIRA, MACIÇA (PESADA OU SUPERPESADA), 90X210CM, ESPESSURA DE 3,5CM, INCLUSO DOBRADIÇAS - FORNECIMENTO E INSTALAÇÃO. AF_12/2019","UN","ATRIBUÍDO SÃO PAULO",701.07,"CAIXA REFERENCIAL"]
["ESQUADRIAS/FERRAGENS/VIDROS","ESQV","PORTA DE MADEIRA","0089","","",90830,"FECHADURA DE EMBUTIR COM CILINDRO, EXTERNA, COMPLETA, ACABAMENTO PADRÃO MÉDIO, INCLUSO EXECUÇÃO DE FURO - FORNECIMENTO E INSTALAÇÃO. AF_12/2019","UN","COEFICIENTE DE REPRESENTATIVIDADE",200.82,"CAIXA REFERENCIAL"]
["ESQUADRIAS/FERRAGENS/VIDROS","ESQV","PORTA DE MADEIRA","0089","","",90831,"FECHADURA DE EMBUTIR PARA PORTA DE BANHEIRO, COMPLETA, ACABAMENTO PADRÃO MÉDIO, INCLUSO EXECUÇÃO DE FURO - FORNECIMENTO E INSTALAÇÃO. AF_12/2019","UN","COEFICIENTE DE REPRESENTATIVIDADE",177.66,"CAIXA REFERENCIAL"]
["ESQUADRIAS/FERRAGENS/VIDROS","ESQV","PORTA DE MADEIRA","0089","","",90841,"KIT DE PORTA DE MADEIRA PARA PINTURA, SEMI-OCA (LEVE OU MÉDIA), PADRÃO MÉDIO, 60X210CM, ESPESSURA DE 3,5CM, ITENS INCLUSOS: DOBRADIÇAS, MONTAGEM E INSTALAÇÃO DO BATENTE, FECHADURA COM EXECUÇÃO DO FURO - FORNECIMENTO E INSTALAÇÃO. AF_12/2019","UN","ATRIBUÍDO SÃO PAULO",894.67,"CAIXA REFERENCIAL"]
["ESQUADRIAS/FERRAGENS/VIDROS","ESQV","PORTA DE MADEIRA","0089","","",90842,"KIT DE PORTA DE MADEIRA PARA PINTURA, SEMI-OCA (LEVE OU MÉDIA), PADRÃO MÉDIO, 70X210CM, ESPESSURA DE 3,5CM, ITENS INCLUSOS: DOBRADIÇAS, MONTAGEM E INSTALAÇÃO DO BATENTE, FECHADURA COM EXECUÇÃO DO FURO - FORNECIMENTO E INSTALAÇÃO. AF_12/2019","UN","ATRIBUÍDO SÃO PAULO",902.41,"CAIXA REFERENCIAL"]
["ESQUADRIAS/FERRAGENS/VIDROS","ESQV","PORTA DE MADEIRA","0089","","",90843,"KIT DE PORTA DE MADEIRA PARA PINTURA, SEMI-OCA (LEVE OU MÉDIA), PADRÃO MÉDIO, 80X210CM, ESPESSURA DE 3,5CM, ITENS INCLUSOS: DOBRADIÇAS, MONTAGEM E INSTALAÇÃO DO BATENTE, FECHADURA COM EXECUÇÃO DO FURO - FORNECIMENTO E INSTALAÇÃO. AF_12/2019","UN","ATRIBUÍDO SÃO PAULO",951.83,"CAIXA REFERENCIAL"]
["ESQUADRIAS/FERRAGENS/VIDROS","ESQV","PORTA DE MADEIRA","0089","","",90844,"KIT DE PORTA DE MADEIRA PARA PINTURA, SEMI-OCA (LEVE OU MÉDIA), PADRÃO MÉDIO, 90X210CM, ESPESSURA DE 3,5CM, ITENS INCLUSOS: DOBRADIÇAS, MONTAGEM E INSTALAÇÃO DO BATENTE, FECHADURA COM EXECUÇÃO DO FURO - FORNECIMENTO E INSTALAÇÃO. AF_12/2019","UN","ATRIBUÍDO SÃO PAULO",1038.98,"CAIXA REFERENCIAL"]
["ESQUADRIAS/FERRAGENS/VIDROS","ESQV","PORTA DE MADEIRA","0089","","",90845,"KIT DE PORTA DE MADEIRA PARA PINTURA, SEMI-OCA (PESADA OU SUPERPESADA), PADRÃO MÉDIO, 80X210CM, ESPESSURA DE 3,5CM, ITENS INCLUSOS: DOBRADIÇAS, MONTAGEM E INSTALAÇÃO DO BATENTE, FECHADURA COM EXECUÇÃO DO FURO - FORNECIMENTO E INSTALAÇÃO. AF_12/2019","UN","ATRIBUÍDO SÃO PAULO",1233.1300000000001,"CAIXA REFERENCIAL"]
["ESQUADRIAS/FERRAGENS/VIDROS","ESQV","PORTA DE MADEIRA","0089","","",90846,"KIT DE PORTA DE MADEIRA PARA PINTURA, SEMI-OCA (PESADA OU SUPERPESADA), PADRÃO MÉDIO, 90X210CM, ESPESSURA DE 3,5CM, ITENS INCLUSOS: DOBRADIÇAS, MONTAGEM E INSTALAÇÃO DO BATENTE, FECHADURA COM EXECUÇÃO DO FURO - FORNECIMENTO E INSTALAÇÃO. AF_12/2019","UN","ATRIBUÍDO SÃO PAULO",1308.8499999999999,"CAIXA REFERENCIAL"]
["ESQUADRIAS/FERRAGENS/VIDROS","ESQV","PORTA DE MADEIRA","0089","","",90847,"KIT DE PORTA DE MADEIRA PARA PINTURA, SEMI-OCA (LEVE OU MÉDIA), PADRÃO MÉDIO, 60X210CM, ESPESSURA DE 3,5CM, ITENS INCLUSOS: DOBRADIÇAS, MONTAGEM E INSTALAÇÃO DO BATENTE, SEM FECHADURA - FORNECIMENTO E INSTALAÇÃO. AF_12/2019","UN","ATRIBUÍDO SÃO PAULO",717.01,"CAIXA REFERENCIAL"]
["ESQUADRIAS/FERRAGENS/VIDROS","ESQV","PORTA DE MADEIRA","0089","","",90848,"KIT DE PORTA DE MADEIRA PARA PINTURA, SEMI-OCA (LEVE OU MÉDIA), PADRÃO MÉDIO, 70X210CM, ESPESSURA DE 3,5CM, ITENS INCLUSOS: DOBRADIÇAS, MONTAGEM E INSTALAÇÃO DO BATENTE, SEM FECHADURA - FORNECIMENTO E INSTALAÇÃO. AF_12/2019","UN","ATRIBUÍDO SÃO PAULO",724.75,"CAIXA REFERENCIAL"]
["ESQUADRIAS/FERRAGENS/VIDROS","ESQV","PORTA DE MADEIRA","0089","","",90849,"KIT DE PORTA DE MADEIRA PARA PINTURA, SEMI-OCA (LEVE OU MÉDIA), PADRÃO MÉDIO, 80X210CM, ESPESSURA DE 3,5CM, ITENS INCLUSOS: DOBRADIÇAS, MONTAGEM E INSTALAÇÃO DO BATENTE, SEM FECHADURA - FORNECIMENTO E INSTALAÇÃO. AF_12/2019","UN","ATRIBUÍDO SÃO PAULO",751.01,"CAIXA REFERENCIAL"]
["ESQUADRIAS/FERRAGENS/VIDROS","ESQV","PORTA DE MADEIRA","0089","","",90850,"KIT DE PORTA DE MADEIRA PARA PINTURA, SEMI-OCA (LEVE OU MÉDIA), PADRÃO MÉDIO, 90X210CM, ESPESSURA DE 3,5CM, ITENS INCLUSOS: DOBRADIÇAS, MONTAGEM E INSTALAÇÃO DO BATENTE, SEM FECHADURA - FORNECIMENTO E INSTALAÇÃO. AF_12/2019","UN","ATRIBUÍDO SÃO PAULO",838.16,"CAIXA REFERENCIAL"]
["ESQUADRIAS/FERRAGENS/VIDROS","ESQV","PORTA DE MADEIRA","0089","","",90851,"KIT DE PORTA DE MADEIRA PARA PINTURA, SEMI-OCA (PESADA OU SUPERPESADA), PADRÃO MÉDIO, 80X210CM, ESPESSURA DE 3,5CM, ITENS INCLUSOS: DOBRADIÇAS, MONTAGEM E INSTALAÇÃO DO BATENTE, SEM FECHADURA - FORNECIMENTO E INSTALAÇÃO. AF_12/2019","UN","ATRIBUÍDO SÃO PAULO",1032.31,"CAIXA REFERENCIAL"]
["ESQUADRIAS/FERRAGENS/VIDROS","ESQV","PORTA DE MADEIRA","0089","","",90852,"KIT DE PORTA DE MADEIRA PARA PINTURA, SEMI-OCA (PESADA OU SUPERPESADA), PADRÃO MÉDIO, 90X210CM, ESPESSURA DE 3,5CM, ITENS INCLUSOS: DOBRADIÇAS, MONTAGEM E INSTALAÇÃO DO BATENTE, SEM FECHADURA - FORNECIMENTO E INSTALAÇÃO. AF_12/2019","UN","ATRIBUÍDO SÃO PAULO",1108.03,"CAIXA REFERENCIAL"]
["ESQUADRIAS/FERRAGENS/VIDROS","ESQV","PORTA DE MADEIRA","0089","","",91009,"PORTA DE MADEIRA PARA VERNIZ, SEMI-OCA (LEVE OU MÉDIA), 60X210CM, ESPESSURA DE 3,5CM, INCLUSO DOBRADIÇAS - FORNECIMENTO E INSTALAÇÃO. AF_12/2019","UN","ATRIBUÍDO SÃO PAULO",327.36,"CAIXA REFERENCIAL"]
["ESQUADRIAS/FERRAGENS/VIDROS","ESQV","PORTA DE MADEIRA","0089","","",91010,"PORTA DE MADEIRA PARA VERNIZ, SEMI-OCA (LEVE OU MÉDIA), 70X210CM, ESPESSURA DE 3,5CM, INCLUSO DOBRADIÇAS - FORNECIMENTO E INSTALAÇÃO. AF_12/2019","UN","ATRIBUÍDO SÃO PAULO",333.97,"CAIXA REFERENCIAL"]
["ESQUADRIAS/FERRAGENS/VIDROS","ESQV","PORTA DE MADEIRA","0089","","",91011,"PORTA DE MADEIRA PARA VERNIZ, SEMI-OCA (LEVE OU MÉDIA), 80X210CM, ESPESSURA DE 3,5CM, INCLUSO DOBRADIÇAS - FORNECIMENTO E INSTALAÇÃO. AF_12/2019","UN","ATRIBUÍDO SÃO PAULO",395.25,"CAIXA REFERENCIAL"]
["ESQUADRIAS/FERRAGENS/VIDROS","ESQV","PORTA DE MADEIRA","0089","","",91012,"PORTA DE MADEIRA PARA VERNIZ, SEMI-OCA (LEVE OU MÉDIA), 90X210CM, ESPESSURA DE 3,5CM, INCLUSO DOBRADIÇAS - FORNECIMENTO E INSTALAÇÃO. AF_12/2019","UN","ATRIBUÍDO SÃO PAULO",442.01,"CAIXA REFERENCIAL"]
["ESQUADRIAS/FERRAGENS/VIDROS","ESQV","PORTA DE MADEIRA","0089","","",91013,"KIT DE PORTA DE MADEIRA PARA VERNIZ, SEMI-OCA (LEVE OU MÉDIA), PADRÃO MÉDIO, 60X210CM, ESPESSURA DE 3,5CM, ITENS INCLUSOS: DOBRADIÇAS, MONTAGEM E INSTALAÇÃO DO BATENTE, SEM FECHADURA - FORNECIMENTO E INSTALAÇÃO. AF_12/2019","UN","ATRIBUÍDO SÃO PAULO",729.2,"CAIXA REFERENCIAL"]
["ESQUADRIAS/FERRAGENS/VIDROS","ESQV","PORTA DE MADEIRA","0089","","",91014,"KIT DE PORTA DE MADEIRA PARA VERNIZ, SEMI-OCA (LEVE OU MÉDIA), PADRÃO MÉDIO, 70X210CM, ESPESSURA DE 3,5CM, ITENS INCLUSOS: DOBRADIÇAS, MONTAGEM E INSTALAÇÃO DO BATENTE, SEM FECHADURA - FORNECIMENTO E INSTALAÇÃO. AF_12/2019","UN","ATRIBUÍDO SÃO PAULO",737.52,"CAIXA REFERENCIAL"]
["ESQUADRIAS/FERRAGENS/VIDROS","ESQV","PORTA DE MADEIRA","0089","","",91015,"KIT DE PORTA DE MADEIRA PARA VERNIZ, SEMI-OCA (LEVE OU MÉDIA), PADRÃO MÉDIO, 80X210CM, ESPESSURA DE 3,5CM, ITENS INCLUSOS: DOBRADIÇAS, MONTAGEM E INSTALAÇÃO DO BATENTE, SEM FECHADURA - FORNECIMENTO E INSTALAÇÃO. AF_12/2019","UN","ATRIBUÍDO SÃO PAULO",800.51,"CAIXA REFERENCIAL"]
["ESQUADRIAS/FERRAGENS/VIDROS","ESQV","PORTA DE MADEIRA","0089","","",91016,"KIT DE PORTA DE MADEIRA PARA VERNIZ, SEMI-OCA (LEVE OU MÉDIA), PADRÃO MÉDIO, 90X210CM, ESPESSURA DE 3,5CM, ITENS INCLUSOS: DOBRADIÇAS, MONTAGEM E INSTALAÇÃO DO BATENTE, SEM FECHADURA - FORNECIMENTO E INSTALAÇÃO. AF_12/2019","UN","ATRIBUÍDO SÃO PAULO",848.97,"CAIXA REFERENCIAL"]
["ESQUADRIAS/FERRAGENS/VIDROS","ESQV","PORTA DE MADEIRA","0089","","",91287,"BATENTE PARA PORTA DE MADEIRA, PADRÃO POPULAR - FORNECIMENTO E MONTAGEM. AF_12/2019","UN","COEFICIENTE DE REPRESENTATIVIDADE",177.67,"CAIXA REFERENCIAL"]
["ESQUADRIAS/FERRAGENS/VIDROS","ESQV","PORTA DE MADEIRA","0089","","",91292,"BATENTE PARA PORTA DE MADEIRA, FIXAÇÃO COM ARGAMASSA, PADRÃO POPULAR. FORNECIMENTO E INSTALAÇÃO. AF_12/2019","UN","COEFICIENTE DE REPRESENTATIVIDADE",263.18,"CAIXA REFERENCIAL"]
["ESQUADRIAS/FERRAGENS/VIDROS","ESQV","PORTA DE MADEIRA","0089","","",91295,"PORTA DE MADEIRA FRISADA, SEMI-OCA (LEVE OU MÉDIA), 60X210CM, ESPESSURA DE 3CM, INCLUSO DOBRADIÇAS - FORNECIMENTO E INSTALAÇÃO. AF_12/2019","UN","ATRIBUÍDO SÃO PAULO",337.92,"CAIXA REFERENCIAL"]
["ESQUADRIAS/FERRAGENS/VIDROS","ESQV","PORTA DE MADEIRA","0089","","",91296,"PORTA DE MADEIRA FRISADA, SEMI-OCA (LEVE OU MÉDIA), 70X210CM, ESPESSURA DE 3CM, INCLUSO DOBRADIÇAS - FORNECIMENTO E INSTALAÇÃO. AF_12/2019","UN","ATRIBUÍDO SÃO PAULO",363.46,"CAIXA REFERENCIAL"]
["ESQUADRIAS/FERRAGENS/VIDROS","ESQV","PORTA DE MADEIRA","0089","","",91297,"PORTA DE MADEIRA FRISADA, SEMI-OCA (LEVE OU MÉDIA), 80X210CM, ESPESSURA DE 3,5CM, INCLUSO DOBRADIÇAS - FORNECIMENTO E INSTALAÇÃO. AF_12/2019","UN","ATRIBUÍDO SÃO PAULO",402.29,"CAIXA REFERENCIAL"]
["ESQUADRIAS/FERRAGENS/VIDROS","ESQV","PORTA DE MADEIRA","0089","","",91298,"PORTA DE MADEIRA TIPO VENEZIANA, 80X210CM, ESPESSURA DE 3CM, INCLUSO DOBRADIÇAS - FORNECIMENTO E INSTALAÇÃO. AF_12/2019","UN","ATRIBUÍDO SÃO PAULO",864.51,"CAIXA REFERENCIAL"]
["ESQUADRIAS/FERRAGENS/VIDROS","ESQV","PORTA DE MADEIRA","0089","","",91299,"PORTA DE MADEIRA, TIPO MEXICANA, MACIÇA (PESADA OU SUPERPESADA), 80X210CM, ESPESSURA DE 3,5CM, INCLUSO DOBRADIÇAS - FORNECIMENTO E INSTALAÇÃO. AF_12/2019","UN","ATRIBUÍDO SÃO PAULO",1217.3800000000001,"CAIXA REFERENCIAL"]
["ESQUADRIAS/FERRAGENS/VIDROS","ESQV","PORTA DE MADEIRA","0089","","",91304,"FECHADURA DE EMBUTIR COM CILINDRO, EXTERNA, COMPLETA, ACABAMENTO PADRÃO POPULAR, INCLUSO EXECUÇÃO DE FURO - FORNECIMENTO E INSTALAÇÃO. AF_12/2019","UN","COEFICIENTE DE REPRESENTATIVIDADE",116.67,"CAIXA REFERENCIAL"]
["ESQUADRIAS/FERRAGENS/VIDROS","ESQV","PORTA DE MADEIRA","0089","","",91305,"FECHADURA DE EMBUTIR PARA PORTA DE BANHEIRO, COMPLETA, ACABAMENTO PADRÃO POPULAR, INCLUSO EXECUÇÃO DE FURO - FORNECIMENTO E INSTALAÇÃO. AF_12/2019","UN","COEFICIENTE DE REPRESENTATIVIDADE",119.77,"CAIXA REFERENCIAL"]
["ESQUADRIAS/FERRAGENS/VIDROS","ESQV","PORTA DE MADEIRA","0089","","",91306,"FECHADURA DE EMBUTIR PARA PORTAS INTERNAS, COMPLETA, ACABAMENTO PADRÃO MÉDIO, COM EXECUÇÃO DE FURO - FORNECIMENTO E INSTALAÇÃO. AF_12/2019","UN","COEFICIENTE DE REPRESENTATIVIDADE",177.66,"CAIXA REFERENCIAL"]
["ESQUADRIAS/FERRAGENS/VIDROS","ESQV","PORTA DE MADEIRA","0089","","",91307,"FECHADURA DE EMBUTIR PARA PORTAS INTERNAS, COMPLETA, ACABAMENTO PADRÃO POPULAR, COM EXECUÇÃO DE FURO - FORNECIMENTO E INSTALAÇÃO. AF_12/2019","UN","COEFICIENTE DE REPRESENTATIVIDADE",100.24,"CAIXA REFERENCIAL"]
["ESQUADRIAS/FERRAGENS/VIDROS","ESQV","PORTA DE MADEIRA","0089","","",91312,"KIT DE PORTA DE MADEIRA PARA PINTURA, SEMI-OCA (LEVE OU MÉDIA), PADRÃO POPULAR, 60X210CM, ESPESSURA DE 3,5CM, ITENS INCLUSOS: DOBRADIÇAS, MONTAGEM E INSTALAÇÃO DO BATENTE, FECHADURA COM EXECUÇÃO DO FURO - FORNECIMENTO E INSTALAÇÃO. AF_12/2019","UN","ATRIBUÍDO SÃO PAULO",755.43,"CAIXA REFERENCIAL"]
["ESQUADRIAS/FERRAGENS/VIDROS","ESQV","PORTA DE MADEIRA","0089","","",91313,"KIT DE PORTA DE MADEIRA PARA PINTURA, SEMI-OCA (LEVE OU MÉDIA), PADRÃO POPULAR, 70X210CM, ESPESSURA DE 3,5CM, ITENS INCLUSOS: DOBRADIÇAS, MONTAGEM E INSTALAÇÃO DO BATENTE, FECHADURA COM EXECUÇÃO DO FURO - FORNECIMENTO E INSTALAÇÃO. AF_12/2019","UN","ATRIBUÍDO SÃO PAULO",743.12,"CAIXA REFERENCIAL"]
["ESQUADRIAS/FERRAGENS/VIDROS","ESQV","PORTA DE MADEIRA","0089","","",91314,"KIT DE PORTA DE MADEIRA PARA PINTURA, SEMI-OCA (LEVE OU MÉDIA), PADRÃO POPULAR, 80X210CM, ESPESSURA DE 3,5CM, ITENS INCLUSOS: DOBRADIÇAS, MONTAGEM E INSTALAÇÃO DO BATENTE, FECHADURA COM EXECUÇÃO DO FURO - FORNECIMENTO E INSTALAÇÃO. AF_12/2019","UN","ATRIBUÍDO SÃO PAULO",785.3,"CAIXA REFERENCIAL"]
["ESQUADRIAS/FERRAGENS/VIDROS","ESQV","PORTA DE MADEIRA","0089","","",91315,"KIT DE PORTA DE MADEIRA PARA PINTURA, SEMI-OCA (LEVE OU MÉDIA), PADRÃO POPULAR, 90X210CM, ESPESSURA DE 3,5CM, ITENS INCLUSOS: DOBRADIÇAS, MONTAGEM E INSTALAÇÃO DO BATENTE, FECHADURA COM EXECUÇÃO DO FURO - FORNECIMENTO E INSTALAÇÃO. AF_12/2019","UN","ATRIBUÍDO SÃO PAULO",871.94,"CAIXA REFERENCIAL"]
["ESQUADRIAS/FERRAGENS/VIDROS","ESQV","PORTA DE MADEIRA","0089","","",91316,"KIT DE PORTA DE MADEIRA PARA PINTURA, SEMI-OCA (PESADA OU SUPERPESADA), PADRÃO POPULAR, 80X210CM, ESPESSURA DE 3,5CM, ITENS INCLUSOS: DOBRADIÇAS, MONTAGEM E INSTALAÇÃO DO BATENTE, FECHADURA COM EXECUÇÃO DO FURO - FORNECIMENTO E INSTALAÇÃO. AF_12/2019","UN","ATRIBUÍDO SÃO PAULO",1066.5999999999999,"CAIXA REFERENCIAL"]
["ESQUADRIAS/FERRAGENS/VIDROS","ESQV","PORTA DE MADEIRA","0089","","",91317,"KIT DE PORTA DE MADEIRA PARA PINTURA, SEMI-OCA (PESADA OU SUPERPESADA), PADRÃO POPULAR, 90X210CM, ESPESSURA DE 3,5CM, ITENS INCLUSOS: DOBRADIÇAS, MONTAGEM E INSTALAÇÃO DO BATENTE, FECHADURA COM EXECUÇÃO DO FURO - FORNECIMENTO E INSTALAÇÃO. AF_12/2019","UN","ATRIBUÍDO SÃO PAULO",1141.81,"CAIXA REFERENCIAL"]
["ESQUADRIAS/FERRAGENS/VIDROS","ESQV","PORTA DE MADEIRA","0089","","",91318,"KIT DE PORTA DE MADEIRA PARA PINTURA, SEMI-OCA (LEVE OU MÉDIA), PADRÃO POPULAR, 60X210CM, ESPESSURA DE 3,5CM, ITENS INCLUSOS: DOBRADIÇAS, MONTAGEM E INSTALAÇÃO DO BATENTE, SEM FECHADURA - FORNECIMENTO E INSTALAÇÃO. AF_12/2019","UN","ATRIBUÍDO SÃO PAULO",635.66,"CAIXA REFERENCIAL"]
["ESQUADRIAS/FERRAGENS/VIDROS","ESQV","PORTA DE MADEIRA","0089","","",91319,"KIT DE PORTA DE MADEIRA PARA PINTURA, SEMI-OCA (LEVE OU MÉDIA), PADRÃO POPULAR, 70X210CM, ESPESSURA DE 3,5CM, ITENS INCLUSOS: DOBRADIÇAS, MONTAGEM E INSTALAÇÃO DO BATENTE, SEM FECHADURA - FORNECIMENTO E INSTALAÇÃO. AF_12/2019","UN","ATRIBUÍDO SÃO PAULO",642.88,"CAIXA REFERENCIAL"]
["ESQUADRIAS/FERRAGENS/VIDROS","ESQV","PORTA DE MADEIRA","0089","","",91320,"KIT DE PORTA DE MADEIRA PARA PINTURA, SEMI-OCA (LEVE OU MÉDIA), PADRÃO POPULAR, 80X210CM, ESPESSURA DE 3,5CM, ITENS INCLUSOS: DOBRADIÇAS, MONTAGEM E INSTALAÇÃO DO BATENTE, SEM FECHADURA - FORNECIMENTO E INSTALAÇÃO. AF_12/2019","UN","ATRIBUÍDO SÃO PAULO",668.63,"CAIXA REFERENCIAL"]
["ESQUADRIAS/FERRAGENS/VIDROS","ESQV","PORTA DE MADEIRA","0089","","",91321,"KIT DE PORTA DE MADEIRA PARA PINTURA, SEMI-OCA (LEVE OU MÉDIA), PADRÃO POPULAR, 90X210CM, ESPESSURA DE 3,5CM, ITENS INCLUSOS: DOBRADIÇAS, MONTAGEM E INSTALAÇÃO DO BATENTE, SEM FECHADURA - FORNECIMENTO E INSTALAÇÃO. AF_12/2019","UN","ATRIBUÍDO SÃO PAULO",755.27,"CAIXA REFERENCIAL"]
["ESQUADRIAS/FERRAGENS/VIDROS","ESQV","PORTA DE MADEIRA","0089","","",91322,"KIT DE PORTA DE MADEIRA PARA PINTURA, SEMI-OCA (PESADA OU SUPERPESADA), PADRÃO POPULAR, 80X210CM, ESPESSURA DE 3,5CM, ITENS INCLUSOS: DOBRADIÇAS, MONTAGEM E INSTALAÇÃO DO BATENTE, SEM FECHADURA - FORNECIMENTO E INSTALAÇÃO. AF_12/2019","UN","ATRIBUÍDO SÃO PAULO",949.93,"CAIXA REFERENCIAL"]
["ESQUADRIAS/FERRAGENS/VIDROS","ESQV","PORTA DE MADEIRA","0089","","",91323,"KIT DE PORTA DE MADEIRA PARA PINTURA, SEMI-OCA (PESADA OU SUPERPESADA), PADRÃO POPULAR, 90X210CM, ESPESSURA DE 3,5CM, ITENS INCLUSOS: DOBRADIÇAS, MONTAGEM E INSTALAÇÃO DO BATENTE, SEM FECHADURA - FORNECIMENTO E INSTALAÇÃO. AF_12/2019","UN","ATRIBUÍDO SÃO PAULO",1025.1400000000001,"CAIXA REFERENCIAL"]
["ESQUADRIAS/FERRAGENS/VIDROS","ESQV","PORTA DE MADEIRA","0089","","",91324,"KIT DE PORTA DE MADEIRA PARA VERNIZ, SEMI-OCA (LEVE OU MÉDIA), PADRÃO POPULAR, 60X210CM, ESPESSURA DE 3,5CM, ITENS INCLUSOS: DOBRADIÇAS, MONTAGEM E INSTALAÇÃO DO BATENTE, SEM FECHADURA - FORNECIMENTO E INSTALAÇÃO. AF_12/2019","UN","ATRIBUÍDO SÃO PAULO",647.85,"CAIXA REFERENCIAL"]
["ESQUADRIAS/FERRAGENS/VIDROS","ESQV","PORTA DE MADEIRA","0089","","",91325,"KIT DE PORTA DE MADEIRA PARA VERNIZ, SEMI-OCA (LEVE OU MÉDIA), PADRÃO POPULAR, 70X210CM, ESPESSURA DE 3,5CM, ITENS INCLUSOS: DOBRADIÇAS, MONTAGEM E INSTALAÇÃO DO BATENTE, SEM FECHADURA - FORNECIMENTO E INSTALAÇÃO. AF_12/2019","UN","ATRIBUÍDO SÃO PAULO",655.65,"CAIXA REFERENCIAL"]
["ESQUADRIAS/FERRAGENS/VIDROS","ESQV","PORTA DE MADEIRA","0089","","",91326,"KIT DE PORTA DE MADEIRA PARA VERNIZ, SEMI-OCA (LEVE OU MÉDIA), PADRÃO POPULAR, 80X210CM, ESPESSURA DE 3,5CM, ITENS INCLUSOS: DOBRADIÇAS, MONTAGEM E INSTALAÇÃO DO BATENTE, SEM FECHADURA - FORNECIMENTO E INSTALAÇÃO. AF_12/2019","UN","ATRIBUÍDO SÃO PAULO",718.13,"CAIXA REFERENCIAL"]
["ESQUADRIAS/FERRAGENS/VIDROS","ESQV","PORTA DE MADEIRA","0089","","",91327,"KIT DE PORTA DE MADEIRA PARA VERNIZ, SEMI-OCA (LEVE OU MÉDIA), PADRÃO POPULAR, 90X210CM, ESPESSURA DE 3,5CM, ITENS INCLUSOS: DOBRADIÇAS, MONTAGEM E INSTALAÇÃO DO BATENTE, SEM FECHADURA - FORNECIMENTO E INSTALAÇÃO. AF_12/2019","UN","ATRIBUÍDO SÃO PAULO",766.08,"CAIXA REFERENCIAL"]
["ESQUADRIAS/FERRAGENS/VIDROS","ESQV","PORTA DE MADEIRA","0089","","",91328,"KIT DE PORTA DE MADEIRA FRISADA, SEMI-OCA (LEVE OU MÉDIA), PADRÃO MÉDIO 60X210CM, ESPESSURA DE 3CM, ITENS INCLUSOS: DOBRADIÇAS, MONTAGEM E INSTALAÇÃO DO BATENTE, SEM FECHADURA - FORNECIMENTO E INSTALAÇÃO. AF_12/2019","UN","ATRIBUÍDO SÃO PAULO",739.76,"CAIXA REFERENCIAL"]
["ESQUADRIAS/FERRAGENS/VIDROS","ESQV","PORTA DE MADEIRA","0089","","",91329,"KIT DE PORTA DE MADEIRA FRISADA, SEMI-OCA (LEVE OU MÉDIA), PADRÃO POPULAR, 60X210CM, ESPESSURA DE 3CM, ITENS INCLUSOS: DOBRADIÇAS, MONTAGEM E INSTALAÇÃO DO BATENTE, SEM FECHADURA - FORNECIMENTO E INSTALAÇÃO. AF_12/2019","UN","ATRIBUÍDO SÃO PAULO",658.41,"CAIXA REFERENCIAL"]
["ESQUADRIAS/FERRAGENS/VIDROS","ESQV","PORTA DE MADEIRA","0089","","",91331,"KIT DE PORTA DE MADEIRA FRISADA, SEMI-OCA (LEVE OU MÉDIA), PADRÃO POPULAR, 70X210CM, ESPESSURA DE 3CM, ITENS INCLUSOS: DOBRADIÇAS, MONTAGEM E INSTALAÇÃO DO BATENTE, SEM FECHADURA - FORNECIMENTO E INSTALAÇÃO. AF_12/2019","UN","ATRIBUÍDO SÃO PAULO",685.14,"CAIXA REFERENCIAL"]
["ESQUADRIAS/FERRAGENS/VIDROS","ESQV","PORTA DE MADEIRA","0089","","",91335,"KIT DE PORTA DE MADEIRA TIPO VENEZIANA, PADRÃO POPULAR, 80X210CM, ESPESSURA DE 3CM, ITENS INCLUSOS: DOBRADIÇAS, MONTAGEM E INSTALAÇÃO DO BATENTE, SEM FECHADURA - FORNECIMENTO E INSTALAÇÃO. AF_12/2019","UN","ATRIBUÍDO SÃO PAULO",1187.3900000000001,"CAIXA REFERENCIAL"]
["ESQUADRIAS/FERRAGENS/VIDROS","ESQV","PORTA DE MADEIRA","0089","","",100675,"KIT DE PORTA-PRONTA DE MADEIRA EM ACABAMENTO MELAMÍNICO BRANCO, FOLHA LEVE OU MÉDIA, 90X210, EXCLUSIVE FECHADURA, FIXAÇÃO COM PREENCHIMENTO TOTAL DE ESPUMA EXPANSIVA - FORNECIMENTO E INSTALAÇÃO. AF_12/2019","UN","ATRIBUÍDO SÃO PAULO",1022.36,"CAIXA REFERENCIAL"]
["ESQUADRIAS/FERRAGENS/VIDROS","ESQV","PORTA DE MADEIRA","0089","","",100682,"KIT DE PORTA DE MADEIRA FRISADA, SEMI-OCA (LEVE OU MÉDIA), PADRÃO POPULAR, 70X210CM, ESPESSURA DE 3CM, ITENS INCLUSOS: DOBRADIÇAS, MONTAGEM E INSTALAÇÃO DE BATENTE, FECHADURA COM EXECUÇÃO DO FURO - FORNECIMENTO E INSTALAÇÃO. AF_12/2019","UN","ATRIBUÍDO SÃO PAULO",785.38,"CAIXA REFERENCIAL"]
["ESQUADRIAS/FERRAGENS/VIDROS","ESQV","PORTA DE MADEIRA","0089","","",100687,"KIT DE PORTA DE MADEIRA FRISADA, SEMI-OCA (LEVE OU MÉDIA), PADRÃO MÉDIO, 60X210CM, ESPESSURA DE 3,5CM, ITENS INCLUSOS: DOBRADIÇAS, MONTAGEM E INSTALAÇÃO DE BATENTE, FECHADURA COM EXECUÇÃO DO FURO - FORNECIMENTO E INSTALAÇÃO. AF_12/2019","UN","ATRIBUÍDO SÃO PAULO",917.42,"CAIXA REFERENCIAL"]
["ESQUADRIAS/FERRAGENS/VIDROS","ESQV","PORTA DE MADEIRA","0089","","",100692,"KIT DE PORTA DE MADEIRA TIPO VENEZIANA, 80X210CM (ESPESSURA DE 3CM), PADRÃO POPULAR, ITENS INCLUSOS: DOBRADIÇAS, MONTAGEM E INSTALAÇÃO DE BATENTE, FECHADURA COM EXECUÇÃO DO FURO - FORNECIMENTO E INSTALAÇÃO. AF_12/2019","UN","ATRIBUÍDO SÃO PAULO",1304.06,"CAIXA REFERENCIAL"]
["ESQUADRIAS/FERRAGENS/VIDROS","ESQV","PORTA DE MADEIRA","0089","","",100698,"RECOLOCAÇÃO DE FOLHAS DE PORTA DE MADEIRA LEVE OU MÉDIA DE 90CM DE LARGURA, CONSIDERANDO REAPROVEITAMENTO DO MATERIAL. AF_12/2019","UN","ATRIBUÍDO SÃO PAULO",67.22,"CAIXA REFERENCIAL"]
["ESQUADRIAS/FERRAGENS/VIDROS","ESQV","JANELA DE MADEIRA","0090","","",100666,"JANELA DE MADEIRA (PINUS/EUCALIPTO OU EQUIV.) DE ABRIR COM 4 FOLHAS (2 VENEZIANAS E 2 GUILHOTINAS PARA VIDRO), COM BATENTE, ALIZAR E FERRAGENS. EXCLUSIVE VIDROS, ACABAMENTO E CONTRAMARCO. FORNECIMENTO E INSTALAÇÃO. AF_12/2019","M2","ATRIBUÍDO SÃO PAULO",941.86,"CAIXA REFERENCIAL"]
["ESQUADRIAS/FERRAGENS/VIDROS","ESQV","JANELA DE MADEIRA","0090","","",100672,"JANELA DE MADEIRA (PINUS/EUCALIPTO OU EQUIV.) DE CORRER COM 6 FOLHAS (2 VENEZ. FIXAS, 2 VENEZ. DE CORRER E 2 DE CORRER PARA VIDRO), COM BATENTE, ALIZAR E FERRAGENS. EXCLUSIVE VIDROS, ACABAMENTO E CONTRAMARCO. FORNECIMENTO EINSTALAÇÃO. AF_12/2019","M2","ATRIBUÍDO SÃO PAULO",1185.6400000000001,"CAIXA REFERENCIAL"]
["ESQUADRIAS/FERRAGENS/VIDROS","ESQV","JANELA DE FERRO","0093","","",94588,"CONTRAMARCO DE AÇO, FIXAÇÃO COM PARAFUSO - FORNECIMENTO E INSTALAÇÃO. AF_12/2019","M","ATRIBUÍDO SÃO PAULO",67.8,"CAIXA REFERENCIAL"]
["ESQUADRIAS/FERRAGENS/VIDROS","ESQV","GUARDA-CORPO DE FERRO","0095","","",99857,"CORRIMÃO SIMPLES, DIÂMETRO EXTERNO = 1 1/2\u0094, EM ALUMÍNIO. AF_04/2019_PS","M","ATRIBUÍDO SÃO PAULO",80.39,"CAIXA REFERENCIAL"]
["ESQUADRIAS/FERRAGENS/VIDROS","ESQV","GUARDA-CORPO DE FERRO","0095","","",99861,"GRADIL EM FERRO FIXADO EM VÃOS DE JANELAS, FORMADO POR BARRAS CHATAS DE 25X4,8 MM. AF_04/2019","M2","ATRIBUÍDO SÃO PAULO",578.17999999999995,"CAIXA REFERENCIAL"]
["ESQUADRIAS/FERRAGENS/VIDROS","ESQV","PORTA E/OU TAMPA DE ALUMINIO","0098","","",94805,"PORTA DE ALUMÍNIO DE ABRIR PARA VIDRO SEM GUARNIÇÃO, 87X210CM, FIXAÇÃO COM PARAFUSOS, INCLUSIVE VIDROS - FORNECIMENTO E INSTALAÇÃO. AF_12/2019","UN","ATRIBUÍDO SÃO PAULO",884.8,"CAIXA REFERENCIAL"]
["ESQUADRIAS/FERRAGENS/VIDROS","ESQV","FERRAGENS PARA PORTAS","0100","","",102189,"JOGO DE FERRAGENS CROMADAS PARA PORTA DE VIDRO TEMPERADO, UMA FOLHA COMPOSTO DE DOBRADICAS SUPERIOR E INFERIOR, TRINCO, FECHADURA, CONTRA FECHADURA COM CAPUCHINHO SEM MOLA E PUXADOR. AF_01/2021","UN","COEFICIENTE DE REPRESENTATIVIDADE",274.56,"CAIXA REFERENCIAL"]
["ESQUADRIAS/FERRAGENS/VIDROS","ESQV","FERRAGENS DIVERSAS","0102","","",100708,"FECHO DE EMBUTIR TIPO UNHA 40CM. AF_12/2019","UN","COEFICIENTE DE REPRESENTATIVIDADE",181.75,"CAIXA REFERENCIAL"]
["ESQUADRIAS/FERRAGENS/VIDROS","ESQV","VIDROS/ESPELHOS","0103","","",102153,"INSTALAÇÃO DE VIDRO LISO FUME, E = 4 MM, EM ESQUADRIA DE MADEIRA, FIXADO COM BAGUETE. AF_01/2021","M2","COEFICIENTE DE REPRESENTATIVIDADE",447.76,"CAIXA REFERENCIAL"]
["ESQUADRIAS/FERRAGENS/VIDROS","ESQV","VIDROS/ESPELHOS","0103","","",102159,"INSTALAÇÃO DE VIDRO LISO INCOLOR, E = 10 MM, EM ESQUADRIA DE MADEIRA, FIXADO COM BAGUETE. AF_01/2021","M2","COEFICIENTE DE REPRESENTATIVIDADE",767.29,"CAIXA REFERENCIAL"]
["ESQUADRIAS/FERRAGENS/VIDROS","ESQV","VIDROS/ESPELHOS","0103","","",102164,"INSTALAÇÃO DE VIDRO LISO INCOLOR, E = 5 MM, EM ESQUADRIA DE ALUMÍNIO OU PVC, FIXADO COM BAGUETE. AF_01/2021_PS","M2","ATRIBUÍDO SÃO PAULO",464.78,"CAIXA REFERENCIAL"]
["ESQUADRIAS/FERRAGENS/VIDROS","ESQV","VIDROS/ESPELHOS","0103","","",102169,"INSTALAÇÃO DE VIDRO LISO INCOLOR, E = 10 MM, EM ESQUADRIA DE ALUMÍNIO OU PVC, FIXADO COM BAGUETE. AF_01/2021_PS","M2","ATRIBUÍDO SÃO PAULO",805.41,"CAIXA REFERENCIAL"]
["ESQUADRIAS/FERRAGENS/VIDROS","ESQV","VIDROS/ESPELHOS","0103","","",102178,"INSTALAÇÃO DE VIDRO LAMINADO, E = 15 MM (5+5+5), ENCAIXADO EM PERFIL U. AF_01/2021_PS","M2","ATRIBUÍDO SÃO PAULO",3910.17,"CAIXA REFERENCIAL"]
["ESQUADRIAS/FERRAGENS/VIDROS","ESQV","VIDROS/ESPELHOS","0103","","",102183,"PORTA PIVOTANTE DE VIDRO TEMPERADO, 2 FOLHAS DE 90X210 CM, ESPESSURA DE 10MM, INCLUSIVE ACESSÓRIOS. AF_01/2021","UN","COEFICIENTE DE REPRESENTATIVIDADE",2913.95,"CAIXA REFERENCIAL"]
["ESQUADRIAS/FERRAGENS/VIDROS","ESQV","JANELA DE ALUMINIO","0222","","",94569,"JANELA DE ALUMÍNIO TIPO MAXIM-AR, COM VIDROS, BATENTE E FERRAGENS. EXCLUSIVE ALIZAR, ACABAMENTO E CONTRAMARCO. FORNECIMENTO E INSTALAÇÃO. AF_12/2019","M2","ATRIBUÍDO SÃO PAULO",622.08000000000004,"CAIXA REFERENCIAL"]
["ESQUADRIAS/FERRAGENS/VIDROS","ESQV","JANELA DE ALUMINIO","0222","","",94589,"CONTRAMARCO DE ALUMÍNIO, FIXAÇÃO COM ARGAMASSA - FORNECIMENTO E INSTALAÇÃO. AF_12/2019","M","ATRIBUÍDO SÃO PAULO",19,"CAIXA REFERENCIAL"]
["FUNDACOES E ESTRUTURAS","FUES","TUBULOES","0038","","",101098,"TUBULÃO A CÉU ABERTO, DIÂMETRO DO FUSTE DE 100CM, ESCAVAÇÃO MANUAL, SEM ALARGAMENTO DE BASE, CONCRETO FEITO EM OBRA E LANÇADO COM JERICA. AF_05/2020_PA","M3","ATRIBUÍDO SÃO PAULO",1289.74,"CAIXA REFERENCIAL"]
["FUNDACOES E ESTRUTURAS","FUES","TUBULOES","0038","","",101099,"TUBULÃO A CÉU ABERTO, DIÂMETRO DO FUSTE DE 120CM, ESCAVAÇÃO MANUAL, SEM ALARGAMENTO DE BASE, CONCRETO FEITO EM OBRA E LANÇADO COM JERICA. AF_05/2020_PA","M3","ATRIBUÍDO SÃO PAULO",1195.21,"CAIXA REFERENCIAL"]
["FUNDACOES E ESTRUTURAS","FUES","TUBULOES","0038","","",101104,"TUBULÃO A CÉU ABERTO, DIÂMETRO DO FUSTE DE 70CM, ESCAVAÇÃO MANUAL, SEM ALARGAMENTO DE BASE, CONCRETO USINADO E LANÇADO COM BOMBA OU DIRETAMENTE DO CAMINHÃO (EXCLUSIVE BOMBEAMENTO). AF_05/2020_PA","M3","ATRIBUÍDO SÃO PAULO",1454.8,"CAIXA REFERENCIAL"]
["FUNDACOES E ESTRUTURAS","FUES","TUBULOES","0038","","",101109,"TUBULÃO A CÉU ABERTO, DIÂMETRO DO FUSTE DE 80CM, ESCAVAÇÃO MECÂNICA, SEM ALARGAMENTO DE BASE, CONCRETO USINADO E LANÇADO COM BOMBA OU DIRETAMENTE DO CAMINHÃO (EXCLUSIVE BOMBEAMENTO, MOBILIZAÇÃO E DESMOBILIZAÇÃO). AF_05/2020_PA","M3","ATRIBUÍDO SÃO PAULO",1173.28,"CAIXA REFERENCIAL"]
["FUNDACOES E ESTRUTURAS","FUES","ESTACAS","0039","","",95602,"ARRASAMENTO MECANICO DE ESTACA DE CONCRETO ARMADO, DIAMETROS DE 41 CM A 60 CM. AF_05/2021","UN","ATRIBUÍDO SÃO PAULO",20.78,"CAIXA REFERENCIAL"]
["FUNDACOES E ESTRUTURAS","FUES","ESTACAS","0039","","",95608,"ARRASAMENTO MECÂNICO DE ESTACA METÁLICA, PERFIL LAMINADO TIPO  H - FAMÍLIA 250. AF_05/2021","UN","ATRIBUÍDO SÃO PAULO",27.62,"CAIXA REFERENCIAL"]
["FUNDACOES E ESTRUTURAS","FUES","ESTACAS","0039","","",100655,"ESTACA HÉLICE CONTÍNUA, DIÂMETRO DE 90 CM, INCLUSO CONCRETO FCK=30MPA E ARMADURA MÍNIMA (EXCLUSIVE BOMBEAMENTO, MOBILIZAÇÃO E DESMOBILIZAÇÃO). AF_12/2019_PA","M","ATRIBUÍDO SÃO PAULO",877.29,"CAIXA REFERENCIAL"]
["FUNDACOES E ESTRUTURAS","FUES","ESTACAS","0039","","",100890,"ESTACA METÁLICA PARA FUNDAÇÃO, UTILIZANDO PERFIL LAMINADO HP310X79 (EXCLUSIVE MOBILIZAÇÃO E DESMOBILIZAÇÃO). AF_01/2020","KG","ATRIBUÍDO SÃO PAULO",16.34,"CAIXA REFERENCIAL"]
["FUNDACOES E ESTRUTURAS","FUES","ESTACAS","0039","","",100897,"ESTACA ESCAVADA MECANICAMENTE, SEM FLUIDO ESTABILIZANTE, COM 40CM DE DIÂMETRO, CONCRETO LANÇADO POR CAMINHÃO BETONEIRA (EXCLUSIVE MOBILIZAÇÃO E DESMOBILIZAÇÃO). AF_01/2020_PA","M","ATRIBUÍDO SÃO PAULO",147.83000000000001,"CAIXA REFERENCIAL"]
["FUNDACOES E ESTRUTURAS","FUES","ESTACAS","0039","","",101175,"ESTACA BROCA DE CONCRETO, DIÂMETRO DE 30CM, ESCAVAÇÃO MANUAL COM TRADO CONCHA, COM ARMADURA DE ARRANQUE. AF_05/2020","M","COEFICIENTE DE REPRESENTATIVIDADE",124.71,"CAIXA REFERENCIAL"]
["FUNDACOES E ESTRUTURAS","FUES","LASTROS/FUNDACOES DIVERSAS","0040","","",95240,"LASTRO DE CONCRETO MAGRO, APLICADO EM PISOS, LAJES SOBRE SOLO OU RADIERS, ESPESSURA DE 3 CM. AF_07/2016","M2","COEFICIENTE DE REPRESENTATIVIDADE",22.21,"CAIXA REFERENCIAL"]
["FUNDACOES E ESTRUTURAS","FUES","LASTROS/FUNDACOES DIVERSAS","0040","","",96620,"LASTRO DE CONCRETO MAGRO, APLICADO EM PISOS, LAJES SOBRE SOLO OU RADIERS. AF_08/2017","M3","COEFICIENTE DE REPRESENTATIVIDADE",740.99,"CAIXA REFERENCIAL"]
["FUNDACOES E ESTRUTURAS","FUES","LASTROS/FUNDACOES DIVERSAS","0040","","",97083,"COMPACTAÇÃO MECÂNICA DE SOLO PARA EXECUÇÃO DE RADIER, PISO DE CONCRETO OU LAJE SOBRE SOLO, COM COMPACTADOR DE SOLOS A PERCUSSÃO. AF_09/2021","M2","ATRIBUÍDO SÃO PAULO",2.76,"CAIXA REFERENCIAL"]
["FUNDACOES E ESTRUTURAS","FUES","LASTROS/FUNDACOES DIVERSAS","0040","","",97089,"ARMAÇÃO PARA EXECUÇÃO DE RADIER, PISO DE CONCRETO OU LAJE SOBRE SOLO, COM USO DE TELA Q-113. AF_09/2021","KG","ATRIBUÍDO SÃO PAULO",13.09,"CAIXA REFERENCIAL"]
["FUNDACOES E ESTRUTURAS","FUES","LASTROS/FUNDACOES DIVERSAS","0040","","",97090,"ARMAÇÃO PARA EXECUÇÃO DE RADIER, PISO DE CONCRETO OU LAJE SOBRE SOLO, COM USO DE TELA Q-138. AF_09/2021","KG","ATRIBUÍDO SÃO PAULO",12.85,"CAIXA REFERENCIAL"]
["FUNDACOES E ESTRUTURAS","FUES","LASTROS/FUNDACOES DIVERSAS","0040","","",97097,"ACABAMENTO POLIDO PARA PISO DE CONCRETO ARMADO OU LAJE SOBRE SOLO DE ALTA RESISTÊNCIA. AF_09/2021","M2","ATRIBUÍDO SÃO PAULO",68,"CAIXA REFERENCIAL"]
["FUNDACOES E ESTRUTURAS","FUES","LASTROS/FUNDACOES DIVERSAS","0040","","",100323,"LASTRO COM MATERIAL GRANULAR (AREIA MÉDIA), APLICADO EM PISOS OU LAJES SOBRE SOLO, ESPESSURA DE *10 CM*. AF_07/2019","M3","ATRIBUÍDO SÃO PAULO",149,"CAIXA REFERENCIAL"]
["FUNDACOES E ESTRUTURAS","FUES","LASTROS/FUNDACOES DIVERSAS","0040","","",103076,"EXECUÇÃO DE LAJE SOBRE SOLO, ESPESSURA DE 10 CM, FCK = 30 MPA, COM USO DE FORMAS EM MADEIRA SERRADA. AF_09/2021","M2","ATRIBUÍDO SÃO PAULO",177.98,"CAIXA REFERENCIAL"]
["FUNDACOES E ESTRUTURAS","FUES","FORMAS/CIMBRAMENTOS/ESCORAMENTOS","0041","","",92263,"FABRICAÇÃO DE FÔRMA PARA PILARES E ESTRUTURAS SIMILARES, EM CHAPA DE MADEIRA COMPENSADA RESINADA, E = 17 MM. AF_09/2020","M2","COEFICIENTE DE REPRESENTATIVIDADE",176.56,"CAIXA REFERENCIAL"]
["FUNDACOES E ESTRUTURAS","FUES","FORMAS/CIMBRAMENTOS/ESCORAMENTOS","0041","","",92269,"FABRICAÇÃO DE FÔRMA PARA PILARES E ESTRUTURAS SIMILARES, EM MADEIRA SERRADA, E=25 MM. AF_09/2020","M2","COEFICIENTE DE REPRESENTATIVIDADE",140.99,"CAIXA REFERENCIAL"]
["FUNDACOES E ESTRUTURAS","FUES","FORMAS/CIMBRAMENTOS/ESCORAMENTOS","0041","","",92409,"MONTAGEM E DESMONTAGEM DE FÔRMA DE PILARES RETANGULARES E ESTRUTURAS SIMILARES, PÉ-DIREITO SIMPLES, EM MADEIRA SERRADA, 1 UTILIZAÇÃO. AF_09/2020","M2","COEFICIENTE DE REPRESENTATIVIDADE",225,"CAIXA REFERENCIAL"]
["FUNDACOES E ESTRUTURAS","FUES","FORMAS/CIMBRAMENTOS/ESCORAMENTOS","0041","","",92419,"MONTAGEM E DESMONTAGEM DE FÔRMA DE PILARES RETANGULARES E ESTRUTURAS SIMILARES, PÉ-DIREITO SIMPLES, EM CHAPA DE MADEIRA COMPENSADA RESINADA, 4 UTILIZAÇÕES. AF_09/2020","M2","COEFICIENTE DE REPRESENTATIVIDADE",88.3,"CAIXA REFERENCIAL"]
["FUNDACOES E ESTRUTURAS","FUES","FORMAS/CIMBRAMENTOS/ESCORAMENTOS","0041","","",92431,"MONTAGEM E DESMONTAGEM DE FÔRMA DE PILARES RETANGULARES E ESTRUTURAS SIMILARES, PÉ-DIREITO SIMPLES, EM CHAPA DE MADEIRA COMPENSADA PLASTIFICADA, 10 UTILIZAÇÕES. AF_09/2020","M2","COEFICIENTE DE REPRESENTATIVIDADE",60.81,"CAIXA REFERENCIAL"]
["FUNDACOES E ESTRUTURAS","FUES","FORMAS/CIMBRAMENTOS/ESCORAMENTOS","0041","","",92441,"MONTAGEM E DESMONTAGEM DE FÔRMA DE PILARES RETANGULARES E ESTRUTURAS SIMILARES, PÉ-DIREITO DUPLO, EM CHAPA DE MADEIRA COMPENSADA PLASTIFICADA, 14 UTILIZAÇÕES. AF_09/2020","M2","COEFICIENTE DE REPRESENTATIVIDADE",66.05,"CAIXA REFERENCIAL"]
["FUNDACOES E ESTRUTURAS","FUES","FORMAS/CIMBRAMENTOS/ESCORAMENTOS","0041","","",92448,"MONTAGEM E DESMONTAGEM DE FÔRMA DE VIGA, ESCORAMENTO COM PONTALETE DE MADEIRA, PÉ-DIREITO SIMPLES, EM MADEIRA SERRADA, 4 UTILIZAÇÕES. AF_09/2020","M2","COEFICIENTE DE REPRESENTATIVIDADE",128.22,"CAIXA REFERENCIAL"]
["FUNDACOES E ESTRUTURAS","FUES","FORMAS/CIMBRAMENTOS/ESCORAMENTOS","0041","","",92454,"MONTAGEM E DESMONTAGEM DE FÔRMA DE VIGA, ESCORAMENTO METÁLICO, PÉ-DIREITO DUPLO, EM CHAPA DE MADEIRA RESINADA, 4 UTILIZAÇÕES. AF_09/2020","M2","COEFICIENTE DE REPRESENTATIVIDADE",282.38,"CAIXA REFERENCIAL"]
["FUNDACOES E ESTRUTURAS","FUES","FORMAS/CIMBRAMENTOS/ESCORAMENTOS","0041","","",92459,"MONTAGEM E DESMONTAGEM DE FÔRMA DE VIGA, ESCORAMENTO COM GARFO DE MADEIRA, PÉ-DIREITO SIMPLES, EM CHAPA DE MADEIRA RESINADA, 6 UTILIZAÇÕES. AF_09/2020","M2","COEFICIENTE DE REPRESENTATIVIDADE",132.31,"CAIXA REFERENCIAL"]
["FUNDACOES E ESTRUTURAS","FUES","FORMAS/CIMBRAMENTOS/ESCORAMENTOS","0041","","",92460,"MONTAGEM E DESMONTAGEM DE FÔRMA DE VIGA, ESCORAMENTO METÁLICO, PÉ-DIREITO SIMPLES, EM CHAPA DE MADEIRA RESINADA, 6 UTILIZAÇÕES. AF_09/2020","M2","COEFICIENTE DE REPRESENTATIVIDADE",124.32,"CAIXA REFERENCIAL"]
["FUNDACOES E ESTRUTURAS","FUES","FORMAS/CIMBRAMENTOS/ESCORAMENTOS","0041","","",92465,"MONTAGEM E DESMONTAGEM DE FÔRMA DE VIGA, ESCORAMENTO COM GARFO DE MADEIRA, PÉ-DIREITO DUPLO, EM CHAPA DE MADEIRA PLASTIFICADA, 10 UTILIZAÇÕES. AF_09/2020","M2","COEFICIENTE DE REPRESENTATIVIDADE",153.32,"CAIXA REFERENCIAL"]
["FUNDACOES E ESTRUTURAS","FUES","FORMAS/CIMBRAMENTOS/ESCORAMENTOS","0041","","",92470,"MONTAGEM E DESMONTAGEM DE FÔRMA DE VIGA, ESCORAMENTO METÁLICO, PÉ-DIREITO DUPLO, EM CHAPA DE MADEIRA PLASTIFICADA, 12 UTILIZAÇÕES. AF_09/2020","M2","COEFICIENTE DE REPRESENTATIVIDADE",239.7,"CAIXA REFERENCIAL"]
["FUNDACOES E ESTRUTURAS","FUES","FORMAS/CIMBRAMENTOS/ESCORAMENTOS","0041","","",92476,"MONTAGEM E DESMONTAGEM DE FÔRMA DE VIGA, ESCORAMENTO METÁLICO, PÉ-DIREITO SIMPLES, EM CHAPA DE MADEIRA PLASTIFICADA, 14 UTILIZAÇÕES. AF_09/2020","M2","COEFICIENTE DE REPRESENTATIVIDADE",102.82,"CAIXA REFERENCIAL"]
["FUNDACOES E ESTRUTURAS","FUES","FORMAS/CIMBRAMENTOS/ESCORAMENTOS","0041","","",92482,"MONTAGEM E DESMONTAGEM DE FÔRMA DE LAJE MACIÇA, PÉ-DIREITO SIMPLES, EM MADEIRA SERRADA, 1 UTILIZAÇÃO. AF_09/2020","M2","COEFICIENTE DE REPRESENTATIVIDADE",233.39,"CAIXA REFERENCIAL"]
["FUNDACOES E ESTRUTURAS","FUES","FORMAS/CIMBRAMENTOS/ESCORAMENTOS","0041","","",92494,"MONTAGEM E DESMONTAGEM DE FÔRMA DE LAJE NERVURADA COM CUBETA E ASSOALHO, PÉ-DIREITO SIMPLES, EM CHAPA DE MADEIRA COMPENSADA RESINADA, 10 UTILIZAÇÕES. AF_09/2020","M2","ATRIBUÍDO SÃO PAULO",70.88,"CAIXA REFERENCIAL"]
["FUNDACOES E ESTRUTURAS","FUES","FORMAS/CIMBRAMENTOS/ESCORAMENTOS","0041","","",92504,"MONTAGEM E DESMONTAGEM DE FÔRMA DE LAJE NERVURADA COM CUBETA E ASSOALHO, PÉ-DIREITO DUPLO, EM CHAPA DE MADEIRA COMPENSADA RESINADA, 18 UTILIZAÇÕES. AF_09/2020","M2","ATRIBUÍDO SÃO PAULO",91.21,"CAIXA REFERENCIAL"]
["FUNDACOES E ESTRUTURAS","FUES","FORMAS/CIMBRAMENTOS/ESCORAMENTOS","0041","","",92514,"MONTAGEM E DESMONTAGEM DE FÔRMA DE LAJE MACIÇA, PÉ-DIREITO SIMPLES, EM CHAPA DE MADEIRA COMPENSADA RESINADA, 4 UTILIZAÇÕES. AF_09/2020","M2","ATRIBUÍDO SÃO PAULO",60.27,"CAIXA REFERENCIAL"]
["FUNDACOES E ESTRUTURAS","FUES","FORMAS/CIMBRAMENTOS/ESCORAMENTOS","0041","","",92526,"MONTAGEM E DESMONTAGEM DE FÔRMA DE LAJE MACIÇA, PÉ-DIREITO SIMPLES, EM CHAPA DE MADEIRA COMPENSADA PLASTIFICADA, 10 UTILIZAÇÕES. AF_09/2020","M2","ATRIBUÍDO SÃO PAULO",49.45,"CAIXA REFERENCIAL"]
["FUNDACOES E ESTRUTURAS","FUES","FORMAS/CIMBRAMENTOS/ESCORAMENTOS","0041","","",92536,"MONTAGEM E DESMONTAGEM DE FÔRMA DE LAJE MACIÇA, PÉ-DIREITO DUPLO, EM CHAPA DE MADEIRA COMPENSADA PLASTIFICADA, 18 UTILIZAÇÕES. AF_09/2020","M2","ATRIBUÍDO SÃO PAULO",71.209999999999994,"CAIXA REFERENCIAL"]
["FUNDACOES E ESTRUTURAS","FUES","FORMAS/CIMBRAMENTOS/ESCORAMENTOS","0041","","",96259,"MONTAGEM E DESMONTAGEM DE FÔRMA DE PILARES CIRCULARES, COM ÁREA MÉDIA DAS SEÇÕES MENOR OU IGUAL A 0,28 M², PÉ-DIREITO DUPLO, EM MADEIRA, 2 UTILIZAÇÕES. AF_06/2017","M2","COEFICIENTE DE REPRESENTATIVIDADE",210.47,"CAIXA REFERENCIAL"]
["FUNDACOES E ESTRUTURAS","FUES","FORMAS/CIMBRAMENTOS/ESCORAMENTOS","0041","","",96534,"FABRICAÇÃO, MONTAGEM E DESMONTAGEM DE FÔRMA PARA BLOCO DE COROAMENTO, EM MADEIRA SERRADA, E=25 MM, 4 UTILIZAÇÕES. AF_06/2017","M2","COEFICIENTE DE REPRESENTATIVIDADE",71.709999999999994,"CAIXA REFERENCIAL"]
["FUNDACOES E ESTRUTURAS","FUES","FORMAS/CIMBRAMENTOS/ESCORAMENTOS","0041","","",96539,"FABRICAÇÃO, MONTAGEM E DESMONTAGEM DE FÔRMA PARA VIGA BALDRAME, EM CHAPA DE MADEIRA COMPENSADA RESINADA, E=17 MM, 2 UTILIZAÇÕES. AF_06/2017","M2","COEFICIENTE DE REPRESENTATIVIDADE",124.55,"CAIXA REFERENCIAL"]
["FUNDACOES E ESTRUTURAS","FUES","FORMAS/CIMBRAMENTOS/ESCORAMENTOS","0041","","",96540,"FABRICAÇÃO, MONTAGEM E DESMONTAGEM DE FÔRMA PARA BLOCO DE COROAMENTO, EM CHAPA DE MADEIRA COMPENSADA RESINADA, E=17 MM, 4 UTILIZAÇÕES. AF_06/2017","M2","COEFICIENTE DE REPRESENTATIVIDADE",121.46,"CAIXA REFERENCIAL"]
["FUNDACOES E ESTRUTURAS","FUES","FORMAS/CIMBRAMENTOS/ESCORAMENTOS","0041","","",101791,"FABRICAÇÃO DE ESCORAS DO TIPO PONTALETE, EM MADEIRA, PARA PÉ-DIREITO DUPLO. AF_09/2020","M","COEFICIENTE DE REPRESENTATIVIDADE",29.21,"CAIXA REFERENCIAL"]
["FUNDACOES E ESTRUTURAS","FUES","FORMAS/CIMBRAMENTOS/ESCORAMENTOS","0041","","",101973,"FABRICAÇÃO DE FÔRMA PARA ESCADAS, COM 2 LANCES EM \"U\" E LAJE PLANA, EM MADEIRA SERRADA, E=25 MM. AF_11/2020","M2","COEFICIENTE DE REPRESENTATIVIDADE",139.25,"CAIXA REFERENCIAL"]
["FUNDACOES E ESTRUTURAS","FUES","FORMAS/CIMBRAMENTOS/ESCORAMENTOS","0041","","",101982,"MONTAGEM E DESMONTAGEM DE FÔRMA PARA ESCADAS, COM 2 LANCES EM \"U\" E LAJE PLANA, EM CHAPA DE MADEIRA COMPENSADA PLASTIFICADA, 8 UTILIZAÇÕES. AF_11/2020","M2","COEFICIENTE DE REPRESENTATIVIDADE",220.48,"CAIXA REFERENCIAL"]
["FUNDACOES E ESTRUTURAS","FUES","FORMAS/CIMBRAMENTOS/ESCORAMENTOS","0041","","",101988,"FABRICAÇÃO DE FÔRMA PARA ESCADAS, COM 2 LANCES EM \"L\" E LAJE PLANA, EM CHAPA DE MADEIRA COMPENSADA PLASTIFICADA, E=18 MM. AF_11/2020","M2","COEFICIENTE DE REPRESENTATIVIDADE",223.26,"CAIXA REFERENCIAL"]
["FUNDACOES E ESTRUTURAS","FUES","FORMAS/CIMBRAMENTOS/ESCORAMENTOS","0041","","",101993,"FABRICAÇÃO DE FÔRMA PARA ESCADAS, COM 2 LANCES EM \"L\" E LAJE CASCATA, EM MADEIRA SERRADA, E=25 MM. AF_11/2020","M2","COEFICIENTE DE REPRESENTATIVIDADE",181.41,"CAIXA REFERENCIAL"]
["FUNDACOES E ESTRUTURAS","FUES","FORMAS/CIMBRAMENTOS/ESCORAMENTOS","0041","","",101999,"FABRICAÇÃO DE FÔRMA PARA ESCADAS, COM 1 LANCE E LAJE CASCATA, EM MADEIRA SERRADA, E=25 MM. AF_11/2020","M2","COEFICIENTE DE REPRESENTATIVIDADE",193.17,"CAIXA REFERENCIAL"]
["FUNDACOES E ESTRUTURAS","FUES","FORMAS/CIMBRAMENTOS/ESCORAMENTOS","0041","","",102004,"MONTAGEM E DESMONTAGEM DE FÔRMA PARA ESCADAS, COM 2 LANCES EM \"U\" E LAJE CASCATA, EM CHAPA DE MADEIRA COMPENSADA PLASTIFICADA, 6 UTILIZAÇÕES. AF_11/2020","M2","COEFICIENTE DE REPRESENTATIVIDADE",244.55,"CAIXA REFERENCIAL"]
["FUNDACOES E ESTRUTURAS","FUES","FORMAS/CIMBRAMENTOS/ESCORAMENTOS","0041","","",102010,"MONTAGEM E DESMONTAGEM DE FÔRMA PARA ESCADAS, COM 2 LANCES EM \"L\" E LAJE PLANA, EM CHAPA DE MADEIRA COMPENSADA RESINADA, 4 UTILIZAÇÕES. AF_11/2020","M2","COEFICIENTE DE REPRESENTATIVIDADE",283.33999999999997,"CAIXA REFERENCIAL"]
["FUNDACOES E ESTRUTURAS","FUES","FORMAS/CIMBRAMENTOS/ESCORAMENTOS","0041","","",102015,"MONTAGEM E DESMONTAGEM DE FÔRMA PARA ESCADAS, COM 2 LANCES EM \"L\" E LAJE CASCATA, EM MADEIRA SERRADA, 2 UTILIZAÇÕES. AF_11/2020","M2","COEFICIENTE DE REPRESENTATIVIDADE",330.14,"CAIXA REFERENCIAL"]
["FUNDACOES E ESTRUTURAS","FUES","FORMAS/CIMBRAMENTOS/ESCORAMENTOS","0041","","",102038,"MONTAGEM E DESMONTAGEM DE FÔRMA PARA ESCADAS, COM 2 LANCES EM \"L\" E LAJE CASCATA, EM CHAPA DE MADEIRA COMPENSADA PLASTIFICADA, 10 UTILIZAÇÕES. AF_11/2020","M2","COEFICIENTE DE REPRESENTATIVIDADE",191.21,"CAIXA REFERENCIAL"]
["FUNDACOES E ESTRUTURAS","FUES","FORMAS/CIMBRAMENTOS/ESCORAMENTOS","0041","","",102044,"MONTAGEM E DESMONTAGEM DE FÔRMA PARA ESCADAS, COM 1 LANCE E LAJE PLANA, EM CHAPA DE MADEIRA COMPENSADA PLASTIFICADA, 8 UTILIZAÇÕES. AF_11/2020","M2","COEFICIENTE DE REPRESENTATIVIDADE",214.89,"CAIXA REFERENCIAL"]
["FUNDACOES E ESTRUTURAS","FUES","FORMAS/CIMBRAMENTOS/ESCORAMENTOS","0041","","",102049,"MONTAGEM E DESMONTAGEM DE FÔRMA PARA ESCADAS, COM 1 LANCE E LAJE CASCATA, EM CHAPA DE MADEIRA COMPENSADA RESINADA, 4 UTILIZAÇÕES. AF_11/2020","M2","COEFICIENTE DE REPRESENTATIVIDADE",256.24,"CAIXA REFERENCIAL"]
["FUNDACOES E ESTRUTURAS","FUES","FORMAS/CIMBRAMENTOS/ESCORAMENTOS","0041","","",102050,"MONTAGEM E DESMONTAGEM DE FÔRMA PARA ESCADAS, COM 1 LANCE E LAJE CASCATA, EM CHAPA DE MADEIRA COMPENSADA PLASTIFICADA, 6 UTILIZAÇÕES. AF_11/2020","M2","COEFICIENTE DE REPRESENTATIVIDADE",226.48,"CAIXA REFERENCIAL"]
["FUNDACOES E ESTRUTURAS","FUES","FORMAS/CIMBRAMENTOS/ESCORAMENTOS","0041","","",102061,"MONTAGEM E DESMONTAGEM DE FÔRMA PARA ESCADA DUPLA COM 2 LANCES EM \"X\" E LAJE PLANA, EM CHAPA DE MADEIRA COMPENSADA RESINADA, 2 UTILIZAÇÕES. AF_11/2020","M2","COEFICIENTE DE REPRESENTATIVIDADE",285.72000000000003,"CAIXA REFERENCIAL"]
["FUNDACOES E ESTRUTURAS","FUES","FORMAS/CIMBRAMENTOS/ESCORAMENTOS","0041","","",102066,"MONTAGEM E DESMONTAGEM DE FÔRMA PARA ESCADA DUPLA COM 2 LANCES EM \"X\" E LAJE CASCATA, EM MADEIRA SERRADA, 1 UTILIZAÇÃO. AF_11/2020","M2","COEFICIENTE DE REPRESENTATIVIDADE",360.78,"CAIXA REFERENCIAL"]
["FUNDACOES E ESTRUTURAS","FUES","FORMAS/CIMBRAMENTOS/ESCORAMENTOS","0041","","",102072,"MONTAGEM E DESMONTAGEM DE FÔRMA PARA ESCADA DUPLA COM 2 LANCES EM \"X\" E LAJE CASCATA, EM CHAPA DE MADEIRA COMPENSADA PLASTIFICADA, 10 UTILIZAÇÕES. AF_11/2020","M2","COEFICIENTE DE REPRESENTATIVIDADE",180.15,"CAIXA REFERENCIAL"]
["FUNDACOES E ESTRUTURAS","FUES","FORMAS/CIMBRAMENTOS/ESCORAMENTOS","0041","","",102077,"ESCADA EM CONCRETO ARMADO MOLDADO IN LOCO, FCK 25 MPA, COM 1 LANCE E LAJE CASCATA, FÔRMA EM CHAPA DE MADEIRA COMPENSADA RESINADA. AF_11/2020_PA","M3","ATRIBUÍDO SÃO PAULO",5546.35,"CAIXA REFERENCIAL"]
["FUNDACOES E ESTRUTURAS","FUES","FORMAS/CIMBRAMENTOS/ESCORAMENTOS","0041","","",102087,"FABRICAÇÃO DE FÔRMA PARA ESCADA DUPLA COM 2 LANCES EM \"X\" E LAJE PLANA, EM CHAPA DE MADEIRA COMPENSADA RESINADA, E= 17 MM. AF_11/2020","M2","COEFICIENTE DE REPRESENTATIVIDADE",175.75,"CAIXA REFERENCIAL"]
["FUNDACOES E ESTRUTURAS","FUES","FORMAS/CIMBRAMENTOS/ESCORAMENTOS","0041","","",103761,"MONTAGEM E DESMONTAGEM DE FÔRMA DE LAJE MACIÇA, PÉ-DIREITO SIMPLES, EM CHAPA DE MADEIRA COMPENSADA RESINADA E CIMBRAMENTO DE MADEIRA, 4 UTILIZAÇÕES. AF_03/2022","M2","COEFICIENTE DE REPRESENTATIVIDADE",72.33,"CAIXA REFERENCIAL"]
["FUNDACOES E ESTRUTURAS","FUES","ARMADURAS","0042","","",89998,"ARMAÇÃO DE CINTA DE ALVENARIA ESTRUTURAL; DIÂMETRO DE 10,0 MM. AF_09/2021","KG","COEFICIENTE DE REPRESENTATIVIDADE",12.44,"CAIXA REFERENCIAL"]
["FUNDACOES E ESTRUTURAS","FUES","ARMADURAS","0042","","",91596,"ARMAÇÃO DO SISTEMA DE PAREDES DE CONCRETO, EXECUTADA COMO ARMADURA POSITIVA DE LAJES, TELA Q-138. AF_06/2019","KG","ATRIBUÍDO SÃO PAULO",9.3699999999999992,"CAIXA REFERENCIAL"]
["FUNDACOES E ESTRUTURAS","FUES","ARMADURAS","0042","","",91601,"ARMAÇÃO DO SISTEMA DE PAREDES DE CONCRETO, EXECUTADA COMO REFORÇO, VERGALHÃO DE 6,3 MM DE DIÂMETRO. AF_06/2019","KG","COEFICIENTE DE REPRESENTATIVIDADE",15.08,"CAIXA REFERENCIAL"]
["FUNDACOES E ESTRUTURAS","FUES","ARMADURAS","0042","","",92761,"ARMAÇÃO DE PILAR OU VIGA DE ESTRUTURA CONVENCIONAL DE CONCRETO ARMADO UTILIZANDO AÇO CA-50 DE 8,0 MM - MONTAGEM. AF_06/2022","KG","ATRIBUÍDO SÃO PAULO",15.29,"CAIXA REFERENCIAL"]
["FUNDACOES E ESTRUTURAS","FUES","ARMADURAS","0042","","",92767,"ARMAÇÃO DE LAJE DE ESTRUTURA CONVENCIONAL DE CONCRETO ARMADO UTILIZANDO AÇO CA-60 DE 4,2 MM - MONTAGEM. AF_06/2022","KG","ATRIBUÍDO SÃO PAULO",17.27,"CAIXA REFERENCIAL"]
["FUNDACOES E ESTRUTURAS","FUES","ARMADURAS","0042","","",92772,"ARMAÇÃO DE LAJE DE ESTRUTURA CONVENCIONAL DE CONCRETO ARMADO UTILIZANDO AÇO CA-50 DE 12,5 MM - MONTAGEM. AF_06/2022","KG","ATRIBUÍDO SÃO PAULO",11.46,"CAIXA REFERENCIAL"]
["FUNDACOES E ESTRUTURAS","FUES","ARMADURAS","0042","","",92800,"CORTE E DOBRA DE AÇO CA-60, DIÂMETRO DE 5,0 MM. AF_06/2022","KG","COEFICIENTE DE REPRESENTATIVIDADE",12.39,"CAIXA REFERENCIAL"]
["FUNDACOES E ESTRUTURAS","FUES","ARMADURAS","0042","","",92801,"CORTE E DOBRA DE AÇO CA-50, DIÂMETRO DE 6,3 MM. AF_06/2022","KG","COEFICIENTE DE REPRESENTATIVIDADE",12.93,"CAIXA REFERENCIAL"]
["FUNDACOES E ESTRUTURAS","FUES","ARMADURAS","0042","","",92806,"CORTE E DOBRA DE AÇO CA-50, DIÂMETRO DE 20,0 MM. AF_06/2022","KG","COEFICIENTE DE REPRESENTATIVIDADE",12.26,"CAIXA REFERENCIAL"]
["FUNDACOES E ESTRUTURAS","FUES","ARMADURAS","0042","","",92880,"CORTE E DOBRA DE AÇO CA-25, DIÂMETRO DE 20,0 MM. AF_06/2022","KG","COEFICIENTE DE REPRESENTATIVIDADE",13.2,"CAIXA REFERENCIAL"]
["FUNDACOES E ESTRUTURAS","FUES","ARMADURAS","0042","","",92885,"ARMAÇÃO UTILIZANDO AÇO CA-25 DE 12,5 MM - MONTAGEM. AF_06/2022","KG","ATRIBUÍDO SÃO PAULO",14.68,"CAIXA REFERENCIAL"]
["FUNDACOES E ESTRUTURAS","FUES","ARMADURAS","0042","","",92916,"ARMAÇÃO DE ESTRUTURAS DIVERSAS DE CONCRETO ARMADO, EXCETO VIGAS, PILARES, LAJES E FUNDAÇÕES, UTILIZANDO AÇO CA-50 DE 6,3 MM - MONTAGEM. AF_06/2022","KG","ATRIBUÍDO SÃO PAULO",17.48,"CAIXA REFERENCIAL"]
["FUNDACOES E ESTRUTURAS","FUES","ARMADURAS","0042","","",92924,"ARMAÇÃO DE ESTRUTURAS DIVERSAS DE CONCRETO ARMADO, EXCETO VIGAS, PILARES, LAJES E FUNDAÇÕES, UTILIZANDO AÇO CA-50 DE 25,0 MM - MONTAGEM. AF_06/2022","KG","ATRIBUÍDO SÃO PAULO",13.44,"CAIXA REFERENCIAL"]
["FUNDACOES E ESTRUTURAS","FUES","ARMADURAS","0042","","",95579,"MONTAGEM DE ARMADURA DE ESTACAS, DIÂMETRO = 16,0 MM. AF_09/2021_PS","KG","ATRIBUÍDO SÃO PAULO",11.19,"CAIXA REFERENCIAL"]
["FUNDACOES E ESTRUTURAS","FUES","ARMADURAS","0042","","",95592,"MONTAGEM DE ARMADURA TRANVERSAL DE ESTACAS DE SEÇÃO RETANGULAR, DIÂMETRO = 5,0 MM. AF_09/2021_PS","KG","ATRIBUÍDO SÃO PAULO",17.559999999999999,"CAIXA REFERENCIAL"]
["FUNDACOES E ESTRUTURAS","FUES","ARMADURAS","0042","","",95946,"ARMAÇÃO DE ESCADA, DE UMA ESTRUTURA CONVENCIONAL DE CONCRETO ARMADO UTILIZANDO AÇO CA-50 DE 10,0 MM - MONTAGEM. AF_11/2020","KG","ATRIBUÍDO SÃO PAULO",15.29,"CAIXA REFERENCIAL"]
["FUNDACOES E ESTRUTURAS","FUES","ARMADURAS","0042","","",96546,"ARMAÇÃO DE BLOCO, VIGA BALDRAME OU SAPATA UTILIZANDO AÇO CA-50 DE 10 MM - MONTAGEM. AF_06/2017","KG","ATRIBUÍDO SÃO PAULO",15.43,"CAIXA REFERENCIAL"]
["FUNDACOES E ESTRUTURAS","FUES","ARMADURAS","0042","","",96549,"ARMAÇÃO DE BLOCO, VIGA BALDRAME OU SAPATA UTILIZANDO AÇO CA-50 DE 20 MM - MONTAGEM. AF_06/2017","KG","ATRIBUÍDO SÃO PAULO",13.94,"CAIXA REFERENCIAL"]
["FUNDACOES E ESTRUTURAS","FUES","ARMADURAS","0042","","",102921,"ARMAÇÃO VERTICAL DE ALVENARIA ESTRUTURAL; DIÂMETRO DE 16,0 MM. AF_09/2021","KG","COEFICIENTE DE REPRESENTATIVIDADE",10.14,"CAIXA REFERENCIAL"]
["FUNDACOES E ESTRUTURAS","FUES","ARMADURAS","0042","","",104105,"ARMAÇÃO DE PILAR OU VIGA DE ESTRUTURA CONVENCIONAL DE CONCRETO ARMADO UTILIZANDO AÇO CA-50 DE 32,0 MM. AF_06/2022","KG","COEFICIENTE DE REPRESENTATIVIDADE",14.31,"CAIXA REFERENCIAL"]
["FUNDACOES E ESTRUTURAS","FUES","ARMADURAS","0042","","",104106,"ARMAÇÃO DE PILAR OU VIGA DE ESTRUTURA DE CONCRETO ARMADO EMBUTIDA EM ALVENARIA DE VEDAÇÃO UTILIZANDO AÇO CA-50 DE 16,0 MM - MONTAGEM. AF_06/2022","KG","ATRIBUÍDO SÃO PAULO",12.49,"CAIXA REFERENCIAL"]
["FUNDACOES E ESTRUTURAS","FUES","ARMADURAS","0042","","",104111,"ARMAÇÃO DE PILAR OU VIGA DE ESTRUTURA DE CONCRETO ARMADO EMBUTIDA EM ALVENARIA DE VEDAÇÃO UTILIZANDO AÇO CA-60 DE 5,0 MM - MONTAGEM. AF_06/2022","KG","ATRIBUÍDO SÃO PAULO",21.33,"CAIXA REFERENCIAL"]
["FUNDACOES E ESTRUTURAS","FUES","CONCRETOS","0043","","",90280,"GRAUTE FGK=25 MPA; TRAÇO 1:0,02:1,3:1,6 (EM MASSA SECA DE CIMENTO/ CAL/ AREIA GROSSA/ BRITA 0) - PREPARO MECÂNICO COM BETONEIRA 400 L. AF_09/2021","M3","COEFICIENTE DE REPRESENTATIVIDADE",838.98,"CAIXA REFERENCIAL"]
["FUNDACOES E ESTRUTURAS","FUES","CONCRETOS","0043","","",90285,"GRAUTE FGK=30 MPA; TRAÇO 1:0,9:1,2:0,6 (EM MASSA SECA DE CIMENTO/ AREIA GROSSA/ BRITA 0/ ADITIVO) - PREPARO MECÂNICO COM BETONEIRA 400 L. AF_09/2021","M3","COEFICIENTE DE REPRESENTATIVIDADE",985.62,"CAIXA REFERENCIAL"]
["FUNDACOES E ESTRUTURAS","FUES","CONCRETOS","0043","","",94966,"CONCRETO FCK = 30MPA, TRAÇO 1:2,1:2,5 (EM MASSA SECA DE CIMENTO/ AREIA MÉDIA/ BRITA 1) - PREPARO MECÂNICO COM BETONEIRA 400 L. AF_05/2021","M3","COEFICIENTE DE REPRESENTATIVIDADE",686.68,"CAIXA REFERENCIAL"]
["FUNDACOES E ESTRUTURAS","FUES","CONCRETOS","0043","","",94972,"CONCRETO FCK = 30MPA, TRAÇO 1:2,1:2,5 (EM MASSA SECA DE CIMENTO/ AREIA MÉDIA/ BRITA 1) - PREPARO MECÂNICO COM BETONEIRA 600 L. AF_05/2021","M3","COEFICIENTE DE REPRESENTATIVIDADE",683.91,"CAIXA REFERENCIAL"]
["FUNDACOES E ESTRUTURAS","FUES","CONCRETOS","0043","","",96556,"CONCRETAGEM DE SAPATAS, FCK 30 MPA, COM USO DE JERICA \u0096 LANÇAMENTO, ADENSAMENTO E ACABAMENTO. AF_06/2017","M3","ATRIBUÍDO SÃO PAULO",959.57,"CAIXA REFERENCIAL"]
["FUNDACOES E ESTRUTURAS","FUES","CONCRETOS","0043","","",99433,"CONCRETAGEM DE PLATIBANDA EM EDIFICAÇÕES UNIFAMILIARES FEITAS COM SISTEMA DE FÔRMAS MANUSEÁVEIS, COM CONCRETO USINADO BOMBEÁVEL FCK 25 MPA, - LANÇAMENTO, ADENSAMENTO E ACABAMENTO (EXCLUSIVE BOMBA LANÇA). AF_10/2021","M3","ATRIBUÍDO SÃO PAULO",938.15,"CAIXA REFERENCIAL"]
["FUNDACOES E ESTRUTURAS","FUES","CONCRETOS","0043","","",99438,"CONCRETAGEM DE PLATIBANDA EM EDIFICAÇÕES MULTIFAMILIARES FEITAS COM SISTEMA DE FÔRMAS MANUSEÁVEIS, COM CONCRETO USINADO AUTOADENSÁVEL FCK 25 MPA - LANÇAMENTO E ACABAMENTO. AF_10/2021","M3","COEFICIENTE DE REPRESENTATIVIDADE",926.96,"CAIXA REFERENCIAL"]
["FUNDACOES E ESTRUTURAS","FUES","CONCRETOS","0043","","",102476,"CONCRETO FCK = 25MPA, TRAÇO 1:2,2:2,5 (EM MASSA SECA DE CIMENTO/ AREIA MÉDIA/ SEIXO ROLADO) - PREPARO MECÂNICO COM BETONEIRA 400 L. AF_05/2021","M3","COEFICIENTE DE REPRESENTATIVIDADE",1042.05,"CAIXA REFERENCIAL"]
["FUNDACOES E ESTRUTURAS","FUES","CONCRETOS","0043","","",102482,"CONCRETO FCK = 25MPA, TRAÇO 1:2,2:2,5 (EM MASSA SECA DE CIMENTO/ AREIA MÉDIA/ SEIXO ROLADO) - PREPARO MECÂNICO COM BETONEIRA 600 L. AF_05/2021","M3","COEFICIENTE DE REPRESENTATIVIDADE",1044.46,"CAIXA REFERENCIAL"]
["FUNDACOES E ESTRUTURAS","FUES","CONCRETOS","0043","","",102487,"CONCRETO CICLÓPICO FCK = 15MPA, 30% PEDRA DE MÃO EM VOLUME REAL, INCLUSIVE LANÇAMENTO. AF_05/2021","M3","ATRIBUÍDO SÃO PAULO",732.46,"CAIXA REFERENCIAL"]
["FUNDACOES E ESTRUTURAS","FUES","CONCRETOS","0043","","",103671,"CONCRETAGEM DE PILARES, FCK = 25 MPA, COM USO DE GRUA - LANÇAMENTO, ADENSAMENTO E ACABAMENTO. AF_02/2022","M3","ATRIBUÍDO SÃO PAULO",906.44,"CAIXA REFERENCIAL"]
["FUNDACOES E ESTRUTURAS","FUES","CONCRETOS","0043","","",103672,"CONCRETAGEM DE PILARES, FCK = 25 MPA, COM USO DE BOMBA - LANÇAMENTO, ADENSAMENTO E ACABAMENTO. AF_02/2022_PS","M3","ATRIBUÍDO SÃO PAULO",850.84,"CAIXA REFERENCIAL"]
["FUNDACOES E ESTRUTURAS","FUES","CONCRETOS","0043","","",103677,"CONCRETAGEM DE VIGAS E LAJES, FCK=25 MPA, PARA LAJES MACIÇAS OU NERVURADAS COM JERICAS EM ELEVADOR DE CABO EM EDIFICAÇÃO DE MULTIPAVIMENTOS ATÉ 16 ANDARES  - LANÇAMENTO, ADENSAMENTO E ACABAMENTO. AF_02/2022","M3","ATRIBUÍDO SÃO PAULO",1016.15,"CAIXA REFERENCIAL"]
["FUNDACOES E ESTRUTURAS","FUES","CONCRETOS","0043","","",103683,"CONCRETAGEM DE VIGAS E LAJES, FCK=25 MPA, PARA QUALQUER TIPO DE LAJE COM BALDES EM EDIFICAÇÃO DE MULTIPAVIMENTOS ATÉ 04 ANDARES - LANÇAMENTO, ADENSAMENTO E ACABAMENTO. AF_02/2022","M3","ATRIBUÍDO SÃO PAULO",1360.66,"CAIXA REFERENCIAL"]
["FUNDACOES E ESTRUTURAS","FUES","CONCRETOS","0043","","",103688,"CONCRETAGEM DE PILARES, FCK=25 MPA, COM USO DE JERICAS EM CREMALHEIRA - LANÇAMENTO, ADENSAMENTO E ACABAMENTO. AF_02/2022","M3","ATRIBUÍDO SÃO PAULO",1011.17,"CAIXA REFERENCIAL"]
["FUNDACOES E ESTRUTURAS","FUES","ADESIVOS PARA ESTRUTURAS","0286","","",98575,"TRATAMENTO DE JUNTA DE DILATAÇÃO, COM TARUGO DE POLIETILENO E SELANTE PU, INCLUSO PREENCHIMENTO COM ESPUMA EXPANSIVA PU. AF_06/2018","M","COEFICIENTE DE REPRESENTATIVIDADE",127.44,"CAIXA REFERENCIAL"]
["FUNDACOES E ESTRUTURAS","FUES","CINTAS E VERGAS","0296","","",93185,"VERGA PRÉ-MOLDADA PARA PORTAS COM MAIS DE 1,5 M DE VÃO. AF_03/2016","M","ATRIBUÍDO SÃO PAULO",54.97,"CAIXA REFERENCIAL"]
["FUNDACOES E ESTRUTURAS","FUES","CINTAS E VERGAS","0296","","",93190,"VERGA MOLDADA IN LOCO COM UTILIZAÇÃO DE BLOCOS CANALETA PARA JANELAS COM ATÉ 1,5 M DE VÃO. AF_03/2016","M","COEFICIENTE DE REPRESENTATIVIDADE",50.15,"CAIXA REFERENCIAL"]
["FUNDACOES E ESTRUTURAS","FUES","CINTAS E VERGAS","0296","","",93195,"CONTRAVERGA PRÉ-MOLDADA PARA VÃOS DE MAIS DE 1,5 M DE COMPRIMENTO. AF_03/2016","M","ATRIBUÍDO SÃO PAULO",51.26,"CAIXA REFERENCIAL"]
["FUNDACOES E ESTRUTURAS","FUES","CINTAS E VERGAS","0296","","",93201,"FIXAÇÃO (ENCUNHAMENTO) DE ALVENARIA DE VEDAÇÃO COM ARGAMASSA APLICADA COM COLHER. AF_03/2016","M","COEFICIENTE DE REPRESENTATIVIDADE",5.95,"CAIXA REFERENCIAL"]
["FUNDACOES E ESTRUTURAS","FUES","ESTRUTURAS DIVERSAS","0301","","",97733,"PEÇA RETANGULAR PRÉ-MOLDADA, VOLUME DE CONCRETO DE ATÉ 10 LITROS, TAXA DE AÇO APROXIMADA DE 30KG/M³. AF_01/2018","M3","ATRIBUÍDO SÃO PAULO",3326.56,"CAIXA REFERENCIAL"]
["FUNDACOES E ESTRUTURAS","FUES","ESTRUTURAS DIVERSAS","0301","","",97739,"PEÇA CIRCULAR PRÉ-MOLDADA, VOLUME DE CONCRETO DE 30 A 100 LITROS, TAXA DE AÇO APROXIMADA DE 30KG/M³. AF_01/2018","M3","ATRIBUÍDO SÃO PAULO",2978.21,"CAIXA REFERENCIAL"]
["FUNDACOES E ESTRUTURAS","FUES","ESTRUTURAS DIVERSAS","0301","","",98618,"CONTENÇÃO EM CORTINA COM ESTACAS ESPAÇADAS COM 40 CM DE DIÂMETRO E PROFUNDIDADE MENOR OU IGUAL A 10 M. AF_06/2018","M2","ATRIBUÍDO SÃO PAULO",179.11,"CAIXA REFERENCIAL"]
["FUNDACOES E ESTRUTURAS","FUES","ESTRUTURAS DIVERSAS","0301","","",98623,"CONTENÇÃO EM CORTINA COM ESTACAS ESPAÇADAS COM 50 CM DE DIÂMETRO E PROFUNDIDADE MAIOR QUE 15 M. AF_06/2018","M2","ATRIBUÍDO SÃO PAULO",191.79,"CAIXA REFERENCIAL"]
["FUNDACOES E ESTRUTURAS","FUES","ESTRUTURAS DIVERSAS","0301","","",98624,"CONTENÇÃO EM CORTINA COM ESTACAS ESPAÇADAS COM 60 CM DE DIÂMETRO E PROFUNDIDADE MENOR OU IGUAL A 10 M. AF_06/2018","M2","ATRIBUÍDO SÃO PAULO",237.29,"CAIXA REFERENCIAL"]
["FUNDACOES E ESTRUTURAS","FUES","ESTRUTURAS DIVERSAS","0301","","",98657,"EXECUÇÃO DE MURETA GUIA PARA CONTENÇÃO/ FUNDAÇÃO COM 50 CM DE ESPESSURA. AF_06/2018","M","ATRIBUÍDO SÃO PAULO",755.48,"CAIXA REFERENCIAL"]
["FUNDACOES E ESTRUTURAS","FUES","ESTRUTURAS DIVERSAS","0301","","",98751,"SOLDA DE TOPO EM CHAPA/PERFIL/TUBO DE AÇO CHANFRADO, ESPESSURA=1/2''. AF_06/2018","M","COEFICIENTE DE REPRESENTATIVIDADE",114.48,"CAIXA REFERENCIAL"]
["FUNDACOES E ESTRUTURAS","FUES","ESTRUTURAS DIVERSAS","0301","","",100765,"PILAR METÁLICO PERFIL LAMINADO/SOLDADO EM AÇO ESTRUTURAL, COM CONEXÕES PARAFUSADAS, INCLUSOS MÃO DE OBRA, TRANSPORTE E IÇAMENTO UTILIZANDO GUINDASTE - FORNECIMENTO E INSTALAÇÃO. AF_01/2020_PSA","KG","ATRIBUÍDO SÃO PAULO",18.27,"CAIXA REFERENCIAL"]
["FUNDACOES E ESTRUTURAS","FUES","ESTRUTURAS DIVERSAS","0301","","",100770,"CONTRAVENTAMENTO COM CANTONEIRAS DE AÇO, ABAS IGUAIS, COM CONEXÕES SOLDADAS, INCLUSOS MÃO DE OBRA, TRANSPORTE E IÇAMENTO UTILIZANDO GUINDASTE, PARA EDIFÍCIOS DE 3 A 5 PAVIMENTOS - FORNECIMENTO E INSTALAÇÃO. AF_01/2020_PA","KG","ATRIBUÍDO SÃO PAULO",22.66,"CAIXA REFERENCIAL"]
["FUNDACOES E ESTRUTURAS","FUES","ESTRUTURAS DIVERSAS","0301","","",100776,"ESTRUTURA TRELIÇADA DE COBERTURA, TIPO ARCO, COM LIGAÇÕES PARAFUSADAS, INCLUSOS PERFIS METÁLICOS, CHAPAS METÁLICAS, MÃO DE OBRA E TRANSPORTE COM GUINDASTE - FORNECIMENTO E INSTALAÇÃO. AF_01/2020_PSA","KG","ATRIBUÍDO SÃO PAULO",21.38,"CAIXA REFERENCIAL"]
["FUNDACOES E ESTRUTURAS","FUES","ESTRUTURAS DIVERSAS","0301","","",103797,"ARMAÇÃO DE DESCIDA D\u0092ÁGUA UTILIZANDO AÇO CA-60 DE 5 MM - MONTAGEM. AF_08/2022","KG","COEFICIENTE DE REPRESENTATIVIDADE",17.66,"CAIXA REFERENCIAL"]
["FUNDACOES E ESTRUTURAS","FUES","ESTRUTURAS DIVERSAS","0301","","",103925,"ESCADA HIDRÁULICA, LARGURA ATÉ 1M, TIPO DESCIDA D\u0092ÁGUA DE CORTE OU ATERRO EM DEGRAUS (DCD 02, 04 E DAD 02), EM CONCRETO USINADO, FCK = 20 MPA, LANÇADO COM BOMBA, INCLUINDO ARMAÇÃO, MATERIAIS E FÔRMAS (3 UTILIZAÇÕES). AF_08/2022","M3","ATRIBUÍDO SÃO PAULO",1911.09,"CAIXA REFERENCIAL"]
["FUNDACOES E ESTRUTURAS","FUES","ESTRUTURAS DIVERSAS","0301","","",103932,"BACIA DE DISSIPAÇÃO, LARGURA DE 4 A 9,2 M, TIPO BACIA EM PEDRA DE MÃO FIXADA COM CONCRETO (DEB 07, 08, 09, 10, 11, 12, 13), COM PREPARO MANUAL, FCK = 20 MPA, LANÇADO MANUALMENTE, INCLUINDO MATERIAIS E FÔRMAS (2 UTILIZAÇÕES). AF_08/2022","M3","ATRIBUÍDO SÃO PAULO",715.92,"CAIXA REFERENCIAL"]
["FUNDACOES E ESTRUTURAS","FUES","ESTRUTURAS DIVERSAS","0301","","",104469,"COMPOSIÇÃO PARAMÉTRICA PARA FORNECIMENTO E MONTAGEM DE ESTRUTURA METÁLICA PARA GALPÕES COM PONTE ROLANTE. AF_11/2022","KG","ATRIBUÍDO SÃO PAULO",55.93,"CAIXA REFERENCIAL"]
["FUNDACOES E ESTRUTURAS","FUES","ESTRUTURAS DIVERSAS","0301","","",104485,"COMPOSIÇÃO PARAMÉTRICA EXECUÇÃO DE ESTRUTURAS DE CONCRETO ARMADO, PARA EDIFICAÇÃO HABITACIONAL UNIFAMILIAR COM DOIS PAVIMENTOS (CASA EM EMPREENDIMENTOS), FCK = 25 MPA. AF_11/2022","M3","ATRIBUÍDO SÃO PAULO",3370.85,"CAIXA REFERENCIAL"]
["FUNDACOES E ESTRUTURAS","FUES","ESTRUTURAS DIVERSAS","0301","","",104490,"COMPOSIÇÃO PARAMÉTRICA PARA EXECUÇÃO DE ESTRUTURAS DE CONCRETO ARMADO CONVENCIONAL, PARA EDIFICAÇÃO HABITACIONAL MULTIFAMILIAR (PRÉDIO), DE 5 A 8 PAVIMENTOS, FCK = 25 MPA. AF_11/2022","M3","ATRIBUÍDO SÃO PAULO",2864.92,"CAIXA REFERENCIAL"]
["IMPERMEABILIZACOES E PROTECOES DIVERSAS","IMPE","IMPERMEABILIZACAO COM ADITIVO","0140","","",98556,"IMPERMEABILIZAÇÃO DE SUPERFÍCIE COM ARGAMASSA POLIMÉRICA / MEMBRANA ACRÍLICA, 4 DEMÃOS, REFORÇADA COM VÉU DE POLIÉSTER (MAV). AF_06/2018","M2","COEFICIENTE DE REPRESENTATIVIDADE",71.17,"CAIXA REFERENCIAL"]
["IMPERMEABILIZACOES E PROTECOES DIVERSAS","IMPE","IMPERMEABILIZACAO COM ADITIVO","0140","","",98558,"TRATAMENTO DE RALO OU PONTO EMERGENTE COM ARGAMASSA POLIMÉRICA / MEMBRANA ACRÍLICA REFORÇADO COM VÉU DE POLIÉSTER (MAV). AF_06/2018","UN","COEFICIENTE DE REPRESENTATIVIDADE",11.55,"CAIXA REFERENCIAL"]
["IMPERMEABILIZACOES E PROTECOES DIVERSAS","IMPE","IMPERMEABILIZACAO COM MANTA","0141","","",98554,"IMPERMEABILIZAÇÃO DE SUPERFÍCIE COM MEMBRANA À BASE DE RESINA ACRÍLICA, 3 DEMÃOS. AF_06/2018","M2","COEFICIENTE DE REPRESENTATIVIDADE",67.44,"CAIXA REFERENCIAL"]
["IMPERMEABILIZACOES E PROTECOES DIVERSAS","IMPE","PROTECAO DE SUPERFICIE COM ARGAMASSA","0150","","",98567,"PROTEÇÃO MECÂNICA DE SUPERFICIE HORIZONTAL COM ARGAMASSA DE CIMENTO E AREIA, TRAÇO 1:3, E=4CM. AF_06/2018","M2","COEFICIENTE DE REPRESENTATIVIDADE",68.510000000000005,"CAIXA REFERENCIAL"]
["IMPERMEABILIZACOES E PROTECOES DIVERSAS","IMPE","PROTECAO DE SUPERFICIE COM ARGAMASSA","0150","","",98572,"PROTEÇÃO MECÂNICA DE SUPERFICIE HORIZONTAL COM CONCRETO 15 MPA, E=5CM. AF_06/2018","M2","COEFICIENTE DE REPRESENTATIVIDADE",61,"CAIXA REFERENCIAL"]
["INSTALACAO ELETRICA/ELETRIFICACAO E ILUMINACAO EXTERNA","INEL","ELETRODUTOS/CALHAS PARA LEITO DE CABOS","0165","","",91835,"ELETRODUTO FLEXÍVEL CORRUGADO REFORÇADO, PVC, DN 25 MM (3/4\"), PARA CIRCUITOS TERMINAIS, INSTALADO EM FORRO - FORNECIMENTO E INSTALAÇÃO. AF_03/2023","M","COEFICIENTE DE REPRESENTATIVIDADE",12.79,"CAIXA REFERENCIAL"]
["INSTALACAO ELETRICA/ELETRIFICACAO E ILUMINACAO EXTERNA","INEL","ELETRODUTOS/CALHAS PARA LEITO DE CABOS","0165","","",91842,"ELETRODUTO FLEXÍVEL CORRUGADO, PVC, DN 20 MM (1/2\"), PARA CIRCUITOS TERMINAIS, INSTALADO EM LAJE - FORNECIMENTO E INSTALAÇÃO. AF_03/2023","M","COEFICIENTE DE REPRESENTATIVIDADE",5.94,"CAIXA REFERENCIAL"]
["INSTALACAO ELETRICA/ELETRIFICACAO E ILUMINACAO EXTERNA","INEL","ELETRODUTOS/CALHAS PARA LEITO DE CABOS","0165","","",91847,"ELETRODUTO FLEXÍVEL CORRUGADO REFORÇADO, PVC, DN 32 MM (1\"), PARA CIRCUITOS TERMINAIS, INSTALADO EM LAJE - FORNECIMENTO E INSTALAÇÃO. AF_03/2023","M","COEFICIENTE DE REPRESENTATIVIDADE",13.57,"CAIXA REFERENCIAL"]
["INSTALACAO ELETRICA/ELETRIFICACAO E ILUMINACAO EXTERNA","INEL","ELETRODUTOS/CALHAS PARA LEITO DE CABOS","0165","","",91853,"ELETRODUTO FLEXÍVEL CORRUGADO REFORÇADO, PVC, DN 20 MM (1/2\"), PARA CIRCUITOS TERMINAIS, INSTALADO EM PAREDE - FORNECIMENTO E INSTALAÇÃO. AF_03/2023","M","COEFICIENTE DE REPRESENTATIVIDADE",9.36,"CAIXA REFERENCIAL"]
["INSTALACAO ELETRICA/ELETRIFICACAO E ILUMINACAO EXTERNA","INEL","ELETRODUTOS/CALHAS PARA LEITO DE CABOS","0165","","",91860,"ELETRODUTO FLEXÍVEL CORRUGADO, PEAD, DN 40 MM (1 1/4\"), PARA CIRCUITOS TERMINAIS, INSTALADO EM PAREDE - FORNECIMENTO E INSTALAÇÃO. AF_03/2023","M","COEFICIENTE DE REPRESENTATIVIDADE",11.8,"CAIXA REFERENCIAL"]
["INSTALACAO ELETRICA/ELETRIFICACAO E ILUMINACAO EXTERNA","INEL","ELETRODUTOS/CALHAS PARA LEITO DE CABOS","0165","","",91865,"ELETRODUTO RÍGIDO ROSCÁVEL, PVC, DN 40 MM (1 1/4\"), PARA CIRCUITOS TERMINAIS, INSTALADO EM FORRO - FORNECIMENTO E INSTALAÇÃO. AF_03/2023","M","COEFICIENTE DE REPRESENTATIVIDADE",19.55,"CAIXA REFERENCIAL"]
["INSTALACAO ELETRICA/ELETRIFICACAO E ILUMINACAO EXTERNA","INEL","ELETRODUTOS/CALHAS PARA LEITO DE CABOS","0165","","",91871,"ELETRODUTO RÍGIDO ROSCÁVEL, PVC, DN 25 MM (3/4\"), PARA CIRCUITOS TERMINAIS, INSTALADO EM PAREDE - FORNECIMENTO E INSTALAÇÃO. AF_03/2023","M","COEFICIENTE DE REPRESENTATIVIDADE",14.23,"CAIXA REFERENCIAL"]
["INSTALACAO ELETRICA/ELETRIFICACAO E ILUMINACAO EXTERNA","INEL","ELETRODUTOS/CALHAS PARA LEITO DE CABOS","0165","","",93010,"ELETRODUTO RÍGIDO ROSCÁVEL, PVC, DN 75 MM (2 1/2\"), PARA REDE ENTERRADA DE DISTRIBUIÇÃO DE ENERGIA ELÉTRICA - FORNECIMENTO E INSTALAÇÃO. AF_12/2021","M","COEFICIENTE DE REPRESENTATIVIDADE",40.54,"CAIXA REFERENCIAL"]
["INSTALACAO ELETRICA/ELETRIFICACAO E ILUMINACAO EXTERNA","INEL","ELETRODUTOS/CALHAS PARA LEITO DE CABOS","0165","","",95728,"ELETRODUTO RÍGIDO SOLDÁVEL, PVC, DN 32 MM (1''), APARENTE - FORNECIMENTO E INSTALAÇÃO. AF_10/2022","M","COEFICIENTE DE REPRESENTATIVIDADE",18.63,"CAIXA REFERENCIAL"]
["INSTALACAO ELETRICA/ELETRIFICACAO E ILUMINACAO EXTERNA","INEL","ELETRODUTOS/CALHAS PARA LEITO DE CABOS","0165","","",97667,"ELETRODUTO FLEXÍVEL CORRUGADO, PEAD, DN 50 (1 1/2\"), PARA REDE ENTERRADA DE DISTRIBUIÇÃO DE ENERGIA ELÉTRICA - FORNECIMENTO E INSTALAÇÃO. AF_12/2021","M","COEFICIENTE DE REPRESENTATIVIDADE",7.87,"CAIXA REFERENCIAL"]
["INSTALACAO ELETRICA/ELETRIFICACAO E ILUMINACAO EXTERNA","INEL","CONEXOES","0166","","",91875,"LUVA PARA ELETRODUTO, PVC, ROSCÁVEL, DN 25 MM (3/4\"), PARA CIRCUITOS TERMINAIS, INSTALADA EM FORRO - FORNECIMENTO E INSTALAÇÃO. AF_03/2023","UN","COEFICIENTE DE REPRESENTATIVIDADE",8.01,"CAIXA REFERENCIAL"]
["INSTALACAO ELETRICA/ELETRIFICACAO E ILUMINACAO EXTERNA","INEL","CONEXOES","0166","","",91880,"LUVA PARA ELETRODUTO, PVC, ROSCÁVEL, DN 32 MM (1\"), PARA CIRCUITOS TERMINAIS, INSTALADA EM LAJE - FORNECIMENTO E INSTALAÇÃO. AF_03/2023","UN","COEFICIENTE DE REPRESENTATIVIDADE",8.23,"CAIXA REFERENCIAL"]
["INSTALACAO ELETRICA/ELETRIFICACAO E ILUMINACAO EXTERNA","INEL","CONEXOES","0166","","",91887,"CURVA 90 GRAUS PARA ELETRODUTO, PVC, ROSCÁVEL, DN 20 MM (1/2\"), PARA CIRCUITOS TERMINAIS, INSTALADA EM FORRO - FORNECIMENTO E INSTALAÇÃO. AF_03/2023","UN","COEFICIENTE DE REPRESENTATIVIDADE",11.89,"CAIXA REFERENCIAL"]
["INSTALACAO ELETRICA/ELETRIFICACAO E ILUMINACAO EXTERNA","INEL","CONEXOES","0166","","",91895,"CURVA 180 GRAUS PARA ELETRODUTO, PVC, ROSCÁVEL, DN 32 MM (1\"), PARA CIRCUITOS TERMINAIS, INSTALADA EM FORRO - FORNECIMENTO E INSTALAÇÃO. AF_03/2023","UN","COEFICIENTE DE REPRESENTATIVIDADE",18.54,"CAIXA REFERENCIAL"]
["INSTALACAO ELETRICA/ELETRIFICACAO E ILUMINACAO EXTERNA","INEL","CONEXOES","0166","","",91904,"CURVA 180 GRAUS PARA ELETRODUTO, PVC, ROSCÁVEL, DN 25 MM (3/4\"), PARA CIRCUITOS TERMINAIS, INSTALADA EM LAJE - FORNECIMENTO E INSTALAÇÃO. AF_03/2023","UN","COEFICIENTE DE REPRESENTATIVIDADE",13.12,"CAIXA REFERENCIAL"]
["INSTALACAO ELETRICA/ELETRIFICACAO E ILUMINACAO EXTERNA","INEL","CONEXOES","0166","","",91911,"CURVA 90 GRAUS PARA ELETRODUTO, PVC, ROSCÁVEL, DN 20 MM (1/2\"), PARA CIRCUITOS TERMINAIS, INSTALADA EM PAREDE - FORNECIMENTO E INSTALAÇÃO. AF_03/2023","UN","COEFICIENTE DE REPRESENTATIVIDADE",16.29,"CAIXA REFERENCIAL"]
["INSTALACAO ELETRICA/ELETRIFICACAO E ILUMINACAO EXTERNA","INEL","CONEXOES","0166","","",91919,"CURVA 180 GRAUS PARA ELETRODUTO, PVC, ROSCÁVEL, DN 32 MM (1\"), PARA CIRCUITOS TERMINAIS, INSTALADA EM PAREDE - FORNECIMENTO E INSTALAÇÃO. AF_03/2023","UN","COEFICIENTE DE REPRESENTATIVIDADE",22.83,"CAIXA REFERENCIAL"]
["INSTALACAO ELETRICA/ELETRIFICACAO E ILUMINACAO EXTERNA","INEL","CONEXOES","0166","","",93016,"LUVA PARA ELETRODUTO, PVC, ROSCÁVEL, DN 85 MM (3\"), PARA REDE ENTERRADA DE DISTRIBUIÇÃO DE ENERGIA ELÉTRICA - FORNECIMENTO E INSTALAÇÃO. AF_12/2021","UN","COEFICIENTE DE REPRESENTATIVIDADE",33.68,"CAIXA REFERENCIAL"]
["INSTALACAO ELETRICA/ELETRIFICACAO E ILUMINACAO EXTERNA","INEL","CONEXOES","0166","","",93024,"CURVA 90 GRAUS PARA ELETRODUTO, PVC, ROSCÁVEL, DN 85 MM (3\"), PARA REDE ENTERRADA DE DISTRIBUIÇÃO DE ENERGIA ELÉTRICA - FORNECIMENTO E INSTALAÇÃO. AF_12/2021","UN","COEFICIENTE DE REPRESENTATIVIDADE",51.19,"CAIXA REFERENCIAL"]
["INSTALACAO ELETRICA/ELETRIFICACAO E ILUMINACAO EXTERNA","INEL","FIOS/CABOS","0167","","",91924,"CABO DE COBRE FLEXÍVEL ISOLADO, 1,5 MM², ANTI-CHAMA 450/750 V, PARA CIRCUITOS TERMINAIS - FORNECIMENTO E INSTALAÇÃO. AF_03/2023","M","COEFICIENTE DE REPRESENTATIVIDADE",3.33,"CAIXA REFERENCIAL"]
["INSTALACAO ELETRICA/ELETRIFICACAO E ILUMINACAO EXTERNA","INEL","FIOS/CABOS","0167","","",91929,"CABO DE COBRE FLEXÍVEL ISOLADO, 4 MM², ANTI-CHAMA 0,6/1,0 KV, PARA CIRCUITOS TERMINAIS - FORNECIMENTO E INSTALAÇÃO. AF_03/2023","M","COEFICIENTE DE REPRESENTATIVIDADE",8.1300000000000008,"CAIXA REFERENCIAL"]
["INSTALACAO ELETRICA/ELETRIFICACAO E ILUMINACAO EXTERNA","INEL","FIOS/CABOS","0167","","",91934,"CABO DE COBRE FLEXÍVEL ISOLADO, 16 MM², ANTI-CHAMA 450/750 V, PARA CIRCUITOS TERMINAIS - FORNECIMENTO E INSTALAÇÃO. AF_03/2023","M","COEFICIENTE DE REPRESENTATIVIDADE",27.62,"CAIXA REFERENCIAL"]
["INSTALACAO ELETRICA/ELETRIFICACAO E ILUMINACAO EXTERNA","INEL","FIOS/CABOS","0167","","",91935,"CABO DE COBRE FLEXÍVEL ISOLADO, 16 MM², ANTI-CHAMA 0,6/1,0 KV, PARA CIRCUITOS TERMINAIS - FORNECIMENTO E INSTALAÇÃO. AF_03/2023","M","COEFICIENTE DE REPRESENTATIVIDADE",29,"CAIXA REFERENCIAL"]
["INSTALACAO ELETRICA/ELETRIFICACAO E ILUMINACAO EXTERNA","INEL","FIOS/CABOS","0167","","",92984,"CABO DE COBRE FLEXÍVEL ISOLADO, 25 MM², ANTI-CHAMA 0,6/1,0 KV, PARA REDE ENTERRADA DE DISTRIBUIÇÃO DE ENERGIA ELÉTRICA - FORNECIMENTO E INSTALAÇÃO. AF_12/2021","M","COEFICIENTE DE REPRESENTATIVIDADE",32.6,"CAIXA REFERENCIAL"]
["INSTALACAO ELETRICA/ELETRIFICACAO E ILUMINACAO EXTERNA","INEL","FIOS/CABOS","0167","","",92994,"CABO DE COBRE FLEXÍVEL ISOLADO, 120 MM², ANTI-CHAMA 0,6/1,0 KV, PARA REDE ENTERRADA DE DISTRIBUIÇÃO DE ENERGIA ELÉTRICA - FORNECIMENTO E INSTALAÇÃO. AF_12/2021","M","COEFICIENTE DE REPRESENTATIVIDADE",153.81,"CAIXA REFERENCIAL"]
["INSTALACAO ELETRICA/ELETRIFICACAO E ILUMINACAO EXTERNA","INEL","FIOS/CABOS","0167","","",101885,"CABO DE COBRE ISOLADO, 10 MM², ANTI-CHAMA 0,6/1 KV, INSTALADO EM ELETROCALHA OU PERFILADO - FORNECIMENTO E INSTALAÇÃO. AF_10/2020","M","COEFICIENTE DE REPRESENTATIVIDADE",12.38,"CAIXA REFERENCIAL"]
["INSTALACAO ELETRICA/ELETRIFICACAO E ILUMINACAO EXTERNA","INEL","CAIXAS","0168","","",91936,"CAIXA OCTOGONAL 4\" X 4\", PVC, INSTALADA EM LAJE - FORNECIMENTO E INSTALAÇÃO. AF_03/2023","UN","COEFICIENTE DE REPRESENTATIVIDADE",17.63,"CAIXA REFERENCIAL"]
["INSTALACAO ELETRICA/ELETRIFICACAO E ILUMINACAO EXTERNA","INEL","CAIXAS","0168","","",91943,"CAIXA RETANGULAR 4\" X 4\" MÉDIA (1,30 M DO PISO), PVC, INSTALADA EM PAREDE - FORNECIMENTO E INSTALAÇÃO. AF_03/2023","UN","COEFICIENTE DE REPRESENTATIVIDADE",20.8,"CAIXA REFERENCIAL"]
["INSTALACAO ELETRICA/ELETRIFICACAO E ILUMINACAO EXTERNA","INEL","CAIXAS","0168","","",92868,"CAIXA RETANGULAR 4\" X 2\" MÉDIA (1,30 M DO PISO), METÁLICA, INSTALADA EM PAREDE - FORNECIMENTO E INSTALAÇÃO. AF_03/2023","UN","COEFICIENTE DE REPRESENTATIVIDADE",16.579999999999998,"CAIXA REFERENCIAL"]
["INSTALACAO ELETRICA/ELETRIFICACAO E ILUMINACAO EXTERNA","INEL","CAIXAS","0168","","",95777,"CONDULETE DE ALUMÍNIO, TIPO B, PARA ELETRODUTO DE AÇO GALVANIZADO DN 20 MM (3/4''), APARENTE - FORNECIMENTO E INSTALAÇÃO. AF_10/2022","UN","ATRIBUÍDO SÃO PAULO",24.42,"CAIXA REFERENCIAL"]
["INSTALACAO ELETRICA/ELETRIFICACAO E ILUMINACAO EXTERNA","INEL","CAIXAS","0168","","",95785,"CONDULETE DE ALUMÍNIO, TIPO E, PARA ELETRODUTO DE AÇO GALVANIZADO DN 32 MM (1 1/4''), APARENTE - FORNECIMENTO E INSTALAÇÃO. AF_10/2022","UN","ATRIBUÍDO SÃO PAULO",37.18,"CAIXA REFERENCIAL"]
["INSTALACAO ELETRICA/ELETRIFICACAO E ILUMINACAO EXTERNA","INEL","CAIXAS","0168","","",95796,"CONDULETE DE ALUMÍNIO, TIPO T, PARA ELETRODUTO DE AÇO GALVANIZADO DN 25 MM (1''), APARENTE - FORNECIMENTO E INSTALAÇÃO. AF_10/2022","UN","ATRIBUÍDO SÃO PAULO",43.85,"CAIXA REFERENCIAL"]
["INSTALACAO ELETRICA/ELETRIFICACAO E ILUMINACAO EXTERNA","INEL","CAIXAS","0168","","",95804,"CONDULETE DE PVC, TIPO B, PARA ELETRODUTO DE PVC SOLDÁVEL DN 20 MM (1/2''), APARENTE - FORNECIMENTO E INSTALAÇÃO. AF_10/2022","UN","COEFICIENTE DE REPRESENTATIVIDADE",21.91,"CAIXA REFERENCIAL"]
["INSTALACAO ELETRICA/ELETRIFICACAO E ILUMINACAO EXTERNA","INEL","CAIXAS","0168","","",95810,"CONDULETE DE PVC, TIPO LB, PARA ELETRODUTO DE PVC SOLDÁVEL DN 20 MM (1/2''), APARENTE - FORNECIMENTO E INSTALAÇÃO. AF_10/2022","UN","COEFICIENTE DE REPRESENTATIVIDADE",16.149999999999999,"CAIXA REFERENCIAL"]
["INSTALACAO ELETRICA/ELETRIFICACAO E ILUMINACAO EXTERNA","INEL","CAIXAS","0168","","",95815,"CONDULETE DE PVC, TIPO TB, PARA ELETRODUTO DE PVC SOLDÁVEL DN 32 MM (1''), APARENTE - FORNECIMENTO E INSTALAÇÃO. AF_10/2022","UN","COEFICIENTE DE REPRESENTATIVIDADE",34.700000000000003,"CAIXA REFERENCIAL"]
["INSTALACAO ELETRICA/ELETRIFICACAO E ILUMINACAO EXTERNA","INEL","CAIXAS","0168","","",95816,"CONDULETE DE PVC, TIPO X, PARA ELETRODUTO DE PVC SOLDÁVEL DN 20 MM (1/2''), APARENTE - FORNECIMENTO E INSTALAÇÃO. AF_10/2022","UN","COEFICIENTE DE REPRESENTATIVIDADE",31.17,"CAIXA REFERENCIAL"]
["INSTALACAO ELETRICA/ELETRIFICACAO E ILUMINACAO EXTERNA","INEL","CAIXAS","0168","","",97883,"CAIXA ENTERRADA ELÉTRICA RETANGULAR, EM CONCRETO PRÉ-MOLDADO, FUNDO COM BRITA, DIMENSÕES INTERNAS: 0,6X0,6X0,5 M. AF_12/2020","UN","ATRIBUÍDO SÃO PAULO",406.19,"CAIXA REFERENCIAL"]
["INSTALACAO ELETRICA/ELETRIFICACAO E ILUMINACAO EXTERNA","INEL","CAIXAS","0168","","",97888,"CAIXA ENTERRADA ELÉTRICA RETANGULAR, EM ALVENARIA COM TIJOLOS CERÂMICOS MACIÇOS, FUNDO COM BRITA, DIMENSÕES INTERNAS: 0,6X0,6X0,6 M. AF_12/2020","UN","ATRIBUÍDO SÃO PAULO",526.05999999999995,"CAIXA REFERENCIAL"]
["INSTALACAO ELETRICA/ELETRIFICACAO E ILUMINACAO EXTERNA","INEL","CAIXAS","0168","","",97894,"CAIXA ENTERRADA ELÉTRICA RETANGULAR, EM ALVENARIA COM BLOCOS DE CONCRETO, FUNDO COM BRITA, DIMENSÕES INTERNAS: 1X1X0,6 M. AF_12/2020","UN","ATRIBUÍDO SÃO PAULO",624.52,"CAIXA REFERENCIAL"]
["INSTALACAO ELETRICA/ELETRIFICACAO E ILUMINACAO EXTERNA","INEL","CAIXAS","0168","","",104400,"CONDULETE DE PVC, TIPO LR, PARA ELETRODUTO DE PVC SOLDÁVEL DN 32 MM (1''), APARENTE - FORNECIMENTO E INSTALAÇÃO. AF_10/2022","UN","COEFICIENTE DE REPRESENTATIVIDADE",35.89,"CAIXA REFERENCIAL"]
["INSTALACAO ELETRICA/ELETRIFICACAO E ILUMINACAO EXTERNA","INEL","QUADROS/DISJUNTORES","0169","","",93653,"DISJUNTOR MONOPOLAR TIPO DIN, CORRENTE NOMINAL DE 10A - FORNECIMENTO E INSTALAÇÃO. AF_10/2020","UN","COEFICIENTE DE REPRESENTATIVIDADE",12.73,"CAIXA REFERENCIAL"]
["INSTALACAO ELETRICA/ELETRIFICACAO E ILUMINACAO EXTERNA","INEL","QUADROS/DISJUNTORES","0169","","",93658,"DISJUNTOR MONOPOLAR TIPO DIN, CORRENTE NOMINAL DE 40A - FORNECIMENTO E INSTALAÇÃO. AF_10/2020","UN","COEFICIENTE DE REPRESENTATIVIDADE",23.21,"CAIXA REFERENCIAL"]
["INSTALACAO ELETRICA/ELETRIFICACAO E ILUMINACAO EXTERNA","INEL","QUADROS/DISJUNTORES","0169","","",93663,"DISJUNTOR BIPOLAR TIPO DIN, CORRENTE NOMINAL DE 25A - FORNECIMENTO E INSTALAÇÃO. AF_10/2020","UN","COEFICIENTE DE REPRESENTATIVIDADE",65.349999999999994,"CAIXA REFERENCIAL"]
["INSTALACAO ELETRICA/ELETRIFICACAO E ILUMINACAO EXTERNA","INEL","QUADROS/DISJUNTORES","0169","","",93669,"DISJUNTOR TRIPOLAR TIPO DIN, CORRENTE NOMINAL DE 20A - FORNECIMENTO E INSTALAÇÃO. AF_10/2020","UN","COEFICIENTE DE REPRESENTATIVIDADE",82.83,"CAIXA REFERENCIAL"]
["INSTALACAO ELETRICA/ELETRIFICACAO E ILUMINACAO EXTERNA","INEL","QUADROS/DISJUNTORES","0169","","",97359,"QUADRO DE MEDIÇÃO GERAL DE ENERGIA COM 8 MEDIDORES - FORNECIMENTO E INSTALAÇÃO. AF_10/2020","UN","COEFICIENTE DE REPRESENTATIVIDADE",3303.84,"CAIXA REFERENCIAL"]
["INSTALACAO ELETRICA/ELETRIFICACAO E ILUMINACAO EXTERNA","INEL","QUADROS/DISJUNTORES","0169","","",101876,"QUADRO DE DISTRIBUIÇÃO DE ENERGIA EM PVC, DE EMBUTIR, SEM BARRAMENTO, PARA 6 DISJUNTORES - FORNECIMENTO E INSTALAÇÃO. AF_10/2020","UN","COEFICIENTE DE REPRESENTATIVIDADE",75.55,"CAIXA REFERENCIAL"]
["INSTALACAO ELETRICA/ELETRIFICACAO E ILUMINACAO EXTERNA","INEL","QUADROS/DISJUNTORES","0169","","",101882,"QUADRO DE DISTRIBUIÇÃO DE ENERGIA EM CHAPA DE AÇO GALVANIZADO, DE EMBUTIR, COM BARRAMENTO TRIFÁSICO, PARA 30 DISJUNTORES DIN 225A - FORNECIMENTO E INSTALAÇÃO. AF_10/2020","UN","COEFICIENTE DE REPRESENTATIVIDADE",1420.4,"CAIXA REFERENCIAL"]
["INSTALACAO ELETRICA/ELETRIFICACAO E ILUMINACAO EXTERNA","INEL","QUADROS/DISJUNTORES","0169","","",101893,"DISJUNTOR TRIPOLAR TIPO NEMA, CORRENTE NOMINAL DE 10 ATÉ 50A - FORNECIMENTO E INSTALAÇÃO. AF_10/2020","UN","COEFICIENTE DE REPRESENTATIVIDADE",98.96,"CAIXA REFERENCIAL"]
["INSTALACAO ELETRICA/ELETRIFICACAO E ILUMINACAO EXTERNA","INEL","QUADROS/DISJUNTORES","0169","","",101894,"DISJUNTOR TRIPOLAR TIPO NEMA, CORRENTE NOMINAL DE 60 ATÉ 100A - FORNECIMENTO E INSTALAÇÃO. AF_10/2020","UN","COEFICIENTE DE REPRESENTATIVIDADE",167.8,"CAIXA REFERENCIAL"]
["INSTALACAO ELETRICA/ELETRIFICACAO E ILUMINACAO EXTERNA","INEL","QUADROS/DISJUNTORES","0169","","",101899,"DISJUNTOR TERMOMAGNÉTICO TRIPOLAR , CORRENTE NOMINAL DE 600A - FORNECIMENTO E INSTALAÇÃO. AF_10/2020","UN","COEFICIENTE DE REPRESENTATIVIDADE",2342.59,"CAIXA REFERENCIAL"]
["INSTALACAO ELETRICA/ELETRIFICACAO E ILUMINACAO EXTERNA","INEL","QUADROS/DISJUNTORES","0169","","",101904,"CONTATOR TRIPOLAR I NOMIMAL 95A - FORNECIMENTO E INSTALAÇÃO. AF_10/2020","UN","ATRIBUÍDO SÃO PAULO",1633.65,"CAIXA REFERENCIAL"]
["INSTALACAO ELETRICA/ELETRIFICACAO E ILUMINACAO EXTERNA","INEL","INTERRUPTOR/TOMADA","0170","","",91949,"SUPORTE PARAFUSADO COM PLACA DE ENCAIXE 4\" X 4\" ALTO (2,00 M DO PISO) PARA PONTO ELÉTRICO - FORNECIMENTO E INSTALAÇÃO. AF_03/2023","UN","COEFICIENTE DE REPRESENTATIVIDADE",20.239999999999998,"CAIXA REFERENCIAL"]
["INSTALACAO ELETRICA/ELETRIFICACAO E ILUMINACAO EXTERNA","INEL","INTERRUPTOR/TOMADA","0170","","",91954,"INTERRUPTOR PARALELO (1 MÓDULO), 10A/250V, SEM SUPORTE E SEM PLACA - FORNECIMENTO E INSTALAÇÃO. AF_03/2023","UN","COEFICIENTE DE REPRESENTATIVIDADE",25.51,"CAIXA REFERENCIAL"]
["INSTALACAO ELETRICA/ELETRIFICACAO E ILUMINACAO EXTERNA","INEL","INTERRUPTOR/TOMADA","0170","","",91960,"INTERRUPTOR PARALELO (2 MÓDULOS), 10A/250V, SEM SUPORTE E SEM PLACA - FORNECIMENTO E INSTALAÇÃO. AF_03/2023","UN","COEFICIENTE DE REPRESENTATIVIDADE",47.99,"CAIXA REFERENCIAL"]
["INSTALACAO ELETRICA/ELETRIFICACAO E ILUMINACAO EXTERNA","INEL","INTERRUPTOR/TOMADA","0170","","",91964,"INTERRUPTOR SIMPLES (2 MÓDULOS) COM INTERRUPTOR PARALELO (1 MÓDULO), 10A/250V, SEM SUPORTE E SEM PLACA - FORNECIMENTO E INSTALAÇÃO. AF_03/2023","UN","COEFICIENTE DE REPRESENTATIVIDADE",57.46,"CAIXA REFERENCIAL"]
["INSTALACAO ELETRICA/ELETRIFICACAO E ILUMINACAO EXTERNA","INEL","INTERRUPTOR/TOMADA","0170","","",91969,"INTERRUPTOR PARALELO (3 MÓDULOS), 10A/250V, INCLUINDO SUPORTE E PLACA - FORNECIMENTO E INSTALAÇÃO. AF_03/2023","UN","COEFICIENTE DE REPRESENTATIVIDADE",81.63,"CAIXA REFERENCIAL"]
["INSTALACAO ELETRICA/ELETRIFICACAO E ILUMINACAO EXTERNA","INEL","INTERRUPTOR/TOMADA","0170","","",91975,"INTERRUPTOR SIMPLES (4 MÓDULOS), 10A/250V, INCLUINDO SUPORTE E PLACA - FORNECIMENTO E INSTALAÇÃO. AF_03/2023","UN","COEFICIENTE DE REPRESENTATIVIDADE",84.03,"CAIXA REFERENCIAL"]
["INSTALACAO ELETRICA/ELETRIFICACAO E ILUMINACAO EXTERNA","INEL","INTERRUPTOR/TOMADA","0170","","",91980,"INTERRUPTOR BIPOLAR (1 MÓDULO), 10A/250V, SEM SUPORTE E SEM PLACA - FORNECIMENTO E INSTALAÇÃO. AF_03/2023","UN","COEFICIENTE DE REPRESENTATIVIDADE",39.58,"CAIXA REFERENCIAL"]
["INSTALACAO ELETRICA/ELETRIFICACAO E ILUMINACAO EXTERNA","INEL","INTERRUPTOR/TOMADA","0170","","",91985,"INTERRUPTOR PULSADOR CAMPAINHA (1 MÓDULO), 10A/250V, INCLUINDO SUPORTE E PLACA - FORNECIMENTO E INSTALAÇÃO. AF_03/2023","UN","COEFICIENTE DE REPRESENTATIVIDADE",28.98,"CAIXA REFERENCIAL"]
["INSTALACAO ELETRICA/ELETRIFICACAO E ILUMINACAO EXTERNA","INEL","INTERRUPTOR/TOMADA","0170","","",91991,"TOMADA ALTA DE EMBUTIR (1 MÓDULO), 2P+T 20 A, SEM SUPORTE E SEM PLACA - FORNECIMENTO E INSTALAÇÃO. AF_03/2023","UN","COEFICIENTE DE REPRESENTATIVIDADE",36.18,"CAIXA REFERENCIAL"]
["INSTALACAO ELETRICA/ELETRIFICACAO E ILUMINACAO EXTERNA","INEL","INTERRUPTOR/TOMADA","0170","","",91996,"TOMADA MÉDIA DE EMBUTIR (1 MÓDULO), 2P+T 10 A, INCLUINDO SUPORTE E PLACA - FORNECIMENTO E INSTALAÇÃO. AF_03/2023","UN","COEFICIENTE DE REPRESENTATIVIDADE",35.450000000000003,"CAIXA REFERENCIAL"]
["INSTALACAO ELETRICA/ELETRIFICACAO E ILUMINACAO EXTERNA","INEL","INTERRUPTOR/TOMADA","0170","","",91997,"TOMADA MÉDIA DE EMBUTIR (1 MÓDULO), 2P+T 20 A, INCLUINDO SUPORTE E PLACA - FORNECIMENTO E INSTALAÇÃO. AF_03/2023","UN","COEFICIENTE DE REPRESENTATIVIDADE",37.89,"CAIXA REFERENCIAL"]
["INSTALACAO ELETRICA/ELETRIFICACAO E ILUMINACAO EXTERNA","INEL","INTERRUPTOR/TOMADA","0170","","",92002,"TOMADA MÉDIA DE EMBUTIR (2 MÓDULOS), 2P+T 10 A, SEM SUPORTE E SEM PLACA - FORNECIMENTO E INSTALAÇÃO. AF_03/2023","UN","COEFICIENTE DE REPRESENTATIVIDADE",45.47,"CAIXA REFERENCIAL"]
["INSTALACAO ELETRICA/ELETRIFICACAO E ILUMINACAO EXTERNA","INEL","INTERRUPTOR/TOMADA","0170","","",92007,"TOMADA BAIXA DE EMBUTIR (2 MÓDULOS), 2P+T 20 A, SEM SUPORTE E SEM PLACA - FORNECIMENTO E INSTALAÇÃO. AF_03/2023","UN","COEFICIENTE DE REPRESENTATIVIDADE",42.97,"CAIXA REFERENCIAL"]
["INSTALACAO ELETRICA/ELETRIFICACAO E ILUMINACAO EXTERNA","INEL","INTERRUPTOR/TOMADA","0170","","",92013,"TOMADA MÉDIA DE EMBUTIR (3 MÓDULOS), 2P+T 20 A, INCLUINDO SUPORTE E PLACA - FORNECIMENTO E INSTALAÇÃO. AF_03/2023","UN","COEFICIENTE DE REPRESENTATIVIDADE",85.17,"CAIXA REFERENCIAL"]
["INSTALACAO ELETRICA/ELETRIFICACAO E ILUMINACAO EXTERNA","INEL","INTERRUPTOR/TOMADA","0170","","",92018,"TOMADA BAIXA DE EMBUTIR (4 MÓDULOS), 2P+T 10 A, SEM SUPORTE E SEM PLACA - FORNECIMENTO E INSTALAÇÃO. AF_03/2023","UN","COEFICIENTE DE REPRESENTATIVIDADE",73.650000000000006,"CAIXA REFERENCIAL"]
["INSTALACAO ELETRICA/ELETRIFICACAO E ILUMINACAO EXTERNA","INEL","INTERRUPTOR/TOMADA","0170","","",92023,"INTERRUPTOR SIMPLES (1 MÓDULO) COM 1 TOMADA DE EMBUTIR 2P+T 10 A, INCLUINDO SUPORTE E PLACA - FORNECIMENTO E INSTALAÇÃO. AF_03/2023","UN","COEFICIENTE DE REPRESENTATIVIDADE",51.4,"CAIXA REFERENCIAL"]
["INSTALACAO ELETRICA/ELETRIFICACAO E ILUMINACAO EXTERNA","INEL","INTERRUPTOR/TOMADA","0170","","",92029,"INTERRUPTOR PARALELO (1 MÓDULO) COM 1 TOMADA DE EMBUTIR 2P+T 10 A, INCLUINDO SUPORTE E PLACA - FORNECIMENTO E INSTALAÇÃO. AF_03/2023","UN","COEFICIENTE DE REPRESENTATIVIDADE",57.93,"CAIXA REFERENCIAL"]
["INSTALACAO ELETRICA/ELETRIFICACAO E ILUMINACAO EXTERNA","INEL","INTERRUPTOR/TOMADA","0170","","",92034,"INTERRUPTOR SIMPLES (1 MÓDULO), INTERRUPTOR PARALELO (1 MÓDULO) E 1 TOMADA DE EMBUTIR 2P+T 10 A, SEM SUPORTE E SEM PLACA - FORNECIMENTO E INSTALAÇÃO. AF_03/2023","UN","COEFICIENTE DE REPRESENTATIVIDADE",62.68,"CAIXA REFERENCIAL"]
["INSTALACAO ELETRICA/ELETRIFICACAO E ILUMINACAO EXTERNA","INEL","LUMINARIA INTERNA/BOCAL/LAMPADAS","0171","","",97587,"LUMINÁRIA TIPO CALHA, DE EMBUTIR, COM 2 LÂMPADAS FLUORESCENTES DE 14 W, COM REATOR DE PARTIDA RÁPIDA - FORNECIMENTO E INSTALAÇÃO. AF_02/2020","UN","ATRIBUÍDO SÃO PAULO",290.62,"CAIXA REFERENCIAL"]
["INSTALACAO ELETRICA/ELETRIFICACAO E ILUMINACAO EXTERNA","INEL","LUMINARIA INTERNA/BOCAL/LAMPADAS","0171","","",97594,"LUMINÁRIA TIPO SPOT, DE SOBREPOR, COM 2 LÂMPADAS FLUORESCENTES DE 15 W, SEM REATOR - FORNECIMENTO E INSTALAÇÃO. AF_02/2020","UN","ATRIBUÍDO SÃO PAULO",133.61000000000001,"CAIXA REFERENCIAL"]
["INSTALACAO ELETRICA/ELETRIFICACAO E ILUMINACAO EXTERNA","INEL","LUMINARIA INTERNA/BOCAL/LAMPADAS","0171","","",97599,"LUMINÁRIA DE EMERGÊNCIA, COM 30 LÂMPADAS LED DE 2 W, SEM REATOR - FORNECIMENTO E INSTALAÇÃO. AF_02/2020","UN","COEFICIENTE DE REPRESENTATIVIDADE",27.41,"CAIXA REFERENCIAL"]
["INSTALACAO ELETRICA/ELETRIFICACAO E ILUMINACAO EXTERNA","INEL","LUMINARIA INTERNA/BOCAL/LAMPADAS","0171","","",97614,"LÂMPADA COMPACTA DE VAPOR METÁLICO OVOIDE 150 W, BASE E27 - FORNECIMENTO E INSTALAÇÃO. AF_02/2020","UN","COEFICIENTE DE REPRESENTATIVIDADE",63.17,"CAIXA REFERENCIAL"]
["INSTALACAO ELETRICA/ELETRIFICACAO E ILUMINACAO EXTERNA","INEL","LUMINARIA INTERNA/BOCAL/LAMPADAS","0171","","",100902,"LÂMPADA TUBULAR LED DE 9/10 W, BASE G13 - FORNECIMENTO E INSTALAÇÃO. AF_02/2020_PS","UN","COEFICIENTE DE REPRESENTATIVIDADE",26.48,"CAIXA REFERENCIAL"]
["INSTALACAO ELETRICA/ELETRIFICACAO E ILUMINACAO EXTERNA","INEL","LUMINARIA INTERNA/BOCAL/LAMPADAS","0171","","",100903,"LÂMPADA TUBULAR LED DE 18/20 W, BASE G13 - FORNECIMENTO E INSTALAÇÃO. AF_02/2020_PS","UN","COEFICIENTE DE REPRESENTATIVIDADE",31.35,"CAIXA REFERENCIAL"]
["INSTALACAO ELETRICA/ELETRIFICACAO E ILUMINACAO EXTERNA","INEL","LUMINARIA INTERNA/BOCAL/LAMPADAS","0171","","",100920,"LÂMPADA FLUORESCENTE ESPIRAL BRANCA 65 W, BASE E27 - FORNECIMENTO E INSTALAÇÃO. AF_02/2020","UN","COEFICIENTE DE REPRESENTATIVIDADE",123.32,"CAIXA REFERENCIAL"]
["INSTALACAO ELETRICA/ELETRIFICACAO E ILUMINACAO EXTERNA","INEL","FORNECIMENTO DE MAT/MO P/ELETRIFICACAO E ILUMINACAO PUBLICA","0172","","",101489,"ENTRADA DE ENERGIA ELÉTRICA, AÉREA, MONOFÁSICA, COM CAIXA DE SOBREPOR, CABO DE 10 MM2 E DISJUNTOR DIN 50A (NÃO INCLUSO O POSTE DE CONCRETO). AF_07/2020_PS","UN","ATRIBUÍDO SÃO PAULO",1555.42,"CAIXA REFERENCIAL"]
["INSTALACAO ELETRICA/ELETRIFICACAO E ILUMINACAO EXTERNA","INEL","FORNECIMENTO DE MAT/MO P/ELETRIFICACAO E ILUMINACAO PUBLICA","0172","","",101495,"ENTRADA DE ENERGIA ELÉTRICA, AÉREA, MONOFÁSICA, COM CAIXA DE EMBUTIR, CABO DE 25 MM2 E DISJUNTOR DIN 50A (NÃO INCLUSO O POSTE DE CONCRETO). AF_07/2020_PS","UN","ATRIBUÍDO SÃO PAULO",1697.21,"CAIXA REFERENCIAL"]
["INSTALACAO ELETRICA/ELETRIFICACAO E ILUMINACAO EXTERNA","INEL","FORNECIMENTO DE MAT/MO P/ELETRIFICACAO E ILUMINACAO PUBLICA","0172","","",101500,"ENTRADA DE ENERGIA ELÉTRICA, AÉREA, BIFÁSICA, COM CAIXA DE SOBREPOR, CABO DE 35 MM2 E DISJUNTOR DIN 50A (NÃO INCLUSO O POSTE DE CONCRETO). AF_07/2020_PS","UN","ATRIBUÍDO SÃO PAULO",2293.56,"CAIXA REFERENCIAL"]
["INSTALACAO ELETRICA/ELETRIFICACAO E ILUMINACAO EXTERNA","INEL","FORNECIMENTO DE MAT/MO P/ELETRIFICACAO E ILUMINACAO PUBLICA","0172","","",101505,"ENTRADA DE ENERGIA ELÉTRICA, AÉREA, TRIFÁSICA, COM CAIXA DE SOBREPOR, CABO DE 10 MM2 E DISJUNTOR DIN 50A (NÃO INCLUSO O POSTE DE CONCRETO). AF_07/2020_PS","UN","ATRIBUÍDO SÃO PAULO",1943.98,"CAIXA REFERENCIAL"]
["INSTALACAO ELETRICA/ELETRIFICACAO E ILUMINACAO EXTERNA","INEL","FORNECIMENTO DE MAT/MO P/ELETRIFICACAO E ILUMINACAO PUBLICA","0172","","",101511,"ENTRADA DE ENERGIA ELÉTRICA, AÉREA, TRIFÁSICA, COM CAIXA DE EMBUTIR, CABO DE 25 MM2 E DISJUNTOR DIN 50A (NÃO INCLUSO O POSTE DE CONCRETO). AF_07/2020_PS","UN","ATRIBUÍDO SÃO PAULO",2362.11,"CAIXA REFERENCIAL"]
["INSTALACAO ELETRICA/ELETRIFICACAO E ILUMINACAO EXTERNA","INEL","FORNECIMENTO DE MAT/MO P/ELETRIFICACAO E ILUMINACAO PUBLICA","0172","","",101516,"ENTRADA DE ENERGIA ELÉTRICA, SUBTERRÂNEA, MONOFÁSICA, COM CAIXA DE SOBREPOR, CABO DE 35 MM2 E DISJUNTOR DIN 50A (NÃO INCLUSA MURETA DE ALVENARIA). AF_07/2020_PS","UN","ATRIBUÍDO SÃO PAULO",1216.8399999999999,"CAIXA REFERENCIAL"]
["INSTALACAO ELETRICA/ELETRIFICACAO E ILUMINACAO EXTERNA","INEL","FORNECIMENTO DE MAT/MO P/ELETRIFICACAO E ILUMINACAO PUBLICA","0172","","",101522,"ENTRADA DE ENERGIA ELÉTRICA, SUBTERRÂNEA, BIFÁSICA, COM CAIXA DE SOBREPOR, CABO DE 16 MM2 E DISJUNTOR DIN 50A (NÃO INCLUSA MURETA DE ALVENARIA). AF_07/2020_PS","UN","ATRIBUÍDO SÃO PAULO",1350.51,"CAIXA REFERENCIAL"]
["INSTALACAO ELETRICA/ELETRIFICACAO E ILUMINACAO EXTERNA","INEL","FORNECIMENTO DE MAT/MO P/ELETRIFICACAO E ILUMINACAO PUBLICA","0172","","",101527,"ENTRADA DE ENERGIA ELÉTRICA, SUBTERRÂNEA, BIFÁSICA, COM CAIXA DE EMBUTIR, CABO DE 25 MM2 E DISJUNTOR DIN 50A (NÃO INCLUSA MURETA DE ALVENARIA). AF_07/2020_PS","UN","ATRIBUÍDO SÃO PAULO",1415.78,"CAIXA REFERENCIAL"]
["INSTALACAO ELETRICA/ELETRIFICACAO E ILUMINACAO EXTERNA","INEL","FORNECIMENTO DE MAT/MO P/ELETRIFICACAO E ILUMINACAO PUBLICA","0172","","",101532,"ENTRADA DE ENERGIA ELÉTRICA, SUBTERRÂNEA, TRIFÁSICA, COM CAIXA DE SOBREPOR, CABO DE 35 MM2 E DISJUNTOR DIN 50A (NÃO INCLUSA MURETA DE ALVENARIA). AF_07/2020_PS","UN","ATRIBUÍDO SÃO PAULO",1995.93,"CAIXA REFERENCIAL"]
["INSTALACAO ELETRICA/ELETRIFICACAO E ILUMINACAO EXTERNA","INEL","FORNECIMENTO DE MAT/MO P/ELETRIFICACAO E ILUMINACAO PUBLICA","0172","","",101538,"ARMAÇÃO SECUNDÁRIA, COM 1 ESTRIBO E 1 ISOLADOR - FORNECIMENTO E INSTALAÇÃO. AF_07/2020","UN","ATRIBUÍDO SÃO PAULO",40.11,"CAIXA REFERENCIAL"]
["INSTALACAO ELETRICA/ELETRIFICACAO E ILUMINACAO EXTERNA","INEL","FORNECIMENTO DE MAT/MO P/ELETRIFICACAO E ILUMINACAO PUBLICA","0172","","",101543,"ARMAÇÃO SECUNDÁRIA, COM 2 ESTRIBOS, SEM ISOLADOR - FORNECIMENTO E INSTALAÇÃO. AF_07/2020","UN","ATRIBUÍDO SÃO PAULO",55.4,"CAIXA REFERENCIAL"]
["INSTALACAO ELETRICA/ELETRIFICACAO E ILUMINACAO EXTERNA","INEL","FORNECIMENTO DE MAT/MO P/ELETRIFICACAO E ILUMINACAO PUBLICA","0172","","",101548,"ISOLADOR, TIPO ROLDANA, PARA BAIXA TENSÃO - FORNECIMENTO E INSTALAÇÃO. AF_07/2020","UN","ATRIBUÍDO SÃO PAULO",7.65,"CAIXA REFERENCIAL"]
["INSTALACAO ELETRICA/ELETRIFICACAO E ILUMINACAO EXTERNA","INEL","FORNECIMENTO DE MAT/MO P/ELETRIFICACAO E ILUMINACAO PUBLICA","0172","","",101549,"GRAMPO PARALELO METÁLICO, PARA REDES AÉREAS DE DISTRIBUIÇÃO DE ENERGIA ELÉTRICA DE BAIXA TENSÃO - FORNECIMENTO E INSTALAÇÃO. AF_07/2020","UN","COEFICIENTE DE REPRESENTATIVIDADE",21.78,"CAIXA REFERENCIAL"]
["INSTALACAO ELETRICA/ELETRIFICACAO E ILUMINACAO EXTERNA","INEL","FORNECIMENTO DE MAT/MO P/ELETRIFICACAO E ILUMINACAO PUBLICA","0172","","",101560,"CABO DE COBRE FLEXÍVEL ISOLADO, 10 MM², 0,6/1,0 KV, PARA REDE AÉREA DE DISTRIBUIÇÃO DE ENERGIA ELÉTRICA DE BAIXA TENSÃO - FORNECIMENTO E INSTALAÇÃO. AF_07/2020","M","COEFICIENTE DE REPRESENTATIVIDADE",12.33,"CAIXA REFERENCIAL"]
["INSTALACAO ELETRICA/ELETRIFICACAO E ILUMINACAO EXTERNA","INEL","FORNECIMENTO DE MAT/MO P/ELETRIFICACAO E ILUMINACAO PUBLICA","0172","","",101567,"CABO DE COBRE FLEXÍVEL ISOLADO, 95 MM², 0,6/1,0 KV, PARA REDE AÉREA DE DISTRIBUIÇÃO DE ENERGIA ELÉTRICA DE BAIXA TENSÃO - FORNECIMENTO E INSTALAÇÃO. AF_07/2020","M","COEFICIENTE DE REPRESENTATIVIDADE",114.97,"CAIXA REFERENCIAL"]
["INSTALACAO ELETRICA/ELETRIFICACAO E ILUMINACAO EXTERNA","INEL","FORNECIMENTO DE MAT/MO P/ELETRIFICACAO E ILUMINACAO PUBLICA","0172","","",101629,"REATOR PARA LÂMPADA VAPOR DE MERCÚRIO 250 W, USO EXTERNO - FORNECIMENTO E INSTALAÇÃO. AF_08/2020","UN","ATRIBUÍDO SÃO PAULO",150.66,"CAIXA REFERENCIAL"]
["INSTALACAO ELETRICA/ELETRIFICACAO E ILUMINACAO EXTERNA","INEL","FORNECIMENTO DE MAT/MO P/ELETRIFICACAO E ILUMINACAO PUBLICA","0172","","",101636,"BRAÇO PARA ILUMINAÇÃO PÚBLICA, EM TUBO DE AÇO GALVANIZADO, COMPRIMENTO DE 1,50 M, PARA FIXAÇÃO EM POSTE DE CONCRETO - FORNECIMENTO E INSTALAÇÃO. AF_08/2020","UN","ATRIBUÍDO SÃO PAULO",151.61000000000001,"CAIXA REFERENCIAL"]
["INSTALACAO ELETRICA/ELETRIFICACAO E ILUMINACAO EXTERNA","INEL","FORNECIMENTO DE MAT/MO P/ELETRIFICACAO E ILUMINACAO PUBLICA","0172","","",101644,"LÂMPADA VAPOR DE MERCÚRIO 400 W - FORNECIMENTO E INSTALAÇÃO. AF_08/2020","UN","COEFICIENTE DE REPRESENTATIVIDADE",65.47,"CAIXA REFERENCIAL"]
["INSTALACAO ELETRICA/ELETRIFICACAO E ILUMINACAO EXTERNA","INEL","FORNECIMENTO DE MAT/MO P/ELETRIFICACAO E ILUMINACAO PUBLICA","0172","","",101649,"LÂMPADA VAPOR DE SÓDIO 250 W - FORNECIMENTO E INSTALAÇÃO. AF_08/2020","UN","COEFICIENTE DE REPRESENTATIVIDADE",67.38,"CAIXA REFERENCIAL"]
["INSTALACAO ELETRICA/ELETRIFICACAO E ILUMINACAO EXTERNA","INEL","FORNECIMENTO DE MAT/MO P/ELETRIFICACAO E ILUMINACAO PUBLICA","0172","","",101655,"LUMINÁRIA DE LED PARA ILUMINAÇÃO PÚBLICA, DE 51 W ATÉ 67 W - FORNECIMENTO E INSTALAÇÃO. AF_08/2020","UN","ATRIBUÍDO SÃO PAULO",472.31,"CAIXA REFERENCIAL"]
["INSTALACAO ELETRICA/ELETRIFICACAO E ILUMINACAO EXTERNA","INEL","FORNECIMENTO DE MAT/MO P/ELETRIFICACAO E ILUMINACAO PUBLICA","0172","","",101660,"LUMINÁRIA DE LED PARA ILUMINAÇÃO PÚBLICA, DE 240 W ATÉ 350 W - FORNECIMENTO E INSTALAÇÃO. AF_08/2020","UN","ATRIBUÍDO SÃO PAULO",1457.77,"CAIXA REFERENCIAL"]
["INSTALACAO ELETRICA/ELETRIFICACAO E ILUMINACAO EXTERNA","INEL","FORNECIMENTO DE MAT/MO P/ELETRIFICACAO E ILUMINACAO PUBLICA","0172","","",101665,"ABRAÇADEIRA DE FIXAÇÃO DE BRAÇOS DE LUMINÁRIAS DE 4\" - FORNECIMENTO E INSTALAÇÃO. AF_08/2020","UN","COEFICIENTE DE REPRESENTATIVIDADE",31.22,"CAIXA REFERENCIAL"]
["INSTALACAO ELETRICA/ELETRIFICACAO E ILUMINACAO EXTERNA","INEL","POSTE DE CONCRETO","0173","","",100581,"ASSENTAMENTO DE POSTE DE CONCRETO COM COMPRIMENTO NOMINAL DE 10,5 M, CARGA NOMINAL MENOR OU IGUAL A 1000 DAN, ENGASTAMENTO SIMPLES COM 1,65 M DE SOLO (NÃO INCLUI FORNECIMENTO). AF_11/2019","UN","ATRIBUÍDO SÃO PAULO",637.77,"CAIXA REFERENCIAL"]
["INSTALACAO ELETRICA/ELETRIFICACAO E ILUMINACAO EXTERNA","INEL","POSTE DE CONCRETO","0173","","",100586,"ASSENTAMENTO DE POSTE DE CONCRETO COM COMPRIMENTO NOMINAL DE 12 M, CARGA NOMINAL MAIOR QUE 1000 DAN, ENGASTAMENTO SIMPLES COM 1,8 M DE SOLO (NÃO INCLUI FORNECIMENTO). AF_11/2019","UN","ATRIBUÍDO SÃO PAULO",802.31,"CAIXA REFERENCIAL"]
["INSTALACAO ELETRICA/ELETRIFICACAO E ILUMINACAO EXTERNA","INEL","POSTE DE CONCRETO","0173","","",100591,"ASSENTAMENTO DE POSTE DE CONCRETO COM COMPRIMENTO NOMINAL DE 14 M, CARGA NOMINAL MENOR OU IGUAL A 1000 DAN, ENGASTAMENTO SIMPLES COM 2 M DE SOLO (NÃO INCLUI FORNECIMENTO). AF_11/2019","UN","ATRIBUÍDO SÃO PAULO",855.32,"CAIXA REFERENCIAL"]
["INSTALACAO ELETRICA/ELETRIFICACAO E ILUMINACAO EXTERNA","INEL","POSTE DE CONCRETO","0173","","",100592,"ASSENTAMENTO DE POSTE DE CONCRETO COM COMPRIMENTO NOMINAL DE 14 M, CARGA NOMINAL MAIOR QUE 1000 DAN, ENGASTAMENTO SIMPLES COM 2 M DE SOLO (NÃO INCLUI FORNECIMENTO). AF_11/2019","UN","ATRIBUÍDO SÃO PAULO",905.7,"CAIXA REFERENCIAL"]
["INSTALACAO ELETRICA/ELETRIFICACAO E ILUMINACAO EXTERNA","INEL","POSTE DE CONCRETO","0173","","",100597,"ASSENTAMENTO DE POSTE DE CONCRETO COM COMPRIMENTO NOMINAL DE 20 M, CARGA NOMINAL MENOR OU IGUAL A 1000 DAN, ENGASTAMENTO SIMPLES COM 2,6 M DE SOLO (NÃO INCLUI FORNECIMENTO). AF_11/2019","UN","ATRIBUÍDO SÃO PAULO",1259.1500000000001,"CAIXA REFERENCIAL"]
["INSTALACAO ELETRICA/ELETRIFICACAO E ILUMINACAO EXTERNA","INEL","POSTE DE CONCRETO","0173","","",100603,"ASSENTAMENTO DE POSTE DE CONCRETO COM COMPRIMENTO NOMINAL DE 9 M, CARGA NOMINAL DE 1000 DAN, ENGASTAMENTO BASE CONCRETADA COM 1 M DE CONCRETO E 0,5 M DE SOLO (NÃO INCLUI FORNECIMENTO). AF_11/2019","UN","ATRIBUÍDO SÃO PAULO",1733.41,"CAIXA REFERENCIAL"]
["INSTALACAO ELETRICA/ELETRIFICACAO E ILUMINACAO EXTERNA","INEL","POSTE DE CONCRETO","0173","","",100608,"ASSENTAMENTO DE POSTE DE CONCRETO COM COMPRIMENTO NOMINAL DE 10,5 M, CARGA NOMINAL DE 600 DAN, ENGASTAMENTO BASE CONCRETADA COM 1 M DE CONCRETO E 0,65 M DE SOLO (NÃO INCLUI FORNECIMENTO). AF_11/2019","UN","ATRIBUÍDO SÃO PAULO",1207.18,"CAIXA REFERENCIAL"]
["INSTALACAO ELETRICA/ELETRIFICACAO E ILUMINACAO EXTERNA","INEL","POSTE DE CONCRETO","0173","","",100613,"ASSENTAMENTO DE POSTE DE CONCRETO COM COMPRIMENTO NOMINAL DE 11 M, CARGA NOMINAL DE 1000 DAN, ENGASTAMENTO BASE CONCRETADA COM 1 M DE CONCRETO E 0,7 M DE SOLO (NÃO INCLUI FORNECIMENTO). AF_11/2019","UN","ATRIBUÍDO SÃO PAULO",1860.83,"CAIXA REFERENCIAL"]
["INSTALACAO ELETRICA/ELETRIFICACAO E ILUMINACAO EXTERNA","INEL","POSTE METALICO","0174","","",100619,"POSTE DECORATIVO PARA JARDIM EM AÇO TUBULAR, H = *2,5* M, SEM LUMINÁRIA - FORNECIMENTO E INSTALAÇÃO. AF_11/2019","UN","ATRIBUÍDO SÃO PAULO",589.1,"CAIXA REFERENCIAL"]
["INSTALACAO ELETRICA/ELETRIFICACAO E ILUMINACAO EXTERNA","INEL","LUMINARIA EXTERNA","0175","","",97600,"REFLETOR EM ALUMÍNIO, DE SUPORTE E ALÇA, COM 1 LÂMPADA VAPOR DE MERCÚRIO DE 125 W, COM REATOR ALTO FATOR DE POTÊNCIA - FORNECIMENTO E INSTALAÇÃO. AF_02/2020","UN","ATRIBUÍDO SÃO PAULO",350.14,"CAIXA REFERENCIAL"]
["INSTALACAO ELETRICA/ELETRIFICACAO E ILUMINACAO EXTERNA","INEL","TRANSFORMADORES","0176","","",102102,"TRANSFORMADOR DE DISTRIBUIÇÃO, 30 KVA, TRIFÁSICO, 60 HZ, CLASSE 15 KV, IMERSO EM ÓLEO MINERAL, INSTALAÇÃO EM POSTE (NÃO INCLUSO SUPORTE) - FORNECIMENTO E INSTALAÇÃO. AF_12/2020","UN","ATRIBUÍDO SÃO PAULO",12234.5,"CAIXA REFERENCIAL"]
["INSTALACAO ELETRICA/ELETRIFICACAO E ILUMINACAO EXTERNA","INEL","TRANSFORMADORES","0176","","",102107,"TRANSFORMADOR DE DISTRIBUIÇÃO, 225 KVA, TRIFÁSICO, 60 HZ, CLASSE 15 KV, IMERSO EM ÓLEO MINERAL, INSTALAÇÃO EM POSTE (NÃO INCLUSO SUPORTE) - FORNECIMENTO E INSTALAÇÃO. AF_12/2020","UN","ATRIBUÍDO SÃO PAULO",37744.68,"CAIXA REFERENCIAL"]
["INSTALACAO ELETRICA/ELETRIFICACAO E ILUMINACAO EXTERNA","INEL","TRANSFORMADORES","0176","","",103655,"TRANSFORMADOR DE DISTRIBUIÇÃO, 750 KVA, TRIFÁSICO, 60 HZ, CLASSE 15 KV, IMERSO EM ÓLEO MINERAL, INSTALAÇÃO EM SOLO (NÃO INCLUSO ABRIGO) - FORNECIMENTO E INSTALAÇÃO. AF_02/2022","UN","ATRIBUÍDO SÃO PAULO",97667.38,"CAIXA REFERENCIAL"]
["INSTALACAO ELETRICA/ELETRIFICACAO E ILUMINACAO EXTERNA","INEL","PONTOS DE LUZ/TOMADAS ANTENA TV/CAMPAINHAS/INTERRUPTORES","0177","","",104477,"COMPOSIÇÃO PARAMÉTRICA DE PONTO ELÉTRICO DE ILUMINAÇÃO, COM INTERRUPTOR SIMPLES, EM EDIFÍCIO RESIDENCIAL COM ELETRODUTO EMBUTIDO SEM NECESSIDADE DE RASGOS, INCLUSO TOMADA, ELETRODUTO, CABO E QUEBRA (SEM LUMINÁRIA E LÂMPADA). AF_11/2022","UN","COEFICIENTE DE REPRESENTATIVIDADE",142.02000000000001,"CAIXA REFERENCIAL"]
["INSTALACAO ELETRICA/ELETRIFICACAO E ILUMINACAO EXTERNA","INEL","SISTEMAS DE PROTECAO/ATERRAMENTO","0243","","",96973,"CORDOALHA DE COBRE NU 35 MM², NÃO ENTERRADA, COM ISOLADOR - FORNECIMENTO E INSTALAÇÃO. AF_08/2023","M","ATRIBUÍDO SÃO PAULO",75.790000000000006,"CAIXA REFERENCIAL"]
["INSTALACAO ELETRICA/ELETRIFICACAO E ILUMINACAO EXTERNA","INEL","SISTEMAS DE PROTECAO/ATERRAMENTO","0243","","",96978,"CORDOALHA DE COBRE NU 70 MM², ENTERRADA - FORNECIMENTO E INSTALAÇÃO. AF_08/2023","M","COEFICIENTE DE REPRESENTATIVIDADE",90.64,"CAIXA REFERENCIAL"]
["INSTALACAO ELETRICA/ELETRIFICACAO E ILUMINACAO EXTERNA","INEL","SISTEMAS DE PROTECAO/ATERRAMENTO","0243","","",96979,"CORDOALHA DE COBRE NU 95 MM², ENTERRADA - FORNECIMENTO E INSTALAÇÃO. AF_08/2023","M","COEFICIENTE DE REPRESENTATIVIDADE",129.82,"CAIXA REFERENCIAL"]
["INSTALACAO ELETRICA/ELETRIFICACAO E ILUMINACAO EXTERNA","INEL","SISTEMAS DE PROTECAO/ATERRAMENTO","0243","","",96988,"MASTRO 1 ½\", COM 3 METROS, PARA SPDA - FORNECIMENTO E INSTALAÇÃO. AF_08/2023","UN","ATRIBUÍDO SÃO PAULO",160.6,"CAIXA REFERENCIAL"]
["INSTALACAO ELETRICA/ELETRIFICACAO E ILUMINACAO EXTERNA","INEL","SISTEMAS DE PROTECAO/ATERRAMENTO","0243","","",104751,"CONECTOR GRAMPO PARALELO METÁLICO, PARA SPDA, PARA CABOS DE 6 A 50 MM2 - FORNECIMENTO E INSTALAÇÃO. AF_08/2023","UN","COEFICIENTE DE REPRESENTATIVIDADE",25.24,"CAIXA REFERENCIAL"]
["INSTALACAO ELETRICA/ELETRIFICACAO E ILUMINACAO EXTERNA","INEL","SERVICOS DIVERSOS","0244","","",103490,"PLACA DE CONCRETO PRÉ-MOLDADO COMO PROTEÇÃO MECÂNICA ADICIONAL NO REATERRO PARA REDE ENTERRADA DE DISTRIBUIÇÃO DE ENERGIA ELÉTRICA - FORNECIMENTO E INSTALAÇÃO. AF_12/2021","M3","ATRIBUÍDO SÃO PAULO",3052.22,"CAIXA REFERENCIAL"]
["INSTALACOES ESPECIAIS","INES","INCENDIO","0186","","",101907,"EXTINTOR DE INCÊNDIO PORTÁTIL COM CARGA DE CO2 DE 6 KG, CLASSE BC - FORNECIMENTO E INSTALAÇÃO. AF_10/2020_PE","UN","COEFICIENTE DE REPRESENTATIVIDADE",1190.1300000000001,"CAIXA REFERENCIAL"]
["INSTALACOES ESPECIAIS","INES","INCENDIO","0186","","",101913,"CAIXA DE INCÊNDIO 45X75X17CM - FORNECIMENTO E INSTALAÇÃO. AF_10/2020","UN","ATRIBUÍDO SÃO PAULO",356.82,"CAIXA REFERENCIAL"]
["INSTALACOES ESPECIAIS","INES","TELEFONE","0187","","",98261,"CABO TELEFÔNICO CCI-50 1 PAR, INSTALADO EM ENTRADA DE EDIFICAÇÃO - FORNECIMENTO E INSTALAÇÃO. AF_11/2019","M","COEFICIENTE DE REPRESENTATIVIDADE",3.59,"CAIXA REFERENCIAL"]
["INSTALACOES ESPECIAIS","INES","TELEFONE","0187","","",98266,"CABO TELEFÔNICO CCI-50 6 PARES, SEM BLINDAGEM, INSTALADO EM ENTRADA DE EDIFICAÇÃO - FORNECIMENTO E INSTALAÇÃO. AF_11/2019","M","COEFICIENTE DE REPRESENTATIVIDADE",6.37,"CAIXA REFERENCIAL"]
["INSTALACOES ESPECIAIS","INES","TELEFONE","0187","","",98272,"CABO TELEFÔNICO CI-50 200 PARES INSTALADO EM ENTRADA DE EDIFICAÇÃO - FORNECIMENTO E INSTALAÇÃO. AF_11/2019","M","COEFICIENTE DE REPRESENTATIVIDADE",94.27,"CAIXA REFERENCIAL"]
["INSTALACOES ESPECIAIS","INES","TELEFONE","0187","","",98277,"CABO TELEFÔNICO CI-50 20 PARES INSTALADO EM PRUMADA - FORNECIMENTO E INSTALAÇÃO. AF_11/2019","M","COEFICIENTE DE REPRESENTATIVIDADE",12.26,"CAIXA REFERENCIAL"]
["INSTALACOES ESPECIAIS","INES","TELEFONE","0187","","",98283,"CABO TELEFÔNICO CCI-50 4 PARES, SEM BLINDAGEM, INSTALADO EM DISTRIBUIÇÃO DE EDIFICAÇÃO RESIDENCIAL - FORNECIMENTO E INSTALAÇÃO. AF_11/2019","M","COEFICIENTE DE REPRESENTATIVIDADE",8.99,"CAIXA REFERENCIAL"]
["INSTALACOES ESPECIAIS","INES","TELEFONE","0187","","",98288,"CABO TELEFÔNICO CCI-50 2 PARES, SEM BLINDAGEM, INSTALADO EM DISTRIBUIÇÃO DE EDIFICAÇÃO INSTITUCIONAL - FORNECIMENTO E INSTALAÇÃO. AF_11/2019","M","COEFICIENTE DE REPRESENTATIVIDADE",2.0099999999999998,"CAIXA REFERENCIAL"]
["INSTALACOES ESPECIAIS","INES","TELEFONE","0187","","",98293,"CABO TELEFÔNICO CI-50 10 PARES INSTALADO EM DISTRIBUIÇÃO DE EDIFICAÇÃO INSTITUCIONAL - FORNECIMENTO E INSTALAÇÃO. AF_11/2019","M","COEFICIENTE DE REPRESENTATIVIDADE",7.53,"CAIXA REFERENCIAL"]
["INSTALACOES ESPECIAIS","INES","TELEFONE","0187","","",98400,"CABO TELEFÔNICO CTP-APL-50 10 PARES INSTALADO EM ENTRADA DE EDIFICAÇÃO - FORNECIMENTO E INSTALAÇÃO. AF_11/2019","M","COEFICIENTE DE REPRESENTATIVIDADE",11.76,"CAIXA REFERENCIAL"]
["INSTALACOES ESPECIAIS","INES","TELEFONE","0187","","",100560,"QUADRO DE DISTRIBUIÇÃO PARA TELEFONE N.2, 20X20X12CM EM CHAPA METALICA, DE EMBUTIR, SEM ACESSORIOS, PADRÃO TELEBRAS, FORNECIMENTO E INSTALAÇÃO. AF_11/2019","UN","COEFICIENTE DE REPRESENTATIVIDADE",111.98,"CAIXA REFERENCIAL"]
["INSTALACOES ESPECIAIS","INES","TELEFONE","0187","","",101799,"TAMPA PARA CAIXA TIPO R2 E R3, EM FERRO FUNDIDO, DIMENSÕES INTERNAS: 0,55 X 1,10 M - FORNECIMENTO E INSTALAÇÃO. AF_12/2020","UN","ATRIBUÍDO SÃO PAULO",882.37,"CAIXA REFERENCIAL"]
["INSTALACOES ESPECIAIS","INES","AR CONDICIONADO","0190","","",103247,"AR CONDICIONADO SPLIT INVERTER, HI-WALL (PAREDE), 12000 BTU/H, CICLO FRIO - FORNECIMENTO E INSTALAÇÃO. AF_11/2021_PE","UN","ATRIBUÍDO SÃO PAULO",2531.17,"CAIXA REFERENCIAL"]
["INSTALACOES ESPECIAIS","INES","AR CONDICIONADO","0190","","",103252,"AR CONDICIONADO SPLIT ON/OFF, HI-WALL (PAREDE), 18000 BTUS/H, CICLO QUENTE/FRIO - FORNECIMENTO E INSTALAÇÃO. AF_11/2021_PE","UN","ATRIBUÍDO SÃO PAULO",3217.02,"CAIXA REFERENCIAL"]
["INSTALACOES ESPECIAIS","INES","AR CONDICIONADO","0190","","",103258,"AR CONDICIONADO SPLIT INVERTER, PISO TETO, 24000 BTU/H, CICLO FRIO - FORNECIMENTO E INSTALAÇÃO. AF_11/2021_PE","UN","ATRIBUÍDO SÃO PAULO",10430.94,"CAIXA REFERENCIAL"]
["INSTALACOES ESPECIAIS","INES","AR CONDICIONADO","0190","","",103263,"AR CONDICIONADO SPLIT INVERTER, PISO TETO, 48000 BTU/H, CICLO FRIO - FORNECIMENTO E INSTALAÇÃO. AF_11/2021_PE","UN","ATRIBUÍDO SÃO PAULO",16330.41,"CAIXA REFERENCIAL"]
["INSTALACOES ESPECIAIS","INES","AR CONDICIONADO","0190","","",103268,"AR CONDICIONADO SPLIT ON/OFF, CASSETE (TETO), 18000 BTU/H, CICLO QUENTE/FRIO - FORNECIMENTO E INSTALAÇÃO. AF_11/2021_PE","UN","ATRIBUÍDO SÃO PAULO",6910.21,"CAIXA REFERENCIAL"]
["INSTALACOES ESPECIAIS","INES","AR CONDICIONADO","0190","","",103274,"AR CONDICIONADO SPLIT ON/OFF, CASSETE (TETO), 48000 BTU/H, CICLO QUENTE/FRIO - FORNECIMENTO E INSTALAÇÃO. AF_11/2021_PE","UN","ATRIBUÍDO SÃO PAULO",12800.6,"CAIXA REFERENCIAL"]
["INSTALACOES ESPECIAIS","INES","AR CONDICIONADO","0190","","",103288,"RASGO E CHUMBAMENTO EM ALVENARIA PARA TUBOS DE SPLIT PAREDE DE 9000 A 24000 BTUS/H. AF_11/2021","UN","COEFICIENTE DE REPRESENTATIVIDADE",15.33,"CAIXA REFERENCIAL"]
["INSTALACOES ESPECIAIS","INES","GAS","0274","","",101937,"INSTALAÇÃO DE TUBOS E CONEXÕES, EM AÇO/FERRO GALVANIZADO, PARA O CENTRO DE MEDIÇÃO DE GÁS DE EDIFÍCIO RESIDENCIAL, COM 4 PAVIMENTOS, 16 UNIDADES HABITACIONAIS, DN 50 (2\u0094) - FORNECIMENTO E INSTALAÇÃO. AF_10/2020","UN","ATRIBUÍDO SÃO PAULO",14130.35,"CAIXA REFERENCIAL"]
["INSTALACOES ESPECIAIS","INES","INSTALACAO DE LOGICA","0313","","",98298,"CABO ELETRÔNICO CATEGORIA 6A, INSTALADO EM EDIFICAÇÃO RESIDENCIAL - FORNECIMENTO E INSTALAÇÃO. AF_11/2019","M","COEFICIENTE DE REPRESENTATIVIDADE",19.45,"CAIXA REFERENCIAL"]
["INSTALACOES ESPECIAIS","INES","INSTALACAO DE LOGICA","0313","","",98304,"PATCH PANEL 48 PORTAS, CATEGORIA 6 - FORNECIMENTO E INSTALAÇÃO. AF_11/2019","UN","ATRIBUÍDO SÃO PAULO",3382.25,"CAIXA REFERENCIAL"]
["INSTALACOES ESPECIAIS","INES","INSTALACAO DE LOGICA","0313","","",98305,"RACK FECHADO PARA SERVIDOR - FORNECIMENTO E INSTALAÇÃO. AF_11/2019","UN","ATRIBUÍDO SÃO PAULO",2446.7399999999998,"CAIXA REFERENCIAL"]
["INSTALACOES ESPECIAIS","INES","INSTALACAO DE LOGICA","0313","","",100553,"CABO COAXIAL RG11 95% - FORNECIMENTO E INSTALAÇÃO. AF_11/2019","M","COEFICIENTE DE REPRESENTATIVIDADE",21.11,"CAIXA REFERENCIAL"]
["INSTALACOES HIDRO SANITARIAS","INHI","FORNEC. E ASSENTAMENTO DE TUBOS P/INSTALACAO DOMICILIAR","0179","","",89401,"TUBO, PVC, SOLDÁVEL, DN 20MM, INSTALADO EM RAMAL DE DISTRIBUIÇÃO DE ÁGUA - FORNECIMENTO E INSTALAÇÃO. AF_06/2022","M","COEFICIENTE DE REPRESENTATIVIDADE",9.73,"CAIXA REFERENCIAL"]
["INSTALACOES HIDRO SANITARIAS","INHI","FORNEC. E ASSENTAMENTO DE TUBOS P/INSTALACAO DOMICILIAR","0179","","",89448,"TUBO, PVC, SOLDÁVEL, DN 40MM, INSTALADO EM PRUMADA DE ÁGUA - FORNECIMENTO E INSTALAÇÃO. AF_06/2022","M","COEFICIENTE DE REPRESENTATIVIDADE",16.559999999999999,"CAIXA REFERENCIAL"]
["INSTALACOES HIDRO SANITARIAS","INHI","FORNEC. E ASSENTAMENTO DE TUBOS P/INSTALACAO DOMICILIAR","0179","","",89508,"TUBO PVC, SÉRIE R, ÁGUA PLUVIAL, DN 40 MM, FORNECIDO E INSTALADO EM RAMAL DE ENCAMINHAMENTO. AF_06/2022","M","COEFICIENTE DE REPRESENTATIVIDADE",16.14,"CAIXA REFERENCIAL"]
["INSTALACOES HIDRO SANITARIAS","INHI","FORNEC. E ASSENTAMENTO DE TUBOS P/INSTALACAO DOMICILIAR","0179","","",89580,"TUBO PVC, SÉRIE R, ÁGUA PLUVIAL, DN 150 MM, FORNECIDO E INSTALADO EM CONDUTORES VERTICAIS DE ÁGUAS PLUVIAIS. AF_06/2022","M","COEFICIENTE DE REPRESENTATIVIDADE",70.760000000000005,"CAIXA REFERENCIAL"]
["INSTALACOES HIDRO SANITARIAS","INHI","FORNEC. E ASSENTAMENTO DE TUBOS P/INSTALACAO DOMICILIAR","0179","","",89711,"TUBO PVC, SERIE NORMAL, ESGOTO PREDIAL, DN 40 MM, FORNECIDO E INSTALADO EM RAMAL DE DESCARGA OU RAMAL DE ESGOTO SANITÁRIO. AF_08/2022","M","COEFICIENTE DE REPRESENTATIVIDADE",19.420000000000002,"CAIXA REFERENCIAL"]
["INSTALACOES HIDRO SANITARIAS","INHI","FORNEC. E ASSENTAMENTO DE TUBOS P/INSTALACAO DOMICILIAR","0179","","",89717,"TUBO, CPVC, SOLDÁVEL, DN 28MM, INSTALADO EM RAMAL DE DISTRIBUIÇÃO DE ÁGUA - FORNECIMENTO E INSTALAÇÃO. AF_06/2022","M","ATRIBUÍDO SÃO PAULO",34.880000000000003,"CAIXA REFERENCIAL"]
["INSTALACOES HIDRO SANITARIAS","INHI","FORNEC. E ASSENTAMENTO DE TUBOS P/INSTALACAO DOMICILIAR","0179","","",89799,"TUBO PVC, SERIE NORMAL, ESGOTO PREDIAL, DN 75 MM, FORNECIDO E INSTALADO EM PRUMADA DE ESGOTO SANITÁRIO OU VENTILAÇÃO. AF_08/2022","M","COEFICIENTE DE REPRESENTATIVIDADE",22.11,"CAIXA REFERENCIAL"]
["INSTALACOES HIDRO SANITARIAS","INHI","FORNEC. E ASSENTAMENTO DE TUBOS P/INSTALACAO DOMICILIAR","0179","","",91784,"(COMPOSIÇÃO REPRESENTATIVA) DO SERVIÇO DE INSTALAÇÃO DE TUBOS DE PVC, SOLDÁVEL, ÁGUA FRIA, DN 20 MM (INSTALADO EM RAMAL, SUB-RAMAL OU RAMAL DE DISTRIBUIÇÃO), INCLUSIVE CONEXÕES, CORTES E FIXAÇÕES, PARA PRÉDIOS. AF_10/2015","M","COEFICIENTE DE REPRESENTATIVIDADE",41,"CAIXA REFERENCIAL"]
["INSTALACOES HIDRO SANITARIAS","INHI","FORNEC. E ASSENTAMENTO DE TUBOS P/INSTALACAO DOMICILIAR","0179","","",91790,"(COMPOSIÇÃO REPRESENTATIVA) DO SERVIÇO DE INSTALAÇÃO DE TUBOS DE PVC, SÉRIE R, ÁGUA PLUVIAL, DN 100 MM (INSTALADO EM RAMAL DE ENCAMINHAMENTO, OU CONDUTORES VERTICAIS), INCLUSIVE CONEXÕES, CORTES E FIXAÇÕES, PARA PRÉDIOS. AF_10/2015","M","ATRIBUÍDO SÃO PAULO",58.65,"CAIXA REFERENCIAL"]
["INSTALACOES HIDRO SANITARIAS","INHI","FORNEC. E ASSENTAMENTO DE TUBOS P/INSTALACAO DOMICILIAR","0179","","",91795,"(COMPOSIÇÃO REPRESENTATIVA) DO SERVIÇO DE INST. TUBO PVC, SÉRIE N, ESGOTO PREDIAL, 100 MM (INST. RAMAL DESCARGA, RAMAL DE ESG. SANIT., PRUMADA ESG. SANIT., VENTILAÇÃO OU SUB-COLETOR AÉREO), INCL. CONEXÕES E CORTES, FIXAÇÕES, P/ PRÉDIOS. AF_10/2015","M","ATRIBUÍDO SÃO PAULO",69.16,"CAIXA REFERENCIAL"]
["INSTALACOES HIDRO SANITARIAS","INHI","FORNEC. E ASSENTAMENTO DE TUBOS P/INSTALACAO DOMICILIAR","0179","","",92278,"TUBO EM COBRE RÍGIDO, DN 42 MM, CLASSE E, SEM ISOLAMENTO, INSTALADO EM PRUMADA DE HIDRÁULICA PREDIAL - FORNECIMENTO E INSTALAÇÃO. AF_04/2022","M","ATRIBUÍDO SÃO PAULO",127.49,"CAIXA REFERENCIAL"]
["INSTALACOES HIDRO SANITARIAS","INHI","FORNEC. E ASSENTAMENTO DE TUBOS P/INSTALACAO DOMICILIAR","0179","","",92279,"TUBO EM COBRE RÍGIDO, DN 54 MM, CLASSE E, SEM ISOLAMENTO, INSTALADO EM PRUMADA DE HIDRÁULICA PREDIAL - FORNECIMENTO E INSTALAÇÃO. AF_04/2022","M","ATRIBUÍDO SÃO PAULO",184.33,"CAIXA REFERENCIAL"]
["INSTALACOES HIDRO SANITARIAS","INHI","FORNEC. E ASSENTAMENTO DE TUBOS P/INSTALACAO DOMICILIAR","0179","","",92285,"TUBO EM COBRE RÍGIDO, DN 54 MM, CLASSE E, COM ISOLAMENTO, INSTALADO EM PRUMADA DE HIDRÁULICA PREDIAL - FORNECIMENTO E INSTALAÇÃO. AF_04/2022","M","ATRIBUÍDO SÃO PAULO",373.32,"CAIXA REFERENCIAL"]
["INSTALACOES HIDRO SANITARIAS","INHI","FORNEC. E ASSENTAMENTO DE TUBOS P/INSTALACAO DOMICILIAR","0179","","",92306,"TUBO EM COBRE RÍGIDO, DN 22 MM, CLASSE E, SEM ISOLAMENTO, INSTALADO EM RAMAL DE DISTRIBUIÇÃO DE HIDRÁULICA PREDIAL - FORNECIMENTO E INSTALAÇÃO. AF_04/2022","M","ATRIBUÍDO SÃO PAULO",56.26,"CAIXA REFERENCIAL"]
["INSTALACOES HIDRO SANITARIAS","INHI","FORNEC. E ASSENTAMENTO DE TUBOS P/INSTALACAO DOMICILIAR","0179","","",92321,"TUBO EM COBRE RÍGIDO, DN 22 MM, CLASSE E, SEM ISOLAMENTO, INSTALADO EM RAMAL E SUB-RAMAL DE HIDRÁULICA PREDIAL - FORNECIMENTO E INSTALAÇÃO. AF_04/2022","M","ATRIBUÍDO SÃO PAULO",72.760000000000005,"CAIXA REFERENCIAL"]
["INSTALACOES HIDRO SANITARIAS","INHI","FORNEC. E ASSENTAMENTO DE TUBOS P/INSTALACAO DOMICILIAR","0179","","",92335,"TUBO DE AÇO GALVANIZADO COM COSTURA, CLASSE MÉDIA, CONEXÃO RANHURADA, DN 50 (2\"), INSTALADO EM PRUMADAS - FORNECIMENTO E INSTALAÇÃO. AF_10/2020","M","ATRIBUÍDO SÃO PAULO",86.66,"CAIXA REFERENCIAL"]
["INSTALACOES HIDRO SANITARIAS","INHI","FORNEC. E ASSENTAMENTO DE TUBOS P/INSTALACAO DOMICILIAR","0179","","",92342,"TUBO DE AÇO GALVANIZADO COM COSTURA, CLASSE MÉDIA, DN 65 (2 1/2\"), CONEXÃO ROSQUEADA, INSTALADO EM PRUMADAS - FORNECIMENTO E INSTALAÇÃO. AF_10/2020","M","ATRIBUÍDO SÃO PAULO",115.43,"CAIXA REFERENCIAL"]
["INSTALACOES HIDRO SANITARIAS","INHI","FORNEC. E ASSENTAMENTO DE TUBOS P/INSTALACAO DOMICILIAR","0179","","",92362,"TUBO DE AÇO PRETO SEM COSTURA, CONEXÃO SOLDADA, DN 65 (2 1/2\"), INSTALADO EM REDE DE ALIMENTAÇÃO PARA HIDRANTE - FORNECIMENTO E INSTALAÇÃO. AF_10/2020","M","ATRIBUÍDO SÃO PAULO",209.41,"CAIXA REFERENCIAL"]
["INSTALACOES HIDRO SANITARIAS","INHI","FORNEC. E ASSENTAMENTO DE TUBOS P/INSTALACAO DOMICILIAR","0179","","",92368,"TUBO DE AÇO GALVANIZADO COM COSTURA, CLASSE MÉDIA, DN 80 (3\"), CONEXÃO ROSQUEADA, INSTALADO EM REDE DE ALIMENTAÇÃO PARA HIDRANTE - FORNECIMENTO E INSTALAÇÃO. AF_10/2020","M","ATRIBUÍDO SÃO PAULO",137.82,"CAIXA REFERENCIAL"]
["INSTALACOES HIDRO SANITARIAS","INHI","FORNEC. E ASSENTAMENTO DE TUBOS P/INSTALACAO DOMICILIAR","0179","","",92652,"TUBO DE AÇO GALVANIZADO COM COSTURA, CLASSE MÉDIA, CONEXÃO ROSQUEADA, DN 32 (1 1/4\"), INSTALADO EM REDE DE ALIMENTAÇÃO PARA SPRINKLER - FORNECIMENTO E INSTALAÇÃO. AF_10/2020","M","ATRIBUÍDO SÃO PAULO",56.54,"CAIXA REFERENCIAL"]
["INSTALACOES HIDRO SANITARIAS","INHI","FORNEC. E ASSENTAMENTO DE TUBOS P/INSTALACAO DOMICILIAR","0179","","",92687,"TUBO DE AÇO GALVANIZADO COM COSTURA, CLASSE MÉDIA, CONEXÃO ROSQUEADA, DN 15 (1/2\"), INSTALADO EM RAMAIS E SUB-RAMAIS DE GÁS - FORNECIMENTO E INSTALAÇÃO. AF_10/2020","M","ATRIBUÍDO SÃO PAULO",26.23,"CAIXA REFERENCIAL"]
["INSTALACOES HIDRO SANITARIAS","INHI","FORNEC. E ASSENTAMENTO DE TUBOS P/INSTALACAO DOMICILIAR","0179","","",94463,"TUBO DE AÇO GALVANIZADO COM COSTURA, CLASSE MÉDIA, DN 65 (2 1/2\u0094), CONEXÃO ROSQUEADA, INSTALADO EM RESERVAÇÃO DE ÁGUA DE EDIFICAÇÃO QUE POSSUA RESERVATÓRIO DE FIBRA/FIBROCIMENTO \u0096 FORNECIMENTO E INSTALAÇÃO. AF_06/2016","M","ATRIBUÍDO SÃO PAULO",110.59,"CAIXA REFERENCIAL"]
["INSTALACOES HIDRO SANITARIAS","INHI","FORNEC. E ASSENTAMENTO DE TUBOS P/INSTALACAO DOMICILIAR","0179","","",94605,"TUBO EM COBRE RÍGIDO, DN 104 MM, CLASSE E, SEM ISOLAMENTO, INSTALADO EM RESERVAÇÃO DE ÁGUA DE EDIFICAÇÃO QUE POSSUA RESERVATÓRIO DE FIBRA/FIBROCIMENTO \u0096 FORNECIMENTO E INSTALAÇÃO. AF_06/2016","M","ATRIBUÍDO SÃO PAULO",518.58000000000004,"CAIXA REFERENCIAL"]
["INSTALACOES HIDRO SANITARIAS","INHI","FORNEC. E ASSENTAMENTO DE TUBOS P/INSTALACAO DOMICILIAR","0179","","",94652,"TUBO, PVC, SOLDÁVEL, DN 60 MM, INSTALADO EM RESERVAÇÃO DE ÁGUA DE EDIFICAÇÃO QUE POSSUA RESERVATÓRIO DE FIBRA/FIBROCIMENTO   FORNECIMENTO E INSTALAÇÃO. AF_06/2016","M","COEFICIENTE DE REPRESENTATIVIDADE",38.950000000000003,"CAIXA REFERENCIAL"]
["INSTALACOES HIDRO SANITARIAS","INHI","FORNEC. E ASSENTAMENTO DE TUBOS P/INSTALACAO DOMICILIAR","0179","","",94653,"TUBO, PVC, SOLDÁVEL, DN 75 MM, INSTALADO EM RESERVAÇÃO DE ÁGUA DE EDIFICAÇÃO QUE POSSUA RESERVATÓRIO DE FIBRA/FIBROCIMENTO   FORNECIMENTO E INSTALAÇÃO. AF_06/2016","M","COEFICIENTE DE REPRESENTATIVIDADE",56.19,"CAIXA REFERENCIAL"]
["INSTALACOES HIDRO SANITARIAS","INHI","FORNEC. E ASSENTAMENTO DE TUBOS P/INSTALACAO DOMICILIAR","0179","","",94718,"TUBO, CPVC, SOLDÁVEL, DN 35 MM, INSTALADO EM RESERVAÇÃO DE ÁGUA DE EDIFICAÇÃO QUE POSSUA RESERVATÓRIO DE FIBRA/FIBROCIMENTO \u0096 FORNECIMENTO E INSTALAÇÃO. AF_06/2016","M","ATRIBUÍDO SÃO PAULO",41.81,"CAIXA REFERENCIAL"]
["INSTALACOES HIDRO SANITARIAS","INHI","FORNEC. E ASSENTAMENTO DE TUBOS P/INSTALACAO DOMICILIAR","0179","","",94723,"TUBO, CPVC, SOLDÁVEL, DN 114 MM, INSTALADO EM RESERVAÇÃO DE ÁGUA DE EDIFICAÇÃO QUE POSSUA RESERVATÓRIO DE FIBRA/FIBROCIMENTO \u0096 FORNECIMENTO E INSTALAÇÃO. AF_06/2016","M","ATRIBUÍDO SÃO PAULO",371.26,"CAIXA REFERENCIAL"]
["INSTALACOES HIDRO SANITARIAS","INHI","FORNEC. E ASSENTAMENTO DE TUBOS P/INSTALACAO DOMICILIAR","0179","","",96646,"TUBO, PPR, DN 40, CLASSE PN 12,  INSTALADO EM RAMAL DE DISTRIBUIÇÃO DE ÁGUA   FORNECIMENTO E INSTALAÇÃO. AF_08/2022","M","ATRIBUÍDO SÃO PAULO",21.79,"CAIXA REFERENCIAL"]
["INSTALACOES HIDRO SANITARIAS","INHI","FORNEC. E ASSENTAMENTO DE TUBOS P/INSTALACAO DOMICILIAR","0179","","",96669,"TUBO, PPR, DN 32, CLASSE PN 12,  INSTALADO EM PRUMADA DE ÁGUA   FORNECIMENTO E INSTALAÇÃO. AF_08/2022","M","ATRIBUÍDO SÃO PAULO",15.51,"CAIXA REFERENCIAL"]
["INSTALACOES HIDRO SANITARIAS","INHI","FORNEC. E ASSENTAMENTO DE TUBOS P/INSTALACAO DOMICILIAR","0179","","",96675,"TUBO, PPR, DN 110, CLASSE PN 12,  INSTALADO EM PRUMADA DE ÁGUA   FORNECIMENTO E INSTALAÇÃO. AF_08/2022","M","ATRIBUÍDO SÃO PAULO",141.34,"CAIXA REFERENCIAL"]
["INSTALACOES HIDRO SANITARIAS","INHI","FORNEC. E ASSENTAMENTO DE TUBOS P/INSTALACAO DOMICILIAR","0179","","",96680,"TUBO, PPR, DN 63, CLASSE PN 25,  INSTALADO EM PRUMADA DE ÁGUA   FORNECIMENTO E INSTALAÇÃO. AF_08/2022","M","ATRIBUÍDO SÃO PAULO",89.85,"CAIXA REFERENCIAL"]
["INSTALACOES HIDRO SANITARIAS","INHI","FORNEC. E ASSENTAMENTO DE TUBOS P/INSTALACAO DOMICILIAR","0179","","",96719,"TUBO, PPR, DN 25, CLASSE PN 20,  INSTALADO EM RESERVAÇÃO DE ÁGUA DE EDIFICAÇÃO QUE POSSUA RESERVATÓRIO DE FIBRA/FIBROCIMENTO \u0096 FORNECIMENTO E INSTALAÇÃO. AF_06/2016","M","ATRIBUÍDO SÃO PAULO",17.86,"CAIXA REFERENCIAL"]
["INSTALACOES HIDRO SANITARIAS","INHI","FORNEC. E ASSENTAMENTO DE TUBOS P/INSTALACAO DOMICILIAR","0179","","",96725,"TUBO, PPR, DN 90, CLASSE PN 12,  INSTALADO EM RESERVAÇÃO DE ÁGUA DE EDIFICAÇÃO QUE POSSUA RESERVATÓRIO DE FIBRA/FIBROCIMENTO \u0096 FORNECIMENTO E INSTALAÇÃO. AF_06/2016","M","ATRIBUÍDO SÃO PAULO",94.13,"CAIXA REFERENCIAL"]
["INSTALACOES HIDRO SANITARIAS","INHI","FORNEC. E ASSENTAMENTO DE TUBOS P/INSTALACAO DOMICILIAR","0179","","",96730,"TUBO, PPR, DN 40, CLASSE PN 25,  INSTALADO EM RESERVAÇÃO DE ÁGUA DE EDIFICAÇÃO QUE POSSUA RESERVATÓRIO DE FIBRA/FIBROCIMENTO \u0096 FORNECIMENTO E INSTALAÇÃO. AF_06/2016","M","ATRIBUÍDO SÃO PAULO",34.270000000000003,"CAIXA REFERENCIAL"]
["INSTALACOES HIDRO SANITARIAS","INHI","FORNEC. E ASSENTAMENTO DE TUBOS P/INSTALACAO DOMICILIAR","0179","","",96735,"TUBO, PPR, DN 110, CLASSE PN 25,  INSTALADO EM RESERVAÇÃO DE ÁGUA DE EDIFICAÇÃO QUE POSSUA RESERVATÓRIO DE FIBRA/FIBROCIMENTO \u0096 FORNECIMENTO E INSTALAÇÃO. AF_06/2016","M","ATRIBUÍDO SÃO PAULO",249.38,"CAIXA REFERENCIAL"]
["INSTALACOES HIDRO SANITARIAS","INHI","FORNEC. E ASSENTAMENTO DE TUBOS P/INSTALACAO DOMICILIAR","0179","","",97328,"TUBO EM COBRE FLEXÍVEL, DN 3/8\", COM ISOLAMENTO, INSTALADO EM RAMAL DE ALIMENTAÇÃO DE AR CONDICIONADO COM CONDENSADORA INDIVIDUAL \u0096 FORNECIMENTO E INSTALAÇÃO. AF_12/2015","M","ATRIBUÍDO SÃO PAULO",49.63,"CAIXA REFERENCIAL"]
["INSTALACOES HIDRO SANITARIAS","INHI","FORNEC. E ASSENTAMENTO DE TUBOS P/INSTALACAO DOMICILIAR","0179","","",97333,"TUBO EM COBRE FLEXÍVEL, DN 1/2\", COM ISOLAMENTO, INSTALADO EM RAMAL DE ALIMENTAÇÃO DE AR CONDICIONADO COM CONDENSADORA CENTRAL \u0096 FORNECIMENTO E INSTALAÇÃO. AF_12/2015","M","ATRIBUÍDO SÃO PAULO",62.12,"CAIXA REFERENCIAL"]
["INSTALACOES HIDRO SANITARIAS","INHI","FORNEC. E ASSENTAMENTO DE TUBOS P/INSTALACAO DOMICILIAR","0179","","",97334,"TUBO EM COBRE FLEXÍVEL, DN 5/8\u0094, COM ISOLAMENTO, INSTALADO EM RAMAL DE ALIMENTAÇÃO DE AR CONDICIONADO COM CONDENSADORA CENTRAL   FORNECIMENTO E INSTALAÇÃO. AF_12/2015","M","ATRIBUÍDO SÃO PAULO",75.680000000000007,"CAIXA REFERENCIAL"]
["INSTALACOES HIDRO SANITARIAS","INHI","FORNEC. E ASSENTAMENTO DE TUBOS P/INSTALACAO DOMICILIAR","0179","","",97339,"TUBO EM COBRE RÍGIDO, DN 54 MM, CLASSE A, SEM ISOLAMENTO, INSTALADO EM PRUMADA DE GÁS COMBUSTÍVEL - FORNECIMENTO E INSTALAÇÃO. AF_04/2022","M","ATRIBUÍDO SÃO PAULO",184.33,"CAIXA REFERENCIAL"]
["INSTALACOES HIDRO SANITARIAS","INHI","FORNEC. E ASSENTAMENTO DE TUBOS P/INSTALACAO DOMICILIAR","0179","","",97350,"TUBO EM COBRE RÍGIDO, DN 42 MM, CLASSE I, SEM ISOLAMENTO, INSTALADO EM PRUMADA \u0096 FORNECIMENTO E INSTALAÇÃO. AF_12/2015","M","ATRIBUÍDO SÃO PAULO",216.5,"CAIXA REFERENCIAL"]
["INSTALACOES HIDRO SANITARIAS","INHI","FORNEC. E ASSENTAMENTO DE TUBOS P/INSTALACAO DOMICILIAR","0179","","",97356,"TUBO EM COBRE RÍGIDO, DN 15 MM, CLASSE I, SEM ISOLAMENTO, INSTALADO EM RAMAL E SUB-RAMAL \u0096 FORNECIMENTO E INSTALAÇÃO. AF_12/2015","M","ATRIBUÍDO SÃO PAULO",67.73,"CAIXA REFERENCIAL"]
["INSTALACOES HIDRO SANITARIAS","INHI","FORNEC. E ASSENTAMENTO DE TUBOS P/INSTALACAO DOMICILIAR","0179","","",97536,"TUBO DE AÇO GALVANIZADO COM COSTURA, CLASSE MÉDIA, CONEXÃO ROSQUEADA, DN 25 (1\"), INSTALADO EM RAMAIS  E SUB-RAMAIS DE GÁS - FORNECIMENTO E INSTALAÇÃO. AF_10/2020","M","ATRIBUÍDO SÃO PAULO",55.79,"CAIXA REFERENCIAL"]
["INSTALACOES HIDRO SANITARIAS","INHI","FORNEC. E ASSENTAMENTO DE TUBOS P/INSTALACAO DOMICILIAR","0179","","",100799,"TUBO, PEX, MULTICAMADA, COM TUBO LUVA, DN 16, INSTALADO EM IMPLANTAÇÃO DE INSTALAÇÕES DE GÁS - FORNECIMENTO E INSTALAÇÃO. AF_01/2020","M","ATRIBUÍDO SÃO PAULO",17.98,"CAIXA REFERENCIAL"]
["INSTALACOES HIDRO SANITARIAS","INHI","FORNEC. E ASSENTAMENTO DE TUBOS P/INSTALACAO DOMICILIAR","0179","","",100804,"TUBO, PEX, MULTICAMADA, DN 20, INSTALADO EM RAMAL INTERNO DE INSTALAÇÕES DE GÁS - FORNECIMENTO E INSTALAÇÃO. AF_01/2020","M","ATRIBUÍDO SÃO PAULO",24.88,"CAIXA REFERENCIAL"]
["INSTALACOES HIDRO SANITARIAS","INHI","FORNEC. E ASSENTAMENTO DE TUBOS P/INSTALACAO DOMICILIAR","0179","","",100809,"TUBO, PEX, MULTICAMADA, COM TUBO LUVA, DN 26, INSTALADO EM RAMAL INTERNO DE INSTALAÇÕES DE GÁS - FORNECIMENTO E INSTALAÇÃO. AF_01/2020","M","ATRIBUÍDO SÃO PAULO",41.59,"CAIXA REFERENCIAL"]
["INSTALACOES HIDRO SANITARIAS","INHI","FORNEC. E ASSENTAMENTO DE TUBOS P/INSTALACAO DOMICILIAR","0179","","",101922,"LUVA DE REDUÇÃO, EM FERRO GALVANIZADO, 4\" X 2\", CONEXÃO ROSQUEADA, INSTALADO EM PRUMADAS - FORNECIMENTO E INSTALAÇÃO. AF_10/2020","UN","ATRIBUÍDO SÃO PAULO",236.57,"CAIXA REFERENCIAL"]
["INSTALACOES HIDRO SANITARIAS","INHI","FORNEC. E ASSENTAMENTO DE TUBOS P/INSTALACAO DOMICILIAR","0179","","",101927,"TUBO DE AÇO GALVANIZADO COM COSTURA, CLASSE MÉDIA, DN 100 (4\"), CONEXÃO ROSQUEADA, INSTALADO EM REDE DE ALIMENTAÇÃO PARA HIDRANTE - FORNECIMENTO E INSTALAÇÃO. AF_10/2020","M","ATRIBUÍDO SÃO PAULO",187.29,"CAIXA REFERENCIAL"]
["INSTALACOES HIDRO SANITARIAS","INHI","FORNEC. E ASSENTAMENTO DE TUBOS P/INSTALACAO DOMICILIAR","0179","","",101932,"LUVA DE REDUÇÃO, EM FERRO GALVANIZADO, 4\" X 3\", CONEXÃO ROSQUEADA, INSTALADO EM REDE DE ALIMENTAÇÃO PARA HIDRANTE - FORNECIMENTO E INSTALAÇÃO. AF_10/2020","UN","ATRIBUÍDO SÃO PAULO",241.36,"CAIXA REFERENCIAL"]
["INSTALACOES HIDRO SANITARIAS","INHI","FORNEC. E ASSENTAMENTO DE TUBOS P/INSTALACAO DOMICILIAR","0179","","",103804,"TUBO EM COBRE RÍGIDO, DN 28 MM, CLASSE E, SEM ISOLAMENTO, INSTALADO EM RAMAL E SUB-RAMAL DE GÁS COMBUSTÍVEL - FORNECIMENTO E INSTALAÇÃO. AF_04/2022","M","ATRIBUÍDO SÃO PAULO",75.959999999999994,"CAIXA REFERENCIAL"]
["INSTALACOES HIDRO SANITARIAS","INHI","FORNEC. E ASSENTAMENTO DE TUBOS P/INSTALACAO DOMICILIAR","0179","","",103869,"TUBO EM COBRE RÍGIDO, DN 22 MM, CLASSE E, SEM ISOLAMENTO, INSTALADO EM RAMAL E SUB-RAMAL DE AQUECIMENTO SOLAR - FORNECIMENTO E INSTALAÇÃO. AF_04/2022","M","ATRIBUÍDO SÃO PAULO",68.349999999999994,"CAIXA REFERENCIAL"]
["INSTALACOES HIDRO SANITARIAS","INHI","FORNEC. E ASSENTAMENTO DE TUBOS P/INSTALACAO DOMICILIAR","0179","","",103870,"TUBO EM COBRE RÍGIDO, DN 28 MM, CLASSE E, SEM ISOLAMENTO, INSTALADO EM RAMAL E SUB-RAMAL DE AQUECIMENTO SOLAR - FORNECIMENTO E INSTALAÇÃO. AF_04/2022","M","ATRIBUÍDO SÃO PAULO",84.19,"CAIXA REFERENCIAL"]
["INSTALACOES HIDRO SANITARIAS","INHI","FORNEC. E ASSENTAMENTO DE TUBOS P/INSTALACAO DOMICILIAR","0179","","",103979,"TUBO, PVC, SOLDÁVEL, DN 50MM, INSTALADO EM RAMAL DE DISTRIBUIÇÃO DE ÁGUA - FORNECIMENTO E INSTALAÇÃO. AF_06/2022","M","COEFICIENTE DE REPRESENTATIVIDADE",28.01,"CAIXA REFERENCIAL"]
["INSTALACOES HIDRO SANITARIAS","INHI","FORNEC. E ASSENTAMENTO DE TUBOS P/INSTALACAO DOMICILIAR","0179","","",104315,"TUBO, PVC, SOLDÁVEL, DN 20 MM, INSTALADO EM DRENO DE AR CONDICIONADO - FORNECIMENTO E INSTALAÇÃO. AF_08/2022","M","COEFICIENTE DE REPRESENTATIVIDADE",14.1,"CAIXA REFERENCIAL"]
["INSTALACOES HIDRO SANITARIAS","INHI","CONEXOES","0180","","",89362,"JOELHO 90 GRAUS, PVC, SOLDÁVEL, DN 25MM, INSTALADO EM RAMAL OU SUB-RAMAL DE ÁGUA - FORNECIMENTO E INSTALAÇÃO. AF_06/2022","UN","COEFICIENTE DE REPRESENTATIVIDADE",8.07,"CAIXA REFERENCIAL"]
["INSTALACOES HIDRO SANITARIAS","INHI","CONEXOES","0180","","",89367,"JOELHO 90 GRAUS, PVC, SOLDÁVEL, DN 32MM, INSTALADO EM RAMAL OU SUB-RAMAL DE ÁGUA - FORNECIMENTO E INSTALAÇÃO. AF_06/2022","UN","COEFICIENTE DE REPRESENTATIVIDADE",11.41,"CAIXA REFERENCIAL"]
["INSTALACOES HIDRO SANITARIAS","INHI","CONEXOES","0180","","",89373,"LUVA DE REDUÇÃO, PVC, SOLDÁVEL, DN 25MM X 20MM, INSTALADO EM RAMAL OU SUB-RAMAL DE ÁGUA - FORNECIMENTO E INSTALAÇÃO. AF_06/2022","UN","COEFICIENTE DE REPRESENTATIVIDADE",6.25,"CAIXA REFERENCIAL"]
["INSTALACOES HIDRO SANITARIAS","INHI","CONEXOES","0180","","",89378,"LUVA, PVC, SOLDÁVEL, DN 25MM, INSTALADO EM RAMAL OU SUB-RAMAL DE ÁGUA - FORNECIMENTO E INSTALAÇÃO. AF_06/2022","UN","COEFICIENTE DE REPRESENTATIVIDADE",6.05,"CAIXA REFERENCIAL"]
["INSTALACOES HIDRO SANITARIAS","INHI","CONEXOES","0180","","",89383,"ADAPTADOR CURTO COM BOLSA E ROSCA PARA REGISTRO, PVC, SOLDÁVEL, DN 25MM X 3/4 , INSTALADO EM RAMAL OU SUB-RAMAL DE ÁGUA - FORNECIMENTO E INSTALAÇÃO. AF_06/2022","UN","COEFICIENTE DE REPRESENTATIVIDADE",5.72,"CAIXA REFERENCIAL"]
["INSTALACOES HIDRO SANITARIAS","INHI","CONEXOES","0180","","",89390,"UNIÃO, PVC, SOLDÁVEL, DN 32MM, INSTALADO EM RAMAL OU SUB-RAMAL DE ÁGUA - FORNECIMENTO E INSTALAÇÃO. AF_06/2022","UN","COEFICIENTE DE REPRESENTATIVIDADE",20.420000000000002,"CAIXA REFERENCIAL"]
["INSTALACOES HIDRO SANITARIAS","INHI","CONEXOES","0180","","",89395,"TE, PVC, SOLDÁVEL, DN 25MM, INSTALADO EM RAMAL OU SUB-RAMAL DE ÁGUA - FORNECIMENTO E INSTALAÇÃO. AF_06/2022","UN","COEFICIENTE DE REPRESENTATIVIDADE",11.18,"CAIXA REFERENCIAL"]
["INSTALACOES HIDRO SANITARIAS","INHI","CONEXOES","0180","","",89400,"TÊ DE REDUÇÃO, PVC, SOLDÁVEL, DN 32MM X 25MM, INSTALADO EM RAMAL OU SUB-RAMAL DE ÁGUA - FORNECIMENTO E INSTALAÇÃO. AF_06/2022","UN","COEFICIENTE DE REPRESENTATIVIDADE",17.989999999999998,"CAIXA REFERENCIAL"]
["INSTALACOES HIDRO SANITARIAS","INHI","CONEXOES","0180","","",89409,"JOELHO 45 GRAUS, PVC, SOLDÁVEL, DN 25MM, INSTALADO EM RAMAL DE DISTRIBUIÇÃO DE ÁGUA - FORNECIMENTO E INSTALAÇÃO. AF_06/2022","UN","COEFICIENTE DE REPRESENTATIVIDADE",8.19,"CAIXA REFERENCIAL"]
["INSTALACOES HIDRO SANITARIAS","INHI","CONEXOES","0180","","",89414,"JOELHO 45 GRAUS, PVC, SOLDÁVEL, DN 32MM, INSTALADO EM RAMAL DE DISTRIBUIÇÃO DE ÁGUA - FORNECIMENTO E INSTALAÇÃO. AF_06/2022","UN","COEFICIENTE DE REPRESENTATIVIDADE",12.4,"CAIXA REFERENCIAL"]
["INSTALACOES HIDRO SANITARIAS","INHI","CONEXOES","0180","","",89415,"CURVA 90 GRAUS, PVC, SOLDÁVEL, DN 32MM, INSTALADO EM RAMAL DE DISTRIBUIÇÃO DE ÁGUA - FORNECIMENTO E INSTALAÇÃO. AF_06/2022","UN","COEFICIENTE DE REPRESENTATIVIDADE",14.81,"CAIXA REFERENCIAL"]
["INSTALACOES HIDRO SANITARIAS","INHI","CONEXOES","0180","","",89421,"UNIÃO, PVC, SOLDÁVEL, DN 20MM, INSTALADO EM RAMAL DE DISTRIBUIÇÃO DE ÁGUA - FORNECIMENTO E INSTALAÇÃO. AF_06/2022","UN","COEFICIENTE DE REPRESENTATIVIDADE",10.87,"CAIXA REFERENCIAL"]
["INSTALACOES HIDRO SANITARIAS","INHI","CONEXOES","0180","","",89427,"LUVA COM BUCHA DE LATÃO, PVC, SOLDÁVEL, DN 25MM X 3/4 , INSTALADO EM RAMAL DE DISTRIBUIÇÃO DE ÁGUA - FORNECIMENTO E INSTALAÇÃO. AF_06/2022","UN","COEFICIENTE DE REPRESENTATIVIDADE",11.21,"CAIXA REFERENCIAL"]
["INSTALACOES HIDRO SANITARIAS","INHI","CONEXOES","0180","","",89433,"LUVA DE REDUÇÃO, PVC, SOLDÁVEL, DN 40MM X 32MM, INSTALADO EM RAMAL DE DISTRIBUIÇÃO DE ÁGUA - FORNECIMENTO E INSTALAÇÃO. AF_06/2022","UN","COEFICIENTE DE REPRESENTATIVIDADE",11.97,"CAIXA REFERENCIAL"]
["INSTALACOES HIDRO SANITARIAS","INHI","CONEXOES","0180","","",89438,"TE, PVC, SOLDÁVEL, DN 20MM, INSTALADO EM RAMAL DE DISTRIBUIÇÃO DE ÁGUA - FORNECIMENTO E INSTALAÇÃO. AF_06/2022","UN","COEFICIENTE DE REPRESENTATIVIDADE",8.67,"CAIXA REFERENCIAL"]
["INSTALACOES HIDRO SANITARIAS","INHI","CONEXOES","0180","","",89444,"TÊ COM BUCHA DE LATÃO NA BOLSA CENTRAL, PVC, SOLDÁVEL, DN 32MM X 3/4 , INSTALADO EM RAMAL DE DISTRIBUIÇÃO DE ÁGUA - FORNECIMENTO E INSTALAÇÃO. AF_06/2022","UN","COEFICIENTE DE REPRESENTATIVIDADE",22.67,"CAIXA REFERENCIAL"]
["INSTALACOES HIDRO SANITARIAS","INHI","CONEXOES","0180","","",89492,"JOELHO 90 GRAUS, PVC, SOLDÁVEL, DN 32MM, INSTALADO EM PRUMADA DE ÁGUA - FORNECIMENTO E INSTALAÇÃO. AF_06/2022","UN","COEFICIENTE DE REPRESENTATIVIDADE",7.4,"CAIXA REFERENCIAL"]
["INSTALACOES HIDRO SANITARIAS","INHI","CONEXOES","0180","","",89498,"JOELHO 45 GRAUS, PVC, SOLDÁVEL, DN 40MM, INSTALADO EM PRUMADA DE ÁGUA - FORNECIMENTO E INSTALAÇÃO. AF_06/2022","UN","COEFICIENTE DE REPRESENTATIVIDADE",12.22,"CAIXA REFERENCIAL"]
["INSTALACOES HIDRO SANITARIAS","INHI","CONEXOES","0180","","",89504,"CURVA 45 GRAUS, PVC, SOLDÁVEL, DN 50MM, INSTALADO EM PRUMADA DE ÁGUA - FORNECIMENTO E INSTALAÇÃO. AF_06/2022","UN","COEFICIENTE DE REPRESENTATIVIDADE",17.45,"CAIXA REFERENCIAL"]
["INSTALACOES HIDRO SANITARIAS","INHI","CONEXOES","0180","","",89513,"JOELHO 90 GRAUS, PVC, SOLDÁVEL, DN 75MM, INSTALADO EM PRUMADA DE ÁGUA - FORNECIMENTO E INSTALAÇÃO. AF_06/2022","UN","COEFICIENTE DE REPRESENTATIVIDADE",101.68,"CAIXA REFERENCIAL"]
["INSTALACOES HIDRO SANITARIAS","INHI","CONEXOES","0180","","",89518,"JOELHO 90 GRAUS, PVC, SERIE R, ÁGUA PLUVIAL, DN 50 MM, JUNTA ELÁSTICA, FORNECIDO E INSTALADO EM RAMAL DE ENCAMINHAMENTO. AF_06/2022","UN","COEFICIENTE DE REPRESENTATIVIDADE",17.3,"CAIXA REFERENCIAL"]
["INSTALACOES HIDRO SANITARIAS","INHI","CONEXOES","0180","","",89524,"JOELHO 45 GRAUS, PVC, SERIE R, ÁGUA PLUVIAL, DN 75 MM, JUNTA ELÁSTICA, FORNECIDO E INSTALADO EM RAMAL DE ENCAMINHAMENTO. AF_06/2022","UN","COEFICIENTE DE REPRESENTATIVIDADE",32.86,"CAIXA REFERENCIAL"]
["INSTALACOES HIDRO SANITARIAS","INHI","CONEXOES","0180","","",89529,"JOELHO 90 GRAUS, PVC, SERIE R, ÁGUA PLUVIAL, DN 100 MM, JUNTA ELÁSTICA, FORNECIDO E INSTALADO EM RAMAL DE ENCAMINHAMENTO. AF_06/2022","UN","COEFICIENTE DE REPRESENTATIVIDADE",40.18,"CAIXA REFERENCIAL"]
["INSTALACOES HIDRO SANITARIAS","INHI","CONEXOES","0180","","",89530,"LUVA DE CORRER, PVC, SOLDÁVEL, DN 25MM, INSTALADO EM PRUMADA DE ÁGUA - FORNECIMENTO E INSTALAÇÃO. AF_06/2022","UN","COEFICIENTE DE REPRESENTATIVIDADE",15.78,"CAIXA REFERENCIAL"]
["INSTALACOES HIDRO SANITARIAS","INHI","CONEXOES","0180","","",89540,"CURVA DE TRANSPOSIÇÃO, PVC, SOLDÁVEL, DN 25MM, INSTALADO EM PRUMADA DE ÁGUA  - FORNECIMENTO E INSTALAÇÃO. AF_06/2022","UN","COEFICIENTE DE REPRESENTATIVIDADE",9.8800000000000008,"CAIXA REFERENCIAL"]
["INSTALACOES HIDRO SANITARIAS","INHI","CONEXOES","0180","","",89546,"BUCHA DE REDUÇÃO LONGA, PVC, SERIE R, ÁGUA PLUVIAL, DN 50 X 40 MM, JUNTA ELÁSTICA, FORNECIDO E INSTALADO EM RAMAL DE ENCAMINHAMENTO. AF_06/2022","UN","COEFICIENTE DE REPRESENTATIVIDADE",12.15,"CAIXA REFERENCIAL"]
["INSTALACOES HIDRO SANITARIAS","INHI","CONEXOES","0180","","",89552,"UNIÃO, PVC, SOLDÁVEL, DN 32MM, INSTALADO EM PRUMADA DE ÁGUA - FORNECIMENTO E INSTALAÇÃO. AF_06/2022","UN","COEFICIENTE DE REPRESENTATIVIDADE",17.73,"CAIXA REFERENCIAL"]
["INSTALACOES HIDRO SANITARIAS","INHI","CONEXOES","0180","","",89557,"REDUÇÃO EXCÊNTRICA, PVC, SERIE R, ÁGUA PLUVIAL, DN 100 X 75 MM, JUNTA ELÁSTICA, FORNECIDO E INSTALADO EM RAMAL DE ENCAMINHAMENTO. AF_06/2022","UN","COEFICIENTE DE REPRESENTATIVIDADE",35.06,"CAIXA REFERENCIAL"]
["INSTALACOES HIDRO SANITARIAS","INHI","CONEXOES","0180","","",89562,"LUVA DE REDUÇÃO, PVC, SOLDÁVEL, DN 40MM X 32MM, INSTALADO EM PRUMADA DE ÁGUA - FORNECIMENTO E INSTALAÇÃO. AF_06/2022","UN","COEFICIENTE DE REPRESENTATIVIDADE",9.66,"CAIXA REFERENCIAL"]
["INSTALACOES HIDRO SANITARIAS","INHI","CONEXOES","0180","","",89568,"UNIÃO, PVC, SOLDÁVEL, DN 40MM, INSTALADO EM PRUMADA DE ÁGUA - FORNECIMENTO E INSTALAÇÃO. AF_06/2022","UN","COEFICIENTE DE REPRESENTATIVIDADE",31.53,"CAIXA REFERENCIAL"]
["INSTALACOES HIDRO SANITARIAS","INHI","CONEXOES","0180","","",89573,"TÊ, PVC, SERIE R, ÁGUA PLUVIAL, DN 100 X 75 MM, JUNTA ELÁSTICA, FORNECIDO E INSTALADO EM RAMAL DE ENCAMINHAMENTO. AF_06/2022","UN","COEFICIENTE DE REPRESENTATIVIDADE",81.73,"CAIXA REFERENCIAL"]
["INSTALACOES HIDRO SANITARIAS","INHI","CONEXOES","0180","","",89582,"JOELHO 45 GRAUS, PVC, SERIE R, ÁGUA PLUVIAL, DN 75 MM, JUNTA ELÁSTICA, FORNECIDO E INSTALADO EM CONDUTORES VERTICAIS DE ÁGUAS PLUVIAIS. AF_06/2022","UN","COEFICIENTE DE REPRESENTATIVIDADE",36.15,"CAIXA REFERENCIAL"]
["INSTALACOES HIDRO SANITARIAS","INHI","CONEXOES","0180","","",89590,"JOELHO 90 GRAUS, PVC, SERIE R, ÁGUA PLUVIAL, DN 150 MM, JUNTA ELÁSTICA, FORNECIDO E INSTALADO EM CONDUTORES VERTICAIS DE ÁGUAS PLUVIAIS. AF_06/2022","UN","COEFICIENTE DE REPRESENTATIVIDADE",145.07,"CAIXA REFERENCIAL"]
["INSTALACOES HIDRO SANITARIAS","INHI","CONEXOES","0180","","",89595,"ADAPTADOR CURTO COM BOLSA E ROSCA PARA REGISTRO, PVC, SOLDÁVEL, DN 50MM X 1.1/4 , INSTALADO EM PRUMADA DE ÁGUA - FORNECIMENTO E INSTALAÇÃO. AF_06/2022","UN","COEFICIENTE DE REPRESENTATIVIDADE",13.65,"CAIXA REFERENCIAL"]
["INSTALACOES HIDRO SANITARIAS","INHI","CONEXOES","0180","","",89605,"LUVA DE REDUÇÃO, PVC, SOLDÁVEL, DN 60MM X 50MM, INSTALADO EM PRUMADA DE ÁGUA - FORNECIMENTO E INSTALAÇÃO. AF_06/2022","UN","COEFICIENTE DE REPRESENTATIVIDADE",19.510000000000002,"CAIXA REFERENCIAL"]
["INSTALACOES HIDRO SANITARIAS","INHI","CONEXOES","0180","","",89613,"ADAPTADOR CURTO COM BOLSA E ROSCA PARA REGISTRO, PVC, SOLDÁVEL, DN 75MM X 2.1/2\u0094, INSTALADO EM PRUMADA DE ÁGUA - FORNECIMENTO E INSTALAÇÃO. AF_12/2014","UN","COEFICIENTE DE REPRESENTATIVIDADE",29.07,"CAIXA REFERENCIAL"]
["INSTALACOES HIDRO SANITARIAS","INHI","CONEXOES","0180","","",89614,"LUVA, PVC, SOLDÁVEL, DN 85MM, INSTALADO EM PRUMADA DE ÁGUA - FORNECIMENTO E INSTALAÇÃO. AF_06/2022","UN","COEFICIENTE DE REPRESENTATIVIDADE",57.7,"CAIXA REFERENCIAL"]
["INSTALACOES HIDRO SANITARIAS","INHI","CONEXOES","0180","","",89622,"TÊ DE REDUÇÃO, PVC, SOLDÁVEL, DN 32MM X 25MM, INSTALADO EM PRUMADA DE ÁGUA - FORNECIMENTO E INSTALAÇÃO. AF_06/2022","UN","COEFICIENTE DE REPRESENTATIVIDADE",13.04,"CAIXA REFERENCIAL"]
["INSTALACOES HIDRO SANITARIAS","INHI","CONEXOES","0180","","",89627,"TÊ DE REDUÇÃO, PVC, SOLDÁVEL, DN 50MM X 25MM, INSTALADO EM PRUMADA DE ÁGUA - FORNECIMENTO E INSTALAÇÃO. AF_06/2022","UN","COEFICIENTE DE REPRESENTATIVIDADE",18.7,"CAIXA REFERENCIAL"]
["INSTALACOES HIDRO SANITARIAS","INHI","CONEXOES","0180","","",89637,"JOELHO 90 GRAUS, CPVC, SOLDÁVEL, DN 15MM, INSTALADO EM RAMAL OU SUB-RAMAL DE ÁGUA - FORNECIMENTO E INSTALAÇÃO. AF_06/2022","UN","ATRIBUÍDO SÃO PAULO",9.06,"CAIXA REFERENCIAL"]
["INSTALACOES HIDRO SANITARIAS","INHI","CONEXOES","0180","","",89642,"JOELHO 45 GRAUS, CPVC, SOLDÁVEL, DN 22MM, INSTALADO EM RAMAL OU SUB-RAMAL DE ÁGUA - FORNECIMENTO E INSTALAÇÃO. AF_06/2022","UN","ATRIBUÍDO SÃO PAULO",13.06,"CAIXA REFERENCIAL"]
["INSTALACOES HIDRO SANITARIAS","INHI","CONEXOES","0180","","",89647,"JOELHO 45 GRAUS, CPVC, SOLDÁVEL, DN 28MM, INSTALADO EM RAMAL OU SUB-RAMAL DE ÁGUA   FORNECIMENTO E INSTALAÇÃO. AF_06/2022","UN","ATRIBUÍDO SÃO PAULO",17.04,"CAIXA REFERENCIAL"]
["INSTALACOES HIDRO SANITARIAS","INHI","CONEXOES","0180","","",89653,"LUVA DE TRANSIÇÃO, CPVC, SOLDÁVEL, DN15MM X 1/2\u0094, INSTALADO EM RAMAL OU SUB-RAMAL DE ÁGUA - FORNECIMENTO E INSTALAÇÃO. AF_06/2022","UN","ATRIBUÍDO SÃO PAULO",14.5,"CAIXA REFERENCIAL"]
["INSTALACOES HIDRO SANITARIAS","INHI","CONEXOES","0180","","",89658,"LUVA, CPVC, SOLDÁVEL, DN 22MM, INSTALADO EM RAMAL OU SUB-RAMAL DE ÁGUA   FORNECIMENTO E INSTALAÇÃO. AF_06/2022","UN","ATRIBUÍDO SÃO PAULO",8.27,"CAIXA REFERENCIAL"]
["INSTALACOES HIDRO SANITARIAS","INHI","CONEXOES","0180","","",89664,"CURVA DE TRANSPOSIÇÃO, CPVC, SOLDÁVEL, DN22MM, INSTALADO EM RAMAL OU SUB-RAMAL DE ÁGUA   FORNECIMENTO E INSTALAÇÃO. AF_06/2022","UN","ATRIBUÍDO SÃO PAULO",14.45,"CAIXA REFERENCIAL"]
["INSTALACOES HIDRO SANITARIAS","INHI","CONEXOES","0180","","",89670,"LUVA, CPVC, SOLDÁVEL, DN 28MM, INSTALADO EM RAMAL OU SUB-RAMAL DE ÁGUA   FORNECIMENTO E INSTALAÇÃO. AF_06/2022","UN","ATRIBUÍDO SÃO PAULO",12.18,"CAIXA REFERENCIAL"]
["INSTALACOES HIDRO SANITARIAS","INHI","CONEXOES","0180","","",89675,"TÊ DE INSPEÇÃO, PVC, SERIE R, ÁGUA PLUVIAL, DN 100 MM, JUNTA ELÁSTICA, FORNECIDO E INSTALADO EM CONDUTORES VERTICAIS DE ÁGUAS PLUVIAIS. AF_06/2022","UN","COEFICIENTE DE REPRESENTATIVIDADE",75.459999999999994,"CAIXA REFERENCIAL"]
["INSTALACOES HIDRO SANITARIAS","INHI","CONEXOES","0180","","",89681,"REDUÇÃO EXCÊNTRICA, PVC, SERIE R, ÁGUA PLUVIAL, DN 150 X 100 MM, JUNTA ELÁSTICA, FORNECIDO E INSTALADO EM CONDUTORES VERTICAIS DE ÁGUAS PLUVIAIS. AF_06/2022","UN","COEFICIENTE DE REPRESENTATIVIDADE",97.92,"CAIXA REFERENCIAL"]
["INSTALACOES HIDRO SANITARIAS","INHI","CONEXOES","0180","","",89686,"CONECTOR, CPVC, SOLDÁVEL, DN 35MM X 1 1/4 , INSTALADO EM RAMAL OU SUB-RAMAL DE ÁGUA   FORNECIMENTO E INSTALAÇÃO. AF_06/2022","UN","ATRIBUÍDO SÃO PAULO",46.57,"CAIXA REFERENCIAL"]
["INSTALACOES HIDRO SANITARIAS","INHI","CONEXOES","0180","","",89692,"JUNÇÃO SIMPLES, PVC, SERIE R, ÁGUA PLUVIAL, DN 100 X 75 MM, JUNTA ELÁSTICA, FORNECIDO E INSTALADO EM CONDUTORES VERTICAIS DE ÁGUAS PLUVIAIS. AF_06/2022","UN","COEFICIENTE DE REPRESENTATIVIDADE",106.38,"CAIXA REFERENCIAL"]
["INSTALACOES HIDRO SANITARIAS","INHI","CONEXOES","0180","","",89693,"TÊ, PVC, SERIE R, ÁGUA PLUVIAL, DN 100 X 100 MM, JUNTA ELÁSTICA, FORNECIDO E INSTALADO EM CONDUTORES VERTICAIS DE ÁGUAS PLUVIAIS. AF_06/2022","UN","COEFICIENTE DE REPRESENTATIVIDADE",82.89,"CAIXA REFERENCIAL"]
["INSTALACOES HIDRO SANITARIAS","INHI","CONEXOES","0180","","",89698,"JUNÇÃO SIMPLES, PVC, SERIE R, ÁGUA PLUVIAL, DN 150 X 150 MM, JUNTA ELÁSTICA, FORNECIDO E INSTALADO EM CONDUTORES VERTICAIS DE ÁGUAS PLUVIAIS. AF_06/2022","UN","COEFICIENTE DE REPRESENTATIVIDADE",285.72000000000003,"CAIXA REFERENCIAL"]
["INSTALACOES HIDRO SANITARIAS","INHI","CONEXOES","0180","","",89704,"TÊ, PVC, SERIE R, ÁGUA PLUVIAL, DN 150 X 100 MM, JUNTA ELÁSTICA, FORNECIDO E INSTALADO EM CONDUTORES VERTICAIS DE ÁGUAS PLUVIAIS. AF_06/2022","UN","COEFICIENTE DE REPRESENTATIVIDADE",165.17,"CAIXA REFERENCIAL"]
["INSTALACOES HIDRO SANITARIAS","INHI","CONEXOES","0180","","",89720,"JOELHO 45 GRAUS, CPVC, SOLDÁVEL, DN 22MM, INSTALADO EM RAMAL DE DISTRIBUIÇÃO DE ÁGUA   FORNECIMENTO E INSTALAÇÃO. AF_06/2022","UN","ATRIBUÍDO SÃO PAULO",12.45,"CAIXA REFERENCIAL"]
["INSTALACOES HIDRO SANITARIAS","INHI","CONEXOES","0180","","",89726,"JOELHO 45 GRAUS, PVC, SERIE NORMAL, ESGOTO PREDIAL, DN 40 MM, JUNTA SOLDÁVEL, FORNECIDO E INSTALADO EM RAMAL DE DESCARGA OU RAMAL DE ESGOTO SANITÁRIO. AF_08/2022","UN","COEFICIENTE DE REPRESENTATIVIDADE",9.35,"CAIXA REFERENCIAL"]
["INSTALACOES HIDRO SANITARIAS","INHI","CONEXOES","0180","","",89732,"JOELHO 45 GRAUS, PVC, SERIE NORMAL, ESGOTO PREDIAL, DN 50 MM, JUNTA ELÁSTICA, FORNECIDO E INSTALADO EM RAMAL DE DESCARGA OU RAMAL DE ESGOTO SANITÁRIO. AF_08/2022","UN","COEFICIENTE DE REPRESENTATIVIDADE",16.440000000000001,"CAIXA REFERENCIAL"]
["INSTALACOES HIDRO SANITARIAS","INHI","CONEXOES","0180","","",89737,"JOELHO 90 GRAUS, PVC, SERIE NORMAL, ESGOTO PREDIAL, DN 75 MM, JUNTA ELÁSTICA, FORNECIDO E INSTALADO EM RAMAL DE DESCARGA OU RAMAL DE ESGOTO SANITÁRIO. AF_08/2022","UN","COEFICIENTE DE REPRESENTATIVIDADE",24.15,"CAIXA REFERENCIAL"]
["INSTALACOES HIDRO SANITARIAS","INHI","CONEXOES","0180","","",89743,"CURVA LONGA 90 GRAUS, PVC, SERIE NORMAL, ESGOTO PREDIAL, DN 75 MM, JUNTA ELÁSTICA, FORNECIDO E INSTALADO EM RAMAL DE DESCARGA OU RAMAL DE ESGOTO SANITÁRIO. AF_08/2022","UN","COEFICIENTE DE REPRESENTATIVIDADE",64.06,"CAIXA REFERENCIAL"]
["INSTALACOES HIDRO SANITARIAS","INHI","CONEXOES","0180","","",89749,"CURVA DE TRANSPOSIÇÃO, CPVC, SOLDÁVEL, DN 22MM, INSTALADO EM RAMAL DE DISTRIBUIÇÃO DE ÁGUA   FORNECIMENTO E INSTALAÇÃO. AF_06/2022","UN","ATRIBUÍDO SÃO PAULO",14.03,"CAIXA REFERENCIAL"]
["INSTALACOES HIDRO SANITARIAS","INHI","CONEXOES","0180","","",89753,"LUVA SIMPLES, PVC, SERIE NORMAL, ESGOTO PREDIAL, DN 50 MM, JUNTA ELÁSTICA, FORNECIDO E INSTALADO EM RAMAL DE DESCARGA OU RAMAL DE ESGOTO SANITÁRIO. AF_08/2022","UN","COEFICIENTE DE REPRESENTATIVIDADE",8.57,"CAIXA REFERENCIAL"]
["INSTALACOES HIDRO SANITARIAS","INHI","CONEXOES","0180","","",89760,"LUVA, CPVC, SOLDÁVEL, DN 35MM, INSTALADO EM RAMAL DE DISTRIBUIÇÃO DE ÁGUA - FORNECIMENTO E INSTALAÇÃO. AF_06/2022","UN","ATRIBUÍDO SÃO PAULO",18.579999999999998,"CAIXA REFERENCIAL"]
["INSTALACOES HIDRO SANITARIAS","INHI","CONEXOES","0180","","",89765,"TE, CPVC, SOLDÁVEL, DN 22MM, INSTALADO EM RAMAL DE DISTRIBUIÇÃO DE ÁGUA - FORNECIMENTO E INSTALAÇÃO. AF_06/2022","UN","ATRIBUÍDO SÃO PAULO",14.55,"CAIXA REFERENCIAL"]
["INSTALACOES HIDRO SANITARIAS","INHI","CONEXOES","0180","","",89774,"LUVA SIMPLES, PVC, SERIE NORMAL, ESGOTO PREDIAL, DN 75 MM, JUNTA ELÁSTICA, FORNECIDO E INSTALADO EM RAMAL DE DESCARGA OU RAMAL DE ESGOTO SANITÁRIO. AF_08/2022","UN","COEFICIENTE DE REPRESENTATIVIDADE",14.56,"CAIXA REFERENCIAL"]
["INSTALACOES HIDRO SANITARIAS","INHI","CONEXOES","0180","","",89776,"LUVA DE CORRER, PVC, SERIE NORMAL, ESGOTO PREDIAL, DN 75 MM, JUNTA ELÁSTICA, FORNECIDO E INSTALADO EM RAMAL DE DESCARGA OU RAMAL DE ESGOTO SANITÁRIO. AF_08/2022","UN","COEFICIENTE DE REPRESENTATIVIDADE",27.75,"CAIXA REFERENCIAL"]
["INSTALACOES HIDRO SANITARIAS","INHI","CONEXOES","0180","","",89781,"JOELHO 90 GRAUS, CPVC, SOLDÁVEL, DN 42MM, INSTALADO EM PRUMADA DE ÁGUA   FORNECIMENTO E INSTALAÇÃO. AF_06/2022","UN","ATRIBUÍDO SÃO PAULO",30.33,"CAIXA REFERENCIAL"]
["INSTALACOES HIDRO SANITARIAS","INHI","CONEXOES","0180","","",89787,"JOELHO 45 GRAUS, CPVC, SOLDÁVEL, DN 42MM, INSTALADO EM PRUMADA DE ÁGUA   FORNECIMENTO E INSTALAÇÃO. AF_06/2022","UN","ATRIBUÍDO SÃO PAULO",30,"CAIXA REFERENCIAL"]
["INSTALACOES HIDRO SANITARIAS","INHI","CONEXOES","0180","","",89792,"JOELHO 90 GRAUS, CPVC, SOLDÁVEL, DN 89MM, INSTALADO EM PRUMADA DE ÁGUA   FORNECIMENTO E INSTALAÇÃO. AF_06/2022","UN","ATRIBUÍDO SÃO PAULO",153.33000000000001,"CAIXA REFERENCIAL"]
["INSTALACOES HIDRO SANITARIAS","INHI","CONEXOES","0180","","",89797,"JUNÇÃO SIMPLES, PVC, SERIE NORMAL, ESGOTO PREDIAL, DN 100 X 100 MM, JUNTA ELÁSTICA, FORNECIDO E INSTALADO EM RAMAL DE DESCARGA OU RAMAL DE ESGOTO SANITÁRIO. AF_08/2022","UN","COEFICIENTE DE REPRESENTATIVIDADE",54.96,"CAIXA REFERENCIAL"]
["INSTALACOES HIDRO SANITARIAS","INHI","CONEXOES","0180","","",89806,"JOELHO 45 GRAUS, PVC, SERIE NORMAL, ESGOTO PREDIAL, DN 75 MM, JUNTA ELÁSTICA, FORNECIDO E INSTALADO EM PRUMADA DE ESGOTO SANITÁRIO OU VENTILAÇÃO. AF_08/2022","UN","COEFICIENTE DE REPRESENTATIVIDADE",23.54,"CAIXA REFERENCIAL"]
["INSTALACOES HIDRO SANITARIAS","INHI","CONEXOES","0180","","",89811,"CURVA CURTA 90 GRAUS, PVC, SERIE NORMAL, ESGOTO PREDIAL, DN 100 MM, JUNTA ELÁSTICA, FORNECIDO E INSTALADO EM PRUMADA DE ESGOTO SANITÁRIO OU VENTILAÇÃO. AF_08/2022","UN","COEFICIENTE DE REPRESENTATIVIDADE",46.32,"CAIXA REFERENCIAL"]
["INSTALACOES HIDRO SANITARIAS","INHI","CONEXOES","0180","","",89816,"UNIÃO, CPVC, SOLDÁVEL, DN35MM, INSTALADO EM PRUMADA DE ÁGUA   FORNECIMENTO E INSTALAÇÃO. AF_06/2022","UN","ATRIBUÍDO SÃO PAULO",34.17,"CAIXA REFERENCIAL"]
["INSTALACOES HIDRO SANITARIAS","INHI","CONEXOES","0180","","",89823,"LUVA DE CORRER, PVC, SERIE NORMAL, ESGOTO PREDIAL, DN 100 MM, JUNTA ELÁSTICA, FORNECIDO E INSTALADO EM PRUMADA DE ESGOTO SANITÁRIO OU VENTILAÇÃO. AF_08/2022","UN","COEFICIENTE DE REPRESENTATIVIDADE",38.15,"CAIXA REFERENCIAL"]
["INSTALACOES HIDRO SANITARIAS","INHI","CONEXOES","0180","","",89828,"UNIÃO, CPVC, SOLDÁVEL, DN42MM, INSTALADO EM PRUMADA DE ÁGUA   FORNECIMENTO E INSTALAÇÃO. AF_06/2022","UN","ATRIBUÍDO SÃO PAULO",49.64,"CAIXA REFERENCIAL"]
["INSTALACOES HIDRO SANITARIAS","INHI","CONEXOES","0180","","",89834,"JUNÇÃO SIMPLES, PVC, SERIE NORMAL, ESGOTO PREDIAL, DN 100 X 100 MM, JUNTA ELÁSTICA, FORNECIDO E INSTALADO EM PRUMADA DE ESGOTO SANITÁRIO OU VENTILAÇÃO. AF_08/2022","UN","COEFICIENTE DE REPRESENTATIVIDADE",56.33,"CAIXA REFERENCIAL"]
["INSTALACOES HIDRO SANITARIAS","INHI","CONEXOES","0180","","",89839,"UNIÃO, CPVC, SOLDÁVEL, DN 73MM, INSTALADO EM PRUMADA DE ÁGUA   FORNECIMENTO E INSTALAÇÃO. AF_06/2022","UN","ATRIBUÍDO SÃO PAULO",141.76,"CAIXA REFERENCIAL"]
["INSTALACOES HIDRO SANITARIAS","INHI","CONEXOES","0180","","",89845,"TÊ, CPVC, SOLDÁVEL, DN 54 MM, INSTALADO EM PRUMADA DE ÁGUA   FORNECIMENTO E INSTALAÇÃO. AF_06/2022","UN","ATRIBUÍDO SÃO PAULO",81.98,"CAIXA REFERENCIAL"]
["INSTALACOES HIDRO SANITARIAS","INHI","CONEXOES","0180","","",89846,"TÊ, CPVC, SOLDÁVEL, DN 73MM, INSTALADO EM PRUMADA DE ÁGUA   FORNECIMENTO E INSTALAÇÃO. AF_06/2022","UN","ATRIBUÍDO SÃO PAULO",174.22,"CAIXA REFERENCIAL"]
["INSTALACOES HIDRO SANITARIAS","INHI","CONEXOES","0180","","",89853,"CURVA LONGA 90 GRAUS, PVC, SERIE NORMAL, ESGOTO PREDIAL, DN 100 MM, JUNTA ELÁSTICA, FORNECIDO E INSTALADO EM SUBCOLETOR AÉREO DE ESGOTO SANITÁRIO. AF_08/2022","UN","COEFICIENTE DE REPRESENTATIVIDADE",85.94,"CAIXA REFERENCIAL"]
["INSTALACOES HIDRO SANITARIAS","INHI","CONEXOES","0180","","",89861,"JUNÇÃO SIMPLES, PVC, SERIE NORMAL, ESGOTO PREDIAL, DN 100 X 100 MM, JUNTA ELÁSTICA, FORNECIDO E INSTALADO EM SUBCOLETOR AÉREO DE ESGOTO SANITÁRIO. AF_08/2022","UN","COEFICIENTE DE REPRESENTATIVIDADE",59.64,"CAIXA REFERENCIAL"]
["INSTALACOES HIDRO SANITARIAS","INHI","CONEXOES","0180","","",89979,"LUVA COM BUCHA DE LATÃO, PVC, SOLDÁVEL, DN 32MM X 1 , INSTALADO EM RAMAL OU SUB-RAMAL DE ÁGUA   FORNECIMENTO E INSTALAÇÃO. AF_06/2022","UN","COEFICIENTE DE REPRESENTATIVIDADE",23.92,"CAIXA REFERENCIAL"]
["INSTALACOES HIDRO SANITARIAS","INHI","CONEXOES","0180","","",92288,"COTOVELO EM COBRE, DN 28 MM, 90 GRAUS, SEM ANEL DE SOLDA, INSTALADO EM PRUMADA DE HIDRÁULICA PREDIAL - FORNECIMENTO E INSTALAÇÃO. AF_04/2022","UN","ATRIBUÍDO SÃO PAULO",25.06,"CAIXA REFERENCIAL"]
["INSTALACOES HIDRO SANITARIAS","INHI","CONEXOES","0180","","",92294,"LUVA EM COBRE, DN 28 MM, SEM ANEL DE SOLDA, INSTALADO EM PRUMADA DE HIDRÁULICA PREDIAL - FORNECIMENTO E INSTALAÇÃO. AF_04/2022","UN","ATRIBUÍDO SÃO PAULO",15.24,"CAIXA REFERENCIAL"]
["INSTALACOES HIDRO SANITARIAS","INHI","CONEXOES","0180","","",92299,"TE EM COBRE, DN 22 MM, SEM ANEL DE SOLDA, INSTALADO EM PRUMADA DE HIDRÁULICA PREDIAL - FORNECIMENTO E INSTALAÇÃO. AF_04/2022","UN","ATRIBUÍDO SÃO PAULO",20.81,"CAIXA REFERENCIAL"]
["INSTALACOES HIDRO SANITARIAS","INHI","CONEXOES","0180","","",92304,"TE EM COBRE, DN 66 MM, SEM ANEL DE SOLDA, INSTALADO EM PRUMADA DE HIDRÁULICA PREDIAL - FORNECIMENTO E INSTALAÇÃO. AF_04/2022","UN","ATRIBUÍDO SÃO PAULO",403.99,"CAIXA REFERENCIAL"]
["INSTALACOES HIDRO SANITARIAS","INHI","CONEXOES","0180","","",92316,"LUVA EM COBRE, DN 28 MM, SEM ANEL DE SOLDA, INSTALADO EM RAMAL DE DISTRIBUIÇÃO DE HIDRÁULICA PREDIAL - FORNECIMENTO E INSTALAÇÃO. AF_04/2022","UN","ATRIBUÍDO SÃO PAULO",17.399999999999999,"CAIXA REFERENCIAL"]
["INSTALACOES HIDRO SANITARIAS","INHI","CONEXOES","0180","","",92327,"COTOVELO EM COBRE, DN 22 MM, 90 GRAUS, SEM ANEL DE SOLDA, INSTALADO EM RAMAL E SUB-RAMAL DE HIDRÁULICA PREDIAL - FORNECIMENTO E INSTALAÇÃO. AF_04/2022","UN","ATRIBUÍDO SÃO PAULO",21.89,"CAIXA REFERENCIAL"]
["INSTALACOES HIDRO SANITARIAS","INHI","CONEXOES","0180","","",92333,"TE EM COBRE, DN 22 MM, SEM ANEL DE SOLDA, INSTALADO EM RAMAL E SUB-RAMAL DE HIDRÁULICA PREDIAL - FORNECIMENTO E INSTALAÇÃO. AF_04/2022","UN","ATRIBUÍDO SÃO PAULO",28.92,"CAIXA REFERENCIAL"]
["INSTALACOES HIDRO SANITARIAS","INHI","CONEXOES","0180","","",92347,"LUVA, EM FERRO GALVANIZADO, DN 65 (2 1/2\"), CONEXÃO ROSQUEADA, INSTALADO EM PRUMADAS - FORNECIMENTO E INSTALAÇÃO. AF_10/2020","UN","ATRIBUÍDO SÃO PAULO",101.18,"CAIXA REFERENCIAL"]
["INSTALACOES HIDRO SANITARIAS","INHI","CONEXOES","0180","","",92352,"JOELHO 45 GRAUS, EM FERRO GALVANIZADO, DN 65 (2 1/2\"), CONEXÃO ROSQUEADA, INSTALADO EM PRUMADAS - FORNECIMENTO E INSTALAÇÃO. AF_10/2020","UN","ATRIBUÍDO SÃO PAULO",156.72,"CAIXA REFERENCIAL"]
["INSTALACOES HIDRO SANITARIAS","INHI","CONEXOES","0180","","",92353,"JOELHO 90 GRAUS, EM FERRO GALVANIZADO, DN 65 (2 1/2\"), CONEXÃO ROSQUEADA, INSTALADO EM PRUMADAS - FORNECIMENTO E INSTALAÇÃO. AF_10/2020","UN","ATRIBUÍDO SÃO PAULO",145.49,"CAIXA REFERENCIAL"]
["INSTALACOES HIDRO SANITARIAS","INHI","CONEXOES","0180","","",92358,"TÊ, EM FERRO GALVANIZADO, DN 80 (3\"), CONEXÃO ROSQUEADA, INSTALADO EM PRUMADAS - FORNECIMENTO E INSTALAÇÃO. AF_10/2020","UN","ATRIBUÍDO SÃO PAULO",252.17,"CAIXA REFERENCIAL"]
["INSTALACOES HIDRO SANITARIAS","INHI","CONEXOES","0180","","",92374,"LUVA, EM FERRO GALVANIZADO, DN 40 (1 1/2\"), CONEXÃO ROSQUEADA, INSTALADO EM REDE DE ALIMENTAÇÃO PARA HIDRANTE - FORNECIMENTO E INSTALAÇÃO. AF_10/2020","UN","ATRIBUÍDO SÃO PAULO",50.07,"CAIXA REFERENCIAL"]
["INSTALACOES HIDRO SANITARIAS","INHI","CONEXOES","0180","","",92379,"NIPLE, EM FERRO GALVANIZADO, DN 80 (3\"), CONEXÃO ROSQUEADA, INSTALADO EM REDE DE ALIMENTAÇÃO PARA HIDRANTE - FORNECIMENTO E INSTALAÇÃO. AF_10/2020","UN","ATRIBUÍDO SÃO PAULO",132.66999999999999,"CAIXA REFERENCIAL"]
["INSTALACOES HIDRO SANITARIAS","INHI","CONEXOES","0180","","",92384,"JOELHO 90 GRAUS, EM FERRO GALVANIZADO, DN 32 (1 1/4\"), CONEXÃO ROSQUEADA, INSTALADO EM REDE DE ALIMENTAÇÃO PARA HIDRANTE - FORNECIMENTO E INSTALAÇÃO. AF_10/2020","UN","ATRIBUÍDO SÃO PAULO",60.63,"CAIXA REFERENCIAL"]
["INSTALACOES HIDRO SANITARIAS","INHI","CONEXOES","0180","","",92390,"JOELHO 90 GRAUS, EM FERRO GALVANIZADO, DN 65 (2 1/2\"), CONEXÃO ROSQUEADA, INSTALADO EM REDE DE ALIMENTAÇÃO PARA HIDRANTE - FORNECIMENTO E INSTALAÇÃO. AF_10/2020","UN","ATRIBUÍDO SÃO PAULO",147.63999999999999,"CAIXA REFERENCIAL"]
["INSTALACOES HIDRO SANITARIAS","INHI","CONEXOES","0180","","",92639,"TÊ, EM FERRO GALVANIZADO, CONEXÃO ROSQUEADA, DN 40 (1 1/2\"), INSTALADO EM REDE DE ALIMENTAÇÃO PARA HIDRANTE - FORNECIMENTO E INSTALAÇÃO. AF_10/2020","UN","ATRIBUÍDO SÃO PAULO",95.49,"CAIXA REFERENCIAL"]
["INSTALACOES HIDRO SANITARIAS","INHI","CONEXOES","0180","","",92658,"LUVA, EM FERRO GALVANIZADO, CONEXÃO ROSQUEADA, DN 25 (1\"), INSTALADO EM REDE DE ALIMENTAÇÃO PARA SPRINKLER - FORNECIMENTO E INSTALAÇÃO. AF_10/2020","UN","ATRIBUÍDO SÃO PAULO",27.66,"CAIXA REFERENCIAL"]
["INSTALACOES HIDRO SANITARIAS","INHI","CONEXOES","0180","","",92664,"LUVA, EM FERRO GALVANIZADO, CONEXÃO ROSQUEADA, DN 50 (2\"), INSTALADO EM REDE DE ALIMENTAÇÃO PARA SPRINKLER - FORNECIMENTO E INSTALAÇÃO. AF_10/2020","UN","ATRIBUÍDO SÃO PAULO",54.69,"CAIXA REFERENCIAL"]
["INSTALACOES HIDRO SANITARIAS","INHI","CONEXOES","0180","","",92669,"JOELHO 45 GRAUS, EM FERRO GALVANIZADO, CONEXÃO ROSQUEADA, DN 25 (1\"), INSTALADO EM REDE DE ALIMENTAÇÃO PARA SPRINKLER - FORNECIMENTO E INSTALAÇÃO. AF_10/2020","UN","ATRIBUÍDO SÃO PAULO",39.03,"CAIXA REFERENCIAL"]
["INSTALACOES HIDRO SANITARIAS","INHI","CONEXOES","0180","","",92675,"JOELHO 45 GRAUS, EM FERRO GALVANIZADO, CONEXÃO ROSQUEADA, DN 50 (2\"), INSTALADO EM REDE DE ALIMENTAÇÃO PARA SPRINKLER - FORNECIMENTO E INSTALAÇÃO. AF_10/2020","UN","ATRIBUÍDO SÃO PAULO",81.209999999999994,"CAIXA REFERENCIAL"]
["INSTALACOES HIDRO SANITARIAS","INHI","CONEXOES","0180","","",92680,"JOELHO 90 GRAUS, EM FERRO GALVANIZADO, CONEXÃO ROSQUEADA, DN 80 (3\"), INSTALADO EM REDE DE ALIMENTAÇÃO PARA SPRINKLER - FORNECIMENTO E INSTALAÇÃO. AF_10/2020","UN","ATRIBUÍDO SÃO PAULO",170.71,"CAIXA REFERENCIAL"]
["INSTALACOES HIDRO SANITARIAS","INHI","CONEXOES","0180","","",92685,"TÊ, EM FERRO GALVANIZADO, CONEXÃO ROSQUEADA, DN 65 (2 1/2\"), INSTALADO EM REDE DE ALIMENTAÇÃO PARA SPRINKLER - FORNECIMENTO E INSTALAÇÃO. AF_10/2020","UN","ATRIBUÍDO SÃO PAULO",174.54,"CAIXA REFERENCIAL"]
["INSTALACOES HIDRO SANITARIAS","INHI","CONEXOES","0180","","",92686,"TÊ, EM FERRO GALVANIZADO, CONEXÃO ROSQUEADA, DN 80 (3\"), INSTALADO EM REDE DE ALIMENTAÇÃO PARA SPRINKLER - FORNECIMENTO E INSTALAÇÃO. AF_10/2020","UN","ATRIBUÍDO SÃO PAULO",225.45,"CAIXA REFERENCIAL"]
["INSTALACOES HIDRO SANITARIAS","INHI","CONEXOES","0180","","",92696,"NIPLE, EM FERRO GALVANIZADO, CONEXÃO ROSQUEADA, DN 25 (1\"), INSTALADO EM RAMAIS E SUB-RAMAIS DE GÁS - FORNECIMENTO E INSTALAÇÃO. AF_10/2020","UN","ATRIBUÍDO SÃO PAULO",33.08,"CAIXA REFERENCIAL"]
["INSTALACOES HIDRO SANITARIAS","INHI","CONEXOES","0180","","",92701,"JOELHO 90 GRAUS, EM FERRO GALVANIZADO, CONEXÃO ROSQUEADA, DN 20 (3/4\"), INSTALADO EM RAMAIS E SUB-RAMAIS DE GÁS - FORNECIMENTO E INSTALAÇÃO. AF_10/2020","UN","ATRIBUÍDO SÃO PAULO",30.21,"CAIXA REFERENCIAL"]
["INSTALACOES HIDRO SANITARIAS","INHI","CONEXOES","0180","","",92889,"UNIÃO, EM FERRO GALVANIZADO, DN 50 (2\"), CONEXÃO ROSQUEADA, INSTALADO EM PRUMADAS - FORNECIMENTO E INSTALAÇÃO. AF_10/2020","UN","ATRIBUÍDO SÃO PAULO",140.88,"CAIXA REFERENCIAL"]
["INSTALACOES HIDRO SANITARIAS","INHI","CONEXOES","0180","","",92894,"UNIÃO, EM FERRO GALVANIZADO, DN 40 (1 1/2\"), CONEXÃO ROSQUEADA, INSTALADO EM REDE DE ALIMENTAÇÃO PARA HIDRANTE - FORNECIMENTO E INSTALAÇÃO. AF_10/2020","UN","ATRIBUÍDO SÃO PAULO",101.79,"CAIXA REFERENCIAL"]
["INSTALACOES HIDRO SANITARIAS","INHI","CONEXOES","0180","","",92900,"UNIÃO, EM FERRO GALVANIZADO, CONEXÃO ROSQUEADA, DN 40 (1 1/2\"), INSTALADO EM REDE DE ALIMENTAÇÃO PARA SPRINKLER - FORNECIMENTO E INSTALAÇÃO. AF_10/2020","UN","ATRIBUÍDO SÃO PAULO",91.65,"CAIXA REFERENCIAL"]
["INSTALACOES HIDRO SANITARIAS","INHI","CONEXOES","0180","","",92905,"UNIÃO, EM FERRO GALVANIZADO, CONEXÃO ROSQUEADA, DN 20 (3/4\"), INSTALADO EM RAMAIS E SUB-RAMAIS DE GÁS - FORNECIMENTO E INSTALAÇÃO. AF_10/2020","UN","ATRIBUÍDO SÃO PAULO",48.41,"CAIXA REFERENCIAL"]
["INSTALACOES HIDRO SANITARIAS","INHI","CONEXOES","0180","","",92910,"LUVA DE REDUÇÃO, EM FERRO GALVANIZADO, 2 1/2\" X 1 1/2\", CONEXÃO ROSQUEADA, INSTALADO EM PRUMADAS - FORNECIMENTO E INSTALAÇÃO. AF_10/2020","UN","ATRIBUÍDO SÃO PAULO",106.03,"CAIXA REFERENCIAL"]
["INSTALACOES HIDRO SANITARIAS","INHI","CONEXOES","0180","","",92920,"LUVA DE REDUÇÃO, EM FERRO GALVANIZADO, 1\" X 3/4\", CONEXÃO ROSQUEADA, INSTALADO EM REDE DE ALIMENTAÇÃO PARA HIDRANTE - FORNECIMENTO E INSTALAÇÃO. AF_10/2020","UN","ATRIBUÍDO SÃO PAULO",35.590000000000003,"CAIXA REFERENCIAL"]
["INSTALACOES HIDRO SANITARIAS","INHI","CONEXOES","0180","","",92929,"LUVA DE REDUÇÃO, EM FERRO GALVANIZADO, 1 1/2\" X 1\", CONEXÃO ROSQUEADA, INSTALADO EM REDE DE ALIMENTAÇÃO PARA HIDRANTE - FORNECIMENTO E INSTALAÇÃO. AF_10/2020","UN","ATRIBUÍDO SÃO PAULO",51.67,"CAIXA REFERENCIAL"]
["INSTALACOES HIDRO SANITARIAS","INHI","CONEXOES","0180","","",92935,"LUVA DE REDUÇÃO, EM FERRO GALVANIZADO, 2 1/2\" X 2\", CONEXÃO ROSQUEADA, INSTALADO EM REDE DE ALIMENTAÇÃO PARA HIDRANTE - FORNECIMENTO E INSTALAÇÃO. AF_10/2020","UN","ATRIBUÍDO SÃO PAULO",107.43,"CAIXA REFERENCIAL"]
["INSTALACOES HIDRO SANITARIAS","INHI","CONEXOES","0180","","",92940,"LUVA DE REDUÇÃO, EM FERRO GALVANIZADO, 1 1/4\" X 1\", CONEXÃO ROSQUEADA, INSTALADO EM REDE DE ALIMENTAÇÃO PARA SPRINKLER - FORNECIMENTO E INSTALAÇÃO. AF_10/2020","UN","ATRIBUÍDO SÃO PAULO",35.94,"CAIXA REFERENCIAL"]
["INSTALACOES HIDRO SANITARIAS","INHI","CONEXOES","0180","","",92945,"LUVA DE REDUÇÃO, EM FERRO GALVANIZADO, 1 1/2\" X 3/4\", CONEXÃO ROSQUEADA, INSTALADO EM REDE DE ALIMENTAÇÃO PARA SPRINKLER - FORNECIMENTO E INSTALAÇÃO. AF_10/2020","UN","ATRIBUÍDO SÃO PAULO",41.53,"CAIXA REFERENCIAL"]
["INSTALACOES HIDRO SANITARIAS","INHI","CONEXOES","0180","","",92946,"LUVA DE REDUÇÃO, EM FERRO GALVANIZADO, 2\" X 1 1/2\", CONEXÃO ROSQUEADA, INSTALADO EM REDE DE ALIMENTAÇÃO PARA SPRINKLER - FORNECIMENTO E INSTALAÇÃO. AF_10/2020","UN","ATRIBUÍDO SÃO PAULO",59.02,"CAIXA REFERENCIAL"]
["INSTALACOES HIDRO SANITARIAS","INHI","CONEXOES","0180","","",92951,"LUVA DE REDUÇÃO, EM FERRO GALVANIZADO, 3\" X 2 1/2\", CONEXÃO ROSQUEADA, INSTALADO EM REDE DE ALIMENTAÇÃO PARA SPRINKLER - FORNECIMENTO E INSTALAÇÃO. AF_10/2020","UN","ATRIBUÍDO SÃO PAULO",135.09,"CAIXA REFERENCIAL"]
["INSTALACOES HIDRO SANITARIAS","INHI","CONEXOES","0180","","",93054,"CONECTOR EM BRONZE/LATÃO, DN 22 MM X 3/4\", SEM ANEL DE SOLDA, BOLSA X ROSCA F, INSTALADO EM PRUMADA DE HIDRÁULICA PREDIAL - FORNECIMENTO E INSTALAÇÃO. AF_04/2022","UN","ATRIBUÍDO SÃO PAULO",20.350000000000001,"CAIXA REFERENCIAL"]
["INSTALACOES HIDRO SANITARIAS","INHI","CONEXOES","0180","","",93060,"CURVA DE TRANSPOSIÇÃO EM BRONZE/LATÃO, DN 28 MM, SEM ANEL DE SOLDA, BOLSA X BOLSA, INSTALADO EM PRUMADA DE HIDRÁULICA PREDIAL - FORNECIMENTO E INSTALAÇÃO. AF_04/2022","UN","ATRIBUÍDO SÃO PAULO",72.38,"CAIXA REFERENCIAL"]
["INSTALACOES HIDRO SANITARIAS","INHI","CONEXOES","0180","","",93065,"BUCHA DE REDUÇÃO EM COBRE, DN 42 MM X 35 MM, SEM ANEL DE SOLDA, PONTA X BOLSA, INSTALADO EM PRUMADA DE HIDRÁULICA PREDIAL - FORNECIMENTO E INSTALAÇÃO. AF_04/2022","UN","ATRIBUÍDO SÃO PAULO",40.200000000000003,"CAIXA REFERENCIAL"]
["INSTALACOES HIDRO SANITARIAS","INHI","CONEXOES","0180","","",93071,"BUCHA DE REDUÇÃO EM COBRE, DN 66 MM X 54 MM, SEM ANEL DE SOLDA, PONTA X BOLSA, INSTALADO EM PRUMADA DE HIDRÁULICA PREDIAL - FORNECIMENTO E INSTALAÇÃO. AF_04/2022","UN","ATRIBUÍDO SÃO PAULO",155.47999999999999,"CAIXA REFERENCIAL"]
["INSTALACOES HIDRO SANITARIAS","INHI","CONEXOES","0180","","",93077,"COTOVELO EM BRONZE/LATÃO, DN 22 MM X 1/2\", 90 GRAUS, SEM ANEL DE SOLDA, BOLSA X ROSCA F, INSTALADO EM RAMAL DE DISTRIBUIÇÃO DE HIDRÁULICA PREDIAL - FORNECIMENTO E INSTALAÇÃO. AF_04/2022","UN","ATRIBUÍDO SÃO PAULO",25.24,"CAIXA REFERENCIAL"]
["INSTALACOES HIDRO SANITARIAS","INHI","CONEXOES","0180","","",93082,"CURVA DE TRANSPOSIÇÃO EM BRONZE/LATÃO, DN 15 MM, SEM ANEL DE SOLDA, BOLSA X BOLSA, INSTALADO EM RAMAL DE DISTRIBUIÇÃO DE HIDRÁULICA PREDIAL - FORNECIMENTO E INSTALAÇÃO. AF_04/2022","UN","ATRIBUÍDO SÃO PAULO",21.8,"CAIXA REFERENCIAL"]
["INSTALACOES HIDRO SANITARIAS","INHI","CONEXOES","0180","","",93088,"CONECTOR EM BRONZE/LATÃO, DN 22 MM X 3/4\", SEM ANEL DE SOLDA, BOLSA X ROSCA F, INSTALADO EM RAMAL DE DISTRIBUIÇÃO DE HIDRÁULICA PREDIAL - FORNECIMENTO E INSTALAÇÃO. AF_04/2022","UN","ATRIBUÍDO SÃO PAULO",21.8,"CAIXA REFERENCIAL"]
["INSTALACOES HIDRO SANITARIAS","INHI","CONEXOES","0180","","",93093,"CONECTOR EM BRONZE/LATÃO, DN 28 MM X 1/2\", SEM ANEL DE SOLDA, BOLSA X ROSCA F, INSTALADO EM RAMAL DE DISTRIBUIÇÃO DE HIDRÁULICA PREDIAL - FORNECIMENTO E INSTALAÇÃO. AF_04/2022","UN","ATRIBUÍDO SÃO PAULO",27.81,"CAIXA REFERENCIAL"]
["INSTALACOES HIDRO SANITARIAS","INHI","CONEXOES","0180","","",93100,"COTOVELO EM BRONZE/LATÃO, DN 22 MM X 1/2\", 90 GRAUS, SEM ANEL DE SOLDA, BOLSA X ROSCA F, INSTALADO EM RAMAL E SUB-RAMAL DE HIDRÁULICA PREDIAL - FORNECIMENTO E INSTALAÇÃO. AF_04/2022","UN","ATRIBUÍDO SÃO PAULO",26.54,"CAIXA REFERENCIAL"]
["INSTALACOES HIDRO SANITARIAS","INHI","CONEXOES","0180","","",93106,"JUNTA DE EXPANSÃO EM COBRE, DN 15 MM, PONTA X PONTA, INSTALADO EM RAMAL E SUB-RAMAL DE HIDRÁULICA PREDIAL - FORNECIMENTO E INSTALAÇÃO. AF_04/2022","UN","ATRIBUÍDO SÃO PAULO",415.15,"CAIXA REFERENCIAL"]
["INSTALACOES HIDRO SANITARIAS","INHI","CONEXOES","0180","","",93111,"CONECTOR EM BRONZE/LATÃO, DN 22 MM X 3/4\", SEM ANEL DE SOLDA, BOLSA X ROSCA F, INSTALADO EM RAMAL E SUB-RAMAL DE HIDRÁULICA PREDIAL - FORNECIMENTO E INSTALAÇÃO. AF_04/2022","UN","ATRIBUÍDO SÃO PAULO",22.39,"CAIXA REFERENCIAL"]
["INSTALACOES HIDRO SANITARIAS","INHI","CONEXOES","0180","","",93112,"CURVA DE TRANSPOSIÇÃO EM BRONZE/LATÃO, DN 22 MM, SEM ANEL DE SOLDA, BOLSA X BOLSA, INSTALADO EM RAMAL E SUB-RAMAL DE HIDRÁULICA PREDIAL - FORNECIMENTO E INSTALAÇÃO. AF_04/2022","UN","ATRIBUÍDO SÃO PAULO",45.31,"CAIXA REFERENCIAL"]
["INSTALACOES HIDRO SANITARIAS","INHI","CONEXOES","0180","","",93117,"TE DUPLA CURVA EM BRONZE/LATÃO, DN 1/2\" X 15 MM X 1/2\", SEM ANEL DE SOLDA, ROSCA F X BOLSA X ROSCA F, INSTALADO EM RAMAL E SUB-RAMAL DE HIDRÁULICA PREDIAL - FORNECIMENTO E INSTALAÇÃO. AF_04/2022","UN","ATRIBUÍDO SÃO PAULO",53.05,"CAIXA REFERENCIAL"]
["INSTALACOES HIDRO SANITARIAS","INHI","CONEXOES","0180","","",93122,"CURVA EM COBRE, DN 28 MM, 45 GRAUS, SEM ANEL DE SOLDA, BOLSA X BOLSA, INSTALADO EM PRUMADA DE HIDRÁULICA PREDIAL - FORNECIMENTO E INSTALAÇÃO. AF_04/2022","UN","ATRIBUÍDO SÃO PAULO",23.43,"CAIXA REFERENCIAL"]
["INSTALACOES HIDRO SANITARIAS","INHI","CONEXOES","0180","","",94465,"LUVA, EM FERRO GALVANIZADO, CONEXÃO ROSQUEADA, DN 50 (2\u0094), INSTALADO EM RESERVAÇÃO DE ÁGUA DE EDIFICAÇÃO QUE POSSUA RESERVATÓRIO DE FIBRA/FIBROCIMENTO \u0096 FORNECIMENTO E INSTALAÇÃO. AF_06/2016","UN","ATRIBUÍDO SÃO PAULO",54.06,"CAIXA REFERENCIAL"]
["INSTALACOES HIDRO SANITARIAS","INHI","CONEXOES","0180","","",94470,"NIPLE, EM FERRO GALVANIZADO, CONEXÃO ROSQUEADA, DN 80 (3\u0094), INSTALADO EM RESERVAÇÃO DE ÁGUA DE EDIFICAÇÃO QUE POSSUA RESERVATÓRIO DE FIBRA/FIBROCIMENTO \u0096 FORNECIMENTO E INSTALAÇÃO. AF_06/2016","UN","ATRIBUÍDO SÃO PAULO",116.3,"CAIXA REFERENCIAL"]
["INSTALACOES HIDRO SANITARIAS","INHI","CONEXOES","0180","","",94476,"COTOVELO 45 GRAUS, EM FERRO GALVANIZADO, CONEXÃO ROSQUEADA, DN 80 (3\u0094), INSTALADO EM RESERVAÇÃO DE ÁGUA DE EDIFICAÇÃO QUE POSSUA RESERVATÓRIO DE FIBRA/FIBROCIMENTO \u0096 FORNECIMENTO E INSTALAÇÃO. AF_06/2016","UN","ATRIBUÍDO SÃO PAULO",192.19,"CAIXA REFERENCIAL"]
["INSTALACOES HIDRO SANITARIAS","INHI","CONEXOES","0180","","",94608,"LUVA EM COBRE, DN 66 MM, SEM ANEL DE SOLDA, INSTALADO EM RESERVAÇÃO DE ÁGUA DE EDIFICAÇÃO QUE POSSUA RESERVATÓRIO DE FIBRA/FIBROCIMENTO \u0096 FORNECIMENTO E INSTALAÇÃO. AF_06/2016","UN","ATRIBUÍDO SÃO PAULO",178.65,"CAIXA REFERENCIAL"]
["INSTALACOES HIDRO SANITARIAS","INHI","CONEXOES","0180","","",94616,"COTOVELO EM COBRE, DN 66 MM, 90 GRAUS, SEM ANEL DE SOLDA, INSTALADO EM RESERVAÇÃO DE ÁGUA DE EDIFICAÇÃO QUE POSSUA RESERVATÓRIO DE FIBRA/FIBROCIMENTO \u0096 FORNECIMENTO E INSTALAÇÃO. AF_06/2016","UN","ATRIBUÍDO SÃO PAULO",341.73,"CAIXA REFERENCIAL"]
["INSTALACOES HIDRO SANITARIAS","INHI","CONEXOES","0180","","",94624,"TE EM COBRE, DN 79 MM, SEM ANEL DE SOLDA, INSTALADO EM RESERVAÇÃO DE ÁGUA DE EDIFICAÇÃO QUE POSSUA RESERVATÓRIO DE FIBRA/FIBROCIMENTO \u0096 FORNECIMENTO E INSTALAÇÃO. AF_06/2016","UN","ATRIBUÍDO SÃO PAULO",644.36,"CAIXA REFERENCIAL"]
["INSTALACOES HIDRO SANITARIAS","INHI","CONEXOES","0180","","",94659,"LUVA PVC, SOLDÁVEL, DN 32 MM, INSTALADA EM RESERVAÇÃO DE ÁGUA DE EDIFICAÇÃO QUE POSSUA RESERVATÓRIO DE FIBRA/FIBROCIMENTO   FORNECIMENTO E INSTALAÇÃO. AF_06/2016","UN","COEFICIENTE DE REPRESENTATIVIDADE",6.85,"CAIXA REFERENCIAL"]
["INSTALACOES HIDRO SANITARIAS","INHI","CONEXOES","0180","","",94664,"ADAPTADOR CURTO COM BOLSA E ROSCA PARA REGISTRO, PVC, SOLDÁVEL, DN 60 MM X 2 , INSTALADO EM RESERVAÇÃO DE ÁGUA DE EDIFICAÇÃO QUE POSSUA RESERVATÓRIO DE FIBRA/FIBROCIMENTO   FORNECIMENTO E INSTALAÇÃO. AF_06/2016","UN","COEFICIENTE DE REPRESENTATIVIDADE",25.12,"CAIXA REFERENCIAL"]
["INSTALACOES HIDRO SANITARIAS","INHI","CONEXOES","0180","","",94670,"ADAPTADOR CURTO COM BOLSA E ROSCA PARA REGISTRO, PVC, SOLDÁVEL, DN 110 MM X 4 , INSTALADO EM RESERVAÇÃO DE ÁGUA DE EDIFICAÇÃO QUE POSSUA RESERVATÓRIO DE FIBRA/FIBROCIMENTO   FORNECIMENTO E INSTALAÇÃO. AF_06/2016","UN","COEFICIENTE DE REPRESENTATIVIDADE",69.42,"CAIXA REFERENCIAL"]
["INSTALACOES HIDRO SANITARIAS","INHI","CONEXOES","0180","","",94675,"CURVA 90 GRAUS, PVC, SOLDÁVEL, DN 32 MM, INSTALADO EM RESERVAÇÃO DE ÁGUA DE EDIFICAÇÃO QUE POSSUA RESERVATÓRIO DE FIBRA/FIBROCIMENTO   FORNECIMENTO E INSTALAÇÃO. AF_06/2016","UN","COEFICIENTE DE REPRESENTATIVIDADE",13.16,"CAIXA REFERENCIAL"]
["INSTALACOES HIDRO SANITARIAS","INHI","CONEXOES","0180","","",94676,"JOELHO 90 GRAUS, PVC, SOLDÁVEL, DN 40 MM INSTALADO EM RESERVAÇÃO DE ÁGUA DE EDIFICAÇÃO QUE POSSUA RESERVATÓRIO DE FIBRA/FIBROCIMENTO   FORNECIMENTO E INSTALAÇÃO. AF_06/2016","UN","COEFICIENTE DE REPRESENTATIVIDADE",15.87,"CAIXA REFERENCIAL"]
["INSTALACOES HIDRO SANITARIAS","INHI","CONEXOES","0180","","",94681,"CURVA 90 GRAUS, PVC, SOLDÁVEL, DN 60 MM, INSTALADO EM RESERVAÇÃO DE ÁGUA DE EDIFICAÇÃO QUE POSSUA RESERVATÓRIO DE FIBRA/FIBROCIMENTO   FORNECIMENTO E INSTALAÇÃO. AF_06/2016","UN","COEFICIENTE DE REPRESENTATIVIDADE",52.84,"CAIXA REFERENCIAL"]
["INSTALACOES HIDRO SANITARIAS","INHI","CONEXOES","0180","","",94686,"JOELHO 90 GRAUS, PVC, SOLDÁVEL, DN 110 MM INSTALADO EM RESERVAÇÃO DE ÁGUA DE EDIFICAÇÃO QUE POSSUA RESERVATÓRIO DE FIBRA/FIBROCIMENTO   FORNECIMENTO E INSTALAÇÃO. AF_06/2016","UN","COEFICIENTE DE REPRESENTATIVIDADE",246.67,"CAIXA REFERENCIAL"]
["INSTALACOES HIDRO SANITARIAS","INHI","CONEXOES","0180","","",94692,"TÊ, PVC, SOLDÁVEL, DN 40 MM INSTALADO EM RESERVAÇÃO DE ÁGUA DE EDIFICAÇÃO QUE POSSUA RESERVATÓRIO DE FIBRA/FIBROCIMENTO   FORNECIMENTO E INSTALAÇÃO. AF_06/2016","UN","COEFICIENTE DE REPRESENTATIVIDADE",23.03,"CAIXA REFERENCIAL"]
["INSTALACOES HIDRO SANITARIAS","INHI","CONEXOES","0180","","",94697,"TÊ, PVC, SOLDÁVEL, DN 75 MM INSTALADO EM RESERVAÇÃO DE ÁGUA DE EDIFICAÇÃO QUE POSSUA RESERVATÓRIO DE FIBRA/FIBROCIMENTO   FORNECIMENTO E INSTALAÇÃO. AF_06/2016","UN","COEFICIENTE DE REPRESENTATIVIDADE",83.99,"CAIXA REFERENCIAL"]
["INSTALACOES HIDRO SANITARIAS","INHI","CONEXOES","0180","","",94703,"ADAPTADOR COM FLANGE E ANEL DE VEDAÇÃO, PVC, SOLDÁVEL, DN  25 MM X 3/4 , INSTALADO EM RESERVAÇÃO DE ÁGUA DE EDIFICAÇÃO QUE POSSUA RESERVATÓRIO DE FIBRA/FIBROCIMENTO   FORNECIMENTO E INSTALAÇÃO. AF_06/2016","UN","COEFICIENTE DE REPRESENTATIVIDADE",20.13,"CAIXA REFERENCIAL"]
["INSTALACOES HIDRO SANITARIAS","INHI","CONEXOES","0180","","",94713,"ADAPTADOR COM FLANGES LIVRES, PVC, SOLDÁVEL, DN 75 MM X 2 1/2 , INSTALADO EM RESERVAÇÃO DE ÁGUA DE EDIFICAÇÃO QUE POSSUA RESERVATÓRIO DE FIBRA/FIBROCIMENTO   FORNECIMENTO E INSTALAÇÃO. AF_06/2016","UN","COEFICIENTE DE REPRESENTATIVIDADE",242.84,"CAIXA REFERENCIAL"]
["INSTALACOES HIDRO SANITARIAS","INHI","CONEXOES","0180","","",94726,"CONECTOR, CPVC, SOLDÁVEL, DN 28 MM X 1\u0094, INSTALADO EM RESERVAÇÃO DE ÁGUA DE EDIFICAÇÃO QUE POSSUA RESERVATÓRIO DE FIBRA/FIBROCIMENTO \u0096 FORNECIMENTO E INSTALAÇÃO. AF_06/2016","UN","ATRIBUÍDO SÃO PAULO",26.87,"CAIXA REFERENCIAL"]
["INSTALACOES HIDRO SANITARIAS","INHI","CONEXOES","0180","","",94732,"CONECTOR, CPVC, SOLDÁVEL, DN 54 MM X 2\", INSTALADO EM RESERVAÇÃO DE ÁGUA DE EDIFICAÇÃO QUE POSSUA RESERVATÓRIO DE FIBRA/FIBROCIMENTO - FORNECIMENTO E INSTALAÇÃO. AF_06/2016","UN","ATRIBUÍDO SÃO PAULO",82.6,"CAIXA REFERENCIAL"]
["INSTALACOES HIDRO SANITARIAS","INHI","CONEXOES","0180","","",94738,"CONECTOR, CPVC, SOLDÁVEL, DN 114 MM X 4\", INSTALADO EM RESERVAÇÃO DE ÁGUA DE EDIFICAÇÃO QUE POSSUA RESERVATÓRIO DE FIBRA/FIBROCIMENTO - FORNECIMENTO E INSTALAÇÃO. AF_06/2016","UN","ATRIBUÍDO SÃO PAULO",1293.98,"CAIXA REFERENCIAL"]
["INSTALACOES HIDRO SANITARIAS","INHI","CONEXOES","0180","","",94743,"CURVA 90 GRAUS, CPVC, SOLDÁVEL, DN 28 MM, INSTALADO EM RESERVAÇÃO DE ÁGUA DE EDIFICAÇÃO QUE POSSUA RESERVATÓRIO DE FIBRA/FIBROCIMENTO \u0096 FORNECIMENTO E INSTALAÇÃO. AF_06/2016","UN","ATRIBUÍDO SÃO PAULO",16.11,"CAIXA REFERENCIAL"]
["INSTALACOES HIDRO SANITARIAS","INHI","CONEXOES","0180","","",94754,"JOELHO 90 GRAUS, CPVC, SOLDÁVEL, DN 114 MM, INSTALADO EM RESERVAÇÃO DE ÁGUA DE EDIFICAÇÃO QUE POSSUA RESERVATÓRIO DE FIBRA/FIBROCIMENTO - FORNECIMENTO E INSTALAÇÃO. AF_06/2016","UN","ATRIBUÍDO SÃO PAULO",206.98,"CAIXA REFERENCIAL"]
["INSTALACOES HIDRO SANITARIAS","INHI","CONEXOES","0180","","",94760,"TE, CPVC, SOLDÁVEL, DN 54 MM, INSTALADO EM RESERVAÇÃO DE ÁGUA DE EDIFICAÇÃO QUE POSSUA RESERVATÓRIO DE FIBRA/FIBROCIMENTO \u0096 FORNECIMENTO E INSTALAÇÃO. AF_06/2016","UN","ATRIBUÍDO SÃO PAULO",80.98,"CAIXA REFERENCIAL"]
["INSTALACOES HIDRO SANITARIAS","INHI","CONEXOES","0180","","",94761,"TE, CPVC, SOLDÁVEL, DN 73 MM, INSTALADO EM RESERVAÇÃO DE ÁGUA DE EDIFICAÇÃO QUE POSSUA RESERVATÓRIO DE FIBRA/FIBROCIMENTO \u0096 FORNECIMENTO E INSTALAÇÃO. AF_06/2016","UN","ATRIBUÍDO SÃO PAULO",168.99,"CAIXA REFERENCIAL"]
["INSTALACOES HIDRO SANITARIAS","INHI","CONEXOES","0180","","",94766,"ADAPTADOR COM FLANGE E ANEL DE VEDAÇÃO, CPVC, ROSCÁVEL, DN 28 MM, INSTALADO EM RESERVAÇÃO DE ÁGUA DE EDIFICAÇÃO QUE POSSUA RESERVATÓRIO DE FIBRA/FIBROCIMENTO - FORNECIMENTO E INSTALAÇÃO. AF_06/2016","UN","ATRIBUÍDO SÃO PAULO",35.72,"CAIXA REFERENCIAL"]
["INSTALACOES HIDRO SANITARIAS","INHI","CONEXOES","0180","","",94771,"ADAPTADOR COM FLANGES LIVRES, CPVC, ROSCÁVEL, DN 22 MM, INSTALADO EM RESERVAÇÃO DE ÁGUA DE EDIFICAÇÃO QUE POSSUA RESERVATÓRIO DE FIBRA/FIBROCIMENTO - FORNECIMENTO E INSTALAÇÃO. AF_06/2016","UN","ATRIBUÍDO SÃO PAULO",36.799999999999997,"CAIXA REFERENCIAL"]
["INSTALACOES HIDRO SANITARIAS","INHI","CONEXOES","0180","","",94785,"ADAPTADOR COM FLANGES LIVRES, PVC, SOLDÁVEL LONGO, DN 32 MM X 1 , INSTALADO EM RESERVAÇÃO DE ÁGUA DE EDIFICAÇÃO QUE POSSUA RESERVATÓRIO DE FIBRA/FIBROCIMENTO   FORNECIMENTO E INSTALAÇÃO. AF_06/2016","UN","COEFICIENTE DE REPRESENTATIVIDADE",22.55,"CAIXA REFERENCIAL"]
["INSTALACOES HIDRO SANITARIAS","INHI","CONEXOES","0180","","",95237,"LUVA COM BUCHA DE LATÃO, PVC, SOLDÁVEL, DN 32MM X 1 , INSTALADO EM RAMAL DE DISTRIBUIÇÃO DE ÁGUA   FORNECIMENTO E INSTALAÇÃO. AF_06/2022","UN","COEFICIENTE DE REPRESENTATIVIDADE",23.42,"CAIXA REFERENCIAL"]
["INSTALACOES HIDRO SANITARIAS","INHI","CONEXOES","0180","","",96637,"JOELHO 90 GRAUS, PPR, DN 25 MM, CLASSE PN 25, INSTALADO EM RAMAL OU SUB-RAMAL DE ÁGUA   FORNECIMENTO E INSTALAÇÃO. AF_08/2022","UN","ATRIBUÍDO SÃO PAULO",13.22,"CAIXA REFERENCIAL"]
["INSTALACOES HIDRO SANITARIAS","INHI","CONEXOES","0180","","",96642,"TÊ NORMAL, PPR, DN 25 MM, CLASSE PN 25, INSTALADO EM RAMAL OU SUB-RAMAL DE ÁGUA   FORNECIMENTO E INSTALAÇÃO. AF_08/2022","UN","ATRIBUÍDO SÃO PAULO",17.38,"CAIXA REFERENCIAL"]
["INSTALACOES HIDRO SANITARIAS","INHI","CONEXOES","0180","","",96653,"JOELHO 45 GRAUS, PPR, DN 32 MM, CLASSE PN 25, INSTALADO EM RAMAL DE DISTRIBUIÇÃO DE ÁGUA - FORNECIMENTO E INSTALAÇÃO. AF_08/2022","UN","ATRIBUÍDO SÃO PAULO",12.06,"CAIXA REFERENCIAL"]
["INSTALACOES HIDRO SANITARIAS","INHI","CONEXOES","0180","","",96659,"LUVA, PPR, DN 32 MM, CLASSE PN 25, INSTALADO EM RAMAL DE DISTRIBUIÇÃO DE ÁGUA   FORNECIMENTO E INSTALAÇÃO. AF_08/2022","UN","ATRIBUÍDO SÃO PAULO",7.22,"CAIXA REFERENCIAL"]
["INSTALACOES HIDRO SANITARIAS","INHI","CONEXOES","0180","","",96664,"BUCHA DE REDUÇÃO, PPR, 40 X 25, CLASSE PN 25, INSTALADO EM RAMAL DE DISTRIBUIÇÃO DE ÁGUA   FORNECIMENTO E INSTALAÇÃO. AF_08/2022","UN","ATRIBUÍDO SÃO PAULO",15.49,"CAIXA REFERENCIAL"]
["INSTALACOES HIDRO SANITARIAS","INHI","CONEXOES","0180","","",96685,"JOELHO 45 GRAUS, PPR, DN 25 MM, CLASSE PN 25, INSTALADO EM PRUMADA DE ÁGUA   FORNECIMENTO E INSTALAÇÃO . AF_08/2022","UN","ATRIBUÍDO SÃO PAULO",9.9499999999999993,"CAIXA REFERENCIAL"]
["INSTALACOES HIDRO SANITARIAS","INHI","CONEXOES","0180","","",96691,"JOELHO 45 GRAUS, PPR, DN 50 MM, CLASSE PN 25, INSTALADO EM PRUMADA DE ÁGUA   FORNECIMENTO E INSTALAÇÃO . AF_08/2022","UN","ATRIBUÍDO SÃO PAULO",34.08,"CAIXA REFERENCIAL"]
["INSTALACOES HIDRO SANITARIAS","INHI","CONEXOES","0180","","",96696,"JOELHO 90 GRAUS, PPR, DN 90 MM, CLASSE PN 25, INSTALADO EM PRUMADA DE ÁGUA   FORNECIMENTO E INSTALAÇÃO . AF_08/2022","UN","ATRIBUÍDO SÃO PAULO",101.63,"CAIXA REFERENCIAL"]
["INSTALACOES HIDRO SANITARIAS","INHI","CONEXOES","0180","","",96697,"JOELHO 90 GRAUS, PPR, DN 110 MM, CLASSE PN 25, INSTALADO EM PRUMADA DE ÁGUA   FORNECIMENTO E INSTALAÇÃO . AF_08/2022","UN","ATRIBUÍDO SÃO PAULO",305.62,"CAIXA REFERENCIAL"]
["INSTALACOES HIDRO SANITARIAS","INHI","CONEXOES","0180","","",96702,"BUCHA DE REDUÇÃO, PPR, 32 X 25, CLASSE PN 25, INSTALADO EM PRUMADA DE ÁGUA   FORNECIMENTO E INSTALAÇÃO . AF_08/2022","UN","ATRIBUÍDO SÃO PAULO",9.92,"CAIXA REFERENCIAL"]
["INSTALACOES HIDRO SANITARIAS","INHI","CONEXOES","0180","","",96707,"LUVA, PPR, DN 75 MM, CLASSE PN 25, INSTALADO EM PRUMADA DE ÁGUA   FORNECIMENTO E INSTALAÇÃO. AF_08/2022","UN","ATRIBUÍDO SÃO PAULO",51.01,"CAIXA REFERENCIAL"]
["INSTALACOES HIDRO SANITARIAS","INHI","CONEXOES","0180","","",96713,"TÊ NORMAL, PPR, DN 50 MM, CLASSE PN 25, INSTALADO EM PRUMADA DE ÁGUA   FORNECIMENTO E INSTALAÇÃO . AF_08/2022","UN","ATRIBUÍDO SÃO PAULO",42.25,"CAIXA REFERENCIAL"]
["INSTALACOES HIDRO SANITARIAS","INHI","CONEXOES","0180","","",96736,"LUVA, PPR, DN 20 MM, CLASSE PN 25, INSTALADO EM RESERVAÇÃO DE ÁGUA DE EDIFICAÇÃO QUE POSSUA RESERVATÓRIO DE FIBRA/FIBROCIMENTO \u0096 FORNECIMENTO E INSTALAÇÃO. AF_06/2016","UN","ATRIBUÍDO SÃO PAULO",5.74,"CAIXA REFERENCIAL"]
["INSTALACOES HIDRO SANITARIAS","INHI","CONEXOES","0180","","",96741,"LUVA, PPR, DN 40 MM, CLASSE PN 25, INSTALADO EM RESERVAÇÃO DE ÁGUA DE EDIFICAÇÃO QUE POSSUA RESERVATÓRIO DE FIBRA/FIBROCIMENTO \u0096 FORNECIMENTO E INSTALAÇÃO. AF_06/2016","UN","ATRIBUÍDO SÃO PAULO",14.74,"CAIXA REFERENCIAL"]
["INSTALACOES HIDRO SANITARIAS","INHI","CONEXOES","0180","","",96747,"JOELHO 90 GRAUS, PPR, DN 20 MM, CLASSE PN 25,  INSTALADO EM RESERVAÇÃO DE ÁGUA DE EDIFICAÇÃO QUE POSSUA RESERVATÓRIO DE FIBRA/FIBROCIMENTO \u0096 FORNECIMENTO E INSTALAÇÃO. AF_06/2016","UN","ATRIBUÍDO SÃO PAULO",7.06,"CAIXA REFERENCIAL"]
["INSTALACOES HIDRO SANITARIAS","INHI","CONEXOES","0180","","",96752,"JOELHO 90 GRAUS, PPR, DN 63 MM, CLASSE PN 25,  INSTALADO EM RESERVAÇÃO DE ÁGUA DE EDIFICAÇÃO QUE POSSUA RESERVATÓRIO DE FIBRA/FIBROCIMENTO \u0096 FORNECIMENTO E INSTALAÇÃO. AF_06/2016","UN","ATRIBUÍDO SÃO PAULO",31.94,"CAIXA REFERENCIAL"]
["INSTALACOES HIDRO SANITARIAS","INHI","CONEXOES","0180","","",96758,"TÊ, PPR, DN 32 MM, CLASSE PN 25,  INSTALADO EM RESERVAÇÃO DE ÁGUA DE EDIFICAÇÃO QUE POSSUA RESERVATÓRIO DE FIBRA/FIBROCIMENTO \u0096 FORNECIMENTO E INSTALAÇÃO. AF_06/2016","UN","ATRIBUÍDO SÃO PAULO",16.22,"CAIXA REFERENCIAL"]
["INSTALACOES HIDRO SANITARIAS","INHI","CONEXOES","0180","","",96763,"TÊ, PPR, DN 90 MM, CLASSE PN 25,  INSTALADO EM RESERVAÇÃO DE ÁGUA DE EDIFICAÇÃO QUE POSSUA RESERVATÓRIO DE FIBRA/FIBROCIMENTO \u0096 FORNECIMENTO E INSTALAÇÃO. AF_06/2016","UN","ATRIBUÍDO SÃO PAULO",136.11000000000001,"CAIXA REFERENCIAL"]
["INSTALACOES HIDRO SANITARIAS","INHI","CONEXOES","0180","","",96805,"KIT CHASSI PEX, PRÉ-FABRICADO, PARA CHUVEIRO, INCLUSO QUADRO METÁLICO, TUBOS, REGISTROS DE PRESSÃO E CONEXÕES POR ANEL DESLIZANTE - FORNECIMENTO E INSTALAÇÃO. AF_02/2023","UN","ATRIBUÍDO SÃO PAULO",188.23,"CAIXA REFERENCIAL"]
["INSTALACOES HIDRO SANITARIAS","INHI","CONEXOES","0180","","",96811,"UNIÃO METÁLICA PARA INSTALAÇÕES EM PEX ÁGUA, DN 20 MM, COM ANEL DESLIZANTE - FORNECIMENTO E INSTALAÇÃO. AF_02/2023","UN","ATRIBUÍDO SÃO PAULO",17.88,"CAIXA REFERENCIAL"]
["INSTALACOES HIDRO SANITARIAS","INHI","CONEXOES","0180","","",96816,"CONEXÃO FIXA, ROSCA FÊMEA, METÁLICA, PARA INSTALAÇÕES EM PEX ÁGUA, DN 25 MM X 3/4\", COM ANEL DESLIZANTE - FORNECIMENTO E INSTALAÇÃO. AF_02/2023","UN","ATRIBUÍDO SÃO PAULO",21.08,"CAIXA REFERENCIAL"]
["INSTALACOES HIDRO SANITARIAS","INHI","CONEXOES","0180","","",96817,"CONEXÃO FIXA, ROSCA FÊMEA, METÁLICA, PARA INSTALAÇÕES EM PEX ÁGUA, DN 25 MM X 1\", COM ANEL DESLIZANTE - FORNECIMENTO E INSTALAÇÃO. AF_02/2023","UN","ATRIBUÍDO SÃO PAULO",28.41,"CAIXA REFERENCIAL"]
["INSTALACOES HIDRO SANITARIAS","INHI","CONEXOES","0180","","",96822,"UNIÃO DE REDUÇÃO, METÁLICA, PARA INSTALAÇÕES EM PEX ÁGUA, DN 32 X 25 MM, CONEXÃO POR ANEL DESLIZANTE - FORNECIMENTO E INSTALAÇÃO. AF_02/2023","UN","ATRIBUÍDO SÃO PAULO",25.75,"CAIXA REFERENCIAL"]
["INSTALACOES HIDRO SANITARIAS","INHI","CONEXOES","0180","","",96828,"CONEXÃO FIXA, ROSCA FÊMEA, PARA INSTALAÇÕES EM PEX ÁGUA, DN 20MM X 3/4\", CONEXÃO POR CRIMPAGEM - FORNECIMENTO E INSTALAÇÃO. AF_02/2023","UN","ATRIBUÍDO SÃO PAULO",19.920000000000002,"CAIXA REFERENCIAL"]
["INSTALACOES HIDRO SANITARIAS","INHI","CONEXOES","0180","","",96836,"LUVA DE REDUÇÃO PARA INSTALAÇÕES EM PEX ÁGUA, DN 32 X 25 MM, CONEXÃO POR CRIMPAGEM - FORNECIMENTO E INSTALAÇÃO. AF_02/2023","UN","ATRIBUÍDO SÃO PAULO",28.85,"CAIXA REFERENCIAL"]
["INSTALACOES HIDRO SANITARIAS","INHI","CONEXOES","0180","","",96841,"JOELHO 90 GRAUS, ROSCA FÊMEA TERMINAL, METÁLICO, PARA INSTALAÇÕES EM PEX ÁGUA, DN 20 MM X 1/2\", CONEXÃO POR ANEL DESLIZANTE - FORNECIMENTO E INSTALAÇÃO. AF_02/2023","UN","ATRIBUÍDO SÃO PAULO",23.2,"CAIXA REFERENCIAL"]
["INSTALACOES HIDRO SANITARIAS","INHI","CONEXOES","0180","","",96846,"JOELHO 90 GRAUS, ROSCA FÊMEA TERMINAL, METÁLICO, PARA INSTALAÇÕES EM PEX ÁGUA, DN 25 MM X 3/4\", CONEXÃO POR ANEL DESLIZANTE - FORNECIMENTO E INSTALAÇÃO. AF_02/2023","UN","ATRIBUÍDO SÃO PAULO",31.2,"CAIXA REFERENCIAL"]
["INSTALACOES HIDRO SANITARIAS","INHI","CONEXOES","0180","","",96853,"JOELHO 90 GRAUS, ROSCA FÊMEA TERMINAL, PARA INSTALAÇÕES EM PEX ÁGUA, DN 20MM X 1/2\", CONEXÃO POR CRIMPAGEM - FORNECIMENTO E INSTALAÇÃO. AF_02/2023","UN","ATRIBUÍDO SÃO PAULO",20.98,"CAIXA REFERENCIAL"]
["INSTALACOES HIDRO SANITARIAS","INHI","CONEXOES","0180","","",96861,"TÊ, ROSCA FÊMEA, METÁLICO, PARA INSTALAÇÕES EM PEX ÁGUA, DN 16 MM X ½\u0094, CONEXÃO POR ANEL DESLIZANTE - FORNECIMENTO E INSTALAÇÃO. AF_02/2023","UN","ATRIBUÍDO SÃO PAULO",31.69,"CAIXA REFERENCIAL"]
["INSTALACOES HIDRO SANITARIAS","INHI","CONEXOES","0180","","",96868,"TÊ, PARA INSTALAÇÕES EM PEX ÁGUA, DN 16 MM, CONEXÃO POR CRIMPAGEM - FORNECIMENTO E INSTALAÇÃO. AF_02/2023","UN","ATRIBUÍDO SÃO PAULO",16.29,"CAIXA REFERENCIAL"]
["INSTALACOES HIDRO SANITARIAS","INHI","CONEXOES","0180","","",96873,"DISTRIBUIDOR 2 SAÍDAS, METÁLICO, PARA INSTALAÇÕES EM PEX ÁGUA, ENTRADA DE 1\" X 2 SAÍDAS DE 1/2\", CONEXÃO POR ANEL DESLIZANTE - FORNECIMENTO E INSTALAÇÃO. AF_02/2023","UN","ATRIBUÍDO SÃO PAULO",53.91,"CAIXA REFERENCIAL"]
["INSTALACOES HIDRO SANITARIAS","INHI","CONEXOES","0180","","",96879,"DISTRIBUIDOR 3 SAÍDAS, PARA INSTALAÇÕES EM PEX ÁGUA, ENTRADA DE 32 MM X 3 SAÍDAS DE 16 MM, CONEXÃO POR CRIMPAGEM - FORNECIMENTO E INSTALAÇÃO. AF_02/2023","UN","ATRIBUÍDO SÃO PAULO",170.49,"CAIXA REFERENCIAL"]
["INSTALACOES HIDRO SANITARIAS","INHI","CONEXOES","0180","","",97429,"FLANGE EM AÇO, DN 40 MM X 1 1/2'', INSTALADO EM RESERVAÇÃO DE ÁGUA DE EDIFICAÇÃO QUE POSSUA RESERVATÓRIO DE FIBRA/FIBROCIMENTO - FORNECIMENTO E INSTALAÇÃO. AF_06/2016","UN","ATRIBUÍDO SÃO PAULO",70.08,"CAIXA REFERENCIAL"]
["INSTALACOES HIDRO SANITARIAS","INHI","CONEXOES","0180","","",97434,"CURVA 90 GRAUS, EM AÇO, CONEXÃO RANHURADA, DN 50 (2\"), INSTALADO EM PRUMADAS - FORNECIMENTO E INSTALAÇÃO. AF_10/2020","UN","ATRIBUÍDO SÃO PAULO",92.49,"CAIXA REFERENCIAL"]
["INSTALACOES HIDRO SANITARIAS","INHI","CONEXOES","0180","","",97439,"TÊ, EM AÇO, CONEXÃO RANHURADA, DN 50 (2\"), INSTALADO EM PRUMADAS - FORNECIMENTO E INSTALAÇÃO. AF_10/2020","UN","ATRIBUÍDO SÃO PAULO",138.1,"CAIXA REFERENCIAL"]
["INSTALACOES HIDRO SANITARIAS","INHI","CONEXOES","0180","","",97440,"TÊ, EM AÇO, CONEXÃO RANHURADA, DN 65 (2 1/2\"), INSTALADO EM PRUMADAS - FORNECIMENTO E INSTALAÇÃO. AF_10/2020","UN","ATRIBUÍDO SÃO PAULO",165.84,"CAIXA REFERENCIAL"]
["INSTALACOES HIDRO SANITARIAS","INHI","CONEXOES","0180","","",97447,"LUVA COM REDUÇÃO, EM AÇO, CONEXÃO SOLDADA, DN 65 X 50 MM (2 1/2\" X 2\"), INSTALADO EM PRUMADAS - FORNECIMENTO E INSTALAÇÃO. AF_10/2020","UN","ATRIBUÍDO SÃO PAULO",227.99,"CAIXA REFERENCIAL"]
["INSTALACOES HIDRO SANITARIAS","INHI","CONEXOES","0180","","",97455,"CURVA 90 GRAUS, EM AÇO, CONEXÃO SOLDADA, DN 65 (2 1/2\"), INSTALADO EM PRUMADAS - FORNECIMENTO E INSTALAÇÃO. AF_10/2020","UN","ATRIBUÍDO SÃO PAULO",331.2,"CAIXA REFERENCIAL"]
["INSTALACOES HIDRO SANITARIAS","INHI","CONEXOES","0180","","",97460,"TÊ, EM AÇO, CONEXÃO SOLDADA, DN 80 (3\"), INSTALADO EM PRUMADAS - FORNECIMENTO E INSTALAÇÃO. AF_10/2020","UN","ATRIBUÍDO SÃO PAULO",779.26,"CAIXA REFERENCIAL"]
["INSTALACOES HIDRO SANITARIAS","INHI","CONEXOES","0180","","",97467,"LUVA, EM AÇO, CONEXÃO SOLDADA, DN 40 (1 1/2\"), INSTALADO EM REDE DE ALIMENTAÇÃO PARA HIDRANTE - FORNECIMENTO E INSTALAÇÃO. AF_10/2020","UN","ATRIBUÍDO SÃO PAULO",63.01,"CAIXA REFERENCIAL"]
["INSTALACOES HIDRO SANITARIAS","INHI","CONEXOES","0180","","",97477,"LUVA, EM AÇO, CONEXÃO SOLDADA, DN 80 (3\"), INSTALADO EM REDE DE ALIMENTAÇÃO PARA HIDRANTE - FORNECIMENTO E INSTALAÇÃO. AF_10/2020","UN","ATRIBUÍDO SÃO PAULO",233.3,"CAIXA REFERENCIAL"]
["INSTALACOES HIDRO SANITARIAS","INHI","CONEXOES","0180","","",97482,"CURVA 90 GRAUS, EM AÇO, CONEXÃO SOLDADA, DN 32 (1 1/4\"), INSTALADO EM REDE DE ALIMENTAÇÃO PARA HIDRANTE - FORNECIMENTO E INSTALAÇÃO. AF_10/2020","UN","ATRIBUÍDO SÃO PAULO",80.95,"CAIXA REFERENCIAL"]
["INSTALACOES HIDRO SANITARIAS","INHI","CONEXOES","0180","","",97488,"CURVA 90 GRAUS, EM AÇO, CONEXÃO SOLDADA, DN 65 (2 1/2\"), INSTALADO EM REDE DE ALIMENTAÇÃO PARA HIDRANTE - FORNECIMENTO E INSTALAÇÃO. AF_10/2020","UN","ATRIBUÍDO SÃO PAULO",314.06,"CAIXA REFERENCIAL"]
["INSTALACOES HIDRO SANITARIAS","INHI","CONEXOES","0180","","",97493,"TÊ, EM AÇO, CONEXÃO SOLDADA, DN 40 (1 1/2\"), INSTALADO EM REDE DE ALIMENTAÇÃO PARA HIDRANTE - FORNECIMENTO E INSTALAÇÃO. AF_10/2020","UN","ATRIBUÍDO SÃO PAULO",164.94,"CAIXA REFERENCIAL"]
["INSTALACOES HIDRO SANITARIAS","INHI","CONEXOES","0180","","",97500,"LUVA COM REDUÇÃO, EM AÇO, CONEXÃO SOLDADA, DN 25 X 20 MM (1\" X 3/4\"), INSTALADO EM REDE DE ALIMENTAÇÃO PARA SPRINKLER - FORNECIMENTO E INSTALAÇÃO. AF_10/2020","UN","ATRIBUÍDO SÃO PAULO",25.85,"CAIXA REFERENCIAL"]
["INSTALACOES HIDRO SANITARIAS","INHI","CONEXOES","0180","","",97509,"LUVA COM REDUÇÃO, EM AÇO, CONEXÃO SOLDADA, DN 50 X 40 MM (2\" X 1 1/2\"), INSTALADO EM REDE DE ALIMENTAÇÃO PARA SPRINKLER - FORNECIMENTO E INSTALAÇÃO. AF_10/2020","UN","ATRIBUÍDO SÃO PAULO",106.48,"CAIXA REFERENCIAL"]
["INSTALACOES HIDRO SANITARIAS","INHI","CONEXOES","0180","","",97517,"CURVA 45 GRAUS, EM AÇO, CONEXÃO SOLDADA, DN 25 (1\"), INSTALADO EM REDE DE ALIMENTAÇÃO PARA SPRINKLER - FORNECIMENTO E INSTALAÇÃO. AF_10/2020","UN","ATRIBUÍDO SÃO PAULO",52.07,"CAIXA REFERENCIAL"]
["INSTALACOES HIDRO SANITARIAS","INHI","CONEXOES","0180","","",97522,"CURVA 90 GRAUS, EM AÇO, CONEXÃO SOLDADA, DN 40 (1 1/2\"), INSTALADO EM REDE DE ALIMENTAÇÃO PARA SPRINKLER - FORNECIMENTO E INSTALAÇÃO. AF_10/2020","UN","ATRIBUÍDO SÃO PAULO",105.34,"CAIXA REFERENCIAL"]
["INSTALACOES HIDRO SANITARIAS","INHI","CONEXOES","0180","","",97523,"CURVA 45 GRAUS, EM AÇO, CONEXÃO SOLDADA, DN 50 (2\"), INSTALADO EM REDE DE ALIMENTAÇÃO PARA SPRINKLER - FORNECIMENTO E INSTALAÇÃO. AF_10/2020","UN","ATRIBUÍDO SÃO PAULO",145.76,"CAIXA REFERENCIAL"]
["INSTALACOES HIDRO SANITARIAS","INHI","CONEXOES","0180","","",97528,"CURVA 90 GRAUS, EM AÇO, CONEXÃO SOLDADA, DN 80 (3\"), INSTALADO EM REDE DE ALIMENTAÇÃO PARA SPRINKLER - FORNECIMENTO E INSTALAÇÃO. AF_10/2020","UN","ATRIBUÍDO SÃO PAULO",603.08000000000004,"CAIXA REFERENCIAL"]
["INSTALACOES HIDRO SANITARIAS","INHI","CONEXOES","0180","","",97534,"TÊ, EM AÇO, CONEXÃO SOLDADA, DN 80 (3\"), INSTALADO EM REDE DE ALIMENTAÇÃO PARA SPRINKLER - FORNECIMENTO E INSTALAÇÃO. AF_10/2020","UN","ATRIBUÍDO SÃO PAULO",729.99,"CAIXA REFERENCIAL"]
["INSTALACOES HIDRO SANITARIAS","INHI","CONEXOES","0180","","",97544,"LUVA COM REDUÇÃO, EM AÇO, CONEXÃO SOLDADA, DN 25 X 20 MM (1\" X 3/4\"), INSTALADO EM RAMAIS E SUB-RAMAIS DE GÁS - FORNECIMENTO E INSTALAÇÃO. AF_10/2020","UN","ATRIBUÍDO SÃO PAULO",43.18,"CAIXA REFERENCIAL"]
["INSTALACOES HIDRO SANITARIAS","INHI","CONEXOES","0180","","",97550,"CURVA 45 GRAUS, EM AÇO, CONEXÃO SOLDADA, DN 25 (1\"), INSTALADO EM RAMAIS E SUB-RAMAIS DE GÁS - FORNECIMENTO E INSTALAÇÃO. AF_10/2020","UN","ATRIBUÍDO SÃO PAULO",78.11,"CAIXA REFERENCIAL"]
["INSTALACOES HIDRO SANITARIAS","INHI","CONEXOES","0180","","",103805,"COTOVELO EM COBRE, DN 15 MM, 90 GRAUS, SEM ANEL DE SOLDA, INSTALADO EM RAMAL E SUB-RAMAL DE GÁS COMBUSTÍVEL - FORNECIMENTO E INSTALAÇÃO. AF_04/2022","UN","ATRIBUÍDO SÃO PAULO",15.73,"CAIXA REFERENCIAL"]
["INSTALACOES HIDRO SANITARIAS","INHI","CONEXOES","0180","","",103810,"COTOVELO EM BRONZE/LATÃO, DN 22 MM X 1/2\u0094, 90 GRAUS, SEM ANEL DE SOLDA, BOLSA X ROSCA F, INSTALADO EM RAMAL E SUB-RAMAL DE GÁS COMBUSTÍVEL - FORNECIMENTO E INSTALAÇÃO. AF_04/2022","UN","ATRIBUÍDO SÃO PAULO",30.38,"CAIXA REFERENCIAL"]
["INSTALACOES HIDRO SANITARIAS","INHI","CONEXOES","0180","","",103815,"LUVA PASSANTE EM COBRE, DN 15 MM, SEM ANEL DE SOLDA, INSTALADO EM RAMAL E SUB-RAMAL DE GÁS COMBUSTÍVEL - FORNECIMENTO E INSTALAÇÃO. AF_04/2022","UN","ATRIBUÍDO SÃO PAULO",10.3,"CAIXA REFERENCIAL"]
["INSTALACOES HIDRO SANITARIAS","INHI","CONEXOES","0180","","",103821,"JUNTA DE EXPANSÃO EM COBRE, DN 22 MM, PONTA X PONTA, INSTALADO EM RAMAL E SUB-RAMAL DE GÁS COMBUSTÍVEL - FORNECIMENTO E INSTALAÇÃO. AF_04/2022","UN","ATRIBUÍDO SÃO PAULO",488.69,"CAIXA REFERENCIAL"]
["INSTALACOES HIDRO SANITARIAS","INHI","CONEXOES","0180","","",103826,"LUVA EM COBRE, DN 28 MM, SEM ANEL DE SOLDA, INSTALADO EM RAMAL E SUB-RAMAL DE GÁS COMBUSTÍVEL - FORNECIMENTO E INSTALAÇÃO. AF_04/2022","UN","ATRIBUÍDO SÃO PAULO",27.51,"CAIXA REFERENCIAL"]
["INSTALACOES HIDRO SANITARIAS","INHI","CONEXOES","0180","","",103832,"TÊ EM COBRE, DN 15 MM, SEM ANEL DE SOLDA, INSTALADO EM RAMAL E SUB-RAMAL DE GÁS COMBUSTÍVEL - FORNECIMENTO E INSTALAÇÃO. AF_04/2022","UN","ATRIBUÍDO SÃO PAULO",21.28,"CAIXA REFERENCIAL"]
["INSTALACOES HIDRO SANITARIAS","INHI","CONEXOES","0180","","",103840,"COTOVELO EM BRONZE/LATÃO, DN 15 MM X 1/2\u0094, 90 GRAUS, SEM ANEL DE SOLDA, BOLSA X ROSCA F, INSTALADO EM RAMAL E SUB-RAMAL DE GÁS MEDICINAL - FORNECIMENTO E INSTALAÇÃO. AF_04/2022","UN","ATRIBUÍDO SÃO PAULO",19.420000000000002,"CAIXA REFERENCIAL"]
["INSTALACOES HIDRO SANITARIAS","INHI","CONEXOES","0180","","",103845,"COTOVELO EM COBRE, DN 28 MM, 90 GRAUS, SEM ANEL DE SOLDA, INSTALADO EM RAMAL E SUB-RAMAL DE GÁS MEDICINAL - FORNECIMENTO E INSTALAÇÃO. AF_04/2022","UN","ATRIBUÍDO SÃO PAULO",35.770000000000003,"CAIXA REFERENCIAL"]
["INSTALACOES HIDRO SANITARIAS","INHI","CONEXOES","0180","","",103846,"CURVA EM COBRE, DN 28 MM, 45 GRAUS, SEM ANEL DE SOLDA, BOLSA X BOLSA, INSTALADO EM RAMAL E SUB-RAMAL DE GÁS MEDICINAL - FORNECIMENTO E INSTALAÇÃO. AF_04/2022","UN","ATRIBUÍDO SÃO PAULO",34.14,"CAIXA REFERENCIAL"]
["INSTALACOES HIDRO SANITARIAS","INHI","CONEXOES","0180","","",103851,"CONECTOR EM BRONZE/LATÃO, DN 15 MM X 1/2\u0094, SEM ANEL DE SOLDA, BOLSA X ROSCA F, INSTALADO EM RAMAL E SUB-RAMAL DE GÁS MEDICINAL - FORNECIMENTO E INSTALAÇÃO. AF_04/2022","UN","ATRIBUÍDO SÃO PAULO",17.93,"CAIXA REFERENCIAL"]
["INSTALACOES HIDRO SANITARIAS","INHI","CONEXOES","0180","","",103857,"CONECTOR EM BRONZE/LATÃO, DN 22 MM X 1/2\", SEM ANEL DE SOLDA, BOLSA X ROSCA F, INSTALADO EM RAMAL E SUB-RAMAL DE GÁS MEDICINAL - FORNECIMENTO E INSTALAÇÃO. AF_04/2022","UN","ATRIBUÍDO SÃO PAULO",19.47,"CAIXA REFERENCIAL"]
["INSTALACOES HIDRO SANITARIAS","INHI","CONEXOES","0180","","",103862,"JUNTA DE EXPANSÃO EM COBRE, DN 28 MM, PONTA X PONTA, INSTALADO EM RAMAL E SUB-RAMAL DE GÁS MEDICINAL - FORNECIMENTO E INSTALAÇÃO. AF_04/2022","UN","ATRIBUÍDO SÃO PAULO",534.61,"CAIXA REFERENCIAL"]
["INSTALACOES HIDRO SANITARIAS","INHI","CONEXOES","0180","","",103867,"TÊ EM COBRE, DN 28 MM, SEM ANEL DE SOLDA, INSTALADO EM RAMAL E SUB-RAMAL DE GÁS MEDICINAL - FORNECIMENTO E INSTALAÇÃO. AF_04/2022","UN","ATRIBUÍDO SÃO PAULO",46.14,"CAIXA REFERENCIAL"]
["INSTALACOES HIDRO SANITARIAS","INHI","CONEXOES","0180","","",103879,"COTOVELO EM BRONZE/LATÃO, DN 22 MM X 1/2\", 90 GRAUS, SEM ANEL DE SOLDA, BOLSA X ROSCA F, INSTALADO EM RAMAL E SUB-RAMAL DE AQUECIMENTO SOLAR - FORNECIMENTO E INSTALAÇÃO. AF_04/2022","UN","ATRIBUÍDO SÃO PAULO",27.68,"CAIXA REFERENCIAL"]
["INSTALACOES HIDRO SANITARIAS","INHI","CONEXOES","0180","","",103884,"LUVA PASSANTE EM COBRE, DN 15 MM, SEM ANEL DE SOLDA, INSTALADO EM RAMAL E SUB-RAMAL DE AQUECIMENTO SOLAR - FORNECIMENTO E INSTALAÇÃO. AF_04/2022","UN","ATRIBUÍDO SÃO PAULO",10.31,"CAIXA REFERENCIAL"]
["INSTALACOES HIDRO SANITARIAS","INHI","CONEXOES","0180","","",103889,"LUVA PASSANTE EM COBRE, DN 22 MM, SEM ANEL DE SOLDA, INSTALADO EM RAMAL E SUB-RAMAL DE AQUECIMENTO SOLAR - FORNECIMENTO E INSTALAÇÃO. AF_04/2022","UN","ATRIBUÍDO SÃO PAULO",15.75,"CAIXA REFERENCIAL"]
["INSTALACOES HIDRO SANITARIAS","INHI","CONEXOES","0180","","",103895,"LUVA EM COBRE, DN 28 MM, SEM ANEL DE SOLDA, INSTALADO EM RAMAL E SUB-RAMAL DE AQUECIMENTO SOLAR - FORNECIMENTO E INSTALAÇÃO. AF_04/2022","UN","ATRIBUÍDO SÃO PAULO",21.16,"CAIXA REFERENCIAL"]
["INSTALACOES HIDRO SANITARIAS","INHI","CONEXOES","0180","","",103900,"BUCHA DE REDUÇÃO EM COBRE, DN 28 MM X 22 MM, SEM ANEL DE SOLDA, INSTALADO EM RAMAL E SUB-RAMAL DE AQUECIMENTO SOLAR - FORNECIMENTO E INSTALAÇÃO. AF_04/2022","UN","ATRIBUÍDO SÃO PAULO",18.399999999999999,"CAIXA REFERENCIAL"]
["INSTALACOES HIDRO SANITARIAS","INHI","CONEXOES","0180","","",103949,"BUCHA DE REDUÇÃO, LONGA, PVC, SOLDÁVEL, DN 32 X 20 MM, INSTALADO EM RAMAL OU SUB-RAMAL DE ÁGUA - FORNECIMENTO E INSTALAÇÃO. AF_06/2022","UN","COEFICIENTE DE REPRESENTATIVIDADE",8.3000000000000007,"CAIXA REFERENCIAL"]
["INSTALACOES HIDRO SANITARIAS","INHI","CONEXOES","0180","","",103954,"BUCHA DE REDUÇÃO, LONGA, PVC, SOLDÁVEL, DN 32 X 20 MM, INSTALADO EM RAMAL DE DISTRIBUIÇÃO DE ÁGUA - FORNECIMENTO E INSTALAÇÃO. AF_06/2022","UN","COEFICIENTE DE REPRESENTATIVIDADE",7.83,"CAIXA REFERENCIAL"]
["INSTALACOES HIDRO SANITARIAS","INHI","CONEXOES","0180","","",103959,"BUCHA DE REDUÇÃO, CURTA, PVC, SOLDÁVEL, DN 60 X 50 MM, INSTALADO EM PRUMADA DE ÁGUA - FORNECIMENTO E INSTALAÇÃO. AF_06/2022","UN","COEFICIENTE DE REPRESENTATIVIDADE",13.87,"CAIXA REFERENCIAL"]
["INSTALACOES HIDRO SANITARIAS","INHI","CONEXOES","0180","","",103962,"BUCHA DE REDUÇÃO, LONGA, PVC, SOLDÁVEL, DN 32 X 20 MM, INSTALADO EM PRUMADA DE ÁGUA - FORNECIMENTO E INSTALAÇÃO. AF_06/2022","UN","COEFICIENTE DE REPRESENTATIVIDADE",5.91,"CAIXA REFERENCIAL"]
["INSTALACOES HIDRO SANITARIAS","INHI","CONEXOES","0180","","",103969,"BUCHA DE REDUÇÃO, LONGA, PVC, SOLDÁVEL, DN 60 X 32 MM, INSTALADO EM PRUMADA DE ÁGUA - FORNECIMENTO E INSTALAÇÃO. AF_06/2022","UN","COEFICIENTE DE REPRESENTATIVIDADE",18.78,"CAIXA REFERENCIAL"]
["INSTALACOES HIDRO SANITARIAS","INHI","CONEXOES","0180","","",103977,"BUCHA DE REDUÇÃO, PVC, SOLDÁVEL, DN 40MM X 32MM, INSTALADO EM PRUMADA DE ÁGUA - FORNECIMENTO E INSTALAÇÃO. AF_06/2022","UN","COEFICIENTE DE REPRESENTATIVIDADE",6.33,"CAIXA REFERENCIAL"]
["INSTALACOES HIDRO SANITARIAS","INHI","CONEXOES","0180","","",103984,"JOELHO 90 GRAUS, PVC, SOLDÁVEL, DN 50MM, INSTALADO EM RAMAL DE DISTRIBUIÇÃO DE ÁGUA - FORNECIMENTO E INSTALAÇÃO. AF_06/2022","UN","COEFICIENTE DE REPRESENTATIVIDADE",17.28,"CAIXA REFERENCIAL"]
["INSTALACOES HIDRO SANITARIAS","INHI","CONEXOES","0180","","",103990,"UNIÃO, PVC, SOLDÁVEL, DN 40MM, INSTALADO EM RAMAL DE DISTRIBUIÇÃO DE ÁGUA - FORNECIMENTO E INSTALAÇÃO. AF_06/2022","UN","COEFICIENTE DE REPRESENTATIVIDADE",34.01,"CAIXA REFERENCIAL"]
["INSTALACOES HIDRO SANITARIAS","INHI","CONEXOES","0180","","",103996,"LUVA DE CORRER, PVC, SOLDÁVEL, DN 50MM, INSTALADO EM RAMAL DE DISTRIBUIÇÃO DE ÁGUA - FORNECIMENTO E INSTALAÇÃO. AF_06/2022","UN","COEFICIENTE DE REPRESENTATIVIDADE",38.700000000000003,"CAIXA REFERENCIAL"]
["INSTALACOES HIDRO SANITARIAS","INHI","CONEXOES","0180","","",104001,"ADAPTADOR CURTO COM BOLSA E ROSCA PARA REGISTRO, PVC, SOLDÁVEL, DN 50MM X 1.1/2\u0094, INSTALADO EM RAMAL DE DISTRIBUIÇÃO DE ÁGUA - FORNECIMENTO E INSTALAÇÃO. AF_06/2022","UN","COEFICIENTE DE REPRESENTATIVIDADE",12.37,"CAIXA REFERENCIAL"]
["INSTALACOES HIDRO SANITARIAS","INHI","CONEXOES","0180","","",104006,"TÊ DE REDUÇÃO, PVC, SOLDÁVEL, DN 50MM X 25MM, INSTALADO EM RAMAL DE DISTRIBUIÇÃO DE ÁGUA - FORNECIMENTO E INSTALAÇÃO. AF_06/2022","UN","COEFICIENTE DE REPRESENTATIVIDADE",22.91,"CAIXA REFERENCIAL"]
["INSTALACOES HIDRO SANITARIAS","INHI","CONEXOES","0180","","",104014,"BUCHA DE REDUÇÃO, LONGA, PVC, SOLDÁVEL, DN 40 X 25 MM, INSTALADO EM RAMAL DE DISTRIBUIÇÃO DE ÁGUA - FORNECIMENTO E INSTALAÇÃO. AF_06/2022","UN","COEFICIENTE DE REPRESENTATIVIDADE",9.6999999999999993,"CAIXA REFERENCIAL"]
["INSTALACOES HIDRO SANITARIAS","INHI","CONEXOES","0180","","",104019,"TE DE REDUÇÃO, CPVC, SOLDÁVEL, DN 35 X 28 MM, INSTALADO EM RAMAL DE DISTRIBUIÇÃO DE ÁGUA - FORNECIMENTO E INSTALAÇÃO. AF_06/2022","UN","ATRIBUÍDO SÃO PAULO",36.86,"CAIXA REFERENCIAL"]
["INSTALACOES HIDRO SANITARIAS","INHI","CONEXOES","0180","","",104026,"LUVA DE CORRER, CPVC, SOLDÁVEL, DN 42MM, INSTALADO EM RAMAL DE DISTRIBUIÇÃO DE ÁGUA \u0096 FORNECIMENTO E INSTALAÇÃO. AF_06/2022","UN","ATRIBUÍDO SÃO PAULO",34.6,"CAIXA REFERENCIAL"]
["INSTALACOES HIDRO SANITARIAS","INHI","CONEXOES","0180","","",104159,"LUVA DE CORRER, PVC, SOLDÁVEL, DN 40MM, INSTALADO EM RAMAL DE DISTRIBUIÇÃO DE ÁGUA \u0096 FORNECIMENTO E INSTALAÇÃO. AF_06/2022","UN","COEFICIENTE DE REPRESENTATIVIDADE",36.56,"CAIXA REFERENCIAL"]
["INSTALACOES HIDRO SANITARIAS","INHI","CONEXOES","0180","","",104171,"LUVA DE CORRER, PVC, SERIE R, ÁGUA PLUVIAL, DN 150 MM, JUNTA ELÁSTICA, FORNECIDO E INSTALADO EM RAMAL DE ENCAMINHAMENTO. AF_06/2022","UN","COEFICIENTE DE REPRESENTATIVIDADE",100.9,"CAIXA REFERENCIAL"]
["INSTALACOES HIDRO SANITARIAS","INHI","CONEXOES","0180","","",104172,"TÊ DE INSPEÇÃO, PVC, SERIE R, ÁGUA PLUVIAL, DN 150 MM, JUNTA ELÁSTICA, FORNECIDO E INSTALADO EM RAMAL DE ENCAMINHAMENTO. AF_06/2022","UN","COEFICIENTE DE REPRESENTATIVIDADE",294.58999999999997,"CAIXA REFERENCIAL"]
["INSTALACOES HIDRO SANITARIAS","INHI","CONEXOES","0180","","",104177,"TÊ, PVC, SERIE R, ÁGUA PLUVIAL, DN 150 X 150 MM, JUNTA ELÁSTICA, FORNECIDO E INSTALADO EM RAMAL DE ENCAMINHAMENTO. AF_06/2022","UN","COEFICIENTE DE REPRESENTATIVIDADE",203.1,"CAIXA REFERENCIAL"]
["INSTALACOES HIDRO SANITARIAS","INHI","CONEXOES","0180","","",104193,"JOELHO 45 GRAUS, PPR, F/ F, DN 90 MM, INSTALADO EM PRUMADA DE ÁGUA - FORNECIMENTO E INSTALAÇÃO. AF_08/2022","UN","ATRIBUÍDO SÃO PAULO",150.1,"CAIXA REFERENCIAL"]
["INSTALACOES HIDRO SANITARIAS","INHI","CONEXOES","0180","","",104201,"TÊ MISTURADOR, PPR, F M M, DN 20 X 20 MM, INSTALADO EM RAMAL OU SUB-RAMAL DE ÁGUA - FORNECIMENTO E INSTALAÇÃO. AF_08/2022","UN","ATRIBUÍDO SÃO PAULO",17.25,"CAIXA REFERENCIAL"]
["INSTALACOES HIDRO SANITARIAS","INHI","CONEXOES","0180","","",104320,"JOELHO 45 GRAUS, PVC, SOLDÁVEL, DN 32 MM, INSTALADO EM DRENO DE AR CONDICIONADO - FORNECIMENTO E INSTALAÇÃO. AF_08/2022","UN","COEFICIENTE DE REPRESENTATIVIDADE",10.52,"CAIXA REFERENCIAL"]
["INSTALACOES HIDRO SANITARIAS","INHI","CONEXOES","0180","","",104343,"JUNÇÃO DE REDUÇÃO INVERTIDA, PVC, SÉRIE NORMAL, ESGOTO PREDIAL, DN 75 X 50 MM, JUNTA ELÁSTICA, FORNECIDO E INSTALADO EM RAMAL DE DESCARGA OU RAMAL DE ESGOTO SANITÁRIO. AF_08/2022","UN","COEFICIENTE DE REPRESENTATIVIDADE",36.369999999999997,"CAIXA REFERENCIAL"]
["INSTALACOES HIDRO SANITARIAS","INHI","CONEXOES","0180","","",104348,"TERMINAL DE VENTILAÇÃO, PVC, SÉRIE NORMAL, ESGOTO PREDIAL, DN 50 MM, JUNTA SOLDÁVEL, FORNECIDO E INSTALADO EM PRUMADA DE ESGOTO SANITÁRIO OU VENTILAÇÃO. AF_08/2022","UN","COEFICIENTE DE REPRESENTATIVIDADE",11.35,"CAIXA REFERENCIAL"]
["INSTALACOES HIDRO SANITARIAS","INHI","CONEXOES","0180","","",104354,"TE, PVC, SÉRIE NORMAL, ESGOTO PREDIAL, DN 100 X 75 MM, JUNTA ELÁSTICA, FORNECIDO E INSTALADO EM PRUMADA DE ESGOTO SANITÁRIO OU VENTILAÇÃO. AF_08/2022","UN","COEFICIENTE DE REPRESENTATIVIDADE",48.56,"CAIXA REFERENCIAL"]
["INSTALACOES HIDRO SANITARIAS","INHI","CONEXOES","0180","","",104578,"LUVA DE REDUÇÃO, PARA INSTALAÇÕES EM PEX ÁGUA, DN 25 X 20 MM, COM ANEL DESLIZANTE - FORNECIMENTO E INSTALAÇÃO. AF_02/2023","UN","ATRIBUÍDO SÃO PAULO",19.54,"CAIXA REFERENCIAL"]
["INSTALACOES HIDRO SANITARIAS","INHI","CONEXOES","0180","","",104584,"LUVA , PARA INSTALAÇÕES EM PEX ÁGUA, DN 32 MM, COM ANEL DESLIZANTE - FORNECIMENTO E INSTALAÇÃO. AF_02/2023","UN","ATRIBUÍDO SÃO PAULO",30.62,"CAIXA REFERENCIAL"]
["INSTALACOES HIDRO SANITARIAS","INHI","CAIXAS D'DAGUA, DE INSPECAO E DE GORDURA","0181","","",97901,"CAIXA ENTERRADA HIDRÁULICA RETANGULAR EM ALVENARIA COM TIJOLOS CERÂMICOS MACIÇOS, DIMENSÕES INTERNAS: 0,4X0,4X0,4 M PARA REDE DE ESGOTO. AF_12/2020","UN","ATRIBUÍDO SÃO PAULO",294.24,"CAIXA REFERENCIAL"]
["INSTALACOES HIDRO SANITARIAS","INHI","CAIXAS D'DAGUA, DE INSPECAO E DE GORDURA","0181","","",97906,"CAIXA ENTERRADA HIDRÁULICA RETANGULAR, EM ALVENARIA COM BLOCOS DE CONCRETO, DIMENSÕES INTERNAS: 0,6X0,6X0,6 M PARA REDE DE ESGOTO. AF_12/2020","UN","ATRIBUÍDO SÃO PAULO",441.84,"CAIXA REFERENCIAL"]
["INSTALACOES HIDRO SANITARIAS","INHI","CAIXAS D'DAGUA, DE INSPECAO E DE GORDURA","0181","","",98105,"CAIXA DE GORDURA DUPLA (CAPACIDADE: 126 L), RETANGULAR, EM ALVENARIA COM TIJOLOS CERÂMICOS MACIÇOS, DIMENSÕES INTERNAS = 0,4X0,7 M, ALTURA INTERNA = 0,8 M. AF_12/2020","UN","ATRIBUÍDO SÃO PAULO",643.97,"CAIXA REFERENCIAL"]
["INSTALACOES HIDRO SANITARIAS","INHI","CAIXAS D'DAGUA, DE INSPECAO E DE GORDURA","0181","","",98107,"CAIXA DE GORDURA SIMPLES (CAPACIDADE: 36 L), RETANGULAR, EM ALVENARIA COM BLOCOS DE CONCRETO, DIMENSÕES INTERNAS = 0,2X0,4 M, ALTURA INTERNA = 0,8 M. AF_12/2020","UN","ATRIBUÍDO SÃO PAULO",264.64999999999998,"CAIXA REFERENCIAL"]
["INSTALACOES HIDRO SANITARIAS","INHI","CAIXAS D'DAGUA, DE INSPECAO E DE GORDURA","0181","","",99251,"CAIXA ENTERRADA HIDRÁULICA RETANGULAR EM ALVENARIA COM TIJOLOS CERÂMICOS MACIÇOS, DIMENSÕES INTERNAS: 0,4X0,4X0,4 M PARA REDE DE DRENAGEM. AF_12/2020","UN","ATRIBUÍDO SÃO PAULO",280.38,"CAIXA REFERENCIAL"]
["INSTALACOES HIDRO SANITARIAS","INHI","CAIXAS D'DAGUA, DE INSPECAO E DE GORDURA","0181","","",99260,"CAIXA ENTERRADA HIDRÁULICA RETANGULAR, EM ALVENARIA COM BLOCOS DE CONCRETO, DIMENSÕES INTERNAS: 0,6X0,6X0,6 M PARA REDE DE DRENAGEM. AF_12/2020","UN","ATRIBUÍDO SÃO PAULO",422.24,"CAIXA REFERENCIAL"]
["INSTALACOES HIDRO SANITARIAS","INHI","CAIXAS D'DAGUA, DE INSPECAO E DE GORDURA","0181","","",102590,"FURO EM CAIXA D'ÁGUA COM ESPESSURA DE 6 ATÉ 8 MM E DIÂMETRO DE 20 MM. AF_06/2021","UN","COEFICIENTE DE REPRESENTATIVIDADE",4.5,"CAIXA REFERENCIAL"]
["INSTALACOES HIDRO SANITARIAS","INHI","CAIXAS D'DAGUA, DE INSPECAO E DE GORDURA","0181","","",102595,"FURO EM CAIXA D'ÁGUA COM ESPESSURA DE 2 ATÉ 5 MM E DIÂMETRO DE 40 MM. AF_06/2021","UN","COEFICIENTE DE REPRESENTATIVIDADE",4.51,"CAIXA REFERENCIAL"]
["INSTALACOES HIDRO SANITARIAS","INHI","CAIXAS D'DAGUA, DE INSPECAO E DE GORDURA","0181","","",102601,"FURO EM CAIXA D'ÁGUA COM ESPESSURA DE 2 ATÉ 5 MM E DIÂMETRO DE 75 MM. AF_06/2021","UN","COEFICIENTE DE REPRESENTATIVIDADE",6.79,"CAIXA REFERENCIAL"]
["INSTALACOES HIDRO SANITARIAS","INHI","CAIXAS D'DAGUA, DE INSPECAO E DE GORDURA","0181","","",102606,"CAIXA D´ÁGUA EM POLIETILENO, 750 LITROS - FORNECIMENTO E INSTALAÇÃO. AF_06/2021","UN","COEFICIENTE DE REPRESENTATIVIDADE",356.13,"CAIXA REFERENCIAL"]
["INSTALACOES HIDRO SANITARIAS","INHI","CAIXAS D'DAGUA, DE INSPECAO E DE GORDURA","0181","","",102611,"CAIXA D´ÁGUA EM POLIÉSTER REFORÇADO COM FIBRA DE VIDRO, 500 LITROS - FORNECIMENTO E INSTALAÇÃO. AF_06/2021","UN","COEFICIENTE DE REPRESENTATIVIDADE",384,"CAIXA REFERENCIAL"]
["INSTALACOES HIDRO SANITARIAS","INHI","CAIXAS D'DAGUA, DE INSPECAO E DE GORDURA","0181","","",102617,"CAIXA D´ÁGUA EM POLIÉSTER REFORÇADO COM FIBRA DE VIDRO, 5000 LITROS - FORNECIMENTO E INSTALAÇÃO. AF_06/2021","UN","ATRIBUÍDO SÃO PAULO",2863.36,"CAIXA REFERENCIAL"]
["INSTALACOES HIDRO SANITARIAS","INHI","CAIXAS D'DAGUA, DE INSPECAO E DE GORDURA","0181","","",102622,"CAIXA D´ÁGUA EM POLIETILENO, 500 LITROS (INCLUSOS TUBOS, CONEXÕES E TORNEIRA DE BÓIA) - FORNECIMENTO E INSTALAÇÃO. AF_06/2021","UN","COEFICIENTE DE REPRESENTATIVIDADE",547.13,"CAIXA REFERENCIAL"]
["INSTALACOES HIDRO SANITARIAS","INHI","RALOS/CAIXA SIFONADA","0182","","",89707,"CAIXA SIFONADA, PVC, DN 100 X 100 X 50 MM, JUNTA ELÁSTICA, FORNECIDA E INSTALADA EM RAMAL DE DESCARGA OU EM RAMAL DE ESGOTO SANITÁRIO. AF_08/2022","UN","ATRIBUÍDO SÃO PAULO",47.39,"CAIXA REFERENCIAL"]
["INSTALACOES HIDRO SANITARIAS","INHI","RALOS/CAIXA SIFONADA","0182","","",104328,"CAIXA SIFONADA, COM GRELHA QUADRADA, PVC, DN 150 X 150 X 50 MM, JUNTA SOLDÁVEL, FORNECIDA E INSTALADA EM RAMAL DE DESCARGA OU EM RAMAL DE ESGOTO SANITÁRIO. AF_08/2022","UN","ATRIBUÍDO SÃO PAULO",71.150000000000006,"CAIXA REFERENCIAL"]
["INSTALACOES HIDRO SANITARIAS","INHI","APARELHOS SANITARIOS, LOUCAS, METAIS E OUTROS","0183","","",86876,"TANQUE DE MÁRMORE SINTÉTICO SUSPENSO, 22L OU EQUIVALENTE - FORNECIMENTO E INSTALAÇÃO. AF_01/2020","UN","COEFICIENTE DE REPRESENTATIVIDADE",297.56,"CAIXA REFERENCIAL"]
["INSTALACOES HIDRO SANITARIAS","INHI","APARELHOS SANITARIOS, LOUCAS, METAIS E OUTROS","0183","","",86877,"VÁLVULA EM METAL CROMADO 1.1/2\u0094 X 1.1/2\u0094 PARA TANQUE OU LAVATÓRIO, COM OU SEM LADRÃO - FORNECIMENTO E INSTALAÇÃO. AF_01/2020","UN","COEFICIENTE DE REPRESENTATIVIDADE",90.87,"CAIXA REFERENCIAL"]
["INSTALACOES HIDRO SANITARIAS","INHI","APARELHOS SANITARIOS, LOUCAS, METAIS E OUTROS","0183","","",86882,"SIFÃO DO TIPO GARRAFA/COPO EM PVC 1.1/4  X 1.1/2\u0094 - FORNECIMENTO E INSTALAÇÃO. AF_01/2020","UN","COEFICIENTE DE REPRESENTATIVIDADE",22.99,"CAIXA REFERENCIAL"]
["INSTALACOES HIDRO SANITARIAS","INHI","APARELHOS SANITARIOS, LOUCAS, METAIS E OUTROS","0183","","",86887,"ENGATE FLEXÍVEL EM INOX, 1/2  X 40CM - FORNECIMENTO E INSTALAÇÃO. AF_01/2020","UN","COEFICIENTE DE REPRESENTATIVIDADE",72.83,"CAIXA REFERENCIAL"]
["INSTALACOES HIDRO SANITARIAS","INHI","APARELHOS SANITARIOS, LOUCAS, METAIS E OUTROS","0183","","",86899,"BANCADA DE MÁRMORE BRANCO POLIDO, DE 0,50 X 0,60 M, PARA LAVATÓRIO - FORNECIMENTO E INSTALAÇÃO. AF_01/2020","UN","ATRIBUÍDO SÃO PAULO",350.7,"CAIXA REFERENCIAL"]
["INSTALACOES HIDRO SANITARIAS","INHI","APARELHOS SANITARIOS, LOUCAS, METAIS E OUTROS","0183","","",86904,"LAVATÓRIO LOUÇA BRANCA SUSPENSO, 29,5 X 39CM OU EQUIVALENTE, PADRÃO POPULAR - FORNECIMENTO E INSTALAÇÃO. AF_01/2020","UN","COEFICIENTE DE REPRESENTATIVIDADE",136.1,"CAIXA REFERENCIAL"]
["INSTALACOES HIDRO SANITARIAS","INHI","APARELHOS SANITARIOS, LOUCAS, METAIS E OUTROS","0183","","",86911,"TORNEIRA CROMADA LONGA, DE PAREDE, 1/2\u0094 OU 3/4\u0094, PARA PIA DE COZINHA, PADRÃO POPULAR - FORNECIMENTO E INSTALAÇÃO. AF_01/2020","UN","COEFICIENTE DE REPRESENTATIVIDADE",132.83000000000001,"CAIXA REFERENCIAL"]
["INSTALACOES HIDRO SANITARIAS","INHI","APARELHOS SANITARIOS, LOUCAS, METAIS E OUTROS","0183","","",86919,"TANQUE DE LOUÇA BRANCA COM COLUNA, 30L OU EQUIVALENTE, INCLUSO SIFÃO FLEXÍVEL EM PVC, VÁLVULA METÁLICA E TORNEIRA DE METAL CROMADO PADRÃO MÉDIO - FORNECIMENTO E INSTALAÇÃO. AF_01/2020","UN","COEFICIENTE DE REPRESENTATIVIDADE",917.41,"CAIXA REFERENCIAL"]
["INSTALACOES HIDRO SANITARIAS","INHI","APARELHOS SANITARIOS, LOUCAS, METAIS E OUTROS","0183","","",86924,"TANQUE DE LOUÇA BRANCA SUSPENSO, 18L OU EQUIVALENTE, INCLUSO SIFÃO TIPO GARRAFA EM PVC, VÁLVULA PLÁSTICA E TORNEIRA DE PLÁSTICO - FORNECIMENTO E INSTALAÇÃO. AF_01/2020","UN","COEFICIENTE DE REPRESENTATIVIDADE",522.42999999999995,"CAIXA REFERENCIAL"]
["INSTALACOES HIDRO SANITARIAS","INHI","APARELHOS SANITARIOS, LOUCAS, METAIS E OUTROS","0183","","",86930,"TANQUE DE MÁRMORE SINTÉTICO SUSPENSO, 22L OU EQUIVALENTE, INCLUSO SIFÃO FLEXÍVEL EM PVC, VÁLVULA PLÁSTICA E TORNEIRA DE PLÁSTICO - FORNECIMENTO E INSTALAÇÃO. AF_01/2020","UN","COEFICIENTE DE REPRESENTATIVIDADE",342.73,"CAIXA REFERENCIAL"]
["INSTALACOES HIDRO SANITARIAS","INHI","APARELHOS SANITARIOS, LOUCAS, METAIS E OUTROS","0183","","",86935,"CUBA DE EMBUTIR DE AÇO INOXIDÁVEL MÉDIA, INCLUSO VÁLVULA TIPO AMERICANA EM METAL CROMADO E SIFÃO FLEXÍVEL EM PVC - FORNECIMENTO E INSTALAÇÃO. AF_01/2020","UN","COEFICIENTE DE REPRESENTATIVIDADE",385.02,"CAIXA REFERENCIAL"]
["INSTALACOES HIDRO SANITARIAS","INHI","APARELHOS SANITARIOS, LOUCAS, METAIS E OUTROS","0183","","",86940,"LAVATÓRIO LOUÇA BRANCA COM COLUNA, 45 X 55CM OU EQUIVALENTE, PADRÃO MÉDIO, INCLUSO SIFÃO TIPO GARRAFA, VÁLVULA E ENGATE FLEXÍVEL DE 40CM EM METAL CROMADO, COM APARELHO MISTURADOR PADRÃO MÉDIO - FORNECIMENTO E INSTALAÇÃO. AF_01/2020","UN","COEFICIENTE DE REPRESENTATIVIDADE",1457.89,"CAIXA REFERENCIAL"]
["INSTALACOES HIDRO SANITARIAS","INHI","APARELHOS SANITARIOS, LOUCAS, METAIS E OUTROS","0183","","",93441,"BANCADA GRANITO CINZA  150 X 60 CM, COM CUBA DE EMBUTIR DE AÇO, VÁLVULA AMERICANA EM METAL, SIFÃO FLEXÍVEL EM PVC, ENGATE FLEXÍVEL 30 CM, TORNEIRA CROMADA LONGA, DE PAREDE, 1/2\u0094 OU 3/4\u0094, P/ COZINHA, PADRÃO POPULAR - FORNEC. E INSTALAÇÃO. AF_01/2020","UN","ATRIBUÍDO SÃO PAULO",1425.93,"CAIXA REFERENCIAL"]
["INSTALACOES HIDRO SANITARIAS","INHI","APARELHOS SANITARIOS, LOUCAS, METAIS E OUTROS","0183","","",95472,"VASO SANITARIO SIFONADO CONVENCIONAL PARA PCD SEM FURO FRONTAL COM LOUÇA BRANCA SEM ASSENTO, INCLUSO CONJUNTO DE LIGAÇÃO PARA BACIA SANITÁRIA AJUSTÁVEL - FORNECIMENTO E INSTALAÇÃO. AF_01/2020","UN","ATRIBUÍDO SÃO PAULO",723.32,"CAIXA REFERENCIAL"]
["INSTALACOES HIDRO SANITARIAS","INHI","APARELHOS SANITARIOS, LOUCAS, METAIS E OUTROS","0183","","",95542,"PORTA TOALHA ROSTO EM METAL CROMADO, TIPO ARGOLA, INCLUSO FIXAÇÃO. AF_01/2020","UN","COEFICIENTE DE REPRESENTATIVIDADE",47.68,"CAIXA REFERENCIAL"]
["INSTALACOES HIDRO SANITARIAS","INHI","APARELHOS SANITARIOS, LOUCAS, METAIS E OUTROS","0183","","",95547,"SABONETEIRA PLASTICA TIPO DISPENSER PARA SABONETE LIQUIDO COM RESERVATORIO 800 A 1500 ML, INCLUSO FIXAÇÃO. AF_01/2020","UN","COLETADO",88.59,"CAIXA REFERENCIAL"]
["INSTALACOES HIDRO SANITARIAS","INHI","APARELHOS SANITARIOS, LOUCAS, METAIS E OUTROS","0183","","",100853,"TORNEIRA CROMADA DE MESA PARA LAVATORIO, TIPO MONOCOMANDO. AF_01/2020","UN","COEFICIENTE DE REPRESENTATIVIDADE",521.35,"CAIXA REFERENCIAL"]
["INSTALACOES HIDRO SANITARIAS","INHI","APARELHOS SANITARIOS, LOUCAS, METAIS E OUTROS","0183","","",100860,"CHUVEIRO ELÉTRICO COMUM CORPO PLÁSTICO, TIPO DUCHA \u0096 FORNECIMENTO E INSTALAÇÃO. AF_01/2020","UN","COLETADO",88.65,"CAIXA REFERENCIAL"]
["INSTALACOES HIDRO SANITARIAS","INHI","APARELHOS SANITARIOS, LOUCAS, METAIS E OUTROS","0183","","",100865,"BARRA DE APOIO LATERAL ARTICULADA, COM TRAVA, EM ACO INOX POLIDO, FIXADA NA PAREDE - FORNECIMENTO E INSTALAÇÃO. AF_01/2020","UN","COEFICIENTE DE REPRESENTATIVIDADE",740.34,"CAIXA REFERENCIAL"]
["INSTALACOES HIDRO SANITARIAS","INHI","APARELHOS SANITARIOS, LOUCAS, METAIS E OUTROS","0183","","",100871,"BARRA DE APOIO RETA, EM ALUMINIO, COMPRIMENTO 70 CM,  FIXADA NA PAREDE - FORNECIMENTO E INSTALAÇÃO. AF_01/2020","UN","ATRIBUÍDO SÃO PAULO",308.18,"CAIXA REFERENCIAL"]
["INSTALACOES HIDRO SANITARIAS","INHI","APARELHOS SANITARIOS, LOUCAS, METAIS E OUTROS","0183","","",100878,"VASO SANITÁRIO SIFONADO COM CAIXA ACOPLADA, LOUÇA BRANCA - PADRÃO ALTO - FORNECIMENTO E INSTALAÇÃO. AF_01/2020","UN","ATRIBUÍDO SÃO PAULO",610.77,"CAIXA REFERENCIAL"]
["INSTALACOES HIDRO SANITARIAS","INHI","FOSSAS/SUMIDOUROS","0184","","",98056,"TANQUE SÉPTICO CIRCULAR, EM CONCRETO PRÉ-MOLDADO, DIÂMETRO INTERNO = 2,38 M, ALTURA INTERNA = 3,0 M, VOLUME ÚTIL: 12234,2 L (PARA 86 CONTRIBUINTES). AF_12/2020_PA","UN","ATRIBUÍDO SÃO PAULO",6999.66,"CAIXA REFERENCIAL"]
["INSTALACOES HIDRO SANITARIAS","INHI","FOSSAS/SUMIDOUROS","0184","","",98062,"SUMIDOURO CIRCULAR, EM CONCRETO PRÉ-MOLDADO, DIÂMETRO INTERNO = 1,88 M, ALTURA INTERNA = 2,00 M, ÁREA DE INFILTRAÇÃO: 13,1 M² (PARA 5 CONTRIBUINTES). AF_12/2020_PA","UN","ATRIBUÍDO SÃO PAULO",2989.2,"CAIXA REFERENCIAL"]
["INSTALACOES HIDRO SANITARIAS","INHI","FOSSAS/SUMIDOUROS","0184","","",98067,"TANQUE SÉPTICO RETANGULAR, EM ALVENARIA COM TIJOLOS CERÂMICOS MACIÇOS, DIMENSÕES INTERNAS: 1,2 X 2,4 X H=1,6 M, VOLUME ÚTIL: 3456 L (PARA 13 CONTRIBUINTES). AF_12/2020","UN","ATRIBUÍDO SÃO PAULO",6520.04,"CAIXA REFERENCIAL"]
["INSTALACOES HIDRO SANITARIAS","INHI","FOSSAS/SUMIDOUROS","0184","","",98072,"FILTRO ANAERÓBIO RETANGULAR, EM ALVENARIA COM TIJOLOS CERÂMICOS MACIÇOS, DIMENSÕES INTERNAS: 0,8 X 1,2 X H=1,67 M, VOLUME ÚTIL: 1152 L (PARA 5 CONTRIBUINTES). AF_12/2020","UN","ATRIBUÍDO SÃO PAULO",4174.79,"CAIXA REFERENCIAL"]
["INSTALACOES HIDRO SANITARIAS","INHI","FOSSAS/SUMIDOUROS","0184","","",98078,"SUMIDOURO RETANGULAR, EM ALVENARIA COM TIJOLOS CERÂMICOS MACIÇOS, DIMENSÕES INTERNAS: 0,8 X 1,4 X H=3,0 M, ÁREA DE INFILTRAÇÃO: 13,2 M² (PARA 5 CONTRIBUINTES). AF_12/2020","UN","ATRIBUÍDO SÃO PAULO",4615.09,"CAIXA REFERENCIAL"]
["INSTALACOES HIDRO SANITARIAS","INHI","FOSSAS/SUMIDOUROS","0184","","",98083,"TANQUE SÉPTICO RETANGULAR, EM ALVENARIA COM BLOCOS DE CONCRETO, DIMENSÕES INTERNAS: 1,2 X 2,4 X H=1,6 M, VOLUME ÚTIL: 3456 L (PARA 13 CONTRIBUINTES). AF_12/2020","UN","ATRIBUÍDO SÃO PAULO",4982.91,"CAIXA REFERENCIAL"]
["INSTALACOES HIDRO SANITARIAS","INHI","FOSSAS/SUMIDOUROS","0184","","",98084,"TANQUE SÉPTICO RETANGULAR, EM ALVENARIA COM BLOCOS DE CONCRETO, DIMENSÕES INTERNAS: 1,4 X 3,2 X H=1,8 M, VOLUME ÚTIL: 6272 L (PARA 32 CONTRIBUINTES). AF_12/2020","UN","ATRIBUÍDO SÃO PAULO",6974.64,"CAIXA REFERENCIAL"]
["INSTALACOES HIDRO SANITARIAS","INHI","FOSSAS/SUMIDOUROS","0184","","",98089,"FILTRO ANAERÓBIO RETANGULAR, EM ALVENARIA COM BLOCOS DE CONCRETO, DIMENSÕES INTERNAS: 1,2 X 1,8 X H=1,67 M, VOLUME ÚTIL: 2592 L (PARA 13 CONTRIBUINTES). AF_12/2020","UN","ATRIBUÍDO SÃO PAULO",5421.83,"CAIXA REFERENCIAL"]
["INSTALACOES HIDRO SANITARIAS","INHI","FOSSAS/SUMIDOUROS","0184","","",98094,"SUMIDOURO RETANGULAR, EM ALVENARIA COM BLOCOS DE CONCRETO, DIMENSÕES INTERNAS: 0,8 X 1,4 X H=3,0 M, ÁREA DE INFILTRAÇÃO: 13,2 M² (PARA 5 CONTRIBUINTES). AF_12/2020","UN","ATRIBUÍDO SÃO PAULO",2709.84,"CAIXA REFERENCIAL"]
["INSTALACOES HIDRO SANITARIAS","INHI","FOSSAS/SUMIDOUROS","0184","","",98111,"CAIXA DE INSPEÇÃO PARA ATERRAMENTO, CIRCULAR, EM POLIETILENO, DIÂMETRO INTERNO = 0,3 M. AF_12/2020","UN","ATRIBUÍDO SÃO PAULO",55.7,"CAIXA REFERENCIAL"]
["INSTALACOES HIDRO SANITARIAS","INHI","PONTOS DE AGUA/ESGOTO","0185","","",89959,"PONTO DE CONSUMO TERMINAL DE ÁGUA QUENTE (SUBRAMAL) COM TUBULAÇÃO DE CPVC, DN 22 MM, INSTALADO EM RAMAL DE ÁGUA, INCLUSOS RASGO E CHUMBAMENTO EM ALVENARIA. AF_12/2014","UN","ATRIBUÍDO SÃO PAULO",206.61,"CAIXA REFERENCIAL"]
["INSTALACOES HIDRO SANITARIAS","INHI","REGISTROS/VALVULAS","0271","","",89354,"MISTURADOR MONOCOMANDO PARA CHUVEIRO, BASE BRUTA E ACABAMENTO CROMADO - FORNECIMENTO E INSTALAÇÃO. AF_08/2021","UN","COEFICIENTE DE REPRESENTATIVIDADE",820.67,"CAIXA REFERENCIAL"]
["INSTALACOES HIDRO SANITARIAS","INHI","REGISTROS/VALVULAS","0271","","",89974,"KIT DE TÊ MISTURADOR EM CPVC ¾\" COM DUPLO COMANDO PARA CHUVEIRO, INCLUSIVE CONEXÕES, INSTALADO EM RAMAL DE ÁGUA - FORNECIMENTO E INSTALAÇÃO. AF_12/2014","UN","ATRIBUÍDO SÃO PAULO",267.12,"CAIXA REFERENCIAL"]
["INSTALACOES HIDRO SANITARIAS","INHI","REGISTROS/VALVULAS","0271","","",90371,"REGISTRO DE ESFERA, PVC, ROSCÁVEL, COM VOLANTE, 3/4\" - FORNECIMENTO E INSTALAÇÃO. AF_08/2021","UN","COEFICIENTE DE REPRESENTATIVIDADE",27.5,"CAIXA REFERENCIAL"]
["INSTALACOES HIDRO SANITARIAS","INHI","REGISTROS/VALVULAS","0271","","",94495,"REGISTRO DE GAVETA BRUTO, LATÃO, ROSCÁVEL, 1\" - FORNECIMENTO E INSTALAÇÃO. AF_08/2021","UN","COEFICIENTE DE REPRESENTATIVIDADE",66.48,"CAIXA REFERENCIAL"]
["INSTALACOES HIDRO SANITARIAS","INHI","REGISTROS/VALVULAS","0271","","",94500,"REGISTRO DE GAVETA BRUTO, LATÃO, ROSCÁVEL, 3\" - FORNECIMENTO E INSTALAÇÃO. AF_08/2021","UN","COEFICIENTE DE REPRESENTATIVIDADE",386.05,"CAIXA REFERENCIAL"]
["INSTALACOES HIDRO SANITARIAS","INHI","REGISTROS/VALVULAS","0271","","",94795,"TORNEIRA DE BOIA PARA CAIXA D'ÁGUA, ROSCÁVEL, 1/2\" - FORNECIMENTO E INSTALAÇÃO. AF_08/2021","UN","COEFICIENTE DE REPRESENTATIVIDADE",35.659999999999997,"CAIXA REFERENCIAL"]
["INSTALACOES HIDRO SANITARIAS","INHI","REGISTROS/VALVULAS","0271","","",95248,"VÁLVULA DE ESFERA BRUTA, BRONZE, ROSCÁVEL, 1/2\" - FORNECIMENTO E INSTALAÇÃO. AF_08/2021","UN","COEFICIENTE DE REPRESENTATIVIDADE",57.25,"CAIXA REFERENCIAL"]
["INSTALACOES HIDRO SANITARIAS","INHI","REGISTROS/VALVULAS","0271","","",95253,"VÁLVULA DE ESFERA BRUTA, BRONZE, ROSCÁVEL, 2'' - FORNECIMENTO E INSTALAÇÃO. AF_08/2021","UN","COEFICIENTE DE REPRESENTATIVIDADE",248.15,"CAIXA REFERENCIAL"]
["INSTALACOES HIDRO SANITARIAS","INHI","REGISTROS/VALVULAS","0271","","",99619,"VÁLVULA DE RETENÇÃO HORIZONTAL, DE BRONZE, ROSCÁVEL, 3/4\" - FORNECIMENTO E INSTALAÇÃO. AF_08/2021","UN","ATRIBUÍDO SÃO PAULO",117.62,"CAIXA REFERENCIAL"]
["INSTALACOES HIDRO SANITARIAS","INHI","REGISTROS/VALVULAS","0271","","",99624,"VÁLVULA DE RETENÇÃO HORIZONTAL, DE BRONZE, ROSCÁVEL, 2 1/2\" - FORNECIMENTO E INSTALAÇÃO. AF_08/2021","UN","ATRIBUÍDO SÃO PAULO",533.66,"CAIXA REFERENCIAL"]
["INSTALACOES HIDRO SANITARIAS","INHI","REGISTROS/VALVULAS","0271","","",99629,"VÁLVULA DE RETENÇÃO VERTICAL, DE BRONZE, ROSCÁVEL, 1\" - FORNECIMENTO E INSTALAÇÃO. AF_08/2021","UN","ATRIBUÍDO SÃO PAULO",85.41,"CAIXA REFERENCIAL"]
["INSTALACOES HIDRO SANITARIAS","INHI","REGISTROS/VALVULAS","0271","","",99635,"VÁLVULA DE DESCARGA METÁLICA, BASE 1 1/2\", ACABAMENTO METALICO CROMADO - FORNECIMENTO E INSTALAÇÃO. AF_08/2021","UN","ATRIBUÍDO SÃO PAULO",353.41,"CAIXA REFERENCIAL"]
["INSTALACOES HIDRO SANITARIAS","INHI","REGISTROS/VALVULAS","0271","","",103012,"VÁLVULA DE RETENÇÃO, DE BRONZE, PÉ COM CRIVOS, ROSCÁVEL, 1 1/4\" - FORNECIMENTO E INSTALAÇÃO. AF_08/2021","UN","ATRIBUÍDO SÃO PAULO",128.30000000000001,"CAIXA REFERENCIAL"]
["INSTALACOES HIDRO SANITARIAS","INHI","REGISTROS/VALVULAS","0271","","",103017,"VÁLVULA DE RETENÇÃO, DE BRONZE, PÉ COM CRIVOS, ROSCÁVEL, 4\" - FORNECIMENTO E INSTALAÇÃO. AF_08/2021","UN","ATRIBUÍDO SÃO PAULO",879.54,"CAIXA REFERENCIAL"]
["INSTALACOES HIDRO SANITARIAS","INHI","REGISTROS/VALVULAS","0271","","",103038,"REGISTRO DE ESFERA, PVC, ROSCÁVEL, COM VOLANTE, 1 1/4\" - FORNECIMENTO E INSTALAÇÃO. AF_08/2021","UN","COEFICIENTE DE REPRESENTATIVIDADE",58.25,"CAIXA REFERENCIAL"]
["INSTALACOES HIDRO SANITARIAS","INHI","REGISTROS/VALVULAS","0271","","",103043,"REGISTRO DE ESFERA, PVC, ROSCÁVEL, COM CABEÇA QUADRADA, 1/2\" - FORNECIMENTO E INSTALAÇÃO. AF_08/2021","UN","COEFICIENTE DE REPRESENTATIVIDADE",21.28,"CAIXA REFERENCIAL"]
["INSTALACOES HIDRO SANITARIAS","INHI","REGISTROS/VALVULAS","0271","","",103049,"REGISTRO DE PRESSÃO, PVC, SOLDÁVEL, VOLANTE SIMPLES, DN  25 MM - FORNECIMENTO E INSTALAÇÃO. AF_08/2021","UN","COEFICIENTE DE REPRESENTATIVIDADE",18.34,"CAIXA REFERENCIAL"]
["INSTALACOES HIDRO SANITARIAS","INHI","HIDROMETRO","0272","","",95635,"KIT CAVALETE PARA MEDIÇÃO DE ÁGUA - ENTRADA PRINCIPAL, EM PVC SOLDÁVEL DN 25 (¾\")   FORNECIMENTO E INSTALAÇÃO (EXCLUSIVE HIDRÔMETRO). AF_11/2016","UN","COEFICIENTE DE REPRESENTATIVIDADE",226.84,"CAIXA REFERENCIAL"]
["INSTALACOES HIDRO SANITARIAS","INHI","HIDROMETRO","0272","","",95641,"KIT CAVALETE PARA MEDIÇÃO DE ÁGUA - ENTRADA INDIVIDUALIZADA, EM PVC DN 25 (¾\u0094), PARA 2 MEDIDORES \u0096 FORNECIMENTO E INSTALAÇÃO (EXCLUSIVE HIDRÔMETRO). AF_11/2016","UN","COEFICIENTE DE REPRESENTATIVIDADE",291.42,"CAIXA REFERENCIAL"]
["INSTALACOES HIDRO SANITARIAS","INHI","HIDROMETRO","0272","","",95647,"KIT CAVALETE PARA MEDIÇÃO DE ÁGUA - ENTRADA INDIVIDUALIZADA, EM PVC DN 32 (1\u0094), PARA 4 MEDIDORES \u0096 FORNECIMENTO E INSTALAÇÃO (EXCLUSIVE HIDRÔMETRO). AF_11/2016","UN","COEFICIENTE DE REPRESENTATIVIDADE",777.88,"CAIXA REFERENCIAL"]
["INSTALACOES HIDRO SANITARIAS","INHI","HIDROMETRO","0272","","",95652,"KIT CAVALETE PARA MEDIÇÃO DE ÁGUA - ENTRADA INDIVIDUALIZADA, EM CPVC DN 35 (1 ¼\"), PARA 1 MEDIDOR - FORNECIMENTO E INSTALAÇÃO (EXCLUSIVE HIDRÔMETRO). AF_11/2016","UN","ATRIBUÍDO SÃO PAULO",585,"CAIXA REFERENCIAL"]
["INSTALACOES HIDRO SANITARIAS","INHI","HIDROMETRO","0272","","",95653,"KIT CAVALETE PARA MEDIÇÃO DE ÁGUA - ENTRADA INDIVIDUALIZADA, EM CPVC DN 35 (1 ¼\"), PARA 2 MEDIDORES - FORNECIMENTO E INSTALAÇÃO (EXCLUSIVE HIDRÔMETRO). AF_11/2016","UN","ATRIBUÍDO SÃO PAULO",1041.8499999999999,"CAIXA REFERENCIAL"]
["INSTALACOES HIDRO SANITARIAS","INHI","HIDROMETRO","0272","","",95659,"KIT CAVALETE PARA MEDIÇÃO DE ÁGUA - ENTRADA INDIVIDUALIZADA, EM PPR PN20 DN 25 (¾\") PARA 3 MEDIDORES - FORNECIMENTO E INSTALAÇÃO (EXCLUSIVE HIDRÔMETRO). AF_11/2016","UN","ATRIBUÍDO SÃO PAULO",634.54,"CAIXA REFERENCIAL"]
["INSTALACOES HIDRO SANITARIAS","INHI","HIDROMETRO","0272","","",95664,"KIT CAVALETE PARA MEDIÇÃO DE ÁGUA - ENTRADA INDIVIDUALIZADA, EM PPR PN20 DN 32 (1\") PARA 4 MEDIDORES - FORNECIMENTO E INSTALAÇÃO (EXCLUSIVE HIDRÔMETRO). AF_11/2016","UN","ATRIBUÍDO SÃO PAULO",1184.72,"CAIXA REFERENCIAL"]
["INSTALACOES HIDRO SANITARIAS","INHI","HIDROMETRO","0272","","",95670,"KIT CAVALETE PARA MEDIÇÃO DE ÁGUA - ENTRADA INDIVIDUALIZADA, EM PPR PN25 DN 32 (1\") PARA 2 MEDIDORES - FORNECIMENTO E INSTALAÇÃO (EXCLUSIVE HIDRÔMETRO). AF_11/2016","UN","ATRIBUÍDO SÃO PAULO",620.52,"CAIXA REFERENCIAL"]
["INSTALACOES HIDRO SANITARIAS","INHI","HIDROMETRO","0272","","",95675,"HIDRÔMETRO DN 25 (¾ ), 5,0 M³/H FORNECIMENTO E INSTALAÇÃO. AF_11/2016","UN","ATRIBUÍDO SÃO PAULO",144.03,"CAIXA REFERENCIAL"]
["INSTALACOES HIDRO SANITARIAS","INHI","SERVICOS DIVERSOS","0297","","",90438,"FURO EM ALVENARIA PARA DIÂMETROS MAIORES QUE 75 MM. AF_05/2015","UN","COEFICIENTE DE REPRESENTATIVIDADE",44.03,"CAIXA REFERENCIAL"]
["INSTALACOES HIDRO SANITARIAS","INHI","SERVICOS DIVERSOS","0297","","",90445,"RASGO EM CONTRAPISO PARA RAMAIS/ DISTRIBUIÇÃO COM DIÂMETROS MAIORES QUE 40 MM E MENORES OU IGUAIS A 75 MM. AF_05/2015","M","ATRIBUÍDO SÃO PAULO",23.92,"CAIXA REFERENCIAL"]
["INSTALACOES HIDRO SANITARIAS","INHI","SERVICOS DIVERSOS","0297","","",90453,"PASSANTE TIPO TUBO DE DIÂMETRO MENOR OU IGUAL A 40 MM, FIXADO EM LAJE. AF_05/2015","UN","COEFICIENTE DE REPRESENTATIVIDADE",2.82,"CAIXA REFERENCIAL"]
["INSTALACOES HIDRO SANITARIAS","INHI","SERVICOS DIVERSOS","0297","","",90459,"QUEBRA EM ALVENARIA PARA INSTALAÇÃO DE ABRIGO PARA MANGUEIRAS (90X60 CM). AF_05/2015","UN","COEFICIENTE DE REPRESENTATIVIDADE",33.67,"CAIXA REFERENCIAL"]
["INSTALACOES HIDRO SANITARIAS","INHI","SERVICOS DIVERSOS","0297","","",90466,"CHUMBAMENTO LINEAR EM ALVENARIA PARA RAMAIS/DISTRIBUIÇÃO COM DIÂMETROS MENORES OU IGUAIS A 40 MM. AF_05/2015","M","COEFICIENTE DE REPRESENTATIVIDADE",12.12,"CAIXA REFERENCIAL"]
["INSTALACOES HIDRO SANITARIAS","INHI","SERVICOS DIVERSOS","0297","","",91166,"FIXAÇÃO DE TUBOS HORIZONTAIS DE PEX DIAMETROS IGUAIS OU INFERIORES A 40 MM COM ABRAÇADEIRA PLÁSTICA 390 MM, FIXADA EM LAJE. AF_05/2015","M","COEFICIENTE DE REPRESENTATIVIDADE",3.79,"CAIXA REFERENCIAL"]
["INSTALACOES HIDRO SANITARIAS","INHI","SERVICOS DIVERSOS","0297","","",91172,"FIXAÇÃO DE TUBOS HORIZONTAIS DE PVC, CPVC OU COBRE DIÂMETROS MAIORES QUE 75 MM COM ABRAÇADEIRA METÁLICA RÍGIDA TIPO D 3\", FIXADA EM PERFILADO EM LAJE. AF_05/2015","M","COEFICIENTE DE REPRESENTATIVIDADE",6.49,"CAIXA REFERENCIAL"]
["INSTALACOES HIDRO SANITARIAS","INHI","SERVICOS DIVERSOS","0297","","",91177,"FIXAÇÃO DE TUBOS HORIZONTAIS DE PPR DIÂMETROS MAIORES QUE 40 MM E MENORES OU IGUAIS A 75 MM COM ABRAÇADEIRA METÁLICA RÍGIDA TIPO  D  1 1/2\" , FIXADA DIRETAMENTE NA LAJE. AF_05/2015","M","ATRIBUÍDO SÃO PAULO",13.76,"CAIXA REFERENCIAL"]
["INSTALACOES HIDRO SANITARIAS","INHI","SERVICOS DIVERSOS","0297","","",91182,"FIXAÇÃO DE TUBOS HORIZONTAIS DE PPR DIÂMETROS MENORES OU IGUAIS A 40 MM COM ABRAÇADEIRA METÁLICA FLEXÍVEL 18 MM, FIXADA DIRETAMENTE NA LAJE. AF_05/2015","M","ATRIBUÍDO SÃO PAULO",24.84,"CAIXA REFERENCIAL"]
["INSTALACOES HIDRO SANITARIAS","INHI","SERVICOS DIVERSOS","0297","","",91183,"FIXAÇÃO DE TUBOS HORIZONTAIS DE PPR DIÂMETROS MAIORES QUE 40 MM E MENORES OU IGUAIS A 75 MM COM ABRAÇADEIRA METÁLICA FLEXÍVEL 18 MM, FIXADA DIRETAMENTE NA LAJE. AF_05/2015","M","ATRIBUÍDO SÃO PAULO",12.17,"CAIXA REFERENCIAL"]
["INSTALACOES HIDRO SANITARIAS","INHI","SERVICOS DIVERSOS","0297","","",91188,"CHUMBAMENTO PONTUAL DE ABERTURA EM LAJE COM PASSAGEM DE 1 TUBO DE DIAMETRO EQUIVALENTE IGUAL À  50 MM. AF_05/2015","UN","COEFICIENTE DE REPRESENTATIVIDADE",7.02,"CAIXA REFERENCIAL"]
["INSTALACOES HIDRO SANITARIAS","INHI","SERVICOS DIVERSOS","0297","","",94480,"CONJUNTO HIDRÁULICO PARA INSTALAÇÃO DE BOMBA EM AÇO ROSCÁVEL, DN SUCÇÃO 65 (2½\u0094) E DN RECALQUE 50 (2\u0094), PARA EDIFICAÇÃO ENTRE 12 E 18 PAVIMENTOS \u0096 FORNECIMENTO E INSTALAÇÃO. AF_06/2016","UN","ATRIBUÍDO SÃO PAULO",2834.3,"CAIXA REFERENCIAL"]
["INSTALACOES HIDRO SANITARIAS","INHI","SERVICOS DIVERSOS","0297","","",96559,"SUPORTE PARA DUTO EM CHAPA GALVANIZADA BITOLA 26, ESPAÇADO A CADA 1 M, EM PERFILADO DE SEÇÃO 38X76 MM, POR ÁREA DE DUTO FIXADO. AF_07/2017","M2","ATRIBUÍDO SÃO PAULO",35.07,"CAIXA REFERENCIAL"]
["INSTALACOES HIDRO SANITARIAS","INHI","SERVICOS DIVERSOS","0297","","",100128,"TIL (TUBO DE INSPEÇÃO E LIMPEZA) RADIAL PARA ESGOTO, EM PVC, DN 300X200 MM. AF_12/2020","UN","ATRIBUÍDO SÃO PAULO",1653.25,"CAIXA REFERENCIAL"]
["INSTALACOES HIDRO SANITARIAS","INHI","SERVICOS DIVERSOS","0297","","",102112,"BOMBA CENTRÍFUGA, MONOFÁSICA, 0,5 CV OU 0,49 HP, HM 6 A 20 M, Q 1,2 A 8,3 M3/H (NÃO INCLUI O FORNECIMENTO DA BOMBA). AF_12/2020","UN","ATRIBUÍDO SÃO PAULO",123.71,"CAIXA REFERENCIAL"]
["INSTALACOES HIDRO SANITARIAS","INHI","SERVICOS DIVERSOS","0297","","",102117,"BOMBA CENTRÍFUGA, TRIFÁSICA, 1,5 CV OU 1,48 HP (NÃO INCLUI O FORNECIMENTO DA BOMBA). AF_12/2020","UN","ATRIBUÍDO SÃO PAULO",130.30000000000001,"CAIXA REFERENCIAL"]
["INSTALACOES HIDRO SANITARIAS","INHI","SERVICOS DIVERSOS","0297","","",102136,"INSTALAÇÃO DE QUADRO ELÉTRICO PARA BOMBAS TRIFÁSICAS ATÉ 25 CV (NÃO INCLUI O FORNECIMENTO DO QUADRO). AF_12/2020","UN","COEFICIENTE DE REPRESENTATIVIDADE",69.42,"CAIXA REFERENCIAL"]
["INSTALACOES HIDRO SANITARIAS","INHI","SERVICOS DIVERSOS","0297","","",103520,"RESERVATÓRIO TÉRMICO/BOILER SOLAR EM AÇO INOX 400 L COM 2 PLACAS COLETORAS EM VIDRO TEMPERADO COM SERPENTINA EM TUBO DE COBRE 2 X 1 M - FORNECIMENTO E INSTALAÇÃO. AF_12/2021","UN","ATRIBUÍDO SÃO PAULO",5435.17,"CAIXA REFERENCIAL"]
["INSTALACOES HIDRO SANITARIAS","INHI","SERVICOS DIVERSOS","0297","","",104661,"CONJUNTO DE PONTOS HIDRÁULICOS DE ÁGUA FRIA PARA COZINHA (RAMAL/SUB-RAMAL E DISTRIBUIÇÃO) EM PVC, COM TUBOS, CONEXÕES, REGISTROS, CORTES E FIXAÇÕES EM PRÉDIO COM TUBULAÇÕES EMBUTIDAS COM RASGO. AF_05/2023","UN","ATRIBUÍDO SÃO PAULO",469.84,"CAIXA REFERENCIAL"]
["INSTALACOES HIDRO SANITARIAS","INHI","SERVICOS DIVERSOS","0297","","",104667,"COMPOSIÇÃO PARAMÉTRICA DE INSTALAÇÃO DE TUBOS DE PVC SOLDÁVEL PARA ÁGUA FRIA (PRUMADA INDIVIDUAL), POR APARTAMENTO, COM  CONEXÕES, CORTES E FIXAÇÕES, PARA PRÉDIO COM ATÉ 4 PAVIMENTOS. AF_05/2023","UN","COEFICIENTE DE REPRESENTATIVIDADE",103.72,"CAIXA REFERENCIAL"]
["INSTALACOES HIDRO SANITARIAS","INHI","SERVICOS DIVERSOS","0297","","",104672,"CONJUNTO DE PONTOS HIDRÁULICOS DE ÁGUA QUENTE PARA COZINHA (RAMAL/SUB-RAMAL E DISTRIBUIÇÃO) EM CPVC, COM  TUBOS, CONEXÕES, REGISTROS, CORTES E FIXAÇÕES EM PRÉDIO COM TUBULAÇÕES EMBUTIDAS EM RASGO. AF_05/2023","UN","ATRIBUÍDO SÃO PAULO",345.44,"CAIXA REFERENCIAL"]
["INSTALACOES HIDRO SANITARIAS","INHI","SERVICOS DIVERSOS","0297","","",104677,"CONJUNTO DE PONTOS DE COLETA DE ESGOTO PARA BANHEIRO (RAMAL DE ESGOTO SANITÁRIO), EM PVC SÉRIE NORMAL, COM  TUBOS, CONEXÕES, RALOS, CAIXAS SIFONADAS, CORTES E FIXAÇÕES EM PRÉDIO COM PRUMADA DE DESCIDA DE ESGOTO FORA DO BANHEIRO. AF_05/2023","UN","ATRIBUÍDO SÃO PAULO",536.03,"CAIXA REFERENCIAL"]
["INSTALACOES HIDRO SANITARIAS","INHI","SERVICOS DIVERSOS","0297","","",104678,"CONJUNTO DE PONTOS DE COLETA DE ESGOTO PARA COZINHA (RAMAL DE ESGOTO SANITÁRIO), EM PVC SÉRIE NORMAL, COM  TUBOS, CONEXÕES, CORTES E FIXAÇÕES EM PRÉDIO. AF_05/2023","UN","ATRIBUÍDO SÃO PAULO",107.93,"CAIXA REFERENCIAL"]
["INSTALACOES HIDRO SANITARIAS","INHI","SERVICOS DIVERSOS","0297","","",104683,"COMPOSIÇÃO PARAMÉTRICA DE INSTALAÇÃO DE TUBOS DE PVC SÉRIE NORMAL (PRUMADA DE VENTILAÇÃO), DN 75MM, POR APARTAMENTO (1 BANHEIRO) E DESCIDA DE ESGOTO FORA DO BANHEIRO, COM  CONEXÕES, CORTES E FIXAÇÕES PARA PRÉDIO COM ATÉ 4 PAVIMENTOS. AF_05/2023","UN","COEFICIENTE DE REPRESENTATIVIDADE",91.44,"CAIXA REFERENCIAL"]
["LIGACOES PREDIAIS AGUA/ESGOTO/ENERGIA/TELEFONE","LIPR","LIGACOES PREDIAIS DE AGUA","0058","","",104036,"COLAR DE TOMADA, POLIPROPILENO, COM PARAFUSOS, 63 MM X 3/4\", PARA LIGAÇÃO PREDIAL DE ÁGUA. AF_06/2022","UN","ATRIBUÍDO SÃO PAULO",34.409999999999997,"CAIXA REFERENCIAL"]
["LIGACOES PREDIAIS AGUA/ESGOTO/ENERGIA/TELEFONE","LIPR","LIGACOES PREDIAIS DE AGUA","0058","","",104046,"COTOVELO/JOELHO COM ADAPTADOR, POLIPROPILENO, PARA TUBOS EM PEAD, 20 MM X 1/2\", PARA LIGAÇÃO PREDIAL DE ÁGUA. AF_06/2022","UN","ATRIBUÍDO SÃO PAULO",7.12,"CAIXA REFERENCIAL"]
["LIGACOES PREDIAIS AGUA/ESGOTO/ENERGIA/TELEFONE","LIPR","LIGACOES PREDIAIS DE AGUA","0058","","",104051,"COTOVELO/JOELHO 90°, POLIPROPILENO, PARA TUBOS EM PEAD, 20 X 20 MM, PARA LIGAÇÃO PREDIAL DE ÁGUA. AF_06/2022","UN","ATRIBUÍDO SÃO PAULO",6.64,"CAIXA REFERENCIAL"]
["LIGACOES PREDIAIS AGUA/ESGOTO/ENERGIA/TELEFONE","LIPR","LIGACOES PREDIAIS DE AGUA","0058","","",104058,"LUVA, PVC, ROSCÁVEL, 1/2\", PARA LIGAÇÃO PREDIAL DE ÁGUA. AF_06/2022","UN","COEFICIENTE DE REPRESENTATIVIDADE",5.93,"CAIXA REFERENCIAL"]
["LIGACOES PREDIAIS AGUA/ESGOTO/ENERGIA/TELEFONE","LIPR","LIGACOES PREDIAIS DE AGUA","0058","","",104114,"COMPOSIÇÃO PARAMÉTRICA DE LIGAÇÃO PREDIAL DE ÁGUA, REDE DN 50 MM, RAMAL PREDIAL DE 20 MM, L = 4,0 M, LARGURA DA VALA = 0,65 M; COM COLAR DE TOMADA DE PVC; ESCAVAÇÃO MECANIZADA, PREPARO DE FUNDO DE VALA E REATERRO COMPACTADO. AF_06/2022","UN","ATRIBUÍDO SÃO PAULO",190.79,"CAIXA REFERENCIAL"]
["LIGACOES PREDIAIS AGUA/ESGOTO/ENERGIA/TELEFONE","LIPR","LIGACOES PREDIAIS DE ESGOTO","0059","","",104062,"CURVA LONGA, 90 GRAUS, PVC OCRE, JUNTA ELÁSTICA, DN 100 MM, PARA COLETOR PREDIAL DE ESGOTO. AF_06/2022","UN","COEFICIENTE DE REPRESENTATIVIDADE",75.56,"CAIXA REFERENCIAL"]
["LIGACOES PREDIAIS AGUA/ESGOTO/ENERGIA/TELEFONE","LIPR","LIGACOES PREDIAIS DE ESGOTO","0059","","",104072,"TÊ, PVC OCRE, JUNTA ELÁSTICA, DN 200 MM, PARA COLETOR PREDIAL DE ESGOTO. AF_06/2022","UN","COEFICIENTE DE REPRESENTATIVIDADE",309.7,"CAIXA REFERENCIAL"]
["LIGACOES PREDIAIS AGUA/ESGOTO/ENERGIA/TELEFONE","LIPR","LIGACOES PREDIAIS DE ESGOTO","0059","","",104086,"TUBO, PVC OCRE, JUNTA ELÁSTICA, DN 150 MM, PARA COLETOR PREDIAL DE ESGOTO. AF_06/2022","M","COEFICIENTE DE REPRESENTATIVIDADE",98.68,"CAIXA REFERENCIAL"]
["LIGACOES PREDIAIS AGUA/ESGOTO/ENERGIA/TELEFONE","LIPR","LIGACOES PREDIAIS DE ESGOTO","0059","","",104154,"COMPOSIÇÃO PARAMÉTRICA DE LIGAÇÃO PREDIAL DE ESGOTO, REDE DN 150 MM, COLETOR PREDIAL DN 100 MM, L = 6,0 M, LARGURA DA VALA = 0,65 M; COM SELIM E CURVA 90 GRAUS; ESCAVAÇÃO MANUAL, PREPARO DE FUNDO DE VALA E REATERRO COMPACTADO. AF_06/2022","UN","ATRIBUÍDO SÃO PAULO",938.43,"CAIXA REFERENCIAL"]
["MOVIMENTO DE TERRA","MOVT","CORTE/ESCAVACAO EM JAZIDAS OU CAMPO ABERTO","0018","","",96524,"ESCAVAÇÃO MECANIZADA PARA VIGA BALDRAME COM MINI-ESCAVADEIRA (SEM ESCAVAÇÃO PARA COLOCAÇÃO DE FÔRMAS). AF_06/2017","M3","ATRIBUÍDO SÃO PAULO",166.49,"CAIXA REFERENCIAL"]
["MOVIMENTO DE TERRA","MOVT","CORTE/ESCAVACAO EM JAZIDAS OU CAMPO ABERTO","0018","","",101114,"ESCAVAÇÃO HORIZONTAL EM SOLO DE 1A CATEGORIA COM TRATOR DE ESTEIRAS (100HP/LÂMINA: 2,19M3). AF_07/2020","M3","ATRIBUÍDO SÃO PAULO",3.68,"CAIXA REFERENCIAL"]
["MOVIMENTO DE TERRA","MOVT","CORTE/ESCAVACAO EM JAZIDAS OU CAMPO ABERTO","0018","","",101115,"ESCAVAÇÃO HORIZONTAL EM SOLO DE 1A CATEGORIA COM TRATOR DE ESTEIRAS (150HP/LÂMINA: 3,18M3). AF_07/2020","M3","ATRIBUÍDO SÃO PAULO",3.15,"CAIXA REFERENCIAL"]
["MOVIMENTO DE TERRA","MOVT","CORTE/ESCAVACAO EM JAZIDAS OU CAMPO ABERTO","0018","","",101120,"ESCAVAÇÃO HORIZONTAL, INCLUINDO ESCARIFICAÇÃO EM SOLO DE 2A CATEGORIA COM TRATOR DE ESTEIRAS (150HP/LÂMINA: 3,18M3). AF_07/2020","M3","ATRIBUÍDO SÃO PAULO",6.03,"CAIXA REFERENCIAL"]
["MOVIMENTO DE TERRA","MOVT","CORTE/ESCAVACAO EM JAZIDAS OU CAMPO ABERTO","0018","","",101126,"ESCAVAÇÃO HORIZONTAL, INCLUINDO CARGA E DESCARGA EM SOLO DE 1A CATEGORIA COM TRATOR DE ESTEIRAS (170HP/LÂMINA: 5,20M3). AF_07/2020","M3","ATRIBUÍDO SÃO PAULO",11.96,"CAIXA REFERENCIAL"]
["MOVIMENTO DE TERRA","MOVT","CORTE/ESCAVACAO EM JAZIDAS OU CAMPO ABERTO","0018","","",101131,"ESCAVAÇÃO HORIZONTAL, INCLUINDO ESCARIFICAÇÃO, CARGA E DESCARGA EM SOLO DE 2A CATEGORIA COM TRATOR DE ESTEIRAS (170HP/LÂMINA: 5,20M3). AF_07/2020","M3","ATRIBUÍDO SÃO PAULO",14.17,"CAIXA REFERENCIAL"]
["MOVIMENTO DE TERRA","MOVT","CORTE/ESCAVACAO EM JAZIDAS OU CAMPO ABERTO","0018","","",101136,"ESCAVAÇÃO HORIZONTAL, INCLUINDO CARGA, DESCARGA E TRANSPORTE EM SOLO DE 1A CATEGORIA COM TRATOR DE ESTEIRAS (170HP/LÂMINA: 5,20M3) E CAMINHÃO BASCULANTE DE 10M3, DMT ATÉ 200M. AF_07/2020","M3","ATRIBUÍDO SÃO PAULO",12.59,"CAIXA REFERENCIAL"]
["MOVIMENTO DE TERRA","MOVT","CORTE/ESCAVACAO EM JAZIDAS OU CAMPO ABERTO","0018","","",101142,"ESCAVAÇÃO HORIZONTAL, INCLUINDO ESCARIFICAÇÃO, CARGA, DESCARGA E TRANSPORTE EM SOLO DE 2A CATEGORIA COM TRATOR DE ESTEIRAS (347HP/LÂMINA: 8,70M3) E CAMINHÃO BASCULANTE DE 10M3, DMT ATÉ 200M. AF_07/2020","M3","ATRIBUÍDO SÃO PAULO",16.600000000000001,"CAIXA REFERENCIAL"]
["MOVIMENTO DE TERRA","MOVT","CORTE/ESCAVACAO EM JAZIDAS OU CAMPO ABERTO","0018","","",101147,"ESCAVAÇÃO HORIZONTAL, INCLUINDO CARGA, DESCARGA E TRANSPORTE EM SOLO DE 1A CATEGORIA COM TRATOR DE ESTEIRAS (347HP/LÂMINA: 8,70M3) E CAMINHÃO BASCULANTE DE 14M3, DMT ATÉ 200M. AF_07/2020","M3","ATRIBUÍDO SÃO PAULO",13.48,"CAIXA REFERENCIAL"]
["MOVIMENTO DE TERRA","MOVT","CORTE/ESCAVACAO EM JAZIDAS OU CAMPO ABERTO","0018","","",101152,"ESCAVAÇÃO HORIZONTAL, INCLUINDO ESCARIFICAÇÃO, CARGA, DESCARGA E TRANSPORTE EM SOLO DE 2A CATEGORIA COM TRATOR DE ESTEIRAS (347HP/LÂMINA: 8,70M3) E CAMINHÃO BASCULANTE DE 14M3, DMT ATÉ 200M. AF_07/2020","M3","ATRIBUÍDO SÃO PAULO",16.54,"CAIXA REFERENCIAL"]
["MOVIMENTO DE TERRA","MOVT","CORTE/ESCAVACAO EM JAZIDAS OU CAMPO ABERTO","0018","","",101210,"ESCAVAÇÃO VERTICAL PARA  EDIFICAÇÃO, COM CARGA, DESCARGA E TRANSPORTE DE SOLO DE 1ª CATEGORIA, COM ESCAVADEIRA HIDRÁULICA (CAÇAMBA: 0,8 M³ / 111 HP), FROTA DE 4 CAMINHÕES BASCULANTES DE 14 M³, DMT DE 1,5 KM E VELOCIDADE MÉDIA 18 KM/H. AF_05/2020","M3","ATRIBUÍDO SÃO PAULO",16.38,"CAIXA REFERENCIAL"]
["MOVIMENTO DE TERRA","MOVT","CORTE/ESCAVACAO EM JAZIDAS OU CAMPO ABERTO","0018","","",101215,"ESCAVAÇÃO VERTICAL PARA  EDIFICAÇÃO, COM CARGA, DESCARGA E TRANSPORTE DE SOLO DE 1ª CATEGORIA, COM ESCAVADEIRA HIDRÁULICA (CAÇAMBA: 0,8 M³ / 111 HP), FROTA DE 4 CAMINHÕES BASCULANTES DE 18 M³, DMT DE 1,5 KM E VELOCIDADE MÉDIA 18 KM/H. AF_05/2020","M3","ATRIBUÍDO SÃO PAULO",15.73,"CAIXA REFERENCIAL"]
["MOVIMENTO DE TERRA","MOVT","CORTE/ESCAVACAO EM JAZIDAS OU CAMPO ABERTO","0018","","",101221,"ESCAVAÇÃO VERTICAL PARA  EDIFICAÇÃO, COM CARGA, DESCARGA E TRANSPORTE DE SOLO DE 1ª CATEGORIA, COM ESCAVADEIRA HIDRÁULICA (CAÇAMBA: 1,2 M³ / 155 HP), FROTA DE 5 CAMINHÕES BASCULANTES DE 14 M³, DMT DE 2 KM E VELOCIDADE MÉDIA 19 KM/H. AF_05/2020","M3","ATRIBUÍDO SÃO PAULO",16.34,"CAIXA REFERENCIAL"]
["MOVIMENTO DE TERRA","MOVT","CORTE/ESCAVACAO EM JAZIDAS OU CAMPO ABERTO","0018","","",101226,"ESCAVAÇÃO VERTICAL PARA  EDIFICAÇÃO, COM CARGA, DESCARGA E TRANSPORTE DE SOLO DE 1ª CATEGORIA, COM ESCAVADEIRA HIDRÁULICA (CAÇAMBA: 1,2 M³ / 155 HP), FROTA DE 5 CAMINHÕES BASCULANTES DE 18 M³, DMT DE 2 KM E VELOCIDADE MÉDIA 19 KM/H. AF_05/2020","M3","ATRIBUÍDO SÃO PAULO",14.96,"CAIXA REFERENCIAL"]
["MOVIMENTO DE TERRA","MOVT","CORTE/ESCAVACAO EM JAZIDAS OU CAMPO ABERTO","0018","","",101231,"ESCAVAÇÃO VERTICAL PARA INFRAESTRUTURA, COM CARGA, DESCARGA E TRANSPORTE DE SOLO DE 1ª CATEGORIA, COM ESCAVADEIRA HIDRÁULICA (CAÇAMBA: 0,8 M³ / 111 HP), FROTA DE 3 CAMINHÕES BASCULANTES DE 18 M³, DMT ATÉ 1 KM E VELOCIDADE MÉDIA14 KM/H. AF_05/2020","M3","ATRIBUÍDO SÃO PAULO",9.8000000000000007,"CAIXA REFERENCIAL"]
["MOVIMENTO DE TERRA","MOVT","CORTE/ESCAVACAO EM JAZIDAS OU CAMPO ABERTO","0018","","",101232,"ESCAVAÇÃO VERTICAL PARA INFRAESTRUTURA, COM CARGA, DESCARGA E TRANSPORTE DE SOLO DE 1ª CATEGORIA, COM ESCAVADEIRA HIDRÁULICA (CAÇAMBA: 1,2 M³ / 155 HP), FROTA DE 3 CAMINHÕES BASCULANTES DE 14 M³, DMT ATÉ 1 KM E VELOCIDADE MÉDIA14 KM/H. AF_05/2020","M3","ATRIBUÍDO SÃO PAULO",8.82,"CAIXA REFERENCIAL"]
["MOVIMENTO DE TERRA","MOVT","CORTE/ESCAVACAO EM JAZIDAS OU CAMPO ABERTO","0018","","",101237,"ESCAVAÇÃO VERTICAL PARA INFRAESTRUTURA, COM CARGA, DESCARGA E TRANSPORTE DE SOLO DE 1ª CATEGORIA, COM ESCAVADEIRA HIDRÁULICA (CAÇAMBA: 0,8 M³ / 111HP), FROTA DE 6 CAMINHÕES BASCULANTES DE 14 M³, DMT DE 4 KM E VELOCIDADE MÉDIA 22 KM/H. AF_05/2020","M3","ATRIBUÍDO SÃO PAULO",21.03,"CAIXA REFERENCIAL"]
["MOVIMENTO DE TERRA","MOVT","CORTE/ESCAVACAO EM JAZIDAS OU CAMPO ABERTO","0018","","",101243,"ESCAVAÇÃO VERTICAL PARA INFRAESTRUTURA, COM CARGA, DESCARGA E TRANSPORTE DE SOLO DE 1ª CATEGORIA, COM ESCAVADEIRA HIDRÁULICA (CAÇAMBA: 0,8 M³ / 111HP), FROTA DE 7 CAMINHÕES BASCULANTES DE 18 M³, DMT DE 6 KM E VELOCIDADE MÉDIA 22 KM/H. AF_05/2020","M3","ATRIBUÍDO SÃO PAULO",23.63,"CAIXA REFERENCIAL"]
["MOVIMENTO DE TERRA","MOVT","CORTE/ESCAVACAO EM JAZIDAS OU CAMPO ABERTO","0018","","",101248,"ESCAVAÇÃO VERTICAL PARA INFRAESTRUTURA, COM CARGA, DESCARGA E TRANSPORTE DE SOLO DE 1ª CATEGORIA, COM ESCAVADEIRA HIDRÁULICA (CAÇAMBA: 1,2 M³ / 155HP), FROTA DE 10 CAMINHÕES BASCULANTES DE 14 M³, DMT DE 6 KM E VELOCIDADE MÉDIA22 KM/H. AF_05/2020","M3","ATRIBUÍDO SÃO PAULO",25.46,"CAIXA REFERENCIAL"]
["MOVIMENTO DE TERRA","MOVT","CORTE/ESCAVACAO EM JAZIDAS OU CAMPO ABERTO","0018","","",101253,"ESCAVAÇÃO VERTICAL PARA INFRAESTRUTURA, COM CARGA, DESCARGA E TRANSPORTE DE SOLO DE 1ª CATEGORIA, COM ESCAVADEIRA HIDRÁULICA (CAÇAMBA: 1,2 M³ / 155HP), FROTA DE 9 CAMINHÕES BASCULANTES DE 18 M³, DMT DE 6 KM E VELOCIDADE MÉDIA 22 KM/H. AF_05/2020","M3","ATRIBUÍDO SÃO PAULO",22.38,"CAIXA REFERENCIAL"]
["MOVIMENTO DE TERRA","MOVT","CORTE/ESCAVACAO EM JAZIDAS OU CAMPO ABERTO","0018","","",101259,"ESCAVAÇÃO VERTICAL PARA  EDIFICAÇÃO, COM CARGA, DESCARGA E TRANSPORTE DE SOLO DE 1ª CATEGORIA, COM ESCAVADEIRA HIDRÁULICA (CAÇAMBA: 0,8 M³ / 111HP), FROTA DE 7 CAMINHÕES BASCULANTES DE 10 M³, DMT DE 4 KM E VELOCIDADE MÉDIA 22 KM/H. AF_05/2020","M3","ATRIBUÍDO SÃO PAULO",25.19,"CAIXA REFERENCIAL"]
["MOVIMENTO DE TERRA","MOVT","CORTE/ESCAVACAO EM JAZIDAS OU CAMPO ABERTO","0018","","",101264,"ESCAVAÇÃO VERTICAL PARA  EDIFICAÇÃO, COM CARGA, DESCARGA E TRANSPORTE DE SOLO DE 1ª CATEGORIA, COM ESCAVADEIRA HIDRÁULICA (CAÇAMBA: 1,2 M³ / 155HP), FROTA DE 8 CAMINHÕES BASCULANTES DE 10 M³, DMT DE 4 KM E VELOCIDADE MÉDIA 22 KM/H. AF_05/2020","M3","ATRIBUÍDO SÃO PAULO",23.77,"CAIXA REFERENCIAL"]
["MOVIMENTO DE TERRA","MOVT","CORTE/ESCAVACAO EM JAZIDAS OU CAMPO ABERTO","0018","","",101269,"ESCAVAÇÃO VERTICAL PARA INFRAESTRUTURA, COM CARGA, DESCARGA E TRANSPORTE DE SOLO DE 1ª CATEGORIA, COM ESCAVADEIRA HIDRÁULICA (CAÇAMBA: 0,8 M³ / 111HP), FROTA DE 6 CAMINHÕES BASCULANTES DE 10 M³, DMT DE 2 KM E VELOCIDADE MÉDIA 19 KM/H. AF_05/2020","M3","ATRIBUÍDO SÃO PAULO",18.75,"CAIXA REFERENCIAL"]
["MOVIMENTO DE TERRA","MOVT","CORTE/ESCAVACAO EM JAZIDAS OU CAMPO ABERTO","0018","","",101275,"ESCAVAÇÃO VERTICAL PARA INFRAESTRUTURA, COM CARGA, DESCARGA E TRANSPORTE DE SOLO DE 1ª CATEGORIA, COM ESCAVADEIRA HIDRÁULICA (CAÇAMBA: 1,2 M³ / 155HP), FROTA DE 8 CAMINHÕES BASCULANTES DE 10 M³, DMT DE 3 KM E VELOCIDADE MÉDIA 20 KM/H. AF_05/2020","M3","ATRIBUÍDO SÃO PAULO",20.62,"CAIXA REFERENCIAL"]
["MOVIMENTO DE TERRA","MOVT","CORTE/ESCAVACAO EM JAZIDAS OU CAMPO ABERTO","0018","","",102360,"RETIRADA DE MATERIAL DE 3ª CATEGORIA (APÓS ESCAVAÇÃO/DESMONTE) EM VALAS, COM ESCAVADEIRA HIDRÁULICA - EXCLUSIVE CARGA E TRANSPORTE. AF_03/2021","M3","ATRIBUÍDO SÃO PAULO",21.88,"CAIXA REFERENCIAL"]
["MOVIMENTO DE TERRA","MOVT","ESCAVACAO DE VALAS","0019","","",90090,"ESCAVAÇÃO MECANIZADA DE VALA COM PROF. MAIOR QUE 4,5 M ATÉ 6,0 M(MÉDIA MONTANTE E JUSANTE/UMA COMPOSIÇÃO POR TRECHO), ESCAVADEIRA (1,2 M3), LARG. DE 1,5 M A 2,5 M, EM SOLO DE 1A CATEGORIA, EM LOCAIS COM ALTO NÍVEL DE INTERFERÊNCIA. AF_02/2021","M3","ATRIBUÍDO SÃO PAULO",8.3699999999999992,"CAIXA REFERENCIAL"]
["MOVIMENTO DE TERRA","MOVT","ESCAVACAO DE VALAS","0019","","",90098,"ESCAVAÇÃO MECANIZADA DE VALA COM PROF. MAIOR QUE 4,5 M ATÉ 6,0 M (MÉDIA MONTANTE E JUSANTE/UMA COMPOSIÇÃO POR TRECHO), ESCAVADEIRA (1,2 M3), LARG. DE 1,5 M A 2,5 M, EM SOLO DE 1A CATEGORIA, LOCAIS COM BAIXO NÍVEL DE INTERFERÊNCIA. AF_02/2021","M3","ATRIBUÍDO SÃO PAULO",4.63,"CAIXA REFERENCIAL"]
["MOVIMENTO DE TERRA","MOVT","ESCAVACAO DE VALAS","0019","","",90105,"ESCAVAÇÃO MECANIZADA DE VALA COM PROFUNDIDADE ATÉ 1,5 M (MÉDIA MONTANTE E JUSANTE/UMA COMPOSIÇÃO POR TRECHO), RETROESCAV. (0,26 M3), LARGURA MENOR QUE 0,8 M, EM SOLO DE 1A CATEGORIA, LOCAIS COM BAIXO NÍVEL DE INTERFERÊNCIA. AF_02/2021","M3","ATRIBUÍDO SÃO PAULO",7.35,"CAIXA REFERENCIAL"]
["MOVIMENTO DE TERRA","MOVT","ESCAVACAO DE VALAS","0019","","",90106,"ESCAVAÇÃO MECANIZADA DE VALA COM PROFUNDIDADE ATÉ 1,5 M (MÉDIA MONTANTE E JUSANTE/UMA COMPOSIÇÃO POR TRECHO), RETROESCAV. (0,26 M3), LARGURA DE 0,8 M A 1,5 M, EM SOLO DE 1A CATEGORIA, LOCAIS COM BAIXO NÍVEL DE INTERFERÊNCIA. AF_02/2021","M3","ATRIBUÍDO SÃO PAULO",6.26,"CAIXA REFERENCIAL"]
["MOVIMENTO DE TERRA","MOVT","ESCAVACAO DE VALAS","0019","","",102277,"ESCAVAÇÃO MECANIZADA DE VALA COM PROF. MAIOR QUE  4,5 M ATÉ 6,0 M (MÉDIA MONTANTE E JUSANTE/UMA COMPOSIÇÃO POR TRECHO), ESCAVADEIRA (0,8 M3), LARG. MENOR QUE 1,5 M, EM SOLO DE 1A CATEGORIA, EM LOCAIS COM ALTO NÍVEL DE INTERFERÊNCIA. AF_02/2021","M3","ATRIBUÍDO SÃO PAULO",9.0500000000000007,"CAIXA REFERENCIAL"]
["MOVIMENTO DE TERRA","MOVT","ESCAVACAO DE VALAS","0019","","",102282,"ESCAVAÇÃO MECANIZADA DE VALA COM PROF. ATÉ 1,5 M (MÉDIA MONTANTE E JUSANTE/UMA COMPOSIÇÃO POR TRECHO), ESCAVADEIRA (0,8 M3),LARG. MENOR QUE 1,5 M, EM SOLO DE MOLE, EM LOCAIS COM ALTO NÍVEL DE INTERFERÊNCIA. AF_02/2021","M3","ATRIBUÍDO SÃO PAULO",12.73,"CAIXA REFERENCIAL"]
["MOVIMENTO DE TERRA","MOVT","ESCAVACAO DE VALAS","0019","","",102288,"ESCAVAÇÃO MECANIZADA DE VALA COM PROF. DE 3,0 M ATÉ 4,5 M (MÉDIA MONTANTE E JUSANTE/UMA COMPOSIÇÃO POR TRECHO), ESCAVADEIRA (1,2 M3), LARG. DE 1,5 M A 2,5 M, EM SOLO MOLE, EM LOCAIS COM ALTO NÍVEL DE INTERFERÊNCIA. AF_02/2021","M3","ATRIBUÍDO SÃO PAULO",9.5299999999999994,"CAIXA REFERENCIAL"]
["MOVIMENTO DE TERRA","MOVT","ESCAVACAO DE VALAS","0019","","",102293,"ESCAVAÇÃO MECANIZADA DE VALA COM PROF.MAIOR QUE 3,0 M ATÉ 4,5 M (MÉDIA MONTANTE E JUSANTE/UMA COMPOSIÇÃO POR TRECHO), ESCAVADEIRA (0,8 M3), LARG. MENOR QUE 1,5 M, EM SOLO MOLE, LOCAIS COM BAIXO NÍVEL DE INTERFERÊNCIA. AF_02/2021","M3","ATRIBUÍDO SÃO PAULO",5.73,"CAIXA REFERENCIAL"]
["MOVIMENTO DE TERRA","MOVT","ESCAVACAO DE VALAS","0019","","",102299,"ESCAVAÇÃO MECANIZADA DE VALA COM PROF. ATÉ 1,5 M (MÉDIA MONTANTE E JUSANTE/UMA COMPOSIÇÃO POR TRECHO), RETROESCAV. (0,26 M3), LARG. DE 0,8 M A 1,5 M, EM SOLO MOLE, EM LOCAIS COM ALTO NÍVEL DE INTERFERÊNCIA. AF_02/2021","M3","ATRIBUÍDO SÃO PAULO",12.59,"CAIXA REFERENCIAL"]
["MOVIMENTO DE TERRA","MOVT","ESCAVACAO DE VALAS","0019","","",102304,"ESCAVAÇÃO MECANIZADA DE VALA COM PROF. MAIOR QUE 1,5 M ATÉ 3,0 M (MÉDIA MONTANTE E JUSANTE/UMA COMPOSIÇÃO POR TRECHO), RETROESCAV. (0,26 M3 ),LARG. MENOR QUE 0,8 M, EM SOLO MOLE, LOCAIS COM BAIXO NÍVEL DE INTERFERÊNCIA. AF_02/2021","M3","ATRIBUÍDO SÃO PAULO",6.85,"CAIXA REFERENCIAL"]
["MOVIMENTO DE TERRA","MOVT","ESCAVACAO DE VALAS","0019","","",102309,"ESCAVAÇÃO MECANIZADA DE VALA COM PROF. MAIOR QUE 3,0 M ATÉ 4,5 M (MÉDIA MONTANTE E JUSANTE/UMA COMPOSIÇÃO POR TRECHO), ESCAVADEIRA (0,8 M3), LARG. MENOR QUE 1,5 M, EM SOLO DE 2A CATEGORIA, EM LOCAIS COM ALTO NÍVEL DE INTERFERÊNCIA. AF_02/2021","M3","ATRIBUÍDO SÃO PAULO",11.68,"CAIXA REFERENCIAL"]
["MOVIMENTO DE TERRA","MOVT","ESCAVACAO DE VALAS","0019","","",102315,"ESCAVAÇÃO MECANIZADA DE VALA COM PROF. ATÉ 1,5 M (MÉDIA MONTANTE E JUSANTE/UMA COMPOSIÇÃO POR TRECHO), ESCAVADEIRA (0,8 M3), LARG. DE 1,5 M A 2,5 M, EM SOLO DE 2A CATEGORIA, LOCAIS COM BAIXO NÍVEL DE INTERFERÊNCIA. AF_02/2021","M3","ATRIBUÍDO SÃO PAULO",7.03,"CAIXA REFERENCIAL"]
["MOVIMENTO DE TERRA","MOVT","ESCAVACAO DE VALAS","0019","","",102320,"ESCAVAÇÃO MECANIZADA DE VALA COM PROF. MAIOR QUE 3,0 M ATÉ 4,5 M (MÉDIA MONTANTE E JUSANTE/UMA COMPOSIÇÃO POR TRECHO), ESCAVADEIRA (1,2 M3), LARG. DE 1,5 M A 2,5 M, EM SOLO DE 2A CATEGORIA, LOCAIS COM BAIXO NÍVEL DE INTERFERÊNCIA. AF_02/2021","M3","ATRIBUÍDO SÃO PAULO",5.9,"CAIXA REFERENCIAL"]
["MOVIMENTO DE TERRA","MOVT","ESCAVACAO DE VALAS","0019","","",102326,"ESCAVAÇÃO MECANIZADA DE VALA COM PROF. ATÉ 1,5 M (MÉDIA MONTANTE E JUSANTE/UMA COMPOSIÇÃO POR TRECHO), RETROESCAV. (0,26 M3), LARGURA MENOR  QUE 0,8 M, EM SOLO DE 2A CATEGORIA, EM LOCAIS COM BAIXO NÍVEL DE NTERFERÊNCIA. AF_02/2021","M3","ATRIBUÍDO SÃO PAULO",9.1999999999999993,"CAIXA REFERENCIAL"]
["MOVIMENTO DE TERRA","MOVT","ATERRO COM OU S/COMPACTACAO","0020","","",94306,"ATERRO MECANIZADO DE VALA COM ESCAVADEIRA HIDRÁULICA (CAPACIDADE DA CAÇAMBA: 0,8 M³ / POTÊNCIA: 111 HP), LARGURA ATÉ 2,5 M, PROFUNDIDADE DE 1,5 A 3,0 M, COM SOLO ARGILO-ARENOSO. AF_08/2023","M3","ATRIBUÍDO SÃO PAULO",64.98,"CAIXA REFERENCIAL"]
["MOVIMENTO DE TERRA","MOVT","ATERRO COM OU S/COMPACTACAO","0020","","",94327,"ATERRO MECANIZADO DE VALA COM ESCAVADEIRA HIDRÁULICA (CAPACIDADE DA CAÇAMBA: 0,8 M³/POTÊNCIA: 111 HP), LARGURA ATÉ 2,5 M, PROFUNDIDADE ATÉ 1,5 M, COM AREIA PARA ATERRO. AF_08/2023","M3","ATRIBUÍDO SÃO PAULO",92.93,"CAIXA REFERENCIAL"]
["MOVIMENTO DE TERRA","MOVT","ATERRO COM OU S/COMPACTACAO","0020","","",94329,"ATERRO MECANIZADO DE VALA COM ESCAVADEIRA HIDRÁULICA (CAPACIDADE DA CAÇAMBA: 0,8 M³/POTÊNCIA: 111 HP), LARGURA ATÉ 2,5 M, PROFUNDIDADE DE 1,5 A 3,0 M, COM AREIA PARA ATERRO. AF_08/2023","M3","ATRIBUÍDO SÃO PAULO",87.19,"CAIXA REFERENCIAL"]
["MOVIMENTO DE TERRA","MOVT","ATERRO COM OU S/COMPACTACAO","0020","","",96385,"EXECUÇÃO E COMPACTAÇÃO DE ATERRO COM SOLO PREDOMINANTEMENTE ARGILOSO - EXCLUSIVE SOLO, ESCAVAÇÃO, CARGA E TRANSPORTE. AF_11/2019","M3","ATRIBUÍDO SÃO PAULO",10.91,"CAIXA REFERENCIAL"]
["MOVIMENTO DE TERRA","MOVT","ATERRO/REATERRO DE VALAS COM OU S/COMPACTACAO","0021","","",93372,"REATERRO MECANIZADO DE VALA COM ESCAVADEIRA HIDRÁULICA (CAPACIDADE DA CAÇAMBA: 0,8 M³/POTÊNCIA: 111 HP), LARGURA ATÉ 1,5 M, PROFUNDIDADE DE 3,0 A 6,0 M, COM SOLO (SEM SUBSTITUIÇÃO) DE 1ª CATEGORIA, COM COMPACTADOR DE SOLOS DE PERCUSSÃO. AF_08/2023","M3","ATRIBUÍDO SÃO PAULO",13.7,"CAIXA REFERENCIAL"]
["MOVIMENTO DE TERRA","MOVT","ATERRO/REATERRO DE VALAS COM OU S/COMPACTACAO","0021","","",93382,"REATERRO MANUAL DE VALAS, COM COMPACTADOR DE SOLOS DE PERCUSSÃO. AF_08/2023","M3","ATRIBUÍDO SÃO PAULO",20.54,"CAIXA REFERENCIAL"]
["MOVIMENTO DE TERRA","MOVT","ATERRO/REATERRO DE VALAS COM OU S/COMPACTACAO","0021","","",104732,"REATERRO MECANIZADO DE VALA COM ESCAVADEIRA HIDRÁULICA (CAPACIDADE DA CAÇAMBA: 0,8 M³/POTÊNCIA: 111 HP), LARGURA DE 1,5 A 2,5 M, PROFUNDIDADE DE 3,0 A 6,0 M, COM SOLO (SEM SUBSTITUIÇÃO) DE 1ª CATEGORIA, COM PLACA VIBRATÓRIA. AF_08/2023","M3","ATRIBUÍDO SÃO PAULO",8.8699999999999992,"CAIXA REFERENCIAL"]
["MOVIMENTO DE TERRA","MOVT","ATERRO/REATERRO DE VALAS COM OU S/COMPACTACAO","0021","","",104738,"ATERRO MECANIZADO DE VALA COM MINICARREGADEIRA, COM SOLO ARGILO-ARENOSO. AF_08/2023","M3","ATRIBUÍDO SÃO PAULO",73.709999999999994,"CAIXA REFERENCIAL"]
["MOVIMENTO DE TERRA","MOVT","CARGA, DESCARGA E/OU TRANSPORTE DE MATERIAIS","0022","","",97916,"TRANSPORTE COM CAMINHÃO BASCULANTE DE 6 M³, EM VIA URBANA EM LEITO NATURAL (UNIDADE: TXKM). AF_07/2020","TXKM","ATRIBUÍDO SÃO PAULO",2.34,"CAIXA REFERENCIAL"]
["MOVIMENTO DE TERRA","MOVT","REGULARIZACAO E APILOAMENTO DE FUNDO DE VALAS","0225","","",101617,"PREPARO DE FUNDO DE VALA COM LARGURA MAIOR OU IGUAL A 1,5 M E MENOR QUE 2,5 M (ACERTO DO SOLO NATURAL). AF_08/2020","M2","ATRIBUÍDO SÃO PAULO",2.56,"CAIXA REFERENCIAL"]
["MOVIMENTO DE TERRA","MOVT","REGULARIZACAO E APILOAMENTO DE FUNDO DE VALAS","0225","","",101623,"PREPARO DE FUNDO DE VALA COM LARGURA MENOR QUE 1,5 M, COM CAMADA DE BRITA, LANÇAMENTO MECANIZADO. AF_08/2020","M3","ATRIBUÍDO SÃO PAULO",438.99,"CAIXA REFERENCIAL"]
["PAREDES/PAINEIS","PARE","ALVENARIA DE TIJOLOS CERAMICOS","0063","","",103323,"ALVENARIA DE VEDAÇÃO DE BLOCOS CERÂMICOS FURADOS NA VERTICAL DE 9X19X39 CM (ESPESSURA 9 CM) E ARGAMASSA DE ASSENTAMENTO COM PREPARO MANUAL. AF_12/2021","M2","ATRIBUÍDO SÃO PAULO",59.76,"CAIXA REFERENCIAL"]
["PAREDES/PAINEIS","PARE","ALVENARIA DE TIJOLOS CERAMICOS","0063","","",103329,"ALVENARIA DE VEDAÇÃO DE BLOCOS CERÂMICOS FURADOS NA HORIZONTAL DE 9X19X19 CM (ESPESSURA 9 CM) E ARGAMASSA DE ASSENTAMENTO COM PREPARO MANUAL. AF_12/2021","M2","ATRIBUÍDO SÃO PAULO",85.28,"CAIXA REFERENCIAL"]
["PAREDES/PAINEIS","PARE","ALVENARIA DE TIJOLOS CERAMICOS","0063","","",103334,"ALVENARIA DE VEDAÇÃO DE BLOCOS CERÂMICOS FURADOS NA HORIZONTAL DE 14X9X19 CM (ESPESSURA 14 CM, BLOCO DEITADO) E ARGAMASSA DE ASSENTAMENTO COM PREPARO EM BETONEIRA. AF_12/2021","M2","ATRIBUÍDO SÃO PAULO",136.03,"CAIXA REFERENCIAL"]
["PAREDES/PAINEIS","PARE","ALVENARIA DE TIJOLOS CERAMICOS","0063","","",103357,"ALVENARIA DE VEDAÇÃO DE BLOCOS CERÂMICOS FURADOS NA HORIZONTAL DE 9X19X29 CM (ESPESSURA 9 CM) E ARGAMASSA DE ASSENTAMENTO COM PREPARO MANUAL. AF_12/2021","M2","ATRIBUÍDO SÃO PAULO",55.39,"CAIXA REFERENCIAL"]
["PAREDES/PAINEIS","PARE","ALVENARIA DE ELEMENTOS VAZADOS CERAMICOS","0064","","",89282,"ALVENARIA ESTRUTURAL DE BLOCOS CERÂMICOS 14X19X39, (ESPESSURA DE 14 CM), UTILIZANDO PALHETA E ARGAMASSA DE ASSENTAMENTO COM PREPARO EM BETONEIRA. AF_03/2023","M2","COEFICIENTE DE REPRESENTATIVIDADE",74.23,"CAIXA REFERENCIAL"]
["PAREDES/PAINEIS","PARE","ALVENARIA DE ELEMENTOS VAZADOS CERAMICOS","0064","","",89299,"ALVENARIA ESTRUTURAL DE BLOCOS CERÂMICOS 14X19X39, (ESPESSURA DE 14 CM), UTILIZANDO COLHER DE PEDREIRO E ARGAMASSA DE ASSENTAMENTO COM PREPARO MANUAL. AF_03/2023","M2","COEFICIENTE DE REPRESENTATIVIDADE",85.84,"CAIXA REFERENCIAL"]
["PAREDES/PAINEIS","PARE","ALVENARIA DE ELEMENTOS VAZADOS CERAMICOS","0064","","",101162,"ALVENARIA DE VEDAÇÃO COM ELEMENTO VAZADO DE CERÂMICA (COBOGÓ) DE 7X20X20CM E ARGAMASSA DE ASSENTAMENTO COM PREPARO EM BETONEIRA. AF_05/2020","M2","COEFICIENTE DE REPRESENTATIVIDADE",154.28,"CAIXA REFERENCIAL"]
["PAREDES/PAINEIS","PARE","ALVENARIA DE BLOCOS DE CONCRETO","0065","","",103321,"ALVENARIA DE VEDAÇÃO DE BLOCOS VAZADOS DE CONCRETO DE 19X19X39 CM (ESPESSURA 19 CM) E ARGAMASSA DE ASSENTAMENTO COM PREPARO MANUAL. AF_12/2021","M2","ATRIBUÍDO SÃO PAULO",112.98,"CAIXA REFERENCIAL"]
["PAREDES/PAINEIS","PARE","ALVENARIA DE BLOCOS DE CONCRETO","0065","","",103340,"ALVENARIA DE VEDAÇÃO DE BLOCOS  VAZADOS DE CONCRETO APARENTE DE 19X19X39 CM (ESPESSURA 19 CM) E ARGAMASSA DE ASSENTAMENTO COM PREPARO EM BETONEIRA. AF_12/2021","M2","ATRIBUÍDO SÃO PAULO",126.75,"CAIXA REFERENCIAL"]
["PAREDES/PAINEIS","PARE","ALVENARIA DE ELEMENTOS VAZADOS DE CONCRETO","0066","","",89462,"ALVENARIA DE BLOCOS DE CONCRETO ESTRUTURAL 14X19X29 CM (ESPESSURA 14 CM), FBK = 4,5 MPA, UTILIZANDO PALHETA. AF_10/2022","M2","COEFICIENTE DE REPRESENTATIVIDADE",109.1,"CAIXA REFERENCIAL"]
["PAREDES/PAINEIS","PARE","ALVENARIA DE ELEMENTOS VAZADOS DE CONCRETO","0066","","",89480,"ALVENARIA DE BLOCOS DE CONCRETO ESTRUTURAL 14X19X29 CM (ESPESSURA 14 CM), FBK = 14 MPA, UTILIZANDO COLHER DE PEDREIRO. AF_10/2022","M2","COEFICIENTE DE REPRESENTATIVIDADE",147.22,"CAIXA REFERENCIAL"]
["PAREDES/PAINEIS","PARE","ALVENARIA DE BLOCOS DE VIDRO","0067","","",101164,"ALVENARIA DE VEDAÇÃO COM BLOCO DE VIDRO, TIPO CANELADO, DE 8X19X19CM E ARGAMASSA DE ASSENTAMENTO COM PREPARO EM BETONEIRA. AF_05/2020","M2","ATRIBUÍDO SÃO PAULO",586.41999999999996,"CAIXA REFERENCIAL"]
["PAREDES/PAINEIS","PARE","DIVISORIAS/MARMORE/GRANITO/MARMORITE/CONCRETO/MAD.AGLOM.","0070","","",96363,"PAREDE COM SISTEMA EM CHAPAS DE GESSO PARA DRYWALL, USO INTERNO, COM UMA FACE SIMPLES E OUTRA FACE DUPLA E ESTRUTURA METÁLICA COM GUIAS SIMPLES PARA PAREDES COM ÁREA LÍQUIDA MAIOR OU IGUAL A 6 M2, COM VÃOS. AF_07/2023_PS","M2","ATRIBUÍDO SÃO PAULO",138.26,"CAIXA REFERENCIAL"]
["PAREDES/PAINEIS","PARE","DIVISORIAS/MARMORE/GRANITO/MARMORITE/CONCRETO/MAD.AGLOM.","0070","","",96368,"PAREDE COM SISTEMA EM CHAPAS DE GESSO PARA DRYWALL, USO INTERNO COM DUAS FACES DUPLAS E ESTRUTURA METÁLICA COM GUIAS DUPLAS, SEM VÃOS. AF_07/2023_PS","M2","ATRIBUÍDO SÃO PAULO",186.37,"CAIXA REFERENCIAL"]
["PAREDES/PAINEIS","PARE","DIVISORIAS/MARMORE/GRANITO/MARMORITE/CONCRETO/MAD.AGLOM.","0070","","",96374,"INSTALAÇÃO DE REFORÇO DE MADEIRA EM PAREDE DRYWALL. AF_07/2023","M","COEFICIENTE DE REPRESENTATIVIDADE",18.03,"CAIXA REFERENCIAL"]
["PAREDES/PAINEIS","PARE","DIVISORIAS/MARMORE/GRANITO/MARMORITE/CONCRETO/MAD.AGLOM.","0070","","",102257,"DIVISORIA SANITÁRIA, TIPO CABINE, EM PAINEL DE GRANILITE, ESP = 3CM, ASSENTADO COM ARGAMASSA COLANTE AC III-E, EXCLUSIVE FERRAGENS. AF_01/2021","M2","ATRIBUÍDO SÃO PAULO",333.4,"CAIXA REFERENCIAL"]
["PAREDES/PAINEIS","PARE","DIVISORIAS/MARMORE/GRANITO/MARMORITE/CONCRETO/MAD.AGLOM.","0070","","",104721,"PAREDE COM SISTEMA EM CHAPAS DE GESSO PARA DRYWALL, USO INTERNO, COM UMA FACE SIMPLES E OUTRA FACE DUPLA E ESTRUTURA METÁLICA COM GUIAS DUPLAS PARA PAREDES COM ÁREA LÍQUIDA MENOR QUE 6 M2, COM VÃOS. AF_07/2023_PS","M2","ATRIBUÍDO SÃO PAULO",233.04,"CAIXA REFERENCIAL"]
["PAREDES/PAINEIS","PARE","DIVISORIAS/MARMORE/GRANITO/MARMORITE/CONCRETO/MAD.AGLOM.","0070","","",104722,"PAREDE COM SISTEMA EM CHAPAS DE GESSO PARA DRYWALL, USO INTERNO, COM DUAS FACES DUPLAS E ESTRUTURA METÁLICA COM GUIAS SIMPLES PARA PAREDES COM ÁREA LÍQUIDA MENOR QUE 6 M2, COM VÃOS. AF_07/2023_PS","M2","ATRIBUÍDO SÃO PAULO",191.23,"CAIXA REFERENCIAL"]
["PAREDES/PAINEIS","PARE","ALVENARIA DE BLOCO-CONCRETO CELULAR","0251","","",101156,"ALVENARIA DE VEDAÇÃO DE BLOCOS DE CONCRETO CELULAR DE 20X30X60CM (ESPESSURA 20CM) E ARGAMASSA DE ASSENTAMENTO COM PREPARO EM BETONEIRA. AF_05/2020","M2","ATRIBUÍDO SÃO PAULO",268.62,"CAIXA REFERENCIAL"]
["PAVIMENTACAO","PAVI","RECOMPOSICAO DE PAVIMENTACAO","0054","","",101820,"RECOMPOSIÇÃO DE PAVIMENTO EM PISO INTERTRAVADO SEXTAVADO, COM REAPROVEITAMENTO DOS BLOCOS SEXTAVADO, PARA O FECHAMENTO DE VALAS - INCLUSO RETIRADA E COLOCAÇÃO DO MATERIAL. AF_12/2020","M2","ATRIBUÍDO SÃO PAULO",35.97,"CAIXA REFERENCIAL"]
["PAVIMENTACAO","PAVI","RECOMPOSICAO DE PAVIMENTACAO","0054","","",101827,"RECOMPOSIÇÃO DE BASE E OU SUB-BASE PARA REMENDO PROFUNDO DE SOLO BRITA (40/60) - INCLUSO RETIRADA E COLOCAÇÃO DO MATERIAL. AF_12/2020","M3","ATRIBUÍDO SÃO PAULO",317.18,"CAIXA REFERENCIAL"]
["PAVIMENTACAO","PAVI","RECOMPOSICAO DE PAVIMENTACAO","0054","","",101832,"RECOMPOSIÇÃO DE BASE E OU SUB-BASE PARA REMENDO PROFUNDO DE SOLO BRITA (50/50) COM CIMENTO (TEOR DE 4%) - INCLUSO RETIRADA E COLOCAÇÃO DO MATERIAL. AF_12/2020","M3","ATRIBUÍDO SÃO PAULO",365.88,"CAIXA REFERENCIAL"]
["PAVIMENTACAO","PAVI","RECOMPOSICAO DE PAVIMENTACAO","0054","","",101838,"RECOMPOSIÇÃO DE BASE E OU SUB-BASE PARA FECHAMENTO DE VALAS DE SOLO MELHORADO COM CIMENTO (TEOR DE 4%) - INCLUSO RETIRADA E COLOCAÇÃO DO MATERIAL. AF_12/2020","M3","ATRIBUÍDO SÃO PAULO",115.91,"CAIXA REFERENCIAL"]
["PAVIMENTACAO","PAVI","RECOMPOSICAO DE PAVIMENTACAO","0054","","",101843,"RECOMPOSIÇÃO DE BASE E OU SUB-BASE PARA FECHAMENTO DE VALAS DE SOLO BRITA (40/60) COM CIMENTO (TEOR DE 4%) - INCLUSO RETIRADA E COLOCAÇÃO DO MATERIAL. AF_12/2020","M3","ATRIBUÍDO SÃO PAULO",328.68,"CAIXA REFERENCIAL"]
["PAVIMENTACAO","PAVI","RECOMPOSICAO DE PAVIMENTACAO","0054","","",101848,"RECOMPOSIÇÃO DE BASE E OU SUB-BASE PARA FECHAMENTO DE VALAS DE SOLO BRITA (50/50) COM CIMENTO (TEOR DE 8%) - INCLUSO RETIRADA E COLOCAÇÃO DO MATERIAL. AF_12/2020","M3","ATRIBUÍDO SÃO PAULO",372.54,"CAIXA REFERENCIAL"]
["PAVIMENTACAO","PAVI","RECOMPOSICAO DE PAVIMENTACAO","0054","","",101856,"REASSENTAMENTO DE BLOCOS PISOGRAMA PARA PISO INTERTRAVADO, COM REAPROVEITAMENTO DOS BLOCOS PISOGRAMA - INCLUSO RETIRADA E COLOCAÇÃO DO MATERIAL. AF_12/2020","M2","ATRIBUÍDO SÃO PAULO",23.67,"CAIXA REFERENCIAL"]
["PAVIMENTACAO","PAVI","RECOMPOSICAO DE PAVIMENTACAO","0054","","",101861,"REASSENTAMENTO DE BLOCOS RETANGULAR PARA PISO INTERTRAVADO, ESPESSURA DE 4  CM, EM CALÇADA, COM REAPROVEITAMENTO DOS BLOCOS RETANGULAR - INCLUSO RETIRADA E COLOCAÇÃO DO MATERIAL. AF_12/2020","M2","ATRIBUÍDO SÃO PAULO",28.3,"CAIXA REFERENCIAL"]
["PAVIMENTACAO","PAVI","RECOMPOSICAO DE PAVIMENTACAO","0054","","",101866,"REASSENTAMENTO DE BLOCOS 16 FACES PARA PISO INTERTRAVADO, ESPESSURA DE 4  CM, EM CALÇADA, COM REAPROVEITAMENTO DOS BLOCOS 16 FACES - INCLUSO RETIRADA E COLOCAÇÃO DO MATERIAL. AF_12/2020","M2","ATRIBUÍDO SÃO PAULO",28.47,"CAIXA REFERENCIAL"]
["PAVIMENTACAO","PAVI","RECOMPOSICAO DE PAVIMENTACAO","0054","","",102988,"RECOMPOSIÇÃO DE PAVIMENTO EM PISO INTERTRAVADO, COM REAPROVEITAMENTO DOS BLOCOS INTERTRAVADOS, PARA FECHAMENTO DE VALAS - INCLUSO RETIRADA E COLOCAÇÃO DO MATERIAL. AF_12/2020","M2","ATRIBUÍDO SÃO PAULO",47.12,"CAIXA REFERENCIAL"]
["PAVIMENTACAO","PAVI","EXECUCAO DE SUB-LEITO, LEITO, SUB-BASE, BASE ETC","0056","","",96390,"EXECUÇÃO E COMPACTAÇÃO DE BASE E OU SUB BASE PARA PAVIMENTAÇÃO DE SOLO (PREDOMINANTEMENTE ARENOSO) COM CIMENTO (TEOR DE 4%) - EXCLUSIVE SOLO, ESCAVAÇÃO, CARGA E TRANSPORTE. AF_11/2019","M3","ATRIBUÍDO SÃO PAULO",107.16,"CAIXA REFERENCIAL"]
["PAVIMENTACAO","PAVI","EXECUCAO DE SUB-LEITO, LEITO, SUB-BASE, BASE ETC","0056","","",96391,"EXECUÇÃO E COMPACTAÇÃO DE BASE E OU SUB BASE PARA PAVIMENTAÇÃO DE SOLO (PREDOMINANTEMENTE ARENOSO) COM CIMENTO (TEOR DE 6%) - EXCLUSIVE SOLO, ESCAVAÇÃO, CARGA E TRANSPORTE. AF_11/2019","M3","ATRIBUÍDO SÃO PAULO",151.44999999999999,"CAIXA REFERENCIAL"]
["PAVIMENTACAO","PAVI","EXECUCAO DE SUB-LEITO, LEITO, SUB-BASE, BASE ETC","0056","","",96399,"EXECUÇÃO E COMPACTAÇÃO DE BASE E OU SUB BASE PARA PAVIMENTAÇÃO DE PEDRA RACHÃO  - EXCLUSIVE CARGA E TRANSPORTE. AF_11/2019","M3","ATRIBUÍDO SÃO PAULO",290.86,"CAIXA REFERENCIAL"]
["PAVIMENTACAO","PAVI","EXECUCAO DE SUB-LEITO, LEITO, SUB-BASE, BASE ETC","0056","","",100567,"EXECUÇÃO E COMPACTAÇÃO DE BASE E OU SUB-BASE PARA PAVIMENTAÇÃO DE SOLO (PREDOMINANTEMENTE ARENOSO) BRITA - 40/60 COM CIMENTO (TEOR DE 6%) - EXCLUSIVE SOLO, ESCAVAÇÃO, CARGA E TRANSPORTE. AF_11/2019","M3","ATRIBUÍDO SÃO PAULO",366.27,"CAIXA REFERENCIAL"]
["PAVIMENTACAO","PAVI","EXECUCAO DE SUB-LEITO, LEITO, SUB-BASE, BASE ETC","0056","","",100573,"EXECUÇÃO E COMPACTAÇÃO DE BASE E OU SUB-BASE PARA PAVIMENTAÇÃO DE SOLO (PREDOMINANTEMENTE ARGILOSO) BRITA - 50/50 - EXCLUSIVE SOLO, ESCAVAÇÃO, CARGA E TRANSPORTE. AF_11/2019","M3","ATRIBUÍDO SÃO PAULO",210.4,"CAIXA REFERENCIAL"]
["PAVIMENTACAO","PAVI","EXECUCAO DE PAVIMENTACOES DIVERSAS","0057","","",92391,"EXECUÇÃO DE PAVIMENTO EM PISO INTERTRAVADO, COM BLOCO PISOGRAMA DE 35 X 15 CM, ESPESSURA 6 CM. AF_10/2022","M2","ATRIBUÍDO SÃO PAULO",73.23,"CAIXA REFERENCIAL"]
["PAVIMENTACAO","PAVI","EXECUCAO DE PAVIMENTACOES DIVERSAS","0057","","",92396,"EXECUÇÃO DE PASSEIO EM PISO INTERTRAVADO, COM BLOCO RETANGULAR COR NATURAL DE 20 X 10 CM, ESPESSURA 6 CM. AF_10/2022","M2","ATRIBUÍDO SÃO PAULO",84.74,"CAIXA REFERENCIAL"]
["PAVIMENTACAO","PAVI","EXECUCAO DE PAVIMENTACOES DIVERSAS","0057","","",92404,"EXECUÇÃO DE PAVIMENTO EM PISO INTERTRAVADO, COM BLOCO 16 FACES DE 22 X 11 CM, ESPESSURA 8 CM. AF_10/2022","M2","ATRIBUÍDO SÃO PAULO",92.18,"CAIXA REFERENCIAL"]
["PAVIMENTACAO","PAVI","EXECUCAO DE PAVIMENTACOES DIVERSAS","0057","","",97104,"EXECUÇÃO DE PAVIMENTO DE CONCRETO SIMPLES (PCS), FCK = 40 MPA, ESPESSURA DE 15,0 CM. AF_04/2022","M2","ATRIBUÍDO SÃO PAULO",167.17,"CAIXA REFERENCIAL"]
["PAVIMENTACAO","PAVI","EXECUCAO DE PAVIMENTACOES DIVERSAS","0057","","",97111,"EXECUÇÃO DE PAVIMENTO DE CONCRETO ARMADO (PCA), FCK = 30 MPA, ESPESSURA DE 15,0 CM. AF_04/2022","M2","ATRIBUÍDO SÃO PAULO",263.94,"CAIXA REFERENCIAL"]
["PAVIMENTACAO","PAVI","EXECUCAO DE PAVIMENTACOES DIVERSAS","0057","","",97116,"BARRAS DE TRANSFERÊNCIA, AÇO CA-25 DE 16,0 MM, PARA EXECUÇÃO DE PAVIMENTO DE CONCRETO \u0096 FORNECIMENTO E INSTALAÇÃO. AF_04/2022","KG","ATRIBUÍDO SÃO PAULO",23.28,"CAIXA REFERENCIAL"]
["PAVIMENTACAO","PAVI","EXECUCAO DE PAVIMENTACOES DIVERSAS","0057","","",101167,"EXECUÇÃO DE PAVIMENTO EM PARALELEPÍPEDOS, REJUNTAMENTO COM PÓ DE PEDRA. AF_05/2020","M2","ATRIBUÍDO SÃO PAULO",308.77999999999997,"CAIXA REFERENCIAL"]
["PAVIMENTACAO","PAVI","EXECUCAO DE PAVIMENTACOES DIVERSAS","0057","","",103906,"EXECUÇÃO DE PAVIMENTO DE CONCRETO SIMPLES (PCS), FCK = 40 MPA, ESPESSURA DE 16,0 CM. AF_04/2022","M2","ATRIBUÍDO SÃO PAULO",197.47,"CAIXA REFERENCIAL"]
["PAVIMENTACAO","PAVI","EXECUCAO DE PAVIMENTACOES DIVERSAS","0057","","",103912,"EXECUÇÃO PAVIMENTO DE CONCRETO SIMPLES (PCS), FCK = 35 MPA, ESPESSURA DE 27,5 CM. AF_04/2022","M2","ATRIBUÍDO SÃO PAULO",102.81,"CAIXA REFERENCIAL"]
["PAVIMENTACAO","PAVI","EXECUCAO DE PAVIMENTACOES DIVERSAS","0057","","",103913,"EXECUÇÃO DE PISO INDUSTRIAL DE CONCRETO ARMADO, FCK = 20 MPA, ESPESSURA DE 12,0 CM. AF_04/2022","M2","ATRIBUÍDO SÃO PAULO",143.33000000000001,"CAIXA REFERENCIAL"]
["PAVIMENTACAO","PAVI","EXECUCAO DE PAVIMENTACOES DIVERSAS","0057","","",103918,"EXECUÇÃO DE PISO INDUSTRIAL DE CONCRETO ARMADO, FCK = 20 MPA, ESPESSURA DE 22,0 CM. AF_04/2022","M2","ATRIBUÍDO SÃO PAULO",254.04,"CAIXA REFERENCIAL"]
["PAVIMENTACAO","PAVI","SINALIZACAO HORIZONTAL/VERTICAL","0249","","",103695,"FORNECIMENTO E INSTALAÇÃO DE SUPORTE DE MADEIRA PARA PLACAS DE SINALIZAÇÃO, EM SOLO, COM H= DE 2,0 M E SEÇÃO DE 7,5 X 7,5 CM. AF_03/2022","UN","COEFICIENTE DE REPRESENTATIVIDADE",95.24,"CAIXA REFERENCIAL"]
["PAVIMENTACAO","PAVI","FABRICACAO/EXECUCAO DE CBUQ/PRE-MISTURADOS","0287","","",96393,"USINAGEM DE BRITA GRADUADA SIMPLES. AF_03/2020","M3","ATRIBUÍDO SÃO PAULO",414.24,"CAIXA REFERENCIAL"]
["PINTURAS","PINT","PINTURA DE PAREDE","0155","","",88413,"APLICAÇÃO MANUAL DE FUNDO SELADOR ACRÍLICO EM SUPERFÍCIES EXTERNAS DE SACADA DE EDIFÍCIOS DE MÚLTIPLOS PAVIMENTOS. AF_06/2014","M2","COLETADO",3.58,"CAIXA REFERENCIAL"]
["PINTURAS","PINT","PINTURA DE PAREDE","0155","","",88417,"APLICAÇÃO MANUAL DE PINTURA COM TINTA TEXTURIZADA ACRÍLICA EM PANOS CEGOS DE FACHADA (SEM PRESENÇA DE VÃOS) DE EDIFÍCIOS DE MÚLTIPLOS PAVIMENTOS, UMA COR. AF_06/2014","M2","COEFICIENTE DE REPRESENTATIVIDADE",10.199999999999999,"CAIXA REFERENCIAL"]
["PINTURAS","PINT","PINTURA DE PAREDE","0155","","",88428,"APLICAÇÃO MANUAL DE PINTURA COM TINTA TEXTURIZADA ACRÍLICA EM SUPERFÍCIES EXTERNAS DE SACADA DE EDIFÍCIOS DE MÚLTIPLOS PAVIMENTOS, DUAS CORES. AF_06/2014","M2","COEFICIENTE DE REPRESENTATIVIDADE",23.62,"CAIXA REFERENCIAL"]
["PINTURAS","PINT","PINTURA DE PAREDE","0155","","",88485,"FUNDO SELADOR ACRÍLICO, APLICAÇÃO MANUAL EM PAREDE, UMA DEMÃO. AF_04/2023","M2","COLETADO",2.99,"CAIXA REFERENCIAL"]
["PINTURAS","PINT","PINTURA DE PAREDE","0155","","",88497,"EMASSAMENTO COM MASSA LÁTEX, APLICAÇÃO EM PAREDE, DUAS DEMÃOS, LIXAMENTO MANUAL. AF_04/2023","M2","COEFICIENTE DE REPRESENTATIVIDADE",14.18,"CAIXA REFERENCIAL"]
["PINTURAS","PINT","PINTURA DE PAREDE","0155","","",95624,"APLICAÇÃO MANUAL DE TINTA LÁTEX ACRÍLICA EM SUPERFÍCIES EXTERNAS DE SACADA DE EDIFÍCIOS DE MÚLTIPLOS PAVIMENTOS, DUAS DEMÃOS. AF_11/2016","M2","COLETADO",18.829999999999998,"CAIXA REFERENCIAL"]
["PINTURAS","PINT","PINTURA DE PAREDE","0155","","",96128,"APLICAÇÃO MANUAL DE MASSA ACRÍLICA EM SUPERFÍCIES EXTERNAS DE SACADA DE EDIFÍCIOS DE MÚLTIPLOS PAVIMENTOS, UMA DEMÃO. AF_05/2017","M2","COEFICIENTE DE REPRESENTATIVIDADE",23.58,"CAIXA REFERENCIAL"]
["PINTURAS","PINT","PINTURA DE PAREDE","0155","","",96134,"APLICAÇÃO MANUAL DE MASSA ACRÍLICA EM SUPERFÍCIES INTERNAS DE SACADA DE EDIFÍCIOS DE MÚLTIPLOS PAVIMENTOS, DUAS DEMÃOS. AF_05/2017","M2","COEFICIENTE DE REPRESENTATIVIDADE",35.43,"CAIXA REFERENCIAL"]
["PINTURAS","PINT","PINTURA DE PAREDE","0155","","",104642,"PINTURA LÁTEX ACRÍLICA STANDARD, APLICAÇÃO MANUAL EM PAREDES, DUAS DEMÃOS. AF_04/2023","M2","COEFICIENTE DE REPRESENTATIVIDADE",7.68,"CAIXA REFERENCIAL"]
["PINTURAS","PINT","PINTURA EM MADEIRA","0157","","",102193,"LIXAMENTO DE MADEIRA PARA APLICAÇÃO DE FUNDO OU PINTURA. AF_01/2021","M2","COEFICIENTE DE REPRESENTATIVIDADE",1.64,"CAIXA REFERENCIAL"]
["PINTURAS","PINT","PINTURA EM MADEIRA","0157","","",102202,"APLICAÇÃO MASSA EPÓXI PARA MADEIRA, PARA PINTURA COM TINTA PU DE ACABAMENTO (PIGMENTADA). AF_01/2021","M2","COEFICIENTE DE REPRESENTATIVIDADE",35.549999999999997,"CAIXA REFERENCIAL"]
["PINTURAS","PINT","PINTURA EM MADEIRA","0157","","",102208,"PINTURA TINTA DE ACABAMENTO (PIGMENTADA) ESMALTE SINTÉTICO FOSCO EM MADEIRA, 1 DEMÃO. AF_01/2021","M2","COEFICIENTE DE REPRESENTATIVIDADE",6.67,"CAIXA REFERENCIAL"]
["PINTURAS","PINT","PINTURA EM MADEIRA","0157","","",102217,"PINTURA TINTA DE ACABAMENTO (PIGMENTADA) A ÓLEO EM MADEIRA, 2 DEMÃOS. AF_01/2021","M2","COEFICIENTE DE REPRESENTATIVIDADE",14.01,"CAIXA REFERENCIAL"]
["PINTURAS","PINT","PINTURA EM MADEIRA","0157","","",102224,"PINTURA VERNIZ (INCOLOR) ALQUÍDICO EM MADEIRA, USO INTERNO, 3 DEMÃOS. AF_01/2021","M2","COEFICIENTE DE REPRESENTATIVIDADE",27.44,"CAIXA REFERENCIAL"]
["PINTURAS","PINT","PINTURA EM MADEIRA","0157","","",102230,"PINTURA TINTA DE ACABAMENTO (PIGMENTADA) ESMALTE SINTÉTICO BRILHANTE EM MADEIRA, 3 DEMÃOS. AF_01/2021","M2","COLETADO",19.739999999999998,"CAIXA REFERENCIAL"]
["PINTURAS","PINT","PINTURA PARA METAL","0158","","",100719,"PINTURA COM TINTA ALQUÍDICA DE FUNDO (TIPO ZARCÃO) PULVERIZADA SOBRE PERFIL METÁLICO EXECUTADO EM FÁBRICA (POR DEMÃO). AF_01/2020_PE","M2","COEFICIENTE DE REPRESENTATIVIDADE",8.7100000000000009,"CAIXA REFERENCIAL"]
["PINTURAS","PINT","PINTURA PARA METAL","0158","","",100724,"PINTURA COM TINTA ALQUÍDICA DE FUNDO E ACABAMENTO (ESMALTE SINTÉTICO GRAFITE) APLICADA A ROLO OU PINCEL SOBRE PERFIL METÁLICO EXECUTADO EM FÁBRICA (POR DEMÃO). AF_01/2020","M2","COEFICIENTE DE REPRESENTATIVIDADE",11.12,"CAIXA REFERENCIAL"]
["PINTURAS","PINT","PINTURA PARA METAL","0158","","",100730,"PINTURA COM TINTA EPOXÍDICA DE ACABAMENTO APLICADA A ROLO OU PINCEL SOBRE PERFIL METÁLICO EXECUTADO EM FÁBRICA (POR DEMÃO). AF_01/2020","M2","COEFICIENTE DE REPRESENTATIVIDADE",18.57,"CAIXA REFERENCIAL"]
["PINTURAS","PINT","PINTURA PARA METAL","0158","","",100739,"PINTURA COM TINTA ALQUÍDICA DE ACABAMENTO (ESMALTE SINTÉTICO ACETINADO) PULVERIZADA SOBRE PERFIL METÁLICO EXECUTADO EM FÁBRICA (POR DEMÃO). AF_01/2020_PE","M2","COEFICIENTE DE REPRESENTATIVIDADE",8.6,"CAIXA REFERENCIAL"]
["PINTURAS","PINT","PINTURA PARA METAL","0158","","",100744,"PINTURA COM TINTA ALQUÍDICA DE ACABAMENTO (ESMALTE SINTÉTICO BRILHANTE) APLICADA A ROLO OU PINCEL SOBRE PERFIL METÁLICO EXECUTADO EM FÁBRICA (POR DEMÃO). AF_01/2020","M2","COLETADO",9.0299999999999994,"CAIXA REFERENCIAL"]
["PINTURAS","PINT","PINTURA PARA METAL","0158","","",100750,"PINTURA COM TINTA ALQUÍDICA DE ACABAMENTO (ESMALTE SINTÉTICO FOSCO) APLICADA A ROLO OU PINCEL SOBRE SUPERFÍCIES METÁLICAS (EXCETO PERFIL) EXECUTADO EM OBRA (POR DEMÃO). AF_01/2020","M2","COEFICIENTE DE REPRESENTATIVIDADE",20.59,"CAIXA REFERENCIAL"]
["PINTURAS","PINT","PINTURA PARA METAL","0158","","",100757,"PINTURA COM TINTA ALQUÍDICA DE ACABAMENTO (ESMALTE SINTÉTICO ACETINADO) PULVERIZADA SOBRE SUPERFÍCIES METÁLICAS (EXCETO PERFIL) EXECUTADO EM OBRA (02 DEMÃOS). AF_01/2020_PE","M2","COEFICIENTE DE REPRESENTATIVIDADE",40.93,"CAIXA REFERENCIAL"]
["PINTURAS","PINT","PINTURA PARA METAL","0158","","",100762,"PINTURA COM TINTA ALQUÍDICA DE ACABAMENTO (ESMALTE SINTÉTICO FOSCO) APLICADA A ROLO OU PINCEL SOBRE SUPERFÍCIES METÁLICAS (EXCETO PERFIL) EXECUTADO EM OBRA (02 DEMÃOS). AF_01/2020","M2","COEFICIENTE DE REPRESENTATIVIDADE",41.21,"CAIXA REFERENCIAL"]
["PINTURAS","PINT","PINTURA PARA PISO","0161","","",102488,"PREPARO DO PISO CIMENTADO PARA PINTURA - LIXAMENTO E LIMPEZA. AF_05/2021","M2","ATRIBUÍDO SÃO PAULO",3.01,"CAIXA REFERENCIAL"]
["PINTURAS","PINT","PINTURA PARA PISO","0161","","",102496,"PINTURA DE RODAPÉ COM TINTA EPÓXI, APLICAÇÃO MANUAL, 2 DEMÃOS, INCLUSÃO PRIMER EPÓXI. AF_05/2021","M","COEFICIENTE DE REPRESENTATIVIDADE",10.44,"CAIXA REFERENCIAL"]
["PINTURAS","PINT","PINTURA PARA PISO","0161","","",102504,"PINTURA DE DEMARCAÇÃO DE QUADRA POLIESPORTIVA COM TINTA ACRÍLICA, E = 5 CM, APLICAÇÃO MANUAL. AF_05/2021","M","COEFICIENTE DE REPRESENTATIVIDADE",8.2200000000000006,"CAIXA REFERENCIAL"]
["PINTURAS","PINT","PINTURA PARA PISO","0161","","",102509,"PINTURA DE FAIXA DE PEDESTRE OU ZEBRADA TINTA RETRORREFLETIVA A BASE DE RESINA ACRÍLICA COM MICROESFERAS DE VIDRO, E = 30 CM, APLICAÇÃO MANUAL. AF_05/2021","M2","COEFICIENTE DE REPRESENTATIVIDADE",25.26,"CAIXA REFERENCIAL"]
["PISOS","PISO","PISO CIMENTADO","0111","","",101750,"PISO CIMENTADO, TRAÇO 1:3 (CIMENTO E AREIA), ACABAMENTO RÚSTICO, ESPESSURA 4,0 CM, PREPARO MECÂNICO DA ARGAMASSA. AF_09/2020","M2","ATRIBUÍDO SÃO PAULO",55.25,"CAIXA REFERENCIAL"]
["PISOS","PISO","PISO CERAMICO","0113","","",87248,"REVESTIMENTO CERÂMICO PARA PISO COM PLACAS TIPO ESMALTADA EXTRA DE DIMENSÕES 35X35 CM APLICADA EM AMBIENTES DE ÁREA MAIOR QUE 10 M2. AF_02/2023_PE","M2","COEFICIENTE DE REPRESENTATIVIDADE",66.819999999999993,"CAIXA REFERENCIAL"]
["PISOS","PISO","PISO CERAMICO","0113","","",87256,"REVESTIMENTO CERÂMICO PARA PISO COM PLACAS TIPO ESMALTADA EXTRA DE DIMENSÕES 60X60 CM APLICADA EM AMBIENTES DE ÁREA ENTRE 5 M2 E 10 M2. AF_02/2023_PE","M2","COEFICIENTE DE REPRESENTATIVIDADE",128.07,"CAIXA REFERENCIAL"]
["PISOS","PISO","PISO CERAMICO","0113","","",87262,"REVESTIMENTO CERÂMICO PARA PISO COM PLACAS TIPO PORCELANATO DE DIMENSÕES 60X60 CM APLICADA EM AMBIENTES DE ÁREA ENTRE 5 M² E 10 M². AF_02/2023_PE","M2","COEFICIENTE DE REPRESENTATIVIDADE",210.97,"CAIXA REFERENCIAL"]
["PISOS","PISO","PISO CERAMICO","0113","","",93390,"REVESTIMENTO CERÂMICO PARA PISO COM PLACAS TIPO ESMALTADA PADRÃO POPULAR DE DIMENSÕES 35X35 CM APLICADA EM AMBIENTES DE ÁREA ENTRE 5 M2 E 10 M2. AF_02/2023_PE","M2","COEFICIENTE DE REPRESENTATIVIDADE",65.73,"CAIXA REFERENCIAL"]
["PISOS","PISO","PISO CERAMICO","0113","","",104596,"REVESTIMENTO CERÂMICO PARA PISO COM PLACAS TIPO PORCELANATO DE DIMENSÕES 80X80 CM APLICADA EM AMBIENTES DE ÁREA MENOR QUE 5 M². AF_02/2023_PE","M2","COEFICIENTE DE REPRESENTATIVIDADE",232.25,"CAIXA REFERENCIAL"]
["PISOS","PISO","PISO CERAMICO","0113","","",104602,"REVESTIMENTO CERÂMICO PARA PISO COM PLACAS TIPO ESMALTADA PADRÃO POPULAR DE DIMENSÕES 35X35 CM APLICADA EM DIAGONAL EM AMBIENTES DE ÁREA ENTRE 5 M² E 10 M². AF_02/2023_PE","M2","COEFICIENTE DE REPRESENTATIVIDADE",70.61,"CAIXA REFERENCIAL"]
["PISOS","PISO","PISO CERAMICO","0113","","",104607,"REVESTIMENTO CERÂMICO PARA PISO COM PLACAS TIPO ESMALTADA EXTRA DE DIMENSÕES 45X45 CM APLICADA EM DIAGONAL EM AMBIENTES DE ÁREA MAIOR QUE 10 M². AF_02/2023_PE","M2","COEFICIENTE DE REPRESENTATIVIDADE",70.66,"CAIXA REFERENCIAL"]
["PISOS","PISO","PISO DE PEDRA","0115","","",98672,"PISO EM MÁRMORE APLICADO EM AMBIENTES INTERNOS. AF_09/2020","M2","COEFICIENTE DE REPRESENTATIVIDADE",623.48,"CAIXA REFERENCIAL"]
["PISOS","PISO","PISO DE PEDRA","0115","","",98678,"PISO ELEVADO COM ESTRUTURA EM AÇO, COMPOSTO POR PEDESTAIS E LONGARINAS. AF_09/2020","M2","COEFICIENTE DE REPRESENTATIVIDADE",379.53,"CAIXA REFERENCIAL"]
["PISOS","PISO","PISO DE PEDRA","0115","","",98685,"RODAPÉ EM GRANITO, ALTURA 10 CM. AF_09/2020","M","COEFICIENTE DE REPRESENTATIVIDADE",90.65,"CAIXA REFERENCIAL"]
["PISOS","PISO","PISO DE PEDRA","0115","","",101725,"PISO EM LADRILHO HIDRÁULICO APLICADO EM AMBIENTES INTERNOS DE ÁREA MENOR QUE 5 M², INCLUSO APLICAÇÃO DE RESINA. AF_09/2020","M2","ATRIBUÍDO SÃO PAULO",274.79000000000002,"CAIXA REFERENCIAL"]
["PISOS","PISO","PISO VINILICO/BORRACHA","0116","","",101727,"PISO VINÍLICO SEMI-FLEXÍVEL EM PLACAS, PADRÃO LISO, ESPESSURA 3,2 MM, FIXADO COM COLA. AF_09/2020","M2","COEFICIENTE DE REPRESENTATIVIDADE",225.7,"CAIXA REFERENCIAL"]
["PISOS","PISO","PISO VINILICO/BORRACHA","0116","","",101737,"PISO DE BORRACHA CANELADO, ESPESSURA 3,5MM, FIXADO COM ADESIVO ACRÍLICO. AF_09/2020","M2","COEFICIENTE DE REPRESENTATIVIDADE",126.35,"CAIXA REFERENCIAL"]
["PISOS","PISO","SOLEIRA DE MARMORE/GRANITO","0122","","",98697,"RODAPÉ EM MÁRMORE, ALTURA 7 CM. AF_09/2020","M","COEFICIENTE DE REPRESENTATIVIDADE",71.680000000000007,"CAIXA REFERENCIAL"]
["PISOS","PISO","RODAPE CERAMICO","0131","","",88650,"RODAPÉ CERÂMICO DE 7CM DE ALTURA COM PLACAS TIPO ESMALTADA EXTRA DE DIMENSÕES 60X60CM. AF_02/2023","M","COEFICIENTE DE REPRESENTATIVIDADE",21.25,"CAIXA REFERENCIAL"]
["PISOS","PISO","PISO CONCRETO","0258","","",94991,"EXECUÇÃO DE PASSEIO (CALÇADA) OU PISO DE CONCRETO COM CONCRETO MOLDADO IN LOCO, USINADO C20, ACABAMENTO CONVENCIONAL, NÃO ARMADO. AF_08/2022","M3","COEFICIENTE DE REPRESENTATIVIDADE",920.54,"CAIXA REFERENCIAL"]
["PISOS","PISO","PISO CONCRETO","0258","","",104626,"EXECUÇÃO DE PASSEIO (CALÇADA) OU PISO DE CONCRETO COM CONCRETO MOLDADO IN LOCO, USINADO C25, ACABAMENTO CONVENCIONAL, NÃO ARMADO. AF_03/2023","M3","COEFICIENTE DE REPRESENTATIVIDADE",943.62,"CAIXA REFERENCIAL"]
["PISOS","PISO","REGULARIZACAO DE CONTRA-PISOS E OUTRAS SUPERFICIES","0264","","",87624,"CONTRAPISO EM ARGAMASSA PRONTA, PREPARO MECÂNICO COM MISTURADOR 300 KG, APLICADO EM ÁREAS SECAS SOBRE LAJE, ADERIDO, ACABAMENTO NÃO REFORÇADO, ESPESSURA 2CM. AF_07/2021","M2","COEFICIENTE DE REPRESENTATIVIDADE",95.29,"CAIXA REFERENCIAL"]
["PISOS","PISO","REGULARIZACAO DE CONTRA-PISOS E OUTRAS SUPERFICIES","0264","","",87642,"CONTRAPISO EM ARGAMASSA TRAÇO 1:4 (CIMENTO E AREIA), PREPARO MANUAL, APLICADO EM ÁREAS SECAS SOBRE LAJE, ADERIDO, ACABAMENTO NÃO REFORÇADO, ESPESSURA 4CM. AF_07/2021","M2","COEFICIENTE DE REPRESENTATIVIDADE",57.83,"CAIXA REFERENCIAL"]
["PISOS","PISO","REGULARIZACAO DE CONTRA-PISOS E OUTRAS SUPERFICIES","0264","","",87683,"CONTRAPISO EM ARGAMASSA PRONTA, PREPARO MECÂNICO COM MISTURADOR 300 KG, APLICADO EM ÁREAS SECAS SOBRE LAJE, NÃO ADERIDO, ACABAMENTO NÃO REFORÇADO, ESPESSURA 4CM. AF_07/2021","M2","COEFICIENTE DE REPRESENTATIVIDADE",136.12,"CAIXA REFERENCIAL"]
["PISOS","PISO","REGULARIZACAO DE CONTRA-PISOS E OUTRAS SUPERFICIES","0264","","",87694,"CONTRAPISO EM ARGAMASSA PRONTA, PREPARO MANUAL, APLICADO EM ÁREAS SECAS SOBRE LAJE, NÃO ADERIDO, ACABAMENTO NÃO REFORÇADO, ESPESSURA 5CM. AF_07/2021","M2","COEFICIENTE DE REPRESENTATIVIDADE",167.74,"CAIXA REFERENCIAL"]
["PISOS","PISO","REGULARIZACAO DE CONTRA-PISOS E OUTRAS SUPERFICIES","0264","","",87700,"CONTRAPISO EM ARGAMASSA TRAÇO 1:4 (CIMENTO E AREIA), PREPARO MECÂNICO COM BETONEIRA 400 L, APLICADO EM ÁREAS SECAS SOBRE LAJE, NÃO ADERIDO, ACABAMENTO NÃO REFORÇADO, ESPESSURA 6CM. AF_07/2021","M2","COEFICIENTE DE REPRESENTATIVIDADE",54.92,"CAIXA REFERENCIAL"]
["PISOS","PISO","REGULARIZACAO DE CONTRA-PISOS E OUTRAS SUPERFICIES","0264","","",87737,"CONTRAPISO EM ARGAMASSA TRAÇO 1:4 (CIMENTO E AREIA), PREPARO MANUAL, APLICADO EM ÁREAS MOLHADAS SOBRE LAJE, ADERIDO, ACABAMENTO NÃO REFORÇADO, ESPESSURA 2CM. AF_07/2021","M2","COEFICIENTE DE REPRESENTATIVIDADE",48.78,"CAIXA REFERENCIAL"]
["PISOS","PISO","REGULARIZACAO DE CONTRA-PISOS E OUTRAS SUPERFICIES","0264","","",87749,"CONTRAPISO EM ARGAMASSA PRONTA, PREPARO MANUAL, APLICADO EM ÁREAS MOLHADAS SOBRE LAJE, ADERIDO, ACABAMENTO NÃO REFORÇADO, ESPESSURA 3CM. AF_07/2021","M2","COEFICIENTE DE REPRESENTATIVIDADE",138.03,"CAIXA REFERENCIAL"]
["PISOS","PISO","REGULARIZACAO DE CONTRA-PISOS E OUTRAS SUPERFICIES","0264","","",87765,"CONTRAPISO EM ARGAMASSA TRAÇO 1:4 (CIMENTO E AREIA), PREPARO MECÂNICO COM BETONEIRA 400 L, APLICADO EM ÁREAS MOLHADAS SOBRE IMPERMEABILIZAÇÃO, ACABAMENTO NÃO REFORÇADO, ESPESSURA 4CM. AF_07/2021","M2","COEFICIENTE DE REPRESENTATIVIDADE",56.61,"CAIXA REFERENCIAL"]
["PISOS","PISO","REGULARIZACAO DE CONTRA-PISOS E OUTRAS SUPERFICIES","0264","","",88471,"CONTRAPISO COM ARGAMASSA AUTONIVELANTE, APLICADO SOBRE LAJE, NÃO ADERIDO, ESPESSURA 4CM. AF_07/2021","M2","COEFICIENTE DE REPRESENTATIVIDADE",42.14,"CAIXA REFERENCIAL"]
["PISOS","PISO","REGULARIZACAO DE CONTRA-PISOS E OUTRAS SUPERFICIES","0264","","",90932,"CONTRAPISO ACÚSTICO EM ARGAMASSA TRAÇO 1:4 (CIMENTO E AREIA), PREPARO MANUAL, APLICADO EM ÁREAS SECAS, ACABAMENTO NÃO REFORÇADO, ESPESSURA 5CM. AF_07/2021","M2","COEFICIENTE DE REPRESENTATIVIDADE",105.89,"CAIXA REFERENCIAL"]
["PISOS","PISO","REGULARIZACAO DE CONTRA-PISOS E OUTRAS SUPERFICIES","0264","","",90943,"CONTRAPISO ACÚSTICO EM ARGAMASSA PRONTA, PREPARO MECÂNICO COM MISTURADOR 300 KG, APLICADO EM ÁREAS SECAS, ACABAMENTO NÃO REFORÇADO, ESPESSURA 6CM. AF_07/2021","M2","COEFICIENTE DE REPRESENTATIVIDADE",219.52,"CAIXA REFERENCIAL"]
["PISOS","PISO","REGULARIZACAO DE CONTRA-PISOS E OUTRAS SUPERFICIES","0264","","",90954,"CONTRAPISO ACÚSTICO EM ARGAMASSA PRONTA, PREPARO MANUAL, APLICADO EM ÁREAS SECAS, ACABAMENTO NÃO REFORÇADO, ESPESSURA 7CM. AF_07/2021","M2","COEFICIENTE DE REPRESENTATIVIDADE",261.06,"CAIXA REFERENCIAL"]
["PISOS","PISO","RODAPE VINILICO/BORRACHA","0308","","",101742,"RODAPÉ BORRACHA LISO, ALTURA = 7CM, ESPESSURA = 2 MM, PARA ARGAMASSA. AF_09/2020","M","COEFICIENTE DE REPRESENTATIVIDADE",61.59,"CAIXA REFERENCIAL"]
["REVESTIMENTO E TRATAMENTO DE SUPERFICIES","REVE","CHAPISCO","0106","","",87884,"CHAPISCO APLICADO NO TETO OU EM ALVENARIA E ESTRUTURA, COM ROLO PARA TEXTURA ACRÍLICA. ARGAMASSA INDUSTRIALIZADA COM PREPARO MANUAL. AF_10/2022","M2","COEFICIENTE DE REPRESENTATIVIDADE",11.38,"CAIXA REFERENCIAL"]
["REVESTIMENTO E TRATAMENTO DE SUPERFICIES","REVE","CHAPISCO","0106","","",87891,"CHAPISCO APLICADO EM ALVENARIA (SEM PRESENÇA DE VÃOS) E ESTRUTURAS DE CONCRETO DE FACHADA, COM ROLO PARA TEXTURA ACRÍLICA. ARGAMASSA INDUSTRIALIZADA COM PREPARO MANUAL. AF_10/2022","M2","COEFICIENTE DE REPRESENTATIVIDADE",12.74,"CAIXA REFERENCIAL"]
["REVESTIMENTO E TRATAMENTO DE SUPERFICIES","REVE","CHAPISCO","0106","","",87897,"CHAPISCO APLICADO EM ALVENARIA (SEM PRESENÇA DE VÃOS) E ESTRUTURAS DE CONCRETO DE FACHADA, COM EQUIPAMENTO DE PROJEÇÃO.  ARGAMASSA TRAÇO 1:3 COM PREPARO EM BETONEIRA 400 L. AF_10/2022","M2","ATRIBUÍDO SÃO PAULO",4.9000000000000004,"CAIXA REFERENCIAL"]
["REVESTIMENTO E TRATAMENTO DE SUPERFICIES","REVE","CHAPISCO","0106","","",87904,"CHAPISCO APLICADO EM ALVENARIA (COM PRESENÇA DE VÃOS) E ESTRUTURAS DE CONCRETO DE FACHADA, COM COLHER DE PEDREIRO.  ARGAMASSA TRAÇO 1:3 COM PREPARO MANUAL. AF_10/2022","M2","COEFICIENTE DE REPRESENTATIVIDADE",7.66,"CAIXA REFERENCIAL"]
["REVESTIMENTO E TRATAMENTO DE SUPERFICIES","REVE","CHAPISCO","0106","","",87905,"CHAPISCO APLICADO EM ALVENARIA (COM PRESENÇA DE VÃOS) E ESTRUTURAS DE CONCRETO DE FACHADA, COM COLHER DE PEDREIRO.  ARGAMASSA TRAÇO 1:3 COM PREPARO EM BETONEIRA 400L. AF_10/2022","M2","COEFICIENTE DE REPRESENTATIVIDADE",7.25,"CAIXA REFERENCIAL"]
["REVESTIMENTO E TRATAMENTO DE SUPERFICIES","REVE","CHAPISCO","0106","","",104410,"CHAPISCO APLICADO EM ALVENARIA E ESTRUTURAS DE CONCRETO INTERNAS, COM EQUIPAMENTO DE PROJEÇÃO.  ARGAMASSA TRAÇO 1:3 COM PREPARO MANUAL. AF_10/2022","M2","ATRIBUÍDO SÃO PAULO",4.9800000000000004,"CAIXA REFERENCIAL"]
["REVESTIMENTO E TRATAMENTO DE SUPERFICIES","REVE","EMBOCO","0107","","",87415,"APLICAÇÃO MANUAL DE GESSO DESEMPENADO (SEM TALISCAS) EM TETO DE AMBIENTES DE ÁREA ENTRE 5M² E 10M², ESPESSURA DE 1,0CM. AF_03/2023","M2","COEFICIENTE DE REPRESENTATIVIDADE",31.53,"CAIXA REFERENCIAL"]
["REVESTIMENTO E TRATAMENTO DE SUPERFICIES","REVE","EMBOCO","0107","","",87427,"APLICAÇÃO MANUAL DE GESSO SARRAFEADO (COM TALISCAS) EM PAREDES, ESPESSURA DE 1,5CM. AF_03/2023","M2","COEFICIENTE DE REPRESENTATIVIDADE",41.53,"CAIXA REFERENCIAL"]
["REVESTIMENTO E TRATAMENTO DE SUPERFICIES","REVE","EMBOCO","0107","","",87527,"EMBOÇO, PARA RECEBIMENTO DE CERÂMICA, EM ARGAMASSA TRAÇO 1:2:8, PREPARO MECÂNICO COM BETONEIRA 400L, APLICADO MANUALMENTE EM FACES INTERNAS DE PAREDES, PARA AMBIENTE COM ÁREA MENOR QUE 5M2, ESPESSURA DE 20MM, COM EXECUÇÃO DE TALISCAS. AF_06/2014","M2","COEFICIENTE DE REPRESENTATIVIDADE",39.090000000000003,"CAIXA REFERENCIAL"]
["REVESTIMENTO E TRATAMENTO DE SUPERFICIES","REVE","EMBOCO","0107","","",87535,"EMBOÇO, PARA RECEBIMENTO DE CERÂMICA, EM ARGAMASSA TRAÇO 1:2:8, PREPARO MECÂNICO COM BETONEIRA 400L, APLICADO MANUALMENTE EM FACES INTERNAS DE PAREDES, PARA AMBIENTE COM ÁREA  MAIOR QUE 10M2, ESPESSURA DE 20MM, COM EXECUÇÃO DE TALISCAS. AF_06/2014","M2","COEFICIENTE DE REPRESENTATIVIDADE",31.39,"CAIXA REFERENCIAL"]
["REVESTIMENTO E TRATAMENTO DE SUPERFICIES","REVE","EMBOCO","0107","","",87541,"EMBOÇO, PARA RECEBIMENTO DE CERÂMICA, EM ARGAMASSA INDUSTRIALIZADA, PREPARO MECÂNICO, APLICADO COM EQUIPAMENTO DE MISTURA E PROJEÇÃO DE 1,5 M3/H DE ARGAMASSA EM FACES INTERNAS DE PAREDES, PARA AMBIENTE COM ÁREA MAIOR QUE 10M2, ESPESSURA DE 20MM, COM EXECUÇÃO DE TALISCAS. AF_06/2014","M2","COEFICIENTE DE REPRESENTATIVIDADE",87.2,"CAIXA REFERENCIAL"]
["REVESTIMENTO E TRATAMENTO DE SUPERFICIES","REVE","EMBOCO","0107","","",87548,"MASSA ÚNICA, PARA RECEBIMENTO DE PINTURA, EM ARGAMASSA TRAÇO 1:2:8, PREPARO MANUAL, APLICADA MANUALMENTE EM FACES INTERNAS DE PAREDES, ESPESSURA DE 10MM, COM EXECUÇÃO DE TALISCAS. AF_06/2014","M2","COEFICIENTE DE REPRESENTATIVIDADE",25.04,"CAIXA REFERENCIAL"]
["REVESTIMENTO E TRATAMENTO DE SUPERFICIES","REVE","EMBOCO","0107","","",87556,"MASSA ÚNICA, PARA RECEBIMENTO DE PINTURA, EM ARGAMASSA INDUSTRIALIZADA, PREPARO MECÂNICO, APLICADO COM EQUIPAMENTO DE MISTURA E PROJEÇÃO DE 1,5 M3/H DE ARGAMASSA EM FACES INTERNAS DE PAREDES, ESPESSURA DE 10MM, COM EXECUÇÃO DE TALISCAS. AF_06/2014","M2","COEFICIENTE DE REPRESENTATIVIDADE",53.27,"CAIXA REFERENCIAL"]
["REVESTIMENTO E TRATAMENTO DE SUPERFICIES","REVE","EMBOCO","0107","","",87777,"EMBOÇO OU MASSA ÚNICA EM ARGAMASSA TRAÇO 1:2:8, PREPARO MANUAL, APLICADA MANUALMENTE EM PANOS DE FACHADA COM PRESENÇA DE VÃOS, ESPESSURA DE 25 MM. AF_08/2022","M2","ATRIBUÍDO SÃO PAULO",51.35,"CAIXA REFERENCIAL"]
["REVESTIMENTO E TRATAMENTO DE SUPERFICIES","REVE","EMBOCO","0107","","",87786,"EMBOÇO OU MASSA ÚNICA EM ARGAMASSA TRAÇO 1:2:8, PREPARO MANUAL, APLICADA MANUALMENTE EM PANOS DE FACHADA COM PRESENÇA DE VÃOS, ESPESSURA DE 45 MM. AF_08/2022","M2","ATRIBUÍDO SÃO PAULO",73.78,"CAIXA REFERENCIAL"]
["REVESTIMENTO E TRATAMENTO DE SUPERFICIES","REVE","EMBOCO","0107","","",87792,"EMBOÇO OU MASSA ÚNICA EM ARGAMASSA TRAÇO 1:2:8, PREPARO MECÂNICO COM BETONEIRA 400 L, APLICADA MANUALMENTE EM PANOS CEGOS DE FACHADA (SEM PRESENÇA DE VÃOS), ESPESSURA DE 25 MM. AF_08/2022","M2","ATRIBUÍDO SÃO PAULO",36.1,"CAIXA REFERENCIAL"]
["REVESTIMENTO E TRATAMENTO DE SUPERFICIES","REVE","EMBOCO","0107","","",87800,"EMBOÇO OU MASSA ÚNICA EM ARGAMASSA INDUSTRIALIZADA, PREPARO MECÂNICO E APLICAÇÃO COM EQUIPAMENTO DE MISTURA E PROJEÇÃO DE 1,5 M3/H DE ARGAMASSA EM PANOS CEGOS DE FACHADA (SEM PRESENÇA DE VÃOS), ESPESSURA DE 35 MM. AF_08/2022","M2","ATRIBUÍDO SÃO PAULO",108.27,"CAIXA REFERENCIAL"]
["REVESTIMENTO E TRATAMENTO DE SUPERFICIES","REVE","EMBOCO","0107","","",87801,"EMBOÇO OU MASSA ÚNICA EM ARGAMASSA TRAÇO 1:2:8, PREPARO MECÂNICO COM BETONEIRA 400 L, APLICADA MANUALMENTE EM PANOS CEGOS DE FACHADA (SEM PRESENÇA DE VÃOS), ESPESSURA DE 45 MM. AF_08/2022","M2","ATRIBUÍDO SÃO PAULO",55.51,"CAIXA REFERENCIAL"]
["REVESTIMENTO E TRATAMENTO DE SUPERFICIES","REVE","EMBOCO","0107","","",87808,"EMBOÇO OU MASSA ÚNICA EM ARGAMASSA INDUSTRIALIZADA, PREPARO MECÂNICO E APLICAÇÃO COM EQUIPAMENTO DE MISTURA E PROJEÇÃO DE 1,5 M3/H DE ARGAMASSA EM PANOS CEGOS DE FACHADA (SEM PRESENÇA DE VÃOS), ESPESSURA MAIOR OU IGUAL A 50 MM. AF_08/2022","M2","ATRIBUÍDO SÃO PAULO",139.63999999999999,"CAIXA REFERENCIAL"]
["REVESTIMENTO E TRATAMENTO DE SUPERFICIES","REVE","EMBOCO","0107","","",87815,"EMBOÇO OU MASSA ÚNICA EM ARGAMASSA TRAÇO 1:2:8, PREPARO MANUAL, APLICADA MANUALMENTE EM SUPERFÍCIES EXTERNAS DA SACADA, ESPESSURA DE 35 MM, SEM USO DE TELA METÁLICA DE REFORÇO CONTRA FISSURAÇÃO. AF_08/2022","M2","COEFICIENTE DE REPRESENTATIVIDADE",84.29,"CAIXA REFERENCIAL"]
["REVESTIMENTO E TRATAMENTO DE SUPERFICIES","REVE","EMBOCO","0107","","",87823,"EMBOÇO OU MASSA ÚNICA EM ARGAMASSA TRAÇO 1:2:8, PREPARO MANUAL, APLICADA MANUALMENTE EM SUPERFÍCIES EXTERNAS DA SACADA, ESPESSURA MAIOR OU IGUAL A 50 MM, SEM USO DE TELA METÁLICA DE REFORÇO CONTRA FISSURAÇÃO. AF_08/2022","M2","COEFICIENTE DE REPRESENTATIVIDADE",116.46,"CAIXA REFERENCIAL"]
["REVESTIMENTO E TRATAMENTO DE SUPERFICIES","REVE","EMBOCO","0107","","",87829,"EMBOÇO OU MASSA ÚNICA EM ARGAMASSA TRAÇO 1:2:8, PREPARO MECÂNICO COM BETONEIRA 400 L, APLICADA MANUALMENTE NAS PAREDES INTERNAS DA SACADA, ESPESSURA DE 35 MM, SEM USO DE TELA METÁLICA DE REFORÇO CONTRA FISSURAÇÃO. AF_08/2022","M2","COEFICIENTE DE REPRESENTATIVIDADE",76.81,"CAIXA REFERENCIAL"]
["REVESTIMENTO E TRATAMENTO DE SUPERFICIES","REVE","EMBOCO","0107","","",87837,"REVESTIMENTO DECORATIVO MONOCAMADA APLICADO COM EQUIPAMENTO DE PROJEÇÃO EM PANOS CEGOS DA FACHADA DE UM EDIFÍCIO DE ALVENARIA ESTRUTURAL, COM ACABAMENTO RASPADO. AF_06/2014","M2","ATRIBUÍDO SÃO PAULO",152.51,"CAIXA REFERENCIAL"]
["REVESTIMENTO E TRATAMENTO DE SUPERFICIES","REVE","EMBOCO","0107","","",87842,"REVESTIMENTO DECORATIVO MONOCAMADA APLICADO MANUALMENTE EM SUPERFÍCIES EXTERNAS DA SACADA DE UM EDIFÍCIO DE ESTRUTURA CONVENCIONAL E ACABAMENTO RASPADO. AF_06/2014","M2","COEFICIENTE DE REPRESENTATIVIDADE",238.19,"CAIXA REFERENCIAL"]
["REVESTIMENTO E TRATAMENTO DE SUPERFICIES","REVE","EMBOCO","0107","","",87847,"REVESTIMENTO DECORATIVO MONOCAMADA APLICADO MANUALMENTE EM PANOS CEGOS DA FACHADA DE UM EDIFÍCIO DE ALVENARIA ESTRUTURAL, COM ACABAMENTO TRAVERTINO. AF_06/2014","M2","ATRIBUÍDO SÃO PAULO",177.25,"CAIXA REFERENCIAL"]
["REVESTIMENTO E TRATAMENTO DE SUPERFICIES","REVE","EMBOCO","0107","","",87853,"REVESTIMENTO DECORATIVO MONOCAMADA APLICADO COM EQUIPAMENTO DE PROJEÇÃO EM PANOS DA FACHADA COM PRESENÇA DE VÃOS, DE UM EDIFÍCIO DE ALVENARIA ESTRUTURAL E ACABAMENTO TRAVERTINO. AF_06/2014","M2","ATRIBUÍDO SÃO PAULO",173.13,"CAIXA REFERENCIAL"]
["REVESTIMENTO E TRATAMENTO DE SUPERFICIES","REVE","EMBOCO","0107","","",87858,"REVESTIMENTO DECORATIVO MONOCAMADA APLICADO MANUALMENTE NAS PAREDES INTERNAS DA SACADA COM ACABAMENTO RASPADO. AF_06/2014","M2","ATRIBUÍDO SÃO PAULO",168.23,"CAIXA REFERENCIAL"]
["REVESTIMENTO E TRATAMENTO DE SUPERFICIES","REVE","EMBOCO","0107","","",90407,"MASSA ÚNICA, PARA RECEBIMENTO DE PINTURA, EM ARGAMASSA TRAÇO 1:2:8, PREPARO MANUAL, APLICADA MANUALMENTE EM TETO, ESPESSURA DE 20MM, COM EXECUÇÃO DE TALISCAS. AF_03/2015","M2","COEFICIENTE DE REPRESENTATIVIDADE",49.33,"CAIXA REFERENCIAL"]
["REVESTIMENTO E TRATAMENTO DE SUPERFICIES","REVE","EMBOCO","0107","","",104205,"EMBOÇO OU MASSA ÚNICA EM ARGAMASSA TRAÇO 1:2:8, PREPARO MECÂNICA COM BETONEIRA 400 L, APLICADA COM PROJETOR TIPO CANEQUINHA EM PANOS DE FACHADA COM PRESENÇA DE VÃOS, ESPESSURA DE 45 MM, ACESSO POR BALANCIM MANUAL. AF_08/2022","M2","ATRIBUÍDO SÃO PAULO",74.599999999999994,"CAIXA REFERENCIAL"]
["REVESTIMENTO E TRATAMENTO DE SUPERFICIES","REVE","EMBOCO","0107","","",104210,"EMBOÇO OU MASSA ÚNICA EM ARGAMASSA TRAÇO 1:2:8, PREPARO MECÂNICA COM BETONEIRA 400 L, APLICADA COM PROJETOR TIPO CANEQUINHA EM PANOS DE FACHADA SEM PRESENÇA DE VÃOS, ESPESSURA DE 50 MM, ACESSO POR BALANCIM MANUAL. AF_08/2022","M2","ATRIBUÍDO SÃO PAULO",63.31,"CAIXA REFERENCIAL"]
["REVESTIMENTO E TRATAMENTO DE SUPERFICIES","REVE","EMBOCO","0107","","",104211,"EMBOÇO OU MASSA ÚNICA EM ARGAMASSA TRAÇO 1:2:8, PREPARO MECÂNICA COM BETONEIRA 400 L, APLICADA COM PROJETOR TIPO CANEQUINHA EM SUPERFÍCIES EXTERNAS DA SACADA, ESPESSURA DE 25 MM, ACESSO POR BALANCIM MANUAL, SEM USO DE TELA METÁLICA. AF_08/2022","M2","ATRIBUÍDO SÃO PAULO",72.959999999999994,"CAIXA REFERENCIAL"]
["REVESTIMENTO E TRATAMENTO DE SUPERFICIES","REVE","EMBOCO","0107","","",104216,"EMBOÇO OU MASSA ÚNICA EM ARGAMASSA TRAÇO 1:2:8, PREPARO MECÂNICA COM BETONEIRA 400 L, APLICADA COM PROJETOR TIPO CANEQUINHA EM SUPERFÍCIES INTERNAS DA SACADA, ESPESSURA DE 35 MM, SEM USO DE TELA METÁLICA. AF_08/2022","M2","ATRIBUÍDO SÃO PAULO",83.89,"CAIXA REFERENCIAL"]
["REVESTIMENTO E TRATAMENTO DE SUPERFICIES","REVE","EMBOCO","0107","","",104221,"EMBOÇO OU MASSA ÚNICA EM ARGAMASSA TRAÇO 1:2:8, PREPARO MECÂNICA COM BETONEIRA 400 L, APLICADA MANUALMENTE EM PANOS DE FACHADA COM PRESENÇA DE VÃOS, ESPESSURA DE 35 MM, ACESSO POR ANDAIME. AF_08/2022","M2","ATRIBUÍDO SÃO PAULO",57.91,"CAIXA REFERENCIAL"]
["REVESTIMENTO E TRATAMENTO DE SUPERFICIES","REVE","EMBOCO","0107","","",104227,"EMBOÇO OU MASSA ÚNICA EM ARGAMASSA INDUSTRIALIZADA, PREPARO MECÂNICA E APLICAÇÃO COM EQUIPAMENTO DE MISTURA E PROJEÇÃO DE 1,5 M3/H DE ARGAMASSA EM PANOS DE FACHADA COM PRESENÇA DE VÃOS, ESPESSURA DE 45 MM, ACESSO POR ANDAIME. AF_08/2022","M2","ATRIBUÍDO SÃO PAULO",143.03,"CAIXA REFERENCIAL"]
["REVESTIMENTO E TRATAMENTO DE SUPERFICIES","REVE","EMBOCO","0107","","",104232,"EMBOÇO OU MASSA ÚNICA EM ARGAMASSA TRAÇO 1:2:8, PREPARO MECÂNICA COM BETONEIRA 400 L, APLICADA COM PROJETOR TIPO CANEQUINHA EM PANOS DE FACHADA COM PRESENÇA DE VÃOS, ESPESSURA DE 50 MM, ACESSO POR ANDAIME. AF_08/2022","M2","ATRIBUÍDO SÃO PAULO",77.48,"CAIXA REFERENCIAL"]
["REVESTIMENTO E TRATAMENTO DE SUPERFICIES","REVE","EMBOCO","0107","","",104238,"EMBOÇO OU MASSA ÚNICA EM ARGAMASSA TRAÇO 1:2:8, PREPARO MANUAL, APLICADA MANUALMENTE EM PANOS DE FACHADA SEM PRESENÇA DE VÃOS, ESPESSURA DE 35 MM, ACESSO POR ANDAIME. AF_08/2022","M2","ATRIBUÍDO SÃO PAULO",51.09,"CAIXA REFERENCIAL"]
["REVESTIMENTO E TRATAMENTO DE SUPERFICIES","REVE","EMBOCO","0107","","",104243,"EMBOÇO OU MASSA ÚNICA EM ARGAMASSA INDUSTRIALIZADA, PREPARO MECÂNICA E APLICAÇÃO COM EQUIPAMENTO DE MISTURA E PROJEÇÃO DE 1,5 M3/H DE ARGAMASSA EM PANOS DE FACHADA SEM PRESENÇA DE VÃOS, ESPESSURA DE 45 MM, ACESSO POR ANDAIME. AF_08/2022","M2","ATRIBUÍDO SÃO PAULO",127.04,"CAIXA REFERENCIAL"]
["REVESTIMENTO E TRATAMENTO DE SUPERFICIES","REVE","EMBOCO","0107","","",104248,"EMBOÇO OU MASSA ÚNICA EM ARGAMASSA TRAÇO 1:2:8, PREPARO MECÂNICA COM BETONEIRA 400 L, APLICADA COM PROJETOR TIPO CANEQUINHA EM PANOS DE FACHADA SEM PRESENÇA DE VÃOS, ESPESSURA DE 50 MM, ACESSO POR ANDAIME. AF_08/2022","M2","ATRIBUÍDO SÃO PAULO",60.37,"CAIXA REFERENCIAL"]
["REVESTIMENTO E TRATAMENTO DE SUPERFICIES","REVE","EMBOCO","0107","","",104254,"EMBOÇO OU MASSA ÚNICA EM ARGAMASSA TRAÇO 1:2:8, PREPARO MANUAL, APLICADA MANUALMENTE EM SUPERFÍCIES EXTERNAS DA SACADA, ESPESSURA DE 35 MM, ACESSO POR ANDAIME, SEM USO DE TELA METÁLICA. AF_08/2022","M2","COEFICIENTE DE REPRESENTATIVIDADE",77.69,"CAIXA REFERENCIAL"]
["REVESTIMENTO E TRATAMENTO DE SUPERFICIES","REVE","EMBOCO","0107","","",104259,"EMBOÇO OU MASSA ÚNICA EM ARGAMASSA INDUSTRIALIZADA, PREPARO MECÂNICO E APLICAÇÃO COM EQUIPAMENTO DE MISTURA E PROJEÇÃO DE 1,5 M3/H DE ARGAMASSA EM PANOS DE FACHADA SUPERFÍCIES EXTERNAS DA SACADA, ESPESSURA DE 45 MM, ACESSO POR ANDAIME, SEM USO DE TELA METÁLICA. AF_08/2022","M2","COEFICIENTE DE REPRESENTATIVIDADE",151.07,"CAIXA REFERENCIAL"]
["REVESTIMENTO E TRATAMENTO DE SUPERFICIES","REVE","EMBOCO","0107","","",104627,"APLICAÇÃO MANUAL DE GESSO DESEMPENADO (SEM TALISCAS) EM TETO DE AMBIENTES COM PAREDES EM PÉ DIREITO DUPLO E ÁREA MAIOR QUE 10M², ESPESSURA DE 0,5CM. AF_03/2023","M2","COEFICIENTE DE REPRESENTATIVIDADE",17.489999999999998,"CAIXA REFERENCIAL"]
["REVESTIMENTO E TRATAMENTO DE SUPERFICIES","REVE","EMBOCO","0107","","",104632,"APLICAÇÃO MANUAL DE GESSO DESEMPENADO (SEM TALISCAS) EM TETO DE AMBIENTES COM PAREDES EM PÉ DIREITO DUPLO E ÁREA MENOR QUE 5M², ESPESSURA DE 1,0CM. AF_03/2023","M2","COEFICIENTE DE REPRESENTATIVIDADE",41.63,"CAIXA REFERENCIAL"]
["REVESTIMENTO E TRATAMENTO DE SUPERFICIES","REVE","EMBOCO","0107","","",104634,"APLICAÇÃO MANUAL DE GESSO DESEMPENADO (SEM TALISCAS) EM PAREDES COM PÉ DIREITO DUPLO, ESPESSURA DE 1,0CM. AF_03/2023","M2","COEFICIENTE DE REPRESENTATIVIDADE",35.04,"CAIXA REFERENCIAL"]
["REVESTIMENTO E TRATAMENTO DE SUPERFICIES","REVE","PASTILHAS,CERAMICAS, PLACAS PRE-MOLDADAS E OUTROS","0110","","",87244,"REVESTIMENTO CERÂMICO PARA PAREDES EXTERNAS EM PASTILHAS DE PORCELANA 5 X 5 CM (PLACAS DE 30 X 30 CM), ALINHADAS A PRUMO. AF_02/2023","M2","COEFICIENTE DE REPRESENTATIVIDADE",271.98,"CAIXA REFERENCIAL"]
["REVESTIMENTO E TRATAMENTO DE SUPERFICIES","REVE","PASTILHAS,CERAMICAS, PLACAS PRE-MOLDADAS E OUTROS","0110","","",87271,"REVESTIMENTO CERÂMICO PARA PAREDES INTERNAS COM PLACAS TIPO ESMALTADA EXTRA DE DIMENSÕES 25X35 CM APLICADAS A MEIA ALTURA DAS PAREDES. AF_02/2023_PE","M2","COEFICIENTE DE REPRESENTATIVIDADE",86.86,"CAIXA REFERENCIAL"]
["REVESTIMENTO E TRATAMENTO DE SUPERFICIES","REVE","PASTILHAS,CERAMICAS, PLACAS PRE-MOLDADAS E OUTROS","0110","","",89045,"(COMPOSIÇÃO REPRESENTATIVA) DO SERVIÇO DE REVESTIMENTO CERÂMICO PARA AMBIENTES DE ÁREAS MOLHADAS, MEIA PAREDE OU PAREDE INTEIRA, COM PLACAS TIPO ESMALTADA EXTRA, DIMENSÕES 20X20 CM, PARA EDIFICAÇÃO HABITACIONAL MULTIFAMILIAR (PRÉDIO). AF_11/2014","M2","COEFICIENTE DE REPRESENTATIVIDADE",79.36,"CAIXA REFERENCIAL"]
["REVESTIMENTO E TRATAMENTO DE SUPERFICIES","REVE","PASTILHAS,CERAMICAS, PLACAS PRE-MOLDADAS E OUTROS","0110","","",104611,"REVESTIMENTO CERÂMICO PARA PAREDES INTERNAS COM PLACAS TIPO ESMALTADA EXTRA DE DIMENSÕES 60X60 CM APLICADAS NA ALTURA INTEIRA DAS PAREDES. AF_02/2023_PE","M2","COEFICIENTE DE REPRESENTATIVIDADE",106.88,"CAIXA REFERENCIAL"]
["REVESTIMENTO E TRATAMENTO DE SUPERFICIES","REVE","PASTILHAS,CERAMICAS, PLACAS PRE-MOLDADAS E OUTROS","0110","","",104616,"REVESTIMENTO CERÂMICO PARA PAREDES INTERNAS COM PLACAS TIPO PASTILHA DE DIMENSÕES 2,5 X 2,5 CM (PLACAS DE 30 X 30 CM) CM APLICADAS NA ALTURA INTEIRA DAS PAREDES. AF_02/2023","M2","COEFICIENTE DE REPRESENTATIVIDADE",398.68,"CAIXA REFERENCIAL"]
["REVESTIMENTO E TRATAMENTO DE SUPERFICIES","REVE","CHAPIM","0132","","",101979,"CHAPIM (RUFO CAPA) EM AÇO GALVANIZADO, CORTE 33. AF_11/2020","M","COEFICIENTE DE REPRESENTATIVIDADE",47.6,"CAIXA REFERENCIAL"]
["REVESTIMENTO E TRATAMENTO DE SUPERFICIES","REVE","FORRO DE GESSO","0134","","",96110,"FORRO EM DRYWALL PARA AMBIENTES RESIDENCIAIS, INCLUSIVE ESTRUTURA UNIDIRECIONAL DE FIXAÇÃO. AF_08/2023_PS","M2","COEFICIENTE DE REPRESENTATIVIDADE",74.12,"CAIXA REFERENCIAL"]
["REVESTIMENTO E TRATAMENTO DE SUPERFICIES","REVE","FORRO DE GESSO","0134","","",99054,"ACABAMENTOS PARA FORRO (SANCA DE GESSO, MONTADA NA OBRA). AF_08/2023_PS","M2","ATRIBUÍDO SÃO PAULO",51.56,"CAIXA REFERENCIAL"]
["REVESTIMENTO E TRATAMENTO DE SUPERFICIES","REVE","RESTAURO","0319","","",91515,"ESTUCAMENTO DE DENSIDADE BAIXA DE PANOS DE FACHADA DO SISTEMA DE PAREDES DE CONCRETO EM EDIFICAÇÕES DE MÚLTIPLOS PAVIMENTOS, ACESSO COM PLATAFORMA OU CADEIRINHA, UTILIZAÇÃO DE ARGAMASSA COLANTE. AF_10/2022","M2","COEFICIENTE DE REPRESENTATIVIDADE",5.36,"CAIXA REFERENCIAL"]
["REVESTIMENTO E TRATAMENTO DE SUPERFICIES","REVE","RESTAURO","0319","","",104412,"ESTUCAMENTO PARA QUALQUER REVESTIMENTO, EM TETO DO SISTEMA DE PAREDES DE CONCRETO, EM AMBIENTES COM ÁREA MAIOR QUE 10 M², UTILIZAÇÃO DE ARGAMASSA COLANTE. AF_10/2022","M2","COEFICIENTE DE REPRESENTATIVIDADE",2.4900000000000002,"CAIXA REFERENCIAL"]
["REVESTIMENTO E TRATAMENTO DE SUPERFICIES","REVE","RESTAURO","0319","","",104417,"ESTUCAMENTO DE DENSIDADE BAIXA NAS FACES INTERNAS DE PAREDES DO SISTEMA DE PAREDES DE CONCRETO, EM AMBIENTES COM ÁREA MENOR QUE 5 M², UTILIZAÇÃO DE ARGAMASSA COLANTE. AF_10/2022","M2","COEFICIENTE DE REPRESENTATIVIDADE",3.6,"CAIXA REFERENCIAL"]
["REVESTIMENTO E TRATAMENTO DE SUPERFICIES","REVE","RESTAURO","0319","","",104423,"ESTUCAMENTO DE DENSIDADE ALTA DE PANOS DE FACHADA DO SISTEMA DE PAREDES DE CONCRETO EM UNIDADES HABITACIONAIS DE DOIS PAVIMENTOS (SOBRADO), ACESSO COM ANDAIME FACHADEIRO, UTILIZAÇÃO DE ARGAMASSA COLANTE. AF_10/2022","M2","COEFICIENTE DE REPRESENTATIVIDADE",21.01,"CAIXA REFERENCIAL"]
["SERVICOS DIVERSOS","SEDI","ARGAMASSAS","0210","","",87283,"ARGAMASSA TRAÇO 1:6 (EM VOLUME DE CIMENTO E AREIA MÉDIA ÚMIDA) COM ADIÇÃO DE PLASTIFICANTE PARA EMBOÇO/MASSA ÚNICA/ASSENTAMENTO DE ALVENARIA DE VEDAÇÃO, PREPARO MECÂNICO COM BETONEIRA 400 L. AF_08/2019","M3","COEFICIENTE DE REPRESENTATIVIDADE",493.94,"CAIXA REFERENCIAL"]
["SERVICOS DIVERSOS","SEDI","ARGAMASSAS","0210","","",87284,"ARGAMASSA TRAÇO 1:6 (EM VOLUME DE CIMENTO E AREIA MÉDIA ÚMIDA) COM ADIÇÃO DE PLASTIFICANTE PARA EMBOÇO/MASSA ÚNICA/ASSENTAMENTO DE ALVENARIA DE VEDAÇÃO, PREPARO MECÂNICO COM BETONEIRA 600 L. AF_08/2019","M3","COEFICIENTE DE REPRESENTATIVIDADE",490.44,"CAIXA REFERENCIAL"]
["SERVICOS DIVERSOS","SEDI","ARGAMASSAS","0210","","",87292,"ARGAMASSA TRAÇO 1:2:8 (EM VOLUME DE CIMENTO, CAL E AREIA MÉDIA ÚMIDA) PARA EMBOÇO/MASSA ÚNICA/ASSENTAMENTO DE ALVENARIA DE VEDAÇÃO, PREPARO MECÂNICO COM BETONEIRA 400 L. AF_08/2019","M3","COEFICIENTE DE REPRESENTATIVIDADE",581.41999999999996,"CAIXA REFERENCIAL"]
["SERVICOS DIVERSOS","SEDI","ARGAMASSAS","0210","","",87299,"ARGAMASSA TRAÇO 1:3 (EM VOLUME DE CIMENTO E AREIA MÉDIA ÚMIDA) PARA CONTRAPISO, PREPARO MECÂNICO COM BETONEIRA 600 L. AF_08/2019","M3","COEFICIENTE DE REPRESENTATIVIDADE",483.12,"CAIXA REFERENCIAL"]
["SERVICOS DIVERSOS","SEDI","ARGAMASSAS","0210","","",87308,"ARGAMASSA TRAÇO 1:6 (EM VOLUME DE CIMENTO E AREIA MÉDIA ÚMIDA) PARA CONTRAPISO, PREPARO MECÂNICO COM BETONEIRA 600 L. AF_08/2019","M3","COEFICIENTE DE REPRESENTATIVIDADE",565.24,"CAIXA REFERENCIAL"]
["SERVICOS DIVERSOS","SEDI","ARGAMASSAS","0210","","",87316,"ARGAMASSA TRAÇO 1:4 (EM VOLUME DE CIMENTO E AREIA GROSSA ÚMIDA) PARA CHAPISCO CONVENCIONAL, PREPARO MECÂNICO COM BETONEIRA 400 L. AF_08/2019","M3","COEFICIENTE DE REPRESENTATIVIDADE",531.89,"CAIXA REFERENCIAL"]
["SERVICOS DIVERSOS","SEDI","ARGAMASSAS","0210","","",87325,"ARGAMASSA TRAÇO 1:4 (EM VOLUME DE CIMENTO E AREIA GROSSA ÚMIDA) COM ADIÇÃO DE EMULSÃO POLIMÉRICA PARA CHAPISCO ROLADO, PREPARO MECÂNICO COM BETONEIRA 400 L. AF_08/2019","M3","COEFICIENTE DE REPRESENTATIVIDADE",6691.57,"CAIXA REFERENCIAL"]
["SERVICOS DIVERSOS","SEDI","ARGAMASSAS","0210","","",87330,"ARGAMASSA TRAÇO 1:6 (EM VOLUME DE CIMENTO E AREIA MÉDIA ÚMIDA) COM ADIÇÃO DE PLASTIFICANTE PARA EMBOÇO/MASSA ÚNICA/ASSENTAMENTO DE ALVENARIA DE VEDAÇÃO, PREPARO MECÂNICO COM MISTURADOR DE EIXO HORIZONTAL DE 600 KG. AF_08/2019","M3","COEFICIENTE DE REPRESENTATIVIDADE",473.7,"CAIXA REFERENCIAL"]
["SERVICOS DIVERSOS","SEDI","ARGAMASSAS","0210","","",87335,"ARGAMASSA TRAÇO 1:2:8 (EM VOLUME DE CIMENTO, CAL E AREIA MÉDIA ÚMIDA) PARA EMBOÇO/MASSA ÚNICA/ASSENTAMENTO DE ALVENARIA DE VEDAÇÃO, PREPARO MECÂNICO COM MISTURADOR DE EIXO HORIZONTAL DE 300 KG. AF_08/2019","M3","COEFICIENTE DE REPRESENTATIVIDADE",565.87,"CAIXA REFERENCIAL"]
["SERVICOS DIVERSOS","SEDI","ARGAMASSAS","0210","","",87341,"ARGAMASSA TRAÇO 1:3 (EM VOLUME DE CIMENTO E AREIA MÉDIA ÚMIDA) PARA CONTRAPISO, PREPARO MECÂNICO COM MISTURADOR DE EIXO HORIZONTAL DE 600 KG. AF_08/2019","M3","COEFICIENTE DE REPRESENTATIVIDADE",753.25,"CAIXA REFERENCIAL"]
["SERVICOS DIVERSOS","SEDI","ARGAMASSAS","0210","","",87346,"ARGAMASSA TRAÇO 1:5 (EM VOLUME DE CIMENTO E AREIA MÉDIA ÚMIDA) PARA CONTRAPISO, PREPARO MECÂNICO COM MISTURADOR DE EIXO HORIZONTAL DE 300 KG. AF_08/2019","M3","COEFICIENTE DE REPRESENTATIVIDADE",610.35,"CAIXA REFERENCIAL"]
["SERVICOS DIVERSOS","SEDI","ARGAMASSAS","0210","","",87351,"ARGAMASSA TRAÇO 1:5 (EM VOLUME DE CIMENTO E AREIA GROSSA ÚMIDA) PARA CHAPISCO CONVENCIONAL, PREPARO MECÂNICO COM MISTURADOR DE EIXO HORIZONTAL DE 600 KG. AF_08/2019","M3","COEFICIENTE DE REPRESENTATIVIDADE",455.9,"CAIXA REFERENCIAL"]
["SERVICOS DIVERSOS","SEDI","ARGAMASSAS","0210","","",87357,"ARGAMASSA TRAÇO 1:4 (EM VOLUME DE CIMENTO E AREIA GROSSA ÚMIDA) PARA CHAPISCO CONVENCIONAL, PREPARO MECÂNICO COM MISTURADOR DE EIXO HORIZONTAL DE 600 KG. AF_08/2019","M3","COEFICIENTE DE REPRESENTATIVIDADE",501.68,"CAIXA REFERENCIAL"]
["SERVICOS DIVERSOS","SEDI","ARGAMASSAS","0210","","",87362,"ARGAMASSA TRAÇO 1:3 (EM VOLUME DE CIMENTO E AREIA GROSSA ÚMIDA) COM ADIÇÃO DE EMULSÃO POLIMÉRICA PARA CHAPISCO ROLADO, PREPARO MECÂNICO COM MISTURADOR DE EIXO HORIZONTAL DE 600 KG. AF_08/2019","M3","COEFICIENTE DE REPRESENTATIVIDADE",6699.9,"CAIXA REFERENCIAL"]
["SERVICOS DIVERSOS","SEDI","ARGAMASSAS","0210","","",87363,"ARGAMASSA TRAÇO 1:4 (EM VOLUME DE CIMENTO E AREIA GROSSA ÚMIDA) COM ADIÇÃO DE EMULSÃO POLIMÉRICA PARA CHAPISCO ROLADO, PREPARO MECÂNICO COM MISTURADOR DE EIXO HORIZONTAL DE 300 KG. AF_08/2019","M3","COEFICIENTE DE REPRESENTATIVIDADE",6597.2,"CAIXA REFERENCIAL"]
["SERVICOS DIVERSOS","SEDI","ARGAMASSAS","0210","","",87368,"ARGAMASSA TRAÇO 1:1,5:7,5 (EM VOLUME DE CIMENTO, CAL E AREIA MÉDIA ÚMIDA) PARA EMBOÇO/MASSA ÚNICA/ASSENTAMENTO DE ALVENARIA DE VEDAÇÃO, PREPARO MANUAL. AF_08/2019","M3","COEFICIENTE DE REPRESENTATIVIDADE",673.77,"CAIXA REFERENCIAL"]
["SERVICOS DIVERSOS","SEDI","ARGAMASSAS","0210","","",87373,"ARGAMASSA TRAÇO 1:4 (EM VOLUME DE CIMENTO E AREIA MÉDIA ÚMIDA) PARA CONTRAPISO, PREPARO MANUAL. AF_08/2019","M3","COEFICIENTE DE REPRESENTATIVIDADE",786.75,"CAIXA REFERENCIAL"]
["SERVICOS DIVERSOS","SEDI","ARGAMASSAS","0210","","",87379,"ARGAMASSA TRAÇO 1:5 (EM VOLUME DE CIMENTO E AREIA GROSSA ÚMIDA) COM ADIÇÃO DE EMULSÃO POLIMÉRICA PARA CHAPISCO ROLADO, PREPARO MANUAL. AF_08/2019","M3","COEFICIENTE DE REPRESENTATIVIDADE",6730.55,"CAIXA REFERENCIAL"]
["SERVICOS DIVERSOS","SEDI","ARGAMASSAS","0210","","",87384,"ARGAMASSA INDUSTRIALIZADA MULTIUSO PARA REVESTIMENTOS E ASSENTAMENTO DA ALVENARIA, PREPARO COM MISTURADOR DE EIXO HORIZONTAL DE 600 KG. AF_08/2019","M3","COEFICIENTE DE REPRESENTATIVIDADE",2089.39,"CAIXA REFERENCIAL"]
["SERVICOS DIVERSOS","SEDI","ARGAMASSAS","0210","","",87389,"ARGAMASSA PARA REVESTIMENTO DECORATIVO MONOCAMADA (MONOCAPA), PREPARO COM MISTURADOR DE EIXO HORIZONTAL DE 300 KG. AF_08/2019","M3","COEFICIENTE DE REPRESENTATIVIDADE",5898.52,"CAIXA REFERENCIAL"]
["SERVICOS DIVERSOS","SEDI","ARGAMASSAS","0210","","",87396,"ARGAMASSA INDUSTRIALIZADA PARA CHAPISCO COLANTE, PREPARO COM MISTURADOR DE EIXO HORIZONTAL DE 300 KG. AF_08/2019","M3","COEFICIENTE DE REPRESENTATIVIDADE",4128.72,"CAIXA REFERENCIAL"]
["SERVICOS DIVERSOS","SEDI","ARGAMASSAS","0210","","",87402,"ARGAMASSA INDUSTRIALIZADA PARA CHAPISCO COLANTE, PREPARO MANUAL. AF_08/2019","M3","COEFICIENTE DE REPRESENTATIVIDADE",4342.47,"CAIXA REFERENCIAL"]
["SERVICOS DIVERSOS","SEDI","ARGAMASSAS","0210","","",88626,"ARGAMASSA TRAÇO 1:0,5:4,5 (EM VOLUME DE CIMENTO, CAL E AREIA MÉDIA ÚMIDA), PREPARO MECÂNICO COM BETONEIRA 400 L. AF_08/2019","M3","COEFICIENTE DE REPRESENTATIVIDADE",605.79,"CAIXA REFERENCIAL"]
["SERVICOS DIVERSOS","SEDI","ARGAMASSAS","0210","","",88631,"ARGAMASSA TRAÇO 1:4 (EM VOLUME DE CIMENTO E AREIA MÉDIA ÚMIDA), PREPARO MANUAL. AF_08/2019","M3","COEFICIENTE DE REPRESENTATIVIDADE",653.54,"CAIXA REFERENCIAL"]
["SERVICOS DIVERSOS","SEDI","ARGAMASSAS","0210","","",100466,"ARGAMASSA TRAÇO 1:0,5:4,5  (EM VOLUME DE CIMENTO, CAL E AREIA MÉDIA ÚMIDA), PREPARO MECÂNICO COM MISTURADOR DE EIXO HORIZONTAL DE 600 KG. AF_08/2019","M3","COEFICIENTE DE REPRESENTATIVIDADE",580.79999999999995,"CAIXA REFERENCIAL"]
["SERVICOS DIVERSOS","SEDI","ARGAMASSAS","0210","","",100474,"ARGAMASSA TRAÇO 1:4 (EM VOLUME DE CIMENTO E AREIA MÉDIA ÚMIDA), PREPARO MECÂNICO COM MISTURADOR DE EIXO HORIZONTAL DE 600 KG. AF_08/2019","M3","COEFICIENTE DE REPRESENTATIVIDADE",550.66,"CAIXA REFERENCIAL"]
["SERVICOS DIVERSOS","SEDI","ARGAMASSAS","0210","","",100480,"ARGAMASSA TRAÇO 1:3 (EM VOLUME DE CIMENTO E AREIA MÉDIA ÚMIDA) COM ADIÇÃO DE IMPERMEABILIZANTE, PREPARO MANUAL. AF_08/2019","M3","COEFICIENTE DE REPRESENTATIVIDADE",1011.29,"CAIXA REFERENCIAL"]
["SERVICOS DIVERSOS","SEDI","ARGAMASSAS","0210","","",100481,"ARGAMASSA TRAÇO 1:4 (EM VOLUME DE CIMENTO E AREIA MÉDIA ÚMIDA) COM ADIÇÃO DE IMPERMEABILIZANTE, PREPARO MECÂNICO COM BETONEIRA 400 L. AF_08/2019","M3","COEFICIENTE DE REPRESENTATIVIDADE",781.73,"CAIXA REFERENCIAL"]
["SERVICOS DIVERSOS","SEDI","ARGAMASSAS","0210","","",100487,"ARGAMASSA TRAÇO 1:2:9 (EM VOLUME DE CIMENTO, CAL E AREIA MÉDIA ÚMIDA) PARA EMBOÇO/MASSA ÚNICA/ASSENTAMENTO DE ALVENARIA DE VEDAÇÃO, PREPARO MECÂNICO COM MISTURADOR DE EIXO HORIZONTAL DE 600 KG. AF_08/2019","M3","COEFICIENTE DE REPRESENTATIVIDADE",526.49,"CAIXA REFERENCIAL"]
["SERVICOS DIVERSOS","SEDI","ARGAMASSAS","0210","","",100492,"ARGAMASSA TRAÇO 1:4 (EM VOLUME DE CIMENTO E AREIA MÉDIA ÚMIDA) COM ADIÇÃO DE IMPERMEABILIZANTE, PREPARO MECÂNICO COM BETONEIRA 600 L. AF_08/2019","M3","COEFICIENTE DE REPRESENTATIVIDADE",784.35,"CAIXA REFERENCIAL"]
["SERVICOS DIVERSOS","SEDI","CARGA, DESCARGA E TRANSPORTE DE MATERIAIS","0211","","",100197,"TRANSPORTE HORIZONTAL MANUAL, DE SACOS DE 20 KG (UNIDADE: KGXKM). AF_07/2019","KGXKM","COLETADO",1.58,"CAIXA REFERENCIAL"]
["SERVICOS DIVERSOS","SEDI","CARGA, DESCARGA E TRANSPORTE DE MATERIAIS","0211","","",100202,"TRANSPORTE HORIZONTAL COM CARRINHO DE MÃO, DE SACOS DE 30 KG (UNIDADE: KGXKM). AF_07/2019","KGXKM","COLETADO",0.75,"CAIXA REFERENCIAL"]
["SERVICOS DIVERSOS","SEDI","CARGA, DESCARGA E TRANSPORTE DE MATERIAIS","0211","","",100207,"TRANSPORTE HORIZONTAL COM CARREGADEIRA, DE MASSA/ GRANEL (UNIDADE: M3XKM). AF_07/2019","M3XKM","ATRIBUÍDO SÃO PAULO",436.04,"CAIXA REFERENCIAL"]
["SERVICOS DIVERSOS","SEDI","CARGA, DESCARGA E TRANSPORTE DE MATERIAIS","0211","","",100213,"TRANSPORTE HORIZONTAL COM CARRINHO PLATAFORMA, DE BLOCOS CERÂMICOS FURADOS NA HORIZONTAL DE 9X19X19CM (UNIDADE: BLOCOXKM). AF_07/2019","UNXKM","COLETADO",2.2000000000000002,"CAIXA REFERENCIAL"]
["SERVICOS DIVERSOS","SEDI","CARGA, DESCARGA E TRANSPORTE DE MATERIAIS","0211","","",100218,"TRANSPORTE HORIZONTAL COM MANIPULADOR TELESCÓPICO, DE BLOCOS CERÂMICOS FURADOS NA VERTICAL DE 19X19X39CM (UNIDADE: BLOCOXKM). AF_07/2019","UNXKM","ATRIBUÍDO SÃO PAULO",1.89,"CAIXA REFERENCIAL"]
["SERVICOS DIVERSOS","SEDI","CARGA, DESCARGA E TRANSPORTE DE MATERIAIS","0211","","",100224,"TRANSPORTE HORIZONTAL COM MANIPULADOR TELESCÓPICO, DE CAIXA COM REVESTIMENTO CERÂMICO (UNIDADE: M2XKM). AF_07/2019","M2XKM","ATRIBUÍDO SÃO PAULO",2.75,"CAIXA REFERENCIAL"]
["SERVICOS DIVERSOS","SEDI","CARGA, DESCARGA E TRANSPORTE DE MATERIAIS","0211","","",100229,"TRANSPORTE VERTICAL MANUAL, 1 PAVIMENTO, DE SACOS DE 50 KG (UNIDADE: KG). AF_07/2019","KG","COLETADO",0.01,"CAIXA REFERENCIAL"]
["SERVICOS DIVERSOS","SEDI","CARGA, DESCARGA E TRANSPORTE DE MATERIAIS","0211","","",100234,"TRANSPORTE VERTICAL MANUAL, 1 PAVIMENTO, DE CAIXA COM REVESTIMENTO CERÂMICO (UNIDADE: M2). AF_07/2019","M2","COLETADO",0.44,"CAIXA REFERENCIAL"]
["SERVICOS DIVERSOS","SEDI","CARGA, DESCARGA E TRANSPORTE DE MATERIAIS","0211","","",100240,"TRANSPORTE HORIZONTAL MANUAL, DE TUBO DE PPR - PN12 OU PN25 - COM DIÂMETRO MENOR OU IGUAL A 50 MM (UNIDADE: MXKM). AF_07/2019","MXKM","COLETADO",3.21,"CAIXA REFERENCIAL"]
["SERVICOS DIVERSOS","SEDI","CARGA, DESCARGA E TRANSPORTE DE MATERIAIS","0211","","",100245,"TRANSPORTE HORIZONTAL MANUAL, DE TUBO DE COBRE - CLASSE E - COM DIÂMETRO MAIOR QUE 79 MM E MENOR OU IGUAL A 104 MM (UNIDADE: MXKM). AF_07/2019","MXKM","COLETADO",6.44,"CAIXA REFERENCIAL"]
["SERVICOS DIVERSOS","SEDI","CARGA, DESCARGA E TRANSPORTE DE MATERIAIS","0211","","",100246,"TRANSPORTE HORIZONTAL MANUAL, DE TUBO DE PVC SÉRIE NORMAL - ESGOTO PREDIAL, OU REFORÇADO PARA ESGOTO OU ÁGUAS PLUVIAIS PREDIAL, COM DIÂMETRO MENOR OU IGUAL A 75 MM (UNIDADE: MXKM). AF_07/2019","MXKM","COLETADO",2.14,"CAIXA REFERENCIAL"]
["SERVICOS DIVERSOS","SEDI","CARGA, DESCARGA E TRANSPORTE DE MATERIAIS","0211","","",100251,"TRANSPORTE HORIZONTAL MANUAL, DE TUBO DE AÇO CARBONO LEVE OU MÉDIO, PRETO OU GALVANIZADO, COM DIÂMETRO MAIOR QUE 32 MM E MENOR OU IGUAL A 65 MM (UNIDADE: MXKM). AF_07/2019","MXKM","COLETADO",10.57,"CAIXA REFERENCIAL"]
["SERVICOS DIVERSOS","SEDI","CARGA, DESCARGA E TRANSPORTE DE MATERIAIS","0211","","",100256,"TRANSPORTE HORIZONTAL MANUAL, DE CAIBROS DE MADEIRA COM SEÇÃO TRANSVERSAL DE 7,5 X 6 CM E 6 X 8 CM (UNIDADE: MXKM). AF_07/2019","MXKM","COLETADO",7.15,"CAIXA REFERENCIAL"]
["SERVICOS DIVERSOS","SEDI","CARGA, DESCARGA E TRANSPORTE DE MATERIAIS","0211","","",100262,"TRANSPORTE HORIZONTAL MANUAL, DE VERGALHÕES DE AÇO COM DIÂMETRO DE 8 MM (UNIDADE: KGXKM). AF_07/2019","KGXKM","COLETADO",2.71,"CAIXA REFERENCIAL"]
["SERVICOS DIVERSOS","SEDI","CARGA, DESCARGA E TRANSPORTE DE MATERIAIS","0211","","",100267,"TRANSPORTE VERTICAL MANUAL, 1 PAVIMENTO, DE PORTA (UNIDADE: UNID). AF_07/2019","UN","COLETADO",1.33,"CAIXA REFERENCIAL"]
["SERVICOS DIVERSOS","SEDI","CARGA, DESCARGA E TRANSPORTE DE MATERIAIS","0211","","",100272,"TRANSPORTE VERTICAL MANUAL, 1 PAVIMENTO, DE VIDRO (UNIDADE: M2). AF_07/2019","M2","COLETADO",1,"CAIXA REFERENCIAL"]
["SERVICOS DIVERSOS","SEDI","CARGA, DESCARGA E TRANSPORTE DE MATERIAIS","0211","","",100278,"TRANSPORTE HORIZONTAL MANUAL, DE BACIA SANITÁRIA, CAIXA ACOPLADA, TANQUE OU PIA (UNIDADE: UNIDXKM). AF_07/2019","UNXKM","COLETADO",32.19,"CAIXA REFERENCIAL"]
["SERVICOS DIVERSOS","SEDI","CARGA, DESCARGA E TRANSPORTE DE MATERIAIS","0211","","",100283,"TRANSPORTE HORIZONTAL COM CARRINHO PLATAFORMA, DE TELHA DE CONCRETO OU CERÂMICA (UNIDADE: M2XKM). AF_07/2019","M2XKM","COLETADO",20.36,"CAIXA REFERENCIAL"]
["SERVICOS DIVERSOS","SEDI","LIMPEZA E ARREMATES FINAIS","0212","","",99803,"LIMPEZA DE PISO CERÂMICO OU PORCELANATO COM PANO ÚMIDO. AF_04/2019","M2","COLETADO",1.67,"CAIXA REFERENCIAL"]
["SERVICOS DIVERSOS","SEDI","LIMPEZA E ARREMATES FINAIS","0212","","",99808,"LIMPEZA DE REVESTIMENTO CERÂMICO EM PAREDE UTILIZANDO ÁCIDO MURIÁTICO. AF_04/2019","M2","COEFICIENTE DE REPRESENTATIVIDADE",3.49,"CAIXA REFERENCIAL"]
["SERVICOS DIVERSOS","SEDI","LIMPEZA E ARREMATES FINAIS","0212","","",99813,"LIMPEZA DE MÁRMORE/GRANITO EM PAREDE UTILIZANDO DETERGENTE NEUTRO E ESCOVAÇÃO MANUAL. AF_04/2019","M2","COEFICIENTE DE REPRESENTATIVIDADE",0.81,"CAIXA REFERENCIAL"]
["SERVICOS DIVERSOS","SEDI","LIMPEZA E ARREMATES FINAIS","0212","","",99819,"LIMPEZA DE BANCADA DE PEDRA (MÁRMORE OU GRANITO). AF_04/2019","M2","COEFICIENTE DE REPRESENTATIVIDADE",13.66,"CAIXA REFERENCIAL"]
["SERVICOS DIVERSOS","SEDI","LIMPEZA E ARREMATES FINAIS","0212","","",99824,"LIMPEZA DE PORTA EM AÇO/ALUMÍNIO. AF_04/2019","M2","COEFICIENTE DE REPRESENTATIVIDADE",2.27,"CAIXA REFERENCIAL"]
["SERVICOS DIVERSOS","SEDI","OUTROS","0318","","",97012,"GUARDA-CORPO FIXADO EM FÔRMA DE MADEIRA COM TRAVESSÕES EM MADEIRA PREGADA E FECHAMENTO EM TELA DE POLIPROPILENO PARA EDIFICAÇÕES COM ALTURA IGUAL OU SUPERIOR A 4 PAVIMENTOS. AF_11/2017","M","ATRIBUÍDO SÃO PAULO",30.38,"CAIXA REFERENCIAL"]
["SERVICOS DIVERSOS","SEDI","OUTROS","0318","","",97013,"GUARDA-CORPO FIXADO EM FÔRMA DE MADEIRA COM TRAVESSÕES EM MADEIRA PREGADA E FECHAMENTO EM PAINEL COMPENSADO PARA EDIFICAÇÕES COM ATÉ 2 PAVIMENTOS. AF_11/2017","M","COEFICIENTE DE REPRESENTATIVIDADE",91.8,"CAIXA REFERENCIAL"]
["SERVICOS DIVERSOS","SEDI","OUTROS","0318","","",97018,"GUARDA-CORPO FIXADO EM FÔRMA DE MADEIRA COM TRAVESSÕES EM MADEIRA PREGADA PRÉ-MONTADA E ENCAIXE NA FÔRMA. PARA EDIFICAÇÕES COM ALTURA IGUAL OU SUPERIOR A 4 PAVIMENTOS. AF_11/2017","M","ATRIBUÍDO SÃO PAULO",24.64,"CAIXA REFERENCIAL"]
["SERVICOS DIVERSOS","SEDI","OUTROS","0318","","",97040,"FECHAMENTO REMOVÍVEL DE ABERTURA DE CAIXILHO, EM MADEIRA \u0096 4 MONTAGENS EM OBRA. AF_11/2017","M2","COEFICIENTE DE REPRESENTATIVIDADE",16.21,"CAIXA REFERENCIAL"]
["SERVICOS DIVERSOS","SEDI","OUTROS","0318","","",97054,"INSTALAÇÃO DE SINALIZADOR NOTURNO LED. AF_11/2017","UN","ATRIBUÍDO SÃO PAULO",25.42,"CAIXA REFERENCIAL"]
["SERVICOS DIVERSOS","SEDI","OUTROS","0318","","",97066,"COBERTURA PARA PROTEÇÃO DE PEDESTRES SOBRE ESTRUTURA DE ANDAIME, INCLUSIVE MONTAGEM E DESMONTAGEM. AF_11/2017","M2","COEFICIENTE DE REPRESENTATIVIDADE",112.86,"CAIXA REFERENCIAL"]
["SERVICOS PRELIMINARES","SERP","DEMOLICOES/RETIRADAS","0014","","",97625,"DEMOLIÇÃO DE ALVENARIA PARA QUALQUER TIPO DE BLOCO, DE FORMA MECANIZADA, SEM REAPROVEITAMENTO. AF_12/2017","M3","ATRIBUÍDO SÃO PAULO",49.77,"CAIXA REFERENCIAL"]
["SERVICOS PRELIMINARES","SERP","DEMOLICOES/RETIRADAS","0014","","",97631,"DEMOLIÇÃO DE ARGAMASSAS, DE FORMA MANUAL, SEM REAPROVEITAMENTO. AF_12/2017","M2","COLETADO",2.68,"CAIXA REFERENCIAL"]
["SERVICOS PRELIMINARES","SERP","DEMOLICOES/RETIRADAS","0014","","",97637,"REMOÇÃO DE TAPUME/ CHAPAS METÁLICAS E DE MADEIRA, DE FORMA MANUAL, SEM REAPROVEITAMENTO. AF_12/2017","M2","COEFICIENTE DE REPRESENTATIVIDADE",2.06,"CAIXA REFERENCIAL"]
["SERVICOS PRELIMINARES","SERP","DEMOLICOES/RETIRADAS","0014","","",97642,"REMOÇÃO DE TRAMA METÁLICA OU DE MADEIRA PARA FORRO, DE FORMA MANUAL, SEM REAPROVEITAMENTO. AF_12/2017","M2","COEFICIENTE DE REPRESENTATIVIDADE",2.33,"CAIXA REFERENCIAL"]
["SERVICOS PRELIMINARES","SERP","DEMOLICOES/RETIRADAS","0014","","",97648,"REMOÇÃO DE PROTEÇÃO TÉRMICA PARA COBERTURA EM EPS, DE FORMA MANUAL, SEM REAPROVEITAMENTO. AF_12/2017","M2","COEFICIENTE DE REPRESENTATIVIDADE",1.61,"CAIXA REFERENCIAL"]
["SERVICOS PRELIMINARES","SERP","DEMOLICOES/RETIRADAS","0014","","",97654,"REMOÇÃO DE TESOURAS DE MADEIRA, COM VÃO MAIOR OU IGUAL A 8M, DE FORMA MECANIZADA, COM REAPROVEITAMENTO. AF_12/2017","UN","ATRIBUÍDO SÃO PAULO",147.15,"CAIXA REFERENCIAL"]
["SERVICOS PRELIMINARES","SERP","DEMOLICOES/RETIRADAS","0014","","",97659,"REMOÇÃO DE TESOURAS METÁLICAS, COM VÃO MAIOR OU IGUAL A 8M, DE FORMA MECANIZADA, COM REAPROVEITAMENTO. AF_12/2017","UN","ATRIBUÍDO SÃO PAULO",256.44,"CAIXA REFERENCIAL"]
["SERVICOS PRELIMINARES","SERP","DEMOLICOES/RETIRADAS","0014","","",97664,"REMOÇÃO DE ACESSÓRIOS, DE FORMA MANUAL, SEM REAPROVEITAMENTO. AF_12/2017","UN","COLETADO",1.23,"CAIXA REFERENCIAL"]
["SERVICOS PRELIMINARES","SERP","DEMOLICOES/RETIRADAS","0014","","",97665,"REMOÇÃO DE LUMINÁRIAS, DE FORMA MANUAL, SEM REAPROVEITAMENTO. AF_12/2017","UN","COLETADO",1.08,"CAIXA REFERENCIAL"]
["SERVICOS TECNICOS","SERT","LOCACAO","0008","","",99060,"LOCAÇÃO COM CAVALETE COM ALTURA DE 1,00 M - 2 UTILIZAÇÕES. AF_10/2018","UN","COEFICIENTE DE REPRESENTATIVIDADE",120.33,"CAIXA REFERENCIAL"]
["TRANPORTES, CARGAS E DESCARGAS","TRAN","TRANSPORTE COMERCIAL","0332","","",93589,"TRANSPORTE COM CAMINHÃO BASCULANTE DE 10 M³, EM VIA URBANA EM REVESTIMENTO PRIMÁRIO (UNIDADE: M3XKM). AF_07/2020","M3XKM","ATRIBUÍDO SÃO PAULO",2.52,"CAIXA REFERENCIAL"]
["TRANPORTES, CARGAS E DESCARGAS","TRAN","TRANSPORTE COMERCIAL","0332","","",93594,"TRANSPORTE COM CAMINHÃO BASCULANTE DE 10 M³, EM VIA URBANA EM LEITO NATURAL (UNIDADE: TXKM). AF_07/2020","TXKM","ATRIBUÍDO SÃO PAULO",1.96,"CAIXA REFERENCIAL"]
["TRANPORTES, CARGAS E DESCARGAS","TRAN","TRANSPORTE COMERCIAL","0332","","",93599,"TRANSPORTE COM CAMINHÃO BASCULANTE DE 14 M³, EM VIA URBANA PAVIMENTADA, ADICIONAL PARA DMT EXCEDENTE A 30 KM (UNIDADE: TXKM). AF_07/2020","TXKM","ATRIBUÍDO SÃO PAULO",0.54,"CAIXA REFERENCIAL"]
["TRANPORTES, CARGAS E DESCARGAS","TRAN","TRANSPORTE COMERCIAL","0332","","",95430,"TRANSPORTE COM CAMINHÃO BASCULANTE DE 18 M³, EM VIA URBANA PAVIMENTADA, ADICIONAL PARA DMT EXCEDENTE A 30 KM (UNIDADE: TXKM). AF_07/2020","TXKM","ATRIBUÍDO SÃO PAULO",0.44,"CAIXA REFERENCIAL"]
["TRANPORTES, CARGAS E DESCARGAS","TRAN","TRANSPORTE COMERCIAL","0332","","",95879,"TRANSPORTE COM CAMINHÃO BASCULANTE DE 14 M³, EM VIA URBANA PAVIMENTADA, DMT ATÉ 30 KM (UNIDADE: TXKM). AF_07/2020","TXKM","ATRIBUÍDO SÃO PAULO",1.35,"CAIXA REFERENCIAL"]
["TRANPORTES, CARGAS E DESCARGAS","TRAN","TRANSPORTE COMERCIAL","0332","","",100937,"TRANSPORTE COM CAMINHÃO BASCULANTE DE 6 M³, EM VIA INTERNA (DENTRO DO CANTEIRO - UNIDADE: M3XKM). AF_07/2020","M3XKM","ATRIBUÍDO SÃO PAULO",8.3699999999999992,"CAIXA REFERENCIAL"]
["TRANPORTES, CARGAS E DESCARGAS","TRAN","TRANSPORTE COMERCIAL","0332","","",100942,"TRANSPORTE COM CAMINHÃO BASCULANTE DE 10 M³, EM VIA INTERNA A OBRA (UNIDADE: TXKM). AF_07/2020","TXKM","ATRIBUÍDO SÃO PAULO",4.68,"CAIXA REFERENCIAL"]
["TRANPORTES, CARGAS E DESCARGAS","TRAN","TRANSPORTE COMERCIAL","0332","","",100947,"TRANSPORTE COM CAMINHÃO CARROCERIA 9T, EM VIA URBANA PAVIMENTADA, DMT ATÉ 30KM (UNIDADE: TXKM). AF_07/2020","TXKM","ATRIBUÍDO SÃO PAULO",2.09,"CAIXA REFERENCIAL"]
["TRANPORTES, CARGAS E DESCARGAS","TRAN","TRANSPORTE COMERCIAL","0332","","",100953,"TRANSPORTE COM CAMINHÃO CARROCERIA COM GUINDAUTO (MUNCK),  MOMENTO MÁXIMO DE CARGA 11,7 TM, EM VIA URBANA PAVIMENTADA, ADICIONAL PARA DMT EXCEDENTE A 30 KM (UNIDADE: TXKM). AF_07/2020","TXKM","ATRIBUÍDO SÃO PAULO",1.05,"CAIXA REFERENCIAL"]
["TRANPORTES, CARGAS E DESCARGAS","TRAN","TRANSPORTE COMERCIAL","0332","","",100958,"TRANSPORTE COM CAMINHÃO PIPA DE 6 M³, EM VIA URBANA PAVIMENTADA, ADICIONAL PARA DMT EXCEDENTE A 30 KM (UNIDADE: M3XKM). AF_07/2020","M3XKM","ATRIBUÍDO SÃO PAULO",1.45,"CAIXA REFERENCIAL"]
["TRANPORTES, CARGAS E DESCARGAS","TRAN","TRANSPORTE COMERCIAL","0332","","",100963,"TRANSPORTE COM CAMINHÃO PIPA DE 10 M³, EM VIA URBANA PAVIMENTADA, ADICIONAL PARA DMT EXCEDENTE A 30 KM (UNIDADE: M3XKM). AF_07/2020","M3XKM","ATRIBUÍDO SÃO PAULO",1.07,"CAIXA REFERENCIAL"]
["TRANPORTES, CARGAS E DESCARGAS","TRAN","TRANSPORTE COMERCIAL","0332","","",100964,"TRANSPORTE COM CAMINHÃO PIPA DE 10 M³, EM VIA INTERNA (DENTRO DO CANTEIRO - UNIDADE: M3XKM). AF_07/2020","M3XKM","ATRIBUÍDO SÃO PAULO",8.2100000000000009,"CAIXA REFERENCIAL"]
["TRANPORTES, CARGAS E DESCARGAS","TRAN","TRANSPORTE MATERIAIS BETUMINOSOS","0333","","",100966,"TRANSPORTE COM CAMINHÃO TANQUE DE TRANSPORTE DE MATERIAL ASFÁLTICO DE 30000 L, EM VIA URBANA EM  REVESTIMENTO PRIMÁRIO (UNIDADE: TXKM). AF_07/2020","TXKM","ATRIBUÍDO SÃO PAULO",1.42,"CAIXA REFERENCIAL"]
["TRANPORTES, CARGAS E DESCARGAS","TRAN","TRANSPORTE MATERIAIS BETUMINOSOS","0333","","",102333,"TRANSPORTE COM CAMINHÃO TANQUE DE TRANSPORTE DE MATERIAL ASFÁLTICO DE 20000 L, EM VIA URBANA PAVIMENTADA, ADICIONAL PARA DMT EXCEDENTE A 30 KM (UNIDADE: TXKM). AF_07/2020","TXKM","ATRIBUÍDO SÃO PAULO",0.69,"CAIXA REFERENCIAL"]
["TRANPORTES, CARGAS E DESCARGAS","TRAN","CARGA, MANOBRA E DESCARGA (MECANICA)","0335","","",100977,"CARGA, MANOBRA E DESCARGA DE SOLOS E MATERIAIS GRANULARES EM CAMINHÃO BASCULANTE 6 M³ - CARGA COM ESCAVADEIRA HIDRÁULICA (CAÇAMBA DE 1,20 M³ / 155 HP) E DESCARGA LIVRE (UNIDADE: M3). AF_07/2020","M3","ATRIBUÍDO SÃO PAULO",7.14,"CAIXA REFERENCIAL"]
["TRANPORTES, CARGAS E DESCARGAS","TRAN","CARGA, MANOBRA E DESCARGA (MECANICA)","0335","","",100982,"CARGA, MANOBRA E DESCARGA DE ENTULHO EM CAMINHÃO BASCULANTE 10 M³ - CARGA COM ESCAVADEIRA HIDRÁULICA  (CAÇAMBA DE 0,80 M³ / 111 HP) E DESCARGA LIVRE (UNIDADE: M3). AF_07/2020","M3","ATRIBUÍDO SÃO PAULO",8.36,"CAIXA REFERENCIAL"]
["TRANPORTES, CARGAS E DESCARGAS","TRAN","CARGA, MANOBRA E DESCARGA (MECANICA)","0335","","",100988,"CARGA DE MISTURA ASFÁLTICA EM CAMINHÃO BASCULANTE 18 M³ (UNIDADE: M3). AF_07/2020","M3","ATRIBUÍDO SÃO PAULO",10.25,"CAIXA REFERENCIAL"]
["TRANPORTES, CARGAS E DESCARGAS","TRAN","CARGA, MANOBRA E DESCARGA (MECANICA)","0335","","",100993,"CARGA, MANOBRA E DESCARGA DE SOLOS E MATERIAIS GRANULARES EM CAMINHÃO BASCULANTE 6 M³ - CARGA COM ESCAVADEIRA HIDRÁULICA (CAÇAMBA DE 1,20 M³ / 155 HP) E DESCARGA LIVRE (UNIDADE: T). AF_07/2020","T","ATRIBUÍDO SÃO PAULO",4.75,"CAIXA REFERENCIAL"]
["TRANPORTES, CARGAS E DESCARGAS","TRAN","CARGA, MANOBRA E DESCARGA (MECANICA)","0335","","",100997,"CARGA, MANOBRA E DESCARGA DE ENTULHO EM CAMINHÃO BASCULANTE 6 M³ - CARGA COM ESCAVADEIRA HIDRÁULICA  (CAÇAMBA DE 0,80 M³ / 111 HP) E DESCARGA LIVRE (UNIDADE: T). AF_07/2020","T","ATRIBUÍDO SÃO PAULO",5.8,"CAIXA REFERENCIAL"]
["TRANPORTES, CARGAS E DESCARGAS","TRAN","CARGA, MANOBRA E DESCARGA (MECANICA)","0335","","",101003,"CARGA DE MISTURA ASFÁLTICA EM CAMINHÃO BASCULANTE 14 M³ (UNIDADE: T). AF_07/2020","T","ATRIBUÍDO SÃO PAULO",6.45,"CAIXA REFERENCIAL"]
["TRANPORTES, CARGAS E DESCARGAS","TRAN","CARGA, MANOBRA E DESCARGA (MECANICA)","0335","","",101008,"CARGA DE ÁGUA EM CAMINHÃO PIPA 10 M³. AF_07/2020","M3","ATRIBUÍDO SÃO PAULO",5.15,"CAIXA REFERENCIAL"]
["TRANPORTES, CARGAS E DESCARGAS","TRAN","CARGA, MANOBRA E DESCARGA (MECANICA)","0335","","",101016,"CARGA, MANOBRA E DESCARGA DE TUBOS METÁLICOS, DN MENOR OU IGUAL A 150 MM, EM CAMINHÃO CARROCERIA COM GUINDAUTO (MUNCK) 11,7 TM. AF_07/2020","T","ATRIBUÍDO SÃO PAULO",35.94,"CAIXA REFERENCIAL"]
["TRANPORTES, CARGAS E DESCARGAS","TRAN","CARGA, MANOBRA E DESCARGA (MECANICA)","0335","","",101465,"CARGA, MANOBRA E DESCARGA DE TUBOS DE CONCRETO, DN 800 MM, EM CAMINHÃO CARROCERIA COM GUINDAUTO (MUNCK) 11,7 TM. AF_07/2020","T","ATRIBUÍDO SÃO PAULO",24.29,"CAIXA REFERENCIAL"]
["TRANPORTES, CARGAS E DESCARGAS","TRAN","CARGA, MANOBRA E DESCARGA (MECANICA)","0335","","",101470,"CARGA, MANOBRA E DESCARGA DE TUBOS METÁLICOS, DN 350 MM, EM CAMINHÃO CARROCERIA COM GUINDAUTO (MUNCK) 11,7 TM. AF_07/2020","T","ATRIBUÍDO SÃO PAULO",26.88,"CAIXA REFERENCIAL"]
["TRANPORTES, CARGAS E DESCARGAS","TRAN","CARGA, MANOBRA E DESCARGA (MECANICA)","0335","","",101471,"CARGA, MANOBRA E DESCARGA DE TUBOS METÁLICOS, DN 400 MM, EM CAMINHÃO CARROCERIA COM GUINDAUTO (MUNCK) 11,7 TM. AF_07/2020","T","ATRIBUÍDO SÃO PAULO",23.06,"CAIXA REFERENCIAL"]
["TRANPORTES, CARGAS E DESCARGAS","TRAN","CARGA, MANOBRA E DESCARGA (MECANICA)","0335","","",101476,"CARGA, MANOBRA E DESCARGA DE TUBOS METÁLICOS, DN 900 MM, EM CAMINHÃO CARROCERIA COM GUINDAUTO (MUNCK) 11,7 TM. AF_07/2020","T","ATRIBUÍDO SÃO PAULO",14.63,"CAIXA REFERENCIAL"]
["TRANPORTES, CARGAS E DESCARGAS","TRAN","CARGA, MANOBRA E DESCARGA (MECANICA)","0335","","",101483,"CARGA, MANOBRA E DESCARGA DE TUBOS PLÁSTICOS, DN 500 MM, EM CAMINHÃO CARROCERIA COM GUINDAUTO (MUNCK) 11,7 TM. AF_07/2020","T","ATRIBUÍDO SÃO PAULO",33.93,"CAIXA REFERENCIAL"]
["TRANPORTES, CARGAS E DESCARGAS","TRAN","CARGA, MANOBRA E DESCARGA (MECANICA)","0335","","",101488,"CARGA, MANOBRA E DESCARGA DE TUBOS PLÁSTICOS, DN 1200 MM, EM CAMINHÃO CARROCERIA COM GUINDAUTO (MUNCK) 11,7 TM. AF_07/2020","T","ATRIBUÍDO SÃO PAULO",77.03,"CAIXA REFERENCIAL"]
["URBANIZACAO","URBA","CERCA/PROTETORES","0202","","",101192,"CERCA COM MOURÕES DE CONCRETO, RETO, H=2,30 M, ESPAÇAMENTO DE 2,5 M, CRAVADOS 0,5 M, COM 4 FIOS DE ARAME FARPADO Nº 14 CLASSE 250 - FORNECIMENTO E INSTALAÇÃO. AF_05/2020","M","COEFICIENTE DE REPRESENTATIVIDADE",72.84,"CAIXA REFERENCIAL"]
["URBANIZACAO","URBA","CERCA/PROTETORES","0202","","",101200,"CERCA COM MOURÕES DE MADEIRA, 7,5X7,5 CM, ESPAÇAMENTO DE 2,5 M, ALTURA LIVRE DE 2 M, CRAVADOS 0,5 M, COM 4 FIOS DE ARAME FARPADO Nº 14 CLASSE 250 - FORNECIMENTO E INSTALAÇÃO. AF_05/2020","M","COEFICIENTE DE REPRESENTATIVIDADE",42.05,"CAIXA REFERENCIAL"]
["URBANIZACAO","URBA","CERCA/PROTETORES","0202","","",101205,"PORTÃO COM MOURÕES DE MADEIRA ROLIÇA, DIÂMETRO 11 CM, COM 5 FIOS DE ARAME FARPADO Nº 14 CLASSE 250, SEM DOBRADIÇAS - FORNECIMENTO E INSTALAÇÃO. AF_05/2020","M","ATRIBUÍDO SÃO PAULO",37.86,"CAIXA REFERENCIAL"]
["URBANIZACAO","URBA","ARBORIZACAO, INCLUSIVE PREPARO DO SOLO","0205","","",98510,"PLANTIO DE ÁRVORE ORNAMENTAL COM ALTURA DE MUDA MENOR OU IGUAL A 2,00 M. AF_05/2018","UN","ATRIBUÍDO SÃO PAULO",66.7,"CAIXA REFERENCIAL"]
["URBANIZACAO","URBA","ARBORIZACAO, INCLUSIVE PREPARO DO SOLO","0205","","",98522,"ALAMBRADO EM MOURÕES DE CONCRETO, COM TELA DE ARAME GALVANIZADO (INCLUSIVE MURETA EM CONCRETO). AF_05/2018","M","COEFICIENTE DE REPRESENTATIVIDADE",180.45,"CAIXA REFERENCIAL"]
["URBANIZACAO","URBA","GRAMA, INCLUSIVE PREPARO DO SOLO","0206","","",103946,"PLANTIO DE GRAMA ESMERALDA OU SÃO CARLOS OU CURITIBANA, EM PLACAS. AF_05/2022","M2","ATRIBUÍDO SÃO PAULO",18.87,"CAIXA REFERENCIAL"]
["URBANIZACAO","URBA","PLAYGROUND/QUADRAS","0208","","",103190,"INSTALAÇÃO DE PRESSÃO DE PERNAS TRIPLO, EM TUBO DE AÇO CARBONO - EQUIPAMENTO DE GINÁSTICA PARA ACADEMIA AO AR LIVRE / ACADEMIA DA TERCEIRA IDADE - ATI, INSTALADO SOBRE SOLO. AF_10/2021","UN","ATRIBUÍDO SÃO PAULO",4095.45,"CAIXA REFERENCIAL"]
["URBANIZACAO","URBA","PLAYGROUND/QUADRAS","0208","","",103195,"INSTALAÇÃO DE PLACA ORIENTATIVA SOBRE EXERCÍCIOS, 2,00M X 1,00M, EM TUBO DE AÇO CARBONO - PARA ACADEMIA AO AR LIVRE / ACADEMIA DA TERCEIRA IDADE - ATI, INSTALADO SOBRE SOLO. AF_10/2021","UN","ATRIBUÍDO SÃO PAULO",2205.35,"CAIXA REFERENCIAL"]
["URBANIZACAO","URBA","PLAYGROUND/QUADRAS","0208","","",103209,"INSTALAÇÃO DE SURF DUPLO, EM TUBO DE AÇO CARBONO - EQUIPAMENTO DE GINÁSTICA PARA ACADEMIA AO AR LIVRE / ACADEMIA DA TERCEIRA IDADE - ATI, INSTALADO SOBRE PISO DE CONCRETO EXISTENTE. AF_10/2021","UN","ATRIBUÍDO SÃO PAULO",2826.28,"CAIXA REFERENCIAL"]
["URBANIZACAO","URBA","PLAYGROUND/QUADRAS","0208","","",103210,"INSTALAÇÃO DE PLACA ORIENTATIVA SOBRE EXERCÍCIOS, 2,00M X 1,00M, EM TUBO DE AÇO CARBONO - PARA ACADEMIA AO AR LIVRE / ACADEMIA DA TERCEIRA IDADE - ATI, INSTALADO SOBRE PISO DE CONCRETO EXISTENTE. AF_10/2021","UN","ATRIBUÍDO SÃO PAULO",2289.0100000000002,"CAIXA REFERENCIAL"]
["URBANIZACAO","URBA","PLAYGROUND/QUADRAS","0208","","",103315,"INSTALAÇÃO DE PERGOLADO DE MADEIRA, EM MAÇARANDUBA, ANGELIM OU EQUIVALENTE DA REGIÃO, FIXADO COM CONCRETO SOBRE SOLO. AF_11/2021","M2","COEFICIENTE DE REPRESENTATIVIDADE",166.24,"CAIXA REFERENCIAL"]
["URBANIZACAO","URBA","MANUTENCAO E LIMPEZA DE AREAS VERDES","0277","","",98528,"REMOÇÃO DE RAÍZES REMANESCENTES DE TRONCO DE ÁRVORE COM DIÂMETRO MAIOR OU IGUAL A 0,60 M.AF_05/2018","UN","ATRIBUÍDO SÃO PAULO",214.82,"CAIXA REFERENCIAL"]
["URBANIZACAO","URBA","MANUTENCAO E LIMPEZA DE AREAS VERDES","0277","","",98534,"PODA EM ALTURA DE ÁRVORE COM DIÂMETRO DE TRONCO MAIOR OU IGUAL A 0,40 M E MENOR QUE 0,60 M.AF_05/2018","UN","ATRIBUÍDO SÃO PAULO",762.22,"CAIXA REFERENCIAL"]
["SERVICOS DIVERSOS","SEDI","OUTROS","0318","","",88241,"AJUDANTE DE OPERAÇÃO EM GERAL COM ENCARGOS COMPLEMENTARES","H","COEFICIENTE DE REPRESENTATIVIDADE",17.32,"ENCARGOS COMPLEMENTARES REFERENCIAL"]
["SERVICOS DIVERSOS","SEDI","OUTROS","0318","","",88248,"AUXILIAR DE ENCANADOR OU BOMBEIRO HIDRÁULICO COM ENCARGOS COMPLEMENTARES","H","COEFICIENTE DE REPRESENTATIVIDADE",18.649999999999999,"ENCARGOS COMPLEMENTARES REFERENCIAL"]
["SERVICOS DIVERSOS","SEDI","OUTROS","0318","","",88253,"AUXILIAR DE TOPÓGRAFO COM ENCARGOS COMPLEMENTARES","H","COEFICIENTE DE REPRESENTATIVIDADE",12.05,"ENCARGOS COMPLEMENTARES REFERENCIAL"]
["SERVICOS DIVERSOS","SEDI","OUTROS","0318","","",88260,"CALCETEIRO COM ENCARGOS COMPLEMENTARES","H","COEFICIENTE DE REPRESENTATIVIDADE",21.4,"ENCARGOS COMPLEMENTARES REFERENCIAL"]
["SERVICOS DIVERSOS","SEDI","OUTROS","0318","","",88266,"ELETROTÉCNICO COM ENCARGOS COMPLEMENTARES","H","COEFICIENTE DE REPRESENTATIVIDADE",28.73,"ENCARGOS COMPLEMENTARES REFERENCIAL"]
["SERVICOS DIVERSOS","SEDI","OUTROS","0318","","",88273,"MARCENEIRO COM ENCARGOS COMPLEMENTARES","H","COEFICIENTE DE REPRESENTATIVIDADE",21.69,"ENCARGOS COMPLEMENTARES REFERENCIAL"]
["SERVICOS DIVERSOS","SEDI","OUTROS","0318","","",88281,"MOTORISTA DE BASCULANTE COM ENCARGOS COMPLEMENTARES","H","COEFICIENTE DE REPRESENTATIVIDADE",22.69,"ENCARGOS COMPLEMENTARES REFERENCIAL"]
["SERVICOS DIVERSOS","SEDI","OUTROS","0318","","",88286,"MOTORISTA OPERADOR DE MUNCK COM ENCARGOS COMPLEMENTARES","H","COEFICIENTE DE REPRESENTATIVIDADE",24.55,"ENCARGOS COMPLEMENTARES REFERENCIAL"]
["SERVICOS DIVERSOS","SEDI","OUTROS","0318","","",88294,"OPERADOR DE ESCAVADEIRA COM ENCARGOS COMPLEMENTARES","H","COLETADO",22.07,"ENCARGOS COMPLEMENTARES REFERENCIAL"]
["SERVICOS DIVERSOS","SEDI","OUTROS","0318","","",88295,"OPERADOR DE GUINCHO COM ENCARGOS COMPLEMENTARES","H","COEFICIENTE DE REPRESENTATIVIDADE",16.88,"ENCARGOS COMPLEMENTARES REFERENCIAL"]
["SERVICOS DIVERSOS","SEDI","OUTROS","0318","","",88300,"OPERADOR DE MOTONIVELADORA COM ENCARGOS COMPLEMENTARES","H","COEFICIENTE DE REPRESENTATIVIDADE",24.7,"ENCARGOS COMPLEMENTARES REFERENCIAL"]
["SERVICOS DIVERSOS","SEDI","OUTROS","0318","","",88306,"OPERADOR JATO DE AREIA OU JATISTA COM ENCARGOS COMPLEMENTARES","H","COEFICIENTE DE REPRESENTATIVIDADE",20,"ENCARGOS COMPLEMENTARES REFERENCIAL"]
["SERVICOS DIVERSOS","SEDI","OUTROS","0318","","",88312,"PINTOR PARA TINTA EPÓXI COM ENCARGOS COMPLEMENTARES","H","COEFICIENTE DE REPRESENTATIVIDADE",24.66,"ENCARGOS COMPLEMENTARES REFERENCIAL"]
["SERVICOS DIVERSOS","SEDI","OUTROS","0318","","",88317,"SOLDADOR COM ENCARGOS COMPLEMENTARES","H","COLETADO",24.09,"ENCARGOS COMPLEMENTARES REFERENCIAL"]
["SERVICOS DIVERSOS","SEDI","OUTROS","0318","","",88324,"TRATORISTA COM ENCARGOS COMPLEMENTARES","H","COEFICIENTE DE REPRESENTATIVIDADE",18.350000000000001,"ENCARGOS COMPLEMENTARES REFERENCIAL"]
["SERVICOS DIVERSOS","SEDI","OUTROS","0318","","",88597,"DESENHISTA DETALHISTA COM ENCARGOS COMPLEMENTARES","H","COEFICIENTE DE REPRESENTATIVIDADE",23.25,"ENCARGOS COMPLEMENTARES REFERENCIAL"]
["SERVICOS DIVERSOS","SEDI","OUTROS","0318","","",90770,"ARQUITETO DE OBRA SENIOR COM ENCARGOS COMPLEMENTARES","H","COEFICIENTE DE REPRESENTATIVIDADE",154.85,"ENCARGOS COMPLEMENTARES REFERENCIAL"]
["SERVICOS DIVERSOS","SEDI","OUTROS","0318","","",90777,"ENGENHEIRO CIVIL DE OBRA JUNIOR COM ENCARGOS COMPLEMENTARES","H","COLETADO",113.13,"ENCARGOS COMPLEMENTARES REFERENCIAL"]
["SERVICOS DIVERSOS","SEDI","OUTROS","0318","","",91677,"ENGENHEIRO ELETRICISTA COM ENCARGOS COMPLEMENTARES","H","COEFICIENTE DE REPRESENTATIVIDADE",166.46,"ENCARGOS COMPLEMENTARES REFERENCIAL"]
["SERVICOS DIVERSOS","SEDI","OUTROS","0318","","",93562,"AUXILIAR DE DESENHISTA COM ENCARGOS COMPLEMENTARES","MES","COEFICIENTE DE REPRESENTATIVIDADE",3256.91,"ENCARGOS COMPLEMENTARES REFERENCIAL"]
["SERVICOS DIVERSOS","SEDI","OUTROS","0318","","",93567,"ENGENHEIRO CIVIL DE OBRA PLENO COM ENCARGOS COMPLEMENTARES","MES","COEFICIENTE DE REPRESENTATIVIDADE",22242.48,"ENCARGOS COMPLEMENTARES REFERENCIAL"]
["SERVICOS DIVERSOS","SEDI","OUTROS","0318","","",93572,"ENCARREGADO GERAL DE OBRAS COM ENCARGOS COMPLEMENTARES","MES","COEFICIENTE DE REPRESENTATIVIDADE",4411.66,"ENCARGOS COMPLEMENTARES REFERENCIAL"]
["SERVICOS DIVERSOS","SEDI","OUTROS","0318","","",94295,"MESTRE DE OBRAS COM ENCARGOS COMPLEMENTARES","MES","COEFICIENTE DE REPRESENTATIVIDADE",6685.91,"ENCARGOS COMPLEMENTARES REFERENCIAL"]
["SERVICOS DIVERSOS","SEDI","OUTROS","0318","","",95311,"CURSO DE CAPACITAÇÃO PARA AJUDANTE DE OPERAÇÃO EM GERAL (ENCARGOS COMPLEMENTARES) - HORISTA","H","COEFICIENTE DE REPRESENTATIVIDADE",0.16,"ENCARGOS COMPLEMENTARES REFERENCIAL"]
["SERVICOS DIVERSOS","SEDI","OUTROS","0318","","",95316,"CURSO DE CAPACITAÇÃO PARA AUXILIAR DE ELETRICISTA (ENCARGOS COMPLEMENTARES) - HORISTA","H","COEFICIENTE DE REPRESENTATIVIDADE",0.73,"ENCARGOS COMPLEMENTARES REFERENCIAL"]
["SERVICOS DIVERSOS","SEDI","OUTROS","0318","","",95322,"CURSO DE CAPACITAÇÃO PARA AUXILIAR DE TOPÓGRAFO (ENCARGOS COMPLEMENTARES) - HORISTA","H","COEFICIENTE DE REPRESENTATIVIDADE",0.08,"ENCARGOS COMPLEMENTARES REFERENCIAL"]
["SERVICOS DIVERSOS","SEDI","OUTROS","0318","","",95328,"CURSO DE CAPACITAÇÃO PARA CALCETEIRO (ENCARGOS COMPLEMENTARES) - HORISTA","H","COEFICIENTE DE REPRESENTATIVIDADE",0.21,"ENCARGOS COMPLEMENTARES REFERENCIAL"]
["SERVICOS DIVERSOS","SEDI","OUTROS","0318","","",95334,"CURSO DE CAPACITAÇÃO PARA ELETROTÉCNICO (ENCARGOS COMPLEMENTARES) - HORISTA","H","COEFICIENTE DE REPRESENTATIVIDADE",0.78,"ENCARGOS COMPLEMENTARES REFERENCIAL"]
["SERVICOS DIVERSOS","SEDI","OUTROS","0318","","",95340,"CURSO DE CAPACITAÇÃO PARA MARCENEIRO (ENCARGOS COMPLEMENTARES) - HORISTA","H","COEFICIENTE DE REPRESENTATIVIDADE",0.27,"ENCARGOS COMPLEMENTARES REFERENCIAL"]
["SERVICOS DIVERSOS","SEDI","OUTROS","0318","","",95345,"CURSO DE CAPACITAÇÃO PARA MONTADOR ELETROMECÂNICO (ENCARGOS COMPLEMENTARES) - HORISTA","H","COEFICIENTE DE REPRESENTATIVIDADE",0.72,"ENCARGOS COMPLEMENTARES REFERENCIAL"]
["SERVICOS DIVERSOS","SEDI","OUTROS","0318","","",95351,"CURSO DE CAPACITAÇÃO PARA MOTORISTA OPERADOR DE MUNCK (ENCARGOS COMPLEMENTARES) - HORISTA","H","COEFICIENTE DE REPRESENTATIVIDADE",0.37,"ENCARGOS COMPLEMENTARES REFERENCIAL"]
["SERVICOS DIVERSOS","SEDI","OUTROS","0318","","",95357,"CURSO DE CAPACITAÇÃO PARA OPERADOR DE ESCAVADEIRA (ENCARGOS COMPLEMENTARES) - HORISTA","H","COLETADO",0.23,"ENCARGOS COMPLEMENTARES REFERENCIAL"]
["SERVICOS DIVERSOS","SEDI","OUTROS","0318","","",95362,"CURSO DE CAPACITAÇÃO PARA OPERADOR DE MOTO-ESCREIPER (ENCARGOS COMPLEMENTARES) - HORISTA","H","COEFICIENTE DE REPRESENTATIVIDADE",0.15,"ENCARGOS COMPLEMENTARES REFERENCIAL"]
["SERVICOS DIVERSOS","SEDI","OUTROS","0318","","",95368,"CURSO DE CAPACITAÇÃO PARA OPERADOR JATO DE AREIA OU JATISTA (ENCARGOS COMPLEMENTARES) - HORISTA","H","COEFICIENTE DE REPRESENTATIVIDADE",0.2,"ENCARGOS COMPLEMENTARES REFERENCIAL"]
["SERVICOS DIVERSOS","SEDI","OUTROS","0318","","",95373,"CURSO DE CAPACITAÇÃO PARA PINTOR DE LETREIROS (ENCARGOS COMPLEMENTARES) - HORISTA","H","COEFICIENTE DE REPRESENTATIVIDADE",0.28999999999999998,"ENCARGOS COMPLEMENTARES REFERENCIAL"]
["SERVICOS DIVERSOS","SEDI","OUTROS","0318","","",95374,"CURSO DE CAPACITAÇÃO PARA PINTOR PARA TINTA EPÓXI (ENCARGOS COMPLEMENTARES) - HORISTA","H","COEFICIENTE DE REPRESENTATIVIDADE",0.28999999999999998,"ENCARGOS COMPLEMENTARES REFERENCIAL"]
["SERVICOS DIVERSOS","SEDI","OUTROS","0318","","",95379,"CURSO DE CAPACITAÇÃO PARA SOLDADOR (ENCARGOS COMPLEMENTARES) - HORISTA","H","COLETADO",0.23,"ENCARGOS COMPLEMENTARES REFERENCIAL"]
["SERVICOS DIVERSOS","SEDI","OUTROS","0318","","",95385,"CURSO DE CAPACITAÇÃO PARA TELHADISTA (ENCARGOS COMPLEMENTARES) - HORISTA","H","COEFICIENTE DE REPRESENTATIVIDADE",0.23,"ENCARGOS COMPLEMENTARES REFERENCIAL"]
["SERVICOS DIVERSOS","SEDI","OUTROS","0318","","",95391,"CURSO DE CAPACITAÇÃO PARA DESENHISTA DETALHISTA (ENCARGOS COMPLEMENTARES) - HORISTA","H","COEFICIENTE DE REPRESENTATIVIDADE",0.11,"ENCARGOS COMPLEMENTARES REFERENCIAL"]
["SERVICOS DIVERSOS","SEDI","OUTROS","0318","","",95396,"CURSO DE CAPACITAÇÃO PARA ARQUITETO DE OBRA SÊNIOR (ENCARGOS COMPLEMENTARES) - HORISTA","H","COEFICIENTE DE REPRESENTATIVIDADE",1.32,"ENCARGOS COMPLEMENTARES REFERENCIAL"]
["SERVICOS DIVERSOS","SEDI","OUTROS","0318","","",95402,"CURSO DE CAPACITAÇÃO PARA ENGENHEIRO CIVIL DE OBRA JÚNIOR (ENCARGOS COMPLEMENTARES) - HORISTA","H","COLETADO",1.69,"ENCARGOS COMPLEMENTARES REFERENCIAL"]
["SERVICOS DIVERSOS","SEDI","OUTROS","0318","","",95407,"CURSO DE CAPACITAÇÃO PARA ENGENHEIRO ELETRICISTA (ENCARGOS COMPLEMENTARES) - HORISTA","H","COEFICIENTE DE REPRESENTATIVIDADE",5.68,"ENCARGOS COMPLEMENTARES REFERENCIAL"]
["SERVICOS DIVERSOS","SEDI","OUTROS","0318","","",95412,"CURSO DE CAPACITAÇÃO PARA AUXILIAR DE DESENHISTA (ENCARGOS COMPLEMENTARES) - MENSALISTA","MES","COEFICIENTE DE REPRESENTATIVIDADE",11.6,"ENCARGOS COMPLEMENTARES REFERENCIAL"]
["SERVICOS DIVERSOS","SEDI","OUTROS","0318","","",95418,"CURSO DE CAPACITAÇÃO PARA ENGENHEIRO CIVIL DE OBRA SÊNIOR (ENCARGOS COMPLEMENTARES) - MENSALISTA","MES","COEFICIENTE DE REPRESENTATIVIDADE",344.89,"ENCARGOS COMPLEMENTARES REFERENCIAL"]
["SERVICOS DIVERSOS","SEDI","OUTROS","0318","","",95423,"CURSO DE CAPACITAÇÃO PARA MESTRE DE OBRAS (ENCARGOS COMPLEMENTARES) - MENSALISTA","MES","COEFICIENTE DE REPRESENTATIVIDADE",102.58,"ENCARGOS COMPLEMENTARES REFERENCIAL"]
["SERVICOS DIVERSOS","SEDI","OUTROS","0318","","",100291,"CURSO DE CAPACITAÇÃO PARA AJUDANTE DE PINTOR (ENCARGOS COMPLEMENTARES) - HORISTA","H","COEFICIENTE DE REPRESENTATIVIDADE",0.23,"ENCARGOS COMPLEMENTARES REFERENCIAL"]
["SERVICOS DIVERSOS","SEDI","OUTROS","0318","","",100297,"CURSO DE CAPACITAÇÃO PARA ENGENHEIRO CIVIL PLENO (ENCARGOS COMPLEMENTARES) - HORISTA","H","COEFICIENTE DE REPRESENTATIVIDADE",1.51,"ENCARGOS COMPLEMENTARES REFERENCIAL"]
["SERVICOS DIVERSOS","SEDI","OUTROS","0318","","",100302,"COORDENADOR/GERENTE DE OBRA COM ENCARGOS COMPLEMENTARES","H","COEFICIENTE DE REPRESENTATIVIDADE",163.34,"ENCARGOS COMPLEMENTARES REFERENCIAL"]
["SERVICOS DIVERSOS","SEDI","OUTROS","0318","","",100303,"AUXILIAR DE AZULEJISTA COM ENCARGOS COMPLEMENTARES","H","COEFICIENTE DE REPRESENTATIVIDADE",17.36,"ENCARGOS COMPLEMENTARES REFERENCIAL"]
["SERVICOS DIVERSOS","SEDI","OUTROS","0318","","",100308,"MECÂNICO DE REFRIGERAÇÃO COM ENCARGOS COMPLEMENTARES","H","COEFICIENTE DE REPRESENTATIVIDADE",22.79,"ENCARGOS COMPLEMENTARES REFERENCIAL"]
["SERVICOS DIVERSOS","SEDI","OUTROS","0318","","",100313,"CURSO DE CAPACITAÇÃO PARA ENGENHEIRO CIVIL JUNIOR (ENCARGOS COMPLEMENTARES) - MENSALISTA","MES","COEFICIENTE DE REPRESENTATIVIDADE",175.71,"ENCARGOS COMPLEMENTARES REFERENCIAL"]
["SERVICOS DIVERSOS","SEDI","OUTROS","0318","","",100319,"ENGENHEIRO CIVIL JUNIOR COM ENCARGOS COMPLEMENTARES","MES","COEFICIENTE DE REPRESENTATIVIDADE",19815.77,"ENCARGOS COMPLEMENTARES REFERENCIAL"]
["SERVICOS DIVERSOS","SEDI","OUTROS","0318","","",100535,"CURSO DE CAPACITAÇÃO PARA TECNICO DE EDIFICACOES (ENCARGOS COMPLEMENTARES) - HORISTA","H","COEFICIENTE DE REPRESENTATIVIDADE",0.33,"ENCARGOS COMPLEMENTARES REFERENCIAL"]
["SERVICOS DIVERSOS","SEDI","OUTROS","0318","","",101287,"CURSO DE CAPACITAÇÃO PARA AJUDANTE DE ELETRICISTA (ENCARGOS COMPLEMENTARES) - MENSALISTA","MES","COEFICIENTE DE REPRESENTATIVIDADE",96.24,"ENCARGOS COMPLEMENTARES REFERENCIAL"]
["SERVICOS DIVERSOS","SEDI","OUTROS","0318","","",101293,"CURSO DE CAPACITAÇÃO PARA ARMADOR (ENCARGOS COMPLEMENTARES) - MENSALISTA","MES","COEFICIENTE DE REPRESENTATIVIDADE",30.52,"ENCARGOS COMPLEMENTARES REFERENCIAL"]
["SERVICOS DIVERSOS","SEDI","OUTROS","0318","","",101298,"CURSO DE CAPACITAÇÃO PARA AUXILIAR DE MECANICO (ENCARGOS COMPLEMENTARES) - MENSALISTA","MES","COEFICIENTE DE REPRESENTATIVIDADE",19.79,"ENCARGOS COMPLEMENTARES REFERENCIAL"]
["SERVICOS DIVERSOS","SEDI","OUTROS","0318","","",101304,"CURSO DE CAPACITAÇÃO PARA AZULEJISTA OU LADRILHISTA (ENCARGOS COMPLEMENTARES) - MENSALISTA","MES","COEFICIENTE DE REPRESENTATIVIDADE",46.42,"ENCARGOS COMPLEMENTARES REFERENCIAL"]
["SERVICOS DIVERSOS","SEDI","OUTROS","0318","","",101310,"CURSO DE CAPACITAÇÃO PARA CARPINTEIRO DE ESQUADRIAS (ENCARGOS COMPLEMENTARES) - MENSALISTA","MES","COEFICIENTE DE REPRESENTATIVIDADE",36.79,"ENCARGOS COMPLEMENTARES REFERENCIAL"]
["SERVICOS DIVERSOS","SEDI","OUTROS","0318","","",101315,"CURSO DE CAPACITAÇÃO PARA ELETROTÉCNICO (ENCARGOS COMPLEMENTARES) - MENSALISTA","MES","COEFICIENTE DE REPRESENTATIVIDADE",102.64,"ENCARGOS COMPLEMENTARES REFERENCIAL"]
["SERVICOS DIVERSOS","SEDI","OUTROS","0318","","",101322,"CURSO DE CAPACITAÇÃO PARA GESSEIRO (ENCARGOS COMPLEMENTARES) - MENSALISTA","MES","COEFICIENTE DE REPRESENTATIVIDADE",29.73,"ENCARGOS COMPLEMENTARES REFERENCIAL"]
["SERVICOS DIVERSOS","SEDI","OUTROS","0318","","",101327,"CURSO DE CAPACITAÇÃO PARA LEITURISTA OU CADASTRISTA DE REDES DE ÁGUA (ENCARGOS COMPLEMENTARES) - MENSALISTA","MES","COEFICIENTE DE REPRESENTATIVIDADE",12.15,"ENCARGOS COMPLEMENTARES REFERENCIAL"]
["SERVICOS DIVERSOS","SEDI","OUTROS","0318","","",101328,"CURSO DE CAPACITAÇÃO PARA MOTORISTA DE CAMINHAO-CARRETA (ENCARGOS COMPLEMENTARES) - MENSALISTA","MES","COEFICIENTE DE REPRESENTATIVIDADE",16.75,"ENCARGOS COMPLEMENTARES REFERENCIAL"]
["SERVICOS DIVERSOS","SEDI","OUTROS","0318","","",101333,"CURSO DE CAPACITAÇÃO PARA MECÂNICO DE EQUIPAMENTOS PESADOS (ENCARGOS COMPLEMENTARES) - MENSALISTA","MES","COEFICIENTE DE REPRESENTATIVIDADE",24.95,"ENCARGOS COMPLEMENTARES REFERENCIAL"]
["SERVICOS DIVERSOS","SEDI","OUTROS","0318","","",101338,"CURSO DE CAPACITAÇÃO PARA OPERADOR DE BATE-ESTACAS (ENCARGOS COMPLEMENTARES) - MENSALISTA","MES","COEFICIENTE DE REPRESENTATIVIDADE",19.920000000000002,"ENCARGOS COMPLEMENTARES REFERENCIAL"]
["SERVICOS DIVERSOS","SEDI","OUTROS","0318","","",101344,"CURSO DE CAPACITAÇÃO PARA OPERADOR DE GUINCHO OU GUINCHEIRO (ENCARGOS COMPLEMENTARES) - MENSALISTA","MES","COEFICIENTE DE REPRESENTATIVIDADE",31.7,"ENCARGOS COMPLEMENTARES REFERENCIAL"]
["SERVICOS DIVERSOS","SEDI","OUTROS","0318","","",101349,"CURSO DE CAPACITAÇÃO PARA OPERADOR DE MOTO SCRAPER (ENCARGOS COMPLEMENTARES) - MENSALISTA","MES","COEFICIENTE DE REPRESENTATIVIDADE",20.440000000000001,"ENCARGOS COMPLEMENTARES REFERENCIAL"]
["SERVICOS DIVERSOS","SEDI","OUTROS","0318","","",101354,"CURSO DE CAPACITAÇÃO PARA OPERADOR DE TRATOR - EXCLUSIVE AGROPECUARIA (ENCARGOS COMPLEMENTARES) - MENSALISTA","MES","COEFICIENTE DE REPRESENTATIVIDADE",24.75,"ENCARGOS COMPLEMENTARES REFERENCIAL"]
["SERVICOS DIVERSOS","SEDI","OUTROS","0318","","",101360,"CURSO DE CAPACITAÇÃO PARA PINTOR PARA TINTA EPOXI (ENCARGOS COMPLEMENTARES) - MENSALISTA","MES","COEFICIENTE DE REPRESENTATIVIDADE",39.07,"ENCARGOS COMPLEMENTARES REFERENCIAL"]
["SERVICOS DIVERSOS","SEDI","OUTROS","0318","","",101365,"CURSO DE CAPACITAÇÃO PARA SOLDADOR (ENCARGOS COMPLEMENTARES) - MENSALISTA","MES","COEFICIENTE DE REPRESENTATIVIDADE",30.52,"ENCARGOS COMPLEMENTARES REFERENCIAL"]
["SERVICOS DIVERSOS","SEDI","OUTROS","0318","","",101371,"CURSO DE CAPACITAÇÃO PARA VIDRACEIRO (ENCARGOS COMPLEMENTARES) - MENSALISTA","MES","COEFICIENTE DE REPRESENTATIVIDADE",34.5,"ENCARGOS COMPLEMENTARES REFERENCIAL"]
["SERVICOS DIVERSOS","SEDI","OUTROS","0318","","",101376,"AJUDANTE DE ESTRUTURAS METÁLICAS COM ENCARGOS COMPLEMENTARES","MES","COEFICIENTE DE REPRESENTATIVIDADE",2649.03,"ENCARGOS COMPLEMENTARES REFERENCIAL"]
["SERVICOS DIVERSOS","SEDI","OUTROS","0318","","",101381,"ARMADOR COM ENCARGOS COMPLEMENTARES","MES","COEFICIENTE DE REPRESENTATIVIDADE",4079.47,"ENCARGOS COMPLEMENTARES REFERENCIAL"]
["SERVICOS DIVERSOS","SEDI","OUTROS","0318","","",101387,"AUXILIAR DE PEDREIRO COM ENCARGOS COMPLEMENTARES","MES","COEFICIENTE DE REPRESENTATIVIDADE",3060.98,"ENCARGOS COMPLEMENTARES REFERENCIAL"]
["SERVICOS DIVERSOS","SEDI","OUTROS","0318","","",101392,"BLASTER, DINAMITADOR OU CABO DE FORÇA COM ENCARGOS COMPLEMENTARES","MES","COEFICIENTE DE REPRESENTATIVIDADE",3054.18,"ENCARGOS COMPLEMENTARES REFERENCIAL"]
["SERVICOS DIVERSOS","SEDI","OUTROS","0318","","",101394,"CALCETEIRO COM ENCARGOS COMPLEMENTARES","MES","COEFICIENTE DE REPRESENTATIVIDADE",3760.71,"ENCARGOS COMPLEMENTARES REFERENCIAL"]
["SERVICOS DIVERSOS","SEDI","OUTROS","0318","","",101399,"ELETRICISTA COM ENCARGOS COMPLEMENTARES","MES","COEFICIENTE DE REPRESENTATIVIDADE",4466.6099999999997,"ENCARGOS COMPLEMENTARES REFERENCIAL"]
["SERVICOS DIVERSOS","SEDI","OUTROS","0318","","",101404,"ENGENHEIRO ELETRICISTA COM ENCARGOS COMPLEMENTARES","MES","COEFICIENTE DE REPRESENTATIVIDADE",28667.48,"ENCARGOS COMPLEMENTARES REFERENCIAL"]
["SERVICOS DIVERSOS","SEDI","OUTROS","0318","","",101411,"LEITURISTA OU CADASTRISTA DE REDES DE ÁGUA COM ENCARGOS COMPLEMENTARES","MES","COEFICIENTE DE REPRESENTATIVIDADE",3402.92,"ENCARGOS COMPLEMENTARES REFERENCIAL"]
["SERVICOS DIVERSOS","SEDI","OUTROS","0318","","",101415,"MECÂNICO DE EQUIPAMENTOS PESADOS COM ENCARGOS COMPLEMENTARES","MES","COEFICIENTE DE REPRESENTATIVIDADE",4295.5,"ENCARGOS COMPLEMENTARES REFERENCIAL"]
["SERVICOS DIVERSOS","SEDI","OUTROS","0318","","",101420,"MOTORISTA DE CAMINHÃO BASCULANTE COM ENCARGOS COMPLEMENTARES","MES","COEFICIENTE DE REPRESENTATIVIDADE",3969.22,"ENCARGOS COMPLEMENTARES REFERENCIAL"]
["SERVICOS DIVERSOS","SEDI","OUTROS","0318","","",101426,"OPERADOR DE BATE-ESTACA COM ENCARGOS COMPLEMENTARES","MES","COEFICIENTE DE REPRESENTATIVIDADE",3524.77,"ENCARGOS COMPLEMENTARES REFERENCIAL"]
["SERVICOS DIVERSOS","SEDI","OUTROS","0318","","",101431,"OPERADOR DE ESCAVADEIRA COM ENCARGOS COMPLEMENTARES","MES","COEFICIENTE DE REPRESENTATIVIDADE",3854.38,"ENCARGOS COMPLEMENTARES REFERENCIAL"]
["SERVICOS DIVERSOS","SEDI","OUTROS","0318","","",101437,"OPERADOR DE MOTO SCRAPER COM ENCARGOS COMPLEMENTARES","MES","COEFICIENTE DE REPRESENTATIVIDADE",3604.42,"ENCARGOS COMPLEMENTARES REFERENCIAL"]
["SERVICOS DIVERSOS","SEDI","OUTROS","0318","","",101442,"OPERADOR DE TRATOR - EXCLUSIVE AGROPECUÁRIA COM ENCARGOS COMPLEMENTARES","MES","COEFICIENTE DE REPRESENTATIVIDADE",3214.46,"ENCARGOS COMPLEMENTARES REFERENCIAL"]
["SERVICOS DIVERSOS","SEDI","OUTROS","0318","","",101447,"PINTOR DE LETREIROS COM ENCARGOS COMPLEMENTARES","MES","COEFICIENTE DE REPRESENTATIVIDADE",4242.4399999999996,"ENCARGOS COMPLEMENTARES REFERENCIAL"]
["SERVICOS DIVERSOS","SEDI","OUTROS","0318","","",101453,"SOLDADOR COM ENCARGOS COMPLEMENTARES","MES","COEFICIENTE DE REPRESENTATIVIDADE",4238.26,"ENCARGOS COMPLEMENTARES REFERENCIAL"]
["SERVICOS DIVERSOS","SEDI","OUTROS","0318","","",101458,"TELHADOR COM ENCARGOS COMPLEMENTARES","MES","COEFICIENTE DE REPRESENTATIVIDADE",4006,"ENCARGOS COMPLEMENTARES REFERENCIAL"]
[{"$nulls":6},11270,"ABRACADEIRA DE LATAO PARA FIXACAO DE CABO PARA-RAIO, DIMENSOES 32 X 24 X 24 MM","UN    ","CR",2.5]
[{"$nulls":6},412,"ABRACADEIRA DE NYLON PARA AMARRACAO DE CABOS, COMPRIMENTO DE *230* X *7,6* MM","UN    ","CR",1.28]
[{"$nulls":6},39131,"ABRACADEIRA EM ACO PARA AMARRACAO DE ELETRODUTOS, TIPO D, COM 1 1/2\" E CUNHA DE FIXACAO","UN    ","CR",5.49]
[{"$nulls":6},39129,"ABRACADEIRA EM ACO PARA AMARRACAO DE ELETRODUTOS, TIPO D, COM 1\" E CUNHA DE FIXACAO","UN    ","CR",3.09]
[{"$nulls":6},396,"ABRACADEIRA EM ACO PARA AMARRACAO DE ELETRODUTOS, TIPO D, COM 2\" E PARAFUSO DE FIXACAO","UN    ","CR",6.18]
[{"$nulls":6},39134,"ABRACADEIRA EM ACO PARA AMARRACAO DE ELETRODUTOS, TIPO D, COM 3\" E CUNHA DE FIXACAO","UN    ","CR",9.6199999999999992]
[{"$nulls":6},39140,"ABRACADEIRA EM ACO PARA AMARRACAO DE ELETRODUTOS, TIPO U SIMPLES, COM 1 1/4\"","UN    ","CR",2.02]
[{"$nulls":6},39138,"ABRACADEIRA EM ACO PARA AMARRACAO DE ELETRODUTOS, TIPO U SIMPLES, COM 3/4\"","UN    ","CR",1.23]
[{"$nulls":6},11928,"ABRACADEIRA, GALVANIZADA/ZINCADA, ROSCA SEM FIM, PARAFUSO INOX, LARGURA  FITA *12,6 A *14 MM, D = 3\" A 3 3/4\"","UN    ","CR",8.57]
[{"$nulls":6},37599,"ACESSORIO INICIADOR NAO ELETRICO, TUBO DE 6 M, TEMPO DE RETARDO DE *160* MS","UN    ","AS",107.68]
[{"$nulls":6},42403,"ACO CA-25, 20,0 MM, BARRA DE TRANSFERENCIA","KG    ","CR",14.16]
[{"$nulls":6},34,"ACO CA-50, 10,0 MM, VERGALHAO","KG    ","CR",10.75]
[{"$nulls":6},32,"ACO CA-50, 6,3 MM, VERGALHAO","KG    ","CR",11.34]
[{"$nulls":6},43060,"ACO CA-60, 8,0 MM OU 9,5 MM, VERGALHAO","KG    ","CR",8.86]
[{"$nulls":6},40410,"ACOPLAMENTO RIGIDO EM FERRO FUNDIDO PARA SISTEMA DE TUBULACAO RANHURADA, DN 50 MM (2\")","UN    ","AS",23.71]
[{"$nulls":6},44256,"ADAPTADOR CPVC, ROSCAVEL, COM FLANGES E ANEL DE VEDACAO, 28 MM, CAIXA D'AGUA PARA AGUA QUENTE","UN    ","AS",29.13]
[{"$nulls":6},55,"ADAPTADOR DE COMPRESSAO EM POLIPROPILENO (PP), PARA TUBO EM PEAD, 20 MM X 1/2\", PARA LIGACAO PREDIAL DE AGUA (NTS 179)","UN    ","AS",4]
[{"$nulls":6},103,"ADAPTADOR PVC SOLDAVEL CURTO COM BOLSA E ROSCA, 110 MM X 4\", PARA AGUA FRIA","UN    ","CR",45.1]
[{"$nulls":6},109,"ADAPTADOR PVC SOLDAVEL CURTO COM BOLSA E ROSCA, 40 MM X 1 1/4\", PARA AGUA FRIA","UN    ","CR",3.86]
[{"$nulls":6},95,"ADAPTADOR PVC SOLDAVEL, COM FLANGE E ANEL DE VEDACAO, 20 MM X 1/2\", PARA CAIXA D'AGUA","UN    ","CR",11.81]
[{"$nulls":6},100,"ADAPTADOR PVC SOLDAVEL, COM FLANGES E ANEL DE VEDACAO, 60 MM X 2\", PARA CAIXA D' AGUA","UN    ","CR",47.77]
[{"$nulls":6},82,"ADAPTADOR PVC SOLDAVEL, LONGO, COM FLANGE LIVRE,  75 MM X 2 1/2\", PARA CAIXA D' AGUA","UN    ","CR",211.84]
[{"$nulls":6},71,"ADAPTADOR PVC, ROSCAVEL, COM FLANGES E ANEL DE VEDACAO, 1\", PARA CAIXA D' AGUA","UN    ","CR",32.380000000000003]
[{"$nulls":6},52,"ADAPTADOR, PVC PBA, PONTA/ROSCA, JE, DN 50 / DE  60 MM","UN    ","AS",12.89]
[{"$nulls":6},156,"ADESIVO ESTRUTURAL A BASE DE RESINA EPOXI, BICOMPONENTE, FLUIDO","KG    ","CR",99.17]
[{"$nulls":6},20080,"ADESIVO PLASTICO PARA PVC, FRASCO COM 175 GR","UN    ","CR",19.739999999999998]
[{"$nulls":6},41373,"ADITIVO LIQUIDO IMPERMEABILIZANTE CRISTALIZANTE","L     ","CR",44.51]
[{"$nulls":6},133,"ADITIVO LIQUIDO INCORPORADOR DE AR PARA CONCRETO E ARGAMASSA, LIQUIDO E ISENTO DE CLORETOS","L     ","CR",13.27]
[{"$nulls":6},37478,"ADUELA/ GALERIA PRE-MOLDADA DE CONCRETO ARMADO, SECAO RETANGULAR INTERNA DE 2,00 X 2,00 M (L X A), MISULA DE 20 X 20 CM, C = 1,00 M, ESPESSURA MIN = 15 CM, TB-45 E FCK DO CONCRETO = 30 MPA","UN    ","AS",4479.21]
[{"$nulls":6},6114,"AJUDANTE DE ARMADOR (HORISTA)","H     ","CR",13.45]
[{"$nulls":6},44499,"AJUDANTE DE ESTRUTURAS METALICAS HORISTA","H     ","CR",12.41]
[{"$nulls":6},252,"AJUDANTE DE SERRALHEIRO (HORISTA)","H     ","CR",15.34]
[{"$nulls":6},11273,"ALCA PREFORMADA DE DISTRIBUICAO, EM ACO GALVANIZADO, PARA CONDUTORES DE ALUMINIO AWG 1/0 (CAA 6/1 OU CA 7 FIOS)","UN    ","AS",9.2200000000000006]
[{"$nulls":6},38547,"ALICATE DE CRIMPAR RJ11, RJ12 E RJ45","UN    ","CR",92.1]
[{"$nulls":6},37370,"ALIMENTACAO - HORISTA (COLETADO CAIXA - ENCARGOS COMPLEMENTARES)","H     ","C ",0.01]
[{"$nulls":6},301,"ANEL BORRACHA PARA TUBO ESGOTO PREDIAL, DN 100 MM (NBR 5688)","UN    ","C ",4.8499999999999996]
[{"$nulls":6},20085,"ANEL BORRACHA, DN 50 MM, PARA TUBO SERIE REFORCADA ESGOTO PREDIAL","UN    ","CR",3.6]
[{"$nulls":6},305,"ANEL BORRACHA, PARA TUBO PVC, REDE COLETOR ESGOTO, DN 150 MM (NBR 7362)","UN    ","CR",16.899999999999999]
[{"$nulls":6},328,"ANEL BORRACHA, PARA TUBO/CONEXAO PVC PBA, DN 100 MM, PARA REDE AGUA","UN    ","CR",12.85]
[{"$nulls":6},39642,"ANEL DE BORRACHA PARA VEDACAO DE DUTO PEAD CORRUGADO PARA ELETRICA, DN 1 1/2\" (NBR 15715)","UN    ","CR",4.76]
[{"$nulls":6},39641,"ANEL DE BORRACHA PARA VEDACAO DE DUTO PEAD CORRUGADO PARA ELETRICA, DN 1 1/4\" (NBR 15715)","UN    ","CR",4.18]
[{"$nulls":6},41611,"ANEL DE CONCRETO ARMADO COM FUNDO, PARA FOSSA E POCO 2,00 X *0,50* M","UN    ","AS",1045.75]
[{"$nulls":6},20975,"ANEL DE EXPANSAO EM COBRE, ENGATE RAPIDO 1 1/2\", PARA EMPATACAO MANGUEIRA DE COMBATE A INCENDIO PREDIAL","UN    ","AS",21.2]
[{"$nulls":6},40343,"ANEL DE VEDACAO/JUNTA ELASTICA, H = *16* MM, PARA TUBO DE CONCRETO, DN 600 MM","UN    ","CR",60.23]
[{"$nulls":6},6138,"ANEL DE VEDACAO, PVC FLEXIVEL, 100 MM, PARA SAIDA DE BACIA / VASO SANITARIO","UN    ","AS",12.57]
[{"$nulls":6},43441,"ANEL EM CONCRETO ARMADO, LISO, PARA POCOS DE INSPECAO, COM FUNDO, DIAMETRO INTERNO DE 0,60 M E ALTURA DE 0,50 M","UN    ","AS",162.55000000000001]
[{"$nulls":6},43442,"ANEL EM CONCRETO ARMADO, LISO, PARA POCOS DE VISITAS, POCOS DE INSPECAO, FOSSAS SEPTICAS E SUMIDOUROS, COM FUNDO, DIAMETRO INTERNO DE 0,80 M E ALTURA DE 0,50 M","UN    ","AS",216.73]
[{"$nulls":6},12563,"ANEL EM CONCRETO ARMADO, LISO, PARA, POCOS DE VISITA, POCOS DE INSPECAO, FOSSAS SEPTICAS E SUMIDOUROS, SEM FUNDO, DIAMETRO INTERNO DE 1,50 M E ALTURA DE 0,50 M","UN    ","AS",387.66]
[{"$nulls":6},4814,"APARELHO SINALIZADOR LUMINOSO COM LED, PARA SAIDA GARAGEM, COM 2 LENTES EM POLICARBONATO, BIVOLT (INCLUI SUPORTE DE FIXACAO)","UN    ","CR",92.75]
[{"$nulls":6},11816,"AQUECEDOR DE AGUA ELETRICO  RESERVATORIO DE 100 L CILINDRICO EM COBRE, REFORCADO COM ACO CARBONO, MONOFASICO, TENSAO NOMINAL 220 V","UN    ","AS",4100]
[{"$nulls":6},34469,"AQUECEDOR SOLAR COM RESERVATORIO TERMICO DE 1000 L E *5* PLACAS COLETORAS DE *2,0* M2 (NAO INCLUI ACESSORIOS) (SEM INSTALACAO)","UN    ","AS",10372.16]
[{"$nulls":6},42425,"AR CONDICIONADO SPLIT INVERTER, HI-WALL (PAREDE), 12000 BTU/H, CICLO FRIO, 60HZ, CLASSIFICACAO A (SELO PROCEL), GAS HFC, CONTROLE S/FIO","UN    ","CR",2356.9699999999998]
[{"$nulls":6},42416,"AR CONDICIONADO SPLIT INVERTER, PISO TETO, 18000 BTU/H, CICLO FRIO, 60HZ, CLASSIFICACAO ENERGETICA A OU B (SELO PROCEL), GAS HFC, CONTROLE S/FIO","UN    ","CR",9074.32]
[{"$nulls":6},42417,"AR CONDICIONADO SPLIT INVERTER, PISO TETO, 24000 BTU/H, CICLO FRIO, 60HZ, CLASSIFICACAO ENERGETICA A OU B (SELO PROCEL), GAS HFC, CONTROLE S/FIO","UN    ","CR",10173.06]
[{"$nulls":6},43198,"AR CONDICIONADO SPLIT ON/OFF, CASSETE (TETO), FRIO 4 VIAS 36000 BTUS/H, CLASSIFICACAO ENERGETICA C - SELO PROCEL, GAS HFC, CONTROLE S/ FIO","UN    ","CR",10243.799999999999]
[{"$nulls":6},39559,"AR CONDICIONADO SPLIT ON/OFF, CASSETE (TETO), 36000 BTUS/H, CICLO QUENTE/FRIO, 60 HZ, CLASSIFICACAO ENERGETICA A - SELO PROCEL, GAS HFC, CONTROLE S/ FIO","UN    ","CR",10591.19]
[{"$nulls":6},39548,"AR CONDICIONADO SPLIT ON/OFF, HI-WALL (PAREDE), 18000 BTUS/H, CICLO QUENTE/FRIO, 60 HZ, CLASSIFICACAO ENERGETICA A - SELO PROCEL, GAS HFC, CONTROLE S/ FIO","UN    ","CR",3035.22]
[{"$nulls":6},43185,"AR CONDICIONADO SPLIT ON/OFF, PISO TETO, 18.000 BTU/H, CICLO FRIO, 60HZ, CLASSIFICACAO ENERGETICA C - SELO PROCEL, GAS HFC, CONTROLE S/FIO","UN    ","CR",5070.7700000000004]
[{"$nulls":6},39577,"AR-CONDICIONADO FRIO SPLITAO MODULAR 10 TR","UN    ","CR",23859.82]
[{"$nulls":6},346,"ARAME DE ACO OVALADO 15 X 17 ( 45,7 KG, 700 KGF), ROLO 1000 M","KG    ","CR",29.61]
[{"$nulls":6},344,"ARAME GALVANIZADO 16 BWG, D = 1,65MM (0,0166 KG/M)","KG    ","CR",32.86]
[{"$nulls":6},367,"AREIA GROSSA - POSTO JAZIDA/FORNECEDOR (RETIRADO NA JAZIDA, SEM TRANSPORTE)","M3    ","CR",106.37]
[{"$nulls":6},34353,"ARGAMASSA COLANTE AC II","KG    ","CR",1.86]
[{"$nulls":6},36880,"ARGAMASSA PARA REVESTIMENTO DECORATIVO MONOCAMADA","KG    ","CR",3.33]
[{"$nulls":6},38546,"ARGAMASSA USINADA AUTOADENSAVEL E AUTONIVELANTE PARA CONTRAPISO, COM BOMBEAMENTO (DISPONIBILIZACAO DE BOMBA), SEM O LANCAMENTO","M3    ","CR",725.61]
[{"$nulls":6},1091,"ARMACAO VERTICAL COM HASTE E CONTRA-PINO, EM CHAPA DE ACO GALVANIZADO 3/16\", COM 1 ESTRIBO E 1 ISOLADOR","UN    ","AS",25.12]
[{"$nulls":6},1094,"ARMACAO VERTICAL COM HASTE E CONTRA-PINO, EM CHAPA DE ACO GALVANIZADO 3/16\", COM 1 ESTRIBO, SEM ISOLADOR","UN    ","AS",17.57]
[{"$nulls":6},1096,"ARMACAO VERTICAL COM HASTE E CONTRA-PINO, EM CHAPA DE ACO GALVANIZADO 3/16\", COM 4 ESTRIBOS E 4 ISOLADORES","UN    ","AS",86.96]
[{"$nulls":6},40815,"ARQUITETO JUNIOR (MENSALISTA)","MES   ","CR",14013.14]
[{"$nulls":6},40817,"ARQUITETO SENIOR (MENSALISTA)","MES   ","CR",26315.5]
[{"$nulls":6},39210,"ARRUELA EM ALUMINIO, COM ROSCA, DE 1\", PARA ELETRODUTO","UN    ","AS",0.94]
[{"$nulls":6},39216,"ARRUELA EM ALUMINIO, COM ROSCA, DE 4\", PARA ELETRODUTO","UN    ","AS",8.81]
[{"$nulls":6},509,"ASFALTO MODIFICADO TIPO III - NBR 9910 (ASFALTO OXIDADO PARA IMPERMEABILIZACAO, COEFICIENTE DE PENETRACAO 15-25)","KG    ","AS",17.260000000000002]
[{"$nulls":6},7588,"AUTOMATICO DE BOIA SUPERIOR / INFERIOR, *15* A / 250 V","UN    ","C ",50.52]
[{"$nulls":6},40927,"AUXILIAR DE ENCANADOR OU BOMBEIRO HIDRAULICO (MENSALISTA)","MES   ","CR",2662.61]
[{"$nulls":6},251,"AUXILIAR DE MECANICO","H     ","CR",12.5]
[{"$nulls":6},244,"AUXILIAR DE TOPOGRAFO (HORISTA)","H     ","CR",10.07]
[{"$nulls":6},4760,"AZULEJISTA OU LADRILHEIRO (HORISTA)","H     ","CR",22.94]
[{"$nulls":6},42319,"BACIA SANITARIA (VASO) CONVENCIONAL PARA USO ESPECIFICO (HOSPITAIS, CLINICAS), COM FURO FRONTAL, DE LOUCA BRANCA, SEM ASSENTO","UN    ","CR",548.72]
[{"$nulls":6},10420,"BACIA SANITARIA (VASO) CONVENCIONAL, DE LOUCA BRANCA, SIFAO APARENTE, SAIDA VERTICAL (SEM ASSENTO)","UN    ","C ",194.65]
[{"$nulls":6},541,"BANCADA DE MARMORE SINTETICO COM UMA CUBA, 120 X *60* CM","UN    ","C ",210]
[{"$nulls":6},1746,"BANCADA/BANCA/PIA DE ACO INOXIDAVEL (AISI 430) COM 1 CUBA CENTRAL, COM VALVULA, ESCORREDOR DUPLO, DE *0,55 X 1,20* M","UN    ","C ",337.63]
[{"$nulls":6},11687,"BANCADA/TAMPO ACO INOX (AISI 304), LARGURA 60 CM, COM RODABANCA (NAO INCLUI PES DE APOIO)","M     ","CR",1461.22]
[{"$nulls":6},38381,"BANDEJA DE PINTURA PARA ROLO 23 CM","UN    ","CR",10.42]
[{"$nulls":6},546,"BARRA DE ACO CHATA, RETANGULAR (QUALQUER BITOLA)","KG    ","C ",10.039999999999999]
[{"$nulls":6},552,"BARRA DE ACO CHATO, RETANGULAR, 38,1 MM X 6,35 MM (L X E), 1,89 KG/M","M     ","CR",19.16]
[{"$nulls":6},560,"BARRA DE ACO CHATO, RETANGULAR, 50,8 MM X 7,94 MM (L X E), 3,162 KG/M","M     ","CR",32.1]
[{"$nulls":6},36205,"BARRA DE APOIO RETA, EM ACO INOX POLIDO, COMPRIMENTO 70CM, DIAMETRO MINIMO 3 CM","UN    ","CR",259.16000000000003]
[{"$nulls":6},36080,"BARRA DE APOIO RETA, EM ALUMINIO, COMPRIMENTO 80 CM, DIAMETRO MINIMO 3 CM","UN    ","AS",199.99]
[{"$nulls":6},39380,"BASE PARA RELE COM SUPORTE METALICO","UN    ","AS",21.36]
[{"$nulls":6},183,"BATENTE / PORTAL / ADUELA / MARCO EM MADEIRA MACICA COM REBAIXO, E = *3* CM, L = *14* CM, PARA PORTAS DE  GIRO DE *60 CM A 120* CM  X *210* CM, CEDRINHO / ANGELIM COMERCIAL / TAURI / CURUPIXA / PEROBA / CUMARU OU EQUIVALENTE DA REGIAO (NAO INCLUI ALIZARES)","JG    ","C ",150]
[{"$nulls":6},10537,"BETONEIRA CAPACIDADE NOMINAL 400 L, CAPACIDADE DE MISTURA 310 L, MOTOR A DIESEL POTENCIA 5 CV, SEM CARREGADOR","UN    ","CR",7417.32]
[{"$nulls":6},13891,"BETONEIRA CAPACIDADE NOMINAL 400 L, CAPACIDADE DE MISTURA 310 L, MOTOR A GASOLINA POTENCIA 5,5 CV, SEM CARREGADOR","UN    ","CR",6803.35]
[{"$nulls":6},647,"BLASTER, DINAMITADOR OU CABO DE FOGO","H     ","CR",14.65]
[{"$nulls":6},37593,"BLOCO CERAMICO / TIJOLO VAZADO PARA ALVENARIA DE VEDACAO, FUROS NA VERTICAL, 14 X 19 X 39 CM (NBR 15270)","UN    ","CR",3.05]
[{"$nulls":6},7268,"BLOCO CERAMICO / TIJOLO VAZADO PARA ALVENARIA DE VEDACAO, 8 FUROS NA HORIZONTAL, 9 X 19 X 29 CM (L X A X C)","UN    ","CR",1.29]
[{"$nulls":6},34564,"BLOCO DE CONCRETO ESTRUTURAL 14 X 19 X 29 CM, FBK 14 MPA (NBR 6136)","UN    ","CR",5.12]
[{"$nulls":6},34568,"BLOCO DE CONCRETO ESTRUTURAL 14 X 19 X 39 CM, FBK 10 MPA (NBR 6136)","UN    ","CR",5.27]
[{"$nulls":6},34573,"BLOCO DE CONCRETO ESTRUTURAL 14 X 19 X 39 CM, FBK 8 MPA (NBR 6136)","UN    ","CR",4.7]
[{"$nulls":6},34579,"BLOCO DE CONCRETO ESTRUTURAL 19 X 19 X 39 CM, FBK 16 MPA (NBR 6136)","UN    ","CR",8.26]
[{"$nulls":6},34583,"BLOCO DE GESSO COMPACTO / MACICO, BRANCO, E = 10 CM, DIMENSOES *67 X 50* CM","M2    ","CR",61.48]
[{"$nulls":6},37103,"BLOCO DE VEDACAO DE CONCRETO APARENTE 14 X 19 X 39 CM (CLASSE C - NBR 6136)","UN    ","CR",4.0199999999999996]
[{"$nulls":6},651,"BLOCO DE VEDACAO DE CONCRETO 14 X 19 X 39 CM (CLASSE C - NBR 6136)","UN    ","CR",3.88]
[{"$nulls":6},38603,"BLOCO ESTRUTURAL CERAMICO 14 X 19 X 34 CM, 6,0 MPA (NBR 15270)","UN    ","CR",3.16]
[{"$nulls":6},40515,"BLOQUETE/PISO DE CONCRETO - MODELO PISOGRAMA/CONCREGRAMA/PAVI-GRADE/GRAMEIRO, DIMENSOES APROXIMADAS DE 60 CM X 45 CM E ESPESSURA DE 8 CM (+/- 1 CM), COR NATURAL","M2    ","CR",141.49]
[{"$nulls":6},40529,"BLOQUETE/PISO INTERTRAVADO DE CONCRETO - MODELO ONDA/16 FACES/RETANGULAR/TIJOLINHO/PAVER/HOLANDES/PARALELEPIPEDO, *22 CM X *11 CM, E = 10 CM, RESISTENCIA DE 50 MPA (NBR 9781), COR NATURAL","M2    ","CR",90.39]
[{"$nulls":6},36154,"BLOQUETE/PISO INTERTRAVADO DE CONCRETO - MODELO ONDA/16 FACES/RETANGULAR/TIJOLINHO/PAVER/HOLANDES/PARALELEPIPEDO, 20 CM X 10 CM, E = 8 CM, RESISTENCIA DE 35 MPA (NBR 9781), COLORIDO","M2    ","CR",82.53]
[{"$nulls":6},12614,"BOCAL PVC, PARA CALHA PLUVIAL, DIAMETRO DA SAIDA ENTRE *75 E 120* MM, PARA DRENAGEM PLUVIAL PREDIAL","UN    ","CR",57.31]
[{"$nulls":6},39925,"BOMBA CENTRIFUGA MONOESTAGIO COM MOTOR ELETRICO MONOFASICO, POTENCIA 15 HP,  DIAMETRO DO ROTOR *173* MM, HM/Q = *30* MCA / *90* M3/H A *45* MCA / *55* M3/H","UN    ","CR",15976.83]
[{"$nulls":6},737,"BOMBA CENTRIFUGA MOTOR ELETRICO TRIFASICO 14,8 HP, DIAMETRO DE SUCCAO X ELEVACAO 2 1/2\" X 2\", DIAMETRO DO ROTOR 195 MM, HM/Q: 62 M / 55,5 M3/H A 80 M / 31,50 M3/H","UN    ","CR",10171.98]
[{"$nulls":6},39009,"BOMBA DE PROJECAO DE CONCRETO SECO, POTENCIA 10 CV, VAZAO 6 M3/H","UN    ","CR",71035.520000000004]
[{"$nulls":6},749,"BOMBA SUBMERSA PARA POCOS TUBULARES PROFUNDOS DIAMETRO DE 6 POLEGADAS, ELETRICA, TRIFASICA, POTENCIA 3,45 HP, 5 ESTAGIOS, BOCAL DE DESCARGA DIAMETRO DE 2 POLEGADAS, HM/Q = 68,5 M / 6,12 M3/H A 39,5 M / 14,04 M3/H","UN    ","CR",14298.19]
[{"$nulls":6},10589,"BOMBA SUBMERSIVEL, ELETRICA, TRIFASICA, POTENCIA 1,97 HP, DIAMETRO DO ROTOR 144 MM SEMIABERTO, BOCAL DE SAIDA DIAMETRO DE 2 POLEGADAS, HM/Q = 2 M / 26,8 M3/H A 28 M / 4,6 M3/H","UN    ","CR",6897.2]
[{"$nulls":6},38167,"BORBOLETA PARA JANELA TIPO GUILHOTINA, EM ZAMAC CROMADO","PAR   ","CR",28.75]
[{"$nulls":6},11679,"BRACO OU HASTE RETA COM CANOPLA PLASTICA, 1/2 \", PARA CHUVEIRO ELETRICO","UN    ","AS",26.08]
[{"$nulls":6},11945,"BUCHA DE NYLON SEM ABA S4","UN    ","CR",0.06]
[{"$nulls":6},4350,"BUCHA DE NYLON, DIAMETRO DO FURO 8 MM, COMPRIMENTO 40 MM, COM PARAFUSO DE ROSCA SOBERBA, CABECA CHATA, FENDA SIMPLES, 4,8 X 50 MM","UN    ","CR",0.61]
[{"$nulls":6},39890,"BUCHA DE REDUCAO DE COBRE (REF 600-2) SEM ANEL DE SOLDA, PONTA X BOLSA, 42 X 35 MM","UN    ","AS",32.03]
[{"$nulls":6},39891,"BUCHA DE REDUCAO DE COBRE (REF 600-2) SEM ANEL DE SOLDA, PONTA X BOLSA, 54 X 42 MM","UN    ","AS",45.16]
[{"$nulls":6},767,"BUCHA DE REDUCAO DE FERRO GALVANIZADO, COM ROSCA BSP, DE 1 1/2\" X 3/4\"","UN    ","AS",23.11]
[{"$nulls":6},12394,"BUCHA DE REDUCAO DE FERRO GALVANIZADO, COM ROSCA BSP, DE 1/2\" X 3/8\"","UN    ","AS",6.4]
[{"$nulls":6},775,"BUCHA DE REDUCAO DE FERRO GALVANIZADO, COM ROSCA BSP, DE 2 1/2\" X 2\"","UN    ","AS",49.89]
[{"$nulls":6},776,"BUCHA DE REDUCAO DE FERRO GALVANIZADO, COM ROSCA BSP, DE 3\" X 1 1/2\"","UN    ","AS",73.55]
[{"$nulls":6},786,"BUCHA DE REDUCAO DE FERRO GALVANIZADO, COM ROSCA BSP, DE 4\" X 2\"","UN    ","AS",135.9]
[{"$nulls":6},829,"BUCHA DE REDUCAO DE PVC, SOLDAVEL, CURTA, COM 32 X 25 MM, PARA AGUA FRIA PREDIAL","UN    ","CR",0.99]
[{"$nulls":6},834,"BUCHA DE REDUCAO DE PVC, SOLDAVEL, LONGA, COM 40 X 25 MM, PARA AGUA FRIA PREDIAL","UN    ","CR",3.8]
[{"$nulls":6},821,"BUCHA DE REDUCAO DE PVC, SOLDAVEL, LONGA, COM 75 X 50 MM, PARA AGUA FRIA PREDIAL","UN    ","CR",19.68]
[{"$nulls":6},39186,"BUCHA DE REDUCAO EM ALUMINIO, COM ROSCA, DE 1 1/4\" X 1/2\", PARA ELETRODUTO","UN    ","AS",19.47]
[{"$nulls":6},39198,"BUCHA DE REDUCAO EM ALUMINIO, COM ROSCA, DE 2 1/2\" X 1 1/2\", PARA ELETRODUTO","UN    ","AS",64.569999999999993]
[{"$nulls":6},39193,"BUCHA DE REDUCAO EM ALUMINIO, COM ROSCA, DE 2\" X 1\", PARA ELETRODUTO","UN    ","AS",42.07]
[{"$nulls":6},39203,"BUCHA DE REDUCAO EM ALUMINIO, COM ROSCA, DE 3\" X 2 1/2\", PARA ELETRODUTO","UN    ","AS",62.84]
[{"$nulls":6},39202,"BUCHA DE REDUCAO EM ALUMINIO, COM ROSCA, DE 3\" X 2\", PARA ELETRODUTO","UN    ","AS",73.81]
[{"$nulls":6},797,"BUCHA DE REDUCAO PVC, ROSCAVEL 1 1/2\" X 1\"","UN    ","CR",8.91]
[{"$nulls":6},38002,"BUCHA DE REDUCAO, CPVC, SOLDAVEL, 28 X 22 MM, PARA AGUA QUENTE","UN    ","AS",3.32]
[{"$nulls":6},38993,"BUCHA DE REDUCAO, PPR, DN 40 X 25 MM, PARA AGUA QUENTE E FRIA PREDIAL","UN    ","AS",11.85]
[{"$nulls":6},39177,"BUCHA EM ALUMINIO, COM ROSCA, DE 1 1/4\", PARA ELETRODUTO","UN    ","AS",1.92]
[{"$nulls":6},39175,"BUCHA EM ALUMINIO, COM ROSCA, DE 3/4\", PARA ELETRODUTO","UN    ","AS",1.17]
[{"$nulls":6},1099,"CABECOTE PARA ENTRADA DE LINHA DE ALIMENTACAO PARA ELETRODUTO, EM LIGA DE ALUMINIO COM ACABAMENTO ANTI CORROSIVO, COM FIXACAO POR ENCAIXE LISO DE 360 GRAUS, DE 1 1/4\"","UN    ","AS",6.98]
[{"$nulls":6},39679,"CABECOTE PARA ENTRADA DE LINHA DE ALIMENTACAO PARA ELETRODUTO, EM LIGA DE ALUMINIO COM ACABAMENTO ANTI CORROSIVO, COM FIXACAO POR ENCAIXE LISO DE 360 GRAUS, DE 3 1/2\"","UN    ","AS",59.98]
[{"$nulls":6},43835,"CABO COAXIAL RG59 95% DE MALHA","M     ","CR",1.48]
[{"$nulls":6},25004,"CABO DE ALUMINIO NU COM ALMA DE ACO, BITOLA 1/0 AWG","KG    ","CR",59.08]
[{"$nulls":6},25003,"CABO DE ALUMINIO NU SEM ALMA DE ACO, BITOLA 2 AWG","KG    ","CR",65.81]
[{"$nulls":6},44390,"CABO DE COBRE FLEXIVEL NAO HALOGENADO, SEM EMISSAO DE FUMACA, 750V, SECAO NOMINAL 50 MM","M     ","CR",59.11]
[{"$nulls":6},857,"CABO DE COBRE NU 16 MM2 MEIO-DURO","M     ","CR",21.39]
[{"$nulls":6},864,"CABO DE COBRE NU 70 MM2 MEIO-DURO","M     ","CR",84.47]
[{"$nulls":6},865,"CABO DE COBRE NU 95 MM2 MEIO-DURO","M     ","CR",121.5]
[{"$nulls":6},995,"CABO DE COBRE, FLEXIVEL, CLASSE 4 OU 5, ISOLACAO EM PVC/A, ANTICHAMA BWF-B, COBERTURA PVC-ST1, ANTICHAMA BWF-B, 1 CONDUTOR, 0,6/1 KV, SECAO NOMINAL 16 MM2","M     ","CR",18.77]
[{"$nulls":6},1019,"CABO DE COBRE, FLEXIVEL, CLASSE 4 OU 5, ISOLACAO EM PVC/A, ANTICHAMA BWF-B, COBERTURA PVC-ST1, ANTICHAMA BWF-B, 1 CONDUTOR, 0,6/1 KV, SECAO NOMINAL 35 MM2","M     ","CR",41.13]
[{"$nulls":6},994,"CABO DE COBRE, FLEXIVEL, CLASSE 4 OU 5, ISOLACAO EM PVC/A, ANTICHAMA BWF-B, COBERTURA PVC-ST1, ANTICHAMA BWF-B, 1 CONDUTOR, 0,6/1 KV, SECAO NOMINAL 6 MM2","M     ","CR",7.19]
[{"$nulls":6},39252,"CABO DE COBRE, FLEXIVEL, CLASSE 4 OU 5, ISOLACAO EM PVC/A, ANTICHAMA BWF-B, 1 CONDUTOR, 450/750 V, SECAO NOMINAL 1,0 MM2","M     ","CR",1.43]
[{"$nulls":6},39239,"CABO DE COBRE, FLEXIVEL, CLASSE 4 OU 5, ISOLACAO EM PVC/A, ANTICHAMA BWF-B, 1 CONDUTOR, 450/750 V, SECAO NOMINAL 185 MM2","M     ","CR",200.39]
[{"$nulls":6},981,"CABO DE COBRE, FLEXIVEL, CLASSE 4 OU 5, ISOLACAO EM PVC/A, ANTICHAMA BWF-B, 1 CONDUTOR, 450/750 V, SECAO NOMINAL 4 MM2","M     ","C ",4.5]
[{"$nulls":6},39241,"CABO DE COBRE, RIGIDO, CLASSE 2, ISOLACAO EM PVC/A, ANTICHAMA BWF-B, 1 CONDUTOR, 450/750 V, SECAO NOMINAL 16 MM2","M     ","CR",19.16]
[{"$nulls":6},1007,"CABO DE COBRE, RIGIDO, CLASSE 2, ISOLACAO EM PVC/A, ANTICHAMA BWF-B, 1 CONDUTOR, 450/750 V, SECAO NOMINAL 50 MM2","M     ","CR",57.37]
[{"$nulls":6},43972,"CABO DE REDE, PAR TRANCADO U/UTP, 4 PARES, CATEGORIA 5E (CAT 5E), ISOLAMENTO PVC (CM)","M     ","CR",3.17]
[{"$nulls":6},34602,"CABO FLEXIVEL PVC 750 V, 2 CONDUTORES DE 1,5 MM2","M     ","CR",5.01]
[{"$nulls":6},34622,"CABO FLEXIVEL PVC 750 V, 3 CONDUTORES DE 6,0 MM2","M     ","CR",25.14]
[{"$nulls":6},39261,"CABO MULTIPOLAR DE COBRE, FLEXIVEL, CLASSE 4 OU 5, ISOLACAO EM HEPR, COBERTURA EM PVC-ST2, ANTICHAMA BWF-B, 0,6/1 KV, 3 CONDUTORES DE 10 MM2","M     ","CR",39.130000000000003]
[{"$nulls":6},39268,"CABO MULTIPOLAR DE COBRE, FLEXIVEL, CLASSE 4 OU 5, ISOLACAO EM HEPR, COBERTURA EM PVC-ST2, ANTICHAMA BWF-B, 0,6/1 KV, 3 CONDUTORES DE 120 MM2","M     ","CR",611.64]
[{"$nulls":6},39259,"CABO MULTIPOLAR DE COBRE, FLEXIVEL, CLASSE 4 OU 5, ISOLACAO EM HEPR, COBERTURA EM PVC-ST2, ANTICHAMA BWF-B, 0,6/1 KV, 3 CONDUTORES DE 4 MM2","M     ","CR",15.86]
[{"$nulls":6},11902,"CABO TELEFONICO CCI 50, 2 PARES, USO INTERNO, SEM BLINDAGEM","M     ","CR",1.1100000000000001]
[{"$nulls":6},11919,"CABO TELEFONICO CI 50, 10 PARES, USO INTERNO","M     ","CR",5.07]
[{"$nulls":6},11923,"CABO TELEFONICO CI 50, 75 PARES, USO INTERNO","M     ","CR",33.4]
[{"$nulls":6},42251,"CACAMBA METALICA BASCULANTE COM CAPACIDADE DE 12 M3 (INCLUI MONTAGEM, NAO INCLUI CAMINHAO)","UN    ","AS",84452.56]
[{"$nulls":6},43603,"CADEADO SIMPLES, CORPO EM LATAO MACICO, COM LARGURA DE 50 MM E ALTURA DE APROX 40 MM, HASTE CEMENTADA EM ACO TEMPERADO COM DIAMETRO DE APROX 8,0 MM, INCLUINDO 2 CHAVES","UN    ","CR",44.87]
[{"$nulls":6},4400,"CAIBRO NAO APARELHADO, *6 X 8* CM, EM MACARANDUBA/MASSARANDUBA, ANGELIM OU EQUIVALENTE DA REGIAO - BRUTA","M     ","CR",12.17]
[{"$nulls":6},43981,"CAIXA D'AGUA / RESERVATORIO EM POLIESTER REFORCADO COM FIBRA DE VIDRO, 15000 LITROS, COM TAMPA","UN    ","CR",6130.3]
[{"$nulls":6},37105,"CAIXA D'AGUA / RESERVATORIO EM POLIESTER REFORCADO COM FIBRA DE VIDRO, 5000 LITROS, COM TAMPA","UN    ","CR",2333.5100000000002]
[{"$nulls":6},34640,"CAIXA D'AGUA / RESERVATORIO EM POLIETILENO, 2000 LITROS, COM TAMPA","UN    ","CR",981.85]
[{"$nulls":6},43434,"CAIXA DE CONCRETO ARMADO PRE-MOLDADO, COM FUNDO E SEM TAMPA, DIMENSOES DE 0,30 X 0,30 X 0,30 M","UN    ","AS",108.36]
[{"$nulls":6},41627,"CAIXA DE CONCRETO ARMADO PRE-MOLDADO, COM FUNDO E TAMPA, DIMENSOES DE 0,30 X 0,30 X 0,30 M","UN    ","AS",167.06]
[{"$nulls":6},41628,"CAIXA DE CONCRETO ARMADO PRE-MOLDADO, COM FUNDO E TAMPA, DIMENSOES DE 0,40 X 0,40 X 0,40 M","UN    ","AS",307.04000000000002]
[{"$nulls":6},43432,"CAIXA DE CONCRETO ARMADO PRE-MOLDADO, SEM FUNDO, QUADRADA, DIMENSOES DE 0,80 X 0,80 X 0,50 M","UN    ","AS",577.96]
[{"$nulls":6},11881,"CAIXA DE GORDURA CILINDRICA EM CONCRETO SIMPLES,  PRE-MOLDADA, COM DIAMETRO DE 40 CM E ALTURA DE 45 CM, COM TAMPA","UN    ","AS",153.52000000000001]
[{"$nulls":6},20963,"CAIXA DE INCENDIO/ABRIGO PARA MANGUEIRA, DE SOBREPOR/EXTERNA, COM 90 X 60 X 17 CM, EM CHAPA DE ACO, PORTA COM VENTILACAO, VISOR COM A INSCRICAO \"INCENDIO\", SUPORTE/CESTA INTERNA PARA A MANGUEIRA, PINTURA ELETROSTATICA VERMELHA","UN    ","AS",380.03]
[{"$nulls":6},41476,"CAIXA DE INSPECAO PARA ATERRAMENTO OU OUTRO USO, EM PVC, DN = 300 X 600 MM","UN    ","AS",164.38]
[{"$nulls":6},39811,"CAIXA DE PASSAGEM ELETRICA DE PAREDE, DE EMBUTIR, EM PVC, COM TAMPA APARAFUSADA, DIMENSOES 150 X 150 X *75* MM","UN    ","CR",40.619999999999997]
[{"$nulls":6},43098,"CAIXA DE PASSAGEM ELETRICA DE PAREDE, DE SOBREPOR, EM TERMOPLASTICO / PVC, COM TAMPA APARAFUSA, DIMENSOES 200 X 200 X *100* MM","UN    ","CR",74.989999999999995]
[{"$nulls":6},39773,"CAIXA DE PASSAGEM METALICA DE SOBREPOR COM TAMPA PARAFUSADA, DIMENSOES 40 X 40 X 15 CM","UN    ","CR",109.31]
[{"$nulls":6},20253,"CAIXA DE PASSAGEM METALICA, DE SOBREPOR, COM TAMPA APARAFUSADA, DIMENSOES 35 X 35 X *12* CM","UN    ","CR",79.67]
[{"$nulls":6},11253,"CAIXA DE PASSAGEM/ LUZ / TELEFONIA, DE EMBUTIR,  EM CHAPA DE ACO GALVANIZADO, DIMENSOES 60 X 60 X *12* CM (PADRAO CONCESSIONARIA LOCAL)","UN    ","CR",242.07]
[{"$nulls":6},39693,"CAIXA DE PROTECAO EXTERNA PARA MEDIDOR HOROSAZONAL, DE BAIXA TENSAO, COM MODULO, EM CHAPA DE ACO (PADRAO DA CONCESSIONARIA LOCAL)","UN    ","CR",2847]
[{"$nulls":6},1871,"CAIXA OCTOGONAL DE FUNDO MOVEL, EM PVC, DE 3\" X 3\", PARA ELETRODUTO FLEXIVEL CORRUGADO","UN    ","CR",4.6900000000000004]
[{"$nulls":6},39691,"CAIXA PARA MEDICAO COLETIVA TIPO N, PADRAO BIFASICO OU TRIFASICO, PARA ATE 12 MEDIDORES, SEM BARRAMENTO E COM PORTAS INFERIOR E SUPERIOR","UN    ","CR",4018.14]
[{"$nulls":6},39808,"CAIXA PARA MEDIDOR MONOFASICO, EM POLICARBONATO / TERMOPLASTICO, PARA ALOJAR 1 DISJUNTOR (PADRAO DA CONCESSIONARIA LOCAL)","UN    ","CR",76.16]
[{"$nulls":6},11714,"CAIXA SIFONADA, PVC, 150 X *185* X 75 MM, COM GRELHA QUADRADA, BRANCA","UN    ","AS",74.819999999999993]
[{"$nulls":6},44479,"CALCARIO DOLOMITICO A (POSTO PEDREIRA/FORNECEDOR,  SEM FRETE)","KG    ","CR",0.41]
[{"$nulls":6},1117,"CALHA PARA AGUA FURTADA DE CHAPA DE ACO GALVANIZADA NUM 26, CORTE 40 CM","M     ","CR",31.3]
[{"$nulls":6},40783,"CALHA QUADRADA DE CHAPA DE ACO GALVANIZADA NUM 24, CORTE 50 CM","M     ","CR",52.16]
[{"$nulls":6},10543,"CALHA/CANALETA DE CONCRETO SIMPLES, TIPO MEIA CANA, DIAMETRO DE 50 CM, PARA AGUA PLUVIAL","M     ","AS",63.06]
[{"$nulls":6},44056,"CAMINHAO TOCO, PESO BRUTO TOTAL 10700 KG, CARGA UTIL MAXIMA 7400 KG, DISTANCIA ENTRE EIXOS 4,00 M, POTENCIA 175 CV (INCLUI CABINE E CHASSI, NAO INCLUI CARROCERIA)","UN    ","AS",485871.11]
[{"$nulls":6},37752,"CAMINHAO TOCO, PESO BRUTO TOTAL 16000 KG, CARGA UTIL MAXIMA 11030 KG, DISTANCIA ENTRE EIXOS 5,41 M, POTENCIA 185 CV (INCLUI CABINE E CHASSI, NAO INCLUI CARROCERIA)","UN    ","AS",588651.54]
[{"$nulls":6},44061,"CAMINHAO TRUCADO, PESO BRUTO TOTAL 23000 KG, CARGA UTIL MAXIMA 16540 KG, DISTANCIA ENTRE EIXOS 4,80 M, POTENCIA 256 CV (INCLUI CABINE E CHASSI, NAO INCLUI CARROCERIA)","UN    ","AS",703578.8]
[{"$nulls":6},38599,"CANALETA DE CONCRETO ESTRUTURAL 14 X 19 X 29 CM, FBK 14 MPA (NBR 6136)","UN    ","CR",5.96]
[{"$nulls":6},658,"CANALETA DE CONCRETO 9 X 19 X 19 CM (CLASSE C - NBR 6136)","UN    ","CR",1.94]
[{"$nulls":6},567,"CANTONEIRA (ABAS IGUAIS) EM ACO CARBONO, 25,4 MM X 3,17 MM (L X E), 1,27KG/M","M     ","CR",12.73]
[{"$nulls":6},586,"CANTONEIRA EM ALUMINIO, ABAS IGUAIS, LARGURA DE 25,40 MM (1\"), ESPESSURA DE 4,76 MM (3/16\") E PESO LINEAR DE APROXIMADAMENTEO 0,593 KG/M","M     ","AS",19.489999999999998]
[{"$nulls":6},588,"CANTONEIRA EM ALUMINIO, ABAS IGUAIS, LARGURA DE 31,75 MM (1 1/4\"), ESPESSURA DE 4,76 MM (3/16\") E PESO LINEAR DE APROXIMADAMENTE 0,755 KG/M","M     ","AS",30.83]
[{"$nulls":6},1164,"CAP OU TAMPAO DE FERRO GALVANIZADO, COM ROSCA BSP, DE 1 1/4\"","UN    ","AS",17.350000000000001]
[{"$nulls":6},1166,"CAP OU TAMPAO DE FERRO GALVANIZADO, COM ROSCA BSP, DE 2\"","UN    ","AS",30.94]
[{"$nulls":6},36346,"CAP PPR DN 25 MM, PARA AGUA QUENTE PREDIAL","UN    ","AS",3.32]
[{"$nulls":6},20089,"CAP PVC, SERIE R, DN 150 MM, PARA ESGOTO PREDIAL","UN    ","CR",66.89]
[{"$nulls":6},1185,"CAP PVC, SOLDAVEL, 25 MM, PARA AGUA FRIA PREDIAL","UN    ","CR",1.3]
[{"$nulls":6},1204,"CAP PVC, SOLDAVEL, 75 MM, PARA AGUA FRIA PREDIAL","UN    ","CR",21.78]
[{"$nulls":6},42686,"CAP, PVC, JE, OCRE, DN 200 MM (CONEXAO PARA TUBO COLETOR DE ESGOTO)","UN    ","CR",76.349999999999994]
[{"$nulls":6},41410,"CAPTOR FRANKLIN (4 PONTAS), EM LATAO CROMADO, H = 300 MM, DUAS DESCIDAS","UN    ","AS",72.92]
[{"$nulls":6},39360,"CARENAGEM /TAMPA, EM PLASTICO, COR BRANCA, UTILIZADO EM KIT CHASSI METALICO PARA INSTAL. HIDRAULICA DE TANQUE COM MAQUINA DE LAVAR ROUPA, *360* X *470* MM (L X H) (COM FUROS E DEMAIS ENCAIXES)","UN    ","AS",33.65]
[{"$nulls":6},6117,"CARPINTEIRO AUXILIAR (HORISTA)","H     ","CR",15.34]
[{"$nulls":6},40914,"CARPINTEIRO DE FORMAS (MENSALISTA)","MES   ","CR",3351.18]
[{"$nulls":6},37728,"CARROCERIA FIXA ABERTA DE MADEIRA PARA TRANSPORTE GERAL DE CARGA SECA DIMENSOES APROXIMADAS 2,5 X 5,5 X 0,50 M (INCLUI MONTAGEM, NAO INCLUI CAMINHAO)","UN    ","AS",23517.41]
[{"$nulls":6},37729,"CARROCERIA FIXA ABERTA DE MADEIRA PARA TRANSPORTE GERAL DE CARGA SECA DIMENSOES APROXIMADAS 2,5 X 6,00 X 0,50 M (INCLUI MONTAGEM, NAO INCLUI CAMINHAO)","UN    ","AS",25456.99]
[{"$nulls":6},42250,"CARVAO ANTRACITO PARA FILTRO, GRAO VARIANDO DE 0,8 ATE 1,1 MM, COEFICIENTE DE UNIFORMIDADE MENOR QUE 1,7 MM (POSTO JAZIDA/PRODUTOR)","T     ","CR",9144.41]
[{"$nulls":6},10630,"CAVALO MECANICO TRACAO 4X2, PESO BRUTO TOTAL COMBINADO 49000 KG, CAPACIDADE MAXIMA DE TRACAO *66000* KG, POTENCIA *360* CV (INCLUI CABINE E CHASSI, NAO INCLUI SEMIRREBOQUE)","UN    ","AS",868129.34]
[{"$nulls":6},40976,"CAVOUQUEIRO OU OPERADOR DE PERFURATRIZ / ROMPEDOR (MENSALISTA)","MES   ","CR",2157.7600000000002]
[{"$nulls":6},41967,"CERA LIQUIDA INCOLOR MULTIPISO","L     ","CR",26.77]
[{"$nulls":6},1327,"CHAPA DE ACO FINA A FRIO BITOLA MSG 24, E = 0,60 MM (4,80 KG/M2)","KG    ","CR",11.97]
[{"$nulls":6},1323,"CHAPA DE ACO FINA A QUENTE BITOLA MSG 18, E = 1,20 MM (9,60 KG/M2)","KG    ","CR",11.03]
[{"$nulls":6},11047,"CHAPA DE ACO GALVANIZADA BITOLA GSG 19, E = 1,11 MM (8,88 KG/M2)","KG    ","CR",13.89]
[{"$nulls":6},43667,"CHAPA DE ACO GROSSA, ASTM A36, E = 1 \" (25,40 MM) 199,18 KG/M2","KG    ","CR",12.16]
[{"$nulls":6},1334,"CHAPA DE ACO GROSSA, ASTM A36, E = 5/8 \" (15,88 MM) 124,49 KG/M2","KG    ","CR",11.41]
[{"$nulls":6},1341,"CHAPA DE LAMINADO MELAMINICO, TEXTURIZADO, DE 1,25 X 3,08 METROS, ESPESSURA = 0,8 MILIMETROS","M2    ","AS",69.19]
[{"$nulls":6},34667,"CHAPA DE MDF BRANCO LISO 1 FACE, E = 6 MM, DE *2,75 X 1,85* M","M2    ","AS",29.32]
[{"$nulls":6},34666,"CHAPA DE MDF BRANCO LISO 2 FACES, E = 25 MM, DE *2,75 X 1,85* M","M2    ","AS",86.28]
[{"$nulls":6},34669,"CHAPA DE MDF BRANCO LISO 2 FACES, E = 6 MM, DE *2,75 X 1,85* M","M2    ","AS",31.63]
[{"$nulls":6},34674,"CHAPA DE MDF CRU, E = 20 MM, DE *2,75 X 1,85* M","M2    ","AS",55.25]
[{"$nulls":6},43124,"CHAPA EM ACO GALVANIZADO PARA STEEL DECK, COM NERVURAS TRAPEZOIDAIS, LARGURA UTIL DE 915 MM E ESPESSURA DE 0,95 MM","M2    ","CR",112.19]
[{"$nulls":6},1347,"CHAPA/PAINEL DE MADEIRA COMPENSADA PLASTIFICADA (MADEIRITE PLASTIFICADO) PARA FORMA DE CONCRETO, DE 2200 x 1100 MM, E = 12 MM","M2    ","CR",74.41]
[{"$nulls":6},1358,"CHAPA/PAINEL DE MADEIRA COMPENSADA RESINADA (MADEIRITE RESINADO ROSA) PARA FORMA DE CONCRETO, DE 2200 x 1100 MM, E = 17 MM","M2    ","CR",60.96]
[{"$nulls":6},13279,"CHUMBADOR DE ACO TIPO PARABOLT, * 5/8\" X 200* MM,  COM PORCA E ARRUELA","KG    ","CR",19.989999999999998]
[{"$nulls":6},1367,"CHUVEIRO COMUM EM PLASTICO CROMADO, COM CANO, 4 TEMPERATURAS (110/220 V)","UN    ","CR",245.83]
[{"$nulls":6},44528,"CIMENTO PORTLAND ESTRUTURAL BRANCO CPB - 32 ou CPB - 40","KG    ","CR",5.33]
[{"$nulls":6},1339,"COLA A BASE DE RESINA SINTETICA PARA CHAPA DE LAMINADO MELAMINICO","KG    ","AS",62.3]
[{"$nulls":6},1427,"COLAR TOMADA PVC, COM TRAVAS, SAIDA COM ROSCA, DE 110 MM X 1/2\" OU 110 MM X 3/4\", PARA LIGACAO PREDIAL DE AGUA","UN    ","AS",15.68]
[{"$nulls":6},1413,"COLAR TOMADA PVC, COM TRAVAS, SAIDA COM ROSCA, DE 75 MM X 1/2\" OU 75 MM X 3/4\", PARA LIGACAO PREDIAL DE AGUA","UN    ","AS",12.18]
[{"$nulls":6},40699,"COMPACTADOR DE SOLO, TIPO PLACA VIBRATORIA NAO REVERSIVEL, A GASOLINA 4 TEMPOS, PESO 80 A 120 KG, FORCA CENTRIF. DE 1300 A 2000 KGF, LARG. TRABALHO DE 400 A 500 MM, FREQ. VIBRACAO DE 4800 A 6000 RPM, VELOCIDADE TRABALHO DE 20 A 30 M/MIN, POT. DE 5,0 A 6,0 HP","UN    ","AS",5993.28]
[{"$nulls":6},11135,"COMPENSADO NAVAL - CHAPA/PAINEL EM MADEIRA COMPENSADA PRENSADA, DE 2200 X 1600 MM, E = 12 MM","M2    ","CR",92.37]
[{"$nulls":6},11136,"COMPENSADO NAVAL - CHAPA/PAINEL EM MADEIRA COMPENSADA PRENSADA, DE 2200 X 1600 MM, E = 15 MM","M2    ","CR",105.76]
[{"$nulls":6},1360,"COMPENSADO NAVAL - CHAPA/PAINEL EM MADEIRA COMPENSADA PRENSADA, DE 2200 X 1600 MM, E = 6 MM","M2    ","CR",54.84]
[{"$nulls":6},38642,"COMPRESSOR DE AR REBOCAVEL, VAZAO 152 PCM, PRESSAO EFETIVA DE TRABALHO 102 PSI, MOTOR DIESEL, POTENCIA 31,5 KW","UN    ","AS",80192.77]
[{"$nulls":6},11146,"CONCRETO AUTOADENSAVEL (CAA) CLASSE DE RESISTENCIA C15, ESPALHAMENTO SF2, COM BOMBEAMENTO (DISPONIBILIZACAO DE BOMBA), SEM O LANCAMENTO (NBR 15823)","M3    ","CR",748.29]
[{"$nulls":6},1518,"CONCRETO BETUMINOSO USINADO A QUENTE (CBUQ) PARA PAVIMENTACAO ASFALTICA, PADRAO DNIT, FAIXA C, COM CAP 50/70 - AQUISICAO POSTO USINA","T     ","AS",512.5]
[{"$nulls":6},38464,"CONCRETO USINADO BOMBEAVEL, CLASSE DE RESISTENCIA C20, COM BRITA 0, SLUMP = 220 +/- 20 MM, COM BOMBEAMENTO (DISPONIBILIZACAO DE BOMBA), SEM O LANCAMENTO (NBR 8953)","M3    ","CR",800.84]
[{"$nulls":6},1525,"CONCRETO USINADO BOMBEAVEL, CLASSE DE RESISTENCIA C30, BRITA 0 E 1, SLUMP = 100 +/- 20 MM, COM BOMBEAMENTO (DISPONIBILIZACAO DE BOMBA), SEM O LANCAMENTO (NBR 8953)","M3    ","CR",763.51]
[{"$nulls":6},11145,"CONCRETO USINADO BOMBEAVEL, CLASSE DE RESISTENCIA C35, BRITA 0 E 1, SLUMP = 100 +/- 20 MM, COM BOMBEAMENTO (DISPONIBILIZACAO DE BOMBA), SEM O LANCAMENTO (NBR 8953)","M3    ","CR",786.3]
[{"$nulls":6},34485,"CONCRETO USINADO BOMBEAVEL, CLASSE DE RESISTENCIA C60, COM BRITA 0 E 1, SLUMP = 100 +/- 20 MM, COM BOMBEAMENTO (DISPONIBILIZACAO DE BOMBA), SEM O LANCAMENTO (NBR 8953)","M3    ","CR",965.93]
[{"$nulls":6},14053,"CONDULETE DE ALUMINIO TIPO B, PARA ELETRODUTO ROSCAVEL DE 3/4\", COM TAMPA CEGA","UN    ","AS",12.79]
[{"$nulls":6},2566,"CONDULETE DE ALUMINIO TIPO E, PARA ELETRODUTO ROSCAVEL DE 1  1/4\", COM TAMPA CEGA","UN    ","AS",22.62]
[{"$nulls":6},2568,"CONDULETE DE ALUMINIO TIPO E, PARA ELETRODUTO ROSCAVEL DE 3\", COM TAMPA CEGA","UN    ","AS",122.47]
[{"$nulls":6},2570,"CONDULETE DE ALUMINIO TIPO LR, PARA ELETRODUTO ROSCAVEL DE 1\", COM TAMPA CEGA","UN    ","AS",17.84]
[{"$nulls":6},2571,"CONDULETE DE ALUMINIO TIPO LR, PARA ELETRODUTO ROSCAVEL DE 2\", COM TAMPA CEGA","UN    ","AS",52.96]
[{"$nulls":6},2575,"CONDULETE DE ALUMINIO TIPO T, PARA ELETRODUTO ROSCAVEL DE 1 1/4\", COM TAMPA CEGA","UN    ","AS",31.31]
[{"$nulls":6},2578,"CONDULETE DE ALUMINIO TIPO T, PARA ELETRODUTO ROSCAVEL DE 3\", COM TAMPA CEGA","UN    ","AS",176.23]
[{"$nulls":6},2581,"CONDULETE DE ALUMINIO TIPO X, PARA ELETRODUTO ROSCAVEL DE 1\", COM TAMPA CEGA","UN    ","AS",20.170000000000002]
[{"$nulls":6},12010,"CONDULETE EM PVC, TIPO \"B\", SEM TAMPA, DE 1/2\" OU 3/4\"","UN    ","CR",11.02]
[{"$nulls":6},39335,"CONDULETE EM PVC, TIPO \"E\", SEM TAMPA, DE 1\"","UN    ","CR",12.17]
[{"$nulls":6},12019,"CONDULETE EM PVC, TIPO \"LL\", SEM TAMPA, DE 1\"","UN    ","CR",14.13]
[{"$nulls":6},39340,"CONDULETE EM PVC, TIPO \"T\", SEM TAMPA, DE 3/4\"","UN    ","CR",12.97]
[{"$nulls":6},12623,"CONDUTOR PLUVIAL, PVC, CIRCULAR, DIAMETRO ENTRE 80 E 100 MM, PARA DRENAGEM PLUVIAL PREDIAL","M     ","CR",46.76]
[{"$nulls":6},38996,"CONECTOR / ADAPTADOR F/M, COM INSERTO METALICO, PPR, DN 25 MM X 1/2\", PARA AGUA QUENTE E FRIA PREDIAL","UN    ","AS",17.809999999999999]
[{"$nulls":6},39601,"CONECTOR / TOMADA FEMEA RJ 45, CATEGORIA 6 (CAT 6) PARA CABOS","UN    ","CR",26.91]
[{"$nulls":6},2522,"CONECTOR CURVO 90 GRAUS DE ALUMINIO, BITOLA 1 1/4\", PARA ADAPTAR ENTRADA DE ELETRODUTO METALICO FLEXIVEL EM QUADROS","UN    ","AS",15.55]
[{"$nulls":6},2515,"CONECTOR CURVO 90 GRAUS DE ALUMINIO, BITOLA 3/4\", PARA ADAPTAR ENTRADA DE ELETRODUTO METALICO FLEXIVEL EM QUADROS","UN    ","AS",10.39]
[{"$nulls":6},2519,"CONECTOR CURVO 90 GRAUS DE ALUMINIO, BITOLA 3\", PARA ADAPTAR ENTRADA DE ELETRODUTO METALICO FLEXIVEL EM QUADROS","UN    ","AS",138.15]
[{"$nulls":6},1600,"CONECTOR DE ALUMINIO TIPO PRENSA CABO, BITOLA 1\", PARA CABOS DE DIAMETRO DE 22,5 A 25 MM","UN    ","CR",26.26]
[{"$nulls":6},39603,"CONECTOR MACHO RJ 45, CATEGORIA 6 (CAT 6) PARA CABOS","UN    ","CR",2.86]
[{"$nulls":6},11858,"CONECTOR METALICO TIPO PARAFUSO FENDIDO (SPLIT BOLT), PARA CABOS ATE 150 MM2","UN    ","CR",58.79]
[{"$nulls":6},11862,"CONECTOR METALICO TIPO PARAFUSO FENDIDO (SPLIT BOLT), PARA CABOS ATE 50 MM2","UN    ","CR",19.559999999999999]
[{"$nulls":6},2526,"CONECTOR RETO DE ALUMINIO PARA ELETRODUTO DE 1 1/4\", PARA ADAPTAR ENTRADA DE ELETRODUTO METALICO FLEXIVEL EM QUADROS","UN    ","AS",5.52]
[{"$nulls":6},2484,"CONECTOR RETO DE ALUMINIO PARA ELETRODUTO DE 3\", PARA ADAPTAR ENTRADA DE ELETRODUTO METALICO FLEXIVEL EM QUADROS","UN    ","AS",31.49]
[{"$nulls":6},39282,"CONECTOR/ADAPTADOR FIXO, ROSCA FEMEA, EM PLASTICO, DN 25 MM X 3/4\", PARA CONEXAO COM CRIMPAGEM, EM TUBO PEX PARA INST. AGUA QUENTE/FRIA","UN    ","AS",17.260000000000002]
[{"$nulls":6},38851,"CONECTOR/ADAPTADOR FIXO, ROSCA FEMEA, METALICA, COM ANEL DESLIZANTE, DN 32 MM X 1\", PARA TUBO PEX PARA INST. AGUA QUENTE/FRIA","UN    ","AS",20.61]
[{"$nulls":6},38428,"CONECTOR, CPVC, SOLDAVEL, 22 MM X 3/4\", PARA AGUA QUENTE","UN    ","AS",18.079999999999998]
[{"$nulls":6},44249,"CONECTOR, CPVC, SOLDAVEL, 73 MM X 2 1/2\", PARA AGUA QUENTE","UN    ","AS",287.05]
[{"$nulls":6},11686,"CONJUNTO DE LIGACAO PARA VASO / BACIA SANITARIA, EM PLASTICO BRANCO, COM TUBO, CANOPLA E ANEL DE EXPANSAO (TUBO 1.1/2\" X 20 CM)","UN    ","CR",11.49]
[{"$nulls":6},10667,"CONTAINER ALMOXARIFADO, DE *2,40* X *6,00* M, PADRAO SIMPLES, SEM REVESTIMENTO E SEM DIVISORIAS INTERNOS E SEM SANITARIO, PARA USO EM CANTEIRO DE OBRAS","UN    ","AS",22500]
[{"$nulls":6},1613,"CONTATOR TRIPOLAR, CORRENTE DE *110* A, TENSAO NOMINAL DE *500* V, CATEGORIA AC-2 E AC-3","UN    ","AS",1892.45]
[{"$nulls":6},1629,"CONTATOR TRIPOLAR, CORRENTE DE *500* A, TENSAO NOMINAL DE *500* V, CATEGORIA AC-2 E AC-3","UN    ","AS",15544.49]
[{"$nulls":6},1616,"CONTATOR TRIPOLAR, CORRENTE DE 300 A, TENSAO NOMINAL DE *500* V, CATEGORIA AC-2 E AC-3","UN    ","AS",7510.16]
[{"$nulls":6},1612,"CONTATOR TRIPOLAR, CORRENTE DE 9 A, TENSAO NOMINAL DE *500* V, CATEGORIA AC-2 E AC-3","UN    ","AS",151.83000000000001]
[{"$nulls":6},40934,"COORDENADOR / GERENTE DE OBRA (MENSALISTA)","MES   ","CR",27868.639999999999]
[{"$nulls":6},11890,"CORDAO DE COBRE, FLEXIVEL, TORCIDO, CLASSE 4 OU 5, ISOLACAO EM PVC/D, 300 V, 2 CONDUTORES DE 1,5 MM2","M     ","CR",3.96]
[{"$nulls":6},11280,"CORTADEIRA DE PISO DE CONCRETO E ASFALTO, PARA DISCO PADRAO DE DIAMETRO 350 MM (14\") OU 450 MM (18\") , MOTOR A GASOLINA, POTENCIA 13 HP, SEM DISCO","UN    ","CR",12848.47]
[{"$nulls":6},12722,"COTOVELO DE COBRE 90 GRAUS (REF 607) SEM ANEL DE SOLDA, BOLSA X BOLSA, 104 MM","UN    ","AS",728.37]
[{"$nulls":6},12719,"COTOVELO DE COBRE 90 GRAUS (REF 607) SEM ANEL DE SOLDA, BOLSA X BOLSA, 54 MM","UN    ","AS",88.28]
[{"$nulls":6},12403,"COTOVELO DE REDUCAO 90 GRAUS DE FERRO GALVANIZADO, COM ROSCA BSP, DE 1 1/4\" X 1\"","UN    ","AS",33.76]
[{"$nulls":6},3462,"COTOVELO DE REDUCAO 90 GRAUS DE FERRO GALVANIZADO, COM ROSCA BSP, DE 3/4\" X 1/2\"","UN    ","AS",13.01]
[{"$nulls":6},3447,"COTOVELO 45 GRAUS DE FERRO GALVANIZADO, COM ROSCA BSP, DE 2\"","UN    ","AS",58.25]
[{"$nulls":6},37439,"COTOVELO 45 GRAUS, PEAD PE 100, DE 200 MM, PARA ELETROFUSAO","UN    ","AS",1591.32]
[{"$nulls":6},3474,"COTOVELO 90 GRAUS DE FERRO GALVANIZADO, COM ROSCA BSP MACHO/FEMEA, DE 1 1/4\"","UN    ","AS",37.33]
[{"$nulls":6},3450,"COTOVELO 90 GRAUS DE FERRO GALVANIZADO, COM ROSCA BSP MACHO/FEMEA, DE 1/2\"","UN    ","AS",10.82]
[{"$nulls":6},3458,"COTOVELO 90 GRAUS DE FERRO GALVANIZADO, COM ROSCA BSP, DE 1 1/2\"","UN    ","AS",36.299999999999997]
[{"$nulls":6},3470,"COTOVELO 90 GRAUS DE FERRO GALVANIZADO, COM ROSCA BSP, DE 2 1/2\"","UN    ","AS",101.37]
[{"$nulls":6},3460,"COTOVELO 90 GRAUS DE FERRO GALVANIZADO, COM ROSCA BSP, DE 5\"","UN    ","AS",396.77]
[{"$nulls":6},37431,"COTOVELO 90 GRAUS, PEAD PE 100, DE 32 MM, PARA ELETROFUSAO","UN    ","AS",41.38]
[{"$nulls":6},37417,"COTOVELO/JOELHO 90 GRAUS, EM POLIPROPILENO, PN 16, PARA TUBOS PEAD, 32 X 32 MM - LIGACAO PREDIAL DE AGUA","UN    ","AS",4.9000000000000004]
[{"$nulls":6},1653,"CRUZETA DE FERRO GALVANIZADO, COM ROSCA BSP, DE 1 1/4\"","UN    ","AS",67.06]
[{"$nulls":6},1652,"CRUZETA DE FERRO GALVANIZADO, COM ROSCA BSP, DE 3\"","UN    ","AS",307.01]
[{"$nulls":6},39640,"CUMEEIRA ARTICULADA (ABA INFERIOR) PARA TELHA ONDULADA DE FIBROCIMENTO E = 4 MM, ABA *330* MM, COMPRIMENTO 500 MM (SEM AMIANTO)","UN    ","CR",12.37]
[{"$nulls":6},7214,"CUMEEIRA SHED PARA TELHA ONDULADA DE FIBROCIMENTO, E = 6 MM, ABA 280 MM, COMPRIMENTO 1100 MM (SEM AMIANTO)","UN    ","CR",64.88]
[{"$nulls":6},1927,"CURVA DE PVC 45 GRAUS, SOLDAVEL, 25 MM, COR MARROM, PARA AGUA FRIA PREDIAL","UN    ","CR",2.56]
[{"$nulls":6},1922,"CURVA DE PVC 45 GRAUS, SOLDAVEL, 75 MM, COR MARROM, PARA AGUA FRIA PREDIAL","UN    ","CR",32.270000000000003]
[{"$nulls":6},1957,"CURVA DE PVC 90 GRAUS, SOLDAVEL, 32 MM, COR MARROM, PARA AGUA FRIA PREDIAL","UN    ","CR",6.73]
[{"$nulls":6},1958,"CURVA DE PVC 90 GRAUS, SOLDAVEL, 40 MM, COR MARROM, PARA AGUA FRIA PREDIAL","UN    ","CR",12.53]
[{"$nulls":6},38423,"CURVA DE PVC, 90 GRAUS, SERIE R, DN 100 MM, PARA ESGOTO PREDIAL","UN    ","CR",37.67]
[{"$nulls":6},38129,"CURVA DE TRANSPOSICAO, PVC SOLDAVEL, 20 MM, COR MARROM, PARA AGUA FRIA PREDIAL","UN    ","CR",5.13]
[{"$nulls":6},1863,"CURVA LONGA PVC, PB, JE, 90 GRAUS, DN 100 MM, PARA REDE COLETORA ESGOTO","UN    ","CR",62.11]
[{"$nulls":6},1933,"CURVA PVC CURTA 90 GRAUS, DN 40 MM, PARA ESGOTO PREDIAL","UN    ","CR",5.34]
[{"$nulls":6},1969,"CURVA PVC LONGA 90 GRAUS, DN 75 MM, PARA ESGOTO PREDIAL","UN    ","CR",47.3]
[{"$nulls":6},1845,"CURVA PVC PBA, JE, PB, 90 GRAUS, DN 50 / DE 60 MM, PARA REDE AGUA (NBR 10351)","UN    ","AS",30.43]
[{"$nulls":6},42693,"CURVA PVC, BB, JE, 45 GRAUS, DN 250 MM, PARA TUBO CORRUGADO E/OU LISO, REDE COLETORA ESGOTO","UN    ","CR",454.61]
[{"$nulls":6},20096,"CURVA PVC, SERIE R, 87.30 GRAUS, CURTA, PARA PE-DE-COLUNA, DN 75 MM, PARA ESGOTO PREDIAL","UN    ","CR",27.3]
[{"$nulls":6},2623,"CURVA 135 GRAUS, PARA ELETRODUTO, EM ACO GALVANIZADO ELETROLITICO, DIAMETRO DE 20 MM (3/4\")","UN    ","AS",6.28]
[{"$nulls":6},2629,"CURVA 135 GRAUS, PARA ELETRODUTO, EM ACO GALVANIZADO ELETROLITICO, DIAMETRO DE 80 MM (3\")","UN    ","AS",111.93]
[{"$nulls":6},39277,"CURVA 180 GRAUS, DE PVC RIGIDO ROSCAVEL, DE 2\", PARA ELETRODUTO","UN    ","CR",18.39]
[{"$nulls":6},39882,"CURVA 45 GRAUS DE COBRE (REF 606) SEM ANEL DE SOLDA, BOLSA X BOLSA, 35 MM","UN    ","AS",44.25]
[{"$nulls":6},39883,"CURVA 45 GRAUS DE COBRE (REF 606) SEM ANEL DE SOLDA, BOLSA X BOLSA, 42 MM","UN    ","AS",70.66]
[{"$nulls":6},1775,"CURVA 45 GRAUS DE FERRO GALVANIZADO, COM ROSCA BSP FEMEA, DE 1/2\"","UN    ","AS",20.079999999999998]
[{"$nulls":6},1780,"CURVA 45 GRAUS DE FERRO GALVANIZADO, COM ROSCA BSP FEMEA, DE 4\"","UN    ","AS",669.91]
[{"$nulls":6},1784,"CURVA 45 GRAUS DE FERRO GALVANIZADO, COM ROSCA BSP MACHO/FEMEA, DE 2 1/2\"","UN    ","AS",200.01]
[{"$nulls":6},40384,"CURVA 45 GRAUS EM ACO CARBONO, SOLDAVEL, PRESSAO 3.000 LBS, DN 1 1/4\"","UN    ","AS",61.43]
[{"$nulls":6},40391,"CURVA 45 GRAUS EM ACO CARBONO, SOLDAVEL, PRESSAO 3.000 LBS, DN 3\"","UN    ","AS",661.54]
[{"$nulls":6},2634,"CURVA 45 GRAUS, PARA ELETRODUTO, EM ACO GALVANIZADO ELETROLITICO, DIAMETRO DE 25 MM (1\")","UN    ","AS",6.44]
[{"$nulls":6},1786,"CURVA 90 GRAUS DE FERRO GALVANIZADO, COM ROSCA BSP FEMEA, DE 1/2\"","UN    ","AS",17.63]
[{"$nulls":6},1793,"CURVA 90 GRAUS DE FERRO GALVANIZADO, COM ROSCA BSP FEMEA, DE 4\"","UN    ","AS",698.39]
[{"$nulls":6},1821,"CURVA 90 GRAUS DE FERRO GALVANIZADO, COM ROSCA BSP MACHO/FEMEA, DE 2 1/2\"","UN    ","AS",233.93]
[{"$nulls":6},1796,"CURVA 90 GRAUS DE FERRO GALVANIZADO, COM ROSCA BSP MACHO, DE 1 1/4\"","UN    ","AS",77.17]
[{"$nulls":6},1795,"CURVA 90 GRAUS DE FERRO GALVANIZADO, COM ROSCA BSP MACHO, DE 3/4\"","UN    ","AS",25.52]
[{"$nulls":6},40383,"CURVA 90 GRAUS EM ACO CARBONO, RAIO CURTO, SOLDAVEL, PRESSAO 3.000 LBS, DN 1 1/4\"","UN    ","AS",61.43]
[{"$nulls":6},40378,"CURVA 90 GRAUS EM ACO CARBONO, RAIO CURTO, SOLDAVEL, PRESSAO 3.000 LBS, DN 1/2\"","UN    ","AS",21.24]
[{"$nulls":6},40390,"CURVA 90 GRAUS EM ACO CARBONO, RAIO CURTO, SOLDAVEL, PRESSAO 3.000 LBS, DN 3\"","UN    ","AS",576.65]
[{"$nulls":6},39272,"CURVA 90 GRAUS, CURTA, DE PVC RIGIDO ROSCAVEL, DE 3/4\", PARA ELETRODUTO","UN    ","CR",2.85]
[{"$nulls":6},1887,"CURVA 90 GRAUS, LONGA, DE PVC RIGIDO ROSCAVEL, DE 2 1/2\", PARA ELETRODUTO","UN    ","CR",26.08]
[{"$nulls":6},2621,"CURVA 90 GRAUS, PARA ELETRODUTO, EM ACO GALVANIZADO ELETROLITICO, DIAMETRO DE 100 MM (4\")","UN    ","AS",155.24]
[{"$nulls":6},2631,"CURVA 90 GRAUS, PARA ELETRODUTO, EM ACO GALVANIZADO ELETROLITICO, DIAMETRO DE 50 MM (2\")","UN    ","AS",27.53]
[{"$nulls":6},38370,"DESEMPENADEIRA DE ACO LISA 12 X *25* CM COM CABO FECHADO DE MADEIRA","UN    ","CR",22.02]
[{"$nulls":6},40805,"DESENHISTA DETALHISTA (MENSALISTA)","MES   ","CR",3687.09]
[{"$nulls":6},43144,"DESMOLDANTE PARA CONCRETO ESTAMPADO","KG    ","CR",69.92]
[{"$nulls":6},5330,"DILUENTE EPOXI","L     ","CR",58.46]
[{"$nulls":6},44533,"DISCO DE DESBASTE PARA METAL FERROSO EM GERAL, COM TRES TELAS,  9 X 1/4 X 7/8 \" ( 228,6 X 6,4 X 22,2 MM)","UN    ","CR",20.149999999999999]
[{"$nulls":6},34738,"DISJUNTOR TERMICO E MAGNETICO AJUSTAVEIS, TRIPOLAR DE 450 ATE 600A, CAPACIDADE DE INTERRUPCAO DE 35KA","UN    ","CR",4545.7700000000004]
[{"$nulls":6},34705,"DISJUNTOR TERMOMAGNETICO TRIPOLAR 3  X 250 A/ICC - 25 KA","UN    ","CR",862.18]
[{"$nulls":6},34707,"DISJUNTOR TERMOMAGNETICO TRIPOLAR 3 X 350 A/ICC - 25 KA","UN    ","CR",1597.63]
[{"$nulls":6},34686,"DISJUNTOR TIPO DIN / IEC, MONOPOLAR DE 40  ATE 50A","UN    ","CR",14.31]
[{"$nulls":6},34688,"DISJUNTOR TIPO DIN/IEC, MONOPOLAR DE 63 A","UN    ","CR",17.489999999999998]
[{"$nulls":6},2370,"DISJUNTOR TIPO NEMA, MONOPOLAR 10 ATE 30A, TENSAO MAXIMA DE 240 V","UN    ","C ",12.5]
[{"$nulls":6},39466,"DISPOSITIVO DPS CLASSE II, 1 POLO, TENSAO MAXIMA DE 175 V, CORRENTE MAXIMA DE *30* KA (TIPO AC)","UN    ","CR",81.25]
[{"$nulls":6},39472,"DISPOSITIVO DPS CLASSE II, 1 POLO, TENSAO MAXIMA DE 275 V, CORRENTE MAXIMA DE *90* KA (TIPO AC)","UN    ","CR",193.05]
[{"$nulls":6},39477,"DISPOSITIVO DPS CLASSE II, 1 POLO, TENSAO MAXIMA DE 460 V, CORRENTE MAXIMA DE *20* KA (TIPO AC)","UN    ","CR",139.13]
[{"$nulls":6},39445,"DISPOSITIVO DR, 2 POLOS, SENSIBILIDADE DE 30 MA, CORRENTE DE 25 A, TIPO AC","UN    ","CR",148.61000000000001]
[{"$nulls":6},39452,"DISPOSITIVO DR, 2 POLOS, SENSIBILIDADE DE 300 MA, CORRENTE DE 63 A, TIPO AC","UN    ","CR",184.63]
[{"$nulls":6},39457,"DISPOSITIVO DR, 4 POLOS, SENSIBILIDADE DE 30 MA, CORRENTE DE 63 A, TIPO AC","UN    ","CR",184.72]
[{"$nulls":6},39463,"DISPOSITIVO DR, 4 POLOS, SENSIBILIDADE DE 300 MA, CORRENTE DE 80 A, TIPO AC","UN    ","CR",550]
[{"$nulls":6},38872,"DISTRIBUIDOR METALICO, COM ROSCA, 3 SAIDAS, DN 1\" X 1/2\", PARA CONEXAO COM ANEL DESLIZANTE EM TUBO PEX PARA INST. AGUA QUENTE/FRIA","UN    ","AS",37.590000000000003]
[{"$nulls":6},39288,"DISTRIBUIDOR, PLASTICO, 3 SAIDAS, DN 32 X 25 MM, PARA CONEXAO COM CRIMPAGEM, EM TUBO PEX PARA INST. AGUA QUENTE/FRIA","UN    ","AS",162.34]
[{"$nulls":6},44476,"DIVISORIA EM GRANITO, COM DUAS FACES POLIDAS, TIPO ANDORINHA/ QUARTZ/ CASTELO/ CORUMBA OU OUTROS EQUIVALENTES DA REGIAO, E=  *3,0*  CM","M2    ","CR",836.47]
[{"$nulls":6},2433,"DOBRADICA EM ACO/FERRO, 3\" X 2 1/2\", E= 1,2 A 1,8 MM, SEM ANEL,  CROMADO OU ZINCADO, TAMPA CHATA, COM PARAFUSOS","UN    ","CR",5.63]
[{"$nulls":6},11116,"DOMOS INDIVIDUAL EM ACRILICO BRANCO *95 X 95* CM, SEM INSTALACAO","UN    ","AS",838.13]
[{"$nulls":6},36516,"DUMPER COM CAPACIDADE DE CARGA DE 1700 KG, PARTIDA ELETRICA, MOTOR DIESEL COM POTENCIA DE 16 CV","UN    ","AS",137999.9]
[{"$nulls":6},672,"ELEMENTO VAZADO DE CONCRETO, QUADRICULADO, 1 FURO *20 X 20 X 6,5* CM","UN    ","CR",17.39]
[{"$nulls":6},10583,"ELEMENTO VAZADO DE CONCRETO, VENEZIANA *39 X 22 X 15* CM","UN    ","CR",16.760000000000002]
[{"$nulls":6},2439,"ELETRICISTA DE MANUTENCAO INDUSTRIAL (HORISTA)","H     ","CR",19.329999999999998]
[{"$nulls":6},10997,"ELETRODO REVESTIDO AWS - E7018, DIAMETRO IGUAL A 4,00 MM","KG    ","C ",30]
[{"$nulls":6},2682,"ELETRODUTO DE PVC RIGIDO ROSCAVEL DE 2 1/2 \", SEM LUVA","M     ","CR",30.01]
[{"$nulls":6},2678,"ELETRODUTO DE PVC RIGIDO SOLDAVEL, CLASSE B, DE 25 MM","M     ","CR",3.22]
[{"$nulls":6},21128,"ELETRODUTO EM ACO GALVANIZADO ELETROLITICO, LEVE, DIAMETRO 3/4\", PAREDE DE 0,90 MM","M     ","AS",10.17]
[{"$nulls":6},40400,"ELETRODUTO FLEXIVEL PLANO EM PEAD, COR PRETA E LARANJA, DIAMETRO 25 MM","M     ","CR",1.63]
[{"$nulls":6},2500,"ELETRODUTO FLEXIVEL, EM ACO GALVANIZADO, REVESTIDO EXTERNAMENTE COM PVC PRETO, DIAMETRO EXTERNO DE 60 MM (2\"), TIPO SEALTUBO","M     ","AS",38.28]
[{"$nulls":6},2505,"ELETRODUTO FLEXIVEL, EM ACO GALVANIZADO, REVESTIDO EXTERNAMENTE COM PVC PRETO, DIAMETRO EXTERNO DE 75 MM (2 1/2\"), TIPO SEALTUBO","M     ","AS",59.65]
[{"$nulls":6},12060,"ELETRODUTO FLEXIVEL, EM ACO, TIPO CONDUITE, DIAMETRO DE 2 1/2\"","M     ","AS",53.19]
[{"$nulls":6},2689,"ELETRODUTO PVC FLEXIVEL CORRUGADO, COR AMARELA, DE 20 MM","M     ","CR",2.67]
[{"$nulls":6},39254,"ELETRODUTO/CONDULETE DE PVC RIGIDO, LISO, COR CINZA, DE 1/2\", PARA INSTALACOES APARENTES (NBR 5410)","M     ","CR",12.69]
[{"$nulls":6},2446,"ELETRODUTO/DUTO PEAD FLEXIVEL PAREDE SIMPLES, CORRUGACAO HELICOIDAL, COR PRETA, SEM ROSCA, DE 2\",  PARA CABEAMENTO SUBTERRANEO (NBR 15715)","M     ","C ",6]
[{"$nulls":6},37777,"ELEVADOR DE CREMALHEIRA CABINE FECHADA 1,5 X 2,5 X 2,35 M (UMA POR TORRE), CAPACIDADE DE CARGA 1200 KG (15 PESSOAS), TORRE  24 M (16 MODULOS), FREIO DE SEGURANCA, LIMITADOR DE CARGA","UN    ","AS",321585.81]
[{"$nulls":6},37533,"EMULSAO EXPLOSIVA EM CARTUCHOS DE 1\" X 8\", DENSIDADE 1.15 G/CM3, INICIACAO ESPOLETA N. 8 / CORDEL","KG    ","AS",18.670000000000002]
[{"$nulls":6},40928,"ENCANADOR OU BOMBEIRO HIDRAULICO (MENSALISTA)","MES   ","CR",3351.18]
[{"$nulls":6},11683,"ENGATE / RABICHO FLEXIVEL INOX 1/2 \" X 30 CM","UN    ","CR",62.54]
[{"$nulls":6},40811,"ENGENHEIRO CIVIL DE OBRA JUNIOR (MENSALISTA)","MES   ","CR",19011.16]
[{"$nulls":6},34779,"ENGENHEIRO CIVIL JUNIOR","H     ","CR",111.16]
[{"$nulls":6},34783,"ENGENHEIRO ELETRICISTA","H     ","CR",158.91]
[{"$nulls":6},43482,"EPI - FAMILIA ALMOXARIFE - HORISTA (ENCARGOS COMPLEMENTARES - COLETADO CAIXA)","H     ","C ",0.75]
[{"$nulls":6},43494,"EPI - FAMILIA ALMOXARIFE - MENSALISTA (ENCARGOS COMPLEMENTARES - COLETADO CAIXA)","MES   ","C ",140.69]
[{"$nulls":6},43485,"EPI - FAMILIA ENCANADOR - HORISTA (ENCARGOS COMPLEMENTARES - COLETADO CAIXA)","H     ","C ",1.01]
[{"$nulls":6},43498,"EPI - FAMILIA ENGENHEIRO CIVIL - MENSALISTA (ENCARGOS COMPLEMENTARES - COLETADO CAIXA)","MES   ","C ",133.44999999999999]
[{"$nulls":6},43502,"EPI - FAMILIA PINTOR - MENSALISTA (ENCARGOS COMPLEMENTARES - COLETADO CAIXA)","MES   ","C ",316.25]
[{"$nulls":6},43493,"EPI - FAMILIA TOPOGRAFO - HORISTA (ENCARGOS COMPLEMENTARES - COLETADO CAIXA)","H     ","C ",0.67]
[{"$nulls":6},38477,"ESCADA EXTENSIVEL EM ALUMINIO COM 6,00 M ESTENDIDA","UN    ","CR",1159.95]
[{"$nulls":6},36408,"ESCAVADEIRA HIDRAULICA SOBRE ESTEIRAS, CACAMBA 0,4 A 1,70 M3, PESO OPERACIONAL 23,2 T, POTENCIA BRUTA 183 HP","UN    ","AS",922962.14]
[{"$nulls":6},4111,"ESCORA PRE-MOLDADA EM CONCRETO, *10 X 10* CM, H = 2,30M","UN    ","CR",70.12]
[{"$nulls":6},20965,"ESGUICHO TIPO JATO SOLIDO, EM LATAO, ENGATE RAPIDO 1 1/2\" X 16 MM, PARA MANGUEIRA EM INSTALACAO PREDIAL COMBATE A INCENDIO","UN    ","AS",111.65]
[{"$nulls":6},11359,"ESMERILHADEIRA ANGULAR ELETRICA, DIAMETRO DO DISCO 7 '' (180 MM), ROTACAO 8500 RPM, POTENCIA 2400 W","UN    ","C ",930]
[{"$nulls":6},39016,"ESPACADOR / DISTANCIADOR TIPO PINO EM PLASTICO, PARA VERGALHAO ATE 10 MM, PARA APOIO DE ARMADURA","UN    ","AS",0.36]
[{"$nulls":6},38367,"ESPATULA DE ACO INOX COM CABO DE MADEIRA, LARGURA 8 CM","UN    ","CR",22.01]
[{"$nulls":6},38093,"ESPELHO / PLACA DE 2 POSTOS 4\" X 2\", PARA INSTALACAO DE TOMADAS E INTERRUPTORES","UN    ","CR",2.66]
[{"$nulls":6},38096,"ESPELHO / PLACA DE 2 POSTOS 4\" X 4\", PARA INSTALACAO DE TOMADAS E INTERRUPTORES","UN    ","CR",6.18]
[{"$nulls":6},11558,"ESPELHO, RETO OU CURVO, EM LATAO CROMADO, ESPESSURA ATE 6 MM, LARGURA *40*MM, ALTURA *180*MM - PARA FECHADURA DE EMBUTIR","PAR   ","CR",15.12]
[{"$nulls":6},42429,"ESQUI TRIPLO, EM TUBO DE ACO CARBONO, PINTURA NO PROCESSO ELETROSTATICO - EQUIPAMENTO DE GINASTICA PARA ACADEMIA AO AR LIVRE / ACADEMIA DA TERCEIRA IDADE - ATI","UN    ","AS",6025.1]
[{"$nulls":6},38538,"ESTACA PRE-MOLDADA MACICA DE CONCRETO VIBRADO ARMADO, PARA CARGA DE 25 T, SECAO QUADRADA DE *16 X 16*, COM ANEL METALICO INCORPORADO A PECA (SOMENTE FORNECIMENTO)","M     ","AS",81.8]
[{"$nulls":6},2762,"ESTOPIM SIMPLES","M     ","AS",13.35]
[{"$nulls":6},38474,"EXTENSAO DE SOLDA 201 GLP, E = *2,5 A 4,0* MM","UN    ","CR",31.45]
[{"$nulls":6},10891,"EXTINTOR DE INCENDIO PORTATIL COM CARGA DE PO QUIMICO SECO (PQS) DE 4 KG, CLASSE BC","UN    ","CR",329.99]
[{"$nulls":6},3076,"EXTREMIDADE PVC PBA, PF, JE, DN 100 / DE 110 MM (NBR 10351)","UN    ","AS",134.52000000000001]
[{"$nulls":6},11469,"FECHADURA DE EMBUTIR PARA GAVETA E MOVEIS DE MADEIRA, EM ACO INOX COM ACABAMENTO CROMADO, COM ABAS LATERAIS, CILINDRO COM 22 MM DE DIAMETRO, INCLUINDO CHAVE COM PERFIL METALICO E CAPA ESCAMOTEAVEL","UN    ","CR",16.98]
[{"$nulls":6},38153,"FECHADURA ESPELHO PARA PORTA DE BANHEIRO, EM ACO INOX (MAQUINA, TESTA E CONTRA-TESTA) E EM ZAMAC (MACANETA, LINGUETA E TRINCOS) COM ACABAMENTO CROMADO, MAQUINA DE 40 MM, INCLUINDO CHAVE TIPO TRANQUETA","CJ    ","CR",67.63]
[{"$nulls":6},43611,"FECHADURA ESPELHO PARA PORTA INTERNA, EM ACO INOX (MAQUINA, TESTA E CONTRA-TESTA) E EM ZAMAC (MACANETA, LINGUETA E TRINCOS) COM ACABAMENTO CROMADO, MAQUINA DE 55 MM, INCLUINDO CHAVE TIPO INTERNA","CJ    ","CR",127.37]
[{"$nulls":6},43610,"FECHADURA ROSETA REDONDA PARA PORTA INTERNA, EM ACO INOX (MAQUINA, TESTA E CONTRA-TESTA) E EM ZAMAC (MACANETA, LINGUETA E TRINCOS) COM ACABAMENTO CROMADO, MAQUINA DE 40 MM, INCLUINDO CHAVE TIPO INTERNA (CONJUNTO DE FECHADURAS)","CJ    ","CR",95.54]
[{"$nulls":6},3108,"FECHO QUEBRA UNHA, EM LATAO COM ACABAMENTO CROMADO, DE EMBUTIR, COM COMANDO ALAVANCA, ALTURA DE DE 22 CM, LARGURA MINIMA DE 1,90 CM E ESPESSURA MINIMA DE 1,90 MM, PARA PORTAS E JANELAS (INCLUI PARAFUSOS)","UN    ","CR",109.73]
[{"$nulls":6},3105,"FECHO QUEBRA UNHA, EM LATAO COM ACABAMENTO CROMADO, DE EMBUTIR, COM COMANDO ALAVANCA, ALTURA DE DE 40 CM, LARGURA MINIMA DE 1,90 CM E ESPESSURA MINIMA DE 1,90 MM, PARA PORTAS E JANELAS (INCLUI PARAFUSOS)","UN    ","CR",143.52000000000001]
[{"$nulls":6},43470,"FERRAMENTAS - FAMILIA ALMOXARIFE - MENSALISTA (ENCARGOS COMPLEMENTARES - COLETADO CAIXA)","MES   ","C ",10.6]
[{"$nulls":6},43461,"FERRAMENTAS - FAMILIA ENCANADOR - HORISTA (ENCARGOS COMPLEMENTARES - COLETADO CAIXA)","H     ","C ",0.32]
[{"$nulls":6},43464,"FERRAMENTAS - FAMILIA OPERADOR ESCAVADEIRA - HORISTA (ENCARGOS COMPLEMENTARES - COLETADO CAIXA)","H     ","C ",0.01]
[{"$nulls":6},43478,"FERRAMENTAS - FAMILIA PINTOR - MENSALISTA (ENCARGOS COMPLEMENTARES - COLETADO CAIXA)","MES   ","C ",315.88]
[{"$nulls":6},43469,"FERRAMENTAS - FAMILIA TOPOGRAFO - HORISTA (ENCARGOS COMPLEMENTARES - COLETADO CAIXA)","H     ","C ",0.08]
[{"$nulls":6},11455,"FERROLHO COM FECHO / TRINCO REDONDO, EM ACO GALVANIZADO / ZINCADO, DE SOBREPOR, COM COMPRIMENTO DE 8\" E ESPESSURA MINIMA DA CHAPA DE 1,50 MM","UN    ","CR",17.670000000000002]
[{"$nulls":6},11461,"FERROLHO COM FECHO CHATO E PORTA CADEADO , EM ACO GALVANIZADO / ZINCADO, DE SOBREPOR, COM COMPRIMENTO DE 5\", CHAPA COM ESPESSURA MINIMA DE 1,70 MM E LARGURA MINIMA DE 5,00 CM (FECHO REFORCADO)","UN    ","CR",11.22]
[{"$nulls":6},39014,"FIBRA DE ACO PARA REFORCO DO CONCRETO, SOLTA, TIPO A-I, FATOR DE FORMA *50* L / D, COMPRIMENTO DE *30* MM E RESISTENCIA A TRACAO DO ACO MAIOR 1000 MPA","KG    ","CR",14.82]
[{"$nulls":6},14146,"FINCAPINO LONGO CALIBRE 22, CARGA FORTE POTENCIA 7 (PARA FERRAMENTA DE ACAO DIRETA), COR AMARELA","CENTO ","AS",65.599999999999994]
[{"$nulls":6},940,"FIO DE COBRE, SOLIDO, CLASSE 1, ISOLACAO EM PVC/A, ANTICHAMA BWF-B, 450/750V, SECAO NOMINAL 6 MM2","M     ","CR",6.91]
[{"$nulls":6},12815,"FITA CREPE ROLO DE 25 MM X 50 M","UN    ","CR",9.36]
[{"$nulls":6},404,"FITA ISOLANTE DE BORRACHA AUTOFUSAO, USO ATE 69 KV (ALTA TENSAO)","M     ","CR",4.09]
[{"$nulls":6},14151,"FITA METALICA GRAVADA, L = 17 MM, ROLO DE 25 M, CARGA RECOMENDADA = *120* KGF","UN    ","AS",47.15]
[{"$nulls":6},3143,"FITA VEDA ROSCA EM ROLOS DE 18 MM X 25 M (L X C)","UN    ","CR",9.01]
[{"$nulls":6},13261,"FLANELA *30 X 40* CM","UN    ","CR",3.61]
[{"$nulls":6},3266,"FLANGE SEXTAVADO DE FERRO GALVANIZADO, COM ROSCA BSP, DE 2\"","UN    ","AS",70.069999999999993]
[{"$nulls":6},3275,"FORRO COMPOSTO POR PAINEIS DE LA DE VIDRO, REVESTIDOS EM PVC MICROPERFURADO, DE *1250 X 625* MM, ESPESSURA 15 MM (COM COLOCACAO)","M2    ","CR",114]
[{"$nulls":6},3287,"FORRO DE MADEIRA CUMARU/IPE CHAMPANHE OU EQUIVALENTE DA REGIAO, ENCAIXE MACHO/FEMEA COM FRISO, *10 X 1* CM (SEM COLOCACAO)","M2    ","AS",130]
[{"$nulls":6},39363,"FOSSA SEPTICA, SEM FILTRO, EM POLIETILENO DE ALTA DENSIDADE (PEAD), PARA 15 A 30 CONTRIBUINTES, CILINDRICA, COM TAMPA, CAPACIDADE APROXIMADA DE *5500* LITROS (NBR 7229)","UN    ","CR",4740.1099999999997]
[{"$nulls":6},13877,"FRESADORA DE ASFALTO A FRIO SOBRE RODAS, LARG. FRESAGEM 1,00 M, POT. 155 KW/208 HP","UN    ","AS",2824973.66]
[{"$nulls":6},12343,"FUSIVEL DIAZED 35 A TAMANHO DIII, CAPACIDADE DE INTERRUPCAO DE 50 KA EM VCA E 8 KA EM VCC, TENSAO NOMIMNAL DE 500 V","UN    ","AS",6.21]
[{"$nulls":6},3292,"FUSIVEL NH 20 A TAMANHO 000, CAPACIDADE DE INTERRUPCAO DE 120 KA, TENSAO NOMIMNAL DE 500 V","UN    ","AS",23.11]
[{"$nulls":6},34383,"GABIAO MANTA (COLCHAO) MALHA HEXAGONAL 6 X 8 CM (ZN/AL REVESTIDO COM POLIMERO), FIO 2 MM, DIMENSOES 4,0 X 2,0 X 0,3 M (C X L X A)","UN    ","CR",1729.89]
[{"$nulls":6},11599,"GABIAO SACO MALHA HEXAGONAL 8 X 10 CM (ZN/AL), FIO 2,7 MM, DIMENSOES 4,0 X 0,65 M","UN    ","CR",666.55]
[{"$nulls":6},34612,"GABIAO TIPO CAIXA PARA SOLO REFORCADO, MALHA HEXAGONAL DE DUPLA TORCAO 8 X 10 CM (ZN/AL REVESTIDO COM POLIMERO), FIO 2,7 MM, DIMENSOES 2,0 X 1,0 X 0,5 M, COM CAUDA DE 3,0 M","UN    ","CR",961.24]
[{"$nulls":6},40449,"GABIAO TIPO CAIXA TRAPEZOIDAL, MALHA HEXAGONAL 10 X 12 CM (ZN/AL REVESTIDO COM POLIMERO) FIO 2,7 MM, FACE COM 65 GRAUS, COM GEOSSINTETICO, DIMENSOES 2,0 X 1,5 X 1,0 M (C X L X A)","M3    ","CR",373.63]
[{"$nulls":6},34800,"GABIAO TIPO CAIXA, MALHA HEXAGONAL 8 X 10 CM (ZN/AL REVESTIDO COM POLIMERO), FIO DE 2,4 MM, DIMENSOES 2,0 x 1,0 x 1,0 M (C X L X A)","M3    ","CR",467.22]
[{"$nulls":6},402,"GANCHO OLHAL EM ACO GALVANIZADO, ESPESSURA 16MM, ABERTURA 21MM","UN    ","AS",11.67]
[{"$nulls":6},4021,"GEOTEXTIL NAO TECIDO AGULHADO DE FILAMENTOS CONTINUOS 100% POLIESTER, RESITENCIA A TRACAO = 14 KN/M","M2    ","CR",21.33]
[{"$nulls":6},36498,"GERADOR PORTATIL MONOFASICO, POTENCIA 5500 VA, MOTOR A GASOLINA, POTENCIA DO MOTOR 13 CV","UN    ","AS",7093.57]
[{"$nulls":6},36870,"GESSO PROJETADO","KG    ","CR",0.66]
[{"$nulls":6},3322,"GRAMA ESMERALDA OU SAO CARLOS OU CURITIBANA, EM PLACAS, SEM PLANTIO","M2    ","AS",15.5]
[{"$nulls":6},415,"GRAMPO METALICO TIPO OLHAL PARA HASTE DE ATERRAMENTO DE 1'', CONDUTOR DE *10* A 50 MM2","UN    ","CR",34.659999999999997]
[{"$nulls":6},11032,"GRAMPO U DE 5/8 \" N8 EM FERRO GALVANIZADO","UN    ","AS",13.8]
[{"$nulls":6},4824,"GRANILHA/ GRANA/ PEDRISCO OU AGREGADO EM MARMORE/ GRANITO/ QUARTZO E CALCARIO, PRETO, CINZA, PALHA OU BRANCO","KG    ","CR",0.68]
[{"$nulls":6},11732,"GRELHA FIXA, PVC CROMADA, REDONDA, 150 MM, PARA RALOS E CAIXAS","UN    ","AS",29.24]
[{"$nulls":6},36493,"GRUA ASCENCIONAL, LANCA DE 42 M, CAPACIDADE DE 1,5 T A 30 M, ALTURA ATE 39 M","UN    ","AS",794006.25]
[{"$nulls":6},39585,"GRUPO GERADOR DIESEL, COM CARENAGEM, POTENCIA STANDART ENTRE 100 E 110 KVA, VELOCIDADE DE 1800 RPM, FREQUENCIA DE 60 HZ","UN    ","AS",126839.51]
[{"$nulls":6},39590,"GRUPO GERADOR DIESEL, SEM CARENAGEM, POTENCIA STANDART ENTRE 100 E 110 KVA, VELOCIDADE DE 1800 RPM, FREQUENCIA DE 60 HZ","UN    ","AS",110245.47]
[{"$nulls":6},39592,"GRUPO GERADOR DIESEL, SEM CARENAGEM, POTENCIA STANDART ENTRE 210 E 220 KVA, VELOCIDADE DE 1800 RPM, FREQUENCIA DE 60 HZ","UN    ","AS",158425.4]
[{"$nulls":6},36501,"GRUPO GERADOR ESTACIONARIO, POTENCIA 150 KVA, MOTOR DIESEL","UN    ","AS",131265.9]
[{"$nulls":6},36888,"GUARNICAO / MOLDURA / ARREMATE DE ACABAMENTO PARA ESQUADRIA, EM ALUMINIO PERFIL 25, ACABAMENTO ANODIZADO BRANCO OU BRILHANTE, PARA 1 FACE","M     ","AS",24.38]
[{"$nulls":6},36487,"GUINCHO ELETRICO DE COLUNA, CAPACIDADE 400 KG, COM MOTO FREIO, MOTOR TRIFASICO DE 1,25 CV","UN    ","AS",5033.2700000000004]
[{"$nulls":6},37775,"GUINDAUTO HIDRAULICO, CAPACIDADE MAXIMA DE CARGA 14340 KG, MOMENTO MAXIMO DE CARGA 42,3 TM, ALCANCE MAXIMO HORIZONTAL 16,80 M, PARA MONTAGEM SOBRE CHASSI DE CAMINHAO PBT MINIMO 23000 KG (INCLUI MONTAGEM, NAO INCLUI CAMINHAO)","UN    ","AS",386750]
[{"$nulls":6},34349,"HASTE DE ACO GALVANIZADO PARA FIXACAO DE CONCERTINA 2 \"/3 M","UN    ","CR",32.049999999999997]
[{"$nulls":6},11029,"HASTE RETA PARA GANCHO DE FERRO GALVANIZADO, COM ROSCA 1/4 \" X 30 CM PARA FIXACAO DE TELHA METALICA, INCLUI PORCA E ARRUELAS DE VEDACAO","CJ    ","AS",2.11]
[{"$nulls":6},10922,"HIDRANTE DE COLUNA COMPLETO, EM FERRO FUNDIDO, DN = 75 MM, COM REGISTRO, CUNHA DE BORRACHA, CURVA DESSIMETRICA, EXTREMIDADE E TAMPAS (INCLUI KIT FIXACAO)","UN    ","AS",5362.18]
[{"$nulls":6},12772,"HIDROMETRO MULTIJATO / MEDIDOR DE AGUA, DN 1 1/2\", VAZAO MAXIMA DE 20 M3/H, PARA AGUA POTAVEL FRIA, RELOJOARIA PLANA, CLASSE B, HORIZONTAL (SEM CONEXOES)","UN    ","AS",799.97]
[{"$nulls":6},12773,"HIDROMETRO UNIJATO / MEDIDOR DE AGUA, DN 1/2\", VAZAO MAXIMA DE 3 M3/H, PARA AGUA POTAVEL FRIA, RELOJOARIA PLANA, CLASSE B, HORIZONTAL (SEM CONEXOES)","UN    ","AS",98.97]
[{"$nulls":6},3390,"IGNITOR PARA LAMPADA DE VAPOR DE SODIO / VAPOR METALICO ATE 400 W, TENSAO DE PULSO ENTRE 580 A 750 V","UN    ","AS",30.95]
[{"$nulls":6},7340,"IMUNIZANTE PARA MADEIRA, INCOLOR","L     ","CR",61.73]
[{"$nulls":6},38115,"INTERRUPTOR INTERMEDIARIO 10 A, 250 V (APENAS MODULO)","UN    ","CR",21.29]
[{"$nulls":6},38065,"INTERRUPTOR INTERMEDIARIO 10A, 250V, CONJUNTO MONTADO PARA EMBUTIR 4\" X 2\" (PLACA + SUPORTE + MODULO)","UN    ","CR",31.63]
[{"$nulls":6},38069,"INTERRUPTOR SIMPLES + INTERRUPTOR PARALELO 10A, 250V, CONJUNTO MONTADO PARA EMBUTIR 4\" X 2\" (PLACA + SUPORTE + MODULOS)","UN    ","CR",17.53]
[{"$nulls":6},12129,"INTERRUPTOR SIMPLES 10A, 250V, CONJUNTO MONTADO PARA SOBREPOR 4\" X 2\" (CAIXA + 2 MODULOS)","UN    ","CR",13.95]
[{"$nulls":6},38072,"INTERRUPTORES SIMPLES (2 MODULOS) + 1 INTERRUPTOR PARALELO 10A, 250V, CONJUNTO MONTADO PARA EMBUTIR 4\" X 2\" (PLACA + SUPORTE + MODULOS)","UN    ","CR",23.49]
[{"$nulls":6},3394,"ISOLADOR DE PORCELANA, TIPO BUCHA, PARA TENSAO DE *15* KV","UN    ","AS",509.6]
[{"$nulls":6},3437,"JANELA BASCULANTE EM MADEIRA PINUS/ EUCALIPTO/ TAUARI/ VIROLA OU EQUIVALENTE DA REGIAO, CAIXA DO BATENTE/ MARCO *10* CM, *2* FOLHAS BASCULANTES PARA VIDRO, COM FERRAGENS (SEM VIDRO, SEM GUARNICAO/ALIZAR E SEM ACABAMENTO)","M2    ","AS",968.87]
[{"$nulls":6},11199,"JANELA DE CORRER, ACO, BATENTE/REQUADRO DE 6 A 14 CM, COM DIVISAO HORIZ , PINT ANTICORROSIVA, SEM VIDRO, BANDEIRA COM BASCULA, 4 FLS, 120 X 150 CM (A X L)","UN    ","AS",986.54]
[{"$nulls":6},34364,"JANELA DE CORRER, EM ALUMINIO PERFIL 25, 120 X 150 CM (A X L), 4 FLS, BANDEIRA COM BASCULA, ACABAMENTO BRANCO OU BRILHANTE, BATENTE/REQUADRO DE 6 A 14 CM, COM VIDRO 4 MM, SEM GUARNICAO/ALIZAR","UN    ","AS",563.29999999999995]
[{"$nulls":6},44053,"JANELA INTEGRADA VENEZIANA EM ALUMINIO PERFIL 25, 120 X 120 CM (A X L), 2 FLS ( 2 VIDROS) E VENEZIANA COM ACIONAMENTO MANUAL, SEM BANDEIRA, ACABAMENTO BRILHANTE, BATENTE DE 11,50 A 12,50 CM, COM VIDRO 4 MM, INCLUSO GUARNICAO","UN    ","AS",1345.94]
[{"$nulls":6},44399,"JANELA VENEZIANA DE CORRER, EM ALUMINIO PERFIL 25, 100 X 150 CM (A X L), 6 FLS (4 VENEZIANAS E 2 VIDROS), SEM BANDEIRA, ACABAMENTO BRANCO OU BRILHANTE, BATENTE DE 8 A 9 CM, COM VIDRO 4 MM, SEM GUARNICAO / ALIZAR","UN    ","AS",659.72]
[{"$nulls":6},37966,"JOELHO CPVC, SOLDAVEL, 45 GRAUS, 35 MM, PARA AGUA QUENTE","UN    ","AS",12.21]
[{"$nulls":6},44251,"JOELHO CPVC, SOLDAVEL, 90 GRAUS, 114 MM, PARA AGUA QUENTE","UN    ","AS",184]
[{"$nulls":6},37959,"JOELHO CPVC, SOLDAVEL, 90 GRAUS, 42 MM, PARA AGUA QUENTE","UN    ","AS",20.85]
[{"$nulls":6},37960,"JOELHO CPVC, SOLDAVEL, 90 GRAUS, 54 MM, PARA AGUA QUENTE","UN    ","AS",53.27]
[{"$nulls":6},3498,"JOELHO DE REDUCAO, PVC, ROSCAVEL, 90 GRAUS, 1\" X 3/4\", COR BRANCA, PARA AGUA FRIA PREDIAL","UN    ","CR",5.24]
[{"$nulls":6},36349,"JOELHO PPR 45 GRAUS, SOLDAVEL, F/F, DN 25 MM, PARA AGUA QUENTE PREDIAL","UN    ","AS",2.7]
[{"$nulls":6},38991,"JOELHO PPR 45 GRAUS, SOLDAVEL, F/F, DN 90 MM, PARA AQUA QUENTE E FRIA PREDIAL","UN    ","AS",127.97]
[{"$nulls":6},38434,"JOELHO PPR, 90 GRAUS, SOLDAVEL, F/F, DN 32 MM, PARA AGUA QUENTE PREDIAL","UN    ","AS",3.56]
[{"$nulls":6},10836,"JOELHO PVC COM VISITA, 90 GRAUS, DN 100 X 50 MM, SERIE NORMAL, PARA ESGOTO PREDIAL","UN    ","CR",21.57]
[{"$nulls":6},3543,"JOELHO PVC, ROSCAVEL, 90 GRAUS, 1/2\", COR BRANCA, PARA AGUA FRIA PREDIAL","UN    ","CR",1.84]
[{"$nulls":6},3522,"JOELHO PVC, SOLDAVEL COM ROSCA, 90 GRAUS, 25 MM X 3/4\", COR MARROM, PARA AGUA FRIA PREDIAL","UN    ","CR",2.5299999999999998]
[{"$nulls":6},3524,"JOELHO PVC, SOLDAVEL, COM BUCHA DE LATAO, 90 GRAUS, 25 MM X 3/4\", PARA AGUA FRIA PREDIAL","UN    ","CR",8.4]
[{"$nulls":6},3518,"JOELHO PVC, SOLDAVEL, PB, 45 GRAUS, DN 50 MM, PARA ESGOTO PREDIAL","UN    ","CR",4.0199999999999996]
[{"$nulls":6},3509,"JOELHO PVC, SOLDAVEL, PB, 90 GRAUS, DN 75 MM, PARA ESGOTO PREDIAL","UN    ","CR",7.39]
[{"$nulls":6},3535,"JOELHO PVC, SOLDAVEL, 90 GRAUS, 40 MM, COR MARROM, PARA AGUA FRIA PREDIAL","UN    ","CR",6.15]
[{"$nulls":6},38913,"JOELHO/COTOVELO 90 GRAUS, METALICO, PARA CONEXAO COM ANEL DESLIZANTE, DN 16 MM, EM TUBO PEX PARA INST. AGUA QUENTE/FRIA","UN    ","AS",9.42]
[{"$nulls":6},38914,"JOELHO/COTOVELO 90 GRAUS, METALICO, PARA CONEXAO COM ANEL DESLIZANTE, DN 20 MM, EM TUBO PEX PARA INST. AGUA QUENTE/FRIA","UN    ","AS",11.57]
[{"$nulls":6},39302,"JOELHO/COTOVELO 90 GRAUS, PLASTICO, PARA CONEXAO COM CRIMPAGEM, DN 25 MM, EM TUBO PEX PARA INST. AGUA QUENTE/FRIA","UN    ","AS",20.47]
[{"$nulls":6},39304,"JOELHO/COTOVELO 90 GRAUS, ROSCA FEMEA TERMINAL, PLASTICO, PARA CONEXAO COM CRIMPAGEM, DN 16 MM X 1/2\", EM TUBO PEX PARA INST. AGUA QUENTE/FRIA","UN    ","AS",9.9499999999999993]
[{"$nulls":6},38919,"JOELHO/COTOVELO, ROSCA FEMEA, COM BASE FIXA, METALICO, PARA CONEXAO COM ANEL DESLIZANTE, DN 20 MM X 1/2\", EM TUBO PEX PARA INST. AGUA QUENTE/FRIA","UN    ","AS",12.72]
[{"$nulls":6},20149,"JOELHO, PVC SERIE R, 45 GRAUS, DN 50 MM, PARA ESGOTO PREDIAL","UN    ","CR",7.13]
[{"$nulls":6},20155,"JOELHO, PVC SERIE R, 90 GRAUS, DN 50 MM, PARA ESGOTO PREDIAL","UN    ","CR",6.36]
[{"$nulls":6},3502,"JOELHO, PVC SOLDAVEL, 45 GRAUS, 40 MM, COR MARROM, PARA AGUA FRIA PREDIAL","UN    ","CR",6.21]
[{"$nulls":6},3511,"JOELHO, PVC SOLDAVEL, 90 GRAUS, 75 MM, COR MARROM, PARA AGUA FRIA PREDIAL","UN    ","CR",89.01]
[{"$nulls":6},20139,"JUNCAO DUPLA, PVC SERIE R, DN 100 X 100 X 100 MM, PARA ESGOTO PREDIAL","UN    ","CR",124.54]
[{"$nulls":6},20144,"JUNCAO SIMPLES, PVC SERIE R, DN 100 X 100 MM, PARA ESGOTO PREDIAL","UN    ","CR",57.54]
[{"$nulls":6},20142,"JUNCAO SIMPLES, PVC SERIE R, DN 75 X 75 MM, PARA ESGOTO PREDIAL","UN    ","CR",39.229999999999997]
[{"$nulls":6},14157,"JUNCAO 2 GARRAS PARA FITA PERFURADA","UN    ","AS",1.22]
[{"$nulls":6},39878,"JUNTA DE EXPANSAO BRONZE/LATAO (REF 900), PONTA X PONTA, 66 MM","UN    ","AS",1371.3]
[{"$nulls":6},39872,"JUNTA DE EXPANSAO DE COBRE (REF 900), PONTA X PONTA, 15 MM","UN    ","AS",410.01]
[{"$nulls":6},3676,"JUNTA DILATACAO ELASTICA PARA CONCRETO (FUGENBAND) O-35/10, ATE 100 MCA","M     ","AS",484.67]
[{"$nulls":6},38394,"KIT ACESSORIOS PARA COMPRESSOR DE AR, 5 PECAS (PISTOLAS PINTURA, LIMPEZA E PULVERIZACAO, CALIBRADOR E MANGUEIRA)","UN    ","CR",335.53]
[{"$nulls":6},39353,"KIT CHUVEIRO, INSTAL. PEX, QUADRO METALICO C/ 2 TRAVESSAS, SUPERIOR C/ ESPERA P/ CHUVEIRO, INFERIOR C/ 2 REGISTROS DE PRESSAO 1/2 \", *390* X *900* MM (L X H), CONEXAO COM ANEL DESLIZANTE (CONJUNTO COMPLETO)","UN    ","AS",166.66]
[{"$nulls":6},39482,"KIT PORTA PRONTA DE MADEIRA, FOLHA LEVE (NBR 15930) DE 600 X 2100 MM OU 700 X 2100 MM, DE 35 MM A 40 MM DE ESPESSURA, COM MARCO EM ACO, NUCLEO COLMEIA, CAPA LISA EM HDF, ACABAMENTO MELAMINICO BRANCO (INCLUI MARCO, ALIZARES, DOBRADICAS E FECHADURA)","UN    ","AS",687.44]
[{"$nulls":6},39490,"KIT PORTA PRONTA DE MADEIRA, FOLHA MEDIA (NBR 15930) DE 600 X 2100 MM OU 700 X 2100 MM, DE 35 MM A 40 MM DE ESPESSURA, NUCLEO SEMI-SOLIDO (SARRAFEADO), ESTRUTURA USINADA PARA FECHADURA, CAPA LISA EM HDF, ACABAMENTO MELAMINICO BRANCO (INCLUI MARCO, ALIZARES E DOBRADICAS)","UN    ","AS",864.13]
[{"$nulls":6},39497,"KIT PORTA PRONTA DE MADEIRA, FOLHA MEDIA (NBR 15930) DE 900 X 2100 MM, DE 35 MM A 40 MM DE ESPESSURA, NUCLEO SEMI-SOLIDO (SARRAFEADO), ESTRUTURA USINADA PARA FECHADURA, CAPA LISA EM HDF, ACABAMENTO EM PRIMER PARA PINTURA (INCLUI MARCO, ALIZARES E DOBRADICAS)","UN    ","AS",804.34]
[{"$nulls":6},39501,"KIT PORTA PRONTA DE MADEIRA, FOLHA PESADA (NBR 15930) DE 900 X 2100 MM, DE 40 MM  A 45 MM DE ESPESSURA, NUCLEO SOLIDO, CAPA LISA EM HDF, ACABAMENTO MELAMINICO BRANCO (INCLUI MARCO, ALIZARES, DOBRADICAS E FECHADURA EXTERNA)","UN    ","AS",1070.3399999999999]
[{"$nulls":6},38135,"LADRILHO HIDRAULICO, *20 X 20* CM, E= 2 CM, TATIL ALERTA OU DIRECIONAL, AMARELO","M2    ","AS",92.95]
[{"$nulls":6},3743,"LAJE PRE-MOLDADA CONVENCIONAL (LAJOTAS + VIGOTAS) PARA PISO, UNIDIRECIONAL, SOBRECARGA DE 200 KG/M2, VAO ATE 3,50 M (SEM COLOCACAO)","M2    ","AS",53.41]
[{"$nulls":6},11649,"LAJE PRE-MOLDADA DE TRANSICAO EXCENTRICA EM CONCRETO ARMADO, DN 1200 MM, FURO CIRCULAR DN 600 MM, ESPESSURA 12 CM","UN    ","AS",426.5]
[{"$nulls":6},3755,"LAMPADA DE LUZ MISTA 160 W, BASE E27 (220 V)","UN    ","CR",29.57]
[{"$nulls":6},39381,"LAMPADA FLUORESCENTE COMPACTA 2U/3U BRANCA 9/10 W, BASE E27 (127/220 V)","UN    ","CR",15.28]
[{"$nulls":6},38780,"LAMPADA FLUORESCENTE COMPACTA 3U BRANCA 20 W, BASE E27 (127/220 V)","UN    ","CR",18.7]
[{"$nulls":6},38778,"LAMPADA FLUORESCENTE TUBULAR T8 DE 16/18 W, BIVOLT","UN    ","CR",9.77]
[{"$nulls":6},38194,"LAMPADA LED 10 W BIVOLT BRANCA, FORMATO TRADICIONAL (BASE E27)","UN    ","C ",8.39]
[{"$nulls":6},3749,"LAMPADA VAPOR MERCURIO 250 W (BASE E40)","UN    ","C ",47]
[{"$nulls":6},20269,"LAVATORIO / CUBA DE EMBUTIR, OVAL, DE LOUCA BRANCA, SEM LADRAO, DIMENSOES *50 X 35* CM (L X C)","UN    ","CR",91.57]
[{"$nulls":6},36794,"LAVATORIO DE LOUCA BRANCA, COM COLUNA, DIMENSOES *44 X 35* CM (L X C)","UN    ","CR",155.13]
[{"$nulls":6},2354,"LEITURISTA OU CADASTRISTA DE REDES DE AGUA E ESGOTO (HORISTA)","H     ","CR",17.420000000000002]
[{"$nulls":6},37768,"LIMPADORA A SUCCAO, TANQUE 12000 L, BASCULAMENTO HIDRAULICO, BOMBA 12 M3/MIN 95% VACUO (INCLUI MONTAGEM, NAO INCLUI CAMINHAO)","UN    ","AS",235000]
[{"$nulls":6},3768,"LIXA EM FOLHA PARA FERRO, NUMERO 150","UN    ","CR",2.38]
[{"$nulls":6},20193,"LOCACAO DE ANDAIME METALICO TIPO FACHADEIRO, PECAS COM APROXIMADAMENTE 1,20 M DE LARGURA E 2,0 M DE ALTURA, INCLUINDO DIAGONAIS EM X, BARRAS DE LIGACAO, SAPATAS E DEMAIS ITENS NECESSARIOS A MONTAGEM (NAO INCLUI INSTALACAO)","M2XMES","CR",19.72]
[{"$nulls":6},4084,"LOCACAO DE BOMBA SUBMERSIVEL PARA DRENAGEM E ESGOTAMENTO, MOTOR ELETRICO TRIFASICO, POTENCIA DE 1 CV, DIAMETRO DE RECALQUE DE 2\". FAIXA DE OPERACAO Q=25 M3/H (+ OU - 1 M3/H) E AMT=2 M, Q=12 M3/H (+ OU - 2 M3/H) E AMT = 12 M (+ OU - 2 M)","H     ","AS",1.8]
[{"$nulls":6},10777,"LOCACAO DE CONTAINER 2,30 X 4,30 M, ALT. 2,50 M, PARA SANITARIO, COM 3 BACIAS, 4 CHUVEIROS, 1 LAVATORIO E 1 MICTORIO (NAO INCLUI MOBILIZACAO/DESMOBILIZACAO)","MES   ","AS",1016.19]
[{"$nulls":6},10749,"LOCACAO DE ESCORA METALICA TELESCOPICA, COM ALTURA REGULAVEL DE *1,80* A *3,20* M, COM CAPACIDADE DE CARGA DE NO MINIMO 1000 KGF (10 KN), INCLUSO TRIPE E FORCADO","UNXMES","CR",23.34]
[{"$nulls":6},40290,"LOCACAO DE FORMA PLASTICA PARA LAJE NERVURADA, DIMENSOES *60* X *60* X *16* CM","UNXMES","CR",12.62]
[{"$nulls":6},7247,"LOCACAO DE TEODOLITO ELETRONICO, PRECISAO ANGULAR DE 5 A 7 SEGUNDOS, INCLUINDO TRIPE","H     ","AS",2.25]
[{"$nulls":6},3798,"LUMINARIA ABERTA P/ ILUMINACAO PUBLICA, TIPO X-57 PETERCO OU EQUIV","UN    ","AS",87.98]
[{"$nulls":6},42248,"LUMINARIA DE LED PARA ILUMINACAO PUBLICA, DE 181 W ATE 239 W, INVOLUCRO EM ALUMINIO OU ACO INOX","UN    ","CR",835.67]
[{"$nulls":6},42243,"LUMINARIA DE LED PARA ILUMINACAO PUBLICA, DE 98 W ATE 137 W, INVOLUCRO EM ALUMINIO OU ACO INOX","UN    ","CR",532.53]
[{"$nulls":6},12231,"LUMINARIA DE SOBREPOR EM CHAPA DE ACO PARA 1 LAMPADA FLUORESCENTE DE *36* W, PERFIL COMERCIAL (NAO INCLUI REATOR E LAMPADA)","UN    ","AS",31.41]
[{"$nulls":6},38773,"LUMINARIA DE TETO PLAFON/PLAFONIER EM PLASTICO COM BASE E27, POTENCIA MAXIMA 60 W (NAO INCLUI LAMPADA)","UN    ","AS",6.91]
[{"$nulls":6},39385,"LUMINARIA LED PLAFON REDONDO DE SOBREPOR BIVOLT 12/13 W,  D = *17* CM","UN    ","CR",19.28]
[{"$nulls":6},12267,"LUMINARIA PROVA DE TEMPO PETERCO Y.31/1","UN    ","AS",221.08]
[{"$nulls":6},38775,"LUMINARIA TIPO TARTARUGA PARA AREA EXTERNA EM ALUMINIO, COM GRADE, PARA 1 LAMPADA, BASE E27, POTENCIA MAXIMA 40/60 W (NAO INCLUI LAMPADA)","UN    ","AS",85.05]
[{"$nulls":6},37976,"LUVA CPVC, SOLDAVEL, 35 MM, PARA AGUA QUENTE PREDIAL","UN    ","AS",9.68]
[{"$nulls":6},12731,"LUVA DE COBRE (REF 600) SEM ANEL DE SOLDA, BOLSA X BOLSA, 104 MM","UN    ","AS",341.21]
[{"$nulls":6},12727,"LUVA DE COBRE (REF 600) SEM ANEL DE SOLDA, BOLSA X BOLSA, 42 MM","UN    ","AS",28.55]
[{"$nulls":6},12728,"LUVA DE COBRE (REF 600) SEM ANEL DE SOLDA, BOLSA X BOLSA, 54 MM","UN    ","AS",46.63]
[{"$nulls":6},3844,"LUVA DE CORRER DEFOFO, PVC, JE, DN 200 MM","UN    ","AS",169.34]
[{"$nulls":6},3886,"LUVA DE CORRER PARA TUBO ROSCAVEL, PVC, 3/4\", PARA AGUA FRIA PREDIAL","UN    ","CR",19.39]
[{"$nulls":6},38022,"LUVA DE CORRER PARA TUBO SOLDAVEL, PVC, 60 MM, PARA AGUA FRIA PREDIAL","UN    ","CR",40.93]
[{"$nulls":6},37984,"LUVA DE CORRER, CPVC, SOLDAVEL, 35 MM, PARA AGUA QUENTE PREDIAL","UN    ","AS",17]
[{"$nulls":6},20166,"LUVA DE CORRER, PVC SERIE R, 150 MM, PARA ESGOTO PREDIAL","UN    ","CR",79.489999999999995]
[{"$nulls":6},12404,"LUVA DE FERRO GALVANIZADO, COM ROSCA BSP MACHO/FEMEA, DE 3/4\"","UN    ","AS",12.43]
[{"$nulls":6},3913,"LUVA DE FERRO GALVANIZADO, COM ROSCA BSP, DE 2 1/2\"","UN    ","AS",71.53]
[{"$nulls":6},3917,"LUVA DE FERRO GALVANIZADO, COM ROSCA BSP, DE 6\"","UN    ","AS",511.33]
[{"$nulls":6},12408,"LUVA DE REDUCAO DE FERRO GALVANIZADO, COM ROSCA BSP MACHO/FEMEA, DE 1\" X 1/2\"","UN    ","AS",21.85]
[{"$nulls":6},3924,"LUVA DE REDUCAO DE FERRO GALVANIZADO, COM ROSCA BSP, DE 1 1/2\" X 1\"","UN    ","AS",27.2]
[{"$nulls":6},3919,"LUVA DE REDUCAO DE FERRO GALVANIZADO, COM ROSCA BSP, DE 1\" X 3/4\"","UN    ","AS",15.08]
[{"$nulls":6},3925,"LUVA DE REDUCAO DE FERRO GALVANIZADO, COM ROSCA BSP, DE 2\" X 1\"","UN    ","AS",43.54]
[{"$nulls":6},12406,"LUVA DE REDUCAO DE FERRO GALVANIZADO, COM ROSCA BSP, DE 3/4\" X 1/2\"","UN    ","AS",10.69]
[{"$nulls":6},3933,"LUVA DE REDUCAO DE FERRO GALVANIZADO, COM ROSCA BSP, DE 4\" X 2\"","UN    ","AS",200.94]
[{"$nulls":6},40358,"LUVA DE REDUCAO EM ACO CARBONO, COM ENCAIXE PARA SOLDA DN SW, PRESSAO 3.000 LBS, DN 1\" X 3/4\"","UN    ","AS",17.760000000000002]
[{"$nulls":6},3868,"LUVA DE REDUCAO SOLDAVEL, PVC, 25 MM X 20 MM, PARA AGUA FRIA PREDIAL","UN    ","CR",1.46]
[{"$nulls":6},37986,"LUVA DE TRANSICAO DE CPVC X PVC, SOLDAVEL, 22 X 25 MM, PARA AGUA QUENTE","UN    ","AS",1.92]
[{"$nulls":6},40366,"LUVA EM ACO CARBONO, SOLDAVEL, PRESSAO 3.000 LBS, DN 1 1/2\"","UN    ","AS",46.49]
[{"$nulls":6},40357,"LUVA EM ACO CARBONO, SOLDAVEL, PRESSAO 3.000 LBS, DN 3/4\"","UN    ","AS",17.760000000000002]
[{"$nulls":6},1892,"LUVA EM PVC RIGIDO ROSCAVEL, DE 1\", PARA ELETRODUTO","UN    ","CR",1.84]
[{"$nulls":6},2641,"LUVA PARA ELETRODUTO, EM ACO GALVANIZADO ELETROLITICO, DIAMETRO DE 100 MM (4\")","UN    ","AS",27.33]
[{"$nulls":6},2644,"LUVA PARA ELETRODUTO, EM ACO GALVANIZADO ELETROLITICO, DIAMETRO DE 40 MM (1 1/2\")","UN    ","AS",5.59]
[{"$nulls":6},39856,"LUVA PASSANTE DE COBRE (REF 601) SEM ANEL DE SOLDA, BOLSA 22 MM","UN    ","AS",6.3]
[{"$nulls":6},3867,"LUVA PVC SOLDAVEL, 110 MM, PARA AGUA FRIA PREDIAL","UN    ","CR",77.64]
[{"$nulls":6},3863,"LUVA PVC SOLDAVEL, 50 MM, PARA AGUA FRIA PREDIAL","UN    ","CR",4.55]
[{"$nulls":6},3864,"LUVA PVC SOLDAVEL, 60 MM, PARA AGUA FRIA PREDIAL","UN    ","CR",13.93]
[{"$nulls":6},3876,"LUVA PVC, ROSCAVEL, 1\", AGUA FRIA PREDIAL","UN    ","CR",4.96]
[{"$nulls":6},36324,"LUVA SIMPLES PPR, F/F, SOLDAVEL, DN 25 MM, PARA AGUA QUENTE PREDIAL","UN    ","AS",2]
[{"$nulls":6},38446,"LUVA SIMPLES PPR, F/F, SOLDAVEL, DN 90 MM, PARA AGUA QUENTE PREDIAL","UN    ","AS",63.08]
[{"$nulls":6},20171,"LUVA SIMPLES, PVC SERIE R, 150 MM, PARA ESGOTO PREDIAL","UN    ","CR",41.57]
[{"$nulls":6},38676,"LUVA SIMPLES, PVC, SOLDAVEL, DN 150 MM, SERIE NORMAL, PARA ESGOTO PREDIAL","UN    ","CR",34.840000000000003]
[{"$nulls":6},3870,"LUVA SOLDAVEL COM BUCHA DE LATAO, PVC, 25 MM X 3/4\"","UN    ","CR",6.85]
[{"$nulls":6},3860,"LUVA SOLDAVEL COM ROSCA, PVC, 32 MM X 1\", PARA AGUA FRIA PREDIAL","UN    ","CR",4.7]
[{"$nulls":6},39295,"LUVA/UNIAO DE REDUCAO METALICA, PARA CONEXAO COM ANEL DESLIZANTE, DN 32 X 25 MM, EM TUBO PEX PARA INST. AGUA QUENTE/FRIA","UN    ","AS",17.32]
[{"$nulls":6},39297,"LUVA/UNIAO METALICA, PARA CONEXAO COM ANEL DESLIZANTE, DN 20 MM, EM TUBO PEX PARA INST. AGUA QUENTE/FRIA","UN    ","AS",9.3699999999999992]
[{"$nulls":6},39310,"LUVA/UNIAO, PLASTICA, PARA CONEXAO COM CRIMPAGEM, DN 25 MM, EM TUBO PEX PARA INST. AGUA QUENTE/FRIA","UN    ","AS",12.27]
[{"$nulls":6},37428,"LUVA, PEAD PE 100, DE 200 MM, PARA ELETROFUSAO","UN    ","AS",220.95]
[{"$nulls":6},38473,"MACARICO DE SOLDA 201 PARA EXTENSAO GLP OU ACETILENO","UN    ","CR",105.87]
[{"$nulls":6},2794,"MADEIRA ROLICA TRATADA, D = 25 A 29 CM, H = 6,50 M, EM EUCALIPTO OU EQUIVALENTE DA REGIAO","M     ","AS",129.72999999999999]
[{"$nulls":6},2788,"MADEIRA ROLICA TRATADA, D = 30 A 34 CM, H = 6,50 M, EM EUCALIPTO OU EQUIVALENTE DA REGIAO","M     ","AS",188.99]
[{"$nulls":6},37461,"MANGUEIRA CRISTAL TRANCADA, PVC COM REFORCO, COM PRESSAO DE TRABALHO (PT) 250 LBS/POL2, DE 3/4\" X *2,8* MM","M     ","CR",9.99]
[{"$nulls":6},21029,"MANGUEIRA DE INCENDIO, TIPO 1, DE 1 1/2\", COMPRIMENTO = 15 M, TECIDO EM FIO DE POLIESTER E TUBO INTERNO EM BORRACHA SINTETICA, COM UNIOES ENGATE RAPIDO","UN    ","AS",345]
[{"$nulls":6},37528,"MANGUEIRA DE INCENDIO, TIPO 2, DE 1 1/2\", COMPRIMENTO = 20 M, TECIDO EM FIO DE POLIESTER E TUBO INTERNO EM BORRACHA SINTETICA, COM UNIOES","UN    ","AS",608.87]
[{"$nulls":6},21036,"MANGUEIRA DE INCENDIO, TIPO 2, DE 2 1/2\", COMPRIMENTO = 25 M, TECIDO EM FIO DE POLIESTER E TUBO INTERNO EM BORRACHA SINTETICA, COM UNIOES ENGATE RAPIDO","UN    ","AS",1048.6600000000001]
[{"$nulls":6},12899,"MANOMETRO COM CAIXA EM ACO PINTADO, ESCALA *10* KGF/CM2 (*10* BAR), DIAMETRO NOMINAL DE *63* MM, CONEXAO DE 1/4\"","UN    ","AS",114.55]
[{"$nulls":6},39700,"MANTA ANTIRRUIDO DE POLIESTER (PET) PARA CONTRAPISO E = *8* MM","M2    ","CR",58.83]
[{"$nulls":6},38544,"MANTA DE POLIETILENO EXPANDIDO (PEBD) ANTICHAMAS, E = 8 MM","M2    ","CR",21.93]
[{"$nulls":6},44504,"MANTA TERMOPLASTICA, PEAD, GEOMEMBRANA LISA, E = 0,50 MM  ( NBR 15352)","M2    ","AS",14.1]
[{"$nulls":6},44509,"MANTA TERMOPLASTICA, PEAD, GEOMEMBRANA LISA, E = 2,00 MM (NBR 15352)","M2    ","AS",56.71]
[{"$nulls":6},44511,"MANTA TERMOPLASTICA, PEAD, GEOMEMBRANA TEXTURIZADA EM AMBAS AS FACES, E = 1,50 MM ( NBR 15352)","M2    ","AS",45.72]
[{"$nulls":6},43609,"MAQUINA DE 40 MM PARA FECHADURA, PARA PORTA INTERNA, EM ACO INOX","UN    ","CR",40.880000000000003]
[{"$nulls":6},13836,"MAQUINA EXTRUSORA DE CONCRETO PARA GUIAS E SARJETAS, COM MOTOR A DIESEL DE 14 CV","UN    ","AS",68434.17]
[{"$nulls":6},14619,"MAQUINA PARA CORTE COM DISCO ABRASIVO DE DIAMETRO DE 18'' (450 MM), COM MOTOR ELETRICO TRIFASICO DE 10 CV","UN    ","CR",16387.95]
[{"$nulls":6},40403,"MAQUINA TRANSFORMADORA MONOFASICA PARA SOLDA ELETRICA, TENSAO DE 220 V, FREQUENCIA DE 60 HZ, FAIXA DE CORRENTE ENTRE 80 A (+/- 10 A) E 250 A, POTENCIA ENTRE 14,00 KVA E 15,0 KVA, CICLO DE TRABALHO ENTRE 10% E 20% A 250 A","UN    ","CR",728.39]
[{"$nulls":6},40703,"MARTELO DEMOLIDOR ELETRICO, COM POTENCIA DE 2.000 W, FREQUENCIA DE 1.000 IMPACTOS POR MINUTO, FORÇA DE IMPACTO ENTRE 60 E 65 J, PESO DE 30 KG","UN    ","AS",9336.18]
[{"$nulls":6},13447,"MARTELO PERFURADOR PNEUMATICO MANUAL, DE SUPERFICIE, COM AVANCO DE COLUNA, PESO DE 22 KG","UN    ","AS",39166.6]
[{"$nulls":6},43626,"MASSA CORRIDA PARA SUPERFICIES DE AMBIENTES INTERNOS","KG    ","C ",2.36]
[{"$nulls":6},10498,"MASSA PARA VIDRO","KG    ","CR",19.03]
[{"$nulls":6},41388,"MASTRO SIMPLES GALVANIZADO DIAMETRO NOMINAL 2\"","M     ","AS",60.97]
[{"$nulls":6},11079,"MATERIAL FILTRANTE (PEDREGULHO) 0,6 A 25,46 MM (POSTO PEDREIRA/FORNECEDOR, SEM FRETE)","M3    ","CR",5594.19]
[{"$nulls":6},40925,"MECANICO DE REFRIGERACAO (MENSALISTA)","MES   ","CR",3224]
[{"$nulls":6},38595,"MEIA CANALETA DE CONCRETO ESTRUTURAL 14 X 19 X 19 CM, FBK 4,5 MPA (NBR 6136)","UN    ","CR",2.98]
[{"$nulls":6},34773,"MEIO BLOCO DE VEDACAO DE CONCRETO APARENTE 14 X 19 X 19 CM  (CLASSE C - NBR 6136)","UN    ","CR",2.48]
[{"$nulls":6},34764,"MEIO BLOCO DE VEDACAO DE CONCRETO 9 X 19 X 19 CM (CLASSE C - NBR 6136)","UN    ","CR",1.86]
[{"$nulls":6},41680,"MEIO-FIO OU GUIA DE CONCRETO PRE-MOLDADO, COMP *39* CM, *19 X 6,5/6,5* CM (H X L1/L2)","UN    ","CR",17.2]
[{"$nulls":6},41679,"MEIO-FIO OU GUIA DE CONCRETO PRE-MOLDADO, COMP 1 M, *20 X 12/15* CM (H X L1/L2)","UN    ","CR",39.32]
[{"$nulls":6},4061,"MEIO-FIO OU GUIA DE CONCRETO, PRE-MOLDADO, COMP 80 CM, *45 X 12/18* CM (H X L1/L2)","UN    ","CR",54.07]
[{"$nulls":6},40819,"MESTRE DE OBRAS (MENSALISTA)","MES   ","CR",6124.76]
[{"$nulls":6},11697,"MICTORIO COLETIVO ACO INOX (AISI 304), E = 0,8 MM, DE *100 X 40 X 30* CM (C X A X P)","UN    ","CR",940.94]
[{"$nulls":6},41420,"MINICAPTOR, EM ACO GALVANIZADO A FOGO, FIXACAO COM ROSCA SOBERBA OU MECANICA, H=600 MM X DN=10 MM","UN    ","AS",10.34]
[{"$nulls":6},41414,"MINICAPTORES DE INSERCAO, EM ACO GALVANIZADO A FOGO, H=300 MM X DN=10 MM","UN    ","AS",23.92]
[{"$nulls":6},37521,"MINIESCAVADEIRA SOBRE ESTEIRAS, POTENCIA LIQUIDA DE *42* HP, PESO OPERACIONAL DE *4.500* KG","UN    ","AS",592624.67000000004]
[{"$nulls":6},37545,"MISTURADOR DE ARGAMASSA, EIXO HORIZONTAL, CAPACIDADE DE MISTURA 600 KG, MOTOR ELETRICO TRIFASICO 220/380 V, POTENCIA 7,5 CV","UN    ","CR",17153.09]
[{"$nulls":6},36800,"MISTURADOR METALICO, BASE PARA CHUVEIRO/BANHEIRA, 1/2 \" OU 3/4 \", SOLDAVEL OU ROSCAVEL (NAO INCLUI ACABAMENTOS)","UN    ","CR",361.76]
[{"$nulls":6},11499,"MOLA HIDRAULICA DE PISO, PARA PORTAS DE ATE 1100 MM E PESO DE ATE 120 KG, COM CORPO EM ACO INOX","UN    ","CR",1068.21]
[{"$nulls":6},40921,"MONTADOR DE MAQUINAS (MENSALISTA)","MES   ","CR",3907.79]
[{"$nulls":6},36503,"MOTOBOMBA TRASH (PARA AGUA SUJA) AUTO ESCORVANTE, MOTOR GASOLINA DE 6,41 HP, DIAMETROS DE SUCCAO X RECALQUE: 3\" X 3\", HM/Q: 10/60 A 23/0","UN    ","CR",5631.02]
[{"$nulls":6},39404,"MOTOR A GASOLINA PARA VIBRADOR DE IMERSAO, 4 TEMPOS, DE 5,5 CV","UN    ","AS",2070.9899999999998]
[{"$nulls":6},39402,"MOTOR ELETRICO PARA VIBRADOR DE IMERSAO, DE 2 CV, MONOFASICO, 110/220 V","UN    ","AS",1706.1]
[{"$nulls":6},41038,"MOTORISTA DE CAMINHAO-BASCULANTE (MENSALISTA)","MES   ","CR",3482.55]
[{"$nulls":6},40994,"MOTORISTA DE ONIBUS / MICRO-ONIBUS (MENSALISTA)","MES   ","CR",3124.33]
[{"$nulls":6},4107,"MOURAO DE CONCRETO RETO, SECAO QUADARA *10 X 10* CM, H= *2,30* M","UN    ","CR",83.56]
[{"$nulls":6},10826,"MUDA DE ARBUSTO FLORIFERO, CLUSIA/GARDENIA/MOREIA BRANCA/ AZALEIA OU EQUIVALENTE DA REGIAO, H= *50 A 70* CM","UN    ","AS",68.959999999999994]
[{"$nulls":6},38641,"MUDA DE PALMEIRA ARECA, H= *1,50* M","UN    ","AS",103.44]
[{"$nulls":6},4177,"NIPLE DE FERRO GALVANIZADO, COM ROSCA BSP, DE 1/2\"","UN    ","AS",6.3]
[{"$nulls":6},4182,"NIPLE DE FERRO GALVANIZADO, COM ROSCA BSP, DE 3\"","UN    ","AS",97.7]
[{"$nulls":6},4191,"NIPLE DE REDUCAO DE FERRO GALVANIZADO, COM ROSCA BSP, DE 1 1/2\" X 3/4\"","UN    ","AS",33.32]
[{"$nulls":6},4188,"NIPLE DE REDUCAO DE FERRO GALVANIZADO, COM ROSCA BSP, DE 1\" X 1/2\"","UN    ","AS",15.71]
[{"$nulls":6},4187,"NIPLE DE REDUCAO DE FERRO GALVANIZADO, COM ROSCA BSP, DE 3/4\" X 1/2\"","UN    ","AS",10.02]
[{"$nulls":6},40356,"NIPLE SEXTAVADO EM ACO CARBONO, COM ROSCA BSP, PRESSAO 3.000 LBS, DN 1/2\"","UN    ","AS",13.13]
[{"$nulls":6},7595,"NIVELADOR (HORISTA)","H     ","CR",12.84]
[{"$nulls":6},41094,"NIVELADOR (MENSALISTA)","MES   ","CR",2232.4499999999998]
[{"$nulls":6},39608,"NOBREAK TRIFASICO, DE 5 KVA FATOR DE POTENCIA DE 0,8, AUTONOMIA MINIMA DE 30 MINUTOS A PLENA CARGA","UN    ","CR",75018.039999999994]
[{"$nulls":6},4227,"OLEO LUBRIFICANTE PARA MOTORES DE EQUIPAMENTOS PESADOS (CAMINHOES, TRATORES, RETROS E ETC)","L     ","C ",26.06]
[{"$nulls":6},41031,"OPERADOR DE BETONEIRA (CAMINHAO) (MENSALISTA)","MES   ","CR",2485.56]
[{"$nulls":6},41043,"OPERADOR DE DEMARCADORA DE FAIXAS DE TRAFEGO (MENSALISTA)","MES   ","CR",3059.17]
[{"$nulls":6},4254,"OPERADOR DE GUINDASTE","H     ","CR",18.37]
[{"$nulls":6},40998,"OPERADOR DE MAQUINAS E TRATORES DIVERSOS (TERRAPLANAGEM) (MENSALISTA)","MES   ","CR",2953.71]
[{"$nulls":6},4239,"OPERADOR DE MOTONIVELADORA","H     ","CR",21.98]
[{"$nulls":6},4238,"OPERADOR DE ROLO COMPACTADOR","H     ","CR",14.52]
[{"$nulls":6},41001,"OPERADOR DE USINA DE ASFALTO, DE SOLOS OU DE CONCRETO (MENSALISTA)","MES   ","CR",2758.46]
[{"$nulls":6},14221,"PA CARREGADEIRA SOBRE RODAS, POTENCIA 152 HP, CAPACIDADE DA CACAMBA DE 1,53 A 2,30 M3, PESO OPERACIONAL MAXIMO DE 10216 KG","UN    ","AS",580439.97]
[{"$nulls":6},39745,"PAINEL DE LA DE VIDRO SEM REVESTIMENTO PSI 40, E = 50 MM, DE 1200 X 600 MM","M2    ","AS",97.91]
[{"$nulls":6},39518,"PAINEL TERMOISOLANTE PARA FECHAMENTOS VERTICAIS (INCLUI PARAFUSOS DE FIXACAO) REVESTIDO EM ACO GALVALUME, LARGURA UTIL DE 1100 MM, REVESTIMENTO COM ESPESSURA DE 0,50 MM, COM PRE-PINTURA NAS DUAS FACES, NUCLEO EM POLIURETANO (PUR) COM ESPESSURA 70/80 MM","M2    ","CR",250.81]
[{"$nulls":6},38366,"PAPEL KRAFT BETUMADO","M2    ","CR",12.43]
[{"$nulls":6},4273,"PARA-RAIOS DE DISTRIBUICAO, TENSAO NOMINAL 30 KV, CORRENTE NOMINAL DE DESCARGA 10 KA","UN    ","AS",349.52]
[{"$nulls":6},4379,"PARAFUSO DE ACO ZINCADO COM ROSCA SOBERBA, CABECA CHATA E FENDA SIMPLES, DIAMETRO 2,5 MM, COMPRIMENTO * 9,5 * MM","UN    ","CR",0.05]
[{"$nulls":6},11960,"PARAFUSO DE LATAO COM ROSCA SOBERBA, CABECA CHATA E FENDA SIMPLES, DIAMETRO 2,5 MM, COMPRIMENTO 12 MM","UN    ","CR",0.14000000000000001]
[{"$nulls":6},39437,"PARAFUSO DRY WALL, EM ACO FOSFATIZADO, CABECA TROMBETA E PONTA AGULHA (TA), COMPRIMENTO 45 MM","UN    ","CR",0.22]
[{"$nulls":6},4329,"PARAFUSO EM ACO GALVANIZADO, TIPO MAQUINA, SEXTAVADO, SEM PORCA, DIAMETRO 1/2\", COMPRIMENTO 2\"","UN    ","C ",2.09]
[{"$nulls":6},11953,"PARAFUSO FRANCES ZINCADO, DIAMETRO 1/2'', COMPRIMENTO 2'', COM PORCA E ARRUELA","UN    ","CR",3.14]
[{"$nulls":6},441,"PARAFUSO M16 EM ACO GALVANIZADO, COMPRIMENTO = 150 MM, DIAMETRO = 16 MM, ROSCA MAQUINA, CABECA QUADRADA","UN    ","AS",13.05]
[{"$nulls":6},437,"PARAFUSO M16 EM ACO GALVANIZADO, COMPRIMENTO = 400 MM, DIAMETRO = 16 MM, ROSCA DUPLA","UN    ","AS",30.97]
[{"$nulls":6},11054,"PARAFUSO ROSCA SOBERBA ZINCADO CABECA CHATA FENDA SIMPLES 3,2 X 20 MM (3/4 \")","UN    ","AS",0.05]
[{"$nulls":6},4380,"PARAFUSO ZINCADO ROSCA SOBERBA 5/16 \" X 120 MM PARA TELHA FIBROCIMENTO","UN    ","AS",1.59]
[{"$nulls":6},4308,"PARAFUSO ZINCADO ROSCA SOBERBA, CABECA SEXTAVADA, 5/16 \" X 230 MM, PARA FIXACAO DE TELHA EM MADEIRA","UN    ","AS",5.71]
[{"$nulls":6},4318,"PARAFUSO ZINCADO 5/16 \" X 85 MM PARA FIXACAO DE TELHA DE FIBROCIMENTO CANALETE 90, INCLUI BUCHA NYLON S-10","UN    ","AS",1.84]
[{"$nulls":6},40547,"PARAFUSO ZINCADO, AUTOBROCANTE, FLANGEADO, 4,2 MM X 19 MM","CENTO ","CR",26.38]
[{"$nulls":6},13294,"PARAFUSO ZINCADO, SEXTAVADO, COM ROSCA SOBERBA, DIAMETRO 3/8\", COMPRIMENTO 80 MM","UN    ","CR",1.45]
[{"$nulls":6},40552,"PARAFUSO, AUTO ATARRACHANTE, CABECA CHATA, FENDA SIMPLES, 1/4\" (6,35 MM) X 25 MM","CENTO ","CR",45.23]
[{"$nulls":6},4396,"PASTILHA CERAMICA/PORCELANA, REVEST INT/EXT E  PISCINA, CORES BRANCA OU FRIAS, SOLIDAS, SEM MESCLAGEM/MISTURA, ACABAMENTO LISO *2,5 X 2,5* CM","M2    ","CR",301.07]
[{"$nulls":6},41066,"PASTILHEIRO (MENSALISTA)","MES   ","CR",3633.86]
[{"$nulls":6},39596,"PATCH PANEL, 24 PORTAS, CATEGORIA 6, COM RACKS DE 19\" DE LARGURA E 1 U DE ALTURA","UN    ","AS",788.69]
[{"$nulls":6},10730,"PEDRA ARDOSIA, CINZA, 30  X  30,  E= *1 CM","M2    ","AS",33.6]
[{"$nulls":6},4722,"PEDRA BRITADA N. 3 (38 A 50 MM) POSTO PEDREIRA/FORNECEDOR, SEM FRETE","M3    ","CR",253.71]
[{"$nulls":6},10737,"PEDRA GRANITICA OU BASALTO, CACO, RETALHO, CAVACO, TIPO MIRACEMA, MADEIRA, PADUANA, RACHINHA, SANTA ISABEL OU OUTRAS SIMILARES, E=  *1,0 A *2,0 CM","M2    ","AS",109.2]
[{"$nulls":6},4746,"PEDREGULHO OU PICARRA DE JAZIDA, AO NATURAL, PARA BASE DE PAVIMENTACAO (RETIRADO NA JAZIDA, SEM TRANSPORTE)","M3    ","CR",188.56]
[{"$nulls":6},41975,"PEITORIL PRE-MOLDADO EM GRANILITE, MARMORITE OU GRANITINA, L = *15* CM","M2    ","AS",94.34]
[{"$nulls":6},41596,"PERFIL \"H\" DE ACO LAMINADO, \"HP\" 250 X 62,0","KG    ","AS",14.18]
[{"$nulls":6},43664,"PERFIL \"I\" DE ACO LAMINADO, ABAS INCLINADAS, \"I\" 203 X 34,3","KG    ","AS",11.93]
[{"$nulls":6},43082,"PERFIL \"I\" DE ACO LAMINADO, ABAS PARALELAS, \"W\", QUALQUER BITOLA","KG    ","AS",13]
[{"$nulls":6},40535,"PERFIL \"U\" SIMPLES DE ACO GALVANIZADO DOBRADO 75 X *40* MM, E = 2,65 MM","KG    ","AS",11.26]
[{"$nulls":6},34360,"PERFIL DE ALUMINIO ANODIZADO","KG    ","AS",38.68]
[{"$nulls":6},39419,"PERFIL GUIA, FORMATO U, EM ACO ZINCADO, PARA ESTRUTURA PAREDE DRYWALL, E = 0,5 MM, 70 X 3000 MM (L X C)","M     ","CR",9.84]
[{"$nulls":6},39423,"PERFIL MONTANTE, FORMATO C, EM ACO ZINCADO, PARA ESTRUTURA PAREDE DRYWALL, E = 0,5 MM, 90 X 3000 MM (L X C)","M     ","CR",12.96]
[{"$nulls":6},39569,"PERFIL TRAVESSA (SECUNDARIO), T CLICADO, EM ACO GALVANIZADO, BRANCO, PARA FORRO REMOVIVEL, 24 X 625 MM (L X C)","M     ","CR",6.37]
[{"$nulls":6},39328,"PERFILADO PERFURADO 19 X 38 MM, CHAPA 22","M     ","CR",6.58]
[{"$nulls":6},40789,"PERFURATRIZ MANUAL, TORQUE MAXIMO 83 N.M, POTENCIA 5 CV, COM DIAMETRO MAXIMO 4\" (NAO INCLUI SUPORTE / CHASSI)","UN    ","AS",9060.5]
[{"$nulls":6},35274,"PILAR QUADRADO NAO APARELHADO *10 X 10* CM, EM MACARANDUBA/MASSARANDUBA, ANGELIM OU EQUIVALENTE DA REGIAO - BRUTA","M     ","CR",29.11]
[{"$nulls":6},37586,"PINO DE ACO COM ARRUELA CONICA, DIAMETRO ARRUELA = *23* MM E COMP HASTE = *27* MM (ACAO INDIRETA)","CENTO ","AS",45.05]
[{"$nulls":6},43606,"PINO GUIA RETO, EM LATAO, CHAPA COM 3 MM DE ESPESSURA E GUIA COM ROLETE DE 9 MM","UN    ","CR",9.0500000000000007]
[{"$nulls":6},41082,"PINTOR DE LETREIROS (MENSALISTA)","MES   ","CR",3254.23]
[{"$nulls":6},4796,"PISO DE BORRACHA FRISADO OU PASTILHADO, PRETO, EM PLACAS 50 X 50 CM, E = 7 MM, PARA ARGAMASSA","M2    ","CR",253.94]
[{"$nulls":6},4800,"PISO DE BORRACHA PASTILHADO EM PLACAS 50 X 50 CM, E = *3,5* MM, PARA COLA, PRETO","M2    ","CR",69.83]
[{"$nulls":6},1297,"PISO EM CERAMICA ESMALTADA, COMERCIAL (PADRAO POPULAR), PEI MAIOR OU IGUAL A 3, FORMATO MENOR OU IGUAL A  2025 CM2","M2    ","CR",37.33]
[{"$nulls":6},10842,"PISO EM GRANITO, POLIDO, TIPO PRETO SAO GABRIEL/ TIJUCA OU OUTROS EQUIVALENTES DA REGIAO, FORMATO MENOR OU IGUAL A 3025 CM2, E=  *2* CM","M2    ","CR",545.07000000000005]
[{"$nulls":6},40651,"PISO FULGET (GRANITO LAVADO) EM PLACAS DE *75 X 75* CM, E = 2,0 CM (SEM COLOCACAO)","M2    ","AS",288.17]
[{"$nulls":6},38195,"PISO PORCELANATO, BORDA RETA, EXTRA, FORMATO MAIOR QUE 2025 CM2","M2    ","CR",144.4]
[{"$nulls":6},44541,"PISO/ REVESTIMENTO EM GRANITO, POLIDO, TIPO ANDORINHA/ QUARTZ/ CASTELO/ CORUMBA OU OUTROS EQUIVALENTES DA REGIAO, FORMATO MAIOR OU IGUAL A 3025 CM2, E = *2*CM","M2    ","CR",398.32]
[{"$nulls":6},39416,"PLACA / CHAPA DE GESSO ACARTONADO, RESISTENTE A UMIDADE (RU), COR VERDE, E = 12,5 MM, 1200 X 1800 MM (L X C)","M2    ","CR",29.11]
[{"$nulls":6},43740,"PLACA / CHAPA DE GESSO ACARTONADO, RESISTENTE AO FOGO (RF), COR ROSA, E = 15 MM, 1200 X 2400 MM (L X C)","M2    ","CR",29.02]
[{"$nulls":6},13521,"PLACA DE ACO ESMALTADA PARA  IDENTIFICACAO DE RUA, *45 CM X 20* CM","UN    ","AS",82.5]
[{"$nulls":6},39516,"PLACA DE FIBRA MINERAL PARA FORRO, DE 625 X 625 MM, E = 15 MM, BORDA REBAIXADA PARA PERFIL 24 MM, COM PINTURA ANTIMOFO (NAO INCLUI PERFIS)","UN    ","AS",43.32]
[{"$nulls":6},37560,"PLACA DE SINALIZACAO DE SEGURANCA CONTRA INCENDIO - ALERTA, TRIANGULAR, BASE DE *30* CM, EM PVC *2* MM ANTI-CHAMAS (SIMBOLOS, CORES E PICTOGRAMAS CONFORME NBR 16820)","UN    ","CR",78.739999999999995]
[{"$nulls":6},34723,"PLACA DE SINALIZACAO EM CHAPA DE ACO NUM 16 COM PINTURA REFLETIVA","M2    ","AS",577.5]
[{"$nulls":6},42438,"PLACA ORIENTATIVA SOBRE EXERCICIOS, 2,00 M X 1,00 M ( CHAPA GALVANIZADA #20), ESTRUTURA EM TUBOS REDONDOS DE ACO CARBONO, PINTURA NO PROCESSO ELETROSTATICO, ADESIVO FRENTE E VERSO - PARA ACADEMIA AO AR LIVRE / ACADEMIA DA TERCEIRA IDADE - ATI","UN    ","AS",2090.75]
[{"$nulls":6},4792,"PLACA VINILICA SEMIFLEXIVEL PARA PISOS, E = 3,2 MM, 30 X 30 CM (SEM COLOCACAO)","M2    ","CR",196.26]
[{"$nulls":6},4894,"PLUG OU BUJAO DE FERRO GALVANIZADO, DE 1 1/4\"","UN    ","AS",13.5]
[{"$nulls":6},4889,"PLUG OU BUJAO DE FERRO GALVANIZADO, DE 3/4\"","UN    ","AS",6.22]
[{"$nulls":6},4741,"PO DE PEDRA (POSTO PEDREIRA/FORNECEDOR, SEM FRETE)","M3    ","CR",253.71]
[{"$nulls":6},39995,"POLIESTIRENO EXPANDIDO/EPS (ISOPOR), TIPO 2F, BLOCO","M3    ","AS",573.1]
[{"$nulls":6},4491,"PONTALETE *7,5 X 7,5* CM EM PINUS, MISTA OU EQUIVALENTE DA REGIAO - BRUTA","M     ","CR",9.49]
[{"$nulls":6},14148,"PORCA UNIAO/JUNCAO ZINCADA SEXTAVADA 1/4 \", CHAVE 7/16 \", COMPRIMENTO = 25 MM","UN    ","AS",0.87]
[{"$nulls":6},11971,"PORCA ZINCADA, SEXTAVADA, DIAMETRO 1\"","UN    ","CR",4.08]
[{"$nulls":6},4989,"PORTA DE ABRIR / GIRO, DE MADEIRA FOLHA MEDIA (NBR 15930) DE 1000 X 2100 MM, DE 35 MM A 40 MM DE ESPESSURA, NUCLEO SEMI-SOLIDO (SARRAFEADO), CAPA LISA EM HDF, ACABAMENTO EM LAMINADO NATURAL PARA VERNIZ","UN    ","AS",363.32]
[{"$nulls":6},4992,"PORTA DE ABRIR / GIRO, DE MADEIRA FOLHA MEDIA (NBR 15930) DE 800 X 2100 MM, DE 35 MM A 40 MM DE ESPESSURA, NUCLEO SEMI-SOLIDO (SARRAFEADO), CAPA LISA EM HDF, ACABAMENTO EM LAMINADO NATURAL PARA VERNIZ","UN    ","AS",296.48]
[{"$nulls":6},39024,"PORTA DE ABRIR EM ALUMINIO COM DIVISAO HORIZONTAL  PARA VIDROS,  ACABAMENTO ANODIZADO NATURAL, VIDROS INCLUSOS, SEM GUARNICAO/ALIZAR/VISTA , 87 X 210 CM","UN    ","AS",755.08]
[{"$nulls":6},37518,"PORTA DE ENROLAR MANUAL COMPLETA, PERFIL MEIA CANA CEGA, EM ACO GALVANIZADO COM PINTURA ELETROSTATICA, CHAPA NUMERO 24 \" (SEM INSTALACAO)","M2    ","CR",604.24]
[{"$nulls":6},5028,"PORTA DE MADEIRA-DE-LEI QUADRICULADA PARA VIDRO, DE CORRER (ANGELIM OU EQUIVALENTE REGIONAL), E = *3,5* CM","M2    ","AS",788.56]
[{"$nulls":6},4998,"PORTA DE MADEIRA-DE-LEI TIPO MEXICANA SEM EMENDA (ANGELIM OU EQUIVALENTE REGIONAL), E = *3,5* CM","M2    ","AS",654.91999999999996]
[{"$nulls":6},43777,"PORTA DE MADEIRA, FOLHA LEVE (NBR 15930), DE 600 X 2100 MM, E = 35 MM, NUCLEO COLMEIA, CAPA LISA EM HDF, ACABAMENTO MELAMINICO EM PADRAO MADEIRA","UN    ","AS",266.33]
[{"$nulls":6},10555,"PORTA DE MADEIRA, FOLHA MEDIA (NBR 15930) DE 800 X 2100 MM, DE 35 MM A 40 MM DE ESPESSURA, NUCLEO SEMI-SOLIDO (SARRAFEADO), CAPA LISA EM HDF, ACABAMENTO EM PRIMER PARA PINTURA","UN    ","AS",246.98]
[{"$nulls":6},44471,"PORTA DENTE PARA  FRESADORA","UN    ","AS",567.70000000000005]
[{"$nulls":6},37563,"PORTAO BASCULANTE, MANUAL, EM ACO GALVANIZADO, CHAPA 26, TIPO LAMBRIL, COM REQUADRO, ACABAMENTO NATURAL","M2    ","AS",703.51]
[{"$nulls":6},14163,"POSTE CONICO CONTINUO EM ACO GALVANIZADO, CURVO, BRACO DUPLO, FLANGEADO,  H = 9 M, DIAMETRO INFERIOR = *135* MM","UN    ","AS",2284.34]
[{"$nulls":6},5050,"POSTE CONICO CONTINUO EM ACO GALVANIZADO, RETO, FLANGEADO,  H = 3 M, DIAMETRO INFERIOR = *95* MM","UN    ","AS",499.82]
[{"$nulls":6},41181,"POSTE DE CONCRETO ARMADO DE SECAO CIRCULAR, EXTENSAO DE 13,00 M, RESISTENCIA DE 1500 DAN, TIPO C-29","UN    ","AS",4826.41]
[{"$nulls":6},41187,"POSTE DE CONCRETO ARMADO DE SECAO CIRCULAR, EXTENSAO DE 14,00 M, RESISTENCIA DE 2000 DAN, TIPO C-29","UN    ","AS",9173.2999999999993]
[{"$nulls":6},41191,"POSTE DE CONCRETO ARMADO DE SECAO CIRCULAR, EXTENSAO DE 15,00 M, RESISTENCIA DE 1500 DAN, TIPO C-29","UN    ","AS",8042.42]
[{"$nulls":6},5059,"POSTE DE CONCRETO ARMADO DE SECAO CIRCULAR, EXTENSAO DE 9,00 M, RESISTENCIA DE 300 A 400 DAN, TIPO C-17","UN    ","AS",1051.9100000000001]
[{"$nulls":6},41202,"POSTE DE CONCRETO ARMADO DE SECAO DUPLO T, EXTENSAO DE 11,00 M, RESISTENCIA DE 150 DAN, TIPO D","UN    ","AS",721.93]
[{"$nulls":6},41204,"POSTE DE CONCRETO ARMADO DE SECAO DUPLO T, EXTENSAO DE 11,00 M, RESISTENCIA DE 600 DAN, TIPO B","UN    ","AS",1634.94]
[{"$nulls":6},41213,"POSTE DE CONCRETO ARMADO DE SECAO DUPLO T, EXTENSAO DE 12,00 M, RESISTENCIA DE 3000 DAN, TIPO B-6,0","UN    ","AS",7976.19]
[{"$nulls":6},41209,"POSTE DE CONCRETO ARMADO DE SECAO DUPLO T, EXTENSAO DE 12,00 M, RESISTENCIA DE 600 DAN, TIPO B","UN    ","AS",1782.7]
[{"$nulls":6},41215,"POSTE DE CONCRETO ARMADO DE SECAO DUPLO T, EXTENSAO DE 13,00 M, RESISTENCIA DE 600 DAN, TIPO B","UN    ","AS",2279.31]
[{"$nulls":6},5033,"POSTE DE CONCRETO ARMADO DE SECAO DUPLO T, EXTENSAO DE 9,00 M, RESISTENCIA DE 300 A 400 DAN, TIPO B OU D","UN    ","AS",790]
[{"$nulls":6},41458,"POSTES METALICOS AUTOPORTANTES, CONICO OU TELESCOPICO, PARA SPDA, ALTURA 12 METROS LIVRES","UN    ","AS",2104.86]
[{"$nulls":6},4465,"PRANCHA NAO APARELHADA *6 X 25* CM, EM MACARANDUBA/MASSARANDUBA, ANGELIM OU EQUIVALENTE DA REGIAO - BRUTA","M     ","CR",25.34]
[{"$nulls":6},14580,"PRANCHAO NAO APARELHADO *8 X 30* CM, EM MACARANDUBA/MASSARANDUBA, ANGELIM OU EQUIVALENTE DA REGIAO - BRUTA","M     ","CR",52.59]
[{"$nulls":6},5063,"PREGO DE ACO POLIDO COM CABECA 14 X 18 (1 1/2 X 14)","KG    ","CR",24.01]
[{"$nulls":6},5073,"PREGO DE ACO POLIDO COM CABECA 17 X 24 (2 1/4 X 11)","KG    ","CR",20.51]
[{"$nulls":6},5075,"PREGO DE ACO POLIDO COM CABECA 18 X 30 (2 3/4 X 10)","KG    ","CR",20.12]
[{"$nulls":6},42431,"PRESSAO DE PERNAS TRIPLO, EM TUBO DE ACO CARBONO, PINTURA NO PROCESSO ELETROSTATICO - EQUIPAMENTO DE GINASTICA PARA ACADEMIA AO AR LIVRE / ACADEMIA DA TERCEIRA IDADE - ATI","UN    ","AS",3957.85]
[{"$nulls":6},39828,"PROJETOR PNEUMATICO DE ARGAMASSA PARA CHAPISCO E REBOCO COM RECIPIENTE ACOPLADO, TIPO CANEQUNHA, COM VOLUME DE 1,50 L, SEM COMPRESSOR","UN    ","CR",705.19]
[{"$nulls":6},11738,"PROLONGAMENTO / PROLONGADOR PARA CAIXA SIFONADA, PVC, 150 MM X 200 MM (NBR 5688)","UN    ","AS",18.37]
[{"$nulls":6},38377,"PRUMO DE CENTRO EM ACO *400* G","UN    ","CR",44.22]
[{"$nulls":6},38376,"PRUMO DE PAREDE EM ACO 700 A 750 G","UN    ","CR",50.42]
[{"$nulls":6},11522,"PUXADOR DE EMBUTIR TIPO CONCHA, COM FURO PARA CHAVE, EM LATAO CROMADO,  COMPRIMENTO DE APROX *100* MM E LARGURA DE APROX *40* MM","UN    ","CR",13.69]
[{"$nulls":6},13395,"QUADRO DE DISTRIBUICAO COM BARRAMENTO TRIFASICO, DE EMBUTIR, EM CHAPA DE ACO GALVANIZADO, PARA 18 DISJUNTORES DIN, 100 A, INCLUINDO BARRAMENTO","UN    ","CR",540.67999999999995]
[{"$nulls":6},39762,"QUADRO DE DISTRIBUICAO COM BARRAMENTO TRIFASICO, DE EMBUTIR, EM CHAPA DE ACO GALVANIZADO, PARA 36 DISJUNTORES DIN, 100 A","UN    ","CR",654.91]
[{"$nulls":6},12038,"QUADRO DE DISTRIBUICAO COM BARRAMENTO TRIFASICO, DE SOBREPOR, EM CHAPA DE ACO GALVANIZADO, PARA 18 DISJUNTORES DIN, 100 A","UN    ","CR",500.41]
[{"$nulls":6},39806,"QUADRO DE DISTRIBUICAO, EM PVC, DE EMBUTIR, COM BARRAMENTO TERRA / NEUTRO, PARA 18 DISJUNTORES NEMA OU 24 DISJUNTORES DIN","UN    ","CR",256.83]
[{"$nulls":6},39797,"QUADRO DE DISTRIBUICAO, SEM BARRAMENTO, EM PVC, DE EMBUTIR, PARA 18 DISJUNTORES NEMA OU 24 DISJUNTORES DIN","UN    ","C ",132.35]
[{"$nulls":6},39802,"QUADRO DE DISTRIBUICAO, SEM BARRAMENTO, EM PVC, DE SOBREPOR, PARA 18 DISJUNTORES NEMA OU 24 DISJUNTORES DIN","UN    ","CR",175]
[{"$nulls":6},21059,"RALO FOFO COM REQUADRO, QUADRADO 150 X 150 MM","UN    ","AS",61.13]
[{"$nulls":6},11708,"RALO FOFO SEMIESFERICO, 100 MM, PARA LAJES/ CALHAS","UN    ","AS",24.36]
[{"$nulls":6},11711,"RALO SECO CONICO, PVC, 100 X 40 MM, COM GRELHA QUADRADA BRANCA","UN    ","AS",12.03]
[{"$nulls":6},44502,"RASTELEIRO HORISTA","H     ","CR",12.5]
[{"$nulls":6},1079,"REATOR ELETRONICO BIVOLT PARA 2 LAMPADAS FLUORESCENTES DE 36/40 W","UN    ","AS",40.99]
[{"$nulls":6},39374,"REATOR INTERNO/INTEGRADO PARA LAMPADA VAPOR METALICO 400 W, ALTO FATOR DE POTENCIA","UN    ","C ",160]
[{"$nulls":6},5104,"REBITE DE REPUXO EM ALUMINIO VAZADO, DIAMETRO 3,2 X 8 MM DE COMPRIMENTO (1KG = 1025 UNIDADES)","KG    ","AS",63.07]
[{"$nulls":6},20042,"REDUCAO EXCENTRICA PVC, DN 75 X 50 MM, PARA ESGOTO PREDIAL","UN    ","CR",8.27]
[{"$nulls":6},11321,"REDUCAO PVC PBA, JE, PB, DN 100 X 50 / DE 110 X 60 MM, PARA REDE DE AGUA","UN    ","AS",24.08]
[{"$nulls":6},6036,"REGISTRO DE ESFERA PVC, COM BORBOLETA, COM ROSCA EXTERNA, DE 1/2\"","UN    ","CR",15.32]
[{"$nulls":6},11670,"REGISTRO DE ESFERA, PVC, COM VOLANTE, VS, ROSCAVEL, DN 1/2\", COM CORPO DIVIDIDO","UN    ","CR",19.02]
[{"$nulls":6},11674,"REGISTRO DE ESFERA, PVC, COM VOLANTE, VS, SOLDAVEL, DN 25 MM, COM CORPO DIVIDIDO","UN    ","CR",23.12]
[{"$nulls":6},6038,"REGISTRO DE PRESSAO PVC, ROSCAVEL, VOLANTE SIMPLES, DE 1/2\"","UN    ","CR",5.89]
[{"$nulls":6},6017,"REGISTRO GAVETA BRUTO EM LATAO FORJADO, BITOLA 1 1/4 \" (REF 1509)","UN    ","CR",81.99]
[{"$nulls":6},6016,"REGISTRO GAVETA BRUTO EM LATAO FORJADO, BITOLA 3/4 \" (REF 1509)","UN    ","CR",38.11]
[{"$nulls":6},6005,"REGISTRO GAVETA COM ACABAMENTO E CANOPLA CROMADOS, SIMPLES, BITOLA 3/4 \" (REF 1509)","UN    ","C ",92.98]
[{"$nulls":6},6021,"REGISTRO PRESSAO COM ACABAMENTO E CANOPLA CROMADA, SIMPLES, BITOLA 1/2 \" (REF 1416)","UN    ","CR",84.84]
[{"$nulls":6},34357,"REJUNTE CIMENTICIO, QUALQUER COR","KG    ","CR",5.87]
[{"$nulls":6},37329,"REJUNTE EPOXI, QUALQUER COR","KG    ","CR",123.67]
[{"$nulls":6},10518,"RETARDO PARA CORDEL DETONANTE","UN    ","AS",129.04]
[{"$nulls":6},533,"REVESTIMENTO EM CERAMICA ESMALTADA COMERCIAL, PEI MENOR OU IGUAL A 3, FORMATO MENOR OU IGUAL A 2025 CM2","M2    ","CR",35.9]
[{"$nulls":6},20205,"RIPA APARELHADA *1,5 X 5* CM, EM MACARANDUBA/MASSARANDUBA, ANGELIM OU EQUIVALENTE DA REGIAO","M     ","CR",1.94]
[{"$nulls":6},4803,"RODAPE DE BORRACHA LISO, H = 70 MM, E = *2* MM, PARA ARGAMASSA, PRETO","M     ","CR",37.32]
[{"$nulls":6},34680,"RODAPE PRE-MOLDADO DE GRANILITE, MARMORITE OU GRANITINA L = 10 CM","M     ","AS",37.729999999999997]
[{"$nulls":6},20256,"ROLDANA PLASTICA COM PREGO, TAMANHO 30 X 30 MM, PARA INSTALACAO ELETRICA APARENTE","UN    ","CR",0.38]
[{"$nulls":6},13600,"ROLO COMPACTADOR VIBRATORIO DE UM CILINDRO LISO DE ACO, POTENCIA 125 HP, PESO SEM/COM LASTRO 10,75/12,92 T, IMPACTO DINAMICO 31,5/18,5 T, LARGURA TRABALHO 2,15 M","UN    ","AS",791673.72]
[{"$nulls":6},38393,"ROLO DE ESPUMA POLIESTER 23 CM (SEM CABO)","UN    ","C ",16.59]
[{"$nulls":6},42432,"ROTACAO DIAGONAL DUPLA, APARELHO TRIPLO, EM TUBO DE ACO CARBONO, PINTURA NO PROCESSO ELETROSTATICO - EQUIPAMENTO DE GINASTICA PARA ACADEMIA AO AR LIVRE / ACADEMIA DA TERCEIRA IDADE - ATI","UN    ","AS",2424.64]
[{"$nulls":6},40873,"RUFO INTERNO/EXTERNO DE CHAPA DE ACO GALVANIZADA NUM 24, CORTE 25 CM","M     ","CR",28.95]
[{"$nulls":6},37526,"SACO DE RAFIA PARA ENTULHO, NOVO, LISO (SEM CLICHE), *60 x 90* CM","UN    ","AS",5.94]
[{"$nulls":6},4509,"SARRAFO *2,5 X 10* CM EM PINUS, MISTA OU EQUIVALENTE DA REGIAO - BRUTA","M     ","CR",4.8099999999999996]
[{"$nulls":6},4512,"SARRAFO *2,5 X 5* CM EM PINUS, MISTA OU EQUIVALENTE DA REGIAO - BRUTA","M     ","CR",2.2999999999999998]
[{"$nulls":6},4417,"SARRAFO NAO APARELHADO *2,5 X 7* CM, EM MACARANDUBA/MASSARANDUBA, ANGELIM, PEROBA-ROSA OU EQUIVALENTE DA REGIAO - BRUTA","M     ","CR",4.16]
[{"$nulls":6},11622,"SELANTE A BASE DE ALCATRAO E POLIURETANO PARA JUNTAS HORIZONTAIS","KG    ","CR",135.99]
[{"$nulls":6},38123,"SELANTE TIPO VEDA CALHA PARA METAL E FIBROCIMENTO","KG    ","CR",37.11]
[{"$nulls":6},39396,"SENSOR DE PRESENCA BIVOLT COM FOTOCELULA PARA QUALQUER TIPO DE LAMPADA, POTENCIA MAXIMA *1000* W, USO EXTERNO","UN    ","AS",73.11]
[{"$nulls":6},40269,"SERRA CIRCULAR DE BANCADA, MODELO PICA-PAU, DIAMETRO DE 350 MM. CARACTERISTICAS DO MOTOR: TRIFASICO, POTENCIA DE 5 HP, FREQUENCIA DE 60 HZ","UN    ","CR",5638.06]
[{"$nulls":6},44535,"SERVICO DE BOMBEAMENTO DE CONCRETO COM CONSUMO MINIMO DE 40 M3, (DISPONIBILIZACAO DE BOMBA), SEM O LANCAMENTO","M3    ","CR",68.37]
[{"$nulls":6},38638,"SIFAO EM METAL CROMADO PARA TANQUE, 1.1/4 X 1.1/2 \"","UN    ","CR",288.85000000000002]
[{"$nulls":6},39961,"SILICONE ACETICO USO GERAL INCOLOR 280 G","UN    ","CR",42.4]
[{"$nulls":6},20250,"SISAL EM FIBRA / ESTOPA SISAL PARA GESSO","KG    ","AS",26.75]
[{"$nulls":6},6166,"SOLDADOR ELETRICO (PARA SOLDA A SER TESTADA COM RAIOS \"X\") (HORISTA)","H     ","CR",22.68]
[{"$nulls":6},20249,"SOLEIRA/ TABEIRA EM MARMORE, POLIDO, BRANCO COMUM, L= 5 CM, E=  *2,0* CM","M     ","CR",46.7]
[{"$nulls":6},12296,"SOQUETE DE PORCELANA BASE E27, FIXO DE TETO, PARA LAMPADAS","UN    ","CR",4.22]
[{"$nulls":6},12294,"SOQUETE DE PORCELANA BASE E27, PARA USO AO TEMPO, PARA LAMPADAS","UN    ","CR",10.14]
[{"$nulls":6},21043,"SPRINKLER TIPO PENDENTE, BULBO AMARELO DE RESPOSTA RAPIDA, 79 GRAUS CELSIUS, ACABAMENTO NATURAL, D = 20 MM (3/4\")","UN    ","AS",38.5]
[{"$nulls":6},14149,"SUPORTE \"Y\" PARA FITA PERFURADA","CENTO ","AS",182.88]
[{"$nulls":6},3396,"SUPORTE ISOLADOR SIMPLES DIAMETRO NOMINAL 5/16\", COM ROSCA SOBERBA E BUCHA","UN    ","AS",5.04]
[{"$nulls":6},390,"SUPORTE PARA TUBO DIAMETRO NOMINAL 2\", COM ROSCA MECANICA","UN    ","AS",9.11]
[{"$nulls":6},3993,"TABUA APARELHADA *2,5 X 15* CM, EM MACARANDUBA/MASSARANDUBA, ANGELIM OU EQUIVALENTE DA REGIAO","M2    ","CR",69.87]
[{"$nulls":6},6182,"TABUA DE  MADEIRA PARA PISO, IPE (CERNE) OU EQUIVALENTE DA REGIAO, ENCAIXE MACHO/FEMEA, *20 X 2* CM","M2    ","CR",275.83]
[{"$nulls":6},36153,"TALABARTE DE SEGURANCA, 2 MOSQUETOES TRAVA DUPLA *53* MM DE ABERTURA, COM ABSORVEDOR DE ENERGIA","UN    ","CR",240.75]
[{"$nulls":6},43427,"TAMPA DE CONCRETO ARMADO PARA FOSSA SEPTICA, DIAMETRO NOMINAL DE 3,00 M E ESPESSURA MINIMA DE 100 MM","UN    ","AS",1742.01]
[{"$nulls":6},41617,"TAMPA DE CONCRETO ARMADO PARA FOSSA, D = 2,00 M, E = 0,05 M","UN    ","AS",655.16999999999996]
[{"$nulls":6},41623,"TAMPA DE CONCRETO ARMADO PARA POCO, COM  FURO E TAMPINHA, D = 1,50 M, E = 0,05 M","UN    ","AS",462.37]
[{"$nulls":6},39350,"TAMPA PARA CONDULETE, EM PVC, PARA 1 MODULO RJ","UN    ","CR",3.93]
[{"$nulls":6},2668,"TAMPAO / TERMINAL / PLUG, D = 2\" , PARA DUTO CORRUGADO PEAD (CABEAMENTO SUBTERRANEO)","UN    ","CR",6.91]
[{"$nulls":6},2664,"TAMPAO / TERMINAL / PLUG, D = 3\" , PARA DUTO CORRUGADO PEAD (CABEAMENTO SUBTERRANEO)","UN    ","CR",10.199999999999999]
[{"$nulls":6},11241,"TAMPAO FOFO ARTICULADO P/ REGISTRO, CLASSE A15 CARGA MAXIMA 1,5 T, *400 X 400* MM","UN    ","AS",248.09]
[{"$nulls":6},14112,"TAMPAO FOFO SIMPLES COM BASE / REQUADRO, CLASSE A15 CARGA MAX. 1,5 T, 400 X 600 MM (COM INSCRICAO EM RELEVO DO TIPO DE REDE)","UN    ","AS",321.63]
[{"$nulls":6},11688,"TANQUE ACO INOXIDAVEL (ACO 304) COM ESFREGADOR E VALVULA, DE *50 X 40 X 22* CM","UN    ","CR",673.71]
[{"$nulls":6},37737,"TANQUE DE ACO PARA TRANSPORTE DE AGUA COM CAPACIDADE DE 8 M3 (INCLUI MONTAGEM, NAO INCLUI CAMINHAO)","UN    ","AS",55400.75]
[{"$nulls":6},36790,"TANQUE DUPLO EM MARMORE SINTETICO COM CUBA LISA E ESFREGADOR, *110 X 60* CM","UN    ","CR",316.18]
[{"$nulls":6},41070,"TAQUEADOR OU TAQUEIRO (MENSALISTA)","MES   ","CR",2662.61]
[{"$nulls":6},21121,"TE CPVC, SOLDAVEL, 90 GRAUS, 15 MM, PARA AGUA QUENTE PREDIAL","UN    ","AS",3.19]
[{"$nulls":6},38015,"TE CPVC, SOLDAVEL, 90 GRAUS, 73 MM, PARA AGUA QUENTE PREDIAL","UN    ","AS",153.15]
[{"$nulls":6},12735,"TE DE COBRE (REF 611) SEM ANEL DE SOLDA, BOLSA X BOLSA X BOLSA, 28 MM","UN    ","AS",22.67]
[{"$nulls":6},12740,"TE DE COBRE (REF 611) SEM ANEL DE SOLDA, BOLSA X BOLSA X BOLSA, 79 MM","UN    ","AS",587.82000000000005]
[{"$nulls":6},6298,"TE DE FERRO GALVANIZADO, DE 2\"","UN    ","AS",74.06]
[{"$nulls":6},6301,"TE DE FERRO GALVANIZADO, DE 6\"","UN    ","AS",1162.55]
[{"$nulls":6},7105,"TE DE INSPECAO, PVC,  100 X 75 MM, SERIE NORMAL PARA ESGOTO PREDIAL","UN    ","CR",43.59]
[{"$nulls":6},7126,"TE DE REDUCAO COM ROSCA, PVC, 90 GRAUS, 1.1/2\" X 3/4\", AGUA FRIA PREDIAL","UN    ","CR",23.99]
[{"$nulls":6},6320,"TE DE REDUCAO DE FERRO GALVANIZADO, COM ROSCA BSP, DE 1\" X 1/2\"","UN    ","AS",28.29]
[{"$nulls":6},6318,"TE DE REDUCAO DE FERRO GALVANIZADO, COM ROSCA BSP, DE 2\" X 1 1/2\"","UN    ","AS",81.98]
[{"$nulls":6},6311,"TE DE REDUCAO DE FERRO GALVANIZADO, COM ROSCA BSP, DE 3\" X 1 1/4\"","UN    ","AS",218.62]
[{"$nulls":6},39324,"TE DE REDUCAO, CPVC, 22 X 15 MM, PARA AGUA QUENTE PREDIAL","UN    ","AS",4.1500000000000004]
[{"$nulls":6},11379,"TE DE REDUCAO, PVC PBA, BBB, JE, DN 100 X 75 / DE 110 X 85 MM, PARA REDE AGUA (NBR 10351)","UN    ","AS",63.65]
[{"$nulls":6},7128,"TE DE REDUCAO, PVC, SOLDAVEL, 90 GRAUS, 40 MM X 32 MM, PARA AGUA FRIA PREDIAL","UN    ","CR",9.0399999999999991]
[{"$nulls":6},7133,"TE DE REDUCAO, PVC, SOLDAVEL, 90 GRAUS, 85 MM X 60 MM, PARA AGUA FRIA PREDIAL","UN    ","CR",102.61]
[{"$nulls":6},37444,"TE DE SERVICO, PEAD PE 100, DE 125 X 32 MM, PARA ELETROFUSAO","UN    ","AS",204.01]
[{"$nulls":6},37440,"TE DE SERVICO, PEAD PE 100, DE 63 X 20 MM, PARA ELETROFUSAO","UN    ","AS",159.22999999999999]
[{"$nulls":6},39896,"TE DUPLA CURVA BRONZE/LATAO (REF 764) SEM ANEL DE SOLDA, ROSCA F X BOLSA X ROSCA F, 3/4\" X 22 X 3/4\"","UN    ","AS",68.430000000000007]
[{"$nulls":6},39000,"TE MISTURADOR COM INSERTO METALICO, FEMEA, PPR, DN 25 MM X 3/4\", PARA AGUA QUENTE E FRIA PREDIAL","UN    ","AS",29.79]
[{"$nulls":6},38674,"TE MISTURADOR DE TRANSICAO, CPVC, COM ROSCA, 22 MM X 3/4\", PARA AGUA QUENTE","UN    ","AS",28.57]
[{"$nulls":6},38462,"TE NORMAL, PPR, F/F/F, SOLDAVEL, 90 GRAUS, DN 110 X 110 X 110 MM, PARA AGUA QUENTE PREDIAL","UN    ","AS",241.08]
[{"$nulls":6},38458,"TE NORMAL, PPR, F/F/F, SOLDAVEL, 90 GRAUS, DN 50 X 50 X 50 MM, PARA AGUA QUENTE PREDIAL","UN    ","AS",25.02]
[{"$nulls":6},7118,"TE PVC, ROSCAVEL, 90 GRAUS, 1 1/2\", AGUA FRIA PREDIAL","UN    ","CR",26.86]
[{"$nulls":6},7137,"TE PVC, SOLDAVEL, COM BUCHA DE LATAO NA BOLSA CENTRAL, 90 GRAUS, 25 MM X 1/2\", PARA AGUA FRIA PREDIAL","UN    ","CR",10.43]
[{"$nulls":6},7103,"TE PVC, SOLDAVEL, COM ROSCA NA BOLSA CENTRAL, 90 GRAUS, 32 MM X 3/4\", PARA AGUA FRIA PREDIAL","UN    ","CR",14.36]
[{"$nulls":6},38907,"TE ROSCA FEMEA, METALICO, PARA CONEXAO COM ANEL DESLIZANTE, DN 20 MM X 1/2\", EM TUBO PEX PARA INST. AGUA QUENTE/FRIA","UN    ","AS",17.899999999999999]
[{"$nulls":6},37948,"TE SANITARIO, PVC, DN 40 X 40 MM, SERIE NORMAL, PARA ESGOTO PREDIAL","UN    ","CR",3.93]
[{"$nulls":6},7140,"TE SOLDAVEL, PVC, 90 GRAUS, 32 MM, PARA AGUA FRIA PREDIAL (NBR 5648)","UN    ","CR",3.93]
[{"$nulls":6},7142,"TE SOLDAVEL, PVC, 90 GRAUS,50 MM, PARA AGUA FRIA PREDIAL (NBR 5648)","UN    ","CR",10.050000000000001]
[{"$nulls":6},3590,"TE 45 GRAUS DE FERRO GALVANIZADO, COM ROSCA BSP, DE 2 1/2\"","UN    ","AS",288.11]
[{"$nulls":6},40395,"TE 90 GRAUS EM ACO CARBONO, SOLDAVEL, PRESSAO 3.000 LBS, DN 1 1/4\"","UN    ","AS",101.52]
[{"$nulls":6},40393,"TE 90 GRAUS EM ACO CARBONO, SOLDAVEL, PRESSAO 3.000 LBS, DN 3/4\"","UN    ","AS",42.07]
[{"$nulls":6},40399,"TE 90 GRAUS EM ACO CARBONO, SOLDAVEL, PRESSAO 3.000 LBS, DN 3\"","UN    ","AS",694.3]
[{"$nulls":6},41892,"TE, PVC PBA, BBB, 90 GRAUS, DN 100 / DE 110 MM, PARA REDE  AGUA (NBR 10351)","UN    ","AS",94.79]
[{"$nulls":6},20180,"TE, PVC, SERIE R, 150 X 100 MM, PARA ESGOTO PREDIAL","UN    ","CR",91.97]
[{"$nulls":6},7153,"TECNICO EM LABORATORIO E CAMPO DE CONSTRUCAO CIVIL (HORISTA)","H     ","CR",27.3]
[{"$nulls":6},41092,"TECNICO EM SONDAGEM (MENSALISTA)","MES   ","CR",3474.58]
[{"$nulls":6},34550,"TELA DE ACO SOLDADA GALVANIZADA/ZINCADA PARA ALVENARIA, FIO D = *1,20 A 1,70* MM, MALHA 15 X 15 MM, (C X L) *50 X 6* CM","M     ","AS",1.44]
[{"$nulls":6},42406,"TELA DE ACO SOLDADA NERVURADA, CA-60, Q-159, (2,52 KG/M2), DIAMETRO DO FIO = 4,5 MM, LARGURA =  2,45 M, ESPACAMENTO DA MALHA = 10 X 10 CM","M2    ","AS",19.03]
[{"$nulls":6},39509,"TELA DE ACO SOLDADA NERVURADA, CA-60, T-196, (2,11 KG/M2), DIAMETRO DO FIO = 5,0 MM, LARGURA = 2,45 M, ESPACAMENTO DA MALHA = 30 X 10 CM","M2    ","AS",10.71]
[{"$nulls":6},10927,"TELA DE ARAME GALVANIZADA QUADRANGULAR / LOSANGULAR, FIO 2,77 MM (12 BWG), MALHA 8 X 8 CM, H = 2 M","M2    ","CR",38.28]
[{"$nulls":6},10931,"TELA DE ARAME GALVANIZADA, HEXAGONAL, FIO 0,56 MM (24 BWG), MALHA 1/2\", H = 1 M","M2    ","CR",20.43]
[{"$nulls":6},7170,"TELA FACHADEIRA EM POLIETILENO, ROLO DE 3 X 100 M (L X C), COR BRANCA, SEM LOGOMARCA - PARA PROTECAO DE OBRAS","M2    ","AS",2.19]
[{"$nulls":6},40741,"TELHA DE CONCRETO TIPO CLASSICA, COR CINZA, COMPRIMENTO DE *42* CM,  RENDIMENTO DE *10* TELHAS/M2","UN    ","CR",3.21]
[{"$nulls":6},34473,"TELHA DE FIBROCIMENTO E = 8 MM, DE 3,00 X 1,06 M (SEM AMIANTO)","UN    ","CR",172.1]
[{"$nulls":6},34480,"TELHA DE FIBROCIMENTO E = 8 MM, DE 4,10 X 1,06 M (SEM AMIANTO)","UN    ","CR",318.04000000000002]
[{"$nulls":6},7195,"TELHA DE FIBROCIMENTO ONDULADA E = 6 MM, DE 1,53 X 1,10 M (SEM AMIANTO)","UN    ","CR",54.17]
[{"$nulls":6},7193,"TELHA DE FIBROCIMENTO ONDULADA E = 8 MM, DE 1,83 X 1,10 M (SEM AMIANTO)","UN    ","CR",115.83]
[{"$nulls":6},7234,"TELHA ESTRUTURAL DE FIBROCIMENTO 1 ABA, DE 0,52 X 3,60 M (SEM AMIANTO)","UN    ","CR",205.29]
[{"$nulls":6},7212,"TELHA ESTRUTURAL DE FIBROCIMENTO 1 ABA, DE 0,52 X 7,20 M (SEM AMIANTO)","UN    ","CR",357.91]
[{"$nulls":6},34447,"TELHA ESTRUTURAL DE FIBROCIMENTO 2 ABAS, DE 1,00 X 8,20 M (SEM AMIANTO)","UN    ","CR",739.5]
[{"$nulls":6},39521,"TELHA TERMOISOLANTE REVESTIDA EM ACO GALVANIZADO, FACE SUPERIOR EM TELHA TRAPEZOIDAL E FACE INFERIOR EM CHAPA PLANA (SEM ACESSORIOS DE FIXACAO), REVESTIMENTO COM ESPESSURA DE 0,50 MM COM PRE-PINTURA NAS DUAS FACES, NUCLEO EM POLIESTIRENO (EPS) DE 50 MM","M2    ","CR",144.21]
[{"$nulls":6},7246,"TELHA VIDRO TIPO CANAL OU COLONIAL, C = 46 A 50 CM","UN    ","AS",34.36]
[{"$nulls":6},1570,"TERMINAL A COMPRESSAO EM COBRE ESTANHADO PARA CABO 2,5 MM2, 1 FURO E 1 COMPRESSAO, PARA PARAFUSO DE FIXACAO M5","UN    ","CR",1.37]
[{"$nulls":6},1573,"TERMINAL A COMPRESSAO EM COBRE ESTANHADO PARA CABO 6 MM2, 1 FURO E 1 COMPRESSAO, PARA PARAFUSO DE FIXACAO M6","UN    ","CR",2.12]
[{"$nulls":6},39320,"TERMINAL DE VENTILACAO, 75 MM, SERIE NORMAL, ESGOTO PREDIAL","UN    ","CR",18.63]
[{"$nulls":6},1593,"TERMINAL METALICO A PRESSAO PARA 1 CABO DE 185 MM2, COM 1 FURO DE FIXACAO","UN    ","CR",39.19]
[{"$nulls":6},1587,"TERMINAL METALICO A PRESSAO PARA 1 CABO DE 35 MM2, COM 1 FURO DE FIXACAO","UN    ","CR",9.51]
[{"$nulls":6},1545,"TERMINAL METALICO A PRESSAO PARA 1 CABO DE 50 A 70 MM2, COM 2 FUROS PARA FIXACAO","UN    ","CR",90.29]
[{"$nulls":6},1590,"TERMINAL METALICO A PRESSAO PARA 1 CABO DE 95 MM2, COM 1 FURO DE FIXACAO","UN    ","CR",23.7]
[{"$nulls":6},7253,"TERRA VEGETAL (GRANEL)","M3    ","AS",214.28]
[{"$nulls":6},34400,"TIJOLO CERAMICO REFRATARIO 2,5 X 11,4 X 22,9 CM (L X A X C)","UN    ","CR",3.42]
[{"$nulls":6},154,"TINTA / REVESTIMENTO A BASE DE RESINA EPOXI COM ALCATRAO, BICOMPONENTE","L     ","CR",135.66]
[{"$nulls":6},7313,"TINTA ASFALTICA IMPERMEABILIZANTE DILUIDA EM SOLVENTE, PARA MATERIAIS CIMENTICIOS, METAL E MADEIRA","L     ","CR",45.45]
[{"$nulls":6},7311,"TINTA ESMALTE SINTETICO PREMIUM ACETINADO","L     ","CR",28.54]
[{"$nulls":6},43625,"TINTA ESMALTE SINTETICO STANDARD ACETINADO","L     ","CR",22.61]
[{"$nulls":6},43624,"TINTA LATEX ACRILICA SUPER PREMIUM, COR BRANCO FOSCO","L     ","CR",21.42]
[{"$nulls":6},37401,"TOALHEIRO PLASTICO TIPO DISPENSER PARA PAPEL TOALHA INTERFOLHADO","UN    ","CR",82.97]
[{"$nulls":6},38103,"TOMADA RJ11, 2 FIOS (APENAS MODULO)","UN    ","CR",18.41]
[{"$nulls":6},12147,"TOMADA 2P+T 10A, 250V, CONJUNTO MONTADO PARA SOBREPOR 4\" X 2\" (CAIXA + MODULO)","UN    ","CR",15.69]
[{"$nulls":6},40820,"TOPOGRAFO (MENSALISTA)","MES   ","CR",3887.97]
[{"$nulls":6},11829,"TORNEIRA DE BOIA CONVENCIONAL PARA CAIXA D'AGUA, AGUA FRIA, 1/2\", COM HASTE E TORNEIRA METALICOS E BALAO PLASTICO","UN    ","CR",30.48]
[{"$nulls":6},11830,"TORNEIRA DE BOIA CONVENCIONAL PARA CAIXA D'AGUA, AGUA FRIA, 3/4\", COM HASTE E TORNEIRA METALICOS E BALAO PLASTICO","UN    ","CR",32.909999999999997]
[{"$nulls":6},11824,"TORNEIRA DE BOIA VAZAO TOTAL PARA CAIXA D'AGUA, AGUA FRIA, BITOLA 3/4\", COM HASTE E TORNEIRA METALICOS E BALAO PLASTICO","UN    ","CR",54.07]
[{"$nulls":6},11777,"TORNEIRA ELETRICA DE PAREDE, BICA ALTA, PARA COZINHA, 5500 W (110/220 V)","UN    ","CR",164.8]
[{"$nulls":6},36792,"TORNEIRA METALICA CROMADA DE PAREDE LONGA PARA LAVATORIO, COM AREJADOR, ACIONAMENTO ALAVANCA, 1/4 DE VOLTA (REF 1178)","UN    ","CR",288.26]
[{"$nulls":6},11772,"TORNEIRA METALICA CROMADA, DE MESA/BANCADA, PARA COZINHA, BICA MOVEL, COM AREJADOR, 1/2 \" OU 3/4 \" (REF 1167 / 1168)","UN    ","CR",192.49]
[{"$nulls":6},11831,"TORNEIRA PLASTICA PARA TANQUE 1/2 \" OU 3/4 \" COM BICO PARA MANGUEIRA","UN    ","CR",18.940000000000001]
[{"$nulls":6},7618,"TRANSFORMADOR TRIFASICO DE DISTRIBUICAO, POTENCIA DE 1500 KVA, TENSAO NOMINAL DE 15 KV, TENSAO SECUNDARIA DE 220/127V, EM OLEO ISOLANTE TIPO MINERAL","UN    ","CR",171817.9]
[{"$nulls":6},7611,"TRANSFORMADOR TRIFASICO DE DISTRIBUICAO, POTENCIA DE 75 KVA, TENSAO NOMINAL DE 15 KV, TENSAO SECUNDARIA DE 220/127V, EM OLEO ISOLANTE TIPO MINERAL","UN    ","C ",16999]
[{"$nulls":6},25020,"TRATOR DE ESTEIRAS, POTENCIA BRUTA DE 347 HP, PESO OPERACIONAL DE 38,5 T, COM ESCARIFICADOR E LAMINA COM CAPACIDADE DE 4,70M3","UN    ","AS",4061695.76]
[{"$nulls":6},36508,"TRATOR DE ESTEIRAS, POTENCIA NO VOLANTE DE 200 HP, PESO OPERACIONAL DE 20,1 T, COM RODA MOTRIZ ELEVADA E LAMINA COM CAPACIDADE DE 3,89 M3","UN    ","AS",1826705.75]
[{"$nulls":6},7640,"TRATOR DE PNEUS COM POTENCIA DE 85 CV, TRACAO 4 X 4, PESO COM LASTRO DE 4675 KG","UN    ","AS",261345]
[{"$nulls":6},42407,"TRELICA NERVURADA (ESPACADOR), ALTURA = 120,0 MM, DIAMETRO DOS BANZOS INFERIORES E SUPERIOR = 6,0 MM, DIAMETRO DA DIAGONAL = 4,2 MM","M     ","AS",5.43]
[{"$nulls":6},11581,"TRILHO PANTOGRAFICO CONCAVO, TIPO U, EM ALUMINIO, COM DIMENSOES DE APROX *35 X 35* MM, PARA ROLDANA DE PORTA DE CORRER","M     ","CR",21.67]
[{"$nulls":6},43605,"TRILHO PANTOGRAFICO RETO, EM ALUMINIO, TIPO U, COM DIMENSOES DE *38 X 38* MM PARA PORTA DE CORRER","M     ","CR",44.35]
[{"$nulls":6},11580,"TRILHO QUADRADO FRIZADO PARA RODIZIO (VERGALHAO MACICO), EM ALUMINIO, COM DIMENSOES DE *6 X 6* MM","M     ","CR",8.69]
[{"$nulls":6},10743,"TROLEY MANUAL CAPACIDADE 1 T","UN    ","AS",655.66]
[{"$nulls":6},39848,"TUBO / MANGUEIRA PRETA EM POLIETILENO, LINHA PESADA OU REFORCADA, TIPO ESPAGUETE, PARA INJECAO DE CALDA DE CIMENTO, D = 1/2\", ESPESSURA 1,5 MM","M     ","AS",1.9]
[{"$nulls":6},20999,"TUBO ACO CARBONO COM COSTURA, NBR 5580, CLASSE L, DN = 15 MM, E = 2,25 MM, 1,06 KG/M","M     ","AS",11.67]
[{"$nulls":6},21001,"TUBO ACO CARBONO COM COSTURA, NBR 5580, CLASSE L, DN = 25 MM, E = 2,65 MM, 2,02 KG/M","M     ","AS",21.78]
[{"$nulls":6},21003,"TUBO ACO CARBONO COM COSTURA, NBR 5580, CLASSE L, DN = 40 MM, E = 3,0 MM, 3,34 KG/M","M     ","AS",35.79]
[{"$nulls":6},21006,"TUBO ACO CARBONO COM COSTURA, NBR 5580, CLASSE L, DN = 80 MM, E = 3,35 MM, 7,07 KG/M","M     ","AS",75.95]
[{"$nulls":6},21019,"TUBO ACO CARBONO COM COSTURA, NBR 5580, CLASSE M, DN = 25 MM, E = 3,35 MM, *2,50* KG//M","M     ","AS",26.4]
[{"$nulls":6},21021,"TUBO ACO CARBONO COM COSTURA, NBR 5580, CLASSE M, DN = 40 MM, E = 3,35 MM, *3,71* KG//M","M     ","AS",41.74]
[{"$nulls":6},21024,"TUBO ACO CARBONO COM COSTURA, NBR 5580, CLASSE M, DN = 80 MM, E = 4,05 MM, *8,47* KG/M","M     ","AS",89.42]
[{"$nulls":6},40624,"TUBO ACO CARBONO SEM COSTURA 1 1/2\", E= *3,68 MM, SCHEDULE 40, 4,05 KG/M","M     ","AS",97.26]
[{"$nulls":6},42575,"TUBO ACO CARBONO SEM COSTURA 1 1/4\", E= *3,56 MM, SCHEDULE 40, *3,38* KG/M","M     ","AS",89.25]
[{"$nulls":6},13127,"TUBO ACO CARBONO SEM COSTURA 1/2\", E= *2,77 MM, SCHEDULE 40, *1,27 KG/M","M     ","AS",43.38]
[{"$nulls":6},13137,"TUBO ACO CARBONO SEM COSTURA 1/2\", E= *3,73 MM, SCHEDULE 80, *1,62 KG/M","M     ","AS",57.57]
[{"$nulls":6},42574,"TUBO ACO CARBONO SEM COSTURA 1\", E= *3,38 MM, SCHEDULE 40, *2,50* KG/M","M     ","AS",66.599999999999994]
[{"$nulls":6},20989,"TUBO ACO CARBONO SEM COSTURA 14\", E= *11,13 MM, SCHEDULE 40, *94,55 KG/M","M     ","AS",2062.4]
[{"$nulls":6},21147,"TUBO ACO CARBONO SEM COSTURA 2 1/2\", E = 5,16 MM, SCHEDULE 40 (8,62 KG/M)","M     ","AS",193.37]
[{"$nulls":6},21148,"TUBO ACO CARBONO SEM COSTURA 2\", E= *3,91* MM, SCHEDULE 40, *5,43* KG/M","M     ","AS",119.35]
[{"$nulls":6},20984,"TUBO ACO CARBONO SEM COSTURA 20\", E= *12,70 MM, SCHEDULE 30, *154,97 KG/M","M     ","AS",3957.34]
[{"$nulls":6},13042,"TUBO ACO CARBONO SEM COSTURA 20\", E= *6,35 MM,  SCHEDULE 10, *78,46 KG/M","M     ","AS",2192.9499999999998]
[{"$nulls":6},21150,"TUBO ACO CARBONO SEM COSTURA 3/4\", E= *2,87 MM, SCHEDULE 40, *1,69 KG/M","M     ","AS",59.18]
[{"$nulls":6},13141,"TUBO ACO CARBONO SEM COSTURA 3/4\", E= *3,91 MM, SCHEDULE 80, *2,19 KG/M.","M     ","AS",74.56]
[{"$nulls":6},42576,"TUBO ACO CARBONO SEM COSTURA 3\", E= *5,49 MM, SCHEDULE 40, *11,28* KG/M","M     ","AS",243.45]
[{"$nulls":6},21151,"TUBO ACO CARBONO SEM COSTURA 4\", E= *6,02 MM, SCHEDULE 40, *16,06 KG/M","M     ","AS",354.23]
[{"$nulls":6},13142,"TUBO ACO CARBONO SEM COSTURA 4\", E= *8,56 MM, SCHEDULE 80, *22,31 KG/M","M     ","AS",506.4]
[{"$nulls":6},42577,"TUBO ACO CARBONO SEM COSTURA 5\", E= *6,55 MM, SCHEDULE 40, *21,75* KG/M","M     ","AS",555.66]
[{"$nulls":6},20994,"TUBO ACO CARBONO SEM COSTURA 6\", E= *10,97 MM, SCHEDULE 80, *42,56 KG/M","M     ","AS",954.78]
[{"$nulls":6},7672,"TUBO ACO CARBONO SEM COSTURA 6\", E= 7,11 MM,  SCHEDULE 40, *28,26 KG/M","M     ","AS",625.49]
[{"$nulls":6},20995,"TUBO ACO CARBONO SEM COSTURA 8\", E= *12,70 MM, SCHEDULE 80, *64,64 KG/M","M     ","AS",1254.76]
[{"$nulls":6},7690,"TUBO ACO CARBONO SEM COSTURA 8\", E= *6,35 MM,  SCHEDULE 20, *33,27 KG/M","M     ","AS",725.71]
[{"$nulls":6},20980,"TUBO ACO CARBONO SEM COSTURA 8\", E= *7,04 MM, SCHEDULE 30, *36,75 KG/M","M     ","AS",791.69]
[{"$nulls":6},7661,"TUBO ACO CARBONO SEM COSTURA 8\", E= *8,18 MM, SCHEDULE 40, *42,55 KG/M","M     ","AS",941.78]
[{"$nulls":6},21016,"TUBO ACO GALVANIZADO COM COSTURA, CLASSE LEVE, DN 100 MM ( 4\"),  E = 3,75 MM,  *10,55* KG/M (NBR 5580)","M     ","AS",153.46]
[{"$nulls":6},21008,"TUBO ACO GALVANIZADO COM COSTURA, CLASSE LEVE, DN 15 MM ( 1/2\"),  E = 2,25 MM,  *1,2* KG/M (NBR 5580)","M     ","AS",17.93]
[{"$nulls":6},21009,"TUBO ACO GALVANIZADO COM COSTURA, CLASSE LEVE, DN 20 MM ( 3/4\"),  E = 2,25 MM,  *1,3* KG/M (NBR 5580)","M     ","AS",23.34]
[{"$nulls":6},21010,"TUBO ACO GALVANIZADO COM COSTURA, CLASSE LEVE, DN 25 MM ( 1\"),  E = 2,65 MM,  *2,11* KG/M (NBR 5580)","M     ","AS",31.34]
[{"$nulls":6},21011,"TUBO ACO GALVANIZADO COM COSTURA, CLASSE LEVE, DN 32 MM ( 1 1/4\"),  E = 2,65 MM,  *2,71* KG/M (NBR 5580)","M     ","AS",45.68]
[{"$nulls":6},21012,"TUBO ACO GALVANIZADO COM COSTURA, CLASSE LEVE, DN 40 MM ( 1 1/2\"),  E = 3,00 MM,  *3,48* KG/M (NBR 5580)","M     ","AS",50.47]
[{"$nulls":6},21013,"TUBO ACO GALVANIZADO COM COSTURA, CLASSE LEVE, DN 50 MM ( 2\"),  E = 3,00 MM,  *4,40* KG/M (NBR 5580)","M     ","AS",65.87]
[{"$nulls":6},21014,"TUBO ACO GALVANIZADO COM COSTURA, CLASSE LEVE, DN 65 MM ( 2 1/2\"),  E = 3,35 MM, * 6,23* KG/M (NBR 5580)","M     ","AS",92.16]
[{"$nulls":6},21015,"TUBO ACO GALVANIZADO COM COSTURA, CLASSE LEVE, DN 80 MM ( 3\"),  E = 3,35 MM, *7,32* KG/M (NBR 5580)","M     ","AS",105.89]
[{"$nulls":6},7697,"TUBO ACO GALVANIZADO COM COSTURA, CLASSE MEDIA, DN 1.1/2\", E = *3,25* MM, PESO *3,61* KG/M (NBR 5580)","M     ","AS",50.53]
[{"$nulls":6},7698,"TUBO ACO GALVANIZADO COM COSTURA, CLASSE MEDIA, DN 1.1/4\", E = *3,25* MM, PESO *3,14* KG/M (NBR 5580)","M     ","AS",43.49]
[{"$nulls":6},7691,"TUBO ACO GALVANIZADO COM COSTURA, CLASSE MEDIA, DN 1/2\", E = *2,65* MM, PESO *1,22* KG/M (NBR 5580)","M     ","AS",18.38]
[{"$nulls":6},40626,"TUBO ACO GALVANIZADO COM COSTURA, CLASSE MEDIA, DN 1\", E = 3,38 MM, PESO 2,50 KG/M (NBR 5580)","M     ","AS",34.49]
[{"$nulls":6},7701,"TUBO ACO GALVANIZADO COM COSTURA, CLASSE MEDIA, DN 2.1/2\", E = *3,65* MM, PESO *6,51* KG/M (NBR 5580)","M     ","AS",90.42]
[{"$nulls":6},7696,"TUBO ACO GALVANIZADO COM COSTURA, CLASSE MEDIA, DN 2\", E = *3,65* MM, PESO *5,10* KG/M (NBR 5580)","M     ","AS",72.86]
[{"$nulls":6},7700,"TUBO ACO GALVANIZADO COM COSTURA, CLASSE MEDIA, DN 3/4\", E = *2,65* MM, PESO *1,58* KG/M (NBR 5580)","M     ","AS",23.24]
[{"$nulls":6},7694,"TUBO ACO GALVANIZADO COM COSTURA, CLASSE MEDIA, DN 3\", E = *4,05* MM, PESO *8,47* KG/M (NBR 5580)","M     ","AS",121.68]
[{"$nulls":6},7693,"TUBO ACO GALVANIZADO COM COSTURA, CLASSE MEDIA, DN 4\", E = 4,50* MM, PESO 12,10* KG/M (NBR 5580)","M     ","AS",167.57]
[{"$nulls":6},7692,"TUBO ACO GALVANIZADO COM COSTURA, CLASSE MEDIA, DN 5\", E = *5,40* MM, PESO *17,80* KG/M (NBR 5580)","M     ","AS",250.89]
[{"$nulls":6},7695,"TUBO ACO GALVANIZADO COM COSTURA, CLASSE MEDIA, DN 6\", E = 4,85* MM, PESO 19,68* KG/M (NBR 5580)","M     ","AS",272.10000000000002]
[{"$nulls":6},13356,"TUBO ACO INDUSTRIAL DN 2\" (50,8 MM) E=1,50MM, PESO= 1,8237 KG/M","M     ","AS",19.73]
[{"$nulls":6},36365,"TUBO COLETOR DE ESGOTO PVC, JEI, DN 100 MM (NBR  7362)","M     ","CR",42.63]
[{"$nulls":6},41930,"TUBO COLETOR DE ESGOTO PVC, JEI, DN 200 MM (NBR 7362)","M     ","CR",142]
[{"$nulls":6},41931,"TUBO COLETOR DE ESGOTO PVC, JEI, DN 250 MM (NBR 7362)","M     ","CR",222.4]
[{"$nulls":6},41932,"TUBO COLETOR DE ESGOTO PVC, JEI, DN 300 MM (NBR 7362)","M     ","CR",342.32]
[{"$nulls":6},41933,"TUBO COLETOR DE ESGOTO PVC, JEI, DN 350 MM (NBR 7362)","M     ","CR",483.77]
[{"$nulls":6},41934,"TUBO COLETOR DE ESGOTO PVC, JEI, DN 400 MM (NBR 7362)","M     ","CR",563.41]
[{"$nulls":6},41936,"TUBO COLETOR DE ESGOTO, PVC, JEI, DN 150 MM  (NBR 7362)","M     ","CR",83.61]
[{"$nulls":6},44812,"TUBO CORRUGADO PEAD, PAREDE DUPLA, INTERNA LISA, JEI DN/DI 500 MM (DRENAGEM/ESGOTO)","M     ","CR",418.34]
[{"$nulls":6},41785,"TUBO CORRUGADO PEAD, PAREDE DUPLA, INTERNA LISA, JEI, DN/DI *1000* MM, PARA SANEAMENTO (DRENAGEM/ESGOTO)","M     ","CR",1550.33]
[{"$nulls":6},41781,"TUBO CORRUGADO PEAD, PAREDE DUPLA, INTERNA LISA, JEI, DN/DI *400* MM, PARA SANEAMENTO (DRENAGEM/ESGOTO)","M     ","CR",279.93]
[{"$nulls":6},41783,"TUBO CORRUGADO PEAD, PAREDE DUPLA, INTERNA LISA, JEI, DN/DI *800* MM, PARA SANEAMENTO (DRENAGEM/ESGOTO)","M     ","CR",1006.39]
[{"$nulls":6},41786,"TUBO CORRUGADO PEAD, PAREDE DUPLA, INTERNA LISA, JEI, DN/DI 1200 MM, PARA SANEAMENTO (DRENAGEM/ESGOTO)","M     ","CR",2142.65]
[{"$nulls":6},41779,"TUBO CORRUGADO PEAD, PAREDE DUPLA, INTERNA LISA, JEI, DN/DI 250 MM, PARA SANEAMENTO (DRENAGEM/ESGOTO)","M     ","CR",110.25]
[{"$nulls":6},41780,"TUBO CORRUGADO PEAD, PAREDE DUPLA, INTERNA LISA, JEI, DN/DI 300 MM, PARA SANEAMENTO (DRENAGEM/ESGOTO)","M     ","CR",172.72]
[{"$nulls":6},41782,"TUBO CORRUGADO PEAD, PAREDE DUPLA, INTERNA LISA, JEI, DN/DI 600 MM, PARA SANEAMENTO (DRENAGEM/ESGOTO)","M     ","CR",618.73]
[{"$nulls":6},38130,"TUBO CPVC SOLDAVEL, 35 MM, AGUA QUENTE PREDIAL (NBR 15884)","M     ","AS",34.6]
[{"$nulls":6},44260,"TUBO CPVC, SOLDAVEL, 114 MM, AGUA QUENTE (NBR 15884)","M     ","AS",327.52]
[{"$nulls":6},21123,"TUBO CPVC, SOLDAVEL, 15 MM, AGUA QUENTE PREDIAL (NBR 15884)","M     ","AS",9.6300000000000008]
[{"$nulls":6},21124,"TUBO CPVC, SOLDAVEL, 22 MM, AGUA QUENTE PREDIAL (NBR 15884)","M     ","AS",15.38]
[{"$nulls":6},21125,"TUBO CPVC, SOLDAVEL, 28 MM, AGUA QUENTE PREDIAL (NBR 15884)","M     ","AS",26.49]
[{"$nulls":6},38028,"TUBO CPVC, SOLDAVEL, 42 MM, AGUA QUENTE PREDIAL (NBR 15884)","M     ","AS",46.32]
[{"$nulls":6},38029,"TUBO CPVC, SOLDAVEL, 54 MM, AGUA QUENTE PREDIAL (NBR 15884)","M     ","AS",67.8]
[{"$nulls":6},38030,"TUBO CPVC, SOLDAVEL, 73 MM, AGUA QUENTE PREDIAL (NBR 15884)","M     ","AS",109.64]
[{"$nulls":6},38031,"TUBO CPVC, SOLDAVEL, 89 MM, AGUA QUENTE PREDIAL (NBR 15884)","M     ","AS",172.09]
[{"$nulls":6},39735,"TUBO DE BORRACHA ELASTOMERICA FLEXIVEL, PRETA, PARA ISOLAMENTO TERMICO DE TUBULACAO, DN 1 1/8\" (28 MM), E= 32 MM, COEFICIENTE DE CONDUTIVIDADE TERMICA 0,036W/mK, VAPOR DE AGUA MAIOR OU IGUAL A 10.000","M     ","CR",113.58]
[{"$nulls":6},39734,"TUBO DE BORRACHA ELASTOMERICA FLEXIVEL, PRETA, PARA ISOLAMENTO TERMICO DE TUBULACAO, DN 1 3/8\" (35 MM), E= 32 MM, COEFICIENTE DE CONDUTIVIDADE TERMICA 0,036W/mK, VAPOR DE AGUA MAIOR OU IGUAL A 10.000","M     ","CR",134.72]
[{"$nulls":6},39736,"TUBO DE BORRACHA ELASTOMERICA FLEXIVEL, PRETA, PARA ISOLAMENTO TERMICO DE TUBULACAO, DN 1 5/8\" (42 MM), E= 32 MM, COEFICIENTE DE CONDUTIVIDADE TERMICA 0,036W/mK, VAPOR DE AGUA MAIOR OU IGUAL A 10.000","M     ","CR",153.75]
[{"$nulls":6},39737,"TUBO DE BORRACHA ELASTOMERICA FLEXIVEL, PRETA, PARA ISOLAMENTO TERMICO DE TUBULACAO, DN 1/2\" (12 MM), E= 19 MM, COEFICIENTE DE CONDUTIVIDADE TERMICA 0,036W/mK, VAPOR DE AGUA MAIOR OU IGUAL A 10.000","M     ","CR",20.68]
[{"$nulls":6},39738,"TUBO DE BORRACHA ELASTOMERICA FLEXIVEL, PRETA, PARA ISOLAMENTO TERMICO DE TUBULACAO, DN 1/4\" (6 MM), E= 9 MM, COEFICIENTE DE CONDUTIVIDADE TERMICA 0,036W/mK, VAPOR DE AGUA MAIOR OU IGUAL A 10.000","M     ","CR",7.48]
[{"$nulls":6},39739,"TUBO DE BORRACHA ELASTOMERICA FLEXIVEL, PRETA, PARA ISOLAMENTO TERMICO DE TUBULACAO, DN 1\" (25 MM), E= 32 MM, COEFICIENTE DE CONDUTIVIDADE TERMICA 0,036W/mK, VAPOR DE AGUA MAIOR OU IGUAL A 10.000","M     ","CR",106.32]
[{"$nulls":6},39733,"TUBO DE BORRACHA ELASTOMERICA FLEXIVEL, PRETA, PARA ISOLAMENTO TERMICO DE TUBULACAO, DN 2 1/8\" (54 MM), E= 32 MM, COEFICIENTE DE CONDUTIVIDADE TERMICA 0,036W/mK, VAPOR DE AGUA MAIOR OU IGUAL A 10.000","M     ","CR",183.99]
[{"$nulls":6},39854,"TUBO DE BORRACHA ELASTOMERICA FLEXIVEL, PRETA, PARA ISOLAMENTO TERMICO DE TUBULACAO, DN 2 5/8\" (*64* MM), E= *32* MM, COEFICIENTE DE CONDUTIVIDADE TERMICA 0,036W/MK, VAPOR DE AGUA MAIOR OU IGUAL A 10.000","M     ","CR",186.6]
[{"$nulls":6},39740,"TUBO DE BORRACHA ELASTOMERICA FLEXIVEL, PRETA, PARA ISOLAMENTO TERMICO DE TUBULACAO, DN 3/4\" (18 MM), E= 32 MM, COEFICIENTE DE CONDUTIVIDADE TERMICA 0,036W/mK, VAPOR DE AGUA MAIOR OU IGUAL A 10.000","M     ","CR",102.1]
[{"$nulls":6},39741,"TUBO DE BORRACHA ELASTOMERICA FLEXIVEL, PRETA, PARA ISOLAMENTO TERMICO DE TUBULACAO, DN 3/8\" (10 MM), E= 19 MM, COEFICIENTE DE CONDUTIVIDADE TERMICA 0,036W/mK, VAPOR DE AGUA MAIOR OU IGUAL A 10.000","M     ","CR",18.809999999999999]
[{"$nulls":6},39853,"TUBO DE BORRACHA ELASTOMERICA FLEXIVEL, PRETA, PARA ISOLAMENTO TERMICO DE TUBULACAO, DN 5/8\" (15 MM), E= 19 MM, COEFICIENTE DE CONDUTIVIDADE TERMICA 0,036W/MK, VAPOR DE AGUA MAIOR OU IGUAL A 10.000","M     ","CR",24.71]
[{"$nulls":6},39742,"TUBO DE BORRACHA ELASTOMERICA FLEXIVEL, PRETA, PARA ISOLAMENTO TERMICO DE TUBULACAO, DN 7/8\" (22 MM), E= 32 MM, COEFICIENTE DE CONDUTIVIDADE TERMICA 0,036W/mK, VAPOR DE AGUA MAIOR OU IGUAL A 10.000","M     ","CR",82.07]
[{"$nulls":6},39749,"TUBO DE COBRE CLASSE \"A\", DN = 1 \" (28 MM), PARA INSTALACOES DE MEDIA PRESSAO PARA GASES COMBUSTIVEIS E MEDICINAIS","M     ","AS",90.22]
[{"$nulls":6},39751,"TUBO DE COBRE CLASSE \"A\", DN = 1 1/2 \" (42 MM), PARA INSTALACOES DE MEDIA PRESSAO PARA GASES COMBUSTIVEIS E MEDICINAIS","M     ","AS",163.94]
[{"$nulls":6},39750,"TUBO DE COBRE CLASSE \"A\", DN = 1 1/4 \" (35 MM), PARA INSTALACOES DE MEDIA PRESSAO PARA GASES COMBUSTIVEIS E MEDICINAIS","M     ","AS",136.26]
[{"$nulls":6},39747,"TUBO DE COBRE CLASSE \"A\", DN = 1/2 \" (15 MM), PARA INSTALACOES DE MEDIA PRESSAO PARA GASES COMBUSTIVEIS E MEDICINAIS","M     ","AS",43.83]
[{"$nulls":6},39753,"TUBO DE COBRE CLASSE \"A\", DN = 2 1/2 \" (66 MM), PARA INSTALACOES DE MEDIA PRESSAO PARA GASES COMBUSTIVEIS E MEDICINAIS","M     ","AS",301.77999999999997]
[{"$nulls":6},39754,"TUBO DE COBRE CLASSE \"A\", DN = 3 \" (79 MM), PARA INSTALACOES DE MEDIA PRESSAO PARA GASES COMBUSTIVEIS E MEDICINAIS","M     ","AS",444.6]
[{"$nulls":6},39748,"TUBO DE COBRE CLASSE \"A\", DN = 3/4 \" (22 MM), PARA INSTALACOES DE MEDIA PRESSAO PARA GASES COMBUSTIVEIS E MEDICINAIS","M     ","AS",70.92]
[{"$nulls":6},39755,"TUBO DE COBRE CLASSE \"A\", DN = 4 \" (104 MM), PARA INSTALACOES DE MEDIA PRESSAO PARA GASES COMBUSTIVEIS E MEDICINAIS","M     ","AS",674.12]
[{"$nulls":6},12742,"TUBO DE COBRE CLASSE \"E\", DN = 104 MM, PARA INSTALACAO HIDRAULICA PREDIAL","M     ","AS",533.78]
[{"$nulls":6},12713,"TUBO DE COBRE CLASSE \"E\", DN = 15 MM, PARA INSTALACAO HIDRAULICA PREDIAL","M     ","AS",28.31]
[{"$nulls":6},12743,"TUBO DE COBRE CLASSE \"E\", DN = 22 MM, PARA INSTALACAO HIDRAULICA PREDIAL","M     ","AS",48.7]
[{"$nulls":6},12744,"TUBO DE COBRE CLASSE \"E\", DN = 28 MM, PARA INSTALACAO HIDRAULICA PREDIAL","M     ","AS",61.8]
[{"$nulls":6},12745,"TUBO DE COBRE CLASSE \"E\", DN = 35 MM, PARA INSTALACAO HIDRAULICA PREDIAL","M     ","AS",89.75]
[{"$nulls":6},12746,"TUBO DE COBRE CLASSE \"E\", DN = 42 MM, PARA INSTALACAO HIDRAULICA PREDIAL","M     ","AS",121.2]
[{"$nulls":6},12747,"TUBO DE COBRE CLASSE \"E\", DN = 54 MM, PARA INSTALACAO HIDRAULICA PREDIAL","M     ","AS",175.77]
[{"$nulls":6},12748,"TUBO DE COBRE CLASSE \"E\", DN = 66 MM, PARA INSTALACAO HIDRAULICA PREDIAL","M     ","AS",247.63]
[{"$nulls":6},12749,"TUBO DE COBRE CLASSE \"E\", DN = 79 MM, PARA INSTALACAO HIDRAULICA PREDIAL","M     ","AS",362]
[{"$nulls":6},39726,"TUBO DE COBRE CLASSE \"I\", DN = 1 \" (28 MM), PARA INSTALACOES INDUSTRIAIS DE ALTA PRESSAO E VAPOR","M     ","AS",118.9]
[{"$nulls":6},39728,"TUBO DE COBRE CLASSE \"I\", DN = 1 1/2 \" (42 MM), PARA INSTALACOES INDUSTRIAIS DE ALTA PRESSAO E VAPOR","M     ","AS",208.97]
[{"$nulls":6},39727,"TUBO DE COBRE CLASSE \"I\", DN = 1 1/4 \" (35 MM), PARA INSTALACOES INDUSTRIAIS DE ALTA PRESSAO E VAPOR","M     ","AS",171.97]
[{"$nulls":6},39724,"TUBO DE COBRE CLASSE \"I\", DN = 1/2 \" (15 MM), PARA INSTALACOES INDUSTRIAIS DE ALTA PRESSAO E VAPOR","M     ","AS",52.65]
[{"$nulls":6},39729,"TUBO DE COBRE CLASSE \"I\", DN = 2 \" (54 MM), PARA INSTALACOES INDUSTRIAIS DE ALTA PRESSAO E VAPOR","M     ","AS",289.39]
[{"$nulls":6},39730,"TUBO DE COBRE CLASSE \"I\", DN = 2 1/2 \" (66 MM), PARA INSTALACOES INDUSTRIAIS DE ALTA PRESSAO E VAPOR","M     ","AS",375.47]
[{"$nulls":6},39731,"TUBO DE COBRE CLASSE \"I\", DN = 3 \" (79 MM), PARA INSTALACOES INDUSTRIAIS DE ALTA PRESSAO E VAPOR","M     ","AS",556.09]
[{"$nulls":6},39725,"TUBO DE COBRE CLASSE \"I\", DN = 3/4 \" (22 MM), PARA INSTALACOES INDUSTRIAIS DE ALTA PRESSAO E VAPOR","M     ","AS",85.82]
[{"$nulls":6},39732,"TUBO DE COBRE CLASSE \"I\", DN = 4\" (104 MM), PARA INSTALACOES INDUSTRIAIS DE ALTA PRESSAO E VAPOR","M     ","AS",818.54]
[{"$nulls":6},39660,"TUBO DE COBRE FLEXIVEL, D = 1/2 \", E = 0,79 MM, PARA AR-CONDICIONADO/ INSTALACOES GAS RESIDENCIAIS E COMERCIAIS","M     ","AS",37.299999999999997]
[{"$nulls":6},39662,"TUBO DE COBRE FLEXIVEL, D = 1/4 \", E = 0,79 MM, PARA AR-CONDICIONADO/ INSTALACOES GAS RESIDENCIAIS E COMERCIAIS","M     ","AS",17.88]
[{"$nulls":6},39661,"TUBO DE COBRE FLEXIVEL, D = 3/16 \", E = 0,79 MM, PARA AR-CONDICIONADO/ INSTALACOES GAS RESIDENCIAIS E COMERCIAIS","M     ","AS",12.19]
[{"$nulls":6},39666,"TUBO DE COBRE FLEXIVEL, D = 3/4 \", E = 0,79 MM, PARA AR-CONDICIONADO/ INSTALACOES GAS RESIDENCIAIS E COMERCIAIS","M     ","AS",56.11]
[{"$nulls":6},39664,"TUBO DE COBRE FLEXIVEL, D = 3/8 \", E = 0,79 MM, PARA AR-CONDICIONADO/ INSTALACOES GAS RESIDENCIAIS E COMERCIAIS","M     ","AS",27.5]
[{"$nulls":6},39663,"TUBO DE COBRE FLEXIVEL, D = 5/16 \", E = 0,79 MM, PARA AR-CONDICIONADO/ INSTALACOES GAS RESIDENCIAIS E COMERCIAIS","M     ","AS",21.98]
[{"$nulls":6},39665,"TUBO DE COBRE FLEXIVEL, D = 5/8 \", E = 0,79 MM, PARA AR-CONDICIONADO/ INSTALACOES GAS RESIDENCIAIS E COMERCIAIS","M     ","AS",46.39]
[{"$nulls":6},39752,"TUBO DE COBRE, CLASSE \"A\", DN = 2\" (54 MM), PARA INSTALACOES DE MEDIA PRESSAO PARA GASES COMBUSTIVEIS E MEDICINAIS","M     ","AS",233.27]
[{"$nulls":6},7725,"TUBO DE CONCRETO ARMADO PARA AGUAS PLUVIAIS, CLASSE PA-1, COM ENCAIXE PONTA E BOLSA, DIAMETRO NOMINAL DE = 600 MM","M     ","AS",214.93]
[{"$nulls":6},7753,"TUBO DE CONCRETO ARMADO PARA AGUAS PLUVIAIS, CLASSE PA-1, COM ENCAIXE PONTA E BOLSA, DIAMETRO NOMINAL DE 1000 MM","M     ","AS",419.02]
[{"$nulls":6},13256,"TUBO DE CONCRETO ARMADO PARA AGUAS PLUVIAIS, CLASSE PA-1, COM ENCAIXE PONTA E BOLSA, DIAMETRO NOMINAL DE 1100 MM","M     ","AS",586.99]
[{"$nulls":6},7757,"TUBO DE CONCRETO ARMADO PARA AGUAS PLUVIAIS, CLASSE PA-1, COM ENCAIXE PONTA E BOLSA, DIAMETRO NOMINAL DE 1200 MM","M     ","AS",625.82000000000005]
[{"$nulls":6},7758,"TUBO DE CONCRETO ARMADO PARA AGUAS PLUVIAIS, CLASSE PA-1, COM ENCAIXE PONTA E BOLSA, DIAMETRO NOMINAL DE 1500 MM","M     ","AS",906.67]
[{"$nulls":6},7759,"TUBO DE CONCRETO ARMADO PARA AGUAS PLUVIAIS, CLASSE PA-1, COM ENCAIXE PONTA E BOLSA, DIAMETRO NOMINAL DE 2000 MM","M     ","AS",2512.4]
[{"$nulls":6},40334,"TUBO DE CONCRETO ARMADO PARA AGUAS PLUVIAIS, CLASSE PA-1, COM ENCAIXE PONTA E BOLSA, DIAMETRO NOMINAL DE 300 MM","M     ","AS",98.43]
[{"$nulls":6},7745,"TUBO DE CONCRETO ARMADO PARA AGUAS PLUVIAIS, CLASSE PA-1, COM ENCAIXE PONTA E BOLSA, DIAMETRO NOMINAL DE 400 MM","M     ","AS",111.07]
[{"$nulls":6},7714,"TUBO DE CONCRETO ARMADO PARA AGUAS PLUVIAIS, CLASSE PA-1, COM ENCAIXE PONTA E BOLSA, DIAMETRO NOMINAL DE 500 MM","M     ","AS",132.75]
[{"$nulls":6},7742,"TUBO DE CONCRETO ARMADO PARA AGUAS PLUVIAIS, CLASSE PA-1, COM ENCAIXE PONTA E BOLSA, DIAMETRO NOMINAL DE 700 MM","M     ","AS",292.95]
[{"$nulls":6},7750,"TUBO DE CONCRETO ARMADO PARA AGUAS PLUVIAIS, CLASSE PA-1, COM ENCAIXE PONTA E BOLSA, DIAMETRO NOMINAL DE 800 MM","M     ","AS",357.61]
[{"$nulls":6},7756,"TUBO DE CONCRETO ARMADO PARA AGUAS PLUVIAIS, CLASSE PA-1, COM ENCAIXE PONTA E BOLSA, DIAMETRO NOMINAL DE 900 MM","M     ","AS",410.89]
[{"$nulls":6},7765,"TUBO DE CONCRETO ARMADO PARA AGUAS PLUVIAIS, CLASSE PA-2, COM ENCAIXE PONTA E BOLSA, DIAMETRO NOMINAL DE 1000 MM","M     ","AS",460.56]
[{"$nulls":6},12569,"TUBO DE CONCRETO ARMADO PARA AGUAS PLUVIAIS, CLASSE PA-2, COM ENCAIXE PONTA E BOLSA, DIAMETRO NOMINAL DE 1100 MM","M     ","AS",635.75]
[{"$nulls":6},7766,"TUBO DE CONCRETO ARMADO PARA AGUAS PLUVIAIS, CLASSE PA-2, COM ENCAIXE PONTA E BOLSA, DIAMETRO NOMINAL DE 1200 MM","M     ","AS",675.49]
[{"$nulls":6},7767,"TUBO DE CONCRETO ARMADO PARA AGUAS PLUVIAIS, CLASSE PA-2, COM ENCAIXE PONTA E BOLSA, DIAMETRO NOMINAL DE 1500 MM","M     ","AS",969.89]
[{"$nulls":6},7727,"TUBO DE CONCRETO ARMADO PARA AGUAS PLUVIAIS, CLASSE PA-2, COM ENCAIXE PONTA E BOLSA, DIAMETRO NOMINAL DE 2000 MM","M     ","AS",2817.56]
[{"$nulls":6},7760,"TUBO DE CONCRETO ARMADO PARA AGUAS PLUVIAIS, CLASSE PA-2, COM ENCAIXE PONTA E BOLSA, DIAMETRO NOMINAL DE 300 MM","M     ","AS",111.98]
[{"$nulls":6},7761,"TUBO DE CONCRETO ARMADO PARA AGUAS PLUVIAIS, CLASSE PA-2, COM ENCAIXE PONTA E BOLSA, DIAMETRO NOMINAL DE 400 MM","M     ","AS",117.39]
[{"$nulls":6},7752,"TUBO DE CONCRETO ARMADO PARA AGUAS PLUVIAIS, CLASSE PA-2, COM ENCAIXE PONTA E BOLSA, DIAMETRO NOMINAL DE 500 MM","M     ","AS",142.68]
[{"$nulls":6},7762,"TUBO DE CONCRETO ARMADO PARA AGUAS PLUVIAIS, CLASSE PA-2, COM ENCAIXE PONTA E BOLSA, DIAMETRO NOMINAL DE 600 MM","M     ","AS",186.48]
[{"$nulls":6},7722,"TUBO DE CONCRETO ARMADO PARA AGUAS PLUVIAIS, CLASSE PA-2, COM ENCAIXE PONTA E BOLSA, DIAMETRO NOMINAL DE 700 MM","M     ","AS",285.36]
[{"$nulls":6},7763,"TUBO DE CONCRETO ARMADO PARA AGUAS PLUVIAIS, CLASSE PA-2, COM ENCAIXE PONTA E BOLSA, DIAMETRO NOMINAL DE 800 MM","M     ","AS",347.68]
[{"$nulls":6},7764,"TUBO DE CONCRETO ARMADO PARA AGUAS PLUVIAIS, CLASSE PA-2, COM ENCAIXE PONTA E BOLSA, DIAMETRO NOMINAL DE 900 MM","M     ","AS",415.41]
[{"$nulls":6},12572,"TUBO DE CONCRETO ARMADO PARA AGUAS PLUVIAIS, CLASSE PA-3, COM ENCAIXE PONTA E BOLSA, DIAMETRO NOMINAL DE 1000 MM","M     ","AS",586.99]
[{"$nulls":6},12573,"TUBO DE CONCRETO ARMADO PARA AGUAS PLUVIAIS, CLASSE PA-3, COM ENCAIXE PONTA E BOLSA, DIAMETRO NOMINAL DE 1100 MM","M     ","AS",772.12]
[{"$nulls":6},12574,"TUBO DE CONCRETO ARMADO PARA AGUAS PLUVIAIS, CLASSE PA-3, COM ENCAIXE PONTA E BOLSA, DIAMETRO NOMINAL DE 1200 MM","M     ","AS",933.59]
[{"$nulls":6},12575,"TUBO DE CONCRETO ARMADO PARA AGUAS PLUVIAIS, CLASSE PA-3, COM ENCAIXE PONTA E BOLSA, DIAMETRO NOMINAL DE 1500 MM","M     ","AS",1417.81]
[{"$nulls":6},12576,"TUBO DE CONCRETO ARMADO PARA AGUAS PLUVIAIS, CLASSE PA-3, COM ENCAIXE PONTA E BOLSA, DIAMETRO NOMINAL DE 400 MM","M     ","AS",171.58]
[{"$nulls":6},12577,"TUBO DE CONCRETO ARMADO PARA AGUAS PLUVIAIS, CLASSE PA-3, COM ENCAIXE PONTA E BOLSA, DIAMETRO NOMINAL DE 500 MM","M     ","AS",231.18]
[{"$nulls":6},12578,"TUBO DE CONCRETO ARMADO PARA AGUAS PLUVIAIS, CLASSE PA-3, COM ENCAIXE PONTA E BOLSA, DIAMETRO NOMINAL DE 600 MM","M     ","AS",279.95]
[{"$nulls":6},12579,"TUBO DE CONCRETO ARMADO PARA AGUAS PLUVIAIS, CLASSE PA-3, COM ENCAIXE PONTA E BOLSA, DIAMETRO NOMINAL DE 700 MM","M     ","AS",482.23]
[{"$nulls":6},12580,"TUBO DE CONCRETO ARMADO PARA AGUAS PLUVIAIS, CLASSE PA-3, COM ENCAIXE PONTA E BOLSA, DIAMETRO NOMINAL DE 800 MM","M     ","AS",502.46]
[{"$nulls":6},12581,"TUBO DE CONCRETO ARMADO PARA AGUAS PLUVIAIS, CLASSE PA-3, COM ENCAIXE PONTA E BOLSA, DIAMETRO NOMINAL DE 900 MM","M     ","AS",538.22]
[{"$nulls":6},7720,"TUBO DE CONCRETO ARMADO PARA ESGOTO SANITARIO, CLASSE EA-2, COM ENCAIXE PONTA E BOLSA, COM JUNTA ELASTICA, DIAMETRO NOMINAL DE 1000 MM","M     ","AS",841.65]
[{"$nulls":6},40335,"TUBO DE CONCRETO ARMADO PARA ESGOTO SANITARIO, CLASSE EA-2, COM ENCAIXE PONTA E BOLSA, COM JUNTA ELASTICA, DIAMETRO NOMINAL DE 300 MM","M     ","AS",176.09]
[{"$nulls":6},7740,"TUBO DE CONCRETO ARMADO PARA ESGOTO SANITARIO, CLASSE EA-2, COM ENCAIXE PONTA E BOLSA, COM JUNTA ELASTICA, DIAMETRO NOMINAL DE 400 MM","M     ","AS",180.61]
[{"$nulls":6},7741,"TUBO DE CONCRETO ARMADO PARA ESGOTO SANITARIO, CLASSE EA-2, COM ENCAIXE PONTA E BOLSA, COM JUNTA ELASTICA, DIAMETRO NOMINAL DE 500 MM","M     ","AS",334.13]
[{"$nulls":6},7774,"TUBO DE CONCRETO ARMADO PARA ESGOTO SANITARIO, CLASSE EA-2, COM ENCAIXE PONTA E BOLSA, COM JUNTA ELASTICA, DIAMETRO NOMINAL DE 600 MM","M     ","AS",409.99]
[{"$nulls":6},7744,"TUBO DE CONCRETO ARMADO PARA ESGOTO SANITARIO, CLASSE EA-2, COM ENCAIXE PONTA E BOLSA, COM JUNTA ELASTICA, DIAMETRO NOMINAL DE 700 MM","M     ","AS",535.51]
[{"$nulls":6},7773,"TUBO DE CONCRETO ARMADO PARA ESGOTO SANITARIO, CLASSE EA-2, COM ENCAIXE PONTA E BOLSA, COM JUNTA ELASTICA, DIAMETRO NOMINAL DE 800 MM","M     ","AS",547.34]
[{"$nulls":6},7754,"TUBO DE CONCRETO ARMADO PARA ESGOTO SANITARIO, CLASSE EA-2, COM ENCAIXE PONTA E BOLSA, COM JUNTA ELASTICA, DIAMETRO NOMINAL DE 900 MM","M     ","AS",829.91]
[{"$nulls":6},7735,"TUBO DE CONCRETO ARMADO PARA ESGOTO SANITARIO, CLASSE EA-3, COM ENCAIXE PONTA E BOLSA, COM JUNTA ELASTICA, DIAMETRO NOMINAL DE 1000 MM","M     ","AS",1074.6500000000001]
[{"$nulls":6},7755,"TUBO DE CONCRETO ARMADO PARA ESGOTO SANITARIO, CLASSE EA-3, COM ENCAIXE PONTA E BOLSA, COM JUNTA ELASTICA, DIAMETRO NOMINAL DE 400 MM","M     ","AS",213.12]
[{"$nulls":6},7776,"TUBO DE CONCRETO ARMADO PARA ESGOTO SANITARIO, CLASSE EA-3, COM ENCAIXE PONTA E BOLSA, COM JUNTA ELASTICA, DIAMETRO NOMINAL DE 500 MM","M     ","AS",444.3]
[{"$nulls":6},7743,"TUBO DE CONCRETO ARMADO PARA ESGOTO SANITARIO, CLASSE EA-3, COM ENCAIXE PONTA E BOLSA, COM JUNTA ELASTICA, DIAMETRO NOMINAL DE 600 MM","M     ","AS",470.49]
[{"$nulls":6},7733,"TUBO DE CONCRETO ARMADO PARA ESGOTO SANITARIO, CLASSE EA-3, COM ENCAIXE PONTA E BOLSA, COM JUNTA ELASTICA, DIAMETRO NOMINAL DE 700 MM","M     ","AS",614.08000000000004]
[{"$nulls":6},7775,"TUBO DE CONCRETO ARMADO PARA ESGOTO SANITARIO, CLASSE EA-3, COM ENCAIXE PONTA E BOLSA, COM JUNTA ELASTICA, DIAMETRO NOMINAL DE 800 MM","M     ","AS",672.78]
[{"$nulls":6},7734,"TUBO DE CONCRETO ARMADO PARA ESGOTO SANITARIO, CLASSE EA-3, COM ENCAIXE PONTA E BOLSA, COM JUNTA ELASTICA, DIAMETRO NOMINAL DE 900 MM","M     ","AS",952.73]
[{"$nulls":6},37449,"TUBO DE CONCRETO SIMPLES PARA AGUAS PLUVIAIS, CLASSE PS1, COM ENCAIXE MACHO E FEMEA, DIAMETRO NOMINAL DE 200 MM","M     ","AS",35.67]
[{"$nulls":6},37450,"TUBO DE CONCRETO SIMPLES PARA AGUAS PLUVIAIS, CLASSE PS1, COM ENCAIXE MACHO E FEMEA, DIAMETRO NOMINAL DE 300 MM","M     ","AS",49.94]
[{"$nulls":6},37451,"TUBO DE CONCRETO SIMPLES PARA AGUAS PLUVIAIS, CLASSE PS1, COM ENCAIXE MACHO E FEMEA, DIAMETRO NOMINAL DE 400 MM","M     ","AS",69.72]
[{"$nulls":6},37452,"TUBO DE CONCRETO SIMPLES PARA AGUAS PLUVIAIS, CLASSE PS1, COM ENCAIXE MACHO E FEMEA, DIAMETRO NOMINAL DE 500 MM","M     ","AS",101.35]
[{"$nulls":6},37453,"TUBO DE CONCRETO SIMPLES PARA AGUAS PLUVIAIS, CLASSE PS1, COM ENCAIXE MACHO E FEMEA, DIAMETRO NOMINAL DE 600 MM","M     ","AS",116.71]
[{"$nulls":6},7778,"TUBO DE CONCRETO SIMPLES PARA AGUAS PLUVIAIS, CLASSE PS1, COM ENCAIXE PONTA E BOLSA, DIAMETRO NOMINAL DE 200 MM","M     ","AS",43.78]
[{"$nulls":6},7796,"TUBO DE CONCRETO SIMPLES PARA AGUAS PLUVIAIS, CLASSE PS1, COM ENCAIXE PONTA E BOLSA, DIAMETRO NOMINAL DE 300 MM","M     ","AS",60]
[{"$nulls":6},7781,"TUBO DE CONCRETO SIMPLES PARA AGUAS PLUVIAIS, CLASSE PS1, COM ENCAIXE PONTA E BOLSA, DIAMETRO NOMINAL DE 400 MM","M     ","AS",70.900000000000006]
[{"$nulls":6},7795,"TUBO DE CONCRETO SIMPLES PARA AGUAS PLUVIAIS, CLASSE PS1, COM ENCAIXE PONTA E BOLSA, DIAMETRO NOMINAL DE 500 MM","M     ","AS",105.52]
[{"$nulls":6},7791,"TUBO DE CONCRETO SIMPLES PARA AGUAS PLUVIAIS, CLASSE PS1, COM ENCAIXE PONTA E BOLSA, DIAMETRO NOMINAL DE 600 MM","M     ","AS",126.32]
[{"$nulls":6},7783,"TUBO DE CONCRETO SIMPLES PARA AGUAS PLUVIAIS, CLASSE PS2, COM ENCAIXE PONTA E BOLSA, DIAMETRO NOMINAL DE 200 MM","M     ","AS",44.76]
[{"$nulls":6},7790,"TUBO DE CONCRETO SIMPLES PARA AGUAS PLUVIAIS, CLASSE PS2, COM ENCAIXE PONTA E BOLSA, DIAMETRO NOMINAL DE 300 MM","M     ","AS",70.540000000000006]
[{"$nulls":6},7785,"TUBO DE CONCRETO SIMPLES PARA AGUAS PLUVIAIS, CLASSE PS2, COM ENCAIXE PONTA E BOLSA, DIAMETRO NOMINAL DE 400 MM","M     ","AS",77.83]
[{"$nulls":6},7792,"TUBO DE CONCRETO SIMPLES PARA AGUAS PLUVIAIS, CLASSE PS2, COM ENCAIXE PONTA E BOLSA, DIAMETRO NOMINAL DE 500 MM","M     ","AS",110.39]
[{"$nulls":6},7793,"TUBO DE CONCRETO SIMPLES PARA AGUAS PLUVIAIS, CLASSE PS2, COM ENCAIXE PONTA E BOLSA, DIAMETRO NOMINAL DE 600 MM","M     ","AS",130.37]
[{"$nulls":6},13159,"TUBO DE CONCRETO SIMPLES PARA ESGOTO SANITARIO, CLASSE ES, COM ENCAIXE PONTA E BOLSA, COM JUNTA ELASTICA, DIAMETRO NOMINAL DE 400 MM","M     ","AS",113.51]
[{"$nulls":6},13168,"TUBO DE CONCRETO SIMPLES PARA ESGOTO SANITARIO, CLASSE ES, COM ENCAIXE PONTA E BOLSA, COM JUNTA ELASTICA, DIAMETRO NOMINAL DE 500 MM","M     ","AS",137.83000000000001]
[{"$nulls":6},13173,"TUBO DE CONCRETO SIMPLES PARA ESGOTO SANITARIO, CLASSE ES, COM ENCAIXE PONTA E BOLSA, COM JUNTA ELASTICA, DIAMETRO NOMINAL DE 600 MM","M     ","AS",186.48]
[{"$nulls":6},12583,"TUBO DE CONCRETO SIMPLES POROSO PARA DRENAGEM (DRENO POROSO), COM ENCAIXE MACHO E FEMEA, DIAMETRO NOMINAL DE 200 MM","M     ","AS",37.29]
[{"$nulls":6},12584,"TUBO DE CONCRETO SIMPLES POROSO PARA DRENAGEM (DRENO POROSO), COM ENCAIXE MACHO E FEMEA, DIAMETRO NOMINAL DE 300 MM","M     ","AS",48.64]
[{"$nulls":6},12613,"TUBO DE DESCARGA, TIPO BENGALA, PARA LIGACAO CAIXA DE DESCARGA - EMBUTIR, PVC, 40 MM X 150 CM","UN    ","AS",21.96]
[{"$nulls":6},1031,"TUBO DE DESCIDA EXTERNO, DE PVC, PARA CAIXA DE DESCARGA EXTERNA ALTA - DIAMETRO DE 40 MM E ALTURA DE APROXIMADAMENTE 1,55 M","UN    ","CR",13.26]
[{"$nulls":6},39707,"TUBO DE ESPUMA DE POLIETILENO EXPANDIDO FLEXIVEL PARA ISOLAMENTO TERMICO DE TUBULACAO DE AR CONDICIONADO, AGUA QUENTE,  DN 1 1/2\", E= 10 MM","M     ","CR",9.08]
[{"$nulls":6},39708,"TUBO DE ESPUMA DE POLIETILENO EXPANDIDO FLEXIVEL PARA ISOLAMENTO TERMICO DE TUBULACAO DE AR CONDICIONADO, AGUA QUENTE,  DN 1 1/4\", E= 10 MM","M     ","CR",8.8000000000000007]
[{"$nulls":6},39710,"TUBO DE ESPUMA DE POLIETILENO EXPANDIDO FLEXIVEL PARA ISOLAMENTO TERMICO DE TUBULACAO DE AR CONDICIONADO, AGUA QUENTE,  DN 1 1/8\", E= 10 MM","M     ","CR",6.19]
[{"$nulls":6},39709,"TUBO DE ESPUMA DE POLIETILENO EXPANDIDO FLEXIVEL PARA ISOLAMENTO TERMICO DE TUBULACAO DE AR CONDICIONADO, AGUA QUENTE,  DN 1 3/8\", E= 10 MM","M     ","CR",8.59]
[{"$nulls":6},39711,"TUBO DE ESPUMA DE POLIETILENO EXPANDIDO FLEXIVEL PARA ISOLAMENTO TERMICO DE TUBULACAO DE AR CONDICIONADO, AGUA QUENTE,  DN 1 5/8\", E= 10 MM","M     ","CR",9.64]
[{"$nulls":6},39712,"TUBO DE ESPUMA DE POLIETILENO EXPANDIDO FLEXIVEL PARA ISOLAMENTO TERMICO DE TUBULACAO DE AR CONDICIONADO, AGUA QUENTE,  DN 1/2\", E= 10 MM","M     ","C ",3.38]
[{"$nulls":6},39713,"TUBO DE ESPUMA DE POLIETILENO EXPANDIDO FLEXIVEL PARA ISOLAMENTO TERMICO DE TUBULACAO DE AR CONDICIONADO, AGUA QUENTE,  DN 1/4\", E= 10 MM","M     ","CR",2.67]
[{"$nulls":6},39714,"TUBO DE ESPUMA DE POLIETILENO EXPANDIDO FLEXIVEL PARA ISOLAMENTO TERMICO DE TUBULACAO DE AR CONDICIONADO, AGUA QUENTE,  DN 1\", E= 10 MM","M     ","CR",6.12]
[{"$nulls":6},39715,"TUBO DE ESPUMA DE POLIETILENO EXPANDIDO FLEXIVEL PARA ISOLAMENTO TERMICO DE TUBULACAO DE AR CONDICIONADO, AGUA QUENTE,  DN 3/4\", E= 10 MM","M     ","CR",4.3600000000000003]
[{"$nulls":6},39716,"TUBO DE ESPUMA DE POLIETILENO EXPANDIDO FLEXIVEL PARA ISOLAMENTO TERMICO DE TUBULACAO DE AR CONDICIONADO, AGUA QUENTE,  DN 3/8\", E= 10 MM","M     ","CR",3.3]
[{"$nulls":6},39718,"TUBO DE ESPUMA DE POLIETILENO EXPANDIDO FLEXIVEL PARA ISOLAMENTO TERMICO DE TUBULACAO DE AR CONDICIONADO, AGUA QUENTE,  DN 7/8\", E= 10 MM","M     ","CR",5.63]
[{"$nulls":6},9813,"TUBO DE POLIETILENO DE ALTA DENSIDADE (PEAD), PE-80, DE = 20 MM X 2,3 MM DE PAREDE, PARA LIGACAO DE AGUA PREDIAL (NBR 15561)","M     ","AS",5.45]
[{"$nulls":6},9815,"TUBO DE POLIETILENO DE ALTA DENSIDADE (PEAD), PE-80, DE = 32 MM X 3,0 MM DE PAREDE, PARA LIGACAO DE AGUA PREDIAL (NBR 15561)","M     ","AS",10.76]
[{"$nulls":6},44543,"TUBO DE POLIETILENO DE ALTA DENSIDADE, PEAD, PE-80, DE = 1000 MM X 38,5 MM PAREDE, ( SDR 26 - PN 05 ) PARA REDE DE AGUA OU ESGOTO ( NBR 15561)","M     ","AS",5355.53]
[{"$nulls":6},44526,"TUBO DE POLIETILENO DE ALTA DENSIDADE, PEAD, PE-80, DE = 110 MM X 10,0 MM PAREDE, ( SDR 11 - PN 12,5 ) PARA REDE DE AGUA OU ESGOTO ( NBR 15561)","M     ","AS",131.26]
[{"$nulls":6},44518,"TUBO DE POLIETILENO DE ALTA DENSIDADE, PEAD, PE-80, DE = 1200 MM X 37,2 MM PAREDE ( SDR 32,25 - PN 04 ) PARA REDE DE AGUA OU ESGOTO ( NBR 15561)","M     ","AS",3942.79]
[{"$nulls":6},44544,"TUBO DE POLIETILENO DE ALTA DENSIDADE, PEAD, PE-80, DE = 1400 MM X 42,9 MM PAREDE, (SDR 32,25 - PN 04 ) PARA REDE DE AGUA OU ESGOTO ( NBR 15561)","M     ","AS",1916.82]
[{"$nulls":6},44545,"TUBO DE POLIETILENO DE ALTA DENSIDADE, PEAD, PE-80, DE = 160 MM X 14,6 MM PAREDE, (SDR 11 - PN 12,5 ) PARA REDE DE AGUA OU ESGOTO ( NBR 15561)","M     ","AS",281.74]
[{"$nulls":6},44546,"TUBO DE POLIETILENO DE ALTA DENSIDADE, PEAD, PE-80, DE = 1600 MM X 49,0 MM PAREDE, ( SDR 32,25 - PN 04 ) PARA REDE DE AGUA OU ESGOTO ( NBR 15561)","M     ","AS",1258.28]
[{"$nulls":6},44525,"TUBO DE POLIETILENO DE ALTA DENSIDADE, PEAD, PE-80, DE = 900 MM X 34,7 MM PAREDE, ( SDR 26 - PN 05 ) PARA REDE DE AGUA OU ESGOTO ( NBR 15561)","M     ","AS",4857.43]
[{"$nulls":6},44547,"TUBO DE POLIETILENO DE ALTA DENSIDADE, PEAD, PE-80, DE= 200 MM X 18,2 MM PAREDE, ( SDR 11 - PN 12,5 ) PARA REDE DE AGUA OU ESGOTO ( NBR 15561)","M     ","AS",439.2]
[{"$nulls":6},44519,"TUBO DE POLIETILENO DE ALTA DENSIDADE, PEAD, PE-80, DE= 315 MM X 28,7 MM PAREDE, ( SDR 11 - PN 12,5 ) PARA REDE DE AGUA OU ESGOTO ( NBR 15561)","M     ","AS",1076.1600000000001]
[{"$nulls":6},44520,"TUBO DE POLIETILENO DE ALTA DENSIDADE, PEAD, PE-80, DE= 400 MM X 36,4 MM PAREDE, ( SDR 11 - PN 12,5 ) PARA REDE DE AGUA OU ESGOTO ( NBR 15561)","M     ","AS",1733.31]
[{"$nulls":6},44521,"TUBO DE POLIETILENO DE ALTA DENSIDADE, PEAD, PE-80, DE= 50 MM X 4,6 MM PAREDE, (SDR 11 - PN 12,5) PARA REDE DE AGUA OU ESGOTO ( NBR 15561)","M     ","AS",27.96]
[{"$nulls":6},44522,"TUBO DE POLIETILENO DE ALTA DENSIDADE, PEAD, PE-80, DE= 500 MM X 45,5 MM PAREDE, ( SDR 11 - PN 12,5 ) PARA REDE DE AGUA OU ESGOTO ( NBR 15561)","M     ","AS",3043.05]
[{"$nulls":6},44523,"TUBO DE POLIETILENO DE ALTA DENSIDADE, PEAD, PE-80, DE= 630 MM X 57,3 MM PAREDE (SDR 11 - PN 12,5 ) PARA REDE DE AGUA OU ESGOTO ( NBR 15561)","M     ","AS",4525.87]
[{"$nulls":6},44527,"TUBO DE POLIETILENO DE ALTA DENSIDADE, PEAD, PE-80, DE= 730 MM X 34,1 MM PAREDE, ( SDR 21 - PN 06 ) PARA REDE DE AGUA OU ESGOTO ( NBR 15561)","M     ","AS",2269.61]
[{"$nulls":6},44524,"TUBO DE POLIETILENO DE ALTA DENSIDADE, PEAD, PE-80, DE= 75 MM X 6,9 MM PAREDE, ( SRD 11 - PN 12,5 ) PARA REDE DE AGUA OU ESGOTO ( NBR 15561)","M     ","AS",62.53]
[{"$nulls":6},44542,"TUBO DE POLIETILENO DE ALTA DENSIDADE, PEAD, PE-80, DE= 800 MM X 30,8 MM PAREDE, ( SDR 26 - PN 05 ) PARA REDE DE AGUA OU ESGOTO ( NBR 15561)","M     ","AS",2961.08]
[{"$nulls":6},9877,"TUBO DE PVC, PBL, TIPO LEVE, DN = 250 MM,  PARA VENTILACAO","M     ","CR",131.35]
[{"$nulls":6},9878,"TUBO DE PVC, PBL, TIPO LEVE, DN = 300 MM,  PARA VENTILACAO","M     ","CR",161.69999999999999]
[{"$nulls":6},41986,"TUBO DE REVESTIMENTO, EM ACO, CORPO SCHEDULE 40, PONTEIRA SCHEDULE 80, ROSQUEAVEL E SEGMENTADO PARA PERFURACAO, DIAMETRO 10'' (310 MM)","M     ","AS",3732.64]
[{"$nulls":6},43422,"TUBO DE REVESTIMENTO, EM ACO, CORPO SCHEDULE 40, PONTEIRA SCHEDULE 80, ROSQUEAVEL E SEGMENTADO PARA PERFURACAO, DIAMETRO 12\" (320 MM)","M     ","AS",4577.71]
[{"$nulls":6},41987,"TUBO DE REVESTIMENTO, EM ACO, CORPO SCHEDULE 40, PONTEIRA SCHEDULE 80, ROSQUEAVEL E SEGMENTADO PARA PERFURACAO, DIAMETRO 14'' (400 MM)","M     ","AS",5305.95]
[{"$nulls":6},41988,"TUBO DE REVESTIMENTO, EM ACO, CORPO SCHEDULE 40, PONTEIRA SCHEDULE 80, ROSQUEAVEL E SEGMENTADO PARA PERFURACAO, DIAMETRO 16'' (450 MM)","M     ","AS",7008.4]
[{"$nulls":6},41697,"TUBO DE REVESTIMENTO, EM ACO, CORPO SCHEDULE 40, PONTEIRA SCHEDULE 80, ROSQUEAVEL E SEGMENTADO PARA PERFURACAO, DIAMETRO 4'' (450 MM)","M     ","AS",1242.22]
[{"$nulls":6},41985,"TUBO DE REVESTIMENTO, EM ACO, CORPO SCHEDULE 40, PONTEIRA SCHEDULE 80, ROSQUEAVEL E SEGMENTADO PARA PERFURACAO, DIAMETRO 6'' (200 MM)","M     ","AS",1730.08]
[{"$nulls":6},41699,"TUBO DE REVESTIMENTO, EM ACO, CORPO SCHEDULE 40, PONTEIRA SCHEDULE 80, ROSQUEAVEL E SEGMENTADO PARA PERFURACAO, DIAMETRO 8'' (200 MM)","M     ","AS",2463.54]
[{"$nulls":6},38053,"TUBO DRENO, CORRUGADO, ESPIRALADO, FLEXIVEL, PERFURADO, EM POLIETILENO DE ALTA DENSIDADE (PEAD), DN *160* MM, (6\") PARA DRENAGEM - EM BARRA (NORMA DNIT 093/2006 - EM)","M     ","AS",24.47]
[{"$nulls":6},38054,"TUBO DRENO, CORRUGADO, ESPIRALADO, FLEXIVEL, PERFURADO, EM POLIETILENO DE ALTA DENSIDADE (PEAD), DN *200* MM, (8\") PARA DRENAGEM - EM BARRA (NORMA DNIT 093/2006 - EM)","M     ","AS",42.07]
[{"$nulls":6},38052,"TUBO DRENO, CORRUGADO, ESPIRALADO, FLEXIVEL, PERFURADO, EM POLIETILENO DE ALTA DENSIDADE (PEAD), DN 100 MM, (4\") PARA DRENAGEM - EM ROLO (NORMA DNIT 093/2006 - E.M)","M     ","AS",11.85]
[{"$nulls":6},38051,"TUBO DRENO, CORRUGADO, ESPIRALADO, FLEXIVEL, PERFURADO, EM POLIETILENO DE ALTA DENSIDADE (PEAD), DN 65 MM, (2 1/2\") PARA DRENAGEM - EM ROLO (NORMA DNIT 093/2006 - EM)","M     ","AS",7.39]
[{"$nulls":6},38787,"TUBO MONOCAMADA PEX, DN 16 MM, PARA AGUA QUENTE E FRIA","M     ","AS",5.66]
[{"$nulls":6},38825,"TUBO MONOCAMADA PEX, DN 20 MM, PARA AGUA QUENTE E FRIA","M     ","AS",7.31]
[{"$nulls":6},38826,"TUBO MONOCAMADA PEX, DN 25 MM, PARA AGUA QUENTE E FRIA","M     ","AS",10.4]
[{"$nulls":6},38827,"TUBO MONOCAMADA PEX, DN 32 MM, PARA AGUA QUENTE E FRIA","M     ","AS",17.02]
[{"$nulls":6},38830,"TUBO MULTICAMADA PEX, DN *26* MM, PARA INSTALACOES A GAS (AMARELO)","M     ","AS",24.72]
[{"$nulls":6},38828,"TUBO MULTICAMADA PEX, DN 16 MM, PARA INSTALACOES A GAS (AMARELO)","M     ","AS",10.9]
[{"$nulls":6},38829,"TUBO MULTICAMADA PEX, DN 20 MM, PARA INSTALACOES A GAS (AMARELO)","M     ","AS",17.850000000000001]
[{"$nulls":6},38831,"TUBO MULTICAMADA PEX, DN 32 MM, PARA INSTALACOES A GAS (AMARELO)","M     ","AS",34.479999999999997]
[{"$nulls":6},36274,"TUBO PPR PN 20, DN 20 MM, PARA AGUA QUENTE PREDIAL","M     ","AS",8.94]
[{"$nulls":6},36278,"TUBO PPR PN 20, DN 25 MM, PARA AGUA QUENTE PREDIAL","M     ","AS",12.12]
[{"$nulls":6},38977,"TUBO PPR, CLASSE PN 12, DN 110 MM","M     ","AS",118.6]
[{"$nulls":6},38971,"TUBO PPR, CLASSE PN 12, DN 32 MM","M     ","AS",9.9499999999999993]
[{"$nulls":6},38972,"TUBO PPR, CLASSE PN 12, DN 40 MM","M     ","AS",13.42]
[{"$nulls":6},38973,"TUBO PPR, CLASSE PN 12, DN 50 MM","M     ","AS",22.17]
[{"$nulls":6},38974,"TUBO PPR, CLASSE PN 12, DN 63 MM","M     ","AS",36.01]
[{"$nulls":6},38975,"TUBO PPR, CLASSE PN 12, DN 75 MM","M     ","AS",46.17]
[{"$nulls":6},38976,"TUBO PPR, CLASSE PN 12, DN 90 MM","M     ","AS",79.38]
[{"$nulls":6},44176,"TUBO PPR, CLASSE PN 20, SOLDAVEL, DN 32 MM PARA AGUA FRIA OU QUENTE PREDIAL","M     ","AS",18.239999999999998]
[{"$nulls":6},38986,"TUBO PPR, CLASSE PN 25, DN 110 MM, PARA AGUA QUENTE E FRIA PREDIAL","M     ","AS",239.62]
[{"$nulls":6},38978,"TUBO PPR, CLASSE PN 25, DN 20 MM, PARA AGUA QUENTE E FRIA PREDIAL","M     ","AS",9.83]
[{"$nulls":6},38979,"TUBO PPR, CLASSE PN 25, DN 25 MM, PARA AGUA QUENTE E FRIA PREDIAL","M     ","AS",13.59]
[{"$nulls":6},38980,"TUBO PPR, CLASSE PN 25, DN 32 MM, PARA AGUA QUENTE E FRIA PREDIAL","M     ","AS",18.190000000000001]
[{"$nulls":6},38981,"TUBO PPR, CLASSE PN 25, DN 40 MM, PARA AGUA QUENTE E FRIA PREDIAL","M     ","AS",26.24]
[{"$nulls":6},38982,"TUBO PPR, CLASSE PN 25, DN 50 MM, PARA AGUA QUENTE E FRIA PREDIAL","M     ","AS",41.46]
[{"$nulls":6},38983,"TUBO PPR, CLASSE PN 25, DN 63 MM, PARA AGUA QUENTE E FRIA PREDIAL","M     ","AS",72.959999999999994]
[{"$nulls":6},38984,"TUBO PPR, CLASSE PN 25, DN 75 MM, PARA AGUA QUENTE E FRIA PREDIAL","M     ","AS",100.3]
[{"$nulls":6},38985,"TUBO PPR, CLASSE PN 25, DN 90 MM, PARA AGUA QUENTE E FRIA PREDIAL","M     ","AS",172.44]
[{"$nulls":6},9836,"TUBO PVC  SERIE NORMAL, DN 100 MM, PARA ESGOTO  PREDIAL (NBR 5688)","M     ","C ",15.83]
[{"$nulls":6},20065,"TUBO PVC  SERIE NORMAL, DN 150 MM, PARA ESGOTO  PREDIAL (NBR 5688)","M     ","CR",41.38]
[{"$nulls":6},9835,"TUBO PVC  SERIE NORMAL, DN 40 MM, PARA ESGOTO  PREDIAL (NBR 5688)","M     ","CR",6.91]
[{"$nulls":6},38032,"TUBO PVC CORRUGADO, PAREDE DUPLA, JE, DN 150 MM/ DE 160 MM, REDE COLETORA ESGOTO","M     ","CR",62.55]
[{"$nulls":6},38033,"TUBO PVC CORRUGADO, PAREDE DUPLA, JE, DN 200 MM/ DE 200 MM, REDE COLETORA ESGOTO","M     ","CR",106.33]
[{"$nulls":6},38034,"TUBO PVC CORRUGADO, PAREDE DUPLA, JE, DN 250 MM/ DE 250 MM, REDE COLETORA ESGOTO","M     ","CR",166.56]
[{"$nulls":6},38035,"TUBO PVC CORRUGADO, PAREDE DUPLA, JE, DN 300 MM/ DE 315 MM , REDE COLETORA ESGOTO","M     ","CR",245.03]
[{"$nulls":6},38036,"TUBO PVC CORRUGADO, PAREDE DUPLA, JE, DN 350 MM/ DE 355 MM, REDE COLETORA ESGOTO","M     ","CR",330.09]
[{"$nulls":6},38037,"TUBO PVC CORRUGADO, PAREDE DUPLA, JE, DN 400 MM/ DE 400 MM, REDE COLETORA ESGOTO","M     ","CR",436.01]
[{"$nulls":6},9850,"TUBO PVC DE REVESTIMENTO GEOMECANICO NERVURADO REFORCADO, DN = 150 MM, COMPRIMENTO = 2 M","M     ","AS",147.75]
[{"$nulls":6},9853,"TUBO PVC DE REVESTIMENTO GEOMECANICO NERVURADO REFORCADO, DN = 200 MM, COMPRIMENTO = 2 M","M     ","AS",262.74]
[{"$nulls":6},9854,"TUBO PVC DE REVESTIMENTO GEOMECANICO NERVURADO STANDARD, DN = 154 MM, COMPRIMENTO = 2 M","M     ","AS",115.12]
[{"$nulls":6},9851,"TUBO PVC DE REVESTIMENTO GEOMECANICO NERVURADO STANDARD, DN = 206 MM, COMPRIMENTO = 2 M","M     ","AS",199.62]
[{"$nulls":6},9825,"TUBO PVC DEFOFO, JEI, 1 MPA, DN 100 MM, PARA REDE DE AGUA (NBR 7665)","M     ","AS",38.409999999999997]
[{"$nulls":6},9828,"TUBO PVC DEFOFO, JEI, 1 MPA, DN 150 MM, PARA REDE DE  AGUA (NBR 7665)","M     ","AS",103.38]
[{"$nulls":6},9829,"TUBO PVC DEFOFO, JEI, 1 MPA, DN 200 MM, PARA REDE DE AGUA (NBR 7665)","M     ","AS",175.2]
[{"$nulls":6},9826,"TUBO PVC DEFOFO, JEI, 1 MPA, DN 250 MM, PARA REDE DE AGUA (NBR 7665)","M     ","AS",266.72000000000003]
[{"$nulls":6},9827,"TUBO PVC DEFOFO, JEI, 1 MPA, DN 300 MM, PARA REDE DE AGUA (NBR 7665)","M     ","AS",378.75]
[{"$nulls":6},36374,"TUBO PVC PBA JEI, CLASSE 12, DN 100 MM, PARA REDE DE AGUA (NBR 5647)","M     ","AS",46.04]
[{"$nulls":6},36084,"TUBO PVC PBA JEI, CLASSE 12, DN 50 MM, PARA REDE DE AGUA (NBR 5647)","M     ","AS",13.64]
[{"$nulls":6},36373,"TUBO PVC PBA JEI, CLASSE 12, DN 75 MM, PARA REDE DE AGUA (NBR 5647)","M     ","AS",28.32]
[{"$nulls":6},36377,"TUBO PVC PBA JEI, CLASSE 15, DN 100 MM, PARA REDE DE AGUA (NBR 5647)","M     ","AS",55.23]
[{"$nulls":6},36375,"TUBO PVC PBA JEI, CLASSE 15, DN 50 MM, PARA REDE DE AGUA (NBR 5647)","M     ","AS",16.829999999999998]
[{"$nulls":6},36376,"TUBO PVC PBA JEI, CLASSE 15, DN 75 MM, PARA REDE DE AGUA (NBR 5647)","M     ","AS",33.049999999999997]
[{"$nulls":6},36380,"TUBO PVC PBA JEI, CLASSE 20, DN 100 MM, PARA REDE DE AGUA (NBR 5647)","M     ","AS",69.06]
[{"$nulls":6},36378,"TUBO PVC PBA JEI, CLASSE 20, DN 50 MM, PARA REDE DE AGUA (NBR 5647)","M     ","AS",20.69]
[{"$nulls":6},36379,"TUBO PVC PBA JEI, CLASSE 20, DN 75 MM, PARA REDE DE AGUA (NBR 5647)","M     ","AS",41.71]
[{"$nulls":6},9859,"TUBO PVC ROSCAVEL, 3/4\",  AGUA FRIA PREDIAL","M     ","CR",10.6]
[{"$nulls":6},9838,"TUBO PVC SERIE NORMAL, DN 50 MM, PARA ESGOTO PREDIAL (NBR 5688)","M     ","CR",11.42]
[{"$nulls":6},9837,"TUBO PVC SERIE NORMAL, DN 75 MM, PARA ESGOTO PREDIAL (NBR 5688)","M     ","CR",14.99]
[{"$nulls":6},44315,"TUBO PVC, RIGIDO, CORRUGADO, PERFURADO DN 100 MM, PARA DRENAGEM, SISTEMA IRRIGACAO","M     ","CR",61.98]
[{"$nulls":6},9863,"TUBO PVC, ROSCAVEL,  2 1/2\", AGUA FRIA PREDIAL","M     ","CR",64.05]
[{"$nulls":6},9860,"TUBO PVC, ROSCAVEL,  2\", PARA AGUA FRIA PREDIAL","M     ","CR",46.75]
[{"$nulls":6},9862,"TUBO PVC, ROSCAVEL, 1 1/2\",  AGUA FRIA PREDIAL","M     ","CR",32.67]
[{"$nulls":6},9861,"TUBO PVC, ROSCAVEL, 1 1/4\", AGUA FRIA PREDIAL","M     ","CR",25.66]
[{"$nulls":6},9856,"TUBO PVC, ROSCAVEL, 1/2\", AGUA FRIA PREDIAL","M     ","CR",8.27]
[{"$nulls":6},9866,"TUBO PVC, ROSCAVEL, 1\", AGUA FRIA PREDIAL","M     ","CR",22.14]
[{"$nulls":6},9841,"TUBO PVC, SERIE R, DN 100 MM, PARA ESGOTO OU AGUAS PLUVIAIS PREDIAL (NBR 5688)","M     ","CR",29.81]
[{"$nulls":6},9840,"TUBO PVC, SERIE R, DN 150 MM, PARA ESGOTO OU AGUAS PLUVIAIS PREDIAL (NBR 5688)","M     ","CR",62.97]
[{"$nulls":6},20067,"TUBO PVC, SERIE R, DN 40 MM, PARA ESGOTO OU AGUAS PLUVIAIS PREDIAL (NBR 5688)","M     ","CR",9.67]
[{"$nulls":6},20068,"TUBO PVC, SERIE R, DN 50 MM, PARA ESGOTO OU AGUAS PLUVIAIS PREDIAL (NBR 5688)","M     ","CR",13.61]
[{"$nulls":6},9839,"TUBO PVC, SERIE R, DN 75 MM, PARA ESGOTO OU AGUAS PLUVIAIS PREDIAL (NBR 5688)","M     ","CR",24.69]
[{"$nulls":6},9870,"TUBO PVC, SOLDAVEL, DE 110 MM, AGUA FRIA (NBR-5648)","M     ","CR",95.52]
[{"$nulls":6},9867,"TUBO PVC, SOLDAVEL, DE 20 MM, AGUA FRIA (NBR-5648)","M     ","CR",3.84]
[{"$nulls":6},9868,"TUBO PVC, SOLDAVEL, DE 25 MM, AGUA FRIA (NBR-5648)","M     ","C ",4.33]
[{"$nulls":6},9869,"TUBO PVC, SOLDAVEL, DE 32 MM, AGUA FRIA (NBR-5648)","M     ","CR",9.34]
[{"$nulls":6},9874,"TUBO PVC, SOLDAVEL, DE 40 MM, AGUA FRIA (NBR-5648)","M     ","CR",14.67]
[{"$nulls":6},9875,"TUBO PVC, SOLDAVEL, DE 50 MM, AGUA FRIA (NBR-5648)","M     ","CR",16.09]
[{"$nulls":6},9873,"TUBO PVC, SOLDAVEL, DE 60 MM, AGUA FRIA (NBR-5648)","M     ","CR",26.48]
[{"$nulls":6},9871,"TUBO PVC, SOLDAVEL, DE 75 MM, AGUA FRIA (NBR-5648)","M     ","CR",43.88]
[{"$nulls":6},9872,"TUBO PVC, SOLDAVEL, DE 85 MM, AGUA FRIA (NBR-5648)","M     ","CR",61.04]
[{"$nulls":6},7667,"TUBO 26\" EM CHAPA PRETA, E= 3/16\", 147 KG/6 M","M     ","AS",3522.9]
[{"$nulls":6},7660,"TUBO 30\" EM CHAPA PRETA, E= 1/4\", 175 KG/6 M","M     ","AS",4490.8599999999997]
[{"$nulls":6},7676,"TUBO 30\" EM CHAPA PRETA, E= 3/8\", 177 KG/6 M","M     ","AS",4542.18]
[{"$nulls":6},12426,"UNIAO COM ASSENTO CONICO DE BRONZE, DIAMETRO 1/2\"","UN    ","AS",50.7]
[{"$nulls":6},12425,"UNIAO COM ASSENTO CONICO DE BRONZE, DIAMETRO 1\"","UN    ","AS",69.650000000000006]
[{"$nulls":6},12427,"UNIAO COM ASSENTO CONICO DE BRONZE, DIAMETRO 2 1/2\"","UN    ","AS",289.11]
[{"$nulls":6},12428,"UNIAO COM ASSENTO CONICO DE BRONZE, DIAMETRO 2'","UN    ","AS",185.57]
[{"$nulls":6},12430,"UNIAO COM ASSENTO CONICO DE BRONZE, DIAMETRO 3/4\"","UN    ","AS",62.15]
[{"$nulls":6},12429,"UNIAO COM ASSENTO CONICO DE BRONZE, DIAMETRO 3\"","UN    ","AS",467.5]
[{"$nulls":6},12431,"UNIAO COM ASSENTO CONICO DE BRONZE, DIAMETRO 4\"","UN    ","AS",795.6]
[{"$nulls":6},12432,"UNIAO COM ASSENTO CONICO DE FERRO LONGO (MACHO-FEMEA), DIAMETRO 1 1/2\"","UN    ","AS",163.63]
[{"$nulls":6},12434,"UNIAO COM ASSENTO CONICO DE FERRO LONGO (MACHO-FEMEA), DIAMETRO 1/2\"","UN    ","AS",53.32]
[{"$nulls":6},12433,"UNIAO COM ASSENTO CONICO DE FERRO LONGO (MACHO-FEMEA), DIAMETRO 1\"","UN    ","AS",104.17]
[{"$nulls":6},12435,"UNIAO COM ASSENTO CONICO DE FERRO LONGO (MACHO-FEMEA), DIAMETRO 2 1/2\"","UN    ","AS",322.38]
[{"$nulls":6},12437,"UNIAO COM ASSENTO CONICO DE FERRO LONGO (MACHO-FEMEA), DIAMETRO 2\"","UN    ","AS",260.36]
[{"$nulls":6},12439,"UNIAO COM ASSENTO CONICO DE FERRO LONGO (MACHO-FEMEA), DIAMETRO 3/4\"","UN    ","AS",83.56]
[{"$nulls":6},12438,"UNIAO COM ASSENTO CONICO DE FERRO LONGO (MACHO-FEMEA), DIAMETRO 3'","UN    ","AS",471.17]
[{"$nulls":6},12436,"UNIAO COM ASSENTO CONICO DE FERRO LONGO (MACHO-FEMEA), DIAMETRO 4\"","UN    ","AS",595.19000000000005]
[{"$nulls":6},36357,"UNIAO COM FLANGE PPR, COM PARAFUSOS, DN 40 MM, PARA AGUA QUENTE PREDIAL","UN    ","AS",132.33000000000001]
[{"$nulls":6},12424,"UNIAO DE FERRO GALVANIZADO, COM ASSENTO CONICO DE BRONZE, DE 1 1/2\"","UN    ","AS",107.25]
[{"$nulls":6},12440,"UNIAO DE FERRO GALVANIZADO, COM ASSENTO CONICO DE BRONZE, DE 1 1/4\"","UN    ","AS",103.67]
[{"$nulls":6},9884,"UNIAO DE FERRO GALVANIZADO, COM ROSCA BSP, COM ASSENTO PLANO, DE 1 1/2\"","UN    ","AS",77.319999999999993]
[{"$nulls":6},9888,"UNIAO DE FERRO GALVANIZADO, COM ROSCA BSP, COM ASSENTO PLANO, DE 1 1/4\"","UN    ","AS",62.13]
[{"$nulls":6},9883,"UNIAO DE FERRO GALVANIZADO, COM ROSCA BSP, COM ASSENTO PLANO, DE 1/2\"","UN    ","AS",27.11]
[{"$nulls":6},9886,"UNIAO DE FERRO GALVANIZADO, COM ROSCA BSP, COM ASSENTO PLANO, DE 1\"","UN    ","AS",37.130000000000003]
[{"$nulls":6},9889,"UNIAO DE FERRO GALVANIZADO, COM ROSCA BSP, COM ASSENTO PLANO, DE 2 1/2\"","UN    ","AS",188.12]
[{"$nulls":6},9887,"UNIAO DE FERRO GALVANIZADO, COM ROSCA BSP, COM ASSENTO PLANO, DE 2\"","UN    ","AS",113.7]
[{"$nulls":6},9885,"UNIAO DE FERRO GALVANIZADO, COM ROSCA BSP, COM ASSENTO PLANO, DE 3/4\"","UN    ","AS",35.9]
[{"$nulls":6},9890,"UNIAO DE FERRO GALVANIZADO, COM ROSCA BSP, COM ASSENTO PLANO, DE 3\"","UN    ","AS",291.45]
[{"$nulls":6},9891,"UNIAO DE FERRO GALVANIZADO, COM ROSCA BSP, COM ASSENTO PLANO, DE 4\"","UN    ","AS",409.14]
[{"$nulls":6},36313,"UNIAO DUPLA PPR, DN 20 MM, PARA AGUA QUENTE PREDIAL","UN    ","AS",13.85]
[{"$nulls":6},36316,"UNIAO DUPLA PPR, DN 25 MM, PARA AGUA QUENTE PREDIAL","UN    ","AS",21.57]
[{"$nulls":6},64,"UNIAO EM POLIPROPILENO (PP), PARA TUBO EM PEAD, 20 MM - LIGACAO PREDIAL DE AGUA","UN    ","AS",4.57]
[{"$nulls":6},37423,"UNIAO EM POLIPROPILENO (PP), PARA TUBO EM PEAD, 32 MM - LIGACAO PREDIAL DE AGUA","UN    ","AS",11.28]
[{"$nulls":6},9892,"UNIAO PVC, ROSCAVEL 1/2\",  AGUA FRIA PREDIAL","UN    ","CR",7.03]
[{"$nulls":6},9901,"UNIAO PVC, ROSCAVEL, 1 1/2\",  AGUA FRIA PREDIAL","UN    ","CR",34]
[{"$nulls":6},9900,"UNIAO PVC, ROSCAVEL, 1\",  AGUA FRIA PREDIAL","UN    ","CR",19.7]
[{"$nulls":6},9899,"UNIAO PVC, ROSCAVEL, 3/4\",  AGUA FRIA PREDIAL","UN    ","CR",8.83]
[{"$nulls":6},9908,"UNIAO PVC, SOLDAVEL, 110 MM,  PARA AGUA FRIA PREDIAL","UN    ","CR",397.12]
[{"$nulls":6},9905,"UNIAO PVC, SOLDAVEL, 20 MM,  PARA AGUA FRIA PREDIAL","UN    ","CR",6.91]
[{"$nulls":6},9906,"UNIAO PVC, SOLDAVEL, 25 MM,  PARA AGUA FRIA PREDIAL","UN    ","CR",8.33]
[{"$nulls":6},9895,"UNIAO PVC, SOLDAVEL, 32 MM,  PARA AGUA FRIA PREDIAL","UN    ","CR",14.03]
[{"$nulls":6},9894,"UNIAO PVC, SOLDAVEL, 40 MM,  PARA AGUA FRIA PREDIAL","UN    ","CR",26.98]
[{"$nulls":6},9897,"UNIAO PVC, SOLDAVEL, 50 MM,  PARA AGUA FRIA PREDIAL","UN    ","CR",28.81]
[{"$nulls":6},9910,"UNIAO PVC, SOLDAVEL, 60 MM,  PARA AGUA FRIA PREDIAL","UN    ","CR",74.959999999999994]
[{"$nulls":6},9909,"UNIAO PVC, SOLDAVEL, 75 MM,  PARA AGUA FRIA PREDIAL","UN    ","CR",152.66]
[{"$nulls":6},9907,"UNIAO PVC, SOLDAVEL, 85 MM,  PARA AGUA FRIA PREDIAL","UN    ","CR",180.25]
[{"$nulls":6},20973,"UNIAO TIPO STORZ, COM EMPATACAO INTERNA TIPO ANEL DE EXPANSAO, ENGATE RAPIDO 1 1/2\", PARA MANGUEIRA DE COMBATE A INCENDIO PREDIAL","UN    ","AS",188.99]
[{"$nulls":6},20974,"UNIAO TIPO STORZ, COM EMPATACAO INTERNA TIPO ANEL DE EXPANSAO, ENGATE RAPIDO 2 1/2\", PARA MANGUEIRA DE COMBATE A INCENDIO PREDIAL","UN    ","AS",270.39]
[{"$nulls":6},37989,"UNIAO, CPVC, SOLDAVEL, 15 MM, PARA AGUA QUENTE PREDIAL","UN    ","AS",12.06]
[{"$nulls":6},37990,"UNIAO, CPVC, SOLDAVEL, 22 MM, PARA AGUA QUENTE PREDIAL","UN    ","AS",13.3]
[{"$nulls":6},37991,"UNIAO, CPVC, SOLDAVEL, 28 MM, PARA AGUA QUENTE PREDIAL","UN    ","AS",17.7]
[{"$nulls":6},37992,"UNIAO, CPVC, SOLDAVEL, 35 MM, PARA AGUA QUENTE PREDIAL","UN    ","AS",27.47]
[{"$nulls":6},37993,"UNIAO, CPVC, SOLDAVEL, 42 MM, PARA AGUA QUENTE PREDIAL","UN    ","AS",41.68]
[{"$nulls":6},37994,"UNIAO, CPVC, SOLDAVEL, 54 MM, PARA AGUA QUENTE PREDIAL","UN    ","AS",99.25]
[{"$nulls":6},37995,"UNIAO, CPVC, SOLDAVEL, 73 MM, PARA AGUA QUENTE PREDIAL","UN    ","AS",129.37]
[{"$nulls":6},37996,"UNIAO, CPVC, SOLDAVEL, 89 MM, PARA AGUA QUENTE PREDIAL","UN    ","AS",197]
[{"$nulls":6},13883,"USINA DE ASFALTO A FRIO, CAPACIDADE DE 30 A 40 T/H, ELETRICA, POTENCIA DE 30 CV","UN    ","AS",116611.15]
[{"$nulls":6},38604,"USINA DE ASFALTO A FRIO, CAPACIDADE DE 40 A 60 T/H, ELETRICA, POTENCIA DE 30 CV","UN    ","AS",145237.64000000001]
[{"$nulls":6},10601,"USINA DE ASFALTO A QUENTE, FIXA, TIPO CONTRA FLUXO, CAPACIDADE DE 100 A 140 T/H, POTENCIA DE 280 KW, COM MISTURADOR EXTERNO ROTATIVO","UN    ","AS",2825161.76]
[{"$nulls":6},44469,"USINA DE ASFALTO, GRAVIMETRICA, CAPACIDADE DE 150 T/H, POTENCIA DE 400  KW","UN    ","AS",7438551.21]
[{"$nulls":6},13894,"USINA DE CONCRETO FIXA, CAPACIDADE NOMINAL DE 40 M3/H, SEM SILO","UN    ","AS",399604.75]
[{"$nulls":6},13895,"USINA DE CONCRETO FIXA, CAPACIDADE NOMINAL DE 60 M3/H, SEM SILO","UN    ","AS",537335.18000000005]
[{"$nulls":6},13892,"USINA DE CONCRETO FIXA, CAPACIDADE NOMINAL DE 80 M3/H, SEM SILO","UN    ","AS",658491.12]
[{"$nulls":6},9914,"USINA DE CONCRETO FIXA, CAPACIDADE NOMINAL DE 90 A 120 M3/H, SEM SILO","UN    ","AS",712400]
[{"$nulls":6},36485,"USINA DE LAMA ASFALTICA, PROD 30 A 50 T/H, SILO DE AGREGADO 7 M3, RESERVATORIOS PARA EMULSAO E AGUA DE 2,3 M3 CADA, MISTURADOR TIPO PUGG-MILL A SER MONTADO SOBRE CAMINHAO","UN    ","AS",665336.65]
[{"$nulls":6},9912,"USINA DE MISTURAS ASFALTICAS A QUENTE, MOVEL, TIPO CONTRA FLUXO, CAPACIDADE DE 40 A 80 T/H","UN    ","AS",2300000]
[{"$nulls":6},9921,"USINA MISTURADORA DE SOLOS,  DOSADORES TRIPLOS, CALHA VIBRATORIA CAPACIDADE DE 200 A 500 T/H, POTENCIA DE 75 KW","UN    ","AS",1186448.79]
[{"$nulls":6},21112,"VALVULA DE DESCARGA EM METAL CROMADO PARA MICTORIO COM ACIONAMENTO POR PRESSAO E FECHAMENTO AUTOMATICO","UN    ","AS",271.07]
[{"$nulls":6},10228,"VALVULA DE DESCARGA METALICA, BASE 1 1/2 \" E ACABAMENTO METALICO CROMADO","UN    ","AS",314.89999999999998]
[{"$nulls":6},11781,"VALVULA DE DESCARGA METALICA, BASE 1 1/4 \" E ACABAMENTO METALICO CROMADO","UN    ","AS",255.11]
[{"$nulls":6},37588,"VALVULA DE ESCOAMENTO PARA TANQUE, EM METAL CROMADO, 1.1/2 \", SEM LADRAO, COM TAMPAO PLASTICO","UN    ","CR",85.8]
[{"$nulls":6},11746,"VALVULA DE ESFERA BRUTA EM BRONZE, BITOLA 1 \" (REF 1552-B)","UN    ","CR",84.4]
[{"$nulls":6},11751,"VALVULA DE ESFERA BRUTA EM BRONZE, BITOLA 1 1/2 \" (REF 1552-B)","UN    ","CR",151.59]
[{"$nulls":6},11750,"VALVULA DE ESFERA BRUTA EM BRONZE, BITOLA 1 1/4 \" (REF 1552-B)","UN    ","CR",125.8]
[{"$nulls":6},11748,"VALVULA DE ESFERA BRUTA EM BRONZE, BITOLA 1/2 \" (REF 1552-B)","UN    ","CR",54.16]
[{"$nulls":6},11747,"VALVULA DE ESFERA BRUTA EM BRONZE, BITOLA 2 \" (REF 1552-B)","UN    ","CR",233.76]
[{"$nulls":6},11749,"VALVULA DE ESFERA BRUTA EM BRONZE, BITOLA 3/4 \" (REF 1552-B)","UN    ","CR",62.52]
[{"$nulls":6},10236,"VALVULA DE RETENCAO DE BRONZE, PE COM CRIVOS, EXTREMIDADE COM ROSCA, DE 1 1/2\", PARA FUNDO DE POCO","UN    ","AS",132.34]
[{"$nulls":6},10233,"VALVULA DE RETENCAO DE BRONZE, PE COM CRIVOS, EXTREMIDADE COM ROSCA, DE 1 1/4\", PARA FUNDO DE POCO","UN    ","AS",124.01]
[{"$nulls":6},10234,"VALVULA DE RETENCAO DE BRONZE, PE COM CRIVOS, EXTREMIDADE COM ROSCA, DE 1\", PARA FUNDO DE POCO","UN    ","AS",78.12]
[{"$nulls":6},10231,"VALVULA DE RETENCAO DE BRONZE, PE COM CRIVOS, EXTREMIDADE COM ROSCA, DE 2 1/2\", PARA FUNDO DE POCO","UN    ","AS",358.24]
[{"$nulls":6},10232,"VALVULA DE RETENCAO DE BRONZE, PE COM CRIVOS, EXTREMIDADE COM ROSCA, DE 2\", PARA FUNDO DE POCO","UN    ","AS",200.46]
[{"$nulls":6},10229,"VALVULA DE RETENCAO DE BRONZE, PE COM CRIVOS, EXTREMIDADE COM ROSCA, DE 3/4\", PARA FUNDO DE POCO","UN    ","AS",70.650000000000006]
[{"$nulls":6},10235,"VALVULA DE RETENCAO DE BRONZE, PE COM CRIVOS, EXTREMIDADE COM ROSCA, DE 3\", PARA FUNDO DE POCO","UN    ","AS",491.1]
[{"$nulls":6},10230,"VALVULA DE RETENCAO DE BRONZE, PE COM CRIVOS, EXTREMIDADE COM ROSCA, DE 4\", PARA FUNDO DE POCO","UN    ","AS",864.29]
[{"$nulls":6},10409,"VALVULA DE RETENCAO HORIZONTAL, DE BRONZE (PN-25), 1 1/2\", 400 PSI, TAMPA DE PORCA DE UNIAO, EXTREMIDADES COM ROSCA","UN    ","AS",256.77]
[{"$nulls":6},10411,"VALVULA DE RETENCAO HORIZONTAL, DE BRONZE (PN-25), 1 1/4\", 400 PSI, TAMPA DE PORCA DE UNIAO, EXTREMIDADES COM ROSCA","UN    ","AS",229.76]
[{"$nulls":6},10404,"VALVULA DE RETENCAO HORIZONTAL, DE BRONZE (PN-25), 1/2\", 400 PSI, TAMPA DE PORCA DE UNIAO, EXTREMIDADES COM ROSCA","UN    ","AS",93.18]
[{"$nulls":6},10410,"VALVULA DE RETENCAO HORIZONTAL, DE BRONZE (PN-25), 1\", 400 PSI, TAMPA DE PORCA DE UNIAO, EXTREMIDADES COM ROSCA","UN    ","AS",153.47999999999999]
[{"$nulls":6},10405,"VALVULA DE RETENCAO HORIZONTAL, DE BRONZE (PN-25), 2 1/2\", 400 PSI, TAMPA DE PORCA DE UNIAO, EXTREMIDADES COM ROSCA","UN    ","AS",514.44000000000005]
[{"$nulls":6},10408,"VALVULA DE RETENCAO HORIZONTAL, DE BRONZE (PN-25), 2\", 400 PSI, TAMPA DE PORCA DE UNIAO, EXTREMIDADES COM ROSCA","UN    ","AS",359.74]
[{"$nulls":6},10412,"VALVULA DE RETENCAO HORIZONTAL, DE BRONZE (PN-25), 3/4\", 400 PSI, TAMPA DE PORCA DE UNIAO, EXTREMIDADES COM ROSCA","UN    ","AS",112.92]
[{"$nulls":6},10406,"VALVULA DE RETENCAO HORIZONTAL, DE BRONZE (PN-25), 3\", 400 PSI, TAMPA DE PORCA DE UNIAO, EXTREMIDADES COM ROSCA","UN    ","AS",710.55]
[{"$nulls":6},10407,"VALVULA DE RETENCAO HORIZONTAL, DE BRONZE (PN-25), 4\", 400 PSI, TAMPA DE PORCA DE UNIAO, EXTREMIDADES COM ROSCA","UN    ","AS",1102.07]
[{"$nulls":6},10416,"VALVULA DE RETENCAO VERTICAL, DE BRONZE (PN-16), 1 1/2\", 200 PSI, EXTREMIDADES COM ROSCA","UN    ","AS",136.69999999999999]
[{"$nulls":6},10419,"VALVULA DE RETENCAO VERTICAL, DE BRONZE (PN-16), 1 1/4\", 200 PSI, EXTREMIDADES COM ROSCA","UN    ","AS",118.65]
[{"$nulls":6},21092,"VALVULA DE RETENCAO VERTICAL, DE BRONZE (PN-16), 1/2\", 200 PSI, EXTREMIDADES COM ROSCA","UN    ","AS",67.83]
[{"$nulls":6},10418,"VALVULA DE RETENCAO VERTICAL, DE BRONZE (PN-16), 1\", 200 PSI, EXTREMIDADES COM ROSCA","UN    ","AS",79.09]
[{"$nulls":6},12657,"VALVULA DE RETENCAO VERTICAL, DE BRONZE (PN-16), 2 1/2\", 200 PSI, EXTREMIDADES COM ROSCA","UN    ","AS",319.16000000000003]
[{"$nulls":6},10417,"VALVULA DE RETENCAO VERTICAL, DE BRONZE (PN-16), 2\", 200 PSI, EXTREMIDADES COM ROSCA","UN    ","AS",199.17]
[{"$nulls":6},10413,"VALVULA DE RETENCAO VERTICAL, DE BRONZE (PN-16), 3/4\", 200 PSI, EXTREMIDADES COM ROSCA","UN    ","AS",72.39]
[{"$nulls":6},10414,"VALVULA DE RETENCAO VERTICAL, DE BRONZE (PN-16), 3\", 200 PSI, EXTREMIDADES COM ROSCA","UN    ","AS",435.84]
[{"$nulls":6},10415,"VALVULA DE RETENCAO VERTICAL, DE BRONZE (PN-16), 4\", 200 PSI, EXTREMIDADES COM ROSCA","UN    ","AS",756.42]
[{"$nulls":6},38643,"VALVULA EM METAL CROMADO PARA LAVATORIO, 1 \" SEM LADRAO","UN    ","CR",68.180000000000007]
[{"$nulls":6},6157,"VALVULA EM METAL CROMADO PARA PIA AMERICANA 3.1/2 X 1.1/2 \"","UN    ","CR",93.14]
[{"$nulls":6},6158,"VALVULA EM PLASTICO BRANCO PARA LAVATORIO 1 \", SEM UNHO, COM LADRAO","UN    ","CR",8.4600000000000009]
[{"$nulls":6},6153,"VALVULA EM PLASTICO BRANCO PARA TANQUE OU LAVATORIO 1 \", SEM UNHO E SEM LADRAO","UN    ","CR",5.82]
[{"$nulls":6},6156,"VALVULA EM PLASTICO BRANCO PARA TANQUE 1.1/4 \" X 1.1/2 \", SEM UNHO E SEM LADRAO","UN    ","CR",7.25]
[{"$nulls":6},6154,"VALVULA EM PLASTICO CROMADO PARA LAVATORIO 1 \", SEM UNHO, COM LADRAO","UN    ","CR",10.34]
[{"$nulls":6},6155,"VALVULA EM PLASTICO CROMADO TIPO AMERICANA PARA PIA DE COZINHA 3.1/2 \" X 1.1/2 \", SEM ADAPTADOR","UN    ","CR",23.81]
[{"$nulls":6},43595,"VARA FINA PARA CREMONA, EM FERRO ZINCADO BRANCO, COM DIAMETRO DE APROX 10 MM E COMPRIMENTO DE 1,20 M","UN    ","CR",19.64]
[{"$nulls":6},43596,"VARA FINA PARA CREMONA, EM FERRO ZINCADO BRANCO, COM DIAMETRO DE APROX 10 MM E COMPRIMENTO DE 1,50 M","UN    ","CR",22.7]
[{"$nulls":6},38108,"VARIADOR DE LUMINOSIDADE ROTATIVO (DIMMER) 127 V, 300 W (APENAS MODULO)","UN    ","CR",53.59]
[{"$nulls":6},38087,"VARIADOR DE LUMINOSIDADE ROTATIVO (DIMMER) 127V, 300W, CONJUNTO MONTADO PARA EMBUTIR 4\" X 2\" (PLACA + SUPORTE + MODULO)","UN    ","CR",68.930000000000007]
[{"$nulls":6},38109,"VARIADOR DE LUMINOSIDADE ROTATIVO (DIMMER) 220 V, 600 W (APENAS MODULO)","UN    ","CR",85.65]
[{"$nulls":6},38088,"VARIADOR DE LUMINOSIDADE ROTATIVO (DIMMER) 220V, 600W, CONJUNTO MONTADO PARA EMBUTIR 4\" X 2\" (PLACA + SUPORTE + MODULO)","UN    ","CR",90.06]
[{"$nulls":6},38110,"VARIADOR DE VELOCIDADE PARA VENTILADOR 127 V, 150 W (APENAS MODULO)","UN    ","CR",32.950000000000003]
[{"$nulls":6},38089,"VARIADOR DE VELOCIDADE PARA VENTILADOR 127V, 150W + 2 INTERRUPTORES PARALELOS, PARA REVERSAO E LAMPADA, CONJUNTO MONTADO PARA EMBUTIR 4\" X 2\" (PLACA + SUPORTE + MODULOS)","UN    ","CR",57.41]
[{"$nulls":6},38111,"VARIADOR DE VELOCIDADE PARA VENTILADOR 220 V, 250 W (APENAS MODULO)","UN    ","CR",36.840000000000003]
[{"$nulls":6},38090,"VARIADOR DE VELOCIDADE PARA VENTILADOR 220V, 250W + 2 INTERRUPTORES PARALELOS, PARA REVERSAO E LAMPADA, CONJUNTO MONTADO PARA EMBUTIR 4\" X 2\" (PLACA + SUPORTE + MODULOS)","UN    ","CR",59.34]
[{"$nulls":6},13726,"VASSOURA MECANICA REBOCAVEL COM ESCOVA CILINDRICA LARGURA UTIL DE VARRIMENTO = 2,44M","UN    ","AS",73280.61]
[{"$nulls":6},38400,"VASSOURA 40 CM COM CABO","UN    ","CR",24.58]
[{"$nulls":6},12627,"VEDACAO DE CALHA, EM BORRACHA COR PRETA, MEDIDA ENTRE 119 E 170 MM, PARA DRENAGEM PLUVIAL PREDIAL","UN    ","CR",1.36]
[{"$nulls":6},39996,"VERGALHAO ZINCADO ROSCA TOTAL, 1/4 \" (6,3 MM)","M     ","CR",4.5999999999999996]
[{"$nulls":6},10478,"VERNIZ A BASE RESINA ALQUIDICA COM POLIURETANO PARA MADEIRA, COM FILTRO SOLAR, BRILHANTE, USO INTERNO E EXTERNO","L     ","C ",33.72]
[{"$nulls":6},10481,"VERNIZ MARITIMO PREMIUM PARA MADEIRA, COM FILTRO SOLAR, BRILHANTE, USO INTERNO E EXTERNO","L     ","CR",29.99]
[{"$nulls":6},10475,"VERNIZ TIPO COPAL PARA MADEIRA, BRILHANTE, USO INTERNO","L     ","CR",29.02]
[{"$nulls":6},4030,"VEU DE POLIESTER PARA IMPERMEABILIZACAO","M2    ","CR",15.87]
[{"$nulls":6},4031,"VEU DE VIDRO/VEU DE SUPERFICIE 30 A 35 G/M2","M2    ","CR",74.61]
[{"$nulls":6},39399,"VIBRADOR DE IMERSAO, COM PONTEIRA DE *35* MM, MANGOTE DE 5 M, SEM MOTOR","UN    ","AS",1360.93]
[{"$nulls":6},39400,"VIBRADOR DE IMERSAO, COM PONTEIRA DE *45* MM, MANGOTE DE 5 M, SEM MOTOR.","UN    ","AS",1479.28]
[{"$nulls":6},39401,"VIBRADOR DE IMERSAO, COM PONTEIRA DE *60* MM, MANGOTE DE 5 M, SEM MOTOR.","UN    ","AS",1659.39]
[{"$nulls":6},11652,"VIBRADOR DE IMERSAO, DIAMETRO DA PONTEIRA DE *35* MM, COM MOTOR 4 TEMPOS A GASOLINA DE 5,5 HP (5,5 CV)","UN    ","AS",3570]
[{"$nulls":6},13896,"VIBRADOR DE IMERSAO, DIAMETRO DA PONTEIRA DE *45* MM, COM MOTOR ELETRICO TRIFASICO DE 2 HP (2 CV)","UN    ","AS",3202.6]
[{"$nulls":6},13475,"VIBRADOR DE IMERSAO, DIAMETRO DA PONTEIRA DE *45* MM, COM MOTOR 4 TEMPOS A GASOLINA DE 5,5 HP (5,5 CV)","UN    ","AS",3901.15]
[{"$nulls":6},44491,"VIBROACABADORA DE ASFALTO SOBRE ESTEIRAS, LARG. PAVIM. MAX. 8,00 M, POT. 100 KW/ 134 HP, CAP.  600 T/ H","UN    ","AS",4602516.8600000003]
[{"$nulls":6},44470,"VIBROACABADORA DE ASFALTO SOBRE ESTEIRAS, LARG. PAVIM. 2,13 M A 4,55 M, POT. 74 KW/ 100 HP, CAP. 400  T/ H","UN    ","AS",1937606.18]
[{"$nulls":6},13476,"VIBROACABADORA DE ASFALTO SOBRE ESTEIRAS, LARG. PAVIM. 2,60 M A 5,75 M, POT. 110 HP, CAP. 450 T/ H","UN    ","AS",1951646.94]
[{"$nulls":6},10488,"VIBROACABADORA DE ASFALTO SOBRE ESTEIRAS, LARG. PAVIMENT. 1,90 A 5,3 M, POT. 78 KW/105 HP, CAP. 450 T/H","UN    ","AS",2364441.27]
[{"$nulls":6},13606,"VIBROACABADORA DE ASFALTO SOBRE RODAS, LARGURA DE PAVIMENTACAO DE 1,70 A 4,20 M, POTENCIA 78 KW/105 HP, CAPACIDADE 300 T/H","UN    ","AS",2094861.15]
[{"$nulls":6},10489,"VIDRACEIRO (HORISTA)","H     ","CR",17.03]
[{"$nulls":6},41073,"VIDRACEIRO (MENSALISTA)","MES   ","CR",2959.38]
[{"$nulls":6},34391,"VIDRO COMUM LAMINADO LISO INCOLOR DUPLO, ESPESSURA TOTAL 8 MM (CADA CAMADA DE 4 MM) - COLOCADO","M2    ","CR",1431.46]
[{"$nulls":6},10496,"VIDRO COMUM LAMINADO, LISO, INCOLOR, DUPLO, ESPESSURA TOTAL 6 MM (CADA CAMADA E= 3 MM) - COLOCADO","M2    ","CR",1245.83]
[{"$nulls":6},10497,"VIDRO COMUM LAMINADO, LISO, INCOLOR, TRIPLO, ESPESSURA TOTAL 12 MM (CADA CAMADA E=  4 MM) - COLOCADO","M2    ","CR",3239.16]
[{"$nulls":6},10504,"VIDRO COMUM LAMINADO, LISO, INCOLOR, TRIPLO, ESPESSURA TOTAL 15 MM (CADA CAMADA E = 5 MM) - COLOCADO","M2    ","CR",3787.33]
[{"$nulls":6},34390,"VIDRO CRISTAL COLORIDO, 10 MM, PINTADO NA COR BRANCA","M2    ","CR",1116.26]
[{"$nulls":6},34389,"VIDRO CRISTAL COLORIDO, 4 MM, PINTADO NA COR BRANCA","M2    ","CR",348.83]
[{"$nulls":6},34388,"VIDRO CRISTAL COLORIDO, 6 MM, PINTADO NA COR BRANCA","M2    ","CR",495.79]
[{"$nulls":6},34387,"VIDRO CRISTAL COLORIDO, 8 MM, PINTADO NA COR BRANCA","M2    ","CR",804.8]
[{"$nulls":6},11188,"VIDRO LISO FUME E = 4MM - SEM COLOCACAO","M2    ","CR",398.66]
[{"$nulls":6},11189,"VIDRO LISO FUME E = 6MM - SEM COLOCACAO","M2    ","CR",598]
[{"$nulls":6},21107,"VIDRO LISO FUME, E = 5 MM - SEM COLOCACAO","M2    ","CR",430.36]
[{"$nulls":6},34386,"VIDRO LISO INCOLOR 10 MM - SEM COLOCACAO","M2    ","CR",747.5]
[{"$nulls":6},10490,"VIDRO LISO INCOLOR 2 A 3 MM - SEM COLOCACAO","M2    ","CR",261.62]
[{"$nulls":6},10492,"VIDRO LISO INCOLOR 4MM - SEM COLOCACAO","M2    ","C ",299]
[{"$nulls":6},10493,"VIDRO LISO INCOLOR 5MM - SEM COLOCACAO","M2    ","CR",348.83]
[{"$nulls":6},10491,"VIDRO LISO INCOLOR 6 MM - SEM COLOCACAO","M2    ","CR",423.58]
[{"$nulls":6},34385,"VIDRO LISO INCOLOR 8MM  -  SEM COLOCACAO","M2    ","CR",617.92999999999995]
[{"$nulls":6},10499,"VIDRO MARTELADO OU CANELADO, 4 MM - SEM COLOCACAO","M2    ","CR",249.16]
[{"$nulls":6},34384,"VIDRO PLANO ARAMADO E = 6 MM - SEM COLOCACAO","M2    ","CR",747.5]
[{"$nulls":6},11185,"VIDRO PLANO ARAMADO E = 7MM - SEM COLOCACAO","M2    ","CR",772.41]
[{"$nulls":6},10507,"VIDRO TEMPERADO INCOLOR E = 10 MM, SEM COLOCACAO","M2    ","CR",577.84]
[{"$nulls":6},10505,"VIDRO TEMPERADO INCOLOR E = 6 MM, SEM COLOCACAO","M2    ","CR",340.97]
[{"$nulls":6},10506,"VIDRO TEMPERADO INCOLOR E = 8 MM, SEM COLOCACAO","M2    ","CR",445.11]
[{"$nulls":6},5031,"VIDRO TEMPERADO INCOLOR PARA PORTA DE ABRIR, E = 10 MM (SEM FERRAGENS E SEM COLOCACAO)","M2    ","C ",625]
[{"$nulls":6},10502,"VIDRO TEMPERADO VERDE E = 10 MM, SEM COLOCACAO","M2    ","CR",728.27]
[{"$nulls":6},10501,"VIDRO TEMPERADO VERDE E = 6 MM, SEM COLOCACAO","M2    ","CR",411.45]
[{"$nulls":6},10503,"VIDRO TEMPERADO VERDE E = 8 MM, SEM COLOCACAO","M2    ","CR",555.87]
[{"$nulls":6},4500,"VIGA *7,5 X 10* CM EM PINUS, MISTA OU EQUIVALENTE DA REGIAO - BRUTA","M     ","CR",18.3]
[{"$nulls":6},4448,"VIGA *7,5 X 15 CM EM PINUS, MISTA OU EQUIVALENTE DA REGIAO - BRUTA","M     ","CR",25.14]
[{"$nulls":6},20213,"VIGA APARELHADA *6 X 12* CM, EM MACARANDUBA/MASSARANDUBA, ANGELIM OU EQUIVALENTE DA REGIAO","M     ","CR",14.78]
[{"$nulls":6},20211,"VIGA APARELHADA *6 X 16* CM, EM MACARANDUBA/MASSARANDUBA, ANGELIM OU EQUIVALENTE DA REGIAO","M     ","CR",19.57]
[{"$nulls":6},40270,"VIGA DE ESCORAMAENTO H20, DE MADEIRA, PESO DE 5,00 A 5,20 KG/M, COM EXTREMIDADES PLASTICAS","M     ","AS",126.05]
[{"$nulls":6},4425,"VIGA NAO APARELHADA *6 X 12* CM, EM MACARANDUBA/MASSARANDUBA, ANGELIM OU EQUIVALENTE DA REGIAO - BRUTA","M     ","CR",16.18]
[{"$nulls":6},4472,"VIGA NAO APARELHADA *6 X 16* CM, EM MACARANDUBA/MASSARANDUBA, ANGELIM OU EQUIVALENTE DA REGIAO - BRUTA","M     ","CR",20.21]
[{"$nulls":6},35272,"VIGA NAO APARELHADA *6 X 20* CM, EM MACARANDUBA/MASSARANDUBA, ANGELIM OU EQUIVALENTE DA REGIAO - BRUTA","M     ","CR",29.22]
[{"$nulls":6},4481,"VIGA NAO APARELHADA *8 X 16* CM EM MACARANDUBA/MASSARANDUBA, ANGELIM OU EQUIVALENTE DA REGIAO - BRUTA","M     ","CR",31.27]
[{"$nulls":6},34345,"VIGIA DIURNO","H     ","CR",13.45]
[{"$nulls":6},41096,"VIGIA DIURNO (MENSALISTA)","MES   ","CR",2333.52]
[{"$nulls":6},41776,"VIGIA NOTURNO, HORA EFETIVAMENTE TRABALHADA DE 22 H AS 5 H (COM ADICIONAL NOTURNO)","H     ","CR",18.43]
[{"$nulls":6},""]
[{"$nulls":6},"TOTAL DE INSUMOS : 4937"]

{"sheet":"MEMORIA DE CÁLCULO","index":3,"n_rows":2461,"n_cols":23,"rows_kept":2461,"cut":false,"hidden":false,"merged":[[2453,5,2458,9],[2453,10,2458,14],[767,0,768,3],[526,0,527,3],[529,0,530,3],[643,0,644,3],[646,0,647,3],[760,0,761,3],[763,0,764,3],[513,0,514,3],[521,0,522,3],[630,0,631,3],[638,0,639,3],[747,0,748,3],[755,0,756,3],[805,12,806,14],[444,12,445,14],[446,0,448,14],[449,0,451,3],[467,0,470,3],[474,0,475,3],[497,0,498,3],[500,0,502,14],[503,0,506,3],[517,0,518,3],[542,0,543,3],[544,0,546,3],[561,12,562,14],[563,0,565,14],[566,0,568,3],[584,0,587,3],[591,0,592,3],[770,11,771,11],[776,11,777,11],[778,11,780,11],[781,11,782,11],[0,0,1,14],[107,0,112,3],[107,12,112,14],[163,12,165,14],[547,0,548,3],[664,0,665,3],[486,0,487,3],[603,0,604,3],[720,0,721,3],[536,0,537,3],[653,0,654,3],[770,0,771,3],[489,0,490,3],[606,0,607,3],[723,0,724,3],[484,0,485,3],[601,0,602,3],[718,0,719,3],[471,0,472,3],[588,0,589,3],[705,0,706,3],[444,0,445,3],[533,0,534,3],[561,0,562,3],[650,0,651,3],[678,0,679,3],[773,0,773,3],[773,12,773,14],[2433,0,2433,3],[2433,5,2433,6],[2433,7,2433,8],[2433,9,2433,10],[458,0,459,3],[575,0,576,3],[2448,0,2448,3],[2448,5,2448,6],[2448,7,2448,8],[2448,9,2448,10],[2448,12,2448,14],[2450,11,2450,13],[2453,0,2453,4],[2457,0,2457,4],[2458,0,2458,4],[2459,0,2459,4],[2460,0,2460,14],[458,4,459,4],[467,4,470,4],[471,4,472,4],[474,4,475,4],[484,4,485,4],[486,4,487,4],[489,4,490,4],[497,4,498,4],[503,4,506,4],[513,4,514,4],[517,4,518,4],[521,4,522,4],[526,4,527,4],[529,4,530,4],[533,4,534,4],[2436,11,2436,13],[2438,1,2438,14],[2440,0,2440,3],[2440,5,2440,6],[2440,7,2440,8],[2440,9,2440,10],[2440,12,2440,14],[2441,0,2441,3],[2441,5,2441,6],[2441,7,2441,8],[2441,9,2441,10],[2441,12,2441,14],[2443,11,2443,13],[2445,1,2445,14],[2447,0,2447,3],[2447,5,2447,6],[2447,7,2447,8],[2447,9,2447,10],[2447,12,2447,14],[2433,12,2433,14],[2434,0,2434,3],[2434,5,2434,6],[2434,7,2434,8],[2434,9,2434,10],[2434,12,2434,14],[2415,11,2415,13],[2417,1,2417,14],[2419,0,2419,3],[2419,5,2419,6],[2419,7,2419,8],[2419,9,2419,10],[2419,12,2419,14],[2420,0,2420,3],[2420,5,2420,6],[2420,7,2420,8],[2420,9,2420,10],[2420,12,2420,14],[2422,11,2422,13],[2424,1,2424,14],[2426,0,2426,3],[2426,5,2426,6],[2426,7,2426,8],[2426,9,2426,10],[2426,12,2426,14],[2427,0,2427,3],[2427,5,2427,6],[2427,7,2427,8],[2427,9,2427,10],[2427,12,2427,14],[2429,11,2429,13],[2431,1,2431,14],[2406,0,2406,3],[2406,5,2406,6],[2406,7,2406,8],[2406,9,2406,10],[2406,12,2406,14],[2408,11,2408,13],[2410,1,2410,14],[2412,0,2412,3],[2412,5,2412,6],[2412,7,2412,8],[2412,9,2412,10],[2412,12,2412,14],[2413,0,2413,3],[2413,5,2413,6],[2413,7,2413,8],[2413,9,2413,10],[2413,12,2413,14],[2394,11,2394,13],[2396,1,2396,14],[2398,0,2398,3],[2398,5,2398,6],[2398,7,2398,8],[2398,9,2398,10],[2398,12,2398,14],[2399,0,2399,3],[2399,5,2399,6],[2399,7,2399,8],[2399,9,2399,10],[2399,12,2399,14],[2401,11,2401,13],[2403,1,2403,14],[2405,0,2405,3],[2405,5,2405,6],[2405,7,2405,8],[2405,9,2405,10],[2405,12,2405,14],[2385,0,2385,3],[2385,5,2385,6],[2385,7,2385,8],[2385,9,2385,10],[2385,12,2385,14],[2387,11,2387,13],[2389,1,2389,14],[2391,0,2391,3],[2391,5,2391,6],[2391,7,2391,8],[2391,9,2391,10],[2391,12,2391,14],[2392,0,2392,3],[2392,5,2392,6],[2392,7,2392,8],[2392,9,2392,10],[2392,12,2392,14],[2373,11,2373,13],[2375,1,2375,14],[2377,0,2377,3],[2377,5,2377,6],[2377,7,2377,8],[2377,9,2377,10],[2377,12,2377,14],[2378,0,2378,3],[2378,5,2378,6],[2378,7,2378,8],[2378,9,2378,10],[2378,12,2378,14],[2380,11,2380,13],[2382,1,2382,14],[2384,0,2384,3],[2384,5,2384,6],[2384,7,2384,8],[2384,9,2384,10],[2384,12,2384,14],[2364,0,2364,3],[2364,5,2364,6],[2364,7,2364,8],[2364,9,2364,10],[2364,12,2364,14],[2366,11,2366,13],[2368,1,2368,14],[2370,0,2370,3],[2370,5,2370,6],[2370,7,2370,8],[2370,10,2370,11],[2370,12,2370,14],[2371,0,2371,3],[2371,5,2371,6],[2371,7,2371,8],[2371,10,2371,11],[2371,12,2371,14],[2352,11,2352,13],[2354,1,2354,14],[2356,0,2356,3],[2356,5,2356,6],[2356,7,2356,8],[2356,9,2356,10],[2356,12,2356,14],[2357,0,2357,3],[2357,5,2357,6],[2357,7,2357,8],[2357,9,2357,10],[2357,12,2357,14],[2359,11,2359,13],[2361,1,2361,14],[2363,0,2363,3],[2363,5,2363,6],[2363,7,2363,8],[2363,9,2363,10],[2363,12,2363,14],[2343,0,2343,3],[2343,5,2343,6],[2343,7,2343,8],[2343,9,2343,10],[2343,12,2343,14],[2345,11,2345,13],[2347,1,2347,14],[2349,0,2349,3],[2349,5,2349,6],[2349,7,2349,8],[2349,9,2349,10],[2349,12,2349,14],[2350,0,2350,3],[2350,5,2350,6],[2350,7,2350,8],[2350,9,2350,10],[2350,12,2350,14],[2335,0,2335,3],[2335,5,2335,6],[2335,7,2335,8],[2335,9,2335,10],[2335,12,2335,14],[2336,0,2336,3],[2336,5,2336,6],[2336,7,2336,8],[2336,9,2336,10],[2336,12,2336,14],[2338,11,2338,13],[2340,1,2340,14],[2342,0,2342,3],[2342,5,2342,6],[2342,7,2342,8],[2342,9,2342,10],[2342,12,2342,14],[2327,0,2327,3],[2327,5,2327,6],[2327,7,2327,8],[2327,9,2327,10],[2327,12,2327,14],[2329,11,2329,13],[2331,1,2331,14],[2333,0,2333,3],[2333,5,2333,6],[2333,7,2333,8],[2333,9,2333,10],[2333,12,2333,14],[2334,0,2334,3],[2334,5,2334,6],[2334,7,2334,8],[2334,9,2334,10],[2334,12,2334,14],[2315,11,2315,13],[2317,1,2317,14],[2319,0,2319,3],[2319,5,2319,6],[2319,7,2319,8],[2319,9,2319,10],[2319,12,2319,14],[2320,0,2320,3],[2320,5,2320,6],[2320,7,2320,8],[2320,9,2320,10],[2320,12,2320,14],[2322,11,2322,13],[2324,1,2324,14],[2326,0,2326,3],[2326,5,2326,6],[2326,7,2326,8],[2326,9,2326,10],[2326,12,2326,14],[2306,0,2306,3],[2306,5,2306,6],[2306,7,2306,8],[2306,9,2306,10],[2306,12,2306,14],[2308,11,2308,13],[2310,1,2310,14],[2312,0,2312,3],[2312,5,2312,6],[2312,7,2312,8],[2312,9,2312,10],[2312,12,2312,14],[2313,0,2313,3],[2313,5,2313,6],[2313,7,2313,8],[2313,9,2313,10],[2313,12,2313,14],[2292,0,2292,3],[2292,5,2292,6],[2292,7,2292,8],[2292,9,2292,10],[2292,12,2292,14],[2294,11,2294,13],[2296,1,2296,14],[2298,0,2298,3],[2298,12,2298,14],[2299,0,2299,3],[2299,12,2299,14],[2301,11,2301,13],[2303,1,2303,14],[2305,0,2305,3],[2305,5,2305,6],[2305,7,2305,8],[2305,9,2305,10],[2305,12,2305,14],[2282,1,2282,14],[2284,0,2284,3],[2284,5,2284,6],[2284,7,2284,8],[2284,9,2284,10],[2284,12,2284,14],[2285,0,2285,3],[2285,5,2285,6],[2285,7,2285,8],[2285,9,2285,10],[2285,12,2285,14],[2287,11,2287,13],[2289,1,2289,14],[2291,0,2291,3],[2291,5,2291,6],[2291,7,2291,8],[2291,9,2291,10],[2291,12,2291,14],[2266,11,2266,13],[2268,1,2268,14],[2270,0,2270,3],[2270,9,2270,10],[2270,12,2270,14],[2271,0,2271,3],[2271,9,2271,10],[2271,12,2271,14],[2273,11,2273,13],[2275,1,2275,14],[2277,0,2277,3],[2277,9,2277,10],[2277,12,2277,14],[2278,0,2278,3],[2278,9,2278,10],[2278,12,2278,14],[2280,11,2280,13],[2257,0,2257,3],[2257,5,2257,6],[2257,7,2257,8],[2257,9,2257,10],[2257,12,2257,14],[2259,11,2259,13],[2261,1,2261,14],[2263,0,2263,3],[2263,5,2263,6],[2263,7,2263,8],[2263,9,2263,10],[2263,12,2263,14],[2264,0,2264,3],[2264,5,2264,6],[2264,7,2264,8],[2264,9,2264,10],[2264,12,2264,14],[2249,0,2249,3],[2249,5,2249,6],[2249,7,2249,8],[2249,9,2249,10],[2249,12,2249,14],[2251,11,2251,13],[2253,1,2253,14],[2255,0,2255,3],[2255,5,2255,6],[2255,7,2255,8],[2255,9,2255,10],[2255,12,2255,14],[2256,0,2256,3],[2256,5,2256,6],[2256,7,2256,8],[2256,9,2256,10],[2256,12,2256,14],[2237,11,2237,13],[2239,1,2239,14],[2241,0,2241,3],[2241,5,2241,6],[2241,7,2241,8],[2241,9,2241,10],[2241,12,2241,14],[2242,0,2242,3],[2242,5,2242,6],[2242,7,2242,8],[2242,9,2242,10],[2242,12,2242,14],[2244,11,2244,13],[2246,1,2246,14],[2248,0,2248,3],[2248,5,2248,6],[2248,7,2248,8],[2248,9,2248,10],[2248,12,2248,14],[2228,0,2228,3],[2228,5,2228,6],[2228,7,2228,8],[2228,9,2228,10],[2228,12,2228,14],[2230,11,2230,13],[2232,1,2232,14],[2234,0,2234,3],[2234,5,2234,6],[2234,7,2234,8],[2234,9,2234,10],[2234,12,2234,14],[2235,0,2235,3],[2235,5,2235,6],[2235,7,2235,8],[2235,9,2235,10],[2235,12,2235,14],[2216,11,2216,13],[2218,1,2218,14],[2220,0,2220,3],[2220,5,2220,6],[2220,7,2220,8],[2220,9,2220,10],[2220,12,2220,14],[2221,0,2221,3],[2221,5,2221,6],[2221,7,2221,8],[2221,9,2221,10],[2221,12,2221,14],[2223,11,2223,13],[2225,1,2225,14],[2227,0,2227,3],[2227,5,2227,6],[2227,7,2227,8],[2227,9,2227,10],[2227,12,2227,14],[2207,0,2207,3],[2207,5,2207,6],[2207,7,2207,8],[2207,9,2207,10],[2207,12,2207,14],[2209,11,2209,13],[2211,1,2211,14],[2213,0,2213,3],[2213,5,2213,6],[2213,7,2213,8],[2213,9,2213,10],[2213,12,2213,14],[2214,0,2214,3],[2214,5,2214,6],[2214,7,2214,8],[2214,9,2214,10],[2214,12,2214,14],[2195,11,2195,13],[2197,1,2197,14],[2199,0,2199,3],[2199,5,2199,6],[2199,7,2199,8],[2199,9,2199,10],[2199,12,2199,14],[2200,0,2200,3],[2200,5,2200,6],[2200,7,2200,8],[2200,9,2200,10],[2200,12,2200,14],[2202,11,2202,13],[2204,1,2204,14],[2206,0,2206,3],[2206,5,2206,6],[2206,7,2206,8],[2206,9,2206,10],[2206,12,2206,14],[2186,0,2186,3],[2186,5,2186,6],[2186,7,2186,8],[2186,9,2186,10],[2186,12,2186,14],[2188,11,2188,13],[2190,1,2190,14],[2192,0,2192,3],[2192,5,2192,6],[2192,7,2192,8],[2192,9,2192,10],[2192,12,2192,14],[2193,0,2193,3],[2193,5,2193,6],[2193,7,2193,8],[2193,9,2193,10],[2193,12,2193,14],[2174,11,2174,13],[2176,1,2176,14],[2178,0,2178,3],[2178,5,2178,6],[2178,7,2178,8],[2178,9,2178,10],[2178,12,2178,14],[2179,0,2179,3],[2179,5,2179,6],[2179,7,2179,8],[2179,9,2179,10],[2179,12,2179,14],[2181,11,2181,13],[2183,1,2183,14],[2185,0,2185,3],[2185,5,2185,6],[2185,7,2185,8],[2185,9,2185,10],[2185,12,2185,14],[2165,0,2165,3],[2165,5,2165,6],[2165,7,2165,8],[2165,9,2165,10],[2165,12,2165,14],[2167,11,2167,13],[2169,1,2169,14],[2171,0,2171,3],[2171,5,2171,6],[2171,7,2171,8],[2171,9,2171,10],[2171,12,2171,14],[2172,0,2172,3],[2172,5,2172,6],[2172,7,2172,8],[2172,9,2172,10],[2172,12,2172,14],[2153,11,2153,13],[2155,1,2155,14],[2157,0,2157,3],[2157,5,2157,6],[2157,7,2157,8],[2157,9,2157,10],[2157,12,2157,14],[2158,0,2158,3],[2158,5,2158,6],[2158,7,2158,8],[2158,9,2158,10],[2158,12,2158,14],[2160,11,2160,13],[2162,1,2162,14],[2164,0,2164,3],[2164,5,2164,6],[2164,7,2164,8],[2164,9,2164,10],[2164,12,2164,14],[2144,0,2144,3],[2144,5,2144,6],[2144,7,2144,8],[2144,9,2144,10],[2144,12,2144,14],[2146,11,2146,13],[2148,1,2148,14],[2150,0,2150,3],[2150,5,2150,6],[2150,7,2150,8],[2150,9,2150,10],[2150,12,2150,14],[2151,0,2151,3],[2151,5,2151,6],[2151,7,2151,8],[2151,9,2151,10],[2151,12,2151,14],[2132,11,2132,13],[2134,1,2134,14],[2136,0,2136,3],[2136,5,2136,6],[2136,7,2136,8],[2136,9,2136,10],[2136,12,2136,14],[2137,0,2137,3],[2137,5,2137,6],[2137,7,2137,8],[2137,9,2137,10],[2137,12,2137,14],[2139,11,2139,13],[2141,1,2141,14],[2143,0,2143,3],[2143,5,2143,6],[2143,7,2143,8],[2143,9,2143,10],[2143,12,2143,14],[2123,0,2123,3],[2123,5,2123,6],[2123,7,2123,8],[2123,9,2123,10],[2123,12,2123,14],[2125,11,2125,13],[2127,1,2127,14],[2129,0,2129,3],[2129,5,2129,6],[2129,7,2129,8],[2129,9,2129,10],[2129,12,2129,14],[2130,0,2130,3],[2130,5,2130,6],[2130,7,2130,8],[2130,9,2130,10],[2130,12,2130,14],[2111,11,2111,13],[2113,1,2113,14],[2115,0,2115,3],[2115,5,2115,6],[2115,7,2115,8],[2115,9,2115,10],[2115,12,2115,14],[2116,0,2116,3],[2116,5,2116,6],[2116,7,2116,8],[2116,9,2116,10],[2116,12,2116,14],[2118,11,2118,13],[2120,1,2120,14],[2122,0,2122,3],[2122,5,2122,6],[2122,7,2122,8],[2122,9,2122,10],[2122,12,2122,14],[2102,0,2102,3],[2102,5,2102,6],[2102,7,2102,8],[2102,9,2102,10],[2102,12,2102,14],[2104,11,2104,13],[2106,1,2106,14],[2108,0,2108,3],[2108,5,2108,6],[2108,7,2108,8],[2108,9,2108,10],[2108,12,2108,14],[2109,0,2109,3],[2109,5,2109,6],[2109,7,2109,8],[2109,9,2109,10],[2109,12,2109,14],[2094,0,2094,3],[2094,5,2094,6],[2094,7,2094,8],[2094,9,2094,10],[2094,12,2094,14],[2095,0,2095,3],[2095,5,2095,6],[2095,7,2095,8],[2095,9,2095,10],[2095,12,2095,14],[2097,11,2097,13],[2099,1,2099,14],[2101,0,2101,3],[2101,5,2101,6],[2101,7,2101,8],[2101,9,2101,10],[2101,12,2101,14],[2086,0,2086,3],[2086,5,2086,6],[2086,7,2086,8],[2086,9,2086,10],[2086,12,2086,14],[2087,0,2087,3],[2087,5,2087,6],[2087,7,2087,8],[2087,9,2087,10],[2087,12,2087,14],[2088,0,2088,3],[2088,5,2088,6],[2088,7,2088,8],[2088,9,2088,10],[2088,12,2088,14],[2090,11,2090,13],[2092,1,2092,14],[2079,11,2079,13],[2081,1,2081,14],[2083,0,2083,3],[2083,5,2083,6],[2083,7,2083,8],[2083,9,2083,10],[2083,12,2083,14],[2084,0,2084,3],[2084,5,2084,6],[2084,7,2084,8],[2084,9,2084,10],[2084,12,2084,14],[2085,0,2085,3],[2085,5,2085,6],[2085,7,2085,8],[2085,9,2085,10],[2085,12,2085,14],[2074,0,2074,3],[2074,5,2074,6],[2074,7,2074,8],[2074,9,2074,10],[2074,12,2074,14],[2075,0,2075,3],[2075,5,2075,6],[2075,7,2075,8],[2075,9,2075,10],[2075,12,2075,14],[2076,0,2076,3],[2076,5,2076,6],[2076,7,2076,8],[2076,9,2076,10],[2076,12,2076,14],[2077,0,2077,3],[2077,5,2077,6],[2077,7,2077,8],[2077,9,2077,10],[2077,12,2077,14],[2066,0,2066,3],[2066,5,2066,6],[2066,7,2066,8],[2066,9,2066,10],[2066,12,2066,14],[2067,0,2067,3],[2067,5,2067,6],[2067,7,2067,8],[2067,9,2067,10],[2067,12,2067,14],[2068,0,2068,3],[2068,5,2068,6],[2068,7,2068,8],[2068,9,2068,10],[2068,12,2068,14],[2070,11,2070,13],[2072,1,2072,14],[2058,0,2058,3],[2058,5,2058,6],[2058,7,2058,8],[2058,9,2058,10],[2058,12,2058,14],[2059,0,2059,3],[2059,5,2059,6],[2059,7,2059,8],[2059,9,2059,10],[2059,12,2059,14],[2061,11,2061,13],[2063,1,2063,14],[2065,0,2065,3],[2065,5,2065,6],[2065,7,2065,8],[2065,9,2065,10],[2065,12,2065,14],[2046,11,2046,13],[2048,1,2048,14],[2050,0,2050,3],[2050,5,2050,6],[2050,7,2050,8],[2050,9,2050,10],[2050,12,2050,14],[2051,0,2051,3],[2051,5,2051,6],[2051,7,2051,8],[2051,9,2051,10],[2051,12,2051,14],[2053,11,2053,13],[2055,1,2055,14],[2057,0,2057,3],[2057,5,2057,6],[2057,7,2057,8],[2057,9,2057,10],[2057,12,2057,14],[2037,0,2037,3],[2037,5,2037,6],[2037,7,2037,8],[2037,9,2037,10],[2037,12,2037,14],[2039,11,2039,13],[2041,1,2041,14],[2043,0,2043,3],[2043,5,2043,6],[2043,7,2043,8],[2043,9,2043,10],[2043,12,2043,14],[2044,0,2044,3],[2044,5,2044,6],[2044,7,2044,8],[2044,9,2044,10],[2044,12,2044,14],[2025,11,2025,13],[2027,1,2027,14],[2029,0,2029,3],[2029,5,2029,6],[2029,7,2029,8],[2029,9,2029,10],[2029,12,2029,14],[2030,0,2030,3],[2030,5,2030,6],[2030,7,2030,8],[2030,9,2030,10],[2030,12,2030,14],[2032,11,2032,13],[2034,1,2034,14],[2036,0,2036,3],[2036,5,2036,6],[2036,7,2036,8],[2036,9,2036,10],[2036,12,2036,14],[2016,0,2016,3],[2016,5,2016,6],[2016,7,2016,8],[2016,9,2016,10],[2016,12,2016,14],[2018,11,2018,13],[2020,1,2020,14],[2022,0,2022,3],[2022,5,2022,6],[2022,7,2022,8],[2022,9,2022,10],[2022,12,2022,14],[2023,0,2023,3],[2023,5,2023,6],[2023,7,2023,8],[2023,9,2023,10],[2023,12,2023,14],[2004,11,2004,13],[2006,1,2006,14],[2008,0,2008,3],[2008,5,2008,6],[2008,7,2008,8],[2008,9,2008,10],[2008,12,2008,14],[2009,0,2009,3],[2009,5,2009,6],[2009,7,2009,8],[2009,9,2009,10],[2009,12,2009,14],[2011,11,2011,13],[2013,1,2013,14],[2015,0,2015,3],[2015,5,2015,6],[2015,7,2015,8],[2015,9,2015,10],[2015,12,2015,14],[1995,0,1995,3],[1995,5,1995,6],[1995,7,1995,8],[1995,9,1995,10],[1995,12,1995,14],[1997,11,1997,13],[1999,1,1999,14],[2001,0,2001,3],[2001,5,2001,6],[2001,7,2001,8],[2001,9,2001,10],[2001,12,2001,14],[2002,0,2002,3],[2002,5,2002,6],[2002,7,2002,8],[2002,9,2002,10],[2002,12,2002,14],[1983,11,1983,13],[1985,1,1985,14],[1987,0,1987,3],[1987,5,1987,6],[1987,7,1987,8],[1987,9,1987,10],[1987,12,1987,14],[1988,0,1988,3],[1988,5,1988,6],[1988,7,1988,8],[1988,9,1988,10],[1988,12,1988,14],[1990,11,1990,13],[1992,1,1992,14],[1994,0,1994,3],[1994,5,1994,6],[1994,7,1994,8],[1994,9,1994,10],[1994,12,1994,14],[1974,0,1974,3],[1974,5,1974,6],[1974,7,1974,8],[1974,9,1974,10],[1974,12,1974,14],[1976,11,1976,13],[1978,1,1978,14],[1980,0,1980,3],[1980,5,1980,6],[1980,7,1980,8],[1980,9,1980,10],[1980,12,1980,14],[1981,0,1981,3],[1981,5,1981,6],[1981,7,1981,8],[1981,9,1981,10],[1981,12,1981,14],[1962,11,1962,13],[1964,1,1964,14],[1966,0,1966,3],[1966,5,1966,6],[1966,7,1966,8],[1966,9,1966,10],[1966,12,1966,14],[1967,0,1967,3],[1967,5,1967,6],[1967,7,1967,8],[1967,9,1967,10],[1967,12,1967,14],[1969,11,1969,13],[1971,1,1971,14],[1973,0,1973,3],[1973,5,1973,6],[1973,7,1973,8],[1973,9,1973,10],[1973,12,1973,14],[1953,0,1953,3],[1953,5,1953,6],[1953,7,1953,8],[1953,9,1953,10],[1953,12,1953,14],[1955,11,1955,13],[1957,1,1957,14],[1959,0,1959,3],[1959,5,1959,6],[1959,7,1959,8],[1959,9,1959,10],[1959,12,1959,14],[1960,0,1960,3],[1960,5,1960,6],[1960,7,1960,8],[1960,9,1960,10],[1960,12,1960,14],[1941,11,1941,13],[1943,1,1943,14],[1945,0,1945,3],[1945,5,1945,6],[1945,7,1945,8],[1945,9,1945,10],[1945,12,1945,14],[1946,0,1946,3],[1946,5,1946,6],[1946,7,1946,8],[1946,9,1946,10],[1946,12,1946,14],[1948,11,1948,13],[1950,1,1950,14],[1952,0,1952,3],[1952,5,1952,6],[1952,7,1952,8],[1952,9,1952,10],[1952,12,1952,14],[1932,0,1932,3],[1932,5,1932,6],[1932,7,1932,8],[1932,9,1932,10],[1932,12,1932,14],[1934,11,1934,13],[1936,1,1936,14],[1938,0,1938,3],[1938,5,1938,6],[1938,7,1938,8],[1938,9,1938,10],[1938,12,1938,14],[1939,0,1939,3],[1939,5,1939,6],[1939,7,1939,8]],"merged_total":4550,"flags":["merged_cut"]}
["MEMÓRIA DE CÁLCULO "]
[]
["Obra: Construção da Sede da 11ª Superintendência Regional da Codevasf, no Estado do Amapá."]
["Data: Jan/23"]
["ITENS DA PLANILHA ORÇAMENTÁRIA"]
[]
["1.1","FORNECIMENTO E COLOCAÇÃO DE PLACA DE OBRA (4,80 X 2,4 0 M) -  EM CHAPA GALVANIZADA *N. 22*, ADESIVADA E FIXADA COM SUPORTE EM EUCALIPTO AUTOCLAVADO.",{"$nulls":13},"ok"]
[]
["LOCAL",null,null,null,"QUANT.","COMP. (M)",null,"ALT. (M)",null,"ÁREA (M²)",null,"TRANSP","OBS"]
["Alinhamento da divisa do terreno",null,null,null,1]
[]
[{"$nulls":11},"Total levantado",null,null,{"$f":"E10","v":1}]
[]
["1.2","EXECUÇÃO DE ESCRITÓRIO EM CANTEIRO DE OBRA EM ALVENARIA, NÃO INCLUSO MOBILIÁRIO E EQUIPAMENTOS. AF_02/2016",{"$nulls":13},"ok"]
[]
["LOCAL",null,null,null,"QUANT.","COMP. (M)",null,"LARG. (M)",null,"ÁREA (M²)",null,"TRANSP","OBS"]
["Canteiro de obra",null,null,null,1,{"$nulls":4},54.09,null,null,"Área conforme projeto padrão do caderno técnico de composições do SINAPI. Layout fica a critério da contratada"]
[]
[{"$nulls":11},"Total levantado",null,null,{"$f":"J17","v":54.09}]
[]
["1.3","EXECUÇÃO DE ALMOXARIFADO EM CANTEIRO DE OBRA EM ALVENARIA, INCLUSO PRATELEIRAS. AF_02/2016",{"$nulls":13},"ok"]
[]
["LOCAL",null,null,null,"QUANT.","COMP. (M)",null,"LARG. (M)",null,"ÁREA (M²)",null,"TRANSP","OBS"]
["Canteiro de obra",null,null,null,1,{"$nulls":4},57.91,null,null,{"$f":"M17","v":"Área conforme projeto padrão do caderno técnico de composições do SINAPI. Layout fica a critério da contratada"}]
[]
[{"$nulls":11},"Total levantado",null,null,{"$f":"J24","v":57.91}]
[]
["1.4","EXECUÇÃO DE REFEITÓRIO EM CANTEIRO DE OBRA EM ALVENARIA, NÃO INCLUSO MOBILIÁRIO E EQUIPAMENTOS. AF_02/2016",{"$nulls":13},"ok"]
[]
["LOCAL",null,null,null,"QUANT.","COMP. (M)",null,"LARG. (M)",null,"ÁREA (M²)",null,"TRANSP","OBS"]
["Canteiro de obra",null,null,null,1,{"$nulls":4},49.39,null,null,{"$f":"M17","v":"Área conforme projeto padrão do caderno técnico de composições do SINAPI. Layout fica a critério da contratada"}]
[]
[{"$nulls":11},"Total levantado",null,null,{"$f":"J31","v":49.39}]
[]
["1.5","EXECUÇÃO DE SANITÁRIO E VESTIÁRIO EM CANTEIRO DE OBRA EM ALVENARIA, NÃO INCLUSO MOBILIÁRIO. AF_02/2016",{"$nulls":13},"ok"]
[]
["LOCAL",null,null,null,"QUANT.","COMP. (M)",null,"LARG. (M)",null,"ÁREA (M²)",null,"TRANSP","OBS"]
["Canteiro de obra",null,null,null,1,{"$nulls":4},{"$f":"25.2+24","v":49.2},null,null,{"$f":"M17","v":"Área conforme projeto padrão do caderno técnico de composições do SINAPI. Layout fica a critério da contratada"}]
[]
[{"$nulls":11},"Total levantado",null,null,{"$f":"J38","v":49.2}]
[]
["2.1","DEMOLIÇÃO DE ALVENARIA DE BLOCO FURADO, DE FORMA MANUAL, SEM REAPROVEITAMENTO. AF_12/2017",{"$nulls":13},"ok"]
[]
["LOCAL",null,null,null,"QUANT.","COMP. (M)",null,"ALT. (M)",null,"LARG. (M)",null,"VOL. (M³)","OBS"]
["Demolição de muro existente",null,null,null,1,9,null,1.9,null,0.2,null,{"$f":"E45*F45*H45*J45","v":3.42}]
[]
[{"$nulls":11},"Total levantado",null,null,{"$f":"L45","v":3.42}]
[]
["2.2","DEMOLIÇÃO DE PILARES E VIGAS EM CONCRETO ARMADO, DE FORMA MECANIZADA COM MARTELETE, SEM REAPROVEITAMENTO. AF_12/2017",{"$nulls":13},"ok"]
[]
["LOCAL",null,null,null,"QUANT.","COMP. (M)",null,"ALT. (M)",null,"LARG. (M)",null,"VOL. (M³)","OBS"]
["Demolição de  pilares de muro existente",null,null,null,4,0.2,null,1.9,null,0.2,null,{"$f":"E52*F52*H52*J52","v":0.3}]
[]
[{"$nulls":11},"Total levantado",null,null,{"$f":"ROUND(L52,2)","v":0.3}]
[]
["2.3","CARGA, MANOBRA E DESCARGA DE ENTULHO EM CAMINHÃO BASCULANTE 14 M³ - CARGA COM ESCAVADEIRA HIDRÁULICA (CAÇAMBA DE 0,80 M³ / 111 HP) E DESCARGA LIVRE (UNIDADE: M3). AF_07/2020",{"$nulls":13},"ok"]
[]
["LOCAL",null,null,null,"QUANT.","VOL. MATERIAL (M³)",null,"ALT. (M)",null,"ÁREA (M²)",null,"TRANSP","OBS"]
["Entulho demolição do muro",null,null,null,1,{"$f":"L52+L45","v":3.72}]
[]
[{"$nulls":11},"Total levantado",null,null,{"$f":"ROUND(F59,2)","v":3.72}]
[]
["2.4","TRANSPORTE COM CAMINHÃO BASCULANTE DE 14 M³, EM VIA URBANA PAVIMENTADA, DMT ATÉ 30 KM (UNIDADE: M3XKM). AF_07/2020",{"$nulls":13},"ok","VERIFICAR ESSSE QUANTITATIVO"]
[]
["LOCAL",null,null,null,"QUANT.","VOL. MATERIAL (M³)",null,"VOL + EMP 30% (M³)",null,"DIST.",null,"TRANSP","OBS"]
["Demolição de muro para entrada",null,null,null,1,3.72,null,{"$f":"F66*1.3","v":4.8360000000000003},null,28,null,{"$f":"ROUND(H66*J66,2)","v":135.41}]
[]
[{"$nulls":11},"Total levantado",null,null,{"$f":"L66","v":135.41}]
[]
["3.1","CORTE RASO E RECORTE DE ÁRVORE COM DIÂMETRO DE TRONCO MAIOR OU IGUAL A 0,20 M E MENOR QUE 0,40 M.AF_05/2018",{"$nulls":13},"ok"]
[]
["LOCAL",null,null,null,"QUANT.","COMP. (M)",null,"ALT. (M)",null,"ÁREA (M²)",null,"TRANSP","OBS"]
["Remoção de vegetação existente",null,null,null,166,{"$nulls":7},"Quantidade estimada de 1 árvore a cada 30m². Será medido e pago a quantidade efetivamente executada."]
[]
[{"$nulls":11},"Total levantado",null,null,{"$f":"E73","v":166}]
[]
["3.2","REMOÇÃO DE RAÍZES REMANESCENTES DE TRONCO DE ÁRVORE COM DIÂMETRO MAIOR OU IGUAL A 0,40 M E MENOR QUE 0,60 M.AF_05/2018",{"$nulls":13},"ok"]
[]
["LOCAL",null,null,null,"QUANT.","COMP. (M)",null,"ALT. (M)",null,"ÁREA (M²)",null,"TRANSP","OBS"]
["Remoção de vegetação existente",null,null,null,166,{"$nulls":7},"Quantidade estimada de 1 árvore a cada 30m². Será medido e pago a quantidade efetivamente executada."]
[]
[{"$nulls":11},"Total levantado",null,null,{"$f":"E80","v":166}]
[]
["3.3","LIMPEZA MECANIZADA DE CAMADA VEGETAL, VEGETAÇÃO E PEQUENAS ÁRVORES (DIÂMETRO DE TRONCO MENOR QUE 0,20 M), COM TRATOR DE ESTEIRAS.AF_05/2018",{"$nulls":13},"ok"]
[]
["LOCAL",null,null,null,"QUANT.","COMP. (M)",null,"LARG. (M)",null,"ÁREA (M²)",null,"TRANSP","OBS"]
["Terreno",null,null,null,1,110,null,60,null,{"$f":"F87*H87","v":6600},null,null,"Terreno de 100x50. Será limpado uma área de 110x60 para abrir espaço para realização de serviços, tais como instalação de cerca."]
[]
[{"$nulls":11},"Total levantado",null,null,{"$f":"J87","v":6600}]
[]
["3.4","REGULARIZAÇÃO DE SUPERFÍCIES COM MOTONIVELADORA. AF_11/2019",{"$nulls":13},"ok"]
[]
["LOCAL",null,null,null,"QUANT.","COMP. (M)",null,"LARG. (M)",null,"ÁREA (M²)",null,"TRANSP","OBS"]
["Terreno",null,null,null,1,100,null,50,null,{"$f":"F94*H94","v":5000}]
[]
[{"$nulls":11},"Total levantado",null,null,{"$f":"J94","v":5000}]
[]
["3.5","CARGA, MANOBRA E DESCARGA DE ENTULHO EM CAMINHÃO BASCULANTE 14 M³ - CARGA COM ESCAVADEIRA HIDRÁULICA (CAÇAMBA DE 0,80 M³ / 111 HP) E DESCARGA LIVRE (UNIDADE: M3). AF_07/2020",{"$nulls":13},"ok"]
[]
["LOCAL",null,null,null,"QUANT.","ÁREA. (M)",null,"ESP. (M)",null,"VOL.  (M³)",null,"TRANSP","OBS"]
["Entulho gerado pela limpeza do terreno",null,null,null,1,5000,null,0.02,null,{"$f":"F101*H101","v":100},null,null," Adotou-se 2cm para quantificar as árvores que serão suprimidas e deverão ser transportadas para aterro. Será medido e pago o quantitativo efetivamente executado. "]
[]
[{"$nulls":11},"Total levantado",null,null,{"$f":"J101","v":100}]
[]
["3.6","EXECUÇÃO E COMPACTAÇÃO DE ATERRO COM SOLO PREDOMINANTEMENTE ARENOSO - EXCLUSIVE SOLO, ESCAVAÇÃO, CARGA E TRANSPORTE. AF_11/2019",{"$nulls":13},"OK"]
[]
["LOCAL",null,null,null,"QUANT.","ÁREA DA SEÇÃO ANTERIOR (M²)","ÁREA DA SEÇÃO ATUAL (M²)","SEMIDISTÂNCIA ENTRE SEÇÕES (M)",null,"VOL.  (M³)",null,"TRANSP","OBS"]
["ATERRO",null,null,null,1,null,-2.7,10,{"$nulls":4},"VOLUME = (SEÇÃO 1 + SEÇÃO 2) * SEMIDISTANCIA\n\nSEÇÕES DETALHADAS EM PROJETO.\n"]
[{"$nulls":5},{"$f":"G108","v":-2.7},19.41,10,null,{"$f":"ROUND((F109+G109)*H109/2,2)","v":83.55}]
[{"$nulls":5},19.41,66.09,10,null,427.5]
[{"$nulls":5},66.09,84.34,10,null,752.15]
[{"$nulls":5},{"$f":"G110","v":66.09},110.68,10,null,883.85]
[{"$nulls":5},{"$f":"G111","v":84.34},109.84,10,null,970.9]
[]
[{"$nulls":11},"Total levantado",null,null,{"$f":"SUM(J108:J113)","v":3117.95}]
[]
["3.7","AREIA PARA ATERRO - POSTO JAZIDA/FORNECEDOR (RETIRADO NA JAZIDA, SEM TRANSPORTE E SEM CARGA DO MATERIAL EM CAMINHÃO)"]
[]
["LOCAL",null,null,null,"QUANT.","VOL. MATERIAL COMPACTADO (M³)",null,"TAXA DE CONTRAÇÃO","TAXA DE EMPOLAMENTO","VOL.  (M³)",null,"TRANSP","OBS",null,null,"OK"]
["Material para confecção do corpo do aterro com equipamento mecânico",null,null,null,1,{"$f":"O115","v":3117.95},null,0.9,1.25,{"$f":"ROUND(F120/H120*I120,2)","v":4330.49}]
[]
[{"$nulls":11},"Total levantado",null,null,{"$f":"J120","v":4330.49}]
[]
["3.8","CARGA, MANOBRA E DESCARGA DE SOLOS E MATERIAIS GRANULARES EM CAMINHÃO BASCULANTE 14 M³ - CARGA COM ESCAVADEIRA HIDRÁULICA (CAÇAMBA DE 1,20 M³ / 155 HP) E DESCARGA LIVRE (UNIDADE: M3). AF_07/2020",{"$nulls":13},"OK"]
[]
["LOCAL",null,null,null,"QUANT.","VOL. MATERIAL COMPACTADO (M³)",null,"TAXA DE CONTRAÇÃO","TAXA DE EMPOLAMENTO","VOL.  (M³)",null,"TRANSP","OBS"]
["Material para confecção do corpo do aterro",null,null,null,1,{"$nulls":4},{"$f":"J120","v":4330.49}]
[]
[{"$nulls":11},"Total levantado",null,null,{"$f":"J127","v":4330.49}]
[]
["3.9","ESCAVAÇÃO HORIZONTAL, INCLUINDO CARGA, DESCARGA E TRANSPORTE EM SOLO DE 1A CATEGORIA COM TRATOR DE ESTEIRAS (170HP/LÂMINA: 5,20M3) E CAMINHÃO BASCULANTE DE 10M3, DMT ATÉ 200M. AF_07/2020",{"$nulls":13},"OK"]
[]
["LOCAL",null,null,null,"QUANT.","ÁREA. (M)",null,"ESP. (M)",null,"VOL.  (M³)",null,"TRANSP","OBS"]
["Remoção de camada superficial do terreno",null,null,null,1,5000,null,0.2,null,{"$f":"F134*H134","v":1000},null,null,"Considerou-se uma raspagem superficial do terreno de aproximadamente 20cm, para remoção de solo com grande presença de vegetação rasteira e material orgânico. "]
[]
[{"$nulls":11},"Total levantado",null,null,{"$f":"J134","v":1000}]
[]
["3.10","TRANSPORTE COM CAMINHÃO BASCULANTE DE 14 M³, EM VIA URBANA PAVIMENTADA, DMT ATÉ 30 KM (UNIDADE: M3XKM). AF_07/2020",{"$nulls":13},"OK"]
[]
["LOCAL",null,null,null,"QUANT.","VOL. MATERIAL (M³)",null,"VOL + EMP 30% (M³)",null,"DIST.",null,"TRANSP","OBS"]
["Árvores suprimidas",null,null,null,1,{"$f":"O103","v":100},null,{"$f":"F141*1.3","v":130},null,28,null,{"$f":"H141*J141","v":3640}]
["Camada vegetal do solo",null,null,null,1,{"$f":"O136","v":1000},null,{"$f":"F142*1.3","v":1300},null,28,null,36400]
["Terra para aterro",null,null,null,1,null,null,4330.49,null,20,null,86609.8]
[]
[{"$nulls":11},"Total levantado",null,null,{"$f":"L143+L142+L141","v":126649.8}]
[]
["4.1","LOCAÇÃO DE PONTO PARA REFERÊNCIA TOPOGRÁFICA. AF_10/2018",{"$nulls":13},"OK"]
[]
["LOCAL",null,null,null,"QUANT.","ÁREA. (M)",null,"ESP. (M)",null,"VOL.  (M³)",null,"TRANSP","OBS"]
["Locação para movimentação de terra",null,null,null,{"$f":"5000/20","v":250},{"$nulls":7},"1 ponto a cada 20m²"]
[]
[{"$nulls":11},"Total levantado",null,null,{"$f":"E150","v":250}]
[]
["4.2","LOCACAO CONVENCIONAL DE OBRA, UTILIZANDO GABARITO DE TÁBUAS CORRIDAS PONTALETADAS A CADA 2,00M - 2 UTILIZAÇÕES. AF_10/2018",{"$nulls":13},"OK"]
[]
["LOCAL",null,null,null,"QUANT.","COMP. (M)",null,"LARG. (M)",null,"PERÍMETRO (M)",null,"TRANSP","OBS"]
["Locação para edificação",null,null,null,1,54,null,24,null,{"$f":"(F157+H157)*2","v":156},null,null,"Edificação 20*50 + afastamento de 2m em cada lado"]
[]
[{"$nulls":11},"Total levantado",null,null,{"$f":"J157","v":156}]
[]
["5.1","ESCAVAÇÃO MANUAL PARA BLOCO DE COROAMENTO OU SAPATA (INCLUINDO ESCAVAÇÃO PARA COLOCAÇÃO DE FÔRMAS). AF_06/2017",{"$nulls":13},"OK"]
[]
["LOCAL",null,null,null,"QUANT.","COMP. (M)",null,"LARG. (M)",null,"ALT (M)",null,"VOL. (M³)","OBS"]
["Sapatas tipo 01",null,null,null,9,1.5,null,1.5,null,2.5,null,{"$f":"ROUND(E164*F164*H164*J164,2)","v":50.63},"Comprimento e largura com afastamentos para colocação de fôrmas."]
["Sapatas tipo 02",null,null,null,11,1.65,null,1.65,null,2.5,null,{"$f":"ROUND(E165*F165*H165*J165,2)","v":74.87}]
["Sapatas tipo 03",null,null,null,6,1.5,null,1.5,null,2.5,null,{"$f":"ROUND(E166*F166*H166*J166,2)","v":33.75}]
[]
[{"$nulls":11},"Total levantado",null,null,{"$f":"L164+L165+L166","v":159.25}]
[]
["5.2","ESCAVAÇÃO MANUAL DE VALA PARA VIGA BALDRAME (INCLUINDO ESCAVAÇÃO PARA COLOCAÇÃO DE FÔRMAS). AF_06/2017",{"$nulls":13},"ok"]
[]
["LOCAL",null,null,null,"QUANT.","COMP. (M)",null,"LARG. (M)",null,"ALT (M)",null,"VOL. (M³)","OBS"]
["Baldrame/Muro de arrimo",null,null,null,1,{"$f":"140+120+8.5","v":268.5},null,0.2,null,0.4,null,{"$f":"E173*F173*H173*J173","v":21.48}]
[]
[{"$nulls":11},"Total levantado",null,null,{"$f":"L173","v":21.48}]
[]
["5.3","LASTRO DE CONCRETO MAGRO, APLICADO EM BLOCOS DE COROAMENTO OU SAPATAS, ESPESSURA DE 5 CM. AF_08/2017",{"$nulls":13},"ok"]
[]
["LOCAL",null,null,null,"QUANT.","COMP. (M)",null,"LARG. (M)",null,"ÁREA (M²)",null,"VOL. (M³)","OBS"]
["Lastro para sapatas",null,null,null,1,{"$nulls":4},{"$f":"2.1/0.05","v":42},null,null,"Lastro de concreto conforme projeto estrutural = 2,1m³, o que equivale a uma área de 42m², considerando espessura de 5cm."]
[]
[{"$nulls":11},"Total levantado",null,null,{"$f":"J180","v":42}]
[]
["5.4","FABRICAÇÃO, MONTAGEM E DESMONTAGEM DE FÔRMA PARA SAPATA, EM CHAPA DE MADEIRA COMPENSADA RESINADA, E=17 MM, 4 UTILIZAÇÕES. AF_06/2017",{"$nulls":13},"ok"]
[]
["LOCAL",null,null,null,"QUANT.","COMP. (M)",null,"LARG. (M)",null,"ÁREA (M²)",null,"VOL. (M³)","OBS"]
["Fundação",null,null,null,1,{"$nulls":4},43.41,null,null,"Área conforme projeto estrutural"]
[]
[{"$nulls":11},"Total levantado",null,null,{"$f":"J187","v":43.41}]
[]
["5.5","FABRICAÇÃO, MONTAGEM E DESMONTAGEM DE FÔRMA PARA VIGA BALDRAME, EM CHAPA DE MADEIRA COMPENSADA RESINADA, E=17 MM, 4 UTILIZAÇÕES. AF_06/2017",{"$nulls":13},"ok"]
[]
["LOCAL",null,null,null,"QUANT.","COMP. (M)",null,"LARG. (M)",null,"ÁREA (M²)",null,"VOL. (M³)","OBS"]
["Fundação",null,null,null,1,{"$nulls":4},{"$f":"486.2+59.77","v":545.97},null,null,{"$f":"M187","v":"Área conforme projeto estrutural"}]
[]
[{"$nulls":11},"Total levantado",null,null,{"$f":"J194","v":545.97}]
[]
["5.6","MONTAGEM E DESMONTAGEM DE FÔRMA DE PILARES RETANGULARES E ESTRUTURAS SIMILARES, PÉ-DIREITO SIMPLES, EM CHAPA DE MADEIRA COMPENSADA RESINADA, 4 UTILIZAÇÕES. AF_09/2020",{"$nulls":13},"ok"]
[]
["LOCAL",null,null,null,"QUANT.","COMP. (M)",null,"LARG. (M)",null,"ÁREA (M²)",null,"VOL. (M³)","OBS"]
["Fundação",null,null,null,1,{"$nulls":4},142.57,null,null,{"$f":"M194","v":"Área conforme projeto estrutural"}]
[]
[{"$nulls":11},"Total levantado",null,null,{"$f":"J201","v":142.57}]
[]
["5.7","ARMAÇÃO DE BLOCO, VIGA BALDRAME E SAPATA UTILIZANDO AÇO CA-60 DE 5 MM - MONTAGEM. AF_06/2017",{"$nulls":13},"ok"]
[]
["LOCAL",null,null,null,"QUANT.","PESO (KG)",null,"LARG. (M)",null,"ÁREA (M²)",null,"VOL. (M³)","OBS"]
["Sapatas",null,null,null,1,{"$nulls":7},"Conforme projeto estrutural"]
["Vigas",null,null,null,1,{"$f":"ROUND(1270/1.1,2)","v":1154.55},{"$nulls":6},"Conforme projeto estrutural"]
["Pilares",null,null,null,1,{"$f":"ROUND(440/1.1,2)","v":400},{"$nulls":6},"Conforme projeto estrutural"]
[]
[{"$nulls":11},"Total levantado",null,null,{"$f":"SUM(F208:G210)","v":1554.55}]
[]
["5.8","ARMAÇÃO DE BLOCO, VIGA BALDRAME OU SAPATA UTILIZANDO AÇO CA-50 DE 6,3 MM - MONTAGEM. AF_06/2017",{"$nulls":13},"ok"]
[]
["LOCAL",null,null,null,"QUANT.","PESO (KG)",null,"LARG. (M)",null,"ÁREA (M²)",null,"VOL. (M³)","OBS"]
["Sapatas",null,null,null,1,{"$nulls":7},"Conforme projeto estrutural"]
["Vigas",null,null,null,1,{"$f":"ROUND(2/1.1,2)","v":1.82},{"$nulls":6},"Conforme projeto estrutural"]
["Pilares",null,null,null,1,{"$nulls":7},"Conforme projeto estrutural"]
[]
[{"$nulls":11},"Total levantado",null,null,{"$f":"SUM(F217:G219)","v":1.82}]
[]
["5.9","ARMAÇÃO DE BLOCO, VIGA BALDRAME OU SAPATA UTILIZANDO AÇO CA-50 DE 8 MM - MONTAGEM. AF_06/2017",{"$nulls":13},"ok"]
[]
["LOCAL",null,null,null,"QUANT.","PESO (KG)",null,"LARG. (M)",null,"ÁREA (M²)",null,"VOL. (M³)","OBS"]
["Sapatas",null,null,null,1,{"$nulls":7},"Conforme projeto estrutural"]
["Vigas",null,null,null,1,{"$f":"ROUND(148/1.1,2)","v":134.55000000000001},{"$nulls":6},"Conforme projeto estrutural"]
["Pilares",null,null,null,1,{"$nulls":7},"Conforme projeto estrutural"]
[]
[{"$nulls":11},"Total levantado",null,null,{"$f":"SUM(F226:G228)","v":134.55000000000001}]
[]
["5.10","ARMAÇÃO DE BLOCO, VIGA BALDRAME OU SAPATA UTILIZANDO AÇO CA-50 DE 10 MM - MONTAGEM. AF_06/2017",{"$nulls":13},"ok"]
[]
["LOCAL",null,null,null,"QUANT.","PESO (KG)",null,"LARG. (M)",null,"ÁREA (M²)",null,"VOL. (M³)","OBS"]
["Sapatas",null,null,null,1,{"$f":"ROUND(156.8/1.1,2)","v":142.55000000000001},{"$nulls":6},"Conforme projeto estrutural"]
["Vigas",null,null,null,1,{"$f":"ROUND(324/1.1,2)","v":294.55},{"$nulls":6},"Conforme projeto estrutural"]
["Pilares",null,null,null,1,{"$f":"ROUND(284.3/1.1,2)","v":258.45},{"$nulls":6},"Conforme projeto estrutural"]
[]
[{"$nulls":11},"Total levantado",null,null,{"$f":"SUM(F235:G237)","v":695.55}]
[]
["5.11","ARMAÇÃO DE BLOCO, VIGA BALDRAME OU SAPATA UTILIZANDO AÇO CA-50 DE 12,5 MM - MONTAGEM. AF_06/2017",{"$nulls":13},"ok"]
[]
["LOCAL",null,null,null,"QUANT.","PESO (KG)",null,"LARG. (M)",null,"ÁREA (M²)",null,"VOL. (M³)","OBS"]
["Sapatas",null,null,null,1,{"$f":"ROUND(306.9/1.1,2)","v":279},{"$nulls":6},"Conforme projeto estrutural"]
["Vigas",null,null,null,1,{"$f":"ROUND(1178/1.1,2)","v":1070.9100000000001},{"$nulls":6},"Conforme projeto estrutural"]
["Pilares",null,null,null,1,{"$nulls":7},"Conforme projeto estrutural"]
[]
[{"$nulls":11},"Total levantado",null,null,{"$f":"SUM(F244:G246)","v":1349.91}]
[]
["5.12","ARMAÇÃO DE BLOCO, VIGA BALDRAME OU SAPATA UTILIZANDO AÇO CA-50 DE 16 MM - MONTAGEM. AF_06/2017",{"$nulls":13},"ok"]
[]
["LOCAL",null,null,null,"QUANT.","PESO (KG)",null,"LARG. (M)",null,"ÁREA (M²)",null,"VOL. (M³)","OBS"]
["Sapatas",null,null,null,1,{"$f":"ROUND(84/1.1,2)","v":76.36},{"$nulls":6},"Conforme projeto estrutural"]
["Vigas",null,null,null,1,{"$nulls":7},"Conforme projeto estrutural"]
["Pilares",null,null,null,1,{"$f":"ROUND(731/1.1,2)","v":664.55},{"$nulls":6},"Conforme projeto estrutural"]
[]
[{"$nulls":11},"Total levantado",null,null,{"$f":"SUM(F253:G255)","v":740.91}]
[]
["5.13","CONCRETAGEM DE SAPATAS, FCK 30 MPA, COM USO DE BOMBA LANÇAMENTO, ADENSAMENTO E ACABAMENTO. AF_11/2016",{"$nulls":13},"ok"]
[]
["LOCAL",null,null,null,"QUANT.","COMP. (M)",null,"LARG. (M)",null,"ÁREA (M²)",null,"VOL. (M³)","OBS"]
["Sapatas",null,null,null,1,{"$nulls":6},11.94,"Conforme projeto estrutural"]
["Arranques dos Pilares",null,null,null,1,{"$nulls":6},18.670000000000002,"Conforme projeto estrutural"]
[]
[{"$nulls":11},"Total levantado",null,null,{"$f":"SUM(L262:L263)","v":30.61}]
[]
["5.14","CONCRETAGEM DE BLOCOS DE COROAMENTO E VIGAS BALDRAME, FCK 30 MPA, COM USO DE JERICA LANÇAMENTO, ADENSAMENTO E ACABAMENTO. AF_06/2017",{"$nulls":13},"ok"]
[]
["LOCAL",null,null,null,"QUANT.","COMP. (M)",null,"LARG. (M)",null,"ÁREA (M²)",null,"VOL. (M³)","OBS"]
["Baldrame",null,null,null,1,{"$nulls":6},52.86,"Conforme projeto estrutural"]
[]
[{"$nulls":11},"Total levantado",null,null,{"$f":"SUM(L270:L270)","v":52.86}]
[]
["5.15","IMPERMEABILIZAÇÃO DE SUPERFÍCIE COM EMULSÃO ASFÁLTICA, 2 DEMÃOS AF_06/2018",{"$nulls":13},"ok"]
[]
["LOCAL",null,null,null,"QUANT.","COMP. (M)",null,"LARG. (M)",null,"ÁREA (M²)",null,"VOL. (M³)","OBS"]
["Baldrame",null,null,null,1,{"$nulls":4},{"$f":"486.2+59.77","v":545.97},null,null,"Área de fôrmas do baldrame + área da superfície. Quantidades retiradas de projeto estrutural."]
[]
[{"$nulls":11},"Total levantado",null,null,{"$f":"J277","v":545.97}]
[]
["5.16","ATERRO MANUAL DE VALAS COM SOLO ARGILO-ARENOSO E COMPACTAÇÃO MECANIZADA. ",{"$nulls":13},"ok"]
[]
["LOCAL",null,null,null,"QUANT.","ÁREA SEÇÃO 01 (M²)",null,"ÁREA SEÇÃO 02 (M²)",null,"SEMI-DIST (M)",null,"VOL. (M³)","OBS"]
["Aterro da área sob as vigas baldrame",null,null,null,1,56.5,null,56.5,null,10,null,{"$f":"(F284+H284)*J284","v":1130},"Aterro sob a edificação, impossível de fazer com equipamento mecânico (rolo compactador). \nÁrea da seção = comprimento de 50 metros (comprimento da edificação) x 2,26 (desnível conforme levantamento topográfico) / 2 (seção triangular)   "]
[]
[{"$nulls":11},"Total levantado",null,null,{"$f":"L284","v":1130}]
[]
["5.17","ALVENARIA DE BLOCO DE CONCRETO CHEIO COM ARMAÇÃO, EM CONCRETO COM FCK 15MPA , ESP. 14CM, PARA REVESTIMENTO, INCLUSIVE ARGAMASSA PARA ASSENTAMENTO",{"$nulls":13},"ok"]
[]
["LOCAL",null,null,null,"QUANT.","ÁREA SEÇÃO 01 - LATERAL (M²)",null,"ÁREA SEÇÃO 02 - LATERAL (M²)",null,"ÁREA SEÇÃO 03 - FUNDO (M²)",null,"ÁREA TOTAL (M³)","OBS"]
["Perímetro da edificação ",null,null,null,1,{"$f":"50*1.15/2","v":28.75},null,{"$f":"50*1.15/2","v":28.75},null,{"$f":"1.15*20","v":23},null,{"$f":"F291+H291+J291","v":80.5},"Muro de arrimo sob a edificação, necessário para conter o aterro. \nÁrea da seção 01, 02 e 03 = comprimento (50 ou 20 metros) (lateral ou fundo da edificação) x 1,15 (desnível conforme levantamento topográfico) / 2 (seção triangular). O desnível, nesse caso, corresponde a diferença de altura entre a camada de aterro na área externa e o nível que ficará a edificação."]
[]
[{"$nulls":11},"Total levantado",null,null,{"$f":"L291","v":80.5}]
[]
["5.18","CAMADA SEPARADORA PARA EXECUÇÃO DE RADIER, PISO DE CONCRETO OU LAJE SOBRE SOLO, EM LONA PLÁSTICA. AF_09/2021",{"$nulls":13},"ok"]
[]
["LOCAL",null,null,null,"QUANT.","COMP. (M)",null,"LARG. (M)",null,"ÁREA (M²)",null,"VOL. (M³)","OBS"]
["Impermeabilização do piso",null,null,null,1,50,null,20,null,{"$f":"F298*H298","v":1000}]
[]
[{"$nulls":11},"Total levantado",null,null,{"$f":"SUM(J298)","v":1000}]
[]
["5.19","ARMAÇÃO DE LAJE DE ESTRUTURA CONVENCIONAL DE CONCRETO ARMADO UTILIZANDO AÇO CA-60 DE 5,0 MM - MONTAGEM. AF_06/2022"]
[]
["LOCAL",null,null,null,"QUANT.","PESO (KG)",null,"LARG. (M)",null,"ÁREA (M²)",null,"VOL. (M³)","OBS",null,null,"ok"]
["Lajes",null,null,null,1,{"$f":"530.86+1221.12","v":1751.98},{"$nulls":6},"Conforme projeto estrutural"]
[]
[{"$nulls":11},"Total levantado",null,null,{"$f":"SUM(F305:G305)","v":1751.98}]
[]
["5.20","CONCRETAGEM DE RADIER, PISO DE CONCRETO OU LAJE SOBRE SOLO, FCK 30 MPA - LANÇAMENTO, ADENSAMENTO E ACABAMENTO. AF_09/2021",{"$nulls":13},"ok"]
[]
["LOCAL",null,null,null,"QUANT.","COMP. (M)",null,"LARG. (M)",null,"ÁREA (M²)",null,"VOL. (M³)","OBS"]
["Lajes",null,null,null,1,{"$nulls":6},{"$f":"94.12+17.04","v":111.16},"Conforme projeto estrutural"]
[]
[{"$nulls":11},"Total levantado",null,null,{"$f":"L312","v":111.16}]
[]
[{"$f":"'PLANILHA SEM DESONERAÇÃO'!A78","v":"6.1"},{"$f":"'PLANILHA SEM DESONERAÇÃO'!D78","v":"VIGA METÁLICA EM PERFIL W 610 x 113, LAMINADO OU SOLDADO, EM AÇO ESTRUTURAL, COM CONEXÕES SOLDADAS, INCLUSOS MÃO DE OBRA, TRANSPORTE E IÇAMENTO UTILIZANDO GUINDASTE - FORNECIMENTO E INSTALAÇÃO. AF_01/2020_P"},{"$nulls":13},"ok"]
[]
["LOCAL",null,null,null,"QUANT.","PESO (KG)",null,"LARG. (M)",null,"ÁREA (M²)",null,"VOL. (M³)","OBS"]
["Estrutura da edificação",null,null,null,1,18976,{"$nulls":6},"Conforme projeto estrutural"]
[]
[{"$nulls":11},"Total levantado",null,null,{"$f":"SUM(F319:G319)","v":18976}]
[]
[{"$f":"'PLANILHA SEM DESONERAÇÃO'!A79","v":"6.2"},{"$f":"'PLANILHA SEM DESONERAÇÃO'!D79","v":"VIGA METÁLICA EM PERFIL W 530 x 101, LAMINADO OU SOLDADO, EM AÇO ESTRUTURAL, COM CONEXÕES SOLDADAS, INCLUSOS MÃO DE OBRA, TRANSPORTE E IÇAMENTO UTILIZANDO GUINDASTE - FORNECIMENTO E INSTALAÇÃO. AF_01/2020_P"},{"$nulls":13},"ok"]
[]
["LOCAL",null,null,null,"QUANT.","PESO (KG)",null,"LARG. (M)",null,"ÁREA (M²)",null,"VOL. (M³)","OBS"]
["Estrutura da edificação",null,null,null,1,8019,{"$nulls":6},"Conforme projeto estrutural"]
[]
[{"$nulls":11},"Total levantado",null,null,{"$f":"SUM(F326:G326)","v":8019}]
[]
[{"$f":"'PLANILHA SEM DESONERAÇÃO'!A80","v":"6.3"},{"$f":"'PLANILHA SEM DESONERAÇÃO'!D80","v":"VIGA METÁLICA EM PERFIL W 530 x 74, LAMINADO OU SOLDADO, EM AÇO ESTRUTURAL, COM CONEXÕES SOLDADAS, INCLUSOS MÃO DE OBRA, TRANSPORTE E IÇAMENTO UTILIZANDO GUINDASTE - FORNECIMENTO E INSTALAÇÃO. AF_01/2020_P"},{"$nulls":13},"ok"]
[]
["LOCAL",null,null,null,"QUANT.","PESO (KG)",null,"LARG. (M)",null,"ÁREA (M²)",null,"VOL. (M³)","OBS"]
["Estrutura da edificação",null,null,null,1,5892.7,{"$nulls":6},"Conforme projeto estrutural"]
[]
[{"$nulls":11},"Total levantado",null,null,{"$f":"SUM(F333:G333)","v":5892.7}]
[]
[{"$f":"'PLANILHA SEM DESONERAÇÃO'!A81","v":"6.4"},{"$f":"'PLANILHA SEM DESONERAÇÃO'!D81","v":"VIGA METÁLICA EM PERFIL W 530 x 72, LAMINADO OU SOLDADO, EM AÇO ESTRUTURAL, COM CONEXÕES SOLDADAS, INCLUSOS MÃO DE OBRA, TRANSPORTE E IÇAMENTO UTILIZANDO GUINDASTE - FORNECIMENTO E INSTALAÇÃO. AF_01/2020_P"},{"$nulls":13},"ok"]
[]
["LOCAL",null,null,null,"QUANT.","PESO (KG)",null,"LARG. (M)",null,"ÁREA (M²)",null,"VOL. (M³)","OBS"]
["Estrutura da edificação",null,null,null,1,1994.9,{"$nulls":6},"Conforme projeto estrutural"]
[]
[{"$nulls":11},"Total levantado",null,null,{"$f":"SUM(F340:G340)","v":1994.9}]
[]
[{"$f":"'PLANILHA SEM DESONERAÇÃO'!A82","v":"6.5"},{"$f":"'PLANILHA SEM DESONERAÇÃO'!D82","v":"VIGA METÁLICA EM PERFIL W 460 x 60, LAMINADO OU SOLDADO, EM AÇO ESTRUTURAL, COM CONEXÕES SOLDADAS, INCLUSOS MÃO DE OBRA, TRANSPORTE E IÇAMENTO UTILIZANDO GUINDASTE - FORNECIMENTO E INSTALAÇÃO. AF_01/2020_P"},{"$nulls":13},"ok"]
[]
["LOCAL",null,null,null,"QUANT.","PESO (KG)",null,"LARG. (M)",null,"ÁREA (M²)",null,"VOL. (M³)","OBS"]
["Estrutura da edificação",null,null,null,1,522.6,{"$nulls":6},"Conforme projeto estrutural"]
[]
[{"$nulls":11},"Total levantado",null,null,{"$f":"SUM(F347:G347)","v":522.6}]
[]
[{"$f":"'PLANILHA SEM DESONERAÇÃO'!A83","v":"6.6"},{"$f":"'PLANILHA SEM DESONERAÇÃO'!D83","v":"VIGA METÁLICA EM PERFIL W 410 x 53, LAMINADO OU SOLDADO, EM AÇO ESTRUTURAL, COM CONEXÕES SOLDADAS, INCLUSOS MÃO DE OBRA, TRANSPORTE E IÇAMENTO UTILIZANDO GUINDASTE - FORNECIMENTO E INSTALAÇÃO. AF_01/2020_P"},{"$nulls":13},"ok"]
[]
["LOCAL",null,null,null,"QUANT.","PESO (KG)",null,"LARG. (M)",null,"ÁREA (M²)",null,"VOL. (M³)","OBS"]
["Estrutura da edificação",null,null,null,1,15735.9,{"$nulls":6},"Conforme projeto estrutural"]
[]
[{"$nulls":11},"Total levantado",null,null,{"$f":"SUM(F354:G354)","v":15735.9}]
[]
[{"$f":"'PLANILHA SEM DESONERAÇÃO'!A84","v":"6.7"},{"$f":"'PLANILHA SEM DESONERAÇÃO'!D84","v":"VIGA METÁLICA EM PERFIL W 410 x 46.1, LAMINADO OU SOLDADO, EM AÇO ESTRUTURAL, COM CONEXÕES SOLDADAS, INCLUSOS MÃO DE OBRA, TRANSPORTE E IÇAMENTO UTILIZANDO GUINDASTE - FORNECIMENTO E INSTALAÇÃO. AF_01/2020_P"},{"$nulls":13},"ok"]
[]
["LOCAL",null,null,null,"QUANT.","PESO (KG)",null,"LARG. (M)",null,"ÁREA (M²)",null,"VOL. (M³)","OBS"]
["Estrutura da edificação",null,null,null,1,6878.5,{"$nulls":6},"Conforme projeto estrutural"]
[]
[{"$nulls":11},"Total levantado",null,null,{"$f":"SUM(F361:G361)","v":6878.5}]
[]
[{"$f":"'PLANILHA SEM DESONERAÇÃO'!A85","v":"6.8"},{"$f":"'PLANILHA SEM DESONERAÇÃO'!D85","v":"VIGA METÁLICA EM PERFIL W 360 x 39, LAMINADO OU SOLDADO, EM AÇO ESTRUTURAL, COM CONEXÕES SOLDADAS, INCLUSOS MÃO DE OBRA, TRANSPORTE E IÇAMENTO UTILIZANDO GUINDASTE - FORNECIMENTO E INSTALAÇÃO. AF_01/2020_P"},{"$nulls":13},"ok"]
[]
["LOCAL",null,null,null,"QUANT.","PESO (KG)",null,"LARG. (M)",null,"ÁREA (M²)",null,"VOL. (M³)","OBS"]
["Estrutura da edificação",null,null,null,1,10058.799999999999,{"$nulls":6},"Conforme projeto estrutural"]
[]
[{"$nulls":11},"Total levantado",null,null,{"$f":"SUM(F368:G368)","v":10058.799999999999}]
[]
[{"$f":"'PLANILHA SEM DESONERAÇÃO'!A86","v":"6.9"},{"$f":"'PLANILHA SEM DESONERAÇÃO'!D86","v":"VIGA METÁLICA EM PERFIL W 310 x 32,7, LAMINADO OU SOLDADO, EM AÇO ESTRUTURAL, COM CONEXÕES SOLDADAS, INCLUSOS MÃO DE OBRA, TRANSPORTE E IÇAMENTO UTILIZANDO GUINDASTE - FORNECIMENTO E INSTALAÇÃO. AF_01/2020_P"},{"$nulls":13},"ok"]
[]
["LOCAL",null,null,null,"QUANT.","PESO (KG)",null,"LARG. (M)",null,"ÁREA (M²)",null,"VOL. (M³)","OBS"]
["Estrutura da edificação",null,null,null,1,4383,{"$nulls":6},"Conforme projeto estrutural"]
[]
[{"$nulls":11},"Total levantado",null,null,{"$f":"SUM(F375:G375)","v":4383}]
[]
[{"$f":"'PLANILHA SEM DESONERAÇÃO'!A87","v":"6.10"},{"$f":"'PLANILHA SEM DESONERAÇÃO'!D87","v":"PILAR METÁLICO PERFIL LAMINADO/SOLDADO, W 310 x 23.8, EM AÇO ESTRUTURAL, COM CONEXÕES PARAFUSADAS, INCLUSOS MÃO DE OBRA, TRANSPORTE E IÇAMENTO UTILIZANDO GUINDASTE - FORNECIMENTO E INSTALAÇÃO. AF_01/2020_P"},{"$nulls":13},"ok"]
[]
["LOCAL",null,null,null,"QUANT.","PESO (KG)",null,"LARG. (M)",null,"ÁREA (M²)",null,"VOL. (M³)","OBS"]
["Estrutura da edificação",null,null,null,1,87.9,{"$nulls":6},"Conforme projeto estrutural"]
[]
[{"$nulls":11},"Total levantado",null,null,{"$f":"SUM(F382:G382)","v":87.9}]
[]
[{"$f":"'PLANILHA SEM DESONERAÇÃO'!A88","v":"6.11"},{"$f":"'PLANILHA SEM DESONERAÇÃO'!D88","v":"VIGA METÁLICA EM PERFIL W 250 x80, LAMINADO OU SOLDADO, EM AÇO ESTRUTURAL, COM CONEXÕES SOLDADAS, INCLUSOS MÃO DE OBRA, TRANSPORTE E IÇAMENTO UTILIZANDO GUINDASTE - FORNECIMENTO E INSTALAÇÃO. AF_01/2020_P"},{"$nulls":13},"ok"]
[]
["LOCAL",null,null,null,"QUANT.","PESO (KG)",null,"LARG. (M)",null,"ÁREA (M²)",null,"VOL. (M³)","OBS"]
["Estrutura da edificação",null,null,null,1,5184,{"$nulls":6},"Conforme projeto estrutural"]
[]
[{"$nulls":11},"Total levantado",null,null,{"$f":"SUM(F389:G389)","v":5184}]
[]
[{"$f":"'PLANILHA SEM DESONERAÇÃO'!A89","v":"6.12"},{"$f":"'PLANILHA SEM DESONERAÇÃO'!D89","v":"VIGA METÁLICA EM PERFIL W 250 x22.3, LAMINADO OU SOLDADO, EM AÇO ESTRUTURAL, COM CONEXÕES SOLDADAS, INCLUSOS MÃO DE OBRA, TRANSPORTE E IÇAMENTO UTILIZANDO GUINDASTE - FORNECIMENTO E INSTALAÇÃO. AF_01/2020_P"},{"$nulls":13},"ok"]
[]
["LOCAL",null,null,null,"QUANT.","PESO (KG)",null,"LARG. (M)",null,"ÁREA (M²)",null,"VOL. (M³)","OBS"]
["Estrutura da edificação",null,null,null,1,1564,{"$nulls":6},"Conforme projeto estrutural"]
[]
[{"$nulls":11},"Total levantado",null,null,{"$f":"SUM(F396:G396)","v":1564}]
[]
[{"$f":"'PLANILHA SEM DESONERAÇÃO'!A90","v":"6.13"},{"$f":"'PLANILHA SEM DESONERAÇÃO'!D90","v":"PILAR METÁLICO PERFIL LAMINADO/SOLDADO, W 200 x 19.3 EM AÇO ESTRUTURAL, COM CONEXÕES PARAFUSADAS, INCLUSOS MÃO DE OBRA, TRANSPORTE E IÇAMENTO UTILIZANDO GUINDASTE - FORNECIMENTO E INSTALAÇÃO. AF_01/2020_P"},{"$nulls":13},"ok"]
[]
["LOCAL",null,null,null,"QUANT.","PESO (KG)",null,"LARG. (M)",null,"ÁREA (M²)",null,"VOL. (M³)","OBS"]
["Estrutura da edificação",null,null,null,1,96.5,{"$nulls":6},"Conforme projeto estrutural"]
[]
[{"$nulls":11},"Total levantado",null,null,{"$f":"SUM(F403:G403)","v":96.5}]
[]
[{"$f":"'PLANILHA SEM DESONERAÇÃO'!A91","v":"6.14"},{"$f":"'PLANILHA SEM DESONERAÇÃO'!D91","v":"VIGA METÁLICA EM PERFIL W 150 x24, LAMINADO OU SOLDADO, EM AÇO ESTRUTURAL, COM CONEXÕES SOLDADAS, INCLUSOS MÃO DE OBRA, TRANSPORTE E IÇAMENTO UTILIZANDO GUINDASTE - FORNECIMENTO E INSTALAÇÃO. AF_01/2020_P"},{"$nulls":13},"ok"]
[]
["LOCAL",null,null,null,"QUANT.","PESO (KG)",null,"LARG. (M)",null,"ÁREA (M²)",null,"VOL. (M³)","OBS"]
["Estrutura da edificação",null,null,null,1,{"$f":"149.7+317","v":466.7},{"$nulls":6},"Conforme projeto estrutural"]
[]
[{"$nulls":11},"Total levantado",null,null,{"$f":"SUM(F410:G410)","v":466.7}]
[]
[{"$f":"'PLANILHA SEM DESONERAÇÃO'!A92","v":"6.15"},{"$f":"'PLANILHA SEM DESONERAÇÃO'!D92","v":"PILAR METÁLICO PERFIL LAMINADO/SOLDADO, W 250 x 85 EM AÇO ESTRUTURAL, COM CONEXÕES PARAFUSADAS, INCLUSOS MÃO DE OBRA, TRANSPORTE E IÇAMENTO UTILIZANDO GUINDASTE - FORNECIMENTO E INSTALAÇÃO. AF_01/2020_P"},{"$nulls":13},"ok"]
[]
["LOCAL",null,null,null,"QUANT.","PESO (KG)",null,"LARG. (M)",null,"ÁREA (M²)",null,"VOL. (M³)","OBS"]
["Estrutura da edificação",null,null,null,1,725.1,{"$nulls":6},"Conforme projeto estrutural"]
[]
[{"$nulls":11},"Total levantado",null,null,{"$f":"SUM(F417:G417)","v":725.1}]
[]
[{"$f":"'PLANILHA SEM DESONERAÇÃO'!A93","v":"6.16"},{"$f":"'PLANILHA SEM DESONERAÇÃO'!D93","v":"PILAR METÁLICO PERFIL LAMINADO/SOLDADO, W 250 x 62 EM AÇO ESTRUTURAL, COM CONEXÕES PARAFUSADAS, INCLUSOS MÃO DE OBRA, TRANSPORTE E IÇAMENTO UTILIZANDO GUINDASTE - FORNECIMENTO E INSTALAÇÃO. AF_01/2020_P"},{"$nulls":13},"ok"]
[]
["LOCAL",null,null,null,"QUANT.","PESO (KG)",null,"LARG. (M)",null,"ÁREA (M²)",null,"VOL. (M³)","OBS"]
["Estrutura da edificação",null,null,null,1,8462.7999999999993,{"$nulls":6},"Conforme projeto estrutural"]
[]
[{"$nulls":11},"Total levantado",null,null,{"$f":"SUM(F424:G424)","v":8462.7999999999993}]
[]
[{"$f":"'PLANILHA SEM DESONERAÇÃO'!A94","v":"6.17"},"LAJE STEEL DECK PARA PISO COM CAPA DE CONCRETO FCK 25 MPA, ESPESSURA DA LAJE 15CM, ESPESSURA DA CHAPA 0,95 MM, INCLUSIVE IÇAMENTO COM GUINDASTE. AF_01/2020",{"$nulls":13},"ok"]
[]
["LOCAL",null,null,null,"QUANT.","PESO (KG)",null,"LARG. (M)",null,"ÁREA (M²)",null,"VOL. (M³)","OBS"]
["Pavimento inferior",null,null,null,1,{"$nulls":4},{"$f":"1045.9-(2.8*3.5)","v":1036.0999999999999},null,null,"Conforme projeto estrutural"]
["Pavimento superior",null,null,null,1,{"$nulls":4},1000,null,null,"Conforme projeto estrutural",{"$nulls":6},"DESCRIÇÃO","LARGURA","ALTURA ","ÁREA"]
[{"$nulls":19},"DESCRIÇÃO","LARGURA","ALTURA ","ÁREA"]
[{"$nulls":11},"Total levantado",null,null,{"$f":"SUM(J431:K432)","v":2036.1}]
[{"$nulls":19},"PM 01",0.8,2.1,{"$f":"ROUND(U435*V435,2)","v":1.68}]
[{"$f":"'PLANILHA SEM DESONERAÇÃO'!A95","v":"6.18"},"ESCADA EM CONCRETO ARMADO MOLDADO IN LOCO, FCK 20 MPA, COM 2 LANCES EM \"U\" E LAJE PLANA, FÔRMA EM CHAPA DE MADEIRA COMPENSADA RESINADA. AF_11/2020",{"$nulls":13},"ok",null,null,null,"PM 02",0.9,2.1,1.89]
[{"$nulls":19},"PM 03",1.2,2.1,2.52]
["LOCAL",null,null,null,"QUANT.","PESO (KG)",null,"LARG. (M)",null,"ÁREA (M²)",null,"VOL. (M³)","OBS",{"$nulls":6},"PA 01",1.6,2.1,3.36]
["Escada",null,null,null,1,{"$nulls":6},1.4,"Volume considerando piso de 32cm e espelho de 28cm",{"$nulls":6},"PA 02",4.8,3,14.4]
[{"$nulls":19},"JC 01",2.4,1,2.4]
[{"$nulls":11},"Total levantado",null,null,{"$f":"L439","v":1.4},{"$nulls":4},"JC 02",1.25,1,1.25]
[{"$nulls":19},"JC 03",3.4,1,3.4]
["7.1","PAREDE COM PLACAS DE GESSO ACARTONADO (DRYWALL), PARA USO INTERNO, COM DUAS FACES SIMPLES E ESTRUTURA METÁLICA COM GUIAS SIMPLES, SEM VÃOS. AF_06/2017_PS",{"$nulls":13},"ok",null,null,null,"JM 01",3.4,0.4,1.36]
[{"$nulls":19},"JM 02",1,0.4,0.4]
["LOCAL",null,null,null,"QUANT.","COMP. (M)","ALT. (M)","VÃOS",null,null,null,"ÁREA TOTAL (M²)","OBS",{"$nulls":6},"JV 01",1.5,1,1.5]
[{"$nulls":7},"TIPO","QUANT.","ÁREA UNIT. (M²)","ÁREA TOTAL (M²)",{"$nulls":5},"TOTAL DE PORTAS",null,null,"JV 02",7.5,2.2999999999999998,17.25]
["TÉRREO",{"$nulls":18},"JV 03",5,2.2000000000000002,11]
[{"$nulls":19},"DESCRIÇÃO","LARGURA","ALTURA ","ÁREA"]
[{"$nulls":19},"DESCRIÇÃO","LARGURA","ALTURA ","ÁREA"]
["Alv H01",null,null,null,1,50,3.5,"JC 01",7,{"$f":"VLOOKUP(H450,$T$432:$W$446,4,FALSE)","v":2.4},{"$f":"I450*J450","v":16.8}]
[{"$nulls":7},"JC 02",2,1.25,2.5]
[{"$nulls":7},"JC 03",1,3.4,3.4]
["Alv H02",null,null,null,1,3.1,3.25,{"$nulls":4},{"$f":"ROUND((F453*G453*E453)-K453,2)","v":10.08},{"$nulls":7},"PM 01",0.8,2.1,{"$f":"ROUND(U453*V453,2)","v":1.68}]
["Alv H03",null,null,null,1,2.5,3.25,{"$nulls":4},8.1300000000000008,{"$nulls":7},"PM 02",0.9,2.1,1.89]
["Alv H04",null,null,null,1,3.15,3.25,{"$nulls":4},10.24,{"$nulls":7},"PM 03",1.2,2.1,2.52]
["Alv H05",null,null,null,1,3,3.25,{"$nulls":4},9.75,{"$nulls":7},"PA 01",1.6,2.1,3.36]
["Alv H06",null,null,null,1,5,3.25,{"$nulls":12},"PA 02",4.8,3,14.4]
["Alv H07",null,null,null,1,3.65,3.25,"PM 01",1,{"$f":"VLOOKUP(H458,$T$432:$W$446,4,FALSE)","v":1.68},{"$f":"I458*J458","v":1.68},{"$nulls":8},"JC 01",2.4,1,2.4]
["Alv H08",null,null,null,1,37.549999999999997,3.25,"PM 01",7,1.68,11.76,{"$nulls":8},"JC 02",1.25,1,1.25]
[{"$nulls":7},"JV 01",1,1.5,1.5,{"$nulls":8},"JC 02",1.25,1,1.25]
["Alv H09",null,null,null,1,{"$f":"31.6-3.6-1.4","v":26.6},3.25,"PM 01",3,1.68,5.04,{"$nulls":8},"JM 03",3.4,0.4,1.36]
["Alv H10",null,null,null,1,3.5,3.25,null,null,null,0,{"$f":"ROUND((F462*G462*E462)-(SUM(K462:K462)),2)","v":11.38},{"$nulls":7},"JM 04",1,0.4,0.4]
["Alv H11",null,null,null,1,2.8,3.25,null,null,null,0,{"$nulls":8},"JV 01",1.5,1,1.5]
["Alv H12",null,null,null,1,8.4499999999999993,3.25,"PM 03",1,{"$f":"VLOOKUP(H464,$T$432:$W$446,4,FALSE)","v":2.52},2.52,{"$nulls":8},"JV 02",7.5,2.2999999999999998,17.25]
["Alv H13",null,null,null,1,3.1,3.25,null,null,null,0,10.08]
["Alv H14",null,null,null,1,2.75,3.25,null,null,null,0]
["Alv H15",null,null,null,1,3.6,3.25,{"$nulls":4},11.7]
["Alv H16",null,null,null,1,50,3.5,"JC 02",3,1.25,{"$f":"I468*J468","v":3.75}]
[{"$nulls":7},"JC 01",5,2.4,12]
[{"$nulls":7},"JM 01",2,1.36,2.72]
[{"$nulls":7},"JM 02",3,0.4,1.2]
["Alv V01",null,null,null,1,20,3.5,"JV 02",1,17.25,17.25]
[{"$nulls":7},"PA 02",1,14.4,14.4]
["Alv V02",null,null,null,1,8.65,3.25,"PM 01",1,1.68,1.68]
["Alv V03",null,null,null,1,8.8000000000000007,3.25,"PM 01",2,1.68,3.36]
[{"$nulls":7},"JV 01",1,1.5,1.5]
["Alv V04",null,null,null,1,3.6,3.25,{"$nulls":4},{"$f":"ROUND((F477*G477)-(SUM(K477:K477)),2)","v":11.7}]
["Alv V05",null,null,null,1,5,3.25,"PM 01",1,{"$f":"VLOOKUP(H478,$T$432:$W$446,4,FALSE)","v":1.68},{"$f":"I478*J478","v":1.68}]
["Alv V06",null,null,null,1,8.8000000000000007,3.25,{"$nulls":4},28.6]
["Alv V07",null,null,null,1,5,3.25,"PM 01",1,1.68,1.68]
["Alv V08",null,null,null,1,8.65,3.25,{"$nulls":4},28.11]
["Alv V09",null,null,null,1,5,3.25,"JV 01",1,1.5,1.5]
["Alv V10",null,null,null,1,3.7,3.25,{"$nulls":4},{"$f":"ROUND((F483*G483)-(SUM(K483:K483)),2)","v":12.03}]
["Alv V11",null,null,null,1,5,3.25,"JV 01",1,{"$f":"VLOOKUP(H484,$T$432:$W$446,4,FALSE)","v":1.5},{"$f":"I484*J484","v":1.5}]
["Alv V12",null,null,null,1,8.65,3.25,"PM 01",2,1.68,3.36]
[{"$nulls":7},"JV 01",1,1.5,1.5]
["Alv V13",null,null,null,1,8.65,3.25,"PM 01",2,1.68,3.36]
[{"$nulls":7},"JV 01",1,1.5,1.5]
["Alv V14",null,null,null,1,8.8000000000000007,3.25,null,null,null,0,{"$f":"ROUND((F489*G489)-(SUM(K489:K489)),2)","v":28.6}]
["Alv V15",null,null,null,1,4.4000000000000004,3.25,"PM 01",2,{"$f":"VLOOKUP(H490,$T$432:$W$446,4,FALSE)","v":1.68},3.36]
[{"$nulls":7},"JV 01",1,1.5,1.5]
["Alv V16",null,null,null,1,8.65,3.25,null,null,null,0,28.11]
["Alv V17",null,null,null,1,8.8000000000000007,3.25,null,null,null,0,28.6]
["Alv V18",null,null,null,1,8.65,3.25,"PM 02",1,1.89,1.89]
["Alv V19",null,null,null,1,3.45,3.25,"PM 01",1,1.68,1.68]
["Alv V20",null,null,null,1,3.7,3.25,"PM 02",1,1.89,1.89]
["Alv V21",null,null,null,1,2,3.25,"PM 02",1,1.89,1.89]
["Alv V22",null,null,null,1,20,3.25,"PA 01",1,3.36,3.36]
[{"$nulls":7},"PM 02",1,1.89,1.89]
["Alv V23",null,null,null,1,20,3.5,"PA 01",1,3.36,3.36]
["SUPERIOR"]
[{"$nulls":19},"DESCRIÇÃO","LARGURA","ALTURA ","ÁREA"]
[{"$nulls":19},"DESCRIÇÃO","LARGURA","ALTURA ","ÁREA"]
["Alv H01",null,null,null,1,50,{"$f":"8.35-3.5","v":4.8499999999999996},"JC 01",8,{"$f":"VLOOKUP(H504,$T$432:$W$446,4,FALSE)","v":2.4},{"$f":"I504*J504","v":19.2}]
[{"$nulls":7},"JC 02",2,1.25,2.5]
[{"$nulls":7},"JM 02",2,0.4,0.8]
[{"$nulls":7},"JM 01",2,1.36,2.72]
["Alv H02",null,null,null,1,6.75,3.25,"PM 01",2,1.68,3.36,{"$nulls":8},"PM 01",0.8,2.1,{"$f":"ROUND(U508*V508,2)","v":1.68}]
["Alv H03",null,null,null,1,3.6,3.25,null,null,null,0,{"$f":"ROUND((F509*G509*E509)-K509,2)","v":11.7},{"$nulls":7},"PM 02",0.9,2.1,1.89]
["Alv H04",null,null,null,1,3.15,3.25,null,null,null,0,{"$f":"ROUND((F510*G510*E510)-K510,2)","v":10.24},{"$nulls":7},"PM 03",1.2,2.1,2.52]
["Alv H05",null,null,null,1,5.95,3.25,null,null,null,0,{"$nulls":8},"PA 01",1.6,2.1,3.36]
["Alv H05",null,null,null,1,1.75,3.25,null,null,null,0,{"$nulls":8},"PA 01",1.6,2.1,3.36]
["Alv H06",null,null,null,1,{"$f":"44.15-4.1","v":40.049999999999997},3.25,"PM 01",6,{"$f":"VLOOKUP(H513,$T$432:$W$446,4,FALSE)","v":1.68},10.08,{"$nulls":8},"PA 02",4.8,3,14.4]
["Alv H07",null,null,null,1,34.65,3.25,"PM 01",5,1.68,8.4,{"$nulls":8},"JC 02",1.25,1,1.25]
[{"$nulls":7},"PM 02",1,1.89,1.89,{"$nulls":8},"JC 02",1.25,1,1.25]
["Alv H08",null,null,null,1,3.6,3.25,null,null,null,0,{"$f":"ROUND((F516*G516*E516)-(SUM(K516:K516)),2)","v":11.7},{"$nulls":7},"JM 03",3.4,0.4,1.36]
["Alv H09",null,null,null,1,3.6,3.25,null,null,null,0,11.7,{"$nulls":7},"JM 04",1,0.4,0.4]
["Alv H10",null,null,null,1,8.1999999999999993,3.25,"PM 01",1,{"$f":"VLOOKUP(H518,$T$432:$W$446,4,FALSE)","v":1.68},1.68,{"$nulls":8},"JC 02",1.25,1,1.25]
[{"$nulls":7},"PM 03",1,2.52,2.52,{"$nulls":8},"JC 02",1.25,1,1.25]
["Alv H11",null,null,null,1,3.6,3.25,null,null,null,0,11.7,{"$nulls":7},"JV 01",1.5,1,1.5]
["Alv H12",null,null,null,1,50,4.8499999999999996,"PM 03",1,2.52,2.52,{"$nulls":8},"JV 02",7.5,2.2999999999999998,17.25]
["Alv V01",null,null,null,1,20,4.8499999999999996,"JV 02",1,17.25,17.25]
[{"$nulls":7},"JV 03",1,{"$f":"VLOOKUP(H523,$T$432:$W$447,4,FALSE)","v":11},11]
["Alv V02",null,null,null,1,8.75,3.25,"PM 01",1,{"$f":"VLOOKUP(H524,$T$432:$W$446,4,FALSE)","v":1.68},1.68]
["Alv V03",null,null,null,1,3.6,3.25,null,null,null,0,{"$f":"ROUND((F525*G525)-(SUM(K525:K525)),2)","v":11.7}]
["Alv V04",null,null,null,1,5,3.25,"PM 01",1,1.68,1.68]
["Alv V05",null,null,null,1,8.85,3.25,"PM 01",1,1.68,1.68]
[{"$nulls":7},"JV 01",1,{"$f":"VLOOKUP(H528,$T$432:$W$447,4,FALSE)","v":1.5},1.5]
["Alv V06",null,null,null,1,5,3.25,"PM 01",1,{"$f":"VLOOKUP(H529,$T$432:$W$446,4,FALSE)","v":1.68},1.68]
["Alv V07",null,null,null,1,8.85,3.25,"PM 01",1,1.68,1.68]
[{"$nulls":7},"JV 01",1,{"$f":"VLOOKUP(H531,$T$432:$W$447,4,FALSE)","v":1.5},1.5]
["Alv V08",null,null,null,1,8.65,3.25,{"$nulls":4},{"$f":"ROUND((F532*G532)-(SUM(K532:K532)),2)","v":28.11}]
["Alv V09",null,null,null,1,8.65,3.25,null,null,null,{"$f":"I533*J533","v":0},{"$f":"ROUND((F533*G533)-(SUM(K533:K533)),2)","v":28.11}]
["Alv V10",null,null,null,1,8.65,3.25,"PM 01",1,1.68,1.68]
[{"$nulls":7},"JV 01",1,{"$f":"VLOOKUP(H535,$T$432:$W$447,4,FALSE)","v":1.5},1.5]
["Alv V11",null,null,null,1,8.85,3.25,null,null,null,0]
["Alv V12",null,null,null,1,8.65,3.25,"PM 01",1,{"$f":"VLOOKUP(H537,$T$432:$W$446,4,FALSE)","v":1.68},1.68]
[{"$nulls":7},"JV 01",1,1.5,1.5]
["Alv V13",null,null,null,1,3.7,3.25,null,null,null,0]
["Alv V14",null,null,null,1,5,3.25,"PM 01",2,1.68,3.36]
["Alv V15",null,null,null,1,8.85,3.25,null,null,null,0]
["Alv V16",null,null,null,1,8.65,3.25,null,null,null,0,{"$f":"ROUND((F542*G542)-(SUM(K542:K542)),2)","v":28.11}]
["Alv V17",null,null,null,1,8.85,3.25,"PM 01",1,{"$f":"VLOOKUP(H543,$T$432:$W$446,4,FALSE)","v":1.68},1.68]
[{"$nulls":7},"JV 01",1,{"$f":"VLOOKUP(H544,$T$432:$W$447,4,FALSE)","v":1.5},1.5]
["Alv V18",null,null,null,1,8.65,3.25,"PM 01",1,1.68,1.68]
[{"$nulls":7},"PM 02",1,1.89,1.89]
[{"$nulls":7},"JV 01",1,1.5,1.5]
["Alv V19",null,null,null,1,8.85,3.25,"PM 01",1,1.68,1.68]
[{"$nulls":7},"JV 01",1,{"$f":"VLOOKUP(H549,$T$432:$W$447,4,FALSE)","v":1.5},1.5]
["Alv V20",null,null,null,1,2.1,3.25,"PM 02",1,{"$f":"VLOOKUP(H550,$T$432:$W$446,4,FALSE)","v":1.89},1.89]
["Alv V21",null,null,null,1,8.65,3.25,null,null,null,0,{"$f":"ROUND((F551*G551)-(SUM(K551:K551)),2)","v":28.11}]
["Alv V22",null,null,null,1,8.85,3.25,null,null,null,0,28.76]
["Alv V23",null,null,null,1,2.1,3.25,"JV 01",1,1.5,1.5]
["Alv V22",null,null,null,1,2.4,3.25,null,null,null,0,7.8]
["Alv V23",null,null,null,1,20,4.8499999999999996,"PA 01",1,3.36,3.36]
["Contorno reservatório",null,null,null,1,20,3]
[]
[{"$nulls":11},"Total levantado",null,null,{"$f":"SUM(L450:L556)","v":454.85}]
[]
["7.2","PAREDE COM PLACAS DE GESSO ACARTONADO (DRYWALL), PARA USO INTERNO, COM DUAS FACES SIMPLES E ESTRUTURA METÁLICA COM GUIAS SIMPLES, COM VÃOS AF_06/2017_PS",{"$nulls":13},"ok",null,null,null,"JM 01",3.4,0.4,{"$f":"ROUND(U560*V560,2)","v":1.36}]
[{"$nulls":19},"JM 02",1,0.4,0.4]
["LOCAL",null,null,null,"QUANT.","COMP. (M)","ALT. (M)","VÃOS",null,null,null,"ÁREA TOTAL (M²)","OBS",{"$nulls":6},"JV 01",1.5,1,1.5]
[{"$nulls":7},"TIPO","QUANT.","ÁREA UNIT. (M²)","ÁREA TOTAL (M²)",{"$nulls":5},"TOTAL DE PORTAS",null,null,"JV 02",7.5,2.2999999999999998,17.25]
["TÉRREO",{"$nulls":18},"JV 03",5,2.2000000000000002,11]
[{"$nulls":19},"DESCRIÇÃO","LARGURA","ALTURA ","ÁREA"]
[{"$nulls":19},"DESCRIÇÃO","LARGURA","ALTURA ","ÁREA"]
["Alv H01",null,null,null,1,50,3.5,"JC 01",7,{"$f":"VLOOKUP(H567,$T$432:$W$446,4,FALSE)","v":2.4},{"$f":"I567*J567","v":16.8}]
[{"$nulls":7},"JC 02",2,1.25,2.5]
[{"$nulls":7},"JC 03",1,3.4,3.4]
["Alv H02",null,null,null,1,3.1,3.25,{"$nulls":12},"PM 01",0.8,2.1,{"$f":"ROUND(U570*V570,2)","v":1.68}]
["Alv H03",null,null,null,1,2.5,3.25,{"$nulls":12},"PM 02",0.9,2.1,1.89]
["Alv H04",null,null,null,1,3.15,3.25,{"$nulls":12},"PM 03",1.2,2.1,2.52]
["Alv H05",null,null,null,1,3,3.25,{"$nulls":12},"PA 01",1.6,2.1,3.36]
["Alv H06",null,null,null,1,5,3.25,{"$nulls":12},"PA 02",4.8,3,14.4]
["Alv H07",null,null,null,1,3.65,3.25,"PM 01",1,{"$f":"VLOOKUP(H575,$T$432:$W$446,4,FALSE)","v":1.68},{"$f":"I575*J575","v":1.68},{"$f":"ROUND((F575*G575*E575)-K575,2)","v":10.18},{"$nulls":7},"JC 01",2.4,1,2.4]
["Alv H08",null,null,null,1,37.549999999999997,3.25,"PM 01",7,1.68,11.76,{"$f":"ROUND((F576*G576*E576)-(SUM(K576:K577)),2)","v":108.78},{"$nulls":7},"JC 02",1.25,1,1.25]
[{"$nulls":7},"JV 01",1,1.5,1.5,{"$nulls":8},"JC 02",1.25,1,1.25]
["Alv H09",null,null,null,1,{"$f":"31.6-3.6-1.4","v":26.6},3.25,"PM 01",3,1.68,5.04,{"$f":"ROUND((F578*G578*E578)-(SUM(K578:K578)),2)","v":81.41},{"$nulls":7},"JM 03",3.4,0.4,1.36]
["Alv H10",null,null,null,1,3.5,3.25,null,null,null,0,{"$nulls":8},"JM 04",1,0.4,0.4]
["Alv H11",null,null,null,1,2.8,3.25,null,null,null,0,{"$nulls":8},"JV 01",1.5,1,1.5]
["Alv H12",null,null,null,1,8.4499999999999993,3.25,"PM 03",1,{"$f":"VLOOKUP(H581,$T$432:$W$446,4,FALSE)","v":2.52},2.52,{"$f":"ROUND((F581*G581*E581)-(SUM(K581:K581)),2)","v":24.94},{"$nulls":7},"JV 02",7.5,2.2999999999999998,17.25]
["Alv H13",null,null,null,1,3.1,3.25,null,null,null,0]
["Alv H14",null,null,null,1,2.75,3.25,null,null,null,0]
["Alv H15",null,null,null,1,3.6,3.25]
["Alv H16",null,null,null,1,50,3.5,"JC 02",3,1.25,{"$f":"I585*J585","v":3.75}]
[{"$nulls":7},"JC 01",5,2.4,12]
[{"$nulls":7},"JM 01",2,1.36,2.72]
[{"$nulls":7},"JM 02",3,0.4,1.2]
["Alv V01",null,null,null,1,20,3.5,"JV 02",1,17.25,17.25]
[{"$nulls":7},"PA 02",1,14.4,14.4]
["Alv V02",null,null,null,1,8.65,3.25,"PM 01",1,1.68,1.68,{"$f":"ROUND((F591*G591)-(SUM(K591:K591)),2)","v":26.43}]
["Alv V03",null,null,null,1,8.8000000000000007,3.25,"PM 01",2,1.68,3.36,{"$f":"ROUND((F592*G592)-(SUM(K592:K593)),2)","v":23.74}]
[{"$nulls":7},"JV 01",1,1.5,1.5]
["Alv V04",null,null,null,1,3.6,3.25]
["Alv V05",null,null,null,1,5,3.25,"PM 01",1,{"$f":"VLOOKUP(H595,$T$432:$W$446,4,FALSE)","v":1.68},{"$f":"I595*J595","v":1.68},{"$f":"ROUND((F595*G595)-(SUM(K595:K595)),2)","v":14.57}]
["Alv V06",null,null,null,1,8.8000000000000007,3.25]
["Alv V07",null,null,null,1,5,3.25,"PM 01",1,1.68,1.68,14.57]
["Alv V08",null,null,null,1,8.65,3.25]
["Alv V09",null,null,null,1,5,3.25,"JV 01",1,1.5,1.5,14.75]
["Alv V10",null,null,null,1,3.7,3.25]
["Alv V11",null,null,null,1,5,3.25,"JV 01",1,{"$f":"VLOOKUP(H601,$T$432:$W$446,4,FALSE)","v":1.5},{"$f":"I601*J601","v":1.5},{"$f":"ROUND((F601*G601)-(SUM(K601:K601)),2)","v":14.75}]
["Alv V12",null,null,null,1,8.65,3.25,"PM 01",2,1.68,3.36,{"$f":"ROUND((F602*G602)-(SUM(K602:K603)),2)","v":23.25}]
[{"$nulls":7},"JV 01",1,1.5,1.5]
["Alv V13",null,null,null,1,8.65,3.25,"PM 01",2,1.68,3.36,23.25]
[{"$nulls":7},"JV 01",1,1.5,1.5]
["Alv V14",null,null,null,1,8.8000000000000007,3.25,null,null,null,0]
["Alv V15",null,null,null,1,4.4000000000000004,3.25,"PM 01",2,{"$f":"VLOOKUP(H607,$T$432:$W$446,4,FALSE)","v":1.68},3.36,9.44]
[{"$nulls":7},"JV 01",1,1.5,1.5]
["Alv V16",null,null,null,1,8.65,3.25,null,null,null,0]
["Alv V17",null,null,null,1,8.8000000000000007,3.25,null,null,null,0]
["Alv V18",null,null,null,1,8.65,3.25,"PM 02",1,1.89,1.89]
["Alv V19",null,null,null,1,3.45,3.25,"PM 01",1,1.68,1.68]
["Alv V20",null,null,null,1,3.7,3.25,"PM 02",1,1.89,1.89]
["Alv V21",null,null,null,1,2,3.25,"PM 02",1,1.89,1.89]
["Alv V22",null,null,null,1,20,3.25,"PA 01",1,3.36,3.36,{"$f":"ROUND((F615*G615)-(SUM(K615:K616)),2)","v":59.75}]
[{"$nulls":7},"PM 02",1,1.89,1.89]
["Alv V23",null,null,null,1,20,3.5,"PA 01",1,3.36,3.36]
["SUPERIOR"]
[{"$nulls":19},"DESCRIÇÃO","LARGURA","ALTURA ","ÁREA"]
[{"$nulls":19},"DESCRIÇÃO","LARGURA","ALTURA ","ÁREA"]
["Alv H01",null,null,null,1,50,{"$f":"8.35-3.5","v":4.8499999999999996},"JC 01",8,{"$f":"VLOOKUP(H621,$T$432:$W$446,4,FALSE)","v":2.4},{"$f":"I621*J621","v":19.2}]
[{"$nulls":7},"JC 02",2,1.25,2.5]
[{"$nulls":7},"JM 02",2,0.4,0.8]
[{"$nulls":7},"JM 01",2,1.36,2.72]
["Alv H02",null,null,null,1,6.75,3.25,"PM 01",2,1.68,3.36,{"$f":"ROUND((F625*G625*E625)-K625,2)","v":18.579999999999998},{"$nulls":7},"PM 01",0.8,2.1,{"$f":"ROUND(U625*V625,2)","v":1.68}]
["Alv H03",null,null,null,1,3.6,3.25,null,null,null,0,{"$nulls":8},"PM 02",0.9,2.1,1.89]
["Alv H04",null,null,null,1,3.15,3.25,null,null,null,0,{"$nulls":8},"PM 03",1.2,2.1,2.52]
["Alv H05",null,null,null,1,5.95,3.25,null,null,null,0,{"$f":"ROUND((F628*G628*E628)-(SUM(K628:K628)),2)","v":19.34},{"$nulls":7},"PA 01",1.6,2.1,3.36]
["Alv H05",null,null,null,1,1.75,3.25,null,null,null,0,{"$nulls":8},"PA 01",1.6,2.1,3.36]
["Alv H06",null,null,null,1,{"$f":"44.15-4.1","v":40.049999999999997},3.25,"PM 01",6,{"$f":"VLOOKUP(H630,$T$432:$W$446,4,FALSE)","v":1.68},10.08,{"$f":"ROUND((F630*G630*E630)-K630,2)","v":120.08},{"$nulls":7},"PA 02",4.8,3,14.4]
["Alv H07",null,null,null,1,34.65,3.25,"PM 01",5,1.68,8.4,{"$f":"ROUND((F631*G631*E631)-(SUM(K631:K632)),2)","v":102.32},{"$nulls":7},"JC 02",1.25,1,1.25]
[{"$nulls":7},"PM 02",1,1.89,1.89,{"$nulls":8},"JC 02",1.25,1,1.25]
["Alv H08",null,null,null,1,3.6,3.25,null,null,null,0,{"$nulls":8},"JM 03",3.4,0.4,1.36]
["Alv H09",null,null,null,1,3.6,3.25,null,null,null,0,{"$nulls":8},"JM 04",1,0.4,0.4]
["Alv H10",null,null,null,1,8.1999999999999993,3.25,"PM 01",1,{"$f":"VLOOKUP(H635,$T$432:$W$446,4,FALSE)","v":1.68},1.68,{"$f":"ROUND((F635*G635*E635)-(SUM(K635:K636)),2)","v":22.45},{"$nulls":7},"JC 02",1.25,1,1.25]
[{"$nulls":7},"PM 03",1,2.52,2.52,{"$nulls":8},"JC 02",1.25,1,1.25]
["Alv H11",null,null,null,1,3.6,3.25,null,null,null,0,{"$nulls":8},"JV 01",1.5,1,1.5]
["Alv H12",null,null,null,1,50,4.8499999999999996,"PM 03",1,2.52,2.52,{"$nulls":8},"JV 02",7.5,2.2999999999999998,17.25]
["Alv V01",null,null,null,1,20,4.8499999999999996,"JV 02",1,17.25,17.25]
[{"$nulls":7},"JV 03",1,{"$f":"VLOOKUP(H640,$T$432:$W$447,4,FALSE)","v":11},11]
["Alv V02",null,null,null,1,8.75,3.25,"PM 01",1,{"$f":"VLOOKUP(H641,$T$432:$W$446,4,FALSE)","v":1.68},1.68,{"$f":"ROUND((F641*G641)-(SUM(K641:K641)),2)","v":26.76}]
["Alv V03",null,null,null,1,3.6,3.25,null,null,null,0]
["Alv V04",null,null,null,1,5,3.25,"PM 01",1,1.68,1.68,14.57]
["Alv V05",null,null,null,1,8.85,3.25,"PM 01",1,1.68,1.68,{"$f":"ROUND((F644*G644*E644)-(SUM(K644:K645)),2)","v":25.58}]
[{"$nulls":7},"JV 01",1,{"$f":"VLOOKUP(H645,$T$432:$W$447,4,FALSE)","v":1.5},1.5]
["Alv V06",null,null,null,1,5,3.25,"PM 01",1,{"$f":"VLOOKUP(H646,$T$432:$W$446,4,FALSE)","v":1.68},1.68,14.57]
["Alv V07",null,null,null,1,8.85,3.25,"PM 01",1,1.68,1.68,{"$f":"ROUND((F647*G647*E647)-(SUM(K647:K648)),2)","v":25.58}]
[{"$nulls":7},"JV 01",1,{"$f":"VLOOKUP(H648,$T$432:$W$447,4,FALSE)","v":1.5},1.5]
["Alv V08",null,null,null,1,8.65,3.25]
["Alv V09",null,null,null,1,8.65,3.25,null,null,null,{"$f":"I650*J650","v":0}]
["Alv V10",null,null,null,1,8.65,3.25,"PM 01",1,1.68,1.68,{"$f":"ROUND((F651*G651*E651)-(SUM(K651:K652)),2)","v":24.93}]
[{"$nulls":7},"JV 01",1,{"$f":"VLOOKUP(H652,$T$432:$W$447,4,FALSE)","v":1.5},1.5]
["Alv V11",null,null,null,1,8.85,3.25,null,null,null,0]
["Alv V12",null,null,null,1,8.65,3.25,"PM 01",1,{"$f":"VLOOKUP(H654,$T$432:$W$446,4,FALSE)","v":1.68},1.68,{"$f":"ROUND((F654*G654)-(SUM(K654:K655)),2)","v":24.93}]
[{"$nulls":7},"JV 01",1,1.5,1.5]
["Alv V13",null,null,null,1,3.7,3.25,null,null,null,0]
["Alv V14",null,null,null,1,5,3.25,"PM 01",2,1.68,3.36,{"$f":"ROUND((F657*G657)-(SUM(K657:K657)),2)","v":12.89}]
["Alv V15",null,null,null,1,8.85,3.25,null,null,null,0]
["Alv V16",null,null,null,1,8.65,3.25,null,null,null,0]
["Alv V17",null,null,null,1,8.85,3.25,"PM 01",1,{"$f":"VLOOKUP(H660,$T$432:$W$446,4,FALSE)","v":1.68},1.68,{"$f":"ROUND((F660*G660*E660)-(SUM(K660:K661)),2)","v":25.58}]
[{"$nulls":7},"JV 01",1,{"$f":"VLOOKUP(H661,$T$432:$W$447,4,FALSE)","v":1.5},1.5]
["Alv V18",null,null,null,1,8.65,3.25,"PM 01",1,1.68,1.68,{"$f":"ROUND((F662*G662*E662)-(SUM(K662:K664)),2)","v":23.04}]
[{"$nulls":7},"PM 02",1,1.89,1.89]
[{"$nulls":7},"JV 01",1,1.5,1.5]
["Alv V19",null,null,null,1,8.85,3.25,"PM 01",1,1.68,1.68,{"$f":"ROUND((F665*G665*E665)-(SUM(K665:K666)),2)","v":25.58}]
[{"$nulls":7},"JV 01",1,{"$f":"VLOOKUP(H666,$T$432:$W$447,4,FALSE)","v":1.5},1.5]
["Alv V20",null,null,null,1,2.1,3.25,"PM 02",1,{"$f":"VLOOKUP(H667,$T$432:$W$446,4,FALSE)","v":1.89},1.89,{"$f":"ROUND((F667*G667)-(SUM(K667:K667)),2)","v":4.9400000000000004}]
["Alv V21",null,null,null,1,8.65,3.25,null,null,null,0]
["Alv V22",null,null,null,1,8.85,3.25,null,null,null,0]
["Alv V23",null,null,null,1,2.1,3.25,"JV 01",1,1.5,1.5,{"$f":"ROUND((F670*G670)-(SUM(K670:K670)),2)","v":5.33}]
["Alv V22",null,null,null,1,2.4,3.25,null,null,null,0]
["Alv V23",null,null,null,1,20,4.8499999999999996,"PA 01",1,3.36,3.36]
["Contorno reservatório",null,null,null,1,20,3]
[]
[{"$nulls":11},"Total levantado",null,null,{"$f":"SUM(L567:L673)","v":986.86},null,2670.77]
[]
["7.3","PAREDE COM PLACAS DE GESSO ACARTONADO (DRYWALL), PARA USO EXTERNO (PLACAS RU), COM DUAS FACES SIMPLES E ESTRUTURA METÁLICA COM GUIAS SIMPLES, INCLUINDO ISOLAMENTO TÉRMICO/ACÚSTICO COM LÃ DE VIDRO",{"$nulls":13},"ok",null,null,null,"JM 01",3.4,0.4,{"$f":"ROUND(U677*V677,2)","v":1.36}]
[{"$nulls":19},"JM 02",1,0.4,0.4]
["LOCAL",null,null,null,"QUANT.","COMP. (M)","ALT. (M)","VÃOS",null,null,null,"ÁREA TOTAL (M²)","OBS",{"$nulls":6},"JV 01",1.5,1,1.5]
[{"$nulls":7},"TIPO","QUANT.","ÁREA UNIT. (M²)","ÁREA TOTAL (M²)",{"$nulls":5},"TOTAL DE PORTAS",null,null,"JV 02",7.5,2.2999999999999998,17.25]
["TÉRREO",{"$nulls":18},"JV 03",5,2.2000000000000002,11]
[{"$nulls":19},"DESCRIÇÃO","LARGURA","ALTURA ","ÁREA"]
[{"$nulls":19},"DESCRIÇÃO","LARGURA","ALTURA ","ÁREA"]
["Alv H01",null,null,null,1,50,3.5,"JC 01",7,{"$f":"VLOOKUP(H684,$T$432:$W$446,4,FALSE)","v":2.4},{"$f":"I684*J684","v":16.8},{"$f":"ROUND((F684*G684*E684)-K684-K685-K686,2)","v":152.30000000000001}]
[{"$nulls":7},"JC 02",2,1.25,2.5]
[{"$nulls":7},"JC 03",1,3.4,3.4]
["Alv H02",null,null,null,1,3.1,3.25,{"$nulls":12},"PM 01",0.8,2.1,{"$f":"ROUND(U687*V687,2)","v":1.68}]
["Alv H03",null,null,null,1,2.5,3.25,{"$nulls":12},"PM 02",0.9,2.1,1.89]
["Alv H04",null,null,null,1,3.15,3.25,{"$nulls":12},"PM 03",1.2,2.1,2.52]
["Alv H05",null,null,null,1,3,3.25,{"$nulls":12},"PA 01",1.6,2.1,3.36]
["Alv H06",null,null,null,1,5,3.25,{"$nulls":4},{"$f":"ROUND((F691*G691)-(SUM(K691:K691)),2)","v":16.25},{"$nulls":7},"PA 02",4.8,3,14.4]
["Alv H07",null,null,null,1,3.65,3.25,"PM 01",1,{"$f":"VLOOKUP(H692,$T$432:$W$446,4,FALSE)","v":1.68},{"$f":"I692*J692","v":1.68},{"$nulls":8},"JC 01",2.4,1,2.4]
["Alv H08",null,null,null,1,37.549999999999997,3.25,"PM 01",7,1.68,11.76,{"$nulls":8},"JC 02",1.25,1,1.25]
[{"$nulls":7},"JV 01",1,1.5,1.5,{"$nulls":8},"JC 02",1.25,1,1.25]
["Alv H09",null,null,null,1,{"$f":"31.6-3.6-1.4","v":26.6},3.25,"PM 01",3,1.68,5.04,{"$nulls":8},"JM 03",3.4,0.4,1.36]
["Alv H10",null,null,null,1,3.5,3.25,null,null,null,0,{"$nulls":8},"JM 04",1,0.4,0.4]
["Alv H11",null,null,null,1,2.8,3.25,null,null,null,0,{"$f":"ROUND((F697*G697)-(SUM(K697:K697)),2)","v":9.1},{"$nulls":7},"JV 01",1.5,1,1.5]
["Alv H12",null,null,null,1,8.4499999999999993,3.25,"PM 03",1,{"$f":"VLOOKUP(H698,$T$432:$W$446,4,FALSE)","v":2.52},2.52,{"$nulls":8},"JV 02",7.5,2.2999999999999998,17.25]
["Alv H13",null,null,null,1,3.1,3.25,null,null,null,0]
["Alv H14",null,null,null,1,2.75,3.25,null,null,null,0,{"$f":"ROUND((F700*G700)-(SUM(K700:K700)),2)","v":8.94}]
["Alv H15",null,null,null,1,3.6,3.25]
["Alv H16",null,null,null,1,50,3.5,"JC 02",3,1.25,{"$f":"I702*J702","v":3.75},{"$f":"ROUND((F702*G702*E702)-(SUM(K702:K705)),2)","v":155.33000000000001}]
[{"$nulls":7},"JC 01",5,2.4,12]
[{"$nulls":7},"JM 01",2,1.36,2.72]
[{"$nulls":7},"JM 02",3,0.4,1.2]
["Alv V01",null,null,null,1,20,3.5,"JV 02",1,17.25,17.25,{"$f":"ROUND((F706*G706*E706)-(SUM(K706:K707)),2)","v":38.35}]
[{"$nulls":7},"PA 02",1,14.4,14.4]
["Alv V02",null,null,null,1,8.65,3.25,"PM 01",1,1.68,1.68]
["Alv V03",null,null,null,1,8.8000000000000007,3.25,"PM 01",2,1.68,3.36]
[{"$nulls":7},"JV 01",1,1.5,1.5]
["Alv V04",null,null,null,1,3.6,3.25]
["Alv V05",null,null,null,1,5,3.25,"PM 01",1,{"$f":"VLOOKUP(H712,$T$432:$W$446,4,FALSE)","v":1.68},{"$f":"I712*J712","v":1.68}]
["Alv V06",null,null,null,1,8.8000000000000007,3.25]
["Alv V07",null,null,null,1,5,3.25,"PM 01",1,1.68,1.68]
["Alv V08",null,null,null,1,8.65,3.25]
["Alv V09",null,null,null,1,5,3.25,"JV 01",1,1.5,1.5]
["Alv V10",null,null,null,1,3.7,3.25]
["Alv V11",null,null,null,1,5,3.25,"JV 01",1,{"$f":"VLOOKUP(H718,$T$432:$W$446,4,FALSE)","v":1.5},{"$f":"I718*J718","v":1.5}]
["Alv V12",null,null,null,1,8.65,3.25,"PM 01",2,1.68,3.36]
[{"$nulls":7},"JV 01",1,1.5,1.5]
["Alv V13",null,null,null,1,8.65,3.25,"PM 01",2,1.68,3.36]
[{"$nulls":7},"JV 01",1,1.5,1.5]
["Alv V14",null,null,null,1,8.8000000000000007,3.25,null,null,null,0]
["Alv V15",null,null,null,1,4.4000000000000004,3.25,"PM 01",2,{"$f":"VLOOKUP(H724,$T$432:$W$446,4,FALSE)","v":1.68},3.36]
[{"$nulls":7},"JV 01",1,1.5,1.5]
["Alv V16",null,null,null,1,8.65,3.25,null,null,null,0,{"$f":"ROUND((F726*G726)-(SUM(K726:K726)),2)","v":28.11}]
["Alv V17",null,null,null,1,8.8000000000000007,3.25,null,null,null,0]
["Alv V18",null,null,null,1,8.65,3.25,"PM 02",1,1.89,1.89,26.22]
["Alv V19",null,null,null,1,3.45,3.25,"PM 01",1,1.68,1.68,9.5299999999999994]
["Alv V20",null,null,null,1,3.7,3.25,"PM 02",1,1.89,1.89,10.14]
["Alv V21",null,null,null,1,2,3.25,"PM 02",1,1.89,1.89,4.6100000000000003]
["Alv V22",null,null,null,1,20,3.25,"PA 01",1,3.36,3.36]
[{"$nulls":7},"PM 02",1,1.89,1.89]
["Alv V23",null,null,null,1,20,3.5,"PA 01",1,3.36,3.36,{"$f":"ROUND((F734*G734)-(SUM(K734:K734)),2)","v":66.64}]
["SUPERIOR"]
[{"$nulls":19},"DESCRIÇÃO","LARGURA","ALTURA ","ÁREA"]
[{"$nulls":19},"DESCRIÇÃO","LARGURA","ALTURA ","ÁREA"]
["Alv H01",null,null,null,1,50,{"$f":"8.35-3.5","v":4.8499999999999996},"JC 01",8,{"$f":"VLOOKUP(H738,$T$432:$W$446,4,FALSE)","v":2.4},{"$f":"I738*J738","v":19.2},{"$f":"ROUND((F738*G738*E738)-K738-K739-K741-K740,2)","v":217.28}]
[{"$nulls":7},"JC 02",2,1.25,2.5]
[{"$nulls":7},"JM 02",2,0.4,0.8]
[{"$nulls":7},"JM 01",2,1.36,2.72]
["Alv H02",null,null,null,1,6.75,3.25,"PM 01",2,1.68,3.36,{"$nulls":8},"PM 01",0.8,2.1,{"$f":"ROUND(U742*V742,2)","v":1.68}]
["Alv H03",null,null,null,1,3.6,3.25,null,null,null,0,{"$nulls":8},"PM 02",0.9,2.1,1.89]
["Alv H04",null,null,null,1,3.15,3.25,null,null,null,0,{"$nulls":8},"PM 03",1.2,2.1,2.52]
["Alv H05",null,null,null,1,5.95,3.25,null,null,null,0,{"$f":"ROUND((F745*G745*E745)-(SUM(K745:K745)),2)","v":19.34},{"$nulls":7},"PA 01",1.6,2.1,3.36]
["Alv H05",null,null,null,1,1.75,3.25,null,null,null,0,{"$f":"ROUND((F746*G746*E746)-(SUM(K746:K746)),2)","v":5.69},{"$nulls":7},"PA 01",1.6,2.1,3.36]
["Alv H06",null,null,null,1,{"$f":"44.15-4.1","v":40.049999999999997},3.25,"PM 01",6,{"$f":"VLOOKUP(H747,$T$432:$W$446,4,FALSE)","v":1.68},10.08,{"$nulls":8},"PA 02",4.8,3,14.4]
["Alv H07",null,null,null,1,34.65,3.25,"PM 01",5,1.68,8.4,{"$nulls":8},"JC 02",1.25,1,1.25]
[{"$nulls":7},"PM 02",1,1.89,1.89,{"$nulls":8},"JC 02",1.25,1,1.25]
["Alv H08",null,null,null,1,3.6,3.25,null,null,null,0,{"$nulls":8},"JM 03",3.4,0.4,1.36]
["Alv H09",null,null,null,1,3.6,3.25,null,null,null,0,{"$nulls":8},"JM 04",1,0.4,0.4]
["Alv H10",null,null,null,1,8.1999999999999993,3.25,"PM 01",1,{"$f":"VLOOKUP(H752,$T$432:$W$446,4,FALSE)","v":1.68},1.68,{"$nulls":8},"JC 02",1.25,1,1.25]
[{"$nulls":7},"PM 03",1,2.52,2.52,{"$nulls":8},"JC 02",1.25,1,1.25]
["Alv H11",null,null,null,1,3.6,3.25,null,null,null,0,{"$nulls":8},"JV 01",1.5,1,1.5]
["Alv H12",null,null,null,1,50,4.8499999999999996,"PM 03",1,2.52,2.52,{"$f":"ROUND((F755*G755*E755)-(SUM(K755:K755)),2)","v":239.98},{"$nulls":7},"JV 02",7.5,2.2999999999999998,17.25]
["Alv V01",null,null,null,1,20,4.8499999999999996,"JV 02",1,17.25,17.25,{"$f":"ROUND((F756*G756*E756)-(SUM(K756:K757)),2)","v":68.75}]
[{"$nulls":7},"JV 03",1,{"$f":"VLOOKUP(H757,$T$432:$W$447,4,FALSE)","v":11},11]
["Alv V02",null,null,null,1,8.75,3.25,"PM 01",1,{"$f":"VLOOKUP(H758,$T$432:$W$446,4,FALSE)","v":1.68},1.68]
["Alv V03",null,null,null,1,3.6,3.25,null,null,null,0]
["Alv V04",null,null,null,1,5,3.25,"PM 01",1,1.68,1.68]
["Alv V05",null,null,null,1,8.85,3.25,"PM 01",1,1.68,1.68]
[{"$nulls":7},"JV 01",1,{"$f":"VLOOKUP(H762,$T$432:$W$447,4,FALSE)","v":1.5},1.5]
["Alv V06",null,null,null,1,5,3.25,"PM 01",1,{"$f":"VLOOKUP(H763,$T$432:$W$446,4,FALSE)","v":1.68},1.68]
["Alv V07",null,null,null,1,8.85,3.25,"PM 01",1,1.68,1.68]
[{"$nulls":7},"JV 01",1,{"$f":"VLOOKUP(H765,$T$432:$W$447,4,FALSE)","v":1.5},1.5]
["Alv V08",null,null,null,1,8.65,3.25]
["Alv V09",null,null,null,1,8.65,3.25,null,null,null,{"$f":"I767*J767","v":0}]
["Alv V10",null,null,null,1,8.65,3.25,"PM 01",1,1.68,1.68]
[{"$nulls":7},"JV 01",1,{"$f":"VLOOKUP(H769,$T$432:$W$447,4,FALSE)","v":1.5},1.5]
["Alv V11",null,null,null,1,8.85,3.25,null,null,null,0,{"$f":"ROUND((F770*G770*E770)-(SUM(K770:K770)),2)","v":28.76}]
["Alv V12",null,null,null,1,8.65,3.25,"PM 01",1,{"$f":"VLOOKUP(H771,$T$432:$W$446,4,FALSE)","v":1.68},1.68]
[{"$nulls":7},"JV 01",1,1.5,1.5]
["Alv V13",null,null,null,1,3.7,3.25,null,null,null,0,12.03]
["Alv V14",null,null,null,1,5,3.25,"PM 01",2,1.68,3.36]
["Alv V15",null,null,null,1,8.85,3.25,null,null,null,0,28.76]
["Alv V16",null,null,null,1,8.65,3.25,null,null,null,0]
["Alv V17",null,null,null,1,8.85,3.25,"PM 01",1,{"$f":"VLOOKUP(H777,$T$432:$W$446,4,FALSE)","v":1.68},1.68]
[{"$nulls":7},"JV 01",1,{"$f":"VLOOKUP(H778,$T$432:$W$447,4,FALSE)","v":1.5},1.5]
["Alv V18",null,null,null,1,8.65,3.25,"PM 01",1,1.68,1.68]
[{"$nulls":7},"PM 02",1,1.89,1.89]
[{"$nulls":7},"JV 01",1,1.5,1.5]
["Alv V19",null,null,null,1,8.85,3.25,"PM 01",1,1.68,1.68]
[{"$nulls":7},"JV 01",1,{"$f":"VLOOKUP(H783,$T$432:$W$447,4,FALSE)","v":1.5},1.5]
["Alv V20",null,null,null,1,2.1,3.25,"PM 02",1,{"$f":"VLOOKUP(H784,$T$432:$W$446,4,FALSE)","v":1.89},1.89]
["Alv V21",null,null,null,1,8.65,3.25,null,null,null,0]
["Alv V22",null,null,null,1,8.85,3.25,null,null,null,0]
["Alv V23",null,null,null,1,2.1,3.25,"JV 01",1,{"$f":"VLOOKUP(H787,$T$432:$W$446,4,FALSE)","v":1.5},1.5]
["Alv V22",null,null,null,1,2.4,3.25,null,null,null,0]
["Alv V23",null,null,null,1,20,4.8499999999999996,null,null,null,0,{"$f":"ROUND((F789*G789)-(SUM(K789:K789)),2)","v":97}]
["Contorno reservatório",null,null,null,1,20,3,{"$nulls":4},{"$f":"ROUND((F790*G790)-(SUM(K790:K790)),2)","v":60}]
[]
[{"$nulls":11},"Total levantado",null,null,{"$f":"SUM(L684:L790)","v":1303.1099999999999},null,2670.77]
[]
["7.4","INSTALAÇÃO DE REFORÇO METÁLICO EM PAREDE DRYWALL. AF_06/2017"]
[]
["LOCAL",null,null,null,"QUANT.","COMP. (M)",null,"ALT. (M)",null,"ÁREA (M²)",null,"TRANSP","OBS"]
["Locais onde serão fixadas peças",null,null,null,1,250,{"$nulls":6},"Quantidade estimada. Será medido e pago a quantidade efetivamente executada."]
[]
[{"$nulls":11},"Total levantado",null,null,{"$f":"F797","v":250}]
[]
["7.5","DIVISORIA SANITÁRIA, TIPO CABINE, EM GRANITO CINZA POLIDO, ESP = 3CM, ASSENTADO COM ARGAMASSA COLANTE AC III-E, EXCLUSIVE FERRAGENS. AF_01/2021"]
[]
["LOCAL",null,null,null,"QUANT.","COMP. (M)",null,"ALT. (M)",null,"ÁREA (M²)",null,"TRANSP","OBS"]
["Vestiário feminino",null,null,null,1,{"$f":"3.7+1.2+1.2+1.2-0.7-0.7-0.7-0.7","v":4.5},null,2.1,null,{"$f":"+F804*H804","v":9.4499999999999993},null,null,"Térreo"]
["Vestiário masculino",null,null,null,1,{"$f":"2.4+1.2+1.2+1.2-0.7-0.7-0.7","v":3.9},null,2.1,null,8.19]
["Vestiário feminino",null,null,null,1,4.5,null,2.1,null,9.4499999999999993,null,null,"Superior"]
["Vestiário masculino",null,null,null,1,3.9,null,2.1,null,8.19]
[]
[{"$nulls":11},"Total levantado",null,null,{"$f":"SUM(J804:K807)","v":35.28}]
[]
["7.6","TAPA VISTA DE MICTÓRIO EM GRANITO CINZA POLIDO, ESP = 3CM, ASSENTADO COM ARGAMASSA COLANTE AC III-E . AF_01/2021"]
[]
["LOCAL",null,null,null,"QUANT.","COMP. (M)",null,"ALT. (M)",null,"ÁREA (M²)",null,"TRANSP","OBS"]
["Vestiário feminino",null,null,null,1,{"$nulls":4},{"$f":"+F814*H814","v":0},null,null,"Térreo"]
["Vestiário masculino",null,null,null,3,0.4,null,1.3,null,{"$f":"+F815*H815*E815","v":1.56}]
["Vestiário feminino",null,null,null,1,{"$nulls":4},{"$f":"+F816*H816","v":0},null,null,"Superior"]
["Vestiário masculino",null,null,null,1,0.4,null,1.3,null,{"$f":"+F817*H817*E817","v":0.52}]
[]
[{"$nulls":11},"Total levantado",null,null,{"$f":"SUM(J814:K817)","v":2.08}]
[]
["7.7","CORRIMÃO SIMPLES, DIÂMETRO EXTERNO = 1 1/2\", EM ALUMÍNIO. AF_04/2019_P M AS 71,50"]
[]
["LOCAL",null,null,null,"QUANT.","COMP. (M)",null,"ALT. (M)",null,"ÁREA (M²)",null,"TRANSP","OBS"]
["Escada",null,null,null,1,{"$f":"2.75+3.55+2.75+1.55+1.15+1.55","v":13.3}]
[]
[{"$nulls":11},"Total levantado",null,null,{"$f":"F824","v":13.3}]
[]
["8.1","IMPERMEABILIZAÇÃO DE SUPERFÍCIE COM ARGAMASSA POLIMÉRICA / MEMBRANA ACRÍLICA, 3 DEMÃOS. AF_06/2018"]
[]
["LOCAL",null,null,null,"QUANT.","COMP. (M)",null,"LARG. (M)",null,"ÁREA (M²)",null,"TRANSP","OBS"]
["Vestiário feminino",null,null,null,1,{"$nulls":4},11.52,null,null,"Áreas coletadas do projeto arquitetonico"]
["Vestiário masculino",null,null,null,1,{"$nulls":4},9.91]
["Sanitário pcd",null,null,null,1,{"$nulls":4},3.45]
[]
[{"$nulls":11},"Total levantado",null,null,{"$f":"J833+J832+J831","v":24.88}]
[]
["8.2","TRATAMENTO DE RALO OU PONTO EMERGENTE COM ARGAMASSA POLIMÉRICA / MEMBRANA ACRÍLICA REFORÇADO COM VÉU DE POLIÉSTER (MAV). AF_06/2018"]
[]
["LOCAL",null,null,null,"QUANT.","COMP. (M)",null,"ALT. (M)",null,"ÁREA (M²)",null,"TRANSP","OBS"]
["Ralos pavimento superior",null,null,null,4]
[]
[{"$nulls":11},"Total levantado",null,null,{"$f":"E840","v":4}]
[]
["8.3","TRATAMENTO DE RODAPÉ COM VÉU DE POLIÉSTER. AF_06/2018"]
[]
["LOCAL",null,null,null,"QUANT.","COMP. ALVENARIA (M)",null,"COMP. TOTAL (M)",null,"ÁREA (M²)",null,"TRANSP","OBS"]
["Encontro da alvenaria com o piso",null,null,null,2,{"$f":"435.05+396.7","v":831.75},null,{"$f":"E847*F847","v":1663.5},{"$nulls":4},"Tratamento em todo o encontro da alvenaria com o piso"]
[]
[{"$nulls":11},"Total levantado",null,null,{"$f":"H847","v":1663.5}]
[]
["8.4","IMPERMEABILIZAÇÃO DE SUPERFÍCIE COM MANTA ASFÁLTICA, UMA CAMADA, INCLUSIVE APLICAÇÃO DE PRIMER ASFÁLTICO, E=3MM. AF_06/2018"]
[]
["LOCAL",null,null,null,"QUANT.","COMP. (M)",null,"LARG. (M)",null,"ÁREA (M²)",null,"TRANSP","OBS"]
["Cobertura",null,null,null,1,50,null,20,null,{"$f":"F854*H854","v":1000}]
["Marquise",null,null,null,1,10,null,4.5999999999999996,null,{"$f":"F855*H855","v":46}]
[]
[{"$nulls":11},"Total levantado",null,null,{"$f":"J855+J854","v":1046}]
[]
["8.5","PROTEÇÃO MECÂNICA DE SUPERFICIE HORIZONTAL COM ARGAMASSA DE CIMENTO E AREIA, TRAÇO 1:3, E=3CM. AF_06/2018"]
[]
["LOCAL",null,null,null,"QUANT.","COMP. (M)",null,"LARG. (M)",null,"ÁREA (M²)",null,"TRANSP","OBS"]
["Cobertura",null,null,null,1,50,null,20,null,{"$f":"F862*H862","v":1000}]
["Marquise",null,null,null,1,10,null,4.5999999999999996,null,{"$f":"F863*H863","v":46}]
[]
[{"$nulls":11},"Total levantado",null,null,{"$f":"J863+J862","v":1046}]
[]
["9.1","PEITORIL LINEAR EM GRANITO OU MÁRMORE, L = 15CM, COMPRIMENTO DE ATÉ 2M, ASSENTADO COM ARGAMASSA 1:6 COM ADITIVO. AF_11/2020"]
[]
["LOCAL",null,null,null,"QUANT.","COMP. (M)",null,"COMP. TOTAL (M)",null,"ÁREA (M²)",null,"TRANSP","OBS"]
["Janelas JC 01",null,null,null,20,2.4,null,{"$f":"E870*F870","v":48},{"$nulls":9},"JC 01",2.4,1,{"$f":"ROUND(S870*T870,2)","v":2.4}]
["Janelas JC 02",null,null,null,7,1.25,null,8.75,{"$nulls":9},"JC 02",1.25,1,1.25]
["Janelas JC 03",null,null,null,1,3.4,null,3.4,{"$nulls":9},"JC 01",2.4,1,2.4]
["Janelas JM 01",null,null,null,4,3.4,null,13.6,{"$nulls":9},"JC 02",1.25,1,1.25]
["Janelas JM 02",null,null,null,5,1,null,5,{"$nulls":9},"JC 02",1.25,1,1.25]
["Janelas JV 01",null,null,null,16,1.5,null,24,{"$nulls":9},"JC 02",1.25,1,1.25]
["Janelas JV 02",null,null,null,1,7.5,null,7.5,{"$nulls":9},"JC 02",1.25,1,1.25]
["Janelas JV 03",null,null,null,1,5,null,5,{"$nulls":9},"JC 02",1.25,1,1.25]
[{"$nulls":17},"JC 03",3.4,1,3.4]
[{"$nulls":11},"Total levantado",null,null,{"$f":"SUM(H870:I877)","v":115.25},null,null,"JM 01",3.4,0.4,1.36]
[{"$nulls":17},"JM 02",1,0.4,0.4]
["9.2","CHAPIM (RUFO CAPA) EM AÇO GALVANIZADO, CORTE 33. AF_11/2020"]
[]
["LOCAL",null,null,null,"QUANT.","PERÍMETRO",null,"LARG. (M)",null,"ÁREA (M²)",null,"TRANSP","OBS"]
["Cobertura",null,null,null,1,140]
[]
[{"$nulls":11},"Total levantado",null,null,{"$f":"F884","v":140}]
[]
["10.1","CHAPISCO APLICADO EM ALVENARIA (SEM PRESENÇA DE VÃOS) E ESTRUTURAS DE CONCRETO DE FACHADA, COM COLHER DE PEDREIRO. ARGAMASSA TRAÇO 1:3 COM PREPARO EM BETONEIRA 400L. AF_06/2014"]
[]
["LOCAL",null,null,null,"QUANT.","PERÍM. (M)",null,"ALT. (M)",null,"ÁREA (M²)",null,"TRANSP","OBS"]
["Pórtico entrada",null,null,null,1,3,null,4,null,{"$f":"+F891*H891","v":12}]
[]
[{"$nulls":11},"Total levantado",null,null,{"$f":"J891","v":12}]
[]
["10.2","EMBOÇO OU MASSA ÚNICA EM ARGAMASSA TRAÇO 1:2:8, PREPARO MECÂNICO COM BETONEIRA 400 L, APLICADA MANUALMENTE EM PANOS CEGOS DE FACHADA (SEM PRESENÇA DE VÃOS), ESPESSURA DE 25 MM. AF_08/2022"]
[]
["LOCAL",null,null,null,"QUANT.","PERÍM. (M)",null,"ALT. (M)",null,"ÁREA (M²)",null,"TRANSP","OBS"]
["Pórtico entrada",null,null,null,1,3,null,4,null,{"$f":"+F898*H898","v":12}]
[]
[{"$nulls":11},"Total levantado",null,null,{"$f":"J898","v":12}]
[]
["10.3","REVESTIMENTO CERÂMICO PARA PAREDES INTERNAS COM PLACAS TIPO ESMALTADA EXTRA DE DIMENSÕES 20X20 CM APLICADAS EM AMBIENTES DE ÁREA MAIOR QUE 5M² NA ALTURA INTEIRA DAS PAREDES. AF_06/2014"]
[]
["LOCAL",null,null,null,"QUANT.","PERÍM. (M)",null,"ALT. (M)","ÁREA (M²)","VÃOS (M²)","ÁREA TOTAL (M²)","TRANSP","OBS"]
["Camarim - área molhada",null,null,null,1,{"$f":"2.5+1.6+1.6+5.05","v":10.75},null,3.25,{"$f":"+F905*H905","v":34.94},null,{"$f":"I905-J905","v":34.94},null,"Térreo"]
["DML",null,null,null,1,{"$f":"3.45+1.3+3.45+1.3","v":9.5},null,3.25,30.88,1.68,29.2]
["COPA",null,null,null,1,{"$f":"3.65+3.65+2.3+2.3","v":11.9},null,3.25,38.68,1.68,37]
["Banheiro PCD",null,null,null,1,{"$f":"2+2+1.7+1.7","v":7.4},null,3.25,24.05,{"$f":"0.9*2.1","v":1.89},22.16]
["Vestiário feminino",null,null,null,1,{"$f":"3.7+3.7+3.1+3.1","v":13.6},null,3.25,44.2,{"$f":"1.68+0.4","v":2.08},42.12]
["Vestiário masculino",null,null,null,1,{"$f":"2.65+2.65+3.7+3.7","v":12.7},null,3.25,41.28,{"$f":"1.68+0.4","v":2.08},39.200000000000003]
["DML",null,null,null,1,{"$f":"1.75+1.75+1.4+1.4","v":6.3},null,3.25,20.48,1.68,18.8,null,"Superior"]
["COPA",null,null,null,1,{"$f":"1.75+1.75+3.5+3.5","v":10.5},null,3.25,34.130000000000003,1.68,32.450000000000003]
["Vestiário feminino",null,null,null,1,{"$f":"3.7+3.7+3+3","v":13.4},null,3.25,43.55,{"$f":"1.89+0.4","v":2.29},41.26]
["Vestiário masculino",null,null,null,1,{"$f":"7.4+2.85+2.85","v":13.1},null,3.25,42.58,{"$f":"1.89+0.4","v":2.29},40.29]
[]
[{"$nulls":11},"Total levantado",null,null,{"$f":"SUM(K905:K914)","v":337.42}]
[]
["10.4","RODAPÉ CERÂMICO DE 7CM DE ALTURA COM PLACAS TIPO ESMALTADA EXTRA DE DIMENSÕES 60X60CM. AF_06/2014"]
[]
["LOCAL",null,null,null,"QUANT.","COMP. ALVENARIA (M)","COMP.  PAREDE ÁREA EXTERNA (M)","COMP. PAREDE COM REVESTI. (M)","COMP. PORTAS (M)","COMP. TOTAL (M)",null,"TRANSP","OBS"]
["Rodapé",null,null,null,2,{"$f":"435.05+396.7","v":831.75},140,{"$f":"SUM(F905:G914)","v":109.15},{"$f":"((49*0.8)+(7*0.9)+(3*1.2)+(1.6*2)+(1*4.8))*2","v":114.2},{"$f":"E921*F921-G921-H921-I921","v":1300.1500000000001},null,null,"Comprimento total = comprimento da alvenaria x 2 - comprimento da alvenaria no perímetro externo - comprimento da alvenaria de paredes com revestimento - (comprimento das portas x 2)."]
[]
[{"$nulls":11},"Total levantado",null,null,{"$f":"J921","v":1300.1500000000001}]
[]
["11.1","CONTRAPISO EM ARGAMASSA TRAÇO 1:4 (CIMENTO E AREIA), PREPARO MECÂNICO COM BETONEIRA 400 L, APLICADO EM ÁREAS SECAS SOBRE LAJE, ADERIDO, ACABAMENTO NÃO REFORÇADO, ESPESSURA 3CM. AF_07/2021"]
[]
["LOCAL",null,null,null,"QUANT.","ÁREA DA EDIFICAÇÃO (M²)",null,"ÁREA DA ALVENARIA (M²)",null,"ÁREA TOTAL (M²)",null,"TRANSP","OBS"]
["Contrapiso",null,null,null,1,2000,null,{"$f":"+F921*0.1","v":83.174999999999997},null,{"$f":"+F928-H928","v":1916.83},null,null,"Área da edificação = 1000m² em cada pavimento"]
[]
[{"$nulls":11},"Total levantado",null,null,{"$f":"J928","v":1916.83}]
[]
["11.2","REVESTIMENTO CERÂMICO PARA PISO COM PLACAS TIPO PORCELANATO DE DIMENSÕES 60X60 CM APLICADA EM AMBIENTES DE ÁREA MAIOR QUE 10 M². AF_06/2014"]
[]
["LOCAL",null,null,null,"QUANT.","ÁREA DA CONTRAPISO (M²)",null,"SOLEIRAS (M²)",null,"AUDITÓRIO (M²)","ÁREA TOTAL (M²)","TRANSP","OBS"]
["Piso cerâmico",null,null,null,1,{"$f":"J928","v":1916.83},null,{"$f":"+F942*0.15","v":8.57},null,{"$f":"8.5*19.8","v":168.3},{"$f":"F935-H935-J935","v":1739.96}]
[]
[{"$nulls":11},"Total levantado",null,null,{"$f":"K935","v":1739.96}]
[]
["11.3","SOLEIRA EM GRANITO, LARGURA 15 CM, ESPESSURA 2,0 CM. AF_09/2020 "]
[]
["LOCAL",null,null,null,"QUANT.","COMP. (M)",null,"LARG. (M)",null,"ÁREA (M²)",null,"TRANSP","OBS"]
["Portas",null,null,null,1,{"$f":"I921/2","v":57.1}]
[]
[{"$nulls":11},"Total levantado",null,null,{"$f":"F942","v":57.1}]
[]
["11.4","CARPETE DE NYLON EM MANTA PARA TRAFEGO COMERCIAL PESADO, E = 9 A 10 MM (INSTALADO)"]
[]
["LOCAL",null,null,null,"QUANT.","ÁREA PROJ HORIZONTAL (M²)",null,"ÁREA ESPELHOS DOS DEGRAUS (M²)",null,"ÁREA TOTAL (M²)",null,"TRANSP","OBS"]
["Auditório",null,null,null,1,{"$f":"J935","v":168.3},null,{"$f":"+(11*0.1*8.5)+(8.5*0.3)","v":11.9},null,{"$f":"F949+H949","v":180.2}]
[]
[{"$nulls":11},"Total levantado",null,null,{"$f":"J949","v":180.2}]
[]
["11.5","EXECUÇÃO DE PASSEIO (CALÇADA) OU PISO DE CONCRETO COM CONCRETO MOLDADO IN LOCO, FEITO EM OBRA, ACABAMENTO CONVENCIONAL, NÃO ARMADO. AF_08/2022"]
[]
["LOCAL",null,null,null,"QUANT.","COMP. (M)",null,"ESP. (M)",null,"ÁREA TOTAL (M²)",null,"VOL. (M³)","OBS"]
["Contorno da edificação",null,null,null,1,null,null,0.08,null,144,null,{"$f":"H956*J956","v":11.52},"Passeio de 1 metro em todo o contorno da edificação"]
["Passeio público",null,null,null,1,null,null,0.08,null,{"$f":"50*10","v":500},null,{"$f":"H957*J957","v":40},"Passeio público, na entrada da edificação (50 * 10m)"]
[]
[{"$nulls":11},"Total levantado",null,null,{"$f":"L956+L957","v":51.52}]
[]
["11.6","PISO PODOTÁTIL DE ALERTA OU DIRECIONAL, DE BORRACHA, ASSENTADO SOBRE ARGAMASSA. AF_05/2020"]
[]
["LOCAL",null,null,null,"QUANT.","COMP. (M)",null,"LARG. (M)",null,"ÁREA TOTAL (M²)",null,"TRANSP","OBS"]
["Contorno da edificação",null,null,null,1,{"$f":"51+21+51+21","v":144},{"$nulls":6},"Passeio de 1 metro em todo o contorno da edificação"]
["Passeio público",null,null,null,1,50]
[]
[{"$nulls":11},"Total levantado",null,null,{"$f":"F965+F964","v":194}]
[]
["12.1","REGISTRO DE ESFERA, PVC, ROSCÁVEL, COM VOLANTE, 1/2\" - FORNECIMENTO E INSTALAÇÃO. AF_08/2021"]
[]
["LOCAL",null,null,null,"QUANT.","COMP. (M)",null,"LARG. (M)",null,"ÁREA TOTAL (M²)",null,"TRANSP","OBS"]
["Instalações hidrossanitárias",null,null,null,1,{"$nulls":7},"Conforme projeto hidrossanitário"]
[]
[{"$nulls":11},"Total levantado",null,null,{"$f":"E972","v":1}]
[]
["12.2","REGISTRO DE GAVETA BRUTO, LATÃO, ROSCÁVEL, 3/4\", COM ACABAMENTO E CANOPLA CROMADOS - FORNECIMENTO E INSTALAÇÃO. AF_08/2021"]
[]
["LOCAL",null,null,null,"QUANT.","COMP. (M)",null,"LARG. (M)",null,"ÁREA TOTAL (M²)",null,"TRANSP","OBS"]
["Instalações hidrossanitárias",null,null,null,15,{"$nulls":7},"Conforme projeto hidrossanitário"]
[]
[{"$nulls":11},"Total levantado",null,null,{"$f":"E979","v":15}]
[]
["12.3","REGISTRO DE PRESSÃO BRUTO, LATÃO, ROSCÁVEL, 3/4\", COM ACABAMENTO E CANOPLA CROMADOS - FORNECIMENTO E INSTALAÇÃO. AF_08/2021"]
[]
["LOCAL",null,null,null,"QUANT.","COMP. (M)",null,"LARG. (M)",null,"ÁREA TOTAL (M²)",null,"TRANSP","OBS"]
["Instalações hidrossanitárias",null,null,null,8,{"$nulls":7},"Conforme projeto hidrossanitário"]
[]
[{"$nulls":11},"Total levantado",null,null,{"$f":"E986","v":8}]
[]
["12.4","REGISTRO DE ESFERA, PVC, ROSCÁVEL, COM BORBOLETA, 1/2\" - FORNECIMENTO E INSTALAÇÃO. AF_08/2021"]
[]
["LOCAL",null,null,null,"QUANT.","COMP. (M)",null,"LARG. (M)",null,"ÁREA TOTAL (M²)",null,"TRANSP","OBS"]
["Instalações hidrossanitárias",null,null,null,1,{"$nulls":7},"Conforme projeto hidrossanitário"]
[]
[{"$nulls":11},"Total levantado",null,null,{"$f":"E993","v":1}]
[]
["12.5","REGISTRO DE GAVETA BRUTO, LATÃO, ROSCÁVEL, 1/2\", COM ACABAMENTO E CANOPLA CROMADOS - FORNECIMENTO E INSTALAÇÃO. AF_08/2021"]
[]
["LOCAL",null,null,null,"QUANT.","COMP. (M)",null,"LARG. (M)",null,"ÁREA TOTAL (M²)",null,"TRANSP","OBS"]
["Instalações hidrossanitárias",null,null,null,15,{"$nulls":7},"Conforme projeto hidrossanitário"]
[]
[{"$nulls":11},"Total levantado",null,null,{"$f":"E1000","v":15}]
[]
["12.6","REGISTRO DE GAVETA BRUTO, LATÃO, ROSCÁVEL, 1 1/4\", COM ACABAMENTO E CANOPLA CROMADOS - FORNECIMENTO E INSTALAÇÃO. AF_08/2021"]
[]
["LOCAL",null,null,null,"QUANT.","COMP. (M)",null,"LARG. (M)",null,"ÁREA TOTAL (M²)",null,"TRANSP","OBS"]
["Instalações hidrossanitárias",null,null,null,2,{"$nulls":7},"Conforme projeto hidrossanitário"]
[]
[{"$nulls":11},"Total levantado",null,null,{"$f":"E1007","v":2}]
[]
["12.7","ENGATE FLEXÍVEL EM INOX, 1/2 X 30CM - FORNECIMENTO E INSTALAÇÃO. AF_01/2020"]
[]
["LOCAL",null,null,null,"QUANT.","COMP. (M)",null,"LARG. (M)",null,"ÁREA TOTAL (M²)",null,"TRANSP","OBS"]
["Instalações hidrossanitárias",null,null,null,16,{"$nulls":7},"Conforme projeto hidrossanitário"]
[]
[{"$nulls":11},"Total levantado",null,null,{"$f":"E1014","v":16}]
[]
["12.8","ENGATE FLEXÍVEL EM PLÁSTICO BRANCO, 1/2 X 30CM - FORNECIMENTO E INSTALAÇÃO. AF_01/2020"]
[]
["LOCAL",null,null,null,"QUANT.","COMP. (M)",null,"LARG. (M)",null,"ÁREA TOTAL (M²)",null,"TRANSP","OBS"]
["Instalações hidrossanitárias",null,null,null,17,{"$nulls":7},"Conforme projeto hidrossanitário"]
[]
[{"$nulls":11},"Total levantado",null,null,{"$f":"E1021","v":17}]
[]
["12.9","COLAR DE TOMADA, PVC, COM TRAVAS, DE 60 MM X 1/2\" OU 60 MM X 3/4\", PARA LIGAÇÃO PREDIAL DE ÁGUA. AF_06/2022"]
[]
["LOCAL",null,null,null,"QUANT.","COMP. (M)",null,"LARG. (M)",null,"ÁREA TOTAL (M²)",null,"TRANSP","OBS"]
["Instalações hidrossanitárias",null,null,null,1,{"$nulls":7},"Conforme projeto hidrossanitário"]
[]
[{"$nulls":11},"Total levantado",null,null,{"$f":"E1028","v":1}]
[]
["12.10","LUVA, PVC, SOLDÁVEL, DN 25MM, INSTALADO EM RAMAL OU SUB-RAMAL DE ÁGUA - FORNECIMENTO E INSTALAÇÃO. AF_06/2022"]
[]
["LOCAL",null,null,null,"QUANT.","COMP. (M)",null,"LARG. (M)",null,"ÁREA TOTAL (M²)",null,"TRANSP","OBS"]
["Instalações hidrossanitárias",null,null,null,1,{"$nulls":7},"Conforme projeto hidrossanitário"]
[]
[{"$nulls":11},"Total levantado",null,null,{"$f":"E1035","v":1}]
[]
["12.11","LUVA DE CORRER, PVC, SOLDÁVEL, DN 20MM, INSTALADO EM RAMAL OU SUB-RAMAL DE ÁGUA - FORNECIMENTO E INSTALAÇÃO. AF_06/2022"]
[]
["LOCAL",null,null,null,"QUANT.","COMP. (M)",null,"LARG. (M)",null,"ÁREA TOTAL (M²)",null,"TRANSP","OBS"]
["Instalações hidrossanitárias",null,null,null,1,{"$nulls":7},"Conforme projeto hidrossanitário"]
[]
[{"$nulls":11},"Total levantado",null,null,{"$f":"E1042","v":1}]
[]
["12.12","LUVA DE CORRER, PVC, SOLDÁVEL, DN 25MM, INSTALADO EM RAMAL OU SUB-RAMAL DE ÁGUA - FORNECIMENTO E INSTALAÇÃO. AF_12/2014"]
[]
["LOCAL",null,null,null,"QUANT.","COMP. (M)",null,"LARG. (M)",null,"ÁREA TOTAL (M²)",null,"TRANSP","OBS"]
["Instalações hidrossanitárias",null,null,null,2,{"$nulls":7},"Conforme projeto hidrossanitário"]
[]
[{"$nulls":11},"Total levantado",null,null,{"$f":"E1049","v":2}]
[]
["12.13","LUVA DE CORRER, PVC, SOLDÁVEL, DN 32MM, INSTALADO EM RAMAL OU SUB-RAMAL DE ÁGUA FORNECIMENTO E INSTALAÇÃO. AF_06/2022"]
[]
["LOCAL",null,null,null,"QUANT.","COMP. (M)",null,"LARG. (M)",null,"ÁREA TOTAL (M²)",null,"TRANSP","OBS"]
["Instalações hidrossanitárias",null,null,null,3,{"$nulls":7},"Conforme projeto hidrossanitário"]
[]
[{"$nulls":11},"Total levantado",null,null,{"$f":"E1056","v":3}]
[]
["12.14","LUVA, PVC, SOLDÁVEL, DN 40MM, INSTALADO EM PRUMADA DE ÁGUA - FORNECIMENTO E INSTALAÇÃO. AF_06/2022"]
[]
["LOCAL",null,null,null,"QUANT.","COMP. (M)",null,"LARG. (M)",null,"ÁREA TOTAL (M²)",null,"TRANSP","OBS"]
["Instalações hidrossanitárias",null,null,null,1,{"$nulls":7},"Conforme projeto hidrossanitário"]
[]
[{"$nulls":11},"Total levantado",null,null,{"$f":"E1063","v":1}]
[]
["12.15","LUVA DE REDUÇÃO, PVC, SOLDÁVEL, DN 32MM X 25MM, INSTALADO EM RAMAL OU SUB-RAMAL DE ÁGUA - FORNECIMENTO E INSTALAÇÃO. AF_06/2022"]
[]
["LOCAL",null,null,null,"QUANT.","COMP. (M)",null,"LARG. (M)",null,"ÁREA TOTAL (M²)",null,"TRANSP","OBS"]
["Instalações hidrossanitárias",null,null,null,1,{"$nulls":7},"Conforme projeto hidrossanitário"]
[]
[{"$nulls":11},"Total levantado",null,null,{"$f":"E1070","v":1}]
[]
["12.16","ADAPTADOR CURTO COM BOLSA E ROSCA PARA REGISTRO, PVC, SOLDÁVEL, DN 20MM X 1/2 , INSTALADO EM RAMAL OU SUB-RAMAL DE ÁGUA - FORNECIMENTO E INSTALAÇÃO. AF_06/2022"]
[]
["LOCAL",null,null,null,"QUANT.","COMP. (M)",null,"LARG. (M)",null,"ÁREA TOTAL (M²)",null,"TRANSP","OBS"]
["Instalações hidrossanitárias",null,null,null,5,{"$nulls":7},"Conforme projeto hidrossanitário"]
[]
[{"$nulls":11},"Total levantado",null,null,{"$f":"E1077","v":5}]
[]
["12.17","ADAPTADOR CURTO COM BOLSA E ROSCA PARA REGISTRO, PVC, SOLDÁVEL, DN 25MM X 3/4 , INSTALADO EM RAMAL OU SUB-RAMAL DE ÁGUA - FORNECIMENTO E INSTALAÇÃO. AF_06/2022"]
[]
["LOCAL",null,null,null,"QUANT.","COMP. (M)",null,"LARG. (M)",null,"ÁREA TOTAL (M²)",null,"TRANSP","OBS"]
["Instalações hidrossanitárias",null,null,null,15,{"$nulls":7},"Conforme projeto hidrossanitário"]
[]
[{"$nulls":11},"Total levantado",null,null,{"$f":"E1084","v":15}]
[]
["12.18","ADAPTADOR CURTO COM BOLSA E ROSCA PARA REGISTRO, PVC, SOLDÁVEL, DN 40MM X 1.1/4 , INSTALADO EM PRUMADA DE ÁGUA - FORNECIMENTO E INSTALAÇÃO. AF_06/2022"]
[]
["LOCAL",null,null,null,"QUANT.","COMP. (M)",null,"LARG. (M)",null,"ÁREA TOTAL (M²)",null,"TRANSP","OBS"]
["Instalações hidrossanitárias",null,null,null,4,{"$nulls":7},"Conforme projeto hidrossanitário"]
[]
[{"$nulls":11},"Total levantado",null,null,{"$f":"E1091","v":4}]
[]
["12.19","ADAPTADOR COM FLANGE E ANEL DE VEDAÇÃO, PVC, SOLDÁVEL, DN 20 MM X 1/2, INSTALADO EM RESERVAÇÃO DE ÁGUA DE EDIFICAÇÃO QUE POSSUA RESERVATÓRIO DE FIBRA/FIBROCIMENTO FORNECIMENTO E INSTALAÇÃO. AF_06/2016"]
[]
["LOCAL",null,null,null,"QUANT.","COMP. (M)",null,"LARG. (M)",null,"ÁREA TOTAL (M²)",null,"TRANSP","OBS"]
["Instalações hidrossanitárias",null,null,null,2,{"$nulls":7},"Conforme projeto hidrossanitário"]
[]
[{"$nulls":11},"Total levantado",null,null,{"$f":"E1098","v":2}]
[]
["12.20","BUCHA DE REDUÇÃO, PVC, SOLDÁVEL, DN 40MM X 32MM, INSTALADO EM PRUMADA DE ÁGUA - FORNECIMENTO E INSTALAÇÃO. AF_06/2022"]
[]
["LOCAL",null,null,null,"QUANT.","COMP. (M)",null,"LARG. (M)",null,"ÁREA TOTAL (M²)",null,"TRANSP","OBS"]
["Instalações hidrossanitárias",null,null,null,4,{"$nulls":7},"Conforme projeto hidrossanitário"]
[]
[{"$nulls":11},"Total levantado",null,null,{"$f":"E1105","v":4}]
[]
["12.21","BUCHA DE REDUÇÃO, CURTA, PVC, SOLDÁVEL, DN 32 X 25 MM, INSTALADO EM RAMAL OU SUB-RAMAL DE ÁGUA - FORNECIMENTO E INSTALAÇÃO. AF_06/2022"]
[]
["LOCAL",null,null,null,"QUANT.","COMP. (M)",null,"LARG. (M)",null,"ÁREA TOTAL (M²)",null,"TRANSP","OBS"]
["Instalações hidrossanitárias",null,null,null,1,{"$nulls":7},"Conforme projeto hidrossanitário"]
[]
[{"$nulls":11},"Total levantado",null,null,{"$f":"E1112","v":1}]
[]
["12.22","CURVA 90 GRAUS, PVC, SOLDÁVEL, DN 20MM, INSTALADO EM RAMAL OU SUB-RAMAL DE ÁGUA - FORNECIMENTO E INSTALAÇÃO. AF_06/2022"]
[]
["LOCAL",null,null,null,"QUANT.","COMP. (M)",null,"LARG. (M)",null,"ÁREA TOTAL (M²)",null,"TRANSP","OBS"]
["Instalações hidrossanitárias",null,null,null,5,{"$nulls":7},"Conforme projeto hidrossanitário"]
[]
[{"$nulls":11},"Total levantado",null,null,{"$f":"E1119","v":5}]
[]
["12.23","CURVA 45 GRAUS, PVC, SOLDÁVEL, DN 20MM, INSTALADO EM RAMAL OU SUB-RAMAL DE ÁGUA - FORNECIMENTO E INSTALAÇÃO. AF_06/2022"]
[]
["LOCAL",null,null,null,"QUANT.","COMP. (M)",null,"LARG. (M)",null,"ÁREA TOTAL (M²)",null,"TRANSP","OBS"]
["Instalações hidrossanitárias",null,null,null,1,{"$nulls":7},"Conforme projeto hidrossanitário"]
[]
[{"$nulls":11},"Total levantado",null,null,{"$f":"E1126","v":1}]
[]
["12.24","CURVA 90 GRAUS, PVC, SOLDÁVEL, DN 25MM, INSTALADO EM RAMAL OU SUB-RAMAL DE ÁGUA - FORNECIMENTO E INSTALAÇÃO. AF_06/2022"]
[]
["LOCAL",null,null,null,"QUANT.","COMP. (M)",null,"LARG. (M)",null,"ÁREA TOTAL (M²)",null,"TRANSP","OBS"]
["Instalações hidrossanitárias",null,null,null,2,{"$nulls":7},"Conforme projeto hidrossanitário"]
[]
[{"$nulls":11},"Total levantado",null,null,{"$f":"E1133","v":2}]
[]
["12.25","CURVA 90 GRAUS, PVC, SOLDÁVEL, DN 32MM, INSTALADO EM RAMAL OU SUB-RAMAL DE ÁGUA - FORNECIMENTO E INSTALAÇÃO. AF_06/2022"]
[]
["LOCAL",null,null,null,"QUANT.","COMP. (M)",null,"LARG. (M)",null,"ÁREA TOTAL (M²)",null,"TRANSP","OBS"]
["Instalações hidrossanitárias",null,null,null,2,{"$nulls":7},"Conforme projeto hidrossanitário"]
[]
[{"$nulls":11},"Total levantado",null,null,{"$f":"E1140","v":2}]
[]
["12.26","CURVA 90 GRAUS, PVC, SOLDÁVEL, DN 40MM, INSTALADO EM RAMAL DE DISTRIBUIÇÃO DE ÁGUA - FORNECIMENTO E INSTALAÇÃO. AF_06/2022"]
[]
["LOCAL",null,null,null,"QUANT.","COMP. (M)",null,"LARG. (M)",null,"ÁREA TOTAL (M²)",null,"TRANSP","OBS"]
["Instalações hidrossanitárias",null,null,null,5,{"$nulls":7},"Conforme projeto hidrossanitário"]
[]
[{"$nulls":11},"Total levantado",null,null,{"$f":"E1147","v":5}]
[]
["12.27","JOELHO 90 GRAUS COM BUCHA DE LATÃO, PVC, SOLDÁVEL, DN 25MM, X 3/4 INSTALADO EM RAMAL OU SUB-RAMAL DE ÁGUA - FORNECIMENTO E INSTALAÇÃO. AF_06/2022"]
[]
["LOCAL",null,null,null,"QUANT.","COMP. (M)",null,"LARG. (M)",null,"ÁREA TOTAL (M²)",null,"TRANSP","OBS"]
["Instalações hidrossanitárias",null,null,null,2,{"$nulls":7},"Conforme projeto hidrossanitário"]
[]
[{"$nulls":11},"Total levantado",null,null,{"$f":"E1154","v":2}]
[]
["12.28","JOELHO 90 GRAUS, PVC, SOLDÁVEL, DN 20MM, INSTALADO EM RAMAL OU SUB-RAMAL DE ÁGUA - FORNECIMENTO E INSTALAÇÃO. AF_06/2022"]
[]
["LOCAL",null,null,null,"QUANT.","COMP. (M)",null,"LARG. (M)",null,"ÁREA TOTAL (M²)",null,"TRANSP","OBS"]
["Instalações hidrossanitárias",null,null,null,7,{"$nulls":7},"Conforme projeto hidrossanitário"]
[]
[{"$nulls":11},"Total levantado",null,null,{"$f":"E1161","v":7}]
[]
["12.29","JOELHO 90 GRAUS, PVC, SOLDÁVEL, DN 25MM, INSTALADO EM RAMAL OU SUB-RAMAL DE ÁGUA - FORNECIMENTO E INSTALAÇÃO. AF_06/2022"]
[]
["LOCAL",null,null,null,"QUANT.","COMP. (M)",null,"LARG. (M)",null,"ÁREA TOTAL (M²)",null,"TRANSP","OBS"]
["Instalações hidrossanitárias",null,null,null,19,{"$nulls":7},"Conforme projeto hidrossanitário"]
[]
[{"$nulls":11},"Total levantado",null,null,{"$f":"E1168","v":19}]
[]
["12.30","JOELHO 90 GRAUS, PVC, SOLDÁVEL, DN 32MM, INSTALADO EM RAMAL OU SUB-RAMAL DE ÁGUA - FORNECIMENTO E INSTALAÇÃO. AF_06/2022"]
[]
["LOCAL",null,null,null,"QUANT.","COMP. (M)",null,"LARG. (M)",null,"ÁREA TOTAL (M²)",null,"TRANSP","OBS"]
["Instalações hidrossanitárias",null,null,null,18,{"$nulls":7},"Conforme projeto hidrossanitário"]
[]
[{"$nulls":11},"Total levantado",null,null,{"$f":"E1175","v":18}]
[]
["12.31","JOELHO 90 GRAUS, PVC, SOLDÁVEL, DN 40MM, INSTALADO EM RAMAL DE DISTRIBUIÇÃO DE ÁGUA - FORNECIMENTO E INSTALAÇÃO. AF_06/2022"]
[]
["LOCAL",null,null,null,"QUANT.","COMP. (M)",null,"LARG. (M)",null,"ÁREA TOTAL (M²)",null,"TRANSP","OBS"]
["Instalações hidrossanitárias",null,null,null,3,{"$nulls":7},"Conforme projeto hidrossanitário"]
[]
[{"$nulls":11},"Total levantado",null,null,{"$f":"E1182","v":3}]
[]
["12.32","JOELHO DE REDUÇÃO, 90 GRAUS, PVC, SOLDÁVEL, DN 32 MM X 25 MM, INSTALADO EM RAMAL OU SUB-RAMAL DE ÁGUA - FORNECIMENTO E INSTALAÇÃO. AF_06/2022"]
[]
["LOCAL",null,null,null,"QUANT.","COMP. (M)",null,"LARG. (M)",null,"ÁREA TOTAL (M²)",null,"TRANSP","OBS"]
["Instalações hidrossanitárias",null,null,null,3,{"$nulls":7},"Conforme projeto hidrossanitário"]
[]
[{"$nulls":11},"Total levantado",null,null,{"$f":"E1189","v":3}]
[]
["12.33","JOELHO DE REDUÇÃO, 90 GRAUS, PVC, SOLDÁVEL, DN 25 MM X 20 MM, INSTALADO EM RAMAL OU SUB-RAMAL DE ÁGUA - FORNECIMENTO E INSTALAÇÃO. AF_06/2022"]
[]
["LOCAL",null,null,null,"QUANT.","COMP. (M)",null,"LARG. (M)",null,"ÁREA TOTAL (M²)",null,"TRANSP","OBS"]
["Instalações hidrossanitárias",null,null,null,16,{"$nulls":7},"Conforme projeto hidrossanitário"]
[]
[{"$nulls":11},"Total levantado",null,null,{"$f":"E1196","v":16}]
[]
["12.34","JOELHO 90 GRAUS COM BUCHA DE LATÃO, PVC, SOLDÁVEL, DN 25MM, X 1/2 INSTALADO EM RAMAL OU SUB-RAMAL DE ÁGUA - FORNECIMENTO E INSTALAÇÃO. AF_06/2022"]
[]
["LOCAL",null,null,null,"QUANT.","COMP. (M)",null,"LARG. (M)",null,"ÁREA TOTAL (M²)",null,"TRANSP","OBS"]
["Instalações hidrossanitárias",null,null,null,{"$f":"16+11","v":27},{"$nulls":7},"Conforme projeto hidrossanitário"]
[]
[{"$nulls":11},"Total levantado",null,null,{"$f":"E1203","v":27}]
[]
["12.35","JOELHO 45 GRAUS, PVC, SOLDÁVEL, DN 20MM, INSTALADO EM RAMAL OU SUB-RAMAL DE ÁGUA - FORNECIMENTO E INSTALAÇÃO. AF_06/2022"]
[]
["LOCAL",null,null,null,"QUANT.","COMP. (M)",null,"LARG. (M)",null,"ÁREA TOTAL (M²)",null,"TRANSP","OBS"]
["Instalações hidrossanitárias",null,null,null,1,{"$nulls":7},"Conforme projeto hidrossanitário"]
[]
[{"$nulls":11},"Total levantado",null,null,{"$f":"E1210","v":1}]
[]
["12.36","JOELHO 45 GRAUS, PVC, SOLDÁVEL, DN 40MM, INSTALADO EM PRUMADA DE ÁGUA - FORNECIMENTO E INSTALAÇÃO. AF_06/2022"]
[]
["LOCAL",null,null,null,"QUANT.","COMP. (M)",null,"LARG. (M)",null,"ÁREA TOTAL (M²)",null,"TRANSP","OBS"]
["Instalações hidrossanitárias",null,null,null,1,{"$nulls":7},"Conforme projeto hidrossanitário"]
[]
[{"$nulls":11},"Total levantado",null,null,{"$f":"E1217","v":1}]
[]
["12.37","TE, PVC, SOLDÁVEL, DN 25MM, INSTALADO EM RAMAL DE DISTRIBUIÇÃO DE ÁGUA - FORNECIMENTO E INSTALAÇÃO. AF_06/2022"]
[]
["LOCAL",null,null,null,"QUANT.","COMP. (M)",null,"LARG. (M)",null,"ÁREA TOTAL (M²)",null,"TRANSP","OBS"]
["Instalações hidrossanitárias",null,null,null,{"$f":"22+17","v":39},{"$nulls":7},"Conforme projeto hidrossanitário"]
[]
[{"$nulls":11},"Total levantado",null,null,{"$f":"E1224","v":39}]
[]
["12.38","TE, PVC, SOLDÁVEL, DN 20MM, INSTALADO EM RAMAL OU SUB-RAMAL DE ÁGUA - FORNECIMENTO E INSTALAÇÃO. AF_06/2022"]
[]
["LOCAL",null,null,null,"QUANT.","COMP. (M)",null,"LARG. (M)",null,"ÁREA TOTAL (M²)",null,"TRANSP","OBS"]
["Instalações hidrossanitárias",null,null,null,2,{"$nulls":7},"Conforme projeto hidrossanitário"]
[]
[{"$nulls":11},"Total levantado",null,null,{"$f":"E1231","v":2}]
[]
["12.39","TE, PVC, SOLDÁVEL, DN 32MM, INSTALADO EM RAMAL OU SUB-RAMAL DE ÁGUA - FORNECIMENTO E INSTALAÇÃO. AF_06/2022"]
[]
["LOCAL",null,null,null,"QUANT.","COMP. (M)",null,"LARG. (M)",null,"ÁREA TOTAL (M²)",null,"TRANSP","OBS"]
["Instalações hidrossanitárias",null,null,null,6,{"$nulls":7},"Conforme projeto hidrossanitário"]
[]
[{"$nulls":11},"Total levantado",null,null,{"$f":"E1238","v":6}]
[]
["12.40","TE, PVC, SOLDÁVEL, DN 40MM, INSTALADO EM PRUMADA DE ÁGUA - FORNECIMENTO E INSTALAÇÃO. AF_06/2022"]
[]
["LOCAL",null,null,null,"QUANT.","COMP. (M)",null,"LARG. (M)",null,"ÁREA TOTAL (M²)",null,"TRANSP","OBS"]
["Instalações hidrossanitárias",null,null,null,4,{"$nulls":7},"Conforme projeto hidrossanitário"]
[]
[{"$nulls":11},"Total levantado",null,null,{"$f":"E1245","v":4}]
[]
["12.41","TÊ SOLDÁVEL E COM ROSCA NA BOLSA CENTRAL, PVC, SOLDÁVEL, DN 20MM X 1/2, INSTALADO EM RAMAL DE DISTRIBUIÇÃO DE ÁGUA - FORNECIMENTO E INSTALAÇÃO. AF_06/2022"]
[]
["LOCAL",null,null,null,"QUANT.","COMP. (M)",null,"LARG. (M)",null,"ÁREA TOTAL (M²)",null,"TRANSP","OBS"]
["Instalações hidrossanitárias",null,null,null,1,{"$nulls":7},"Conforme projeto hidrossanitário"]
[]
[{"$nulls":11},"Total levantado",null,null,{"$f":"E1252","v":1}]
[]
["12.42","TUBO, PVC, SOLDÁVEL, DN 20MM, INSTALADO EM RAMAL DE DISTRIBUIÇÃO DE ÁGUA - FORNECIMENTO E INSTALAÇÃO. AF_06/2022"]
[]
["LOCAL",null,null,null,"QUANT.","COMP. (M)",null,"LARG. (M)",null,"ÁREA TOTAL (M²)",null,"TRANSP","OBS"]
["Instalações hidrossanitárias",null,null,null,1,{"$f":"0.23+47.41+3.5+30","v":81.14},{"$nulls":6},"Conforme projeto hidrossanitário"]
[]
[{"$nulls":11},"Total levantado",null,null,{"$f":"F1259","v":81.14}]
[]
["12.43","TUBO, PVC, SOLDÁVEL, DN 25MM, INSTALADO EM RAMAL DE DISTRIBUIÇÃO DE ÁGUA - FORNECIMENTO E INSTALAÇÃO. AF_06/2022"]
[]
["LOCAL",null,null,null,"QUANT.","COMP. (M)",null,"LARG. (M)",null,"ÁREA TOTAL (M²)",null,"TRANSP","OBS"]
["Instalações hidrossanitárias",null,null,null,1,{"$f":"41.28+33.84+30","v":105.12},{"$nulls":6},"Conforme projeto hidrossanitário"]
[]
[{"$nulls":11},"Total levantado",null,null,{"$f":"F1266","v":105.12}]
[]
["12.44","TUBO, PVC, SOLDÁVEL, DN 32MM, INSTALADO EM RAMAL DE DISTRIBUIÇÃO DE ÁGUA - FORNECIMENTO E INSTALAÇÃO. AF_06/2022"]
[]
["LOCAL",null,null,null,"QUANT.","COMP. (M)",null,"LARG. (M)",null,"ÁREA TOTAL (M²)",null,"TRANSP","OBS"]
["Instalações hidrossanitárias",null,null,null,1,{"$f":"97.22+151.62+40","v":288.83999999999997},{"$nulls":6},"Conforme projeto hidrossanitário"]
[]
[{"$nulls":11},"Total levantado",null,null,{"$f":"F1273","v":288.83999999999997}]
[]
["12.45","TUBO, PVC, SOLDÁVEL, DN 40MM, INSTALADO EM PRUMADA DE ÁGUA - FORNECIMENTO E INSTALAÇÃO. AF_06/2022"]
[]
["LOCAL",null,null,null,"QUANT.","COMP. (M)",null,"LARG. (M)",null,"ÁREA TOTAL (M²)",null,"TRANSP","OBS"]
["Instalações hidrossanitárias",null,null,null,1,{"$f":"1.39+3.5+60","v":64.89},{"$nulls":6},"Conforme projeto hidrossanitário"]
[]
[{"$nulls":11},"Total levantado",null,null,{"$f":"F1280","v":64.89}]
[]
["12.46","JUNÇÃO DE REDUÇÃO INVERTIDA, PVC, SÉRIE NORMAL, ESGOTO PREDIAL, DN 100 X 50 MM, JUNTA ELÁSTICA, FORNECIDO E INSTALADO EM RAMAL DE DESCARGA OU RAMAL DE ESGOTO SANITÁRIO. AF_08/2022"]
[]
["LOCAL",null,null,null,"QUANT.","COMP. (M)",null,"LARG. (M)",null,"ÁREA TOTAL (M²)",null,"TRANSP","OBS"]
["Instalações hidrossanitárias",null,null,null,8,{"$nulls":7},"Conforme projeto hidrossanitário"]
[]
[{"$nulls":11},"Total levantado",null,null,{"$f":"E1287","v":8}]
[]
["12.47","JUNÇÃO SIMPLES, PVC, SERIE NORMAL, ESGOTO PREDIAL, DN 50 X 50 MM, JUNTA ELÁSTICA, FORNECIDO E INSTALADO EM RAMAL DE DESCARGA OU RAMAL DE ESGOTO SANITÁRIO. AF_08/2022"]
[]
["LOCAL",null,null,null,"QUANT.","COMP. (M)",null,"LARG. (M)",null,"ÁREA TOTAL (M²)",null,"TRANSP","OBS"]
["Instalações hidrossanitárias",null,null,null,12,{"$nulls":7},"Conforme projeto hidrossanitário"]
[]
[{"$nulls":11},"Total levantado",null,null,{"$f":"E1294","v":12}]
[]
["12.48","JUNÇÃO SIMPLES, PVC, SERIE NORMAL, ESGOTO PREDIAL, DN 40 MM, JUNTA SOLDÁVEL, FORNECIDO E INSTALADO EM RAMAL DE DESCARGA OU RAMAL DE ESGOTO SANITÁRIO. AF_08/2022"]
[]
["LOCAL",null,null,null,"QUANT.","COMP. (M)",null,"LARG. (M)",null,"ÁREA TOTAL (M²)",null,"TRANSP","OBS"]
["Instalações hidrossanitárias",null,null,null,8,{"$nulls":7},"Conforme projeto hidrossanitário"]
[]
[{"$nulls":11},"Total levantado",null,null,{"$f":"E1301","v":8}]
[]
["12.49","JUNÇÃO SIMPLES, PVC, SERIE NORMAL, ESGOTO PREDIAL, DN 100 X 100 MM, JUNTA ELÁSTICA, FORNECIDO E INSTALADO EM RAMAL DE DESCARGA OU RAMAL DE ESGOTO SANITÁRIO. AF_08/2022"]
[]
["LOCAL",null,null,null,"QUANT.","COMP. (M)",null,"LARG. (M)",null,"ÁREA TOTAL (M²)",null,"TRANSP","OBS"]
["Instalações hidrossanitárias",null,null,null,8,{"$nulls":7},"Conforme projeto hidrossanitário"]
[]
[{"$nulls":11},"Total levantado",null,null,{"$f":"E1308","v":8}]
[]
["12.50","CURVA CURTA 90 GRAUS, PVC, SERIE NORMAL, ESGOTO PREDIAL, DN 50 MM, JUNTA ELÁSTICA, FORNECIDO E INSTALADO EM RAMAL DE DESCARGA OU RAMAL DE ESGOTO SANITÁRIO. AF_08/2022"]
[]
["LOCAL",null,null,null,"QUANT.","COMP. (M)",null,"LARG. (M)",null,"ÁREA TOTAL (M²)",null,"TRANSP","OBS"]
["Instalações hidrossanitárias",null,null,null,6,{"$nulls":7},"Conforme projeto hidrossanitário"]
[]
[{"$nulls":11},"Total levantado",null,null,{"$f":"E1315","v":6}]
[]
["12.51","CURVA PVC, 45 GRAUS, CURTA, PVC, SÉRIE NORMAL, ESGOTO PREDIAL, DN 100MM, JUNTA ELÁSTICA, FORNECIDO E INSTALADO EM RAMAL DE DESCARGA OU RAMAL DE ESGOTO SANITÁRIO. AF_08/2022"]
[]
["LOCAL",null,null,null,"QUANT.","COMP. (M)",null,"LARG. (M)",null,"ÁREA TOTAL (M²)",null,"TRANSP","OBS"]
["Instalações hidrossanitárias",null,null,null,2,{"$nulls":7},"Conforme projeto hidrossanitário"]
[]
[{"$nulls":11},"Total levantado",null,null,{"$f":"E1322","v":2}]
[]
["12.52","CURVA PVC LONGA 45G, PVC, SÉRIE NORMAL, ESGOTO PREDIAL, DN 50 MM, JUNTA ELÁSTICA, FORNECIDO E INSTALADO EM RAMAL DE DESCARGA OU RAMAL DE ESGOTO SANITÁRIO. AF_08/2022"]
[]
["LOCAL",null,null,null,"QUANT.","COMP. (M)",null,"LARG. (M)",null,"ÁREA TOTAL (M²)",null,"TRANSP","OBS"]
["Instalações hidrossanitárias",null,null,null,20,{"$nulls":7},"Conforme projeto hidrossanitário"]
[]
[{"$nulls":11},"Total levantado",null,null,{"$f":"E1329","v":20}]
[]
["12.53","CURVA CURTA 90 GRAUS, PVC, SERIE NORMAL, ESGOTO PREDIAL, DN 40 MM, JUNTA SOLDÁVEL, FORNECIDO E INSTALADO EM RAMAL DE DESCARGA OU RAMAL DE ESGOTO SANITÁRIO. AF_08/2022"]
[]
["LOCAL",null,null,null,"QUANT.","COMP. (M)",null,"LARG. (M)",null,"ÁREA TOTAL (M²)",null,"TRANSP","OBS"]
["Instalações hidrossanitárias",null,null,null,17,{"$nulls":7},"Conforme projeto hidrossanitário"]
[]
[{"$nulls":11},"Total levantado",null,null,{"$f":"E1336","v":17}]
[]
["12.54","CURVA CURTA 90 GRAUS, PVC, SERIE NORMAL, ESGOTO PREDIAL, DN 100 MM, JUNTA ELÁSTICA, FORNECIDO E INSTALADO EM RAMAL DE DESCARGA OU RAMAL DE ESGOTO SANITÁRIO. AF_08/2022"]
[]
["LOCAL",null,null,null,"QUANT.","COMP. (M)",null,"LARG. (M)",null,"ÁREA TOTAL (M²)",null,"TRANSP","OBS"]
["Instalações hidrossanitárias",null,null,null,9,{"$nulls":7},"Conforme projeto hidrossanitário"]
[]
[{"$nulls":11},"Total levantado",null,null,{"$f":"E1343","v":9}]
[]
["12.55","CURVA LONGA 45 GRAUS, PVC, SÉRIE NORMAL, ESGOTO PREDIAL, DN 100 MM, JUNTA ELÁSTICA, FORNECIDO E INSTALADO EM RAMAL DE DESCARGA OU RAMAL DE ESGOTO SANITÁRIO. AF_08/2022"]
[]
["LOCAL",null,null,null,"QUANT.","COMP. (M)",null,"LARG. (M)",null,"ÁREA TOTAL (M²)",null,"TRANSP","OBS"]
["Instalações hidrossanitárias",null,null,null,1,{"$nulls":7},"Conforme projeto hidrossanitário"]
[]
[{"$nulls":11},"Total levantado",null,null,{"$f":"E1350","v":1}]
[]
["12.56","JOELHO 90 GRAUS, PVC, SERIE NORMAL, ESGOTO PREDIAL, DN 40 MM, JUNTA SOLDÁVEL, FORNECIDO E INSTALADO EM RAMAL DE DESCARGA OU RAMAL DE ESGOTO SANITÁRIO. AF_08/2022"]
[]
["LOCAL",null,null,null,"QUANT.","COMP. (M)",null,"LARG. (M)",null,"ÁREA TOTAL (M²)",null,"TRANSP","OBS"]
["Instalações hidrossanitárias",null,null,null,18,{"$nulls":7},"Conforme projeto hidrossanitário"]
[]
[{"$nulls":11},"Total levantado",null,null,{"$f":"E1357","v":18}]
[]
["12.57","JOELHO 90 GRAUS, PVC, SERIE NORMAL, ESGOTO PREDIAL, DN 50 MM, JUNTA ELÁSTICA, FORNECIDO E INSTALADO EM RAMAL DE DESCARGA OU RAMAL DE ESGOTO SANITÁRIO. AF_08/2022"]
[]
["LOCAL",null,null,null,"QUANT.","COMP. (M)",null,"LARG. (M)",null,"ÁREA TOTAL (M²)",null,"TRANSP","OBS"]
["Instalações hidrossanitárias",null,null,null,12,{"$nulls":7},"Conforme projeto hidrossanitário"]
[]
[{"$nulls":11},"Total levantado",null,null,{"$f":"E1364","v":12}]
[]
["12.58","JOELHO 90 GRAUS, PVC, SERIE NORMAL, ESGOTO PREDIAL, DN 100 MM, JUNTA ELÁSTICA, FORNECIDO E INSTALADO EM RAMAL DE DESCARGA OU RAMAL DE ESGOTO SANITÁRIO. AF_08/2022"]
[]
["LOCAL",null,null,null,"QUANT.","COMP. (M)",null,"LARG. (M)",null,"ÁREA TOTAL (M²)",null,"TRANSP","OBS"]
["Instalações hidrossanitárias",null,null,null,8,{"$nulls":7},"Conforme projeto hidrossanitário"]
[]
[{"$nulls":11},"Total levantado",null,null,{"$f":"E1371","v":8}]
[]
["12.59","JOELHO 45 GRAUS, PVC, SERIE NORMAL, ESGOTO PREDIAL, DN 40 MM, JUNTA SOLDÁVEL, FORNECIDO E INSTALADO EM RAMAL DE DESCARGA OU RAMAL DE ESGOTO SANITÁRIO. AF_08/2022"]
[]
["LOCAL",null,null,null,"QUANT.","COMP. (M)",null,"LARG. (M)",null,"ÁREA TOTAL (M²)",null,"TRANSP","OBS"]
["Instalações hidrossanitárias",null,null,null,4,{"$nulls":7},"Conforme projeto hidrossanitário"]
[]
[{"$nulls":11},"Total levantado",null,null,{"$f":"E1378","v":4}]
[]
["12.60","TUBO PVC, SERIE NORMAL, ESGOTO PREDIAL, DN 40 MM, FORNECIDO E INSTALADO EM RAMAL DE DESCARGA OU RAMAL DE ESGOTO SANITÁRIO. AF_08/2022"]
[]
["LOCAL",null,null,null,"QUANT.","COMP. (M)",null,"LARG. (M)",null,"ÁREA TOTAL (M²)",null,"TRANSP","OBS"]
["Instalações hidrossanitárias",null,null,null,1,{"$f":"14.51+50","v":64.510000000000005},{"$nulls":6},"Conforme projeto hidrossanitário"]
[]
[{"$nulls":11},"Total levantado",null,null,{"$f":"F1385","v":64.510000000000005}]
[]
["12.61","TUBO PVC, SERIE NORMAL, ESGOTO PREDIAL, DN 50 MM, FORNECIDO E INSTALADO EM RAMAL DE DESCARGA OU RAMAL DE ESGOTO SANITÁRIO. AF_08/2022"]
[]
["LOCAL",null,null,null,"QUANT.","COMP. (M)",null,"LARG. (M)",null,"ÁREA TOTAL (M²)",null,"TRANSP","OBS"]
["Instalações hidrossanitárias",null,null,null,1,{"$f":"20.9+25","v":45.9},{"$nulls":6},"Conforme projeto hidrossanitário"]
[]
[{"$nulls":11},"Total levantado",null,null,{"$f":"F1392","v":45.9}]
[]
["12.62","TUBO PVC, SERIE NORMAL, ESGOTO PREDIAL, DN 75 MM, FORNECIDO E INSTALADO EM RAMAL DE DESCARGA OU RAMAL DE ESGOTO SANITÁRIO. AF_08/2022"]
[]
["LOCAL",null,null,null,"QUANT.","COMP. (M)",null,"LARG. (M)",null,"ÁREA TOTAL (M²)",null,"TRANSP","OBS"]
["Instalações hidrossanitárias",null,null,null,1,0.83,{"$nulls":6},"Conforme projeto hidrossanitário"]
[]
[{"$nulls":11},"Total levantado",null,null,{"$f":"F1399","v":0.83}]
[]
["12.63","TUBO PVC, SERIE NORMAL, ESGOTO PREDIAL, DN 100 MM, FORNECIDO E INSTALADO EM RAMAL DE DESCARGA OU RAMAL DE ESGOTO SANITÁRIO. AF_08/2022"]
[]
["LOCAL",null,null,null,"QUANT.","COMP. (M)",null,"LARG. (M)",null,"ÁREA TOTAL (M²)",null,"TRANSP","OBS"]
["Instalações hidrossanitárias",null,null,null,1,{"$f":"136.07+80","v":216.07},{"$nulls":6},"Conforme projeto hidrossanitário"]
[]
[{"$nulls":11},"Total levantado",null,null,{"$f":"F1406","v":216.07}]
[]
["12.64","BUCHA DE REDUÇÃO LONGA, PVC, SÉRIE NORMAL, ESGOTO PREDIAL, DN 50 X 40 MM, JUNTA SOLDÁVEL E ELÁSTICA, FORNECIDO E INSTALADO EM RAMAL DE DESCARGA OU RAMAL DE ESGOTO SANITÁRIO. AF_08/2022"]
[]
["LOCAL",null,null,null,"QUANT.","COMP. (M)",null,"LARG. (M)",null,"ÁREA TOTAL (M²)",null,"TRANSP","OBS"]
["Instalações hidrossanitárias",null,null,null,6,{"$nulls":7},"Conforme projeto hidrossanitário"]
[]
[{"$nulls":11},"Total levantado",null,null,{"$f":"E1413","v":6}]
[]
["12.65","TE, PVC, SERIE NORMAL, ESGOTO PREDIAL, DN 100 X 100 MM, JUNTA ELÁSTICA, FORNECIDO E INSTALADO EM RAMAL DE DESCARGA OU RAMAL DE ESGOTO SANITÁRIO. AF_08/2022"]
[]
["LOCAL",null,null,null,"QUANT.","COMP. (M)",null,"LARG. (M)",null,"ÁREA TOTAL (M²)",null,"TRANSP","OBS"]
["Instalações hidrossanitárias",null,null,null,3,{"$nulls":7},"Conforme projeto hidrossanitário"]
[]
[{"$nulls":11},"Total levantado",null,null,{"$f":"E1420","v":3}]
[]
["12.66","JOELHO 45 GRAUS, PVC, SERIE NORMAL, ESGOTO PREDIAL, DN 100 MM, JUNTA ELÁSTICA, FORNECIDO E INSTALADO EM RAMAL DE DESCARGA OU RAMAL DE ESGOTO SANITÁRIO. AF_08/2022"]
[]
["LOCAL",null,null,null,"QUANT.","COMP. (M)",null,"LARG. (M)",null,"ÁREA TOTAL (M²)",null,"TRANSP","OBS"]
["Instalações hidrossanitárias",null,null,null,2,{"$nulls":7},"Conforme projeto hidrossanitário"]
[]
[{"$nulls":11},"Total levantado",null,null,{"$f":"E1427","v":2}]
[]
["12.67","JOELHO 90 GRAUS, PVC, SERIE NORMAL, ESGOTO PREDIAL, DN 50 MM, JUNTA ELÁSTICA, FORNECIDO E INSTALADO EM PRUMADA DE ESGOTO SANITÁRIO OU VENTILAÇÃO. AF_08/2022"]
[]
["LOCAL",null,null,null,"QUANT.","COMP. (M)",null,"LARG. (M)",null,"ÁREA TOTAL (M²)",null,"TRANSP","OBS"]
["Instalações hidrossanitárias",null,null,null,10,{"$nulls":7},"Conforme projeto hidrossanitário"]
[]
[{"$nulls":11},"Total levantado",null,null,{"$f":"E1434","v":10}]
[]
["12.68","JUNÇÃO SIMPLES, PVC, SERIE NORMAL, ESGOTO PREDIAL, DN 50 X 50 MM, JUNTA ELÁSTICA, FORNECIDO E INSTALADO EM PRUMADA DE ESGOTO SANITÁRIO OU VENTILAÇÃO. AF_08/2022"]
[]
["LOCAL",null,null,null,"QUANT.","COMP. (M)",null,"LARG. (M)",null,"ÁREA TOTAL (M²)",null,"TRANSP","OBS"]
["Instalações hidrossanitárias",null,null,null,5,{"$nulls":7},"Conforme projeto hidrossanitário"]
[]
[{"$nulls":11},"Total levantado",null,null,{"$f":"E1441","v":5}]
[]
["12.69","JOELHO 90 GRAUS, PVC, SERIE NORMAL, ESGOTO PREDIAL, DN 50 MM, JUNTA ELÁSTICA, FORNECIDO E INSTALADO EM PRUMADA DE ESGOTO SANITÁRIO OU VENTILAÇÃO. AF_08/2022"]
[]
["LOCAL",null,null,null,"QUANT.","COMP. (M)",null,"LARG. (M)",null,"ÁREA TOTAL (M²)",null,"TRANSP","OBS"]
["Instalações hidrossanitárias",null,null,null,1,{"$nulls":7},"Conforme projeto hidrossanitário"]
[]
[{"$nulls":11},"Total levantado",null,null,{"$f":"E1448","v":1}]
[]
["12.70","JOELHO 45 GRAUS, PVC, SERIE NORMAL, ESGOTO PREDIAL, DN 50 MM, JUNTA ELÁSTICA, FORNECIDO E INSTALADO EM PRUMADA DE ESGOTO SANITÁRIO OU VENTILAÇÃO. AF_08/2022"]
[]
["LOCAL",null,null,null,"QUANT.","COMP. (M)",null,"LARG. (M)",null,"ÁREA TOTAL (M²)",null,"TRANSP","OBS"]
["Instalações hidrossanitárias",null,null,null,1,{"$nulls":7},"Conforme projeto hidrossanitário"]
[]
[{"$nulls":11},"Total levantado",null,null,{"$f":"E1455","v":1}]
[]
["12.71","TUBO PVC, SERIE NORMAL, ESGOTO PREDIAL, DN 50 MM, FORNECIDO E INSTALADO EM PRUMADA DE ESGOTO SANITÁRIO OU VENTILAÇÃO. AF_08/2022"]
[]
["LOCAL",null,null,null,"QUANT.","COMP. (M)",null,"LARG. (M)",null,"ÁREA TOTAL (M²)",null,"TRANSP","OBS"]
["Instalações hidrossanitárias",null,null,null,1,40,{"$nulls":6},"Conforme projeto hidrossanitário"]
[]
[{"$nulls":11},"Total levantado",null,null,{"$f":"F1462","v":40}]
[]
["12.72","TUBO PVC, SERIE NORMAL, ESGOTO PREDIAL, DN 100 MM, FORNECIDO E INSTALADO EM PRUMADA DE ESGOTO SANITÁRIO OU VENTILAÇÃO. AF_08/2022"]
[]
["LOCAL",null,null,null,"QUANT.","COMP. (M)",null,"LARG. (M)",null,"ÁREA TOTAL (M²)",null,"TRANSP","OBS"]
["Instalações hidrossanitárias",null,null,null,1,50,{"$nulls":6},"Conforme projeto hidrossanitário"]
[]
[{"$nulls":11},"Total levantado",null,null,{"$f":"F1469","v":50}]
[]
["12.73","TERMINAL DE VENTILAÇÃO, PVC, SÉRIE NORMAL, ESGOTO PREDIAL, DN 100 MM, JUNTA SOLDÁVEL, FORNECIDO E INSTALADO EM PRUMADA DE ESGOTO SANITÁRIO OU VENTILAÇÃO. AF_08/2022"]
[]
["LOCAL",null,null,null,"QUANT.","COMP. (M)",null,"LARG. (M)",null,"ÁREA TOTAL (M²)",null,"TRANSP","OBS"]
["Instalações hidrossanitárias",null,null,null,10,{"$nulls":7},"Conforme projeto hidrossanitário"]
[]
[{"$nulls":11},"Total levantado",null,null,{"$f":"E1476","v":10}]
[]
["12.74","ESCAVAÇÃO MANUAL DE VALA COM PROFUNDIDADE MENOR OU IGUAL A 1,30 M. AF_02/2021"]
[]
["LOCAL",null,null,null,"QUANT.","COMP. (M)",null,"LARG. (M)",null,"ALT (M)",null,"VOL. (M³)","OBS"]
["Instalações hidrossanitárias",null,null,null,1,{"$f":"F1406+F1399+F1392+F1385","v":327.31},null,0.2,null,0.7,null,{"$f":"E1483*F1483*H1483*J1483","v":45.82},"Conforme projeto hidrossanitário"]
[]
[{"$nulls":11},"Total levantado",null,null,{"$f":"L1483","v":45.82}]
[]
["12.75","CHUVEIRO ELÉTRICO COMUM CORPO PLÁSTICO, TIPO DUCHA FORNECIMENTO E INSTALAÇÃO. AF_01/2020"]
[]
["LOCAL",null,null,null,"QUANT.","COMP. (M)",null,"LARG. (M)",null,"ÁREA TOTAL (M²)",null,"TRANSP","OBS"]
["Instalações hidrossanitárias",null,null,null,1,{"$nulls":7},"Conforme projeto hidrossanitário"]
[]
[{"$nulls":11},"Total levantado",null,null,{"$f":"E1490","v":1}]
[]
["12.76","MICTÓRIO SIFONADO LOUÇA BRANCA PADRÃO MÉDIO FORNECIMENTO E INSTALAÇÃO. AF_01/2020"]
[]
["LOCAL",null,null,null,"QUANT.","COMP. (M)",null,"LARG. (M)",null,"ÁREA TOTAL (M²)",null,"TRANSP","OBS"]
["Instalações hidrossanitárias",null,null,null,6,{"$nulls":7},"Conforme projeto hidrossanitário"]
[]
[{"$nulls":11},"Total levantado",null,null,{"$f":"E1497","v":6}]
[]
["12.77","TORNEIRA CROMADA TUBO MÓVEL, DE MESA, 1/2 OU 3/4, PARA PIA DE COZINHA, PADRÃO ALTO - FORNECIMENTO E INSTALAÇÃO. AF_01/2020"]
[]
["LOCAL",null,null,null,"QUANT.","COMP. (M)",null,"LARG. (M)",null,"ÁREA TOTAL (M²)",null,"TRANSP","OBS"]
["Instalações hidrossanitárias",null,null,null,3,{"$nulls":7},"Conforme projeto hidrossanitário"]
[]
[{"$nulls":11},"Total levantado",null,null,{"$f":"E1504","v":3}]
[]
["12.78","TORNEIRA CROMADA DE MESA, 1/2 OU 3/4, PARA LAVATÓRIO, PADRÃO MÉDIO - FORNECIMENTO E INSTALAÇÃO. AF_01/2020"]
[]
["LOCAL",null,null,null,"QUANT.","COMP. (M)",null,"LARG. (M)",null,"ÁREA TOTAL (M²)",null,"TRANSP","OBS"]
["Instalações hidrossanitárias",null,null,null,14,{"$nulls":7},"Conforme projeto hidrossanitário"]
[]
[{"$nulls":11},"Total levantado",null,null,{"$f":"E1511","v":14}]
[]
["12.79","VASO SANITÁRIO SIFONADO COM CAIXA ACOPLADA LOUÇA BRANCA - FORNECIMENTO E INSTALAÇÃO. AF_01/2020"]
[]
["LOCAL",null,null,null,"QUANT.","COMP. (M)",null,"LARG. (M)",null,"ÁREA TOTAL (M²)",null,"TRANSP","OBS"]
["Instalações hidrossanitárias",null,null,null,15,{"$nulls":7},"Conforme projeto hidrossanitário"]
[]
[{"$nulls":11},"Total levantado",null,null,{"$f":"E1518","v":15}]
[]
["12.80","VASO SANITARIO SIFONADO CONVENCIONAL PARA PCD SEM FURO FRONTAL COM LOUÇA BRANCA SEM ASSENTO - FORNECIMENTO E INSTALAÇÃO. AF_01/2020"]
[]
["LOCAL",null,null,null,"QUANT.","COMP. (M)",null,"LARG. (M)",null,"ÁREA TOTAL (M²)",null,"TRANSP","OBS"]
["Instalações hidrossanitárias",null,null,null,1,{"$nulls":7},"Conforme projeto hidrossanitário"]
[]
[{"$nulls":11},"Total levantado",null,null,{"$f":"E1525","v":1}]
[]
["12.81","CAIXA D´ÁGUA EM POLIÉSTER REFORÇADO COM FIBRA DE VIDRO, 5000 LITROS - FORNECIMENTO E INSTALAÇÃO. AF_06/2021"]
[]
["LOCAL",null,null,null,"QUANT.","COMP. (M)",null,"LARG. (M)",null,"ÁREA TOTAL (M²)",null,"TRANSP","OBS"]
["Instalações hidrossanitárias",null,null,null,2,{"$nulls":7},"Conforme projeto hidrossanitário"]
[]
[{"$nulls":11},"Total levantado",null,null,{"$f":"E1532","v":2}]
[]
["12.82","CAIXA COM GRELHA RETANGULAR DE FERRO FUNDIDO, EM ALVENARIA COM BLOCOS DE CONCRETO, DIMENSÕES INTERNAS: 0,30 X 1,00 X 1,00. AF_12/2020"]
[]
["LOCAL",null,null,null,"QUANT.","COMP. (M)",null,"LARG. (M)",null,"ÁREA TOTAL (M²)",null,"TRANSP","OBS"]
["Instalações hidrossanitárias",null,null,null,7,{"$nulls":7},"Conforme projeto hidrossanitário"]
[]
[{"$nulls":11},"Total levantado",null,null,{"$f":"E1539","v":7}]
[]
["12.83","CAIXA ENTERRADA HIDRÁULICA RETANGULAR, EM ALVENARIA COM BLOCOS DE CONCRETO, DIMENSÕES INTERNAS: 0,6X0,6X0,6 M PARA REDE DE ESGOTO. AF_12/2020"]
[]
["LOCAL",null,null,null,"QUANT.","COMP. (M)",null,"LARG. (M)",null,"ÁREA TOTAL (M²)",null,"TRANSP","OBS"]
["Instalações hidrossanitárias",null,null,null,7,{"$nulls":7},"Conforme projeto hidrossanitário"]
[]
[{"$nulls":11},"Total levantado",null,null,{"$f":"E1546","v":7}]
[]
["12.84","CAIXA SIFONADA, COM GRELHA REDONDA, PVC, DN 150 X 150 X 50 MM, JUNTA SOLDÁVEL, FORNECIDA E INSTALADA EM RAMAL DE DESCARGA OU EM RAMAL DE ESGOTO SANITÁRIO. AF_08/2022"]
[]
["LOCAL",null,null,null,"QUANT.","COMP. (M)",null,"LARG. (M)",null,"ÁREA TOTAL (M²)",null,"TRANSP","OBS"]
["Instalações hidrossanitárias",null,null,null,8,{"$nulls":7},"Conforme projeto hidrossanitário"]
[]
[{"$nulls":11},"Total levantado",null,null,{"$f":"E1553","v":8}]
[]
["12.85","RALO SIFONADO, PVC, DN 100 X 40 MM, JUNTA SOLDÁVEL, FORNECIDO E INSTALADO EM RAMAL DE DESCARGA OU EM RAMAL DE ESGOTO SANITÁRIO. AF_08/2022"]
[]
["LOCAL",null,null,null,"QUANT.","COMP. (M)",null,"LARG. (M)",null,"ÁREA TOTAL (M²)",null,"TRANSP","OBS"]
["Instalações hidrossanitárias",null,null,null,1,{"$nulls":7},"Conforme projeto hidrossanitário"]
[]
[{"$nulls":11},"Total levantado",null,null,{"$f":"E1560","v":1}]
[]
["12.86","BANCADA DE GRANITO CINZA POLIDO, DE 1,50 X 0,60 M, PARA PIA DE COZINHA - FORNECIMENTO E INSTALAÇÃO. AF_01/2020"]
[]
["LOCAL",null,null,null,"QUANT.","COMP. (M)",null,"LARG. (M)",null,"ÁREA TOTAL (M²)",null,"TRANSP","OBS"]
["Instalações hidrossanitárias",null,null,null,3,{"$nulls":7},"Conforme projeto hidrossanitário"]
[]
[{"$nulls":11},"Total levantado",null,null,{"$f":"E1567","v":3}]
[]
["12.87","CUBA DE EMBUTIR DE AÇO INOXIDÁVEL MÉDIA, INCLUSO VÁLVULA TIPO AMERICANA E SIFÃO TIPO GARRAFA EM METAL CROMADO - FORNECIMENTO E INSTALAÇÃO. AF_01/2020"]
[]
["LOCAL",null,null,null,"QUANT.","COMP. (M)",null,"LARG. (M)",null,"ÁREA TOTAL (M²)",null,"TRANSP","OBS"]
["Instalações hidrossanitárias",null,null,null,3,{"$nulls":7},"Conforme projeto hidrossanitário"]
[]
[{"$nulls":11},"Total levantado",null,null,{"$f":"E1574","v":3}]
[]
["12.88","BANCADA DE GRANITO CINZA POLIDO, DE 0,50 X 0,60 M, PARA LAVATÓRIO - FORNECIMENTO E INSTALAÇÃO. AF_01/2020"]
[]
["LOCAL",null,null,null,"QUANT.","COMP. (M)",null,"LARG. (M)",null,"ÁREA TOTAL (M²)",null,"TRANSP","OBS"]
["Instalações hidrossanitárias",null,null,null,14,{"$nulls":7},"Conforme projeto hidrossanitário"]
[]
[{"$nulls":11},"Total levantado",null,null,{"$f":"E1581","v":14}]
[]
["12.89","CUBA DE EMBUTIR OVAL EM LOUÇA BRANCA, 35 X 50CM OU EQUIVALENTE, INCLUSO VÁLVULA EM METAL CROMADO E SIFÃO FLEXÍVEL EM PVC - FORNECIMENTO E INSTALAÇÃO. AF_01/2020"]
[]
["LOCAL",null,null,null,"QUANT.","COMP. (M)",null,"LARG. (M)",null,"ÁREA TOTAL (M²)",null,"TRANSP","OBS"]
["Instalações hidrossanitárias",null,null,null,14,{"$nulls":7},"Conforme projeto hidrossanitário"]
[]
[{"$nulls":11},"Total levantado",null,null,{"$f":"E1588","v":14}]
[]
["12.90","TANQUE DE LOUÇA BRANCA SUSPENSO, 18L OU EQUIVALENTE, INCLUSO SIFÃO TIPO GARRAFA EM METAL CROMADO, VÁLVULA METÁLICA E TORNEIRA DE METAL CROMADO PADRÃO MÉDIO - FORNECIMENTO E INSTALAÇÃO. AF_01/2020"]
[]
["LOCAL",null,null,null,"QUANT.","COMP. (M)",null,"LARG. (M)",null,"ÁREA TOTAL (M²)",null,"TRANSP","OBS"]
["Instalações hidrossanitárias",null,null,null,2,{"$nulls":7},"Conforme projeto hidrossanitário"]
[]
[{"$nulls":11},"Total levantado",null,null,{"$f":"E1595","v":2}]
[]
["12.91","KIT DE ACESSORIOS PARA BANHEIRO EM METAL CROMADO, 5 PECAS, INCLUSO FIXAÇÃO. AF_01/2020"]
[]
["LOCAL",null,null,null,"QUANT.","COMP. (M)",null,"LARG. (M)",null,"ÁREA TOTAL (M²)",null,"TRANSP","OBS"]
["Instalações hidrossanitárias",null,null,null,5,{"$nulls":7},"Conforme projeto hidrossanitário"]
[]
[{"$nulls":11},"Total levantado",null,null,{"$f":"E1602","v":5}]
[]
["12.92","ASSENTO SANITÁRIO CONVENCIONAL - FORNECIMENTO E INSTALACAO. AF_01/2020"]
[]
["LOCAL",null,null,null,"QUANT.","COMP. (M)",null,"LARG. (M)",null,"ÁREA TOTAL (M²)",null,"TRANSP","OBS"]
["Instalações hidrossanitárias",null,null,null,16,{"$nulls":7},"Conforme projeto hidrossanitário"]
[]
[{"$nulls":11},"Total levantado",null,null,{"$f":"E1609","v":16}]
[]
["12.93","BARRA DE APOIO RETA, EM ACO INOX POLIDO, COMPRIMENTO 80 CM, FIXADA NA PAREDE - FORNECIMENTO E INSTALAÇÃO. AF_01/2020"]
[]
["LOCAL",null,null,null,"QUANT.","COMP. (M)",null,"LARG. (M)",null,"ÁREA TOTAL (M²)",null,"TRANSP","OBS"]
["Instalações hidrossanitárias",null,null,null,3,{"$nulls":7},"Conforme projeto hidrossanitário"]
[]
[{"$nulls":11},"Total levantado",null,null,{"$f":"E1616","v":3}]
[]
["12.94","PUXADOR PARA PCD, FIXADO NA PORTA - FORNECIMENTO E INSTALAÇÃO. AF_01/2020"]
[]
["LOCAL",null,null,null,"QUANT.","COMP. (M)",null,"LARG. (M)",null,"ÁREA TOTAL (M²)",null,"TRANSP","OBS"]
["Instalações hidrossanitárias",null,null,null,2,{"$nulls":7},"Conforme projeto hidrossanitário"]
[]
[{"$nulls":11},"Total levantado",null,null,{"$f":"E1623","v":2}]
[]
["12.95","CAIXA DE GORDURA PEQUENA (CAPACIDADE: 19 L), CIRCULAR, EM PVC, DIÂMETRO INTERNO= 0,3 M. AF_12/2020"]
[]
["LOCAL",null,null,null,"QUANT.","COMP. (M)",null,"LARG. (M)",null,"ÁREA TOTAL (M²)",null,"TRANSP","OBS"]
["Instalações hidrossanitárias",null,null,null,3,{"$nulls":7},"Conforme projeto hidrossanitário"]
[]
[{"$nulls":11},"Total levantado",null,null,{"$f":"E1630","v":3}]
[]
["12.96","CAIXA ENTERRADA HIDRÁULICA RETANGULAR, EM ALVENARIA COM BLOCOS DE CONCRETO, DIMENSÕES INTERNAS: 1X1X0,6 M PARA REDE DE ESGOTO. AF_12/2020"]
[]
["LOCAL",null,null,null,"QUANT.","COMP. (M)",null,"LARG. (M)",null,"ÁREA TOTAL (M²)",null,"TRANSP","OBS"]
["Instalações hidrossanitárias",null,null,null,8,{"$nulls":7},"Conforme projeto hidrossanitário"]
[]
[{"$nulls":11},"Total levantado",null,null,{"$f":"E1637","v":8}]
[]
["12.97","KIT CAVALETE PARA MEDIÇÃO DE ÁGUA - ENTRADA PRINCIPAL, EM PVC SOLDÁVEL DN 25 (¾\") FORNECIMENTO E INSTALAÇÃO (EXCLUSIVE HIDRÔMETRO). AF_11/2016"]
[]
["LOCAL",null,null,null,"QUANT.","COMP. (M)",null,"LARG. (M)",null,"ÁREA TOTAL (M²)",null,"TRANSP","OBS"]
["Instalações hidrossanitárias",null,null,null,1,{"$nulls":7},"Conforme projeto hidrossanitário"]
[]
[{"$nulls":11},"Total levantado",null,null,{"$f":"E1644","v":1}]
[]
["12.98","CAIXA EM CONCRETO PRÉ-MOLDADO PARA ABRIGO DE HIDRÔMETRO COM DN 20 (½) FORNECIMENTO E INSTALAÇÃO. AF_11/2016"]
[]
["LOCAL",null,null,null,"QUANT.","COMP. (M)",null,"LARG. (M)",null,"ÁREA TOTAL (M²)",null,"TRANSP","OBS"]
["Instalações hidrossanitárias",null,null,null,1,{"$nulls":7},"Conforme projeto hidrossanitário"]
[]
[{"$nulls":11},"Total levantado",null,null,{"$f":"E1651","v":1}]
[]
["12.99","TANQUE SÉPTICO RETANGULAR, EM ALVENARIA COM BLOCOS DE CONCRETO, DIMENSÕES INTERNAS: 1,6 X 4,6 X H=2,4 M, VOLUME ÚTIL: 14720 L (PARA 105 CONTRIBUINTES). AF_12/2020"]
[]
["LOCAL",null,null,null,"QUANT.","COMP. (M)",null,"LARG. (M)",null,"ÁREA TOTAL (M²)",null,"TRANSP","OBS"]
["Instalações hidrossanitárias",null,null,null,1,{"$nulls":7},"Conforme projeto hidrossanitário"]
[]
[{"$nulls":11},"Total levantado",null,null,{"$f":"E1658","v":1}]
[]
["12.100","FILTRO ANAERÓBIO RETANGULAR, EM ALVENARIA COM BLOCOS DE CONCRETO, DIMENSÕES INTERNAS: 1,6 X 5,6 X H=1,67 M, VOLUME ÚTIL: 10752 L (PARA 103 CONTRIBUINTES). AF_12/2020"]
[]
["LOCAL",null,null,null,"QUANT.","COMP. (M)",null,"LARG. (M)",null,"ÁREA TOTAL (M²)",null,"TRANSP","OBS"]
["Instalações hidrossanitárias",null,null,null,1,{"$nulls":7},"Conforme projeto hidrossanitário"]
[]
[{"$nulls":11},"Total levantado",null,null,{"$f":"E1665","v":1}]
[]
["12.101","SUMIDOURO RETANGULAR, EM ALVENARIA COM BLOCOS DE CONCRETO, DIMENSÕES INTERNAS: 1,6 X 5,8 X H=3,0 M, ÁREA DE INFILTRAÇÃO: 50 M² (PARA 20 CONTRIBUINTES). . AF_12/2020"]
[]
["LOCAL",null,null,null,"QUANT.","COMP. (M)",null,"LARG. (M)",null,"ÁREA TOTAL (M²)",null,"TRANSP","OBS"]
["Instalações hidrossanitárias",null,null,null,4,{"$nulls":7},"Conforme projeto hidrossanitário"]
[]
[{"$nulls":11},"Total levantado",null,null,{"$f":"E1672","v":4}]
[]
["12.102","ESCAVAÇÃO MECANIZADA DE VALA COM PROF. MAIOR QUE 1,5 M ATÉ 3,0 M (MÉDIA MONTANTE E JUSANTE/UMA COMPOSIÇÃO POR TRECHO),COM ESCAVADEIRA (1,2 M3),LARG. DE 1,5 M A 2,5 M, EM SOLO DE 1A CATEGORIA, LOCAIS COM BAIXO NÍVEL DE INTERFERÊNCIA. AF_02/2021"]
[]
["LOCAL",null,null,null,"QUANT.","COMP. (M)",null,"LARG. (M)",null,"VOL.  (M³)",null,"TRANSP","OBS"]
["Tanque",null,null,null,1,{"$nulls":4},{"$f":"1.6*4.6*2.4","v":17.66},null,null,"Conforme projeto hidrossanitário"]
["Filtro",null,null,null,1,{"$nulls":4},{"$f":"1.6*5.6*1.67","v":14.96},null,null,"Conforme projeto hidrossanitário"]
["Sumidouro",null,null,null,1,{"$nulls":4},{"$f":"4*1.6*5.8*3","v":111.36},null,null,"Conforme projeto hidrossanitário"]
[]
[{"$nulls":11},"Total levantado",null,null,{"$f":"J1681+J1680+J1679","v":143.97999999999999}]
[]
["13.1","ELETROCALHA LISA OU PERFURADA EM AÇO GALVANIZADO, LARGURA 50MM E ALTURA 50MM, INCLUSIVE EMENDA E FIXAÇÃO - FORNECIMENTO E INSTALAÇÃO"]
[]
["LOCAL",null,null,null,"QUANT.","COMP. (M)",null,"LARG. (M)",null,"ÁREA TOTAL (M²)",null,"TRANSP","OBS"]
["Instalações elétricas e de lógica",{"$nulls":4},{"$f":"245+250+90","v":585},{"$nulls":6},"Conforme projeto elétrico"]
[]
[{"$nulls":11},"Total levantado",null,null,{"$f":"F1688","v":585}]
[]
["13.2","ELETROCALHA LISA OU PERFURADA EM AÇO GALVANIZADO, LARGURA 100MM E ALTURA 50MM, INCLUSIVE EMENDA E FIXAÇÃO - FORNECIMENTO E INSTALAÇÃO"]
[]
["LOCAL",null,null,null,"QUANT.","COMP. (M)",null,"LARG. (M)",null,"ÁREA TOTAL (M²)",null,"TRANSP","OBS"]
["Instalações elétricas",null,null,null,1,{"$f":"61+80+60","v":201},{"$nulls":6},"Conforme projeto elétrico"]
[]
[{"$nulls":11},"Total levantado",null,null,{"$f":"F1695","v":201}]
[]
["13.3","ELETRODUTO FLEXÍVEL CORRUGADO, PVC, DN 25 MM (3/4\"), PARA CIRCUITOS TERMINAIS, INSTALADO EM LAJE - FORNECIMENTO E INSTALAÇÃO. AF_12/2015"]
[]
["LOCAL",null,null,null,"QUANT.","COMP. (M)",null,"LARG. (M)",null,"ÁREA TOTAL (M²)",null,"TRANSP","OBS"]
["Instalações elétricas",null,null,null,1,{"$f":"845/2+550","v":972.5},{"$nulls":6},"Conforme projeto elétrico"]
[]
[{"$nulls":11},"Total levantado",null,null,{"$f":"F1702","v":972.5}]
[]
["13.4","ELETRODUTO FLEXÍVEL CORRUGADO, PVC, DN 25 MM (3/4\"), PARA CIRCUITOS TERMINAIS, INSTALADO EM PAREDE - FORNECIMENTO E INSTALAÇÃO. AF_12/2015"]
[]
["LOCAL",null,null,null,"QUANT.","COMP. (M)",null,"LARG. (M)",null,"ÁREA TOTAL (M²)",null,"TRANSP","OBS"]
["Instalações elétricas",null,null,null,1,{"$f":"422.5+550","v":972.5},{"$nulls":6},"Conforme projeto elétrico"]
[]
[{"$nulls":11},"Total levantado",null,null,{"$f":"F1709","v":972.5}]
[]
["13.5","CABO DE COBRE FLEXÍVEL ISOLADO, 1,5 MM², ANTI-CHAMA 450/750 V, PARA CIRCUITOS TERMINAIS - FORNECIMENTO E INSTALAÇÃO. AF_12/2015"]
[]
["LOCAL",null,null,null,"QUANT.","COMP. (M)",null,"LARG. (M)",null,"ÁREA TOTAL (M²)",null,"TRANSP","OBS"]
["Instalações elétricas",null,null,null,1,{"$f":"825.9+537.4+487.7+631.85+597.2+119.5+58.6+352.55","v":3610.7},{"$nulls":6},"Conforme projeto elétrico"]
[]
[{"$nulls":11},"Total levantado",null,null,{"$f":"F1716","v":3610.7}]
[]
["13.6","CABO DE COBRE FLEXÍVEL ISOLADO, 2,5 MM², ANTI-CHAMA 450/750 V, PARA CIRCUITOS TERMINAIS - FORNECIMENTO E INSTALAÇÃO. AF_12/2015"]
[]
["LOCAL",null,null,null,"QUANT.","COMP. (M)",null,"LARG. (M)",null,"ÁREA TOTAL (M²)",null,"TRANSP","OBS"]
["Instalações elétricas",null,null,null,1,{"$f":"535.07+176.75+156.8+156.8+453.57+201.52+1007.6+481.85+400.65+875.15+125.1","v":4570.8599999999997},{"$nulls":6},"Conforme projeto elétrico"]
[]
[{"$nulls":11},"Total levantado",null,null,{"$f":"F1723","v":4570.8599999999997}]
[]
["13.7","CABO DE COBRE FLEXÍVEL ISOLADO, 4 MM², ANTI-CHAMA 450/750 V, PARA CIRCUITOS TERMINAIS - FORNECIMENTO E INSTALAÇÃO. AF_12/2015"]
[]
["LOCAL",null,null,null,"QUANT.","COMP. (M)",null,"LARG. (M)",null,"ÁREA TOTAL (M²)",null,"TRANSP","OBS"]
["Instalações elétricas",null,null,null,1,{"$f":"497.52+231.3+452.72+266.22+309.45+46.4+279.4+263.05","v":2346.06},{"$nulls":6},"Conforme projeto elétrico"]
[]
[{"$nulls":11},"Total levantado",null,null,{"$f":"F1730","v":2346.06}]
[]
["13.8","CABO DE COBRE ISOLADO, 16 MM², ANTI-CHAMA 450/750 V, INSTALADO EM ELETROCALHA OU PERFILADO - FORNECIMENTO E INSTALAÇÃO. AF_10/2020"]
[]
["LOCAL",null,null,null,"QUANT.","COMP. (M)",null,"LARG. (M)",null,"ÁREA TOTAL (M²)",null,"TRANSP","OBS"]
["Instalações elétricas",null,null,null,1,{"$f":"36.8+36.8+36.8+39.7+36.8+80","v":266.89999999999998},{"$nulls":6},"Conforme projeto elétrico"]
[]
[{"$nulls":11},"Total levantado",null,null,{"$f":"F1737","v":266.89999999999998}]
[]
["13.9","CABO DE COBRE FLEXÍVEL ISOLADO, 35 MM², ANTI-CHAMA 0,6/1,0 KV, PARA REDE ENTERRADA DE DISTRIBUIÇÃO DE ENERGIA ELÉTRICA - FORNECIMENTO E INSTALAÇÃO. AF_12/2021"]
[]
["LOCAL",null,null,null,"QUANT.","COMP. (M)",null,"LARG. (M)",null,"ÁREA TOTAL (M²)",null,"TRANSP","OBS"]
["Instalações elétricas",null,null,null,1,{"$f":"2.9+2.9+2.9+2.9+100","v":111.6},{"$nulls":6},"Conforme projeto elétrico"]
[]
[{"$nulls":11},"Total levantado",null,null,{"$f":"F1744","v":111.6}]
[]
["13.10","INTERRUPTOR SIMPLES (1 MÓDULO), 10A/250V, INCLUINDO SUPORTE E PLACA - FORNECIMENTO E INSTALAÇÃO. AF_12/2015"]
[]
["LOCAL",null,null,null,"QUANT.","COMP. (M)",null,"LARG. (M)",null,"ÁREA TOTAL (M²)",null,"TRANSP","OBS"]
["Instalações elétricas",null,null,null,37,{"$nulls":7},"Conforme projeto elétrico"]
[]
[{"$nulls":11},"Total levantado",null,null,{"$f":"E1751","v":37}]
[]
["13.11","INTERRUPTOR PARALELO (1 MÓDULO), 10A/250V, INCLUINDO SUPORTE E PLACA - FORNECIMENTO E INSTALAÇÃO. AF_12/2015"]
[]
["LOCAL",null,null,null,"QUANT.","COMP. (M)",null,"LARG. (M)",null,"ÁREA TOTAL (M²)",null,"TRANSP","OBS"]
["Instalações elétricas",null,null,null,6,{"$nulls":7},"Conforme projeto elétrico"]
[]
[{"$nulls":11},"Total levantado",null,null,{"$f":"E1758","v":6}]
[]
["13.12","INTERRUPTOR SIMPLES (2 MÓDULOS), 10A/250V, INCLUINDO SUPORTE E PLACA - FORNECIMENTO E INSTALAÇÃO. AF_12/2015"]
[]
["LOCAL",null,null,null,"QUANT.","COMP. (M)",null,"LARG. (M)",null,"ÁREA TOTAL (M²)",null,"TRANSP","OBS"]
["Instalações elétricas",null,null,null,18,{"$nulls":7},"Conforme projeto elétrico"]
[]
[{"$nulls":11},"Total levantado",null,null,{"$f":"E1765","v":18}]
[]
["13.13","INTERRUPTOR PARALELO (3 MÓDULOS), 10A/250V, INCLUINDO SUPORTE E PLACA - FORNECIMENTO E INSTALAÇÃO. AF_12/2015"]
[]
["LOCAL",null,null,null,"QUANT.","COMP. (M)",null,"LARG. (M)",null,"ÁREA TOTAL (M²)",null,"TRANSP","OBS"]
["Instalações elétricas",null,null,null,2,{"$nulls":7},"Conforme projeto elétrico"]
[]
[{"$nulls":11},"Total levantado",null,null,{"$f":"E1772","v":2}]
[]
["13.14","INTERRUPTOR SIMPLES (3 MÓDULOS), 10A/250V, INCLUINDO SUPORTE E PLACA - FORNECIMENTO E INSTALAÇÃO. AF_12/2015"]
[]
["LOCAL",null,null,null,"QUANT.","COMP. (M)",null,"LARG. (M)",null,"ÁREA TOTAL (M²)",null,"TRANSP","OBS"]
["Instalações elétricas",null,null,null,4,{"$nulls":7},"Conforme projeto elétrico"]
[]
[{"$nulls":11},"Total levantado",null,null,{"$f":"E1779","v":4}]
[]
["13.15","TOMADA MÉDIA DE EMBUTIR (1 MÓDULO), 2P+T 10 A, INCLUINDO SUPORTE E PLACA - FORNECIMENTO E INSTALAÇÃO. AF_12/2015"]
[]
["LOCAL",null,null,null,"QUANT.","COMP. (M)",null,"LARG. (M)",null,"ÁREA TOTAL (M²)",null,"TRANSP","OBS"]
["Instalações elétricas",null,null,null,{"$f":"31+35","v":66},{"$nulls":7},"Conforme projeto elétrico"]
[]
[{"$nulls":11},"Total levantado",null,null,{"$f":"E1786","v":66}]
[]
["13.16","TOMADA BAIXA DE EMBUTIR (1 MÓDULO), 2P+T 10 A, INCLUINDO SUPORTE E PLACA - FORNECIMENTO E INSTALAÇÃO. AF_12/2015"]
[]
["LOCAL",null,null,null,"QUANT.","COMP. (M)",null,"LARG. (M)",null,"ÁREA TOTAL (M²)",null,"TRANSP","OBS"]
["Instalações elétricas",null,null,null,{"$f":"31+38","v":69},{"$nulls":7},"Conforme projeto elétrico"]
[]
[{"$nulls":11},"Total levantado",null,null,{"$f":"E1793","v":69}]
[]
["13.17","TOMADA MÉDIA DE EMBUTIR (2 MÓDULOS), 2P+T 10 A, INCLUINDO SUPORTE E PLACA - FORNECIMENTO E INSTALAÇÃO. AF_12/2015"]
[]
["LOCAL",null,null,null,"QUANT.","COMP. (M)",null,"LARG. (M)",null,"ÁREA TOTAL (M²)",null,"TRANSP","OBS"]
["Instalações elétricas",null,null,null,{"$f":"72/2+40","v":76},{"$nulls":7},"Conforme projeto elétrico"]
[]
[{"$nulls":11},"Total levantado",null,null,{"$f":"E1800","v":76}]
[]
["13.18","TOMADA BAIXA DE EMBUTIR (2 MÓDULOS), 2P+T 10 A, INCLUINDO SUPORTE E PLACA - FORNECIMENTO E INSTALAÇÃO. AF_12/2015"]
[]
["LOCAL",null,null,null,"QUANT.","COMP. (M)",null,"LARG. (M)",null,"ÁREA TOTAL (M²)",null,"TRANSP","OBS"]
["Instalações elétricas",null,null,null,{"$f":"36+45","v":81},{"$nulls":7},"Conforme projeto elétrico"]
[]
[{"$nulls":11},"Total levantado",null,null,{"$f":"E1807","v":81}]
[]
["13.19","QUADRO DE DISTRIBUIÇÃO DE ENERGIA EM CHAPA DE AÇO GALVANIZADO, DE EMBUTIR, COM BARRAMENTO TRIFÁSICO, PARA 30 DISJUNTORES DIN 150A - FORNECIMENTO E INSTALAÇÃO. AF_10/2020"]
[]
["LOCAL",null,null,null,"QUANT.","COMP. (M)",null,"LARG. (M)",null,"ÁREA TOTAL (M²)",null,"TRANSP","OBS"]
["Instalações elétricas",null,null,null,2,{"$nulls":7},"Conforme projeto elétrico"]
[]
[{"$nulls":11},"Total levantado",null,null,{"$f":"E1814","v":2}]
[]
["13.20","QUADRO DE DISTRIBUIÇÃO DE ENERGIA EM CHAPA DE AÇO GALVANIZADO, DE EMBUTIR, COM BARRAMENTO TRIFÁSICO, PARA 30 DISJUNTORES DIN 225A - FORNECIMENTO E INSTALAÇÃO. AF_10/2020"]
[]
["LOCAL",null,null,null,"QUANT.","COMP. (M)",null,"LARG. (M)",null,"ÁREA TOTAL (M²)",null,"TRANSP","OBS"]
["Instalações elétricas",null,null,null,2,{"$nulls":7},"Conforme projeto elétrico"]
[]
[{"$nulls":11},"Total levantado",null,null,{"$f":"E1821","v":2}]
[]
["13.21","DISJUNTOR MONOPOLAR TIPO DIN, CORRENTE NOMINAL DE 16A - FORNECIMENTO E INSTALAÇÃO. AF_10/2020"]
[]
["LOCAL",null,null,null,"QUANT.","COMP. (M)",null,"LARG. (M)",null,"ÁREA TOTAL (M²)",null,"TRANSP","OBS"]
["Instalações elétricas",null,null,null,{"$f":"11+20","v":31},{"$nulls":7},"Conforme projeto elétrico"]
[]
[{"$nulls":11},"Total levantado",null,null,{"$f":"E1828","v":31}]
[]
["13.22","DISJUNTOR MONOPOLAR TIPO DIN, CORRENTE NOMINAL DE 20A - FORNECIMENTO E INSTALAÇÃO. AF_10/2020"]
[]
["LOCAL",null,null,null,"QUANT.","COMP. (M)",null,"LARG. (M)",null,"ÁREA TOTAL (M²)",null,"TRANSP","OBS"]
["Instalações elétricas",null,null,null,8,{"$nulls":7},"Conforme projeto elétrico"]
[]
[{"$nulls":11},"Total levantado",null,null,{"$f":"E1835","v":8}]
[]
["13.23","DISJUNTOR MONOPOLAR TIPO DIN, CORRENTE NOMINAL DE 25A - FORNECIMENTO E INSTALAÇÃO. AF_10/2020"]
[]
["LOCAL",null,null,null,"QUANT.","COMP. (M)",null,"LARG. (M)",null,"ÁREA TOTAL (M²)",null,"TRANSP","OBS"]
["Instalações elétricas",null,null,null,4,{"$nulls":7},"Conforme projeto elétrico"]
[]
[{"$nulls":11},"Total levantado",null,null,{"$f":"E1842","v":4}]
[]
["13.24","DISJUNTOR MONOPOLAR TIPO DIN, CORRENTE NOMINAL DE 32A - FORNECIMENTO E INSTALAÇÃO. AF_10/2020"]
[]
["LOCAL",null,null,null,"QUANT.","COMP. (M)",null,"LARG. (M)",null,"ÁREA TOTAL (M²)",null,"TRANSP","OBS"]
["Instalações elétricas",null,null,null,1,{"$nulls":7},"Conforme projeto elétrico"]
[]
[{"$nulls":11},"Total levantado",null,null,{"$f":"E1849","v":1}]
[]
["13.25","DISJUNTOR TRIPOLAR TIPO DIN, CORRENTE NOMINAL DE 50A - FORNECIMENTO E INSTALAÇÃO. AF_10/2020"]
[]
["LOCAL",null,null,null,"QUANT.","COMP. (M)",null,"LARG. (M)",null,"ÁREA TOTAL (M²)",null,"TRANSP","OBS"]
["Instalações elétricas",null,null,null,2,{"$nulls":7},"Conforme projeto elétrico"]
[]
[{"$nulls":11},"Total levantado",null,null,{"$f":"E1856","v":2}]
[]
["13.26","DISJUNTOR TERMOMAGNÉTICO TRIPOLAR , CORRENTE NOMINAL DE 125A - FORNECIMENTO E INSTALAÇÃO. AF_10/2020"]
[]
["LOCAL",null,null,null,"QUANT.","COMP. (M)",null,"LARG. (M)",null,"ÁREA TOTAL (M²)",null,"TRANSP","OBS"]
["Instalações elétricas",null,null,null,1,{"$nulls":7},"Conforme projeto elétrico"]
[]
[{"$nulls":11},"Total levantado",null,null,{"$f":"E1863","v":1}]
[]
["13.27","QUADRO DE MEDIÇÃO GERAL DE ENERGIA PARA 1 MEDIDOR DE SOBREPOR - FORNECIMENTO E INSTALAÇÃO. AF_10/2020"]
[]
["LOCAL",null,null,null,"QUANT.","COMP. (M)",null,"LARG. (M)",null,"ÁREA TOTAL (M²)",null,"TRANSP","OBS"]
["Instalações elétricas",null,null,null,1,{"$nulls":7},"Conforme projeto elétrico"]
[]
[{"$nulls":11},"Total levantado",null,null,{"$f":"E1870","v":1}]
[]
["13.28","LUMINÁRIA TIPO CALHA, DE SOBREPOR, COM 2 LÂMPADAS TUBULARES FLUORESCENES DE 36 W, COM REATOR DE PARTIDA RÁPIDA - FORNECIMENTO E INSTALAÇÃO. AF_02/2020"]
[]
["LOCAL",null,null,null,"QUANT.","COMP. (M)",null,"LARG. (M)",null,"ÁREA TOTAL (M²)",null,"TRANSP","OBS"]
["Instalações elétricas",null,null,null,{"$f":"111+105","v":216},{"$nulls":7},"Conforme projeto elétrico"]
[]
[{"$nulls":11},"Total levantado",null,null,{"$f":"E1877","v":216}]
[]
["13.29","ENTRADA DE ENERGIA ELÉTRICA, SUBTERRÂNEA, TRIFÁSICA, COM CAIXA DE SOBREPOR, CABO DE 35 MM2 E DISJUNTOR DIN 50A (NÃO INCLUSA MURETA DE ALVENARIA). AF_07/2020_PS"]
[]
["LOCAL",null,null,null,"QUANT.","COMP. (M)",null,"LARG. (M)",null,"ÁREA TOTAL (M²)",null,"TRANSP","OBS"]
["Instalações elétricas",null,null,null,1,{"$nulls":7},"Conforme projeto elétrico"]
[]
[{"$nulls":11},"Total levantado",null,null,{"$f":"E1884","v":1}]
[]
["13.30","ELETRODUTO RÍGIDO ROSCÁVEL, PVC, DN 50 MM (1 1/2\"), PARA REDE ENTERRADA DE DISTRIBUIÇÃO DE ENERGIA ELÉTRICA - FORNECIMENTO E INSTALAÇÃO. AF_12/2021"]
[]
["LOCAL",null,null,null,"QUANT.","COMP. (M)",null,"LARG. (M)",null,"ÁREA TOTAL (M²)",null,"TRANSP","OBS"]
["Instalações elétricas",null,null,null,1,3,{"$nulls":6},"Conforme projeto elétrico"]
[]
[{"$nulls":11},"Total levantado",null,null,{"$f":"F1891","v":3}]
[]
["13.31","ELETRODUTO RÍGIDO ROSCÁVEL, PVC, DN 60 MM (2\"), PARA REDE ENTERRADA DE DISTRIBUIÇÃO DE ENERGIA ELÉTRICA - FORNECIMENTO E INSTALAÇÃO. AF_12/2021"]
[]
["LOCAL",null,null,null,"QUANT.","COMP. (M)",null,"LARG. (M)",null,"ÁREA TOTAL (M²)",null,"TRANSP","OBS"]
["Instalações elétricas",null,null,null,1,30,{"$nulls":6},"Conforme projeto elétrico"]
[]
[{"$nulls":11},"Total levantado",null,null,{"$f":"F1898","v":30}]
[]
["13.32","ELETRODUTO RÍGIDO ROSCÁVEL, PVC, DN 75 MM (2 1/2\"), PARA REDE ENTERRADA DE DISTRIBUIÇÃO DE ENERGIA ELÉTRICA - FORNECIMENTO E INSTALAÇÃO. AF_12/2021"]
[]
["LOCAL",null,null,null,"QUANT.","COMP. (M)",null,"LARG. (M)",null,"ÁREA TOTAL (M²)",null,"TRANSP","OBS"]
["Instalações elétricas",null,null,null,1,70,{"$nulls":6},"Conforme projeto elétrico"]
[]
[{"$nulls":11},"Total levantado",null,null,{"$f":"F1905","v":70}]
[]
["13.33","REFLETOR RETANGULAR FECHADO, COM LÂMPADA VAPOR METÁLICO 400 W - FORNECIMENTO E INSTALAÇÃO. AF_08/2020"]
[]
["LOCAL",null,null,null,"QUANT.","COMP. (M)",null,"LARG. (M)",null,"ÁREA TOTAL (M²)",null,"TRANSP","OBS"]
["Instalações elétricas",null,null,null,4,{"$nulls":7},"Conforme projeto elétrico"]
[]
[{"$nulls":11},"Total levantado",null,null,{"$f":"E1912","v":4}]
[]
["13.34","POSTE DECORATIVO PARA JARDIM EM AÇO TUBULAR, H = *2,5* M, SEM LUMINÁRIA - FORNECIMENTO E INSTALAÇÃO. AF_11/2019"]
[]
["LOCAL",null,null,null,"QUANT.","COMP. (M)",null,"LARG. (M)",null,"ÁREA TOTAL (M²)",null,"TRANSP","OBS"]
["Instalações elétricas",null,null,null,10,{"$nulls":7},"Conforme projeto elétrico"]
[]
[{"$nulls":11},"Total levantado",null,null,{"$f":"E1919","v":10}]
[]
["13.35","LUMINÁRIA DE LED PARA ILUMINAÇÃO PÚBLICA, DE 33 W ATÉ 50 W - FORNECIMENTO E INSTALAÇÃO. AF_08/2020"]
[]
["LOCAL",null,null,null,"QUANT.","COMP. (M)",null,"LARG. (M)",null,"ÁREA TOTAL (M²)",null,"TRANSP","OBS"]
["Instalações elétricas",null,null,null,10,{"$nulls":7},"Conforme projeto elétrico"]
[]
[{"$nulls":11},"Total levantado",null,null,{"$f":"E1926","v":10}]
[]
["13.36","CAIXA ENTERRADA ELÉTRICA RETANGULAR, EM ALVENARIA COM BLOCOS DE CONCRETO, FUNDO COM BRITA, DIMENSÕES INTERNAS: 0,4X0,4X0,4 M. AF_12/2020"]
[]
["LOCAL",null,null,null,"QUANT.","COMP. (M)",null,"LARG. (M)",null,"ÁREA TOTAL (M²)",null,"TRANSP","OBS"]
["Instalações elétricas",null,null,null,15,{"$nulls":7},"Conforme projeto elétrico"]
[]
[{"$nulls":11},"Total levantado",null,null,{"$f":"E1933","v":15}]
[]
["13.37","ELETRODUTO FLEXÍVEL CORRUGADO, PVC, DN 32 MM (1\"), PARA CIRCUITOS TERMINAIS, INSTALADO EM FORRO - FORNECIMENTO E INSTALAÇÃO. AF_12/2015"]
[]
["LOCAL",null,null,null,"QUANT.","COMP. (M)",null,"LARG. (M)",null,"ÁREA TOTAL (M²)",null,"TRANSP","OBS"]
["Instalações de lógica",null,null,null,1,{"$f":"160+260","v":420},{"$nulls":6},"Conforme projeto elétrico"]
[]
[{"$nulls":11},"Total levantado",null,null,{"$f":"F1940","v":420}]
[]
["13.38","CAIXA RETANGULAR 4\" X 2\" MÉDIA (1,30 M DO PISO), PVC, INSTALADA EM PAREDE - FORNECIMENTO E INSTALAÇÃO. AF_12/2015"]
[]
["LOCAL",null,null,null,"QUANT.","COMP. (M)",null,"LARG. (M)",null,"ÁREA TOTAL (M²)",null,"TRANSP","OBS"]
["Instalações elétricas",null,null,null,{"$f":"167+191","v":358},{"$nulls":7},"Conforme projeto elétrico"]
[]
[{"$nulls":11},"Total levantado",null,null,{"$f":"E1947","v":358}]
[]
["13.39","PONTO DE EMBUTIR SECO, PARA UMA (1) PLACA CEGA 4\"X4\", COM ELETRODUTO FLEXÍVEL CORRUGADO, ANTI-CHAMA, DN 32MM (1\"), EMBUTIDO E SONDA EM ARAME GALVANIZADO, DIÂMETRO DE 1,24MM (BWG 18), COM DISTÂNCIA DE ATÉ DEZ (2) METROS DO PONTO DE DERIVAÇÃO, INCLUSIVE CAIXA DE LIGAÇÃO, SUPORTE E FIXAÇÃO DO ELETRODUTO, CAIXA E PLACA. "]
[]
["LOCAL",null,null,null,"QUANT.","COMP. (M)",null,"LARG. (M)",null,"ÁREA TOTAL (M²)",null,"TRANSP","OBS"]
["Instalações de lógica",null,null,null,{"$f":"69+100","v":169},{"$nulls":7},"Conforme projeto elétrico"]
[]
[{"$nulls":11},"Total levantado",null,null,{"$f":"E1954","v":169}]
[]
["13.40","CORDOALHA DE COBRE NU 35 MM², NÃO ENTERRADA, COM ISOLADOR - FORNECIMENTO E INSTALAÇÃO. AF_12/2017"]
[]
["LOCAL",null,null,null,"QUANT.","COMP. (M)",null,"LARG. (M)",null,"ÁREA TOTAL (M²)",null,"TRANSP","OBS"]
["SPDA",null,null,null,1,280,{"$nulls":6},"Conforme projeto SPDA"]
[]
[{"$nulls":11},"Total levantado",null,null,{"$f":"F1961","v":280}]
[]
["13.41","CORDOALHA DE COBRE NU 50 MM², ENTERRADA, SEM ISOLADOR - FORNECIMENTO E INSTALAÇÃO. AF_12/2017"]
[]
["LOCAL",null,null,null,"QUANT.","COMP. (M)",null,"LARG. (M)",null,"ÁREA TOTAL (M²)",null,"TRANSP","OBS"]
["SPDA",null,null,null,1,180,{"$nulls":6},"Conforme projeto SPDA"]
[]
[{"$nulls":11},"Total levantado",null,null,{"$f":"F1968","v":180}]
[]
["13.42","ELETRODUTO PVC 40MM (1 ¼ ) PARA SPDA - FORNECIMENTO E INSTALAÇÃO. AF_12/2017"]
[]
["LOCAL",null,null,null,"QUANT.","COMP. (M)",null,"LARG. (M)",null,"ÁREA TOTAL (M²)",null,"TRANSP","OBS"]
["SPDA",null,null,null,1,40,{"$nulls":6},"Conforme projeto SPDA"]
[]
[{"$nulls":11},"Total levantado",null,null,{"$f":"F1975","v":40}]
[]
["13.43","HASTE DE ATERRAMENTO 5/8 PARA SPDA - FORNECIMENTO E INSTALAÇÃO. AF_12/2017"]
[]
["LOCAL",null,null,null,"QUANT.","COMP. (M)",null,"LARG. (M)",null,"ÁREA TOTAL (M²)",null,"TRANSP","OBS"]
["SPDA",null,null,null,16,{"$nulls":7},"Conforme projeto SPDA"]
[]
[{"$nulls":11},"Total levantado",null,null,{"$f":"E1982","v":16}]
[]
["13.44","BASE METÁLICA PARA MASTRO 1 ½ PARA SPDA - FORNECIMENTO E INSTALAÇÃO. AF_12/2017"]
[]
["LOCAL",null,null,null,"QUANT.","COMP. (M)",null,"LARG. (M)",null,"ÁREA TOTAL (M²)",null,"TRANSP","OBS"]
["SPDA",null,null,null,3,{"$nulls":7},"Conforme projeto SPDA"]
[]
[{"$nulls":11},"Total levantado",null,null,{"$f":"E1989","v":3}]
[]
["13.45","MASTRO 1 ½ PARA SPDA - FORNECIMENTO E INSTALAÇÃO. AF_12/2017"]
[]
["LOCAL",null,null,null,"QUANT.","COMP. (M)",null,"LARG. (M)",null,"ÁREA TOTAL (M²)",null,"TRANSP","OBS"]
["SPDA",null,null,null,3,{"$nulls":7},"Conforme projeto SPDA"]
[]
[{"$nulls":11},"Total levantado",null,null,{"$f":"E1996","v":3}]
[]
["13.46","CAPTOR TIPO FRANKLIN PARA SPDA - FORNECIMENTO E INSTALAÇÃO. AF_12/2017"]
[]
["LOCAL",null,null,null,"QUANT.","COMP. (M)",null,"LARG. (M)",null,"ÁREA TOTAL (M²)",null,"TRANSP","OBS"]
["SPDA",null,null,null,3,{"$nulls":7},"Conforme projeto SPDA"]
[]
[{"$nulls":11},"Total levantado",null,null,{"$f":"E2003","v":3}]
[]
["13.47","CAIXA DE INSPEÇÃO PARA ATERRAMENTO, CIRCULAR, EM POLIETILENO, DIÂMETRO INTERNO = 0,3 M. AF_12/2020"]
[]
["LOCAL",null,null,null,"QUANT.","COMP. (M)",null,"LARG. (M)",null,"ÁREA TOTAL (M²)",null,"TRANSP","OBS"]
["SPDA",null,null,null,16,{"$nulls":7},"Conforme projeto SPDA"]
[]
[{"$nulls":11},"Total levantado",null,null,{"$f":"E2010","v":16}]
[]
["14.1","KIT DE PORTA DE MADEIRA PARA PINTURA, SEMI-OCA (LEVE OU MÉDIA), PADRÃO MÉDIO, 80X210CM, ESPESSURA DE 3,5CM, ITENS INCLUSOS: DOBRADIÇAS, MONTAGEM E INSTALAÇÃO DO BATENTE, FECHADURA COM EXECUÇÃO DO FURO - FORNECIMENTO E INSTALAÇÃO. AF_12/2019"]
[]
["LOCAL",null,null,null,"QUANT.","COMP. (M)",null,"LARG. (M)",null,"ÁREA TOTAL (M²)",null,"TRANSP","OBS"]
["Edificação",null,null,null,49]
[]
[{"$nulls":11},"Total levantado",null,null,{"$f":"E2017","v":49}]
[]
["14.2","KIT DE PORTA DE MADEIRA PARA PINTURA, SEMI-OCA (LEVE OU MÉDIA), PADRÃO MÉDIO, 90X210CM, ESPESSURA DE 3,5CM, ITENS INCLUSOS: DOBRADIÇAS, MONTAGEM E INSTALAÇÃO DO BATENTE, FECHADURA COM EXECUÇÃO DO FURO - FORNECIMENTO E INSTALAÇÃO. AF_12/2019"]
[]
["LOCAL",null,null,null,"QUANT.","COMP. (M)",null,"LARG. (M)",null,"ÁREA TOTAL (M²)",null,"TRANSP","OBS"]
["Edificação",null,null,null,7]
[]
[{"$nulls":11},"Total levantado",null,null,{"$f":"E2024","v":7}]
[]
["14.3","PORTA DE MADEIRA COMPENSADA LISA PARA PINTURA, 120X210X3,5CM, 2 FOLHAS, INCLUSO ADUELA 2A, ALIZAR 2A E DOBRADIÇAS. AF_12/2019"]
[]
["LOCAL",null,null,null,"QUANT.","COMP. (M)",null,"LARG. (M)",null,"ÁREA TOTAL (M²)",null,"TRANSP","OBS"]
["Edificação",null,null,null,3]
[]
[{"$nulls":11},"Total levantado",null,null,{"$f":"E2031","v":3}]
[]
["14.4","PORTA DE CORRER DE ALUMÍNIO, COM DUAS FOLHAS PARA VIDRO, INCLUSO VIDRO LISO INCOLOR, FECHADURA E PUXADOR, SEM ALIZAR. AF_12/2019"]
[]
["LOCAL",null,null,null,"QUANT.","COMP. (M)",null,"ALT. (M)",null,"ÁREA TOTAL (M²)",null,"TRANSP","OBS"]
["Porta PA 01",null,null,null,2,1.6,null,2.1,null,{"$f":"E2038*F2038*H2038","v":6.72}]
[]
[{"$nulls":11},"Total levantado",null,null,{"$f":"J2038","v":6.72}]
[]
["14.5","PORTA EM ALUMÍNIO DE ABRIR TIPO VENEZIANA COM GUARNIÇÃO, FIXAÇÃO COM PARAFUSOS - FORNECIMENTO E INSTALAÇÃO. AF_12/2019"]
[]
["LOCAL",null,null,null,"QUANT.","COMP. (M)",null,"ALT. (M)",null,"ÁREA TOTAL (M²)",null,"TRANSP","OBS"]
["Sanitários",null,null,null,14,0.7,null,2.1,null,{"$f":"E2045*F2045*H2045","v":20.58}]
[]
[{"$nulls":11},"Total levantado",null,null,{"$f":"J2045","v":20.58}]
[]
["14.6","PORTA DE FERRO, DE ABRIR, TIPO GRADE COM CHAPA, COM GUARNIÇÕES. AF_12/2019"]
[]
["LOCAL",null,null,null,"QUANT.","COMP. (M)",null,"ALT. (M)",null,"ÁREA TOTAL (M²)",null,"TRANSP","OBS"]
["Portão entrada",null,null,null,1,5,null,2.2000000000000002,null,{"$f":"F2052*H2052","v":11}]
[]
[{"$nulls":11},"Total levantado",null,null,{"$f":"J2052","v":11}]
[]
["14.7","JANELA DE ALUMÍNIO TIPO MAXIM-AR, COM VIDROS, BATENTE E FERRAGENS. EXCLUSIVE ALIZAR, ACABAMENTO E CONTRAMARCO. FORNECIMENTO E INSTALAÇÃO. AF_12/2019"]
[]
["LOCAL",null,null,null,"QUANT.","COMP. (M)",null,"LARG. (M)",null,"ÁREA TOTAL (M²)",null,"TRANSP","OBS"]
["JM 01",null,null,null,4,3.4,null,0.4,null,{"$f":"E2059*F2059*H2059","v":5.44}]
["JM 02",null,null,null,5,1,null,0.4,null,{"$f":"E2060*F2060*H2060","v":2}]
[]
[{"$nulls":11},"Total levantado",null,null,{"$f":"J2059+J2060","v":7.44}]
[]
["14.8","JANELA DE ALUMÍNIO DE CORRER COM 2 FOLHAS PARA VIDROS, COM VIDROS, BATENTE, ACABAMENTO COM ACETATO OU BRILHANTE E FERRAGENS. EXCLUSIVE ALIZAR E CONTRAMARCO. FORNECIMENTO E INSTALAÇÃO. AF_12/2019"]
[]
["LOCAL",null,null,null,"QUANT.","COMP. (M)",null,"LARG. (M)",null,"ÁREA TOTAL (M²)",null,"TRANSP","OBS"]
["JC 01",null,null,null,20,2.4,null,1,null,{"$f":"E2067*F2067*H2067","v":48}]
["JC 02",null,null,null,7,1.25,null,1,null,8.75]
["JC 03",null,null,null,1,3.4,null,1,null,3.4]
[]
[{"$nulls":11},"Total levantado",null,null,{"$f":"J2069+J2068+J2067","v":60.15}]
[]
["14.9","INSTALAÇÃO DE VIDRO LAMINADO, E = 8 MM (4+4), ENCAIXADO EM PERFIL U. AF_01/2021_PS"]
[]
["LOCAL",null,null,null,"QUANT.","COMP. (M)",null,"LARG. (M)",null,"ÁREA TOTAL (M²)",null,"TRANSP","OBS"]
["VIDROS FACHADA",null,null,null,1,7.5,null,4.5999999999999996,null,{"$f":"F2076*H2076","v":34.5}]
["VIDROS FACHADA",null,null,null,1,5,null,2.2000000000000002,null,{"$f":"F2077*H2077","v":11}]
["CONTORNO PORTA ENTRADA",null,null,null,1,{"$nulls":4},{"$f":"14.4-(2*0.9*2.1)","v":10.62}]
[]
[{"$nulls":11},"Total levantado",null,null,{"$f":"J2077+J2076+J2078","v":56.12}]
[]
["14.10","CONTRAMARCO DE ALUMÍNIO, FIXAÇÃO COM PARAFUSO - FORNECIMENTO E INSTALAÇÃO. AF_12/2019"]
[]
["LOCAL",null,null,null,"QUANT.","COMP. (M)",null,"LARG. (M)",null,"PERÍMETRO (M)",null,"TRANSP","OBS"]
["JC 01",null,null,null,20,2.4,null,1,null,{"$f":"E2085*(2*(F2085+H2085))","v":136}]
["JC 02",null,null,null,7,1.25,null,1,null,31.5]
["JC 03",null,null,null,1,3.4,null,1,null,8.8000000000000007]
["JM 01",null,null,null,4,3.4,null,0.4,null,30.4]
["JM 02",null,null,null,5,1,null,0.4,null,14]
[]
[{"$nulls":11},"Total levantado",null,null,{"$f":"J2085+J2086+J2087+J2088+J2089","v":220.7}]
[]
["14.11","INSTALAÇÃO DE VIDRO LISO FUME, E = 4 MM, EM ESQUADRIA DE ALUMÍNIO OU PVC, FIXADO COM BAGUETE. AF_01/2021_PS"]
[]
["LOCAL",null,null,null,"QUANT.","COMP. (M)",null,"LARG. (M)",null,"ÁREA TOTAL (M²)",null,"TRANSP","OBS"]
["Edificação",null,null,null,16,1.5,null,1,null,{"$f":"E2096*F2096*H2096","v":24}]
[]
[{"$nulls":11},"Total levantado",null,null,{"$f":"J2096","v":24}]
[]
["14.12","PORTA DE ABRIR COM MOLA HIDRÁULICA, EM VIDRO TEMPERADO, 2 FOLHAS DE 90X210 CM, ESPESSURA DD 10MM, INCLUSIVE ACESSÓRIOS. AF_01/2021"]
[]
["LOCAL",null,null,null,"QUANT.","COMP. (M)",null,"LARG. (M)",null,"ÁREA TOTAL (M²)",null,"TRANSP","OBS"]
["Edificação",null,null,null,1]
[]
[{"$nulls":11},"Total levantado",null,null,{"$f":"E2103","v":1}]
[]
["15.1","PONTO DE TOMADA PARA LUMINÁRIA DE INCÊNDIO, INCLUINDO TOMADA, CABO, ELETRODUTO E CAIXA."]
[]
["LOCAL",null,null,null,"QUANT.","COMP. (M)",null,"LARG. (M)",null,"ÁREA TOTAL (M²)",null,"TRANSP","OBS"]
["Instalações de incêndio",null,null,null,{"$f":"88+11","v":99},{"$nulls":7},"Conforme projeto de incêndio"]
[]
[{"$nulls":11},"Total levantado",null,null,{"$f":"E2110","v":99}]
[]
["15.2","LUMINÁRIA DE EMERGÊNCIA, COM 30 LÂMPADAS LED DE 2 W, SEM REATOR - FORNECIMENTO E INSTALAÇÃO. AF_02/2020"]
[]
["LOCAL",null,null,null,"QUANT.","COMP. (M)",null,"LARG. (M)",null,"ÁREA TOTAL (M²)",null,"TRANSP","OBS"]
["Instalações de incêndio",null,null,null,88,{"$nulls":7},"Conforme projeto de incêndio"]
[]
[{"$nulls":11},"Total levantado",null,null,{"$f":"E2117","v":88}]
[]
["15.3","EXTINTOR DE INCÊNDIO PORTÁTIL COM CARGA DE PQS DE 6 KG, CLASSE BC - FORNECIMENTO E INSTALAÇÃO. AF_10/2020_P"]
[]
["LOCAL",null,null,null,"QUANT.","COMP. (M)",null,"LARG. (M)",null,"ÁREA TOTAL (M²)",null,"TRANSP","OBS"]
["Instalações de incêndio",null,null,null,9,{"$nulls":7},"Conforme projeto de incêndio"]
[]
[{"$nulls":11},"Total levantado",null,null,{"$f":"E2124","v":9}]
[]
["15.4","PLACA DE SINALIZACAO DE SEGURANCA CONTRA INCENDIO, FOTOLUMINESCENTE, EM PVC *2* MM ANTI-CHAMAS (SIMBOLOS, CORES E PICTOGRAMAS CONFORME NBR 16820)"]
[]
["LOCAL",null,null,null,"QUANT.","COMP. (M)",null,"LARG. (M)",null,"ÁREA TOTAL (M²)",null,"TRANSP","OBS"]
["Instalações de incêndio",null,null,null,97,{"$nulls":7},"Conforme projeto de incêndio"]
[]
[{"$nulls":11},"Total levantado",null,null,{"$f":"E2131","v":97}]
[]
["15.5","CONJUNTO MOTOBOMBA PARA SISTEMA DE PREVENÇÃO E COMBATE A INCÊNDIO, CONTENDO 2 BOMBAS CENTRÍFUGAS DE 14,8CV "]
[]
["LOCAL",null,null,null,"QUANT.","COMP. (M)",null,"LARG. (M)",null,"ÁREA TOTAL (M²)",null,"TRANSP","OBS"]
["Instalações de incêndio",null,null,null,1,{"$nulls":7},"Conforme projeto de incêndio"]
[]
[{"$nulls":11},"Total levantado",null,null,{"$f":"E2138","v":1}]
[]
["15.6","TUBO DE AÇO GALVANIZADO COM COSTURA, CLASSE MÉDIA, DN 65 (2 1/2), CONEXÃO ROSQUEADA, INSTALADO EM RESERVAÇÃO DE ÁGUA DE EDIFICAÇÃO QUE POSSUA RESERVATÓRIO DE FIBRA/FIBROCIMENTO FORNECIMENTO E INSTALAÇÃO. AF_06/2016"]
[]
["LOCAL",null,null,null,"QUANT.","COMP. (M)",null,"LARG. (M)",null,"ÁREA TOTAL (M²)",null,"TRANSP","OBS"]
["Instalações de incêndio",null,null,null,1,76,{"$nulls":6},"Conforme projeto de incêndio"]
[]
[{"$nulls":11},"Total levantado",null,null,{"$f":"F2145","v":76}]
[]
["15.7","TUBO DE AÇO GALVANIZADO COM COSTURA, CLASSE MÉDIA, DN 80 (3), CONEXÃO ROSQUEADA, INSTALADO EM RESERVAÇÃO DE ÁGUA DE EDIFICAÇÃO QUE POSSUA RESERVATÓRIO DE FIBRA/FIBROCIMENTO FORNECIMENTO E INSTALAÇÃO. AF_06/2016"]
[]
["LOCAL",null,null,null,"QUANT.","COMP. (M)",null,"LARG. (M)",null,"ÁREA TOTAL (M²)",null,"TRANSP","OBS"]
["Instalações de incêndio",null,null,null,1,12,{"$nulls":6},"Conforme projeto de incêndio"]
[]
[{"$nulls":11},"Total levantado",null,null,{"$f":"F2152","v":12}]
[]
["15.8","NIPLE, EM FERRO GALVANIZADO, CONEXÃO ROSQUEADA, DN 65 (2 1/2), INSTALADO EM RESERVAÇÃO DE ÁGUA DE EDIFICAÇÃO QUE POSSUA RESERVATÓRIO DE FIBRA/FIBROCIMENTO FORNECIMENTO E INSTALAÇÃO. AF_06/2016"]
[]
["LOCAL",null,null,null,"QUANT.","COMP. (M)",null,"LARG. (M)",null,"ÁREA TOTAL (M²)",null,"TRANSP","OBS"]
["Instalações de incêndio",null,null,null,9,{"$nulls":7},"Conforme projeto de incêndio"]
[]
[{"$nulls":11},"Total levantado",null,null,{"$f":"E2159","v":9}]
[]
["15.9","NIPLE, EM FERRO GALVANIZADO, CONEXÃO ROSQUEADA, DN 80 (3), INSTALADO EM RESERVAÇÃO DE ÁGUA DE EDIFICAÇÃO QUE POSSUA RESERVATÓRIO DE FIBRA/FIBROCIMENTO FORNECIMENTO E INSTALAÇÃO. AF_06/2016"]
[]
["LOCAL",null,null,null,"QUANT.","COMP. (M)",null,"LARG. (M)",null,"ÁREA TOTAL (M²)",null,"TRANSP","OBS"]
["Instalações de incêndio",null,null,null,6,{"$nulls":7},"Conforme projeto de incêndio"]
[]
[{"$nulls":11},"Total levantado",null,null,{"$f":"E2166","v":6}]
[]
["15.10","COTOVELO 90 GRAUS, EM FERRO GALVANIZADO, CONEXÃO ROSQUEADA, DN 80 (3), INSTALADO EM RESERVAÇÃO DE ÁGUA DE EDIFICAÇÃO QUE POSSUA RESERVATÓRIO DE FIBRA/FIBROCIMENTO FORNECIMENTO E INSTALAÇÃO. AF_06/2016"]
[]
["LOCAL",null,null,null,"QUANT.","COMP. (M)",null,"LARG. (M)",null,"ÁREA TOTAL (M²)",null,"TRANSP","OBS"]
["Instalações de incêndio",null,null,null,1,{"$nulls":7},"Conforme projeto de incêndio"]
[]
[{"$nulls":11},"Total levantado",null,null,{"$f":"E2173","v":1}]
[]
["15.11","TÊ, EM FERRO GALVANIZADO, CONEXÃO ROSQUEADA, DN 65 (2 1/2), INSTALADO EM RESERVAÇÃO DE ÁGUA DE EDIFICAÇÃO QUE POSSUA RESERVATÓRIO DE FIBRA/FIBROCIMENTO FORNECIMENTO E INSTALAÇÃO. AF_06/2016"]
[]
["LOCAL",null,null,null,"QUANT.","COMP. (M)",null,"LARG. (M)",null,"ÁREA TOTAL (M²)",null,"TRANSP","OBS"]
["Instalações de incêndio",null,null,null,6,{"$nulls":7},"Conforme projeto de incêndio"]
[]
[{"$nulls":11},"Total levantado",null,null,{"$f":"E2180","v":6}]
[]
["15.12","TÊ, EM FERRO GALVANIZADO, CONEXÃO ROSQUEADA, DN 80 (3), INSTALADO EM RESERVAÇÃO DE ÁGUA DE EDIFICAÇÃO QUE POSSUA RESERVATÓRIO DE FIBRA/FIBROCIMENTO FORNECIMENTO E INSTALAÇÃO. AF_06/2016"]
[]
["LOCAL",null,null,null,"QUANT.","COMP. (M)",null,"LARG. (M)",null,"ÁREA TOTAL (M²)",null,"TRANSP","OBS"]
["Instalações de incêndio",null,null,null,2,{"$nulls":7},"Conforme projeto de incêndio"]
[]
[{"$nulls":11},"Total levantado",null,null,{"$f":"E2187","v":2}]
[]
["15.13","CONJUNTO HIDRÁULICO PARA INSTALAÇÃO DE BOMBA EM AÇO ROSCÁVEL, DN SUCÇÃO 32 (1 1/4) E DN RECALQUE 25 (1), PARA EDIFICAÇÃO ATÉ 4 PAVIMENTOS FORNECIMENTO E INSTALAÇÃO. AF_06/2016"]
[]
["LOCAL",null,null,null,"QUANT.","COMP. (M)",null,"LARG. (M)",null,"ÁREA TOTAL (M²)",null,"TRANSP","OBS"]
["Instalações de incêndio",null,null,null,1,{"$nulls":7},"Conforme projeto de incêndio"]
[]
[{"$nulls":11},"Total levantado",null,null,{"$f":"E2194","v":1}]
[]
["15.14","CURVA 90 GRAUS, EM AÇO, CONEXÃO RANHURADA, DN 65 (2 1/2\"), INSTALADO EM PRUMADAS - FORNECIMENTO E INSTALAÇÃO. AF_10/2020"]
[]
["LOCAL",null,null,null,"QUANT.","COMP. (M)",null,"LARG. (M)",null,"ÁREA TOTAL (M²)",null,"TRANSP","OBS"]
["Instalações de incêndio",null,null,null,14,{"$nulls":7},"Conforme projeto de incêndio"]
[]
[{"$nulls":11},"Total levantado",null,null,{"$f":"E2201","v":14}]
[]
["15.15","CURVA 90 GRAUS, EM AÇO, CONEXÃO RANHURADA, DN 80 (3\"), INSTALADO EM PRUMADAS - FORNECIMENTO E INSTALAÇÃO. AF_10/2020"]
[]
["LOCAL",null,null,null,"QUANT.","COMP. (M)",null,"LARG. (M)",null,"ÁREA TOTAL (M²)",null,"TRANSP","OBS"]
["Instalações de incêndio",null,null,null,5,{"$nulls":7},"Conforme projeto de incêndio"]
[]
[{"$nulls":11},"Total levantado",null,null,{"$f":"E2208","v":5}]
[]
["15.16","ABRIGO PARA HIDRANTE, 90X60X17CM, COM REGISTRO GLOBO ANGULAR 45 GRAUS 2 1/2\", ADAPTADOR STORZ 2 1/2\", MANGUEIRA DE INCÊNDIO 20M, REDUÇÃO 2 1/2\" X 1 1/2\" E ESGUICHO EM LATÃO 1 1/2\" - FORNECIMENTO E INSTALAÇÃO. AF_10/2020"]
[]
["LOCAL",null,null,null,"QUANT.","COMP. (M)",null,"LARG. (M)",null,"ÁREA TOTAL (M²)",null,"TRANSP","OBS"]
["Instalações de incêndio",null,null,null,1,{"$nulls":7},"Conforme projeto de incêndio"]
[]
[{"$nulls":11},"Total levantado",null,null,{"$f":"E2215","v":1}]
[]
["15.17","HIDRANTE SUBTERRÂNEO PREDIAL (COM CURVA LONGA E CAIXA), DN 75 MM - FORNECIMENTO E INSTALAÇÃO. AF_10/2020"]
[]
["LOCAL",null,null,null,"QUANT.","COMP. (M)",null,"LARG. (M)",null,"ÁREA TOTAL (M²)",null,"TRANSP","OBS"]
["Instalações de incêndio",null,null,null,1,{"$nulls":7},"Conforme projeto de incêndio"]
[]
[{"$nulls":11},"Total levantado",null,null,{"$f":"E2222","v":1}]
[]
["15.18","REGISTRO DE GAVETA BRUTO, LATÃO, ROSCÁVEL, 2 1/2\" - FORNECIMENTO E INSTALAÇÃO. AF_08/2021"]
[]
["LOCAL",null,null,null,"QUANT.","COMP. (M)",null,"LARG. (M)",null,"ÁREA TOTAL (M²)",null,"TRANSP","OBS"]
["Instalações de incêndio",null,null,null,3,{"$nulls":7},"Conforme projeto de incêndio"]
[]
[{"$nulls":11},"Total levantado",null,null,{"$f":"E2229","v":3}]
[]
["15.19","REGISTRO DE GAVETA BRUTO, LATÃO, ROSCÁVEL, 3\" - FORNECIMENTO E INSTALAÇÃO. AF_08/2021"]
[]
["LOCAL",null,null,null,"QUANT.","COMP. (M)",null,"LARG. (M)",null,"ÁREA TOTAL (M²)",null,"TRANSP","OBS"]
["Instalações de incêndio",null,null,null,3,{"$nulls":7},"Conforme projeto de incêndio"]
[]
[{"$nulls":11},"Total levantado",null,null,{"$f":"E2236","v":3}]
[]
["15.20","VÁLVULA DE RETENÇÃO VERTICAL, DE BRONZE, ROSCÁVEL, 2 1/2\" - FORNECIMENTO E INSTALAÇÃO. AF_08/2021"]
[]
["LOCAL",null,null,null,"QUANT.","COMP. (M)",null,"LARG. (M)",null,"ÁREA TOTAL (M²)",null,"TRANSP","OBS"]
["Instalações de incêndio",null,null,null,2,{"$nulls":7},"Conforme projeto de incêndio"]
[]
[{"$nulls":11},"Total levantado",null,null,{"$f":"E2243","v":2}]
[]
["15.21","MANÔMETRO 0 A 200 PSI (0 A 14 KGF/CM2), D = 50MM - FORNECIMENTO E INSTALAÇÃO. AF_10/2020"]
[]
["LOCAL",null,null,null,"QUANT.","COMP. (M)",null,"LARG. (M)",null,"ÁREA TOTAL (M²)",null,"TRANSP","OBS"]
["Instalações de incêndio",null,null,null,1,{"$nulls":7},"Conforme projeto de incêndio"]
[]
[{"$nulls":11},"Total levantado",null,null,{"$f":"E2250","v":1}]
[]
["16.1","FORRO EM DRYWALL, PARA AMBIENTES COMERCIAIS, INCLUSIVE ESTRUTURA DE FIXAÇÃO. AF_05/2017_PS"]
[]
["LOCAL",null,null,null,"QUANT.","COMP. (M)",null,"LARG. (M)",null,"ÁREA TOTAL (M²)",null,"TRANSP","OBS"]
["Área interna",null,null,null,1,{"$nulls":4},1916.83,null,null,"Mesma área do contrapiso"]
["Área externa",null,null,null,1,{"$nulls":4},45.9,null,null,"Marquise"]
[]
[{"$nulls":11},"Total levantado",null,null,{"$f":"J2257+J2258","v":1962.73}]
[]
["16.2","ACABAMENTOS PARA FORRO (MOLDURA EM DRYWALL, COM LARGURA DE 15 CM). AF_ 05/2017_PS"]
[]
["LOCAL",null,null,null,"QUANT.","COMP. (M)",null,"LARG. (M)",null,"ÁREA TOTAL (M²)",null,"TRANSP","OBS"]
["Área interna",null,null,null,1,1663.5]
[]
[{"$nulls":11},"Total levantado",null,null,{"$f":"F2265","v":1663.5}]
[]
["16.3","APLICAÇÃO MANUAL DE FUNDO SELADOR ACRÍLICO EM PANOS COM PRESENÇA DE VÃOS DE EDIFÍCIOS DE MÚLTIPLOS PAVIMENTOS. AF_06/2014"]
[]
["LOCAL",null,null,null,"QUANT.","ÁREA DE ALVENARIA (M²)","VÃOS DE PORTAS (M²)","VÃOS DE JANELAS (M²)","ÁREA COM REVESTIMENTO CERÂMICO (M²)","ÁREA TOTAL (M²)",null,"TRANSP","OBS"]
["Área interna",null,null,null,1,{"$f":"F2279","v":1095.6300000000001}]
[]
[{"$nulls":11},"Total levantado",null,null,{"$f":"F2272","v":1095.6300000000001}]
[]
["16.4","APLICAÇÃO MANUAL DE MASSA ACRÍLICA EM PANOS DE FACHADA COM PRESENÇA DE VÃOS, DE EDIFÍCIOS DE MÚLTIPLOS PAVIMENTOS, UMA DEMÃO. AF_05/2017"]
[]
["LOCAL",null,null,null,"QUANT.","ÁREA DE ALVENARIA (M²)","VÃOS DE PORTAS (M²)","VÃOS DE JANELAS (M²)","ÁREA COM REVESTIMENTO CERÂMICO (M²)","ÁREA TOTAL (M²)",null,"TRANSP","OBS"]
["Área interna",null,null,null,1,{"$f":"L684+L702+L706+L734+L738+L755+L756+L789+L790","v":1095.6300000000001}]
[]
[{"$nulls":11},"Total levantado",null,null,{"$f":"F2279","v":1095.6300000000001}]
[]
["16.5","APLICAÇÃO MANUAL DE PINTURA COM TINTA TEXTURIZADA ACRÍLICA EM PANOS COM PRESENÇA DE VÃOS DE EDIFÍCIOS DE MÚLTIPLOS PAVIMENTOS, UMA COR. AF_06/2014"]
[]
["LOCAL",null,null,null,"QUANT.","COMP. (M)",null,"LARG. (M)",null,"ÁREA TOTAL (M²)",null,"TRANSP","OBS"]
["Área interna",null,null,null,1,{"$nulls":4},1095.6300000000001]
[]
[{"$nulls":11},"Total levantado",null,null,{"$f":"J2286","v":1095.6300000000001}]
[]
["16.6","APLICAÇÃO DE FUNDO SELADOR ACRÍLICO EM TETO, UMA DEMÃO. AF_06/2014"]
[]
["LOCAL",null,null,null,"QUANT.","COMP. (M)",null,"LARG. (M)",null,"ÁREA TOTAL (M²)",null,"TRANSP","OBS"]
["Área interna",null,null,null,1]
[]
[{"$nulls":11},"Total levantado",null,null,{"$f":"O2260","v":1962.73}]
[]
["16.7","APLICAÇÃO DE FUNDO SELADOR ACRÍLICO EM PAREDES, UMA DEMÃO. AF_06/2014"]
[]
["LOCAL",null,null,null,"QUANT.","ÁREA DE ALVENARIA (M²)","VÃOS DE PORTAS (M²)","VÃOS DE JANELAS (M²)","ÁREA COM REVESTIMENTO CERÂMICO (M²)","ÁREA PAREDES EXTERNAS (M²)","ÁREA TOTAL (M²)","TRANSP","OBS"]
["Área interna",null,null,null,1,{"$f":"2744.82*2","v":5489.64},260.42,294.82,337.42,{"$f":"F2279","v":1095.6300000000001},{"$f":"F2300-G2300-H2300-I2300-J2300","v":3501.35}]
[]
[{"$nulls":11},"Total levantado",null,null,{"$f":"K2300","v":3501.35}]
[]
["16.8","APLICAÇÃO E LIXAMENTO DE MASSA LÁTEX EM TETO, UMA DEMÃO. AF_06/2014"]
[]
["LOCAL",null,null,null,"QUANT.","COMP. (M)",null,"LARG. (M)",null,"ÁREA TOTAL (M²)",null,"TRANSP","OBS"]
["Área interna",null,null,null,1,{"$nulls":4},{"$f":"O2295","v":1962.73}]
[]
[{"$nulls":11},"Total levantado",null,null,{"$f":"J2307","v":1962.73}]
[]
["16.9","APLICAÇÃO E LIXAMENTO DE MASSA LÁTEX EM PAREDES, UMA DEMÃO. AF_06/2014"]
[]
["LOCAL",null,null,null,"QUANT.","COMP. (M)",null,"LARG. (M)",null,"ÁREA TOTAL (M²)",null,"TRANSP","OBS"]
["Área interna",null,null,null,1,{"$nulls":4},{"$f":"O2302","v":3501.35}]
[]
[{"$nulls":11},"Total levantado",null,null,{"$f":"J2314","v":3501.35}]
[]
["16.10","APLICAÇÃO MANUAL DE PINTURA COM TINTA LÁTEX ACRÍLICA EM TETO, DUAS DEMÃOS. AF_06/2014"]
[]
["LOCAL",null,null,null,"QUANT.","COMP. (M)",null,"LARG. (M)",null,"ÁREA TOTAL (M²)",null,"TRANSP","OBS"]
["Área interna",null,null,null,1,{"$nulls":4},{"$f":"O2309","v":1962.73}]
[]
[{"$nulls":11},"Total levantado",null,null,{"$f":"J2321","v":1962.73}]
[]
["16.11","APLICAÇÃO MANUAL DE PINTURA COM TINTA LÁTEX ACRÍLICA EM PAREDES, DUAS DEMÃOS. AF_06/2014"]
[]
["LOCAL",null,null,null,"QUANT.","COMP. (M)",null,"LARG. (M)",null,"ÁREA TOTAL (M²)",null,"TRANSP","OBS"]
["Área interna",null,null,null,1,{"$nulls":4},{"$f":"O2316","v":3501.35}]
[]
[{"$nulls":11},"Total levantado",null,null,{"$f":"J2328","v":3501.35}]
[]
["16.12","PINTURA FUNDO NIVELADOR ALQUÍDICO BRANCO EM MADEIRA. AF_01/2021"]
[]
["LOCAL",null,null,null,"QUANT.","ÁREA UNITÁRIA",null,"LADOS",null,"ACRÉSCIMO BATENTE (%)",null,"ÁREA TOTAL (M²)","OBS"]
["Portas 0,8x2,1",null,null,null,49,{"$f":"0.8*2.1","v":1.68},null,2,null,0.15,null,{"$f":"E2335*F2335*H2335*1.15","v":189.34}]
["Portas 0,9x2,1",null,null,null,7,{"$f":"0.9*2.1","v":1.89},null,2,null,0.15,null,30.43]
["Portas 1,2x2,1",null,null,null,3,{"$f":"1.2*2.1","v":2.52},null,2,null,0.15,null,17.39]
[]
[{"$nulls":11},"Total levantado",null,null,{"$f":"L2335+L2336+L2337","v":237.16}]
[]
["16.13","APLICAÇÃO MASSA ALQUÍDICA PARA MADEIRA, PARA PINTURA COM TINTA DE ACABAMENTO (PIGMENTADA). AF_01/2021"]
[]
["LOCAL",null,null,null,"QUANT.","COMP. (M)",null,"LARG. (M)",null,"ÁREA TOTAL (M²)",null,"TRANSP","OBS"]
["Área interna",null,null,null,1,{"$nulls":4},{"$f":"O2339","v":237.16}]
[]
[{"$nulls":11},"Total levantado",null,null,{"$f":"J2344","v":237.16}]
[]
["16.14","PINTURA TINTA DE ACABAMENTO (PIGMENTADA) ESMALTE SINTÉTICO FOSCO EM MADEIRA, 2 DEMÃOS. AF_01/2021"]
[]
["LOCAL",null,null,null,"QUANT.","COMP. (M)",null,"LARG. (M)",null,"ÁREA TOTAL (M²)",null,"TRANSP","OBS"]
["Área interna",null,null,null,1,{"$nulls":4},{"$f":"J2344","v":237.16}]
[]
[{"$nulls":11},"Total levantado",null,null,{"$f":"J2351","v":237.16}]
[]
["16.15","PINTURA COM TINTA ALQUÍDICA DE FUNDO E ACABAMENTO (ESMALTE SINTÉTICO GRAFITE) PULVERIZADA SOBRE SUPERFÍCIES METÁLICAS (EXCETO PERFIL) EXECUTADO EM OBRA (POR DEMÃO). AF_01/2020_P"]
[]
["LOCAL",null,null,null,"QUANT.","COMP. (M)",null,"LARG. (M)",null,"ÁREA TOTAL (M²)",null,"TRANSP","OBS"]
["Portão entrada",null,null,null,2,5,null,2.2000000000000002,null,{"$f":"F2358*H2358*E2358","v":22}]
[]
[{"$nulls":11},"Total levantado",null,null,{"$f":"J2358","v":22}]
[]
["16.16","PINTURA DE DEMARCAÇÃO DE VAGA COM TINTA EPÓXI, E = 10 CM, APLICAÇÃO MANUAL. AF_05/2021"]
[]
["LOCAL",null,null,null,"QUANT.","COMP. (M)",null,"LARG. (M)",null,"ÁREA TOTAL (M²)",null,"TRANSP","OBS"]
["Área interna",null,null,null,70,5,null,0.15,null,{"$f":"E2365*F2365*H2365","v":52.5}]
[]
[{"$nulls":11},"Total levantado",null,null,{"$f":"J2365","v":52.5}]
[]
["17.1","EXECUÇÃO DE PÁTIO/ESTACIONAMENTO EM PISO INTERTRAVADO, COM BLOCO RETANGULAR COR NATURAL DE 20 X 10 CM, ESPESSURA 8 CM. AF_12/2015"]
[]
["LOCAL",null,null,null,"QUANT.","COMP. (M)",null,"LARG. (M)",null,"ÁREA DA EDIFICAÇÃO (M²)","ÁREA TOTAL (M²)",null,"OBS"]
["Área externa",null,null,null,1,100,null,50,null,1000,{"$f":"F2372*H2372-J2372","v":4000}]
[]
[{"$nulls":11},"Total levantado",null,null,{"$f":"K2372","v":4000}]
[]
["17.2","ASSENTAMENTO DE GUIA (MEIO-FIO) EM TRECHO RETO, CONFECCIONADA EM CONCRETO PRÉ-FABRICADO, DIMENSÕES 100X15X13X30 CM (COMPRIMENTO X BASE INFERIOR X BASE SUPERIOR X ALTURA), PARA VIAS URBANAS (USO VIÁRIO). AF_06/2\n 016"]
[]
["LOCAL",null,null,null,"QUANT.","COMP. (M)",null,"LARG. (M)",null,"ÁREA TOTAL (M²)",null,"TRANSP","OBS"]
["Área externa",null,null,null,1,{"$f":"100+100+50+100","v":350},{"$nulls":6},"Perímetro da edificação + contornos de árvores existentes"]
[]
[{"$nulls":11},"Total levantado",null,null,{"$f":"F2379","v":350}]
[]
["17.3","PLANTIO DE GRAMA ESMERALDA OU SÃO CARLOS OU CURITIBANA, EM PLACAS. AF_ 05/2022"]
[]
["LOCAL",null,null,null,"QUANT.","COMP. (M)",null,"LARG. (M)",null,"ÁREA TOTAL (M²)",null,"TRANSP","OBS"]
["Jardim",null,null,null,1,{"$nulls":4},100]
[]
[{"$nulls":11},"Total levantado",null,null,{"$f":"J2386","v":100}]
[]
["17.4","INSTALAÇÃO DE LIXEIRA METÁLICA DUPLA, CAPACIDADE DE 60 L, EM TUBO DE AÇO CARBONO E CESTOS EM CHAPA DE AÇO COM PINTURA ELETROSTÁTICA, SOBRE PISO DE CONCRETO EXISTENTE. AF_11/2021"]
[]
["LOCAL",null,null,null,"QUANT.","COMP. (M)",null,"LARG. (M)",null,"ÁREA TOTAL (M²)",null,"TRANSP","OBS"]
["Área externa",null,null,null,5]
[]
[{"$nulls":11},"Total levantado",null,null,{"$f":"E2393","v":5}]
[]
["17.5","ALAMBRADO EM MOURÕES DE CONCRETO, COM TELA DE ARAME GALVANIZADO (INCLUSIVE MURETA EM CONCRETO). AF_05/2018"]
[]
["LOCAL",null,null,null,"QUANT.","COMP. (M)",null,"LARG. (M)",null,"ÁREA TOTAL (M²)",null,"TRANSP","OBS"]
["Área externa",null,null,null,1,{"$f":"100+50","v":150},{"$nulls":6},"Lateral e fundo da edificação"]
[]
[{"$nulls":11},"Total levantado",null,null,{"$f":"F2400","v":150}]
[]
["18.1","MOBILIZAÇÃO E DESMOBILIZAÇÃO DE OBRA"]
[]
["LOCAL",null,null,null,"QUANT.","COMP. (M)",null,"LARG. (M)",null,"ÁREA TOTAL (M²)",null,"TRANSP","OBS"]
["Mobilização e desmobilização",null,null,null,1]
[]
[{"$nulls":11},"Total levantado",null,null,{"$f":"E2407","v":1}]
[]
["19.1","ENGENHEIRO CIVIL DE OBRA PLENO COM ENCARGOS COMPLEMENTARES"]
[]
["LOCAL",null,null,null,"QUANT.","HORA",null,"MÊS",null,"ÁREA TOTAL (M²)",null,"TRANSP","OBS"]
["Execução de obra",null,null,null,1,null,null,12]
[]
[{"$nulls":11},"Total levantado",null,null,{"$f":"H2414","v":12}]
[]
["19.2","ENCARREGADO GERAL DE OBRAS COM ENCARGOS COMPLEMENTARES"]
[]
["LOCAL",null,null,null,"QUANT.","HORA",null,"MÊS",null,"ÁREA TOTAL (M²)",null,"TRANSP","OBS"]
["Execução de obra",null,null,null,1,null,null,12]
[]
[{"$nulls":11},"Total levantado",null,null,{"$f":"H2421","v":12}]
[]
["19.3","TOPOGRAFO COM ENCARGOS COMPLEMENTARES"]
[]
["LOCAL",null,null,null,"QUANT.","HORA",null,"MÊS",null,"ÁREA TOTAL (M²)",null,"TRANSP","OBS"]
["Execução de obra",null,null,null,1,null,null,3]
[]
[{"$nulls":11},"Total levantado",null,null,{"$f":"H2428","v":3}]
[]
["19.4","ALMOXARIFE COM ENCARGOS COMPLEMENTARES"]
[]
["LOCAL",null,null,null,"QUANT.","HORA",null,"MÊS",null,"ÁREA TOTAL (M²)",null,"TRANSP","OBS"]
["Execução de obra",null,null,null,1,null,null,11]
[]
[{"$nulls":11},"Total levantado",null,null,{"$f":"H2435","v":11}]
[]
["19.5","VIGIA NOTURNO COM ENCARGOS COMPLEMENTARES"]
[]
["LOCAL",null,null,null,"QUANT.","HORA",null,"MÊS",null,"ÁREA TOTAL (M²)",null,"TRANSP","OBS"]
["Execução de obra",null,null,null,1,{"$f":"365*12","v":4380}]
[]
[{"$nulls":11},"Total levantado",null,null,{"$f":"F2442","v":4380}]
[]
["19.6","ENGENHEIRO ELETRICISTA COM ENCARGOS COMPLEMENTARES"]
[]
["LOCAL",null,null,null,"QUANT.","HORA",null,"MÊS",null,"ÁREA TOTAL (M²)",null,"TRANSP","OBS"]
["Execução de obra",null,null,null,1,{"$f":"90*2","v":180}]
[]
[{"$nulls":11},"Total levantado",null,null,{"$f":"F2449","v":180}]
[]
[]
["FISCALIZAÇÃO/PREFEITURA",{"$nulls":9},"SERÁ MEDIDO E PAGO OS ITENS E QUANTITATIVOS EFETIVAMENTE EXECUTADOS",{"$nulls":5},{"$f":"125-32","v":93}]
[]
[]
[]
["LUIS FERNANDO ANTUNES LIMA"]
["ENGENHEIRO CIVIL CREA 186819/D"]
[]
["Macapá, 28 de novembro de 2022."]

{"sheet":"Planilha de BDI S. DESON","index":4,"n_rows":26,"n_cols":9,"rows_kept":26,"cut":false,"hidden":false,"merged":[[19,6,19,8],[22,1,22,3],[23,1,23,3],[16,0,19,0],[0,0,1,1],[8,0,9,8],[11,6,13,8],[14,6,18,8],[20,4,23,8],[17,1,17,2],[17,4,17,5],[18,1,18,2],[18,4,18,5],[19,4,19,5],[14,0,14,2],[14,4,14,5],[15,0,15,2],[15,4,15,5],[16,1,16,2],[16,4,16,5],[11,0,11,2],[11,4,11,5],[12,0,12,2],[12,4,12,5],[13,0,13,2],[13,4,13,5],[5,0,5,8],[6,0,6,8],[7,0,7,8],[10,0,10,2],[10,4,10,5],[10,6,10,7],[0,2,0,8],[1,2,1,8],[2,0,2,8],[3,0,3,8],[4,0,4,8]]}
[null,null,"MINISTÉRIO DO DESENVOLVIMENTO REGIONAL"]
[null,null,"COMPANHIA DE DESENVOLVIMENTO DOS VALES DO SÃO FRANCISCO E PARNAÍBA"]
["DEMONSTRATIVO DE CÁLCULO DOS BENEFÍCIOS E DESPESAS INDIRETAS - BDI"]
[]
["PROPONENTE: COMPANHIA DE DESENVOLVIMENTO DOS VALES DO SÃO FRANCISCO E PARNAÍBA"]
["EMPREENDIMENTO: CONSTRUÇÃO DA SEDE DA 11ª SUPERINTENDÊNCIA REGIONAL DA CODEVASF NO MUNICÍPIO DE MACAPÁ/AP"]
["LOCAL: RODOVIA JOSMAR CHAVES PINTO, KM 05, S/N, UNIVERSIDADE, MACAPA/AP."]
[{"$f":"'MEMORIA DE CÁLCULO'!A4:C4","v":"Data: Jan/23"}]
["MEMÓRIA DE CÁLCULO"]
[]
["Composição do BDI ",null,null,"Intervalos de Referência","Composição adotada",null,"BDI  Proposto:",null,{"$f":"((((1+E12+E15+E16))*(1+E14)*(1+E13))/(1-(E17+E18+E19+E20))-1)","v":0.23080000000000001}]
["Administração Central (AC)",null,null,"De 3,00 % até 5,5%",0.04]
["Lucro (L)",null,null,"De 6,16 % até 8,96%",7.5999999999999998E-2]
["Despesas Financeiras (DF)",null,null,"De 0,59 % até 1,39%",1.23E-2]
["Seguros (S) + Garantias (G)",null,null,"De 0,80 % até 1,00%",8.5000000000000006E-3,null,"Observação:                                                 Composição do BDI, intervalos admissíveis e Fórmula de Cálculo nos termos do Acórdão 2622/2013 do TCU."]
["Riscos (R) ",null,null,"De 0,97 % até 1,27%",1.2E-2]
["Tributos (I)","PIS",null,6.4999999999999997E-3,6.4999999999999997E-3]
[null,"COFINS",null,0.03,0.03]
[null,"CPRB",null,4.4999999999999998E-2]
[null,"ISS",null,"De 2,0 % até 5,0%",2.5000000000000001E-2,null,"Coloca-se  50% do valor do ISS do munícipio. Verificar primeiro a legislação municipal."]
[null,null,"_____________________________________________________",null,"Obs.: Folha de pagamento sem desoneração."]
[null,null,{"$f":"'PLANILHA SEM DESONERAÇÃO'!C370","v":"LUIS FERNANDO ANTUNES LIMA"}]
[null,{"$f":"'PLANILHA SEM DESONERAÇÃO'!C371","v":"ANALISTA DE DESENVOLVIMENTO REGIONAL"}]
[null,{"$f":"'PLANILHA SEM DESONERAÇÃO'!C372","v":"ENGENHEIRO CIVIL - CREA 186819/D"}]
[]
[null,""]

{"sheet":"CRONOGRAMA (2)","index":5,"n_rows":79,"n_cols":16369,"rows_kept":79,"cut":false,"hidden":false,"merged":[[4,16240,5,16255],[4,16256,5,16271],[4,16272,5,16287],[4,16288,5,16303],[4,16304,5,16319],[4,16320,5,16335],[4,16336,5,16351],[4,16352,5,16367],[4,16368,5,16383],[4,15968,5,15983],[4,15984,5,15999],[4,16000,5,16015],[4,16016,5,16031],[4,16032,5,16047],[4,16048,5,16063],[4,16064,5,16079],[4,16080,5,16095],[4,16096,5,16111],[4,16112,5,16127],[4,16128,5,16143],[4,16144,5,16159],[4,16160,5,16175],[4,16176,5,16191],[4,16192,5,16207],[4,16208,5,16223],[4,16224,5,16239],[4,15696,5,15711],[4,15712,5,15727],[4,15728,5,15743],[4,15744,5,15759],[4,15760,5,15775],[4,15776,5,15791],[4,15792,5,15807],[4,15808,5,15823],[4,15824,5,15839],[4,15840,5,15855],[4,15856,5,15871],[4,15872,5,15887],[4,15888,5,15903],[4,15904,5,15919],[4,15920,5,15935],[4,15936,5,15951],[4,15952,5,15967],[4,15424,5,15439],[4,15440,5,15455],[4,15456,5,15471],[4,15472,5,15487],[4,15488,5,15503],[4,15504,5,15519],[4,15520,5,15535],[4,15536,5,15551],[4,15552,5,15567],[4,15568,5,15583],[4,15584,5,15599],[4,15600,5,15615],[4,15616,5,15631],[4,15632,5,15647],[4,15648,5,15663],[4,15664,5,15679],[4,15680,5,15695],[4,15152,5,15167],[4,15168,5,15183],[4,15184,5,15199],[4,15200,5,15215],[4,15216,5,15231],[4,15232,5,15247],[4,15248,5,15263],[4,15264,5,15279],[4,15280,5,15295],[4,15296,5,15311],[4,15312,5,15327],[4,15328,5,15343],[4,15344,5,15359],[4,15360,5,15375],[4,15376,5,15391],[4,15392,5,15407],[4,15408,5,15423],[4,14880,5,14895],[4,14896,5,14911],[4,14912,5,14927],[4,14928,5,14943],[4,14944,5,14959],[4,14960,5,14975],[4,14976,5,14991],[4,14992,5,15007],[4,15008,5,15023],[4,15024,5,15039],[4,15040,5,15055],[4,15056,5,15071],[4,15072,5,15087],[4,15088,5,15103],[4,15104,5,15119],[4,15120,5,15135],[4,15136,5,15151],[4,14608,5,14623],[4,14624,5,14639],[4,14640,5,14655],[4,14656,5,14671],[4,14672,5,14687],[4,14688,5,14703],[4,14704,5,14719],[4,14720,5,14735],[4,14736,5,14751],[4,14752,5,14767],[4,14768,5,14783],[4,14784,5,14799],[4,14800,5,14815],[4,14816,5,14831],[4,14832,5,14847],[4,14848,5,14863],[4,14864,5,14879],[4,14336,5,14351],[4,14352,5,14367],[4,14368,5,14383],[4,14384,5,14399],[4,14400,5,14415],[4,14416,5,14431],[4,14432,5,14447],[4,14448,5,14463],[4,14464,5,14479],[4,14480,5,14495],[4,14496,5,14511],[4,14512,5,14527],[4,14528,5,14543],[4,14544,5,14559],[4,14560,5,14575],[4,14576,5,14591],[4,14592,5,14607],[4,14064,5,14079],[4,14080,5,14095],[4,14096,5,14111],[4,14112,5,14127],[4,14128,5,14143],[4,14144,5,14159],[4,14160,5,14175],[4,14176,5,14191],[4,14192,5,14207],[4,14208,5,14223],[4,14224,5,14239],[4,14240,5,14255],[4,14256,5,14271],[4,14272,5,14287],[4,14288,5,14303],[4,14304,5,14319],[4,14320,5,14335],[4,13792,5,13807],[4,13808,5,13823],[4,13824,5,13839],[4,13840,5,13855],[4,13856,5,13871],[4,13872,5,13887],[4,13888,5,13903],[4,13904,5,13919],[4,13920,5,13935],[4,13936,5,13951],[4,13952,5,13967],[4,13968,5,13983],[4,13984,5,13999],[4,14000,5,14015],[4,14016,5,14031],[4,14032,5,14047],[4,14048,5,14063],[4,13520,5,13535],[4,13536,5,13551],[4,13552,5,13567],[4,13568,5,13583],[4,13584,5,13599],[4,13600,5,13615],[4,13616,5,13631],[4,13632,5,13647],[4,13648,5,13663],[4,13664,5,13679],[4,13680,5,13695],[4,13696,5,13711],[4,13712,5,13727],[4,13728,5,13743],[4,13744,5,13759],[4,13760,5,13775],[4,13776,5,13791],[4,13248,5,13263],[4,13264,5,13279],[4,13280,5,13295],[4,13296,5,13311],[4,13312,5,13327],[4,13328,5,13343],[4,13344,5,13359],[4,13360,5,13375],[4,13376,5,13391],[4,13392,5,13407],[4,13408,5,13423],[4,13424,5,13439],[4,13440,5,13455],[4,13456,5,13471],[4,13472,5,13487],[4,13488,5,13503],[4,13504,5,13519],[4,12976,5,12991],[4,12992,5,13007],[4,13008,5,13023],[4,13024,5,13039],[4,13040,5,13055],[4,13056,5,13071],[4,13072,5,13087],[4,13088,5,13103],[4,13104,5,13119],[4,13120,5,13135],[4,13136,5,13151],[4,13152,5,13167],[4,13168,5,13183],[4,13184,5,13199],[4,13200,5,13215],[4,13216,5,13231],[4,13232,5,13247],[4,12704,5,12719],[4,12720,5,12735],[4,12736,5,12751],[4,12752,5,12767],[4,12768,5,12783],[4,12784,5,12799],[4,12800,5,12815],[4,12816,5,12831],[4,12832,5,12847],[4,12848,5,12863],[4,12864,5,12879],[4,12880,5,12895],[4,12896,5,12911],[4,12912,5,12927],[4,12928,5,12943],[4,12944,5,12959],[4,12960,5,12975],[4,12432,5,12447],[4,12448,5,12463],[4,12464,5,12479],[4,12480,5,12495],[4,12496,5,12511],[4,12512,5,12527],[4,12528,5,12543],[4,12544,5,12559],[4,12560,5,12575],[4,12576,5,12591],[4,12592,5,12607],[4,12608,5,12623],[4,12624,5,12639],[4,12640,5,12655],[4,12656,5,12671],[4,12672,5,12687],[4,12688,5,12703],[4,12160,5,12175],[4,12176,5,12191],[4,12192,5,12207],[4,12208,5,12223],[4,12224,5,12239],[4,12240,5,12255],[4,12256,5,12271],[4,12272,5,12287],[4,12288,5,12303],[4,12304,5,12319],[4,12320,5,12335],[4,12336,5,12351],[4,12352,5,12367],[4,12368,5,12383],[4,12384,5,12399],[4,12400,5,12415],[4,12416,5,12431],[4,11888,5,11903],[4,11904,5,11919],[4,11920,5,11935],[4,11936,5,11951],[4,11952,5,11967],[4,11968,5,11983],[4,11984,5,11999],[4,12000,5,12015],[4,12016,5,12031],[4,12032,5,12047],[4,12048,5,12063],[4,12064,5,12079],[4,12080,5,12095],[4,12096,5,12111],[4,12112,5,12127],[4,12128,5,12143],[4,12144,5,12159],[4,11616,5,11631],[4,11632,5,11647],[4,11648,5,11663],[4,11664,5,11679],[4,11680,5,11695],[4,11696,5,11711],[4,11712,5,11727],[4,11728,5,11743],[4,11744,5,11759],[4,11760,5,11775],[4,11776,5,11791],[4,11792,5,11807],[4,11808,5,11823],[4,11824,5,11839],[4,11840,5,11855],[4,11856,5,11871],[4,11872,5,11887],[4,11344,5,11359],[4,11360,5,11375],[4,11376,5,11391],[4,11392,5,11407],[4,11408,5,11423],[4,11424,5,11439],[4,11440,5,11455],[4,11456,5,11471],[4,11472,5,11487],[4,11488,5,11503],[4,11504,5,11519],[4,11520,5,11535],[4,11536,5,11551],[4,11552,5,11567],[4,11568,5,11583],[4,11584,5,11599],[4,11600,5,11615],[4,11072,5,11087],[4,11088,5,11103],[4,11104,5,11119],[4,11120,5,11135],[4,11136,5,11151],[4,11152,5,11167],[4,11168,5,11183],[4,11184,5,11199],[4,11200,5,11215],[4,11216,5,11231],[4,11232,5,11247],[4,11248,5,11263],[4,11264,5,11279],[4,11280,5,11295],[4,11296,5,11311],[4,11312,5,11327],[4,11328,5,11343],[4,10800,5,10815],[4,10816,5,10831],[4,10832,5,10847],[4,10848,5,10863],[4,10864,5,10879],[4,10880,5,10895],[4,10896,5,10911],[4,10912,5,10927],[4,10928,5,10943],[4,10944,5,10959],[4,10960,5,10975],[4,10976,5,10991],[4,10992,5,11007],[4,11008,5,11023],[4,11024,5,11039],[4,11040,5,11055],[4,11056,5,11071],[4,10528,5,10543],[4,10544,5,10559],[4,10560,5,10575],[4,10576,5,10591],[4,10592,5,10607],[4,10608,5,10623],[4,10624,5,10639],[4,10640,5,10655],[4,10656,5,10671],[4,10672,5,10687],[4,10688,5,10703],[4,10704,5,10719],[4,10720,5,10735],[4,10736,5,10751],[4,10752,5,10767],[4,10768,5,10783],[4,10784,5,10799],[4,10256,5,10271],[4,10272,5,10287],[4,10288,5,10303],[4,10304,5,10319],[4,10320,5,10335],[4,10336,5,10351],[4,10352,5,10367],[4,10368,5,10383],[4,10384,5,10399],[4,10400,5,10415],[4,10416,5,10431],[4,10432,5,10447],[4,10448,5,10463],[4,10464,5,10479],[4,10480,5,10495],[4,10496,5,10511],[4,10512,5,10527],[4,9984,5,9999],[4,10000,5,10015],[4,10016,5,10031],[4,10032,5,10047],[4,10048,5,10063],[4,10064,5,10079],[4,10080,5,10095],[4,10096,5,10111],[4,10112,5,10127],[4,10128,5,10143],[4,10144,5,10159],[4,10160,5,10175],[4,10176,5,10191],[4,10192,5,10207],[4,10208,5,10223],[4,10224,5,10239],[4,10240,5,10255],[4,9712,5,9727],[4,9728,5,9743],[4,9744,5,9759],[4,9760,5,9775],[4,9776,5,9791],[4,9792,5,9807],[4,9808,5,9823],[4,9824,5,9839],[4,9840,5,9855],[4,9856,5,9871],[4,9872,5,9887],[4,9888,5,9903],[4,9904,5,9919],[4,9920,5,9935],[4,9936,5,9951],[4,9952,5,9967],[4,9968,5,9983],[4,9440,5,9455],[4,9456,5,9471],[4,9472,5,9487],[4,9488,5,9503],[4,9504,5,9519],[4,9520,5,9535],[4,9536,5,9551],[4,9552,5,9567],[4,9568,5,9583],[4,9584,5,9599],[4,9600,5,9615],[4,9616,5,9631],[4,9632,5,9647],[4,9648,5,9663],[4,9664,5,9679],[4,9680,5,9695],[4,9696,5,9711],[4,9168,5,9183],[4,9184,5,9199],[4,9200,5,9215],[4,9216,5,9231],[4,9232,5,9247],[4,9248,5,9263],[4,9264,5,9279],[4,9280,5,9295],[4,9296,5,9311],[4,9312,5,9327],[4,9328,5,9343],[4,9344,5,9359],[4,9360,5,9375],[4,9376,5,9391],[4,9392,5,9407],[4,9408,5,9423],[4,9424,5,9439],[4,8896,5,8911],[4,8912,5,8927],[4,8928,5,8943],[4,8944,5,8959],[4,8960,5,8975],[4,8976,5,8991],[4,8992,5,9007],[4,9008,5,9023],[4,9024,5,9039],[4,9040,5,9055],[4,9056,5,9071],[4,9072,5,9087],[4,9088,5,9103],[4,9104,5,9119],[4,9120,5,9135],[4,9136,5,9151],[4,9152,5,9167],[4,8624,5,8639],[4,8640,5,8655],[4,8656,5,8671],[4,8672,5,8687],[4,8688,5,8703],[4,8704,5,8719],[4,8720,5,8735],[4,8736,5,8751],[4,8752,5,8767],[4,8768,5,8783],[4,8784,5,8799],[4,8800,5,8815],[4,8816,5,8831],[4,8832,5,8847],[4,8848,5,8863],[4,8864,5,8879],[4,8880,5,8895],[4,8352,5,8367],[4,8368,5,8383],[4,8384,5,8399],[4,8400,5,8415],[4,8416,5,8431],[4,8432,5,8447],[4,8448,5,8463],[4,8464,5,8479],[4,8480,5,8495],[4,8496,5,8511],[4,8512,5,8527],[4,8528,5,8543],[4,8544,5,8559],[4,8560,5,8575],[4,8576,5,8591],[4,8592,5,8607],[4,8608,5,8623],[4,8080,5,8095],[4,8096,5,8111],[4,8112,5,8127],[4,8128,5,8143],[4,8144,5,8159],[4,8160,5,8175],[4,8176,5,8191],[4,8192,5,8207],[4,8208,5,8223],[4,8224,5,8239],[4,8240,5,8255],[4,8256,5,8271],[4,8272,5,8287],[4,8288,5,8303],[4,8304,5,8319],[4,8320,5,8335],[4,8336,5,8351],[4,7808,5,7823],[4,7824,5,7839],[4,7840,5,7855],[4,7856,5,7871],[4,7872,5,7887],[4,7888,5,7903],[4,7904,5,7919],[4,7920,5,7935],[4,7936,5,7951],[4,7952,5,7967],[4,7968,5,7983],[4,7984,5,7999],[4,8000,5,8015],[4,8016,5,8031],[4,8032,5,8047],[4,8048,5,8063],[4,8064,5,8079],[4,7536,5,7551],[4,7552,5,7567],[4,7568,5,7583],[4,7584,5,7599],[4,7600,5,7615],[4,7616,5,7631],[4,7632,5,7647],[4,7648,5,7663],[4,7664,5,7679],[4,7680,5,7695],[4,7696,5,7711],[4,7712,5,7727],[4,7728,5,7743],[4,7744,5,7759],[4,7760,5,7775],[4,7776,5,7791],[4,7792,5,7807],[4,7264,5,7279],[4,7280,5,7295],[4,7296,5,7311],[4,7312,5,7327],[4,7328,5,7343],[4,7344,5,7359],[4,7360,5,7375],[4,7376,5,7391],[4,7392,5,7407],[4,7408,5,7423],[4,7424,5,7439],[4,7440,5,7455],[4,7456,5,7471],[4,7472,5,7487],[4,7488,5,7503],[4,7504,5,7519],[4,7520,5,7535],[4,6992,5,7007],[4,7008,5,7023],[4,7024,5,7039],[4,7040,5,7055],[4,7056,5,7071],[4,7072,5,7087],[4,7088,5,7103],[4,7104,5,7119],[4,7120,5,7135],[4,7136,5,7151],[4,7152,5,7167],[4,7168,5,7183],[4,7184,5,7199],[4,7200,5,7215],[4,7216,5,7231],[4,7232,5,7247],[4,7248,5,7263],[4,6720,5,6735],[4,6736,5,6751],[4,6752,5,6767],[4,6768,5,6783],[4,6784,5,6799],[4,6800,5,6815],[4,6816,5,6831],[4,6832,5,6847],[4,6848,5,6863],[4,6864,5,6879],[4,6880,5,6895],[4,6896,5,6911],[4,6912,5,6927],[4,6928,5,6943],[4,6944,5,6959],[4,6960,5,6975],[4,6976,5,6991],[4,6448,5,6463],[4,6464,5,6479],[4,6480,5,6495],[4,6496,5,6511],[4,6512,5,6527],[4,6528,5,6543],[4,6544,5,6559],[4,6560,5,6575],[4,6576,5,6591],[4,6592,5,6607],[4,6608,5,6623],[4,6624,5,6639],[4,6640,5,6655],[4,6656,5,6671],[4,6672,5,6687],[4,6688,5,6703],[4,6704,5,6719],[4,6176,5,6191],[4,6192,5,6207],[4,6208,5,6223],[4,6224,5,6239],[4,6240,5,6255],[4,6256,5,6271],[4,6272,5,6287],[4,6288,5,6303],[4,6304,5,6319],[4,6320,5,6335],[4,6336,5,6351],[4,6352,5,6367],[4,6368,5,6383],[4,6384,5,6399],[4,6400,5,6415],[4,6416,5,6431],[4,6432,5,6447],[4,5904,5,5919],[4,5920,5,5935],[4,5936,5,5951],[4,5952,5,5967],[4,5968,5,5983],[4,5984,5,5999],[4,6000,5,6015],[4,6016,5,6031],[4,6032,5,6047],[4,6048,5,6063],[4,6064,5,6079],[4,6080,5,6095],[4,6096,5,6111],[4,6112,5,6127],[4,6128,5,6143],[4,6144,5,6159],[4,6160,5,6175],[4,5632,5,5647],[4,5648,5,5663],[4,5664,5,5679],[4,5680,5,5695],[4,5696,5,5711],[4,5712,5,5727],[4,5728,5,5743],[4,5744,5,5759],[4,5760,5,5775],[4,5776,5,5791],[4,5792,5,5807],[4,5808,5,5823],[4,5824,5,5839],[4,5840,5,5855],[4,5856,5,5871],[4,5872,5,5887],[4,5888,5,5903],[4,5360,5,5375],[4,5376,5,5391],[4,5392,5,5407],[4,5408,5,5423],[4,5424,5,5439],[4,5440,5,5455],[4,5456,5,5471],[4,5472,5,5487],[4,5488,5,5503],[4,5504,5,5519],[4,5520,5,5535],[4,5536,5,5551],[4,5552,5,5567],[4,5568,5,5583],[4,5584,5,5599],[4,5600,5,5615],[4,5616,5,5631],[4,5088,5,5103],[4,5104,5,5119],[4,5120,5,5135],[4,5136,5,5151],[4,5152,5,5167],[4,5168,5,5183],[4,5184,5,5199],[4,5200,5,5215],[4,5216,5,5231],[4,5232,5,5247],[4,5248,5,5263],[4,5264,5,5279],[4,5280,5,5295],[4,5296,5,5311],[4,5312,5,5327],[4,5328,5,5343],[4,5344,5,5359],[4,4816,5,4831],[4,4832,5,4847],[4,4848,5,4863],[4,4864,5,4879],[4,4880,5,4895],[4,4896,5,4911],[4,4912,5,4927],[4,4928,5,4943],[4,4944,5,4959],[4,4960,5,4975],[4,4976,5,4991],[4,4992,5,5007],[4,5008,5,5023],[4,5024,5,5039],[4,5040,5,5055],[4,5056,5,5071],[4,5072,5,5087],[4,4544,5,4559],[4,4560,5,4575],[4,4576,5,4591],[4,4592,5,4607],[4,4608,5,4623],[4,4624,5,4639],[4,4640,5,4655],[4,4656,5,4671],[4,4672,5,4687],[4,4688,5,4703],[4,4704,5,4719],[4,4720,5,4735],[4,4736,5,4751],[4,4752,5,4767],[4,4768,5,4783],[4,4784,5,4799],[4,4800,5,4815],[4,4272,5,4287],[4,4288,5,4303],[4,4304,5,4319],[4,4320,5,4335],[4,4336,5,4351],[4,4352,5,4367],[4,4368,5,4383],[4,4384,5,4399],[4,4400,5,4415],[4,4416,5,4431],[4,4432,5,4447],[4,4448,5,4463],[4,4464,5,4479],[4,4480,5,4495],[4,4496,5,4511],[4,4512,5,4527],[4,4528,5,4543],[4,4000,5,4015],[4,4016,5,4031],[4,4032,5,4047],[4,4048,5,4063],[4,4064,5,4079],[4,4080,5,4095],[4,4096,5,4111],[4,4112,5,4127],[4,4128,5,4143],[4,4144,5,4159],[4,4160,5,4175],[4,4176,5,4191],[4,4192,5,4207],[4,4208,5,4223],[4,4224,5,4239],[4,4240,5,4255],[4,4256,5,4271],[4,3728,5,3743],[4,3744,5,3759],[4,3760,5,3775],[4,3776,5,3791],[4,3792,5,3807],[4,3808,5,3823],[4,3824,5,3839],[4,3840,5,3855],[4,3856,5,3871],[4,3872,5,3887],[4,3888,5,3903],[4,3904,5,3919],[4,3920,5,3935],[4,3936,5,3951],[4,3952,5,3967],[4,3968,5,3983],[4,3984,5,3999],[4,3456,5,3471],[4,3472,5,3487],[4,3488,5,3503],[4,3504,5,3519],[4,3520,5,3535],[4,3536,5,3551],[4,3552,5,3567],[4,3568,5,3583],[4,3584,5,3599],[4,3600,5,3615],[4,3616,5,3631],[4,3632,5,3647],[4,3648,5,3663],[4,3664,5,3679],[4,3680,5,3695],[4,3696,5,3711],[4,3712,5,3727],[4,3184,5,3199],[4,3200,5,3215],[4,3216,5,3231],[4,3232,5,3247],[4,3248,5,3263],[4,3264,5,3279],[4,3280,5,3295],[4,3296,5,3311],[4,3312,5,3327],[4,3328,5,3343],[4,3344,5,3359],[4,3360,5,3375],[4,3376,5,3391],[4,3392,5,3407],[4,3408,5,3423],[4,3424,5,3439],[4,3440,5,3455],[4,2912,5,2927],[4,2928,5,2943],[4,2944,5,2959],[4,2960,5,2975],[4,2976,5,2991],[4,2992,5,3007],[4,3008,5,3023],[4,3024,5,3039],[4,3040,5,3055],[4,3056,5,3071],[4,3072,5,3087],[4,3088,5,3103],[4,3104,5,3119],[4,3120,5,3135],[4,3136,5,3151],[4,3152,5,3167],[4,3168,5,3183],[4,2640,5,2655],[4,2656,5,2671],[4,2672,5,2687],[4,2688,5,2703],[4,2704,5,2719],[4,2720,5,2735],[4,2736,5,2751],[4,2752,5,2767],[4,2768,5,2783],[4,2784,5,2799],[4,2800,5,2815],[4,2816,5,2831],[4,2832,5,2847],[4,2848,5,2863],[4,2864,5,2879],[4,2880,5,2895],[4,2896,5,2911],[4,2368,5,2383],[4,2384,5,2399],[4,2400,5,2415],[4,2416,5,2431],[4,2432,5,2447],[4,2448,5,2463],[4,2464,5,2479],[4,2480,5,2495],[4,2496,5,2511],[4,2512,5,2527],[4,2528,5,2543],[4,2544,5,2559],[4,2560,5,2575],[4,2576,5,2591],[4,2592,5,2607],[4,2608,5,2623],[4,2624,5,2639],[4,2096,5,2111],[4,2112,5,2127],[4,2128,5,2143],[4,2144,5,2159],[4,2160,5,2175],[4,2176,5,2191],[4,2192,5,2207],[4,2208,5,2223],[4,2224,5,2239],[4,2240,5,2255],[4,2256,5,2271],[4,2272,5,2287],[4,2288,5,2303],[4,2304,5,2319],[4,2320,5,2335],[4,2336,5,2351],[4,2352,5,2367],[4,1824,5,1839],[4,1840,5,1855],[4,1856,5,1871],[4,1872,5,1887],[4,1888,5,1903],[4,1904,5,1919],[4,1920,5,1935],[4,1936,5,1951],[4,1952,5,1967],[4,1968,5,1983],[4,1984,5,1999],[4,2000,5,2015],[4,2016,5,2031],[4,2032,5,2047],[4,2048,5,2063],[4,2064,5,2079],[4,2080,5,2095],[4,1552,5,1567],[4,1568,5,1583],[4,1584,5,1599],[4,1600,5,1615],[4,1616,5,1631],[4,1632,5,1647],[4,1648,5,1663],[4,1664,5,1679],[4,1680,5,1695],[4,1696,5,1711],[4,1712,5,1727],[4,1728,5,1743],[4,1744,5,1759],[4,1760,5,1775],[4,1776,5,1791],[4,1792,5,1807],[4,1808,5,1823],[4,1280,5,1295],[4,1296,5,1311],[4,1312,5,1327],[4,1328,5,1343],[4,1344,5,1359],[4,1360,5,1375],[4,1376,5,1391],[4,1392,5,1407],[4,1408,5,1423],[4,1424,5,1439],[4,1440,5,1455],[4,1456,5,1471],[4,1472,5,1487],[4,1488,5,1503],[4,1504,5,1519],[4,1520,5,1535],[4,1536,5,1551],[4,1008,5,1023],[4,1024,5,1039],[4,1040,5,1055],[4,1056,5,1071],[4,1072,5,1087],[4,1088,5,1103],[4,1104,5,1119],[4,1120,5,1135],[4,1136,5,1151],[4,1152,5,1167],[4,1168,5,1183],[4,1184,5,1199],[4,1200,5,1215],[4,1216,5,1231],[4,1232,5,1247],[4,1248,5,1263],[4,1264,5,1279],[4,736,5,751],[4,752,5,767],[4,768,5,783],[4,784,5,799],[4,800,5,815],[4,816,5,831],[4,832,5,847],[4,848,5,863],[4,864,5,879],[4,880,5,895],[4,896,5,911],[4,912,5,927],[4,928,5,943],[4,944,5,959],[4,960,5,975],[4,976,5,991],[4,992,5,1007],[4,464,5,479],[4,480,5,495],[4,496,5,511],[4,512,5,527],[4,528,5,543],[4,544,5,559],[4,560,5,575],[4,576,5,591],[4,592,5,607],[4,608,5,623],[4,624,5,639],[4,640,5,655],[4,656,5,671],[4,672,5,687],[4,688,5,703],[4,704,5,719],[4,720,5,735],[4,192,5,207],[4,208,5,223],[4,224,5,239],[4,240,5,255],[4,256,5,271]],"merged_total":1136,"flags":["merged_cut"]}
[null,null,"MINISTÉRIO DO DESENVOLVIMENTO REGIONAL"]
[null,null,"COMPANHIA DE DESENVOLVIMENTO DOS VALES DO SÃO FRANCISCO E DO PARNAÍBA"]
["EMPREENDIMENTO: CONSTRUÇÃO DA SEDE DA 11ª SUPERINTENDÊNCIA REGIONAL DA CODEVASF NO MUNICÍPIO DE MACAPÁ/AP"]
[]
[{"$f":"'Planilha de BDI S. DESON'!A8:I8","v":"Data: Jan/23"},{"$nulls":15},"EMPREENDIMENTO: CONSTRUÇÃO DA SEDE DA 11ª SUPERINTENDÊNCIA REGIONAL DA CODEVASF NO MUNICÍPIO DE MACAPÁ/AP",{"$nulls":15},"EMPREENDIMENTO: CONSTRUÇÃO DA SEDE DA 11ª SUPERINTENDÊNCIA REGIONAL DA CODEVASF NO MUNICÍPIO DE MACAPÁ/AP",{"$nulls":15},"EMPREENDIMENTO: CONSTRUÇÃO DA SEDE DA 11ª SUPERINTENDÊNCIA REGIONAL DA CODEVASF NO MUNICÍPIO DE MACAPÁ/AP",{"$nulls":15},"EMPREENDIMENTO: CONSTRUÇÃO DA SEDE DA 11ª SUPERINTENDÊNCIA REGIONAL DA CODEVASF NO MUNICÍPIO DE MACAPÁ/AP",{"$nulls":15},"EMPREENDIMENTO: CONSTRUÇÃO DA SEDE DA 11ª SUPERINTENDÊNCIA REGIONAL DA CODEVASF NO MUNICÍPIO DE MACAPÁ/AP",{"$nulls":15},"EMPREENDIMENTO: CONSTRUÇÃO DA SEDE DA 11ª SUPERINTENDÊNCIA REGIONAL DA CODEVASF NO MUNICÍPIO DE MACAPÁ/AP",{"$nulls":15},"EMPREENDIMENTO: CONSTRUÇÃO DA SEDE DA 11ª SUPERINTENDÊNCIA REGIONAL DA CODEVASF NO MUNICÍPIO DE MACAPÁ/AP",{"$nulls":15},"EMPREENDIMENTO: CONSTRUÇÃO DA SEDE DA 11ª SUPERINTENDÊNCIA REGIONAL DA CODEVASF NO MUNICÍPIO DE MACAPÁ/AP",{"$nulls":15},"EMPREENDIMENTO: CONSTRUÇÃO DA SEDE DA 11ª SUPERINTENDÊNCIA REGIONAL DA CODEVASF NO MUNICÍPIO DE MACAPÁ/AP",{"$nulls":15},"EMPREENDIMENTO: CONSTRUÇÃO DA SEDE DA 11ª SUPERINTENDÊNCIA REGIONAL DA CODEVASF NO MUNICÍPIO DE MACAPÁ/AP",{"$nulls":15},"EMPREENDIMENTO: CONSTRUÇÃO DA SEDE DA 11ª SUPERINTENDÊNCIA REGIONAL DA CODEVASF NO MUNICÍPIO DE MACAPÁ/AP",{"$nulls":15},"EMPREENDIMENTO: CONSTRUÇÃO DA SEDE DA 11ª SUPERINTENDÊNCIA REGIONAL DA CODEVASF NO MUNICÍPIO DE MACAPÁ/AP",{"$nulls":15},"EMPREENDIMENTO: CONSTRUÇÃO DA SEDE DA 11ª SUPERINTENDÊNCIA REGIONAL DA CODEVASF NO MUNICÍPIO DE MACAPÁ/AP",{"$nulls":15},"EMPREENDIMENTO: CONSTRUÇÃO DA SEDE DA 11ª SUPERINTENDÊNCIA REGIONAL DA CODEVASF NO MUNICÍPIO DE MACAPÁ/AP",{"$nulls":15},"EMPREENDIMENTO: CONSTRUÇÃO DA SEDE DA 11ª SUPERINTENDÊNCIA REGIONAL DA CODEVASF NO MUNICÍPIO DE MACAPÁ/AP",{"$nulls":15},"EMPREENDIMENTO: CONSTRUÇÃO DA SEDE DA 11ª SUPERINTENDÊNCIA REGIONAL DA CODEVASF NO MUNICÍPIO DE MACAPÁ/AP",{"$nulls":15},"EMPREENDIMENTO: CONSTRUÇÃO DA SEDE DA 11ª SUPERINTENDÊNCIA REGIONAL DA CODEVASF NO MUNICÍPIO DE MACAPÁ/AP",{"$nulls":15},"EMPREENDIMENTO: CONSTRUÇÃO DA SEDE DA 11ª SUPERINTENDÊNCIA REGIONAL DA CODEVASF NO MUNICÍPIO DE MACAPÁ/AP",{"$nulls":15},"EMPREENDIMENTO: CONSTRUÇÃO DA SEDE DA 11ª SUPERINTENDÊNCIA REGIONAL DA CODEVASF NO MUNICÍPIO DE MACAPÁ/AP",{"$nulls":15},"EMPREENDIMENTO: CONSTRUÇÃO DA SEDE DA 11ª SUPERINTENDÊNCIA REGIONAL DA CODEVASF NO MUNICÍPIO DE MACAPÁ/AP",{"$nulls":15},"EMPREENDIMENTO: CONSTRUÇÃO DA SEDE DA 11ª SUPERINTENDÊNCIA REGIONAL DA CODEVASF NO MUNICÍPIO DE MACAPÁ/AP",{"$nulls":15},"EMPREENDIMENTO: CONSTRUÇÃO DA SEDE DA 11ª SUPERINTENDÊNCIA REGIONAL DA CODEVASF NO MUNICÍPIO DE MACAPÁ/AP",{"$nulls":15},"EMPREENDIMENTO: CONSTRUÇÃO DA SEDE DA 11ª SUPERINTENDÊNCIA REGIONAL DA CODEVASF NO MUNICÍPIO DE MACAPÁ/AP",{"$nulls":15},"EMPREENDIMENTO: CONSTRUÇÃO DA SEDE DA 11ª SUPERINTENDÊNCIA REGIONAL DA CODEVASF NO MUNICÍPIO DE MACAPÁ/AP",{"$nulls":15},"EMPREENDIMENTO: CONSTRUÇÃO DA SEDE DA 11ª SUPERINTENDÊNCIA REGIONAL DA CODEVASF NO MUNICÍPIO DE MACAPÁ/AP",{"$nulls":15},"EMPREENDIMENTO: CONSTRUÇÃO DA SEDE DA 11ª SUPERINTENDÊNCIA REGIONAL DA CODEVASF NO MUNICÍPIO DE MACAPÁ/AP",{"$nulls":15},"EMPREENDIMENTO: CONSTRUÇÃO DA SEDE DA 11ª SUPERINTENDÊNCIA REGIONAL DA CODEVASF NO MUNICÍPIO DE MACAPÁ/AP",{"$nulls":15},"EMPREENDIMENTO: CONSTRUÇÃO DA SEDE DA 11ª SUPERINTENDÊNCIA REGIONAL DA CODEVASF NO MUNICÍPIO DE MACAPÁ/AP",{"$nulls":15},"EMPREENDIMENTO: CONSTRUÇÃO DA SEDE DA 11ª SUPERINTENDÊNCIA REGIONAL DA CODEVASF NO MUNICÍPIO DE MACAPÁ/AP",{"$nulls":15},"EMPREENDIMENTO: CONSTRUÇÃO DA SEDE DA 11ª SUPERINTENDÊNCIA REGIONAL DA CODEVASF NO MUNICÍPIO DE MACAPÁ/AP",{"$nulls":15},"EMPREENDIMENTO: CONSTRUÇÃO DA SEDE DA 11ª SUPERINTENDÊNCIA REGIONAL DA CODEVASF NO MUNICÍPIO DE MACAPÁ/AP",{"$nulls":15},"EMPREENDIMENTO: CONSTRUÇÃO DA SEDE DA 11ª SUPERINTENDÊNCIA REGIONAL DA CODEVASF NO MUNICÍPIO DE MACAPÁ/AP",{"$nulls":15},"EMPREENDIMENTO: CONSTRUÇÃO DA SEDE DA 11ª SUPERINTENDÊNCIA REGIONAL DA CODEVASF NO MUNICÍPIO DE MACAPÁ/AP",{"$nulls":15},"EMPREENDIMENTO: CONSTRUÇÃO DA SEDE DA 11ª SUPERINTENDÊNCIA REGIONAL DA CODEVASF NO MUNICÍPIO DE MACAPÁ/AP",{"$nulls":15},"EMPREENDIMENTO: CONSTRUÇÃO DA SEDE DA 11ª SUPERINTENDÊNCIA REGIONAL DA CODEVASF NO MUNICÍPIO DE MACAPÁ/AP",{"$nulls":15},"EMPREENDIMENTO: CONSTRUÇÃO DA SEDE DA 11ª SUPERINTENDÊNCIA REGIONAL DA CODEVASF NO MUNICÍPIO DE MACAPÁ/AP",{"$nulls":15},"EMPREENDIMENTO: CONSTRUÇÃO DA SEDE DA 11ª SUPERINTENDÊNCIA REGIONAL DA CODEVASF NO MUNICÍPIO DE MACAPÁ/AP",{"$nulls":15},"EMPREENDIMENTO: CONSTRUÇÃO DA SEDE DA 11ª SUPERINTENDÊNCIA REGIONAL DA CODEVASF NO MUNICÍPIO DE MACAPÁ/AP",{"$nulls":15},"EMPREENDIMENTO: CONSTRUÇÃO DA SEDE DA 11ª SUPERINTENDÊNCIA REGIONAL DA CODEVASF NO MUNICÍPIO DE MACAPÁ/AP",{"$nulls":15},"EMPREENDIMENTO: CONSTRUÇÃO DA SEDE DA 11ª SUPERINTENDÊNCIA REGIONAL DA CODEVASF NO MUNICÍPIO DE MACAPÁ/AP",{"$nulls":15},"EMPREENDIMENTO: CONSTRUÇÃO DA SEDE DA 11ª SUPERINTENDÊNCIA REGIONAL DA CODEVASF NO MUNICÍPIO DE MACAPÁ/AP",{"$nulls":15},"EMPREENDIMENTO: CONSTRUÇÃO DA SEDE DA 11ª SUPERINTENDÊNCIA REGIONAL DA CODEVASF NO MUNICÍPIO DE MACAPÁ/AP",{"$nulls":15},"EMPREENDIMENTO: CONSTRUÇÃO DA SEDE DA 11ª SUPERINTENDÊNCIA REGIONAL DA CODEVASF NO MUNICÍPIO DE MACAPÁ/AP",{"$nulls":15},"EMPREENDIMENTO: CONSTRUÇÃO DA SEDE DA 11ª SUPERINTENDÊNCIA REGIONAL DA CODEVASF NO MUNICÍPIO DE MACAPÁ/AP",{"$nulls":15},"EMPREENDIMENTO: CONSTRUÇÃO DA SEDE DA 11ª SUPERINTENDÊNCIA REGIONAL DA CODEVASF NO MUNICÍPIO DE MACAPÁ/AP",{"$nulls":15},"EMPREENDIMENTO: CONSTRUÇÃO DA SEDE DA 11ª SUPERINTENDÊNCIA REGIONAL DA CODEVASF NO MUNICÍPIO DE MACAPÁ/AP",{"$nulls":15},"EMPREENDIMENTO: CONSTRUÇÃO DA SEDE DA 11ª SUPERINTENDÊNCIA REGIONAL DA CODEVASF NO MUNICÍPIO DE MACAPÁ/AP",{"$nulls":15},"EMPREENDIMENTO: CONSTRUÇÃO DA SEDE DA 11ª SUPERINTENDÊNCIA REGIONAL DA CODEVASF NO MUNICÍPIO DE MACAPÁ/AP",{"$nulls":15},"EMPREENDIMENTO: CONSTRUÇÃO DA SEDE DA 11ª SUPERINTENDÊNCIA REGIONAL DA CODEVASF NO MUNICÍPIO DE MACAPÁ/AP",{"$nulls":15},"EMPREENDIMENTO: CONSTRUÇÃO DA SEDE DA 11ª SUPERINTENDÊNCIA REGIONAL DA CODEVASF NO MUNICÍPIO DE MACAPÁ/AP",{"$nulls":15},"EMPREENDIMENTO: CONSTRUÇÃO DA SEDE DA 11ª SUPERINTENDÊNCIA REGIONAL DA CODEVASF NO MUNICÍPIO DE MACAPÁ/AP",{"$nulls":15},"EMPREENDIMENTO: CONSTRUÇÃO DA SEDE DA 11ª SUPERINTENDÊNCIA REGIONAL DA CODEVASF NO MUNICÍPIO DE MACAPÁ/AP",{"$nulls":15},"EMPREENDIMENTO: CONSTRUÇÃO DA SEDE DA 11ª SUPERINTENDÊNCIA REGIONAL DA CODEVASF NO MUNICÍPIO DE MACAPÁ/AP",{"$nulls":15},"EMPREENDIMENTO: CONSTRUÇÃO DA SEDE DA 11ª SUPERINTENDÊNCIA REGIONAL DA CODEVASF NO MUNICÍPIO DE MACAPÁ/AP",{"$nulls":15},"EMPREENDIMENTO: CONSTRUÇÃO DA SEDE DA 11ª SUPERINTENDÊNCIA REGIONAL DA CODEVASF NO MUNICÍPIO DE MACAPÁ/AP",{"$nulls":15},"EMPREENDIMENTO: CONSTRUÇÃO DA SEDE DA 11ª SUPERINTENDÊNCIA REGIONAL DA CODEVASF NO MUNICÍPIO DE MACAPÁ/AP",{"$nulls":15},"EMPREENDIMENTO: CONSTRUÇÃO DA SEDE DA 11ª SUPERINTENDÊNCIA REGIONAL DA CODEVASF NO MUNICÍPIO DE MACAPÁ/AP",{"$nulls":15},"EMPREENDIMENTO: CONSTRUÇÃO DA SEDE DA 11ª SUPERINTENDÊNCIA REGIONAL DA CODEVASF NO MUNICÍPIO DE MACAPÁ/AP",{"$nulls":15},"EMPREENDIMENTO: CONSTRUÇÃO DA SEDE DA 11ª SUPERINTENDÊNCIA REGIONAL DA CODEVASF NO MUNICÍPIO DE MACAPÁ/AP",{"$nulls":15},"EMPREENDIMENTO: CONSTRUÇÃO DA SEDE DA 11ª SUPERINTENDÊNCIA REGIONAL DA CODEVASF NO MUNICÍPIO DE MACAPÁ/AP",{"$nulls":15},"EMPREENDIMENTO: CONSTRUÇÃO DA SEDE DA 11ª SUPERINTENDÊNCIA REGIONAL DA CODEVASF NO MUNICÍPIO DE MACAPÁ/AP",{"$nulls":15},"EMPREENDIMENTO: CONSTRUÇÃO DA SEDE DA 11ª SUPERINTENDÊNCIA REGIONAL DA CODEVASF NO MUNICÍPIO DE MACAPÁ/AP",{"$nulls":15},"EMPREENDIMENTO: CONSTRUÇÃO DA SEDE DA 11ª SUPERINTENDÊNCIA REGIONAL DA CODEVASF NO MUNICÍPIO DE MACAPÁ/AP",{"$nulls":15},"EMPREENDIMENTO: CONSTRUÇÃO DA SEDE DA 11ª SUPERINTENDÊNCIA REGIONAL DA CODEVASF NO MUNICÍPIO DE MACAPÁ/AP",{"$nulls":15},"EMPREENDIMENTO: CONSTRUÇÃO DA SEDE DA 11ª SUPERINTENDÊNCIA REGIONAL DA CODEVASF NO MUNICÍPIO DE MACAPÁ/AP",{"$nulls":15},"EMPREENDIMENTO: CONSTRUÇÃO DA SEDE DA 11ª SUPERINTENDÊNCIA REGIONAL DA CODEVASF NO MUNICÍPIO DE MACAPÁ/AP",{"$nulls":15},"EMPREENDIMENTO: CONSTRUÇÃO DA SEDE DA 11ª SUPERINTENDÊNCIA REGIONAL DA CODEVASF NO MUNICÍPIO DE MACAPÁ/AP",{"$nulls":15},"EMPREENDIMENTO: CONSTRUÇÃO DA SEDE DA 11ª SUPERINTENDÊNCIA REGIONAL DA CODEVASF NO MUNICÍPIO DE MACAPÁ/AP",{"$nulls":15},"EMPREENDIMENTO: CONSTRUÇÃO DA SEDE DA 11ª SUPERINTENDÊNCIA REGIONAL DA CODEVASF NO MUNICÍPIO DE MACAPÁ/AP",{"$nulls":15},"EMPREENDIMENTO: CONSTRUÇÃO DA SEDE DA 11ª SUPERINTENDÊNCIA REGIONAL DA CODEVASF NO MUNICÍPIO DE MACAPÁ/AP",{"$nulls":15},"EMPREENDIMENTO: CONSTRUÇÃO DA SEDE DA 11ª SUPERINTENDÊNCIA REGIONAL DA CODEVASF NO MUNICÍPIO DE MACAPÁ/AP",{"$nulls":15},"EMPREENDIMENTO: CONSTRUÇÃO DA SEDE DA 11ª SUPERINTENDÊNCIA REGIONAL DA CODEVASF NO MUNICÍPIO DE MACAPÁ/AP",{"$nulls":15},"EMPREENDIMENTO: CONSTRUÇÃO DA SEDE DA 11ª SUPERINTENDÊNCIA REGIONAL DA CODEVASF NO MUNICÍPIO DE MACAPÁ/AP",{"$nulls":15},"EMPREENDIMENTO: CONSTRUÇÃO DA SEDE DA 11ª SUPERINTENDÊNCIA REGIONAL DA CODEVASF NO MUNICÍPIO DE MACAPÁ/AP",{"$nulls":15},"EMPREENDIMENTO: CONSTRUÇÃO DA SEDE DA 11ª SUPERINTENDÊNCIA REGIONAL DA CODEVASF NO MUNICÍPIO DE MACAPÁ/AP",{"$nulls":15},"EMPREENDIMENTO: CONSTRUÇÃO DA SEDE DA 11ª SUPERINTENDÊNCIA REGIONAL DA CODEVASF NO MUNICÍPIO DE MACAPÁ/AP",{"$nulls":15},"EMPREENDIMENTO: CONSTRUÇÃO DA SEDE DA 11ª SUPERINTENDÊNCIA REGIONAL DA CODEVASF NO MUNICÍPIO DE MACAPÁ/AP",{"$nulls":15},"EMPREENDIMENTO: CONSTRUÇÃO DA SEDE DA 11ª SUPERINTENDÊNCIA REGIONAL DA CODEVASF NO MUNICÍPIO DE MACAPÁ/AP",{"$nulls":15},"EMPREENDIMENTO: CONSTRUÇÃO DA SEDE DA 11ª SUPERINTENDÊNCIA REGIONAL DA CODEVASF NO MUNICÍPIO DE MACAPÁ/AP",{"$nulls":15},"EMPREENDIMENTO: CONSTRUÇÃO DA SEDE DA 11ª SUPERINTENDÊNCIA REGIONAL DA CODEVASF NO MUNICÍPIO DE MACAPÁ/AP",{"$nulls":15},"EMPREENDIMENTO: CONSTRUÇÃO DA SEDE DA 11ª SUPERINTENDÊNCIA REGIONAL DA CODEVASF NO MUNICÍPIO DE MACAPÁ/AP",{"$nulls":15},"EMPREENDIMENTO: CONSTRUÇÃO DA SEDE DA 11ª SUPERINTENDÊNCIA REGIONAL DA CODEVASF NO MUNICÍPIO DE MACAPÁ/AP",{"$nulls":15},"EMPREENDIMENTO: CONSTRUÇÃO DA SEDE DA 11ª SUPERINTENDÊNCIA REGIONAL DA CODEVASF NO MUNICÍPIO DE MACAPÁ/AP",{"$nulls":15},"EMPREENDIMENTO: CONSTRUÇÃO DA SEDE DA 11ª SUPERINTENDÊNCIA REGIONAL DA CODEVASF NO MUNICÍPIO DE MACAPÁ/AP",{"$nulls":15},"EMPREENDIMENTO: CONSTRUÇÃO DA SEDE DA 11ª SUPERINTENDÊNCIA REGIONAL DA CODEVASF NO MUNICÍPIO DE MACAPÁ/AP",{"$nulls":15},"EMPREENDIMENTO: CONSTRUÇÃO DA SEDE DA 11ª SUPERINTENDÊNCIA REGIONAL DA CODEVASF NO MUNICÍPIO DE MACAPÁ/AP",{"$nulls":15},"EMPREENDIMENTO: CONSTRUÇÃO DA SEDE DA 11ª SUPERINTENDÊNCIA REGIONAL DA CODEVASF NO MUNICÍPIO DE MACAPÁ/AP",{"$nulls":15},"EMPREENDIMENTO: CONSTRUÇÃO DA SEDE DA 11ª SUPERINTENDÊNCIA REGIONAL DA CODEVASF NO MUNICÍPIO DE MACAPÁ/AP",{"$nulls":15},"EMPREENDIMENTO: CONSTRUÇÃO DA SEDE DA 11ª SUPERINTENDÊNCIA REGIONAL DA CODEVASF NO MUNICÍPIO DE MACAPÁ/AP",{"$nulls":15},"EMPREENDIMENTO: CONSTRUÇÃO DA SEDE DA 11ª SUPERINTENDÊNCIA REGIONAL DA CODEVASF NO MUNICÍPIO DE MACAPÁ/AP",{"$nulls":15},"EMPREENDIMENTO: CONSTRUÇÃO DA SEDE DA 11ª SUPERINTENDÊNCIA REGIONAL DA CODEVASF NO MUNICÍPIO DE MACAPÁ/AP",{"$nulls":15},"EMPREENDIMENTO: CONSTRUÇÃO DA SEDE DA 11ª SUPERINTENDÊNCIA REGIONAL DA CODEVASF NO MUNICÍPIO DE MACAPÁ/AP",{"$nulls":15},"EMPREENDIMENTO: CONSTRUÇÃO DA SEDE DA 11ª SUPERINTENDÊNCIA REGIONAL DA CODEVASF NO MUNICÍPIO DE MACAPÁ/AP",{"$nulls":15},"EMPREENDIMENTO: CONSTRUÇÃO DA SEDE DA 11ª SUPERINTENDÊNCIA REGIONAL DA CODEVASF NO MUNICÍPIO DE MACAPÁ/AP",{"$nulls":15},"EMPREENDIMENTO: CONSTRUÇÃO DA SEDE DA 11ª SUPERINTENDÊNCIA REGIONAL DA CODEVASF NO MUNICÍPIO DE MACAPÁ/AP",{"$nulls":15},"EMPREENDIMENTO: CONSTRUÇÃO DA SEDE DA 11ª SUPERINTENDÊNCIA REGIONAL DA CODEVASF NO MUNICÍPIO DE MACAPÁ/AP",{"$nulls":15},"EMPREENDIMENTO: CONSTRUÇÃO DA SEDE DA 11ª SUPERINTENDÊNCIA REGIONAL DA CODEVASF NO MUNICÍPIO DE MACAPÁ/AP",{"$nulls":15},"EMPREENDIMENTO: CONSTRUÇÃO DA SEDE DA 11ª SUPERINTENDÊNCIA REGIONAL DA CODEVASF NO MUNICÍPIO DE MACAPÁ/AP",{"$nulls":15},"EMPREENDIMENTO: CONSTRUÇÃO DA SEDE DA 11ª SUPERINTENDÊNCIA REGIONAL DA CODEVASF NO MUNICÍPIO DE MACAPÁ/AP",{"$nulls":15},"EMPREENDIMENTO: CONSTRUÇÃO DA SEDE DA 11ª SUPERINTENDÊNCIA REGIONAL DA CODEVASF NO MUNICÍPIO DE MACAPÁ/AP",{"$nulls":15},"EMPREENDIMENTO: CONSTRUÇÃO DA SEDE DA 11ª SUPERINTENDÊNCIA REGIONAL DA CODEVASF NO MUNICÍPIO DE MACAPÁ/AP",{"$nulls":15},"EMPREENDIMENTO: CONSTRUÇÃO DA SEDE DA 11ª SUPERINTENDÊNCIA REGIONAL DA CODEVASF NO MUNICÍPIO DE MACAPÁ/AP",{"$nulls":15},"EMPREENDIMENTO: CONSTRUÇÃO DA SEDE DA 11ª SUPERINTENDÊNCIA REGIONAL DA CODEVASF NO MUNICÍPIO DE MACAPÁ/AP",{"$nulls":15},"EMPREENDIMENTO: CONSTRUÇÃO DA SEDE DA 11ª SUPERINTENDÊNCIA REGIONAL DA CODEVASF NO MUNICÍPIO DE MACAPÁ/AP",{"$nulls":15},"EMPREENDIMENTO: CONSTRUÇÃO DA SEDE DA 11ª SUPERINTENDÊNCIA REGIONAL DA CODEVASF NO MUNICÍPIO DE MACAPÁ/AP",{"$nulls":15},"EMPREENDIMENTO: CONSTRUÇÃO DA SEDE DA 11ª SUPERINTENDÊNCIA REGIONAL DA CODEVASF NO MUNICÍPIO DE MACAPÁ/AP",{"$nulls":15},"EMPREENDIMENTO: CONSTRUÇÃO DA SEDE DA 11ª SUPERINTENDÊNCIA REGIONAL DA CODEVASF NO MUNICÍPIO DE MACAPÁ/AP",{"$nulls":15},"EMPREENDIMENTO: CONSTRUÇÃO DA SEDE DA 11ª SUPERINTENDÊNCIA REGIONAL DA CODEVASF NO MUNICÍPIO DE MACAPÁ/AP",{"$nulls":15},"EMPREENDIMENTO: CONSTRUÇÃO DA SEDE DA 11ª SUPERINTENDÊNCIA REGIONAL DA CODEVASF NO MUNICÍPIO DE MACAPÁ/AP",{"$nulls":15},"EMPREENDIMENTO: CONSTRUÇÃO DA SEDE DA 11ª SUPERINTENDÊNCIA REGIONAL DA CODEVASF NO MUNICÍPIO DE MACAPÁ/AP",{"$nulls":15},"EMPREENDIMENTO: CONSTRUÇÃO DA SEDE DA 11ª SUPERINTENDÊNCIA REGIONAL DA CODEVASF NO MUNICÍPIO DE MACAPÁ/AP",{"$nulls":15},"EMPREENDIMENTO: CONSTRUÇÃO DA SEDE DA 11ª SUPERINTENDÊNCIA REGIONAL DA CODEVASF NO MUNICÍPIO DE MACAPÁ/AP",{"$nulls":15},"EMPREENDIMENTO: CONSTRUÇÃO DA SEDE DA 11ª SUPERINTENDÊNCIA REGIONAL DA CODEVASF NO MUNICÍPIO DE MACAPÁ/AP",{"$nulls":15},"EMPREENDIMENTO: CONSTRUÇÃO DA SEDE DA 11ª SUPERINTENDÊNCIA REGIONAL DA CODEVASF NO MUNICÍPIO DE MACAPÁ/AP",{"$nulls":15},"EMPREENDIMENTO: CONSTRUÇÃO DA SEDE DA 11ª SUPERINTENDÊNCIA REGIONAL DA CODEVASF NO MUNICÍPIO DE MACAPÁ/AP",{"$nulls":15},"EMPREENDIMENTO: CONSTRUÇÃO DA SEDE DA 11ª SUPERINTENDÊNCIA REGIONAL DA CODEVASF NO MUNICÍPIO DE MACAPÁ/AP",{"$nulls":15},"EMPREENDIMENTO: CONSTRUÇÃO DA SEDE DA 11ª SUPERINTENDÊNCIA REGIONAL DA CODEVASF NO MUNICÍPIO DE MACAPÁ/AP",{"$nulls":15},"EMPREENDIMENTO: CONSTRUÇÃO DA SEDE DA 11ª SUPERINTENDÊNCIA REGIONAL DA CODEVASF NO MUNICÍPIO DE MACAPÁ/AP",{"$nulls":15},"EMPREENDIMENTO: CONSTRUÇÃO DA SEDE DA 11ª SUPERINTENDÊNCIA REGIONAL DA CODEVASF NO MUNICÍPIO DE MACAPÁ/AP",{"$nulls":15},"EMPREENDIMENTO: CONSTRUÇÃO DA SEDE DA 11ª SUPERINTENDÊNCIA REGIONAL DA CODEVASF NO MUNICÍPIO DE MACAPÁ/AP",{"$nulls":15},"EMPREENDIMENTO: CONSTRUÇÃO DA SEDE DA 11ª SUPERINTENDÊNCIA REGIONAL DA CODEVASF NO MUNICÍPIO DE MACAPÁ/AP",{"$nulls":15},"EMPREENDIMENTO: CONSTRUÇÃO DA SEDE DA 11ª SUPERINTENDÊNCIA REGIONAL DA CODEVASF NO MUNICÍPIO DE MACAPÁ/AP",{"$nulls":15},"EMPREENDIMENTO: CONSTRUÇÃO DA SEDE DA 11ª SUPERINTENDÊNCIA REGIONAL DA CODEVASF NO MUNICÍPIO DE MACAPÁ/AP",{"$nulls":15},"EMPREENDIMENTO: CONSTRUÇÃO DA SEDE DA 11ª SUPERINTENDÊNCIA REGIONAL DA CODEVASF NO MUNICÍPIO DE MACAPÁ/AP",{"$nulls":15},"EMPREENDIMENTO: CONSTRUÇÃO DA SEDE DA 11ª SUPERINTENDÊNCIA REGIONAL DA CODEVASF NO MUNICÍPIO DE MACAPÁ/AP",{"$nulls":15},"EMPREENDIMENTO: CONSTRUÇÃO DA SEDE DA 11ª SUPERINTENDÊNCIA REGIONAL DA CODEVASF NO MUNICÍPIO DE MACAPÁ/AP",{"$nulls":15},"EMPREENDIMENTO: CONSTRUÇÃO DA SEDE DA 11ª SUPERINTENDÊNCIA REGIONAL DA CODEVASF NO MUNICÍPIO DE MACAPÁ/AP",{"$nulls":15},"EMPREENDIMENTO: CONSTRUÇÃO DA SEDE DA 11ª SUPERINTENDÊNCIA REGIONAL DA CODEVASF NO MUNICÍPIO DE MACAPÁ/AP",{"$nulls":15},"EMPREENDIMENTO: CONSTRUÇÃO DA SEDE DA 11ª SUPERINTENDÊNCIA REGIONAL DA CODEVASF NO MUNICÍPIO DE MACAPÁ/AP",{"$nulls":15},"EMPREENDIMENTO: CONSTRUÇÃO DA SEDE DA 11ª SUPERINTENDÊNCIA REGIONAL DA CODEVASF NO MUNICÍPIO DE MACAPÁ/AP",{"$nulls":15},"EMPREENDIMENTO: CONSTRUÇÃO DA SEDE DA 11ª SUPERINTENDÊNCIA REGIONAL DA CODEVASF NO MUNICÍPIO DE MACAPÁ/AP",{"$nulls":15},"EMPREENDIMENTO: CONSTRUÇÃO DA SEDE DA 11ª SUPERINTENDÊNCIA REGIONAL DA CODEVASF NO MUNICÍPIO DE MACAPÁ/AP",{"$nulls":15},"EMPREENDIMENTO: CONSTRUÇÃO DA SEDE DA 11ª SUPERINTENDÊNCIA REGIONAL DA CODEVASF NO MUNICÍPIO DE MACAPÁ/AP",{"$nulls":15},"EMPREENDIMENTO: CONSTRUÇÃO DA SEDE DA 11ª SUPERINTENDÊNCIA REGIONAL DA CODEVASF NO MUNICÍPIO DE MACAPÁ/AP",{"$nulls":15},"EMPREENDIMENTO: CONSTRUÇÃO DA SEDE DA 11ª SUPERINTENDÊNCIA REGIONAL DA CODEVASF NO MUNICÍPIO DE MACAPÁ/AP",{"$nulls":15},"EMPREENDIMENTO: CONSTRUÇÃO DA SEDE DA 11ª SUPERINTENDÊNCIA REGIONAL DA CODEVASF NO MUNICÍPIO DE MACAPÁ/AP",{"$nulls":15},"EMPREENDIMENTO: CONSTRUÇÃO DA SEDE DA 11ª SUPERINTENDÊNCIA REGIONAL DA CODEVASF NO MUNICÍPIO DE MACAPÁ/AP",{"$nulls":15},"EMPREENDIMENTO: CONSTRUÇÃO DA SEDE DA 11ª SUPERINTENDÊNCIA REGIONAL DA CODEVASF NO MUNICÍPIO DE MACAPÁ/AP",{"$nulls":15},"EMPREENDIMENTO: CONSTRUÇÃO DA SEDE DA 11ª SUPERINTENDÊNCIA REGIONAL DA CODEVASF NO MUNICÍPIO DE MACAPÁ/AP",{"$nulls":15},"EMPREENDIMENTO: CONSTRUÇÃO DA SEDE DA 11ª SUPERINTENDÊNCIA REGIONAL DA CODEVASF NO MUNICÍPIO DE MACAPÁ/AP",{"$nulls":15},"EMPREENDIMENTO: CONSTRUÇÃO DA SEDE DA 11ª SUPERINTENDÊNCIA REGIONAL DA CODEVASF NO MUNICÍPIO DE MACAPÁ/AP",{"$nulls":15},"EMPREENDIMENTO: CONSTRUÇÃO DA SEDE DA 11ª SUPERINTENDÊNCIA REGIONAL DA CODEVASF NO MUNICÍPIO DE MACAPÁ/AP",{"$nulls":15},"EMPREENDIMENTO: CONSTRUÇÃO DA SEDE DA 11ª SUPERINTENDÊNCIA REGIONAL DA CODEVASF NO MUNICÍPIO DE MACAPÁ/AP",{"$nulls":15},"EMPREENDIMENTO: CONSTRUÇÃO DA SEDE DA 11ª SUPERINTENDÊNCIA REGIONAL DA CODEVASF NO MUNICÍPIO DE MACAPÁ/AP",{"$nulls":15},"EMPREENDIMENTO: CONSTRUÇÃO DA SEDE DA 11ª SUPERINTENDÊNCIA REGIONAL DA CODEVASF NO MUNICÍPIO DE MACAPÁ/AP",{"$nulls":15},"EMPREENDIMENTO: CONSTRUÇÃO DA SEDE DA 11ª SUPERINTENDÊNCIA REGIONAL DA CODEVASF NO MUNICÍPIO DE MACAPÁ/AP",{"$nulls":15},"EMPREENDIMENTO: CONSTRUÇÃO DA SEDE DA 11ª SUPERINTENDÊNCIA REGIONAL DA CODEVASF NO MUNICÍPIO DE MACAPÁ/AP",{"$nulls":15},"EMPREENDIMENTO: CONSTRUÇÃO DA SEDE DA 11ª SUPERINTENDÊNCIA REGIONAL DA CODEVASF NO MUNICÍPIO DE MACAPÁ/AP",{"$nulls":15},"EMPREENDIMENTO: CONSTRUÇÃO DA SEDE DA 11ª SUPERINTENDÊNCIA REGIONAL DA CODEVASF NO MUNICÍPIO DE MACAPÁ/AP",{"$nulls":15},"EMPREENDIMENTO: CONSTRUÇÃO DA SEDE DA 11ª SUPERINTENDÊNCIA REGIONAL DA CODEVASF NO MUNICÍPIO DE MACAPÁ/AP",{"$nulls":15},"EMPREENDIMENTO: CONSTRUÇÃO DA SEDE DA 11ª SUPERINTENDÊNCIA REGIONAL DA CODEVASF NO MUNICÍPIO DE MACAPÁ/AP",{"$nulls":15},"EMPREENDIMENTO: CONSTRUÇÃO DA SEDE DA 11ª SUPERINTENDÊNCIA REGIONAL DA CODEVASF NO MUNICÍPIO DE MACAPÁ/AP",{"$nulls":15},"EMPREENDIMENTO: CONSTRUÇÃO DA SEDE DA 11ª SUPERINTENDÊNCIA REGIONAL DA CODEVASF NO MUNICÍPIO DE MACAPÁ/AP",{"$nulls":15},"EMPREENDIMENTO: CONSTRUÇÃO DA SEDE DA 11ª SUPERINTENDÊNCIA REGIONAL DA CODEVASF NO MUNICÍPIO DE MACAPÁ/AP",{"$nulls":15},"EMPREENDIMENTO: CONSTRUÇÃO DA SEDE DA 11ª SUPERINTENDÊNCIA REGIONAL DA CODEVASF NO MUNICÍPIO DE MACAPÁ/AP",{"$nulls":15},"EMPREENDIMENTO: CONSTRUÇÃO DA SEDE DA 11ª SUPERINTENDÊNCIA REGIONAL DA CODEVASF NO MUNICÍPIO DE MACAPÁ/AP",{"$nulls":15},"EMPREENDIMENTO: CONSTRUÇÃO DA SEDE DA 11ª SUPERINTENDÊNCIA REGIONAL DA CODEVASF NO MUNICÍPIO DE MACAPÁ/AP",{"$nulls":15},"EMPREENDIMENTO: CONSTRUÇÃO DA SEDE DA 11ª SUPERINTENDÊNCIA REGIONAL DA CODEVASF NO MUNICÍPIO DE MACAPÁ/AP",{"$nulls":15},"EMPREENDIMENTO: CONSTRUÇÃO DA SEDE DA 11ª SUPERINTENDÊNCIA REGIONAL DA CODEVASF NO MUNICÍPIO DE MACAPÁ/AP",{"$nulls":15},"EMPREENDIMENTO: CONSTRUÇÃO DA SEDE DA 11ª SUPERINTENDÊNCIA REGIONAL DA CODEVASF NO MUNICÍPIO DE MACAPÁ/AP",{"$nulls":15},"EMPREENDIMENTO: CONSTRUÇÃO DA SEDE DA 11ª SUPERINTENDÊNCIA REGIONAL DA CODEVASF NO MUNICÍPIO DE MACAPÁ/AP",{"$nulls":15},"EMPREENDIMENTO: CONSTRUÇÃO DA SEDE DA 11ª SUPERINTENDÊNCIA REGIONAL DA CODEVASF NO MUNICÍPIO DE MACAPÁ/AP",{"$nulls":15},"EMPREENDIMENTO: CONSTRUÇÃO DA SEDE DA 11ª SUPERINTENDÊNCIA REGIONAL DA CODEVASF NO MUNICÍPIO DE MACAPÁ/AP",{"$nulls":15},"EMPREENDIMENTO: CONSTRUÇÃO DA SEDE DA 11ª SUPERINTENDÊNCIA REGIONAL DA CODEVASF NO MUNICÍPIO DE MACAPÁ/AP",{"$nulls":15},"EMPREENDIMENTO: CONSTRUÇÃO DA SEDE DA 11ª SUPERINTENDÊNCIA REGIONAL DA CODEVASF NO MUNICÍPIO DE MACAPÁ/AP",{"$nulls":15},"EMPREENDIMENTO: CONSTRUÇÃO DA SEDE DA 11ª SUPERINTENDÊNCIA REGIONAL DA CODEVASF NO MUNICÍPIO DE MACAPÁ/AP",{"$nulls":15},"EMPREENDIMENTO: CONSTRUÇÃO DA SEDE DA 11ª SUPERINTENDÊNCIA REGIONAL DA CODEVASF NO MUNICÍPIO DE MACAPÁ/AP",{"$nulls":15},"EMPREENDIMENTO: CONSTRUÇÃO DA SEDE DA 11ª SUPERINTENDÊNCIA REGIONAL DA CODEVASF NO MUNICÍPIO DE MACAPÁ/AP",{"$nulls":15},"EMPREENDIMENTO: CONSTRUÇÃO DA SEDE DA 11ª SUPERINTENDÊNCIA REGIONAL DA CODEVASF NO MUNICÍPIO DE MACAPÁ/AP",{"$nulls":15},"EMPREENDIMENTO: CONSTRUÇÃO DA SEDE DA 11ª SUPERINTENDÊNCIA REGIONAL DA CODEVASF NO MUNICÍPIO DE MACAPÁ/AP",{"$nulls":15},"EMPREENDIMENTO: CONSTRUÇÃO DA SEDE DA 11ª SUPERINTENDÊNCIA REGIONAL DA CODEVASF NO MUNICÍPIO DE MACAPÁ/AP",{"$nulls":15},"EMPREENDIMENTO: CONSTRUÇÃO DA SEDE DA 11ª SUPERINTENDÊNCIA REGIONAL DA CODEVASF NO MUNICÍPIO DE MACAPÁ/AP",{"$nulls":15},"EMPREENDIMENTO: CONSTRUÇÃO DA SEDE DA 11ª SUPERINTENDÊNCIA REGIONAL DA CODEVASF NO MUNICÍPIO DE MACAPÁ/AP",{"$nulls":15},"EMPREENDIMENTO: CONSTRUÇÃO DA SEDE DA 11ª SUPERINTENDÊNCIA REGIONAL DA CODEVASF NO MUNICÍPIO DE MACAPÁ/AP",{"$nulls":15},"EMPREENDIMENTO: CONSTRUÇÃO DA SEDE DA 11ª SUPERINTENDÊNCIA REGIONAL DA CODEVASF NO MUNICÍPIO DE MACAPÁ/AP",{"$nulls":15},"EMPREENDIMENTO: CONSTRUÇÃO DA SEDE DA 11ª SUPERINTENDÊNCIA REGIONAL DA CODEVASF NO MUNICÍPIO DE MACAPÁ/AP",{"$nulls":15},"EMPREENDIMENTO: CONSTRUÇÃO DA SEDE DA 11ª SUPERINTENDÊNCIA REGIONAL DA CODEVASF NO MUNICÍPIO DE MACAPÁ/AP",{"$nulls":15},"EMPREENDIMENTO: CONSTRUÇÃO DA SEDE DA 11ª SUPERINTENDÊNCIA REGIONAL DA CODEVASF NO MUNICÍPIO DE MACAPÁ/AP",{"$nulls":15},"EMPREENDIMENTO: CONSTRUÇÃO DA SEDE DA 11ª SUPERINTENDÊNCIA REGIONAL DA CODEVASF NO MUNICÍPIO DE MACAPÁ/AP",{"$nulls":15},"EMPREENDIMENTO: CONSTRUÇÃO DA SEDE DA 11ª SUPERINTENDÊNCIA REGIONAL DA CODEVASF NO MUNICÍPIO DE MACAPÁ/AP",{"$nulls":15},"EMPREENDIMENTO: CONSTRUÇÃO DA SEDE DA 11ª SUPERINTENDÊNCIA REGIONAL DA CODEVASF NO MUNICÍPIO DE MACAPÁ/AP",{"$nulls":15},"EMPREENDIMENTO: CONSTRUÇÃO DA SEDE DA 11ª SUPERINTENDÊNCIA REGIONAL DA CODEVASF NO MUNICÍPIO DE MACAPÁ/AP",{"$nulls":15},"EMPREENDIMENTO: CONSTRUÇÃO DA SEDE DA 11ª SUPERINTENDÊNCIA REGIONAL DA CODEVASF NO MUNICÍPIO DE MACAPÁ/AP",{"$nulls":15},"EMPREENDIMENTO: CONSTRUÇÃO DA SEDE DA 11ª SUPERINTENDÊNCIA REGIONAL DA CODEVASF NO MUNICÍPIO DE MACAPÁ/AP",{"$nulls":15},"EMPREENDIMENTO: CONSTRUÇÃO DA SEDE DA 11ª SUPERINTENDÊNCIA REGIONAL DA CODEVASF NO MUNICÍPIO DE MACAPÁ/AP",{"$nulls":15},"EMPREENDIMENTO: CONSTRUÇÃO DA SEDE DA 11ª SUPERINTENDÊNCIA REGIONAL DA CODEVASF NO MUNICÍPIO DE MACAPÁ/AP",{"$nulls":15},"EMPREENDIMENTO: CONSTRUÇÃO DA SEDE DA 11ª SUPERINTENDÊNCIA REGIONAL DA CODEVASF NO MUNICÍPIO DE MACAPÁ/AP",{"$nulls":15},"EMPREENDIMENTO: CONSTRUÇÃO DA SEDE DA 11ª SUPERINTENDÊNCIA REGIONAL DA CODEVASF NO MUNICÍPIO DE MACAPÁ/AP",{"$nulls":15},"EMPREENDIMENTO: CONSTRUÇÃO DA SEDE DA 11ª SUPERINTENDÊNCIA REGIONAL DA CODEVASF NO MUNICÍPIO DE MACAPÁ/AP",{"$nulls":15},"EMPREENDIMENTO: CONSTRUÇÃO DA SEDE DA 11ª SUPERINTENDÊNCIA REGIONAL DA CODEVASF NO MUNICÍPIO DE MACAPÁ/AP",{"$nulls":15},"EMPREENDIMENTO: CONSTRUÇÃO DA SEDE DA 11ª SUPERINTENDÊNCIA REGIONAL DA CODEVASF NO MUNICÍPIO DE MACAPÁ/AP",{"$nulls":15},"EMPREENDIMENTO: CONSTRUÇÃO DA SEDE DA 11ª SUPERINTENDÊNCIA REGIONAL DA CODEVASF NO MUNICÍPIO DE MACAPÁ/AP",{"$nulls":15},"EMPREENDIMENTO: CONSTRUÇÃO DA SEDE DA 11ª SUPERINTENDÊNCIA REGIONAL DA CODEVASF NO MUNICÍPIO DE MACAPÁ/AP",{"$nulls":15},"EMPREENDIMENTO: CONSTRUÇÃO DA SEDE DA 11ª SUPERINTENDÊNCIA REGIONAL DA CODEVASF NO MUNICÍPIO DE MACAPÁ/AP",{"$nulls":15},"EMPREENDIMENTO: CONSTRUÇÃO DA SEDE DA 11ª SUPERINTENDÊNCIA REGIONAL DA CODEVASF NO MUNICÍPIO DE MACAPÁ/AP",{"$nulls":15},"EMPREENDIMENTO: CONSTRUÇÃO DA SEDE DA 11ª SUPERINTENDÊNCIA REGIONAL DA CODEVASF NO MUNICÍPIO DE MACAPÁ/AP",{"$nulls":15},"EMPREENDIMENTO: CONSTRUÇÃO DA SEDE DA 11ª SUPERINTENDÊNCIA REGIONAL DA CODEVASF NO MUNICÍPIO DE MACAPÁ/AP",{"$nulls":15},"EMPREENDIMENTO: CONSTRUÇÃO DA SEDE DA 11ª SUPERINTENDÊNCIA REGIONAL DA CODEVASF NO MUNICÍPIO DE MACAPÁ/AP",{"$nulls":15},"EMPREENDIMENTO: CONSTRUÇÃO DA SEDE DA 11ª SUPERINTENDÊNCIA REGIONAL DA CODEVASF NO MUNICÍPIO DE MACAPÁ/AP",{"$nulls":15},"EMPREENDIMENTO: CONSTRUÇÃO DA SEDE DA 11ª SUPERINTENDÊNCIA REGIONAL DA CODEVASF NO MUNICÍPIO DE MACAPÁ/AP",{"$nulls":15},"EMPREENDIMENTO: CONSTRUÇÃO DA SEDE DA 11ª SUPERINTENDÊNCIA REGIONAL DA CODEVASF NO MUNICÍPIO DE MACAPÁ/AP",{"$nulls":15},"EMPREENDIMENTO: CONSTRUÇÃO DA SEDE DA 11ª SUPERINTENDÊNCIA REGIONAL DA CODEVASF NO MUNICÍPIO DE MACAPÁ/AP",{"$nulls":15},"EMPREENDIMENTO: CONSTRUÇÃO DA SEDE DA 11ª SUPERINTENDÊNCIA REGIONAL DA CODEVASF NO MUNICÍPIO DE MACAPÁ/AP",{"$nulls":15},"EMPREENDIMENTO: CONSTRUÇÃO DA SEDE DA 11ª SUPERINTENDÊNCIA REGIONAL DA CODEVASF NO MUNICÍPIO DE MACAPÁ/AP",{"$nulls":15},"EMPREENDIMENTO: CONSTRUÇÃO DA SEDE DA 11ª SUPERINTENDÊNCIA REGIONAL DA CODEVASF NO MUNICÍPIO DE MACAPÁ/AP",{"$nulls":15},"EMPREENDIMENTO: CONSTRUÇÃO DA SEDE DA 11ª SUPERINTENDÊNCIA REGIONAL DA CODEVASF NO MUNICÍPIO DE MACAPÁ/AP",{"$nulls":15},"EMPREENDIMENTO: CONSTRUÇÃO DA SEDE DA 11ª SUPERINTENDÊNCIA REGIONAL DA CODEVASF NO MUNICÍPIO DE MACAPÁ/AP",{"$nulls":15},"EMPREENDIMENTO: CONSTRUÇÃO DA SEDE DA 11ª SUPERINTENDÊNCIA REGIONAL DA CODEVASF NO MUNICÍPIO DE MACAPÁ/AP",{"$nulls":15},"EMPREENDIMENTO: CONSTRUÇÃO DA SEDE DA 11ª SUPERINTENDÊNCIA REGIONAL DA CODEVASF NO MUNICÍPIO DE MACAPÁ/AP",{"$nulls":15},"EMPREENDIMENTO: CONSTRUÇÃO DA SEDE DA 11ª SUPERINTENDÊNCIA REGIONAL DA CODEVASF NO MUNICÍPIO DE MACAPÁ/AP",{"$nulls":15},"EMPREENDIMENTO: CONSTRUÇÃO DA SEDE DA 11ª SUPERINTENDÊNCIA REGIONAL DA CODEVASF NO MUNICÍPIO DE MACAPÁ/AP",{"$nulls":15},"EMPREENDIMENTO: CONSTRUÇÃO DA SEDE DA 11ª SUPERINTENDÊNCIA REGIONAL DA CODEVASF NO MUNICÍPIO DE MACAPÁ/AP",{"$nulls":15},"EMPREENDIMENTO: CONSTRUÇÃO DA SEDE DA 11ª SUPERINTENDÊNCIA REGIONAL DA CODEVASF NO MUNICÍPIO DE MACAPÁ/AP",{"$nulls":15},"EMPREENDIMENTO: CONSTRUÇÃO DA SEDE DA 11ª SUPERINTENDÊNCIA REGIONAL DA CODEVASF NO MUNICÍPIO DE MACAPÁ/AP",{"$nulls":15},"EMPREENDIMENTO: CONSTRUÇÃO DA SEDE DA 11ª SUPERINTENDÊNCIA REGIONAL DA CODEVASF NO MUNICÍPIO DE MACAPÁ/AP",{"$nulls":15},"EMPREENDIMENTO: CONSTRUÇÃO DA SEDE DA 11ª SUPERINTENDÊNCIA REGIONAL DA CODEVASF NO MUNICÍPIO DE MACAPÁ/AP",{"$nulls":15},"EMPREENDIMENTO: CONSTRUÇÃO DA SEDE DA 11ª SUPERINTENDÊNCIA REGIONAL DA CODEVASF NO MUNICÍPIO DE MACAPÁ/AP",{"$nulls":15},"EMPREENDIMENTO: CONSTRUÇÃO DA SEDE DA 11ª SUPERINTENDÊNCIA REGIONAL DA CODEVASF NO MUNICÍPIO DE MACAPÁ/AP",{"$nulls":15},"EMPREENDIMENTO: CONSTRUÇÃO DA SEDE DA 11ª SUPERINTENDÊNCIA REGIONAL DA CODEVASF NO MUNICÍPIO DE MACAPÁ/AP",{"$nulls":15},"EMPREENDIMENTO: CONSTRUÇÃO DA SEDE DA 11ª SUPERINTENDÊNCIA REGIONAL DA CODEVASF NO MUNICÍPIO DE MACAPÁ/AP",{"$nulls":15},"EMPREENDIMENTO: CONSTRUÇÃO DA SEDE DA 11ª SUPERINTENDÊNCIA REGIONAL DA CODEVASF NO MUNICÍPIO DE MACAPÁ/AP",{"$nulls":15},"EMPREENDIMENTO: CONSTRUÇÃO DA SEDE DA 11ª SUPERINTENDÊNCIA REGIONAL DA CODEVASF NO MUNICÍPIO DE MACAPÁ/AP",{"$nulls":15},"EMPREENDIMENTO: CONSTRUÇÃO DA SEDE DA 11ª SUPERINTENDÊNCIA REGIONAL DA CODEVASF NO MUNICÍPIO DE MACAPÁ/AP",{"$nulls":15},"EMPREENDIMENTO: CONSTRUÇÃO DA SEDE DA 11ª SUPERINTENDÊNCIA REGIONAL DA CODEVASF NO MUNICÍPIO DE MACAPÁ/AP",{"$nulls":15},"EMPREENDIMENTO: CONSTRUÇÃO DA SEDE DA 11ª SUPERINTENDÊNCIA REGIONAL DA CODEVASF NO MUNICÍPIO DE MACAPÁ/AP",{"$nulls":15},"EMPREENDIMENTO: CONSTRUÇÃO DA SEDE DA 11ª SUPERINTENDÊNCIA REGIONAL DA CODEVASF NO MUNICÍPIO DE MACAPÁ/AP",{"$nulls":15},"EMPREENDIMENTO: CONSTRUÇÃO DA SEDE DA 11ª SUPERINTENDÊNCIA REGIONAL DA CODEVASF NO MUNICÍPIO DE MACAPÁ/AP",{"$nulls":15},"EMPREENDIMENTO: CONSTRUÇÃO DA SEDE DA 11ª SUPERINTENDÊNCIA REGIONAL DA CODEVASF NO MUNICÍPIO DE MACAPÁ/AP",{"$nulls":15},"EMPREENDIMENTO: CONSTRUÇÃO DA SEDE DA 11ª SUPERINTENDÊNCIA REGIONAL DA CODEVASF NO MUNICÍPIO DE MACAPÁ/AP",{"$nulls":15},"EMPREENDIMENTO: CONSTRUÇÃO DA SEDE DA 11ª SUPERINTENDÊNCIA REGIONAL DA CODEVASF NO MUNICÍPIO DE MACAPÁ/AP",{"$nulls":15},"EMPREENDIMENTO: CONSTRUÇÃO DA SEDE DA 11ª SUPERINTENDÊNCIA REGIONAL DA CODEVASF NO MUNICÍPIO DE MACAPÁ/AP",{"$nulls":15},"EMPREENDIMENTO: CONSTRUÇÃO DA SEDE DA 11ª SUPERINTENDÊNCIA REGIONAL DA CODEVASF NO MUNICÍPIO DE MACAPÁ/AP",{"$nulls":15},"EMPREENDIMENTO: CONSTRUÇÃO DA SEDE DA 11ª SUPERINTENDÊNCIA REGIONAL DA CODEVASF NO MUNICÍPIO DE MACAPÁ/AP",{"$nulls":15},"EMPREENDIMENTO: CONSTRUÇÃO DA SEDE DA 11ª SUPERINTENDÊNCIA REGIONAL DA CODEVASF NO MUNICÍPIO DE MACAPÁ/AP",{"$nulls":15},"EMPREENDIMENTO: CONSTRUÇÃO DA SEDE DA 11ª SUPERINTENDÊNCIA REGIONAL DA CODEVASF NO MUNICÍPIO DE MACAPÁ/AP",{"$nulls":15},"EMPREENDIMENTO: CONSTRUÇÃO DA SEDE DA 11ª SUPERINTENDÊNCIA REGIONAL DA CODEVASF NO MUNICÍPIO DE MACAPÁ/AP",{"$nulls":15},"EMPREENDIMENTO: CONSTRUÇÃO DA SEDE DA 11ª SUPERINTENDÊNCIA REGIONAL DA CODEVASF NO MUNICÍPIO DE MACAPÁ/AP",{"$nulls":15},"EMPREENDIMENTO: CONSTRUÇÃO DA SEDE DA 11ª SUPERINTENDÊNCIA REGIONAL DA CODEVASF NO MUNICÍPIO DE MACAPÁ/AP",{"$nulls":15},"EMPREENDIMENTO: CONSTRUÇÃO DA SEDE DA 11ª SUPERINTENDÊNCIA REGIONAL DA CODEVASF NO MUNICÍPIO DE MACAPÁ/AP",{"$nulls":15},"EMPREENDIMENTO: CONSTRUÇÃO DA SEDE DA 11ª SUPERINTENDÊNCIA REGIONAL DA CODEVASF NO MUNICÍPIO DE MACAPÁ/AP",{"$nulls":15},"EMPREENDIMENTO: CONSTRUÇÃO DA SEDE DA 11ª SUPERINTENDÊNCIA REGIONAL DA CODEVASF NO MUNICÍPIO DE MACAPÁ/AP",{"$nulls":15},"EMPREENDIMENTO: CONSTRUÇÃO DA SEDE DA 11ª SUPERINTENDÊNCIA REGIONAL DA CODEVASF NO MUNICÍPIO DE MACAPÁ/AP",{"$nulls":15},"EMPREENDIMENTO: CONSTRUÇÃO DA SEDE DA 11ª SUPERINTENDÊNCIA REGIONAL DA CODEVASF NO MUNICÍPIO DE MACAPÁ/AP",{"$nulls":15},"EMPREENDIMENTO: CONSTRUÇÃO DA SEDE DA 11ª SUPERINTENDÊNCIA REGIONAL DA CODEVASF NO MUNICÍPIO DE MACAPÁ/AP",{"$nulls":15},"EMPREENDIMENTO: CONSTRUÇÃO DA SEDE DA 11ª SUPERINTENDÊNCIA REGIONAL DA CODEVASF NO MUNICÍPIO DE MACAPÁ/AP",{"$nulls":15},"EMPREENDIMENTO: CONSTRUÇÃO DA SEDE DA 11ª SUPERINTENDÊNCIA REGIONAL DA CODEVASF NO MUNICÍPIO DE MACAPÁ/AP",{"$nulls":15},"EMPREENDIMENTO: CONSTRUÇÃO DA SEDE DA 11ª SUPERINTENDÊNCIA REGIONAL DA CODEVASF NO MUNICÍPIO DE MACAPÁ/AP",{"$nulls":15},"EMPREENDIMENTO: CONSTRUÇÃO DA SEDE DA 11ª SUPERINTENDÊNCIA REGIONAL DA CODEVASF NO MUNICÍPIO DE MACAPÁ/AP",{"$nulls":15},"EMPREENDIMENTO: CONSTRUÇÃO DA SEDE DA 11ª SUPERINTENDÊNCIA REGIONAL DA CODEVASF NO MUNICÍPIO DE MACAPÁ/AP",{"$nulls":15},"EMPREENDIMENTO: CONSTRUÇÃO DA SEDE DA 11ª SUPERINTENDÊNCIA REGIONAL DA CODEVASF NO MUNICÍPIO DE MACAPÁ/AP",{"$nulls":15},"EMPREENDIMENTO: CONSTRUÇÃO DA SEDE DA 11ª SUPERINTENDÊNCIA REGIONAL DA CODEVASF NO MUNICÍPIO DE MACAPÁ/AP",{"$nulls":15},"EMPREENDIMENTO: CONSTRUÇÃO DA SEDE DA 11ª SUPERINTENDÊNCIA REGIONAL DA CODEVASF NO MUNICÍPIO DE MACAPÁ/AP",{"$nulls":15},"EMPREENDIMENTO: CONSTRUÇÃO DA SEDE DA 11ª SUPERINTENDÊNCIA REGIONAL DA CODEVASF NO MUNICÍPIO DE MACAPÁ/AP",{"$nulls":15},"EMPREENDIMENTO: CONSTRUÇÃO DA SEDE DA 11ª SUPERINTENDÊNCIA REGIONAL DA CODEVASF NO MUNICÍPIO DE MACAPÁ/AP",{"$nulls":15},"EMPREENDIMENTO: CONSTRUÇÃO DA SEDE DA 11ª SUPERINTENDÊNCIA REGIONAL DA CODEVASF NO MUNICÍPIO DE MACAPÁ/AP",{"$nulls":15},"EMPREENDIMENTO: CONSTRUÇÃO DA SEDE DA 11ª SUPERINTENDÊNCIA REGIONAL DA CODEVASF NO MUNICÍPIO DE MACAPÁ/AP",{"$nulls":15},"EMPREENDIMENTO: CONSTRUÇÃO DA SEDE DA 11ª SUPERINTENDÊNCIA REGIONAL DA CODEVASF NO MUNICÍPIO DE MACAPÁ/AP",{"$nulls":15},"EMPREENDIMENTO: CONSTRUÇÃO DA SEDE DA 11ª SUPERINTENDÊNCIA REGIONAL DA CODEVASF NO MUNICÍPIO DE MACAPÁ/AP",{"$nulls":15},"EMPREENDIMENTO: CONSTRUÇÃO DA SEDE DA 11ª SUPERINTENDÊNCIA REGIONAL DA CODEVASF NO MUNICÍPIO DE MACAPÁ/AP",{"$nulls":15},"EMPREENDIMENTO: CONSTRUÇÃO DA SEDE DA 11ª SUPERINTENDÊNCIA REGIONAL DA CODEVASF NO MUNICÍPIO DE MACAPÁ/AP",{"$nulls":15},"EMPREENDIMENTO: CONSTRUÇÃO DA SEDE DA 11ª SUPERINTENDÊNCIA REGIONAL DA CODEVASF NO MUNICÍPIO DE MACAPÁ/AP",{"$nulls":15},"EMPREENDIMENTO: CONSTRUÇÃO DA SEDE DA 11ª SUPERINTENDÊNCIA REGIONAL DA CODEVASF NO MUNICÍPIO DE MACAPÁ/AP",{"$nulls":15},"EMPREENDIMENTO: CONSTRUÇÃO DA SEDE DA 11ª SUPERINTENDÊNCIA REGIONAL DA CODEVASF NO MUNICÍPIO DE MACAPÁ/AP",{"$nulls":15},"EMPREENDIMENTO: CONSTRUÇÃO DA SEDE DA 11ª SUPERINTENDÊNCIA REGIONAL DA CODEVASF NO MUNICÍPIO DE MACAPÁ/AP",{"$nulls":15},"EMPREENDIMENTO: CONSTRUÇÃO DA SEDE DA 11ª SUPERINTENDÊNCIA REGIONAL DA CODEVASF NO MUNICÍPIO DE MACAPÁ/AP",{"$nulls":15},"EMPREENDIMENTO: CONSTRUÇÃO DA SEDE DA 11ª SUPERINTENDÊNCIA REGIONAL DA CODEVASF NO MUNICÍPIO DE MACAPÁ/AP",{"$nulls":15},"EMPREENDIMENTO: CONSTRUÇÃO DA SEDE DA 11ª SUPERINTENDÊNCIA REGIONAL DA CODEVASF NO MUNICÍPIO DE MACAPÁ/AP",{"$nulls":15},"EMPREENDIMENTO: CONSTRUÇÃO DA SEDE DA 11ª SUPERINTENDÊNCIA REGIONAL DA CODEVASF NO MUNICÍPIO DE MACAPÁ/AP",{"$nulls":15},"EMPREENDIMENTO: CONSTRUÇÃO DA SEDE DA 11ª SUPERINTENDÊNCIA REGIONAL DA CODEVASF NO MUNICÍPIO DE MACAPÁ/AP",{"$nulls":15},"EMPREENDIMENTO: CONSTRUÇÃO DA SEDE DA 11ª SUPERINTENDÊNCIA REGIONAL DA CODEVASF NO MUNICÍPIO DE MACAPÁ/AP",{"$nulls":15},"EMPREENDIMENTO: CONSTRUÇÃO DA SEDE DA 11ª SUPERINTENDÊNCIA REGIONAL DA CODEVASF NO MUNICÍPIO DE MACAPÁ/AP",{"$nulls":15},"EMPREENDIMENTO: CONSTRUÇÃO DA SEDE DA 11ª SUPERINTENDÊNCIA REGIONAL DA CODEVASF NO MUNICÍPIO DE MACAPÁ/AP",{"$nulls":15},"EMPREENDIMENTO: CONSTRUÇÃO DA SEDE DA 11ª SUPERINTENDÊNCIA REGIONAL DA CODEVASF NO MUNICÍPIO DE MACAPÁ/AP",{"$nulls":15},"EMPREENDIMENTO: CONSTRUÇÃO DA SEDE DA 11ª SUPERINTENDÊNCIA REGIONAL DA CODEVASF NO MUNICÍPIO DE MACAPÁ/AP",{"$nulls":15},"EMPREENDIMENTO: CONSTRUÇÃO DA SEDE DA 11ª SUPERINTENDÊNCIA REGIONAL DA CODEVASF NO MUNICÍPIO DE MACAPÁ/AP",{"$nulls":15},"EMPREENDIMENTO: CONSTRUÇÃO DA SEDE DA 11ª SUPERINTENDÊNCIA REGIONAL DA CODEVASF NO MUNICÍPIO DE MACAPÁ/AP",{"$nulls":15},"EMPREENDIMENTO: CONSTRUÇÃO DA SEDE DA 11ª SUPERINTENDÊNCIA REGIONAL DA CODEVASF NO MUNICÍPIO DE MACAPÁ/AP",{"$nulls":15},"EMPREENDIMENTO: CONSTRUÇÃO DA SEDE DA 11ª SUPERINTENDÊNCIA REGIONAL DA CODEVASF NO MUNICÍPIO DE MACAPÁ/AP",{"$nulls":15},"EMPREENDIMENTO: CONSTRUÇÃO DA SEDE DA 11ª SUPERINTENDÊNCIA REGIONAL DA CODEVASF NO MUNICÍPIO DE MACAPÁ/AP",{"$nulls":15},"EMPREENDIMENTO: CONSTRUÇÃO DA SEDE DA 11ª SUPERINTENDÊNCIA REGIONAL DA CODEVASF NO MUNICÍPIO DE MACAPÁ/AP",{"$nulls":15},"EMPREENDIMENTO: CONSTRUÇÃO DA SEDE DA 11ª SUPERINTENDÊNCIA REGIONAL DA CODEVASF NO MUNICÍPIO DE MACAPÁ/AP",{"$nulls":15},"EMPREENDIMENTO: CONSTRUÇÃO DA SEDE DA 11ª SUPERINTENDÊNCIA REGIONAL DA CODEVASF NO MUNICÍPIO DE MACAPÁ/AP",{"$nulls":15},"EMPREENDIMENTO: CONSTRUÇÃO DA SEDE DA 11ª SUPERINTENDÊNCIA REGIONAL DA CODEVASF NO MUNICÍPIO DE MACAPÁ/AP",{"$nulls":15},"EMPREENDIMENTO: CONSTRUÇÃO DA SEDE DA 11ª SUPERINTENDÊNCIA REGIONAL DA CODEVASF NO MUNICÍPIO DE MACAPÁ/AP",{"$nulls":15},"EMPREENDIMENTO: CONSTRUÇÃO DA SEDE DA 11ª SUPERINTENDÊNCIA REGIONAL DA CODEVASF NO MUNICÍPIO DE MACAPÁ/AP",{"$nulls":15},"EMPREENDIMENTO: CONSTRUÇÃO DA SEDE DA 11ª SUPERINTENDÊNCIA REGIONAL DA CODEVASF NO MUNICÍPIO DE MACAPÁ/AP",{"$nulls":15},"EMPREENDIMENTO: CONSTRUÇÃO DA SEDE DA 11ª SUPERINTENDÊNCIA REGIONAL DA CODEVASF NO MUNICÍPIO DE MACAPÁ/AP",{"$nulls":15},"EMPREENDIMENTO: CONSTRUÇÃO DA SEDE DA 11ª SUPERINTENDÊNCIA REGIONAL DA CODEVASF NO MUNICÍPIO DE MACAPÁ/AP",{"$nulls":15},"EMPREENDIMENTO: CONSTRUÇÃO DA SEDE DA 11ª SUPERINTENDÊNCIA REGIONAL DA CODEVASF NO MUNICÍPIO DE MACAPÁ/AP",{"$nulls":15},"EMPREENDIMENTO: CONSTRUÇÃO DA SEDE DA 11ª SUPERINTENDÊNCIA REGIONAL DA CODEVASF NO MUNICÍPIO DE MACAPÁ/AP",{"$nulls":15},"EMPREENDIMENTO: CONSTRUÇÃO DA SEDE DA 11ª SUPERINTENDÊNCIA REGIONAL DA CODEVASF NO MUNICÍPIO DE MACAPÁ/AP",{"$nulls":15},"EMPREENDIMENTO: CONSTRUÇÃO DA SEDE DA 11ª SUPERINTENDÊNCIA REGIONAL DA CODEVASF NO MUNICÍPIO DE MACAPÁ/AP",{"$nulls":15},"EMPREENDIMENTO: CONSTRUÇÃO DA SEDE DA 11ª SUPERINTENDÊNCIA REGIONAL DA CODEVASF NO MUNICÍPIO DE MACAPÁ/AP",{"$nulls":15},"EMPREENDIMENTO: CONSTRUÇÃO DA SEDE DA 11ª SUPERINTENDÊNCIA REGIONAL DA CODEVASF NO MUNICÍPIO DE MACAPÁ/AP",{"$nulls":15},"EMPREENDIMENTO: CONSTRUÇÃO DA SEDE DA 11ª SUPERINTENDÊNCIA REGIONAL DA CODEVASF NO MUNICÍPIO DE MACAPÁ/AP",{"$nulls":15},"EMPREENDIMENTO: CONSTRUÇÃO DA SEDE DA 11ª SUPERINTENDÊNCIA REGIONAL DA CODEVASF NO MUNICÍPIO DE MACAPÁ/AP",{"$nulls":15},"EMPREENDIMENTO: CONSTRUÇÃO DA SEDE DA 11ª SUPERINTENDÊNCIA REGIONAL DA CODEVASF NO MUNICÍPIO DE MACAPÁ/AP",{"$nulls":15},"EMPREENDIMENTO: CONSTRUÇÃO DA SEDE DA 11ª SUPERINTENDÊNCIA REGIONAL DA CODEVASF NO MUNICÍPIO DE MACAPÁ/AP",{"$nulls":15},"EMPREENDIMENTO: CONSTRUÇÃO DA SEDE DA 11ª SUPERINTENDÊNCIA REGIONAL DA CODEVASF NO MUNICÍPIO DE MACAPÁ/AP",{"$nulls":15},"EMPREENDIMENTO: CONSTRUÇÃO DA SEDE DA 11ª SUPERINTENDÊNCIA REGIONAL DA CODEVASF NO MUNICÍPIO DE MACAPÁ/AP",{"$nulls":15},"EMPREENDIMENTO: CONSTRUÇÃO DA SEDE DA 11ª SUPERINTENDÊNCIA REGIONAL DA CODEVASF NO MUNICÍPIO DE MACAPÁ/AP",{"$nulls":15},"EMPREENDIMENTO: CONSTRUÇÃO DA SEDE DA 11ª SUPERINTENDÊNCIA REGIONAL DA CODEVASF NO MUNICÍPIO DE MACAPÁ/AP",{"$nulls":15},"EMPREENDIMENTO: CONSTRUÇÃO DA SEDE DA 11ª SUPERINTENDÊNCIA REGIONAL DA CODEVASF NO MUNICÍPIO DE MACAPÁ/AP",{"$nulls":15},"EMPREENDIMENTO: CONSTRUÇÃO DA SEDE DA 11ª SUPERINTENDÊNCIA REGIONAL DA CODEVASF NO MUNICÍPIO DE MACAPÁ/AP",{"$nulls":15},"EMPREENDIMENTO: CONSTRUÇÃO DA SEDE DA 11ª SUPERINTENDÊNCIA REGIONAL DA CODEVASF NO MUNICÍPIO DE MACAPÁ/AP",{"$nulls":15},"EMPREENDIMENTO: CONSTRUÇÃO DA SEDE DA 11ª SUPERINTENDÊNCIA REGIONAL DA CODEVASF NO MUNICÍPIO DE MACAPÁ/AP",{"$nulls":15},"EMPREENDIMENTO: CONSTRUÇÃO DA SEDE DA 11ª SUPERINTENDÊNCIA REGIONAL DA CODEVASF NO MUNICÍPIO DE MACAPÁ/AP",{"$nulls":15},"EMPREENDIMENTO: CONSTRUÇÃO DA SEDE DA 11ª SUPERINTENDÊNCIA REGIONAL DA CODEVASF NO MUNICÍPIO DE MACAPÁ/AP",{"$nulls":15},"EMPREENDIMENTO: CONSTRUÇÃO DA SEDE DA 11ª SUPERINTENDÊNCIA REGIONAL DA CODEVASF NO MUNICÍPIO DE MACAPÁ/AP",{"$nulls":15},"EMPREENDIMENTO: CONSTRUÇÃO DA SEDE DA 11ª SUPERINTENDÊNCIA REGIONAL DA CODEVASF NO MUNICÍPIO DE MACAPÁ/AP",{"$nulls":15},"EMPREENDIMENTO: CONSTRUÇÃO DA SEDE DA 11ª SUPERINTENDÊNCIA REGIONAL DA CODEVASF NO MUNICÍPIO DE MACAPÁ/AP",{"$nulls":15},"EMPREENDIMENTO: CONSTRUÇÃO DA SEDE DA 11ª SUPERINTENDÊNCIA REGIONAL DA CODEVASF NO MUNICÍPIO DE MACAPÁ/AP",{"$nulls":15},"EMPREENDIMENTO: CONSTRUÇÃO DA SEDE DA 11ª SUPERINTENDÊNCIA REGIONAL DA CODEVASF NO MUNICÍPIO DE MACAPÁ/AP",{"$nulls":15},"EMPREENDIMENTO: CONSTRUÇÃO DA SEDE DA 11ª SUPERINTENDÊNCIA REGIONAL DA CODEVASF NO MUNICÍPIO DE MACAPÁ/AP",{"$nulls":15},"EMPREENDIMENTO: CONSTRUÇÃO DA SEDE DA 11ª SUPERINTENDÊNCIA REGIONAL DA CODEVASF NO MUNICÍPIO DE MACAPÁ/AP",{"$nulls":15},"EMPREENDIMENTO: CONSTRUÇÃO DA SEDE DA 11ª SUPERINTENDÊNCIA REGIONAL DA CODEVASF NO MUNICÍPIO DE MACAPÁ/AP",{"$nulls":15},"EMPREENDIMENTO: CONSTRUÇÃO DA SEDE DA 11ª SUPERINTENDÊNCIA REGIONAL DA CODEVASF NO MUNICÍPIO DE MACAPÁ/AP",{"$nulls":15},"EMPREENDIMENTO: CONSTRUÇÃO DA SEDE DA 11ª SUPERINTENDÊNCIA REGIONAL DA CODEVASF NO MUNICÍPIO DE MACAPÁ/AP",{"$nulls":15},"EMPREENDIMENTO: CONSTRUÇÃO DA SEDE DA 11ª SUPERINTENDÊNCIA REGIONAL DA CODEVASF NO MUNICÍPIO DE MACAPÁ/AP",{"$nulls":15},"EMPREENDIMENTO: CONSTRUÇÃO DA SEDE DA 11ª SUPERINTENDÊNCIA REGIONAL DA CODEVASF NO MUNICÍPIO DE MACAPÁ/AP",{"$nulls":15},"EMPREENDIMENTO: CONSTRUÇÃO DA SEDE DA 11ª SUPERINTENDÊNCIA REGIONAL DA CODEVASF NO MUNICÍPIO DE MACAPÁ/AP",{"$nulls":15},"EMPREENDIMENTO: CONSTRUÇÃO DA SEDE DA 11ª SUPERINTENDÊNCIA REGIONAL DA CODEVASF NO MUNICÍPIO DE MACAPÁ/AP",{"$nulls":15},"EMPREENDIMENTO: CONSTRUÇÃO DA SEDE DA 11ª SUPERINTENDÊNCIA REGIONAL DA CODEVASF NO MUNICÍPIO DE MACAPÁ/AP",{"$nulls":15},"EMPREENDIMENTO: CONSTRUÇÃO DA SEDE DA 11ª SUPERINTENDÊNCIA REGIONAL DA CODEVASF NO MUNICÍPIO DE MACAPÁ/AP",{"$nulls":15},"EMPREENDIMENTO: CONSTRUÇÃO DA SEDE DA 11ª SUPERINTENDÊNCIA REGIONAL DA CODEVASF NO MUNICÍPIO DE MACAPÁ/AP",{"$nulls":15},"EMPREENDIMENTO: CONSTRUÇÃO DA SEDE DA 11ª SUPERINTENDÊNCIA REGIONAL DA CODEVASF NO MUNICÍPIO DE MACAPÁ/AP",{"$nulls":15},"EMPREENDIMENTO: CONSTRUÇÃO DA SEDE DA 11ª SUPERINTENDÊNCIA REGIONAL DA CODEVASF NO MUNICÍPIO DE MACAPÁ/AP",{"$nulls":15},"EMPREENDIMENTO: CONSTRUÇÃO DA SEDE DA 11ª SUPERINTENDÊNCIA REGIONAL DA CODEVASF NO MUNICÍPIO DE MACAPÁ/AP",{"$nulls":15},"EMPREENDIMENTO: CONSTRUÇÃO DA SEDE DA 11ª SUPERINTENDÊNCIA REGIONAL DA CODEVASF NO MUNICÍPIO DE MACAPÁ/AP",{"$nulls":15},"EMPREENDIMENTO: CONSTRUÇÃO DA SEDE DA 11ª SUPERINTENDÊNCIA REGIONAL DA CODEVASF NO MUNICÍPIO DE MACAPÁ/AP",{"$nulls":15},"EMPREENDIMENTO: CONSTRUÇÃO DA SEDE DA 11ª SUPERINTENDÊNCIA REGIONAL DA CODEVASF NO MUNICÍPIO DE MACAPÁ/AP",{"$nulls":15},"EMPREENDIMENTO: CONSTRUÇÃO DA SEDE DA 11ª SUPERINTENDÊNCIA REGIONAL DA CODEVASF NO MUNICÍPIO DE MACAPÁ/AP",{"$nulls":15},"EMPREENDIMENTO: CONSTRUÇÃO DA SEDE DA 11ª SUPERINTENDÊNCIA REGIONAL DA CODEVASF NO MUNICÍPIO DE MACAPÁ/AP",{"$nulls":15},"EMPREENDIMENTO: CONSTRUÇÃO DA SEDE DA 11ª SUPERINTENDÊNCIA REGIONAL DA CODEVASF NO MUNICÍPIO DE MACAPÁ/AP",{"$nulls":15},"EMPREENDIMENTO: CONSTRUÇÃO DA SEDE DA 11ª SUPERINTENDÊNCIA REGIONAL DA CODEVASF NO MUNICÍPIO DE MACAPÁ/AP",{"$nulls":15},"EMPREENDIMENTO: CONSTRUÇÃO DA SEDE DA 11ª SUPERINTENDÊNCIA REGIONAL DA CODEVASF NO MUNICÍPIO DE MACAPÁ/AP",{"$nulls":15},"EMPREENDIMENTO: CONSTRUÇÃO DA SEDE DA 11ª SUPERINTENDÊNCIA REGIONAL DA CODEVASF NO MUNICÍPIO DE MACAPÁ/AP",{"$nulls":15},"EMPREENDIMENTO: CONSTRUÇÃO DA SEDE DA 11ª SUPERINTENDÊNCIA REGIONAL DA CODEVASF NO MUNICÍPIO DE MACAPÁ/AP",{"$nulls":15},"EMPREENDIMENTO: CONSTRUÇÃO DA SEDE DA 11ª SUPERINTENDÊNCIA REGIONAL DA CODEVASF NO MUNICÍPIO DE MACAPÁ/AP",{"$nulls":15},"EMPREENDIMENTO: CONSTRUÇÃO DA SEDE DA 11ª SUPERINTENDÊNCIA REGIONAL DA CODEVASF NO MUNICÍPIO DE MACAPÁ/AP",{"$nulls":15},"EMPREENDIMENTO: CONSTRUÇÃO DA SEDE DA 11ª SUPERINTENDÊNCIA REGIONAL DA CODEVASF NO MUNICÍPIO DE MACAPÁ/AP",{"$nulls":15},"EMPREENDIMENTO: CONSTRUÇÃO DA SEDE DA 11ª SUPERINTENDÊNCIA REGIONAL DA CODEVASF NO MUNICÍPIO DE MACAPÁ/AP",{"$nulls":15},"EMPREENDIMENTO: CONSTRUÇÃO DA SEDE DA 11ª SUPERINTENDÊNCIA REGIONAL DA CODEVASF NO MUNICÍPIO DE MACAPÁ/AP",{"$nulls":15},"EMPREENDIMENTO: CONSTRUÇÃO DA SEDE DA 11ª SUPERINTENDÊNCIA REGIONAL DA CODEVASF NO MUNICÍPIO DE MACAPÁ/AP",{"$nulls":15},"EMPREENDIMENTO: CONSTRUÇÃO DA SEDE DA 11ª SUPERINTENDÊNCIA REGIONAL DA CODEVASF NO MUNICÍPIO DE MACAPÁ/AP",{"$nulls":15},"EMPREENDIMENTO: CONSTRUÇÃO DA SEDE DA 11ª SUPERINTENDÊNCIA REGIONAL DA CODEVASF NO MUNICÍPIO DE MACAPÁ/AP",{"$nulls":15},"EMPREENDIMENTO: CONSTRUÇÃO DA SEDE DA 11ª SUPERINTENDÊNCIA REGIONAL DA CODEVASF NO MUNICÍPIO DE MACAPÁ/AP",{"$nulls":15},"EMPREENDIMENTO: CONSTRUÇÃO DA SEDE DA 11ª SUPERINTENDÊNCIA REGIONAL DA CODEVASF NO MUNICÍPIO DE MACAPÁ/AP",{"$nulls":15},"EMPREENDIMENTO: CONSTRUÇÃO DA SEDE DA 11ª SUPERINTENDÊNCIA REGIONAL DA CODEVASF NO MUNICÍPIO DE MACAPÁ/AP",{"$nulls":15},"EMPREENDIMENTO: CONSTRUÇÃO DA SEDE DA 11ª SUPERINTENDÊNCIA REGIONAL DA CODEVASF NO MUNICÍPIO DE MACAPÁ/AP",{"$nulls":15},"EMPREENDIMENTO: CONSTRUÇÃO DA SEDE DA 11ª SUPERINTENDÊNCIA REGIONAL DA CODEVASF NO MUNICÍPIO DE MACAPÁ/AP",{"$nulls":15},"EMPREENDIMENTO: CONSTRUÇÃO DA SEDE DA 11ª SUPERINTENDÊNCIA REGIONAL DA CODEVASF NO MUNICÍPIO DE MACAPÁ/AP",{"$nulls":15},"EMPREENDIMENTO: CONSTRUÇÃO DA SEDE DA 11ª SUPERINTENDÊNCIA REGIONAL DA CODEVASF NO MUNICÍPIO DE MACAPÁ/AP",{"$nulls":15},"EMPREENDIMENTO: CONSTRUÇÃO DA SEDE DA 11ª SUPERINTENDÊNCIA REGIONAL DA CODEVASF NO MUNICÍPIO DE MACAPÁ/AP",{"$nulls":15},"EMPREENDIMENTO: CONSTRUÇÃO DA SEDE DA 11ª SUPERINTENDÊNCIA REGIONAL DA CODEVASF NO MUNICÍPIO DE MACAPÁ/AP",{"$nulls":15},"EMPREENDIMENTO: CONSTRUÇÃO DA SEDE DA 11ª SUPERINTENDÊNCIA REGIONAL DA CODEVASF NO MUNICÍPIO DE MACAPÁ/AP",{"$nulls":15},"EMPREENDIMENTO: CONSTRUÇÃO DA SEDE DA 11ª SUPERINTENDÊNCIA REGIONAL DA CODEVASF NO MUNICÍPIO DE MACAPÁ/AP",{"$nulls":15},"EMPREENDIMENTO: CONSTRUÇÃO DA SEDE DA 11ª SUPERINTENDÊNCIA REGIONAL DA CODEVASF NO MUNICÍPIO DE MACAPÁ/AP",{"$nulls":15},"EMPREENDIMENTO: CONSTRUÇÃO DA SEDE DA 11ª SUPERINTENDÊNCIA REGIONAL DA CODEVASF NO MUNICÍPIO DE MACAPÁ/AP",{"$nulls":15},"EMPREENDIMENTO: CONSTRUÇÃO DA SEDE DA 11ª SUPERINTENDÊNCIA REGIONAL DA CODEVASF NO MUNICÍPIO DE MACAPÁ/AP",{"$nulls":15},"EMPREENDIMENTO: CONSTRUÇÃO DA SEDE DA 11ª SUPERINTENDÊNCIA REGIONAL DA CODEVASF NO MUNICÍPIO DE MACAPÁ/AP",{"$nulls":15},"EMPREENDIMENTO: CONSTRUÇÃO DA SEDE DA 11ª SUPERINTENDÊNCIA REGIONAL DA CODEVASF NO MUNICÍPIO DE MACAPÁ/AP",{"$nulls":15},"EMPREENDIMENTO: CONSTRUÇÃO DA SEDE DA 11ª SUPERINTENDÊNCIA REGIONAL DA CODEVASF NO MUNICÍPIO DE MACAPÁ/AP",{"$nulls":15},"EMPREENDIMENTO: CONSTRUÇÃO DA SEDE DA 11ª SUPERINTENDÊNCIA REGIONAL DA CODEVASF NO MUNICÍPIO DE MACAPÁ/AP",{"$nulls":15},"EMPREENDIMENTO: CONSTRUÇÃO DA SEDE DA 11ª SUPERINTENDÊNCIA REGIONAL DA CODEVASF NO MUNICÍPIO DE MACAPÁ/AP",{"$nulls":15},"EMPREENDIMENTO: CONSTRUÇÃO DA SEDE DA 11ª SUPERINTENDÊNCIA REGIONAL DA CODEVASF NO MUNICÍPIO DE MACAPÁ/AP",{"$nulls":15},"EMPREENDIMENTO: CONSTRUÇÃO DA SEDE DA 11ª SUPERINTENDÊNCIA REGIONAL DA CODEVASF NO MUNICÍPIO DE MACAPÁ/AP",{"$nulls":15},"EMPREENDIMENTO: CONSTRUÇÃO DA SEDE DA 11ª SUPERINTENDÊNCIA REGIONAL DA CODEVASF NO MUNICÍPIO DE MACAPÁ/AP",{"$nulls":15},"EMPREENDIMENTO: CONSTRUÇÃO DA SEDE DA 11ª SUPERINTENDÊNCIA REGIONAL DA CODEVASF NO MUNICÍPIO DE MACAPÁ/AP",{"$nulls":15},"EMPREENDIMENTO: CONSTRUÇÃO DA SEDE DA 11ª SUPERINTENDÊNCIA REGIONAL DA CODEVASF NO MUNICÍPIO DE MACAPÁ/AP",{"$nulls":15},"EMPREENDIMENTO: CONSTRUÇÃO DA SEDE DA 11ª SUPERINTENDÊNCIA REGIONAL DA CODEVASF NO MUNICÍPIO DE MACAPÁ/AP",{"$nulls":15},"EMPREENDIMENTO: CONSTRUÇÃO DA SEDE DA 11ª SUPERINTENDÊNCIA REGIONAL DA CODEVASF NO MUNICÍPIO DE MACAPÁ/AP",{"$nulls":15},"EMPREENDIMENTO: CONSTRUÇÃO DA SEDE DA 11ª SUPERINTENDÊNCIA REGIONAL DA CODEVASF NO MUNICÍPIO DE MACAPÁ/AP",{"$nulls":15},"EMPREENDIMENTO: CONSTRUÇÃO DA SEDE DA 11ª SUPERINTENDÊNCIA REGIONAL DA CODEVASF NO MUNICÍPIO DE MACAPÁ/AP",{"$nulls":15},"EMPREENDIMENTO: CONSTRUÇÃO DA SEDE DA 11ª SUPERINTENDÊNCIA REGIONAL DA CODEVASF NO MUNICÍPIO DE MACAPÁ/AP",{"$nulls":15},"EMPREENDIMENTO: CONSTRUÇÃO DA SEDE DA 11ª SUPERINTENDÊNCIA REGIONAL DA CODEVASF NO MUNICÍPIO DE MACAPÁ/AP",{"$nulls":15},"EMPREENDIMENTO: CONSTRUÇÃO DA SEDE DA 11ª SUPERINTENDÊNCIA REGIONAL DA CODEVASF NO MUNICÍPIO DE MACAPÁ/AP",{"$nulls":15},"EMPREENDIMENTO: CONSTRUÇÃO DA SEDE DA 11ª SUPERINTENDÊNCIA REGIONAL DA CODEVASF NO MUNICÍPIO DE MACAPÁ/AP",{"$nulls":15},"EMPREENDIMENTO: CONSTRUÇÃO DA SEDE DA 11ª SUPERINTENDÊNCIA REGIONAL DA CODEVASF NO MUNICÍPIO DE MACAPÁ/AP",{"$nulls":15},"EMPREENDIMENTO: CONSTRUÇÃO DA SEDE DA 11ª SUPERINTENDÊNCIA REGIONAL DA CODEVASF NO MUNICÍPIO DE MACAPÁ/AP",{"$nulls":15},"EMPREENDIMENTO: CONSTRUÇÃO DA SEDE DA 11ª SUPERINTENDÊNCIA REGIONAL DA CODEVASF NO MUNICÍPIO DE MACAPÁ/AP",{"$nulls":15},"EMPREENDIMENTO: CONSTRUÇÃO DA SEDE DA 11ª SUPERINTENDÊNCIA REGIONAL DA CODEVASF NO MUNICÍPIO DE MACAPÁ/AP",{"$nulls":15},"EMPREENDIMENTO: CONSTRUÇÃO DA SEDE DA 11ª SUPERINTENDÊNCIA REGIONAL DA CODEVASF NO MUNICÍPIO DE MACAPÁ/AP",{"$nulls":15},"EMPREENDIMENTO: CONSTRUÇÃO DA SEDE DA 11ª SUPERINTENDÊNCIA REGIONAL DA CODEVASF NO MUNICÍPIO DE MACAPÁ/AP",{"$nulls":15},"EMPREENDIMENTO: CONSTRUÇÃO DA SEDE DA 11ª SUPERINTENDÊNCIA REGIONAL DA CODEVASF NO MUNICÍPIO DE MACAPÁ/AP",{"$nulls":15},"EMPREENDIMENTO: CONSTRUÇÃO DA SEDE DA 11ª SUPERINTENDÊNCIA REGIONAL DA CODEVASF NO MUNICÍPIO DE MACAPÁ/AP",{"$nulls":15},"EMPREENDIMENTO: CONSTRUÇÃO DA SEDE DA 11ª SUPERINTENDÊNCIA REGIONAL DA CODEVASF NO MUNICÍPIO DE MACAPÁ/AP",{"$nulls":15},"EMPREENDIMENTO: CONSTRUÇÃO DA SEDE DA 11ª SUPERINTENDÊNCIA REGIONAL DA CODEVASF NO MUNICÍPIO DE MACAPÁ/AP",{"$nulls":15},"EMPREENDIMENTO: CONSTRUÇÃO DA SEDE DA 11ª SUPERINTENDÊNCIA REGIONAL DA CODEVASF NO MUNICÍPIO DE MACAPÁ/AP",{"$nulls":15},"EMPREENDIMENTO: CONSTRUÇÃO DA SEDE DA 11ª SUPERINTENDÊNCIA REGIONAL DA CODEVASF NO MUNICÍPIO DE MACAPÁ/AP",{"$nulls":15},"EMPREENDIMENTO: CONSTRUÇÃO DA SEDE DA 11ª SUPERINTENDÊNCIA REGIONAL DA CODEVASF NO MUNICÍPIO DE MACAPÁ/AP",{"$nulls":15},"EMPREENDIMENTO: CONSTRUÇÃO DA SEDE DA 11ª SUPERINTENDÊNCIA REGIONAL DA CODEVASF NO MUNICÍPIO DE MACAPÁ/AP",{"$nulls":15},"EMPREENDIMENTO: CONSTRUÇÃO DA SEDE DA 11ª SUPERINTENDÊNCIA REGIONAL DA CODEVASF NO MUNICÍPIO DE MACAPÁ/AP",{"$nulls":15},"EMPREENDIMENTO: CONSTRUÇÃO DA SEDE DA 11ª SUPERINTENDÊNCIA REGIONAL DA CODEVASF NO MUNICÍPIO DE MACAPÁ/AP",{"$nulls":15},"EMPREENDIMENTO: CONSTRUÇÃO DA SEDE DA 11ª SUPERINTENDÊNCIA REGIONAL DA CODEVASF NO MUNICÍPIO DE MACAPÁ/AP",{"$nulls":15},"EMPREENDIMENTO: CONSTRUÇÃO DA SEDE DA 11ª SUPERINTENDÊNCIA REGIONAL DA CODEVASF NO MUNICÍPIO DE MACAPÁ/AP",{"$nulls":15},"EMPREENDIMENTO: CONSTRUÇÃO DA SEDE DA 11ª SUPERINTENDÊNCIA REGIONAL DA CODEVASF NO MUNICÍPIO DE MACAPÁ/AP",{"$nulls":15},"EMPREENDIMENTO: CONSTRUÇÃO DA SEDE DA 11ª SUPERINTENDÊNCIA REGIONAL DA CODEVASF NO MUNICÍPIO DE MACAPÁ/AP",{"$nulls":15},"EMPREENDIMENTO: CONSTRUÇÃO DA SEDE DA 11ª SUPERINTENDÊNCIA REGIONAL DA CODEVASF NO MUNICÍPIO DE MACAPÁ/AP",{"$nulls":15},"EMPREENDIMENTO: CONSTRUÇÃO DA SEDE DA 11ª SUPERINTENDÊNCIA REGIONAL DA CODEVASF NO MUNICÍPIO DE MACAPÁ/AP",{"$nulls":15},"EMPREENDIMENTO: CONSTRUÇÃO DA SEDE DA 11ª SUPERINTENDÊNCIA REGIONAL DA CODEVASF NO MUNICÍPIO DE MACAPÁ/AP",{"$nulls":15},"EMPREENDIMENTO: CONSTRUÇÃO DA SEDE DA 11ª SUPERINTENDÊNCIA REGIONAL DA CODEVASF NO MUNICÍPIO DE MACAPÁ/AP",{"$nulls":15},"EMPREENDIMENTO: CONSTRUÇÃO DA SEDE DA 11ª SUPERINTENDÊNCIA REGIONAL DA CODEVASF NO MUNICÍPIO DE MACAPÁ/AP",{"$nulls":15},"EMPREENDIMENTO: CONSTRUÇÃO DA SEDE DA 11ª SUPERINTENDÊNCIA REGIONAL DA CODEVASF NO MUNICÍPIO DE MACAPÁ/AP",{"$nulls":15},"EMPREENDIMENTO: CONSTRUÇÃO DA SEDE DA 11ª SUPERINTENDÊNCIA REGIONAL DA CODEVASF NO MUNICÍPIO DE MACAPÁ/AP",{"$nulls":15},"EMPREENDIMENTO: CONSTRUÇÃO DA SEDE DA 11ª SUPERINTENDÊNCIA REGIONAL DA CODEVASF NO MUNICÍPIO DE MACAPÁ/AP",{"$nulls":15},"EMPREENDIMENTO: CONSTRUÇÃO DA SEDE DA 11ª SUPERINTENDÊNCIA REGIONAL DA CODEVASF NO MUNICÍPIO DE MACAPÁ/AP",{"$nulls":15},"EMPREENDIMENTO: CONSTRUÇÃO DA SEDE DA 11ª SUPERINTENDÊNCIA REGIONAL DA CODEVASF NO MUNICÍPIO DE MACAPÁ/AP",{"$nulls":15},"EMPREENDIMENTO: CONSTRUÇÃO DA SEDE DA 11ª SUPERINTENDÊNCIA REGIONAL DA CODEVASF NO MUNICÍPIO DE MACAPÁ/AP",{"$nulls":15},"EMPREENDIMENTO: CONSTRUÇÃO DA SEDE DA 11ª SUPERINTENDÊNCIA REGIONAL DA CODEVASF NO MUNICÍPIO DE MACAPÁ/AP",{"$nulls":15},"EMPREENDIMENTO: CONSTRUÇÃO DA SEDE DA 11ª SUPERINTENDÊNCIA REGIONAL DA CODEVASF NO MUNICÍPIO DE MACAPÁ/AP",{"$nulls":15},"EMPREENDIMENTO: CONSTRUÇÃO DA SEDE DA 11ª SUPERINTENDÊNCIA REGIONAL DA CODEVASF NO MUNICÍPIO DE MACAPÁ/AP",{"$nulls":15},"EMPREENDIMENTO: CONSTRUÇÃO DA SEDE DA 11ª SUPERINTENDÊNCIA REGIONAL DA CODEVASF NO MUNICÍPIO DE MACAPÁ/AP",{"$nulls":15},"EMPREENDIMENTO: CONSTRUÇÃO DA SEDE DA 11ª SUPERINTENDÊNCIA REGIONAL DA CODEVASF NO MUNICÍPIO DE MACAPÁ/AP",{"$nulls":15},"EMPREENDIMENTO: CONSTRUÇÃO DA SEDE DA 11ª SUPERINTENDÊNCIA REGIONAL DA CODEVASF NO MUNICÍPIO DE MACAPÁ/AP",{"$nulls":15},"EMPREENDIMENTO: CONSTRUÇÃO DA SEDE DA 11ª SUPERINTENDÊNCIA REGIONAL DA CODEVASF NO MUNICÍPIO DE MACAPÁ/AP",{"$nulls":15},"EMPREENDIMENTO: CONSTRUÇÃO DA SEDE DA 11ª SUPERINTENDÊNCIA REGIONAL DA CODEVASF NO MUNICÍPIO DE MACAPÁ/AP",{"$nulls":15},"EMPREENDIMENTO: CONSTRUÇÃO DA SEDE DA 11ª SUPERINTENDÊNCIA REGIONAL DA CODEVASF NO MUNICÍPIO DE MACAPÁ/AP",{"$nulls":15},"EMPREENDIMENTO: CONSTRUÇÃO DA SEDE DA 11ª SUPERINTENDÊNCIA REGIONAL DA CODEVASF NO MUNICÍPIO DE MACAPÁ/AP",{"$nulls":15},"EMPREENDIMENTO: CONSTRUÇÃO DA SEDE DA 11ª SUPERINTENDÊNCIA REGIONAL DA CODEVASF NO MUNICÍPIO DE MACAPÁ/AP",{"$nulls":15},"EMPREENDIMENTO: CONSTRUÇÃO DA SEDE DA 11ª SUPERINTENDÊNCIA REGIONAL DA CODEVASF NO MUNICÍPIO DE MACAPÁ/AP",{"$nulls":15},"EMPREENDIMENTO: CONSTRUÇÃO DA SEDE DA 11ª SUPERINTENDÊNCIA REGIONAL DA CODEVASF NO MUNICÍPIO DE MACAPÁ/AP",{"$nulls":15},"EMPREENDIMENTO: CONSTRUÇÃO DA SEDE DA 11ª SUPERINTENDÊNCIA REGIONAL DA CODEVASF NO MUNICÍPIO DE MACAPÁ/AP",{"$nulls":15},"EMPREENDIMENTO: CONSTRUÇÃO DA SEDE DA 11ª SUPERINTENDÊNCIA REGIONAL DA CODEVASF NO MUNICÍPIO DE MACAPÁ/AP",{"$nulls":15},"EMPREENDIMENTO: CONSTRUÇÃO DA SEDE DA 11ª SUPERINTENDÊNCIA REGIONAL DA CODEVASF NO MUNICÍPIO DE MACAPÁ/AP",{"$nulls":15},"EMPREENDIMENTO: CONSTRUÇÃO DA SEDE DA 11ª SUPERINTENDÊNCIA REGIONAL DA CODEVASF NO MUNICÍPIO DE MACAPÁ/AP",{"$nulls":15},"EMPREENDIMENTO: CONSTRUÇÃO DA SEDE DA 11ª SUPERINTENDÊNCIA REGIONAL DA CODEVASF NO MUNICÍPIO DE MACAPÁ/AP",{"$nulls":15},"EMPREENDIMENTO: CONSTRUÇÃO DA SEDE DA 11ª SUPERINTENDÊNCIA REGIONAL DA CODEVASF NO MUNICÍPIO DE MACAPÁ/AP",{"$nulls":15},"EMPREENDIMENTO: CONSTRUÇÃO DA SEDE DA 11ª SUPERINTENDÊNCIA REGIONAL DA CODEVASF NO MUNICÍPIO DE MACAPÁ/AP",{"$nulls":15},"EMPREENDIMENTO: CONSTRUÇÃO DA SEDE DA 11ª SUPERINTENDÊNCIA REGIONAL DA CODEVASF NO MUNICÍPIO DE MACAPÁ/AP",{"$nulls":15},"EMPREENDIMENTO: CONSTRUÇÃO DA SEDE DA 11ª SUPERINTENDÊNCIA REGIONAL DA CODEVASF NO MUNICÍPIO DE MACAPÁ/AP",{"$nulls":15},"EMPREENDIMENTO: CONSTRUÇÃO DA SEDE DA 11ª SUPERINTENDÊNCIA REGIONAL DA CODEVASF NO MUNICÍPIO DE MACAPÁ/AP",{"$nulls":15},"EMPREENDIMENTO: CONSTRUÇÃO DA SEDE DA 11ª SUPERINTENDÊNCIA REGIONAL DA CODEVASF NO MUNICÍPIO DE MACAPÁ/AP",{"$nulls":15},"EMPREENDIMENTO: CONSTRUÇÃO DA SEDE DA 11ª SUPERINTENDÊNCIA REGIONAL DA CODEVASF NO MUNICÍPIO DE MACAPÁ/AP",{"$nulls":15},"EMPREENDIMENTO: CONSTRUÇÃO DA SEDE DA 11ª SUPERINTENDÊNCIA REGIONAL DA CODEVASF NO MUNICÍPIO DE MACAPÁ/AP",{"$nulls":15},"EMPREENDIMENTO: CONSTRUÇÃO DA SEDE DA 11ª SUPERINTENDÊNCIA REGIONAL DA CODEVASF NO MUNICÍPIO DE MACAPÁ/AP",{"$nulls":15},"EMPREENDIMENTO: CONSTRUÇÃO DA SEDE DA 11ª SUPERINTENDÊNCIA REGIONAL DA CODEVASF NO MUNICÍPIO DE MACAPÁ/AP",{"$nulls":15},"EMPREENDIMENTO: CONSTRUÇÃO DA SEDE DA 11ª SUPERINTENDÊNCIA REGIONAL DA CODEVASF NO MUNICÍPIO DE MACAPÁ/AP",{"$nulls":15},"EMPREENDIMENTO: CONSTRUÇÃO DA SEDE DA 11ª SUPERINTENDÊNCIA REGIONAL DA CODEVASF NO MUNICÍPIO DE MACAPÁ/AP",{"$nulls":15},"EMPREENDIMENTO: CONSTRUÇÃO DA SEDE DA 11ª SUPERINTENDÊNCIA REGIONAL DA CODEVASF NO MUNICÍPIO DE MACAPÁ/AP",{"$nulls":15},"EMPREENDIMENTO: CONSTRUÇÃO DA SEDE DA 11ª SUPERINTENDÊNCIA REGIONAL DA CODEVASF NO MUNICÍPIO DE MACAPÁ/AP",{"$nulls":15},"EMPREENDIMENTO: CONSTRUÇÃO DA SEDE DA 11ª SUPERINTENDÊNCIA REGIONAL DA CODEVASF NO MUNICÍPIO DE MACAPÁ/AP",{"$nulls":15},"EMPREENDIMENTO: CONSTRUÇÃO DA SEDE DA 11ª SUPERINTENDÊNCIA REGIONAL DA CODEVASF NO MUNICÍPIO DE MACAPÁ/AP",{"$nulls":15},"EMPREENDIMENTO: CONSTRUÇÃO DA SEDE DA 11ª SUPERINTENDÊNCIA REGIONAL DA CODEVASF NO MUNICÍPIO DE MACAPÁ/AP",{"$nulls":15},"EMPREENDIMENTO: CONSTRUÇÃO DA SEDE DA 11ª SUPERINTENDÊNCIA REGIONAL DA CODEVASF NO MUNICÍPIO DE MACAPÁ/AP",{"$nulls":15},"EMPREENDIMENTO: CONSTRUÇÃO DA SEDE DA 11ª SUPERINTENDÊNCIA REGIONAL DA CODEVASF NO MUNICÍPIO DE MACAPÁ/AP",{"$nulls":15},"EMPREENDIMENTO: CONSTRUÇÃO DA SEDE DA 11ª SUPERINTENDÊNCIA REGIONAL DA CODEVASF NO MUNICÍPIO DE MACAPÁ/AP",{"$nulls":15},"EMPREENDIMENTO: CONSTRUÇÃO DA SEDE DA 11ª SUPERINTENDÊNCIA REGIONAL DA CODEVASF NO MUNICÍPIO DE MACAPÁ/AP",{"$nulls":15},"EMPREENDIMENTO: CONSTRUÇÃO DA SEDE DA 11ª SUPERINTENDÊNCIA REGIONAL DA CODEVASF NO MUNICÍPIO DE MACAPÁ/AP",{"$nulls":15},"EMPREENDIMENTO: CONSTRUÇÃO DA SEDE DA 11ª SUPERINTENDÊNCIA REGIONAL DA CODEVASF NO MUNICÍPIO DE MACAPÁ/AP",{"$nulls":15},"EMPREENDIMENTO: CONSTRUÇÃO DA SEDE DA 11ª SUPERINTENDÊNCIA REGIONAL DA CODEVASF NO MUNICÍPIO DE MACAPÁ/AP",{"$nulls":15},"EMPREENDIMENTO: CONSTRUÇÃO DA SEDE DA 11ª SUPERINTENDÊNCIA REGIONAL DA CODEVASF NO MUNICÍPIO DE MACAPÁ/AP",{"$nulls":15},"EMPREENDIMENTO: CONSTRUÇÃO DA SEDE DA 11ª SUPERINTENDÊNCIA REGIONAL DA CODEVASF NO MUNICÍPIO DE MACAPÁ/AP",{"$nulls":15},"EMPREENDIMENTO: CONSTRUÇÃO DA SEDE DA 11ª SUPERINTENDÊNCIA REGIONAL DA CODEVASF NO MUNICÍPIO DE MACAPÁ/AP",{"$nulls":15},"EMPREENDIMENTO: CONSTRUÇÃO DA SEDE DA 11ª SUPERINTENDÊNCIA REGIONAL DA CODEVASF NO MUNICÍPIO DE MACAPÁ/AP",{"$nulls":15},"EMPREENDIMENTO: CONSTRUÇÃO DA SEDE DA 11ª SUPERINTENDÊNCIA REGIONAL DA CODEVASF NO MUNICÍPIO DE MACAPÁ/AP",{"$nulls":15},"EMPREENDIMENTO: CONSTRUÇÃO DA SEDE DA 11ª SUPERINTENDÊNCIA REGIONAL DA CODEVASF NO MUNICÍPIO DE MACAPÁ/AP",{"$nulls":15},"EMPREENDIMENTO: CONSTRUÇÃO DA SEDE DA 11ª SUPERINTENDÊNCIA REGIONAL DA CODEVASF NO MUNICÍPIO DE MACAPÁ/AP",{"$nulls":15},"EMPREENDIMENTO: CONSTRUÇÃO DA SEDE DA 11ª SUPERINTENDÊNCIA REGIONAL DA CODEVASF NO MUNICÍPIO DE MACAPÁ/AP",{"$nulls":15},"EMPREENDIMENTO: CONSTRUÇÃO DA SEDE DA 11ª SUPERINTENDÊNCIA REGIONAL DA CODEVASF NO MUNICÍPIO DE MACAPÁ/AP",{"$nulls":15},"EMPREENDIMENTO: CONSTRUÇÃO DA SEDE DA 11ª SUPERINTENDÊNCIA REGIONAL DA CODEVASF NO MUNICÍPIO DE MACAPÁ/AP",{"$nulls":15},"EMPREENDIMENTO: CONSTRUÇÃO DA SEDE DA 11ª SUPERINTENDÊNCIA REGIONAL DA CODEVASF NO MUNICÍPIO DE MACAPÁ/AP",{"$nulls":15},"EMPREENDIMENTO: CONSTRUÇÃO DA SEDE DA 11ª SUPERINTENDÊNCIA REGIONAL DA CODEVASF NO MUNICÍPIO DE MACAPÁ/AP",{"$nulls":15},"EMPREENDIMENTO: CONSTRUÇÃO DA SEDE DA 11ª SUPERINTENDÊNCIA REGIONAL DA CODEVASF NO MUNICÍPIO DE MACAPÁ/AP",{"$nulls":15},"EMPREENDIMENTO: CONSTRUÇÃO DA SEDE DA 11ª SUPERINTENDÊNCIA REGIONAL DA CODEVASF NO MUNICÍPIO DE MACAPÁ/AP",{"$nulls":15},"EMPREENDIMENTO: CONSTRUÇÃO DA SEDE DA 11ª SUPERINTENDÊNCIA REGIONAL DA CODEVASF NO MUNICÍPIO DE MACAPÁ/AP",{"$nulls":15},"EMPREENDIMENTO: CONSTRUÇÃO DA SEDE DA 11ª SUPERINTENDÊNCIA REGIONAL DA CODEVASF NO MUNICÍPIO DE MACAPÁ/AP",{"$nulls":15},"EMPREENDIMENTO: CONSTRUÇÃO DA SEDE DA 11ª SUPERINTENDÊNCIA REGIONAL DA CODEVASF NO MUNICÍPIO DE MACAPÁ/AP",{"$nulls":15},"EMPREENDIMENTO: CONSTRUÇÃO DA SEDE DA 11ª SUPERINTENDÊNCIA REGIONAL DA CODEVASF NO MUNICÍPIO DE MACAPÁ/AP",{"$nulls":15},"EMPREENDIMENTO: CONSTRUÇÃO DA SEDE DA 11ª SUPERINTENDÊNCIA REGIONAL DA CODEVASF NO MUNICÍPIO DE MACAPÁ/AP",{"$nulls":15},"EMPREENDIMENTO: CONSTRUÇÃO DA SEDE DA 11ª SUPERINTENDÊNCIA REGIONAL DA CODEVASF NO MUNICÍPIO DE MACAPÁ/AP",{"$nulls":15},"EMPREENDIMENTO: CONSTRUÇÃO DA SEDE DA 11ª SUPERINTENDÊNCIA REGIONAL DA CODEVASF NO MUNICÍPIO DE MACAPÁ/AP",{"$nulls":15},"EMPREENDIMENTO: CONSTRUÇÃO DA SEDE DA 11ª SUPERINTENDÊNCIA REGIONAL DA CODEVASF NO MUNICÍPIO DE MACAPÁ/AP",{"$nulls":15},"EMPREENDIMENTO: CONSTRUÇÃO DA SEDE DA 11ª SUPERINTENDÊNCIA REGIONAL DA CODEVASF NO MUNICÍPIO DE MACAPÁ/AP",{"$nulls":15},"EMPREENDIMENTO: CONSTRUÇÃO DA SEDE DA 11ª SUPERINTENDÊNCIA REGIONAL DA CODEVASF NO MUNICÍPIO DE MACAPÁ/AP",{"$nulls":15},"EMPREENDIMENTO: CONSTRUÇÃO DA SEDE DA 11ª SUPERINTENDÊNCIA REGIONAL DA CODEVASF NO MUNICÍPIO DE MACAPÁ/AP",{"$nulls":15},"EMPREENDIMENTO: CONSTRUÇÃO DA SEDE DA 11ª SUPERINTENDÊNCIA REGIONAL DA CODEVASF NO MUNICÍPIO DE MACAPÁ/AP",{"$nulls":15},"EMPREENDIMENTO: CONSTRUÇÃO DA SEDE DA 11ª SUPERINTENDÊNCIA REGIONAL DA CODEVASF NO MUNICÍPIO DE MACAPÁ/AP",{"$nulls":15},"EMPREENDIMENTO: CONSTRUÇÃO DA SEDE DA 11ª SUPERINTENDÊNCIA REGIONAL DA CODEVASF NO MUNICÍPIO DE MACAPÁ/AP",{"$nulls":15},"EMPREENDIMENTO: CONSTRUÇÃO DA SEDE DA 11ª SUPERINTENDÊNCIA REGIONAL DA CODEVASF NO MUNICÍPIO DE MACAPÁ/AP",{"$nulls":15},"EMPREENDIMENTO: CONSTRUÇÃO DA SEDE DA 11ª SUPERINTENDÊNCIA REGIONAL DA CODEVASF NO MUNICÍPIO DE MACAPÁ/AP",{"$nulls":15},"EMPREENDIMENTO: CONSTRUÇÃO DA SEDE DA 11ª SUPERINTENDÊNCIA REGIONAL DA CODEVASF NO MUNICÍPIO DE MACAPÁ/AP",{"$nulls":15},"EMPREENDIMENTO: CONSTRUÇÃO DA SEDE DA 11ª SUPERINTENDÊNCIA REGIONAL DA CODEVASF NO MUNICÍPIO DE MACAPÁ/AP",{"$nulls":15},"EMPREENDIMENTO: CONSTRUÇÃO DA SEDE DA 11ª SUPERINTENDÊNCIA REGIONAL DA CODEVASF NO MUNICÍPIO DE MACAPÁ/AP",{"$nulls":15},"EMPREENDIMENTO: CONSTRUÇÃO DA SEDE DA 11ª SUPERINTENDÊNCIA REGIONAL DA CODEVASF NO MUNICÍPIO DE MACAPÁ/AP",{"$nulls":15},"EMPREENDIMENTO: CONSTRUÇÃO DA SEDE DA 11ª SUPERINTENDÊNCIA REGIONAL DA CODEVASF NO MUNICÍPIO DE MACAPÁ/AP",{"$nulls":15},"EMPREENDIMENTO: CONSTRUÇÃO DA SEDE DA 11ª SUPERINTENDÊNCIA REGIONAL DA CODEVASF NO MUNICÍPIO DE MACAPÁ/AP",{"$nulls":15},"EMPREENDIMENTO: CONSTRUÇÃO DA SEDE DA 11ª SUPERINTENDÊNCIA REGIONAL DA CODEVASF NO MUNICÍPIO DE MACAPÁ/AP",{"$nulls":15},"EMPREENDIMENTO: CONSTRUÇÃO DA SEDE DA 11ª SUPERINTENDÊNCIA REGIONAL DA CODEVASF NO MUNICÍPIO DE MACAPÁ/AP",{"$nulls":15},"EMPREENDIMENTO: CONSTRUÇÃO DA SEDE DA 11ª SUPERINTENDÊNCIA REGIONAL DA CODEVASF NO MUNICÍPIO DE MACAPÁ/AP",{"$nulls":15},"EMPREENDIMENTO: CONSTRUÇÃO DA SEDE DA 11ª SUPERINTENDÊNCIA REGIONAL DA CODEVASF NO MUNICÍPIO DE MACAPÁ/AP",{"$nulls":15},"EMPREENDIMENTO: CONSTRUÇÃO DA SEDE DA 11ª SUPERINTENDÊNCIA REGIONAL DA CODEVASF NO MUNICÍPIO DE MACAPÁ/AP",{"$nulls":15},"EMPREENDIMENTO: CONSTRUÇÃO DA SEDE DA 11ª SUPERINTENDÊNCIA REGIONAL DA CODEVASF NO MUNICÍPIO DE MACAPÁ/AP",{"$nulls":15},"EMPREENDIMENTO: CONSTRUÇÃO DA SEDE DA 11ª SUPERINTENDÊNCIA REGIONAL DA CODEVASF NO MUNICÍPIO DE MACAPÁ/AP",{"$nulls":15},"EMPREENDIMENTO: CONSTRUÇÃO DA SEDE DA 11ª SUPERINTENDÊNCIA REGIONAL DA CODEVASF NO MUNICÍPIO DE MACAPÁ/AP",{"$nulls":15},"EMPREENDIMENTO: CONSTRUÇÃO DA SEDE DA 11ª SUPERINTENDÊNCIA REGIONAL DA CODEVASF NO MUNICÍPIO DE MACAPÁ/AP",{"$nulls":15},"EMPREENDIMENTO: CONSTRUÇÃO DA SEDE DA 11ª SUPERINTENDÊNCIA REGIONAL DA CODEVASF NO MUNICÍPIO DE MACAPÁ/AP",{"$nulls":15},"EMPREENDIMENTO: CONSTRUÇÃO DA SEDE DA 11ª SUPERINTENDÊNCIA REGIONAL DA CODEVASF NO MUNICÍPIO DE MACAPÁ/AP",{"$nulls":15},"EMPREENDIMENTO: CONSTRUÇÃO DA SEDE DA 11ª SUPERINTENDÊNCIA REGIONAL DA CODEVASF NO MUNICÍPIO DE MACAPÁ/AP",{"$nulls":15},"EMPREENDIMENTO: CONSTRUÇÃO DA SEDE DA 11ª SUPERINTENDÊNCIA REGIONAL DA CODEVASF NO MUNICÍPIO DE MACAPÁ/AP",{"$nulls":15},"EMPREENDIMENTO: CONSTRUÇÃO DA SEDE DA 11ª SUPERINTENDÊNCIA REGIONAL DA CODEVASF NO MUNICÍPIO DE MACAPÁ/AP",{"$nulls":15},"EMPREENDIMENTO: CONSTRUÇÃO DA SEDE DA 11ª SUPERINTENDÊNCIA REGIONAL DA CODEVASF NO MUNICÍPIO DE MACAPÁ/AP",{"$nulls":15},"EMPREENDIMENTO: CONSTRUÇÃO DA SEDE DA 11ª SUPERINTENDÊNCIA REGIONAL DA CODEVASF NO MUNICÍPIO DE MACAPÁ/AP",{"$nulls":15},"EMPREENDIMENTO: CONSTRUÇÃO DA SEDE DA 11ª SUPERINTENDÊNCIA REGIONAL DA CODEVASF NO MUNICÍPIO DE MACAPÁ/AP",{"$nulls":15},"EMPREENDIMENTO: CONSTRUÇÃO DA SEDE DA 11ª SUPERINTENDÊNCIA REGIONAL DA CODEVASF NO MUNICÍPIO DE MACAPÁ/AP",{"$nulls":15},"EMPREENDIMENTO: CONSTRUÇÃO DA SEDE DA 11ª SUPERINTENDÊNCIA REGIONAL DA CODEVASF NO MUNICÍPIO DE MACAPÁ/AP",{"$nulls":15},"EMPREENDIMENTO: CONSTRUÇÃO DA SEDE DA 11ª SUPERINTENDÊNCIA REGIONAL DA CODEVASF NO MUNICÍPIO DE MACAPÁ/AP",{"$nulls":15},"EMPREENDIMENTO: CONSTRUÇÃO DA SEDE DA 11ª SUPERINTENDÊNCIA REGIONAL DA CODEVASF NO MUNICÍPIO DE MACAPÁ/AP",{"$nulls":15},"EMPREENDIMENTO: CONSTRUÇÃO DA SEDE DA 11ª SUPERINTENDÊNCIA REGIONAL DA CODEVASF NO MUNICÍPIO DE MACAPÁ/AP",{"$nulls":15},"EMPREENDIMENTO: CONSTRUÇÃO DA SEDE DA 11ª SUPERINTENDÊNCIA REGIONAL DA CODEVASF NO MUNICÍPIO DE MACAPÁ/AP",{"$nulls":15},"EMPREENDIMENTO: CONSTRUÇÃO DA SEDE DA 11ª SUPERINTENDÊNCIA REGIONAL DA CODEVASF NO MUNICÍPIO DE MACAPÁ/AP",{"$nulls":15},"EMPREENDIMENTO: CONSTRUÇÃO DA SEDE DA 11ª SUPERINTENDÊNCIA REGIONAL DA CODEVASF NO MUNICÍPIO DE MACAPÁ/AP",{"$nulls":15},"EMPREENDIMENTO: CONSTRUÇÃO DA SEDE DA 11ª SUPERINTENDÊNCIA REGIONAL DA CODEVASF NO MUNICÍPIO DE MACAPÁ/AP",{"$nulls":15},"EMPREENDIMENTO: CONSTRUÇÃO DA SEDE DA 11ª SUPERINTENDÊNCIA REGIONAL DA CODEVASF NO MUNICÍPIO DE MACAPÁ/AP",{"$nulls":15},"EMPREENDIMENTO: CONSTRUÇÃO DA SEDE DA 11ª SUPERINTENDÊNCIA REGIONAL DA CODEVASF NO MUNICÍPIO DE MACAPÁ/AP",{"$nulls":15},"EMPREENDIMENTO: CONSTRUÇÃO DA SEDE DA 11ª SUPERINTENDÊNCIA REGIONAL DA CODEVASF NO MUNICÍPIO DE MACAPÁ/AP",{"$nulls":15},"EMPREENDIMENTO: CONSTRUÇÃO DA SEDE DA 11ª SUPERINTENDÊNCIA REGIONAL DA CODEVASF NO MUNICÍPIO DE MACAPÁ/AP",{"$nulls":15},"EMPREENDIMENTO: CONSTRUÇÃO DA SEDE DA 11ª SUPERINTENDÊNCIA REGIONAL DA CODEVASF NO MUNICÍPIO DE MACAPÁ/AP",{"$nulls":15},"EMPREENDIMENTO: CONSTRUÇÃO DA SEDE DA 11ª SUPERINTENDÊNCIA REGIONAL DA CODEVASF NO MUNICÍPIO DE MACAPÁ/AP",{"$nulls":15},"EMPREENDIMENTO: CONSTRUÇÃO DA SEDE DA 11ª SUPERINTENDÊNCIA REGIONAL DA CODEVASF NO MUNICÍPIO DE MACAPÁ/AP",{"$nulls":15},"EMPREENDIMENTO: CONSTRUÇÃO DA SEDE DA 11ª SUPERINTENDÊNCIA REGIONAL DA CODEVASF NO MUNICÍPIO DE MACAPÁ/AP",{"$nulls":15},"EMPREENDIMENTO: CONSTRUÇÃO DA SEDE DA 11ª SUPERINTENDÊNCIA REGIONAL DA CODEVASF NO MUNICÍPIO DE MACAPÁ/AP",{"$nulls":15},"EMPREENDIMENTO: CONSTRUÇÃO DA SEDE DA 11ª SUPERINTENDÊNCIA REGIONAL DA CODEVASF NO MUNICÍPIO DE MACAPÁ/AP",{"$nulls":15},"EMPREENDIMENTO: CONSTRUÇÃO DA SEDE DA 11ª SUPERINTENDÊNCIA REGIONAL DA CODEVASF NO MUNICÍPIO DE MACAPÁ/AP",{"$nulls":15},"EMPREENDIMENTO: CONSTRUÇÃO DA SEDE DA 11ª SUPERINTENDÊNCIA REGIONAL DA CODEVASF NO MUNICÍPIO DE MACAPÁ/AP",{"$nulls":15},"EMPREENDIMENTO: CONSTRUÇÃO DA SEDE DA 11ª SUPERINTENDÊNCIA REGIONAL DA CODEVASF NO MUNICÍPIO DE MACAPÁ/AP",{"$nulls":15},"EMPREENDIMENTO: CONSTRUÇÃO DA SEDE DA 11ª SUPERINTENDÊNCIA REGIONAL DA CODEVASF NO MUNICÍPIO DE MACAPÁ/AP",{"$nulls":15},"EMPREENDIMENTO: CONSTRUÇÃO DA SEDE DA 11ª SUPERINTENDÊNCIA REGIONAL DA CODEVASF NO MUNICÍPIO DE MACAPÁ/AP",{"$nulls":15},"EMPREENDIMENTO: CONSTRUÇÃO DA SEDE DA 11ª SUPERINTENDÊNCIA REGIONAL DA CODEVASF NO MUNICÍPIO DE MACAPÁ/AP",{"$nulls":15},"EMPREENDIMENTO: CONSTRUÇÃO DA SEDE DA 11ª SUPERINTENDÊNCIA REGIONAL DA CODEVASF NO MUNICÍPIO DE MACAPÁ/AP",{"$nulls":15},"EMPREENDIMENTO: CONSTRUÇÃO DA SEDE DA 11ª SUPERINTENDÊNCIA REGIONAL DA CODEVASF NO MUNICÍPIO DE MACAPÁ/AP",{"$nulls":15},"EMPREENDIMENTO: CONSTRUÇÃO DA SEDE DA 11ª SUPERINTENDÊNCIA REGIONAL DA CODEVASF NO MUNICÍPIO DE MACAPÁ/AP",{"$nulls":15},"EMPREENDIMENTO: CONSTRUÇÃO DA SEDE DA 11ª SUPERINTENDÊNCIA REGIONAL DA CODEVASF NO MUNICÍPIO DE MACAPÁ/AP",{"$nulls":15},"EMPREENDIMENTO: CONSTRUÇÃO DA SEDE DA 11ª SUPERINTENDÊNCIA REGIONAL DA CODEVASF NO MUNICÍPIO DE MACAPÁ/AP",{"$nulls":15},"EMPREENDIMENTO: CONSTRUÇÃO DA SEDE DA 11ª SUPERINTENDÊNCIA REGIONAL DA CODEVASF NO MUNICÍPIO DE MACAPÁ/AP",{"$nulls":15},"EMPREENDIMENTO: CONSTRUÇÃO DA SEDE DA 11ª SUPERINTENDÊNCIA REGIONAL DA CODEVASF NO MUNICÍPIO DE MACAPÁ/AP",{"$nulls":15},"EMPREENDIMENTO: CONSTRUÇÃO DA SEDE DA 11ª SUPERINTENDÊNCIA REGIONAL DA CODEVASF NO MUNICÍPIO DE MACAPÁ/AP",{"$nulls":15},"EMPREENDIMENTO: CONSTRUÇÃO DA SEDE DA 11ª SUPERINTENDÊNCIA REGIONAL DA CODEVASF NO MUNICÍPIO DE MACAPÁ/AP",{"$nulls":15},"EMPREENDIMENTO: CONSTRUÇÃO DA SEDE DA 11ª SUPERINTENDÊNCIA REGIONAL DA CODEVASF NO MUNICÍPIO DE MACAPÁ/AP",{"$nulls":15},"EMPREENDIMENTO: CONSTRUÇÃO DA SEDE DA 11ª SUPERINTENDÊNCIA REGIONAL DA CODEVASF NO MUNICÍPIO DE MACAPÁ/AP",{"$nulls":15},"EMPREENDIMENTO: CONSTRUÇÃO DA SEDE DA 11ª SUPERINTENDÊNCIA REGIONAL DA CODEVASF NO MUNICÍPIO DE MACAPÁ/AP",{"$nulls":15},"EMPREENDIMENTO: CONSTRUÇÃO DA SEDE DA 11ª SUPERINTENDÊNCIA REGIONAL DA CODEVASF NO MUNICÍPIO DE MACAPÁ/AP",{"$nulls":15},"EMPREENDIMENTO: CONSTRUÇÃO DA SEDE DA 11ª SUPERINTENDÊNCIA REGIONAL DA CODEVASF NO MUNICÍPIO DE MACAPÁ/AP",{"$nulls":15},"EMPREENDIMENTO: CONSTRUÇÃO DA SEDE DA 11ª SUPERINTENDÊNCIA REGIONAL DA CODEVASF NO MUNICÍPIO DE MACAPÁ/AP",{"$nulls":15},"EMPREENDIMENTO: CONSTRUÇÃO DA SEDE DA 11ª SUPERINTENDÊNCIA REGIONAL DA CODEVASF NO MUNICÍPIO DE MACAPÁ/AP",{"$nulls":15},"EMPREENDIMENTO: CONSTRUÇÃO DA SEDE DA 11ª SUPERINTENDÊNCIA REGIONAL DA CODEVASF NO MUNICÍPIO DE MACAPÁ/AP",{"$nulls":15},"EMPREENDIMENTO: CONSTRUÇÃO DA SEDE DA 11ª SUPERINTENDÊNCIA REGIONAL DA CODEVASF NO MUNICÍPIO DE MACAPÁ/AP",{"$nulls":15},"EMPREENDIMENTO: CONSTRUÇÃO DA SEDE DA 11ª SUPERINTENDÊNCIA REGIONAL DA CODEVASF NO MUNICÍPIO DE MACAPÁ/AP",{"$nulls":15},"EMPREENDIMENTO: CONSTRUÇÃO DA SEDE DA 11ª SUPERINTENDÊNCIA REGIONAL DA CODEVASF NO MUNICÍPIO DE MACAPÁ/AP",{"$nulls":15},"EMPREENDIMENTO: CONSTRUÇÃO DA SEDE DA 11ª SUPERINTENDÊNCIA REGIONAL DA CODEVASF NO MUNICÍPIO DE MACAPÁ/AP",{"$nulls":15},"EMPREENDIMENTO: CONSTRUÇÃO DA SEDE DA 11ª SUPERINTENDÊNCIA REGIONAL DA CODEVASF NO MUNICÍPIO DE MACAPÁ/AP",{"$nulls":15},"EMPREENDIMENTO: CONSTRUÇÃO DA SEDE DA 11ª SUPERINTENDÊNCIA REGIONAL DA CODEVASF NO MUNICÍPIO DE MACAPÁ/AP",{"$nulls":15},"EMPREENDIMENTO: CONSTRUÇÃO DA SEDE DA 11ª SUPERINTENDÊNCIA REGIONAL DA CODEVASF NO MUNICÍPIO DE MACAPÁ/AP",{"$nulls":15},"EMPREENDIMENTO: CONSTRUÇÃO DA SEDE DA 11ª SUPERINTENDÊNCIA REGIONAL DA CODEVASF NO MUNICÍPIO DE MACAPÁ/AP",{"$nulls":15},"EMPREENDIMENTO: CONSTRUÇÃO DA SEDE DA 11ª SUPERINTENDÊNCIA REGIONAL DA CODEVASF NO MUNICÍPIO DE MACAPÁ/AP",{"$nulls":15},"EMPREENDIMENTO: CONSTRUÇÃO DA SEDE DA 11ª SUPERINTENDÊNCIA REGIONAL DA CODEVASF NO MUNICÍPIO DE MACAPÁ/AP",{"$nulls":15},"EMPREENDIMENTO: CONSTRUÇÃO DA SEDE DA 11ª SUPERINTENDÊNCIA REGIONAL DA CODEVASF NO MUNICÍPIO DE MACAPÁ/AP",{"$nulls":15},"EMPREENDIMENTO: CONSTRUÇÃO DA SEDE DA 11ª SUPERINTENDÊNCIA REGIONAL DA CODEVASF NO MUNICÍPIO DE MACAPÁ/AP",{"$nulls":15},"EMPREENDIMENTO: CONSTRUÇÃO DA SEDE DA 11ª SUPERINTENDÊNCIA REGIONAL DA CODEVASF NO MUNICÍPIO DE MACAPÁ/AP",{"$nulls":15},"EMPREENDIMENTO: CONSTRUÇÃO DA SEDE DA 11ª SUPERINTENDÊNCIA REGIONAL DA CODEVASF NO MUNICÍPIO DE MACAPÁ/AP",{"$nulls":15},"EMPREENDIMENTO: CONSTRUÇÃO DA SEDE DA 11ª SUPERINTENDÊNCIA REGIONAL DA CODEVASF NO MUNICÍPIO DE MACAPÁ/AP",{"$nulls":15},"EMPREENDIMENTO: CONSTRUÇÃO DA SEDE DA 11ª SUPERINTENDÊNCIA REGIONAL DA CODEVASF NO MUNICÍPIO DE MACAPÁ/AP",{"$nulls":15},"EMPREENDIMENTO: CONSTRUÇÃO DA SEDE DA 11ª SUPERINTENDÊNCIA REGIONAL DA CODEVASF NO MUNICÍPIO DE MACAPÁ/AP",{"$nulls":15},"EMPREENDIMENTO: CONSTRUÇÃO DA SEDE DA 11ª SUPERINTENDÊNCIA REGIONAL DA CODEVASF NO MUNICÍPIO DE MACAPÁ/AP",{"$nulls":15},"EMPREENDIMENTO: CONSTRUÇÃO DA SEDE DA 11ª SUPERINTENDÊNCIA REGIONAL DA CODEVASF NO MUNICÍPIO DE MACAPÁ/AP",{"$nulls":15},"EMPREENDIMENTO: CONSTRUÇÃO DA SEDE DA 11ª SUPERINTENDÊNCIA REGIONAL DA CODEVASF NO MUNICÍPIO DE MACAPÁ/AP",{"$nulls":15},"EMPREENDIMENTO: CONSTRUÇÃO DA SEDE DA 11ª SUPERINTENDÊNCIA REGIONAL DA CODEVASF NO MUNICÍPIO DE MACAPÁ/AP",{"$nulls":15},"EMPREENDIMENTO: CONSTRUÇÃO DA SEDE DA 11ª SUPERINTENDÊNCIA REGIONAL DA CODEVASF NO MUNICÍPIO DE MACAPÁ/AP",{"$nulls":15},"EMPREENDIMENTO: CONSTRUÇÃO DA SEDE DA 11ª SUPERINTENDÊNCIA REGIONAL DA CODEVASF NO MUNICÍPIO DE MACAPÁ/AP",{"$nulls":15},"EMPREENDIMENTO: CONSTRUÇÃO DA SEDE DA 11ª SUPERINTENDÊNCIA REGIONAL DA CODEVASF NO MUNICÍPIO DE MACAPÁ/AP",{"$nulls":15},"EMPREENDIMENTO: CONSTRUÇÃO DA SEDE DA 11ª SUPERINTENDÊNCIA REGIONAL DA CODEVASF NO MUNICÍPIO DE MACAPÁ/AP",{"$nulls":15},"EMPREENDIMENTO: CONSTRUÇÃO DA SEDE DA 11ª SUPERINTENDÊNCIA REGIONAL DA CODEVASF NO MUNICÍPIO DE MACAPÁ/AP",{"$nulls":15},"EMPREENDIMENTO: CONSTRUÇÃO DA SEDE DA 11ª SUPERINTENDÊNCIA REGIONAL DA CODEVASF NO MUNICÍPIO DE MACAPÁ/AP",{"$nulls":15},"EMPREENDIMENTO: CONSTRUÇÃO DA SEDE DA 11ª SUPERINTENDÊNCIA REGIONAL DA CODEVASF NO MUNICÍPIO DE MACAPÁ/AP",{"$nulls":15},"EMPREENDIMENTO: CONSTRUÇÃO DA SEDE DA 11ª SUPERINTENDÊNCIA REGIONAL DA CODEVASF NO MUNICÍPIO DE MACAPÁ/AP",{"$nulls":15},"EMPREENDIMENTO: CONSTRUÇÃO DA SEDE DA 11ª SUPERINTENDÊNCIA REGIONAL DA CODEVASF NO MUNICÍPIO DE MACAPÁ/AP",{"$nulls":15},"EMPREENDIMENTO: CONSTRUÇÃO DA SEDE DA 11ª SUPERINTENDÊNCIA REGIONAL DA CODEVASF NO MUNICÍPIO DE MACAPÁ/AP",{"$nulls":15},"EMPREENDIMENTO: CONSTRUÇÃO DA SEDE DA 11ª SUPERINTENDÊNCIA REGIONAL DA CODEVASF NO MUNICÍPIO DE MACAPÁ/AP",{"$nulls":15},"EMPREENDIMENTO: CONSTRUÇÃO DA SEDE DA 11ª SUPERINTENDÊNCIA REGIONAL DA CODEVASF NO MUNICÍPIO DE MACAPÁ/AP",{"$nulls":15},"EMPREENDIMENTO: CONSTRUÇÃO DA SEDE DA 11ª SUPERINTENDÊNCIA REGIONAL DA CODEVASF NO MUNICÍPIO DE MACAPÁ/AP",{"$nulls":15},"EMPREENDIMENTO: CONSTRUÇÃO DA SEDE DA 11ª SUPERINTENDÊNCIA REGIONAL DA CODEVASF NO MUNICÍPIO DE MACAPÁ/AP",{"$nulls":15},"EMPREENDIMENTO: CONSTRUÇÃO DA SEDE DA 11ª SUPERINTENDÊNCIA REGIONAL DA CODEVASF NO MUNICÍPIO DE MACAPÁ/AP",{"$nulls":15},"EMPREENDIMENTO: CONSTRUÇÃO DA SEDE DA 11ª SUPERINTENDÊNCIA REGIONAL DA CODEVASF NO MUNICÍPIO DE MACAPÁ/AP",{"$nulls":15},"EMPREENDIMENTO: CONSTRUÇÃO DA SEDE DA 11ª SUPERINTENDÊNCIA REGIONAL DA CODEVASF NO MUNICÍPIO DE MACAPÁ/AP",{"$nulls":15},"EMPREENDIMENTO: CONSTRUÇÃO DA SEDE DA 11ª SUPERINTENDÊNCIA REGIONAL DA CODEVASF NO MUNICÍPIO DE MACAPÁ/AP",{"$nulls":15},"EMPREENDIMENTO: CONSTRUÇÃO DA SEDE DA 11ª SUPERINTENDÊNCIA REGIONAL DA CODEVASF NO MUNICÍPIO DE MACAPÁ/AP",{"$nulls":15},"EMPREENDIMENTO: CONSTRUÇÃO DA SEDE DA 11ª SUPERINTENDÊNCIA REGIONAL DA CODEVASF NO MUNICÍPIO DE MACAPÁ/AP",{"$nulls":15},"EMPREENDIMENTO: CONSTRUÇÃO DA SEDE DA 11ª SUPERINTENDÊNCIA REGIONAL DA CODEVASF NO MUNICÍPIO DE MACAPÁ/AP",{"$nulls":15},"EMPREENDIMENTO: CONSTRUÇÃO DA SEDE DA 11ª SUPERINTENDÊNCIA REGIONAL DA CODEVASF NO MUNICÍPIO DE MACAPÁ/AP",{"$nulls":15},"EMPREENDIMENTO: CONSTRUÇÃO DA SEDE DA 11ª SUPERINTENDÊNCIA REGIONAL DA CODEVASF NO MUNICÍPIO DE MACAPÁ/AP",{"$nulls":15},"EMPREENDIMENTO: CONSTRUÇÃO DA SEDE DA 11ª SUPERINTENDÊNCIA REGIONAL DA CODEVASF NO MUNICÍPIO DE MACAPÁ/AP",{"$nulls":15},"EMPREENDIMENTO: CONSTRUÇÃO DA SEDE DA 11ª SUPERINTENDÊNCIA REGIONAL DA CODEVASF NO MUNICÍPIO DE MACAPÁ/AP",{"$nulls":15},"EMPREENDIMENTO: CONSTRUÇÃO DA SEDE DA 11ª SUPERINTENDÊNCIA REGIONAL DA CODEVASF NO MUNICÍPIO DE MACAPÁ/AP",{"$nulls":15},"EMPREENDIMENTO: CONSTRUÇÃO DA SEDE DA 11ª SUPERINTENDÊNCIA REGIONAL DA CODEVASF NO MUNICÍPIO DE MACAPÁ/AP",{"$nulls":15},"EMPREENDIMENTO: CONSTRUÇÃO DA SEDE DA 11ª SUPERINTENDÊNCIA REGIONAL DA CODEVASF NO MUNICÍPIO DE MACAPÁ/AP",{"$nulls":15},"EMPREENDIMENTO: CONSTRUÇÃO DA SEDE DA 11ª SUPERINTENDÊNCIA REGIONAL DA CODEVASF NO MUNICÍPIO DE MACAPÁ/AP",{"$nulls":15},"EMPREENDIMENTO: CONSTRUÇÃO DA SEDE DA 11ª SUPERINTENDÊNCIA REGIONAL DA CODEVASF NO MUNICÍPIO DE MACAPÁ/AP",{"$nulls":15},"EMPREENDIMENTO: CONSTRUÇÃO DA SEDE DA 11ª SUPERINTENDÊNCIA REGIONAL DA CODEVASF NO MUNICÍPIO DE MACAPÁ/AP",{"$nulls":15},"EMPREENDIMENTO: CONSTRUÇÃO DA SEDE DA 11ª SUPERINTENDÊNCIA REGIONAL DA CODEVASF NO MUNICÍPIO DE MACAPÁ/AP",{"$nulls":15},"EMPREENDIMENTO: CONSTRUÇÃO DA SEDE DA 11ª SUPERINTENDÊNCIA REGIONAL DA CODEVASF NO MUNICÍPIO DE MACAPÁ/AP",{"$nulls":15},"EMPREENDIMENTO: CONSTRUÇÃO DA SEDE DA 11ª SUPERINTENDÊNCIA REGIONAL DA CODEVASF NO MUNICÍPIO DE MACAPÁ/AP",{"$nulls":15},"EMPREENDIMENTO: CONSTRUÇÃO DA SEDE DA 11ª SUPERINTENDÊNCIA REGIONAL DA CODEVASF NO MUNICÍPIO DE MACAPÁ/AP",{"$nulls":15},"EMPREENDIMENTO: CONSTRUÇÃO DA SEDE DA 11ª SUPERINTENDÊNCIA REGIONAL DA CODEVASF NO MUNICÍPIO DE MACAPÁ/AP",{"$nulls":15},"EMPREENDIMENTO: CONSTRUÇÃO DA SEDE DA 11ª SUPERINTENDÊNCIA REGIONAL DA CODEVASF NO MUNICÍPIO DE MACAPÁ/AP",{"$nulls":15},"EMPREENDIMENTO: CONSTRUÇÃO DA SEDE DA 11ª SUPERINTENDÊNCIA REGIONAL DA CODEVASF NO MUNICÍPIO DE MACAPÁ/AP",{"$nulls":15},"EMPREENDIMENTO: CONSTRUÇÃO DA SEDE DA 11ª SUPERINTENDÊNCIA REGIONAL DA CODEVASF NO MUNICÍPIO DE MACAPÁ/AP",{"$nulls":15},"EMPREENDIMENTO: CONSTRUÇÃO DA SEDE DA 11ª SUPERINTENDÊNCIA REGIONAL DA CODEVASF NO MUNICÍPIO DE MACAPÁ/AP",{"$nulls":15},"EMPREENDIMENTO: CONSTRUÇÃO DA SEDE DA 11ª SUPERINTENDÊNCIA REGIONAL DA CODEVASF NO MUNICÍPIO DE MACAPÁ/AP",{"$nulls":15},"EMPREENDIMENTO: CONSTRUÇÃO DA SEDE DA 11ª SUPERINTENDÊNCIA REGIONAL DA CODEVASF NO MUNICÍPIO DE MACAPÁ/AP",{"$nulls":15},"EMPREENDIMENTO: CONSTRUÇÃO DA SEDE DA 11ª SUPERINTENDÊNCIA REGIONAL DA CODEVASF NO MUNICÍPIO DE MACAPÁ/AP",{"$nulls":15},"EMPREENDIMENTO: CONSTRUÇÃO DA SEDE DA 11ª SUPERINTENDÊNCIA REGIONAL DA CODEVASF NO MUNICÍPIO DE MACAPÁ/AP",{"$nulls":15},"EMPREENDIMENTO: CONSTRUÇÃO DA SEDE DA 11ª SUPERINTENDÊNCIA REGIONAL DA CODEVASF NO MUNICÍPIO DE MACAPÁ/AP",{"$nulls":15},"EMPREENDIMENTO: CONSTRUÇÃO DA SEDE DA 11ª SUPERINTENDÊNCIA REGIONAL DA CODEVASF NO MUNICÍPIO DE MACAPÁ/AP",{"$nulls":15},"EMPREENDIMENTO: CONSTRUÇÃO DA SEDE DA 11ª SUPERINTENDÊNCIA REGIONAL DA CODEVASF NO MUNICÍPIO DE MACAPÁ/AP",{"$nulls":15},"EMPREENDIMENTO: CONSTRUÇÃO DA SEDE DA 11ª SUPERINTENDÊNCIA REGIONAL DA CODEVASF NO MUNICÍPIO DE MACAPÁ/AP",{"$nulls":15},"EMPREENDIMENTO: CONSTRUÇÃO DA SEDE DA 11ª SUPERINTENDÊNCIA REGIONAL DA CODEVASF NO MUNICÍPIO DE MACAPÁ/AP",{"$nulls":15},"EMPREENDIMENTO: CONSTRUÇÃO DA SEDE DA 11ª SUPERINTENDÊNCIA REGIONAL DA CODEVASF NO MUNICÍPIO DE MACAPÁ/AP",{"$nulls":15},"EMPREENDIMENTO: CONSTRUÇÃO DA SEDE DA 11ª SUPERINTENDÊNCIA REGIONAL DA CODEVASF NO MUNICÍPIO DE MACAPÁ/AP",{"$nulls":15},"EMPREENDIMENTO: CONSTRUÇÃO DA SEDE DA 11ª SUPERINTENDÊNCIA REGIONAL DA CODEVASF NO MUNICÍPIO DE MACAPÁ/AP",{"$nulls":15},"EMPREENDIMENTO: CONSTRUÇÃO DA SEDE DA 11ª SUPERINTENDÊNCIA REGIONAL DA CODEVASF NO MUNICÍPIO DE MACAPÁ/AP",{"$nulls":15},"EMPREENDIMENTO: CONSTRUÇÃO DA SEDE DA 11ª SUPERINTENDÊNCIA REGIONAL DA CODEVASF NO MUNICÍPIO DE MACAPÁ/AP",{"$nulls":15},"EMPREENDIMENTO: CONSTRUÇÃO DA SEDE DA 11ª SUPERINTENDÊNCIA REGIONAL DA CODEVASF NO MUNICÍPIO DE MACAPÁ/AP",{"$nulls":15},"EMPREENDIMENTO: CONSTRUÇÃO DA SEDE DA 11ª SUPERINTENDÊNCIA REGIONAL DA CODEVASF NO MUNICÍPIO DE MACAPÁ/AP",{"$nulls":15},"EMPREENDIMENTO: CONSTRUÇÃO DA SEDE DA 11ª SUPERINTENDÊNCIA REGIONAL DA CODEVASF NO MUNICÍPIO DE MACAPÁ/AP",{"$nulls":15},"EMPREENDIMENTO: CONSTRUÇÃO DA SEDE DA 11ª SUPERINTENDÊNCIA REGIONAL DA CODEVASF NO MUNICÍPIO DE MACAPÁ/AP",{"$nulls":15},"EMPREENDIMENTO: CONSTRUÇÃO DA SEDE DA 11ª SUPERINTENDÊNCIA REGIONAL DA CODEVASF NO MUNICÍPIO DE MACAPÁ/AP",{"$nulls":15},"EMPREENDIMENTO: CONSTRUÇÃO DA SEDE DA 11ª SUPERINTENDÊNCIA REGIONAL DA CODEVASF NO MUNICÍPIO DE MACAPÁ/AP",{"$nulls":15},"EMPREENDIMENTO: CONSTRUÇÃO DA SEDE DA 11ª SUPERINTENDÊNCIA REGIONAL DA CODEVASF NO MUNICÍPIO DE MACAPÁ/AP",{"$nulls":15},"EMPREENDIMENTO: CONSTRUÇÃO DA SEDE DA 11ª SUPERINTENDÊNCIA REGIONAL DA CODEVASF NO MUNICÍPIO DE MACAPÁ/AP",{"$nulls":15},"EMPREENDIMENTO: CONSTRUÇÃO DA SEDE DA 11ª SUPERINTENDÊNCIA REGIONAL DA CODEVASF NO MUNICÍPIO DE MACAPÁ/AP",{"$nulls":15},"EMPREENDIMENTO: CONSTRUÇÃO DA SEDE DA 11ª SUPERINTENDÊNCIA REGIONAL DA CODEVASF NO MUNICÍPIO DE MACAPÁ/AP",{"$nulls":15},"EMPREENDIMENTO: CONSTRUÇÃO DA SEDE DA 11ª SUPERINTENDÊNCIA REGIONAL DA CODEVASF NO MUNICÍPIO DE MACAPÁ/AP",{"$nulls":15},"EMPREENDIMENTO: CONSTRUÇÃO DA SEDE DA 11ª SUPERINTENDÊNCIA REGIONAL DA CODEVASF NO MUNICÍPIO DE MACAPÁ/AP",{"$nulls":15},"EMPREENDIMENTO: CONSTRUÇÃO DA SEDE DA 11ª SUPERINTENDÊNCIA REGIONAL DA CODEVASF NO MUNICÍPIO DE MACAPÁ/AP",{"$nulls":15},"EMPREENDIMENTO: CONSTRUÇÃO DA SEDE DA 11ª SUPERINTENDÊNCIA REGIONAL DA CODEVASF NO MUNICÍPIO DE MACAPÁ/AP",{"$nulls":15},"EMPREENDIMENTO: CONSTRUÇÃO DA SEDE DA 11ª SUPERINTENDÊNCIA REGIONAL DA CODEVASF NO MUNICÍPIO DE MACAPÁ/AP",{"$nulls":15},"EMPREENDIMENTO: CONSTRUÇÃO DA SEDE DA 11ª SUPERINTENDÊNCIA REGIONAL DA CODEVASF NO MUNICÍPIO DE MACAPÁ/AP",{"$nulls":15},"EMPREENDIMENTO: CONSTRUÇÃO DA SEDE DA 11ª SUPERINTENDÊNCIA REGIONAL DA CODEVASF NO MUNICÍPIO DE MACAPÁ/AP",{"$nulls":15},"EMPREENDIMENTO: CONSTRUÇÃO DA SEDE DA 11ª SUPERINTENDÊNCIA REGIONAL DA CODEVASF NO MUNICÍPIO DE MACAPÁ/AP",{"$nulls":15},"EMPREENDIMENTO: CONSTRUÇÃO DA SEDE DA 11ª SUPERINTENDÊNCIA REGIONAL DA CODEVASF NO MUNICÍPIO DE MACAPÁ/AP",{"$nulls":15},"EMPREENDIMENTO: CONSTRUÇÃO DA SEDE DA 11ª SUPERINTENDÊNCIA REGIONAL DA CODEVASF NO MUNICÍPIO DE MACAPÁ/AP",{"$nulls":15},"EMPREENDIMENTO: CONSTRUÇÃO DA SEDE DA 11ª SUPERINTENDÊNCIA REGIONAL DA CODEVASF NO MUNICÍPIO DE MACAPÁ/AP",{"$nulls":15},"EMPREENDIMENTO: CONSTRUÇÃO DA SEDE DA 11ª SUPERINTENDÊNCIA REGIONAL DA CODEVASF NO MUNICÍPIO DE MACAPÁ/AP",{"$nulls":15},"EMPREENDIMENTO: CONSTRUÇÃO DA SEDE DA 11ª SUPERINTENDÊNCIA REGIONAL DA CODEVASF NO MUNICÍPIO DE MACAPÁ/AP",{"$nulls":15},"EMPREENDIMENTO: CONSTRUÇÃO DA SEDE DA 11ª SUPERINTENDÊNCIA REGIONAL DA CODEVASF NO MUNICÍPIO DE MACAPÁ/AP",{"$nulls":15},"EMPREENDIMENTO: CONSTRUÇÃO DA SEDE DA 11ª SUPERINTENDÊNCIA REGIONAL DA CODEVASF NO MUNICÍPIO DE MACAPÁ/AP",{"$nulls":15},"EMPREENDIMENTO: CONSTRUÇÃO DA SEDE DA 11ª SUPERINTENDÊNCIA REGIONAL DA CODEVASF NO MUNICÍPIO DE MACAPÁ/AP",{"$nulls":15},"EMPREENDIMENTO: CONSTRUÇÃO DA SEDE DA 11ª SUPERINTENDÊNCIA REGIONAL DA CODEVASF NO MUNICÍPIO DE MACAPÁ/AP",{"$nulls":15},"EMPREENDIMENTO: CONSTRUÇÃO DA SEDE DA 11ª SUPERINTENDÊNCIA REGIONAL DA CODEVASF NO MUNICÍPIO DE MACAPÁ/AP",{"$nulls":15},"EMPREENDIMENTO: CONSTRUÇÃO DA SEDE DA 11ª SUPERINTENDÊNCIA REGIONAL DA CODEVASF NO MUNICÍPIO DE MACAPÁ/AP",{"$nulls":15},"EMPREENDIMENTO: CONSTRUÇÃO DA SEDE DA 11ª SUPERINTENDÊNCIA REGIONAL DA CODEVASF NO MUNICÍPIO DE MACAPÁ/AP",{"$nulls":15},"EMPREENDIMENTO: CONSTRUÇÃO DA SEDE DA 11ª SUPERINTENDÊNCIA REGIONAL DA CODEVASF NO MUNICÍPIO DE MACAPÁ/AP",{"$nulls":15},"EMPREENDIMENTO: CONSTRUÇÃO DA SEDE DA 11ª SUPERINTENDÊNCIA REGIONAL DA CODEVASF NO MUNICÍPIO DE MACAPÁ/AP",{"$nulls":15},"EMPREENDIMENTO: CONSTRUÇÃO DA SEDE DA 11ª SUPERINTENDÊNCIA REGIONAL DA CODEVASF NO MUNICÍPIO DE MACAPÁ/AP",{"$nulls":15},"EMPREENDIMENTO: CONSTRUÇÃO DA SEDE DA 11ª SUPERINTENDÊNCIA REGIONAL DA CODEVASF NO MUNICÍPIO DE MACAPÁ/AP",{"$nulls":15},"EMPREENDIMENTO: CONSTRUÇÃO DA SEDE DA 11ª SUPERINTENDÊNCIA REGIONAL DA CODEVASF NO MUNICÍPIO DE MACAPÁ/AP",{"$nulls":15},"EMPREENDIMENTO: CONSTRUÇÃO DA SEDE DA 11ª SUPERINTENDÊNCIA REGIONAL DA CODEVASF NO MUNICÍPIO DE MACAPÁ/AP",{"$nulls":15},"EMPREENDIMENTO: CONSTRUÇÃO DA SEDE DA 11ª SUPERINTENDÊNCIA REGIONAL DA CODEVASF NO MUNICÍPIO DE MACAPÁ/AP",{"$nulls":15},"EMPREENDIMENTO: CONSTRUÇÃO DA SEDE DA 11ª SUPERINTENDÊNCIA REGIONAL DA CODEVASF NO MUNICÍPIO DE MACAPÁ/AP",{"$nulls":15},"EMPREENDIMENTO: CONSTRUÇÃO DA SEDE DA 11ª SUPERINTENDÊNCIA REGIONAL DA CODEVASF NO MUNICÍPIO DE MACAPÁ/AP",{"$nulls":15},"EMPREENDIMENTO: CONSTRUÇÃO DA SEDE DA 11ª SUPERINTENDÊNCIA REGIONAL DA CODEVASF NO MUNICÍPIO DE MACAPÁ/AP",{"$nulls":15},"EMPREENDIMENTO: CONSTRUÇÃO DA SEDE DA 11ª SUPERINTENDÊNCIA REGIONAL DA CODEVASF NO MUNICÍPIO DE MACAPÁ/AP",{"$nulls":15},"EMPREENDIMENTO: CONSTRUÇÃO DA SEDE DA 11ª SUPERINTENDÊNCIA REGIONAL DA CODEVASF NO MUNICÍPIO DE MACAPÁ/AP",{"$nulls":15},"EMPREENDIMENTO: CONSTRUÇÃO DA SEDE DA 11ª SUPERINTENDÊNCIA REGIONAL DA CODEVASF NO MUNICÍPIO DE MACAPÁ/AP",{"$nulls":15},"EMPREENDIMENTO: CONSTRUÇÃO DA SEDE DA 11ª SUPERINTENDÊNCIA REGIONAL DA CODEVASF NO MUNICÍPIO DE MACAPÁ/AP",{"$nulls":15},"EMPREENDIMENTO: CONSTRUÇÃO DA SEDE DA 11ª SUPERINTENDÊNCIA REGIONAL DA CODEVASF NO MUNICÍPIO DE MACAPÁ/AP",{"$nulls":15},"EMPREENDIMENTO: CONSTRUÇÃO DA SEDE DA 11ª SUPERINTENDÊNCIA REGIONAL DA CODEVASF NO MUNICÍPIO DE MACAPÁ/AP",{"$nulls":15},"EMPREENDIMENTO: CONSTRUÇÃO DA SEDE DA 11ª SUPERINTENDÊNCIA REGIONAL DA CODEVASF NO MUNICÍPIO DE MACAPÁ/AP",{"$nulls":15},"EMPREENDIMENTO: CONSTRUÇÃO DA SEDE DA 11ª SUPERINTENDÊNCIA REGIONAL DA CODEVASF NO MUNICÍPIO DE MACAPÁ/AP",{"$nulls":15},"EMPREENDIMENTO: CONSTRUÇÃO DA SEDE DA 11ª SUPERINTENDÊNCIA REGIONAL DA CODEVASF NO MUNICÍPIO DE MACAPÁ/AP",{"$nulls":15},"EMPREENDIMENTO: CONSTRUÇÃO DA SEDE DA 11ª SUPERINTENDÊNCIA REGIONAL DA CODEVASF NO MUNICÍPIO DE MACAPÁ/AP",{"$nulls":15},"EMPREENDIMENTO: CONSTRUÇÃO DA SEDE DA 11ª SUPERINTENDÊNCIA REGIONAL DA CODEVASF NO MUNICÍPIO DE MACAPÁ/AP",{"$nulls":15},"EMPREENDIMENTO: CONSTRUÇÃO DA SEDE DA 11ª SUPERINTENDÊNCIA REGIONAL DA CODEVASF NO MUNICÍPIO DE MACAPÁ/AP",{"$nulls":15},"EMPREENDIMENTO: CONSTRUÇÃO DA SEDE DA 11ª SUPERINTENDÊNCIA REGIONAL DA CODEVASF NO MUNICÍPIO DE MACAPÁ/AP",{"$nulls":15},"EMPREENDIMENTO: CONSTRUÇÃO DA SEDE DA 11ª SUPERINTENDÊNCIA REGIONAL DA CODEVASF NO MUNICÍPIO DE MACAPÁ/AP",{"$nulls":15},"EMPREENDIMENTO: CONSTRUÇÃO DA SEDE DA 11ª SUPERINTENDÊNCIA REGIONAL DA CODEVASF NO MUNICÍPIO DE MACAPÁ/AP",{"$nulls":15},"EMPREENDIMENTO: CONSTRUÇÃO DA SEDE DA 11ª SUPERINTENDÊNCIA REGIONAL DA CODEVASF NO MUNICÍPIO DE MACAPÁ/AP",{"$nulls":15},"EMPREENDIMENTO: CONSTRUÇÃO DA SEDE DA 11ª SUPERINTENDÊNCIA REGIONAL DA CODEVASF NO MUNICÍPIO DE MACAPÁ/AP",{"$nulls":15},"EMPREENDIMENTO: CONSTRUÇÃO DA SEDE DA 11ª SUPERINTENDÊNCIA REGIONAL DA CODEVASF NO MUNICÍPIO DE MACAPÁ/AP",{"$nulls":15},"EMPREENDIMENTO: CONSTRUÇÃO DA SEDE DA 11ª SUPERINTENDÊNCIA REGIONAL DA CODEVASF NO MUNICÍPIO DE MACAPÁ/AP",{"$nulls":15},"EMPREENDIMENTO: CONSTRUÇÃO DA SEDE DA 11ª SUPERINTENDÊNCIA REGIONAL DA CODEVASF NO MUNICÍPIO DE MACAPÁ/AP",{"$nulls":15},"EMPREENDIMENTO: CONSTRUÇÃO DA SEDE DA 11ª SUPERINTENDÊNCIA REGIONAL DA CODEVASF NO MUNICÍPIO DE MACAPÁ/AP",{"$nulls":15},"EMPREENDIMENTO: CONSTRUÇÃO DA SEDE DA 11ª SUPERINTENDÊNCIA REGIONAL DA CODEVASF NO MUNICÍPIO DE MACAPÁ/AP",{"$nulls":15},"EMPREENDIMENTO: CONSTRUÇÃO DA SEDE DA 11ª SUPERINTENDÊNCIA REGIONAL DA CODEVASF NO MUNICÍPIO DE MACAPÁ/AP",{"$nulls":15},"EMPREENDIMENTO: CONSTRUÇÃO DA SEDE DA 11ª SUPERINTENDÊNCIA REGIONAL DA CODEVASF NO MUNICÍPIO DE MACAPÁ/AP",{"$nulls":15},"EMPREENDIMENTO: CONSTRUÇÃO DA SEDE DA 11ª SUPERINTENDÊNCIA REGIONAL DA CODEVASF NO MUNICÍPIO DE MACAPÁ/AP",{"$nulls":15},"EMPREENDIMENTO: CONSTRUÇÃO DA SEDE DA 11ª SUPERINTENDÊNCIA REGIONAL DA CODEVASF NO MUNICÍPIO DE MACAPÁ/AP",{"$nulls":15},"EMPREENDIMENTO: CONSTRUÇÃO DA SEDE DA 11ª SUPERINTENDÊNCIA REGIONAL DA CODEVASF NO MUNICÍPIO DE MACAPÁ/AP",{"$nulls":15},"EMPREENDIMENTO: CONSTRUÇÃO DA SEDE DA 11ª SUPERINTENDÊNCIA REGIONAL DA CODEVASF NO MUNICÍPIO DE MACAPÁ/AP",{"$nulls":15},"EMPREENDIMENTO: CONSTRUÇÃO DA SEDE DA 11ª SUPERINTENDÊNCIA REGIONAL DA CODEVASF NO MUNICÍPIO DE MACAPÁ/AP",{"$nulls":15},"EMPREENDIMENTO: CONSTRUÇÃO DA SEDE DA 11ª SUPERINTENDÊNCIA REGIONAL DA CODEVASF NO MUNICÍPIO DE MACAPÁ/AP",{"$nulls":15},"EMPREENDIMENTO: CONSTRUÇÃO DA SEDE DA 11ª SUPERINTENDÊNCIA REGIONAL DA CODEVASF NO MUNICÍPIO DE MACAPÁ/AP",{"$nulls":15},"EMPREENDIMENTO: CONSTRUÇÃO DA SEDE DA 11ª SUPERINTENDÊNCIA REGIONAL DA CODEVASF NO MUNICÍPIO DE MACAPÁ/AP",{"$nulls":15},"EMPREENDIMENTO: CONSTRUÇÃO DA SEDE DA 11ª SUPERINTENDÊNCIA REGIONAL DA CODEVASF NO MUNICÍPIO DE MACAPÁ/AP",{"$nulls":15},"EMPREENDIMENTO: CONSTRUÇÃO DA SEDE DA 11ª SUPERINTENDÊNCIA REGIONAL DA CODEVASF NO MUNICÍPIO DE MACAPÁ/AP",{"$nulls":15},"EMPREENDIMENTO: CONSTRUÇÃO DA SEDE DA 11ª SUPERINTENDÊNCIA REGIONAL DA CODEVASF NO MUNICÍPIO DE MACAPÁ/AP",{"$nulls":15},"EMPREENDIMENTO: CONSTRUÇÃO DA SEDE DA 11ª SUPERINTENDÊNCIA REGIONAL DA CODEVASF NO MUNICÍPIO DE MACAPÁ/AP",{"$nulls":15},"EMPREENDIMENTO: CONSTRUÇÃO DA SEDE DA 11ª SUPERINTENDÊNCIA REGIONAL DA CODEVASF NO MUNICÍPIO DE MACAPÁ/AP",{"$nulls":15},"EMPREENDIMENTO: CONSTRUÇÃO DA SEDE DA 11ª SUPERINTENDÊNCIA REGIONAL DA CODEVASF NO MUNICÍPIO DE MACAPÁ/AP",{"$nulls":15},"EMPREENDIMENTO: CONSTRUÇÃO DA SEDE DA 11ª SUPERINTENDÊNCIA REGIONAL DA CODEVASF NO MUNICÍPIO DE MACAPÁ/AP",{"$nulls":15},"EMPREENDIMENTO: CONSTRUÇÃO DA SEDE DA 11ª SUPERINTENDÊNCIA REGIONAL DA CODEVASF NO MUNICÍPIO DE MACAPÁ/AP",{"$nulls":15},"EMPREENDIMENTO: CONSTRUÇÃO DA SEDE DA 11ª SUPERINTENDÊNCIA REGIONAL DA CODEVASF NO MUNICÍPIO DE MACAPÁ/AP",{"$nulls":15},"EMPREENDIMENTO: CONSTRUÇÃO DA SEDE DA 11ª SUPERINTENDÊNCIA REGIONAL DA CODEVASF NO MUNICÍPIO DE MACAPÁ/AP",{"$nulls":15},"EMPREENDIMENTO: CONSTRUÇÃO DA SEDE DA 11ª SUPERINTENDÊNCIA REGIONAL DA CODEVASF NO MUNICÍPIO DE MACAPÁ/AP",{"$nulls":15},"EMPREENDIMENTO: CONSTRUÇÃO DA SEDE DA 11ª SUPERINTENDÊNCIA REGIONAL DA CODEVASF NO MUNICÍPIO DE MACAPÁ/AP",{"$nulls":15},"EMPREENDIMENTO: CONSTRUÇÃO DA SEDE DA 11ª SUPERINTENDÊNCIA REGIONAL DA CODEVASF NO MUNICÍPIO DE MACAPÁ/AP",{"$nulls":15},"EMPREENDIMENTO: CONSTRUÇÃO DA SEDE DA 11ª SUPERINTENDÊNCIA REGIONAL DA CODEVASF NO MUNICÍPIO DE MACAPÁ/AP",{"$nulls":15},"EMPREENDIMENTO: CONSTRUÇÃO DA SEDE DA 11ª SUPERINTENDÊNCIA REGIONAL DA CODEVASF NO MUNICÍPIO DE MACAPÁ/AP",{"$nulls":15},"EMPREENDIMENTO: CONSTRUÇÃO DA SEDE DA 11ª SUPERINTENDÊNCIA REGIONAL DA CODEVASF NO MUNICÍPIO DE MACAPÁ/AP",{"$nulls":15},"EMPREENDIMENTO: CONSTRUÇÃO DA SEDE DA 11ª SUPERINTENDÊNCIA REGIONAL DA CODEVASF NO MUNICÍPIO DE MACAPÁ/AP",{"$nulls":15},"EMPREENDIMENTO: CONSTRUÇÃO DA SEDE DA 11ª SUPERINTENDÊNCIA REGIONAL DA CODEVASF NO MUNICÍPIO DE MACAPÁ/AP",{"$nulls":15},"EMPREENDIMENTO: CONSTRUÇÃO DA SEDE DA 11ª SUPERINTENDÊNCIA REGIONAL DA CODEVASF NO MUNICÍPIO DE MACAPÁ/AP",{"$nulls":15},"EMPREENDIMENTO: CONSTRUÇÃO DA SEDE DA 11ª SUPERINTENDÊNCIA REGIONAL DA CODEVASF NO MUNICÍPIO DE MACAPÁ/AP",{"$nulls":15},"EMPREENDIMENTO: CONSTRUÇÃO DA SEDE DA 11ª SUPERINTENDÊNCIA REGIONAL DA CODEVASF NO MUNICÍPIO DE MACAPÁ/AP",{"$nulls":15},"EMPREENDIMENTO: CONSTRUÇÃO DA SEDE DA 11ª SUPERINTENDÊNCIA REGIONAL DA CODEVASF NO MUNICÍPIO DE MACAPÁ/AP",{"$nulls":15},"EMPREENDIMENTO: CONSTRUÇÃO DA SEDE DA 11ª SUPERINTENDÊNCIA REGIONAL DA CODEVASF NO MUNICÍPIO DE MACAPÁ/AP",{"$nulls":15},"EMPREENDIMENTO: CONSTRUÇÃO DA SEDE DA 11ª SUPERINTENDÊNCIA REGIONAL DA CODEVASF NO MUNICÍPIO DE MACAPÁ/AP",{"$nulls":15},"EMPREENDIMENTO: CONSTRUÇÃO DA SEDE DA 11ª SUPERINTENDÊNCIA REGIONAL DA CODEVASF NO MUNICÍPIO DE MACAPÁ/AP",{"$nulls":15},"EMPREENDIMENTO: CONSTRUÇÃO DA SEDE DA 11ª SUPERINTENDÊNCIA REGIONAL DA CODEVASF NO MUNICÍPIO DE MACAPÁ/AP",{"$nulls":15},"EMPREENDIMENTO: CONSTRUÇÃO DA SEDE DA 11ª SUPERINTENDÊNCIA REGIONAL DA CODEVASF NO MUNICÍPIO DE MACAPÁ/AP",{"$nulls":15},"EMPREENDIMENTO: CONSTRUÇÃO DA SEDE DA 11ª SUPERINTENDÊNCIA REGIONAL DA CODEVASF NO MUNICÍPIO DE MACAPÁ/AP",{"$nulls":15},"EMPREENDIMENTO: CONSTRUÇÃO DA SEDE DA 11ª SUPERINTENDÊNCIA REGIONAL DA CODEVASF NO MUNICÍPIO DE MACAPÁ/AP",{"$nulls":15},"EMPREENDIMENTO: CONSTRUÇÃO DA SEDE DA 11ª SUPERINTENDÊNCIA REGIONAL DA CODEVASF NO MUNICÍPIO DE MACAPÁ/AP",{"$nulls":15},"EMPREENDIMENTO: CONSTRUÇÃO DA SEDE DA 11ª SUPERINTENDÊNCIA REGIONAL DA CODEVASF NO MUNICÍPIO DE MACAPÁ/AP",{"$nulls":15},"EMPREENDIMENTO: CONSTRUÇÃO DA SEDE DA 11ª SUPERINTENDÊNCIA REGIONAL DA CODEVASF NO MUNICÍPIO DE MACAPÁ/AP",{"$nulls":15},"EMPREENDIMENTO: CONSTRUÇÃO DA SEDE DA 11ª SUPERINTENDÊNCIA REGIONAL DA CODEVASF NO MUNICÍPIO DE MACAPÁ/AP",{"$nulls":15},"EMPREENDIMENTO: CONSTRUÇÃO DA SEDE DA 11ª SUPERINTENDÊNCIA REGIONAL DA CODEVASF NO MUNICÍPIO DE MACAPÁ/AP",{"$nulls":15},"EMPREENDIMENTO: CONSTRUÇÃO DA SEDE DA 11ª SUPERINTENDÊNCIA REGIONAL DA CODEVASF NO MUNICÍPIO DE MACAPÁ/AP",{"$nulls":15},"EMPREENDIMENTO: CONSTRUÇÃO DA SEDE DA 11ª SUPERINTENDÊNCIA REGIONAL DA CODEVASF NO MUNICÍPIO DE MACAPÁ/AP",{"$nulls":15},"EMPREENDIMENTO: CONSTRUÇÃO DA SEDE DA 11ª SUPERINTENDÊNCIA REGIONAL DA CODEVASF NO MUNICÍPIO DE MACAPÁ/AP",{"$nulls":15},"EMPREENDIMENTO: CONSTRUÇÃO DA SEDE DA 11ª SUPERINTENDÊNCIA REGIONAL DA CODEVASF NO MUNICÍPIO DE MACAPÁ/AP",{"$nulls":15},"EMPREENDIMENTO: CONSTRUÇÃO DA SEDE DA 11ª SUPERINTENDÊNCIA REGIONAL DA CODEVASF NO MUNICÍPIO DE MACAPÁ/AP",{"$nulls":15},"EMPREENDIMENTO: CONSTRUÇÃO DA SEDE DA 11ª SUPERINTENDÊNCIA REGIONAL DA CODEVASF NO MUNICÍPIO DE MACAPÁ/AP",{"$nulls":15},"EMPREENDIMENTO: CONSTRUÇÃO DA SEDE DA 11ª SUPERINTENDÊNCIA REGIONAL DA CODEVASF NO MUNICÍPIO DE MACAPÁ/AP",{"$nulls":15},"EMPREENDIMENTO: CONSTRUÇÃO DA SEDE DA 11ª SUPERINTENDÊNCIA REGIONAL DA CODEVASF NO MUNICÍPIO DE MACAPÁ/AP",{"$nulls":15},"EMPREENDIMENTO: CONSTRUÇÃO DA SEDE DA 11ª SUPERINTENDÊNCIA REGIONAL DA CODEVASF NO MUNICÍPIO DE MACAPÁ/AP",{"$nulls":15},"EMPREENDIMENTO: CONSTRUÇÃO DA SEDE DA 11ª SUPERINTENDÊNCIA REGIONAL DA CODEVASF NO MUNICÍPIO DE MACAPÁ/AP",{"$nulls":15},"EMPREENDIMENTO: CONSTRUÇÃO DA SEDE DA 11ª SUPERINTENDÊNCIA REGIONAL DA CODEVASF NO MUNICÍPIO DE MACAPÁ/AP",{"$nulls":15},"EMPREENDIMENTO: CONSTRUÇÃO DA SEDE DA 11ª SUPERINTENDÊNCIA REGIONAL DA CODEVASF NO MUNICÍPIO DE MACAPÁ/AP",{"$nulls":15},"EMPREENDIMENTO: CONSTRUÇÃO DA SEDE DA 11ª SUPERINTENDÊNCIA REGIONAL DA CODEVASF NO MUNICÍPIO DE MACAPÁ/AP",{"$nulls":15},"EMPREENDIMENTO: CONSTRUÇÃO DA SEDE DA 11ª SUPERINTENDÊNCIA REGIONAL DA CODEVASF NO MUNICÍPIO DE MACAPÁ/AP",{"$nulls":15},"EMPREENDIMENTO: CONSTRUÇÃO DA SEDE DA 11ª SUPERINTENDÊNCIA REGIONAL DA CODEVASF NO MUNICÍPIO DE MACAPÁ/AP",{"$nulls":15},"EMPREENDIMENTO: CONSTRUÇÃO DA SEDE DA 11ª SUPERINTENDÊNCIA REGIONAL DA CODEVASF NO MUNICÍPIO DE MACAPÁ/AP",{"$nulls":15},"EMPREENDIMENTO: CONSTRUÇÃO DA SEDE DA 11ª SUPERINTENDÊNCIA REGIONAL DA CODEVASF NO MUNICÍPIO DE MACAPÁ/AP",{"$nulls":15},"EMPREENDIMENTO: CONSTRUÇÃO DA SEDE DA 11ª SUPERINTENDÊNCIA REGIONAL DA CODEVASF NO MUNICÍPIO DE MACAPÁ/AP",{"$nulls":15},"EMPREENDIMENTO: CONSTRUÇÃO DA SEDE DA 11ª SUPERINTENDÊNCIA REGIONAL DA CODEVASF NO MUNICÍPIO DE MACAPÁ/AP",{"$nulls":15},"EMPREENDIMENTO: CONSTRUÇÃO DA SEDE DA 11ª SUPERINTENDÊNCIA REGIONAL DA CODEVASF NO MUNICÍPIO DE MACAPÁ/AP",{"$nulls":15},"EMPREENDIMENTO: CONSTRUÇÃO DA SEDE DA 11ª SUPERINTENDÊNCIA REGIONAL DA CODEVASF NO MUNICÍPIO DE MACAPÁ/AP",{"$nulls":15},"EMPREENDIMENTO: CONSTRUÇÃO DA SEDE DA 11ª SUPERINTENDÊNCIA REGIONAL DA CODEVASF NO MUNICÍPIO DE MACAPÁ/AP",{"$nulls":15},"EMPREENDIMENTO: CONSTRUÇÃO DA SEDE DA 11ª SUPERINTENDÊNCIA REGIONAL DA CODEVASF NO MUNICÍPIO DE MACAPÁ/AP",{"$nulls":15},"EMPREENDIMENTO: CONSTRUÇÃO DA SEDE DA 11ª SUPERINTENDÊNCIA REGIONAL DA CODEVASF NO MUNICÍPIO DE MACAPÁ/AP",{"$nulls":15},"EMPREENDIMENTO: CONSTRUÇÃO DA SEDE DA 11ª SUPERINTENDÊNCIA REGIONAL DA CODEVASF NO MUNICÍPIO DE MACAPÁ/AP",{"$nulls":15},"EMPREENDIMENTO: CONSTRUÇÃO DA SEDE DA 11ª SUPERINTENDÊNCIA REGIONAL DA CODEVASF NO MUNICÍPIO DE MACAPÁ/AP",{"$nulls":15},"EMPREENDIMENTO: CONSTRUÇÃO DA SEDE DA 11ª SUPERINTENDÊNCIA REGIONAL DA CODEVASF NO MUNICÍPIO DE MACAPÁ/AP",{"$nulls":15},"EMPREENDIMENTO: CONSTRUÇÃO DA SEDE DA 11ª SUPERINTENDÊNCIA REGIONAL DA CODEVASF NO MUNICÍPIO DE MACAPÁ/AP",{"$nulls":15},"EMPREENDIMENTO: CONSTRUÇÃO DA SEDE DA 11ª SUPERINTENDÊNCIA REGIONAL DA CODEVASF NO MUNICÍPIO DE MACAPÁ/AP",{"$nulls":15},"EMPREENDIMENTO: CONSTRUÇÃO DA SEDE DA 11ª SUPERINTENDÊNCIA REGIONAL DA CODEVASF NO MUNICÍPIO DE MACAPÁ/AP",{"$nulls":15},"EMPREENDIMENTO: CONSTRUÇÃO DA SEDE DA 11ª SUPERINTENDÊNCIA REGIONAL DA CODEVASF NO MUNICÍPIO DE MACAPÁ/AP",{"$nulls":15},"EMPREENDIMENTO: CONSTRUÇÃO DA SEDE DA 11ª SUPERINTENDÊNCIA REGIONAL DA CODEVASF NO MUNICÍPIO DE MACAPÁ/AP",{"$nulls":15},"EMPREENDIMENTO: CONSTRUÇÃO DA SEDE DA 11ª SUPERINTENDÊNCIA REGIONAL DA CODEVASF NO MUNICÍPIO DE MACAPÁ/AP",{"$nulls":15},"EMPREENDIMENTO: CONSTRUÇÃO DA SEDE DA 11ª SUPERINTENDÊNCIA REGIONAL DA CODEVASF NO MUNICÍPIO DE MACAPÁ/AP",{"$nulls":15},"EMPREENDIMENTO: CONSTRUÇÃO DA SEDE DA 11ª SUPERINTENDÊNCIA REGIONAL DA CODEVASF NO MUNICÍPIO DE MACAPÁ/AP",{"$nulls":15},"EMPREENDIMENTO: CONSTRUÇÃO DA SEDE DA 11ª SUPERINTENDÊNCIA REGIONAL DA CODEVASF NO MUNICÍPIO DE MACAPÁ/AP",{"$nulls":15},"EMPREENDIMENTO: CONSTRUÇÃO DA SEDE DA 11ª SUPERINTENDÊNCIA REGIONAL DA CODEVASF NO MUNICÍPIO DE MACAPÁ/AP",{"$nulls":15},"EMPREENDIMENTO: CONSTRUÇÃO DA SEDE DA 11ª SUPERINTENDÊNCIA REGIONAL DA CODEVASF NO MUNICÍPIO DE MACAPÁ/AP",{"$nulls":15},"EMPREENDIMENTO: CONSTRUÇÃO DA SEDE DA 11ª SUPERINTENDÊNCIA REGIONAL DA CODEVASF NO MUNICÍPIO DE MACAPÁ/AP",{"$nulls":15},"EMPREENDIMENTO: CONSTRUÇÃO DA SEDE DA 11ª SUPERINTENDÊNCIA REGIONAL DA CODEVASF NO MUNICÍPIO DE MACAPÁ/AP",{"$nulls":15},"EMPREENDIMENTO: CONSTRUÇÃO DA SEDE DA 11ª SUPERINTENDÊNCIA REGIONAL DA CODEVASF NO MUNICÍPIO DE MACAPÁ/AP",{"$nulls":15},"EMPREENDIMENTO: CONSTRUÇÃO DA SEDE DA 11ª SUPERINTENDÊNCIA REGIONAL DA CODEVASF NO MUNICÍPIO DE MACAPÁ/AP",{"$nulls":15},"EMPREENDIMENTO: CONSTRUÇÃO DA SEDE DA 11ª SUPERINTENDÊNCIA REGIONAL DA CODEVASF NO MUNICÍPIO DE MACAPÁ/AP",{"$nulls":15},"EMPREENDIMENTO: CONSTRUÇÃO DA SEDE DA 11ª SUPERINTENDÊNCIA REGIONAL DA CODEVASF NO MUNICÍPIO DE MACAPÁ/AP",{"$nulls":15},"EMPREENDIMENTO: CONSTRUÇÃO DA SEDE DA 11ª SUPERINTENDÊNCIA REGIONAL DA CODEVASF NO MUNICÍPIO DE MACAPÁ/AP",{"$nulls":15},"EMPREENDIMENTO: CONSTRUÇÃO DA SEDE DA 11ª SUPERINTENDÊNCIA REGIONAL DA CODEVASF NO MUNICÍPIO DE MACAPÁ/AP",{"$nulls":15},"EMPREENDIMENTO: CONSTRUÇÃO DA SEDE DA 11ª SUPERINTENDÊNCIA REGIONAL DA CODEVASF NO MUNICÍPIO DE MACAPÁ/AP",{"$nulls":15},"EMPREENDIMENTO: CONSTRUÇÃO DA SEDE DA 11ª SUPERINTENDÊNCIA REGIONAL DA CODEVASF NO MUNICÍPIO DE MACAPÁ/AP",{"$nulls":15},"EMPREENDIMENTO: CONSTRUÇÃO DA SEDE DA 11ª SUPERINTENDÊNCIA REGIONAL DA CODEVASF NO MUNICÍPIO DE MACAPÁ/AP",{"$nulls":15},"EMPREENDIMENTO: CONSTRUÇÃO DA SEDE DA 11ª SUPERINTENDÊNCIA REGIONAL DA CODEVASF NO MUNICÍPIO DE MACAPÁ/AP",{"$nulls":15},"EMPREENDIMENTO: CONSTRUÇÃO DA SEDE DA 11ª SUPERINTENDÊNCIA REGIONAL DA CODEVASF NO MUNICÍPIO DE MACAPÁ/AP",{"$nulls":15},"EMPREENDIMENTO: CONSTRUÇÃO DA SEDE DA 11ª SUPERINTENDÊNCIA REGIONAL DA CODEVASF NO MUNICÍPIO DE MACAPÁ/AP",{"$nulls":15},"EMPREENDIMENTO: CONSTRUÇÃO DA SEDE DA 11ª SUPERINTENDÊNCIA REGIONAL DA CODEVASF NO MUNICÍPIO DE MACAPÁ/AP",{"$nulls":15},"EMPREENDIMENTO: CONSTRUÇÃO DA SEDE DA 11ª SUPERINTENDÊNCIA REGIONAL DA CODEVASF NO MUNICÍPIO DE MACAPÁ/AP",{"$nulls":15},"EMPREENDIMENTO: CONSTRUÇÃO DA SEDE DA 11ª SUPERINTENDÊNCIA REGIONAL DA CODEVASF NO MUNICÍPIO DE MACAPÁ/AP",{"$nulls":15},"EMPREENDIMENTO: CONSTRUÇÃO DA SEDE DA 11ª SUPERINTENDÊNCIA REGIONAL DA CODEVASF NO MUNICÍPIO DE MACAPÁ/AP",{"$nulls":15},"EMPREENDIMENTO: CONSTRUÇÃO DA SEDE DA 11ª SUPERINTENDÊNCIA REGIONAL DA CODEVASF NO MUNICÍPIO DE MACAPÁ/AP",{"$nulls":15},"EMPREENDIMENTO: CONSTRUÇÃO DA SEDE DA 11ª SUPERINTENDÊNCIA REGIONAL DA CODEVASF NO MUNICÍPIO DE MACAPÁ/AP",{"$nulls":15},"EMPREENDIMENTO: CONSTRUÇÃO DA SEDE DA 11ª SUPERINTENDÊNCIA REGIONAL DA CODEVASF NO MUNICÍPIO DE MACAPÁ/AP",{"$nulls":15},"EMPREENDIMENTO: CONSTRUÇÃO DA SEDE DA 11ª SUPERINTENDÊNCIA REGIONAL DA CODEVASF NO MUNICÍPIO DE MACAPÁ/AP",{"$nulls":15},"EMPREENDIMENTO: CONSTRUÇÃO DA SEDE DA 11ª SUPERINTENDÊNCIA REGIONAL DA CODEVASF NO MUNICÍPIO DE MACAPÁ/AP",{"$nulls":15},"EMPREENDIMENTO: CONSTRUÇÃO DA SEDE DA 11ª SUPERINTENDÊNCIA REGIONAL DA CODEVASF NO MUNICÍPIO DE MACAPÁ/AP",{"$nulls":15},"EMPREENDIMENTO: CONSTRUÇÃO DA SEDE DA 11ª SUPERINTENDÊNCIA REGIONAL DA CODEVASF NO MUNICÍPIO DE MACAPÁ/AP",{"$nulls":15},"EMPREENDIMENTO: CONSTRUÇÃO DA SEDE DA 11ª SUPERINTENDÊNCIA REGIONAL DA CODEVASF NO MUNICÍPIO DE MACAPÁ/AP",{"$nulls":15},"EMPREENDIMENTO: CONSTRUÇÃO DA SEDE DA 11ª SUPERINTENDÊNCIA REGIONAL DA CODEVASF NO MUNICÍPIO DE MACAPÁ/AP",{"$nulls":15},"EMPREENDIMENTO: CONSTRUÇÃO DA SEDE DA 11ª SUPERINTENDÊNCIA REGIONAL DA CODEVASF NO MUNICÍPIO DE MACAPÁ/AP",{"$nulls":15},"EMPREENDIMENTO: CONSTRUÇÃO DA SEDE DA 11ª SUPERINTENDÊNCIA REGIONAL DA CODEVASF NO MUNICÍPIO DE MACAPÁ/AP",{"$nulls":15},"EMPREENDIMENTO: CONSTRUÇÃO DA SEDE DA 11ª SUPERINTENDÊNCIA REGIONAL DA CODEVASF NO MUNICÍPIO DE MACAPÁ/AP",{"$nulls":15},"EMPREENDIMENTO: CONSTRUÇÃO DA SEDE DA 11ª SUPERINTENDÊNCIA REGIONAL DA CODEVASF NO MUNICÍPIO DE MACAPÁ/AP",{"$nulls":15},"EMPREENDIMENTO: CONSTRUÇÃO DA SEDE DA 11ª SUPERINTENDÊNCIA REGIONAL DA CODEVASF NO MUNICÍPIO DE MACAPÁ/AP",{"$nulls":15},"EMPREENDIMENTO: CONSTRUÇÃO DA SEDE DA 11ª SUPERINTENDÊNCIA REGIONAL DA CODEVASF NO MUNICÍPIO DE MACAPÁ/AP",{"$nulls":15},"EMPREENDIMENTO: CONSTRUÇÃO DA SEDE DA 11ª SUPERINTENDÊNCIA REGIONAL DA CODEVASF NO MUNICÍPIO DE MACAPÁ/AP",{"$nulls":15},"EMPREENDIMENTO: CONSTRUÇÃO DA SEDE DA 11ª SUPERINTENDÊNCIA REGIONAL DA CODEVASF NO MUNICÍPIO DE MACAPÁ/AP",{"$nulls":15},"EMPREENDIMENTO: CONSTRUÇÃO DA SEDE DA 11ª SUPERINTENDÊNCIA REGIONAL DA CODEVASF NO MUNICÍPIO DE MACAPÁ/AP",{"$nulls":15},"EMPREENDIMENTO: CONSTRUÇÃO DA SEDE DA 11ª SUPERINTENDÊNCIA REGIONAL DA CODEVASF NO MUNICÍPIO DE MACAPÁ/AP",{"$nulls":15},"EMPREENDIMENTO: CONSTRUÇÃO DA SEDE DA 11ª SUPERINTENDÊNCIA REGIONAL DA CODEVASF NO MUNICÍPIO DE MACAPÁ/AP",{"$nulls":15},"EMPREENDIMENTO: CONSTRUÇÃO DA SEDE DA 11ª SUPERINTENDÊNCIA REGIONAL DA CODEVASF NO MUNICÍPIO DE MACAPÁ/AP",{"$nulls":15},"EMPREENDIMENTO: CONSTRUÇÃO DA SEDE DA 11ª SUPERINTENDÊNCIA REGIONAL DA CODEVASF NO MUNICÍPIO DE MACAPÁ/AP",{"$nulls":15},"EMPREENDIMENTO: CONSTRUÇÃO DA SEDE DA 11ª SUPERINTENDÊNCIA REGIONAL DA CODEVASF NO MUNICÍPIO DE MACAPÁ/AP",{"$nulls":15},"EMPREENDIMENTO: CONSTRUÇÃO DA SEDE DA 11ª SUPERINTENDÊNCIA REGIONAL DA CODEVASF NO MUNICÍPIO DE MACAPÁ/AP",{"$nulls":15},"EMPREENDIMENTO: CONSTRUÇÃO DA SEDE DA 11ª SUPERINTENDÊNCIA REGIONAL DA CODEVASF NO MUNICÍPIO DE MACAPÁ/AP",{"$nulls":15},"EMPREENDIMENTO: CONSTRUÇÃO DA SEDE DA 11ª SUPERINTENDÊNCIA REGIONAL DA CODEVASF NO MUNICÍPIO DE MACAPÁ/AP",{"$nulls":15},"EMPREENDIMENTO: CONSTRUÇÃO DA SEDE DA 11ª SUPERINTENDÊNCIA REGIONAL DA CODEVASF NO MUNICÍPIO DE MACAPÁ/AP",{"$nulls":15},"EMPREENDIMENTO: CONSTRUÇÃO DA SEDE DA 11ª SUPERINTENDÊNCIA REGIONAL DA CODEVASF NO MUNICÍPIO DE MACAPÁ/AP",{"$nulls":15},"EMPREENDIMENTO: CONSTRUÇÃO DA SEDE DA 11ª SUPERINTENDÊNCIA REGIONAL DA CODEVASF NO MUNICÍPIO DE MACAPÁ/AP",{"$nulls":15},"EMPREENDIMENTO: CONSTRUÇÃO DA SEDE DA 11ª SUPERINTENDÊNCIA REGIONAL DA CODEVASF NO MUNICÍPIO DE MACAPÁ/AP",{"$nulls":15},"EMPREENDIMENTO: CONSTRUÇÃO DA SEDE DA 11ª SUPERINTENDÊNCIA REGIONAL DA CODEVASF NO MUNICÍPIO DE MACAPÁ/AP",{"$nulls":15},"EMPREENDIMENTO: CONSTRUÇÃO DA SEDE DA 11ª SUPERINTENDÊNCIA REGIONAL DA CODEVASF NO MUNICÍPIO DE MACAPÁ/AP",{"$nulls":15},"EMPREENDIMENTO: CONSTRUÇÃO DA SEDE DA 11ª SUPERINTENDÊNCIA REGIONAL DA CODEVASF NO MUNICÍPIO DE MACAPÁ/AP",{"$nulls":15},"EMPREENDIMENTO: CONSTRUÇÃO DA SEDE DA 11ª SUPERINTENDÊNCIA REGIONAL DA CODEVASF NO MUNICÍPIO DE MACAPÁ/AP",{"$nulls":15},"EMPREENDIMENTO: CONSTRUÇÃO DA SEDE DA 11ª SUPERINTENDÊNCIA REGIONAL DA CODEVASF NO MUNICÍPIO DE MACAPÁ/AP",{"$nulls":15},"EMPREENDIMENTO: CONSTRUÇÃO DA SEDE DA 11ª SUPERINTENDÊNCIA REGIONAL DA CODEVASF NO MUNICÍPIO DE MACAPÁ/AP",{"$nulls":15},"EMPREENDIMENTO: CONSTRUÇÃO DA SEDE DA 11ª SUPERINTENDÊNCIA REGIONAL DA CODEVASF NO MUNICÍPIO DE MACAPÁ/AP",{"$nulls":15},"EMPREENDIMENTO: CONSTRUÇÃO DA SEDE DA 11ª SUPERINTENDÊNCIA REGIONAL DA CODEVASF NO MUNICÍPIO DE MACAPÁ/AP",{"$nulls":15},"EMPREENDIMENTO: CONSTRUÇÃO DA SEDE DA 11ª SUPERINTENDÊNCIA REGIONAL DA CODEVASF NO MUNICÍPIO DE MACAPÁ/AP",{"$nulls":15},"EMPREENDIMENTO: CONSTRUÇÃO DA SEDE DA 11ª SUPERINTENDÊNCIA REGIONAL DA CODEVASF NO MUNICÍPIO DE MACAPÁ/AP",{"$nulls":15},"EMPREENDIMENTO: CONSTRUÇÃO DA SEDE DA 11ª SUPERINTENDÊNCIA REGIONAL DA CODEVASF NO MUNICÍPIO DE MACAPÁ/AP",{"$nulls":15},"EMPREENDIMENTO: CONSTRUÇÃO DA SEDE DA 11ª SUPERINTENDÊNCIA REGIONAL DA CODEVASF NO MUNICÍPIO DE MACAPÁ/AP",{"$nulls":15},"EMPREENDIMENTO: CONSTRUÇÃO DA SEDE DA 11ª SUPERINTENDÊNCIA REGIONAL DA CODEVASF NO MUNICÍPIO DE MACAPÁ/AP",{"$nulls":15},"EMPREENDIMENTO: CONSTRUÇÃO DA SEDE DA 11ª SUPERINTENDÊNCIA REGIONAL DA CODEVASF NO MUNICÍPIO DE MACAPÁ/AP",{"$nulls":15},"EMPREENDIMENTO: CONSTRUÇÃO DA SEDE DA 11ª SUPERINTENDÊNCIA REGIONAL DA CODEVASF NO MUNICÍPIO DE MACAPÁ/AP",{"$nulls":15},"EMPREENDIMENTO: CONSTRUÇÃO DA SEDE DA 11ª SUPERINTENDÊNCIA REGIONAL DA CODEVASF NO MUNICÍPIO DE MACAPÁ/AP",{"$nulls":15},"EMPREENDIMENTO: CONSTRUÇÃO DA SEDE DA 11ª SUPERINTENDÊNCIA REGIONAL DA CODEVASF NO MUNICÍPIO DE MACAPÁ/AP",{"$nulls":15},"EMPREENDIMENTO: CONSTRUÇÃO DA SEDE DA 11ª SUPERINTENDÊNCIA REGIONAL DA CODEVASF NO MUNICÍPIO DE MACAPÁ/AP",{"$nulls":15},"EMPREENDIMENTO: CONSTRUÇÃO DA SEDE DA 11ª SUPERINTENDÊNCIA REGIONAL DA CODEVASF NO MUNICÍPIO DE MACAPÁ/AP",{"$nulls":15},"EMPREENDIMENTO: CONSTRUÇÃO DA SEDE DA 11ª SUPERINTENDÊNCIA REGIONAL DA CODEVASF NO MUNICÍPIO DE MACAPÁ/AP",{"$nulls":15},"EMPREENDIMENTO: CONSTRUÇÃO DA SEDE DA 11ª SUPERINTENDÊNCIA REGIONAL DA CODEVASF NO MUNICÍPIO DE MACAPÁ/AP",{"$nulls":15},"EMPREENDIMENTO: CONSTRUÇÃO DA SEDE DA 11ª SUPERINTENDÊNCIA REGIONAL DA CODEVASF NO MUNICÍPIO DE MACAPÁ/AP",{"$nulls":15},"EMPREENDIMENTO: CONSTRUÇÃO DA SEDE DA 11ª SUPERINTENDÊNCIA REGIONAL DA CODEVASF NO MUNICÍPIO DE MACAPÁ/AP",{"$nulls":15},"EMPREENDIMENTO: CONSTRUÇÃO DA SEDE DA 11ª SUPERINTENDÊNCIA REGIONAL DA CODEVASF NO MUNICÍPIO DE MACAPÁ/AP",{"$nulls":15},"EMPREENDIMENTO: CONSTRUÇÃO DA SEDE DA 11ª SUPERINTENDÊNCIA REGIONAL DA CODEVASF NO MUNICÍPIO DE MACAPÁ/AP",{"$nulls":15},"EMPREENDIMENTO: CONSTRUÇÃO DA SEDE DA 11ª SUPERINTENDÊNCIA REGIONAL DA CODEVASF NO MUNICÍPIO DE MACAPÁ/AP",{"$nulls":15},"EMPREENDIMENTO: CONSTRUÇÃO DA SEDE DA 11ª SUPERINTENDÊNCIA REGIONAL DA CODEVASF NO MUNICÍPIO DE MACAPÁ/AP",{"$nulls":15},"EMPREENDIMENTO: CONSTRUÇÃO DA SEDE DA 11ª SUPERINTENDÊNCIA REGIONAL DA CODEVASF NO MUNICÍPIO DE MACAPÁ/AP",{"$nulls":15},"EMPREENDIMENTO: CONSTRUÇÃO DA SEDE DA 11ª SUPERINTENDÊNCIA REGIONAL DA CODEVASF NO MUNICÍPIO DE MACAPÁ/AP",{"$nulls":15},"EMPREENDIMENTO: CONSTRUÇÃO DA SEDE DA 11ª SUPERINTENDÊNCIA REGIONAL DA CODEVASF NO MUNICÍPIO DE MACAPÁ/AP",{"$nulls":15},"EMPREENDIMENTO: CONSTRUÇÃO DA SEDE DA 11ª SUPERINTENDÊNCIA REGIONAL DA CODEVASF NO MUNICÍPIO DE MACAPÁ/AP",{"$nulls":15},"EMPREENDIMENTO: CONSTRUÇÃO DA SEDE DA 11ª SUPERINTENDÊNCIA REGIONAL DA CODEVASF NO MUNICÍPIO DE MACAPÁ/AP",{"$nulls":15},"EMPREENDIMENTO: CONSTRUÇÃO DA SEDE DA 11ª SUPERINTENDÊNCIA REGIONAL DA CODEVASF NO MUNICÍPIO DE MACAPÁ/AP",{"$nulls":15},"EMPREENDIMENTO: CONSTRUÇÃO DA SEDE DA 11ª SUPERINTENDÊNCIA REGIONAL DA CODEVASF NO MUNICÍPIO DE MACAPÁ/AP",{"$nulls":15},"EMPREENDIMENTO: CONSTRUÇÃO DA SEDE DA 11ª SUPERINTENDÊNCIA REGIONAL DA CODEVASF NO MUNICÍPIO DE MACAPÁ/AP",{"$nulls":15},"EMPREENDIMENTO: CONSTRUÇÃO DA SEDE DA 11ª SUPERINTENDÊNCIA REGIONAL DA CODEVASF NO MUNICÍPIO DE MACAPÁ/AP",{"$nulls":15},"EMPREENDIMENTO: CONSTRUÇÃO DA SEDE DA 11ª SUPERINTENDÊNCIA REGIONAL DA CODEVASF NO MUNICÍPIO DE MACAPÁ/AP",{"$nulls":15},"EMPREENDIMENTO: CONSTRUÇÃO DA SEDE DA 11ª SUPERINTENDÊNCIA REGIONAL DA CODEVASF NO MUNICÍPIO DE MACAPÁ/AP",{"$nulls":15},"EMPREENDIMENTO: CONSTRUÇÃO DA SEDE DA 11ª SUPERINTENDÊNCIA REGIONAL DA CODEVASF NO MUNICÍPIO DE MACAPÁ/AP",{"$nulls":15},"EMPREENDIMENTO: CONSTRUÇÃO DA SEDE DA 11ª SUPERINTENDÊNCIA REGIONAL DA CODEVASF NO MUNICÍPIO DE MACAPÁ/AP",{"$nulls":15},"EMPREENDIMENTO: CONSTRUÇÃO DA SEDE DA 11ª SUPERINTENDÊNCIA REGIONAL DA CODEVASF NO MUNICÍPIO DE MACAPÁ/AP",{"$nulls":15},"EMPREENDIMENTO: CONSTRUÇÃO DA SEDE DA 11ª SUPERINTENDÊNCIA REGIONAL DA CODEVASF NO MUNICÍPIO DE MACAPÁ/AP",{"$nulls":15},"EMPREENDIMENTO: CONSTRUÇÃO DA SEDE DA 11ª SUPERINTENDÊNCIA REGIONAL DA CODEVASF NO MUNICÍPIO DE MACAPÁ/AP",{"$nulls":15},"EMPREENDIMENTO: CONSTRUÇÃO DA SEDE DA 11ª SUPERINTENDÊNCIA REGIONAL DA CODEVASF NO MUNICÍPIO DE MACAPÁ/AP",{"$nulls":15},"EMPREENDIMENTO: CONSTRUÇÃO DA SEDE DA 11ª SUPERINTENDÊNCIA REGIONAL DA CODEVASF NO MUNICÍPIO DE MACAPÁ/AP",{"$nulls":15},"EMPREENDIMENTO: CONSTRUÇÃO DA SEDE DA 11ª SUPERINTENDÊNCIA REGIONAL DA CODEVASF NO MUNICÍPIO DE MACAPÁ/AP",{"$nulls":15},"EMPREENDIMENTO: CONSTRUÇÃO DA SEDE DA 11ª SUPERINTENDÊNCIA REGIONAL DA CODEVASF NO MUNICÍPIO DE MACAPÁ/AP",{"$nulls":15},"EMPREENDIMENTO: CONSTRUÇÃO DA SEDE DA 11ª SUPERINTENDÊNCIA REGIONAL DA CODEVASF NO MUNICÍPIO DE MACAPÁ/AP",{"$nulls":15},"EMPREENDIMENTO: CONSTRUÇÃO DA SEDE DA 11ª SUPERINTENDÊNCIA REGIONAL DA CODEVASF NO MUNICÍPIO DE MACAPÁ/AP",{"$nulls":15},"EMPREENDIMENTO: CONSTRUÇÃO DA SEDE DA 11ª SUPERINTENDÊNCIA REGIONAL DA CODEVASF NO MUNICÍPIO DE MACAPÁ/AP",{"$nulls":15},"EMPREENDIMENTO: CONSTRUÇÃO DA SEDE DA 11ª SUPERINTENDÊNCIA REGIONAL DA CODEVASF NO MUNICÍPIO DE MACAPÁ/AP",{"$nulls":15},"EMPREENDIMENTO: CONSTRUÇÃO DA SEDE DA 11ª SUPERINTENDÊNCIA REGIONAL DA CODEVASF NO MUNICÍPIO DE MACAPÁ/AP",{"$nulls":15},"EMPREENDIMENTO: CONSTRUÇÃO DA SEDE DA 11ª SUPERINTENDÊNCIA REGIONAL DA CODEVASF NO MUNICÍPIO DE MACAPÁ/AP",{"$nulls":15},"EMPREENDIMENTO: CONSTRUÇÃO DA SEDE DA 11ª SUPERINTENDÊNCIA REGIONAL DA CODEVASF NO MUNICÍPIO DE MACAPÁ/AP",{"$nulls":15},"EMPREENDIMENTO: CONSTRUÇÃO DA SEDE DA 11ª SUPERINTENDÊNCIA REGIONAL DA CODEVASF NO MUNICÍPIO DE MACAPÁ/AP",{"$nulls":15},"EMPREENDIMENTO: CONSTRUÇÃO DA SEDE DA 11ª SUPERINTENDÊNCIA REGIONAL DA CODEVASF NO MUNICÍPIO DE MACAPÁ/AP",{"$nulls":15},"EMPREENDIMENTO: CONSTRUÇÃO DA SEDE DA 11ª SUPERINTENDÊNCIA REGIONAL DA CODEVASF NO MUNICÍPIO DE MACAPÁ/AP",{"$nulls":15},"EMPREENDIMENTO: CONSTRUÇÃO DA SEDE DA 11ª SUPERINTENDÊNCIA REGIONAL DA CODEVASF NO MUNICÍPIO DE MACAPÁ/AP",{"$nulls":15},"EMPREENDIMENTO: CONSTRUÇÃO DA SEDE DA 11ª SUPERINTENDÊNCIA REGIONAL DA CODEVASF NO MUNICÍPIO DE MACAPÁ/AP",{"$nulls":15},"EMPREENDIMENTO: CONSTRUÇÃO DA SEDE DA 11ª SUPERINTENDÊNCIA REGIONAL DA CODEVASF NO MUNICÍPIO DE MACAPÁ/AP",{"$nulls":15},"EMPREENDIMENTO: CONSTRUÇÃO DA SEDE DA 11ª SUPERINTENDÊNCIA REGIONAL DA CODEVASF NO MUNICÍPIO DE MACAPÁ/AP",{"$nulls":15},"EMPREENDIMENTO: CONSTRUÇÃO DA SEDE DA 11ª SUPERINTENDÊNCIA REGIONAL DA CODEVASF NO MUNICÍPIO DE MACAPÁ/AP",{"$nulls":15},"EMPREENDIMENTO: CONSTRUÇÃO DA SEDE DA 11ª SUPERINTENDÊNCIA REGIONAL DA CODEVASF NO MUNICÍPIO DE MACAPÁ/AP",{"$nulls":15},"EMPREENDIMENTO: CONSTRUÇÃO DA SEDE DA 11ª SUPERINTENDÊNCIA REGIONAL DA CODEVASF NO MUNICÍPIO DE MACAPÁ/AP",{"$nulls":15},"EMPREENDIMENTO: CONSTRUÇÃO DA SEDE DA 11ª SUPERINTENDÊNCIA REGIONAL DA CODEVASF NO MUNICÍPIO DE MACAPÁ/AP",{"$nulls":15},"EMPREENDIMENTO: CONSTRUÇÃO DA SEDE DA 11ª SUPERINTENDÊNCIA REGIONAL DA CODEVASF NO MUNICÍPIO DE MACAPÁ/AP",{"$nulls":15},"EMPREENDIMENTO: CONSTRUÇÃO DA SEDE DA 11ª SUPERINTENDÊNCIA REGIONAL DA CODEVASF NO MUNICÍPIO DE MACAPÁ/AP",{"$nulls":15},"EMPREENDIMENTO: CONSTRUÇÃO DA SEDE DA 11ª SUPERINTENDÊNCIA REGIONAL DA CODEVASF NO MUNICÍPIO DE MACAPÁ/AP",{"$nulls":15},"EMPREENDIMENTO: CONSTRUÇÃO DA SEDE DA 11ª SUPERINTENDÊNCIA REGIONAL DA CODEVASF NO MUNICÍPIO DE MACAPÁ/AP",{"$nulls":15},"EMPREENDIMENTO: CONSTRUÇÃO DA SEDE DA 11ª SUPERINTENDÊNCIA REGIONAL DA CODEVASF NO MUNICÍPIO DE MACAPÁ/AP",{"$nulls":15},"EMPREENDIMENTO: CONSTRUÇÃO DA SEDE DA 11ª SUPERINTENDÊNCIA REGIONAL DA CODEVASF NO MUNICÍPIO DE MACAPÁ/AP",{"$nulls":15},"EMPREENDIMENTO: CONSTRUÇÃO DA SEDE DA 11ª SUPERINTENDÊNCIA REGIONAL DA CODEVASF NO MUNICÍPIO DE MACAPÁ/AP",{"$nulls":15},"EMPREENDIMENTO: CONSTRUÇÃO DA SEDE DA 11ª SUPERINTENDÊNCIA REGIONAL DA CODEVASF NO MUNICÍPIO DE MACAPÁ/AP",{"$nulls":15},"EMPREENDIMENTO: CONSTRUÇÃO DA SEDE DA 11ª SUPERINTENDÊNCIA REGIONAL DA CODEVASF NO MUNICÍPIO DE MACAPÁ/AP",{"$nulls":15},"EMPREENDIMENTO: CONSTRUÇÃO DA SEDE DA 11ª SUPERINTENDÊNCIA REGIONAL DA CODEVASF NO MUNICÍPIO DE MACAPÁ/AP",{"$nulls":15},"EMPREENDIMENTO: CONSTRUÇÃO DA SEDE DA 11ª SUPERINTENDÊNCIA REGIONAL DA CODEVASF NO MUNICÍPIO DE MACAPÁ/AP",{"$nulls":15},"EMPREENDIMENTO: CONSTRUÇÃO DA SEDE DA 11ª SUPERINTENDÊNCIA REGIONAL DA CODEVASF NO MUNICÍPIO DE MACAPÁ/AP",{"$nulls":15},"EMPREENDIMENTO: CONSTRUÇÃO DA SEDE DA 11ª SUPERINTENDÊNCIA REGIONAL DA CODEVASF NO MUNICÍPIO DE MACAPÁ/AP",{"$nulls":15},"EMPREENDIMENTO: CONSTRUÇÃO DA SEDE DA 11ª SUPERINTENDÊNCIA REGIONAL DA CODEVASF NO MUNICÍPIO DE MACAPÁ/AP",{"$nulls":15},"EMPREENDIMENTO: CONSTRUÇÃO DA SEDE DA 11ª SUPERINTENDÊNCIA REGIONAL DA CODEVASF NO MUNICÍPIO DE MACAPÁ/AP",{"$nulls":15},"EMPREENDIMENTO: CONSTRUÇÃO DA SEDE DA 11ª SUPERINTENDÊNCIA REGIONAL DA CODEVASF NO MUNICÍPIO DE MACAPÁ/AP",{"$nulls":15},"EMPREENDIMENTO: CONSTRUÇÃO DA SEDE DA 11ª SUPERINTENDÊNCIA REGIONAL DA CODEVASF NO MUNICÍPIO DE MACAPÁ/AP",{"$nulls":15},"EMPREENDIMENTO: CONSTRUÇÃO DA SEDE DA 11ª SUPERINTENDÊNCIA REGIONAL DA CODEVASF NO MUNICÍPIO DE MACAPÁ/AP",{"$nulls":15},"EMPREENDIMENTO: CONSTRUÇÃO DA SEDE DA 11ª SUPERINTENDÊNCIA REGIONAL DA CODEVASF NO MUNICÍPIO DE MACAPÁ/AP",{"$nulls":15},"EMPREENDIMENTO: CONSTRUÇÃO DA SEDE DA 11ª SUPERINTENDÊNCIA REGIONAL DA CODEVASF NO MUNICÍPIO DE MACAPÁ/AP",{"$nulls":15},"EMPREENDIMENTO: CONSTRUÇÃO DA SEDE DA 11ª SUPERINTENDÊNCIA REGIONAL DA CODEVASF NO MUNICÍPIO DE MACAPÁ/AP",{"$nulls":15},"EMPREENDIMENTO: CONSTRUÇÃO DA SEDE DA 11ª SUPERINTENDÊNCIA REGIONAL DA CODEVASF NO MUNICÍPIO DE MACAPÁ/AP",{"$nulls":15},"EMPREENDIMENTO: CONSTRUÇÃO DA SEDE DA 11ª SUPERINTENDÊNCIA REGIONAL DA CODEVASF NO MUNICÍPIO DE MACAPÁ/AP",{"$nulls":15},"EMPREENDIMENTO: CONSTRUÇÃO DA SEDE DA 11ª SUPERINTENDÊNCIA REGIONAL DA CODEVASF NO MUNICÍPIO DE MACAPÁ/AP",{"$nulls":15},"EMPREENDIMENTO: CONSTRUÇÃO DA SEDE DA 11ª SUPERINTENDÊNCIA REGIONAL DA CODEVASF NO MUNICÍPIO DE MACAPÁ/AP",{"$nulls":15},"EMPREENDIMENTO: CONSTRUÇÃO DA SEDE DA 11ª SUPERINTENDÊNCIA REGIONAL DA CODEVASF NO MUNICÍPIO DE MACAPÁ/AP",{"$nulls":15},"EMPREENDIMENTO: CONSTRUÇÃO DA SEDE DA 11ª SUPERINTENDÊNCIA REGIONAL DA CODEVASF NO MUNICÍPIO DE MACAPÁ/AP",{"$nulls":15},"EMPREENDIMENTO: CONSTRUÇÃO DA SEDE DA 11ª SUPERINTENDÊNCIA REGIONAL DA CODEVASF NO MUNICÍPIO DE MACAPÁ/AP",{"$nulls":15},"EMPREENDIMENTO: CONSTRUÇÃO DA SEDE DA 11ª SUPERINTENDÊNCIA REGIONAL DA CODEVASF NO MUNICÍPIO DE MACAPÁ/AP",{"$nulls":15},"EMPREENDIMENTO: CONSTRUÇÃO DA SEDE DA 11ª SUPERINTENDÊNCIA REGIONAL DA CODEVASF NO MUNICÍPIO DE MACAPÁ/AP",{"$nulls":15},"EMPREENDIMENTO: CONSTRUÇÃO DA SEDE DA 11ª SUPERINTENDÊNCIA REGIONAL DA CODEVASF NO MUNICÍPIO DE MACAPÁ/AP",{"$nulls":15},"EMPREENDIMENTO: CONSTRUÇÃO DA SEDE DA 11ª SUPERINTENDÊNCIA REGIONAL DA CODEVASF NO MUNICÍPIO DE MACAPÁ/AP",{"$nulls":15},"EMPREENDIMENTO: CONSTRUÇÃO DA SEDE DA 11ª SUPERINTENDÊNCIA REGIONAL DA CODEVASF NO MUNICÍPIO DE MACAPÁ/AP",{"$nulls":15},"EMPREENDIMENTO: CONSTRUÇÃO DA SEDE DA 11ª SUPERINTENDÊNCIA REGIONAL DA CODEVASF NO MUNICÍPIO DE MACAPÁ/AP",{"$nulls":15},"EMPREENDIMENTO: CONSTRUÇÃO DA SEDE DA 11ª SUPERINTENDÊNCIA REGIONAL DA CODEVASF NO MUNICÍPIO DE MACAPÁ/AP",{"$nulls":15},"EMPREENDIMENTO: CONSTRUÇÃO DA SEDE DA 11ª SUPERINTENDÊNCIA REGIONAL DA CODEVASF NO MUNICÍPIO DE MACAPÁ/AP",{"$nulls":15},"EMPREENDIMENTO: CONSTRUÇÃO DA SEDE DA 11ª SUPERINTENDÊNCIA REGIONAL DA CODEVASF NO MUNICÍPIO DE MACAPÁ/AP",{"$nulls":15},"EMPREENDIMENTO: CONSTRUÇÃO DA SEDE DA 11ª SUPERINTENDÊNCIA REGIONAL DA CODEVASF NO MUNICÍPIO DE MACAPÁ/AP",{"$nulls":15},"EMPREENDIMENTO: CONSTRUÇÃO DA SEDE DA 11ª SUPERINTENDÊNCIA REGIONAL DA CODEVASF NO MUNICÍPIO DE MACAPÁ/AP",{"$nulls":15},"EMPREENDIMENTO: CONSTRUÇÃO DA SEDE DA 11ª SUPERINTENDÊNCIA REGIONAL DA CODEVASF NO MUNICÍPIO DE MACAPÁ/AP",{"$nulls":15},"EMPREENDIMENTO: CONSTRUÇÃO DA SEDE DA 11ª SUPERINTENDÊNCIA REGIONAL DA CODEVASF NO MUNICÍPIO DE MACAPÁ/AP",{"$nulls":15},"EMPREENDIMENTO: CONSTRUÇÃO DA SEDE DA 11ª SUPERINTENDÊNCIA REGIONAL DA CODEVASF NO MUNICÍPIO DE MACAPÁ/AP",{"$nulls":15},"EMPREENDIMENTO: CONSTRUÇÃO DA SEDE DA 11ª SUPERINTENDÊNCIA REGIONAL DA CODEVASF NO MUNICÍPIO DE MACAPÁ/AP",{"$nulls":15},"EMPREENDIMENTO: CONSTRUÇÃO DA SEDE DA 11ª SUPERINTENDÊNCIA REGIONAL DA CODEVASF NO MUNICÍPIO DE MACAPÁ/AP",{"$nulls":15},"EMPREENDIMENTO: CONSTRUÇÃO DA SEDE DA 11ª SUPERINTENDÊNCIA REGIONAL DA CODEVASF NO MUNICÍPIO DE MACAPÁ/AP",{"$nulls":15},"EMPREENDIMENTO: CONSTRUÇÃO DA SEDE DA 11ª SUPERINTENDÊNCIA REGIONAL DA CODEVASF NO MUNICÍPIO DE MACAPÁ/AP",{"$nulls":15},"EMPREENDIMENTO: CONSTRUÇÃO DA SEDE DA 11ª SUPERINTENDÊNCIA REGIONAL DA CODEVASF NO MUNICÍPIO DE MACAPÁ/AP",{"$nulls":15},"EMPREENDIMENTO: CONSTRUÇÃO DA SEDE DA 11ª SUPERINTENDÊNCIA REGIONAL DA CODEVASF NO MUNICÍPIO DE MACAPÁ/AP",{"$nulls":15},"EMPREENDIMENTO: CONSTRUÇÃO DA SEDE DA 11ª SUPERINTENDÊNCIA REGIONAL DA CODEVASF NO MUNICÍPIO DE MACAPÁ/AP",{"$nulls":15},"EMPREENDIMENTO: CONSTRUÇÃO DA SEDE DA 11ª SUPERINTENDÊNCIA REGIONAL DA CODEVASF NO MUNICÍPIO DE MACAPÁ/AP",{"$nulls":15},"EMPREENDIMENTO: CONSTRUÇÃO DA SEDE DA 11ª SUPERINTENDÊNCIA REGIONAL DA CODEVASF NO MUNICÍPIO DE MACAPÁ/AP",{"$nulls":15},"EMPREENDIMENTO: CONSTRUÇÃO DA SEDE DA 11ª SUPERINTENDÊNCIA REGIONAL DA CODEVASF NO MUNICÍPIO DE MACAPÁ/AP",{"$nulls":15},"EMPREENDIMENTO: CONSTRUÇÃO DA SEDE DA 11ª SUPERINTENDÊNCIA REGIONAL DA CODEVASF NO MUNICÍPIO DE MACAPÁ/AP",{"$nulls":15},"EMPREENDIMENTO: CONSTRUÇÃO DA SEDE DA 11ª SUPERINTENDÊNCIA REGIONAL DA CODEVASF NO MUNICÍPIO DE MACAPÁ/AP",{"$nulls":15},"EMPREENDIMENTO: CONSTRUÇÃO DA SEDE DA 11ª SUPERINTENDÊNCIA REGIONAL DA CODEVASF NO MUNICÍPIO DE MACAPÁ/AP",{"$nulls":15},"EMPREENDIMENTO: CONSTRUÇÃO DA SEDE DA 11ª SUPERINTENDÊNCIA REGIONAL DA CODEVASF NO MUNICÍPIO DE MACAPÁ/AP",{"$nulls":15},"EMPREENDIMENTO: CONSTRUÇÃO DA SEDE DA 11ª SUPERINTENDÊNCIA REGIONAL DA CODEVASF NO MUNICÍPIO DE MACAPÁ/AP",{"$nulls":15},"EMPREENDIMENTO: CONSTRUÇÃO DA SEDE DA 11ª SUPERINTENDÊNCIA REGIONAL DA CODEVASF NO MUNICÍPIO DE MACAPÁ/AP",{"$nulls":15},"EMPREENDIMENTO: CONSTRUÇÃO DA SEDE DA 11ª SUPERINTENDÊNCIA REGIONAL DA CODEVASF NO MUNICÍPIO DE MACAPÁ/AP",{"$nulls":15},"EMPREENDIMENTO: CONSTRUÇÃO DA SEDE DA 11ª SUPERINTENDÊNCIA REGIONAL DA CODEVASF NO MUNICÍPIO DE MACAPÁ/AP",{"$nulls":15},"EMPREENDIMENTO: CONSTRUÇÃO DA SEDE DA 11ª SUPERINTENDÊNCIA REGIONAL DA CODEVASF NO MUNICÍPIO DE MACAPÁ/AP",{"$nulls":15},"EMPREENDIMENTO: CONSTRUÇÃO DA SEDE DA 11ª SUPERINTENDÊNCIA REGIONAL DA CODEVASF NO MUNICÍPIO DE MACAPÁ/AP",{"$nulls":15},"EMPREENDIMENTO: CONSTRUÇÃO DA SEDE DA 11ª SUPERINTENDÊNCIA REGIONAL DA CODEVASF NO MUNICÍPIO DE MACAPÁ/AP",{"$nulls":15},"EMPREENDIMENTO: CONSTRUÇÃO DA SEDE DA 11ª SUPERINTENDÊNCIA REGIONAL DA CODEVASF NO MUNICÍPIO DE MACAPÁ/AP",{"$nulls":15},"EMPREENDIMENTO: CONSTRUÇÃO DA SEDE DA 11ª SUPERINTENDÊNCIA REGIONAL DA CODEVASF NO MUNICÍPIO DE MACAPÁ/AP",{"$nulls":15},"EMPREENDIMENTO: CONSTRUÇÃO DA SEDE DA 11ª SUPERINTENDÊNCIA REGIONAL DA CODEVASF NO MUNICÍPIO DE MACAPÁ/AP",{"$nulls":15},"EMPREENDIMENTO: CONSTRUÇÃO DA SEDE DA 11ª SUPERINTENDÊNCIA REGIONAL DA CODEVASF NO MUNICÍPIO DE MACAPÁ/AP",{"$nulls":15},"EMPREENDIMENTO: CONSTRUÇÃO DA SEDE DA 11ª SUPERINTENDÊNCIA REGIONAL DA CODEVASF NO MUNICÍPIO DE MACAPÁ/AP",{"$nulls":15},"EMPREENDIMENTO: CONSTRUÇÃO DA SEDE DA 11ª SUPERINTENDÊNCIA REGIONAL DA CODEVASF NO MUNICÍPIO DE MACAPÁ/AP",{"$nulls":15},"EMPREENDIMENTO: CONSTRUÇÃO DA SEDE DA 11ª SUPERINTENDÊNCIA REGIONAL DA CODEVASF NO MUNICÍPIO DE MACAPÁ/AP",{"$nulls":15},"EMPREENDIMENTO: CONSTRUÇÃO DA SEDE DA 11ª SUPERINTENDÊNCIA REGIONAL DA CODEVASF NO MUNICÍPIO DE MACAPÁ/AP",{"$nulls":15},"EMPREENDIMENTO: CONSTRUÇÃO DA SEDE DA 11ª SUPERINTENDÊNCIA REGIONAL DA CODEVASF NO MUNICÍPIO DE MACAPÁ/AP",{"$nulls":15},"EMPREENDIMENTO: CONSTRUÇÃO DA SEDE DA 11ª SUPERINTENDÊNCIA REGIONAL DA CODEVASF NO MUNICÍPIO DE MACAPÁ/AP",{"$nulls":15},"EMPREENDIMENTO: CONSTRUÇÃO DA SEDE DA 11ª SUPERINTENDÊNCIA REGIONAL DA CODEVASF NO MUNICÍPIO DE MACAPÁ/AP",{"$nulls":15},"EMPREENDIMENTO: CONSTRUÇÃO DA SEDE DA 11ª SUPERINTENDÊNCIA REGIONAL DA CODEVASF NO MUNICÍPIO DE MACAPÁ/AP",{"$nulls":15},"EMPREENDIMENTO: CONSTRUÇÃO DA SEDE DA 11ª SUPERINTENDÊNCIA REGIONAL DA CODEVASF NO MUNICÍPIO DE MACAPÁ/AP",{"$nulls":15},"EMPREENDIMENTO: CONSTRUÇÃO DA SEDE DA 11ª SUPERINTENDÊNCIA REGIONAL DA CODEVASF NO MUNICÍPIO DE MACAPÁ/AP",{"$nulls":15},"EMPREENDIMENTO: CONSTRUÇÃO DA SEDE DA 11ª SUPERINTENDÊNCIA REGIONAL DA CODEVASF NO MUNICÍPIO DE MACAPÁ/AP",{"$nulls":15},"EMPREENDIMENTO: CONSTRUÇÃO DA SEDE DA 11ª SUPERINTENDÊNCIA REGIONAL DA CODEVASF NO MUNICÍPIO DE MACAPÁ/AP",{"$nulls":15},"EMPREENDIMENTO: CONSTRUÇÃO DA SEDE DA 11ª SUPERINTENDÊNCIA REGIONAL DA CODEVASF NO MUNICÍPIO DE MACAPÁ/AP",{"$nulls":15},"EMPREENDIMENTO: CONSTRUÇÃO DA SEDE DA 11ª SUPERINTENDÊNCIA REGIONAL DA CODEVASF NO MUNICÍPIO DE MACAPÁ/AP",{"$nulls":15},"EMPREENDIMENTO: CONSTRUÇÃO DA SEDE DA 11ª SUPERINTENDÊNCIA REGIONAL DA CODEVASF NO MUNICÍPIO DE MACAPÁ/AP",{"$nulls":15},"EMPREENDIMENTO: CONSTRUÇÃO DA SEDE DA 11ª SUPERINTENDÊNCIA REGIONAL DA CODEVASF NO MUNICÍPIO DE MACAPÁ/AP",{"$nulls":15},"EMPREENDIMENTO: CONSTRUÇÃO DA SEDE DA 11ª SUPERINTENDÊNCIA REGIONAL DA CODEVASF NO MUNICÍPIO DE MACAPÁ/AP",{"$nulls":15},"EMPREENDIMENTO: CONSTRUÇÃO DA SEDE DA 11ª SUPERINTENDÊNCIA REGIONAL DA CODEVASF NO MUNICÍPIO DE MACAPÁ/AP",{"$nulls":15},"EMPREENDIMENTO: CONSTRUÇÃO DA SEDE DA 11ª SUPERINTENDÊNCIA REGIONAL DA CODEVASF NO MUNICÍPIO DE MACAPÁ/AP",{"$nulls":15},"EMPREENDIMENTO: CONSTRUÇÃO DA SEDE DA 11ª SUPERINTENDÊNCIA REGIONAL DA CODEVASF NO MUNICÍPIO DE MACAPÁ/AP",{"$nulls":15},"EMPREENDIMENTO: CONSTRUÇÃO DA SEDE DA 11ª SUPERINTENDÊNCIA REGIONAL DA CODEVASF NO MUNICÍPIO DE MACAPÁ/AP",{"$nulls":15},"EMPREENDIMENTO: CONSTRUÇÃO DA SEDE DA 11ª SUPERINTENDÊNCIA REGIONAL DA CODEVASF NO MUNICÍPIO DE MACAPÁ/AP",{"$nulls":15},"EMPREENDIMENTO: CONSTRUÇÃO DA SEDE DA 11ª SUPERINTENDÊNCIA REGIONAL DA CODEVASF NO MUNICÍPIO DE MACAPÁ/AP",{"$nulls":15},"EMPREENDIMENTO: CONSTRUÇÃO DA SEDE DA 11ª SUPERINTENDÊNCIA REGIONAL DA CODEVASF NO MUNICÍPIO DE MACAPÁ/AP",{"$nulls":15},"EMPREENDIMENTO: CONSTRUÇÃO DA SEDE DA 11ª SUPERINTENDÊNCIA REGIONAL DA CODEVASF NO MUNICÍPIO DE MACAPÁ/AP",{"$nulls":15},"EMPREENDIMENTO: CONSTRUÇÃO DA SEDE DA 11ª SUPERINTENDÊNCIA REGIONAL DA CODEVASF NO MUNICÍPIO DE MACAPÁ/AP",{"$nulls":15},"EMPREENDIMENTO: CONSTRUÇÃO DA SEDE DA 11ª SUPERINTENDÊNCIA REGIONAL DA CODEVASF NO MUNICÍPIO DE MACAPÁ/AP",{"$nulls":15},"EMPREENDIMENTO: CONSTRUÇÃO DA SEDE DA 11ª SUPERINTENDÊNCIA REGIONAL DA CODEVASF NO MUNICÍPIO DE MACAPÁ/AP",{"$nulls":15},"EMPREENDIMENTO: CONSTRUÇÃO DA SEDE DA 11ª SUPERINTENDÊNCIA REGIONAL DA CODEVASF NO MUNICÍPIO DE MACAPÁ/AP",{"$nulls":15},"EMPREENDIMENTO: CONSTRUÇÃO DA SEDE DA 11ª SUPERINTENDÊNCIA REGIONAL DA CODEVASF NO MUNICÍPIO DE MACAPÁ/AP",{"$nulls":15},"EMPREENDIMENTO: CONSTRUÇÃO DA SEDE DA 11ª SUPERINTENDÊNCIA REGIONAL DA CODEVASF NO MUNICÍPIO DE MACAPÁ/AP",{"$nulls":15},"EMPREENDIMENTO: CONSTRUÇÃO DA SEDE DA 11ª SUPERINTENDÊNCIA REGIONAL DA CODEVASF NO MUNICÍPIO DE MACAPÁ/AP",{"$nulls":15},"EMPREENDIMENTO: CONSTRUÇÃO DA SEDE DA 11ª SUPERINTENDÊNCIA REGIONAL DA CODEVASF NO MUNICÍPIO DE MACAPÁ/AP",{"$nulls":15},"EMPREENDIMENTO: CONSTRUÇÃO DA SEDE DA 11ª SUPERINTENDÊNCIA REGIONAL DA CODEVASF NO MUNICÍPIO DE MACAPÁ/AP",{"$nulls":15},"EMPREENDIMENTO: CONSTRUÇÃO DA SEDE DA 11ª SUPERINTENDÊNCIA REGIONAL DA CODEVASF NO MUNICÍPIO DE MACAPÁ/AP",{"$nulls":15},"EMPREENDIMENTO: CONSTRUÇÃO DA SEDE DA 11ª SUPERINTENDÊNCIA REGIONAL DA CODEVASF NO MUNICÍPIO DE MACAPÁ/AP",{"$nulls":15},"EMPREENDIMENTO: CONSTRUÇÃO DA SEDE DA 11ª SUPERINTENDÊNCIA REGIONAL DA CODEVASF NO MUNICÍPIO DE MACAPÁ/AP",{"$nulls":15},"EMPREENDIMENTO: CONSTRUÇÃO DA SEDE DA 11ª SUPERINTENDÊNCIA REGIONAL DA CODEVASF NO MUNICÍPIO DE MACAPÁ/AP",{"$nulls":15},"EMPREENDIMENTO: CONSTRUÇÃO DA SEDE DA 11ª SUPERINTENDÊNCIA REGIONAL DA CODEVASF NO MUNICÍPIO DE MACAPÁ/AP",{"$nulls":15},"EMPREENDIMENTO: CONSTRUÇÃO DA SEDE DA 11ª SUPERINTENDÊNCIA REGIONAL DA CODEVASF NO MUNICÍPIO DE MACAPÁ/AP",{"$nulls":15},"EMPREENDIMENTO: CONSTRUÇÃO DA SEDE DA 11ª SUPERINTENDÊNCIA REGIONAL DA CODEVASF NO MUNICÍPIO DE MACAPÁ/AP",{"$nulls":15},"EMPREENDIMENTO: CONSTRUÇÃO DA SEDE DA 11ª SUPERINTENDÊNCIA REGIONAL DA CODEVASF NO MUNICÍPIO DE MACAPÁ/AP",{"$nulls":15},"EMPREENDIMENTO: CONSTRUÇÃO DA SEDE DA 11ª SUPERINTENDÊNCIA REGIONAL DA CODEVASF NO MUNICÍPIO DE MACAPÁ/AP",{"$nulls":15},"EMPREENDIMENTO: CONSTRUÇÃO DA SEDE DA 11ª SUPERINTENDÊNCIA REGIONAL DA CODEVASF NO MUNICÍPIO DE MACAPÁ/AP",{"$nulls":15},"EMPREENDIMENTO: CONSTRUÇÃO DA SEDE DA 11ª SUPERINTENDÊNCIA REGIONAL DA CODEVASF NO MUNICÍPIO DE MACAPÁ/AP",{"$nulls":15},"EMPREENDIMENTO: CONSTRUÇÃO DA SEDE DA 11ª SUPERINTENDÊNCIA REGIONAL DA CODEVASF NO MUNICÍPIO DE MACAPÁ/AP",{"$nulls":15},"EMPREENDIMENTO: CONSTRUÇÃO DA SEDE DA 11ª SUPERINTENDÊNCIA REGIONAL DA CODEVASF NO MUNICÍPIO DE MACAPÁ/AP",{"$nulls":15},"EMPREENDIMENTO: CONSTRUÇÃO DA SEDE DA 11ª SUPERINTENDÊNCIA REGIONAL DA CODEVASF NO MUNICÍPIO DE MACAPÁ/AP",{"$nulls":15},"EMPREENDIMENTO: CONSTRUÇÃO DA SEDE DA 11ª SUPERINTENDÊNCIA REGIONAL DA CODEVASF NO MUNICÍPIO DE MACAPÁ/AP",{"$nulls":15},"EMPREENDIMENTO: CONSTRUÇÃO DA SEDE DA 11ª SUPERINTENDÊNCIA REGIONAL DA CODEVASF NO MUNICÍPIO DE MACAPÁ/AP",{"$nulls":15},"EMPREENDIMENTO: CONSTRUÇÃO DA SEDE DA 11ª SUPERINTENDÊNCIA REGIONAL DA CODEVASF NO MUNICÍPIO DE MACAPÁ/AP",{"$nulls":15},"EMPREENDIMENTO: CONSTRUÇÃO DA SEDE DA 11ª SUPERINTENDÊNCIA REGIONAL DA CODEVASF NO MUNICÍPIO DE MACAPÁ/AP",{"$nulls":15},"EMPREENDIMENTO: CONSTRUÇÃO DA SEDE DA 11ª SUPERINTENDÊNCIA REGIONAL DA CODEVASF NO MUNICÍPIO DE MACAPÁ/AP",{"$nulls":15},"EMPREENDIMENTO: CONSTRUÇÃO DA SEDE DA 11ª SUPERINTENDÊNCIA REGIONAL DA CODEVASF NO MUNICÍPIO DE MACAPÁ/AP",{"$nulls":15},"EMPREENDIMENTO: CONSTRUÇÃO DA SEDE DA 11ª SUPERINTENDÊNCIA REGIONAL DA CODEVASF NO MUNICÍPIO DE MACAPÁ/AP",{"$nulls":15},"EMPREENDIMENTO: CONSTRUÇÃO DA SEDE DA 11ª SUPERINTENDÊNCIA REGIONAL DA CODEVASF NO MUNICÍPIO DE MACAPÁ/AP",{"$nulls":15},"EMPREENDIMENTO: CONSTRUÇÃO DA SEDE DA 11ª SUPERINTENDÊNCIA REGIONAL DA CODEVASF NO MUNICÍPIO DE MACAPÁ/AP",{"$nulls":15},"EMPREENDIMENTO: CONSTRUÇÃO DA SEDE DA 11ª SUPERINTENDÊNCIA REGIONAL DA CODEVASF NO MUNICÍPIO DE MACAPÁ/AP",{"$nulls":15},"EMPREENDIMENTO: CONSTRUÇÃO DA SEDE DA 11ª SUPERINTENDÊNCIA REGIONAL DA CODEVASF NO MUNICÍPIO DE MACAPÁ/AP",{"$nulls":15},"EMPREENDIMENTO: CONSTRUÇÃO DA SEDE DA 11ª SUPERINTENDÊNCIA REGIONAL DA CODEVASF NO MUNICÍPIO DE MACAPÁ/AP",{"$nulls":15},"EMPREENDIMENTO: CONSTRUÇÃO DA SEDE DA 11ª SUPERINTENDÊNCIA REGIONAL DA CODEVASF NO MUNICÍPIO DE MACAPÁ/AP",{"$nulls":15},"EMPREENDIMENTO: CONSTRUÇÃO DA SEDE DA 11ª SUPERINTENDÊNCIA REGIONAL DA CODEVASF NO MUNICÍPIO DE MACAPÁ/AP",{"$nulls":15},"EMPREENDIMENTO: CONSTRUÇÃO DA SEDE DA 11ª SUPERINTENDÊNCIA REGIONAL DA CODEVASF NO MUNICÍPIO DE MACAPÁ/AP",{"$nulls":15},"EMPREENDIMENTO: CONSTRUÇÃO DA SEDE DA 11ª SUPERINTENDÊNCIA REGIONAL DA CODEVASF NO MUNICÍPIO DE MACAPÁ/AP",{"$nulls":15},"EMPREENDIMENTO: CONSTRUÇÃO DA SEDE DA 11ª SUPERINTENDÊNCIA REGIONAL DA CODEVASF NO MUNICÍPIO DE MACAPÁ/AP",{"$nulls":15},"EMPREENDIMENTO: CONSTRUÇÃO DA SEDE DA 11ª SUPERINTENDÊNCIA REGIONAL DA CODEVASF NO MUNICÍPIO DE MACAPÁ/AP",{"$nulls":15},"EMPREENDIMENTO: CONSTRUÇÃO DA SEDE DA 11ª SUPERINTENDÊNCIA REGIONAL DA CODEVASF NO MUNICÍPIO DE MACAPÁ/AP",{"$nulls":15},"EMPREENDIMENTO: CONSTRUÇÃO DA SEDE DA 11ª SUPERINTENDÊNCIA REGIONAL DA CODEVASF NO MUNICÍPIO DE MACAPÁ/AP",{"$nulls":15},"EMPREENDIMENTO: CONSTRUÇÃO DA SEDE DA 11ª SUPERINTENDÊNCIA REGIONAL DA CODEVASF NO MUNICÍPIO DE MACAPÁ/AP",{"$nulls":15},"EMPREENDIMENTO: CONSTRUÇÃO DA SEDE DA 11ª SUPERINTENDÊNCIA REGIONAL DA CODEVASF NO MUNICÍPIO DE MACAPÁ/AP",{"$nulls":15},"EMPREENDIMENTO: CONSTRUÇÃO DA SEDE DA 11ª SUPERINTENDÊNCIA REGIONAL DA CODEVASF NO MUNICÍPIO DE MACAPÁ/AP",{"$nulls":15},"EMPREENDIMENTO: CONSTRUÇÃO DA SEDE DA 11ª SUPERINTENDÊNCIA REGIONAL DA CODEVASF NO MUNICÍPIO DE MACAPÁ/AP",{"$nulls":15},"EMPREENDIMENTO: CONSTRUÇÃO DA SEDE DA 11ª SUPERINTENDÊNCIA REGIONAL DA CODEVASF NO MUNICÍPIO DE MACAPÁ/AP",{"$nulls":15},"EMPREENDIMENTO: CONSTRUÇÃO DA SEDE DA 11ª SUPERINTENDÊNCIA REGIONAL DA CODEVASF NO MUNICÍPIO DE MACAPÁ/AP",{"$nulls":15},"EMPREENDIMENTO: CONSTRUÇÃO DA SEDE DA 11ª SUPERINTENDÊNCIA REGIONAL DA CODEVASF NO MUNICÍPIO DE MACAPÁ/AP",{"$nulls":15},"EMPREENDIMENTO: CONSTRUÇÃO DA SEDE DA 11ª SUPERINTENDÊNCIA REGIONAL DA CODEVASF NO MUNICÍPIO DE MACAPÁ/AP",{"$nulls":15},"EMPREENDIMENTO: CONSTRUÇÃO DA SEDE DA 11ª SUPERINTENDÊNCIA REGIONAL DA CODEVASF NO MUNICÍPIO DE MACAPÁ/AP",{"$nulls":15},"EMPREENDIMENTO: CONSTRUÇÃO DA SEDE DA 11ª SUPERINTENDÊNCIA REGIONAL DA CODEVASF NO MUNICÍPIO DE MACAPÁ/AP"]
[]
["ITEM","DESCRIÇÃO","VALOR ","Mês 1 ","Mês 2 ","Mês 3 ","Mês 4 ","Mês 5 ","Mês 6 ","Mês 7 ","Mês 8 ","Mês 9 ","Mês 10 ","Mês 11 ","Mês 12 ","TOTAL DO ITEM"]
[]
[1,{"$f":"'PLANILHA SEM DESONERAÇÃO'!D26","v":"INSTALAÇÕES INICIAIS DA OBRA"},{"$f":"'PLANILHA SEM DESONERAÇÃO'!S32","v":237383.07},{"$f":"D10*$C$9","v":166168.15},{"$f":"E10*$C$9","v":71214.92},0,0,0,0,0,0,0,0,0,0,{"$f":"SUM(D9:O9)","v":237383.07},null,null,null,{"$f":"C9-P9","v":0},null,{"$f":"P9-C9","v":0}]
[null,null,{"$f":"C9/$C$47","v":3.04E-2},0.7,0.3,{"$nulls":10},1,null,null,null,{"$f":"C10-P10","v":-0.96960000000000002},null,{"$f":"P10-C10","v":0.97}]
[2,{"$f":"'PLANILHA SEM DESONERAÇÃO'!D33","v":"DEMOLIÇÕES"},{"$f":"'PLANILHA SEM DESONERAÇÃO'!S38","v":650.13},{"$f":"D12*$C$11","v":650.13},{"$f":"E12*$C$11","v":0},0,0,0,0,0,0,0,0,0,0,650.13,null,null,null,0,null,0]
[null,null,1E-4,1,{"$nulls":11},1,null,null,null,-0.99990000000000001,null,1]
[3,{"$f":"'PLANILHA SEM DESONERAÇÃO'!D39","v":"PREPARO DO TERRENO - MOVIMENTO DE TERRA E LIMPEZA "},{"$f":"'PLANILHA SEM DESONERAÇÃO'!S50","v":496662.4},{"$f":"D14*$C$13","v":99332.479999999996},{"$f":"E14*$C$13","v":397329.91999999998},0,0,0,0,0,0,0,0,0,0,496662.4,null,null,null,0,null,0]
[null,null,6.3700000000000007E-2,0.2,0.8,{"$nulls":10},1,null,null,null,-0.93630000000000002,null,0.94]
[4,{"$f":"'PLANILHA SEM DESONERAÇÃO'!D51","v":"LOCAÇÃO DE OBRA"},{"$f":"'PLANILHA SEM DESONERAÇÃO'!S54","v":11666.68},{"$f":"D16*$C$15","v":0},{"$f":"E16*$C$15","v":0},11666.68,0,0,0,0,0,0,0,0,0,11666.68,null,null,null,0,null,0]
[null,null,{"$f":"C15/$C$47","v":1.5E-3},null,null,1,{"$nulls":9},1,null,null,null,-0.99850000000000005,null,1]
[5,{"$f":"'PLANILHA SEM DESONERAÇÃO'!D55","v":"INFRAESTRUTURA"},{"$f":"'PLANILHA SEM DESONERAÇÃO'!S76","v":566176.24},{"$f":"D18*$C$17","v":0},{"$f":"E18*$C$17","v":0},481249.8,84926.44,0,0,0,0,0,0,0,0,566176.24,null,null,null,0,null,0]
[null,null,{"$f":"C17/$C$47","v":7.2599999999999998E-2},null,null,0.85,0.15,{"$nulls":8},1,null,null,null,-0.9274,null,0.93]
[6,{"$f":"'PLANILHA SEM DESONERAÇÃO'!D77","v":"SUPRAESTRUTURA"},{"$f":"'PLANILHA SEM DESONERAÇÃO'!S96","v":2370389.7200000002},{"$f":"D20*$C$19","v":0},{"$f":"E20*$C$19","v":0},0,474077.94,711116.92,711116.92,{"$f":"J20*$C$19-0.006","v":474077.94},0,0,0,0,0,2370389.7200000002,null,null,null,0,null,0]
[null,null,0.30399999999999999,null,null,null,0.2,0.3,0.3,0.2,{"$nulls":5},1,null,null,null,-0.69599999999999995,null,0.7]
[7,{"$f":"'PLANILHA SEM DESONERAÇÃO'!D97","v":"ALVENARIAS E DIVISÕES E ACESSÓRIOS"},{"$f":"'PLANILHA SEM DESONERAÇÃO'!S105","v":480265.59},{"$f":"D22*$C$21","v":0},{"$f":"E22*$C$21","v":0},0,0,0,48026.559999999998,288159.34999999998,144079.67999999999,0,0,0,0,480265.59,null,null,null,0,null,0]
[null,null,6.1600000000000002E-2,{"$nulls":5},0.1,0.6,0.3,{"$nulls":4},1,null,null,null,-0.93840000000000001,null,0.94]
[8,{"$f":"'PLANILHA SEM DESONERAÇÃO'!D106","v":"IMPERMEABILIZAÇÕES"},{"$f":"'PLANILHA SEM DESONERAÇÃO'!S112","v":313396.44},{"$f":"D24*$C$23","v":0},{"$f":"E24*$C$23","v":0},0,0,0,0,62679.29,219377.51,{"$f":"L24*$C$23-0.006","v":31339.64},0,0,0,313396.44,null,null,null,0,null,0]
[null,null,{"$f":"C23/$C$47","v":4.02E-2},{"$nulls":6},0.2,0.7,0.1,null,null,null,1,null,null,null,-0.95979999999999999,null,0.96]
[9,{"$f":"'PLANILHA SEM DESONERAÇÃO'!D113","v":"PEITORIS E CHAPINS"},{"$f":"'PLANILHA SEM DESONERAÇÃO'!S116","v":28495.82},{"$f":"D26*$C$25","v":0},{"$f":"E26*$C$25","v":0},0,0,0,0,5699.16,17097.490000000002,5699.16,0,0,0,28495.81,null,null,null,0.01,null,-0.01]
[null,null,3.7000000000000002E-3,{"$nulls":6},0.2,0.6,0.2,null,null,null,1,null,null,null,-0.99629999999999996,null,1]
[10,{"$f":"'PLANILHA SEM DESONERAÇÃO'!D117","v":"REVESTIMENTOS - PAREDES"},{"$f":"'PLANILHA SEM DESONERAÇÃO'!S122","v":67074.52},{"$f":"D28*$C$27","v":0},{"$f":"E28*$C$27","v":0},0,0,0,0,0,0,20122.36,40244.71,{"$f":"N28*$C$27+0.006","v":6707.46},0,67074.53,null,null,null,-0.01,null,0.01]
[null,null,8.6E-3,{"$nulls":8},0.3,0.6,0.1,null,1,null,null,null,-0.99139999999999995,null,0.99]
[11,{"$f":"'PLANILHA SEM DESONERAÇÃO'!D123","v":"REVESTIMENTOS - PISOS"},{"$f":"'PLANILHA SEM DESONERAÇÃO'!S130","v":684790.02},{"$f":"D30*$C$29","v":0},{"$f":"E30*$C$29","v":0},0,0,0,0,0,0,205437.01,342395.01,136958,0,684790.02,null,null,null,0,null,0]
[null,null,{"$f":"C29/$C$47","v":8.7800000000000003E-2},{"$nulls":8},0.3,0.5,0.2,null,1,null,null,null,-0.91220000000000001,null,0.91]
[12,{"$f":"'PLANILHA SEM DESONERAÇÃO'!D131","v":"INSTALAÇÕES HIDROSSANITÁRIAS"},{"$f":"'PLANILHA SEM DESONERAÇÃO'!S237","v":195994.37},{"$f":"D32*$C$31","v":0},{"$f":"E32*$C$31","v":0},0,0,0,0,39198.870000000003,58798.31,48998.59,29399.16,19599.439999999999,0,195994.37,null,null,null,0,null,0]
[null,null,2.5100000000000001E-2,{"$nulls":6},0.2,0.3,0.25,0.15,0.1,null,1,null,null,null,-0.97489999999999999,null,0.97]
[13,{"$f":"'PLANILHA SEM DESONERAÇÃO'!D238","v":"INSTALAÇÕES ELÉTRICAS"},{"$f":"'PLANILHA SEM DESONERAÇÃO'!S288","v":378025.87},{"$f":"D34*$C$33","v":0},{"$f":"E34*$C$33","v":0},0,0,0,0,75605.17,113407.76,75605.17,37802.589999999997,{"$f":"N34*$C$33-0.006","v":75605.17},0,378025.86,null,null,null,0.01,null,-0.01]
[null,null,4.8500000000000001E-2,{"$nulls":6},0.2,0.3,0.2,0.1,0.2,null,1,null,null,null,-0.95150000000000001,null,0.95]
[14,{"$f":"'PLANILHA SEM DESONERAÇÃO'!D289","v":"ESQUADRIAS"},{"$f":"'PLANILHA SEM DESONERAÇÃO'!S302","v":247772.57},{"$f":"D36*$C$35","v":0},{"$f":"E36*$C$35","v":0},0,0,0,0,24777.26,173440.8,24777.26,24777.26,0,0,247772.58,null,null,null,-0.01,null,0.01]
[null,null,{"$f":"C35/$C$47","v":3.1800000000000002E-2},{"$nulls":6},0.1,0.7,0.1,0.1,null,null,1,null,null,null,-0.96819999999999995,null,0.97]
[15,{"$f":"'PLANILHA SEM DESONERAÇÃO'!D303","v":"INCENDIO"},{"$f":"'PLANILHA SEM DESONERAÇÃO'!S325","v":87601.19},{"$f":"D38*$C$37","v":0},{"$f":"E38*$C$37","v":0},0,0,0,0,0,52560.71,26280.36,0,8760.1200000000008,0,87601.19,null,null,null,0,null,0]
[null,null,1.12E-2,{"$nulls":7},0.6,0.3,null,0.1,null,1,null,null,null,-0.98880000000000001,null,0.99]
[16,{"$f":"'PLANILHA SEM DESONERAÇÃO'!D326","v":"FORROS, PINTURAS E TEXTURAS"},{"$f":"'PLANILHA SEM DESONERAÇÃO'!S343","v":475017.97},{"$f":"D40*$C$39","v":0},{"$f":"E40*$C$39","v":0},0,0,0,0,0,0,47501.8,{"$f":"M40*$C$39-0.006","v":95003.59},190007.19,142505.39000000001,475017.97,null,null,null,0,null,0]
[null,null,6.0900000000000003E-2,{"$nulls":8},0.1,0.2,0.4,0.3,1,null,null,null,-0.93910000000000005,null,0.94]
[17,{"$f":"'PLANILHA SEM DESONERAÇÃO'!D344","v":"URBANIZAÇÃO"},{"$f":"'PLANILHA SEM DESONERAÇÃO'!S350","v":534158.94999999995},{"$f":"D42*$C$41","v":0},{"$f":"E42*$C$41","v":0},0,0,0,0,160247.69,213663.58,{"$f":"L42*$C$41-0.006","v":160247.67999999999},0,0,0,534158.94999999995,null,null,null,0,null,0]
[null,null,{"$f":"C41/$C$47","v":6.8500000000000005E-2},{"$nulls":6},0.3,0.4,0.3,null,null,null,1,null,null,null,-0.93149999999999999,null,0.93]
[18,{"$f":"'PLANILHA SEM DESONERAÇÃO'!D351","v":"MOBILIZAÇÃO E DESMOBILIZAÇÃO DE OBRA"},{"$f":"'PLANILHA SEM DESONERAÇÃO'!S353","v":5865.01},{"$f":"D44*$C$43","v":2932.51},{"$f":"E44*$C$43","v":0},0,0,0,0,0,0,0,0,0,2932.51,5865.02,null,null,null,-0.01,null,0.01]
[null,null,8.0000000000000004E-4,0.5,{"$nulls":10},0.5,1,null,null,null,-0.99919999999999998,null,1]
[19,{"$f":"'PLANILHA SEM DESONERAÇÃO'!D354","v":"ADMINISTRAÇÃO LOCAL"},{"$f":"'PLANILHA SEM DESONERAÇÃO'!S361","v":615756.56000000006},{"$f":"D46*$C$45","v":18472.7},{"$f":"E46*$C$45","v":36945.39},36945.39,55418.09,73890.789999999994,80048.350000000006,98521.05,73890.789999999994,49260.52,49260.52,36945.39,{"$f":"O46*$C$45+0.006","v":6157.57},615756.55000000005,null,null,null,0.01,null,-0.01]
[null,null,7.9000000000000001E-2,{"$f":"D74","v":0.03},{"$f":"E74","v":0.06},0.06,0.09,0.12,0.13,0.16,0.12,0.08,0.08,0.06,0.01,1,null,null,null,-0.92100000000000004,null,0.92]
["TOTAL",null,{"$f":"C9+C11+C13+C15+C17+C19+C21+C23+C25+C27+C29+C31+C33+C35+C37+C39+C41+C43+C45","v":7797143.1200000001},{"$f":"D9+D11+D13+D15+D17+D19+D21+D23+D25+D27+D29+D31+D33+D35+D37+D39+D41+D43+D45","v":287555.96999999997},505490.23,529861.87,614422.47,785007.71,839191.83,1228965.78,1066316.6299999999,695269.55,618882.84,474582.77,151595.47,7797143.1200000001]
["%",null,null,{"$f":"D47/$C$47","v":3.6900000000000002E-2},{"$f":"E47/$C$47","v":6.4799999999999996E-2},6.8000000000000005E-2,7.8799999999999995E-2,0.1007,0.1076,0.15759999999999999,0.1368,8.9200000000000002E-2,7.9399999999999998E-2,6.0900000000000003E-2,1.9400000000000001E-2,1]
[]
[]
["ACUMULADO",null,null,{"$f":"D47","v":287555.96999999997},{"$f":"D51+E47","v":793046.2},{"$f":"E51+F47","v":1322908.07},1937330.54,2722338.25,3561530.08,4790495.8600000003,5856812.4900000002,6552082.04,7170964.8799999999,7645547.6500000004,7797143.1200000001,{"$f":"O51","v":7797143.1200000001}]
[]
[]
["%",null,null,{"$f":"D51/$C$47","v":3.6900000000000002E-2},{"$f":"E51/$C$47","v":0.1017},0.16969999999999999,0.2485,0.34910000000000002,0.45679999999999998,0.61439999999999995,0.75109999999999999,0.84030000000000005,0.91969999999999996,0.98060000000000003,1,1]
[]
[]
[]
[]
[null,null,"LUIS FERNANDO ANTUNES LIMA",{"$nulls":8},"HILTON ROGÉRIO MAIA CARDOSO"]
[null,null,"ANALISTA DE DESENVOLVIMENTO REGIONAL",{"$nulls":8},"SUPERINTENDENTE REGIONAL - 11ª SR"]
[null,null,"ENGENHEIRO CIVIL - CREA 186819/D"]
[]
[]
[]
[]
[]
[]
[null,null,null,0.03,0.06,0.06,0.08,0.11,0.12,0.15,0.11,7.0000000000000007E-2,7.0000000000000007E-2,0.05,0.02]
[null,null,null,0.03,0.06,0.06,0.09,0.12,0.12,0.16,0.12,0.08,0.08,0.06,0.02]
[null,null,null,0.03,0.06,0.06,0.09,0.12,0.13,0.16,0.12,0.08,0.08,0.06,0.02]
[null,null,null,0.03,0.06,0.06,0.09,0.12,0.13,0.16,0.12,0.08,0.08,0.06,0.02]
[null,null,null,0.03,0.06,0.06,0.09,0.12,0.13,0.16,0.12,0.08,0.08,0.06,0.02]
[null,null,null,0.03,0.06,0.06,0.09,0.12,0.13,0.16,0.12,0.08,0.08,0.06,0.02]
[null,null,null,0.03,0.06,0.06,0.09,0.12,0.13,0.16,0.12,0.08,0.08,0.06,0.02]
[]
[]
[{"$nulls":14},{"$f":"SUM(D45:N45)","v":609598.98}]
[{"$nulls":14},{"$f":"C45-O77","v":6157.58}]
[{"$nulls":14},{"$f":"O78/C45","v":1.000002E-2}]

{"sheet":"Relatório de composições","index":6,"n_rows":554,"n_cols":22,"rows_kept":554,"cut":false,"hidden":false,"merged":[[384,0,385,8],[396,0,397,8],[372,0,373,8],[409,0,410,8],[333,0,334,8],[425,0,426,8],[438,0,439,8],[375,0,375,8],[377,3,377,5],[377,6,377,8],[387,0,387,8],[389,3,389,5],[389,6,389,8],[399,0,399,8],[401,3,401,5],[401,6,401,8],[336,0,336,8],[338,3,338,5],[338,6,338,8],[355,0,355,8],[357,3,357,5],[357,6,357,8],[481,1,481,3],[14,0,15,0],[14,1,15,1],[14,2,15,2],[14,3,15,3],[14,4,15,4],[14,5,15,5],[2,2,3,8],[24,0,25,8],[38,0,39,8],[49,0,50,8],[67,0,68,8],[85,0,86,8],[103,0,104,8],[121,0,122,8],[139,0,140,8],[157,0,158,8],[175,0,176,8],[193,0,194,8],[211,0,212,8],[228,0,229,8],[246,0,247,8],[264,0,265,8],[281,0,282,8],[472,0,472,8],[475,0,475,2],[475,4,475,8],[412,0,412,8],[414,3,414,5],[414,6,414,8],[428,0,428,8],[430,3,430,5],[430,6,430,8],[441,0,441,8],[443,3,443,5],[443,6,443,8],[448,0,449,8],[462,0,463,8],[470,0,471,8],[451,0,451,8],[453,3,453,5],[453,6,453,8],[464,0,464,8],[466,3,466,5],[466,6,466,8],[316,0,317,8],[352,0,353,8],[319,0,319,8],[321,3,321,5],[321,6,321,8],[214,0,214,8],[216,3,216,5],[216,6,216,8],[231,0,231,8],[233,3,233,5],[233,6,233,8],[249,0,249,8],[251,3,251,5],[251,6,251,8],[267,0,267,8],[269,3,269,5],[269,6,269,8],[284,0,284,8],[286,3,286,5],[286,6,286,8],[302,0,302,8],[304,3,304,5],[304,6,304,8],[299,0,300,8],[160,0,160,8],[162,3,162,5],[162,6,162,8],[178,0,178,8],[180,3,180,5],[180,6,180,8],[196,0,196,8],[198,3,198,5],[198,6,198,8],[106,0,106,8],[108,3,108,5],[108,6,108,8],[124,0,124,8],[126,3,126,5],[126,6,126,8],[142,0,142,8],[144,3,144,5],[144,6,144,8],[52,0,52,8],[54,3,54,5],[54,6,54,8],[70,0,70,8],[72,3,72,5],[72,6,72,8],[88,0,88,8],[90,3,90,5],[90,6,90,8],[13,0,13,8],[14,6,14,8],[17,3,17,5],[17,6,17,8],[27,0,27,8],[29,3,29,5],[29,6,29,8],[41,0,41,8],[43,3,43,5],[43,6,43,8],[10,0,10,4],[10,5,10,8],[11,0,11,2],[11,3,11,4],[11,5,11,8],[12,0,12,2],[12,3,12,4],[12,5,12,8],[12,15,12,18],[1,2,1,8],[4,0,4,8],[5,0,5,8],[6,0,6,8],[7,0,7,4],[7,5,7,8],[8,0,8,4],[8,5,8,8],[9,5,9,8]]}
[]
[null,null,{"$f":"'[72]Planilha de BDI'!$C$1","v":"MINISTÉRIO DO DESENVOLVIMENTO REGIONAL"}]
[null,null,{"$f":"'[72]Planilha de BDI'!$C$2","v":"COMPANHIA DE DESENVOLVIMENTO DOS VALES DO SÃO FRANCISCO E PARNAÍBA"}]
[]
[]
["ORÇAMENTO DISCRIMINATIVO - ANEXO DE COMPOSIÇÕES DE CUSTOS"]
[]
["Proponente",{"$nulls":4},"Data"]
["COMPANHIA DE DESENVOLVIMENTO DOS VALES DO SÃO FRANCISCO E PARNAÍBA",{"$nulls":4},"Jan/23"]
["Empreendimento (Nome/Apelido)",{"$nulls":4},"Local"]
[{"$f":"[72]PLANILHA!$A$7","v":"CONSTRUÇÃO DA SEDE DA 11ª SUPERINTENDÊNCIA REGIONAL DA CODEVASF NO MUNICÍPIO DE MACAPÁ/AP"},{"$nulls":4},{"$f":"[72]PLANILHA!$A$9","v":"RODOVIA JOSMAR CHAVES PINTO, KM 05, S/N, UNIVERSIDADE, MACAPA/AP."}]
["Regime de Execução de Obras",null,null,"Programa",null,"DATA BASE"]
["Indireto - Empreitada Por Preços Unitários",null,null,"-",null,"SINAPI – AP – DEZEMBRO/2022 (S/ DESON.) E SICRO JULHO/2022",{"$nulls":9},"INSTRUÇÕES PARA PREENCHIMENTO DA PLANILHA"]
["RELATÓRIO ANALÍTICO DE COMPOSIÇÕES"]
["ITEM","COF.","FONTE","DESCRIÇÃO DOS SERVIÇOS","UNID.","ÍNDICE","Custo",{"$nulls":9},"90803"]
[{"$nulls":6},"UNIT.",0.24660000000000001,"TOTAL",{"$nulls":7},"90819"]
[{"$nulls":16},"90823"]
["1.1","COMP. 01","COMP. PRÓPRIA 11° SR","FORNECIMENTO E COLOCAÇÃO DE PLACA DE OBRA (4,80 X 2,4 0 M) -  EM CHAPA GALVANIZADA *N. 22*, ADESIVADA E FIXADA COM SUPORTE EM EUCALIPTO AUTOCLAVADO.",null,null,"UN",{"$nulls":9},{"$f":"+ROUND($F18*G18,2)-I18","v":{"$error":"#VALUE!"}}]
["1.1.1",4813,"SINAPI/INS.","PLACA DE OBRA (PARA CONSTRUCAO CIVIL) EM CHAPA GALVANIZADA *N. 22*, ADESIVADA, DE *2,4 X 1,2* M (SEM POSTES PARA FIXACAO)","UN",2,{"$f":"VLOOKUP(B19,'SINAPI NÃO DESONERADO'!G:L,5,0)","v":250},null,{"$f":"+ROUND($F19*G19,2)","v":500},{"$nulls":7},0,{"$f":"Q19-#REF!","v":{"$error":"#REF!"}},{"$error":"#REF!"},{"$f":"#REF!-S19","v":{"$error":"#REF!"}},7.88,{"$f":"I19-U19","v":492.12}]
["1.1.2",4115,"SINAPI/INS.","MADEIRA ROLICA TRATADA, D = 12 A 15 CM, H = 3,00 M, EM EUCALIPTO OU EQUIVALENTE DA REGIAO","M",31.5,{"$f":"VLOOKUP(B20,'SINAPI NÃO DESONERADO'!G:L,5,0)","v":24.21},null,762.62,{"$nulls":7},0,{"$f":"Q20-#REF!","v":{"$error":"#REF!"}},{"$f":"ROUND(#REF!*F20,2)","v":{"$error":"#REF!"}},{"$f":"#REF!-S20","v":{"$error":"#REF!"}},36.39,726.23]
["1.1.3",88262,"SINAPI/SERV.","CARPINTEIRO DE FORMAS COM ENCARGOS COMPLEMENTARES","H",4.5,{"$f":"VLOOKUP(B21,'SINAPI NÃO DESONERADO'!G:L,5,0)","v":23.07},null,103.82,{"$nulls":7},0,{"$f":"Q21-#REF!","v":{"$error":"#REF!"}},{"$f":"ROUND(#REF!*F21,2)","v":{"$error":"#REF!"}},{"$f":"#REF!-S21","v":{"$error":"#REF!"}},20.100000000000001,83.72]
["1.1.4",88316,"SINAPI/SERV.","SERVENTE COM ENCARGOS COMPLEMENTARES ","H",6.75,{"$f":"VLOOKUP(B22,'SINAPI NÃO DESONERADO'!G:L,5,0)","v":17.28},null,116.64,{"$nulls":7},0,{"$f":"Q22-#REF!","v":{"$error":"#REF!"}},{"$f":"ROUND(#REF!*F22,2)","v":{"$error":"#REF!"}},{"$f":"#REF!-S22","v":{"$error":"#REF!"}},20.100000000000001,96.54]
[null,null,null,"SUBTOTAL",{"$nulls":4},{"$f":"SUM(I19:I22)","v":1483.08},{"$nulls":7},-1483.08,{"$f":"Q23-#REF!","v":{"$error":"#REF!"}},0,{"$f":"#REF!-S23","v":{"$error":"#REF!"}},0,1483.08]
[{"$nulls":16},0]
["Obs. Utilizou-se os índices de produtividades referentes ao item ED-50152 da tabela SEINFRA/MG. ",{"$nulls":15},0]
[{"$nulls":16},0]
[{"$nulls":16},0]
[{"$nulls":16},0]
[{"$nulls":16},0]
[{"$f":"[72]PLANILHA!$A$71","v":"5.16"},"COMP. 02",{"$f":"C18","v":"COMP. PRÓPRIA 11° SR"},"ATERRO MANUAL DE VALAS COM SOLO ARGILO-ARENOSO E COMPACTAÇÃO MECANIZADA. ",null,null,"M³",{"$nulls":9},{"$error":"#VALUE!"}]
["5.16.1",5901,"SINAPI/SERV.","CAMINHÃO PIPA 10.000 L TRUCADO, PESO BRUTO TOTAL 23.000 KG, CARGA ÚTIL MÁXIMA 15.935 KG, DISTÂNCIA ENTRE EIXOS 4,8 M, POTÊNCIA 230 CV, INCLUSIVE TANQUE DE AÇO PARA TRANSPORTE DE ÁGUA - CHP DIURNO. AF_06/2014","CHP","0,0060000",{"$f":"VLOOKUP(B31,'SINAPI NÃO DESONERADO'!G:L,5,0)","v":297.04000000000002},null,{"$f":"+ROUND($F31*G31,2)","v":1.78},{"$nulls":7},0,{"$f":"Q31-#REF!","v":{"$error":"#REF!"}},{"$error":"#REF!"},{"$f":"#REF!-S31","v":{"$error":"#REF!"}},7.88,{"$f":"I31-U31","v":-6.1}]
["5.16.2",5903,"SINAPI/SERV.","CAMINHÃO PIPA 10.000 L TRUCADO, PESO BRUTO TOTAL 23.000 KG, CARGA ÚTIL MÁXIMA 15.935 KG, DISTÂNCIA ENTRE EIXOS 4,8 M, POTÊNCIA 230 CV, INCLUSIVE TANQUE DE AÇO PARA TRANSPORTE DE ÁGUA - CHI DIURNO. AF_06/2014","CHI","0,0030000",{"$f":"VLOOKUP(B32,'SINAPI NÃO DESONERADO'!G:L,5,0)","v":68.33},null,0.2,{"$nulls":7},0,{"$f":"Q32-#REF!","v":{"$error":"#REF!"}},{"$f":"ROUND(#REF!*F32,2)","v":{"$error":"#REF!"}},{"$f":"#REF!-S32","v":{"$error":"#REF!"}},36.39,-36.19]
["5.16.3","PREÇO DE MERCADO","COTAÇÃO","ARGILA, ARGILA VERMELHA OU ARGILA ARENOSA (RETIRADA NA JAZIDA, SEM TRANSPORTE)","M3","1,2500000",11.11,null,13.89,{"$nulls":7},0,{"$f":"Q33-#REF!","v":{"$error":"#REF!"}},{"$f":"ROUND(#REF!*F33,2)","v":{"$error":"#REF!"}},{"$f":"#REF!-S33","v":{"$error":"#REF!"}},20.100000000000001,-6.21]
["5.16.4",88316,"SINAPI/SERV.","SERVENTE COM ENCARGOS COMPLEMENTARES","H","0,6590000",{"$f":"VLOOKUP(B34,'SINAPI NÃO DESONERADO'!G:L,5,0)","v":17.28},null,11.39,{"$nulls":7},0,{"$f":"Q34-#REF!","v":{"$error":"#REF!"}},{"$f":"ROUND(#REF!*F34,2)","v":{"$error":"#REF!"}},{"$f":"#REF!-S34","v":{"$error":"#REF!"}},20.100000000000001,-8.7100000000000009]
["5.16.5",91533,"SINAPI/SERV.","COMPACTADOR DE SOLOS DE PERCUSSÃO (SOQUETE) COM MOTOR A GASOLINA 4 TEMPOS, POTÊNCIA 4 CV - CHP DIURNO. AF_08/2015","CHP","0,2740000",{"$f":"VLOOKUP(B35,'SINAPI NÃO DESONERADO'!G:L,5,0)","v":27.09},null,7.42,{"$nulls":7},0,{"$f":"Q35-#REF!","v":{"$error":"#REF!"}},{"$error":"#REF!"},{"$f":"#REF!-S35","v":{"$error":"#REF!"}},7.88,-0.46]
["5.16.6",91534,"SINAPI/SERV.","COMPACTADOR DE SOLOS DE PERCUSSÃO (SOQUETE) COM MOTOR A GASOLINA 4 TEMPOS, POTÊNCIA 4 CV - CHI DIURNO. AF_08/2015","CHI","0,2540000",{"$f":"VLOOKUP(B36,'SINAPI NÃO DESONERADO'!G:L,5,0)","v":20.62},null,5.24,{"$nulls":7},0,{"$f":"Q36-#REF!","v":{"$error":"#REF!"}},{"$f":"ROUND(#REF!*F36,2)","v":{"$error":"#REF!"}},{"$f":"#REF!-S36","v":{"$error":"#REF!"}},36.39,-31.15]
[null,null,null,"SUBTOTAL",{"$nulls":4},{"$f":"SUM(I31:I36)","v":39.92},{"$nulls":7},-39.92,{"$f":"Q37-#REF!","v":{"$error":"#REF!"}},0,{"$f":"#REF!-S37","v":{"$error":"#REF!"}},0,39.92]
[{"$nulls":16},0]
["Obs. Utilizou-se como referência o item 94319 do SINAPI. ",{"$nulls":15},0]
[{"$nulls":16},0]
[{"$nulls":16},0]
[{"$nulls":16},0]
[{"$nulls":16},0]
[{"$f":"[72]PLANILHA!$A$72","v":"5.17"},"COMP. 03",{"$f":"[72]PLANILHA!$C$72","v":"COMP. PRÓPRIA 11° SR"},"ALVENARIA DE BLOCO DE CONCRETO CHEIO COM ARMAÇÃO, EM CONCRETO COM FCK 15MPA , ESP. 14CM, PARA REVESTIMENTO, INCLUSIVE ARGAMASSA PARA ASSENTAMENTO",null,null,"M²",{"$nulls":9},{"$error":"#VALUE!"}]
["5.17.1",89479,"SINAPI/SERV.","ALVENARIA DE BLOCOS DE CONCRETO ESTRUTURAL 14X19X29 CM, (ESPESSURA 14 CM), FBK = 4,5 MPA, PARA PAREDES COM ÁREA LÍQUIDA MAIOR OU IGUAL A 6M², SEM VÃOS, UTILIZANDO COLHER DE PEDREIRO. AF_12/2014","M²",1,111.97,null,{"$f":"+ROUND($F45*G45,2)","v":111.97},{"$nulls":5},111.97,null,0,{"$f":"Q45-#REF!","v":{"$error":"#REF!"}},{"$error":"#REF!"},{"$f":"#REF!-S45","v":{"$error":"#REF!"}},7.88,{"$f":"I45-U45","v":104.09}]
["5.17.2",92915,"SINAPI/SERV.","ARMAÇÃO DE ESTRUTURAS DIVERSAS DE CONCRETO ARMADO, EXCETO VIGAS, PILARES, LAJES E FUNDAÇÕES, UTILIZANDO AÇO CA-60 DE 5,0 MM - MONTAGEM. AF_06/2022","KG",5.49,{"$f":"VLOOKUP(B46,'SINAPI NÃO DESONERADO'!G:L,5,0)","v":18.3},null,100.47,{"$nulls":7},0,{"$f":"Q46-#REF!","v":{"$error":"#REF!"}},{"$f":"ROUND(#REF!*F46,2)","v":{"$error":"#REF!"}},{"$f":"#REF!-S46","v":{"$error":"#REF!"}},36.39,64.08]
["5.17.3",90278,"SINAPI/SERV.","GRAUTE FGK=15 MPA; TRAÇO 1:0,04:2,2:2,5 (EM MASSA SECA DE CIMENTO/CAL/AREIA GROSSA/BRITA 0) - PREPARO MECÂNICO COM BETONEIRA 400 L. AF_09/2021","M³",9.7299999999999998E-2,{"$f":"VLOOKUP(B47,'SINAPI NÃO DESONERADO'!G:L,5,0)","v":694.66},null,67.59,{"$nulls":7},0,{"$f":"Q47-#REF!","v":{"$error":"#REF!"}},{"$f":"ROUND(#REF!*F47,2)","v":{"$error":"#REF!"}},{"$f":"#REF!-S47","v":{"$error":"#REF!"}},20.100000000000001,47.49]
[null,null,null,"SUBTOTAL",{"$nulls":4},{"$f":"SUM(I45:I47)","v":280.02999999999997},{"$nulls":7},-280.02999999999997,{"$f":"Q48-#REF!","v":{"$error":"#REF!"}},0,{"$f":"#REF!-S48","v":{"$error":"#REF!"}},0,280.02999999999997]
[{"$nulls":16},0]
["Obs. Utilizou-se como referência o item 94319 do SINAPI. ",{"$nulls":15},0]
[{"$nulls":16},0]
[{"$nulls":16},0]
[{"$nulls":16},0]
[{"$nulls":16},0]
["6.1","COMP. 04",{"$f":"C339","v":"COMP. PRÓPRIA 11° SR"},"VIGA METÁLICA EM PERFIL W 610 x 113, LAMINADO OU SOLDADO, EM AÇO ESTRUTURAL, COM CONEXÕES SOLDADAS, INCLUSOS MÃO DE OBRA, TRANSPORTE E IÇAMENTO UTILIZANDO GUINDASTE - FORNECIMENTO E INSTALAÇÃO. AF_01/2020_P",null,null,"KG",{"$nulls":9},{"$error":"#VALUE!"}]
["6.1.1",4777,"SINAPI/INS.","CANTONEIRA ACO ABAS IGUAIS (QUALQUER BITOLA), ESPESSURA ENTRE 1/8\" E 1/4\"","KG","0,0280000",{"$f":"VLOOKUP(B56,'SINAPI NÃO DESONERADO'!G:L,5,0)","v":10.43},null,{"$f":"+ROUND($F56*G56,2)","v":0.28999999999999998},{"$nulls":7},0,{"$f":"Q56-#REF!","v":{"$error":"#REF!"}},{"$f":"F56-[73]Composições!E17332","v":0},{"$f":"#REF!-S56","v":{"$error":"#REF!"}},7.88,{"$f":"I56-U56","v":-7.59}]
["6.1.2",10997,"SINAPI/INS.","ELETRODO REVESTIDO AWS - E7018, DIAMETRO IGUAL A 4,00 MM","KG","0,0015000",{"$f":"VLOOKUP(B57,'SINAPI NÃO DESONERADO'!G:L,5,0)","v":30},null,{"$f":"+ROUND($F57*G57,2)","v":0.05},{"$nulls":7},0,{"$f":"Q57-#REF!","v":{"$error":"#REF!"}},{"$f":"F57-[73]Composições!E17333","v":0},{"$f":"#REF!-S57","v":{"$error":"#REF!"}},36.39,-36.340000000000003]
["6.1.3","PREÇO DE MERCADO","COTAÇÃO","PERFIL \"I\" DE ACO LAMINADO W 610 x 113 - REF A572 GR. 50","KG","1,0000000",{"$f":"'ORÇAMENTO AÇO LAMINADO'!H14","v":10.61},null,10.61,{"$nulls":7},0,{"$f":"Q58-#REF!","v":{"$error":"#REF!"}},{"$f":"F58-[73]Composições!E17334","v":0},{"$f":"#REF!-S58","v":{"$error":"#REF!"}},20.100000000000001,-9.49]
["6.1.4",88240,"SINAPI/SERV.","AJUDANTE DE ESTRUTURA METÁLICA COM ENCARGOS COMPLEMENTARES","H","0,0044000",{"$f":"VLOOKUP(B59,'SINAPI NÃO DESONERADO'!G:L,5,0)","v":15.09},null,7.0000000000000007E-2,{"$nulls":7},0,{"$f":"Q59-#REF!","v":{"$error":"#REF!"}},{"$f":"F59-[73]Composições!E17335","v":0},{"$f":"#REF!-S59","v":{"$error":"#REF!"}},20.100000000000001,-20.03]
["6.1.5",88278,"SINAPI/SERV.","MONTADOR DE ESTRUTURA METÁLICA COM ENCARGOS COMPLEMENTARES","H","0,0140000",{"$f":"VLOOKUP(B60,'SINAPI NÃO DESONERADO'!G:L,5,0)","v":16.809999999999999},null,0.24,{"$nulls":7},0,{"$f":"Q60-#REF!","v":{"$error":"#REF!"}},{"$f":"F60-[73]Composições!E17336","v":0},{"$f":"#REF!-S60","v":{"$error":"#REF!"}},7.88,-7.64]
["6.1.6",88317,"SINAPI/SERV.","SOLDADOR COM ENCARGOS COMPLEMENTARES","H","0,0181000",{"$f":"VLOOKUP(B61,'SINAPI NÃO DESONERADO'!G:L,5,0)","v":24.09},null,0.44,{"$nulls":7},0,{"$f":"Q61-#REF!","v":{"$error":"#REF!"}},{"$f":"F61-[73]Composições!E17337","v":0},{"$f":"#REF!-S61","v":{"$error":"#REF!"}},36.39,-35.950000000000003]
["6.1.7",93287,"SINAPI/SERV.","GUINDASTE HIDRÁULICO AUTOPROPELIDO, COM LANÇA TELESCÓPICA 40 M, CAPACIDADE MÁXIMA 60 T, POTÊNCIA 260 KW - CHP DIURNO. AF_03/2016","CHP","0,0040000",{"$f":"VLOOKUP(B62,'SINAPI NÃO DESONERADO'!G:L,5,0)","v":325.74},null,1.3,{"$nulls":7},0,{"$f":"Q62-#REF!","v":{"$error":"#REF!"}},{"$f":"F62-[73]Composições!E17338","v":0},{"$f":"#REF!-S62","v":{"$error":"#REF!"}},20.100000000000001,-18.8]
["6.1.8",93288,"SINAPI/SERV.","GUINDASTE HIDRÁULICO AUTOPROPELIDO, COM LANÇA TELESCÓPICA 40 M, CAPACIDADE MÁXIMA 60 T, POTÊNCIA 260 KW - CHI DIURNO. AF_03/2016","CHI","0,0037000",{"$f":"VLOOKUP(B63,'SINAPI NÃO DESONERADO'!G:L,5,0)","v":162.12},null,0.6,{"$nulls":7},0,{"$f":"Q63-#REF!","v":{"$error":"#REF!"}},{"$f":"F63-[73]Composições!E17339","v":0},{"$f":"#REF!-S63","v":{"$error":"#REF!"}},20.100000000000001,-19.5]
["6.1.9",100716,"SINAPI/SERV.","JATEAMENTO ABRASIVO COM GRANALHA DE AÇO EM PERFIL METÁLICO EM FÁBRICA. AF_01/2020","M2","0,0358000",{"$f":"VLOOKUP(B64,'SINAPI NÃO DESONERADO'!G:L,5,0)","v":26.35},null,0.94,{"$nulls":7},0,{"$f":"Q64-#REF!","v":{"$error":"#REF!"}},{"$f":"F64-[73]Composições!E17340","v":0},{"$f":"#REF!-S64","v":{"$error":"#REF!"}},20.100000000000001,-19.16]
["6.1.10",100719,"SINAPI/SERV.","PINTURA COM TINTA ALQUÍDICA DE FUNDO (TIPO ZARCÃO) PULVERIZADA SOBRE PERFIL METÁLICO EXECUTADO EM FÁBRICA (POR DEMÃO). AF_01/2020_P","M2","0,0358000",{"$f":"VLOOKUP(B65,'SINAPI NÃO DESONERADO'!G:L,5,0)","v":8.7100000000000009},null,0.31,{"$nulls":7},0,{"$f":"Q65-#REF!","v":{"$error":"#REF!"}},{"$f":"F65-[73]Composições!E17341","v":0},{"$f":"#REF!-S65","v":{"$error":"#REF!"}},7.88,-7.57]
[null,null,null,"SUBTOTAL",{"$nulls":4},{"$f":"SUM(I56:I65)","v":14.85},{"$nulls":7},{"$f":"+ROUND($F66*G66,2)-I66","v":-14.85},{"$f":"Q66-#REF!","v":{"$error":"#REF!"}},0,{"$f":"#REF!-S66","v":{"$error":"#REF!"}},0,14.85]
[{"$nulls":16},0]
["Obs. Utilizou-se os índices de produtividades referentes ao item 100764 do SINAPI. ",{"$nulls":15},0]
[{"$nulls":14},{"$f":"0.87*13.25","v":11.5275},null,0]
[{"$nulls":16},0]
[{"$nulls":16},0]
[{"$nulls":16},0]
["6.2","COMP. 05",{"$f":"$C$339","v":"COMP. PRÓPRIA 11° SR"},"VIGA METÁLICA EM PERFIL W 530 x 101, LAMINADO OU SOLDADO, EM AÇO ESTRUTURAL, COM CONEXÕES SOLDADAS, INCLUSOS MÃO DE OBRA, TRANSPORTE E IÇAMENTO UTILIZANDO GUINDASTE - FORNECIMENTO E INSTALAÇÃO. AF_01/2020_P",null,null,"KG",{"$nulls":9},{"$error":"#VALUE!"}]
["6.2.1",4777,"SINAPI/INS.","CANTONEIRA ACO ABAS IGUAIS (QUALQUER BITOLA), ESPESSURA ENTRE 1/8\" E 1/4\"","KG","0,0280000",{"$f":"VLOOKUP(B74,'SINAPI NÃO DESONERADO'!G:L,5,0)","v":10.43},null,{"$f":"+ROUND($F74*G74,2)","v":0.28999999999999998},{"$nulls":7},0,{"$f":"Q74-#REF!","v":{"$error":"#REF!"}},{"$f":"F74-[73]Composições!E17350","v":5.3E-3},{"$f":"#REF!-S74","v":{"$error":"#REF!"}},7.88,{"$f":"I74-U74","v":-7.59}]
["6.2.2",10997,"SINAPI/INS.","ELETRODO REVESTIDO AWS - E7018, DIAMETRO IGUAL A 4,00 MM","KG","0,0015000",{"$f":"VLOOKUP(B75,'SINAPI NÃO DESONERADO'!G:L,5,0)","v":30},null,0.05,{"$nulls":7},0,{"$f":"Q75-#REF!","v":{"$error":"#REF!"}},{"$f":"F75-[73]Composições!E17351","v":-2.12E-2},{"$f":"#REF!-S75","v":{"$error":"#REF!"}},36.39,-36.340000000000003]
["6.2.3","PREÇO DE MERCADO","COTAÇÃO","PERFIL \"I\" DE ACO LAMINADO W 530 x 101 - REF A572 GR. 50","KG","1,0000000",{"$f":"'ORÇAMENTO AÇO LAMINADO'!H22","v":10.61},null,10.61,{"$nulls":7},0,{"$f":"Q76-#REF!","v":{"$error":"#REF!"}},{"$f":"F76-[73]Composições!E17352","v":{"$error":"#VALUE!"}},{"$f":"#REF!-S76","v":{"$error":"#REF!"}},20.100000000000001,-9.49]
["6.2.4",88240,"SINAPI/SERV.","AJUDANTE DE ESTRUTURA METÁLICA COM ENCARGOS COMPLEMENTARES","H","0,0044000",{"$f":"VLOOKUP(B77,'SINAPI NÃO DESONERADO'!G:L,5,0)","v":15.09},null,7.0000000000000007E-2,{"$nulls":7},0,{"$f":"Q77-#REF!","v":{"$error":"#REF!"}},{"$f":"F77-[73]Composições!E17353","v":-5.0599999999999999E-2},{"$f":"#REF!-S77","v":{"$error":"#REF!"}},20.100000000000001,-20.03]
["6.2.5",88278,"SINAPI/SERV.","MONTADOR DE ESTRUTURA METÁLICA COM ENCARGOS COMPLEMENTARES","H","0,0140000",{"$f":"VLOOKUP(B78,'SINAPI NÃO DESONERADO'!G:L,5,0)","v":16.809999999999999},null,0.24,{"$nulls":7},0,{"$f":"Q78-#REF!","v":{"$error":"#REF!"}},{"$f":"F78-[73]Composições!E17354","v":1.23E-2},{"$f":"#REF!-S78","v":{"$error":"#REF!"}},7.88,-7.64]
["6.2.6",88317,"SINAPI/SERV.","SOLDADOR COM ENCARGOS COMPLEMENTARES","H","0,0181000",{"$f":"VLOOKUP(B79,'SINAPI NÃO DESONERADO'!G:L,5,0)","v":24.09},null,0.44,{"$nulls":7},0,{"$f":"Q79-#REF!","v":{"$error":"#REF!"}},{"$f":"F79-[73]Composições!E17355","v":-0.9819},{"$f":"#REF!-S79","v":{"$error":"#REF!"}},36.39,-35.950000000000003]
["6.2.7",93287,"SINAPI/SERV.","GUINDASTE HIDRÁULICO AUTOPROPELIDO, COM LANÇA TELESCÓPICA 40 M, CAPACIDADE MÁXIMA 60 T, POTÊNCIA 260 KW - CHP DIURNO. AF_03/2016","CHP","0,0040000",{"$f":"VLOOKUP(B80,'SINAPI NÃO DESONERADO'!G:L,5,0)","v":325.74},null,1.3,{"$nulls":7},0,{"$f":"Q80-#REF!","v":{"$error":"#REF!"}},{"$f":"F80-[73]Composições!E17356","v":2.7000000000000001E-3},{"$f":"#REF!-S80","v":{"$error":"#REF!"}},20.100000000000001,-18.8]
["6.2.8",93288,"SINAPI/SERV.","GUINDASTE HIDRÁULICO AUTOPROPELIDO, COM LANÇA TELESCÓPICA 40 M, CAPACIDADE MÁXIMA 60 T, POTÊNCIA 260 KW - CHI DIURNO. AF_03/2016","CHI","0,0037000",{"$f":"VLOOKUP(B81,'SINAPI NÃO DESONERADO'!G:L,5,0)","v":162.12},null,0.6,{"$nulls":7},0,{"$f":"Q81-#REF!","v":{"$error":"#REF!"}},{"$f":"F81-[73]Composições!E17357","v":-1.2999999999999999E-3},{"$f":"#REF!-S81","v":{"$error":"#REF!"}},20.100000000000001,-19.5]
["6.2.9",100716,"SINAPI/SERV.","JATEAMENTO ABRASIVO COM GRANALHA DE AÇO EM PERFIL METÁLICO EM FÁBRICA. AF_01/2020","M2","0,0358000",{"$f":"VLOOKUP(B82,'SINAPI NÃO DESONERADO'!G:L,5,0)","v":26.35},null,0.94,{"$nulls":7},0,{"$f":"Q82-#REF!","v":{"$error":"#REF!"}},{"$f":"F82-[73]Composições!E17358","v":7.4999999999999997E-3},{"$f":"#REF!-S82","v":{"$error":"#REF!"}},20.100000000000001,-19.16]
["6.2.10",100719,"SINAPI/SERV.","PINTURA COM TINTA ALQUÍDICA DE FUNDO (TIPO ZARCÃO) PULVERIZADA SOBRE PERFIL METÁLICO EXECUTADO EM FÁBRICA (POR DEMÃO). AF_01/2020_P","M2","0,0358000",{"$f":"VLOOKUP(B83,'SINAPI NÃO DESONERADO'!G:L,5,0)","v":8.7100000000000009},null,0.31,{"$nulls":7},0,{"$f":"Q83-#REF!","v":{"$error":"#REF!"}},{"$f":"F83-[73]Composições!E17359","v":3.4299999999999997E-2},{"$f":"#REF!-S83","v":{"$error":"#REF!"}},7.88,-7.57]
[null,null,null,"SUBTOTAL",{"$nulls":4},{"$f":"SUM(I74:I83)","v":14.85},{"$nulls":7},-14.85,{"$f":"Q84-#REF!","v":{"$error":"#REF!"}},0,{"$f":"#REF!-S84","v":{"$error":"#REF!"}},0,14.85]
[{"$nulls":16},0]
["Obs. Utilizou-se os índices de produtividades referentes ao item 100764 do SINAPI. ",{"$nulls":15},0]
[{"$nulls":16},0]
[{"$nulls":16},0]
[{"$nulls":16},0]
[{"$nulls":16},0]
["6.3","COMP. 06",{"$f":"$C$339","v":"COMP. PRÓPRIA 11° SR"},"VIGA METÁLICA EM PERFIL W 530 x 74, LAMINADO OU SOLDADO, EM AÇO ESTRUTURAL, COM CONEXÕES SOLDADAS, INCLUSOS MÃO DE OBRA, TRANSPORTE E IÇAMENTO UTILIZANDO GUINDASTE - FORNECIMENTO E INSTALAÇÃO. AF_01/2020_P",null,null,"KG",{"$nulls":9},{"$error":"#VALUE!"}]
["6.3.1",4777,"SINAPI/INS.","CANTONEIRA ACO ABAS IGUAIS (QUALQUER BITOLA), ESPESSURA ENTRE 1/8\" E 1/4\"","KG","0,0280000",{"$f":"VLOOKUP(B92,'SINAPI NÃO DESONERADO'!G:L,5,0)","v":10.43},null,{"$f":"+ROUND($F92*G92,2)","v":0.28999999999999998},{"$nulls":7},0,{"$f":"Q92-#REF!","v":{"$error":"#REF!"}},{"$f":"F92-[73]Composições!E17368","v":-0.115},{"$f":"#REF!-S92","v":{"$error":"#REF!"}},7.88,{"$f":"I92-U92","v":-7.59}]
["6.3.2",10997,"SINAPI/INS.","ELETRODO REVESTIDO AWS - E7018, DIAMETRO IGUAL A 4,00 MM","KG","0,0015000",{"$f":"VLOOKUP(B93,'SINAPI NÃO DESONERADO'!G:L,5,0)","v":30},null,0.05,{"$nulls":7},0,{"$f":"Q93-#REF!","v":{"$error":"#REF!"}},{"$f":"F93-[73]Composições!E17369","v":-2.7E-2},{"$f":"#REF!-S93","v":{"$error":"#REF!"}},36.39,-36.340000000000003]
["6.3.3","PREÇO DE MERCADO","COTAÇÃO","PERFIL \"I\" DE ACO LAMINADO W 530 x  74 - REF A572 GR. 50","KG","1,0000000",{"$f":"'ORÇAMENTO AÇO LAMINADO'!H30","v":10.82},null,10.82,{"$nulls":7},0,{"$f":"Q94-#REF!","v":{"$error":"#REF!"}},{"$f":"F94-[73]Composições!E17370","v":0.97150000000000003},{"$f":"#REF!-S94","v":{"$error":"#REF!"}},20.100000000000001,-9.2799999999999994]
["6.3.4",88240,"SINAPI/SERV.","AJUDANTE DE ESTRUTURA METÁLICA COM ENCARGOS COMPLEMENTARES","H","0,0044000",{"$f":"VLOOKUP(B95,'SINAPI NÃO DESONERADO'!G:L,5,0)","v":15.09},null,7.0000000000000007E-2,{"$nulls":7},0,{"$f":"Q95-#REF!","v":{"$error":"#REF!"}},{"$f":"F95-[73]Composições!E17371","v":{"$error":"#VALUE!"}},{"$f":"#REF!-S95","v":{"$error":"#REF!"}},20.100000000000001,-20.03]
["6.3.5",88278,"SINAPI/SERV.","MONTADOR DE ESTRUTURA METÁLICA COM ENCARGOS COMPLEMENTARES","H","0,0140000",{"$f":"VLOOKUP(B96,'SINAPI NÃO DESONERADO'!G:L,5,0)","v":16.809999999999999},null,0.24,{"$nulls":7},0,{"$f":"Q96-#REF!","v":{"$error":"#REF!"}},{"$f":"F96-[73]Composições!E17372","v":-0.98599999999999999},{"$f":"#REF!-S96","v":{"$error":"#REF!"}},7.88,-7.64]
["6.3.6",88317,"SINAPI/SERV.","SOLDADOR COM ENCARGOS COMPLEMENTARES","H","0,0181000",{"$f":"VLOOKUP(B97,'SINAPI NÃO DESONERADO'!G:L,5,0)","v":24.09},null,0.44,{"$nulls":7},0,{"$f":"Q97-#REF!","v":{"$error":"#REF!"}},{"$f":"F97-[73]Composições!E17373","v":-0.1079},{"$f":"#REF!-S97","v":{"$error":"#REF!"}},36.39,-35.950000000000003]
["6.3.7",93287,"SINAPI/SERV.","GUINDASTE HIDRÁULICO AUTOPROPELIDO, COM LANÇA TELESCÓPICA 40 M, CAPACIDADE MÁXIMA 60 T, POTÊNCIA 260 KW - CHP DIURNO. AF_03/2016","CHP","0,0040000",{"$f":"VLOOKUP(B98,'SINAPI NÃO DESONERADO'!G:L,5,0)","v":325.74},null,1.3,{"$nulls":7},0,{"$f":"Q98-#REF!","v":{"$error":"#REF!"}},{"$f":"F98-[73]Composições!E17374","v":-0.21099999999999999},{"$f":"#REF!-S98","v":{"$error":"#REF!"}},20.100000000000001,-18.8]
["6.3.8",93288,"SINAPI/SERV.","GUINDASTE HIDRÁULICO AUTOPROPELIDO, COM LANÇA TELESCÓPICA 40 M, CAPACIDADE MÁXIMA 60 T, POTÊNCIA 260 KW - CHI DIURNO. AF_03/2016","CHI","0,0037000",{"$f":"VLOOKUP(B99,'SINAPI NÃO DESONERADO'!G:L,5,0)","v":162.12},null,0.6,{"$nulls":7},0,{"$f":"Q99-#REF!","v":{"$error":"#REF!"}},{"$f":"F99-[73]Composições!E17375","v":-7.6300000000000007E-2},{"$f":"#REF!-S99","v":{"$error":"#REF!"}},20.100000000000001,-19.5]
["6.3.9",100716,"SINAPI/SERV.","JATEAMENTO ABRASIVO COM GRANALHA DE AÇO EM PERFIL METÁLICO EM FÁBRICA. AF_01/2020","M2","0,0358000",{"$f":"VLOOKUP(B100,'SINAPI NÃO DESONERADO'!G:L,5,0)","v":26.35},null,0.94,{"$nulls":7},0,{"$f":"Q100-#REF!","v":{"$error":"#REF!"}},{"$f":"F100-[73]Composições!E17376","v":-3.0499999999999999E-2},{"$f":"#REF!-S100","v":{"$error":"#REF!"}},20.100000000000001,-19.16]
["6.3.10",100719,"SINAPI/SERV.","PINTURA COM TINTA ALQUÍDICA DE FUNDO (TIPO ZARCÃO) PULVERIZADA SOBRE PERFIL METÁLICO EXECUTADO EM FÁBRICA (POR DEMÃO). AF_01/2020_P","M2","0,0358000",{"$f":"VLOOKUP(B101,'SINAPI NÃO DESONERADO'!G:L,5,0)","v":8.7100000000000009},null,0.31,{"$nulls":7},0,{"$f":"Q101-#REF!","v":{"$error":"#REF!"}},{"$f":"F101-[73]Composições!E17377","v":7.3000000000000001E-3},{"$f":"#REF!-S101","v":{"$error":"#REF!"}},7.88,-7.57]
[null,null,null,"SUBTOTAL",{"$nulls":4},{"$f":"SUM(I92:I101)","v":15.06},{"$nulls":7},-15.06,{"$f":"Q102-#REF!","v":{"$error":"#REF!"}},0,{"$f":"#REF!-S102","v":{"$error":"#REF!"}},0,15.06]
[{"$nulls":16},0]
["Obs. Utilizou-se os índices de produtividades referentes ao item 100764 do SINAPI. ",{"$nulls":15},0]
[{"$nulls":16},0]
[{"$nulls":16},0]
[{"$nulls":16},0]
[{"$nulls":16},0]
["6.4","COMP. 07",{"$f":"$C$339","v":"COMP. PRÓPRIA 11° SR"},"VIGA METÁLICA EM PERFIL W 530 x 72, LAMINADO OU SOLDADO, EM AÇO ESTRUTURAL, COM CONEXÕES SOLDADAS, INCLUSOS MÃO DE OBRA, TRANSPORTE E IÇAMENTO UTILIZANDO GUINDASTE - FORNECIMENTO E INSTALAÇÃO. AF_01/2020_P",null,null,"KG",{"$nulls":9},{"$error":"#VALUE!"}]
["6.4.1",4777,"SINAPI/INS.","CANTONEIRA ACO ABAS IGUAIS (QUALQUER BITOLA), ESPESSURA ENTRE 1/8\" E 1/4\"","KG","0,0280000",{"$f":"VLOOKUP(B110,'SINAPI NÃO DESONERADO'!G:L,5,0)","v":10.43},null,{"$f":"+ROUND($F110*G110,2)","v":0.28999999999999998},{"$nulls":7},0,{"$f":"Q110-#REF!","v":{"$error":"#REF!"}},{"$f":"F110-[73]Composições!E17386","v":1.2200000000000001E-2},{"$f":"#REF!-S110","v":{"$error":"#REF!"}},7.88,{"$f":"I110-U110","v":-7.59}]
["6.4.2",10997,"SINAPI/INS.","ELETRODO REVESTIDO AWS - E7018, DIAMETRO IGUAL A 4,00 MM","KG","0,0015000",{"$f":"VLOOKUP(B111,'SINAPI NÃO DESONERADO'!G:L,5,0)","v":30},null,0.05,{"$nulls":7},0,{"$f":"Q111-#REF!","v":{"$error":"#REF!"}},{"$f":"F111-[73]Composições!E17387","v":-2.7E-2},{"$f":"#REF!-S111","v":{"$error":"#REF!"}},36.39,-36.340000000000003]
["6.4.3","PREÇO DE MERCADO","COTAÇÃO","PERFIL \"I\" DE ACO LAMINADO W 530 x  72 - REF A572 GR. 50","KG","1,0000000",{"$f":"'ORÇAMENTO AÇO LAMINADO'!H38","v":10.82},null,10.82,{"$nulls":7},0,{"$f":"Q112-#REF!","v":{"$error":"#REF!"}},{"$f":"F112-[73]Composições!E17388","v":0.97150000000000003},{"$f":"#REF!-S112","v":{"$error":"#REF!"}},20.100000000000001,-9.2799999999999994]
["6.4.4",88240,"SINAPI/SERV.","AJUDANTE DE ESTRUTURA METÁLICA COM ENCARGOS COMPLEMENTARES","H","0,0044000",{"$f":"VLOOKUP(B113,'SINAPI NÃO DESONERADO'!G:L,5,0)","v":15.09},null,7.0000000000000007E-2,{"$nulls":7},0,{"$f":"Q113-#REF!","v":{"$error":"#REF!"}},{"$f":"F113-[73]Composições!E17389","v":{"$error":"#VALUE!"}},{"$f":"#REF!-S113","v":{"$error":"#REF!"}},20.100000000000001,-20.03]
["6.4.5",88278,"SINAPI/SERV.","MONTADOR DE ESTRUTURA METÁLICA COM ENCARGOS COMPLEMENTARES","H","0,0140000",{"$f":"VLOOKUP(B114,'SINAPI NÃO DESONERADO'!G:L,5,0)","v":16.809999999999999},null,0.24,{"$nulls":7},0,{"$f":"Q114-#REF!","v":{"$error":"#REF!"}},{"$f":"F114-[73]Composições!E17390","v":-0.112},{"$f":"#REF!-S114","v":{"$error":"#REF!"}},7.88,-7.64]
["6.4.6",88317,"SINAPI/SERV.","SOLDADOR COM ENCARGOS COMPLEMENTARES","H","0,0181000",{"$f":"VLOOKUP(B115,'SINAPI NÃO DESONERADO'!G:L,5,0)","v":24.09},null,0.44,{"$nulls":7},0,{"$f":"Q115-#REF!","v":{"$error":"#REF!"}},{"$f":"F115-[73]Composições!E17391","v":-0.9819},{"$f":"#REF!-S115","v":{"$error":"#REF!"}},36.39,-35.950000000000003]
["6.4.7",93287,"SINAPI/SERV.","GUINDASTE HIDRÁULICO AUTOPROPELIDO, COM LANÇA TELESCÓPICA 40 M, CAPACIDADE MÁXIMA 60 T, POTÊNCIA 260 KW - CHP DIURNO. AF_03/2016","CHP","0,0040000",{"$f":"VLOOKUP(B116,'SINAPI NÃO DESONERADO'!G:L,5,0)","v":325.74},null,1.3,{"$nulls":7},0,{"$f":"Q116-#REF!","v":{"$error":"#REF!"}},{"$f":"F116-[73]Composições!E17392","v":2.3E-3},{"$f":"#REF!-S116","v":{"$error":"#REF!"}},20.100000000000001,-18.8]
["6.4.8",93288,"SINAPI/SERV.","GUINDASTE HIDRÁULICO AUTOPROPELIDO, COM LANÇA TELESCÓPICA 40 M, CAPACIDADE MÁXIMA 60 T, POTÊNCIA 260 KW - CHI DIURNO. AF_03/2016","CHI","0,0037000",{"$f":"VLOOKUP(B117,'SINAPI NÃO DESONERADO'!G:L,5,0)","v":162.12},null,0.6,{"$nulls":7},0,{"$f":"Q117-#REF!","v":{"$error":"#REF!"}},{"$f":"F117-[73]Composições!E17393","v":-6.7999999999999996E-3},{"$f":"#REF!-S117","v":{"$error":"#REF!"}},20.100000000000001,-19.5]
["6.4.9",100716,"SINAPI/SERV.","JATEAMENTO ABRASIVO COM GRANALHA DE AÇO EM PERFIL METÁLICO EM FÁBRICA. AF_01/2020","M2","0,0358000",{"$f":"VLOOKUP(B118,'SINAPI NÃO DESONERADO'!G:L,5,0)","v":26.35},null,0.94,{"$nulls":7},0,{"$f":"Q118-#REF!","v":{"$error":"#REF!"}},{"$f":"F118-[73]Composições!E17394","v":-1.32E-2},{"$f":"#REF!-S118","v":{"$error":"#REF!"}},20.100000000000001,-19.16]
["6.4.10",100719,"SINAPI/SERV.","PINTURA COM TINTA ALQUÍDICA DE FUNDO (TIPO ZARCÃO) PULVERIZADA SOBRE PERFIL METÁLICO EXECUTADO EM FÁBRICA (POR DEMÃO). AF_01/2020_P","M2","0,0358000",{"$f":"VLOOKUP(B119,'SINAPI NÃO DESONERADO'!G:L,5,0)","v":8.7100000000000009},null,0.31,{"$nulls":7},0,{"$f":"Q119-#REF!","v":{"$error":"#REF!"}},{"$f":"F119-[73]Composições!E17395","v":-8.5000000000000006E-3},{"$f":"#REF!-S119","v":{"$error":"#REF!"}},7.88,-7.57]
[null,null,null,"SUBTOTAL",{"$nulls":4},{"$f":"SUM(I110:I119)","v":15.06},{"$nulls":7},-15.06,{"$f":"Q120-#REF!","v":{"$error":"#REF!"}},0,{"$f":"#REF!-S120","v":{"$error":"#REF!"}},0,15.06]
[{"$nulls":16},0]
["Obs. Utilizou-se os índices de produtividades referentes ao item 100764 do SINAPI. ",{"$nulls":15},0]
[{"$nulls":16},0]
[{"$nulls":16},0]
[{"$nulls":16},0]
[{"$nulls":16},0]
["6.5","COMP. 08",{"$f":"$C$339","v":"COMP. PRÓPRIA 11° SR"},"VIGA METÁLICA EM PERFIL W 460 x 60, LAMINADO OU SOLDADO, EM AÇO ESTRUTURAL, COM CONEXÕES SOLDADAS, INCLUSOS MÃO DE OBRA, TRANSPORTE E IÇAMENTO UTILIZANDO GUINDASTE - FORNECIMENTO E INSTALAÇÃO. AF_01/2020_P",null,null,"KG",{"$nulls":9},{"$error":"#VALUE!"}]
["6.5.1",4777,"SINAPI/INS.","CANTONEIRA ACO ABAS IGUAIS (QUALQUER BITOLA), ESPESSURA ENTRE 1/8\" E 1/4\"","KG","0,0280000",{"$f":"VLOOKUP(B128,'SINAPI NÃO DESONERADO'!G:L,5,0)","v":10.43},null,{"$f":"+ROUND($F128*G128,2)","v":0.28999999999999998},{"$nulls":7},0,{"$f":"Q128-#REF!","v":{"$error":"#REF!"}},{"$f":"F128-[73]Composições!E17404","v":1.67E-2},{"$f":"#REF!-S128","v":{"$error":"#REF!"}},7.88,{"$f":"I128-U128","v":-7.59}]
["6.5.2",10997,"SINAPI/INS.","ELETRODO REVESTIDO AWS - E7018, DIAMETRO IGUAL A 4,00 MM","KG","0,0015000",{"$f":"VLOOKUP(B129,'SINAPI NÃO DESONERADO'!G:L,5,0)","v":30},null,0.05,{"$nulls":7},0,{"$f":"Q129-#REF!","v":{"$error":"#REF!"}},{"$f":"F129-[73]Composições!E17405","v":-8.1500000000000003E-2},{"$f":"#REF!-S129","v":{"$error":"#REF!"}},36.39,-36.340000000000003]
["6.5.3","PREÇO DE MERCADO","COTAÇÃO","PERFIL \"I\" DE ACO LAMINADO W 460 x  60 - REF A572 GR. 50","KG","1,0000000",{"$f":"'ORÇAMENTO AÇO LAMINADO'!H46","v":10.82},null,10.82,{"$nulls":7},{"$f":"+ROUND($F130*G130,2)-I130","v":0},{"$f":"Q130-#REF!","v":{"$error":"#REF!"}},{"$f":"F130-[73]Composições!E17406","v":0.91500000000000004},{"$f":"#REF!-S130","v":{"$error":"#REF!"}},20.100000000000001,-9.2799999999999994]
["6.5.4",88240,"SINAPI/SERV.","AJUDANTE DE ESTRUTURA METÁLICA COM ENCARGOS COMPLEMENTARES","H","0,0044000",{"$f":"VLOOKUP(B131,'SINAPI NÃO DESONERADO'!G:L,5,0)","v":15.09},null,7.0000000000000007E-2,{"$nulls":7},0,{"$f":"Q131-#REF!","v":{"$error":"#REF!"}},{"$f":"F131-[73]Composições!E17407","v":-8.2000000000000007E-3},{"$f":"#REF!-S131","v":{"$error":"#REF!"}},20.100000000000001,-20.03]
["6.5.5",88278,"SINAPI/SERV.","MONTADOR DE ESTRUTURA METÁLICA COM ENCARGOS COMPLEMENTARES","H","0,0140000",{"$f":"VLOOKUP(B132,'SINAPI NÃO DESONERADO'!G:L,5,0)","v":16.809999999999999},null,0.24,{"$nulls":7},0,{"$f":"Q132-#REF!","v":{"$error":"#REF!"}},{"$f":"F132-[73]Composições!E17408","v":-1.4500000000000001E-2},{"$f":"#REF!-S132","v":{"$error":"#REF!"}},7.88,-7.64]
["6.5.6",88317,"SINAPI/SERV.","SOLDADOR COM ENCARGOS COMPLEMENTARES","H","0,0181000",{"$f":"VLOOKUP(B133,'SINAPI NÃO DESONERADO'!G:L,5,0)","v":24.09},null,0.44,{"$nulls":7},0,{"$f":"Q133-#REF!","v":{"$error":"#REF!"}},{"$f":"F133-[73]Composições!E17409","v":-1.04E-2},{"$f":"#REF!-S133","v":{"$error":"#REF!"}},36.39,-35.950000000000003]
["6.5.7",93287,"SINAPI/SERV.","GUINDASTE HIDRÁULICO AUTOPROPELIDO, COM LANÇA TELESCÓPICA 40 M, CAPACIDADE MÁXIMA 60 T, POTÊNCIA 260 KW - CHP DIURNO. AF_03/2016","CHP","0,0040000",{"$f":"VLOOKUP(B134,'SINAPI NÃO DESONERADO'!G:L,5,0)","v":325.74},null,1.3,{"$nulls":7},0,{"$f":"Q134-#REF!","v":{"$error":"#REF!"}},{"$f":"F134-[73]Composições!E17410","v":{"$error":"#VALUE!"}},{"$f":"#REF!-S134","v":{"$error":"#REF!"}},20.100000000000001,-18.8]
["6.5.8",93288,"SINAPI/SERV.","GUINDASTE HIDRÁULICO AUTOPROPELIDO, COM LANÇA TELESCÓPICA 40 M, CAPACIDADE MÁXIMA 60 T, POTÊNCIA 260 KW - CHI DIURNO. AF_03/2016","CHI","0,0037000",{"$f":"VLOOKUP(B135,'SINAPI NÃO DESONERADO'!G:L,5,0)","v":162.12},null,0.6,{"$nulls":7},0,{"$f":"Q135-#REF!","v":{"$error":"#REF!"}},{"$f":"F135-[73]Composições!E17411","v":-0.12230000000000001},{"$f":"#REF!-S135","v":{"$error":"#REF!"}},20.100000000000001,-19.5]
["6.5.9",100716,"SINAPI/SERV.","JATEAMENTO ABRASIVO COM GRANALHA DE AÇO EM PERFIL METÁLICO EM FÁBRICA. AF_01/2020","M2","0,0358000",{"$f":"VLOOKUP(B136,'SINAPI NÃO DESONERADO'!G:L,5,0)","v":26.35},null,0.94,{"$nulls":7},0,{"$f":"Q136-#REF!","v":{"$error":"#REF!"}},{"$f":"F136-[73]Composições!E17412","v":-0.96419999999999995},{"$f":"#REF!-S136","v":{"$error":"#REF!"}},20.100000000000001,-19.16]
["6.5.10",100719,"SINAPI/SERV.","PINTURA COM TINTA ALQUÍDICA DE FUNDO (TIPO ZARCÃO) PULVERIZADA SOBRE PERFIL METÁLICO EXECUTADO EM FÁBRICA (POR DEMÃO). AF_01/2020_P","M2","0,0358000",{"$f":"VLOOKUP(B137,'SINAPI NÃO DESONERADO'!G:L,5,0)","v":8.7100000000000009},null,0.31,{"$nulls":7},0,{"$f":"Q137-#REF!","v":{"$error":"#REF!"}},{"$f":"F137-[73]Composições!E17413","v":3.4099999999999998E-2},{"$f":"#REF!-S137","v":{"$error":"#REF!"}},7.88,-7.57]
[null,null,null,"SUBTOTAL",{"$nulls":4},{"$f":"SUM(I128:I137)","v":15.06},{"$nulls":7},-15.06,{"$f":"Q138-#REF!","v":{"$error":"#REF!"}},0,{"$f":"#REF!-S138","v":{"$error":"#REF!"}},0,15.06]
[{"$nulls":16},0]
["Obs. Utilizou-se os índices de produtividades referentes ao item 100764 do SINAPI. ",{"$nulls":15},0]
[{"$nulls":16},0]
[{"$nulls":16},0]
[{"$nulls":16},0]
[{"$nulls":16},0]
["6.6","COMP. 09",{"$f":"$C$339","v":"COMP. PRÓPRIA 11° SR"},"VIGA METÁLICA EM PERFIL W 410 x 53, LAMINADO OU SOLDADO, EM AÇO ESTRUTURAL, COM CONEXÕES SOLDADAS, INCLUSOS MÃO DE OBRA, TRANSPORTE E IÇAMENTO UTILIZANDO GUINDASTE - FORNECIMENTO E INSTALAÇÃO. AF_01/2020_P",null,null,"KG",{"$nulls":9},{"$error":"#VALUE!"}]
["6.6.1",4777,"SINAPI/INS.","CANTONEIRA ACO ABAS IGUAIS (QUALQUER BITOLA), ESPESSURA ENTRE 1/8\" E 1/4\"","KG","0,0280000",{"$f":"VLOOKUP(B146,'SINAPI NÃO DESONERADO'!G:L,5,0)","v":10.43},null,{"$f":"+ROUND($F146*G146,2)","v":0.28999999999999998},{"$nulls":7},0,{"$f":"Q146-#REF!","v":{"$error":"#REF!"}},{"$f":"F146-[73]Composições!E17422","v":-4.02E-2},{"$f":"#REF!-S146","v":{"$error":"#REF!"}},7.88,{"$f":"I146-U146","v":-7.59}]
["6.6.2",10997,"SINAPI/INS.","ELETRODO REVESTIDO AWS - E7018, DIAMETRO IGUAL A 4,00 MM","KG","0,0015000",{"$f":"VLOOKUP(B147,'SINAPI NÃO DESONERADO'!G:L,5,0)","v":30},null,0.05,{"$nulls":7},0,{"$f":"Q147-#REF!","v":{"$error":"#REF!"}},{"$f":"F147-[73]Composições!E17423","v":-0.16830000000000001},{"$f":"#REF!-S147","v":{"$error":"#REF!"}},36.39,-36.340000000000003]
["6.6.3","PREÇO DE MERCADO","COTAÇÃO","PERFIL \"I\" DE ACO LAMINADO W 410 x  53 - REF A572 GR. 50","KG","1,0000000",{"$f":"'ORÇAMENTO AÇO LAMINADO'!H54","v":10.82},null,10.82,{"$nulls":7},0,{"$f":"Q148-#REF!","v":{"$error":"#REF!"}},{"$f":"F148-[73]Composições!E17424","v":0.23799999999999999},{"$f":"#REF!-S148","v":{"$error":"#REF!"}},20.100000000000001,-9.2799999999999994]
["6.6.4",88240,"SINAPI/SERV.","AJUDANTE DE ESTRUTURA METÁLICA COM ENCARGOS COMPLEMENTARES","H","0,0044000",{"$f":"VLOOKUP(B149,'SINAPI NÃO DESONERADO'!G:L,5,0)","v":15.09},null,7.0000000000000007E-2,{"$nulls":7},0,{"$f":"Q149-#REF!","v":{"$error":"#REF!"}},{"$f":"F149-[73]Composições!E17425","v":3.5999999999999999E-3},{"$f":"#REF!-S149","v":{"$error":"#REF!"}},20.100000000000001,-20.03]
["6.6.5",88278,"SINAPI/SERV.","MONTADOR DE ESTRUTURA METÁLICA COM ENCARGOS COMPLEMENTARES","H","0,0140000",{"$f":"VLOOKUP(B150,'SINAPI NÃO DESONERADO'!G:L,5,0)","v":16.809999999999999},null,0.24,{"$nulls":7},0,{"$f":"Q150-#REF!","v":{"$error":"#REF!"}},{"$f":"F150-[73]Composições!E17426","v":1.2200000000000001E-2},{"$f":"#REF!-S150","v":{"$error":"#REF!"}},7.88,-7.64]
["6.6.6",88317,"SINAPI/SERV.","SOLDADOR COM ENCARGOS COMPLEMENTARES","H","0,0181000",{"$f":"VLOOKUP(B151,'SINAPI NÃO DESONERADO'!G:L,5,0)","v":24.09},null,0.44,{"$nulls":7},0,{"$f":"Q151-#REF!","v":{"$error":"#REF!"}},{"$f":"F151-[73]Composições!E17427","v":1.3100000000000001E-2},{"$f":"#REF!-S151","v":{"$error":"#REF!"}},36.39,-35.950000000000003]
["6.6.7",93287,"SINAPI/SERV.","GUINDASTE HIDRÁULICO AUTOPROPELIDO, COM LANÇA TELESCÓPICA 40 M, CAPACIDADE MÁXIMA 60 T, POTÊNCIA 260 KW - CHP DIURNO. AF_03/2016","CHP","0,0040000",{"$f":"VLOOKUP(B152,'SINAPI NÃO DESONERADO'!G:L,5,0)","v":325.74},null,1.3,{"$nulls":7},0,{"$f":"Q152-#REF!","v":{"$error":"#REF!"}},{"$f":"F152-[73]Composições!E17428","v":-2.8E-3},{"$f":"#REF!-S152","v":{"$error":"#REF!"}},20.100000000000001,-18.8]
["6.6.8",93288,"SINAPI/SERV.","GUINDASTE HIDRÁULICO AUTOPROPELIDO, COM LANÇA TELESCÓPICA 40 M, CAPACIDADE MÁXIMA 60 T, POTÊNCIA 260 KW - CHI DIURNO. AF_03/2016","CHI","0,0037000",{"$f":"VLOOKUP(B153,'SINAPI NÃO DESONERADO'!G:L,5,0)","v":162.12},null,0.6,{"$nulls":7},0,{"$f":"Q153-#REF!","v":{"$error":"#REF!"}},{"$f":"F153-[73]Composições!E17429","v":2.3E-3},{"$f":"#REF!-S153","v":{"$error":"#REF!"}},20.100000000000001,-19.5]
["6.6.9",100716,"SINAPI/SERV.","JATEAMENTO ABRASIVO COM GRANALHA DE AÇO EM PERFIL METÁLICO EM FÁBRICA. AF_01/2020","M2","0,0358000",{"$f":"VLOOKUP(B154,'SINAPI NÃO DESONERADO'!G:L,5,0)","v":26.35},null,0.94,{"$nulls":7},0,{"$f":"Q154-#REF!","v":{"$error":"#REF!"}},{"$f":"F154-[73]Composições!E17430","v":3.4599999999999999E-2},{"$f":"#REF!-S154","v":{"$error":"#REF!"}},20.100000000000001,-19.16]
["6.6.10",100719,"SINAPI/SERV.","PINTURA COM TINTA ALQUÍDICA DE FUNDO (TIPO ZARCÃO) PULVERIZADA SOBRE PERFIL METÁLICO EXECUTADO EM FÁBRICA (POR DEMÃO). AF_01/2020_P","M2","0,0358000",{"$f":"VLOOKUP(B155,'SINAPI NÃO DESONERADO'!G:L,5,0)","v":8.7100000000000009},null,0.31,{"$nulls":7},0,{"$f":"Q155-#REF!","v":{"$error":"#REF!"}},{"$f":"F155-[73]Composições!E17431","v":-0.18609999999999999},{"$f":"#REF!-S155","v":{"$error":"#REF!"}},7.88,-7.57]
[null,null,null,"SUBTOTAL",{"$nulls":4},{"$f":"SUM(I146:I155)","v":15.06},{"$nulls":7},-15.06,{"$f":"Q156-#REF!","v":{"$error":"#REF!"}},0,{"$f":"#REF!-S156","v":{"$error":"#REF!"}},0,15.06]
[{"$nulls":16},0]
["Obs. Utilizou-se os índices de produtividades referentes ao item 100764 do SINAPI. ",{"$nulls":15},0]
[{"$nulls":16},0]
[{"$nulls":16},0]
[{"$nulls":16},0]
[{"$nulls":16},0]
["6.7","COMP. 10",{"$f":"$C$339","v":"COMP. PRÓPRIA 11° SR"},"VIGA METÁLICA EM PERFIL W 410 x 46.1, LAMINADO OU SOLDADO, EM AÇO ESTRUTURAL, COM CONEXÕES SOLDADAS, INCLUSOS MÃO DE OBRA, TRANSPORTE E IÇAMENTO UTILIZANDO GUINDASTE - FORNECIMENTO E INSTALAÇÃO. AF_01/2020_P",null,null,"KG",{"$nulls":9},{"$error":"#VALUE!"}]
["6.7.1",4777,"SINAPI/INS.","CANTONEIRA ACO ABAS IGUAIS (QUALQUER BITOLA), ESPESSURA ENTRE 1/8\" E 1/4\"","KG","0,0280000",{"$f":"VLOOKUP(B164,'SINAPI NÃO DESONERADO'!G:L,5,0)","v":10.43},null,{"$f":"+ROUND($F164*G164,2)","v":0.28999999999999998},{"$nulls":7},0,{"$f":"Q164-#REF!","v":{"$error":"#REF!"}},{"$f":"F164-[73]Composições!E17440","v":2.75E-2},{"$f":"#REF!-S164","v":{"$error":"#REF!"}},7.88,{"$f":"I164-U164","v":-7.59}]
["6.7.2",10997,"SINAPI/INS.","ELETRODO REVESTIDO AWS - E7018, DIAMETRO IGUAL A 4,00 MM","KG","0,0015000",{"$f":"VLOOKUP(B165,'SINAPI NÃO DESONERADO'!G:L,5,0)","v":30},null,0.05,{"$nulls":7},0,{"$f":"Q165-#REF!","v":{"$error":"#REF!"}},{"$f":"F165-[73]Composições!E17441","v":1.1000000000000001E-3},{"$f":"#REF!-S165","v":{"$error":"#REF!"}},36.39,-36.340000000000003]
["6.7.3","PREÇO DE MERCADO","COTAÇÃO","PERFIL \"I\" DE ACO LAMINADO W 410 x  46.1 - REF A572 GR. 50","KG","1,0000000",{"$f":"'ORÇAMENTO AÇO LAMINADO'!H62","v":10.82},null,10.82,{"$nulls":7},0,{"$f":"Q166-#REF!","v":{"$error":"#REF!"}},{"$f":"F166-[73]Composições!E17442","v":0.95389999999999997},{"$f":"#REF!-S166","v":{"$error":"#REF!"}},20.100000000000001,-9.2799999999999994]
["6.7.4",88240,"SINAPI/SERV.","AJUDANTE DE ESTRUTURA METÁLICA COM ENCARGOS COMPLEMENTARES","H","0,0044000",{"$f":"VLOOKUP(B167,'SINAPI NÃO DESONERADO'!G:L,5,0)","v":15.09},null,7.0000000000000007E-2,{"$nulls":7},0,{"$f":"Q167-#REF!","v":{"$error":"#REF!"}},{"$f":"F167-[73]Composições!E17443","v":-4.1700000000000001E-2},{"$f":"#REF!-S167","v":{"$error":"#REF!"}},20.100000000000001,-20.03]
["6.7.5",88278,"SINAPI/SERV.","MONTADOR DE ESTRUTURA METÁLICA COM ENCARGOS COMPLEMENTARES","H","0,0140000",{"$f":"VLOOKUP(B168,'SINAPI NÃO DESONERADO'!G:L,5,0)","v":16.809999999999999},null,0.24,{"$nulls":7},0,{"$f":"Q168-#REF!","v":{"$error":"#REF!"}},{"$f":"F168-[73]Composições!E17444","v":{"$error":"#VALUE!"}},{"$f":"#REF!-S168","v":{"$error":"#REF!"}},7.88,-7.64]
["6.7.6",88317,"SINAPI/SERV.","SOLDADOR COM ENCARGOS COMPLEMENTARES","H","0,0181000",{"$f":"VLOOKUP(B169,'SINAPI NÃO DESONERADO'!G:L,5,0)","v":24.09},null,0.44,{"$nulls":7},0,{"$f":"Q169-#REF!","v":{"$error":"#REF!"}},{"$f":"F169-[73]Composições!E17445","v":1.2200000000000001E-2},{"$f":"#REF!-S169","v":{"$error":"#REF!"}},36.39,-35.950000000000003]
["6.7.7",93287,"SINAPI/SERV.","GUINDASTE HIDRÁULICO AUTOPROPELIDO, COM LANÇA TELESCÓPICA 40 M, CAPACIDADE MÁXIMA 60 T, POTÊNCIA 260 KW - CHP DIURNO. AF_03/2016","CHP","0,0040000",{"$f":"VLOOKUP(B170,'SINAPI NÃO DESONERADO'!G:L,5,0)","v":325.74},null,1.3,{"$nulls":7},0,{"$f":"Q170-#REF!","v":{"$error":"#REF!"}},{"$f":"F170-[73]Composições!E17446","v":-0.46960000000000002},{"$f":"#REF!-S170","v":{"$error":"#REF!"}},20.100000000000001,-18.8]
["6.7.8",93288,"SINAPI/SERV.","GUINDASTE HIDRÁULICO AUTOPROPELIDO, COM LANÇA TELESCÓPICA 40 M, CAPACIDADE MÁXIMA 60 T, POTÊNCIA 260 KW - CHI DIURNO. AF_03/2016","CHI","0,0037000",{"$f":"VLOOKUP(B171,'SINAPI NÃO DESONERADO'!G:L,5,0)","v":162.12},null,0.6,{"$nulls":7},0,{"$f":"Q171-#REF!","v":{"$error":"#REF!"}},{"$f":"F171-[73]Composições!E17447","v":-0.5151},{"$f":"#REF!-S171","v":{"$error":"#REF!"}},20.100000000000001,-19.5]
["6.7.9",100716,"SINAPI/SERV.","JATEAMENTO ABRASIVO COM GRANALHA DE AÇO EM PERFIL METÁLICO EM FÁBRICA. AF_01/2020","M2","0,0358000",{"$f":"VLOOKUP(B172,'SINAPI NÃO DESONERADO'!G:L,5,0)","v":26.35},null,0.94,{"$nulls":7},0,{"$f":"Q172-#REF!","v":{"$error":"#REF!"}},{"$f":"F172-[73]Composições!E17448","v":3.4000000000000002E-2},{"$f":"#REF!-S172","v":{"$error":"#REF!"}},20.100000000000001,-19.16]
["6.7.10",100719,"SINAPI/SERV.","PINTURA COM TINTA ALQUÍDICA DE FUNDO (TIPO ZARCÃO) PULVERIZADA SOBRE PERFIL METÁLICO EXECUTADO EM FÁBRICA (POR DEMÃO). AF_01/2020_P","M2","0,0358000",{"$f":"VLOOKUP(B173,'SINAPI NÃO DESONERADO'!G:L,5,0)","v":8.7100000000000009},null,0.31,{"$nulls":7},0,{"$f":"Q173-#REF!","v":{"$error":"#REF!"}},{"$f":"F173-[73]Composições!E17449","v":3.5000000000000003E-2},{"$f":"#REF!-S173","v":{"$error":"#REF!"}},7.88,-7.57]
[null,null,null,"SUBTOTAL",{"$nulls":4},{"$f":"SUM(I164:I173)","v":15.06},{"$nulls":7},-15.06,{"$f":"Q174-#REF!","v":{"$error":"#REF!"}},0,{"$f":"#REF!-S174","v":{"$error":"#REF!"}},0,15.06]
[{"$nulls":16},0]
["Obs. Utilizou-se os índices de produtividades referentes ao item 100764 do SINAPI. ",{"$nulls":15},0]
[{"$nulls":16},0]
[{"$nulls":16},0]
[{"$nulls":16},0]
[{"$nulls":16},0]
["6.8","COMP. 11",{"$f":"$C$339","v":"COMP. PRÓPRIA 11° SR"},"VIGA METÁLICA EM PERFIL W 360 x 39, LAMINADO OU SOLDADO, EM AÇO ESTRUTURAL, COM CONEXÕES SOLDADAS, INCLUSOS MÃO DE OBRA, TRANSPORTE E IÇAMENTO UTILIZANDO GUINDASTE - FORNECIMENTO E INSTALAÇÃO. AF_01/2020_P",null,null,"KG",{"$nulls":9},{"$error":"#VALUE!"}]
["6.8.1",4777,"SINAPI/INS.","CANTONEIRA ACO ABAS IGUAIS (QUALQUER BITOLA), ESPESSURA ENTRE 1/8\" E 1/4\"","KG","0,0280000",{"$f":"VLOOKUP(B182,'SINAPI NÃO DESONERADO'!G:L,5,0)","v":10.43},null,{"$f":"+ROUND($F182*G182,2)","v":0.28999999999999998},{"$nulls":7},0,{"$f":"Q182-#REF!","v":{"$error":"#REF!"}},{"$f":"F182-[73]Composições!E17458","v":-0.14180000000000001},{"$f":"#REF!-S182","v":{"$error":"#REF!"}},7.88,{"$f":"I182-U182","v":-7.59}]
["6.8.2",10997,"SINAPI/INS.","ELETRODO REVESTIDO AWS - E7018, DIAMETRO IGUAL A 4,00 MM","KG","0,0015000",{"$f":"VLOOKUP(B183,'SINAPI NÃO DESONERADO'!G:L,5,0)","v":30},null,0.05,{"$nulls":7},0,{"$f":"Q183-#REF!","v":{"$error":"#REF!"}},{"$f":"F183-[73]Composições!E17459","v":-0.76049999999999995},{"$f":"#REF!-S183","v":{"$error":"#REF!"}},36.39,-36.340000000000003]
["6.8.3","PREÇO DE MERCADO","COTAÇÃO","PERFIL \"I\" DE ACO LAMINADO W 360 x  39 - REF A572 GR. 50","KG","1,0000000",{"$f":"'ORÇAMENTO AÇO LAMINADO'!H70","v":10.82},null,10.82,{"$nulls":7},0,{"$f":"Q184-#REF!","v":{"$error":"#REF!"}},{"$f":"F184-[73]Composições!E17460","v":0.98309999999999997},{"$f":"#REF!-S184","v":{"$error":"#REF!"}},20.100000000000001,-9.2799999999999994]
["6.8.4",88240,"SINAPI/SERV.","AJUDANTE DE ESTRUTURA METÁLICA COM ENCARGOS COMPLEMENTARES","H","0,0044000",{"$f":"VLOOKUP(B185,'SINAPI NÃO DESONERADO'!G:L,5,0)","v":15.09},null,7.0000000000000007E-2,{"$nulls":7},0,{"$f":"Q185-#REF!","v":{"$error":"#REF!"}},{"$f":"F185-[73]Composições!E17461","v":2.5000000000000001E-3},{"$f":"#REF!-S185","v":{"$error":"#REF!"}},20.100000000000001,-20.03]
["6.8.5",88278,"SINAPI/SERV.","MONTADOR DE ESTRUTURA METÁLICA COM ENCARGOS COMPLEMENTARES","H","0,0140000",{"$f":"VLOOKUP(B186,'SINAPI NÃO DESONERADO'!G:L,5,0)","v":16.809999999999999},null,0.24,{"$nulls":7},0,{"$f":"Q186-#REF!","v":{"$error":"#REF!"}},{"$f":"F186-[73]Composições!E17462","v":4.3E-3},{"$f":"#REF!-S186","v":{"$error":"#REF!"}},7.88,-7.64]
["6.8.6",88317,"SINAPI/SERV.","SOLDADOR COM ENCARGOS COMPLEMENTARES","H","0,0181000",{"$f":"VLOOKUP(B187,'SINAPI NÃO DESONERADO'!G:L,5,0)","v":24.09},null,0.44,{"$nulls":7},0,{"$f":"Q187-#REF!","v":{"$error":"#REF!"}},{"$f":"F187-[73]Composições!E17463","v":1.67E-2},{"$f":"#REF!-S187","v":{"$error":"#REF!"}},36.39,-35.950000000000003]
["6.8.7",93287,"SINAPI/SERV.","GUINDASTE HIDRÁULICO AUTOPROPELIDO, COM LANÇA TELESCÓPICA 40 M, CAPACIDADE MÁXIMA 60 T, POTÊNCIA 260 KW - CHP DIURNO. AF_03/2016","CHP","0,0040000",{"$f":"VLOOKUP(B188,'SINAPI NÃO DESONERADO'!G:L,5,0)","v":325.74},null,1.3,{"$nulls":7},0,{"$f":"Q188-#REF!","v":{"$error":"#REF!"}},{"$f":"F188-[73]Composições!E17464","v":2.8E-3},{"$f":"#REF!-S188","v":{"$error":"#REF!"}},20.100000000000001,-18.8]
["6.8.8",93288,"SINAPI/SERV.","GUINDASTE HIDRÁULICO AUTOPROPELIDO, COM LANÇA TELESCÓPICA 40 M, CAPACIDADE MÁXIMA 60 T, POTÊNCIA 260 KW - CHI DIURNO. AF_03/2016","CHI","0,0037000",{"$f":"VLOOKUP(B189,'SINAPI NÃO DESONERADO'!G:L,5,0)","v":162.12},null,0.6,{"$nulls":7},0,{"$f":"Q189-#REF!","v":{"$error":"#REF!"}},{"$f":"F189-[73]Composições!E17465","v":-0.21820000000000001},{"$f":"#REF!-S189","v":{"$error":"#REF!"}},20.100000000000001,-19.5]
["6.8.9",100716,"SINAPI/SERV.","JATEAMENTO ABRASIVO COM GRANALHA DE AÇO EM PERFIL METÁLICO EM FÁBRICA. AF_01/2020","M2","0,0358000",{"$f":"VLOOKUP(B190,'SINAPI NÃO DESONERADO'!G:L,5,0)","v":26.35},null,0.94,{"$nulls":7},0,{"$f":"Q190-#REF!","v":{"$error":"#REF!"}},{"$f":"F190-[73]Composições!E17466","v":-0.18609999999999999},{"$f":"#REF!-S190","v":{"$error":"#REF!"}},20.100000000000001,-19.16]
["6.8.10",100719,"SINAPI/SERV.","PINTURA COM TINTA ALQUÍDICA DE FUNDO (TIPO ZARCÃO) PULVERIZADA SOBRE PERFIL METÁLICO EXECUTADO EM FÁBRICA (POR DEMÃO). AF_01/2020_P","M2","0,0358000",{"$f":"VLOOKUP(B191,'SINAPI NÃO DESONERADO'!G:L,5,0)","v":8.7100000000000009},null,0.31,{"$nulls":7},0,{"$f":"Q191-#REF!","v":{"$error":"#REF!"}},{"$f":"F191-[73]Composições!E17467","v":{"$error":"#VALUE!"}},{"$f":"#REF!-S191","v":{"$error":"#REF!"}},7.88,-7.57]
[null,null,null,"SUBTOTAL",{"$nulls":4},{"$f":"SUM(I182:I191)","v":15.06},{"$nulls":7},-15.06,{"$f":"Q192-#REF!","v":{"$error":"#REF!"}},0,{"$f":"#REF!-S192","v":{"$error":"#REF!"}},0,15.06]
[{"$nulls":16},0]
["Obs. Utilizou-se os índices de produtividades referentes ao item 100764 do SINAPI. ",{"$nulls":15},{"$f":"+ROUND($F194*G194,2)-I194","v":0}]
[{"$nulls":16},0]
[{"$nulls":16},0]
[{"$nulls":16},0]
[{"$nulls":16},0]
["6.9","COMP. 12",{"$f":"$C$339","v":"COMP. PRÓPRIA 11° SR"},"VIGA METÁLICA EM PERFIL W 310 x 32,7, LAMINADO OU SOLDADO, EM AÇO ESTRUTURAL, COM CONEXÕES SOLDADAS, INCLUSOS MÃO DE OBRA, TRANSPORTE E IÇAMENTO UTILIZANDO GUINDASTE - FORNECIMENTO E INSTALAÇÃO. AF_01/2020_P",null,null,"KG",{"$nulls":9},{"$error":"#VALUE!"}]
["6.9.1",4777,"SINAPI/INS.","CANTONEIRA ACO ABAS IGUAIS (QUALQUER BITOLA), ESPESSURA ENTRE 1/8\" E 1/4\"","KG","0,0280000",{"$f":"VLOOKUP(B200,'SINAPI NÃO DESONERADO'!G:L,5,0)","v":10.43},null,{"$f":"+ROUND($F200*G200,2)","v":0.28999999999999998},{"$nulls":7},0,{"$f":"Q200-#REF!","v":{"$error":"#REF!"}},{"$f":"F200-[73]Composições!E17476","v":-1.8100000000000002E-2},{"$f":"#REF!-S200","v":{"$error":"#REF!"}},7.88,{"$f":"I200-U200","v":-7.59}]
["6.9.2",10997,"SINAPI/INS.","ELETRODO REVESTIDO AWS - E7018, DIAMETRO IGUAL A 4,00 MM","KG","0,0015000",{"$f":"VLOOKUP(B201,'SINAPI NÃO DESONERADO'!G:L,5,0)","v":30},null,0.05,{"$nulls":7},0,{"$f":"Q201-#REF!","v":{"$error":"#REF!"}},{"$f":"F201-[73]Composições!E17477","v":{"$error":"#VALUE!"}},{"$f":"#REF!-S201","v":{"$error":"#REF!"}},36.39,-36.340000000000003]
["6.9.3","PREÇO DE MERCADO","COTAÇÃO","PERFIL \"I\" DE ACO LAMINADO W 310 x  32.7 - REF A572 GR. 50","KG","1,0000000",{"$f":"'ORÇAMENTO AÇO LAMINADO'!H78","v":11.66},null,11.66,{"$nulls":7},0,{"$f":"Q202-#REF!","v":{"$error":"#REF!"}},{"$f":"F202-[73]Composições!E17478","v":0.997},{"$f":"#REF!-S202","v":{"$error":"#REF!"}},20.100000000000001,-8.44]
["6.9.4",88240,"SINAPI/SERV.","AJUDANTE DE ESTRUTURA METÁLICA COM ENCARGOS COMPLEMENTARES","H","0,0044000",{"$f":"VLOOKUP(B203,'SINAPI NÃO DESONERADO'!G:L,5,0)","v":15.09},null,7.0000000000000007E-2,{"$nulls":7},0,{"$f":"Q203-#REF!","v":{"$error":"#REF!"}},{"$f":"F203-[73]Composições!E17479","v":-1.5E-3},{"$f":"#REF!-S203","v":{"$error":"#REF!"}},20.100000000000001,-20.03]
["6.9.5",88278,"SINAPI/SERV.","MONTADOR DE ESTRUTURA METÁLICA COM ENCARGOS COMPLEMENTARES","H","0,0140000",{"$f":"VLOOKUP(B204,'SINAPI NÃO DESONERADO'!G:L,5,0)","v":16.809999999999999},null,0.24,{"$nulls":7},0,{"$f":"Q204-#REF!","v":{"$error":"#REF!"}},{"$f":"F204-[73]Composições!E17480","v":-0.42359999999999998},{"$f":"#REF!-S204","v":{"$error":"#REF!"}},7.88,-7.64]
["6.9.6",88317,"SINAPI/SERV.","SOLDADOR COM ENCARGOS COMPLEMENTARES","H","0,0181000",{"$f":"VLOOKUP(B205,'SINAPI NÃO DESONERADO'!G:L,5,0)","v":24.09},null,0.44,{"$nulls":7},0,{"$f":"Q205-#REF!","v":{"$error":"#REF!"}},{"$f":"F205-[73]Composições!E17481","v":-0.50070000000000003},{"$f":"#REF!-S205","v":{"$error":"#REF!"}},36.39,-35.950000000000003]
["6.9.7",93287,"SINAPI/SERV.","GUINDASTE HIDRÁULICO AUTOPROPELIDO, COM LANÇA TELESCÓPICA 40 M, CAPACIDADE MÁXIMA 60 T, POTÊNCIA 260 KW - CHP DIURNO. AF_03/2016","CHP","0,0040000",{"$f":"VLOOKUP(B206,'SINAPI NÃO DESONERADO'!G:L,5,0)","v":325.74},null,1.3,{"$nulls":7},0,{"$f":"Q206-#REF!","v":{"$error":"#REF!"}},{"$f":"F206-[73]Composições!E17482","v":3.0999999999999999E-3},{"$f":"#REF!-S206","v":{"$error":"#REF!"}},20.100000000000001,-18.8]
["6.9.8",93288,"SINAPI/SERV.","GUINDASTE HIDRÁULICO AUTOPROPELIDO, COM LANÇA TELESCÓPICA 40 M, CAPACIDADE MÁXIMA 60 T, POTÊNCIA 260 KW - CHI DIURNO. AF_03/2016","CHI","0,0037000",{"$f":"VLOOKUP(B207,'SINAPI NÃO DESONERADO'!G:L,5,0)","v":162.12},null,0.6,{"$nulls":7},0,{"$f":"Q207-#REF!","v":{"$error":"#REF!"}},{"$f":"F207-[73]Composições!E17483","v":-1.2999999999999999E-3},{"$f":"#REF!-S207","v":{"$error":"#REF!"}},20.100000000000001,-19.5]
["6.9.9",100716,"SINAPI/SERV.","JATEAMENTO ABRASIVO COM GRANALHA DE AÇO EM PERFIL METÁLICO EM FÁBRICA. AF_01/2020","M2","0,0358000",{"$f":"VLOOKUP(B208,'SINAPI NÃO DESONERADO'!G:L,5,0)","v":26.35},null,0.94,{"$nulls":7},0,{"$f":"Q208-#REF!","v":{"$error":"#REF!"}},{"$f":"F208-[73]Composições!E17484","v":3.5099999999999999E-2},{"$f":"#REF!-S208","v":{"$error":"#REF!"}},20.100000000000001,-19.16]
["6.9.10",100719,"SINAPI/SERV.","PINTURA COM TINTA ALQUÍDICA DE FUNDO (TIPO ZARCÃO) PULVERIZADA SOBRE PERFIL METÁLICO EXECUTADO EM FÁBRICA (POR DEMÃO). AF_01/2020_P","M2","0,0358000",{"$f":"VLOOKUP(B209,'SINAPI NÃO DESONERADO'!G:L,5,0)","v":8.7100000000000009},null,0.31,{"$nulls":7},0,{"$f":"Q209-#REF!","v":{"$error":"#REF!"}},{"$f":"F209-[73]Composições!E17485","v":3.5200000000000002E-2},{"$f":"#REF!-S209","v":{"$error":"#REF!"}},7.88,-7.57]
[null,null,null,"SUBTOTAL",{"$nulls":4},{"$f":"SUM(I200:I209)","v":15.9},{"$nulls":7},-15.9,{"$f":"Q210-#REF!","v":{"$error":"#REF!"}},0,{"$f":"#REF!-S210","v":{"$error":"#REF!"}},0,15.9]
[{"$nulls":16},0]
["Obs. Utilizou-se os índices de produtividades referentes ao item 100764 do SINAPI. ",{"$nulls":15},0]
[{"$nulls":16},0]
[{"$nulls":16},0]
[{"$nulls":16},0]
[{"$nulls":16},0]
["6.10","COMP. 13",{"$f":"$C$339","v":"COMP. PRÓPRIA 11° SR"},"PILAR METÁLICO PERFIL LAMINADO/SOLDADO, W 310 x 23.8, EM AÇO ESTRUTURAL, COM CONEXÕES PARAFUSADAS, INCLUSOS MÃO DE OBRA, TRANSPORTE E IÇAMENTO UTILIZANDO GUINDASTE - FORNECIMENTO E INSTALAÇÃO. AF_01/2020_P",null,null,"KG",{"$nulls":9},{"$error":"#VALUE!"}]
["6.10.1",4777,"SINAPI/INS.","PARAFUSO FRANCES M16 EM ACO GALVANIZADO, COMPRIMENTO = 45 MM, DIAMETRO = 16 MM, CABECA ABAULADA","UN","0,0510000",{"$f":"VLOOKUP(B218,'SINAPI NÃO DESONERADO'!G:L,5,0)","v":10.43},null,{"$f":"+ROUND($F218*G218,2)","v":0.53},{"$nulls":7},0,{"$f":"Q218-#REF!","v":{"$error":"#REF!"}},{"$f":"F218-[73]Composições!E17494","v":-0.21890000000000001},{"$f":"#REF!-S218","v":{"$error":"#REF!"}},7.88,{"$f":"I218-U218","v":-7.35}]
["6.10.2",10997,"SINAPI/INS.","CHAPA DE ACO GROSSA, ASTM A36, E = 1/2 \" (12,70 MM) 99,59 KG/M2","KG","0,0550000",{"$f":"VLOOKUP(B219,'SINAPI NÃO DESONERADO'!G:L,5,0)","v":30},null,1.65,{"$nulls":7},0,{"$f":"Q219-#REF!","v":{"$error":"#REF!"}},{"$f":"F219-[73]Composições!E17495","v":7.0000000000000001E-3},{"$f":"#REF!-S219","v":{"$error":"#REF!"}},36.39,-34.74]
["6.10.3","PREÇO DE MERCADO","COTAÇÃO","PERFIL \"I\" DE ACO LAMINADO, \"W\" 310 X 23.8, REF A572 GR. 50","KG","1,0000000",{"$f":"'ORÇAMENTO AÇO LAMINADO'!H86","v":11.22},null,11.22,{"$nulls":7},0,{"$f":"Q220-#REF!","v":{"$error":"#REF!"}},{"$f":"F220-[73]Composições!E17496","v":0.15870000000000001},{"$f":"#REF!-S220","v":{"$error":"#REF!"}},20.100000000000001,-8.8800000000000008]
["6.10.4",88240,"SINAPI/SERV.","AJUDANTE DE ESTRUTURA METÁLICA COM ENCARGOS COMPLEMENTARES","H","0,0015000",{"$f":"VLOOKUP(B221,'SINAPI NÃO DESONERADO'!G:L,5,0)","v":15.09},null,0.02,{"$nulls":7},0,{"$f":"Q221-#REF!","v":{"$error":"#REF!"}},{"$f":"F221-[73]Composições!E17497","v":-0.69540000000000002},{"$f":"#REF!-S221","v":{"$error":"#REF!"}},20.100000000000001,-20.079999999999998]
["6.10.5",88278,"SINAPI/SERV.","MONTADOR DE ESTRUTURA METÁLICA COM ENCARGOS COMPLEMENTARES","H","0,0150000",{"$f":"VLOOKUP(B222,'SINAPI NÃO DESONERADO'!G:L,5,0)","v":16.809999999999999},null,0.25,{"$nulls":7},0,{"$f":"Q222-#REF!","v":{"$error":"#REF!"}},{"$f":"F222-[73]Composições!E17498","v":-2.1600000000000001E-2},{"$f":"#REF!-S222","v":{"$error":"#REF!"}},7.88,-7.63]
["6.10.6",88317,"SINAPI/SERV.","GUINDASTE HIDRÁULICO AUTOPROPELIDO, COM LANÇA TELESCÓPICA 40 M, CAPACIDADE MÁXIMA 60 T, POTÊNCIA 260 KW - CHP DIURNO. AF_03/2016","CHP","0,0016000",{"$f":"VLOOKUP(B223,'SINAPI NÃO DESONERADO'!G:L,5,0)","v":24.09},null,0.04,{"$nulls":7},0,{"$f":"Q223-#REF!","v":{"$error":"#REF!"}},{"$f":"F223-[73]Composições!E17499","v":-0.14560000000000001},{"$f":"#REF!-S223","v":{"$error":"#REF!"}},36.39,-36.35]
["6.10.7",93287,"SINAPI/SERV.","GUINDASTE HIDRÁULICO AUTOPROPELIDO, COM LANÇA TELESCÓPICA 40 M, CAPACIDADE MÁXIMA 60 T, POTÊNCIA 260 KW - CHI DIURNO. AF_03/2016","CHI","0,0015000",{"$f":"VLOOKUP(B224,'SINAPI NÃO DESONERADO'!G:L,5,0)","v":325.74},null,0.49,{"$nulls":7},0,{"$f":"Q224-#REF!","v":{"$error":"#REF!"}},{"$f":"F224-[73]Composições!E17500","v":{"$error":"#VALUE!"}},{"$f":"#REF!-S224","v":{"$error":"#REF!"}},20.100000000000001,-19.61]
["6.10.8",93288,"SINAPI/SERV.","JATEAMENTO ABRASIVO COM GRANALHA DE AÇO EM PERFIL METÁLICO EM FÁBRICA. AF_01/2020","M2","0,0227000",{"$f":"VLOOKUP(B225,'SINAPI NÃO DESONERADO'!G:L,5,0)","v":162.12},null,3.68,{"$nulls":7},0,{"$f":"Q225-#REF!","v":{"$error":"#REF!"}},{"$f":"F225-[73]Composições!E17501","v":6.0000000000000001E-3},{"$f":"#REF!-S225","v":{"$error":"#REF!"}},20.100000000000001,-16.420000000000002]
["6.10.9",100716,"SINAPI/SERV.","PINTURA COM TINTA ALQUÍDICA DE FUNDO (TIPO ZARCÃO) PULVERIZADA SOBRE PERFIL METÁLICO EXECUTADO EM FÁBRICA (POR DEMÃO). AF_01/2020_P","M2","0,0227000",{"$f":"VLOOKUP(B226,'SINAPI NÃO DESONERADO'!G:L,5,0)","v":26.35},null,0.6,{"$nulls":7},0,{"$f":"Q226-#REF!","v":{"$error":"#REF!"}},{"$f":"F226-[73]Composições!E17502","v":-0.67689999999999995},{"$f":"#REF!-S226","v":{"$error":"#REF!"}},20.100000000000001,-19.5]
[null,null,null,"SUBTOTAL",{"$nulls":4},{"$f":"SUM(I218:I226)","v":18.48},{"$nulls":7},{"$f":"+ROUND($F227*G227,2)-I227","v":-18.48},{"$f":"Q227-#REF!","v":{"$error":"#REF!"}},0,{"$f":"#REF!-S227","v":{"$error":"#REF!"}},0,18.48]
[{"$nulls":16},0]
["Obs. Utilizou-se os índices de produtividades referentes ao item 100765 do SINAPI. ",{"$nulls":15},0]
[{"$nulls":16},0]
[{"$nulls":16},0]
[{"$nulls":16},0]
[{"$nulls":16},0]
["6.11","COMP. 14",{"$f":"$C$339","v":"COMP. PRÓPRIA 11° SR"},"VIGA METÁLICA EM PERFIL W 250 x80, LAMINADO OU SOLDADO, EM AÇO ESTRUTURAL, COM CONEXÕES SOLDADAS, INCLUSOS MÃO DE OBRA, TRANSPORTE E IÇAMENTO UTILIZANDO GUINDASTE - FORNECIMENTO E INSTALAÇÃO. AF_01/2020_P",null,null,"KG",{"$nulls":9},{"$error":"#VALUE!"}]
["6.11.1",4777,"SINAPI/INS.","CANTONEIRA ACO ABAS IGUAIS (QUALQUER BITOLA), ESPESSURA ENTRE 1/8\" E 1/4\"","KG","0,0280000",{"$f":"VLOOKUP(B235,'SINAPI NÃO DESONERADO'!G:L,5,0)","v":10.43},null,{"$f":"+ROUND($F235*G235,2)","v":0.28999999999999998},{"$nulls":7},0,{"$f":"Q235-#REF!","v":{"$error":"#REF!"}},{"$f":"F235-[73]Composições!E17511","v":3.0000000000000001E-3},{"$f":"#REF!-S235","v":{"$error":"#REF!"}},7.88,{"$f":"I235-U235","v":-7.59}]
["6.11.2",10997,"SINAPI/INS.","ELETRODO REVESTIDO AWS - E7018, DIAMETRO IGUAL A 4,00 MM","KG","0,0015000",{"$f":"VLOOKUP(B236,'SINAPI NÃO DESONERADO'!G:L,5,0)","v":30},null,0.05,{"$nulls":7},0,{"$f":"Q236-#REF!","v":{"$error":"#REF!"}},{"$f":"F236-[73]Composições!E17512","v":-7.1599999999999997E-2},{"$f":"#REF!-S236","v":{"$error":"#REF!"}},36.39,-36.340000000000003]
["6.11.3","PREÇO DE MERCADO","COTAÇÃO","PERFIL \"I\" DE ACO LAMINADO W 250 x  80 - REF A572 GR. 50","KG","1,0000000",{"$f":"'ORÇAMENTO AÇO LAMINADO'!H94","v":10.82},null,10.82,{"$nulls":7},0,{"$f":"Q237-#REF!","v":{"$error":"#REF!"}},{"$f":"F237-[73]Composições!E17513","v":0.85389999999999999},{"$f":"#REF!-S237","v":{"$error":"#REF!"}},20.100000000000001,-9.2799999999999994]
["6.11.4",88240,"SINAPI/SERV.","AJUDANTE DE ESTRUTURA METÁLICA COM ENCARGOS COMPLEMENTARES","H","0,0044000",{"$f":"VLOOKUP(B238,'SINAPI NÃO DESONERADO'!G:L,5,0)","v":15.09},null,7.0000000000000007E-2,{"$nulls":7},0,{"$f":"Q238-#REF!","v":{"$error":"#REF!"}},{"$f":"F238-[73]Composições!E17514","v":-0.99560000000000004},{"$f":"#REF!-S238","v":{"$error":"#REF!"}},20.100000000000001,-20.03]
["6.11.5",88278,"SINAPI/SERV.","MONTADOR DE ESTRUTURA METÁLICA COM ENCARGOS COMPLEMENTARES","H","0,0140000",{"$f":"VLOOKUP(B239,'SINAPI NÃO DESONERADO'!G:L,5,0)","v":16.809999999999999},null,0.24,{"$nulls":7},0,{"$f":"Q239-#REF!","v":{"$error":"#REF!"}},{"$f":"F239-[73]Composições!E17515","v":{"$error":"#VALUE!"}},{"$f":"#REF!-S239","v":{"$error":"#REF!"}},7.88,-7.64]
["6.11.6",88317,"SINAPI/SERV.","SOLDADOR COM ENCARGOS COMPLEMENTARES","H","0,0181000",{"$f":"VLOOKUP(B240,'SINAPI NÃO DESONERADO'!G:L,5,0)","v":24.09},null,0.44,{"$nulls":7},0,{"$f":"Q240-#REF!","v":{"$error":"#REF!"}},{"$f":"F240-[73]Composições!E17516","v":-1.0849},{"$f":"#REF!-S240","v":{"$error":"#REF!"}},36.39,-35.950000000000003]
["6.11.7",93287,"SINAPI/SERV.","GUINDASTE HIDRÁULICO AUTOPROPELIDO, COM LANÇA TELESCÓPICA 40 M, CAPACIDADE MÁXIMA 60 T, POTÊNCIA 260 KW - CHP DIURNO. AF_03/2016","CHP","0,0040000",{"$f":"VLOOKUP(B241,'SINAPI NÃO DESONERADO'!G:L,5,0)","v":325.74},null,1.3,{"$nulls":7},0,{"$f":"Q241-#REF!","v":{"$error":"#REF!"}},{"$f":"F241-[73]Composições!E17517","v":-0.88870000000000005},{"$f":"#REF!-S241","v":{"$error":"#REF!"}},20.100000000000001,-18.8]
["6.11.8",93288,"SINAPI/SERV.","GUINDASTE HIDRÁULICO AUTOPROPELIDO, COM LANÇA TELESCÓPICA 40 M, CAPACIDADE MÁXIMA 60 T, POTÊNCIA 260 KW - CHI DIURNO. AF_03/2016","CHI","0,0037000",{"$f":"VLOOKUP(B242,'SINAPI NÃO DESONERADO'!G:L,5,0)","v":162.12},null,0.6,{"$nulls":7},0,{"$f":"Q242-#REF!","v":{"$error":"#REF!"}},{"$f":"F242-[73]Composições!E17518","v":-1.7817000000000001},{"$f":"#REF!-S242","v":{"$error":"#REF!"}},20.100000000000001,-19.5]
["6.11.9",100716,"SINAPI/SERV.","JATEAMENTO ABRASIVO COM GRANALHA DE AÇO EM PERFIL METÁLICO EM FÁBRICA. AF_01/2020","M2","0,0358000",{"$f":"VLOOKUP(B243,'SINAPI NÃO DESONERADO'!G:L,5,0)","v":26.35},null,0.94,{"$nulls":7},0,{"$f":"Q243-#REF!","v":{"$error":"#REF!"}},{"$f":"F243-[73]Composições!E17519","v":-7.0400000000000004E-2},{"$f":"#REF!-S243","v":{"$error":"#REF!"}},20.100000000000001,-19.16]
["6.11.10",100719,"SINAPI/SERV.","PINTURA COM TINTA ALQUÍDICA DE FUNDO (TIPO ZARCÃO) PULVERIZADA SOBRE PERFIL METÁLICO EXECUTADO EM FÁBRICA (POR DEMÃO). AF_01/2020_P","M2","0,0358000",{"$f":"VLOOKUP(B244,'SINAPI NÃO DESONERADO'!G:L,5,0)","v":8.7100000000000009},null,0.31,{"$nulls":7},0,{"$f":"Q244-#REF!","v":{"$error":"#REF!"}},{"$f":"F244-[73]Composições!E17520","v":-0.15659999999999999},{"$f":"#REF!-S244","v":{"$error":"#REF!"}},7.88,-7.57]
[null,null,null,"SUBTOTAL",{"$nulls":4},{"$f":"SUM(I235:I244)","v":15.06},{"$nulls":7},-15.06,{"$f":"Q245-#REF!","v":{"$error":"#REF!"}},0,{"$f":"#REF!-S245","v":{"$error":"#REF!"}},0,15.06]
[{"$nulls":16},0]
["Obs. Utilizou-se os índices de produtividades referentes ao item 100764 do SINAPI. ",{"$nulls":15},0]
[{"$nulls":16},0]
[{"$nulls":16},0]
[{"$nulls":16},0]
[{"$nulls":16},0]
["6.12","COMP. 15",{"$f":"$C$339","v":"COMP. PRÓPRIA 11° SR"},"VIGA METÁLICA EM PERFIL W 250 x22.3, LAMINADO OU SOLDADO, EM AÇO ESTRUTURAL, COM CONEXÕES SOLDADAS, INCLUSOS MÃO DE OBRA, TRANSPORTE E IÇAMENTO UTILIZANDO GUINDASTE - FORNECIMENTO E INSTALAÇÃO. AF_01/2020_P",null,null,"KG",{"$nulls":9},{"$error":"#VALUE!"}]
["6.12.1",4777,"SINAPI/INS.","CANTONEIRA ACO ABAS IGUAIS (QUALQUER BITOLA), ESPESSURA ENTRE 1/8\" E 1/4\"","KG","0,0280000",{"$f":"VLOOKUP(B253,'SINAPI NÃO DESONERADO'!G:L,5,0)","v":10.43},null,{"$f":"+ROUND($F253*G253,2)","v":0.28999999999999998},{"$nulls":7},0,{"$f":"Q253-#REF!","v":{"$error":"#REF!"}},{"$f":"F253-[73]Composições!E17529","v":-3.0741000000000001},{"$f":"#REF!-S253","v":{"$error":"#REF!"}},7.88,{"$f":"I253-U253","v":-7.59}]
["6.12.2",10997,"SINAPI/INS.","ELETRODO REVESTIDO AWS - E7018, DIAMETRO IGUAL A 4,00 MM","KG","0,0015000",{"$f":"VLOOKUP(B254,'SINAPI NÃO DESONERADO'!G:L,5,0)","v":30},null,0.05,{"$nulls":7},0,{"$f":"Q254-#REF!","v":{"$error":"#REF!"}},{"$f":"F254-[73]Composições!E17530","v":-0.43969999999999998},{"$f":"#REF!-S254","v":{"$error":"#REF!"}},36.39,-36.340000000000003]
["6.12.3","PREÇO DE MERCADO","COTAÇÃO","PERFIL \"I\" DE ACO LAMINADO W 250 x  22.3 - REF A572 GR. 50","KG","1,0000000",{"$f":"'ORÇAMENTO AÇO LAMINADO'!H102","v":11.83},null,11.83,{"$nulls":7},0,{"$f":"Q255-#REF!","v":{"$error":"#REF!"}},{"$f":"F255-[73]Composições!E17531","v":{"$error":"#VALUE!"}},{"$f":"#REF!-S255","v":{"$error":"#REF!"}},20.100000000000001,-8.27]
["6.12.4",88240,"SINAPI/SERV.","AJUDANTE DE ESTRUTURA METÁLICA COM ENCARGOS COMPLEMENTARES","H","0,0044000",{"$f":"VLOOKUP(B256,'SINAPI NÃO DESONERADO'!G:L,5,0)","v":15.09},null,7.0000000000000007E-2,{"$nulls":7},0,{"$f":"Q256-#REF!","v":{"$error":"#REF!"}},{"$f":"F256-[73]Composições!E17532","v":-1.8378000000000001},{"$f":"#REF!-S256","v":{"$error":"#REF!"}},20.100000000000001,-20.03]
["6.12.5",88278,"SINAPI/SERV.","MONTADOR DE ESTRUTURA METÁLICA COM ENCARGOS COMPLEMENTARES","H","0,0140000",{"$f":"VLOOKUP(B257,'SINAPI NÃO DESONERADO'!G:L,5,0)","v":16.809999999999999},null,0.24,{"$nulls":7},0,{"$f":"Q257-#REF!","v":{"$error":"#REF!"}},{"$f":"F257-[73]Composições!E17533","v":-3.6703999999999999},{"$f":"#REF!-S257","v":{"$error":"#REF!"}},7.88,-7.64]
["6.12.6",88317,"SINAPI/SERV.","SOLDADOR COM ENCARGOS COMPLEMENTARES","H","0,0181000",{"$f":"VLOOKUP(B258,'SINAPI NÃO DESONERADO'!G:L,5,0)","v":24.09},null,0.44,{"$nulls":7},0,{"$f":"Q258-#REF!","v":{"$error":"#REF!"}},{"$f":"F258-[73]Composições!E17534","v":-0.42099999999999999},{"$f":"#REF!-S258","v":{"$error":"#REF!"}},36.39,-35.950000000000003]
["6.12.7",93287,"SINAPI/SERV.","GUINDASTE HIDRÁULICO AUTOPROPELIDO, COM LANÇA TELESCÓPICA 40 M, CAPACIDADE MÁXIMA 60 T, POTÊNCIA 260 KW - CHP DIURNO. AF_03/2016","CHP","0,0040000",{"$f":"VLOOKUP(B259,'SINAPI NÃO DESONERADO'!G:L,5,0)","v":325.74},null,1.3,{"$nulls":7},0,{"$f":"Q259-#REF!","v":{"$error":"#REF!"}},{"$f":"F259-[73]Composições!E17535","v":-0.79149999999999998},{"$f":"#REF!-S259","v":{"$error":"#REF!"}},20.100000000000001,-18.8]
["6.12.8",93288,"SINAPI/SERV.","GUINDASTE HIDRÁULICO AUTOPROPELIDO, COM LANÇA TELESCÓPICA 40 M, CAPACIDADE MÁXIMA 60 T, POTÊNCIA 260 KW - CHI DIURNO. AF_03/2016","CHI","0,0037000",{"$f":"VLOOKUP(B260,'SINAPI NÃO DESONERADO'!G:L,5,0)","v":162.12},null,0.6,{"$nulls":7},0,{"$f":"Q260-#REF!","v":{"$error":"#REF!"}},{"$f":"F260-[73]Composições!E17536","v":-1.0992999999999999},{"$f":"#REF!-S260","v":{"$error":"#REF!"}},20.100000000000001,-19.5]
["6.12.9",100716,"SINAPI/SERV.","JATEAMENTO ABRASIVO COM GRANALHA DE AÇO EM PERFIL METÁLICO EM FÁBRICA. AF_01/2020","M2","0,0358000",{"$f":"VLOOKUP(B261,'SINAPI NÃO DESONERADO'!G:L,5,0)","v":26.35},null,0.94,{"$nulls":7},0,{"$f":"Q261-#REF!","v":{"$error":"#REF!"}},{"$f":"F261-[73]Composições!E17537","v":{"$error":"#VALUE!"}},{"$f":"#REF!-S261","v":{"$error":"#REF!"}},20.100000000000001,-19.16]
["6.12.10",100719,"SINAPI/SERV.","PINTURA COM TINTA ALQUÍDICA DE FUNDO (TIPO ZARCÃO) PULVERIZADA SOBRE PERFIL METÁLICO EXECUTADO EM FÁBRICA (POR DEMÃO). AF_01/2020_P","M2","0,0358000",{"$f":"VLOOKUP(B262,'SINAPI NÃO DESONERADO'!G:L,5,0)","v":8.7100000000000009},null,0.31,{"$nulls":7},0,{"$f":"Q262-#REF!","v":{"$error":"#REF!"}},{"$f":"F262-[73]Composições!E17538","v":-0.3992},{"$f":"#REF!-S262","v":{"$error":"#REF!"}},7.88,-7.57]
[null,null,null,"SUBTOTAL",{"$nulls":4},{"$f":"SUM(I253:I262)","v":16.07},{"$nulls":7},-16.07,{"$f":"Q263-#REF!","v":{"$error":"#REF!"}},0,{"$f":"#REF!-S263","v":{"$error":"#REF!"}},0,16.07]
[{"$nulls":16},0]
["Obs. Utilizou-se os índices de produtividades referentes ao item 100764 do SINAPI. ",{"$nulls":15},0]
[{"$nulls":16},0]
[{"$nulls":16},0]
[{"$nulls":16},0]
[{"$nulls":16},0]
["6.13","COMP. 16",{"$f":"$C$339","v":"COMP. PRÓPRIA 11° SR"},"PILAR METÁLICO PERFIL LAMINADO/SOLDADO, W 200 x 19.3 EM AÇO ESTRUTURAL, COM CONEXÕES PARAFUSADAS, INCLUSOS MÃO DE OBRA, TRANSPORTE E IÇAMENTO UTILIZANDO GUINDASTE - FORNECIMENTO E INSTALAÇÃO. AF_01/2020_P",null,null,"KG",{"$nulls":9},{"$error":"#VALUE!"}]
["6.13.1",4777,"SINAPI/INS.","PARAFUSO FRANCES M16 EM ACO GALVANIZADO, COMPRIMENTO = 45 MM, DIAMETRO = 16 MM, CABECA ABAULADA","UN","0,0510000",{"$f":"VLOOKUP(B271,'SINAPI NÃO DESONERADO'!G:L,5,0)","v":10.43},null,{"$f":"+ROUND($F271*G271,2)","v":0.53},{"$nulls":7},0,{"$f":"Q271-#REF!","v":{"$error":"#REF!"}},{"$f":"F271-[73]Composições!E17547","v":{"$error":"#VALUE!"}},{"$f":"#REF!-S271","v":{"$error":"#REF!"}},7.88,{"$f":"I271-U271","v":-7.35}]
["6.13.2",10997,"SINAPI/INS.","CHAPA DE ACO GROSSA, ASTM A36, E = 1/2 \" (12,70 MM) 99,59 KG/M2","KG","0,0550000",{"$f":"VLOOKUP(B272,'SINAPI NÃO DESONERADO'!G:L,5,0)","v":30},null,1.65,{"$nulls":7},0,{"$f":"Q272-#REF!","v":{"$error":"#REF!"}},{"$f":"F272-[73]Composições!E17548","v":-0.94499999999999995},{"$f":"#REF!-S272","v":{"$error":"#REF!"}},36.39,-34.74]
["6.13.3","PREÇO DE MERCADO","COTAÇÃO","PERFIL \"I\" DE ACO LAMINADO, \"W\" 200 X 19.3, REF A572 GR. 50","KG","1,0000000",{"$f":"'ORÇAMENTO AÇO LAMINADO'!H110","v":11.98},null,11.98,{"$nulls":7},0,{"$f":"Q273-#REF!","v":{"$error":"#REF!"}},{"$f":"F273-[73]Composições!E17549","v":{"$error":"#VALUE!"}},{"$f":"#REF!-S273","v":{"$error":"#REF!"}},20.100000000000001,-8.1199999999999992]
["6.13.4",88240,"SINAPI/SERV.","AJUDANTE DE ESTRUTURA METÁLICA COM ENCARGOS COMPLEMENTARES","H","0,0015000",{"$f":"VLOOKUP(B274,'SINAPI NÃO DESONERADO'!G:L,5,0)","v":15.09},null,0.02,{"$nulls":7},0,{"$f":"Q274-#REF!","v":{"$error":"#REF!"}},{"$f":"F274-[73]Composições!E17550","v":-9.9995999999999992},{"$f":"#REF!-S274","v":{"$error":"#REF!"}},20.100000000000001,-20.079999999999998]
["6.13.5",88278,"SINAPI/SERV.","MONTADOR DE ESTRUTURA METÁLICA COM ENCARGOS COMPLEMENTARES","H","0,0150000",{"$f":"VLOOKUP(B275,'SINAPI NÃO DESONERADO'!G:L,5,0)","v":16.809999999999999},null,0.25,{"$nulls":7},0,{"$f":"Q275-#REF!","v":{"$error":"#REF!"}},{"$f":"F275-[73]Composições!E17551","v":-0.98499999999999999},{"$f":"#REF!-S275","v":{"$error":"#REF!"}},7.88,-7.63]
["6.13.6",88317,"SINAPI/SERV.","GUINDASTE HIDRÁULICO AUTOPROPELIDO, COM LANÇA TELESCÓPICA 40 M, CAPACIDADE MÁXIMA 60 T, POTÊNCIA 260 KW - CHP DIURNO. AF_03/2016","CHP","0,0016000",{"$f":"VLOOKUP(B276,'SINAPI NÃO DESONERADO'!G:L,5,0)","v":24.09},null,0.04,{"$nulls":7},0,{"$f":"Q276-#REF!","v":{"$error":"#REF!"}},{"$f":"F276-[73]Composições!E17552","v":{"$error":"#VALUE!"}},{"$f":"#REF!-S276","v":{"$error":"#REF!"}},36.39,-36.35]
["6.13.7",93287,"SINAPI/SERV.","GUINDASTE HIDRÁULICO AUTOPROPELIDO, COM LANÇA TELESCÓPICA 40 M, CAPACIDADE MÁXIMA 60 T, POTÊNCIA 260 KW - CHI DIURNO. AF_03/2016","CHI","0,0015000",{"$f":"VLOOKUP(B277,'SINAPI NÃO DESONERADO'!G:L,5,0)","v":325.74},null,0.49,{"$nulls":7},0,{"$f":"Q277-#REF!","v":{"$error":"#REF!"}},{"$f":"F277-[73]Composições!E17553","v":-4.1219999999999999},{"$f":"#REF!-S277","v":{"$error":"#REF!"}},20.100000000000001,-19.61]
["6.13.8",93288,"SINAPI/SERV.","JATEAMENTO ABRASIVO COM GRANALHA DE AÇO EM PERFIL METÁLICO EM FÁBRICA. AF_01/2020","M2","0,0227000",{"$f":"VLOOKUP(B278,'SINAPI NÃO DESONERADO'!G:L,5,0)","v":162.12},null,3.68,{"$nulls":7},0,{"$f":"Q278-#REF!","v":{"$error":"#REF!"}},{"$f":"F278-[73]Composições!E17554","v":-0.51600000000000001},{"$f":"#REF!-S278","v":{"$error":"#REF!"}},20.100000000000001,-16.420000000000002]
["6.13.9",100716,"SINAPI/SERV.","PINTURA COM TINTA ALQUÍDICA DE FUNDO (TIPO ZARCÃO) PULVERIZADA SOBRE PERFIL METÁLICO EXECUTADO EM FÁBRICA (POR DEMÃO). AF_01/2020_P","M2","0,0227000",{"$f":"VLOOKUP(B279,'SINAPI NÃO DESONERADO'!G:L,5,0)","v":26.35},null,0.6,{"$nulls":7},0,{"$f":"Q279-#REF!","v":{"$error":"#REF!"}},{"$f":"F279-[73]Composições!E17555","v":-0.43859999999999999},{"$f":"#REF!-S279","v":{"$error":"#REF!"}},20.100000000000001,-19.5]
[null,null,null,"SUBTOTAL",{"$nulls":4},{"$f":"SUM(I271:I279)","v":19.239999999999998},{"$nulls":7},-19.239999999999998,{"$f":"Q280-#REF!","v":{"$error":"#REF!"}},0,{"$f":"#REF!-S280","v":{"$error":"#REF!"}},0,19.239999999999998]
[{"$nulls":16},0]
["Obs. Utilizou-se os índices de produtividades referentes ao item 100765 do SINAPI. ",{"$nulls":15},0]
[{"$nulls":16},0]
[{"$nulls":16},0]
[{"$nulls":16},0]
[{"$nulls":16},0]
["6.14","COMP. 17",{"$f":"$C$339","v":"COMP. PRÓPRIA 11° SR"},"VIGA METÁLICA EM PERFIL W 150 x24, LAMINADO OU SOLDADO, EM AÇO ESTRUTURAL, COM CONEXÕES SOLDADAS, INCLUSOS MÃO DE OBRA, TRANSPORTE E IÇAMENTO UTILIZANDO GUINDASTE - FORNECIMENTO E INSTALAÇÃO. AF_01/2020_P",null,null,"KG",{"$nulls":9},{"$error":"#VALUE!"}]
["6.14.1",4777,"SINAPI/INS.","CANTONEIRA ACO ABAS IGUAIS (QUALQUER BITOLA), ESPESSURA ENTRE 1/8\" E 1/4\"","KG","0,0280000",{"$f":"VLOOKUP(B288,'SINAPI NÃO DESONERADO'!G:L,5,0)","v":10.43},null,{"$f":"+ROUND($F288*G288,2)","v":0.28999999999999998},{"$nulls":7},0,{"$f":"Q288-#REF!","v":{"$error":"#REF!"}},{"$f":"F288-[73]Composições!E17564","v":{"$error":"#VALUE!"}},{"$f":"#REF!-S288","v":{"$error":"#REF!"}},7.88,{"$f":"I288-U288","v":-7.59}]
["6.14.2",10997,"SINAPI/INS.","ELETRODO REVESTIDO AWS - E7018, DIAMETRO IGUAL A 4,00 MM","KG","0,0015000",{"$f":"VLOOKUP(B289,'SINAPI NÃO DESONERADO'!G:L,5,0)","v":30},null,0.05,{"$nulls":7},0,{"$f":"Q289-#REF!","v":{"$error":"#REF!"}},{"$f":"F289-[73]Composições!E17565","v":-0.77090000000000003},{"$f":"#REF!-S289","v":{"$error":"#REF!"}},36.39,-36.340000000000003]
["6.14.3","PREÇO DE MERCADO","COTAÇÃO","PERFIL \"I\" DE ACO LAMINADO W 150 x  24 - REF A572 GR. 50","KG","1,0000000",{"$f":"'ORÇAMENTO AÇO LAMINADO'!H118","v":11.66},null,11.66,{"$nulls":7},0,{"$f":"Q290-#REF!","v":{"$error":"#REF!"}},{"$f":"F290-[73]Composições!E17566","v":-6.5034000000000001},{"$f":"#REF!-S290","v":{"$error":"#REF!"}},20.100000000000001,-8.44]
["6.14.4",88240,"SINAPI/SERV.","AJUDANTE DE ESTRUTURA METÁLICA COM ENCARGOS COMPLEMENTARES","H","0,0044000",{"$f":"VLOOKUP(B291,'SINAPI NÃO DESONERADO'!G:L,5,0)","v":15.09},null,7.0000000000000007E-2,{"$nulls":7},{"$f":"+ROUND($F291*G291,2)-I291","v":0},{"$f":"Q291-#REF!","v":{"$error":"#REF!"}},{"$f":"F291-[73]Composições!E17567","v":-26.0535},{"$f":"#REF!-S291","v":{"$error":"#REF!"}},20.100000000000001,-20.03]
["6.14.5",88278,"SINAPI/SERV.","MONTADOR DE ESTRUTURA METÁLICA COM ENCARGOS COMPLEMENTARES","H","0,0140000",{"$f":"VLOOKUP(B292,'SINAPI NÃO DESONERADO'!G:L,5,0)","v":16.809999999999999},null,0.24,{"$nulls":7},0,{"$f":"Q292-#REF!","v":{"$error":"#REF!"}},{"$f":"F292-[73]Composições!E17568","v":-0.98599999999999999},{"$f":"#REF!-S292","v":{"$error":"#REF!"}},7.88,-7.64]
["6.14.6",88317,"SINAPI/SERV.","SOLDADOR COM ENCARGOS COMPLEMENTARES","H","0,0181000",{"$f":"VLOOKUP(B293,'SINAPI NÃO DESONERADO'!G:L,5,0)","v":24.09},null,0.44,{"$nulls":7},0,{"$f":"Q293-#REF!","v":{"$error":"#REF!"}},{"$f":"F293-[73]Composições!E17569","v":{"$error":"#VALUE!"}},{"$f":"#REF!-S293","v":{"$error":"#REF!"}},36.39,-35.950000000000003]
["6.14.7",93287,"SINAPI/SERV.","GUINDASTE HIDRÁULICO AUTOPROPELIDO, COM LANÇA TELESCÓPICA 40 M, CAPACIDADE MÁXIMA 60 T, POTÊNCIA 260 KW - CHP DIURNO. AF_03/2016","CHP","0,0040000",{"$f":"VLOOKUP(B294,'SINAPI NÃO DESONERADO'!G:L,5,0)","v":325.74},null,1.3,{"$nulls":7},0,{"$f":"Q294-#REF!","v":{"$error":"#REF!"}},{"$f":"F294-[73]Composições!E17570","v":-0.27600000000000002},{"$f":"#REF!-S294","v":{"$error":"#REF!"}},20.100000000000001,-18.8]
["6.14.8",93288,"SINAPI/SERV.","GUINDASTE HIDRÁULICO AUTOPROPELIDO, COM LANÇA TELESCÓPICA 40 M, CAPACIDADE MÁXIMA 60 T, POTÊNCIA 260 KW - CHI DIURNO. AF_03/2016","CHI","0,0037000",{"$f":"VLOOKUP(B295,'SINAPI NÃO DESONERADO'!G:L,5,0)","v":162.12},null,0.6,{"$nulls":7},0,{"$f":"Q295-#REF!","v":{"$error":"#REF!"}},{"$f":"F295-[73]Composições!E17571","v":-2.1299999999999999E-2},{"$f":"#REF!-S295","v":{"$error":"#REF!"}},20.100000000000001,-19.5]
["6.14.9",100716,"SINAPI/SERV.","JATEAMENTO ABRASIVO COM GRANALHA DE AÇO EM PERFIL METÁLICO EM FÁBRICA. AF_01/2020","M2","0,0358000",{"$f":"VLOOKUP(B296,'SINAPI NÃO DESONERADO'!G:L,5,0)","v":26.35},null,0.94,{"$nulls":7},0,{"$f":"Q296-#REF!","v":{"$error":"#REF!"}},{"$f":"F296-[73]Composições!E17572","v":-0.93920000000000003},{"$f":"#REF!-S296","v":{"$error":"#REF!"}},20.100000000000001,-19.16]
["6.14.10",100719,"SINAPI/SERV.","PINTURA COM TINTA ALQUÍDICA DE FUNDO (TIPO ZARCÃO) PULVERIZADA SOBRE PERFIL METÁLICO EXECUTADO EM FÁBRICA (POR DEMÃO). AF_01/2020_P","M2","0,0358000",{"$f":"VLOOKUP(B297,'SINAPI NÃO DESONERADO'!G:L,5,0)","v":8.7100000000000009},null,0.31,{"$nulls":7},0,{"$f":"Q297-#REF!","v":{"$error":"#REF!"}},{"$f":"F297-[73]Composições!E17573","v":-0.16120000000000001},{"$f":"#REF!-S297","v":{"$error":"#REF!"}},7.88,-7.57]
[null,null,null,"SUBTOTAL",{"$nulls":4},{"$f":"SUM(I288:I297)","v":15.9},{"$nulls":7},-15.9,{"$f":"Q298-#REF!","v":{"$error":"#REF!"}},0,{"$f":"#REF!-S298","v":{"$error":"#REF!"}},0,15.9]
[{"$nulls":16},0]
["Obs. Utilizou-se os índices de produtividades referentes ao item 100764 do SINAPI. ",{"$nulls":15},0]
[{"$nulls":16},0]
[{"$nulls":16},0]
[{"$nulls":16},0]
[{"$nulls":16},0]
["6.15","COMP. 18",{"$f":"$C$339","v":"COMP. PRÓPRIA 11° SR"},"PILAR METÁLICO PERFIL LAMINADO/SOLDADO, W 250 x 85 EM AÇO ESTRUTURAL, COM CONEXÕES PARAFUSADAS, INCLUSOS MÃO DE OBRA, TRANSPORTE E IÇAMENTO UTILIZANDO GUINDASTE - FORNECIMENTO E INSTALAÇÃO. AF_01/2020_P",null,null,"KG",{"$nulls":9},{"$error":"#VALUE!"}]
["6.15.1",4777,"SINAPI/INS.","PARAFUSO FRANCES M16 EM ACO GALVANIZADO, COMPRIMENTO = 45 MM, DIAMETRO = 16 MM, CABECA ABAULADA","UN","0,0510000",{"$f":"VLOOKUP(B306,'SINAPI NÃO DESONERADO'!G:L,5,0)","v":10.43},null,{"$f":"+ROUND($F306*G306,2)","v":0.53},{"$nulls":7},0,{"$f":"Q306-#REF!","v":{"$error":"#REF!"}},{"$f":"F306-[73]Composições!E17582","v":-0.67900000000000005},{"$f":"#REF!-S306","v":{"$error":"#REF!"}},7.88,{"$f":"I306-U306","v":-7.35}]
["6.15.2",10997,"SINAPI/INS.","CHAPA DE ACO GROSSA, ASTM A36, E = 1/2 \" (12,70 MM) 99,59 KG/M2","KG","0,0550000",{"$f":"VLOOKUP(B307,'SINAPI NÃO DESONERADO'!G:L,5,0)","v":30},null,1.65,{"$nulls":7},0,{"$f":"Q307-#REF!","v":{"$error":"#REF!"}},{"$f":"F307-[73]Composições!E17583","v":-9.2999999999999999E-2},{"$f":"#REF!-S307","v":{"$error":"#REF!"}},36.39,-34.74]
["6.15.3","PREÇO DE MERCADO","COTAÇÃO","PERFIL \"H\" DE ACO LAMINADO, \"W\" 250 X 85, REF A572 GR. 50","KG","1,0000000",{"$f":"'ORÇAMENTO AÇO LAMINADO'!H126","v":10.55},null,10.55,{"$nulls":7},0,{"$f":"Q308-#REF!","v":{"$error":"#REF!"}},{"$f":"F308-[73]Composições!E17584","v":{"$error":"#VALUE!"}},{"$f":"#REF!-S308","v":{"$error":"#REF!"}},20.100000000000001,-9.5500000000000007]
["6.15.4",88240,"SINAPI/SERV.","AJUDANTE DE ESTRUTURA METÁLICA COM ENCARGOS COMPLEMENTARES","H","0,0015000",{"$f":"VLOOKUP(B309,'SINAPI NÃO DESONERADO'!G:L,5,0)","v":15.09},null,0.02,{"$nulls":7},0,{"$f":"Q309-#REF!","v":{"$error":"#REF!"}},{"$f":"F309-[73]Composições!E17585","v":-3.1985000000000001},{"$f":"#REF!-S309","v":{"$error":"#REF!"}},20.100000000000001,-20.079999999999998]
["6.15.5",88278,"SINAPI/SERV.","MONTADOR DE ESTRUTURA METÁLICA COM ENCARGOS COMPLEMENTARES","H","0,0150000",{"$f":"VLOOKUP(B310,'SINAPI NÃO DESONERADO'!G:L,5,0)","v":16.809999999999999},null,0.25,{"$nulls":7},0,{"$f":"Q310-#REF!","v":{"$error":"#REF!"}},{"$f":"F310-[73]Composições!E17586","v":-9.2999999999999999E-2},{"$f":"#REF!-S310","v":{"$error":"#REF!"}},7.88,-7.63]
["6.15.6",88317,"SINAPI/SERV.","GUINDASTE HIDRÁULICO AUTOPROPELIDO, COM LANÇA TELESCÓPICA 40 M, CAPACIDADE MÁXIMA 60 T, POTÊNCIA 260 KW - CHP DIURNO. AF_03/2016","CHP","0,0016000",{"$f":"VLOOKUP(B311,'SINAPI NÃO DESONERADO'!G:L,5,0)","v":24.09},null,0.04,{"$nulls":7},0,{"$f":"Q311-#REF!","v":{"$error":"#REF!"}},{"$f":"F311-[73]Composições!E17587","v":-0.53039999999999998},{"$f":"#REF!-S311","v":{"$error":"#REF!"}},36.39,-36.35]
["6.15.7",93287,"SINAPI/SERV.","GUINDASTE HIDRÁULICO AUTOPROPELIDO, COM LANÇA TELESCÓPICA 40 M, CAPACIDADE MÁXIMA 60 T, POTÊNCIA 260 KW - CHI DIURNO. AF_03/2016","CHI","0,0015000",{"$f":"VLOOKUP(B312,'SINAPI NÃO DESONERADO'!G:L,5,0)","v":325.74},null,0.49,{"$nulls":7},0,{"$f":"Q312-#REF!","v":{"$error":"#REF!"}},{"$f":"F312-[73]Composições!E17588","v":{"$error":"#VALUE!"}},{"$f":"#REF!-S312","v":{"$error":"#REF!"}},20.100000000000001,-19.61]
["6.15.8",93288,"SINAPI/SERV.","JATEAMENTO ABRASIVO COM GRANALHA DE AÇO EM PERFIL METÁLICO EM FÁBRICA. AF_01/2020","M2","0,0227000",{"$f":"VLOOKUP(B313,'SINAPI NÃO DESONERADO'!G:L,5,0)","v":162.12},null,3.68,{"$nulls":7},0,{"$f":"Q313-#REF!","v":{"$error":"#REF!"}},{"$f":"F313-[73]Composições!E17589","v":-4.1772999999999998},{"$f":"#REF!-S313","v":{"$error":"#REF!"}},20.100000000000001,-16.420000000000002]
["6.15.9",100716,"SINAPI/SERV.","PINTURA COM TINTA ALQUÍDICA DE FUNDO (TIPO ZARCÃO) PULVERIZADA SOBRE PERFIL METÁLICO EXECUTADO EM FÁBRICA (POR DEMÃO). AF_01/2020_P","M2","0,0227000",{"$f":"VLOOKUP(B314,'SINAPI NÃO DESONERADO'!G:L,5,0)","v":26.35},null,0.6,{"$nulls":7},0,{"$f":"Q314-#REF!","v":{"$error":"#REF!"}},{"$f":"F314-[73]Composições!E17590","v":-1.3283},{"$f":"#REF!-S314","v":{"$error":"#REF!"}},20.100000000000001,-19.5]
[null,null,null,"SUBTOTAL",{"$nulls":4},{"$f":"SUM(I306:I314)","v":17.809999999999999},{"$nulls":7},-17.809999999999999,{"$f":"Q315-#REF!","v":{"$error":"#REF!"}},0,{"$f":"#REF!-S315","v":{"$error":"#REF!"}},0,17.809999999999999]
[{"$nulls":16},0]
["Obs. Utilizou-se os índices de produtividades referentes ao item 100765 do SINAPI. ",{"$nulls":15},0]
[{"$nulls":16},0]
[{"$nulls":16},0]
[{"$nulls":16},0]
[{"$nulls":16},0]
["6.16","COMP. 19",{"$f":"$C$339","v":"COMP. PRÓPRIA 11° SR"},"PILAR METÁLICO PERFIL LAMINADO/SOLDADO, W 250 x 62 EM AÇO ESTRUTURAL, COM CONEXÕES PARAFUSADAS, INCLUSOS MÃO DE OBRA, TRANSPORTE E IÇAMENTO UTILIZANDO GUINDASTE - FORNECIMENTO E INSTALAÇÃO. AF_01/2020_P",null,null,"KG",{"$nulls":9},{"$error":"#VALUE!"}]
["6.16.1",4777,"SINAPI/INS.","PARAFUSO FRANCES M16 EM ACO GALVANIZADO, COMPRIMENTO = 45 MM, DIAMETRO = 16 MM, CABECA ABAULADA","UN","0,0510000",{"$f":"VLOOKUP(B323,'SINAPI NÃO DESONERADO'!G:L,5,0)","v":10.43},null,{"$f":"+ROUND($F323*G323,2)","v":0.53},{"$nulls":7},0,{"$f":"Q323-#REF!","v":{"$error":"#REF!"}},{"$f":"F323-[73]Composições!E17599","v":-0.35399999999999998},{"$f":"#REF!-S323","v":{"$error":"#REF!"}},7.88,{"$f":"I323-U323","v":-7.35}]
["6.16.2",10997,"SINAPI/INS.","CHAPA DE ACO GROSSA, ASTM A36, E = 1/2 \" (12,70 MM) 99,59 KG/M2","KG","0,0550000",{"$f":"VLOOKUP(B324,'SINAPI NÃO DESONERADO'!G:L,5,0)","v":30},null,1.65,{"$nulls":7},0,{"$f":"Q324-#REF!","v":{"$error":"#REF!"}},{"$f":"F324-[73]Composições!E17600","v":4.2999999999999997E-2},{"$f":"#REF!-S324","v":{"$error":"#REF!"}},36.39,-34.74]
["6.16.3","PREÇO DE MERCADO","COTAÇÃO","PERFIL \"H\" DE ACO LAMINADO, \"W\" 250 X 62, REF A572 GR. 50","KG","1,0000000",{"$f":"'ORÇAMENTO AÇO LAMINADO'!H134","v":10.76},null,10.76,{"$nulls":7},0,{"$f":"Q325-#REF!","v":{"$error":"#REF!"}},{"$f":"F325-[73]Composições!E17601","v":0.94299999999999995},{"$f":"#REF!-S325","v":{"$error":"#REF!"}},20.100000000000001,-9.34]
["6.16.4",88240,"SINAPI/SERV.","AJUDANTE DE ESTRUTURA METÁLICA COM ENCARGOS COMPLEMENTARES","H","0,0015000",{"$f":"VLOOKUP(B326,'SINAPI NÃO DESONERADO'!G:L,5,0)","v":15.09},null,0.02,{"$nulls":7},0,{"$f":"Q326-#REF!","v":{"$error":"#REF!"}},{"$f":"F326-[73]Composições!E17602","v":{"$error":"#VALUE!"}},{"$f":"#REF!-S326","v":{"$error":"#REF!"}},20.100000000000001,-20.079999999999998]
["6.16.5",88278,"SINAPI/SERV.","MONTADOR DE ESTRUTURA METÁLICA COM ENCARGOS COMPLEMENTARES","H","0,0150000",{"$f":"VLOOKUP(B327,'SINAPI NÃO DESONERADO'!G:L,5,0)","v":16.809999999999999},null,0.25,{"$nulls":7},0,{"$f":"Q327-#REF!","v":{"$error":"#REF!"}},{"$f":"F327-[73]Composições!E17603","v":-0.6},{"$f":"#REF!-S327","v":{"$error":"#REF!"}},7.88,-7.63]
["6.16.6",88317,"SINAPI/SERV.","GUINDASTE HIDRÁULICO AUTOPROPELIDO, COM LANÇA TELESCÓPICA 40 M, CAPACIDADE MÁXIMA 60 T, POTÊNCIA 260 KW - CHP DIURNO. AF_03/2016","CHP","0,0016000",{"$f":"VLOOKUP(B328,'SINAPI NÃO DESONERADO'!G:L,5,0)","v":24.09},null,0.04,{"$nulls":7},0,{"$f":"Q328-#REF!","v":{"$error":"#REF!"}},{"$f":"F328-[73]Composições!E17604","v":-1.1234},{"$f":"#REF!-S328","v":{"$error":"#REF!"}},36.39,-36.35]
["6.16.7",93287,"SINAPI/SERV.","GUINDASTE HIDRÁULICO AUTOPROPELIDO, COM LANÇA TELESCÓPICA 40 M, CAPACIDADE MÁXIMA 60 T, POTÊNCIA 260 KW - CHI DIURNO. AF_03/2016","CHI","0,0015000",{"$f":"VLOOKUP(B329,'SINAPI NÃO DESONERADO'!G:L,5,0)","v":325.74},null,0.49,{"$nulls":7},0,{"$f":"Q329-#REF!","v":{"$error":"#REF!"}},{"$f":"F329-[73]Composições!E17605","v":-0.25850000000000001},{"$f":"#REF!-S329","v":{"$error":"#REF!"}},20.100000000000001,-19.61]
["6.16.8",93288,"SINAPI/SERV.","JATEAMENTO ABRASIVO COM GRANALHA DE AÇO EM PERFIL METÁLICO EM FÁBRICA. AF_01/2020","M2","0,0227000",{"$f":"VLOOKUP(B330,'SINAPI NÃO DESONERADO'!G:L,5,0)","v":162.12},null,3.68,{"$nulls":7},0,{"$f":"Q330-#REF!","v":{"$error":"#REF!"}},{"$f":"F330-[73]Composições!E17606","v":-0.16930000000000001},{"$f":"#REF!-S330","v":{"$error":"#REF!"}},20.100000000000001,-16.420000000000002]
["6.16.9",100716,"SINAPI/SERV.","PINTURA COM TINTA ALQUÍDICA DE FUNDO (TIPO ZARCÃO) PULVERIZADA SOBRE PERFIL METÁLICO EXECUTADO EM FÁBRICA (POR DEMÃO). AF_01/2020_P","M2","0,0227000",{"$f":"VLOOKUP(B331,'SINAPI NÃO DESONERADO'!G:L,5,0)","v":26.35},null,0.6,{"$nulls":7},0,{"$f":"Q331-#REF!","v":{"$error":"#REF!"}},{"$f":"F331-[73]Composições!E17607","v":-0.92530000000000001},{"$f":"#REF!-S331","v":{"$error":"#REF!"}},20.100000000000001,-19.5]
[null,null,null,"SUBTOTAL",{"$nulls":4},{"$f":"SUM(I323:I331)","v":18.02},{"$nulls":7},-18.02,{"$f":"Q332-#REF!","v":{"$error":"#REF!"}},0,{"$f":"#REF!-S332","v":{"$error":"#REF!"}},0,18.02]
[{"$nulls":16},0]
["Obs. Utilizou-se os índices de produtividades referentes ao item 100765 do SINAPI. ",{"$nulls":15},0]
[{"$nulls":16},0]
[{"$nulls":16},0]
[{"$nulls":16},0]
[{"$nulls":16},0]
[{"$f":"'PLANILHA SEM DESONERAÇÃO'!A94","v":"6.17"},"COMP. 20",{"$f":"C18","v":"COMP. PRÓPRIA 11° SR"},"LAJE STEEL DECK PARA PISO COM CAPA DE CONCRETO FCK 25 MPA, ESPESSURA DA LAJE 15CM, ESPESSURA DA CHAPA 0,95 MM, INCLUSIVE IÇAMENTO COM GUINDASTE. AF_01/2020",null,null,"M²",{"$nulls":9},{"$error":"#VALUE!"}]
["6.3.1",88278,"SINAPI/SERV.","MONTADOR DE ESTRUTURA METÁLICA COM ENCARGOS COMPLEMENTARES","H",0.125,{"$f":"VLOOKUP(B340,'SINAPI NÃO DESONERADO'!G:L,5,0)","v":16.809999999999999},null,{"$f":"+ROUND($F340*G340,2)","v":2.1},{"$nulls":7},0,{"$f":"Q340-#REF!","v":{"$error":"#REF!"}},{"$error":"#REF!"},{"$f":"#REF!-S340","v":{"$error":"#REF!"}},7.88,{"$f":"I340-U340","v":-5.78}]
["6.3.2",88240,"SINAPI/SERV.","AJUDANTE DE ESTRUTURA METÁLICA COM ENCARGOS COMPLEMENTARES ","H",8.3000000000000004E-2,{"$f":"VLOOKUP(B341,'SINAPI NÃO DESONERADO'!G:L,5,0)","v":15.09},null,1.25,{"$nulls":7},0,{"$f":"Q341-#REF!","v":{"$error":"#REF!"}},{"$f":"ROUND(#REF!*F341,2)","v":{"$error":"#REF!"}},{"$f":"#REF!-S341","v":{"$error":"#REF!"}},36.39,-35.14]
["6.3.3",88317,"SINAPI/SERV.","SOLDADOR COM ENCARGOS COMPLEMENTARES","H",8.3000000000000004E-2,{"$f":"VLOOKUP(B342,'SINAPI NÃO DESONERADO'!G:L,5,0)","v":24.09},null,2,{"$nulls":7},0,{"$f":"Q342-#REF!","v":{"$error":"#REF!"}},{"$f":"ROUND(#REF!*F342,2)","v":{"$error":"#REF!"}},{"$f":"#REF!-S342","v":{"$error":"#REF!"}},20.100000000000001,-18.100000000000001]
["6.3.4",43124,"SINAPI/INS.","CHAPA EM ACO GALVANIZADO PARA STEEL DECK, COM NERVURAS TRAPEZOIDAIS, LARGURA UTIL DE 915 MM E ESPESSURA DE 0,95 MM ","M²",1.004,{"$f":"VLOOKUP(B343,'SINAPI NÃO DESONERADO'!G:L,5,0)","v":112.19},null,112.64,{"$nulls":7},0,{"$f":"Q343-#REF!","v":{"$error":"#REF!"}},{"$f":"ROUND(#REF!*F343,2)","v":{"$error":"#REF!"}},{"$f":"#REF!-S343","v":{"$error":"#REF!"}},20.100000000000001,92.54]
["6.3.5","M0965","INSUMO/SICRO","PINO CONECTOR DE CISALHAMENTO PARA LAJE STEEL DECK - D = 19MM E C=80MM","UN",3.8690000000000002,7.59,null,29.37,{"$nulls":7},0,{"$f":"Q344-#REF!","v":{"$error":"#REF!"}},{"$error":"#REF!"},{"$f":"#REF!-S344","v":{"$error":"#REF!"}},7.88,21.49]
["6.3.6",11047,"SINAPI/INS.","CHAPA DE ACO GALVANIZADA BITOLA GSG 19, E = 1,11 MM (8,88 KG/M2)","KG",7.1999999999999995E-2,{"$f":"VLOOKUP(B345,'SINAPI NÃO DESONERADO'!G:L,5,0)","v":13.89},null,1,{"$nulls":7},0,{"$f":"Q345-#REF!","v":{"$error":"#REF!"}},{"$f":"ROUND(#REF!*F345,2)","v":{"$error":"#REF!"}},{"$f":"#REF!-S345","v":{"$error":"#REF!"}},36.39,-35.39]
["6.3.7",10997,"SINAPI/INS.","ELETRODO REVESTIDO AWS - E7018, DIAMETRO IGUAL A 4,00 MM","KG",0.01,{"$f":"VLOOKUP(B346,'SINAPI NÃO DESONERADO'!G:L,5,0)","v":30},null,0.3,{"$nulls":7},0,{"$f":"Q346-#REF!","v":{"$error":"#REF!"}},{"$f":"ROUND(#REF!*F346,2)","v":{"$error":"#REF!"}},{"$f":"#REF!-S346","v":{"$error":"#REF!"}},20.100000000000001,-19.8]
["6.3.8",91598,"SINAPI/SERV.","ARMAÇÃO DO SISTEMA DE PAREDES DE CONCRETO, EXECUTADA COMO ARMADURA POSITIVA DE LAJES, TELA Q-113. AF_06/2019","KG",1.8,{"$f":"VLOOKUP(B347,'SINAPI NÃO DESONERADO'!G:L,5,0)","v":9.24},null,16.63,{"$nulls":7},0,{"$f":"Q347-#REF!","v":{"$error":"#REF!"}},{"$f":"ROUND(#REF!*F347,2)","v":{"$error":"#REF!"}},{"$f":"#REF!-S347","v":{"$error":"#REF!"}},20.100000000000001,-3.47]
["6.3.9",103675,"SINAPI/SERV.","CONCRETAGEM DE VIGAS E LAJES, FCK=25 MPA, PARA LAJES MACIÇAS OU NERVURADAS COM USO DE BOMBA - LANÇAMENTO, ADENSAMENTO E ACABAMENTO. AF_02/2022","M³",0.11700000000000001,{"$f":"VLOOKUP(B348,'SINAPI NÃO DESONERADO'!G:L,5,0)","v":852.02},null,99.69,{"$nulls":7},0,{"$f":"Q348-#REF!","v":{"$error":"#REF!"}},{"$f":"ROUND(#REF!*F348,2)","v":{"$error":"#REF!"}},{"$f":"#REF!-S348","v":{"$error":"#REF!"}},20.100000000000001,79.59]
["6.3.10",93287,"SINAPI/SERV.","GUINDASTE HIDRÁULICO AUTOPROPELIDO, COM LANÇA TELESCÓPICA 40 M, CAPACIDADE MÁXIMA 60 T, POTÊNCIA 260 KW - CHP DIURNO. AF_03/2016","CHP",1.06E-2,{"$f":"VLOOKUP(B349,'SINAPI NÃO DESONERADO'!G:L,5,0)","v":325.74},null,3.45,{"$nulls":7},0,{"$f":"Q349-#REF!","v":{"$error":"#REF!"}},{"$error":"#REF!"},{"$f":"#REF!-S349","v":{"$error":"#REF!"}},7.88,-4.43]
["6.3.11",93288,"SINAPI/SERV.","GUINDASTE HIDRÁULICO AUTOPROPELIDO, COM LANÇA TELESCÓPICA 40 M, CAPACIDADE MÁXIMA 60 T, POTÊNCIA 260 KW - CHI DIURNO. AF_03/2016","CHI",1.06E-2,{"$f":"VLOOKUP(B350,'SINAPI NÃO DESONERADO'!G:L,5,0)","v":162.12},null,1.72,{"$nulls":7},0,{"$f":"Q350-#REF!","v":{"$error":"#REF!"}},{"$f":"ROUND(#REF!*F350,2)","v":{"$error":"#REF!"}},{"$f":"#REF!-S350","v":{"$error":"#REF!"}},36.39,-34.67]
[null,null,null,"SUBTOTAL",{"$nulls":4},{"$f":"SUM(I340:I350)","v":270.14999999999998},{"$nulls":7},-270.14999999999998,{"$f":"Q351-#REF!","v":{"$error":"#REF!"}},0,{"$f":"#REF!-S351","v":{"$error":"#REF!"}},0,270.14999999999998]
[{"$nulls":16},0]
["Obs. Utilizou-se os índices de produtividades referentes ao item 100779 do SINAPI. A composição do serviço já está presente nos cadernos técnicos do grupo estrutura metálica, contudo, o item ainda não está na tabela de referência, pois não foram coletados preços para o steel deck e pino conector. Por isso, utilizou-se a referência de preços do SICRO (tabela de materiais) para composição do preço. ",{"$nulls":15},0]
[{"$nulls":16},0]
[{"$nulls":16},{"$f":"+ROUND($F355*G355,2)-I355","v":0}]
[{"$nulls":16},0]
[{"$nulls":16},0]
[{"$f":"[72]PLANILHA!$A$86","v":"7.3"},"COMP. 21",{"$f":"[72]PLANILHA!$C$86","v":"COMP. PRÓPRIA 11° SR"},"PAREDE COM PLACAS DE GESSO ACARTONADO (DRYWALL), PARA USO EXTERNO (PLACAS RU), COM DUAS FACES SIMPLES E ESTRUTURA METÁLICA COM GUIAS SIMPLES, INCLUINDO ISOLAMENTO TÉRMICO/ACÚSTICO COM LÃ DE VIDRO",null,null,"M²",{"$nulls":9},{"$error":"#VALUE!"}]
["7.3.1",37586,"SINAPI/INS.","PINO DE ACO COM ARRUELA CONICA, DIAMETRO ARRUELA = *23* MM E COMP HASTE = *27*MM (ACAO INDIRETA)","CENTO",2.9000000000000001E-2,{"$f":"VLOOKUP(B359,'SINAPI NÃO DESONERADO'!G:L,5,0)","v":45.05},null,{"$f":"+ROUND($F359*G359,2)","v":1.31},{"$nulls":7},0,{"$f":"Q359-#REF!","v":{"$error":"#REF!"}},{"$error":"#REF!"},{"$f":"#REF!-S359","v":{"$error":"#REF!"}},7.88,{"$f":"I359-U359","v":-6.57}]
["7.3.2",39417,"SINAPI/INS.","PLACA / CHAPA DE GESSO ACARTONADO, RESISTENTE A UMIDADE (RU), COR VERDE, E =12,5 MM, 1200 X 2400 MM (L X C)","M²",2.1059999999999999,{"$f":"VLOOKUP(B360,'SINAPI NÃO DESONERADO'!G:L,5,0)","v":28.39},null,59.79,{"$nulls":7},0,{"$f":"Q360-#REF!","v":{"$error":"#REF!"}},{"$f":"ROUND(#REF!*F360,2)","v":{"$error":"#REF!"}},{"$f":"#REF!-S360","v":{"$error":"#REF!"}},36.39,23.4]
["7.3.3",39419,"SINAPI/INS.","PERFIL GUIA, FORMATO U, EM ACO ZINCADO, PARA ESTRUTURA PAREDE DRYWALL, E = 0,5 MM, 70 X 3000 MM (L X C)","M",0.9093,{"$f":"VLOOKUP(B361,'SINAPI NÃO DESONERADO'!G:L,5,0)","v":9.84},null,8.9499999999999993,{"$nulls":7},0,{"$f":"Q361-#REF!","v":{"$error":"#REF!"}},{"$f":"ROUND(#REF!*F361,2)","v":{"$error":"#REF!"}},{"$f":"#REF!-S361","v":{"$error":"#REF!"}},20.100000000000001,-11.15]
["7.3.4",39422,"SINAPI/INS.","PERFIL MONTANTE, FORMATO C, EM ACO ZINCADO, PARA ESTRUTURA PAREDE DRYWALL, E = 0,5 MM, 70 X 3000 MM (L X C)","M",2.8999000000000001,{"$f":"VLOOKUP(B362,'SINAPI NÃO DESONERADO'!G:L,5,0)","v":11.16},null,32.36,{"$nulls":7},0,{"$f":"Q362-#REF!","v":{"$error":"#REF!"}},{"$f":"ROUND(#REF!*F362,2)","v":{"$error":"#REF!"}},{"$f":"#REF!-S362","v":{"$error":"#REF!"}},20.100000000000001,12.26]
["7.3.5",39431,"SINAPI/INS.","FITA DE PAPEL MICROPERFURADO, 50 X 150 MM, PARA TRATAMENTO DE JUNTAS DE CHAPA DE GESSO PARA DRYWALL","M",2.5026999999999999,{"$f":"VLOOKUP(B363,'SINAPI NÃO DESONERADO'!G:L,5,0)","v":0.33},null,0.83,{"$nulls":7},0,{"$f":"Q363-#REF!","v":{"$error":"#REF!"}},{"$error":"#REF!"},{"$f":"#REF!-S363","v":{"$error":"#REF!"}},7.88,-7.05]
["7.3.6",39432,"SINAPI/INS.","FITA DE PAPEL REFORCADA COM LAMINA DE METAL PARA REFORCO DE CANTOS DE CHAPA DE GESSO PARA DRYWALL","M",0.79249999999999998,{"$f":"VLOOKUP(B364,'SINAPI NÃO DESONERADO'!G:L,5,0)","v":2.98},null,2.36,{"$nulls":7},0,{"$f":"Q364-#REF!","v":{"$error":"#REF!"}},{"$f":"ROUND(#REF!*F364,2)","v":{"$error":"#REF!"}},{"$f":"#REF!-S364","v":{"$error":"#REF!"}},36.39,-34.03]
["7.3.7",39434,"SINAPI/INS.","MASSA DE REJUNTE EM PO PARA DRYWALL, A BASE DE GESSO, SECAGEM RAPIDA, PARA TRATAMENTO DE JUNTAS DE CHAPA DE GESSO (NECESSITA ADICAO DE AGUA)","KG",1.0327,{"$f":"VLOOKUP(B365,'SINAPI NÃO DESONERADO'!G:L,5,0)","v":3.73},null,3.85,{"$nulls":7},0,{"$f":"Q365-#REF!","v":{"$error":"#REF!"}},{"$f":"ROUND(#REF!*F365,2)","v":{"$error":"#REF!"}},{"$f":"#REF!-S365","v":{"$error":"#REF!"}},20.100000000000001,-16.25]
["7.3.8",39435,"SINAPI/INS.","PARAFUSO DRY WALL, EM ACO FOSFATIZADO, CABECA TROMBETA E PONTA AGULHA (TA), COMPRIMENTO 25 MM","UN",20.0077,{"$f":"VLOOKUP(B366,'SINAPI NÃO DESONERADO'!G:L,5,0)","v":0.1},null,2,{"$nulls":7},{"$f":"+ROUND($F366*G366,2)-I366","v":0},{"$f":"Q366-#REF!","v":{"$error":"#REF!"}},{"$f":"ROUND(#REF!*F366,2)","v":{"$error":"#REF!"}},{"$f":"#REF!-S366","v":{"$error":"#REF!"}},20.100000000000001,-18.100000000000001]
["7.3.9",39443,"SINAPI/INS.","PARAFUSO DRY WALL, EM ACO ZINCADO, CABECA LENTILHA E PONTA BROCA (LB), LARGURA 4,2 MM, COMPRIMENTO 13 MM","UN",0.91490000000000005,{"$f":"VLOOKUP(B367,'SINAPI NÃO DESONERADO'!G:L,5,0)","v":0.23},null,0.21,{"$nulls":7},0,{"$f":"Q367-#REF!","v":{"$error":"#REF!"}},{"$f":"ROUND(#REF!*F367,2)","v":{"$error":"#REF!"}},{"$f":"#REF!-S367","v":{"$error":"#REF!"}},20.100000000000001,-19.89]
["7.3.10","PREÇO DE MERCADO","COTAÇÃO","FELTRO LÃ DE VIDRO PARA ISOLAMENTO TÉRMICO/ACÚSTICO - 50MM","M²",1,{"$f":"'[74]C.SI-0001'!H15","v":24.55},null,24.55,{"$nulls":7},0,{"$f":"Q368-#REF!","v":{"$error":"#REF!"}},{"$error":"#REF!"},{"$f":"#REF!-S368","v":{"$error":"#REF!"}},7.88,16.670000000000002]
["7.3.10",88278,"SINAPI/SERV.","MONTADOR DE ESTRUTURA METÁLICA COM ENCARGOS COMPLEMENTARES","H",0.628,{"$f":"VLOOKUP(B369,'SINAPI NÃO DESONERADO'!G:L,5,0)","v":16.809999999999999},null,10.56,{"$nulls":7},0,{"$f":"Q369-#REF!","v":{"$error":"#REF!"}},{"$error":"#REF!"},{"$f":"#REF!-S369","v":{"$error":"#REF!"}},7.88,2.68]
["7.3.11",88316,"SINAPI/SERV.","SERVENTE COM ENCARGOS COMPLEMENTARES ","H",0.157,{"$f":"VLOOKUP(B370,'SINAPI NÃO DESONERADO'!G:L,5,0)","v":17.28},null,2.71,{"$nulls":7},0,{"$f":"Q370-#REF!","v":{"$error":"#REF!"}},{"$f":"ROUND(#REF!*F370,2)","v":{"$error":"#REF!"}},{"$f":"#REF!-S370","v":{"$error":"#REF!"}},36.39,-33.68]
[null,null,null,"SUBTOTAL",{"$nulls":4},{"$f":"SUM(I359:I370)","v":149.47999999999999},{"$nulls":7},-149.47999999999999,{"$f":"Q371-#REF!","v":{"$error":"#REF!"}},0,{"$f":"#REF!-S371","v":{"$error":"#REF!"}},0,149.47999999999999]
[{"$nulls":16},0]
["Obs. Utilizou-se como referência o item 96358 da tabela SINAPI. Alterou-se o tipo de placa e incluiu-se material para isolamento térmico. ",{"$nulls":15},0]
[{"$nulls":16},0]
[{"$nulls":16},0]
[{"$nulls":16},0]
[{"$nulls":16},0]
[{"$f":"[72]PLANILHA!$A$226","v":"13.1"},"COMP. 22",{"$f":"[72]PLANILHA!$C$86","v":"COMP. PRÓPRIA 11° SR"},"ELETROCALHA LISA OU PERFURADA EM AÇO GALVANIZADO, LARGURA 50MM E ALTURA 50MM, INCLUSIVE EMENDA E FIXAÇÃO - FORNECIMENTO E INSTALAÇÃO",null,null,"M",{"$nulls":9},{"$error":"#VALUE!"}]
["7.3.1",88264,"SINAPI/SERV.","ELETRICISTA COM ENCARGOS COMPLEMENTARES","H",6.3E-2,{"$f":"VLOOKUP(B379,'SINAPI NÃO DESONERADO'!G:L,5,0)","v":25.64},null,{"$f":"+ROUND($F379*G379,2)","v":1.62},{"$nulls":7},0,{"$f":"Q379-#REF!","v":{"$error":"#REF!"}},{"$error":"#REF!"},{"$f":"#REF!-S379","v":{"$error":"#REF!"}},7.88,{"$f":"I379-U379","v":-6.26}]
["7.3.2",88247,"SINAPI/SERV.","AUXILIAR DE ELETRICISTA COM ENCARGOS COMPLEMENTARES","H",6.3E-2,{"$f":"VLOOKUP(B380,'SINAPI NÃO DESONERADO'!G:L,5,0)","v":23.25},null,1.46,{"$nulls":7},0,{"$f":"Q380-#REF!","v":{"$error":"#REF!"}},{"$f":"ROUND(#REF!*F380,2)","v":{"$error":"#REF!"}},{"$f":"#REF!-S380","v":{"$error":"#REF!"}},36.39,-34.93]
["7.3.3","PREÇO DE MERCADO","COTAÇÃO","ELETROCALHA LISA OU PERFURADA, TIPO U, EM CHAPA DE ACO GALVANIZADO, SEM TAMPA, DE 50 X 50 MM, ESPESSURA #20","M",1.01,103.1,null,104.13,{"$nulls":7},0,{"$f":"Q381-#REF!","v":{"$error":"#REF!"}},{"$f":"ROUND(#REF!*F381,2)","v":{"$error":"#REF!"}},{"$f":"#REF!-S381","v":{"$error":"#REF!"}},20.100000000000001,84.03]
["7.3.4",91170,"SINAPI/SERV.","FIXAÇÃO DE TUBOS HORIZONTAIS DE PVC, CPVC OU COBRE DIÂMETROS MENORES OU IGUAIS A 40 MM OU ELETROCALHAS ATÉ 150MM DE LARGURA, COM ABRAÇADEIRA METÁLICA RÍGIDA TIPO D 1/2, FIXADA EM PERFILADO EM LAJE. AF_05/2015","M",1,{"$f":"VLOOKUP(B382,'SINAPI NÃO DESONERADO'!G:L,5,0)","v":3.5},null,3.5,{"$nulls":7},0,{"$f":"Q382-#REF!","v":{"$error":"#REF!"}},{"$f":"ROUND(#REF!*F382,2)","v":{"$error":"#REF!"}},{"$f":"#REF!-S382","v":{"$error":"#REF!"}},20.100000000000001,-16.600000000000001]
[null,null,null,"SUBTOTAL",{"$nulls":4},{"$f":"SUM(I379:I382)","v":110.71},{"$nulls":7},-110.71,{"$f":"Q383-#REF!","v":{"$error":"#REF!"}},0,{"$f":"#REF!-S383","v":{"$error":"#REF!"}},0,110.71]
[{"$nulls":16},0]
["Obs. Utilizou-se como referência o item 96358 da tabela SINAPI. Alterou-se o tipo de placa e incluiu-se material para isolamento térmico. ",{"$nulls":15},0]
[{"$nulls":16},0]
[{"$nulls":16},0]
[{"$nulls":16},0]
[{"$nulls":16},0]
[{"$f":"[72]PLANILHA!$A$227","v":"13.2"},"COMP. 23",{"$f":"[72]PLANILHA!$C$86","v":"COMP. PRÓPRIA 11° SR"},"ELETROCALHA LISA OU PERFURADA EM AÇO GALVANIZADO, LARGURA 100MM E ALTURA 50MM, INCLUSIVE EMENDA E FIXAÇÃO - FORNECIMENTO E INSTALAÇÃO",null,null,"M",{"$nulls":9},{"$error":"#VALUE!"}]
["7.3.1",88264,"SINAPI/SERV.","ELETRICISTA COM ENCARGOS COMPLEMENTARES","H",9.0999999999999998E-2,{"$f":"VLOOKUP(B391,'SINAPI NÃO DESONERADO'!G:L,5,0)","v":25.64},null,{"$f":"+ROUND($F391*G391,2)","v":2.33},{"$nulls":7},0,{"$f":"Q391-#REF!","v":{"$error":"#REF!"}},{"$error":"#REF!"},{"$f":"#REF!-S391","v":{"$error":"#REF!"}},7.88,{"$f":"I391-U391","v":-5.55}]
["7.3.2",88247,"SINAPI/SERV.","AUXILIAR DE ELETRICISTA COM ENCARGOS COMPLEMENTARES","H",9.0999999999999998E-2,{"$f":"VLOOKUP(B392,'SINAPI NÃO DESONERADO'!G:L,5,0)","v":23.25},null,2.12,{"$nulls":7},0,{"$f":"Q392-#REF!","v":{"$error":"#REF!"}},{"$f":"ROUND(#REF!*F392,2)","v":{"$error":"#REF!"}},{"$f":"#REF!-S392","v":{"$error":"#REF!"}},36.39,-34.270000000000003]
["7.3.3","PREÇO DE MERCADO","COTAÇÃO","ELETROCALHA LISA OU PERFURADA, TIPO U, EM CHAPA DE ACO GALVANIZADO, SEM TAMPA, DE 100 X 50 MM, ESPESSURA #20","M",1.01,137.44999999999999,null,138.82,{"$nulls":7},0,{"$f":"Q393-#REF!","v":{"$error":"#REF!"}},{"$f":"ROUND(#REF!*F393,2)","v":{"$error":"#REF!"}},{"$f":"#REF!-S393","v":{"$error":"#REF!"}},20.100000000000001,118.72]
["7.3.4",91170,"SINAPI/SERV.","FIXAÇÃO DE TUBOS HORIZONTAIS DE PVC, CPVC OU COBRE DIÂMETROS MENORES OU IGUAIS A 40 MM OU ELETROCALHAS ATÉ 150MM DE LARGURA, COM ABRAÇADEIRA METÁLICA RÍGIDA TIPO D 1/2, FIXADA EM PERFILADO EM LAJE. AF_05/2015","M",1,{"$f":"VLOOKUP(B394,'SINAPI NÃO DESONERADO'!G:L,5,0)","v":3.5},null,3.5,{"$nulls":7},0,{"$f":"Q394-#REF!","v":{"$error":"#REF!"}},{"$f":"ROUND(#REF!*F394,2)","v":{"$error":"#REF!"}},{"$f":"#REF!-S394","v":{"$error":"#REF!"}},20.100000000000001,-16.600000000000001]
[null,null,null,"SUBTOTAL",{"$nulls":4},{"$f":"SUM(I391:I394)","v":146.77000000000001},{"$nulls":7},-146.77000000000001,{"$f":"Q395-#REF!","v":{"$error":"#REF!"}},0,{"$f":"#REF!-S395","v":{"$error":"#REF!"}},0,146.77000000000001]
[{"$nulls":16},0]
["Obs. Utilizou-se como referência o item 96358 da tabela SINAPI. Alterou-se o tipo de placa e incluiu-se material para isolamento térmico. ",{"$nulls":15},0]
[{"$nulls":16},0]
[{"$nulls":16},0]
[{"$nulls":16},0]
[{"$nulls":16},0]
[{"$f":"[72]PLANILHA!$A$264","v":"13.39"},"COMP. 24",{"$f":"[72]PLANILHA!$C$86","v":"COMP. PRÓPRIA 11° SR"},"PONTO DE EMBUTIR SECO, PARA UMA (1) PLACA CEGA 4\"X4\", COM ELETRODUTO FLEXÍVEL CORRUGADO, ANTI-CHAMA, DN 25MM (3/4\"), EMBUTIDO NA ALVENARIA E SONDA EM ARAME GALVANIZADO, DIÂMETRO DE 1,24MM (BWG 18), COM DISTÂNCIA DE ATÉ DEZ (10) METROS DO PONTO DE DERIVAÇÃO, INCLUSIVE CAIXA DE LIGAÇÃO, SUPORTE E FIXAÇÃO DO ELETRODUTO COM ENCHIMENTO DO RASGO NA ALVENARIA/CONCRETO COM ARGAMASSA",null,null,"UN",{"$nulls":9},{"$error":"#VALUE!"}]
["7.3.1",91943,"SINAPI/SERV.","CAIXA RETANGULAR 4\" X 4\" MÉDIA (1,30 M DO PISO), PVC, INSTALADA EM PAREDE - FORNECIMENTO E INSTALAÇÃO. AF_12/2015","UN",1,{"$f":"VLOOKUP(B403,'SINAPI NÃO DESONERADO'!G:L,5,0)","v":20.8},null,{"$f":"+ROUND($F403*G403,2)","v":20.8},{"$nulls":7},0,{"$f":"Q403-#REF!","v":{"$error":"#REF!"}},{"$error":"#REF!"},{"$f":"#REF!-S403","v":{"$error":"#REF!"}},7.88,{"$f":"I403-U403","v":12.92}]
["7.3.2",38095,"SINAPI/INS.","ESPELHO / PLACA CEGA 4\" X 4\", PARA INSTALACAO DE TOMADAS E INTERRUPTORES","UN",1,{"$f":"VLOOKUP(B404,'SINAPI NÃO DESONERADO'!G:L,5,0)","v":5.74},null,5.74,{"$nulls":7},0,{"$f":"Q404-#REF!","v":{"$error":"#REF!"}},{"$f":"ROUND(#REF!*F404,2)","v":{"$error":"#REF!"}},{"$f":"#REF!-S404","v":{"$error":"#REF!"}},36.39,-30.65]
["7.3.3",91856,"SINAPI/SERV.","ELETRODUTO FLEXÍVEL CORRUGADO, PVC, DN 32 MM (1\"), PARA CIRCUITOS TERMINAIS, INSTALADO EM PAREDE - FORNECIMENTO E INSTALAÇÃO. AF_12/2015","M",2,{"$f":"VLOOKUP(B405,'SINAPI NÃO DESONERADO'!G:L,5,0)","v":12.31},null,24.62,{"$nulls":7},0,{"$f":"Q405-#REF!","v":{"$error":"#REF!"}},{"$f":"ROUND(#REF!*F405,2)","v":{"$error":"#REF!"}},{"$f":"#REF!-S405","v":{"$error":"#REF!"}},20.100000000000001,4.5199999999999996]
["7.3.4",345,"SINAPI/INS.","ARAME GALVANIZADO 18 BWG, D = 1,24MM (0,009 KG/M)","KG",8.9999999999999993E-3,{"$f":"VLOOKUP(B406,'SINAPI NÃO DESONERADO'!G:L,5,0)","v":35.659999999999997},null,0.32,{"$nulls":7},0,{"$f":"Q406-#REF!","v":{"$error":"#REF!"}},{"$f":"ROUND(#REF!*F406,2)","v":{"$error":"#REF!"}},{"$f":"#REF!-S406","v":{"$error":"#REF!"}},20.100000000000001,-19.78]
["7.3.1",88247,"SINAPI/SERV.","AUXILIAR DE ELETRICISTA COM ENCARGOS COMPLEMENTARES","H",2.7199999999999998E-2,{"$f":"VLOOKUP(B407,'SINAPI NÃO DESONERADO'!G:L,5,0)","v":23.25},null,0.63,{"$nulls":7},0,{"$f":"Q407-#REF!","v":{"$error":"#REF!"}},{"$error":"#REF!"},{"$f":"#REF!-S407","v":{"$error":"#REF!"}},7.88,-7.25]
[null,null,null,"SUBTOTAL",{"$nulls":4},{"$f":"SUM(I403:I407)","v":52.11},{"$nulls":7},-52.11,{"$f":"Q408-#REF!","v":{"$error":"#REF!"}},0,{"$f":"#REF!-S408","v":{"$error":"#REF!"}},0,52.11]
[{"$nulls":16},0]
["Obs. Utilizou-se como referência o item ED-50230 da tabela SEINFRA/MG. ",{"$nulls":15},0]
[{"$nulls":16},0]
[{"$nulls":16},0]
[{"$nulls":16},0]
[{"$nulls":16},0]
[{"$f":"'PLANILHA SEM DESONERAÇÃO'!A290","v":"14.1"},"COMP. 25",{"$f":"[72]PLANILHA!$C$86","v":"COMP. PRÓPRIA 11° SR"},"KIT DE PORTA DE MADEIRA PARA PINTURA, SEMI-OCA (LEVE OU MÉDIA), PADRÃO MÉDIO, 80X210CM, ESPESSURA DE 3,5CM, ITENS INCLUSOS: DOBRADIÇAS, MONTAGEM E INSTALAÇÃO DO BATENTE, FECHADURA COM EXECUÇÃO DO FURO - FORNECIMENTO E INSTALAÇÃO. AF_12/2019",null,null,"UN",{"$nulls":9},{"$error":"#VALUE!"}]
["14.1.1",88247,"SINAPI/SERV.","BATENTE PARA PORTA DE MADEIRA, FIXAÇÃO COM ARGAMASSA, PADRÃO MÉDIO - FORNECIMENTO E INSTALAÇÃO. AF_12/2019","UN",1,{"$f":"VLOOKUP(B416,'SINAPI NÃO DESONERADO'!G:L,5,0)","v":23.25},null,{"$f":"+ROUND($F416*G416,2)","v":23.25},{"$nulls":7},0,{"$f":"Q416-#REF!","v":{"$error":"#REF!"}},{"$error":"#REF!"},{"$f":"#REF!-S416","v":{"$error":"#REF!"}},7.88,{"$f":"I416-U416","v":15.37}]
["14.1.2",90830,"SINAPI/SERV.","FECHADURA DE EMBUTIR COM CILINDRO, EXTERNA, COMPLETA, ACABAMENTO PADRÃO MÉDIO, INCLUSO EXECUÇÃO DE FURO - FORNECIMENTO E INSTALAÇÃO. AF_12/2019","UN",1,{"$f":"VLOOKUP(B417,'SINAPI NÃO DESONERADO'!G:L,5,0)","v":200.82},null,{"$f":"+ROUND($F417*G417,2)","v":200.82},{"$nulls":7},0,{"$f":"Q417-#REF!","v":{"$error":"#REF!"}},{"$f":"ROUND(#REF!*F417,2)","v":{"$error":"#REF!"}},{"$f":"#REF!-S417","v":{"$error":"#REF!"}},20.100000000000001,{"$f":"I417-U417","v":180.72}]
["14.1.3",100659,"SINAPI/SERV.","ALIZAR DE 5X1,5CM PARA PORTA FIXADO COM PREGOS, PADRÃO MÉDIO - FORNECIMENTO E INSTALAÇÃO. AF_12/2019","M",10,{"$f":"VLOOKUP(B418,'SINAPI NÃO DESONERADO'!G:L,5,0)","v":8.5299999999999994},null,{"$f":"+ROUND($F418*G418,2)","v":85.3},{"$nulls":7},0,{"$f":"Q418-#REF!","v":{"$error":"#REF!"}},{"$f":"ROUND(#REF!*F418,2)","v":{"$error":"#REF!"}},{"$f":"#REF!-S418","v":{"$error":"#REF!"}},20.100000000000001,{"$f":"I418-U418","v":65.2}]
["14.1.4",2432,"SINAPI/INS.","DOBRADICA EM ACO/FERRO, 3 1/2\" X  3\", E= 1,9  A 2 MM, COM ANEL,  CROMADO OU ZINCADO, TAMPA BOLA, COM PARAFUSOS","UN",3,{"$f":"VLOOKUP(B419,'SINAPI NÃO DESONERADO'!G:L,5,0)","v":16.62},null,{"$f":"+ROUND($F419*G419,2)","v":49.86},{"$nulls":7},0,{"$f":"Q419-#REF!","v":{"$error":"#REF!"}},{"$error":"#REF!"},{"$f":"#REF!-S419","v":{"$error":"#REF!"}},7.88,{"$f":"I419-U419","v":41.98}]
["14.1.5",10555,"SINAPI/INS.","PORTA DE MADEIRA, FOLHA MEDIA (NBR 15930) DE 800 X 2100 MM, DE 35 MM A 40 MM DE ESPESSURA, NUCLEO SEMI-SOLIDO (SARRAFEADO), CAPA LISA EM HDF, ACABAMENTO EM PRIMER PARA PINTURA","UN",1,{"$f":"VLOOKUP(B420,'SINAPI NÃO DESONERADO'!G:L,5,0)","v":246.98},null,{"$f":"+ROUND($F420*G420,2)","v":246.98},{"$nulls":7},{"$f":"+ROUND($F420*G420,2)-I420","v":0},{"$f":"Q420-#REF!","v":{"$error":"#REF!"}},{"$error":"#REF!"},{"$f":"#REF!-S420","v":{"$error":"#REF!"}},7.88,{"$f":"I420-U420","v":239.1}]
["14.1.6",11055,"SINAPI/INS.","PARAFUSO ROSCA SOBERBA ZINCADO CABECA CHATA FENDA SIMPLES 3,5 X 25 MM (1 \")","UN",19.8,{"$f":"VLOOKUP(B421,'SINAPI NÃO DESONERADO'!G:L,5,0)","v":0.08},null,1.58,{"$nulls":7},0,{"$f":"Q421-#REF!","v":{"$error":"#REF!"}},{"$f":"ROUND(#REF!*F421,2)","v":{"$error":"#REF!"}},{"$f":"#REF!-S421","v":{"$error":"#REF!"}},36.39,-34.81]
["14.1.7",88261,"SINAPI/SERV.","CARPINTEIRO DE ESQUADRIA COM ENCARGOS COMPLEMENTARES","H",1.546,{"$f":"VLOOKUP(B422,'SINAPI NÃO DESONERADO'!G:L,5,0)","v":21.98},null,33.979999999999997,{"$nulls":7},0,{"$f":"Q422-#REF!","v":{"$error":"#REF!"}},{"$f":"ROUND(#REF!*F422,2)","v":{"$error":"#REF!"}},{"$f":"#REF!-S422","v":{"$error":"#REF!"}},20.100000000000001,13.88]
["14.1.8",88316,"SINAPI/SERV.","SERVENTE COM ENCARGOS COMPLEMENTARES","H",0.77300000000000002,{"$f":"VLOOKUP(B423,'SINAPI NÃO DESONERADO'!G:L,5,0)","v":17.28},null,13.36,{"$nulls":7},0,{"$f":"Q423-#REF!","v":{"$error":"#REF!"}},{"$f":"ROUND(#REF!*F423,2)","v":{"$error":"#REF!"}},{"$f":"#REF!-S423","v":{"$error":"#REF!"}},20.100000000000001,-6.74]
[null,null,null,"SUBTOTAL",{"$nulls":4},{"$f":"SUM(I416:I423)","v":655.13},{"$nulls":7},-655.13,{"$f":"Q424-#REF!","v":{"$error":"#REF!"}},0,{"$f":"#REF!-S424","v":{"$error":"#REF!"}},0,655.13]
[{"$nulls":16},0]
["Obs. Utilizou-se como referência o item 90843 da tabela SINAPI. ",{"$nulls":15},0]
[{"$nulls":16},0]
[{"$nulls":16},0]
[{"$nulls":16},0]
[{"$nulls":16},0]
[{"$f":"[72]PLANILHA!$A$290","v":"15.1"},"COMP. 26",{"$f":"[72]PLANILHA!$C$86","v":"COMP. PRÓPRIA 11° SR"},"PONTO DE TOMADA PARA LUMINÁRIA DE INCÊNDIO, INCLUINDO TOMADA, CABO, ELETRODUTO E CAIXA.",null,null,"UN",{"$nulls":9},{"$error":"#VALUE!"}]
["15.1.1",91996,"SINAPI/SERV.","TOMADA MÉDIA DE EMBUTIR (1 MÓDULO), 2P+T 10 A, INCLUINDO SUPORTE E PLACA - FORNECIMENTO E INSTALAÇÃO. AF_12/2015","UN",1,{"$f":"VLOOKUP(B432,'SINAPI NÃO DESONERADO'!G:L,5,0)","v":35.450000000000003},null,{"$f":"+ROUND($F432*G432,2)","v":35.450000000000003},{"$nulls":7},0,{"$f":"Q432-#REF!","v":{"$error":"#REF!"}},{"$error":"#REF!"},{"$f":"#REF!-S432","v":{"$error":"#REF!"}},7.88,{"$f":"I432-U432","v":27.57}]
["15.1.2",91842,"SINAPI/SERV.","ELETRODUTO FLEXÍVEL CORRUGADO, PVC, DN 20 MM (1/2\"), PARA CIRCUITOS TERMINAIS, INSTALADO EM LAJE - FORNECIMENTO E INSTALAÇÃO. AF_12/2015","M",2,{"$f":"VLOOKUP(B433,'SINAPI NÃO DESONERADO'!G:L,5,0)","v":5.94},null,11.88,{"$nulls":7},0,{"$f":"Q433-#REF!","v":{"$error":"#REF!"}},{"$f":"ROUND(#REF!*F433,2)","v":{"$error":"#REF!"}},{"$f":"#REF!-S433","v":{"$error":"#REF!"}},36.39,-24.51]
["15.1.3",91852,"SINAPI/SERV.","ELETRODUTO FLEXÍVEL CORRUGADO, PVC, DN 20 MM (1/2\"), PARA CIRCUITOS TERMINAIS, INSTALADO EM PAREDE - FORNECIMENTO E INSTALAÇÃO. AF_12/2015","M",1.8,{"$f":"VLOOKUP(B434,'SINAPI NÃO DESONERADO'!G:L,5,0)","v":8.76},null,15.77,{"$nulls":7},0,{"$f":"Q434-#REF!","v":{"$error":"#REF!"}},{"$f":"ROUND(#REF!*F434,2)","v":{"$error":"#REF!"}},{"$f":"#REF!-S434","v":{"$error":"#REF!"}},20.100000000000001,-4.33]
["15.1.4",91926,"SINAPI/SERV.","CABO DE COBRE FLEXÍVEL ISOLADO, 2,5 MM², ANTI-CHAMA 450/750 V, PARA CIRCUITOS TERMINAIS - FORNECIMENTO E INSTALAÇÃO. AF_12/2015","M",8,{"$f":"VLOOKUP(B435,'SINAPI NÃO DESONERADO'!G:L,5,0)","v":4.87},null,38.96,{"$nulls":7},0,{"$f":"Q435-#REF!","v":{"$error":"#REF!"}},{"$f":"ROUND(#REF!*F435,2)","v":{"$error":"#REF!"}},{"$f":"#REF!-S435","v":{"$error":"#REF!"}},20.100000000000001,18.86]
["15.1.5",91939,"SINAPI/SERV.","CAIXA RETANGULAR 4\" X 2\" ALTA (2,00 M DO PISO), PVC, INSTALADA EM PAREDE - FORNECIMENTO E INSTALAÇÃO. AF_12/2015","UN",1,{"$f":"VLOOKUP(B436,'SINAPI NÃO DESONERADO'!G:L,5,0)","v":30.16},null,30.16,{"$nulls":7},0,{"$f":"Q436-#REF!","v":{"$error":"#REF!"}},{"$error":"#REF!"},{"$f":"#REF!-S436","v":{"$error":"#REF!"}},7.88,22.28]
[null,null,null,"SUBTOTAL",{"$nulls":4},{"$f":"SUM(I432:I436)","v":132.22},{"$nulls":7},-132.22,{"$f":"Q437-#REF!","v":{"$error":"#REF!"}},0,{"$f":"#REF!-S437","v":{"$error":"#REF!"}},0,132.22]
[{"$nulls":16},0]
["Obs. Utilizou-se como referência o item 93141 da tabela SINAPI. ",{"$nulls":15},0]
[{"$nulls":16},0]
[{"$nulls":16},0]
[{"$nulls":16},0]
[{"$nulls":16},0]
[{"$f":"[72]PLANILHA!$A$293","v":"15.4"},"COMP. 27",{"$f":"[72]PLANILHA!$C$86","v":"COMP. PRÓPRIA 11° SR"},"PLACA DE SINALIZACAO DE SEGURANCA CONTRA INCENDIO, FOTOLUMINESCENTE, EM PVC *2* MM ANTI-CHAMAS (SIMBOLOS, CORES E PICTOGRAMAS CONFORME NBR 16820)",null,null,"UN",{"$nulls":9},{"$error":"#VALUE!"}]
["15.4.1",37556,"SINAPI/INS.","PLACA DE SINALIZACAO DE SEGURANCA CONTRA INCENDIO, FOTOLUMINESCENTE, QUADRADA, *20 X 20* CM, EM PVC *2* MM ANTI-CHAMAS (SIMBOLOS, CORES E PICTOGRAMAS CONFORME NBR 16820)","UN",1,{"$f":"VLOOKUP(B445,'SINAPI NÃO DESONERADO'!G:L,5,0)","v":46.26},null,{"$f":"+ROUND($F445*G445,2)","v":46.26},{"$nulls":7},0,{"$f":"Q445-#REF!","v":{"$error":"#REF!"}},{"$error":"#REF!"},{"$f":"#REF!-S445","v":{"$error":"#REF!"}},7.88,{"$f":"I445-U445","v":38.380000000000003}]
["15.4.2",88309,"SINAPI/SERV.","PEDREIRO COM ENCARGOS COMPLEMENTARES","H",0.5,{"$f":"VLOOKUP(B446,'SINAPI NÃO DESONERADO'!G:L,5,0)","v":23.44},null,{"$f":"+ROUND($F446*G446,2)","v":11.72},{"$nulls":7},{"$f":"+ROUND($F446*G446,2)-I446","v":0},{"$f":"Q446-#REF!","v":{"$error":"#REF!"}},{"$f":"ROUND(#REF!*F446,2)","v":{"$error":"#REF!"}},{"$f":"#REF!-S446","v":{"$error":"#REF!"}},36.39,-24.67]
[null,null,null,"SUBTOTAL",{"$nulls":4},{"$f":"SUM(I445:I446)","v":57.98},{"$nulls":7},-57.98,{"$f":"Q447-#REF!","v":{"$error":"#REF!"}},0,{"$f":"#REF!-S447","v":{"$error":"#REF!"}},0,57.98]
[{"$nulls":16},0]
["Obs. Utilizou-se como referência o item ED-50201 da tabela SEINFRA/MG. ",{"$nulls":15},0]
[{"$nulls":16},0]
[{"$nulls":16},0]
[{"$nulls":16},0]
[{"$nulls":16},0]
[{"$f":"[72]PLANILHA!$A$294","v":"15.5"},"COMP. 28",{"$f":"[72]PLANILHA!$C$86","v":"COMP. PRÓPRIA 11° SR"},"CONJUNTO MOTOBOMBA PARA SISTEMA DE PREVENÇÃO E COMBATE A INCÊNDIO, CONTENDO 2 BOMBAS CENTRÍFUGAS DE 14,8CV ",null,null,"UN",{"$nulls":9},{"$error":"#VALUE!"}]
["15.5.1",737,"SINAPI/INS.","BOMBA CENTRIFUGA MOTOR ELETRICO TRIFASICO 14,8 HP, DIAMETRO DE SUCCAO X ELEVACAO 2 1/2\" X 2\", DIAMETRO DO ROTOR 195 MM, HM/Q: 62 M / 55,5 M3/H A 80 M / 31,50 M3/H","UN",2,{"$f":"VLOOKUP(B455,'SINAPI NÃO DESONERADO'!G:L,5,0)","v":10171.98},null,{"$f":"+ROUND($F455*G455,2)","v":20343.96},{"$nulls":7},0,{"$f":"Q455-#REF!","v":{"$error":"#REF!"}},{"$error":"#REF!"},{"$f":"#REF!-S455","v":{"$error":"#REF!"}},7.88,{"$f":"I455-U455","v":20336.080000000002}]
["15.5.2",5086,"SINAPI/INS.","CORRENTE DE ELO CURTO COMUM, SOLDADA, GALVANIZADA, ESPESSURA DO ELO = 1/2\" (12,5 MM)","KG",20.260000000000002,{"$f":"VLOOKUP(B456,'SINAPI NÃO DESONERADO'!G:L,5,0)","v":34.520000000000003},null,699.38,{"$nulls":7},0,{"$f":"Q456-#REF!","v":{"$error":"#REF!"}},{"$f":"ROUND(#REF!*F456,2)","v":{"$error":"#REF!"}},{"$f":"#REF!-S456","v":{"$error":"#REF!"}},36.39,662.99]
["15.5.3",88248,"SINAPI/SERV.","AUXILIAR DE ENCANADOR OU BOMBEIRO HIDRÁULICO COM ENCARGOS COMPLEMENTARES","H",8.0399999999999991,{"$f":"VLOOKUP(B457,'SINAPI NÃO DESONERADO'!G:L,5,0)","v":18.649999999999999},null,149.94999999999999,{"$nulls":7},0,{"$f":"Q457-#REF!","v":{"$error":"#REF!"}},{"$f":"ROUND(#REF!*F457,2)","v":{"$error":"#REF!"}},{"$f":"#REF!-S457","v":{"$error":"#REF!"}},20.100000000000001,129.85]
["15.5.4",88267,"SINAPI/SERV.","ENCANADOR OU BOMBEIRO HIDRÁULICO COM ENCARGOS COMPLEMENTARES","H",8.0399999999999991,{"$f":"VLOOKUP(B458,'SINAPI NÃO DESONERADO'!G:L,5,0)","v":22.7},null,182.51,{"$nulls":7},0,{"$f":"Q458-#REF!","v":{"$error":"#REF!"}},{"$f":"ROUND(#REF!*F458,2)","v":{"$error":"#REF!"}},{"$f":"#REF!-S458","v":{"$error":"#REF!"}},20.100000000000001,162.41]
["15.5.5",88247,"SINAPI/SERV.","AUXILIAR DE ELETRICISTA COM ENCARGOS COMPLEMENTARES","H",1.2,{"$f":"VLOOKUP(B459,'SINAPI NÃO DESONERADO'!G:L,5,0)","v":23.25},null,27.9,{"$nulls":7},0,{"$f":"Q459-#REF!","v":{"$error":"#REF!"}},{"$error":"#REF!"},{"$f":"#REF!-S459","v":{"$error":"#REF!"}},7.88,20.02]
["15.5.6",88264,"SINAPI/SERV.","ELETRICISTA COM ENCARGOS COMPLEMENTARES","H",1.2,{"$f":"VLOOKUP(B460,'SINAPI NÃO DESONERADO'!G:L,5,0)","v":25.64},null,30.77,{"$nulls":7},0,{"$f":"Q460-#REF!","v":{"$error":"#REF!"}},{"$error":"#REF!"},{"$f":"#REF!-S460","v":{"$error":"#REF!"}},7.88,22.89]
[null,null,null,"SUBTOTAL",{"$nulls":4},{"$f":"SUM(I455:I460)","v":21434.47},{"$nulls":7},-21434.47,{"$f":"Q461-#REF!","v":{"$error":"#REF!"}},0,{"$f":"#REF!-S461","v":{"$error":"#REF!"}},0,21434.47]
[{"$nulls":16},0]
["Obs. Utilizou-se como referência o item 102126 da tabela SINAPI. ",{"$nulls":15},0]
[{"$nulls":16},0]
[{"$nulls":16},0]
[{"$nulls":16},0]
[{"$f":"[72]PLANILHA!$A$338","v":"18.1"},"COMP. 29",{"$f":"[72]PLANILHA!$C$86","v":"COMP. PRÓPRIA 11° SR"},"MOBILIZAÇÃO E DESMOBILIZAÇÃO DE OBRA",null,null,"UN",{"$nulls":9},{"$error":"#VALUE!"}]
["18.1.1",100947,"SINAPI/SERV.","TRANSPORTE COM CAMINHÃO CARROCERIA 9T, EM VIA URBANA PAVIMENTADA, DMT ATÉ 30KM (UNIDADE: TXKM). AF_07/2020","TXKM",{"$f":"+(180+195+360+105+300)*2","v":2280},{"$f":"VLOOKUP(B468,'SINAPI NÃO DESONERADO'!G:L,5,0)","v":2.09},null,{"$f":"+ROUND($F468*G468,2)","v":4765.2},{"$nulls":7},0,{"$f":"Q468-#REF!","v":{"$error":"#REF!"}},{"$error":"#REF!"},{"$f":"#REF!-S468","v":{"$error":"#REF!"}},7.88,{"$f":"I468-U468","v":4757.32}]
[null,null,null,"SUBTOTAL",{"$nulls":4},{"$f":"SUM(I468:I468)","v":4765.2},{"$nulls":7},-4765.2,{"$f":"Q469-#REF!","v":{"$error":"#REF!"}},0,{"$f":"#REF!-S469","v":{"$error":"#REF!"}},0,{"$f":"I469-U469","v":4765.2}]
[{"$nulls":16},0]
["Obs.: DMT - 15KM (percurso médio - obra na capital)\nPeso rolo compactador (liso e de pé de carneiro): 6 toneladas cada - 180 TXKM\nPeso motoniveladora: 13 toneladas - 195 TXKM\nPeso trator sobre esteiras: 24 toneladas - 360 TXKM\nPeso retroescavadeira: 7 toneladas - 105 TXKM\nPeso escavadeira: 20 toneladas - 300 TXKM",{"$nulls":15},0]
[{"$nulls":16},0]
[{"$nulls":16},0]
[{"$nulls":16},{"$f":"ROUND(G474*(1+#REF!),2)","v":{"$error":"#REF!"}},{"$f":"Q474-#REF!","v":{"$error":"#REF!"}},{"$error":"#REF!"},{"$f":"#REF!-S474","v":{"$error":"#REF!"}},{"$f":"ROUND(G474*F474,2)","v":0},{"$f":"I474-U474","v":0}]
[{"$nulls":16},{"$f":"ROUND(G475*(1+#REF!),2)","v":{"$error":"#REF!"}},{"$f":"Q475-#REF!","v":{"$error":"#REF!"}},{"$f":"ROUND(#REF!*F475,2)","v":{"$error":"#REF!"}},{"$f":"#REF!-S475","v":{"$error":"#REF!"}},0,0]
[{"$f":"'MEMORIA DE CÁLCULO'!A2461","v":"Macapá, 28 de novembro de 2022."},{"$nulls":16},{"$f":"Q476-#REF!","v":{"$error":"#REF!"}},{"$f":"ROUND(#REF!*F476,2)","v":{"$error":"#REF!"}},{"$f":"#REF!-S476","v":{"$error":"#REF!"}},{"$f":"ROUND(E476*F476,2)","v":0},0]
[{"$nulls":17},{"$f":"Q477-#REF!","v":{"$error":"#REF!"}},{"$f":"ROUND(#REF!*F477,2)","v":{"$error":"#REF!"}},{"$f":"#REF!-S477","v":{"$error":"#REF!"}},0,0]
[null,null,null,"Luis Fernando Antunes Lima",{"$nulls":13},{"$f":"Q478-#REF!","v":{"$error":"#REF!"}},{"$f":"ROUND(#REF!*F478,2)","v":{"$error":"#REF!"}},{"$f":"#REF!-S478","v":{"$error":"#REF!"}},0,0]
[null,null,null,"Engenheiro Civil - CREA 186819/D",{"$nulls":13},{"$f":"Q479-#REF!","v":{"$error":"#REF!"}},{"$f":"ROUND(#REF!*F479,2)","v":{"$error":"#REF!"}},{"$f":"#REF!-S479","v":{"$error":"#REF!"}},0,0]
[{"$nulls":17},{"$f":"Q480-#REF!","v":{"$error":"#REF!"}},{"$f":"ROUND(#REF!*F480,2)","v":{"$error":"#REF!"}},{"$f":"#REF!-S480","v":{"$error":"#REF!"}},0,0]
[]
[]
[{"$nulls":17},{"$f":"Q483-#REF!","v":{"$error":"#REF!"}},{"$f":"ROUND(#REF!*F483,2)","v":{"$error":"#REF!"}},{"$f":"#REF!-S483","v":{"$error":"#REF!"}},{"$f":"ROUND(G483*F483,2)","v":0},{"$f":"I483-U483","v":0}]
[{"$nulls":17},{"$f":"Q484-#REF!","v":{"$error":"#REF!"}},{"$f":"ROUND(#REF!*F484,2)","v":{"$error":"#REF!"}},{"$f":"#REF!-S484","v":{"$error":"#REF!"}},0,0]
[{"$nulls":17},{"$f":"Q485-#REF!","v":{"$error":"#REF!"}},{"$f":"ROUND(#REF!*F485,2)","v":{"$error":"#REF!"}},{"$f":"#REF!-S485","v":{"$error":"#REF!"}},0,0]
[{"$nulls":17},{"$f":"Q486-#REF!","v":{"$error":"#REF!"}},{"$f":"ROUND(#REF!*F486,2)","v":{"$error":"#REF!"}},{"$f":"#REF!-S486","v":{"$error":"#REF!"}},0,0]
[{"$nulls":17},{"$f":"Q487-#REF!","v":{"$error":"#REF!"}},{"$f":"ROUND(#REF!*F487,2)","v":{"$error":"#REF!"}},{"$f":"#REF!-S487","v":{"$error":"#REF!"}},0,0]
[{"$nulls":17},{"$f":"Q488-#REF!","v":{"$error":"#REF!"}},{"$f":"ROUND(#REF!*F488,2)","v":{"$error":"#REF!"}},{"$f":"#REF!-S488","v":{"$error":"#REF!"}},0,0]
[{"$nulls":17},{"$f":"Q489-#REF!","v":{"$error":"#REF!"}},{"$f":"ROUND(#REF!*F489,2)","v":{"$error":"#REF!"}},{"$f":"#REF!-S489","v":{"$error":"#REF!"}},0,0]
[{"$nulls":17},{"$f":"Q490-#REF!","v":{"$error":"#REF!"}},{"$f":"ROUND(#REF!*F490,2)","v":{"$error":"#REF!"}},{"$f":"#REF!-S490","v":{"$error":"#REF!"}},0,0]
[{"$nulls":17},{"$f":"Q491-#REF!","v":{"$error":"#REF!"}},{"$f":"ROUND(#REF!*F491,2)","v":{"$error":"#REF!"}},{"$f":"#REF!-S491","v":{"$error":"#REF!"}},0,0]
[null," ",{"$nulls":15},{"$f":"Q492-#REF!","v":{"$error":"#REF!"}},{"$f":"ROUND(#REF!*F492,2)","v":{"$error":"#REF!"}},{"$f":"#REF!-S492","v":{"$error":"#REF!"}},0,0]
[{"$nulls":17},{"$f":"Q493-#REF!","v":{"$error":"#REF!"}},{"$f":"ROUND(#REF!*F493,2)","v":{"$error":"#REF!"}},{"$f":"#REF!-S493","v":{"$error":"#REF!"}},0,0]
[{"$nulls":17},{"$f":"Q494-#REF!","v":{"$error":"#REF!"}},{"$f":"ROUND(#REF!*F494,2)","v":{"$error":"#REF!"}},{"$f":"#REF!-S494","v":{"$error":"#REF!"}},0,0]
[{"$nulls":17},{"$f":"Q495-#REF!","v":{"$error":"#REF!"}},{"$f":"ROUND(#REF!*F495,2)","v":{"$error":"#REF!"}},{"$f":"#REF!-S495","v":{"$error":"#REF!"}},{"$f":"ROUND(#REF!/G495,2)","v":{"$error":"#REF!"}},{"$error":"#REF!"}]
[{"$nulls":17},{"$f":"Q496-#REF!","v":{"$error":"#REF!"}},{"$f":"ROUND(#REF!*F496,2)","v":{"$error":"#REF!"}},{"$f":"#REF!-S496","v":{"$error":"#REF!"}},{"$f":"ROUND(#REF!/G496,2)","v":{"$error":"#REF!"}},{"$error":"#REF!"}]
[{"$nulls":17},{"$f":"Q497-#REF!","v":{"$error":"#REF!"}},{"$f":"ROUND(#REF!*F497,2)","v":{"$error":"#REF!"}},{"$f":"#REF!-S497","v":{"$error":"#REF!"}},{"$f":"ROUND(#REF!/G497,2)","v":{"$error":"#REF!"}},{"$error":"#REF!"}]
[{"$nulls":17},{"$f":"Q498-#REF!","v":{"$error":"#REF!"}},{"$f":"ROUND(#REF!*F498,2)","v":{"$error":"#REF!"}},{"$f":"#REF!-S498","v":{"$error":"#REF!"}},{"$f":"ROUND(#REF!/G498,2)","v":{"$error":"#REF!"}},{"$error":"#REF!"}]
[{"$nulls":17},{"$f":"Q499-#REF!","v":{"$error":"#REF!"}},{"$f":"ROUND(#REF!*F499,2)","v":{"$error":"#REF!"}},{"$f":"#REF!-S499","v":{"$error":"#REF!"}},{"$f":"ROUND(#REF!/G499,2)","v":{"$error":"#REF!"}},{"$error":"#REF!"}]
[{"$nulls":17},{"$f":"Q500-#REF!","v":{"$error":"#REF!"}},null,{"$f":"#REF!-S500","v":{"$error":"#REF!"}},{"$f":"ROUND(#REF!/G500,2)","v":{"$error":"#REF!"}},{"$error":"#REF!"}]
[{"$nulls":17},{"$f":"Q501-#REF!","v":{"$error":"#REF!"}},null,{"$f":"#REF!-S501","v":{"$error":"#REF!"}},{"$f":"ROUND(#REF!/G501,2)","v":{"$error":"#REF!"}},{"$error":"#REF!"}]
[{"$nulls":17},{"$f":"Q502-#REF!","v":{"$error":"#REF!"}},null,{"$f":"#REF!-S502","v":{"$error":"#REF!"}},{"$f":"ROUND(#REF!/G502,2)","v":{"$error":"#REF!"}},{"$error":"#REF!"}]
[{"$nulls":17},{"$f":"Q503-#REF!","v":{"$error":"#REF!"}},null,{"$f":"#REF!-S503","v":{"$error":"#REF!"}},{"$f":"ROUND(#REF!/G503,2)","v":{"$error":"#REF!"}},{"$error":"#REF!"}]
[{"$nulls":17},{"$f":"Q504-#REF!","v":{"$error":"#REF!"}},null,{"$f":"#REF!-S504","v":{"$error":"#REF!"}},{"$f":"ROUND(#REF!/G504,2)","v":{"$error":"#REF!"}},{"$error":"#REF!"}]
[{"$nulls":17},{"$f":"Q505-#REF!","v":{"$error":"#REF!"}},null,{"$f":"#REF!-S505","v":{"$error":"#REF!"}},{"$f":"ROUND(#REF!/G505,2)","v":{"$error":"#REF!"}},{"$error":"#REF!"}]
[{"$nulls":17},{"$f":"Q506-#REF!","v":{"$error":"#REF!"}},null,{"$f":"#REF!-S506","v":{"$error":"#REF!"}},{"$f":"ROUND(#REF!/G506,2)","v":{"$error":"#REF!"}},{"$error":"#REF!"}]
[{"$nulls":17},{"$f":"Q507-#REF!","v":{"$error":"#REF!"}},null,{"$f":"#REF!-S507","v":{"$error":"#REF!"}},{"$f":"ROUND(#REF!/G507,2)","v":{"$error":"#REF!"}},{"$error":"#REF!"}]
[{"$nulls":17},{"$f":"Q508-#REF!","v":{"$error":"#REF!"}},null,{"$f":"#REF!-S508","v":{"$error":"#REF!"}},{"$f":"ROUND(#REF!/G508,2)","v":{"$error":"#REF!"}},{"$error":"#REF!"}]
[{"$nulls":17},{"$f":"Q509-#REF!","v":{"$error":"#REF!"}},null,{"$f":"#REF!-S509","v":{"$error":"#REF!"}},{"$f":"ROUND(#REF!/G509,2)","v":{"$error":"#REF!"}},{"$error":"#REF!"}]
[{"$nulls":17},{"$f":"Q510-#REF!","v":{"$error":"#REF!"}},null,{"$f":"#REF!-S510","v":{"$error":"#REF!"}},{"$f":"ROUND(#REF!/G510,2)","v":{"$error":"#REF!"}},{"$error":"#REF!"}]
[{"$nulls":17},{"$f":"Q511-#REF!","v":{"$error":"#REF!"}},null,{"$f":"#REF!-S511","v":{"$error":"#REF!"}},{"$f":"ROUND(#REF!/G511,2)","v":{"$error":"#REF!"}},{"$error":"#REF!"}]
[{"$nulls":17},{"$f":"Q512-#REF!","v":{"$error":"#REF!"}},null,{"$f":"#REF!-S512","v":{"$error":"#REF!"}},{"$f":"ROUND(#REF!/G512,2)","v":{"$error":"#REF!"}},{"$error":"#REF!"}]
[{"$nulls":17},{"$f":"Q513-#REF!","v":{"$error":"#REF!"}},null,{"$f":"#REF!-S513","v":{"$error":"#REF!"}},{"$f":"ROUND(#REF!/G513,2)","v":{"$error":"#REF!"}},{"$error":"#REF!"}]
[{"$nulls":17},{"$f":"Q514-#REF!","v":{"$error":"#REF!"}},null,{"$f":"#REF!-S514","v":{"$error":"#REF!"}},{"$f":"ROUND(#REF!/G514,2)","v":{"$error":"#REF!"}},{"$error":"#REF!"}]
[{"$nulls":17},{"$f":"Q515-#REF!","v":{"$error":"#REF!"}},null,{"$f":"#REF!-S515","v":{"$error":"#REF!"}},{"$f":"ROUND(#REF!/G515,2)","v":{"$error":"#REF!"}},{"$error":"#REF!"}]
[{"$nulls":17},{"$f":"Q516-#REF!","v":{"$error":"#REF!"}},null,{"$f":"#REF!-S516","v":{"$error":"#REF!"}},{"$f":"ROUND(#REF!/G516,2)","v":{"$error":"#REF!"}},{"$error":"#REF!"}]
[{"$nulls":17},{"$f":"Q517-#REF!","v":{"$error":"#REF!"}},null,{"$f":"#REF!-S517","v":{"$error":"#REF!"}},{"$f":"ROUND(#REF!/G517,2)","v":{"$error":"#REF!"}},{"$error":"#REF!"}]
[{"$nulls":17},{"$f":"Q518-#REF!","v":{"$error":"#REF!"}},null,{"$f":"#REF!-S518","v":{"$error":"#REF!"}},{"$f":"ROUND(#REF!/G518,2)","v":{"$error":"#REF!"}},{"$error":"#REF!"}]
[{"$nulls":17},{"$f":"Q519-#REF!","v":{"$error":"#REF!"}},null,{"$f":"#REF!-S519","v":{"$error":"#REF!"}},{"$f":"ROUND(#REF!/G519,2)","v":{"$error":"#REF!"}},{"$error":"#REF!"}]
[{"$nulls":17},{"$f":"Q520-#REF!","v":{"$error":"#REF!"}},null,{"$f":"#REF!-S520","v":{"$error":"#REF!"}},{"$f":"ROUND(#REF!/G520,2)","v":{"$error":"#REF!"}},{"$error":"#REF!"}]
[{"$nulls":17},{"$f":"Q521-#REF!","v":{"$error":"#REF!"}},null,{"$f":"#REF!-S521","v":{"$error":"#REF!"}},{"$f":"ROUND(#REF!/G521,2)","v":{"$error":"#REF!"}},{"$error":"#REF!"}]
[{"$nulls":17},{"$f":"Q522-#REF!","v":{"$error":"#REF!"}},null,{"$f":"#REF!-S522","v":{"$error":"#REF!"}},{"$f":"ROUND(#REF!/G522,2)","v":{"$error":"#REF!"}},{"$error":"#REF!"}]
[{"$nulls":17},{"$f":"Q523-#REF!","v":{"$error":"#REF!"}},null,{"$f":"#REF!-S523","v":{"$error":"#REF!"}},{"$f":"ROUND(#REF!/G523,2)","v":{"$error":"#REF!"}},{"$error":"#REF!"}]
[{"$nulls":17},{"$f":"Q524-#REF!","v":{"$error":"#REF!"}},null,{"$f":"#REF!-S524","v":{"$error":"#REF!"}},{"$f":"ROUND(#REF!/G524,2)","v":{"$error":"#REF!"}},{"$error":"#REF!"}]
[{"$nulls":17},{"$f":"Q525-#REF!","v":{"$error":"#REF!"}},null,{"$f":"#REF!-S525","v":{"$error":"#REF!"}},{"$f":"ROUND(#REF!/G525,2)","v":{"$error":"#REF!"}},{"$error":"#REF!"}]
[{"$nulls":17},{"$f":"Q526-#REF!","v":{"$error":"#REF!"}},null,{"$f":"#REF!-S526","v":{"$error":"#REF!"}},{"$f":"ROUND(#REF!/G526,2)","v":{"$error":"#REF!"}},{"$error":"#REF!"}]
[{"$nulls":17},{"$f":"Q527-#REF!","v":{"$error":"#REF!"}},null,{"$f":"#REF!-S527","v":{"$error":"#REF!"}},{"$f":"ROUND(#REF!/G527,2)","v":{"$error":"#REF!"}},{"$error":"#REF!"}]
[{"$nulls":17},{"$f":"Q528-#REF!","v":{"$error":"#REF!"}},null,{"$f":"#REF!-S528","v":{"$error":"#REF!"}},{"$f":"ROUND(#REF!/G528,2)","v":{"$error":"#REF!"}},{"$error":"#REF!"}]
[{"$nulls":17},{"$f":"Q529-#REF!","v":{"$error":"#REF!"}},null,{"$f":"#REF!-S529","v":{"$error":"#REF!"}},{"$f":"ROUND(#REF!/G529,2)","v":{"$error":"#REF!"}},{"$error":"#REF!"}]
[{"$nulls":17},{"$f":"Q530-#REF!","v":{"$error":"#REF!"}},null,{"$f":"#REF!-S530","v":{"$error":"#REF!"}},{"$f":"ROUND(#REF!/G530,2)","v":{"$error":"#REF!"}},{"$error":"#REF!"}]
[{"$nulls":17},{"$f":"Q531-#REF!","v":{"$error":"#REF!"}},null,{"$f":"#REF!-S531","v":{"$error":"#REF!"}},{"$f":"ROUND(#REF!/G531,2)","v":{"$error":"#REF!"}},{"$error":"#REF!"}]
[{"$nulls":17},{"$f":"Q532-#REF!","v":{"$error":"#REF!"}},null,{"$f":"#REF!-S532","v":{"$error":"#REF!"}},{"$f":"ROUND(#REF!/G532,2)","v":{"$error":"#REF!"}},{"$error":"#REF!"}]
[{"$nulls":17},{"$f":"Q533-#REF!","v":{"$error":"#REF!"}},null,{"$f":"#REF!-S533","v":{"$error":"#REF!"}},{"$f":"ROUND(#REF!/G533,2)","v":{"$error":"#REF!"}},{"$error":"#REF!"}]
[{"$nulls":17},{"$f":"Q534-#REF!","v":{"$error":"#REF!"}},null,{"$f":"#REF!-S534","v":{"$error":"#REF!"}},{"$f":"ROUND(#REF!/G534,2)","v":{"$error":"#REF!"}},{"$error":"#REF!"}]
[{"$nulls":17},{"$f":"Q535-#REF!","v":{"$error":"#REF!"}},null,{"$f":"#REF!-S535","v":{"$error":"#REF!"}},{"$f":"ROUND(#REF!/G535,2)","v":{"$error":"#REF!"}},{"$error":"#REF!"}]
[{"$nulls":17},{"$f":"Q536-#REF!","v":{"$error":"#REF!"}},null,{"$f":"#REF!-S536","v":{"$error":"#REF!"}},{"$f":"ROUND(#REF!/G536,2)","v":{"$error":"#REF!"}},{"$error":"#REF!"}]
[{"$nulls":17},{"$f":"Q537-#REF!","v":{"$error":"#REF!"}},null,{"$f":"#REF!-S537","v":{"$error":"#REF!"}},{"$f":"ROUND(#REF!/G537,2)","v":{"$error":"#REF!"}},{"$error":"#REF!"}]
[{"$nulls":17},{"$f":"Q538-#REF!","v":{"$error":"#REF!"}},null,{"$f":"#REF!-S538","v":{"$error":"#REF!"}},{"$f":"ROUND(#REF!/G538,2)","v":{"$error":"#REF!"}},{"$error":"#REF!"}]
[{"$nulls":17},{"$f":"Q539-#REF!","v":{"$error":"#REF!"}},null,{"$f":"#REF!-S539","v":{"$error":"#REF!"}},{"$f":"ROUND(#REF!/G539,2)","v":{"$error":"#REF!"}},{"$error":"#REF!"}]
[{"$nulls":17},{"$f":"Q540-#REF!","v":{"$error":"#REF!"}},null,{"$f":"#REF!-S540","v":{"$error":"#REF!"}},{"$f":"ROUND(#REF!/G540,2)","v":{"$error":"#REF!"}},{"$error":"#REF!"}]
[{"$nulls":17},{"$f":"Q541-#REF!","v":{"$error":"#REF!"}},null,{"$f":"#REF!-S541","v":{"$error":"#REF!"}},{"$f":"ROUND(#REF!/G541,2)","v":{"$error":"#REF!"}}]
[{"$nulls":19},{"$f":"#REF!-S542","v":{"$error":"#REF!"}},{"$f":"ROUND(#REF!/G542,2)","v":{"$error":"#REF!"}}]
[{"$nulls":19},{"$f":"#REF!-S543","v":{"$error":"#REF!"}}]
[{"$nulls":19},{"$f":"#REF!-S544","v":{"$error":"#REF!"}}]
[{"$nulls":19},{"$f":"#REF!-S545","v":{"$error":"#REF!"}}]
[{"$nulls":19},{"$f":"#REF!-S546","v":{"$error":"#REF!"}}]
[{"$nulls":19},{"$f":"#REF!-S547","v":{"$error":"#REF!"}}]
[{"$nulls":19},{"$f":"#REF!-S548","v":{"$error":"#REF!"}}]
[{"$nulls":19},{"$f":"#REF!-S549","v":{"$error":"#REF!"}}]
[{"$nulls":19},{"$f":"#REF!-S550","v":{"$error":"#REF!"}}]
[{"$nulls":19},{"$f":"#REF!-S551","v":{"$error":"#REF!"}}]
[{"$nulls":19},{"$f":"#REF!-S552","v":{"$error":"#REF!"}}]
[{"$nulls":19},{"$f":"#REF!-S553","v":{"$error":"#REF!"}}]
[{"$nulls":19},{"$f":"#REF!-S554","v":{"$error":"#REF!"}}]

{"sheet":"COTAÇÃO ISOLANTE TÉRMICO","index":7,"n_rows":29,"n_cols":13,"rows_kept":29,"cut":false,"hidden":false,"merged":[[27,4,31,8],[18,3,18,4],[18,5,18,6],[18,7,18,8],[19,3,19,8],[26,1,26,3],[26,4,26,8],[16,3,16,4],[16,5,16,6],[16,7,16,8],[17,3,17,4],[17,5,17,6],[17,7,17,8],[13,3,13,5],[13,7,13,8],[14,3,14,5],[14,7,14,8],[15,3,15,4],[15,5,15,6],[15,7,15,8],[9,3,9,4],[9,5,9,6],[9,7,9,8],[10,3,10,4],[10,5,10,6],[10,7,10,8],[7,3,7,4],[7,5,7,6],[7,7,7,8],[8,3,8,4],[8,5,8,6],[8,7,8,8],[1,3,1,8],[2,3,2,8],[3,1,3,8],[6,3,6,4],[6,5,6,6],[6,7,6,8]]}
[]
[null,null,null,"MINISTÉRIO DO DESENVOLVIMENTO REGIONAL"]
[null,null,null,"COMPANHIA DE DESENVOLVIMENTO DOS VALES DO SÃO FRANCISCO E DO PARNAÍBA"]
[null,"COTAÇÕES "]
[]
[null,"EMPRESAS FORNECEDORAS:"]
[null,"EMPRESAS","CNPJ","NOME/EMPRESA",null,"CONTATO",null,"LINK"]
[null,"E001","10.490.181/0001-35","MADEIRA MADEIRA COMÉRCIO ELETRÔNICO S/A",null,"0800 080 0099",null,"https://www.madeiramadeira.com.br/manta-la-de-vidro-wallfet-4-50-x-12500-x-1200-mm-15m2-pre-corte-400mm-isover-399379995.html"]
[null,"E002","24.689.891/0001-01","Portal da Acústica Soluções Termoacústica Imp. e Exp. Eireli",null,"(12) 3956.7373",null,"https://www.portaldaacustica.com.br/produto/102/feltro-la-de-vidro-wallfelt-12500-x-1200-x-50-mm"]
[null,"E003","44.762.408/0001-76","Total Forros e Isolamentos Ltda",null,"(19) 3397-1975",null,"https://www.totalisolamentos.com.br/la-de-rocha/placa-la-de-rocha/placa-la-de-rocha-96kgsm3-1200-x-600-x-50mm-c-4-32m2-biola"]
[null,"E004"]
[]
[null,"COTAÇÕES:"]
[null,"FONTE","CÓDIGO","DESCRIÇÃO",null,null,"UNIDADE","MÉDIA (R$"]
[null,"COTAÇÃO",null,"FELTRO LÃ DE VIDRO PARA ISOLAMENTO TÉRMICO/ACÚSTICO - 50MM",null,null,"m²",{"$f":"M15","v":16.670000000000002},null,"Média:",{"$f":"AVERAGE(F17:G19)","v":16.670000000000002},"Menor:",{"$f":"SMALL(K15:K16,1)","v":16.670000000000002}]
[null,null,"EMPRESA","NOME DA EMPRESA",null,"COTAÇÕES",null,"DATA COTAÇÃO",null,"Mediana:",{"$f":"MEDIAN(F17:G19)","v":17.82}]
[null,null,"E001",{"$f":"VLOOKUP(C17,$B$8:$G$11,3,FALSE)","v":"MADEIRA MADEIRA COMÉRCIO ELETRÔNICO S/A"},null,{"$f":"197.5/15","v":13.17},null,"18/09/2023",null,"CV:",{"$f":"_xlfn.STDEV.S(F17:G19)/AVERAGE(F17:G19)","v":0.1855}]
[null,null,"E002","Portal da Acústica Soluções Termoacústica Imp. e Exp. Eireli",null,{"$f":"267.35/15","v":17.82},null,"18/09/2023"]
[null,null,"E003","Total Forros e Isolamentos Ltda",null,{"$f":"285.5/15","v":19.03},null,"18/09/2023"]
[null,null,"OBSERVAÇÕES:",""]
[]
[]
[]
[]
[]
[]
[null,"RESPONSÁVEL PELA COTAÇÃO",null,null,"RESPONSÁVEL PELA PUBLICAÇÃO"]
[]
[null,"LUIS FERNANDO ANTUNES LIMA"]

{"sheet":"COTAÇÃO MAT DE JAZIDA P. ATERRO","index":8,"n_rows":29,"n_cols":18,"rows_kept":29,"cut":false,"hidden":false,"merged":[[27,4,31,8],[18,3,18,4],[18,5,18,6],[18,7,18,8],[19,3,19,8],[26,1,26,3],[26,4,26,8],[21,7,21,8],[16,3,16,4],[16,5,16,6],[16,7,16,8],[17,3,17,4],[17,5,17,6],[17,7,17,8],[13,3,13,5],[13,7,13,8],[14,3,14,5],[14,7,14,8],[15,3,15,4],[15,5,15,6],[15,7,15,8],[9,3,9,4],[9,5,9,6],[9,7,9,8],[10,3,10,4],[10,5,10,6],[10,7,10,8],[7,3,7,4],[7,5,7,6],[7,7,7,8],[8,3,8,4],[8,5,8,6],[8,7,8,8],[1,3,1,8],[2,3,2,8],[3,1,3,8],[6,3,6,4],[6,5,6,6],[6,7,6,8]]}
[]
[null,null,null,"MINISTÉRIO DO DESENVOLVIMENTO REGIONAL"]
[null,null,null,"COMPANHIA DE DESENVOLVIMENTO DOS VALES DO SÃO FRANCISCO E DO PARNAÍBA"]
[null,"COTAÇÕES "]
[]
[null,"EMPRESAS FORNECEDORAS:"]
[null,"EMPRESAS","CNPJ","NOME/EMPRESA",null,"CONTATO",null,"LINK"]
[null,"E001","03.316.138/0001-92","MIRANDA E CIA LTDA.",null,"(96) 99131-4909"]
[null,"E002","11.297.205/0001-05","CRISTAL CCH LTDA.",null,"(97) 98145-5030"]
[null,"E003","603.270.302-91","KAROLINA NAJARA SILVA DE ALMEIDA",null,"(96) 98120-8335"]
[null,"E004"]
[]
[null,"COTAÇÕES:"]
[null,"FONTE","CÓDIGO","DESCRIÇÃO",null,null,"UNIDADE","MEDIANA (R$",{"$nulls":7},"2022-11-01","2023-06-01"]
[null,"COTAÇÃO",null,"AREIA PARA ATERRO - POSTO JAZIDA/FORNECEDOR (RETIRADO NA JAZIDA, SEM TRANSPORTE E SEM CARGA DO MATERIAL EM CAMINHÃO)",null,null,"m³",{"$f":"M15*(1+R15)","v":10.97},null,"Média:",{"$f":"AVERAGE(F17:G19)","v":11.11},"Menor:",{"$f":"SMALL(K15:K16,1)","v":11},null,"INCC por estágios - DI - Material à base de minerais não metálicos - 1004901",751.48800000000006,749.65899999999999,{"$f":"(Q15-P15)/P15","v":-2.4299999999999999E-3}]
[null,null,"EMPRESA","NOME DA EMPRESA",null,"COTAÇÕES",null,"DATA COTAÇÃO",null,"Mediana:",{"$f":"MEDIAN(F17:G19)","v":11}]
[null,null,"E001",{"$f":"VLOOKUP(C17,$B$8:$G$11,3,FALSE)","v":"MIRANDA E CIA LTDA."},null,11,null,"17/11/2022",null,"CV:",{"$f":"_xlfn.STDEV.S(F17:G19)/AVERAGE(F17:G19)","v":7.6100000000000001E-2}]
[null,null,"E002","CRISTAL CCH LTDA.",null,12,null,"17/11/2022"]
[null,null,"E003","KAROLINA NAJARA SILVA DE ALMEIDA",null,10.32,null,"17/11/2022"]
[null,null,"OBSERVAÇÕES:",""]
[]
[{"$nulls":7},"média atualizada por índice"]
[]
[]
[]
[]
[null,"RESPONSÁVEL PELA COTAÇÃO",null,null,"RESPONSÁVEL PELA PUBLICAÇÃO"]
[]
[null,"LUIS FERNANDO ANTUNES LIMA"]

{"sheet":"COTAÇÃO ELETROCALHA 100x50","index":9,"n_rows":28,"n_cols":18,"rows_kept":28,"cut":false,"hidden":false,"merged":[[26,4,30,8],[18,3,18,4],[18,5,18,6],[18,7,18,8],[19,3,19,8],[25,1,25,3],[25,4,25,8],[22,7,22,8],[16,3,16,4],[16,5,16,6],[16,7,16,8],[17,3,17,4],[17,5,17,6],[17,7,17,8],[13,3,13,5],[13,7,13,8],[14,3,14,5],[14,7,14,8],[15,3,15,4],[15,5,15,6],[15,7,15,8],[9,3,9,4],[9,5,9,6],[9,7,9,8],[10,3,10,4],[10,5,10,6],[10,7,10,8],[7,3,7,4],[7,5,7,6],[7,7,7,8],[8,3,8,4],[8,5,8,6],[8,7,8,8],[1,3,1,8],[2,3,2,8],[3,1,3,8],[6,3,6,4],[6,5,6,6],[6,7,6,8]]}
[]
[null,null,null,"MINISTÉRIO DO DESENVOLVIMENTO REGIONAL"]
[null,null,null,"COMPANHIA DE DESENVOLVIMENTO DOS VALES DO SÃO FRANCISCO E DO PARNAÍBA"]
[null,"COTAÇÕES "]
[]
[null,"EMPRESAS FORNECEDORAS:"]
[null,"EMPRESAS","CNPJ","NOME/EMPRESA",null,"CONTATO",null,"LINK"]
[null,"E001","10.228.674/0006-06","CENTER KENNEDY COMERCIO LTDA",null,"(96) 3214-0600"]
[null,"E002","10.344.361/0001-09","PONTO A DA CONSTRUÇÃO",null,"(96) 98132-1842"]
[null,"E003","44.595.928/0001-31","ELETROSOL CONSTRUÇÃO",null,"(96) 3223-1850"]
[null,"E004"]
[]
[null,"COTAÇÕES:"]
[null,"FONTE","CÓDIGO","DESCRIÇÃO",null,null,"UNIDADE","MÉDIA (R$"]
[null,"COTAÇÃO",null,"ELETROCALHA PERFURADA 100X50",null,null,null,{"$f":"M15*(1+R16)","v":101.34},null,"Média:",{"$f":"AVERAGE(F17:G19)","v":106.08},"Menor:",{"$f":"SMALL(K15:K16,1)","v":106.08},null,null,"2022-11-01","2023-08-01"]
[null,null,"EMPRESA","NOME DA EMPRESA",null,"COTAÇÕES",null,"DATA COTAÇÃO",null,"Mediana:",{"$f":"MEDIAN(F17:G19)","v":108.3},null,null,null,"IPA-OG-DI Metalúrgica básica - 1420787",360.49900000000002,344.40100000000001,{"$f":"(Q16-P16)/P16","v":-4.4650000000000002E-2}]
[null,null,"E001",{"$f":"VLOOKUP(C17,$B$8:$G$11,3,FALSE)","v":"CENTER KENNEDY COMERCIO LTDA"},null,109.96,null,"29/11/2022",null,"CV:",{"$f":"_xlfn.STDEV.S(F17:G19)/AVERAGE(F17:G19)","v":5.04E-2}]
[null,null,"E002","PONTO A DA CONSTRUÇÃO",null,108.3,null,"29/11/2022"]
[null,null,"E003","ELETROSOL CONSTRUÇÃO",null,99.99,null,"29/11/2022"]
[null,null,"OBSERVAÇÕES:",""]
[]
[]
[{"$nulls":7},"média atualizada por índice"]
[]
[]
[null,"RESPONSÁVEL PELA COTAÇÃO",null,null,"RESPONSÁVEL PELA PUBLICAÇÃO"]
[]
[null,"LUIS FERNANDO ANTUNES LIMA"]

{"sheet":"COTAÇÃO ELETROCALHA 50x50","index":10,"n_rows":28,"n_cols":18,"rows_kept":28,"cut":false,"hidden":false,"merged":[[26,4,30,8],[18,3,18,4],[18,5,18,6],[18,7,18,8],[19,3,19,8],[25,1,25,3],[25,4,25,8],[21,7,21,8],[16,3,16,4],[16,5,16,6],[16,7,16,8],[17,3,17,4],[17,5,17,6],[17,7,17,8],[13,3,13,5],[13,7,13,8],[14,3,14,5],[14,7,14,8],[15,3,15,4],[15,5,15,6],[15,7,15,8],[9,3,9,4],[9,5,9,6],[9,7,9,8],[10,3,10,4],[10,5,10,6],[10,7,10,8],[7,3,7,4],[7,5,7,6],[7,7,7,8],[8,3,8,4],[8,5,8,6],[8,7,8,8],[1,3,1,8],[2,3,2,8],[3,1,3,8],[6,3,6,4],[6,5,6,6],[6,7,6,8]]}
[]
[null,null,null,"MINISTÉRIO DO DESENVOLVIMENTO REGIONAL"]
[null,null,null,"COMPANHIA DE DESENVOLVIMENTO DOS VALES DO SÃO FRANCISCO E DO PARNAÍBA"]
[null,"COTAÇÕES "]
[]
[null,"EMPRESAS FORNECEDORAS:"]
[null,"EMPRESAS","CNPJ","NOME/EMPRESA",null,"CONTATO",null,"LINK"]
[null,"E001","10.228.674/0006-06","CENTER KENNEDY COMERCIO LTDA",null,"(96) 3214-0600"]
[null,"E002","10.344.361/0001-09","PONTO A DA CONSTRUÇÃO",null,"(96) 98132-1842"]
[null,"E003","44.595.928/0001-31","ELETROSOL CONSTRUÇÃO",null,"(96) 3223-1850"]
[null,"E004"]
[]
[null,"COTAÇÕES:"]
[null,"FONTE","CÓDIGO","DESCRIÇÃO",null,null,"UNIDADE","MEDIANA (R$"]
[null,"COTAÇÃO",null,"ELETROCALHA PERFURADA 50X50",null,null,null,{"$f":"M15*(1+R16)","v":78.8},null,"Média:",{"$f":"AVERAGE(F17:G19)","v":88.56},"Menor:",{"$f":"SMALL(K15:K16,1)","v":82.48},null,null,"2022-11-01","2023-08-01"]
[null,null,"EMPRESA","NOME DA EMPRESA",null,"COTAÇÕES",null,"DATA COTAÇÃO",null,"Mediana:",{"$f":"MEDIAN(F17:G19)","v":82.48},null,null,null,"IPA-OG-DI Metalúrgica básica - 1420787",360.49900000000002,344.40100000000001,{"$f":"(Q16-P16)/P16","v":-4.4650000000000002E-2}]
[null,null,"E001",{"$f":"VLOOKUP(C17,$B$8:$G$11,3,FALSE)","v":"CENTER KENNEDY COMERCIO LTDA"},null,82.48,null,"29/11/2022",null,"CV:",{"$f":"_xlfn.STDEV.S(F17:G19)/AVERAGE(F17:G19)","v":0.18060000000000001}]
[null,null,"E002","PONTO A DA CONSTRUÇÃO",null,106.7,null,"29/11/2022"]
[null,null,"E003","ELETROSOL CONSTRUÇÃO",null,76.489999999999995,null,"29/11/2022"]
[null,null,"OBSERVAÇÕES:",""]
[]
[{"$nulls":7},"média atualizada por índice"]
[]
[]
[]
[null,"RESPONSÁVEL PELA COTAÇÃO",null,null,"RESPONSÁVEL PELA PUBLICAÇÃO"]
[]
[null,"LUIS FERNANDO ANTUNES LIMA"]

{"sheet":"COTAÇÃO PORTA 80x210","index":11,"n_rows":28,"n_cols":18,"rows_kept":28,"cut":false,"hidden":false,"merged":[[26,4,30,8],[18,3,18,4],[18,5,18,6],[18,7,18,8],[19,3,19,8],[25,1,25,3],[25,4,25,8],[22,7,22,8],[16,3,16,4],[16,5,16,6],[16,7,16,8],[17,3,17,4],[17,5,17,6],[17,7,17,8],[13,3,13,5],[13,7,13,8],[14,3,14,5],[14,7,14,8],[15,3,15,4],[15,5,15,6],[15,7,15,8],[9,3,9,4],[9,5,9,6],[9,7,9,8],[10,3,10,4],[10,5,10,6],[10,7,10,8],[7,3,7,4],[7,5,7,6],[7,7,7,8],[8,3,8,4],[8,5,8,6],[8,7,8,8],[1,3,1,8],[2,3,2,8],[3,1,3,8],[6,3,6,4],[6,5,6,6],[6,7,6,8]]}
[]
[null,null,null,"MINISTÉRIO DO DESENVOLVIMENTO REGIONAL"]
[null,null,null,"COMPANHIA DE DESENVOLVIMENTO DOS VALES DO SÃO FRANCISCO E DO PARNAÍBA"]
[null,"COTAÇÕES "]
[]
[null,"EMPRESAS FORNECEDORAS:"]
[null,"EMPRESAS","CNPJ","NOME/EMPRESA",null,"CONTATO",null,"LINK"]
[null,"E001","04.661.385/0001-99","MONTE E CIA LTDA.",null,"(96) 3217-1900"]
[null,"E002","31.746.891/0001-53","A S L Casa & Construção LTDA",null,"(11) 2649-7900",null,"https://www.aslcec.com.br/"]
[null,"E003","35.231.671/0001-48","GALO ESQUADRIAS",null,"(11) 99104-7782",null,"https://www.galoesquadrias.com.br/"]
[null,"E004"]
[]
[null,"COTAÇÕES:"]
[null,"FONTE","CÓDIGO","DESCRIÇÃO",null,null,"UNIDADE","MÉDIA (R$"]
[null,"COTAÇÃO",null,"PORTA DE MADEIRA PARA PINTURA - 80x210",null,null,null,{"$f":"M15*(1+R16)","v":209.48},null,"Média:",{"$f":"AVERAGE(F17:G19)","v":220.54},"Menor:",{"$f":"SMALL(K15:K16,1)","v":220.54},null,null,"2022-11-01","2023-08-01"]
[null,null,"EMPRESA","NOME DA EMPRESA",null,"COTAÇÕES",null,"DATA COTAÇÃO",null,"Mediana:",{"$f":"MEDIAN(F17:G19)","v":236.41},null,null,null,"Índice Geral de Preços - IGP\u0002DI - 161384",1139.7339999999999,1082.5930000000001,{"$f":"(Q16-P16)/P16","v":-5.0139999999999997E-2}]
[null,null,"E001",{"$f":"VLOOKUP(C17,$B$8:$G$11,3,FALSE)","v":"MONTE E CIA LTDA."},null,182.72,null,"28/11/2022",null,"CV:",{"$f":"_xlfn.STDEV.S(F17:G19)/AVERAGE(F17:G19)","v":0.1492}]
[null,null,"E002","A S L Casa & Construção LTDA",null,236.41,null,"16/01/2023"]
[null,null,"E003","GALO ESQUADRIAS",null,242.5,null,"16/01/2023"]
[null,null,"OBSERVAÇÕES:","Orçamento para verificação de conformidade do insumo de código 10555 da tabela SINAPI, que tem preço atribuído a São Paulo \"AS\". Preço de mercado inferior ao da tabela SINAPI e, por isso, foi adotado neste orçamento."]
[]
[]
[{"$nulls":7},"média atualizada por índice"]
[]
[]
[null,"RESPONSÁVEL PELA COTAÇÃO",null,null,"RESPONSÁVEL PELA PUBLICAÇÃO"]
[]
[null,"LUIS FERNANDO ANTUNES LIMA"]

{"sheet":"ORÇAMENTO AÇO LAMINADO","index":12,"n_rows":143,"n_cols":18,"rows_kept":143,"cut":false,"hidden":false,"merged":[[1,3,1,8],[2,3,2,8]]}
[]
[null,null,null,"MINISTÉRIO DO DESENVOLVIMENTO REGIONAL"]
[null,null,null,"COMPANHIA DE DESENVOLVIMENTO DOS VALES DO SÃO FRANCISCO E DO PARNAÍBA"]
[null,"COTAÇÕES "]
[]
[null,"EMPRESAS FORNECEDORAS:",{"$nulls":13},"2022-11-01","2023-08-01"]
[null,"EMPRESAS","CNPJ","NOME/EMPRESA",null,"CONTATO",null,"LINK",{"$nulls":6},"IPA-OG-DI Metalúrgica básica - 1420787",360.49900000000002,344.40100000000001,{"$f":"(Q7-P7)/P7","v":-4.4650000000000002E-2}]
[null,"E001","26.589.064/0001-63","Comercial GERDAU",null,"0800 722 3322",null,"https://www2.gerdau.com.br/"]
[null,"E002","17.469.701/0028-97","ARCELOR MITTAL BRASIL S.A.",null,"(91) 98881-0815",null,"https://brasil.arcelormittal.com/"]
[]
[null,"COTAÇÕES:"]
[{"$nulls":7},"Médias atualizadas por índice"]
[null,"FONTE","CÓDIGO","DESCRIÇÃO",null,null,"UNIDADE","MÉDIA (R$"]
[null,"COTAÇÃO",null,{"$f":"'Relatório de composições'!D58","v":"PERFIL \"I\" DE ACO LAMINADO W 610 x 113 - REF A572 GR. 50"},null,null,"KG",{"$f":"(F16+F17)/2*(1+R7)","v":10.61}]
[null,null,"EMPRESA","NOME DA EMPRESA",null,"COTAÇÕES",null,"DATA COTAÇÃO",null,"Média:",{"$f":"AVERAGE(F16:F17)","v":11.11},"Menor:",{"$f":"SMALL(K15:K16,1)","v":11.11}]
[null,null,"E001",{"$f":"VLOOKUP(C16,$B$8:$G$9,3,FALSE)","v":"Comercial GERDAU"},null,10.43,null,"28/11/2022",null,"Mediana:",{"$f":"MEDIAN(F16:F17)","v":11.11}]
[null,null,"E002",{"$f":"VLOOKUP(C17,$B$8:$G$9,3,FALSE)","v":"ARCELOR MITTAL BRASIL S.A."},null,11.78,null,"17/01/2023",null,"CV:",{"$f":"_xlfn.STDEV.S(F16:F17)/AVERAGE(F16:F17)","v":8.5999999999999993E-2}]
[]
[null,null,"OBSERVAÇÕES:","Orçamento para verificação de conformidade de preço atribuido a São Paulo na tabela SINAPI referente ao item de código 43082. Preço de mercado é inferior ao preço do SINAPI e, por isso, foi adotado neste orçamento."]
[]
[null,"FONTE","CÓDIGO","DESCRIÇÃO",null,null,"UNIDADE","MÉDIA (R$"]
[null,"COTAÇÃO",null,{"$f":"'Relatório de composições'!D76","v":"PERFIL \"I\" DE ACO LAMINADO W 530 x 101 - REF A572 GR. 50"},null,null,"KG",{"$f":"(F24+F25)/2*(1+R7)","v":10.61}]
[null,null,"EMPRESA","NOME DA EMPRESA",null,"COTAÇÕES",null,"DATA COTAÇÃO",null,"Média:",{"$f":"AVERAGE(F24:F25)","v":11.11},"Menor:",{"$f":"SMALL(K23:K24,1)","v":11.11}]
[null,null,"E001",{"$f":"VLOOKUP(C24,$B$8:$G$9,3,FALSE)","v":"Comercial GERDAU"},null,10.43,null,"28/11/2022",null,"Mediana:",{"$f":"MEDIAN(F24:F25)","v":11.11}]
[null,null,"E002",{"$f":"VLOOKUP(C25,$B$8:$G$9,3,FALSE)","v":"ARCELOR MITTAL BRASIL S.A."},null,11.78,null,"17/01/2023",null,"CV:",{"$f":"_xlfn.STDEV.S(F24:F25)/AVERAGE(F24:F25)","v":8.5999999999999993E-2}]
[]
[null,null,"OBSERVAÇÕES:","Orçamento para verificação de conformidade de preço atribuido a São Paulo na tabela SINAPI referente ao item de código 43082. Preço de mercado é inferior ao preço do SINAPI e, por isso, foi adotado neste orçamento."]
[]
[null,"FONTE","CÓDIGO","DESCRIÇÃO",null,null,"UNIDADE","MÉDIA (R$"]
[null,"COTAÇÃO",null,{"$f":"'Relatório de composições'!D94","v":"PERFIL \"I\" DE ACO LAMINADO W 530 x  74 - REF A572 GR. 50"},null,null,"KG",{"$f":"(F32+F33)/2*(1+R7)","v":10.82}]
[null,null,"EMPRESA","NOME DA EMPRESA",null,"COTAÇÕES",null,"DATA COTAÇÃO",null,"Média:",{"$f":"AVERAGE(F32:F33)","v":11.33},"Menor:",{"$f":"SMALL(K31:K32,1)","v":11.33}]
[null,null,"E001",{"$f":"VLOOKUP(C32,$B$8:$G$9,3,FALSE)","v":"Comercial GERDAU"},null,10.64,null,"28/11/2022",null,"Mediana:",{"$f":"MEDIAN(F32:F33)","v":11.33}]
[null,null,"E002",{"$f":"VLOOKUP(C33,$B$8:$G$9,3,FALSE)","v":"ARCELOR MITTAL BRASIL S.A."},null,12.01,null,"17/01/2023",null,"CV:",{"$f":"_xlfn.STDEV.S(F32:F33)/AVERAGE(F32:F33)","v":8.5500000000000007E-2}]
[]
[null,null,"OBSERVAÇÕES:","Orçamento para verificação de conformidade de preço atribuido a São Paulo na tabela SINAPI referente ao item de código 43082. Preço de mercado é inferior ao preço do SINAPI e, por isso, foi adotado neste orçamento."]
[]
[null,"FONTE","CÓDIGO","DESCRIÇÃO",null,null,"UNIDADE","MÉDIA (R$"]
[null,"COTAÇÃO",null,{"$f":"'Relatório de composições'!D112","v":"PERFIL \"I\" DE ACO LAMINADO W 530 x  72 - REF A572 GR. 50"},null,null,"KG",{"$f":"(F40+F41)/2*(1+R7)","v":10.82}]
[null,null,"EMPRESA","NOME DA EMPRESA",null,"COTAÇÕES",null,"DATA COTAÇÃO",null,"Média:",{"$f":"AVERAGE(F40:F41)","v":11.33},"Menor:",{"$f":"SMALL(K39:K40,1)","v":11.33}]
[null,null,"E001",{"$f":"VLOOKUP(C40,$B$8:$G$9,3,FALSE)","v":"Comercial GERDAU"},null,10.64,null,"28/11/2022",null,"Mediana:",{"$f":"MEDIAN(F40:F41)","v":11.33}]
[null,null,"E002",{"$f":"VLOOKUP(C41,$B$8:$G$9,3,FALSE)","v":"ARCELOR MITTAL BRASIL S.A."},null,12.01,null,"17/01/2023",null,"CV:",{"$f":"_xlfn.STDEV.S(F40:F41)/AVERAGE(F40:F41)","v":8.5500000000000007E-2}]
[]
[null,null,"OBSERVAÇÕES:","Orçamento para verificação de conformidade de preço atribuido a São Paulo na tabela SINAPI referente ao item de código 43082. Preço de mercado é inferior ao preço do SINAPI e, por isso, foi adotado neste orçamento."]
[]
[null,"FONTE","CÓDIGO","DESCRIÇÃO",null,null,"UNIDADE","MÉDIA (R$"]
[null,"COTAÇÃO",null,{"$f":"'Relatório de composições'!D130","v":"PERFIL \"I\" DE ACO LAMINADO W 460 x  60 - REF A572 GR. 50"},null,null,"KG",{"$f":"(F48+F49)/2*(1+R7)","v":10.82}]
[null,null,"EMPRESA","NOME DA EMPRESA",null,"COTAÇÕES",null,"DATA COTAÇÃO",null,"Média:",{"$f":"AVERAGE(F48:F49)","v":11.33},"Menor:",{"$f":"SMALL(K47:K48,1)","v":11.33}]
[null,null,"E001",{"$f":"VLOOKUP(C48,$B$8:$G$9,3,FALSE)","v":"Comercial GERDAU"},null,10.64,null,"28/11/2022",null,"Mediana:",{"$f":"MEDIAN(F48:F49)","v":11.33}]
[null,null,"E002",{"$f":"VLOOKUP(C49,$B$8:$G$9,3,FALSE)","v":"ARCELOR MITTAL BRASIL S.A."},null,12.01,null,"17/01/2023",null,"CV:",{"$f":"_xlfn.STDEV.S(F48:F49)/AVERAGE(F48:F49)","v":8.5500000000000007E-2}]
[]
[null,null,"OBSERVAÇÕES:","Orçamento para verificação de conformidade de preço atribuido a São Paulo na tabela SINAPI referente ao item de código 43082. Preço de mercado é inferior ao preço do SINAPI e, por isso, foi adotado neste orçamento."]
[]
[null,"FONTE","CÓDIGO","DESCRIÇÃO",null,null,"UNIDADE","MÉDIA (R$"]
[null,"COTAÇÃO",null,{"$f":"'Relatório de composições'!D148","v":"PERFIL \"I\" DE ACO LAMINADO W 410 x  53 - REF A572 GR. 50"},null,null,"KG",{"$f":"(F56+F57)/2*(1+R7)","v":10.82}]
[null,null,"EMPRESA","NOME DA EMPRESA",null,"COTAÇÕES",null,"DATA COTAÇÃO",null,"Média:",{"$f":"AVERAGE(F56:F57)","v":11.33},"Menor:",{"$f":"SMALL(K55:K56,1)","v":11.33}]
[null,null,"E001",{"$f":"VLOOKUP(C56,$B$8:$G$9,3,FALSE)","v":"Comercial GERDAU"},null,10.64,null,"28/11/2022",null,"Mediana:",{"$f":"MEDIAN(F56:F57)","v":11.33}]
[null,null,"E002",{"$f":"VLOOKUP(C57,$B$8:$G$9,3,FALSE)","v":"ARCELOR MITTAL BRASIL S.A."},null,12.01,null,"17/01/2023",null,"CV:",{"$f":"_xlfn.STDEV.S(F56:F57)/AVERAGE(F56:F57)","v":8.5500000000000007E-2}]
[]
[null,null,"OBSERVAÇÕES:","Orçamento para verificação de conformidade de preço atribuido a São Paulo na tabela SINAPI referente ao item de código 43082. Preço de mercado é inferior ao preço do SINAPI e, por isso, foi adotado neste orçamento."]
[]
[null,"FONTE","CÓDIGO","DESCRIÇÃO",null,null,"UNIDADE","MÉDIA (R$"]
[null,"COTAÇÃO",null,{"$f":"'Relatório de composições'!D166","v":"PERFIL \"I\" DE ACO LAMINADO W 410 x  46.1 - REF A572 GR. 50"},null,null,"KG",{"$f":"(F64+F65)/2*(1+R7)","v":10.82}]
[null,null,"EMPRESA","NOME DA EMPRESA",null,"COTAÇÕES",null,"DATA COTAÇÃO",null,"Média:",{"$f":"AVERAGE(F64:F65)","v":11.33},"Menor:",{"$f":"SMALL(K63:K64,1)","v":11.33}]
[null,null,"E001",{"$f":"VLOOKUP(C64,$B$8:$G$9,3,FALSE)","v":"Comercial GERDAU"},null,10.64,null,"28/11/2022",null,"Mediana:",{"$f":"MEDIAN(F64:F65)","v":11.33}]
[null,null,"E002",{"$f":"VLOOKUP(C65,$B$8:$G$9,3,FALSE)","v":"ARCELOR MITTAL BRASIL S.A."},null,12.01,null,"17/01/2023",null,"CV:",{"$f":"_xlfn.STDEV.S(F64:F65)/AVERAGE(F64:F65)","v":8.5500000000000007E-2}]
[]
[null,null,"OBSERVAÇÕES:","Orçamento para verificação de conformidade de preço atribuido a São Paulo na tabela SINAPI referente ao item de código 43082. Preço de mercado é inferior ao preço do SINAPI e, por isso, foi adotado neste orçamento."]
[]
[null,"FONTE","CÓDIGO","DESCRIÇÃO",null,null,"UNIDADE","MÉDIA (R$"]
[null,"COTAÇÃO",null,{"$f":"'Relatório de composições'!D184","v":"PERFIL \"I\" DE ACO LAMINADO W 360 x  39 - REF A572 GR. 50"},null,null,"KG",{"$f":"(F72+F73)/2*(1+R7)","v":10.82}]
[null,null,"EMPRESA","NOME DA EMPRESA",null,"COTAÇÕES",null,"DATA COTAÇÃO",null,"Média:",{"$f":"AVERAGE(F72:F73)","v":11.33},"Menor:",{"$f":"SMALL(K71:K72,1)","v":11.33}]
[null,null,"E001",{"$f":"VLOOKUP(C72,$B$8:$G$9,3,FALSE)","v":"Comercial GERDAU"},null,10.64,null,"28/11/2022",null,"Mediana:",{"$f":"MEDIAN(F72:F73)","v":11.33}]
[null,null,"E002",{"$f":"VLOOKUP(C73,$B$8:$G$9,3,FALSE)","v":"ARCELOR MITTAL BRASIL S.A."},null,12.01,null,"17/01/2023",null,"CV:",{"$f":"_xlfn.STDEV.S(F72:F73)/AVERAGE(F72:F73)","v":8.5500000000000007E-2}]
[]
[null,null,"OBSERVAÇÕES:","Orçamento para verificação de conformidade de preço atribuido a São Paulo na tabela SINAPI referente ao item de código 43082. Preço de mercado é inferior ao preço do SINAPI e, por isso, foi adotado neste orçamento."]
[]
[null,"FONTE","CÓDIGO","DESCRIÇÃO",null,null,"UNIDADE","MÉDIA (R$"]
[null,"COTAÇÃO",null,{"$f":"'Relatório de composições'!D202","v":"PERFIL \"I\" DE ACO LAMINADO W 310 x  32.7 - REF A572 GR. 50"},null,null,"KG",{"$f":"(F80+F81)/2*(1+R7)","v":11.66}]
[null,null,"EMPRESA","NOME DA EMPRESA",null,"COTAÇÕES",null,"DATA COTAÇÃO",null,"Média:",{"$f":"AVERAGE(F80:F81)","v":12.21},"Menor:",{"$f":"SMALL(K79:K80,1)","v":12.21}]
[null,null,"E001",{"$f":"VLOOKUP(C80,$B$8:$G$9,3,FALSE)","v":"Comercial GERDAU"},null,11.47,null,"28/11/2022",null,"Mediana:",{"$f":"MEDIAN(F80:F81)","v":12.21}]
[null,null,"E002",{"$f":"VLOOKUP(C81,$B$8:$G$9,3,FALSE)","v":"ARCELOR MITTAL BRASIL S.A."},null,12.94,null,"17/01/2023",null,"CV:",{"$f":"_xlfn.STDEV.S(F80:F81)/AVERAGE(F80:F81)","v":8.5199999999999998E-2}]
[]
[null,null,"OBSERVAÇÕES:","Orçamento para verificação de conformidade de preço atribuido a São Paulo na tabela SINAPI referente ao item de código 43082. Preço de mercado é inferior ao preço do SINAPI e, por isso, foi adotado neste orçamento."]
[]
[null,"FONTE","CÓDIGO","DESCRIÇÃO",null,null,"UNIDADE","MÉDIA (R$"]
[null,"COTAÇÃO",null,{"$f":"'Relatório de composições'!D220","v":"PERFIL \"I\" DE ACO LAMINADO, \"W\" 310 X 23.8, REF A572 GR. 50"},null,null,"KG",{"$f":"(F88+F89)/2*(1+R7)","v":11.22}]
[null,null,"EMPRESA","NOME DA EMPRESA",null,"COTAÇÕES",null,"DATA COTAÇÃO",null,"Média:",{"$f":"AVERAGE(F88:F89)","v":11.74},"Menor:",{"$f":"SMALL(K87:K88,1)","v":11.74}]
[null,null,"E001",{"$f":"VLOOKUP(C88,$B$8:$G$9,3,FALSE)","v":"Comercial GERDAU"},null,11.47,null,"28/11/2022",null,"Mediana:",{"$f":"MEDIAN(F88:F89)","v":11.74}]
[null,null,"E002",{"$f":"VLOOKUP(C89,$B$8:$G$9,3,FALSE)","v":"ARCELOR MITTAL BRASIL S.A."},null,12.01,null,"17/01/2023",null,"CV:",{"$f":"_xlfn.STDEV.S(F88:F89)/AVERAGE(F88:F89)","v":3.2500000000000001E-2}]
[]
[null,null,"OBSERVAÇÕES:","Orçamento para verificação de conformidade de preço atribuido a São Paulo na tabela SINAPI referente ao item de código 41598. Preço de mercado é inferior ao preço do SINAPI e, por isso, foi adotado neste orçamento."]
[]
[null,"FONTE","CÓDIGO","DESCRIÇÃO",null,null,"UNIDADE","MÉDIA (R$"]
[null,"COTAÇÃO",null,{"$f":"'Relatório de composições'!D237","v":"PERFIL \"I\" DE ACO LAMINADO W 250 x  80 - REF A572 GR. 50"},null,null,"KG",{"$f":"(F96+F97)/2*(1+R7)","v":10.82}]
[null,null,"EMPRESA","NOME DA EMPRESA",null,"COTAÇÕES",null,"DATA COTAÇÃO",null,"Média:",{"$f":"AVERAGE(F96:F97)","v":11.33},"Menor:",{"$f":"SMALL(K95:K96,1)","v":11.33}]
[null,null,"E001",{"$f":"VLOOKUP(C96,$B$8:$G$9,3,FALSE)","v":"Comercial GERDAU"},null,10.64,null,"28/11/2022",null,"Mediana:",{"$f":"MEDIAN(F96:F97)","v":11.33}]
[null,null,"E002",{"$f":"VLOOKUP(C97,$B$8:$G$9,3,FALSE)","v":"ARCELOR MITTAL BRASIL S.A."},null,12.01,null,"17/01/2023",null,"CV:",{"$f":"_xlfn.STDEV.S(F96:F97)/AVERAGE(F96:F97)","v":8.5500000000000007E-2}]
[]
[null,null,"OBSERVAÇÕES:","Orçamento para verificação de conformidade de preço atribuido a São Paulo na tabela SINAPI referente ao item de código 43082. Preço de mercado é inferior ao preço do SINAPI e, por isso, foi adotado neste orçamento."]
[]
[null,"FONTE","CÓDIGO","DESCRIÇÃO",null,null,"UNIDADE","MÉDIA (R$"]
[null,"COTAÇÃO",null,{"$f":"'Relatório de composições'!D255","v":"PERFIL \"I\" DE ACO LAMINADO W 250 x  22.3 - REF A572 GR. 50"},null,null,"KG",{"$f":"(F104+F105)/2*(1+R7)","v":11.83}]
[null,null,"EMPRESA","NOME DA EMPRESA",null,"COTAÇÕES",null,"DATA COTAÇÃO",null,"Média:",{"$f":"AVERAGE(F104:F105)","v":12.38},"Menor:",{"$f":"SMALL(K103:K104,1)","v":12.38}]
[null,null,"E001",{"$f":"VLOOKUP(C104,$B$8:$G$9,3,FALSE)","v":"Comercial GERDAU"},null,11.47,null,"28/11/2022",null,"Mediana:",{"$f":"MEDIAN(F104:F105)","v":12.38}]
[null,null,"E002",{"$f":"VLOOKUP(C105,$B$8:$G$9,3,FALSE)","v":"ARCELOR MITTAL BRASIL S.A."},null,13.29,null,"17/01/2023",null,"CV:",{"$f":"_xlfn.STDEV.S(F104:F105)/AVERAGE(F104:F105)","v":0.104}]
[]
[null,null,"OBSERVAÇÕES:","Orçamento para verificação de conformidade de preço atribuido a São Paulo na tabela SINAPI referente ao item de código 43082. Preço de mercado é inferior ao preço do SINAPI e, por isso, foi adotado neste orçamento."]
[]
[null,"FONTE","CÓDIGO","DESCRIÇÃO",null,null,"UNIDADE","MÉDIA (R$"]
[null,"COTAÇÃO",null,{"$f":"'Relatório de composições'!D273","v":"PERFIL \"I\" DE ACO LAMINADO, \"W\" 200 X 19.3, REF A572 GR. 50"},null,null,"KG",{"$f":"(F112+F113)/2*(1+R7)","v":11.98}]
[null,null,"EMPRESA","NOME DA EMPRESA",null,"COTAÇÕES",null,"DATA COTAÇÃO",null,"Média:",{"$f":"AVERAGE(F112:F113)","v":12.54},"Menor:",{"$f":"SMALL(K111:K112,1)","v":12.54}]
[null,null,"E001",{"$f":"VLOOKUP(C112,$B$8:$G$9,3,FALSE)","v":"Comercial GERDAU"},null,11.78,null,"28/11/2022",null,"Mediana:",{"$f":"MEDIAN(F112:F113)","v":12.54}]
[null,null,"E002",{"$f":"VLOOKUP(C113,$B$8:$G$9,3,FALSE)","v":"ARCELOR MITTAL BRASIL S.A."},null,13.29,null,"17/01/2023",null,"CV:",{"$f":"_xlfn.STDEV.S(F112:F113)/AVERAGE(F112:F113)","v":8.5199999999999998E-2}]
[]
[null,null,"OBSERVAÇÕES:","Orçamento para verificação de conformidade de preço atribuido a São Paulo na tabela SINAPI referente ao item de código 41598. Preço de mercado é inferior ao preço do SINAPI e, por isso, foi adotado neste orçamento."]
[]
[null,"FONTE","CÓDIGO","DESCRIÇÃO",null,null,"UNIDADE","MÉDIA (R$"]
[null,"COTAÇÃO",null,{"$f":"'Relatório de composições'!D290","v":"PERFIL \"I\" DE ACO LAMINADO W 150 x  24 - REF A572 GR. 50"},null,null,"KG",{"$f":"(F120+F121)/2*(1+R7)","v":11.66}]
[null,null,"EMPRESA","NOME DA EMPRESA",null,"COTAÇÕES",null,"DATA COTAÇÃO",null,"Média:",{"$f":"AVERAGE(F120:F121)","v":12.21},"Menor:",{"$f":"SMALL(K119:K120,1)","v":12.21}]
[null,null,"E001",{"$f":"VLOOKUP(C120,$B$8:$G$9,3,FALSE)","v":"Comercial GERDAU"},null,11.47,null,"28/11/2022",null,"Mediana:",{"$f":"MEDIAN(F120:F121)","v":12.21}]
[null,null,"E002",{"$f":"VLOOKUP(C121,$B$8:$G$9,3,FALSE)","v":"ARCELOR MITTAL BRASIL S.A."},null,12.94,null,"17/01/2023",null,"CV:",{"$f":"_xlfn.STDEV.S(F120:F121)/AVERAGE(F120:F121)","v":8.5199999999999998E-2}]
[]
[null,null,"OBSERVAÇÕES:","Orçamento para verificação de conformidade de preço atribuido a São Paulo na tabela SINAPI referente ao item de código 43082. Preço de mercado é inferior ao preço do SINAPI e, por isso, foi adotado neste orçamento."]
[]
[null,"FONTE","CÓDIGO","DESCRIÇÃO",null,null,"UNIDADE","MÉDIA (R$"]
[null,"COTAÇÃO",null,{"$f":"'Relatório de composições'!D308","v":"PERFIL \"H\" DE ACO LAMINADO, \"W\" 250 X 85, REF A572 GR. 50"},null,null,"KG",{"$f":"(F128+F129)/2*(1+R7)","v":10.55}]
[null,null,"EMPRESA","NOME DA EMPRESA",null,"COTAÇÕES",null,"DATA COTAÇÃO",null,"Média:",{"$f":"AVERAGE(F128:F129)","v":11.05},"Menor:",{"$f":"SMALL(K127:K128,1)","v":11.05}]
[null,null,"E001",{"$f":"VLOOKUP(C128,$B$8:$G$9,3,FALSE)","v":"Comercial GERDAU"},null,10.31,null,"28/11/2022",null,"Mediana:",{"$f":"MEDIAN(F128:F129)","v":11.05}]
[null,null,"E002",{"$f":"VLOOKUP(C129,$B$8:$G$9,3,FALSE)","v":"ARCELOR MITTAL BRASIL S.A."},null,11.78,null,"17/01/2023",null,"CV:",{"$f":"_xlfn.STDEV.S(F128:F129)/AVERAGE(F128:F129)","v":9.4100000000000003E-2}]
[]
[null,null,"OBSERVAÇÕES:","Orçamento para verificação de conformidade de preço atribuido a São Paulo na tabela SINAPI referente ao item de código 41598. Preço de mercado é inferior ao preço do SINAPI e, por isso, foi adotado neste orçamento."]
[]
[null,"FONTE","CÓDIGO","DESCRIÇÃO",null,null,"UNIDADE","MÉDIA (R$"]
[null,"COTAÇÃO",null,{"$f":"'Relatório de composições'!D325","v":"PERFIL \"H\" DE ACO LAMINADO, \"W\" 250 X 62, REF A572 GR. 50"},null,null,"KG",{"$f":"(F136+F137)/2*(1+R7)","v":10.76}]
[null,null,"EMPRESA","NOME DA EMPRESA",null,"COTAÇÕES",null,"DATA COTAÇÃO",null,"Média:",{"$f":"AVERAGE(F136:F137)","v":11.27},"Menor:",{"$f":"SMALL(K135:K136,1)","v":11.27}]
[null,null,"E001",{"$f":"VLOOKUP(C136,$B$8:$G$9,3,FALSE)","v":"Comercial GERDAU"},null,10.52,null,"28/11/2022",null,"Mediana:",{"$f":"MEDIAN(F136:F137)","v":11.27}]
[null,null,"E002",{"$f":"VLOOKUP(C137,$B$8:$G$9,3,FALSE)","v":"ARCELOR MITTAL BRASIL S.A."},null,12.01,null,"17/01/2023",null,"CV:",{"$f":"_xlfn.STDEV.S(F136:F137)/AVERAGE(F136:F137)","v":9.35E-2}]
[]
[null,null,"OBSERVAÇÕES:","Orçamento para verificação de conformidade de preço atribuido a São Paulo na tabela SINAPI referente ao item de código 41598. Preço de mercado é inferior ao preço do SINAPI e, por isso, foi adotado neste orçamento."]
[]
[null,"RESPONSÁVEL PELA COTAÇÃO",null,null,"RESPONSÁVEL PELA PUBLICAÇÃO"]
[]
[null,"LUIS FERNANDO ANTUNES LIMA"]